{"text_format":"2","workbook":"xlsx","n_sheets":21,"sheets":["RESUMO MODULO TOTAL","CRONOGRAMA TOTAL","MC MODULO"," CONSUMO DE MAT. B TOTAL","CPU CODEVASF","Projeto Executivo","Mob e Desmob","Transporte Cap 50-70","Transporte EAI","RESUMO_Transp","MOMENTO DE TRANSPORTE - PRINC","MOMENTO DE TRANSPORTE - AUX","Curva ABC","ENC. SOCIAIS","BDI","ANP ESTADO","ANP REGIÃO","SINTÉTICO SICRO","INSUMOS SINAPI","COMP Sint. Sinapi","MO SICRO"],"not_rendered":{"charts":0,"images":5,"macros":0,"external_links":1,"defined_names":25,"comments":2,"pivot_tables":0},"unopened":[],"bounds":{"document_bytes":16777216,"sheet_cells":100000,"run_cost":"one","rows_first":2000,"rows_last":500,"rows_between":2000,"halvings":0,"cell_chars":16384,"cell_head_chars":4096},"cells_cut":0,"cells_raw":0,"read":"whole","date_system":"1900"}

{"sheet":"RESUMO MODULO TOTAL","index":0,"n_rows":59,"n_cols":32,"rows_kept":59,"cut":false,"hidden":false,"merged":[[1,1,3,11],[5,4,8,7],[42,4,42,7],[43,4,43,7],[44,4,44,7],[45,1,45,12],[5,1,8,1],[5,2,8,2],[5,3,8,3],[6,9,7,9],[6,12,8,12],[37,4,37,7],[38,4,38,7],[39,4,39,7],[40,4,40,7],[41,4,41,7],[32,4,32,7],[33,4,33,7],[34,4,34,7],[35,4,35,7],[36,4,36,7],[27,4,27,7],[28,4,28,7],[29,4,29,7],[30,4,30,7],[31,4,31,7],[22,4,22,7],[23,4,23,7],[24,4,24,7],[25,4,25,7],[26,4,26,7],[17,4,17,7],[18,4,18,7],[19,4,19,7],[20,4,20,7],[21,4,21,7],[12,4,12,7],[13,4,13,7],[14,4,14,7],[15,4,15,7],[16,4,16,7],[4,1,4,13],[9,4,9,7],[9,18,9,19],[10,4,10,7],[11,4,11,7],[6,13,8,13]]}
[null,"Item 02: Pavimentação em Concreto Betuminoso Usinado a Quente (CBUQ) na sede do município de Santa Maria da Vitória, dentro da área de abrangência da  2ª Superintendência Regional da Codevasf, no estado da Bahia."]
[{"$nulls":12},"SICRO:",{"$f":"'SINTÉTICO SICRO'!B2","v":"Bahia - Julho/2023"}]
[{"$nulls":12},"SINAPI:",{"$f":"RIGHT('INSUMOS SINAPI'!A3,7)","v":"09/2023"}]
[{"$nulls":12},"Data Base do Orçamento","2023-11-03"]
[null,{"$f":"B1","v":"Item 02: Pavimentação em Concreto Betuminoso Usinado a Quente (CBUQ) na sede do município de Santa Maria da Vitória, dentro da área de abrangência da  2ª Superintendência Regional da Codevasf, no estado da Bahia."}]
[null,"ITEM","ORIGEM\nCOMPOSIÇÃO","CÓDIGO\nCOMPOSIÇÃO","DISCRIMINAÇÃO DOS SERVIÇOS",null,null,null,"BDI % = ",{"$f":"BDI!C25","v":0.21429999999999999},"BDI  DIFERENCIADO% =",{"$f":"BDI!C55","v":0.1507},"R$/m²",{"$f":"N46/I8","v":145.05646370814142}]
[{"$nulls":8},"Total de m²","Encargos Sociais:","Horista","Mensalista","PREÇO UNITÁRIO COM BDI","PREÇO TOTAL COM BDI "]
[{"$nulls":8},{"$f":"'MC MODULO'!I23","v":13165.004999999999},null,{"$f":"'ENC. SOCIAIS'!$E$51","v":115.14999999999999},{"$f":"'ENC. SOCIAIS'!$F$51","v":71.22},null,null,null,{"$f":"N11/21","v":575.21523809523808}]
[{"$nulls":8},"UND","QTDE.","BDI","PREÇO UNITÁRIO ",null,null,null,{"$f":"N12/(N46-N12)","v":2.1646059865095379E-2},{"$nulls":10},"TOTAL"]
[null,1,null,null,"SERVIÇOS PRELIMINARES",{"$nulls":13},"Índices de reajustamento"]
[{"$f":"VLOOKUP(O11,'RESUMO MODULO TOTAL'!$O$11:$P$45,2,0)","v":16},"1.1","Codevasf",{"$f":"'CPU CODEVASF'!A23","v":"CPU-02"},"MOBILIZAÇÃO E DESMOBILIZAÇÃO",null,null,null,"t x km",{"$f":"'MC MODULO'!F41","v":17506.55},{"$f":"$J$6","v":0.21429999999999999},{"$f":"ROUND(IF(C11=\"CODEVASF\",VLOOKUP(D11,'CPU CODEVASF'!E:I,5,FALSE),VLOOKUP(D11,sintético_sicro,4,FALSE)),6)","v":0.56999999999999995},{"$f":"ROUND(IF(C11=\"CODEVASF\",VLOOKUP(D11,'CPU CODEVASF'!E:H,4,FALSE),VLOOKUP(D11,'SINTÉTICO SICRO'!A:D,4,FALSE)*(1+$J$6)),6)","v":0.69},{"$f":"ROUND(ROUND(J11,2)*ROUND(M11,6),2)","v":12079.52},{"$f":"N11","v":12079.52},{"$f":"_xlfn.RANK.EQ(O11,$O$11:$O$45)","v":16},"INCC",{"$f":"SUMIF(Q11:Q45,\"INCC\",N11:N45)","v":242154.28999999998},{"$f":"R11/N46","v":0.12680432112774387},"INCC",{"$nulls":6},57163.47]
[{"$f":"VLOOKUP(O12,'RESUMO MODULO TOTAL'!$O$11:$P$45,2,0)","v":9},"1.2","Codevasf",{"$f":"'CPU CODEVASF'!A31","v":"CPU-03"},"ADMINISTRAÇÃO DA OBRA",null,null,null,"%",1,{"$f":"$J$6","v":0.21429999999999999},{"$f":"'CPU CODEVASF'!H40*'MC MODULO'!F6","v":33320.42},{"$f":"'CPU CODEVASF'!H43*'MC MODULO'!F6","v":40460.99},{"$f":"ROUND(ROUND(J12,2)*ROUND(M12,6),2)","v":40460.99},40460.99,{"$f":"_xlfn.RANK.EQ(O12,$O$11:$O$45)","v":9},"INCC",{"$f":"SUMIF(Q11:Q45,\"P\",N11:N45)","v":1224243.57},{"$f":"R12/N46","v":0.64107629391515464},"P",{"$f":"N12/N46","v":2.1187435370673934E-2},{"$nulls":5},190291.53]
[{"$f":"VLOOKUP(O13,'RESUMO MODULO TOTAL'!$O$11:$P$45,2,0)","v":14},"1.3","Codevasf","CPU-04","CANTEIRO DE OBRAS E ALMOXARIFADO",null,null,null,"mês",{"$f":"'MC MODULO'!D51","v":4},0.21429999999999999,{"$f":"ROUND(IF(C13=\"CODEVASF\",VLOOKUP(D13,'CPU CODEVASF'!E:I,5,FALSE),VLOOKUP(D13,sintético_sicro,FALSE)),6)","v":2850},{"$f":"ROUND(IF(C13=\"CODEVASF\",VLOOKUP(D13,'CPU CODEVASF'!E:H,4,FALSE),VLOOKUP(D13,'SINTÉTICO SICRO'!A:D,4,FALSE)*(1+$J$6)),6)","v":3460.76},13843.04,13843.04,{"$f":"_xlfn.RANK.EQ(O13,$O$11:$O$45)","v":14},"INCC",{"$f":"SUMIF(Q11:Q46,\"D\",N11:N45)","v":366072.62},{"$f":"R13/N46","v":0.19169427088223195},"D"]
[{"$f":"VLOOKUP(O14,'RESUMO MODULO TOTAL'!$O$11:$P$45,2,0)","v":25},"1.4","Codevasf","CPU-01","PLACA DE OBRA EM CHAPA DE AÇO GALVANIZADO",null,null,null,"m²",{"$f":"'MC MODULO'!H56","v":2.88},0.21429999999999999,{"$f":"ROUND(IF(C14=\"CODEVASF\",VLOOKUP(D14,'CPU CODEVASF'!E:I,5,FALSE),VLOOKUP(D14,sintético_sicro,FALSE)),6)","v":386.87},{"$f":"ROUND(IF(C14=\"CODEVASF\",VLOOKUP(D14,'CPU CODEVASF'!E:H,4,FALSE),VLOOKUP(D14,'SINTÉTICO SICRO'!A:D,4,FALSE)*(1+$J$6)),6)","v":469.78},1352.97,1352.97,{"$f":"_xlfn.RANK.EQ(O14,$O$11:$O$45)","v":25},"INCC",{"$f":"SUMIF(Q11:Q46,\"T\",N11:N45)","v":77198.59},{"$f":"R14/N46","v":4.0425114074869525E-2},"T",{"$nulls":6},17815.2]
[null,2,null,null,"TERRAPLANAGEM",{"$nulls":13},{"$f":"SUM(S11:S14)","v":1}]
[{"$f":"VLOOKUP(O16,'RESUMO MODULO TOTAL'!$O$11:$P$45,2,0)","v":20},"2.1","Codevasf","CPU-16","SERVIÇOS TOPOGRÁFICOS PARA PAVIMENTAÇÃO, INCLUSIVE NOTAS DE SERVIÇOS, ACOMPANHAMENTO E GREIDE",null,null,null,"m²",{"$f":"'MC MODULO'!J62","v":14235.254999999999},0.21429999999999999,{"$f":"ROUND(IF(C16=\"CODEVASF\",VLOOKUP(D16,'CPU CODEVASF'!E:I,5,FALSE),VLOOKUP(D16,sintético_sicro,FALSE)),6)","v":0.56000000000000005},{"$f":"ROUND(IF(C16=\"CODEVASF\",VLOOKUP(D16,'CPU CODEVASF'!E:H,4,FALSE),VLOOKUP(D16,'SINTÉTICO SICRO'!A:D,4,FALSE)*(1+$J$6)),6)","v":0.68},{"$f":"ROUND(ROUND(J16,2)*ROUND(M16,6),2)","v":9679.98},9679.98,{"$f":"_xlfn.RANK.EQ(O16,$O$11:$O$45)","v":20},"T",{"$nulls":9},278460]
[{"$f":"VLOOKUP(O17,'RESUMO MODULO TOTAL'!$O$11:$P$45,2,0)","v":8},"2.2","SICRO",5502171,"ESCAVAÇÃO, CARGA E TRANSPORTE DE MATERIAL DE 1ª CATEGORIA - DMT DE 2.000 A 2.500 M - CAMINHO DE SERVIÇO PAVIMENTADO - COM ESCAVADEIRA E CAMINHÃO BASCULANTE DE 14 M³",null,null,null,"m³",{"$f":"'MC MODULO'!J67","v":4982.3392499999991},0.21429999999999999,{"$f":"ROUND(IF(C17=\"CODEVASF\",VLOOKUP(D17,'CPU CODEVASF'!E:I,5,FALSE),VLOOKUP(D17,sintético_sicro,4,FALSE)),6)","v":7.12},{"$f":"ROUND(IF(C17=\"CODEVASF\",VLOOKUP(D17,'CPU CODEVASF'!E:H,4,FALSE),VLOOKUP(D17,'SINTÉTICO SICRO'!A:D,4,FALSE)*(1+$J$6)),6)","v":8.6458159999999999},43076.39,43076.39,{"$f":"_xlfn.RANK.EQ(O17,$O$11:$O$45)","v":8},"T",{"$nulls":9},366912]
[{"$f":"VLOOKUP(O18,'RESUMO MODULO TOTAL'!$O$11:$P$45,2,0)","v":13},"2.3","SICRO",5915319,"TRANSPORTE COM CAMINHÃO BASCULANTE DE 14 M³ - RODOVIA EM LEITO NATURAL",null,null,null,"t x km",{"$f":"'MC MODULO'!J72","v":14947.017749999997},0.21429999999999999,{"$f":"ROUND(IF(C18=\"CODEVASF\",VLOOKUP(D18,'CPU CODEVASF'!E:I,5,FALSE),VLOOKUP(D18,sintético_sicro,4,FALSE)),6)","v":0.81},{"$f":"ROUND(IF(C18=\"CODEVASF\",VLOOKUP(D18,'CPU CODEVASF'!E:H,4,FALSE),VLOOKUP(D18,'SINTÉTICO SICRO'!A:D,4,FALSE)*(1+$J$6)),6)","v":0.98358299999999999},14701.63,14701.63,{"$f":"_xlfn.RANK.EQ(O18,$O$11:$O$45)","v":13},"T"]
[{"$f":"VLOOKUP(O19,'RESUMO MODULO TOTAL'!$O$11:$P$45,2,0)","v":19},"2.4","SICRO",4413942,"ESPALHAMENTO DE MATERIAL EM BOTA-FORA",null,null,null,"m³",{"$f":"'MC MODULO'!J80","v":4982.3392499999991},0.21429999999999999,{"$f":"ROUND(IF(C19=\"CODEVASF\",VLOOKUP(D19,'CPU CODEVASF'!E:I,5,FALSE),VLOOKUP(D19,sintético_sicro,4,FALSE)),6)","v":1.61},{"$f":"ROUND(IF(C19=\"CODEVASF\",VLOOKUP(D19,'CPU CODEVASF'!E:H,4,FALSE),VLOOKUP(D19,'SINTÉTICO SICRO'!A:D,4,FALSE)*(1+$J$6)),6)","v":1.955023},9740.59,9740.59,{"$f":"_xlfn.RANK.EQ(O19,$O$11:$O$45)","v":19},"T",{"$nulls":9},84084,{"$nulls":4},1]
[null,3,null,null,"PAVIMENTAÇÃO",{"$nulls":13},0.3,0.15]
[{"$f":"VLOOKUP(O21,'RESUMO MODULO TOTAL'!$O$11:$P$45,2,0)","v":2},"3.1","SICRO",4011463,"CONCRETO ASFÁLTICO - FAIXA C - AREIA E BRITA COMERCIAIS",null,null,null,"t",{"$f":"'MC MODULO'!J86","v":1579.8006},0.21429999999999999,{"$f":"ROUND(IF(C21=\"CODEVASF\",VLOOKUP(D21,'CPU CODEVASF'!E:I,5,FALSE),VLOOKUP(D21,sintético_sicro,4,FALSE)),6)","v":207.79},{"$f":"ROUND(IF(C21=\"CODEVASF\",VLOOKUP(D21,'CPU CODEVASF'!E:H,4,FALSE),VLOOKUP(D21,'SINTÉTICO SICRO'!A:D,4,FALSE)*(1+$J$6)),6)","v":252.31939700000001},{"$f":"ROUND(ROUND(J21,2)*ROUND(M21,6),2)","v":398614.18},398614.18,2,"P",null,{"$f":"J21*S20","v":473.94018},{"$nulls":7},13037300.310000001]
[{"$f":"VLOOKUP(O22,'RESUMO MODULO TOTAL'!$O$11:$P$45,2,0)","v":23},"3.2","SICRO",4011352,"IMPRIMAÇÃO COM EMULSÃO ASFÁLTICA",null,null,null,"m²",{"$f":"'MC MODULO'!J92","v":13165.004999999999},0.21429999999999999,{"$f":"ROUND(IF(C22=\"CODEVASF\",VLOOKUP(D22,'CPU CODEVASF'!E:I,5,FALSE),VLOOKUP(D22,sintético_sicro,4,FALSE)),6)","v":0.38},{"$f":"ROUND(IF(C22=\"CODEVASF\",VLOOKUP(D22,'CPU CODEVASF'!E:H,4,FALSE),VLOOKUP(D22,'SINTÉTICO SICRO'!A:D,4,FALSE)*(1+$J$6)),6)","v":0.46143400000000001},{"$f":"ROUND(ROUND(J22,2)*ROUND(M22,6),2)","v":6074.78},6074.78,23,"P",{"$nulls":9},223860]
[{"$f":"VLOOKUP(O23,'RESUMO MODULO TOTAL'!$O$11:$P$45,2,0)","v":4},"3.3","SICRO",4011256,"BASE ESTABILIZADA GRANULOMETRICAMENTE COM MISTURA SOLO BRITA (70% - 30%) NA PISTA COM MATERIAL DE JAZIDA E BRITA COMERCIAL",null,null,null,"m³",{"$f":"'MC MODULO'!J97","v":1974.7507499999997},0.21429999999999999,{"$f":"ROUND(IF(C23=\"CODEVASF\",VLOOKUP(D23,'CPU CODEVASF'!E:I,5,FALSE),VLOOKUP(D23,sintético_sicro,4,FALSE)),6)","v":66.38},{"$f":"ROUND(IF(C23=\"CODEVASF\",VLOOKUP(D23,'CPU CODEVASF'!E:H,4,FALSE),VLOOKUP(D23,'SINTÉTICO SICRO'!A:D,4,FALSE)*(1+$J$6)),6)","v":80.605233999999996},{"$f":"ROUND(ROUND(J23,2)*ROUND(M23,6),2)","v":159175.19},{"$f":"N23","v":159175.19},4,"P",4011256,{"$f":"J23*S20","v":592.42522499999984},{"$nulls":7},15919722]
[{"$f":"VLOOKUP(O24,'RESUMO MODULO TOTAL'!$O$11:$P$45,2,0)","v":10},"3.4","SICRO",4011228,"SUB-BASE ESTABILIZADA GRANULOMETRICAMENTE COM MISTURA DE SOLOS NA PISTA COM MATERIAL DE JAZIDA",null,null,null,"m³",{"$f":"'MC MODULO'!J103","v":1974.7507499999997},0.21429999999999999,{"$f":"ROUND(IF(C24=\"CODEVASF\",VLOOKUP(D24,'CPU CODEVASF'!E:I,5,FALSE),VLOOKUP(D24,sintético_sicro,4,FALSE)),6)","v":11.99},{"$f":"ROUND(IF(C24=\"CODEVASF\",VLOOKUP(D24,'CPU CODEVASF'!E:H,4,FALSE),VLOOKUP(D24,'SINTÉTICO SICRO'!A:D,4,FALSE)*(1+$J$6)),6)","v":14.559457},{"$f":"ROUND(ROUND(J24,2)*ROUND(M24,6),2)","v":28751.29},28751.29,10,"P",{"$nulls":9},2045862]
[{"$f":"VLOOKUP(O25,'RESUMO MODULO TOTAL'!$O$11:$P$45,2,0)","v":12},"3.5","SICRO",4011209,"REGULARIZAÇÃO DO SUBLEITO",null,null,null,"m²",{"$f":"'MC MODULO'!J109","v":14235.254999999999},0.21429999999999999,{"$f":"ROUND(IF(C25=\"CODEVASF\",VLOOKUP(D25,'CPU CODEVASF'!E:I,5,FALSE),VLOOKUP(D25,sintético_sicro,4,FALSE)),6)","v":1.08},{"$f":"ROUND(IF(C25=\"CODEVASF\",VLOOKUP(D25,'CPU CODEVASF'!E:H,4,FALSE),VLOOKUP(D25,'SINTÉTICO SICRO'!A:D,4,FALSE)*(1+$J$6)),6)","v":1.3114440000000001},{"$f":"ROUND(ROUND(J25,2)*ROUND(M25,6),2)","v":18668.75},18668.75,12,"P",{"$nulls":9},540540]
[null,4,null,null,"AQUISIÇÃO E TRANSPORTE DO MATERIAL BETUMINOSO"]
[{"$f":"VLOOKUP(O27,'RESUMO MODULO TOTAL'!$O$11:$P$45,2,0)","v":1},"4.1","CODEVASF","CPU-13","AQUISIÇÃO DE CIMENTO ASFALTICO CAP 50/70",null,null,null,"t",{"$f":"' CONSUMO DE MAT. B TOTAL'!P11","v":99.89},{"$f":"$L$6","v":0.1507},{"$f":"ROUND(IF(C27=\"CODEVASF\",VLOOKUP(D27,'CPU CODEVASF'!E:I,5,FALSE),VLOOKUP(D27,sintético_sicro,4,FALSE)),6)","v":4063.29},{"$f":"ROUND(IF(C27=\"CODEVASF\",VLOOKUP(D27,'CPU CODEVASF'!E:H,4,FALSE),VLOOKUP(D27,'SINTÉTICO SICRO'!A:D,4,FALSE)*(1+$L$6)),6)","v":4675.63},{"$f":"ROUND(ROUND(J27,2)*ROUND(M27,6),2)","v":467048.68},467048.68,1,"P",{"$f":"(M27/L27)-1","v":0.15070054069485561},{"$nulls":8},16687334.66]
[{"$f":"VLOOKUP(O28,'RESUMO MODULO TOTAL'!$O$11:$P$45,2,0)","v":6},"4.2","CODEVASF","CPU-17","TRANSPORTE CAP 50/70",null,null,null,"t x km",{"$f":"' CONSUMO DE MAT. B TOTAL'!P11*RESUMO_Transp!M17","v":91199.57},{"$f":"$L$6","v":0.1507},{"$f":"ROUND(IF(C28=\"CODEVASF\",VLOOKUP(D28,'CPU CODEVASF'!E:I,5,FALSE),VLOOKUP(D28,sintético_sicro,4,FALSE)),6)","v":0.74},{"$f":"ROUND(IF(C28=\"CODEVASF\",VLOOKUP(D28,'CPU CODEVASF'!E:H,4,FALSE),VLOOKUP(D28,'SINTÉTICO SICRO'!A:D,4,FALSE)*(1+$L$6)),6)","v":0.85},{"$f":"ROUND(ROUND(J28,2)*ROUND(M28,6),2)","v":77519.63},77519.63,6,"P",{"$f":"(M28/L28)-1","v":0.14864864864864868},{"$nulls":8},553873.31999999995]
[{"$f":"VLOOKUP(O29,'RESUMO MODULO TOTAL'!$O$11:$P$45,2,0)","v":7},"4.3","CODEVASF","CPU-14","AQUISIÇÃO DE EAI",null,null,null,"t",{"$f":"' CONSUMO DE MAT. B TOTAL'!P8","v":17.11},0.1507,{"$f":"ROUND(IF(C29=\"CODEVASF\",VLOOKUP(D29,'CPU CODEVASF'!E:I,5,FALSE),VLOOKUP(D29,sintético_sicro,4,FALSE)),6)","v":2874.26},{"$f":"ROUND(IF(C29=\"CODEVASF\",VLOOKUP(D29,'CPU CODEVASF'!E:H,4,FALSE),VLOOKUP(D29,'SINTÉTICO SICRO'!A:D,4,FALSE)*(1+$L$6)),6)","v":3307.41},{"$f":"ROUND(ROUND(J29,2)*ROUND(M29,6),2)","v":56589.79},56589.79,7,"P",{"$f":"(M29/L29)-1","v":0.15069965834684385},{"$nulls":8},3101079.07]
[{"$f":"VLOOKUP(O30,'RESUMO MODULO TOTAL'!$O$11:$P$45,2,0)","v":17},"4.4","CODEVASF","CPU-18","TRANSPORTE DE EAI",null,null,null,"t x km",{"$f":"' CONSUMO DE MAT. B TOTAL'!P8*RESUMO_Transp!M35","v":14218.41},0.1507,{"$f":"ROUND(IF(C30=\"CODEVASF\",VLOOKUP(D30,'CPU CODEVASF'!E:I,5,FALSE),VLOOKUP(D30,sintético_sicro,4,FALSE)),6)","v":0.72},{"$f":"ROUND(IF(C30=\"CODEVASF\",VLOOKUP(D30,'CPU CODEVASF'!E:H,4,FALSE),VLOOKUP(D30,'SINTÉTICO SICRO'!A:D,4,FALSE)*(1+$L$6)),6)","v":0.83},{"$f":"ROUND(ROUND(J30,2)*ROUND(M30,6),2)","v":11801.28},11801.28,17,"P",{"$f":"(M30/L30)-1","v":0.15277777777777768},{"$nulls":8},1243849.1499999999]
[null,5,null,null,"SINALIZAÇÃO"]
[{"$f":"VLOOKUP(O32,'RESUMO MODULO TOTAL'!$O$11:$P$45,2,0)","v":22},"5.1","SICRO",5213440,"FORNECIMENTO E IMPLANTAÇÃO DE PLACA DE REGULAMENTAÇÃO EM AÇO D = 0,60 M - PELÍCULA RETRORREFLETIVA TIPO I + SI",null,null,null,"und",{"$f":"'MC MODULO'!J115","v":23},{"$f":"$J$6","v":0.21429999999999999},{"$f":"ROUND(IF(C32=\"CODEVASF\",VLOOKUP(D32,'CPU CODEVASF'!E:I,5,FALSE),VLOOKUP(D32,sintético_sicro,4,FALSE)),6)","v":254.09},{"$f":"ROUND(IF(C32=\"CODEVASF\",VLOOKUP(D32,'CPU CODEVASF'!E:H,4,FALSE),VLOOKUP(D32,'SINTÉTICO SICRO'!A:D,4,FALSE)*(1+$J$6)),6)","v":308.54148700000002},{"$f":"ROUND(ROUND(J32,2)*ROUND(M32,6),2)","v":7096.45},7096.45,{"$f":"_xlfn.RANK.EQ(O32,$O$11:$O$45)","v":22},"INCC",{"$nulls":9},9985.9500000000007]
[{"$f":"VLOOKUP(O33,'RESUMO MODULO TOTAL'!$O$11:$P$45,2,0)","v":15},"5.2","SICRO",5213863,"SUPORTE METÁLICO GALVANIZADO PARA PLACA DE ADVERTÊNCIA OU REGULAMENTAÇÃO - LADO OU DIÂMETRO DE 0,60 M - FORNECIMENTO E IMPLANTAÇÃO",null,null,null,"und",{"$f":"'MC MODULO'!J121","v":23},0.21429999999999999,{"$f":"ROUND(IF(C33=\"CODEVASF\",VLOOKUP(D33,'CPU CODEVASF'!E:I,5,FALSE),VLOOKUP(D33,sintético_sicro,4,FALSE)),6)","v":435.1},{"$f":"ROUND(IF(C33=\"CODEVASF\",VLOOKUP(D33,'CPU CODEVASF'!E:H,4,FALSE),VLOOKUP(D33,'SINTÉTICO SICRO'!A:D,4,FALSE)*(1+$J$6)),6)","v":528.34193000000005},12151.86,12151.86,{"$f":"_xlfn.RANK.EQ(O33,$O$11:$O$45)","v":15},"INCC",{"$nulls":9},13086.06]
[{"$f":"VLOOKUP(O34,'RESUMO MODULO TOTAL'!$O$11:$P$45,2,0)","v":11},"5.3","SICRO",5213400,"PINTURA DE FAIXA COM TINTA ACRÍLICA - ESPESSURA DE 0,4 MM",null,null,null,"m²",{"$f":"'MC MODULO'!J126+'MC MODULO'!J131","v":642.15000000000009},0.21429999999999999,{"$f":"ROUND(IF(C34=\"CODEVASF\",VLOOKUP(D34,'CPU CODEVASF'!E:I,5,FALSE),VLOOKUP(D34,sintético_sicro,4,FALSE)),6)","v":30.48},{"$f":"ROUND(IF(C34=\"CODEVASF\",VLOOKUP(D34,'CPU CODEVASF'!E:H,4,FALSE),VLOOKUP(D34,'SINTÉTICO SICRO'!A:D,4,FALSE)*(1+$J$6)),6)","v":37.011864000000003},23767.17,23767.17,{"$f":"_xlfn.RANK.EQ(O34,$O$11:$O$45)","v":11},"INCC"]
[null,6,null,null,"DRENAGEM"]
[{"$f":"VLOOKUP(O36,'RESUMO MODULO TOTAL'!$O$11:$P$45,2,0)","v":3},"6.1","SICRO",2003373,"MEIO-FIO DE CONCRETO - MFC 03 - AREIA E BRITA COMERCIAIS - FÔRMA DE MADEIRA",null,null,null,"m",{"$f":"'MC MODULO'!J137","v":4281},0.21429999999999999,{"$f":"ROUND(IF(C36=\"CODEVASF\",VLOOKUP(D36,'CPU CODEVASF'!E:I,5,FALSE),VLOOKUP(D36,sintético_sicro,4,FALSE)),6)","v":70.42},{"$f":"ROUND(IF(C36=\"CODEVASF\",VLOOKUP(D36,'CPU CODEVASF'!E:H,4,FALSE),VLOOKUP(D36,'SINTÉTICO SICRO'!A:D,4,FALSE)*(1+$J$6)),6)","v":85.511005999999995},{"$f":"ROUND(ROUND(J36,2)*ROUND(M36,6),2)","v":366072.62},366072.62,{"$f":"_xlfn.RANK.EQ(O36,$O$11:$O$45)","v":3},"D",null,{"$f":"J36*T20","v":642.15},{"$nulls":7},4514640]
[null,7,null,null,"SERVIÇOS COMPLEMENTARES"]
[{"$f":"VLOOKUP(O38,'RESUMO MODULO TOTAL'!$O$11:$P$45,2,0)","v":24},"7.1","Codevasf","CPU-12","CONSERTO DE QUEBRA NO RAMAL NA RUA SEM PAVIMENTO COM FORNECIMENTO DE MATERIAL HIDRÁULICO",null,null,null,"m",{"$f":"'MC MODULO'!J143","v":214.05},0.21429999999999999,{"$f":"ROUND(IF(C38=\"CODEVASF\",VLOOKUP(D38,'CPU CODEVASF'!E:I,5,FALSE),VLOOKUP(D38,sintético_sicro,4,FALSE)),6)","v":15.6},{"$f":"ROUND(IF(C38=\"CODEVASF\",VLOOKUP(D38,'CPU CODEVASF'!E:H,4,FALSE),VLOOKUP(D38,'SINTÉTICO SICRO'!A:D,4,FALSE)*(1+$J$6)),6)","v":18.940000000000001},{"$f":"ROUND(ROUND(J38,2)*ROUND(M38,6),2)","v":4054.11},4054.11,{"$f":"_xlfn.RANK.EQ(O38,$O$11:$O$45)","v":24},"INCC",{"$nulls":9},139854]
[null,8,null,null,"PROJETO EXECUTIVO"]
[{"$f":"VLOOKUP(O40,'RESUMO MODULO TOTAL'!$O$11:$P$45,2,0)","v":18},"8.1","Codevasf","Composição Própria","PROJETO EXECUTIVO",null,null,null,"m²",{"$f":"'MC MODULO'!J150","v":14235.254999999999},0.21429999999999999,{"$f":"ROUND(M40/(1+$J$6),6)","v":0.67107899999999998},{"$f":"ROUND(('Projeto Executivo'!G34),6)","v":0.81489100000000003},{"$f":"ROUND(ROUND(J40,2)*ROUND(M40,6),2)","v":11600.19},11600.19,{"$f":"_xlfn.RANK.EQ(O40,$O$11:$O$45)","v":18},"INCC",{"$nulls":9},763671.38]
[null,9,null,null,"CONTROLE TECNOLÓGICO - OBRA"]
[{"$f":"VLOOKUP(O42,'RESUMO MODULO TOTAL'!$O$11:$P$45,2,0)","v":21},"9.1","Codevasf","CPU-21","CONTROLE TECNOLÓGICO - OBRA",null,null,null,"m²",{"$f":"'MC MODULO'!J156","v":13165.004999999999},0.21429999999999999,{"$f":"ROUND(IF(C42=\"CODEVASF\",VLOOKUP(D42,'CPU CODEVASF'!E:I,5,FALSE),VLOOKUP(D42,sintético_sicro,4,FALSE)),6)","v":0.55000000000000004},{"$f":"ROUND(IF(C42=\"CODEVASF\",VLOOKUP(D42,'CPU CODEVASF'!E:H,4,FALSE),VLOOKUP(D42,'SINTÉTICO SICRO'!A:D,4,FALSE)*(1+$J$6)),6)","v":0.67},8820.56,8820.56,21,"INCC"]
[null,10,null,null,"MOMENTO DE TRANSPORTE"]
[{"$f":"VLOOKUP(O44,'RESUMO MODULO TOTAL'!$O$11:$P$45,2,0)","v":5},"10.1","SICRO",5914389,"TRANSPORTE COM CAMINHÃO BASCULANTE DE 10 M³ - RODOVIA PAVIMENTADA",null,null,null,"tkm",{"$f":"ROUND(SUMIF('MOMENTO DE TRANSPORTE - PRINC'!A:A,'RESUMO MODULO TOTAL'!D44,'MOMENTO DE TRANSPORTE - PRINC'!K:K)+SUMIF('MOMENTO DE TRANSPORTE - AUX'!A:A,'RESUMO MODULO TOTAL'!D44,'MOMENTO DE TRANSPORTE - AUX'!L:L),2)","v":121787.5},0.21429999999999999,{"$f":"ROUND(IF(C44=\"CODEVASF\",VLOOKUP(D44,'CPU CODEVASF'!E:I,5,FALSE),VLOOKUP(D44,sintético_sicro,4,FALSE)),6)","v":0.72},{"$f":"ROUND(IF(C44=\"CODEVASF\",VLOOKUP(D44,'CPU CODEVASF'!E:H,4,FALSE),VLOOKUP(D44,'SINTÉTICO SICRO'!A:D,4,FALSE)*(1+$J$6)),6)","v":0.87429599999999996},106478.32,{"$f":"N44","v":106478.32},5,"INCC",2661529.15,2660947.11,{"$f":"R44-S44","v":582.04000000003725}]
[{"$f":"VLOOKUP(O45,'RESUMO MODULO TOTAL'!$O$11:$P$45,2,0)","v":26},"10.2","SICRO",5914479,"TRANSPORTE COM CAMINHÃO DE CARROCERIA DE 15 t - RODOVIA PAVIMENTADA",null,null,null,"tkm",{"$f":"ROUND(SUMIF('MOMENTO DE TRANSPORTE - PRINC'!A:A,'RESUMO MODULO TOTAL'!D45,'MOMENTO DE TRANSPORTE - PRINC'!K:K)+SUMIF('MOMENTO DE TRANSPORTE - AUX'!A:A,'RESUMO MODULO TOTAL'!D45,'MOMENTO DE TRANSPORTE - AUX'!L:L),2)","v":560.38},0.21429999999999999,{"$f":"ROUND(IF(C45=\"CODEVASF\",VLOOKUP(D45,'CPU CODEVASF'!E:I,5,FALSE),VLOOKUP(D45,sintético_sicro,4,FALSE)),6)","v":0.66},{"$f":"ROUND(IF(C45=\"CODEVASF\",VLOOKUP(D45,'CPU CODEVASF'!E:H,4,FALSE),VLOOKUP(D45,'SINTÉTICO SICRO'!A:D,4,FALSE)*(1+$J$6)),6)","v":0.80143799999999998},449.11,{"$f":"N45","v":449.11},26,"INCC",2661529.15,2660947.11,{"$f":"R45-S45","v":582.04000000003725}]
[null,"VALOR TOTAL ",{"$nulls":11},{"$f":"SUM(N11:N45)","v":1909669.07},{"$nulls":12},{"$f":"SUM(AA11:AA40)","v":59789384.100000009}]
[{"$nulls":13},{"$f":"N46+263598.61","v":2173267.6800000002}]
[{"$nulls":15},1909349.98]
[]
[{"$nulls":13},{"$f":"2000000","v":2000000}]
[{"$nulls":13},{"$f":"1-(N50/N46)","v":-4.7301876235551044E-2}]
[]
[{"$nulls":13},1910000,null,{"$f":"N46/J25","v":134.15067520743395}]
[{"$nulls":15},{"$f":"N53/P53","v":14237.721853032892},null,14353.686183780999]
[{"$nulls":13},{"$f":"N46-N53","v":-330.92999999993481}]
[]
[{"$nulls":13},{"$f":"N53/N6","v":13167.28638747864}]
[{"$nulls":13},{"$f":"'MC MODULO'!I23-'RESUMO MODULO TOTAL'!N57","v":-2.2813874786406814}]
[{"$nulls":13},{"$f":"N58/6","v":-0.38023124644011358}]

{"sheet":"CRONOGRAMA TOTAL","index":1,"n_rows":46,"n_cols":13,"rows_kept":46,"cut":false,"hidden":false,"merged":[[28,0,28,1],[1,0,1,7],[2,0,2,7],[25,0,25,1],[26,0,26,1],[27,0,27,1]]}
[]
[{"$f":"'RESUMO MODULO TOTAL'!B1","v":"Item 02: Pavimentação em Concreto Betuminoso Usinado a Quente (CBUQ) na sede do município de Santa Maria da Vitória, dentro da área de abrangência da  2ª Superintendência Regional da Codevasf, no estado da Bahia."}]
["Cronograma Físico e Financeiro "]
["Item","Descrição","Total Por Etapa","Mês 01","Mês 02","Mês 03","Mês 04","Mês 05"]
[null,{"$f":"'RESUMO MODULO TOTAL'!E10","v":"SERVIÇOS PRELIMINARES"},1,null,{"$f":"1/4","v":0.25},{"$f":"1/4","v":0.25},0.25,0.25,null,null,{"$f":"SUM(D5:I5)","v":1}]
[null,null,{"$f":"SUM('RESUMO MODULO TOTAL'!N11:N14)","v":67736.51999999999},null,{"$f":"$C$6*E5","v":16934.129999999997},{"$f":"$C$6*F5","v":16934.129999999997},16934.129999999997,16934.129999999997,null,null,{"$f":"SUM(D6:I6)","v":67736.51999999999},{"$f":"C6","v":67736.51999999999},{"$f":"K6-L6","v":0}]
[null,{"$f":"'RESUMO MODULO TOTAL'!E15","v":"TERRAPLANAGEM"},1,null,{"$f":"1/2","v":0.5},{"$f":"1/2","v":0.5},{"$nulls":4},{"$f":"SUM(D7:I7)","v":1}]
[null,null,{"$f":"SUM('RESUMO MODULO TOTAL'!N16:N19)","v":77198.59},null,{"$f":"$C$8*E7","v":38599.294999999998},{"$f":"$C$8*F7","v":38599.294999999998},{"$nulls":4},{"$f":"SUM(D8:I8)","v":77198.59},{"$f":"C8","v":77198.59},{"$f":"K8-L8","v":0}]
[null,{"$f":"'RESUMO MODULO TOTAL'!E20","v":"PAVIMENTAÇÃO"},1,null,null,{"$f":"1/3","v":0.33333333333333331},{"$f":"1/3","v":0.33333333333333331},0.33333333333333331,null,null,{"$f":"SUM(F9:I9)","v":1}]
[null,null,{"$f":"SUM('RESUMO MODULO TOTAL'!N21:N25)","v":611284.19000000006},null,null,{"$f":"$C$10*F9","v":203761.39666666667},{"$f":"$C$10*G9","v":203761.39666666667},{"$f":"$C$10*H9","v":203761.39666666667},null,null,{"$f":"SUM(F10:I10)","v":611284.18999999994},{"$f":"C10","v":611284.19000000006},{"$f":"K10-L10","v":0}]
[null,"AQUISIÇÃO E TRANSPORTE DE MATERIAL BETUMINOSO",1,null,null,{"$f":"1/3","v":0.33333333333333331},{"$f":"1/3","v":0.33333333333333331},{"$f":"1/3","v":0.33333333333333331}]
[null,null,{"$f":"SUM('RESUMO MODULO TOTAL'!N27:N30)","v":612959.38000000012},null,null,{"$f":"$C$12*F11","v":204319.79333333336},{"$f":"$C$12*G11","v":204319.79333333336},{"$f":"$C$12*H11","v":204319.79333333336}]
[null,{"$f":"'RESUMO MODULO TOTAL'!E31","v":"SINALIZAÇÃO"},1,{"$nulls":4},{"$f":"1","v":1},null,null,{"$f":"SUM(F13:I13)","v":1}]
[null,null,{"$f":"SUM('RESUMO MODULO TOTAL'!N32:N34)","v":43015.479999999996},{"$nulls":4},{"$f":"$C$14*H13","v":43015.479999999996},null,null,{"$f":"SUM(F14:I14)","v":43015.479999999996},{"$f":"C14","v":43015.479999999996},{"$f":"K14-L14","v":0}]
[null,{"$f":"'RESUMO MODULO TOTAL'!E35","v":"DRENAGEM"},1,null,null,null,{"$f":"1/2","v":0.5},{"$f":"1/2","v":0.5},null,null,{"$f":"SUM(D15:I15)","v":1}]
[null,null,{"$f":"'RESUMO MODULO TOTAL'!N36","v":366072.62},null,null,null,{"$f":"$C$16*G15","v":183036.31},{"$f":"$C$16*H15","v":183036.31},null,null,366072.62,{"$f":"C16","v":366072.62},{"$f":"K16-L16","v":0}]
[null,{"$f":"'RESUMO MODULO TOTAL'!E37","v":"SERVIÇOS COMPLEMENTARES"},1,null,null,{"$f":"1/3","v":0.33333333333333331},{"$f":"1/3","v":0.33333333333333331},{"$f":"1/3","v":0.33333333333333331},null,null,1]
[null,null,{"$f":"SUM('RESUMO MODULO TOTAL'!N38)","v":4054.11},null,null,{"$f":"$C$18*F17","v":1351.37},{"$f":"$C$18*G17","v":1351.37},{"$f":"$C$18*H17","v":1351.37},null,null,4054.1099999999997,{"$f":"C18","v":4054.11},{"$f":"K18-L18","v":0}]
[null,{"$f":"'RESUMO MODULO TOTAL'!E39","v":"PROJETO EXECUTIVO"},1,{"$f":"1","v":1},{"$nulls":6},1]
[null,null,{"$f":"SUM('RESUMO MODULO TOTAL'!N40)","v":11600.19},{"$f":"$C$20*D19","v":11600.19},{"$nulls":6},11600.19,{"$f":"C20","v":11600.19},{"$f":"K20-L20","v":0}]
[null,{"$f":"'RESUMO MODULO TOTAL'!E41","v":"CONTROLE TECNOLÓGICO - OBRA"},1,null,{"$f":"1/4","v":0.25},{"$f":"1/4","v":0.25},0.25,0.25,null,null,1]
[null,null,{"$f":"SUM('RESUMO MODULO TOTAL'!N42)","v":8820.56},null,{"$f":"$C$22*E21","v":2205.14},{"$f":"$C$22*F21","v":2205.14},{"$f":"$C$22*G21","v":2205.14},{"$f":"$C$22*H21","v":2205.14},null,null,8820.56,{"$f":"C22","v":8820.56},{"$f":"K22-L22","v":0}]
[null,{"$f":"'RESUMO MODULO TOTAL'!E43","v":"MOMENTO DE TRANSPORTE"},1,null,null,{"$f":"1/3","v":0.33333333333333331},{"$f":"1/3","v":0.33333333333333331},{"$f":"1/3","v":0.33333333333333331},null,null,1]
[null,null,{"$f":"SUM('RESUMO MODULO TOTAL'!N44:N45)","v":106927.43000000001},null,null,{"$f":"$C$24*F23","v":35642.476666666669},{"$f":"$C$24*G23","v":35642.476666666669},{"$f":"$C$24*H23","v":35642.476666666669},null,null,106927.43000000001,{"$f":"C24","v":106927.43000000001},{"$f":"K24-L24","v":0}]
[]
["Porcentagem",null,null,{"$f":"SUM(D6+D10+D14+D16+D12+D8+D18+D20+D22+D24)/$H$31","v":6.0744503758444392E-3},{"$f":"SUM(E6+E10+E14+E16+E12+E8+E18+E20+E22+E24)/$H$31","v":3.0234853727824158E-2},{"$f":"SUM(F6+F10+F14+F16+F12+F8+F18+F20+F22+F24)/$H$31","v":0.26329881421112755},{"$f":"SUM(G6+G10+G14+G16+G12+G8+G18+G20+G22+G24)/$H$31","v":0.33893339261480876},{"$f":"SUM(H6+H10+H14+H16+H12+H8+H18+H20+H22+H24)/$H$31","v":0.36145848907039513}]
["Custo",null,null,{"$f":"$H$31*D26","v":11600.19},{"$f":"$H$31*E26","v":57738.564999999995},{"$f":"$H$31*F26","v":502813.60166666674},{"$f":"$H$31*G26","v":647250.6166666667},{"$f":"$H$31*H26","v":690266.09666666668}]
["Porcentagem Acumulado",null,null,{"$f":"D26","v":6.0744503758444392E-3},{"$f":"D28+E26","v":3.6309304103668595E-2},{"$f":"E28+F26","v":0.29960811831479617},0.63854151092960487,1]
["Custo Acumulado",null,null,{"$f":"D27","v":11600.19},{"$f":"D29+E27","v":69338.75499999999},572152.35666666669,1219402.9733333334,1909669.07]
[]
[null,null,null,"Total Geral",null,null,null,{"$f":"'RESUMO MODULO TOTAL'!$N$46","v":1909669.07}]
{"$rows_empty":14}
[null,"VALOR TOTAL "]

{"sheet":"MC MODULO","index":2,"n_rows":156,"n_cols":11,"rows_kept":156,"cut":false,"hidden":false,"merged":[[3,2,3,10],[5,9,5,10],[34,2,34,10],[161,2,161,6]]}
[]
[]
[]
[null,null,"DADOS DO PROJETO"]
[]
[{"$nulls":4},"Nº de municípios (módulos)",1,null,null,null,"LEGENDA"]
[{"$nulls":4},"Nº de ruas",4]
[{"$nulls":9},"ENTRADA DE DADOS"]
[null,null,null,"REBAIXAMENTO DE GREIDE (m)","ESPESSURA CBUQ (m)","LARGURA DA SARJETA (m)","ESPESSURA DA BASE (m)","ESPESSURA DA SUB-BASE (m)"]
[null,null,null,{"$f":"E10+G10+H10","v":0.35},0.05,0.25,0.15,0.15]
[]
[null,null,null,"RUAS","EXTENSÃO (m)","LARGURA TOTAL (m)","ÁREA TOTAL (m²)","LARGURA EFETIVA (m)","ÁREA EFETIVA (m²)","PLACA DE REGULAMENTAÇÃO (un.)","SINALIZAÇÃO HORIZONTAL"]
[null,null,null,"RUA SANTA RITA",732.29,8,{"$f":"E13*F13","v":5858.32},{"$f":"F13-2*$F$10","v":7.5},{"$f":"E13*H13","v":5492.1749999999993},1,"Faixa de separação contínua"]
[null,null,null,"RUA PROJETADA 2",{"$f":"413.75","v":413.75},6,{"$f":"E14*F14","v":2482.5},{"$f":"F14-2*$F$10","v":5.5},{"$f":"E14*H14","v":2275.625},8,"Faixa de separação contínua"]
[null,null,null,"TV EUSEBIO DE QUEIROZ - TRECHO 1",287.27,6,1723.62,5.5,1579.9849999999999,4,"Faixa de separação contínua"]
[null,null,null,"TV EUSEBIO DE QUEIROZ - TRECHO 2",65.03,5,325.14999999999998,4.5,292.63499999999999,2,"Faixa de separação contínua"]
[null,null,null,"TV EUSEBIO DE QUEIROZ - TRECHO 3",51.57,6,309.42,5.5,283.63499999999999,2,"Faixa de separação contínua"]
[null,null,null,"RUA DOIS",9.0299999999999994,5.5,49.664999999999999,5,45.15,0,"Faixa de separação contínua"]
[null,null,null,"TV EUSEBIO DE QUEIROZ - REDUÇÃO 2",5.56,5.5,30.58,5,27.799999999999997,0,"Faixa de separação contínua"]
[null,null,null,"RUA 02",186.61,6,1119.6600000000001,5.5,1026.355,2,"Faixa de separação contínua"]
[null,null,null,"RUA 03",192.15,6,1152.9000000000001,5.5,1056.825,2,"Faixa de separação contínua"]
[null,null,null,"RUA 04",197.24,6,1183.44,5.5,1084.8200000000002,2,"Faixa de separação contínua"]
[null,null,null,"TOTAL",{"$f":"SUM(E13:E22)","v":2140.5},null,{"$f":"SUM(G13:G22)","v":14235.254999999999},null,{"$f":"SUM(I13:I22)","v":13165.004999999999},{"$f":"SUM(J13:J22)","v":23}]
[]
[null,null,null,"COORDENADAS MÉDIAS"]
[null,null,null,"Local de Execução dos Serviços","-13.3889, -44.2102","Calculado por média ponderada (Fator = Área Total)"]
[]
[{"$nulls":4},"COORDENADAS","INÍCIO TRECHO SEM PAVIMENTO","Trecho LEITO NATURAL (km)","Trecho PAVIMENTADO (km)","TOTAL"]
[null,null,null,"JAZIDA MATERIAL DE BASE","-13.3891, -44.1261","-13.3933, -44.1252",0,{"$f":"I29-G29","v":11.3},11.3]
[null,null,null,"JAZIDA DE BRITA","-13.4334, -44.2137","-13.4298, -44.2158",0,{"$f":"I30-G30","v":7.8},7.8]
[null,null,null,"JAZIDA DE AREIA MÉDIA","-13.4334, -44.2137","-13.4298, -44.2158",0,{"$f":"I31-G31","v":7.8},7.8]
[null,null,null,"BOTA-FORA","-13.3664, -44.1928","-13.3798, -44.1961",1.6,{"$f":"I32-G32","v":2.1999999999999997},3.8]
[]
[]
[null,null,"MEMÓRIA DE CÁLCULO"]
[]
[null,null,1,"SERVIÇOS PRELIMINARES"]
[null,null,"1.1","Mobilização e Desmobilização"]
[]
[null,null,null,"Mobilização e Desmobilização (t x Km)"]
[null,null,null,{"$f":"SUM('Mob e Desmob'!E33,'Mob e Desmob'!E32)","v":17506.55},"=",{"$f":"D41","v":17506.55}]
[]
[null,null,"1.2","Administração da obra"]
[]
[null,null,null,"Módulos(un)",null,"Módulos(un)"]
[null,"VALOR TOTAL ",null,1,"=",{"$f":"D46","v":1}]
[]
[null,null,"1.3","Canteiro de Obras e Almoxarifado"]
[]
[null,null,null,"Prazo de Execução da Obra (meses)",null,"Prazo de Execução da Obra (meses)"]
[null,null,null,4,"=",{"$f":"D51","v":4}]
[]
[null,null,"1.4","Placa de Obra de Aço Galvanizado"]
[]
[null,null,null,"Comprimento","Largura","Módulos(un)",null,"Área (m²)"]
[null,null,null,2.4,1.2,1,"=",{"$f":"D56*E56*F56","v":2.88}]
[]
[null,null,2,"TERRAPLENAGEM"]
[null,null,"2.1","Serviços topográficos para pavimentação, inclusive notas de serviços, acompanhamento e greide"]
[]
[null,null,null,"Extensão (m)",null,"Largura média (m)",null,null,null,"Área (m²)"]
[null,null,null,{"$f":"E23","v":2140.5},"x",{"$f":"G23/E23","v":6.6504344779257183},null,null,"=",{"$f":"D62*F62","v":14235.254999999999}]
[]
[null,null,"2.2","Escavação, carga e transporte de material de 1ª categoria - DMT de 2.000 a 2.500 m - caminho de serviço pavimentado - com escavadeira e caminhão basculante de 14 m³"]
[]
[null,null,null,"Extensão (m)",null,"Largura média (m)",null,"Espessura (m)",null,"Volume (m³)"]
[null,null,null,{"$f":"E23","v":2140.5},"x",{"$f":"G23/E23","v":6.6504344779257183},"x",{"$f":"D10","v":0.35},"=",{"$f":"D67*F67*H67","v":4982.3392499999991}]
[]
[null,null,"2.3","Transporte com caminhão basculante de 14 m³ - rodovia em leito natural"]
[]
[null,null,null,"Extensão (m)","Largura média (m)","Espessura (m)","Massa transportada (t)","Distância (km)",null,"Massa (t) x Distância (km)"]
[null,null,null,{"$f":"E23","v":2140.5},{"$f":"G23/E23","v":6.6504344779257183},{"$f":"D10","v":0.35},{"$f":"G75*E75","v":9341.8860937499976},{"$f":"G32","v":1.6},"=",{"$f":"G72*H72","v":14947.017749999997}]
[]
[null,null,null,"Densidade do solo in situ (t/m³)","Densidade do solo transportado (t/m³)","Fator empolamento solo transportado","Volume transportado (m³)"]
[null,null,null,1.875,1.5,{"$f":"D75/E75","v":1.25},{"$f":"D72*E72*F72*F75","v":6227.9240624999984}]
[]
[null,null,"2.4","Espalhamento de material em bota-fora"]
[]
[null,null,null,"Extensão (m)",null,"Largura média (m)",null,"Espessura (m)",null,"Volume (m³)"]
[null,null,null,{"$f":"E23","v":2140.5},"x",{"$f":"J80/(D80*H80)","v":6.6504344779257174},"x",{"$f":"D10","v":0.35},"=",{"$f":"G23*H80","v":4982.3392499999991}]
[]
[null,null,3,"PAVIMENTAÇÃO"]
[null,null,"3.1","Concreto asfáltico - faixa C - areia e brita comerciais"]
[]
[null,null,null,"Extensão (m)","Largura média efetiva (m)","Espessura (m)","Densidade (t/m³)",null,null,"Massa (t)"]
[null,null,null,{"$f":"E23","v":2140.5},{"$f":"I23/E23","v":6.1504344779257183},{"$f":"E10","v":0.05},2.4,null,"=",{"$f":"D86*E86*F86*G86","v":1579.8006}]
[]
[]
[null,null,"3.2","Imprimação com emulsão asfáltica"]
[]
[null,null,null,"Extensão (m)",null,"Largura média efetiva (m)",null,null,null,"Área (m²)"]
[null,null,null,{"$f":"E23","v":2140.5},"x",{"$f":"I23/E23","v":6.1504344779257183},null,null,"=",{"$f":"D92*F92","v":13165.004999999999}]
[]
[null,null,"3.3","Base estabilizada granulometricamente com mistura solo brita (70% - 30%) em usina com material de jazida e brita comercial"]
[]
[null,null,null,"Extensão (m)",null,"Largura média efetiva (m)",null,"Espessura (m)",null,"Volume (m³)"]
[null,null,null,{"$f":"E23","v":2140.5},"x",{"$f":"I23/E23","v":6.1504344779257183},"x",{"$f":"G10","v":0.15},"=",{"$f":"I23*H97","v":1974.7507499999997}]
[]
[]
[null,null,"3.4","Sub-base estabilizada granulometricamente com mistura de solos na pista com material de jazida"]
[]
[null,null,null,"Extensão (m)",null,"Largura média efetiva (m)",null,"Espessura (m)",null,"Volume (m³)"]
[null,null,null,{"$f":"E23","v":2140.5},"x",{"$f":"I23/E23","v":6.1504344779257183},"x",{"$f":"H10","v":0.15},"=",{"$f":"D103*F103*H103","v":1974.7507499999997}]
[]
[]
[null,null,"3.5","Regularização do subleito"]
[]
[null,null,null,"Extensão (m)",null,"Largura média (m)",null,null,null,"Área (m²)"]
[null,null,null,{"$f":"E23","v":2140.5},"x",{"$f":"G23/E23","v":6.6504344779257183},null,null,"=",{"$f":"D109*F109","v":14235.254999999999}]
[]
[null,null,5,"SINALIZAÇÃO"]
[null,null,"5.1","Fornecimento e implantação de placa de regulamentação em aço D = 0,60 m - película retrorrefletiva tipo I + SI"]
[]
[null,null,null,"Extensão (km)",null,"Quant. (un)",null,null,null,"Quant. (un)"]
[null,null,null,{"$f":"E23/1000","v":2.1404999999999998},null,{"$f":"J23","v":23},null,null,"=",{"$f":"F115","v":23}]
[]
[]
[null,null,"5.2","Fornecimento e implantação de suporte metálico galvanizado para placa de regulamentação - D = 0,60 m"]
[]
[null,null,null,"Extensão (km)",null,"Quant. (un)",null,null,null,"Quant. (un)"]
[null,null,null,{"$f":"E23/1000","v":2.1404999999999998},null,{"$f":"J23","v":23},null,null,"=",{"$f":"F121","v":23}]
[]
[null,null,"5.3","Pintura de faixa com tinta acrílica - espessura de 0,4 mm (bordos)"]
[]
[null,null,null,"Extensão (m)",null,"Espessura (m)",null,null,null,"Quant. (m²)"]
[null,null,null,{"$f":"E23","v":2140.5},"x",0.1,null,null,"=",{"$f":"D126*F126*2","v":428.1}]
[]
[null,null,"5.4","Pintura de faixa com tinta acrílica - espessura de 0,4 mm (faixa central)"]
[]
[null,null,null,"Extensão (m)",null,"Espessura (m)",null,null,null,"Quant. (m²)"]
[null,null,null,{"$f":"E23","v":2140.5},"x",0.1,null,null,null,{"$f":"D131*F131","v":214.05}]
[]
[null,null,6,"DRENAGEM"]
[null,null,"6.1","Meio-fio de concreto - MFC 03 - areia e brita comerciais - fôrma de madeira"]
[]
[null,null,null,"Extensão (m)",null,"Quant. (un)",null,null,null,"Extensão(m)"]
[null,null,null,{"$f":"E23","v":2140.5},"x",2,null,null,"=",{"$f":"D137*F137","v":4281}]
[]
[null,null,7,"SERVIÇOS COMPLEMENTARES"]
[null,null,"7.1","Conserto de Quebra de Ramal"]
[]
[null,null,null,"Extensão (m)",null,"Quantidade (10%)",null,null,0.1,"Extensão (m)"]
[null,null,null,{"$f":"E23","v":2140.5},"x",{"$f":"0.1","v":0.1},"x",null,"=",{"$f":"D143*F143","v":214.05}]
[]
[]
[null,null,8,"PROJETO EXECUTIVO"]
[null,null,"8.1","Projeto Executivo"]
[]
[null,null,null,"Extensão (m)",null,"Largura média (m)",null,"Quant. (un)",null,"Área (m²)"]
[null,null,null,{"$f":"E23","v":2140.5},"x",{"$f":"G23/E23","v":6.6504344779257183},"x",1,"=",{"$f":"D150*F150*H150","v":14235.254999999999}]
[]
[null,null,9,"CONTROLE TECNOLOGICO - OBRA E PROJETO"]
[null,null,"9.1","Controle Tecnológico - Obra"]
[]
[null,null,null,"Extensão (m)","x","Largura média efetiva (m)","x","Quant. (un)",null,"Área (m²)"]
[null,null,null,{"$f":"E23","v":2140.5},null,{"$f":"I23/E23","v":6.1504344779257183},null,1,"=",{"$f":"D156*F156*H156","v":13165.004999999999}]

{"sheet":" CONSUMO DE MAT. B TOTAL","index":3,"n_rows":46,"n_cols":16,"rows_kept":46,"cut":false,"hidden":false,"merged":[[11,1,11,15],[13,1,13,15],[15,1,15,15],[0,1,1,15],[2,1,3,15],[4,1,4,2],[4,3,4,11],[4,12,4,15],[6,1,6,15],[9,1,9,15]]}
[]
[]
[null,"CONSUMO DO MATERIAL BETUMINOSO TOTAL"]
[]
[null,"TRECHO",null,"QUANTIDADES",{"$nulls":8},"MAT. BETUMINOSO"]
[null,"Inicio           (km)","Fim              (km)","Extensão     (m)","Largura       (m)","Espess.       (m)","Área            (m²)","Volume              (m³)","Densidade (t/m³)","Massa            (t)","Unid","Quant.","Tipo","Consumo Taxa de Aplicação","Unid. ","Quant."]
[null,"IMPRIMAÇÃO"]
[{"$nulls":5},1,{"$f":"'MC MODULO'!J92","v":13165.004999999999},{"$f":"G8*F8","v":13165.004999999999},{"$nulls":4},"EAI","1,3 l/m²","t",{"$f":"ROUND((G8*1.3*1)/1000,2)","v":17.11}]
[{"$nulls":5},1,0,0,{"$nulls":4},"RR-1C","1,2 l/m2","t",{"$f":"ROUND((G9*1.2*1)/1000,2)","v":0}]
[null,"CBUQ FAIXA \"C\""]
[{"$nulls":7},{"$f":"G11*F11","v":0},null,{"$f":"'MC MODULO'!J86","v":1579.8006},null,null,"CAP-50/70","63,23 t/t","t",{"$f":"ROUND((J11*63.23*1)/1000,2)","v":99.89}]
[null,"CBUQ FAIXA \"B\""]
[{"$nulls":7},{"$f":"G13*F13","v":0},{"$nulls":4},"CAP-50/70","56,60 t/m3","t",{"$f":"ROUND((J13*56.6)/1000,2)","v":0}]
[]
[{"$nulls":7},{"$f":"G15*F15","v":0}]
{"$rows_empty":30}
[null,"VALOR TOTAL "]

{"sheet":"CPU CODEVASF","index":4,"n_rows":138,"n_cols":11,"rows_kept":138,"cut":false,"hidden":false,"merged":[[129,7,130,7],[0,0,2,7],[4,0,6,3],[5,4,6,5],[44,7,45,7],[53,7,54,7],[61,7,62,7],[73,7,74,7],[81,7,82,7],[89,7,90,7],[103,7,104,7],[111,7,112,7],[119,7,120,7],[81,5,82,5],[89,5,90,5],[103,5,104,5],[111,5,112,5],[119,5,120,5],[129,5,130,5],[8,6,9,6],[22,6,23,6],[30,6,31,6],[44,6,45,6],[53,6,54,6],[61,6,62,6],[73,6,74,6],[81,6,82,6],[89,6,90,6],[103,6,104,6],[111,6,112,6],[119,6,120,6],[129,6,130,6],[129,3,130,3],[8,4,9,4],[22,4,23,4],[30,4,31,4],[44,4,45,4],[53,4,54,4],[61,4,62,4],[73,4,74,4],[81,4,82,4],[89,4,90,4],[103,4,104,4],[111,4,112,4],[119,4,120,4],[129,4,130,4],[44,3,45,3],[53,3,54,3],[61,3,62,3],[73,3,74,3],[81,3,82,3],[89,3,90,3],[103,3,104,3],[111,3,112,3],[119,3,120,3],[89,1,90,1],[103,1,104,1],[111,1,112,1],[119,1,120,1],[129,1,130,1],[8,2,9,2],[22,2,23,2],[30,2,31,2],[44,2,45,2],[53,2,54,2],[61,2,62,2],[73,2,74,2],[81,2,82,2],[89,2,90,2],[103,2,104,2],[111,2,112,2],[119,2,120,2],[129,2,130,2],[127,5,127,6],[135,4,135,6],[137,5,137,6],[8,0,9,0],[22,0,23,0],[30,0,31,0],[44,0,45,0],[53,0,54,0],[61,0,62,0],[73,0,74,0],[81,0,82,0],[89,0,90,0],[103,0,104,0],[111,0,112,0],[119,0,120,0],[129,0,130,0],[8,1,9,1],[22,1,23,1],[30,1,31,1],[44,1,45,1],[53,1,54,1],[61,1,62,1],[73,1,74,1],[81,1,82,1],[84,4,84,6],[87,5,87,6],[98,4,98,6],[101,5,101,6],[106,4,106,6],[109,5,109,6],[114,4,114,6],[117,5,117,6],[125,4,125,6],[42,5,42,6],[48,4,48,6],[51,5,51,6],[56,4,56,6],[59,5,59,6],[68,4,68,6],[71,5,71,6],[76,4,76,6],[79,5,79,6],[44,5,45,5],[53,5,54,5],[61,5,62,5],[73,5,74,5],[3,0,3,7],[4,6,4,7],[7,0,7,7],[17,4,17,6],[20,5,20,6],[25,4,25,6],[28,5,28,6],[39,4,39,6],[40,4,40,6],[8,3,9,3],[22,3,23,3],[30,3,31,3],[8,5,9,5],[22,5,23,5],[30,5,31,5],[8,7,9,7],[22,7,23,7],[30,7,31,7]]}
[]
[]
[]
[{"$f":"'RESUMO MODULO TOTAL'!B1","v":"Item 02: Pavimentação em Concreto Betuminoso Usinado a Quente (CBUQ) na sede do município de Santa Maria da Vitória, dentro da área de abrangência da  2ª Superintendência Regional da Codevasf, no estado da Bahia."}]
[{"$nulls":5},"BDI %:",{"$f":"BDI!$C$25","v":0.21429999999999999}]
[{"$nulls":4},"Encargos Sociais:",null,"Horista","Mensalista"]
[{"$nulls":6},{"$f":"'ENC. SOCIAIS'!E51/100","v":1.1515},{"$f":"'ENC. SOCIAIS'!F51/100","v":0.71219999999999994}]
["COMPOSIÇÕES DE CUSTO UNITARIO"]
["CPU-01","SINAPI","103689 (modificada)","PLACA DE OBRA EM CHAPA DE ACO GALVANIZADO","m²","COEF.","PRECO UNITÁRIO (R$)","TOTAL (R$)"]
[]
["INS. SINAPI","SINAPI",4509,{"$f":"VLOOKUP(C11,'INSUMOS SINAPI'!A:E,2,0)","v":"SARRAFO *2,5 X 10* CM EM PINUS, MISTA OU EQUIVALENTE DA REGIAO - BRUTA"},"kg","3,2083000",{"$f":"IFERROR(VLOOKUP(C11,'INSUMOS SINAPI'!A:E,5,FALSE),VLOOKUP(C11,'COMP Sint. Sinapi'!G:K,5,FALSE))","v":"4,74"},{"$f":"F11*G11","v":15.207342000000001}]
["INS. SINAPI","SINAPI",4813,{"$f":"VLOOKUP(C12,'INSUMOS SINAPI'!A:E,2,0)","v":"PLACA DE OBRA (PARA CONSTRUCAO CIVIL) EM CHAPA GALVANIZADA *N. 22*, ADESIVADA, DE *2,4 X 1,2* M (SEM POSTES PARA FIXACAO)"},"m²","1,0000000",{"$f":"IFERROR(VLOOKUP(C12,'INSUMOS SINAPI'!A:E,5,FALSE),VLOOKUP(C12,'COMP Sint. Sinapi'!G:K,5,FALSE))","v":"325,00"},{"$f":"F12*G12","v":325}]
["INS. SINAPI","SINAPI",5065,{"$f":"VLOOKUP(C13,'INSUMOS SINAPI'!A:E,2,0)","v":"PREGO DE ACO POLIDO COM CABECA 10 X 10 (7/8 X 17)"},"m","0,0113000",{"$f":"IFERROR(VLOOKUP(C13,'INSUMOS SINAPI'!A:E,5,FALSE),VLOOKUP(C13,'COMP Sint. Sinapi'!G:K,5,FALSE))","v":"36,47"},0.41211099999999995]
["INS. SINAPI","SINAPI",5069,{"$f":"VLOOKUP(C14,'INSUMOS SINAPI'!A:E,2,0)","v":"PREGO DE ACO POLIDO COM CABECA 17 X 27 (2 1/2 X 11)"},"m²","0,0132000",{"$f":"IFERROR(VLOOKUP(C14,'INSUMOS SINAPI'!A:E,5,FALSE),VLOOKUP(C14,'COMP Sint. Sinapi'!G:K,5,FALSE))","v":"19,54"},0.25792799999999999]
["COMP. SINAPI","SINAPI",102234,{"$f":"VLOOKUP(C15,'COMP Sint. Sinapi'!G:K,2,0)","v":"PINTURA IMUNIZANTE PARA MADEIRA, 2 DEMÃOS. AF_01/2021"},"h","0,5000000",{"$f":"IFERROR(VLOOKUP(C15,'INSUMOS SINAPI'!A:E,5,FALSE),VLOOKUP(C15,'COMP Sint. Sinapi'!G:K,5,FALSE))","v":"23,99"},11.994999999999999]
["INS. SICRO","SICRO","P9808",{"$f":"IFERROR(VLOOKUP(C16,'MO SICRO'!A:G,2,0),VLOOKUP(C16,'COMP Sint. Sinapi'!G:K,2,0))","v":"Carpinteiro"},"h","0,3729000",{"$f":"IFERROR(VLOOKUP(C16,'MO SICRO'!A:G,6,0),IFERROR(VLOOKUP(C16,'INSUMOS SINAPI'!A:E,5,FALSE),VLOOKUP(C16,'COMP Sint. Sinapi'!G:K,5,FALSE)))","v":29.1205},10.859034449999999]
["INS. SICRO","SICRO","P9824",{"$f":"IFERROR(VLOOKUP(C17,'MO SICRO'!A:G,2,0),VLOOKUP(C17,'COMP Sint. Sinapi'!G:K,2,0))","v":"Servente"},"h","1,1186000",{"$f":"IFERROR(VLOOKUP(C17,'MO SICRO'!A:G,6,0),IFERROR(VLOOKUP(C17,'INSUMOS SINAPI'!A:E,5,FALSE),VLOOKUP(C17,'COMP Sint. Sinapi'!G:K,5,FALSE)))","v":20.681000000000001},23.133766600000001]
[{"$nulls":4},"Sub total:",null,null,{"$f":"ROUND(SUM(H11:H17),2)","v":386.87}]
[{"$nulls":5},"BDI ",{"$f":"BDI!$C$25","v":0.21429999999999999},{"$f":"H18*G19","v":82.906240999999994}]
[{"$nulls":6},"Total Serviços:",{"$f":"H18+H19","v":469.77624100000003}]
[{"$nulls":4},{"$f":"A9","v":"CPU-01"},"PREÇO UNITÁRIO TOTAL:",null,{"$f":"ROUND(H20,2)","v":469.78},{"$f":"H18","v":386.87}]
[]
["CPU-02","CODEVASF","Propria","MOBILIZAÇÃO E DESMOBILIZAÇÃO","T x km","COEF.","PRECO UNITÁRIO (R$)","TOTAL (R$)"]
[]
["COMP. SICRO","SICRO",5914640,"TRANSPORTE COM CAVALO MECÂNICO COM SEMIRREBOQUE COM CAPACIDADE DE 30 T - RODOVIA PAVIMENTADA","T x km",1,0.56999999999999995,{"$f":"F25*G25","v":0.56999999999999995}]
[{"$nulls":4},"Sub total:",null,null,{"$f":"ROUND(SUM(H25:H25),2)","v":0.56999999999999995}]
[{"$nulls":5},"BDI ",{"$f":"BDI!$C$25","v":0.21429999999999999},{"$f":"H26*G27","v":0.12215099999999998}]
[{"$nulls":6},"Total Serviços:",{"$f":"H26+H27","v":0.69215099999999996}]
[{"$nulls":4},{"$f":"A23","v":"CPU-02"},"PREÇO UNITÁRIO TOTAL:",null,{"$f":"ROUND(H28,2)","v":0.69},{"$f":"H26","v":0.56999999999999995}]
[]
["CPU-03","CODEVASF",null,"ADMINISTRAÇÃO LOCAL","%","COEF.","PRECO UNITÁRIO (R$)","TOTAL (R$)"]
[]
["COMP. SINAPI","SINAPI",90777,{"$f":"VLOOKUP(C33,'COMP Sint. Sinapi'!G:K,2,0)","v":"ENGENHEIRO CIVIL DE OBRA JUNIOR COM ENCARGOS COMPLEMENTARES"},"H",85,{"$f":"IFERROR(VLOOKUP(C33,'INSUMOS SINAPI'!A:E,5,FALSE),VLOOKUP(C33,'COMP Sint. Sinapi'!G:K,5,FALSE))","v":"113,34"},{"$f":"F33*G33","v":9633.9},{"$f":"F33/8","v":10.625},20,{"$f":"J33*5","v":100}]
["COMP. SINAPI","SINAPI",90780,{"$f":"VLOOKUP(C34,'COMP Sint. Sinapi'!G:K,2,0)","v":"MESTRE DE OBRAS COM ENCARGOS COMPLEMENTARES"},"H",180,{"$f":"IFERROR(VLOOKUP(C34,'INSUMOS SINAPI'!A:E,5,FALSE),VLOOKUP(C34,'COMP Sint. Sinapi'!G:K,5,FALSE))","v":"50,25"},9045,null,40,{"$f":"J34*5","v":200}]
["COMP. SINAPI","SINAPI",90772,{"$f":"VLOOKUP(C35,'COMP Sint. Sinapi'!G:K,2,0)","v":"AUXILIAR DE ESCRITORIO COM ENCARGOS COMPLEMENTARES"},"H",180,{"$f":"IFERROR(VLOOKUP(C35,'INSUMOS SINAPI'!A:E,5,FALSE),VLOOKUP(C35,'COMP Sint. Sinapi'!G:K,5,FALSE))","v":"21,33"},3839.3999999999996,null,40,200]
["COMP. SINAPI","SINAPI",100309,{"$f":"VLOOKUP(C36,'COMP Sint. Sinapi'!G:K,2,0)","v":"TÉCNICO EM SEGURANÇA DO TRABALHO COM ENCARGOS COMPLEMENTARES"},"H",180,{"$f":"IFERROR(VLOOKUP(C36,'INSUMOS SINAPI'!A:E,5,FALSE),VLOOKUP(C36,'COMP Sint. Sinapi'!G:K,5,FALSE))","v":"43,09"},7756.2000000000007,null,40,200]
["INS. SINAPI","SINAPI",14250,{"$f":"VLOOKUP(C37,'INSUMOS SINAPI'!A:E,2,0)","v":"ENERGIA ELETRICA COMERCIAL, BAIXA TENSAO, RELATIVA AO CONSUMO DE ATE 100 KWH, INCLUINDO ICMS, PIS/PASEP E COFINS"},"KW/H",500,{"$f":"IFERROR(VLOOKUP(C37,'INSUMOS SINAPI'!A:E,5,FALSE),VLOOKUP(C37,'COMP Sint. Sinapi'!G:K,5,FALSE))","v":"1,17"},585,null,100,500]
["INS. SINAPI","SINAPI",44480,{"$f":"VLOOKUP(C38,'INSUMOS SINAPI'!A:E,2,0)","v":"TARIFA \"A\" ENTRE  0 E 20M3 FORNECIMENTO  D'AGUA"},"M3",4,{"$f":"IFERROR(VLOOKUP(C38,'INSUMOS SINAPI'!A:E,5,FALSE),VLOOKUP(C38,'COMP Sint. Sinapi'!G:K,5,FALSE))","v":"22,13"},88.52,null,1,5]
["INSUMO","ORSE",4415,"VEÍCULO LEVE - VOLKSWAGEN:GOL 1000 - AUTOMÓVEL ATÉ 100 HP","h",180,13.18,2372.4,null,40,200]
[{"$nulls":4},"ADM. LOCAL :",null,null,{"$f":"ROUND(SUM(H33:H39),2)","v":33320.42}]
[]
[{"$nulls":6},{"$f":"BDI!$C$25","v":0.21429999999999999},{"$f":"G42*H40","v":7140.5660059999991}]
[{"$nulls":4},{"$f":"A31","v":"CPU-03"},"PREÇO TOTAL:",null,{"$f":"ROUND(H40+H42,2)","v":40460.99},{"$f":"H40","v":33320.42}]
[]
["CPU-04","CODEVASF",null,"CANTEIRO DE OBRAS E ALMOXARIFADO","mês","COEF.","PRECO UNITÁRIO (R$)","TOTAL (R$)"]
[]
["INS. SINAPI","SINAPI",10775,{"$f":"VLOOKUP(C47,'INSUMOS SINAPI'!A:E,2,0)","v":"LOCACAO DE CONTAINER 2,30 X 6,00 M, ALT. 2,50 M, COM 1 SANITARIO, PARA ESCRITORIO, COMPLETO, SEM DIVISORIAS INTERNAS (NAO INCLUI MOBILIZACAO/DESMOBILIZACAO)"},"mês",1,{"$f":"IFERROR(VLOOKUP(C47,'INSUMOS SINAPI'!A:E,5,FALSE),VLOOKUP(C47,'COMP Sint. Sinapi'!G:K,5,FALSE))","v":"1.600,00"},{"$f":"F47*G47","v":1600}]
["INS. SINAPI","SINAPI",10776,{"$f":"VLOOKUP(C48,'INSUMOS SINAPI'!A:E,2,0)","v":"LOCACAO DE CONTAINER 2,30 X 6,00 M, ALT. 2,50 M, PARA ESCRITORIO, SEM DIVISORIAS INTERNAS E SEM SANITARIO (NAO INCLUI MOBILIZACAO/DESMOBILIZACAO)"},"mês",1,{"$f":"IFERROR(VLOOKUP(C48,'INSUMOS SINAPI'!A:E,5,FALSE),VLOOKUP(C48,'COMP Sint. Sinapi'!G:K,5,FALSE))","v":"1.250,00"},1250]
[{"$nulls":4},"Sub total:",null,null,{"$f":"ROUND(SUM(H47:H48),2)","v":2850}]
[{"$nulls":5},"BDI ",{"$f":"BDI!$C$25","v":0.21429999999999999},{"$f":"H49*G50","v":610.755}]
[{"$nulls":6},"Total Serviços:",{"$f":"H49+H50","v":3460.7550000000001}]
[{"$nulls":4},{"$f":"A45","v":"CPU-04"},"PREÇO UNITÁRIO TOTAL:",null,{"$f":"ROUND(H51,2)","v":3460.76},{"$f":"H49","v":2850}]
[]
["CPU-11","CODEVASF",null,"LIMPEZA GERAL","UNID","COEF.","PRECO UNITÁRIO (R$)","TOTAL (R$)"]
[]
["COMP. SINAPI","SINAPI",88316,{"$f":"VLOOKUP(C56,'COMP Sint. Sinapi'!G:K,2,0)","v":"SERVENTE COM ENCARGOS COMPLEMENTARES"},"H",0.05,{"$f":"IFERROR(VLOOKUP(C56,'INSUMOS SINAPI'!A:E,5,FALSE),VLOOKUP(C56,'COMP Sint. Sinapi'!G:K,5,FALSE))","v":"21,47"},{"$f":"F56*G56","v":1.0734999999999999}]
[{"$nulls":4},"Sub total:",null,null,{"$f":"ROUND(SUM(H56:H56),2)","v":1.07}]
[{"$nulls":5},"BDI",{"$f":"BDI!$C$25","v":0.21429999999999999},{"$f":"H57*G58","v":0.229301}]
[{"$nulls":6},"Total Serviços:",{"$f":"H57+H58","v":1.299301}]
[{"$nulls":4},{"$f":"A54","v":"CPU-11"},"PREÇO UNITÁRIO TOTAL:",null,{"$f":"ROUND(H59,2)","v":1.3},{"$f":"H57","v":1.07}]
[]
["CPU-12","CODEVASF",null,"Correção de vazamentos no ramal na rua sem pavimento com fornecimento do material hidráulico","M","COEF.","PRECO UNITÁRIO (R$)","TOTAL (R$)"]
[]
["COMP. SINAPI","SINAPI",88316,{"$f":"VLOOKUP(C64,'COMP Sint. Sinapi'!G:K,2,0)","v":"SERVENTE COM ENCARGOS COMPLEMENTARES"},"H",0.2,{"$f":"IFERROR(VLOOKUP(C64,'INSUMOS SINAPI'!A:E,5,FALSE),VLOOKUP(C64,'COMP Sint. Sinapi'!G:K,5,FALSE))","v":"21,47"},{"$f":"F64*G64","v":4.2939999999999996}]
["COMP. SINAPI","SINAPI",88267,{"$f":"VLOOKUP(C65,'COMP Sint. Sinapi'!G:K,2,0)","v":"ENCANADOR OU BOMBEIRO HIDRÁULICO COM ENCARGOS COMPLEMENTARES"},"H",0.1,{"$f":"IFERROR(VLOOKUP(C65,'INSUMOS SINAPI'!A:E,5,FALSE),VLOOKUP(C65,'COMP Sint. Sinapi'!G:K,5,FALSE))","v":"29,85"},2.9850000000000003]
["INS. SINAPI","SINAPI",9867,{"$f":"VLOOKUP(C66,'INSUMOS SINAPI'!A:E,2,0)","v":"TUBO PVC, SOLDAVEL, DE 20 MM, AGUA FRIA (NBR-5648)"},"m",1,{"$f":"IFERROR(VLOOKUP(C66,'INSUMOS SINAPI'!A:E,5,FALSE),VLOOKUP(C66,'COMP Sint. Sinapi'!G:K,5,FALSE))","v":"3,53"},3.53]
["INSUMO","ORSE",10585,"Arco de serra","un",0.1,22.47,2.2469999999999999]
["INS. SINAPI","SINAPI",3859,{"$f":"VLOOKUP(C68,'INSUMOS SINAPI'!A:E,2,0)","v":"LUVA SOLDAVEL COM ROSCA, PVC, 20 MM X 1/2\", PARA AGUA FRIA PREDIAL"},"un",2,{"$f":"IFERROR(VLOOKUP(C68,'INSUMOS SINAPI'!A:E,5,FALSE),VLOOKUP(C68,'COMP Sint. Sinapi'!G:K,5,FALSE))","v":"1,27"},2.54]
[{"$nulls":4},"Sub total:",null,null,{"$f":"ROUND(SUM(H64:H68),2)","v":15.6}]
[{"$nulls":5},"BDI",{"$f":"BDI!$C$25","v":0.21429999999999999},{"$f":"H69*G70","v":3.3430799999999996}]
[{"$nulls":6},"Total Serviços:",{"$f":"H69+H70","v":18.943079999999998}]
[{"$nulls":4},{"$f":"A62","v":"CPU-12"},"PREÇO UNITÁRIO TOTAL:",null,{"$f":"ROUND(H71,2)","v":18.940000000000001},{"$f":"H69","v":15.6}]
[]
["CPU-13","CODEVASF",null,"AQUISIÇÃO DE CIMENTO ASFALTICO CAP 50/70","t","COEF.","PRECO UNITÁRIO (R$)","TOTAL (R$)"]
[]
[null,null,null,"CIMENTO ASFALTICO 50/70","t",1,{"$f":"RESUMO_Transp!$V$17","v":4063.2877395565301},{"$f":"F76*G76","v":4063.2877395565301}]
[{"$nulls":4},"Sub total:",null,null,{"$f":"ROUND(SUM(H76),2)","v":4063.29}]
[{"$nulls":5},"BDI",{"$f":"BDI!C55","v":0.1507},{"$f":"H77*G78","v":612.33780300000001}]
[{"$nulls":6},"Total Serviços:",{"$f":"H77+H78","v":4675.6278030000003}]
[{"$nulls":4},{"$f":"A74","v":"CPU-13"},"PREÇO UNITÁRIO TOTAL:",null,{"$f":"ROUND(H79,2)","v":4675.63},{"$f":"H77","v":4063.29}]
[]
["CPU-14","CODEVASF",null,"AQUISIÇÃO DE CM-30","t","COEF.","PRECO UNITÁRIO (R$)","TOTAL (R$)"]
[]
[null,null,null,"CM-30","t",1,{"$f":"RESUMO_Transp!$V$35","v":2874.2600763491},{"$f":"F84*G84","v":2874.2600763491}]
[{"$nulls":4},"Sub total:",null,null,{"$f":"ROUND(SUM(H84),2)","v":2874.26}]
[{"$nulls":5},"BDI",{"$f":"BDI!C55","v":0.1507},{"$f":"H85*G86","v":433.15098200000006}]
[{"$nulls":6},"Total Serviços:",{"$f":"H85+H86","v":3307.4109820000003}]
[{"$nulls":4},{"$f":"A82","v":"CPU-14"},"PREÇO UNITÁRIO TOTAL:",null,{"$f":"ROUND(H87,2)","v":3307.41},{"$f":"H85","v":2874.26}]
[]
["CPU-16","CODEVASF",null,"SERVIÇOS TOPOGRÁFICOS PARA PAVIMENTAÇÃO, INCLUSIVE NOTAS DE SERVIÇOS, ACOMPANHAMENTO E GREIDE","M²","COEF.","PRECO UNITÁRIO (R$)","TOTAL (R$)"]
[]
["Composição","SINAPI",90781,{"$f":"VLOOKUP(C92,'COMP Sint. Sinapi'!G:K,2,0)","v":"TOPOGRAFO COM ENCARGOS COMPLEMENTARES"},"h",2.5000000000000001E-3,{"$f":"IFERROR(VLOOKUP(C92,'INSUMOS SINAPI'!A:E,5,FALSE),VLOOKUP(C92,'COMP Sint. Sinapi'!G:K,5,FALSE))","v":"40,69"},{"$f":"F92*G92","v":0.101725}]
["Insumo","SINAPI",20206,{"$f":"VLOOKUP(C93,'INSUMOS SINAPI'!A:E,2,0)","v":"SARRAFO APARELHADO *2 X 10* CM, EM MACARANDUBA/MASSARANDUBA, ANGELIM OU EQUIVALENTE DA REGIAO"},"m",2.8860000000000001E-3,{"$f":"IFERROR(VLOOKUP(C93,'INSUMOS SINAPI'!A:E,5,FALSE),VLOOKUP(C93,'COMP Sint. Sinapi'!G:K,5,FALSE))","v":"9,36"},2.7012959999999999E-2]
["Composição","SINAPI",88253,{"$f":"VLOOKUP(C94,'COMP Sint. Sinapi'!G:K,2,0)","v":"AUXILIAR DE TOPÓGRAFO COM ENCARGOS COMPLEMENTARES"},"h",2.5000000000000001E-3,{"$f":"IFERROR(VLOOKUP(C94,'INSUMOS SINAPI'!A:E,5,FALSE),VLOOKUP(C94,'COMP Sint. Sinapi'!G:K,5,FALSE))","v":"19,38"},4.845E-2]
["Composição","SINAPI",88288,{"$f":"VLOOKUP(C95,'COMP Sint. Sinapi'!G:K,2,0)","v":"NIVELADOR COM ENCARGOS COMPLEMENTARES"},"h",2.5000000000000001E-3,{"$f":"IFERROR(VLOOKUP(C95,'INSUMOS SINAPI'!A:E,5,FALSE),VLOOKUP(C95,'COMP Sint. Sinapi'!G:K,5,FALSE))","v":"24,18"},6.0450000000000004E-2]
["Composição","SINAPI",88316,{"$f":"VLOOKUP(C96,'COMP Sint. Sinapi'!G:K,2,0)","v":"SERVENTE COM ENCARGOS COMPLEMENTARES"},"h",7.4999999999999997E-3,{"$f":"IFERROR(VLOOKUP(C96,'INSUMOS SINAPI'!A:E,5,FALSE),VLOOKUP(C96,'COMP Sint. Sinapi'!G:K,5,FALSE))","v":"21,47"},0.16102499999999997]
["Composição","SINAPI",88597,{"$f":"VLOOKUP(C97,'COMP Sint. Sinapi'!G:K,2,0)","v":"DESENHISTA DETALHISTA COM ENCARGOS COMPLEMENTARES"},"h",2E-3,{"$f":"IFERROR(VLOOKUP(C97,'INSUMOS SINAPI'!A:E,5,FALSE),VLOOKUP(C97,'COMP Sint. Sinapi'!G:K,5,FALSE))","v":"38,55"},7.7100000000000002E-2]
["Composição","SINAPI",92145,{"$f":"VLOOKUP(C98,'COMP Sint. Sinapi'!G:K,2,0)","v":"CAMINHONETE CABINE SIMPLES COM MOTOR 1.6 FLEX, CÂMBIO MANUAL, POTÊNCIA 101/104 CV, 2 PORTAS - CHP DIURNO. AF_11/2015"},"chp",1E-3,{"$f":"IFERROR(VLOOKUP(C98,'INSUMOS SINAPI'!A:E,5,FALSE),VLOOKUP(C98,'COMP Sint. Sinapi'!G:K,5,FALSE))","v":"82,78"},8.2780000000000006E-2]
[{"$nulls":4},"Sub total:",null,null,{"$f":"ROUND(SUM(H92:H98),2)","v":0.56000000000000005}]
[{"$nulls":5},"BDI",{"$f":"BDI!$C$25","v":0.21429999999999999},{"$f":"H99*G100","v":0.120008}]
[{"$nulls":6},"Total Serviços:",{"$f":"H99+H100","v":0.68000800000000006}]
[{"$nulls":4},{"$f":"A90","v":"CPU-16"},"PREÇO UNITÁRIO TOTAL:",null,{"$f":"ROUND(H101,2)","v":0.68},{"$f":"H99","v":0.56000000000000005}]
[]
["CPU-17","CODEVASF",null,"TRANSPORTE DE CIMENTO ASFALTICO CAP 50/70","t x km","COEF.","PRECO UNITÁRIO (R$)","TOTAL (R$)"]
[]
[null,null,null,"TRANSPORTE DE CIMENTO ASFALTICO 50/70","t x km",1,{"$f":"RESUMO_Transp!X17","v":0.74},{"$f":"F106*G106","v":0.74}]
[{"$nulls":4},"Sub total:",null,null,{"$f":"ROUND(SUM(H106),2)","v":0.74}]
[{"$nulls":5},"BDI",{"$f":"BDI!C55","v":0.1507},{"$f":"H107*G108","v":0.11151800000000001}]
[{"$nulls":6},"Total Serviços:",{"$f":"H107+H108","v":0.851518}]
[{"$nulls":4},{"$f":"A104","v":"CPU-17"},"PREÇO UNITÁRIO TOTAL:",null,{"$f":"ROUND(H109,2)","v":0.85},{"$f":"H107","v":0.74}]
[]
["CPU-18","CODEVASF",null,"TRANSPORTE DE EAI","t x km","COEF.","PRECO UNITÁRIO (R$)","TOTAL (R$)"]
[]
[null,null,null,"TRANSPORTE DE EAI","t x km",1,{"$f":"RESUMO_Transp!X35","v":0.72},{"$f":"ROUND(F114*G114,2)","v":0.72}]
[{"$nulls":4},"Sub total:",null,null,{"$f":"ROUND(SUM(H114),2)","v":0.72}]
[{"$nulls":5},"BDI",{"$f":"BDI!C55","v":0.1507},{"$f":"H115*G116","v":0.108504}]
[{"$nulls":6},"Total Serviços:",{"$f":"H115+H116","v":0.82850400000000002}]
[{"$nulls":4},{"$f":"A112","v":"CPU-18"},"PREÇO UNITÁRIO TOTAL:",null,{"$f":"ROUND(H117,2)","v":0.83},{"$f":"H115","v":0.72}]
[]
["CPU-20","CODEVASF",null,"CONTROLE TECNOLÓGICO - PROJETO","mês","COEF.","PRECO UNITÁRIO (R$)","TOTAL (R$)"]
[]
["Insumo","SICRO","P9858","Laboratorista","mês",{"$f":"0.15/14000","v":1.0714285714285714E-5},6930.6180000000004,{"$f":"F122*G122","v":7.4256621428571437E-2}]
["Insumo","SICRO","P9833","Auxiliar de Laboratório","mês",{"$f":"0.15/14000","v":1.0714285714285714E-5},5305.9744000000001,5.6849725714285711E-2]
["Composição","SICRO","*B8957","Laboratório de Solos","mês",1.0714285714285714E-5,4311.34,4.6192928571428572E-2]
["Composição","SICRO","*B8955","Laboratório de Asfalto","mês",1.0714285714285701E-5,5400.53,5.7862821428571354E-2]
[null,"*Relatório de Custos Gerais do DNIT, página 1",null,null,"Sub total por mês:",null,null,{"$f":"ROUND(SUM(H122:H125),2)","v":0.24}]
[{"$nulls":5},"BDI",{"$f":"BDI!$C$25","v":0.21429999999999999},{"$f":"H126*G127","v":5.1431999999999999E-2}]
[{"$nulls":4},"CPU-20","PREÇO UNITÁRIO TOTAL:",null,{"$f":"ROUND(H126+H127,2)","v":0.28999999999999998},{"$f":"H126","v":0.24}]
[]
["CPU-21","CODEVASF",null,"CONTROLE TECNOLÓGICO - OBRA","M²","COEF.","PRECO UNITÁRIO (R$)","TOTAL (R$)"]
[]
["Insumo","SICRO","P9858","Laboratorista","mês",{"$f":"0.35/14000","v":2.4999999999999998E-5},6930.6180000000004,{"$f":"F132*G132","v":0.17326544999999999}]
["Insumo","SICRO","P9833","Auxiliar de Laboratório","mês",{"$f":"0.35/14000","v":2.4999999999999998E-5},5305.9744000000001,{"$f":"F133*G133","v":0.13264935999999999}]
["Composição","SICRO","*B8957","Laboratório de Solos","mês",2.4999999999999998E-5,4311.34,0.10778349999999999]
["Composição","SICRO","*B8955","Laboratório de Asfalto","mês",2.4999999999999998E-5,5400.53,0.13501324999999997]
[null,"*Relatório de Custos Gerais do DNIT, página 1",null,null,"Sub total por mês:",null,null,{"$f":"ROUND(SUM(H132:H135),2)","v":0.55000000000000004}]
[{"$nulls":5},"BDI",{"$f":"BDI!$C$25","v":0.21429999999999999},{"$f":"H136*G137","v":0.117865}]
[{"$nulls":4},"CPU-21","PREÇO UNITÁRIO TOTAL:",null,{"$f":"ROUND(H136+H137,2)","v":0.67},{"$f":"H136","v":0.55000000000000004}]

{"sheet":"Projeto Executivo","index":5,"n_rows":46,"n_cols":7,"rows_kept":46,"cut":false,"hidden":false,"merged":[[27,0,27,1],[28,0,28,1],[29,0,29,1],[30,0,30,1],[31,0,31,1],[21,0,21,1],[22,0,22,1],[23,0,23,1],[24,0,24,1],[25,0,25,1],[0,0,0,6],[2,0,2,1],[13,0,13,1],[18,0,18,1],[20,0,20,1],[1,2,3,4]]}
["COMPOSIÇAO PREÇO PROJETO EXECUTIVO (POR M²)"]
[]
["DISCRIMINAÇAO",{"$nulls":4},"Pr. Unit.","Pr. Total"]
[]
["A· EOUIPE TECNICA",{"$nulls":5},{"$f":"G6+G9","v":4348.92}]
[null,"A. 1 - Pessoal de Nível Superior","Unidade","Quantitativo","Código SINAPI",null,{"$f":"G7+G8","v":3474.7200000000003}]
[null,"Engenheiro","h",24,34780,{"$f":"IFERROR(VLOOKUP(E7,'INSUMOS SINAPI'!A:E,5,FALSE),VLOOKUP(E7,'COMP Sint. Sinapi'!G:K,5,FALSE))","v":"125,58"},{"$f":"F7*D7","v":3013.92}]
[null,"Topógrafo","h",12,7592,{"$f":"IFERROR(VLOOKUP(E8,'INSUMOS SINAPI'!A:E,5,FALSE),VLOOKUP(E8,'COMP Sint. Sinapi'!G:K,5,FALSE))","v":"38,40"},{"$f":"F8*D8","v":460.79999999999995}]
[null,"A.2 - Pessoal de Nível Técnico e Aux.",{"$nulls":4},{"$f":"G10+G11","v":874.2}]
[null,"Auxiliar de topógrafo","h",12,244,{"$f":"IFERROR(VLOOKUP(E10,'INSUMOS SINAPI'!A:E,5,FALSE),VLOOKUP(E10,'COMP Sint. Sinapi'!G:K,5,FALSE))","v":"17,27"},{"$f":"F10*D10","v":207.24}]
[null,"Cadista/calculista","h",24,2359,{"$f":"IFERROR(VLOOKUP(E11,'INSUMOS SINAPI'!A:E,5,FALSE),VLOOKUP(E11,'COMP Sint. Sinapi'!G:K,5,FALSE))","v":"27,79"},{"$f":"F11*D11","v":666.96}]
["B - ENCARGOS SOCIAIS",{"$nulls":5},{"$f":"G13","v":0}]
[null,{"$f":"CONCATENATE(\"Taxas \",'ENC. SOCIAIS'!E51,\"%\")","v":"Taxas 115,15%"},"JÁ INCLUSAS EM \"A\""]
["C - DESPESAS GERAIS",{"$nulls":5},{"$f":"G15+G16+G17+G18","v":505.04759999999999}]
[null,"C.1 - MATERIAIS DE CONSUMO","Estimativa % como referência de equipe técnica com encargos sociais ",0.03,null,{"$f":"G5+G13","v":4348.92},{"$f":"F15*D15","v":130.4676}]
[null,"C.2 - VEÍCULOS","H",8,92144,{"$f":"IFERROR(VLOOKUP(E16,'INSUMOS SINAPI'!A:E,5,FALSE),VLOOKUP(E16,'COMP Sint. Sinapi'!G:K,5,FALSE))","v":"40,80"},{"$f":"F16*D16","v":326.39999999999998}]
[null,"C.3 - COMBUSTÍVEL","L",2,4221,{"$f":"IFERROR(VLOOKUP(E17,'INSUMOS SINAPI'!A:E,5,FALSE),VLOOKUP(E17,'COMP Sint. Sinapi'!G:K,5,FALSE))","v":"6,09"},{"$f":"F17*D17","v":12.18}]
[null,"C.3 - EQUIPAMENTOS, INSTALAÇÕES E MOBILIÁRIO","H",16,7247,{"$f":"IFERROR(VLOOKUP(E18,'INSUMOS SINAPI'!A:E,5,FALSE),VLOOKUP(E18,'COMP Sint. Sinapi'!G:K,5,FALSE))","v":"2,25"},{"$f":"F18*D18","v":36}]
["D - ENSAIOS",{"$nulls":5},{"$f":"G20","v":3817.8514499999997}]
[null,"D.1 - ENSAIOS","M²",{"$f":"'MC MODULO'!J156","v":13165.004999999999},"Composição Ensaios (CPU-20)",{"$f":"'CPU CODEVASF'!H128","v":0.28999999999999998},{"$f":"F20*D20","v":3817.8514499999997}]
["I - SOMA (A+B+C+D)",{"$nulls":5},{"$f":"G5+G12+G14+G19","v":8671.8190500000001}]
["II - CUSTOS ADMINISTRATIVOS",null,null,{"$f":"BDI!C25","v":0.21429999999999999},null,null,{"$f":"D22*G21","v":1858.370822415}]
["II - SOMA",{"$nulls":5},{"$f":"SUM(G21:G22)","v":10530.189872415}]
["VI - RELATÓRIOS",null,"Estimativa % como referência soma II",2.5000000000000001E-2,null,{"$f":"G23","v":10530.189872415},{"$f":"F24*D24","v":263.25474681037502}]
["V - DESPESAS DIRETAS (3,74%)",null,"Percentual VI",3.7400000000000003E-2,null,{"$f":"D25*G24","v":9.845727530708027},{"$f":"F25","v":9.845727530708027}]
["VI - REMUNERAÇAO DA EMPRESA"]
[null,"Taxas 4,75%",null,4.7500000000000001E-2,null,{"$f":"D27*F25","v":0.46767205770863129},{"$f":"F27","v":0.46767205770863129}]
["VII - CONTIGÊNCIAS",null,null,5.7700000000000001E-2,null,{"$f":"F24","v":10530.189872415},{"$f":"F28*D28","v":607.59195563834544}]
["VIII - SOMA",{"$nulls":5},{"$f":"SUM(G24:G28)","v":881.16010203713711}]
["IX - CUSTOS ADMINISTRATIVOS",null,null,{"$f":"BDI!C25","v":0.21429999999999999},null,null,{"$f":"D30*G29","v":188.83260986655847}]
["III - SOMA",{"$nulls":5},{"$f":"SUM(G29:G30)","v":1069.9927119036956}]
["X - TOTAL",{"$nulls":5},{"$f":"G31+G23","v":11600.182584318696}]
[]
[{"$nulls":5},"Por m²:",{"$f":"G32/'MC MODULO'!G23","v":0.81489109849586094}]
{"$rows_empty":11}
[null,"VALOR TOTAL "]

{"sheet":"Mob e Desmob","index":6,"n_rows":70,"n_cols":9,"rows_kept":70,"cut":false,"hidden":false,"merged":[[69,1,69,7],[6,0,7,13],[64,1,64,7],[65,1,65,7],[66,1,66,7],[67,1,67,7],[68,1,68,7],[58,1,58,7],[59,1,59,7],[60,1,60,7],[62,1,62,7],[63,1,63,7],[53,1,53,7],[54,1,54,7],[55,1,55,7],[56,1,56,7],[57,1,57,7],[46,1,46,7],[47,1,47,7],[48,1,48,7],[49,1,49,7],[50,1,50,7],[41,1,41,7],[42,1,42,7],[43,1,43,7],[44,1,44,7],[45,1,45,7],[30,0,30,1],[31,0,31,3],[32,0,32,3],[39,1,39,7],[40,1,40,7],[11,0,11,1],[12,0,12,1],[13,0,13,3],[14,0,14,3],[17,0,17,1],[1,0,1,13],[2,0,2,13],[3,0,3,13],[4,0,4,13],[9,0,9,1]]}
[]
[]
[]
[]
[{"$f":"'RESUMO MODULO TOTAL'!B1","v":"Item 02: Pavimentação em Concreto Betuminoso Usinado a Quente (CBUQ) na sede do município de Santa Maria da Vitória, dentro da área de abrangência da  2ª Superintendência Regional da Codevasf, no estado da Bahia."}]
[]
["MEMÓRIA DE CÁLCULO DOS MOMENTOS DE TRANSPORTE PARA MOBILIZAÇÃO E DESMOBILIZAÇÃO"]
[]
[]
["Deslocamento:"]
[null,null,"Distancia méd. (Km)","Qtde. ","Total (Km)"]
["Mobilização inter-municipal (entre as localidades):",null,92.5,1,{"$f":"C12*D12","v":92.5},"Cidade-polo: Bom Jesus da Lapa/BA"]
["Desmobilização   inter-municipal (entre as localidades):",null,92.5,1,{"$f":"C13*D13","v":92.5},"Cidade-polo: Bom Jesus da Lapa/BA"]
["Mobilização - Total (km)",null,null,null,{"$f":"E12","v":92.5}]
["Desmobilização - Total (km)",null,null,null,{"$f":"E13","v":92.5}]
[]
[]
["Peso das máquinas:"]
[{"$nulls":4},"Pá carregadeira ",null,null,10.1," ton"]
[{"$nulls":4},"Motoniveladora ",null,null,12.47," ton"]
[{"$nulls":4},"Trator de pneus",null,null,2.8," ton"]
[{"$nulls":4},"Grade de disco",null,null,1," ton"]
[{"$nulls":4},"Usina misturadora",null,null,20," ton"]
[{"$nulls":4},"Tanque de Armazenamento 30 ton",null,null,5," ton"]
[{"$nulls":4},"Acabadora",null,null,12.6," ton"]
[{"$nulls":4},"Rolo Compactador Vibratório PD",null,null,15.33," ton"]
[{"$nulls":4},"Rolo Compactador Vibratório Liso",null,null,15.33," ton"]
[]
[{"$nulls":4},"Total",null,null,{"$f":"ROUND(SUM(H18:H28),2)","v":94.63}," ton"]
[]
["Portanto:","Portanto"]
["Mobilização - Total (km)",null,null,null,{"$f":"E14*H29","v":8753.2749999999996}," t x km"]
["Desmobilização - Total (km)",null,null,null,{"$f":"E15*H29","v":8753.2749999999996}," t x km"]
[]
[]
[]
[]
[]
[]
["E9010","Balança plataforma digital com mesa de 75 x 75 cm com capacidade de 500 kg",{"$nulls":6},"Caminhão carroceria"]
["E9064","Transportador manual gerica com capacidade de 180 l",{"$nulls":6},"Caminhão carroceria"]
["E9066","Grupo gerador - 13/14 kVA",{"$nulls":6},"Caminhão carroceria"]
["E9071","Transportador manual carrinho de mão com capacidade de 80 l",{"$nulls":6},"Caminhão carroceria"]
["E9076","Equipamento de pintura com cabine de 7,00 kW e estufa de 80.000 kCal para pintura eletrostática",{"$nulls":6},"Caminhão carroceria"]
["E9519","Betoneira com motor a gasolina com capacidade de 600 l - 10 kW",{"$nulls":6},"Caminhão carroceria"]
["E9521","VALOR TOTAL ",{"$nulls":6},"Caminhão carroceria"]
["E9568","Furadeira de impacto de 12,5 mm - 0,8 kW",{"$nulls":6},"Caminhão carroceria"]
["E9622","Máquina de bancada universal para corte de chapa - 1,5 kW",{"$nulls":6},"Caminhão carroceria"]
["E9623","Máquina de bancada guilhotina - 4 kW",{"$nulls":6},"Caminhão carroceria"]
["E9675","Martelete perfurador/rompedor elétrico - 1,5 kW",{"$nulls":6},"Caminhão carroceria"]
["E9779","Grupo gerador - 100/110 kVA",{"$nulls":6},"Caminhão carroceria"]
[]
[]
["E9506","Caminhão basculante com capacidade de 6 m³ - 136 kW",{"$nulls":6},"Rodoviario"]
["E9571","Caminhão tanque com capacidade de 10.000 l - 188 kW",{"$nulls":6},"Rodoviario"]
["E9579","Caminhão basculante com capacidade de 10 m³ - 188 kW",{"$nulls":6},"Rodoviario"]
["E9592","Caminhão carroceria com capacidade de 15 t - 188 kW",{"$nulls":6},"Rodoviario"]
["E9644","Caminhão demarcador de faixas com sistema de pintura a frio - 28 kW/115 kW",{"$nulls":6},"Rodoviario"]
["E9686","Caminhão carroceria com guindauto com capacidade de 20 t.m - 136 kW",{"$nulls":6},"Rodoviario"]
["E9687","Caminhão carroceria com capacidade de 5 t - 115 kW",{"$nulls":6},"Rodoviario"]
["E9514","Distribuidor de agregados autopropelido - 130 kW",{"$nulls":6},"Rodoviario"]
[]
["E9511","Carregadeira de pneus com capacidade de 3,40 m³ - 195 kW",{"$nulls":6},"TRANSPORTE COM CAVALO MECÂNICO COM SEMIRREBOQUE COM CAPACIDADE DE 30 T - RODOVIA PAVIMENTADA"]
["E9524","Motoniveladora - 93 kW",{"$nulls":6},"TRANSPORTE COM CAVALO MECÂNICO COM SEMIRREBOQUE COM CAPACIDADE DE 30 T - RODOVIA PAVIMENTADA"]
["E9530","Rolo compactador liso autopropelido vibratório de 11 t - 97 kW",{"$nulls":6},"TRANSPORTE COM CAVALO MECÂNICO COM SEMIRREBOQUE COM CAPACIDADE DE 30 T - RODOVIA PAVIMENTADA"]
["E9577","Trator agrícola - 77 kW",{"$nulls":6},"TRANSPORTE COM CAVALO MECÂNICO COM SEMIRREBOQUE COM CAPACIDADE DE 30 T - RODOVIA PAVIMENTADA"]
["E9685","Rolo compactador pé de carneiro vibratório autopropelido de 11,6 t - 82 kW",{"$nulls":6},"TRANSPORTE COM CAVALO MECÂNICO COM SEMIRREBOQUE COM CAPACIDADE DE 30 T - RODOVIA PAVIMENTADA"]
["E9762","Rolo compactador de pneus autopropelido de 27 t - 85 kW",{"$nulls":6},"TRANSPORTE COM CAVALO MECÂNICO COM SEMIRREBOQUE COM CAPACIDADE DE 30 T - RODOVIA PAVIMENTADA"]
["E9518","Grade de 24 discos rebocável de 24\"",{"$nulls":6},"TRANSPORTE COM CAVALO MECÂNICO COM SEMIRREBOQUE COM CAPACIDADE DE 30 T - RODOVIA PAVIMENTADA"]
["E9615","Usina misturadora de solos com capacidade de 300 t/h",{"$nulls":6},"TRANSPORTE COM CAVALO MECÂNICO COM SEMIRREBOQUE COM CAPACIDADE DE 30 T - RODOVIA PAVIMENTADA"]

{"sheet":"Transporte Cap 50-70","index":7,"n_rows":92,"n_cols":35,"rows_kept":92,"cut":false,"hidden":false,"merged":[[1,3,3,27],[10,23,10,24],[6,3,8,3],[12,4,25,4],[7,7,8,7],[6,13,8,13],[6,6,6,8],[7,5,7,6],[7,20,7,21],[10,5,10,9],[10,10,10,11]]}
[]
[null,null,null,"MEMÓRIA DE CÁLCULO"]
[]
[]
[]
[]
[null,null,null,"REAJUSTE",null,null,"TIPOLOGIA DO MATERIAL",null,null,"CIMENTOS ASFÁLTICOS CAP-50-70",null,null,null,"IMPOSTOS","COFINS",6.4999999999999997E-3,6.4999999999999997E-3]
[{"$nulls":7},"ÍNDICE DE PAVIMENTAÇÃO DNIT","2014-07-01","ÍNDICE INICIAL",270.23700000000002,null,null,null,"PIS",0.03,0.03,null,null,null,"LEGENDA",{"$nulls":8},"As empresas tributadas pelo Lucro Presumido pagam 0,65% de PIS e 3% de COFINS"]
[{"$nulls":8},"set/23","ÍNDICE FINAL",555.51,null,null,null," ICMS",0.18,0.18,{"$f":"1-(P9/1)","v":0.82000000000000006},{"$f":"1-(Q9/1)","v":0.82000000000000006},{"$f":"1-(R9/1)","v":0.17999999999999994},"ENTRADA DE DADOS",{"$nulls":8},"As empresas tributadas pelo Lucro Real pagam 1,65% de PIS e 7,60% de COFINS"]
[{"$nulls":6},"CAP50/70","Data ANP","2023-08-01"]
[null,null,null,"DATA-BASE","PRODUTOS","LOCALIDADES",{"$nulls":4},"CUSTO ANP (R$/Kg)",null,"CUSTO ANP","IMPOSTOS DO PRODUTO","CUSTO DO PRODUTO COM IMPOSTOS","DMT's","DMT's FLUVIAL","CUSTO DO TRANSPORTE RODOVIA PAVIMENTADA","CUSTO DO TRANSPORTE FLUVIAL","CUSTO DO TRANSPORTE TOTAL","ICMS","ATUALIZAÇÃO DO CUSTO DE TRANSPORTE","CUSTO DO TRANSPORTE RODOVIA PAVIMENTADA COM IMPOSTOS E ATUALIZAÇÃO MONETÁRIA","PEDÁGIO ",null,"TOTAL TRANSPORTE","AQUISIÇÃO DO PRODUTO","TOTAL GERAL ( TRANSP + AQUISIÇÃO)",null,1,2,3]
["COORDENADAS",null,null,{"$f":"I9","v":"set/23"},null,"REFINARIAS","ENDEREÇO","ESTADO","CIDADE","DESTINO","ESTADO","REGIÃO","R$/t","R$/t","R$/t","KM","KM","R$/t","R$/t","R$/t","R$/t","R$/t","R$/t","CUSTO ","R$/t","R$/t","R$/t","R$/t",null,"TOTAL GERAL ( TRANSP + AQUISIÇÃO)","TOTAL TRANSPORTE","AQUISIÇÃO DO PRODUTO"]
["-8.363979165926773, -35.011005040705605",null,{"$f":"AB13","v":5323.957006200153},1,{"$f":"J7","v":"CIMENTOS ASFÁLTICOS CAP-50-70"},"Refinaria Abreu e Lima","Rodovia PE 60, Km 10 - Ipojuca - PE CEP:55590-000","Pernambuco","IPOJUCA - PE","Santa Maria da Vitória - BA",{"$f":"VLOOKUP('Transporte Cap 50-70'!H13,OFFSET('ANP ESTADO'!$A$1,MATCH('Transporte Cap 50-70'!$J$7,'ANP ESTADO'!B:B,0)+MATCH('Transporte Cap 50-70'!$I$10,OFFSET('ANP ESTADO'!$A$1,MATCH('Transporte Cap 50-70'!$J$7,'ANP ESTADO'!B:B,0),0,100000,1),0),2,100000,2),2,FALSE)","v":"-"},{"$f":"VLOOKUP($I$10,OFFSET('ANP REGIÃO'!$A$9,MATCH('Transporte Cap 50-70'!$J$7,'ANP REGIÃO'!A:A,0),1,10000,10000),MATCH('Transporte Cap 50-70'!AI13,'ANP REGIÃO'!$B$8:$G$8,0),FALSE)","v":3.36285188756966},{"$f":"IF(AND(K13=\"-\",L13=\"-\"),\"\",IF(AND(K13<>0,L13=\"-\"),K13*1000,IF(AND(K13=\"-\",L13<>0),L13*1000,IF(AND(K13<>0,L13<>0),K13*1000,\"\"))))","v":3362.85188756966},{"$f":"ROUND(((M13/(1-$P$7-$P$8-$P$9))-M13),2)","v":929.24},{"$f":"M13+N13","v":4292.0918875696598},1516,null,{"$f":"ROUND((26.939+0.253*P13),2)","v":410.49},null,{"$f":"R13+S13","v":410.49},{"$f":"TRUNC(T13*($P$9/(1-$P$9)),2)","v":90.1},{"$f":"TRUNC(IF($K$8=\"\",\"\",(($K$9-$K$8)/$K$8)*(T13+U13)),2)","v":528.44000000000005},{"$f":"T13+U13+V13","v":1029.0300000000002},35.4,{"$f":"EVEN(' CONSUMO DE MAT. B TOTAL'!$P$11*2/28)*X13/' CONSUMO DE MAT. B TOTAL'!$P$11","v":2.8351186304935427},{"$f":"IF(AND(R13=\"\",U13=\"\"),\"\",W13+Y13)","v":1031.8651186304937},{"$f":"IF(OR(M13=\"\",N13=\"\"),\"\",M13+N13)","v":4292.0918875696598},{"$f":"IF(OR(Z13=\"\",AA13=\"\"),\"\",Z13+AA13)","v":5323.957006200153},null,{"$f":"AB13","v":5323.957006200153},{"$f":"Z13","v":1031.8651186304937},{"$f":"AA13","v":4292.0918875696598},null,null,{"$f":"IF(OR(H13=$E$52,H13=$E$53,H13=$E$55,H13=$E$61,H13=$E$45,H13=$E$41,H13=$E$37,H13=$E$50,H13=$E$40),\"NORDESTE\",IF(OR(H13=$E$36,H13=$E$38,H13=$E$39,H13=$E$49,H13=$E$57,H13=$E$58,H13=$E$62),\"NORTE\",IF(OR(H13=$E$42,H13=$E$44,H13=$E$46,H13=$E$47),\"CENTRO-OESTE\",IF(OR(H13=$E$60,H13=$E$54,H13=$E$48,H13=$E$43),\"SUDESTE\",IF(OR(H13=$E$59,H13=$E$51,H13=$E$56),\"SUL\",\"\")))))","v":"NORDESTE"}]
["-3.135292976436646, -59.95405783169633",null,{"$f":"AB14","v":7374.3624302744693},2,null,"ISAC SAABA","Rua Rio Quixito, 1, Vila Buriti - Distrito Industrial - Manaus - AM\nCEP: 69072-070","Amazonas","MANAUS-AM","Santa Maria da Vitória - BA",{"$f":"VLOOKUP('Transporte Cap 50-70'!H14,OFFSET('ANP ESTADO'!$A$1,MATCH('Transporte Cap 50-70'!$J$7,'ANP ESTADO'!B:B,0)+MATCH('Transporte Cap 50-70'!$I$10,OFFSET('ANP ESTADO'!$A$1,MATCH('Transporte Cap 50-70'!$J$7,'ANP ESTADO'!B:B,0),0,100000,1),0),2,100000,2),2,FALSE)","v":3.7431724302744702},{"$f":"VLOOKUP($I$10,OFFSET('ANP REGIÃO'!$A$9,MATCH('Transporte Cap 50-70'!$J$7,'ANP REGIÃO'!A:A,0),1,10000,10000),MATCH('Transporte Cap 50-70'!AI14,'ANP REGIÃO'!$B$8:$G$8,0),FALSE)","v":3.7235845471948998},{"$f":"IF(AND(K14=\"-\",L14=\"\"),\"\",IF(AND(K14<>0,L14=\"\"),K14*1000,IF(AND(K14=\"-\",L14<>0),L14*1000,IF(AND(K14<>0,L14<>0),K14*1000,\"\"))))","v":3743.1724302744701},{"$f":"ROUND(((M14/(1-$P$7-$P$8-$P$9))-M14),2)","v":1034.33},{"$f":"M14+N14","v":4777.5024302744696},3988,null,{"$f":"ROUND((26.939+0.253*P14),2)","v":1035.9000000000001},null,{"$f":"R14+S14","v":1035.9000000000001},{"$f":"TRUNC(T14*($P$9/(1-$P$9)),2)","v":227.39},{"$f":"TRUNC(IF($K$8=\"\",\"\",(($K$9-$K$8)/$K$8)*(T14+U14)),2)","v":1333.57},{"$f":"T14+U14+V14","v":2596.8599999999997},0,{"$f":"EVEN(' CONSUMO DE MAT. B TOTAL'!$P$11*2/28)*X14/' CONSUMO DE MAT. B TOTAL'!$P$11","v":0},{"$f":"IF(AND(R14=\"\",U14=\"\"),\"\",W14+Y14)","v":2596.8599999999997},{"$f":"IF(OR(M14=\"\",N14=\"\"),\"\",M14+N14)","v":4777.5024302744696},{"$f":"IF(OR(Z14=\"\",AA14=\"\"),\"\",Z14+AA14)","v":7374.3624302744693},null,{"$f":"AB14","v":7374.3624302744693},{"$f":"Z14","v":2596.8599999999997},{"$f":"AA14","v":4777.5024302744696},null,null,{"$f":"IF(OR(H14=$E$52,H14=$E$53,H14=$E$55,H14=$E$61,H14=$E$45,H14=$E$41,H14=$E$37,H14=$E$50,H14=$E$40),\"NORDESTE\",IF(OR(H14=$E$36,H14=$E$38,H14=$E$39,H14=$E$49,H14=$E$57,H14=$E$58,H14=$E$62),\"NORTE\",IF(OR(H14=$E$42,H14=$E$44,H14=$E$46,H14=$E$47),\"CENTRO-OESTE\",IF(OR(H14=$E$60,H14=$E$54,H14=$E$48,H14=$E$43),\"SUDESTE\",IF(OR(H14=$E$59,H14=$E$51,H14=$E$56),\"SUL\",\"\")))))","v":"NORTE"}]
["-5.127529963464267, -36.380377519876276",null,{"$f":"AB15","v":5410.5418875696596},2,null,"Refinaria Potiguar Clara Camarão","Rodovia RN 221, KM 25 - Guamaré - RN CEP:59598-000","Rio Grande do Norte","GUAMARÉ - RN","Santa Maria da Vitória - BA",{"$f":"VLOOKUP('Transporte Cap 50-70'!H15,OFFSET('ANP ESTADO'!$A$1,MATCH('Transporte Cap 50-70'!$J$7,'ANP ESTADO'!B:B,0)+MATCH('Transporte Cap 50-70'!$I$10,OFFSET('ANP ESTADO'!$A$1,MATCH('Transporte Cap 50-70'!$J$7,'ANP ESTADO'!B:B,0),0,100000,1),0),2,100000,2),2,FALSE)","v":"-"},{"$f":"VLOOKUP($I$10,OFFSET('ANP REGIÃO'!$A$9,MATCH('Transporte Cap 50-70'!$J$7,'ANP REGIÃO'!A:A,0),1,10000,10000),MATCH('Transporte Cap 50-70'!AI15,'ANP REGIÃO'!$B$8:$G$8,0),FALSE)","v":3.36285188756966},{"$f":"IF(AND(K15=\"-\",L15=\"\"),\"\",IF(AND(K15<>0,L15=\"\"),K15*1000,IF(AND(K15=\"-\",L15<>0),L15*1000,IF(AND(K15<>0,L15<>0),K15*1000,\"\"))))","v":3362.85188756966},{"$f":"ROUND(((M15/(1-$P$7-$P$8-$P$9))-M15),2)","v":929.24},{"$f":"M15+N15","v":4292.0918875696598},1657,null,{"$f":"ROUND((26.939+0.253*P15),2)","v":446.16},null,446.16,97.93,574.36,1118.45,0,{"$f":"EVEN(' CONSUMO DE MAT. B TOTAL'!$P$11*2/28)*X15/' CONSUMO DE MAT. B TOTAL'!$P$11","v":0},1118.45,4292.0918875696598,{"$f":"IF(OR(Z15=\"\",AA15=\"\"),\"\",Z15+AA15)","v":5410.5418875696596},null,{"$f":"AB15","v":5410.5418875696596},{"$f":"Z15","v":1118.45},{"$f":"AA15","v":4292.0918875696598},null,null,{"$f":"IF(OR(H15=$E$52,H15=$E$53,H15=$E$55,H15=$E$61,H15=$E$45,H15=$E$41,H15=$E$37,H15=$E$50,H15=$E$40),\"NORDESTE\",IF(OR(H15=$E$36,H15=$E$38,H15=$E$39,H15=$E$49,H15=$E$57,H15=$E$58,H15=$E$62),\"NORTE\",IF(OR(H15=$E$42,H15=$E$44,H15=$E$46,H15=$E$47),\"CENTRO-OESTE\",IF(OR(H15=$E$60,H15=$E$54,H15=$E$48,H15=$E$43),\"SUDESTE\",IF(OR(H15=$E$59,H15=$E$51,H15=$E$56),\"SUL\",\"\")))))","v":"NORDESTE"}]
["-12.704897926010924, -38.566604553850254",null,5069.6266236000338,3,null,"Refinaria Landulpho Alves (RLAM)","Rodovia BA 523, KM 4 – Mataripe São Francisco do Conde - BA CEP:43900-000","Bahia","SÃO FRANCISCO DO CONDE - BA","Santa Maria da Vitória - BA",{"$f":"VLOOKUP('Transporte Cap 50-70'!H16,OFFSET('ANP ESTADO'!$A$1,MATCH('Transporte Cap 50-70'!$J$7,'ANP ESTADO'!B:B,0)+MATCH('Transporte Cap 50-70'!$I$10,OFFSET('ANP ESTADO'!$A$1,MATCH('Transporte Cap 50-70'!$J$7,'ANP ESTADO'!B:B,0),0,100000,1),0),2,100000,2),2,FALSE)","v":3.5027457606507899},{"$f":"VLOOKUP($I$10,OFFSET('ANP REGIÃO'!$A$9,MATCH('Transporte Cap 50-70'!$J$7,'ANP REGIÃO'!A:A,0),1,10000,10000),MATCH('Transporte Cap 50-70'!AI16,'ANP REGIÃO'!$B$8:$G$8,0),FALSE)","v":3.36285188756966},3502.7457606507901,{"$f":"ROUND(((M16/(1-$P$7-$P$8-$P$9))-M16),2)","v":967.89},4470.63576065079,831,null,{"$f":"ROUND((26.939+0.253*P16),2)","v":237.18},null,237.18,52.06,305.33,594.56999999999994,55.2,{"$f":"EVEN(' CONSUMO DE MAT. B TOTAL'!$P$11*2/28)*X16/' CONSUMO DE MAT. B TOTAL'!$P$11","v":4.4208629492441691},598.99086294924416,4470.63576065079,5069.6266236000338,null,5069.6266236000338,598.99086294924416,4470.63576065079,null,null,"NORDESTE"]
["-3.7166077055860676, -38.47321617360384",2403,5225.2801570314396,4,null,"Refinaria Lubrificantes e Derivados do Nordeste (Lubnor)","Av. Leite Barbosa, s/nº - Mucuripe Fortaleza - Ceará CEP:60180-420","Ceará","FORTALEZA - CE","Santa Maria da Vitória - BA",{"$f":"VLOOKUP('Transporte Cap 50-70'!H17,OFFSET('ANP ESTADO'!$A$1,MATCH('Transporte Cap 50-70'!$J$7,'ANP ESTADO'!B:B,0)+MATCH('Transporte Cap 50-70'!$I$10,OFFSET('ANP ESTADO'!$A$1,MATCH('Transporte Cap 50-70'!$J$7,'ANP ESTADO'!B:B,0),0,100000,1),0),2,100000,2),2,FALSE)","v":3.3195601570314399},{"$f":"VLOOKUP($I$10,OFFSET('ANP REGIÃO'!$A$9,MATCH('Transporte Cap 50-70'!$J$7,'ANP REGIÃO'!A:A,0),1,10000,10000),MATCH('Transporte Cap 50-70'!AI17,'ANP REGIÃO'!$B$8:$G$8,0),FALSE)","v":3.36285188756966},3319.5601570314398,917.27,4236.8301570314397,1452,null,394.3,null,394.3,86.55,507.6,988.45,0,{"$f":"EVEN(' CONSUMO DE MAT. B TOTAL'!$P$11*2/28)*X17/' CONSUMO DE MAT. B TOTAL'!$P$11","v":0},988.45,4236.8301570314397,5225.2801570314396,null,5225.2801570314396,988.45,4236.8301570314397,null,null,"NORDESTE"]
["-23.656231446520625, -46.48169584521767",null,5057.9948691210066,5,null,"Refinaria Capuava (Recap)","Av. Alberto Soares Sampaio, 2122-A Capuava – Mauá - SP","São Paulo","MAUÁ - SP","Santa Maria da Vitória - BA",{"$f":"VLOOKUP('Transporte Cap 50-70'!H18,OFFSET('ANP ESTADO'!$A$1,MATCH('Transporte Cap 50-70'!$J$7,'ANP ESTADO'!B:B,0)+MATCH('Transporte Cap 50-70'!$I$10,OFFSET('ANP ESTADO'!$A$1,MATCH('Transporte Cap 50-70'!$J$7,'ANP ESTADO'!B:B,0),0,100000,1),0),2,100000,2),2,FALSE)","v":3.09725938408747},{"$f":"VLOOKUP($I$10,OFFSET('ANP REGIÃO'!$A$9,MATCH('Transporte Cap 50-70'!$J$7,'ANP REGIÃO'!A:A,0),1,10000,10000),MATCH('Transporte Cap 50-70'!AI18,'ANP REGIÃO'!$B$8:$G$8,0),FALSE)","v":3.1350839350716599},3097.2593840874702,855.85,3953.1093840874701,1579,null,426.43,null,426.43,93.6,548.96,1068.99,448.2,{"$f":"EVEN(' CONSUMO DE MAT. B TOTAL'!$P$11*2/28)*X18/' CONSUMO DE MAT. B TOTAL'!$P$11","v":35.895485033536886},1104.885485033537,3953.1093840874701,5057.9948691210066,null,5057.9948691210066,1104.885485033537,3953.1093840874701,null,null,"SUDESTE"]
["-22.716079210101125, -43.284493338934155",null,4847.9792468219448,6,null,"Refinaria Duque de Caxias (Reduc)","Rodovia Washington Luiz, km 113,7 Campos Elíseos – Duque de Caxias - RJ CEP:25213-005","Rio de Janeiro","DUQUE DE CAXIAS - RJ","Santa Maria da Vitória - BA",{"$f":"VLOOKUP('Transporte Cap 50-70'!H19,OFFSET('ANP ESTADO'!$A$1,MATCH('Transporte Cap 50-70'!$J$7,'ANP ESTADO'!B:B,0)+MATCH('Transporte Cap 50-70'!$I$10,OFFSET('ANP ESTADO'!$A$1,MATCH('Transporte Cap 50-70'!$J$7,'ANP ESTADO'!B:B,0),0,100000,1),0),2,100000,2),2,FALSE)","v":3.0495016314450298},{"$f":"VLOOKUP($I$10,OFFSET('ANP REGIÃO'!$A$9,MATCH('Transporte Cap 50-70'!$J$7,'ANP REGIÃO'!A:A,0),1,10000,10000),MATCH('Transporte Cap 50-70'!AI19,'ANP REGIÃO'!$B$8:$G$8,0),FALSE)","v":3.1350839350716599},3049.5016314450299,842.65,3892.15163144503,1318,null,360.39,null,360.39,79.11,463.95,903.45,654,{"$f":"EVEN(' CONSUMO DE MAT. B TOTAL'!$P$11*2/28)*X19/' CONSUMO DE MAT. B TOTAL'!$P$11","v":52.377615376914605},955.82761537691465,3892.15163144503,4847.9792468219448,null,4847.9792468219448,955.82761537691465,3892.15163144503,null,null,"SUDESTE"]
["-29.869712299551573, -51.17766653218008",null,5683.6837722207601,7,null,"Refinaria Alberto Pasqualini (Refap)","Avenida Getúlio Vargas, 11001 - Bairro Brigadeira Canoas - RS - Brasil CEP:92420-221","Rio grande do sul","CANOAS - RS","Santa Maria da Vitória - BA",{"$f":"VLOOKUP('Transporte Cap 50-70'!H20,OFFSET('ANP ESTADO'!$A$1,MATCH('Transporte Cap 50-70'!$J$7,'ANP ESTADO'!B:B,0)+MATCH('Transporte Cap 50-70'!$I$10,OFFSET('ANP ESTADO'!$A$1,MATCH('Transporte Cap 50-70'!$J$7,'ANP ESTADO'!B:B,0),0,100000,1),0),2,100000,2),2,FALSE)","v":3.0040126900303501},{"$f":"VLOOKUP($I$10,OFFSET('ANP REGIÃO'!$A$9,MATCH('Transporte Cap 50-70'!$J$7,'ANP REGIÃO'!A:A,0),1,10000,10000),MATCH('Transporte Cap 50-70'!AI20,'ANP REGIÃO'!$B$8:$G$8,0),FALSE)","v":2.96147439080484},3004.0126900303503,830.08,3834.0926900303502,2662,null,700.43,null,700.43,153.75,901.7,1755.88,1170.0999999999999,{"$f":"EVEN(' CONSUMO DE MAT. B TOTAL'!$P$11*2/28)*X20/' CONSUMO DE MAT. B TOTAL'!$P$11","v":93.711082190409442},1849.5910821904095,3834.0926900303502,5683.6837722207601,null,5683.6837722207601,1849.5910821904095,3834.0926900303502,null,null,"SUL"]
["-25.86088407745943, -50.39669916376454",null,5160.4604863068816,8,null,"Unidade de Industrialização do Xisto (SIX)","Rodovia do Xisto, BR 476, km 153 São Mateus do Sul – PR CEP 83900-000","Paraná","SÃO MATEUS DO SUL - PR","Santa Maria da Vitória - BA",{"$f":"VLOOKUP('Transporte Cap 50-70'!H21,OFFSET('ANP ESTADO'!$A$1,MATCH('Transporte Cap 50-70'!$J$7,'ANP ESTADO'!B:B,0)+MATCH('Transporte Cap 50-70'!$I$10,OFFSET('ANP ESTADO'!$A$1,MATCH('Transporte Cap 50-70'!$J$7,'ANP ESTADO'!B:B,0),0,100000,1),0),2,100000,2),2,FALSE)","v":2.9472151544418299},{"$f":"VLOOKUP($I$10,OFFSET('ANP REGIÃO'!$A$9,MATCH('Transporte Cap 50-70'!$J$7,'ANP REGIÃO'!A:A,0),1,10000,10000),MATCH('Transporte Cap 50-70'!AI21,'ANP REGIÃO'!$B$8:$G$8,0),FALSE)","v":2.96147439080484},2947.2151544418298,814.39,3761.6051544418297,1994,null,531.41999999999996,null,531.41999999999996,116.65,684.12,1332.19,832.4,{"$f":"EVEN(' CONSUMO DE MAT. B TOTAL'!$P$11*2/28)*X21/' CONSUMO DE MAT. B TOTAL'!$P$11","v":66.665331865051556},1398.8553318650515,3761.6051544418297,5160.4604863068816,null,5160.4604863068816,1398.8553318650515,3761.6051544418297,null,null,"SUL"]
["-19.963552900980723, -44.0948967602564",null,4734.9993843658203,9,null,"Refinaria Gabriel Passos (Regap)","Av. Refinaria Gabriel Passos, 690 Distrito Industrial Paulo Camilo Sul Betim - MG CEP:32669-205","Minas Gerais","BETIM - MG","Santa Maria da Vitória - BA",{"$f":"VLOOKUP('Transporte Cap 50-70'!H22,OFFSET('ANP ESTADO'!$A$1,MATCH('Transporte Cap 50-70'!$J$7,'ANP ESTADO'!B:B,0)+MATCH('Transporte Cap 50-70'!$I$10,OFFSET('ANP ESTADO'!$A$1,MATCH('Transporte Cap 50-70'!$J$7,'ANP ESTADO'!B:B,0),0,100000,1),0),2,100000,2),2,FALSE)","v":3.18358773955653},{"$f":"VLOOKUP($I$10,OFFSET('ANP REGIÃO'!$A$9,MATCH('Transporte Cap 50-70'!$J$7,'ANP REGIÃO'!A:A,0),1,10000,10000),MATCH('Transporte Cap 50-70'!AI22,'ANP REGIÃO'!$B$8:$G$8,0),FALSE)","v":3.1350839350716599},3183.5877395565299,879.7,4063.2877395565301,913,null,257.93,null,257.93,56.61,332.04,646.58000000000004,313.8,{"$f":"EVEN(' CONSUMO DE MAT. B TOTAL'!$P$11*2/28)*X22/' CONSUMO DE MAT. B TOTAL'!$P$11","v":25.131644809290218},671.71164480929031,4063.2877395565301,4734.9993843658203,null,4734.9993843658203,671.71164480929031,4063.2877395565301,null,null,"SUDESTE"]
["-25.56575474963143, -49.36942203073905",null,5142.0704863068813,10,null,"Refinaria Presidente Getúlio Vargas (Repar)","Rodovia do Xisto, BR 476, km 16 Araucária - PR CEP:83707-440","Paraná","ARAUCÁRIA - PR","Santa Maria da Vitória - BA",{"$f":"VLOOKUP('Transporte Cap 50-70'!H23,OFFSET('ANP ESTADO'!$A$1,MATCH('Transporte Cap 50-70'!$J$7,'ANP ESTADO'!B:B,0)+MATCH('Transporte Cap 50-70'!$I$10,OFFSET('ANP ESTADO'!$A$1,MATCH('Transporte Cap 50-70'!$J$7,'ANP ESTADO'!B:B,0),0,100000,1),0),2,100000,2),2,FALSE)","v":2.9472151544418299},{"$f":"VLOOKUP($I$10,OFFSET('ANP REGIÃO'!$A$9,MATCH('Transporte Cap 50-70'!$J$7,'ANP REGIÃO'!A:A,0),1,10000,10000),MATCH('Transporte Cap 50-70'!AI23,'ANP REGIÃO'!$B$8:$G$8,0),FALSE)","v":2.96147439080484},2947.2151544418298,814.39,3761.6051544418297,1965,null,524.08000000000004,null,524.08000000000004,115.04,674.68,1313.8,832.4,{"$f":"EVEN(' CONSUMO DE MAT. B TOTAL'!$P$11*2/28)*X23/' CONSUMO DE MAT. B TOTAL'!$P$11","v":66.665331865051556},1380.4653318650514,3761.6051544418297,5142.0704863068813,null,5142.0704863068813,1380.4653318650514,3761.6051544418297,null,null,"SUL"]
["-23.872438924387126, -46.43509244085156",null,5127.4373488487072,11,null,"Refinaria Presidente Bernardes (RPBC)","Av. 9 de abril, 777 - Jardim das Indústrias Cubatão - SP CEP:11505-000","São Paulo","CUBATÃO - SP","Santa Maria da Vitória - BA",{"$f":"VLOOKUP('Transporte Cap 50-70'!H24,OFFSET('ANP ESTADO'!$A$1,MATCH('Transporte Cap 50-70'!$J$7,'ANP ESTADO'!B:B,0)+MATCH('Transporte Cap 50-70'!$I$10,OFFSET('ANP ESTADO'!$A$1,MATCH('Transporte Cap 50-70'!$J$7,'ANP ESTADO'!B:B,0),0,100000,1),0),2,100000,2),2,FALSE)","v":3.09725938408747},{"$f":"VLOOKUP($I$10,OFFSET('ANP REGIÃO'!$A$9,MATCH('Transporte Cap 50-70'!$J$7,'ANP REGIÃO'!A:A,0),1,10000,10000),MATCH('Transporte Cap 50-70'!AI24,'ANP REGIÃO'!$B$8:$G$8,0),FALSE)","v":3.1350839350716599},3097.2593840874702,855.85,3953.1093840874701,1619,null,436.55,null,436.55,95.82,561.99,1094.3600000000001,998.5,{"$f":"EVEN(' CONSUMO DE MAT. B TOTAL'!$P$11*2/28)*X24/' CONSUMO DE MAT. B TOTAL'!$P$11","v":79.967964761237354},1174.3279647612376,3953.1093840874701,5127.4373488487072,null,5127.4373488487072,1174.3279647612376,3953.1093840874701,null,null,"SUDESTE"]
["-22.72915360558646, -47.14802907881556",null,5004.8323813844963,12,null,"Refinaria de Paulínia (Replan)","Rodovia SP 332 - Km. 130 Bonfim - Paulínia – SP CEP:13140-000","São Paulo","PAULÍNIA - SP","Santa Maria da Vitória - BA",{"$f":"VLOOKUP('Transporte Cap 50-70'!H25,OFFSET('ANP ESTADO'!$A$1,MATCH('Transporte Cap 50-70'!$J$7,'ANP ESTADO'!B:B,0)+MATCH('Transporte Cap 50-70'!$I$10,OFFSET('ANP ESTADO'!$A$1,MATCH('Transporte Cap 50-70'!$J$7,'ANP ESTADO'!B:B,0),0,100000,1),0),2,100000,2),2,FALSE)","v":3.09725938408747},{"$f":"VLOOKUP($I$10,OFFSET('ANP REGIÃO'!$A$9,MATCH('Transporte Cap 50-70'!$J$7,'ANP REGIÃO'!A:A,0),1,10000,10000),MATCH('Transporte Cap 50-70'!AI25,'ANP REGIÃO'!$B$8:$G$8,0),FALSE)","v":3.1350839350716599},3097.2593840874702,855.85,3953.1093840874701,1450,null,393.79,null,393.79,86.44,506.95,987.18000000000006,805.9,{"$f":"EVEN(' CONSUMO DE MAT. B TOTAL'!$P$11*2/28)*X25/' CONSUMO DE MAT. B TOTAL'!$P$11","v":64.54299729702673},1051.7229972970267,3953.1093840874701,5004.8323813844963,null,5004.8323813844963,1051.7229972970267,3953.1093840874701,null,null,"SUDESTE"]
["-23.184035809210584, -45.815845810063536",null,4937.8984290369144,13,null,"Refinaria Henrique Lage (Revap)","Rodovia Presidente Dutra, KM 143, S/N Bairro Jardim Diamante - São José dos Campos – SP CEP:12223-900","São Paulo","SÃO JOSÉ DOS CAMPOS - SP","Santa Maria da Vitória - BA",{"$f":"VLOOKUP('Transporte Cap 50-70'!H26,OFFSET('ANP ESTADO'!$A$1,MATCH('Transporte Cap 50-70'!$J$7,'ANP ESTADO'!B:B,0)+MATCH('Transporte Cap 50-70'!$I$10,OFFSET('ANP ESTADO'!$A$1,MATCH('Transporte Cap 50-70'!$J$7,'ANP ESTADO'!B:B,0),0,100000,1),0),2,100000,2),2,FALSE)","v":3.09725938408747},{"$f":"VLOOKUP($I$10,OFFSET('ANP REGIÃO'!$A$9,MATCH('Transporte Cap 50-70'!$J$7,'ANP REGIÃO'!A:A,0),1,10000,10000),MATCH('Transporte Cap 50-70'!AI26,'ANP REGIÃO'!$B$8:$G$8,0),FALSE)","v":3.1350839350716599},3097.2593840874702,855.85,3953.1093840874701,1396,null,380.13,null,380.13,83.44,489.36,952.93000000000006,397.8,{"$f":"EVEN(' CONSUMO DE MAT. B TOTAL'!$P$11*2/28)*X26/' CONSUMO DE MAT. B TOTAL'!$P$11","v":31.859044949444389},984.78904494944447,3953.1093840874701,4937.8984290369144,null,4937.8984290369144,984.78904494944447,3953.1093840874701,null,null,"SUDESTE"]
[]
[]
[]
[{"$nulls":6},"Coordenadas Médias da Obra"]
[{"$nulls":6},"585641,162559234 E","8519745,73319178 S","23S UTM"]
[{"$nulls":6},-44.209027311886302,-13.388665088521,"WGS 84"]
[]
[]
[]
[{"$nulls":4},"Acre"]
[{"$nulls":4},"Alagoas"]
[{"$nulls":4},"Amapá"]
[{"$nulls":4},"Amazonas"]
[{"$nulls":4},"Bahia"]
[{"$nulls":4},"Ceará"]
[{"$nulls":4},"Distrito Federal"]
[{"$nulls":4},"Espírito Santo"]
[{"$nulls":4},"Goiás"]
[{"$nulls":4},"Maranhão"]
[null,"VALOR TOTAL ",null,null,"Mato Grosso"]
[{"$nulls":4},"Mato Grosso do Sul"]
[{"$nulls":4},"Minas Gerais"]
[{"$nulls":4},"Pará"]
[{"$nulls":4},"Paraíba"]
[{"$nulls":4},"Paraná"]
[{"$nulls":4},"Pernambuco"]
[{"$nulls":4},"Piauí"]
[{"$nulls":4},"Rio de Janeiro"]
[{"$nulls":4},"Rio Grande do Norte"]
[{"$nulls":4},"Rio Grande do Sul"]
[{"$nulls":4},"Rondônia"]
[{"$nulls":4},"Roraima"]
[{"$nulls":4},"Santa Catarina"]
[{"$nulls":4},"São Paulo"]
[{"$nulls":4},"Sergipe"]
[{"$nulls":4},"Tocantins"]
[]
[]
[]
[{"$nulls":4},"ASFALTOS DILUÍDOS CM-30"]
[{"$nulls":4},"ASFALTOS DILUÍDOS CM-70"]
[{"$nulls":4},"ASFALTOS DILUÍDOS CR-250"]
[{"$nulls":4},"ASFALTOS DILUÍDOS CR-70"]
[{"$nulls":4},"CAP MODIFICADO POR BORRACHA DE PNEU AB22"]
[{"$nulls":4},"CAP MODIFICADO POR BORRACHA DE PNEU AB8"]
[{"$nulls":4},"CAP MODIFICADO POR POLÍMERO 55-75-E"]
[{"$nulls":4},"CAP MODIFICADO POR POLÍMERO 60-85-E"]
[{"$nulls":4},"CAP MODIFICADO POR POLÍMERO 65-90-E"]
[{"$nulls":4},"CIMENTOS ASFÁLTICOS CAP-150-200"]
[{"$nulls":4},"CIMENTOS ASFÁLTICOS CAP-30-45"]
[{"$nulls":4},"CIMENTOS ASFÁLTICOS CAP-50-70"]
[{"$nulls":4},"CIMENTOS ASFÁLTICOS CAP-85-100"]
[{"$nulls":4},"EMULSÃO ASFÁLTICA CATIÔNICA DE RUPTURA CONTROLADA PARA SERVIÇO DE LAMA ASFÁLTICA"]
[{"$nulls":4},"EMULSÃO ASFÁLTICA DE RUPTURA LENTA CATIÔNICA PARA SERVIÇO DE LAMA ASFÁLTICA"]
[{"$nulls":4},"EMULSÃO ASFÁLTICA DE RUPTURA LENTA DE CARGA NEUTRA PARA SERVIÇO DE LAMA ASFÁLTICA"]
[{"$nulls":4},"EMULSÃO ASFÁLTICA PARA SERVIÇO DE IMPRIMAÇÃO"]
[{"$nulls":4},"EMULSÕES ASF. MOD. POR POLÍMEROS RC1C-E"]
[{"$nulls":4},"EMULSÕES ASF. MOD. POR POLÍMEROS RL1C-E"]
[{"$nulls":4},"EMULSÕES ASF. MOD. POR POLÍMEROS RM1C-E"]
[{"$nulls":4},"EMULSÕES ASF. MOD. POR POLÍMEROS RR1C-E"]
[{"$nulls":4},"EMULSÕES ASF. MOD. POR POLÍMEROS RR2C-E"]
[{"$nulls":4},"EMULSÕES ASFÁLTICAS RL-1C"]
[{"$nulls":4},"EMULSÕES ASFÁLTICAS RM-1C"]
[{"$nulls":4},"EMULSÕES ASFÁLTICAS RM-2C"]
[{"$nulls":4},"EMULSÕES ASFÁLTICAS RR-1C"]
[{"$nulls":4},"EMULSÕES ASFÁLTICAS RR-2C"]

{"sheet":"Transporte EAI","index":8,"n_rows":92,"n_cols":34,"rows_kept":92,"cut":false,"hidden":false,"merged":[[1,2,3,26],[10,22,10,23],[6,2,8,2],[12,3,25,3],[7,6,8,6],[6,12,8,12],[6,5,6,7],[7,4,7,5],[7,19,7,20],[10,4,10,8],[10,9,10,10]]}
[]
[null,null,"MEMÓRIA DE CÁLCULO"]
[]
[]
[]
[]
[null,null,"REAJUSTE",null,null,"TIPOLOGIA DO MATERIAL",null,null,"EMULSÃO ASFÁLTICA PARA SERVIÇO DE IMPRIMAÇÃO",null,null,null,"IMPOSTOS","COFINS",6.4999999999999997E-3,6.4999999999999997E-3]
[{"$nulls":6},"ÍNDICE DE PAVIMENTAÇÃO DNIT","2014-07-01","ÍNDICE INICIAL",270.23700000000002,null,null,null,"PIS",0.03,0.03,null,null,null,"LEGENDA",{"$nulls":8},"As empresas tributadas pelo Lucro Presumido pagam 0,65% de PIS e 3% de COFINS"]
[{"$nulls":7},"set/23","ÍNDICE FINAL",555.51,null,null,null," ICMS",0.18,0.18,{"$f":"1-(O9/1)","v":0.82000000000000006},{"$f":"1-(P9/1)","v":0.82000000000000006},{"$f":"1-(Q9/1)","v":0.17999999999999994},"ENTRADA DE DADOS",{"$nulls":8},"As empresas tributadas pelo Lucro Real pagam 1,65% de PIS e 7,60% de COFINS"]
[{"$nulls":5},"CAP50/70","Data ANP","2023-08-01"]
[null,null,"DATA-BASE","PRODUTOS","LOCALIDADES",{"$nulls":4},"CUSTO ANP (R$/Kg)",null,"CUSTO ANP","IMPOSTOS DO PRODUTO","CUSTO DO PRODUTO COM IMPOSTOS","DMT's","DMT's FLUVIAL","CUSTO DO TRANSPORTE RODOVIA PAVIMENTADA","CUSTO DO TRANSPORTE FLUVIAL","CUSTO DO TRANSPORTE TOTAL","ICMS","ATUALIZAÇÃO DO CUSTO DE TRANSPORTE","CUSTO DO TRANSPORTE RODOVIA PAVIMENTADA COM IMPOSTOS E ATUALIZAÇÃO MONETÁRIA","PEDÁGIO ",null,"TOTAL TRANSPORTE","AQUISIÇÃO DO PRODUTO","TOTAL GERAL ( TRANSP + AQUISIÇÃO)",null,1,2,3]
[null,null,{"$f":"H9","v":"set/23"},null,"REFINARIAS","ENDEREÇO","ESTADO","CIDADE","DESTINO","ESTADO","REGIÃO","R$/t","R$/t","R$/t","KM","KM","R$/t","R$/t","R$/t","R$/t","R$/t","R$/t","CUSTO ","R$/t","R$/t","R$/t","R$/t",null,"TOTAL GERAL ( TRANSP + AQUISIÇÃO)","TOTAL TRANSPORTE","AQUISIÇÃO DO PRODUTO"]
[null,{"$f":"AA13","v":3909.3380073835829},1,{"$f":"I7","v":"EMULSÃO ASFÁLTICA PARA SERVIÇO DE IMPRIMAÇÃO"},"Refinaria Abreu e Lima","Rodovia PE 60, Km 10 - Ipojuca - PE CEP:55590-000","Pernambuco","IPOJUCA - PE","Santa Maria da Vitória - BA",{"$f":"VLOOKUP('Transporte EAI'!G13,OFFSET('ANP ESTADO'!$A$1,MATCH('Transporte EAI'!$I$7,'ANP ESTADO'!B:B,0)+MATCH('Transporte EAI'!$H$10,OFFSET('ANP ESTADO'!$A$1,MATCH('Transporte EAI'!$I$7,'ANP ESTADO'!B:B,0),0,100000,1),0),2,100000,2),2,FALSE)","v":"-"},{"$f":"VLOOKUP($H$10,OFFSET('ANP REGIÃO'!$A$9,MATCH('Transporte EAI'!$I$7,'ANP REGIÃO'!A:A,0),1,10000,10000),MATCH('Transporte EAI'!AH13,'ANP REGIÃO'!$B$8:$G$8,0),FALSE)","v":2.2519800763491},{"$f":"IF(AND(J13=\"-\",K13=\"-\"),\"\",IF(AND(J13<>0,K13=\"-\"),J13*1000,IF(AND(J13=\"-\",K13<>0),K13*1000,IF(AND(J13<>0,K13<>0),J13*1000,\"\"))))","v":2251.9800763490998},{"$f":"ROUND(((L13/(1-$O$7-$O$8-$O$9))-L13),2)","v":622.28},{"$f":"L13+M13","v":2874.2600763491},1519,null,{"$f":"ROUND((26.939+0.253*O13),2)","v":411.25},null,{"$f":"Q13+R13","v":411.25},{"$f":"TRUNC(S13*($O$9/(1-$O$9)),2)","v":90.27},{"$f":"TRUNC(IF($J$8=\"\",\"\",(($J$9-$J$8)/$J$8)*(S13+T13)),2)","v":529.41999999999996},{"$f":"S13+T13+U13","v":1030.94},35.4,{"$f":"EVEN(' CONSUMO DE MAT. B TOTAL'!$P$8*2/28)*W13/' CONSUMO DE MAT. B TOTAL'!$P$8","v":4.1379310344827589},{"$f":"IF(AND(S13=\"\",T13=\"\"),\"\",V13+X13)","v":1035.0779310344828},{"$f":"IF(OR(L13=\"\",M13=\"\"),\"\",L13+M13)","v":2874.2600763491},{"$f":"IF(OR(Y13=\"\",Z13=\"\"),\"\",Y13+Z13)","v":3909.3380073835829},null,{"$f":"AA13","v":3909.3380073835829},{"$f":"Y13","v":1035.0779310344828},{"$f":"Z13","v":2874.2600763491},null,null,{"$f":"IF(OR(G13=$D$52,G13=$D$53,G13=$D$55,G13=$D$61,G13=$D$45,G13=$D$41,G13=$D$37,G13=$D$50,G13=$D$40),\"NORDESTE\",IF(OR(G13=$D$36,G13=$D$38,G13=$D$39,G13=$D$49,G13=$D$57,G13=$D$58,G13=$D$62),\"NORTE\",IF(OR(G13=$D$42,G13=$D$44,G13=$D$46,G13=$D$47),\"CENTRO-OESTE\",IF(OR(G13=$D$60,G13=$D$54,G13=$D$48,G13=$D$43),\"SUDESTE\",IF(OR(G13=$D$59,G13=$D$51,G13=$D$56),\"SUL\",\"\")))))","v":"NORDESTE"}]
[null,{"$f":"AA14","v":6119.3907776265296},2,null,"ISAC SAABA","Rua Rio Quixito, 1, Vila Buriti - Distrito Industrial - Manaus - AM\nCEP: 69072-070","Amazonas","MANAUS-AM","Santa Maria da Vitória - BA",{"$f":"VLOOKUP('Transporte EAI'!G14,OFFSET('ANP ESTADO'!$A$1,MATCH('Transporte EAI'!$I$7,'ANP ESTADO'!B:B,0)+MATCH('Transporte EAI'!$H$10,OFFSET('ANP ESTADO'!$A$1,MATCH('Transporte EAI'!$I$7,'ANP ESTADO'!B:B,0),0,100000,1),0),2,100000,2),2,FALSE)","v":"-"},{"$f":"VLOOKUP($H$10,OFFSET('ANP REGIÃO'!$A$9,MATCH('Transporte EAI'!$I$7,'ANP REGIÃO'!A:A,0),1,10000,10000),MATCH('Transporte EAI'!AH14,'ANP REGIÃO'!$B$8:$G$8,0),FALSE)","v":2.7599007776265299},{"$f":"IF(AND(J14=\"-\",K14=\"\"),\"\",IF(AND(J14<>0,K14=\"\"),J14*1000,IF(AND(J14=\"-\",K14<>0),K14*1000,IF(AND(J14<>0,K14<>0),J14*1000,\"\"))))","v":2759.9007776265298},{"$f":"ROUND(((L14/(1-$O$7-$O$8-$O$9))-L14),2)","v":762.63},{"$f":"L14+M14","v":3522.5307776265299},3988,null,{"$f":"ROUND((26.939+0.253*O14),2)","v":1035.9000000000001},null,{"$f":"Q14+R14","v":1035.9000000000001},{"$f":"TRUNC(S14*($O$9/(1-$O$9)),2)","v":227.39},{"$f":"TRUNC(IF($J$8=\"\",\"\",(($J$9-$J$8)/$J$8)*(S14+T14)),2)","v":1333.57},{"$f":"S14+T14+U14","v":2596.8599999999997},0,{"$f":"EVEN(' CONSUMO DE MAT. B TOTAL'!$P$8*2/28)*W14/' CONSUMO DE MAT. B TOTAL'!$P$8","v":0},{"$f":"IF(AND(S14=\"\",T14=\"\"),\"\",V14+X14)","v":2596.8599999999997},{"$f":"IF(OR(L14=\"\",M14=\"\"),\"\",L14+M14)","v":3522.5307776265299},{"$f":"IF(OR(Y14=\"\",Z14=\"\"),\"\",Y14+Z14)","v":6119.3907776265296},null,{"$f":"AA14","v":6119.3907776265296},{"$f":"Y14","v":2596.8599999999997},{"$f":"Z14","v":3522.5307776265299},null,null,{"$f":"IF(OR(G14=$D$52,G14=$D$53,G14=$D$55,G14=$D$61,G14=$D$45,G14=$D$41,G14=$D$37,G14=$D$50,G14=$D$40),\"NORDESTE\",IF(OR(G14=$D$36,G14=$D$38,G14=$D$39,G14=$D$49,G14=$D$57,G14=$D$58,G14=$D$62),\"NORTE\",IF(OR(G14=$D$42,G14=$D$44,G14=$D$46,G14=$D$47),\"CENTRO-OESTE\",IF(OR(G14=$D$60,G14=$D$54,G14=$D$48,G14=$D$43),\"SUDESTE\",IF(OR(G14=$D$59,G14=$D$51,G14=$D$56),\"SUL\",\"\")))))","v":"NORTE"}]
[null,{"$f":"AA15","v":3992.7100763490998},2,null,"Refinaria Potiguar Clara Camarão","Rodovia RN 221, KM 25 - Guamaré - RN CEP:59598-000","Rio Grande do Norte","GUAMARÉ - RN","Santa Maria da Vitória - BA",{"$f":"VLOOKUP('Transporte EAI'!G15,OFFSET('ANP ESTADO'!$A$1,MATCH('Transporte EAI'!$I$7,'ANP ESTADO'!B:B,0)+MATCH('Transporte EAI'!$H$10,OFFSET('ANP ESTADO'!$A$1,MATCH('Transporte EAI'!$I$7,'ANP ESTADO'!B:B,0),0,100000,1),0),2,100000,2),2,FALSE)","v":"-"},{"$f":"VLOOKUP($H$10,OFFSET('ANP REGIÃO'!$A$9,MATCH('Transporte EAI'!$I$7,'ANP REGIÃO'!A:A,0),1,10000,10000),MATCH('Transporte EAI'!AH15,'ANP REGIÃO'!$B$8:$G$8,0),FALSE)","v":2.2519800763491},{"$f":"IF(AND(J15=\"-\",K15=\"\"),\"\",IF(AND(J15<>0,K15=\"\"),J15*1000,IF(AND(J15=\"-\",K15<>0),K15*1000,IF(AND(J15<>0,K15<>0),J15*1000,\"\"))))","v":2251.9800763490998},{"$f":"ROUND(((L15/(1-$O$7-$O$8-$O$9))-L15),2)","v":622.28},{"$f":"L15+M15","v":2874.2600763491},1657,null,{"$f":"ROUND((26.939+0.253*O15),2)","v":446.16},null,446.16,97.93,574.36,1118.45,0,{"$f":"EVEN(' CONSUMO DE MAT. B TOTAL'!$P$8*2/28)*W15/' CONSUMO DE MAT. B TOTAL'!$P$8","v":0},1118.45,2874.2600763491,{"$f":"IF(OR(Y15=\"\",Z15=\"\"),\"\",Y15+Z15)","v":3992.7100763490998},null,{"$f":"AA15","v":3992.7100763490998},{"$f":"Y15","v":1118.45},2874.2600763491,null,null,{"$f":"IF(OR(G15=$D$52,G15=$D$53,G15=$D$55,G15=$D$61,G15=$D$45,G15=$D$41,G15=$D$37,G15=$D$50,G15=$D$40),\"NORDESTE\",IF(OR(G15=$D$36,G15=$D$38,G15=$D$39,G15=$D$49,G15=$D$57,G15=$D$58,G15=$D$62),\"NORTE\",IF(OR(G15=$D$42,G15=$D$44,G15=$D$46,G15=$D$47),\"CENTRO-OESTE\",IF(OR(G15=$D$60,G15=$D$54,G15=$D$48,G15=$D$43),\"SUDESTE\",IF(OR(G15=$D$59,G15=$D$51,G15=$D$56),\"SUL\",\"\")))))","v":"NORDESTE"}]
[null,3475.2824433859205,3,null,"Refinaria Landulpho Alves (RLAM)","Rodovia BA 523, KM 4 – Mataripe São Francisco do Conde - BA CEP:43900-000","Bahia","SÃO FRANCISCO DO CONDE - BA","Santa Maria da Vitória - BA",{"$f":"VLOOKUP('Transporte EAI'!G16,OFFSET('ANP ESTADO'!$A$1,MATCH('Transporte EAI'!$I$7,'ANP ESTADO'!B:B,0)+MATCH('Transporte EAI'!$H$10,OFFSET('ANP ESTADO'!$A$1,MATCH('Transporte EAI'!$I$7,'ANP ESTADO'!B:B,0),0,100000,1),0),2,100000,2),2,FALSE)","v":"-"},{"$f":"VLOOKUP($H$10,OFFSET('ANP REGIÃO'!$A$9,MATCH('Transporte EAI'!$I$7,'ANP REGIÃO'!A:A,0),1,10000,10000),MATCH('Transporte EAI'!AH16,'ANP REGIÃO'!$B$8:$G$8,0),FALSE)","v":2.2519800763491},2251.9800763490998,{"$f":"ROUND(((L16/(1-$O$7-$O$8-$O$9))-L16),2)","v":622.28},2874.2600763491,831,null,{"$f":"ROUND((26.939+0.253*O16),2)","v":237.18},null,237.18,52.06,305.33,594.56999999999994,55.2,{"$f":"EVEN(' CONSUMO DE MAT. B TOTAL'!$P$8*2/28)*W16/' CONSUMO DE MAT. B TOTAL'!$P$8","v":6.452367036820573},601.02236703682047,2874.2600763491,3475.2824433859205,null,3475.2824433859205,601.02236703682047,2874.2600763491,null,null,"NORDESTE"]
[2403,3858.8377395991001,4,null,"Refinaria Lubrificantes e Derivados do Nordeste (Lubnor)","Av. Leite Barbosa, s/nº - Mucuripe Fortaleza - Ceará CEP:60180-420","Ceará","FORTALEZA - CE","Santa Maria da Vitória - BA",{"$f":"VLOOKUP('Transporte EAI'!G17,OFFSET('ANP ESTADO'!$A$1,MATCH('Transporte EAI'!$I$7,'ANP ESTADO'!B:B,0)+MATCH('Transporte EAI'!$H$10,OFFSET('ANP ESTADO'!$A$1,MATCH('Transporte EAI'!$I$7,'ANP ESTADO'!B:B,0),0,100000,1),0),2,100000,2),2,FALSE)","v":2.2489477395991},{"$f":"VLOOKUP($H$10,OFFSET('ANP REGIÃO'!$A$9,MATCH('Transporte EAI'!$I$7,'ANP REGIÃO'!A:A,0),1,10000,10000),MATCH('Transporte EAI'!AH17,'ANP REGIÃO'!$B$8:$G$8,0),FALSE)","v":2.2519800763491},2248.9477395990998,621.44000000000005,2870.3877395990999,1452,null,394.3,null,394.3,86.55,507.6,988.45,0,{"$f":"EVEN(' CONSUMO DE MAT. B TOTAL'!$P$8*2/28)*W17/' CONSUMO DE MAT. B TOTAL'!$P$8","v":0},988.45,2870.3877395990999,3858.8377395991001,null,3858.8377395991001,988.45,2870.3877395990999,null,null,"NORDESTE"]
[null,4140.9558886693612,5,null,"Refinaria Capuava (Recap)","Av. Alberto Soares Sampaio, 2122-A Capuava – Mauá - SP","São Paulo","MAUÁ - SP","Santa Maria da Vitória - BA",{"$f":"VLOOKUP('Transporte EAI'!G18,OFFSET('ANP ESTADO'!$A$1,MATCH('Transporte EAI'!$I$7,'ANP ESTADO'!B:B,0)+MATCH('Transporte EAI'!$H$10,OFFSET('ANP ESTADO'!$A$1,MATCH('Transporte EAI'!$I$7,'ANP ESTADO'!B:B,0),0,100000,1),0),2,100000,2),2,FALSE)","v":2.3658354737073499},{"$f":"VLOOKUP($H$10,OFFSET('ANP REGIÃO'!$A$9,MATCH('Transporte EAI'!$I$7,'ANP REGIÃO'!A:A,0),1,10000,10000),MATCH('Transporte EAI'!AH18,'ANP REGIÃO'!$B$8:$G$8,0),FALSE)","v":2.24844447207736},2365.83547370735,653.74,3019.5754737073503,1579,null,426.43,null,426.43,93.6,548.96,1068.99,448.2,{"$f":"EVEN(' CONSUMO DE MAT. B TOTAL'!$P$8*2/28)*W18/' CONSUMO DE MAT. B TOTAL'!$P$8","v":52.390414962010517},1121.3804149620105,3019.5754737073503,4140.9558886693612,null,4140.9558886693612,1121.3804149620105,3019.5754737073503,null,null,"SUDESTE"]
[null,3849.6409945788214,6,null,"Refinaria Duque de Caxias (Reduc)","Rodovia Washington Luiz, km 113,7 Campos Elíseos – Duque de Caxias - RJ CEP:25213-005","Rio de Janeiro","DUQUE DE CAXIAS - RJ","Santa Maria da Vitória - BA",{"$f":"VLOOKUP('Transporte EAI'!G19,OFFSET('ANP ESTADO'!$A$1,MATCH('Transporte EAI'!$I$7,'ANP ESTADO'!B:B,0)+MATCH('Transporte EAI'!$H$10,OFFSET('ANP ESTADO'!$A$1,MATCH('Transporte EAI'!$I$7,'ANP ESTADO'!B:B,0),0,100000,1),0),2,100000,2),2,FALSE)","v":"-"},{"$f":"VLOOKUP($H$10,OFFSET('ANP REGIÃO'!$A$9,MATCH('Transporte EAI'!$I$7,'ANP REGIÃO'!A:A,0),1,10000,10000),MATCH('Transporte EAI'!AH19,'ANP REGIÃO'!$B$8:$G$8,0),FALSE)","v":2.24844447207736},2248.4444720773599,621.29999999999995,2869.7444720773601,1318,null,360.39,null,360.39,79.11,463.95,903.45,654,{"$f":"EVEN(' CONSUMO DE MAT. B TOTAL'!$P$8*2/28)*W19/' CONSUMO DE MAT. B TOTAL'!$P$8","v":76.446522501461132},979.89652250146116,2869.7444720773601,3849.6409945788214,null,3849.6409945788214,979.89652250146116,2869.7444720773601,null,null,"SUDESTE"]
[null,5134.8231559401502,7,null,"Refinaria Alberto Pasqualini (Refap)","Avenida Getúlio Vargas, 11001 - Bairro Brigadeira Canoas - RS - Brasil CEP:92420-221","Rio grande do sul","CANOAS - RS","Santa Maria da Vitória - BA",{"$f":"VLOOKUP('Transporte EAI'!G20,OFFSET('ANP ESTADO'!$A$1,MATCH('Transporte EAI'!$I$7,'ANP ESTADO'!B:B,0)+MATCH('Transporte EAI'!$H$10,OFFSET('ANP ESTADO'!$A$1,MATCH('Transporte EAI'!$I$7,'ANP ESTADO'!B:B,0),0,100000,1),0),2,100000,2),2,FALSE)","v":"-"},{"$f":"VLOOKUP($H$10,OFFSET('ANP REGIÃO'!$A$9,MATCH('Transporte EAI'!$I$7,'ANP REGIÃO'!A:A,0),1,10000,10000),MATCH('Transporte EAI'!AH20,'ANP REGIÃO'!$B$8:$G$8,0),FALSE)","v":2.5402393394585601},2540.2393394585602,701.93,3242.16933945856,2662,null,700.43,null,700.43,153.75,901.7,1755.88,1170.0999999999999,{"$f":"EVEN(' CONSUMO DE MAT. B TOTAL'!$P$8*2/28)*W20/' CONSUMO DE MAT. B TOTAL'!$P$8","v":136.77381648158971},1892.6538164815897,3242.16933945856,5134.8231559401502,null,5134.8231559401502,1892.6538164815897,3242.16933945856,null,null,"SUL"]
[null,4644.3451406757495,8,null,"Unidade de Industrialização do Xisto (SIX)","Rodovia do Xisto, BR 476, km 153 São Mateus do Sul – PR CEP 83900-000","Paraná","SÃO MATEUS DO SUL - PR","Santa Maria da Vitória - BA",{"$f":"VLOOKUP('Transporte EAI'!G21,OFFSET('ANP ESTADO'!$A$1,MATCH('Transporte EAI'!$I$7,'ANP ESTADO'!B:B,0)+MATCH('Transporte EAI'!$H$10,OFFSET('ANP ESTADO'!$A$1,MATCH('Transporte EAI'!$I$7,'ANP ESTADO'!B:B,0),0,100000,1),0),2,100000,2),2,FALSE)","v":2.5188353160118102},{"$f":"VLOOKUP($H$10,OFFSET('ANP REGIÃO'!$A$9,MATCH('Transporte EAI'!$I$7,'ANP REGIÃO'!A:A,0),1,10000,10000),MATCH('Transporte EAI'!AH21,'ANP REGIÃO'!$B$8:$G$8,0),FALSE)","v":2.5402393394585601},2518.8353160118104,696.02,3214.8553160118104,1994,null,531.41999999999996,null,531.41999999999996,116.65,684.12,1332.19,832.4,{"$f":"EVEN(' CONSUMO DE MAT. B TOTAL'!$P$8*2/28)*W21/' CONSUMO DE MAT. B TOTAL'!$P$8","v":97.299824663939219},1429.4898246639393,3214.8553160118104,4644.3451406757495,null,4644.3451406757495,1429.4898246639393,3214.8553160118104,null,null,"SUL"]
[null,3498.3268004044985,9,null,"Refinaria Gabriel Passos (Regap)","Av. Refinaria Gabriel Passos, 690 Distrito Industrial Paulo Camilo Sul Betim - MG CEP:32669-205","Minas Gerais","BETIM - MG","Santa Maria da Vitória - BA",{"$f":"VLOOKUP('Transporte EAI'!G22,OFFSET('ANP ESTADO'!$A$1,MATCH('Transporte EAI'!$I$7,'ANP ESTADO'!B:B,0)+MATCH('Transporte EAI'!$H$10,OFFSET('ANP ESTADO'!$A$1,MATCH('Transporte EAI'!$I$7,'ANP ESTADO'!B:B,0),0,100000,1),0),2,100000,2),2,FALSE)","v":2.2056064964886599},{"$f":"VLOOKUP($H$10,OFFSET('ANP REGIÃO'!$A$9,MATCH('Transporte EAI'!$I$7,'ANP REGIÃO'!A:A,0),1,10000,10000),MATCH('Transporte EAI'!AH22,'ANP REGIÃO'!$B$8:$G$8,0),FALSE)","v":2.24844447207736},2205.60649648866,609.46,2815.0664964886601,913,null,257.93,null,257.93,56.61,332.04,646.58000000000004,313.8,{"$f":"EVEN(' CONSUMO DE MAT. B TOTAL'!$P$8*2/28)*W22/' CONSUMO DE MAT. B TOTAL'!$P$8","v":36.680303915838692},683.26030391583868,2815.0664964886601,3498.3268004044985,null,3498.3268004044985,683.26030391583868,2815.0664964886601,null,null,"SUDESTE"]
[null,4625.9551406757491,10,null,"Refinaria Presidente Getúlio Vargas (Repar)","Rodovia do Xisto, BR 476, km 16 Araucária - PR CEP:83707-440","Paraná","ARAUCÁRIA - PR","Santa Maria da Vitória - BA",{"$f":"VLOOKUP('Transporte EAI'!G23,OFFSET('ANP ESTADO'!$A$1,MATCH('Transporte EAI'!$I$7,'ANP ESTADO'!B:B,0)+MATCH('Transporte EAI'!$H$10,OFFSET('ANP ESTADO'!$A$1,MATCH('Transporte EAI'!$I$7,'ANP ESTADO'!B:B,0),0,100000,1),0),2,100000,2),2,FALSE)","v":2.5188353160118102},{"$f":"VLOOKUP($H$10,OFFSET('ANP REGIÃO'!$A$9,MATCH('Transporte EAI'!$I$7,'ANP REGIÃO'!A:A,0),1,10000,10000),MATCH('Transporte EAI'!AH23,'ANP REGIÃO'!$B$8:$G$8,0),FALSE)","v":2.5402393394585601},2518.8353160118104,696.02,3214.8553160118104,1965,null,524.08000000000004,null,524.08000000000004,115.04,674.68,1313.8,832.4,{"$f":"EVEN(' CONSUMO DE MAT. B TOTAL'!$P$8*2/28)*W23/' CONSUMO DE MAT. B TOTAL'!$P$8","v":97.299824663939219},1411.0998246639392,3214.8553160118104,4625.9551406757491,null,4625.9551406757491,1411.0998246639392,3214.8553160118104,null,null,"SUL"]
[null,4230.6508448353452,11,null,"Refinaria Presidente Bernardes (RPBC)","Av. 9 de abril, 777 - Jardim das Indústrias Cubatão - SP CEP:11505-000","São Paulo","CUBATÃO - SP","Santa Maria da Vitória - BA",{"$f":"VLOOKUP('Transporte EAI'!G24,OFFSET('ANP ESTADO'!$A$1,MATCH('Transporte EAI'!$I$7,'ANP ESTADO'!B:B,0)+MATCH('Transporte EAI'!$H$10,OFFSET('ANP ESTADO'!$A$1,MATCH('Transporte EAI'!$I$7,'ANP ESTADO'!B:B,0),0,100000,1),0),2,100000,2),2,FALSE)","v":2.3658354737073499},{"$f":"VLOOKUP($H$10,OFFSET('ANP REGIÃO'!$A$9,MATCH('Transporte EAI'!$I$7,'ANP REGIÃO'!A:A,0),1,10000,10000),MATCH('Transporte EAI'!AH24,'ANP REGIÃO'!$B$8:$G$8,0),FALSE)","v":2.24844447207736},2365.83547370735,653.74,3019.5754737073503,1619,null,436.55,null,436.55,95.82,561.99,1094.3600000000001,998.5,{"$f":"EVEN(' CONSUMO DE MAT. B TOTAL'!$P$8*2/28)*W24/' CONSUMO DE MAT. B TOTAL'!$P$8","v":116.71537112799533},1211.0753711279954,3019.5754737073503,4230.6508448353452,null,4230.6508448353452,1211.0753711279954,3019.5754737073503,null,null,"SUDESTE"]
[null,4100.957694630787,12,null,"Refinaria de Paulínia (Replan)","Rodovia SP 332 - Km. 130 Bonfim - Paulínia – SP CEP:13140-000","São Paulo","PAULÍNIA - SP","Santa Maria da Vitória - BA",{"$f":"VLOOKUP('Transporte EAI'!G25,OFFSET('ANP ESTADO'!$A$1,MATCH('Transporte EAI'!$I$7,'ANP ESTADO'!B:B,0)+MATCH('Transporte EAI'!$H$10,OFFSET('ANP ESTADO'!$A$1,MATCH('Transporte EAI'!$I$7,'ANP ESTADO'!B:B,0),0,100000,1),0),2,100000,2),2,FALSE)","v":2.3658354737073499},{"$f":"VLOOKUP($H$10,OFFSET('ANP REGIÃO'!$A$9,MATCH('Transporte EAI'!$I$7,'ANP REGIÃO'!A:A,0),1,10000,10000),MATCH('Transporte EAI'!AH25,'ANP REGIÃO'!$B$8:$G$8,0),FALSE)","v":2.24844447207736},2365.83547370735,653.74,3019.5754737073503,1450,null,393.79,null,393.79,86.44,506.95,987.18000000000006,805.9,{"$f":"EVEN(' CONSUMO DE MAT. B TOTAL'!$P$8*2/28)*W25/' CONSUMO DE MAT. B TOTAL'!$P$8","v":94.202220923436585},1081.3822209234368,3019.5754737073503,4100.957694630787,null,4100.957694630787,1081.3822209234368,3019.5754737073503,null,null,"SUDESTE"]
[null,4019.0045970270467,13,null,"Refinaria Henrique Lage (Revap)","Rodovia Presidente Dutra, KM 143, S/N Bairro Jardim Diamante - São José dos Campos – SP CEP:12223-900","São Paulo","SÃO JOSÉ DOS CAMPOS - SP","Santa Maria da Vitória - BA",{"$f":"VLOOKUP('Transporte EAI'!G26,OFFSET('ANP ESTADO'!$A$1,MATCH('Transporte EAI'!$I$7,'ANP ESTADO'!B:B,0)+MATCH('Transporte EAI'!$H$10,OFFSET('ANP ESTADO'!$A$1,MATCH('Transporte EAI'!$I$7,'ANP ESTADO'!B:B,0),0,100000,1),0),2,100000,2),2,FALSE)","v":2.3658354737073499},{"$f":"VLOOKUP($H$10,OFFSET('ANP REGIÃO'!$A$9,MATCH('Transporte EAI'!$I$7,'ANP REGIÃO'!A:A,0),1,10000,10000),MATCH('Transporte EAI'!AH26,'ANP REGIÃO'!$B$8:$G$8,0),FALSE)","v":2.24844447207736},2365.83547370735,653.74,3019.5754737073503,1396,null,380.13,null,380.13,83.44,489.36,952.93000000000006,397.8,{"$f":"EVEN(' CONSUMO DE MAT. B TOTAL'!$P$8*2/28)*W26/' CONSUMO DE MAT. B TOTAL'!$P$8","v":46.499123319696089},999.42912331969615,3019.5754737073503,4019.0045970270467,null,4019.0045970270467,999.42912331969615,3019.5754737073503,null,null,"SUDESTE"]
{"$rows_empty":9}
[null,null,null,"Acre"]
[null,null,null,"Alagoas"]
[null,null,null,"Amapá"]
[null,null,null,"Amazonas"]
[null,null,null,"Bahia"]
[null,null,null,"Ceará"]
[null,null,null,"Distrito Federal"]
[null,null,null,"Espírito Santo"]
[null,null,null,"Goiás"]
[null,null,null,"Maranhão"]
[null,"VALOR TOTAL ",null,"Mato Grosso"]
[null,null,null,"Mato Grosso do Sul"]
[null,null,null,"Minas Gerais"]
[null,null,null,"Pará"]
[null,null,null,"Paraíba"]
[null,null,null,"Paraná"]
[null,null,null,"Pernambuco"]
[null,null,null,"Piauí"]
[null,null,null,"Rio de Janeiro"]
[null,null,null,"Rio Grande do Norte"]
[null,null,null,"Rio Grande do Sul"]
[null,null,null,"Rondônia"]
[null,null,null,"Roraima"]
[null,null,null,"Santa Catarina"]
[null,null,null,"São Paulo"]
[null,null,null,"Sergipe"]
[null,null,null,"Tocantins"]
[]
[]
[]
[null,null,null,"ASFALTOS DILUÍDOS CM-30"]
[null,null,null,"ASFALTOS DILUÍDOS CM-70"]
[null,null,null,"ASFALTOS DILUÍDOS CR-250"]
[null,null,null,"ASFALTOS DILUÍDOS CR-70"]
[null,null,null,"CAP MODIFICADO POR BORRACHA DE PNEU AB22"]
[null,null,null,"CAP MODIFICADO POR BORRACHA DE PNEU AB8"]
[null,null,null,"CAP MODIFICADO POR POLÍMERO 55-75-E"]
[null,null,null,"CAP MODIFICADO POR POLÍMERO 60-85-E"]
[null,null,null,"CAP MODIFICADO POR POLÍMERO 65-90-E"]
[null,null,null,"CIMENTOS ASFÁLTICOS CAP-150-200"]
[null,null,null,"CIMENTOS ASFÁLTICOS CAP-30-45"]
[null,null,null,"CIMENTOS ASFÁLTICOS CAP-50-70"]
[null,null,null,"CIMENTOS ASFÁLTICOS CAP-85-100"]
[null,null,null,"EMULSÃO ASFÁLTICA CATIÔNICA DE RUPTURA CONTROLADA PARA SERVIÇO DE LAMA ASFÁLTICA"]
[null,null,null,"EMULSÃO ASFÁLTICA DE RUPTURA LENTA CATIÔNICA PARA SERVIÇO DE LAMA ASFÁLTICA"]
[null,null,null,"EMULSÃO ASFÁLTICA DE RUPTURA LENTA DE CARGA NEUTRA PARA SERVIÇO DE LAMA ASFÁLTICA"]
[null,null,null,"EMULSÃO ASFÁLTICA PARA SERVIÇO DE IMPRIMAÇÃO"]
[null,null,null,"EMULSÕES ASF. MOD. POR POLÍMEROS RC1C-E"]
[null,null,null,"EMULSÕES ASF. MOD. POR POLÍMEROS RL1C-E"]
[null,null,null,"EMULSÕES ASF. MOD. POR POLÍMEROS RM1C-E"]
[null,null,null,"EMULSÕES ASF. MOD. POR POLÍMEROS RR1C-E"]
[null,null,null,"EMULSÕES ASF. MOD. POR POLÍMEROS RR2C-E"]
[null,null,null,"EMULSÕES ASFÁLTICAS RL-1C"]
[null,null,null,"EMULSÕES ASFÁLTICAS RM-1C"]
[null,null,null,"EMULSÕES ASFÁLTICAS RM-2C"]
[null,null,null,"EMULSÕES ASFÁLTICAS RR-1C"]
[null,null,null,"EMULSÕES ASFÁLTICAS RR-2C"]

{"sheet":"RESUMO_Transp","index":9,"n_rows":46,"n_cols":24,"rows_kept":46,"cut":false,"hidden":false,"merged":[[16,2,21,2],[27,2,32,2],[34,2,39,2],[10,10,12,10],[7,1,7,19],[10,4,10,5],[10,6,10,7],[11,15,11,16],[14,3,14,6],[14,7,14,8],[14,18,14,19],[10,1,12,1],[2,1,2,8],[3,1,3,8],[4,1,4,8],[5,1,5,8],[6,1,6,22]]}
{"$rows_empty":10}
[null,"ÍNDICE DE PAVIMENTAÇÃO DNIT",null,null,"TIPOLOGIA DO MATERIAL",null,"LIGANTE BETUMINOSO",null,null,null,"IMPOSTOS","COFINS",{"$f":"'Transporte Cap 50-70'!P7","v":6.4999999999999997E-3},{"$f":"'Transporte Cap 50-70'!Q7","v":6.4999999999999997E-3}]
[null,null,"DATA INICIAL",null,null,"2014-07-01","ÍNDICE INICIAL",{"$f":"'Transporte Cap 50-70'!K8","v":270.23700000000002},null,null,null,"PIS",{"$f":"'Transporte Cap 50-70'!P8","v":0.03},{"$f":"'Transporte Cap 50-70'!Q8","v":0.03},null,"LEGENDA"]
[null,null,"DATA FINAL",null,null,"2023-01-01","ÍNDICE FINAL",{"$f":"'Transporte Cap 50-70'!K9","v":555.51},null,null,null," ICMS",{"$f":"'Transporte Cap 50-70'!P9","v":0.18},{"$f":"'Transporte Cap 50-70'!Q9","v":0.18},null,"ENTRADA DE DADOS"]
[]
[null,"DATA-BASE","PRODUTOS","LOCALIDADES",null,null,null,"CUSTO ANP (R$/Kg)",null,"CUSTO ANP","IMPOSTOS DO PRODUTO","CUSTO DO PRODUTO COM IMPOSTOS","DMT's","DMT's","CUSTO DO TRANSPORTE TOTAL","ICMS","ATUALIZAÇÃO DO CUSTO DE TRANSPORTE","CUSTO DO TRANSPORTE RODOVIA PAVIMENTADA COM IMPOSTOS E ATUALIZAÇÃO MONETÁRIA","PEDÁGIO ",null,"TOTAL TRANSPORTE","TOTAL PRODUTO","TOTAL GERAL","Valor Transporte por Km"]
[null,{"$f":"F13","v":"2023-01-01"},null,"REFINARIAS","ENDEREÇO","ORIGEM\nREFINARIAS / DISTRIBUIDORAS","DESTINO","ESTADO","REGIÃO","R$/t","R$/t","R$/t","KM","KM","R$/t","R$/t","R$/t","R$/t","CUSTO POR EIXO","R$/t","R$/t","R$/t","R$/t","R$/txkm"]
[null,1,"CAP 50/70","Refinaria Abreu e Lima","Rodovia PE 60, Km 10 - Ipojuca - PE CEP:55590-000",{"$f":"VLOOKUP($W17,'Transporte Cap 50-70'!$C:$AB,7,FALSE)","v":"BETIM - MG"},{"$f":"VLOOKUP($W17,'Transporte Cap 50-70'!$C:$AB,8,FALSE)","v":"Santa Maria da Vitória - BA"},{"$f":"VLOOKUP($W17,'Transporte Cap 50-70'!$C:$AB,9,FALSE)","v":3.18358773955653},{"$f":"VLOOKUP($W17,'Transporte Cap 50-70'!$C:$AB,10,FALSE)","v":3.1350839350716599},{"$f":"VLOOKUP($W17,'Transporte Cap 50-70'!$C:$AB,11,FALSE)","v":3183.5877395565299},{"$f":"VLOOKUP($W17,'Transporte Cap 50-70'!$C:$AB,12,FALSE)","v":879.7},{"$f":"VLOOKUP($W17,'Transporte Cap 50-70'!$C:$AB,13,FALSE)","v":4063.2877395565301},{"$f":"VLOOKUP($W17,'Transporte Cap 50-70'!$C$13:$AB$26,14,FALSE)","v":913},{"$f":"VLOOKUP($W17,'Transporte Cap 50-70'!$C:$AB,15,FALSE)","v":0},{"$f":"VLOOKUP($W17,'Transporte Cap 50-70'!$C:$AB,18,FALSE)","v":257.93},{"$f":"VLOOKUP($W17,'Transporte Cap 50-70'!$C:$AB,19,FALSE)","v":56.61},{"$f":"VLOOKUP($W17,'Transporte Cap 50-70'!$C:$AB,20,FALSE)","v":332.04},{"$f":"VLOOKUP($W17,'Transporte Cap 50-70'!$C:$AB,21,FALSE)","v":646.58000000000004},{"$f":"VLOOKUP($W17,'Transporte Cap 50-70'!$C:$AB,22,FALSE)","v":313.8},{"$f":"VLOOKUP($W17,'Transporte Cap 50-70'!$C:$AB,23,FALSE)","v":25.131644809290218},{"$f":"VLOOKUP($W17,'Transporte Cap 50-70'!$C:$AB,24,FALSE)","v":671.71164480929031},{"$f":"VLOOKUP($W17,'Transporte Cap 50-70'!$C:$AB,25,FALSE)","v":4063.2877395565301},{"$f":"SMALL('Transporte Cap 50-70'!$AB$13:$AB$26,1)","v":4734.9993843658203},{"$f":"ROUND(U17/M17,2)","v":0.74}]
[null,2,null,"Refinaria Potiguar Clara Camarão","Rodovia RN 221, KM 25 - Guamaré - RN CEP:59598-000",{"$f":"VLOOKUP($W18,'Transporte Cap 50-70'!$C:$AB,7,FALSE)","v":"DUQUE DE CAXIAS - RJ"},{"$f":"VLOOKUP($W18,'Transporte Cap 50-70'!$C:$AB,8,FALSE)","v":"Santa Maria da Vitória - BA"},{"$f":"VLOOKUP($W18,'Transporte Cap 50-70'!$C:$AB,9,FALSE)","v":3.0495016314450298},{"$f":"VLOOKUP($W18,'Transporte Cap 50-70'!$C:$AB,10,FALSE)","v":3.1350839350716599},{"$f":"VLOOKUP($W18,'Transporte Cap 50-70'!$C:$AB,11,FALSE)","v":3049.5016314450299},{"$f":"VLOOKUP($W18,'Transporte Cap 50-70'!$C:$AB,12,FALSE)","v":842.65},{"$f":"VLOOKUP($W18,'Transporte Cap 50-70'!$C:$AB,13,FALSE)","v":3892.15163144503},{"$f":"VLOOKUP($W18,'Transporte Cap 50-70'!$C$13:$AB$26,14,FALSE)","v":1318},{"$f":"VLOOKUP($W18,'Transporte Cap 50-70'!$C:$AB,15,FALSE)","v":0},{"$f":"VLOOKUP($W18,'Transporte Cap 50-70'!$C:$AB,18,FALSE)","v":360.39},{"$f":"VLOOKUP($W18,'Transporte Cap 50-70'!$C:$AB,19,FALSE)","v":79.11},{"$f":"VLOOKUP($W18,'Transporte Cap 50-70'!$C:$AB,20,FALSE)","v":463.95},{"$f":"VLOOKUP($W18,'Transporte Cap 50-70'!$C:$AB,21,FALSE)","v":903.45},{"$f":"VLOOKUP($W18,'Transporte Cap 50-70'!$C:$AB,22,FALSE)","v":654},{"$f":"VLOOKUP($W18,'Transporte Cap 50-70'!$C:$AB,23,FALSE)","v":52.377615376914605},{"$f":"VLOOKUP($W18,'Transporte Cap 50-70'!$C:$AB,24,FALSE)","v":955.82761537691465},{"$f":"VLOOKUP($W18,'Transporte Cap 50-70'!$C:$AB,25,FALSE)","v":3892.15163144503},{"$f":"SMALL('Transporte Cap 50-70'!$AB$13:$AB$26,2)","v":4847.9792468219448}]
[null,3,null,"Complexo Petroquímico do Rio de Janeiro (Comperj)","Rodovia Estadual RJ-116 - Km 5,2 - Acesso A-1, s/n, Complemento Sambaetiba - Zona Urbana do 4º Distrito de Itaboraí - RJ CEP:24841-203",{"$f":"VLOOKUP($W19,'Transporte Cap 50-70'!$C:$AB,7,FALSE)","v":"SÃO JOSÉ DOS CAMPOS - SP"},{"$f":"VLOOKUP($W19,'Transporte Cap 50-70'!$C:$AB,8,FALSE)","v":"Santa Maria da Vitória - BA"},{"$f":"VLOOKUP($W19,'Transporte Cap 50-70'!$C:$AB,9,FALSE)","v":3.09725938408747},{"$f":"VLOOKUP($W19,'Transporte Cap 50-70'!$C:$AB,10,FALSE)","v":3.1350839350716599},{"$f":"VLOOKUP($W19,'Transporte Cap 50-70'!$C:$AB,11,FALSE)","v":3097.2593840874702},{"$f":"VLOOKUP($W19,'Transporte Cap 50-70'!$C:$AB,12,FALSE)","v":855.85},{"$f":"VLOOKUP($W19,'Transporte Cap 50-70'!$C:$AB,13,FALSE)","v":3953.1093840874701},{"$f":"VLOOKUP($W19,'Transporte Cap 50-70'!$C$13:$AB$26,14,FALSE)","v":1396},{"$f":"VLOOKUP($W19,'Transporte Cap 50-70'!$C:$AB,15,FALSE)","v":0},{"$f":"VLOOKUP($W19,'Transporte Cap 50-70'!$C:$AB,18,FALSE)","v":380.13},{"$f":"VLOOKUP($W19,'Transporte Cap 50-70'!$C:$AB,19,FALSE)","v":83.44},{"$f":"VLOOKUP($W19,'Transporte Cap 50-70'!$C:$AB,20,FALSE)","v":489.36},{"$f":"VLOOKUP($W19,'Transporte Cap 50-70'!$C:$AB,21,FALSE)","v":952.93000000000006},{"$f":"VLOOKUP($W19,'Transporte Cap 50-70'!$C:$AB,22,FALSE)","v":397.8},{"$f":"VLOOKUP($W19,'Transporte Cap 50-70'!$C:$AB,23,FALSE)","v":31.859044949444389},{"$f":"VLOOKUP($W19,'Transporte Cap 50-70'!$C:$AB,24,FALSE)","v":984.78904494944447},{"$f":"VLOOKUP($W19,'Transporte Cap 50-70'!$C:$AB,25,FALSE)","v":3953.1093840874701},{"$f":"SMALL('Transporte Cap 50-70'!$AB$13:$AB$26,3)","v":4937.8984290369144}]
[null,4,null,null,null,{"$f":"VLOOKUP($W20,'Transporte Cap 50-70'!$C:$AB,7,FALSE)","v":"PAULÍNIA - SP"},{"$f":"VLOOKUP($W20,'Transporte Cap 50-70'!$C:$AB,8,FALSE)","v":"Santa Maria da Vitória - BA"},{"$f":"VLOOKUP($W20,'Transporte Cap 50-70'!$C:$AB,9,FALSE)","v":3.09725938408747},{"$f":"VLOOKUP($W20,'Transporte Cap 50-70'!$C:$AB,10,FALSE)","v":3.1350839350716599},{"$f":"VLOOKUP($W20,'Transporte Cap 50-70'!$C:$AB,11,FALSE)","v":3097.2593840874702},{"$f":"VLOOKUP($W20,'Transporte Cap 50-70'!$C:$AB,12,FALSE)","v":855.85},{"$f":"VLOOKUP($W20,'Transporte Cap 50-70'!$C:$AB,13,FALSE)","v":3953.1093840874701},{"$f":"VLOOKUP($W20,'Transporte Cap 50-70'!$C$13:$AB$26,14,FALSE)","v":1450},{"$f":"VLOOKUP($W20,'Transporte Cap 50-70'!$C:$AB,15,FALSE)","v":0},{"$f":"VLOOKUP($W20,'Transporte Cap 50-70'!$C:$AB,18,FALSE)","v":393.79},{"$f":"VLOOKUP($W20,'Transporte Cap 50-70'!$C:$AB,19,FALSE)","v":86.44},{"$f":"VLOOKUP($W20,'Transporte Cap 50-70'!$C:$AB,20,FALSE)","v":506.95},{"$f":"VLOOKUP($W20,'Transporte Cap 50-70'!$C:$AB,21,FALSE)","v":987.18000000000006},{"$f":"VLOOKUP($W20,'Transporte Cap 50-70'!$C:$AB,22,FALSE)","v":805.9},{"$f":"VLOOKUP($W20,'Transporte Cap 50-70'!$C:$AB,23,FALSE)","v":64.54299729702673},{"$f":"VLOOKUP($W20,'Transporte Cap 50-70'!$C:$AB,24,FALSE)","v":1051.7229972970267},{"$f":"VLOOKUP($W20,'Transporte Cap 50-70'!$C:$AB,25,FALSE)","v":3953.1093840874701},{"$f":"SMALL('Transporte Cap 50-70'!$AB$13:$AB$26,4)","v":5004.8323813844963}]
[null,5,null,null,null,{"$f":"VLOOKUP($W21,'Transporte Cap 50-70'!$C:$AB,7,FALSE)","v":"MAUÁ - SP"},{"$f":"VLOOKUP($W21,'Transporte Cap 50-70'!$C:$AB,8,FALSE)","v":"Santa Maria da Vitória - BA"},{"$f":"VLOOKUP($W21,'Transporte Cap 50-70'!$C:$AB,9,FALSE)","v":3.09725938408747},{"$f":"VLOOKUP($W21,'Transporte Cap 50-70'!$C:$AB,10,FALSE)","v":3.1350839350716599},{"$f":"VLOOKUP($W21,'Transporte Cap 50-70'!$C:$AB,11,FALSE)","v":3097.2593840874702},{"$f":"VLOOKUP($W21,'Transporte Cap 50-70'!$C:$AB,12,FALSE)","v":855.85},{"$f":"VLOOKUP($W21,'Transporte Cap 50-70'!$C:$AB,13,FALSE)","v":3953.1093840874701},{"$f":"VLOOKUP($W21,'Transporte Cap 50-70'!$C$13:$AB$26,14,FALSE)","v":1579},{"$f":"VLOOKUP($W21,'Transporte Cap 50-70'!$C:$AB,15,FALSE)","v":0},{"$f":"VLOOKUP($W21,'Transporte Cap 50-70'!$C:$AB,18,FALSE)","v":426.43},{"$f":"VLOOKUP($W21,'Transporte Cap 50-70'!$C:$AB,19,FALSE)","v":93.6},{"$f":"VLOOKUP($W21,'Transporte Cap 50-70'!$C:$AB,20,FALSE)","v":548.96},{"$f":"VLOOKUP($W21,'Transporte Cap 50-70'!$C:$AB,21,FALSE)","v":1068.99},{"$f":"VLOOKUP($W21,'Transporte Cap 50-70'!$C:$AB,22,FALSE)","v":448.2},{"$f":"VLOOKUP($W21,'Transporte Cap 50-70'!$C:$AB,23,FALSE)","v":35.895485033536886},{"$f":"VLOOKUP($W21,'Transporte Cap 50-70'!$C:$AB,24,FALSE)","v":1104.885485033537},{"$f":"VLOOKUP($W21,'Transporte Cap 50-70'!$C:$AB,25,FALSE)","v":3953.1093840874701},{"$f":"SMALL('Transporte Cap 50-70'!$AB$13:$AB$26,5)","v":5057.9948691210066}]
[null,6,null,null,null,{"$f":"VLOOKUP($W22,'Transporte Cap 50-70'!$C:$AB,7,FALSE)","v":"SÃO FRANCISCO DO CONDE - BA"},{"$f":"VLOOKUP($W22,'Transporte Cap 50-70'!$C:$AB,8,FALSE)","v":"Santa Maria da Vitória - BA"},{"$f":"VLOOKUP($W22,'Transporte Cap 50-70'!$C:$AB,9,FALSE)","v":3.5027457606507899},{"$f":"VLOOKUP($W22,'Transporte Cap 50-70'!$C:$AB,10,FALSE)","v":3.36285188756966},{"$f":"VLOOKUP($W22,'Transporte Cap 50-70'!$C:$AB,11,FALSE)","v":3502.7457606507901},{"$f":"VLOOKUP($W22,'Transporte Cap 50-70'!$C:$AB,12,FALSE)","v":967.89},{"$f":"VLOOKUP($W22,'Transporte Cap 50-70'!$C:$AB,13,FALSE)","v":4470.63576065079},{"$f":"VLOOKUP($W22,'Transporte Cap 50-70'!$C$13:$AB$26,14,FALSE)","v":831},{"$f":"VLOOKUP($W22,'Transporte Cap 50-70'!$C:$AB,15,FALSE)","v":0},{"$f":"VLOOKUP($W22,'Transporte Cap 50-70'!$C:$AB,18,FALSE)","v":237.18},{"$f":"VLOOKUP($W22,'Transporte Cap 50-70'!$C:$AB,19,FALSE)","v":52.06},{"$f":"VLOOKUP($W22,'Transporte Cap 50-70'!$C:$AB,20,FALSE)","v":305.33},{"$f":"VLOOKUP($W22,'Transporte Cap 50-70'!$C:$AB,21,FALSE)","v":594.56999999999994},{"$f":"VLOOKUP($W22,'Transporte Cap 50-70'!$C:$AB,22,FALSE)","v":55.2},{"$f":"VLOOKUP($W22,'Transporte Cap 50-70'!$C:$AB,23,FALSE)","v":4.4208629492441691},{"$f":"VLOOKUP($W22,'Transporte Cap 50-70'!$C:$AB,24,FALSE)","v":598.99086294924416},{"$f":"VLOOKUP($W22,'Transporte Cap 50-70'!$C:$AB,25,FALSE)","v":4470.63576065079},{"$f":"SMALL('Transporte Cap 50-70'!$AB$13:$AB$26,6)","v":5069.6266236000338}]
[{"$nulls":14},{"$f":"VLOOKUP($W23,'Transporte Cap 50-70'!$C:$AB,18,FALSE)","v":{"$error":"#N/A"}},null,null,{"$f":"VLOOKUP($W23,'Transporte Cap 50-70'!$C:$AB,21,FALSE)","v":{"$error":"#N/A"}}]
[{"$nulls":14},{"$f":"VLOOKUP($W24,'Transporte Cap 50-70'!$C:$AB,18,FALSE)","v":{"$error":"#N/A"}},null,null,{"$f":"VLOOKUP($W24,'Transporte Cap 50-70'!$C:$AB,21,FALSE)","v":{"$error":"#N/A"}}]
[{"$nulls":14},{"$f":"VLOOKUP($W25,'Transporte Cap 50-70'!$C:$AB,18,FALSE)","v":{"$error":"#N/A"}},null,null,{"$f":"VLOOKUP($W25,'Transporte Cap 50-70'!$C:$AB,21,FALSE)","v":{"$error":"#N/A"}}]
[{"$nulls":14},{"$f":"VLOOKUP($W26,'Transporte Cap 50-70'!$C:$AB,18,FALSE)","v":{"$error":"#N/A"}},null,null,{"$f":"VLOOKUP($W26,'Transporte Cap 50-70'!$C:$AB,21,FALSE)","v":{"$error":"#N/A"}}]
[{"$nulls":14},{"$f":"VLOOKUP($W27,'Transporte Cap 50-70'!$C:$AB,18,FALSE)","v":{"$error":"#N/A"}},null,null,{"$f":"VLOOKUP($W27,'Transporte Cap 50-70'!$C:$AB,21,FALSE)","v":{"$error":"#N/A"}}]
[null,1,"CAP MODIF. C/ POLÍMERO 60/85","Refinaria Abreu e Lima","Rodovia PE 60, Km 10 - Ipojuca - PE CEP:55590-000",{"$error":"#REF!"},"Palmas - TO",2.2618949483203101,2.353413905075,2261.89494832031,393.19,2655.0849483203101,1181,1181,{"$f":"VLOOKUP($W28,'Transporte Cap 50-70'!$C:$AB,18,FALSE)","v":{"$error":"#N/A"}},44.41,202.55,{"$f":"VLOOKUP($W28,'Transporte Cap 50-70'!$C:$AB,21,FALSE)","v":{"$error":"#N/A"}},102,102,674.69,2655.0849483203101,3329.7749483203102]
[null,2,null,"Refinaria Potiguar Clara Camarão","Rodovia RN 221, KM 25 - Guamaré - RN CEP:59598-000","UBERLANDIA - MG","Palmas - TO",2.2618949483203101,2.353413905075,2261.89494832031,393.19,2655.0849483203101,1182,1182,{"$f":"VLOOKUP($W29,'Transporte Cap 50-70'!$C:$AB,18,FALSE)","v":{"$error":"#N/A"}},44.45,202.71,{"$f":"VLOOKUP($W29,'Transporte Cap 50-70'!$C:$AB,21,FALSE)","v":{"$error":"#N/A"}},102,102,675.14,2655.0849483203101,3330.22494832031]
[null,3,null,"Complexo Petroquímico do Rio de Janeiro (Comperj)","Rodovia Estadual RJ-116 - Km 5,2 - Acesso A-1, s/n, Complemento Sambaetiba - Zona Urbana do 4º Distrito de Itaboraí - RJ CEP:24841-203","GOIANIRA - GO","Palmas - TO","",2.5552069552432601,2555.2069552432599,444.18,2999.3869552432602,814,814,{"$f":"VLOOKUP($W30,'Transporte Cap 50-70'!$C:$AB,18,FALSE)","v":{"$error":"#N/A"}},31.75,144.81,{"$f":"VLOOKUP($W30,'Transporte Cap 50-70'!$C:$AB,21,FALSE)","v":{"$error":"#N/A"}},0,0,409.44,2999.3869552432602,3408.8269552432598]
[null,4,null,null,null,"BRASÍLIA - DF","Palmas - TO","",2.5552069552432601,2555.2069552432599,444.18,2999.3869552432602,822,822,{"$f":"VLOOKUP($W31,'Transporte Cap 50-70'!$C:$AB,18,FALSE)","v":{"$error":"#N/A"}},32.03,146.07,{"$f":"VLOOKUP($W31,'Transporte Cap 50-70'!$C:$AB,21,FALSE)","v":{"$error":"#N/A"}},0,0,413,2999.3869552432602,3412.3869552432602]
[null,5,null,null,null,"APARECIDA DE GOIANIA - GO","Palmas - TO","",2.5552069552432601,2555.2069552432599,444.18,2999.3869552432602,842,842,{"$f":"VLOOKUP($W32,'Transporte Cap 50-70'!$C:$AB,18,FALSE)","v":{"$error":"#N/A"}},32.72,149.22,{"$f":"VLOOKUP($W32,'Transporte Cap 50-70'!$C:$AB,21,FALSE)","v":{"$error":"#N/A"}},0,0,421.9,2999.3869552432602,3421.2869552432599]
[null,6,null,null,null,"ANÁPOLIS - GO","Palmas - TO","",2.5552069552432601,2555.2069552432599,444.18,2999.3869552432602,950,950,{"$f":"VLOOKUP($W33,'Transporte Cap 50-70'!$C:$AB,18,FALSE)","v":{"$error":"#N/A"}},36.44,166.21,{"$f":"VLOOKUP($W33,'Transporte Cap 50-70'!$C:$AB,21,FALSE)","v":{"$error":"#N/A"}},0,0,469.93,2999.3869552432602,3469.3169552432601]
[]
[null,1,"EAI","Refinaria Abreu e Lima","Rodovia PE 60, Km 10 - Ipojuca - PE CEP:55590-000",{"$f":"VLOOKUP($W35,'Transporte EAI'!$B$13:$AA$26,7,FALSE)","v":"SÃO FRANCISCO DO CONDE - BA"},{"$f":"VLOOKUP($W35,'Transporte EAI'!$B$13:$AA$26,8,FALSE)","v":"Santa Maria da Vitória - BA"},{"$f":"VLOOKUP($W35,'Transporte EAI'!$B$13:$AA$26,9,FALSE)","v":"-"},{"$f":"VLOOKUP($W35,'Transporte EAI'!$B$13:$AA$26,10,FALSE)","v":2.2519800763491},{"$f":"VLOOKUP($W35,'Transporte EAI'!$B$13:$AA$26,11,FALSE)","v":2251.9800763490998},{"$f":"VLOOKUP($W35,'Transporte EAI'!$B$13:$AA$26,12,FALSE)","v":622.28},{"$f":"VLOOKUP($W35,'Transporte EAI'!$B$13:$AA$26,13,FALSE)","v":2874.2600763491},{"$f":"VLOOKUP($W35,'Transporte EAI'!$B$13:$AA$26,14,FALSE)","v":831},{"$f":"VLOOKUP($W35,'Transporte EAI'!$B$13:$AA$26,15,FALSE)","v":0},{"$f":"VLOOKUP($W35,'Transporte EAI'!$B$13:$AA$26,18,FALSE)","v":237.18},{"$f":"VLOOKUP($W35,'Transporte EAI'!$B$13:$AA$26,19,FALSE)","v":52.06},{"$f":"VLOOKUP($W35,'Transporte EAI'!$B$13:$AA$26,20,FALSE)","v":305.33},{"$f":"VLOOKUP($W35,'Transporte EAI'!$B$13:$AA$26,21,FALSE)","v":594.56999999999994},{"$f":"VLOOKUP($W35,'Transporte EAI'!$B$13:$AA$26,22,FALSE)","v":55.2},{"$f":"VLOOKUP($W35,'Transporte EAI'!$B$13:$AA$26,23,FALSE)","v":6.452367036820573},{"$f":"VLOOKUP($W35,'Transporte EAI'!$B$13:$AA$26,24,FALSE)","v":601.02236703682047},{"$f":"VLOOKUP($W35,'Transporte EAI'!$B:$AA,25,FALSE)","v":2874.2600763491},{"$f":"SMALL('Transporte EAI'!$AA$13:$AA$26,1)","v":3475.2824433859205},{"$f":"ROUND(U35/M35,2)","v":0.72}]
[null,2,null,"Refinaria Potiguar Clara Camarão","Rodovia RN 221, KM 25 - Guamaré - RN CEP:59598-000",{"$f":"VLOOKUP($W36,'Transporte EAI'!$B$13:$AA$26,7,FALSE)","v":"BETIM - MG"},{"$f":"VLOOKUP($W36,'Transporte EAI'!$B$13:$AA$26,8,FALSE)","v":"Santa Maria da Vitória - BA"},{"$f":"VLOOKUP($W36,'Transporte EAI'!$B$13:$AA$26,9,FALSE)","v":2.2056064964886599},{"$f":"VLOOKUP($W36,'Transporte EAI'!$B$13:$AA$26,10,FALSE)","v":2.24844447207736},{"$f":"VLOOKUP($W36,'Transporte EAI'!$B$13:$AA$26,11,FALSE)","v":2205.60649648866},{"$f":"VLOOKUP($W36,'Transporte EAI'!$B$13:$AA$26,12,FALSE)","v":609.46},{"$f":"VLOOKUP($W36,'Transporte EAI'!$B$13:$AA$26,13,FALSE)","v":2815.0664964886601},{"$f":"VLOOKUP($W36,'Transporte EAI'!$B$13:$AA$26,14,FALSE)","v":913},{"$f":"VLOOKUP($W36,'Transporte EAI'!$B$13:$AA$26,15,FALSE)","v":0},{"$f":"VLOOKUP($W36,'Transporte EAI'!$B$13:$AA$26,18,FALSE)","v":257.93},{"$f":"VLOOKUP($W36,'Transporte EAI'!$B$13:$AA$26,19,FALSE)","v":56.61},{"$f":"VLOOKUP($W36,'Transporte EAI'!$B$13:$AA$26,20,FALSE)","v":332.04},{"$f":"VLOOKUP($W36,'Transporte EAI'!$B$13:$AA$26,21,FALSE)","v":646.58000000000004},{"$f":"VLOOKUP($W36,'Transporte EAI'!$B$13:$AA$26,22,FALSE)","v":313.8},{"$f":"VLOOKUP($W36,'Transporte EAI'!$B$13:$AA$26,23,FALSE)","v":36.680303915838692},{"$f":"VLOOKUP($W36,'Transporte EAI'!$B$13:$AA$26,24,FALSE)","v":683.26030391583868},{"$f":"VLOOKUP($W36,'Transporte EAI'!$B:$AA,25,FALSE)","v":2815.0664964886601},{"$f":"SMALL('Transporte EAI'!$AA$13:$AA$26,2)","v":3498.3268004044985}]
[null,3,null,"Complexo Petroquímico do Rio de Janeiro (Comperj)","Rodovia Estadual RJ-116 - Km 5,2 - Acesso A-1, s/n, Complemento Sambaetiba - Zona Urbana do 4º Distrito de Itaboraí - RJ CEP:24841-203",{"$f":"VLOOKUP($W37,'Transporte EAI'!$B$13:$AA$26,7,FALSE)","v":"DUQUE DE CAXIAS - RJ"},{"$f":"VLOOKUP($W37,'Transporte EAI'!$B$13:$AA$26,8,FALSE)","v":"Santa Maria da Vitória - BA"},{"$f":"VLOOKUP($W37,'Transporte EAI'!$B$13:$AA$26,9,FALSE)","v":"-"},{"$f":"VLOOKUP($W37,'Transporte EAI'!$B$13:$AA$26,10,FALSE)","v":2.24844447207736},{"$f":"VLOOKUP($W37,'Transporte EAI'!$B$13:$AA$26,11,FALSE)","v":2248.4444720773599},{"$f":"VLOOKUP($W37,'Transporte EAI'!$B$13:$AA$26,12,FALSE)","v":621.29999999999995},{"$f":"VLOOKUP($W37,'Transporte EAI'!$B$13:$AA$26,13,FALSE)","v":2869.7444720773601},{"$f":"VLOOKUP($W37,'Transporte EAI'!$B$13:$AA$26,14,FALSE)","v":1318},{"$f":"VLOOKUP($W37,'Transporte EAI'!$B$13:$AA$26,15,FALSE)","v":0},{"$f":"VLOOKUP($W37,'Transporte EAI'!$B$13:$AA$26,18,FALSE)","v":360.39},{"$f":"VLOOKUP($W37,'Transporte EAI'!$B$13:$AA$26,19,FALSE)","v":79.11},{"$f":"VLOOKUP($W37,'Transporte EAI'!$B$13:$AA$26,20,FALSE)","v":463.95},{"$f":"VLOOKUP($W37,'Transporte EAI'!$B$13:$AA$26,21,FALSE)","v":903.45},{"$f":"VLOOKUP($W37,'Transporte EAI'!$B$13:$AA$26,22,FALSE)","v":654},{"$f":"VLOOKUP($W37,'Transporte EAI'!$B$13:$AA$26,23,FALSE)","v":76.446522501461132},{"$f":"VLOOKUP($W37,'Transporte EAI'!$B$13:$AA$26,24,FALSE)","v":979.89652250146116},{"$f":"VLOOKUP($W37,'Transporte EAI'!$B:$AA,25,FALSE)","v":2869.7444720773601},{"$f":"SMALL('Transporte EAI'!$AA$13:$AA$26,3)","v":3849.6409945788214}]
[null,4,null,null,null,{"$f":"VLOOKUP($W38,'Transporte EAI'!$B$13:$AA$26,7,FALSE)","v":"FORTALEZA - CE"},{"$f":"VLOOKUP($W38,'Transporte EAI'!$B$13:$AA$26,8,FALSE)","v":"Santa Maria da Vitória - BA"},{"$f":"VLOOKUP($W38,'Transporte EAI'!$B$13:$AA$26,9,FALSE)","v":2.2489477395991},{"$f":"VLOOKUP($W38,'Transporte EAI'!$B$13:$AA$26,10,FALSE)","v":2.2519800763491},{"$f":"VLOOKUP($W38,'Transporte EAI'!$B$13:$AA$26,11,FALSE)","v":2248.9477395990998},{"$f":"VLOOKUP($W38,'Transporte EAI'!$B$13:$AA$26,12,FALSE)","v":621.44000000000005},{"$f":"VLOOKUP($W38,'Transporte EAI'!$B$13:$AA$26,13,FALSE)","v":2870.3877395990999},{"$f":"VLOOKUP($W38,'Transporte EAI'!$B$13:$AA$26,14,FALSE)","v":1452},{"$f":"VLOOKUP($W38,'Transporte EAI'!$B$13:$AA$26,15,FALSE)","v":0},{"$f":"VLOOKUP($W38,'Transporte EAI'!$B$13:$AA$26,18,FALSE)","v":394.3},{"$f":"VLOOKUP($W38,'Transporte EAI'!$B$13:$AA$26,19,FALSE)","v":86.55},{"$f":"VLOOKUP($W38,'Transporte EAI'!$B$13:$AA$26,20,FALSE)","v":507.6},{"$f":"VLOOKUP($W38,'Transporte EAI'!$B$13:$AA$26,21,FALSE)","v":988.45},{"$f":"VLOOKUP($W38,'Transporte EAI'!$B$13:$AA$26,22,FALSE)","v":0},{"$f":"VLOOKUP($W38,'Transporte EAI'!$B$13:$AA$26,23,FALSE)","v":0},{"$f":"VLOOKUP($W38,'Transporte EAI'!$B$13:$AA$26,24,FALSE)","v":988.45},{"$f":"VLOOKUP($W38,'Transporte EAI'!$B:$AA,25,FALSE)","v":2870.3877395990999},{"$f":"SMALL('Transporte EAI'!$AA$13:$AA$26,4)","v":3858.8377395991001}]
[null,5,null,null,null,{"$f":"VLOOKUP($W39,'Transporte EAI'!$B$13:$AA$26,7,FALSE)","v":"IPOJUCA - PE"},{"$f":"VLOOKUP($W39,'Transporte EAI'!$B$13:$AA$26,8,FALSE)","v":"Santa Maria da Vitória - BA"},{"$f":"VLOOKUP($W39,'Transporte EAI'!$B$13:$AA$26,9,FALSE)","v":"-"},{"$f":"VLOOKUP($W39,'Transporte EAI'!$B$13:$AA$26,10,FALSE)","v":2.2519800763491},{"$f":"VLOOKUP($W39,'Transporte EAI'!$B$13:$AA$26,11,FALSE)","v":2251.9800763490998},{"$f":"VLOOKUP($W39,'Transporte EAI'!$B$13:$AA$26,12,FALSE)","v":622.28},{"$f":"VLOOKUP($W39,'Transporte EAI'!$B$13:$AA$26,13,FALSE)","v":2874.2600763491},{"$f":"VLOOKUP($W39,'Transporte EAI'!$B$13:$AA$26,14,FALSE)","v":1519},{"$f":"VLOOKUP($W39,'Transporte EAI'!$B$13:$AA$26,15,FALSE)","v":0},{"$f":"VLOOKUP($W39,'Transporte EAI'!$B$13:$AA$26,18,FALSE)","v":411.25},{"$f":"VLOOKUP($W39,'Transporte EAI'!$B$13:$AA$26,19,FALSE)","v":90.27},{"$f":"VLOOKUP($W39,'Transporte EAI'!$B$13:$AA$26,20,FALSE)","v":529.41999999999996},{"$f":"VLOOKUP($W39,'Transporte EAI'!$B$13:$AA$26,21,FALSE)","v":1030.94},{"$f":"VLOOKUP($W39,'Transporte EAI'!$B$13:$AA$26,22,FALSE)","v":35.4},{"$f":"VLOOKUP($W39,'Transporte EAI'!$B$13:$AA$26,23,FALSE)","v":4.1379310344827589},{"$f":"VLOOKUP($W39,'Transporte EAI'!$B$13:$AA$26,24,FALSE)","v":1035.0779310344828},{"$f":"VLOOKUP($W39,'Transporte EAI'!$B:$AA,25,FALSE)","v":2874.2600763491},{"$f":"SMALL('Transporte EAI'!$AA$13:$AA$26,5)","v":3909.3380073835829}]
[null,6,null,null,null,{"$f":"VLOOKUP($W40,'Transporte EAI'!$B$13:$AA$26,7,FALSE)","v":"GUAMARÉ - RN"},{"$f":"VLOOKUP($W40,'Transporte EAI'!$B$13:$AA$26,8,FALSE)","v":"Santa Maria da Vitória - BA"},{"$f":"VLOOKUP($W40,'Transporte EAI'!$B$13:$AA$26,9,FALSE)","v":"-"},{"$f":"VLOOKUP($W40,'Transporte EAI'!$B$13:$AA$26,10,FALSE)","v":2.2519800763491},{"$f":"VLOOKUP($W40,'Transporte EAI'!$B$13:$AA$26,11,FALSE)","v":2251.9800763490998},{"$f":"VLOOKUP($W40,'Transporte EAI'!$B$13:$AA$26,12,FALSE)","v":622.28},{"$f":"VLOOKUP($W40,'Transporte EAI'!$B$13:$AA$26,13,FALSE)","v":2874.2600763491},{"$f":"VLOOKUP($W40,'Transporte EAI'!$B$13:$AA$26,14,FALSE)","v":1657},{"$f":"VLOOKUP($W40,'Transporte EAI'!$B$13:$AA$26,15,FALSE)","v":0},{"$f":"VLOOKUP($W40,'Transporte EAI'!$B$13:$AA$26,18,FALSE)","v":446.16},{"$f":"VLOOKUP($W40,'Transporte EAI'!$B$13:$AA$26,19,FALSE)","v":97.93},{"$f":"VLOOKUP($W40,'Transporte EAI'!$B$13:$AA$26,20,FALSE)","v":574.36},{"$f":"VLOOKUP($W40,'Transporte EAI'!$B$13:$AA$26,21,FALSE)","v":1118.45},{"$f":"VLOOKUP($W40,'Transporte EAI'!$B$13:$AA$26,22,FALSE)","v":0},{"$f":"VLOOKUP($W40,'Transporte EAI'!$B$13:$AA$26,23,FALSE)","v":0},{"$f":"VLOOKUP($W40,'Transporte EAI'!$B$13:$AA$26,24,FALSE)","v":1118.45},{"$f":"VLOOKUP($W40,'Transporte EAI'!$B:$AA,25,FALSE)","v":2874.2600763491},{"$f":"SMALL('Transporte EAI'!$AA$13:$AA$26,6)","v":3992.7100763490998}]
[]
[]
[]
[]
[]
[null,"VALOR TOTAL "]

{"sheet":"MOMENTO DE TRANSPORTE - PRINC","index":10,"n_rows":61,"n_cols":12,"rows_kept":61,"cut":false,"hidden":false,"merged":[[54,1,55,2],[39,1,40,2],[26,1,27,2],[13,1,14,2],[48,7,48,10],[53,3,53,7],[54,5,54,7],[56,5,56,7],[13,3,14,3],[26,3,27,3],[39,3,40,3],[54,3,55,3],[13,4,14,4],[26,4,27,4],[39,4,40,4],[54,4,55,4],[38,3,38,7],[39,5,39,7],[42,5,42,7],[47,2,47,7],[47,9,47,10],[26,5,26,7],[30,5,30,7],[35,2,35,7],[35,9,35,10],[36,7,36,10],[16,5,16,7],[22,2,22,7],[22,9,22,10],[23,7,23,10],[25,3,25,7],[9,2,9,7],[9,9,9,10],[10,7,10,10],[12,3,12,7],[13,5,13,7]]}
[null,"ESTADO:","Bahia","DATA BASE:","2023-09-01"]
[]
[null,null,null,"TIPO (P, RP ou LN)","DMT ESTIMADA"]
[null,null,null,"P",10]
[]
[null,"PRINCIPAL"]
[]
[null,"SISTEMA DE CUSTOS REFERENCIAIS DE OBRAS - SICRO",null,null,{"$f":"$C$1","v":"Bahia"}]
[null,"Custo Unitário de Referência",null,null,{"$f":"$E$1","v":"2023-09-01"},null,null,null,"Quantitativo",null,"t"]
[null,4011463,"Concreto asfáltico - faixa C - areia e brita comerciais",{"$nulls":5},{"$f":"SUMIF('RESUMO MODULO TOTAL'!D:D,B10,'RESUMO MODULO TOTAL'!J:J)","v":1579.8006}]
[null,"D - ATIVIDADES AUXILIARES",null,"Quantidade","Unidade"]
[null,6416078,"Usinagem de concreto asfáltico - faixa C - areia e brita comerciais",1.02,"t"]
[]
[null,"F - MOMENTO DE TRANSPORTE",null,"Quantidade","Unidade","CÓDIGO TRANSPORTE"]
[{"$nulls":5},"LN","RP","P","TIPO (P, RP ou LN)","DMT ESTIMADA (km)","QUANTITATIVO TOTAL DE TRANSPORTE (tkm)"]
[{"$f":"IF(I16=\"P\",H16,IF(I16=\"RP\",G16,IF(I16=\"LN\",F16,\"\")))","v":5914389},"6416078","Usinagem de concreto asfáltico - faixa C - areia e brita comerciais - Caminhão basculante 10 m³",1.02,"tkm",5914359,5914374,5914389,"P",10,{"$f":"IF(ISBLANK(J16),\"\",J16*D16)*I10","v":16113.966119999999}]
[""]
["","Obs."]
[]
[""]
["","SISTEMA DE CUSTOS REFERENCIAIS DE OBRAS - SICRO",null,null,{"$f":"$C$1","v":"Bahia"}]
["","Custo Unitário de Referência",null,null,{"$f":"$E$1","v":"2023-09-01"},null,null,null,"Quantitativo",null,"m³"]
["",4011256,"Base estabilizada granulometricamente com mistura solo brita (70% - 30%) na pista com material de jazida e brita comercial",{"$nulls":5},{"$f":"SUMIF('RESUMO MODULO TOTAL'!D:D,B23,'RESUMO MODULO TOTAL'!J:J)","v":1974.7507499999997}]
["","D - ATIVIDADES AUXILIARES",null,"Quantidade","Unidade"]
["","4016096","Escavação e carga de material de jazida com escavadeira hidráulica de 1,56 m³",0.77019000000000004,"m³"]
[""]
["","F - MOMENTO DE TRANSPORTE",null,"Quantidade","Unidade","CÓDIGO TRANSPORTE"]
["",{"$nulls":4},"LN","RP","P","TIPO (P, RP ou LN)","DMT ESTIMADA (km)","QUANTITATIVO TOTAL DE TRANSPORTE (tkm)"]
[{"$f":"IF(I29=\"P\",H29,IF(I29=\"RP\",G29,IF(I29=\"LN\",F29,\"\")))","v":5914389},"4016096","Escavação e carga de material de jazida com escavadeira hidráulica de 1,56 m³ - Caminhão basculante 10 m³",1.44411,"tkm",5914359,5914374,5914389,"P",{"$f":"'MC MODULO'!I29","v":11.3},{"$f":"I23*D29*J29","v":32224.857553082249}]
[{"$f":"IF(I30=\"P\",H30,IF(I30=\"RP\",G30,IF(I30=\"LN\",F30,\"\")))","v":5914389},"M0191","Brita 1 - Caminhão basculante 10 m³",0.61890000000000001,"tkm",5914359,5914374,5914389,"P",{"$f":"'MC MODULO'!I30","v":7.8},{"$f":"I23*D30*J30","v":9532.9512655649996}]
[""]
["","Obs."]
[""]
["","SISTEMA DE CUSTOS REFERENCIAIS DE OBRAS - SICRO",null,null,{"$f":"$C$1","v":"Bahia"}]
["","Custo Unitário de Referência",null,null,{"$f":"$E$1","v":"2023-09-01"},null,null,null,"Quantitativo",null,"m³"]
["",4011228,"Sub-base estabilizada granulometricamente com mistura de solos na pista com material de jazida",{"$nulls":5},{"$f":"SUMIF('RESUMO MODULO TOTAL'!D:D,B36,'RESUMO MODULO TOTAL'!J:J)","v":1974.7507499999997}]
["","D - ATIVIDADES AUXILIARES",null,"Quantidade","Unidade"]
["","4016096","Escavação e carga de material de jazida com escavadeira hidráulica de 1,56 m³",1.1002700000000001,"m³"]
[""]
["","F - MOMENTO DE TRANSPORTE",null,"Quantidade","Unidade","CÓDIGO TRANSPORTE"]
["",{"$nulls":4},"LN","RP","P","TIPO (P, RP ou LN)","DMT ESTIMADA (km)","QUANTITATIVO TOTAL DE TRANSPORTE (tkm)"]
[{"$f":"IF(I42=\"P\",H42,IF(I42=\"RP\",G42,IF(I42=\"LN\",F42,\"\")))","v":5914389},"4016096","Escavação e carga de material de jazida com escavadeira hidráulica de 1,56 m³ - Caminhão basculante 10 m³",2.0630099999999998,"tkm",5914359,5914374,5914389,"P",{"$f":"'MC MODULO'!I29","v":11.3},{"$f":"IF(ISBLANK(J42),\"\",J42*D42)*I36","v":46035.415155759743}]
[""]
[null,"Obs."]
[]
["","VALOR TOTAL ",null,null,{"$f":"$C$1","v":"Bahia"}]
["","Custo Unitário de Referência",null,null,{"$f":"$E$1","v":"2023-09-01"},null,null,null,"Quantitativo",null,"m"]
["",2003373,"Meio-fio de concreto - MFC 03 - areia e brita comerciais - fôrma de madeira",{"$nulls":5},{"$f":"SUMIF('RESUMO MODULO TOTAL'!D:D,B48,'RESUMO MODULO TOTAL'!J:J)","v":4281}]
["","D - ATIVIDADES AUXILIARES",null,"Quantidade","Unidade"]
[null,1107892," Concreto fck = 20 MPa - confecção em betoneira e lançamento manual - areia e brita comerciais",4.2000000000000003E-2,"m³",{"$nulls":6},{"$f":"I48*D50","v":179.80200000000002}]
[null,2003842,"Enchimento de junta de concreto com argamassa asfáltica de densidade 1.700 kg/m³ - espessura de 1 cm",5.9499999999999997E-2,"kg",{"$nulls":6},{"$f":"I48*D51","v":254.71949999999998}]
[null,4805750,"Escavação manual em material de 1ª categoria na profundidade de até 1 m",0.03,"m³"]
[null,3103302," Fôrmas de tábuas de pinho para dispositivos de drenagem - utilização de 3 vezes - confecção, instalação e retirada",8.6699999999999999E-2,"m²",{"$nulls":6},{"$f":"D53*I48","v":371.16269999999997}]
[""]
["","F - MOMENTO DE TRANSPORTE",null,"Quantidade","Unidade","CÓDIGO TRANSPORTE"]
["",{"$nulls":4},"LN","RP","P","TIPO (P, RP ou LN)","DMT ESTIMADA (km)","QUANTITATIVO TOTAL DE TRANSPORTE (tkm)"]
[""]
[]
[{"$nulls":9},"10m³",{"$f":"K42+K29+K16+K30","v":103907.19009440699}]
[{"$nulls":9},"10m³",{"$f":"'MOMENTO DE TRANSPORTE - AUX'!L56","v":17880.306078549602}]
[{"$nulls":10},{"$f":"K59+K60","v":121787.4961729566}]

{"sheet":"MOMENTO DE TRANSPORTE - AUX","index":11,"n_rows":56,"n_cols":12,"rows_kept":56,"cut":false,"hidden":false,"merged":[[42,3,42,8],[42,10,42,11],[43,6,43,8],[49,6,49,8],[6,4,7,4],[20,4,21,4],[34,4,35,4],[43,4,44,4],[6,5,7,5],[20,5,21,5],[34,5,35,5],[43,5,44,5],[20,2,21,3],[6,2,7,3],[43,2,44,3],[34,2,35,3],[20,6,20,8],[27,6,27,8],[33,3,33,8],[33,10,33,11],[34,6,34,8],[5,3,5,8],[5,10,5,11],[6,6,6,8],[13,6,13,8],[19,3,19,8],[19,10,19,11]]}
[]
[null,null,"AUXILIAR"]
[]
[null,null,"SISTEMA DE CUSTOS REFERENCIAIS DE OBRAS - SICRO",null,null,{"$f":"'MOMENTO DE TRANSPORTE - PRINC'!$C$1","v":"Bahia"},null,null,null,"Quantitivo"]
[null,null,"Custo Unitário de Referência",null,null,{"$f":"'MOMENTO DE TRANSPORTE - PRINC'!$E$1","v":"2023-09-01"},null,null,null,"(Coeficiente na composição principal) x (quantidade da principal no orçamento)",null,"t"]
[null,null,6416078,"Usinagem de concreto asfáltico - faixa C - areia e brita comerciais",{"$nulls":5},{"$f":"'MOMENTO DE TRANSPORTE - PRINC'!D12*VLOOKUP(D15,'RESUMO MODULO TOTAL'!D:O,7,FALSE)","v":1611.396612}]
[null,null,"F - MOMENTO DE TRANSPORTE",null,"Quantidade","Unidade","DMT"]
[{"$nulls":6},"LN","RP","P","TIPO (P, RP ou LN)","DMT ESTIMADA (km)","QUANTITATIVO TOTAL DE TRANSPORTE DE MATERIAL (tkm)"]
[{"$f":"IF(J9=\"P\",I9,IF(J9=\"RP\",H9,IF(J9=\"LN\",G9,\"\")))","v":5914389},null,"M0028","Areia média - Caminhão basculante 10 m³",0.48713000000000001,"tkm",5914359,5914374,5914389,"P",10,{"$f":"IF(ISBLANK(K9),\"\",K9*(E9*$J$6))","v":7849.5963160356005}]
[{"$f":"IF(J10=\"P\",I10,IF(J10=\"RP\",H10,IF(J10=\"LN\",G10,\"\")))","v":5914389},null,"M0005","Brita 0 - Caminhão basculante 10 m³",9.3679999999999999E-2,"tkm",5914359,5914374,5914389,"P",10,{"$f":"IF(ISBLANK(K10),\"\",K10*(E10*$J$6))","v":1509.5563461216}]
[5914389,null,"M0191","Brita 1 - Caminhão basculante 10 m³",9.3679999999999999E-2,"tkm",5914359,5914374,5914389,"P",10,1509.5563461216]
[5914366,null,"M0344","Cal hidratada - a granel - Caminhão silo 30 m³",5.62E-2,"tkm",5914364,5914365,5914366,"P",0,0]
[5914389,null,"M1103","Pedrisco - Caminhão basculante 10 m³",0.20609,"tkm",5914359,5914374,5914389,"P",10,3320.9272776708003]
[""]
[null,null,"PRINCIPAL:",4011463]
[]
[]
["",null,"SISTEMA DE CUSTOS REFERENCIAIS DE OBRAS - SICRO",null,null,{"$f":"'MOMENTO DE TRANSPORTE - PRINC'!$C$1","v":"Bahia"},null,null,null,"Quantitivo"]
["",null,"Custo Unitário de Referência",null,null,{"$f":"'MOMENTO DE TRANSPORTE - PRINC'!$E$1","v":"2023-09-01"},null,null,null,"(Coeficiente na composição principal) x (quantidade da principal no orçamento)",null,"m³"]
["",null,1107892,"Concreto fck = 20 MPa - confecção em betoneira e lançamento manual - areia e brita comerciais",{"$nulls":5},{"$f":"'MOMENTO DE TRANSPORTE - PRINC'!D50*VLOOKUP(D29,'RESUMO MODULO TOTAL'!D:O,7,FALSE)","v":179.80200000000002}]
["",null,"F - MOMENTO DE TRANSPORTE",null,"Quantidade","Unidade","DMT"]
["",{"$nulls":5},"LN","RP","P","TIPO (P, RP ou LN)","DMT ESTIMADA (km)","QUANTITATIVO TOTAL DE TRANSPORTE DE MATERIAL (tkm)"]
[{"$f":"IF(J23=\"P\",I23,IF(J23=\"RP\",H23,IF(J23=\"LN\",G23,\"\")))","v":5914479},null,"M0030","Aditivo plastificante e retardador de pega para concreto e argamassa - Caminhão carroceria 15 t",8.4999999999999995E-4,"tkm",5914449,5914464,5914479,"P",10,{"$f":"IF(ISBLANK(K23),\"\",K23*(E23*$J$20))","v":1.5283170000000001}]
[{"$f":"IF(J24=\"P\",I24,IF(J24=\"RP\",H24,IF(J24=\"LN\",G24,\"\")))","v":5914389},null,"M0082","Areia média lavada - Caminhão basculante 10 m³",0.95001000000000002,"tkm",5914359,5914374,5914389,"P",10,{"$f":"IF(ISBLANK(K24),\"\",K24*(E24*$J$20))","v":1708.1369802000004}]
[5914389,null,"M0191","Brita 1 - Caminhão basculante 10 m³",0.55130999999999997,"tkm",5914359,5914374,5914389,"P",10,991.26640620000001]
[5914389,null,"M0192","Brita 2 - Caminhão basculante 10 m³",0.55130999999999997,"tkm",5914359,5914374,5914389,"P",10,991.26640620000001]
[5914479,null,"M0424","Cimento Portland CP II - 32 - saco - Caminhão carroceria 15 t",0.28215000000000001,"tkm",5914449,5914464,5914479,"P",10,507.31134300000008]
[""]
[null,null,"PRINCIPAL:",{"$f":"'MOMENTO DE TRANSPORTE - PRINC'!B48","v":2003373}]
[]
[]
[null,null,"SISTEMA DE CUSTOS REFERENCIAIS DE OBRAS - SICRO",null,null,{"$f":"F4","v":"Bahia"},null,null,null,"Quantitivo"]
[null,null,"Custo Unitário de Referência",null,null,"2022-04-01",null,null,"m²","(Coeficiente na composição principal) x (quantidade da principal no orçamento)",null,"kg"]
[null,null,2003842,"Enchimento de junta de concreto com argamassa asfáltica de densidade 1.700 kg/m³ - espessura de 1 cm",{"$nulls":5},{"$f":"'MOMENTO DE TRANSPORTE - PRINC'!D51*VLOOKUP(D39,'RESUMO MODULO TOTAL'!D:O,7,FALSE)","v":254.71949999999998}]
[null,null,"F - MOMENTO DE TRANSPORTE",null,"Quantidade","Unidade","DMT"]
[{"$nulls":6},"LN","RP","P","TIPO (P, RP ou LN)","DMT ESTIMADA (km)","QUANTITATIVO TOTAL DE TRANSPORTE DE MATERIAL (tkm)"]
[{"$f":"IF(J37=\"P\",I37,IF(J37=\"RP\",H37,IF(J37=\"LN\",G37,\"\")))","v":5914479},null,"M2158","Argamassa asfáltica - Caminhão carroceria com capacidade de 15 t - 188 Kw",1E-3,"tkm",5914449,5914464,5914479,"P",10,{"$f":"IF(ISBLANK(K37),\"\",K37*(E37*$J$34))","v":2.5471949999999999}]
[]
[null,null,"PRINCIPAL:",{"$f":"'MOMENTO DE TRANSPORTE - PRINC'!B48","v":2003373}]
[]
[null,null,"SISTEMA DE CUSTOS REFERENCIAIS DE OBRAS - SICRO",null,null,{"$f":"F4","v":"Bahia"},null,null,null,"Quantitivo"]
[null,null,"Custo Unitário de Referência",null,null,"2022-04-01",null,null,null,"(Coeficiente na composição principal) x (quantidade da principal no orçamento)",null,"m²"]
[null,null,3103302,"Fôrmas de tábuas de pinho para dispositivos de drenagem - utilização de 3 vezes - confecção, instalação e retirada"]
[null,null,"F - MOMENTO DE TRANSPORTE",null,"Quantidade","Unidade","DMT",null,null,{"$f":"'MOMENTO DE TRANSPORTE - PRINC'!D53*VLOOKUP(D51,'RESUMO MODULO TOTAL'!D:O,7,FALSE)","v":371.16269999999997}]
[{"$nulls":6},"LN","RP","P","TIPO (P, RP ou LN)","DMT ESTIMADA (km)","QUANTITATIVO TOTAL DE TRANSPORTE DE MATERIAL (tkm)"]
[{"$f":"IF(J46=\"P\",I46,IF(J46=\"RP\",H46,IF(J46=\"LN\",G46,\"\")))","v":5914479},"VALOR TOTAL ","M0560","Desmoldante para fôrmas de madeira - Caminhão carroceria com capacidade de 15 t - 188 Kw",2.0000000000000002E-5,"tkm",5914449,5914464,5914479,"P",10,{"$f":"IF(ISBLANK(K46),\"\",K46*(E46*$J$44))","v":7.423254E-2}]
[5914479,null,"M1205"," Prego de ferro - Caminhão carroceria com capacidade de 15 t - 188 kW",3.0000000000000001E-5,"tkm",5914449,5914464,5914479,"P",10,{"$f":"IF(ISBLANK(K47),\"\",K47*(E47*$J$44))","v":0.11134880999999999}]
[5914479,null,"M0290","Tábua - E = 2,5 cm e L = 10 cm - Caminhão carroceria com capacidade de 15 t - 188 kW",3.0400000000000002E-3,"tkm",5914449,5914464,5914479,"P",10,11.283346080000001]
[5914479,null,"M1429"," Tábua de pinho de terceira - E = 2,5 cm - Caminhão carroceria com capacidade de 15 t - 188 kW",1.0109999999999999E-2,"tkm",5914449,5914464,5914479,"P",10,37.524548969999991]
[]
[null,null,"PRINCIPAL:",{"$f":"'MOMENTO DE TRANSPORTE - PRINC'!B48","v":2003373}]
[]
[]
[{"$nulls":11},{"$f":"L23+L27+L37+L46+L47+L48+L49","v":560.38033140000005}]
[{"$nulls":11},{"$f":"L23+L27+L37+L46+L47+L48+L49","v":560.38033140000005}]
[{"$nulls":11},{"$f":"L9+L10+L11+L13+L24+L25+L26","v":17880.306078549602}]

{"sheet":"Curva ABC","index":12,"n_rows":46,"n_cols":12,"rows_kept":46,"cut":false,"hidden":false,"merged":[]}
[]
[null,"Item","Descrição","Total R$","% individual","% acumul.","Classe",null,"Onde:","A <=",0.75]
[1,{"$f":"VLOOKUP(A3,'RESUMO MODULO TOTAL'!A:N,2,0)","v":"4.1"},{"$f":"VLOOKUP(B3,'RESUMO MODULO TOTAL'!B:N,4,0)","v":"AQUISIÇÃO DE CIMENTO ASFALTICO CAP 50/70"},{"$f":"VLOOKUP(B3,'RESUMO MODULO TOTAL'!B:N,13,0)","v":467048.68},{"$f":"D3/'RESUMO MODULO TOTAL'!$N$46","v":0.24457047942866875},{"$f":"E3","v":0.24457047942866875},{"$f":"IF(F3<=$K$2,\"A\",IF(AND(F3<=$L$3,F3>$J$3),\"B\",IF(F3>$K$4,\"C\")))","v":"A"},null,null,0.75,"< B <=",0.95]
[2,{"$f":"VLOOKUP(A4,'RESUMO MODULO TOTAL'!A:N,2,0)","v":"3.1"},{"$f":"VLOOKUP(B4,'RESUMO MODULO TOTAL'!B:N,4,0)","v":"CONCRETO ASFÁLTICO - FAIXA C - AREIA E BRITA COMERCIAIS"},{"$f":"VLOOKUP(B4,'RESUMO MODULO TOTAL'!B:N,13,0)","v":398614.18},{"$f":"D4/'RESUMO MODULO TOTAL'!$N$46","v":0.20873468930404784},{"$f":"F3+E4","v":0.45330516873271659},{"$f":"IF(F4<=$K$2,\"A\",IF(AND(F4<=$L$3,F4>$J$3),\"B\",IF(F4>$K$4,\"C\")))","v":"A"},null,null,"C >",0.95]
[3,{"$f":"VLOOKUP(A5,'RESUMO MODULO TOTAL'!A:N,2,0)","v":"6.1"},{"$f":"VLOOKUP(B5,'RESUMO MODULO TOTAL'!B:N,4,0)","v":"MEIO-FIO DE CONCRETO - MFC 03 - AREIA E BRITA COMERCIAIS - FÔRMA DE MADEIRA"},{"$f":"VLOOKUP(B5,'RESUMO MODULO TOTAL'!B:N,13,0)","v":366072.62},{"$f":"D5/'RESUMO MODULO TOTAL'!$N$46","v":0.19169427088223195},{"$f":"F4+E5","v":0.64499943961494854},"A"]
[4,{"$f":"VLOOKUP(A6,'RESUMO MODULO TOTAL'!A:N,2,0)","v":"3.3"},{"$f":"VLOOKUP(B6,'RESUMO MODULO TOTAL'!B:N,4,0)","v":"BASE ESTABILIZADA GRANULOMETRICAMENTE COM MISTURA SOLO BRITA (70% - 30%) NA PISTA COM MATERIAL DE JAZIDA E BRITA COMERCIAL"},{"$f":"VLOOKUP(B6,'RESUMO MODULO TOTAL'!B:N,13,0)","v":159175.19},{"$f":"D6/'RESUMO MODULO TOTAL'!$N$46","v":8.3352237568575169E-2},0.72835167718352367,"A"]
[5,{"$f":"VLOOKUP(A7,'RESUMO MODULO TOTAL'!A:N,2,0)","v":"10.1"},{"$f":"VLOOKUP(B7,'RESUMO MODULO TOTAL'!B:N,4,0)","v":"TRANSPORTE COM CAMINHÃO BASCULANTE DE 10 M³ - RODOVIA PAVIMENTADA"},{"$f":"VLOOKUP(B7,'RESUMO MODULO TOTAL'!B:N,13,0)","v":106478.32},{"$f":"D7/'RESUMO MODULO TOTAL'!$N$46","v":5.5757472157204703E-2},0.7841091493407284,"B"]
[6,{"$f":"VLOOKUP(A8,'RESUMO MODULO TOTAL'!A:N,2,0)","v":"4.2"},{"$f":"VLOOKUP(B8,'RESUMO MODULO TOTAL'!B:N,4,0)","v":"TRANSPORTE CAP 50/70"},{"$f":"VLOOKUP(B8,'RESUMO MODULO TOTAL'!B:N,13,0)","v":77519.63},{"$f":"D8/'RESUMO MODULO TOTAL'!$N$46","v":4.0593226972042859E-2},0.82470237631277121,"B"]
[7,{"$f":"VLOOKUP(A9,'RESUMO MODULO TOTAL'!A:N,2,0)","v":"4.3"},{"$f":"VLOOKUP(B9,'RESUMO MODULO TOTAL'!B:N,4,0)","v":"AQUISIÇÃO DE EAI"},{"$f":"VLOOKUP(B9,'RESUMO MODULO TOTAL'!B:N,13,0)","v":56589.79},{"$f":"D9/'RESUMO MODULO TOTAL'!$N$46","v":2.9633296621387913E-2},0.85433567293415913,"B"]
[8,{"$f":"VLOOKUP(A10,'RESUMO MODULO TOTAL'!A:N,2,0)","v":"2.2"},{"$f":"VLOOKUP(B10,'RESUMO MODULO TOTAL'!B:N,4,0)","v":"ESCAVAÇÃO, CARGA E TRANSPORTE DE MATERIAL DE 1ª CATEGORIA - DMT DE 2.000 A 2.500 M - CAMINHO DE SERVIÇO PAVIMENTADO - COM ESCAVADEIRA E CAMINHÃO BASCULANTE DE 14 M³"},{"$f":"VLOOKUP(B10,'RESUMO MODULO TOTAL'!B:N,13,0)","v":43076.39},{"$f":"D10/'RESUMO MODULO TOTAL'!$N$46","v":2.2556992034227164E-2},0.87689266496838625,"B"]
[9,{"$f":"VLOOKUP(A11,'RESUMO MODULO TOTAL'!A:N,2,0)","v":"1.2"},{"$f":"VLOOKUP(B11,'RESUMO MODULO TOTAL'!B:N,4,0)","v":"ADMINISTRAÇÃO DA OBRA"},{"$f":"VLOOKUP(B11,'RESUMO MODULO TOTAL'!B:N,13,0)","v":40460.99},{"$f":"D11/'RESUMO MODULO TOTAL'!$N$46","v":2.1187435370673934E-2},0.89808010033906016,"B"]
[10,{"$f":"VLOOKUP(A12,'RESUMO MODULO TOTAL'!A:N,2,0)","v":"3.4"},{"$f":"VLOOKUP(B12,'RESUMO MODULO TOTAL'!B:N,4,0)","v":"SUB-BASE ESTABILIZADA GRANULOMETRICAMENTE COM MISTURA DE SOLOS NA PISTA COM MATERIAL DE JAZIDA"},{"$f":"VLOOKUP(B12,'RESUMO MODULO TOTAL'!B:N,13,0)","v":28751.29},{"$f":"D12/'RESUMO MODULO TOTAL'!$N$46","v":1.505563998059622E-2},0.91313574031965639,"B"]
[11,{"$f":"VLOOKUP(A13,'RESUMO MODULO TOTAL'!A:N,2,0)","v":"5.3"},{"$f":"VLOOKUP(B13,'RESUMO MODULO TOTAL'!B:N,4,0)","v":"PINTURA DE FAIXA COM TINTA ACRÍLICA - ESPESSURA DE 0,4 MM"},{"$f":"VLOOKUP(B13,'RESUMO MODULO TOTAL'!B:N,13,0)","v":23767.17},{"$f":"D13/'RESUMO MODULO TOTAL'!$N$46","v":1.2445700866904651E-2},0.92558144118656105,"B"]
[12,{"$f":"VLOOKUP(A14,'RESUMO MODULO TOTAL'!A:N,2,0)","v":"3.5"},{"$f":"VLOOKUP(B14,'RESUMO MODULO TOTAL'!B:N,4,0)","v":"REGULARIZAÇÃO DO SUBLEITO"},{"$f":"VLOOKUP(B14,'RESUMO MODULO TOTAL'!B:N,13,0)","v":18668.75},{"$f":"D14/'RESUMO MODULO TOTAL'!$N$46","v":9.7759084509862221E-3},0.93535734963754724,"B"]
[13,{"$f":"VLOOKUP(A15,'RESUMO MODULO TOTAL'!A:N,2,0)","v":"2.3"},{"$f":"VLOOKUP(B15,'RESUMO MODULO TOTAL'!B:N,4,0)","v":"TRANSPORTE COM CAMINHÃO BASCULANTE DE 14 M³ - RODOVIA EM LEITO NATURAL"},{"$f":"VLOOKUP(B15,'RESUMO MODULO TOTAL'!B:N,13,0)","v":14701.63},{"$f":"D15/'RESUMO MODULO TOTAL'!$N$46","v":7.6985223413604323E-3},0.94305587197890772,"B"]
[14,{"$f":"VLOOKUP(A16,'RESUMO MODULO TOTAL'!A:N,2,0)","v":"1.3"},{"$f":"VLOOKUP(B16,'RESUMO MODULO TOTAL'!B:N,4,0)","v":"CANTEIRO DE OBRAS E ALMOXARIFADO"},{"$f":"VLOOKUP(B16,'RESUMO MODULO TOTAL'!B:N,13,0)","v":13843.04},{"$f":"D16/'RESUMO MODULO TOTAL'!$N$46","v":7.2489208824018918E-3},0.95030479286130964,"C"]
[15,{"$f":"VLOOKUP(A17,'RESUMO MODULO TOTAL'!A:N,2,0)","v":"5.2"},{"$f":"VLOOKUP(B17,'RESUMO MODULO TOTAL'!B:N,4,0)","v":"SUPORTE METÁLICO GALVANIZADO PARA PLACA DE ADVERTÊNCIA OU REGULAMENTAÇÃO - LADO OU DIÂMETRO DE 0,60 M - FORNECIMENTO E IMPLANTAÇÃO"},{"$f":"VLOOKUP(B17,'RESUMO MODULO TOTAL'!B:N,13,0)","v":12151.86},{"$f":"D17/'RESUMO MODULO TOTAL'!$N$46","v":6.3633328888758724E-3},0.95666812575018556,"C"]
[16,{"$f":"VLOOKUP(A18,'RESUMO MODULO TOTAL'!A:N,2,0)","v":"1.1"},{"$f":"VLOOKUP(B18,'RESUMO MODULO TOTAL'!B:N,4,0)","v":"MOBILIZAÇÃO E DESMOBILIZAÇÃO"},{"$f":"VLOOKUP(B18,'RESUMO MODULO TOTAL'!B:N,13,0)","v":12079.52},{"$f":"D18/'RESUMO MODULO TOTAL'!$N$46","v":6.3254519800124325E-3},0.962993577730198,"C"]
[17,{"$f":"VLOOKUP(A19,'RESUMO MODULO TOTAL'!A:N,2,0)","v":"4.4"},{"$f":"VLOOKUP(B19,'RESUMO MODULO TOTAL'!B:N,4,0)","v":"TRANSPORTE DE EAI"},{"$f":"VLOOKUP(B19,'RESUMO MODULO TOTAL'!B:N,13,0)","v":11801.28},{"$f":"D19/'RESUMO MODULO TOTAL'!$N$46","v":6.179751342990542E-3},0.96917332907318854,"C"]
[18,{"$f":"VLOOKUP(A20,'RESUMO MODULO TOTAL'!A:N,2,0)","v":"8.1"},{"$f":"VLOOKUP(B20,'RESUMO MODULO TOTAL'!B:N,4,0)","v":"PROJETO EXECUTIVO"},{"$f":"VLOOKUP(B20,'RESUMO MODULO TOTAL'!B:N,13,0)","v":11600.19},{"$f":"D20/'RESUMO MODULO TOTAL'!$N$46","v":6.0744503758444392E-3},0.97524777944903296,"C"]
[19,{"$f":"VLOOKUP(A21,'RESUMO MODULO TOTAL'!A:N,2,0)","v":"2.4"},{"$f":"VLOOKUP(B21,'RESUMO MODULO TOTAL'!B:N,4,0)","v":"ESPALHAMENTO DE MATERIAL EM BOTA-FORA"},{"$f":"VLOOKUP(B21,'RESUMO MODULO TOTAL'!B:N,13,0)","v":9740.59},{"$f":"D21/'RESUMO MODULO TOTAL'!$N$46","v":5.1006690913206233E-3},0.98034844854035363,"C"]
[20,{"$f":"VLOOKUP(A22,'RESUMO MODULO TOTAL'!A:N,2,0)","v":"2.1"},{"$f":"VLOOKUP(B22,'RESUMO MODULO TOTAL'!B:N,4,0)","v":"SERVIÇOS TOPOGRÁFICOS PARA PAVIMENTAÇÃO, INCLUSIVE NOTAS DE SERVIÇOS, ACOMPANHAMENTO E GREIDE"},{"$f":"VLOOKUP(B22,'RESUMO MODULO TOTAL'!B:N,13,0)","v":9679.98},{"$f":"D22/'RESUMO MODULO TOTAL'!$N$46","v":5.0689306079613047E-3},0.98541737914831495,"C"]
[21,{"$f":"VLOOKUP(A23,'RESUMO MODULO TOTAL'!A:N,2,0)","v":"9.1"},{"$f":"VLOOKUP(B23,'RESUMO MODULO TOTAL'!B:N,4,0)","v":"CONTROLE TECNOLÓGICO - OBRA"},{"$f":"VLOOKUP(B23,'RESUMO MODULO TOTAL'!B:N,13,0)","v":8820.56},{"$f":"D23/'RESUMO MODULO TOTAL'!$N$46","v":4.6188945187241263E-3},0.99003627366703906,"C"]
[22,{"$f":"VLOOKUP(A24,'RESUMO MODULO TOTAL'!A:N,2,0)","v":"5.1"},{"$f":"VLOOKUP(B24,'RESUMO MODULO TOTAL'!B:N,4,0)","v":"FORNECIMENTO E IMPLANTAÇÃO DE PLACA DE REGULAMENTAÇÃO EM AÇO D = 0,60 M - PELÍCULA RETRORREFLETIVA TIPO I + SI"},{"$f":"VLOOKUP(B24,'RESUMO MODULO TOTAL'!B:N,13,0)","v":7096.45},{"$f":"D24/'RESUMO MODULO TOTAL'!$N$46","v":3.7160626998058882E-3},0.9937523363668449,"C"]
[23,{"$f":"VLOOKUP(A25,'RESUMO MODULO TOTAL'!A:N,2,0)","v":"3.2"},{"$f":"VLOOKUP(B25,'RESUMO MODULO TOTAL'!B:N,4,0)","v":"IMPRIMAÇÃO COM EMULSÃO ASFÁLTICA"},{"$f":"VLOOKUP(B25,'RESUMO MODULO TOTAL'!B:N,13,0)","v":6074.78},{"$f":"D25/'RESUMO MODULO TOTAL'!$N$46","v":3.1810642458591004E-3},0.99693340061270397,"C"]
[24,{"$f":"VLOOKUP(A26,'RESUMO MODULO TOTAL'!A:N,2,0)","v":"7.1"},{"$f":"VLOOKUP(B26,'RESUMO MODULO TOTAL'!B:N,4,0)","v":"CONSERTO DE QUEBRA NO RAMAL NA RUA SEM PAVIMENTO COM FORNECIMENTO DE MATERIAL HIDRÁULICO"},{"$f":"VLOOKUP(B26,'RESUMO MODULO TOTAL'!B:N,13,0)","v":4054.11},{"$f":"D26/'RESUMO MODULO TOTAL'!$N$46","v":2.122938504732655E-3},0.99905633911743663,"C"]
[25,{"$f":"VLOOKUP(A27,'RESUMO MODULO TOTAL'!A:N,2,0)","v":"1.4"},{"$f":"VLOOKUP(B27,'RESUMO MODULO TOTAL'!B:N,4,0)","v":"PLACA DE OBRA EM CHAPA DE AÇO GALVANIZADO"},{"$f":"VLOOKUP(B27,'RESUMO MODULO TOTAL'!B:N,13,0)","v":1352.97},{"$f":"D27/'RESUMO MODULO TOTAL'!$N$46","v":7.0848400974520681E-4},0.99976482312718185,"C"]
[26,{"$f":"VLOOKUP(A28,'RESUMO MODULO TOTAL'!A:N,2,0)","v":"10.2"},{"$f":"VLOOKUP(B28,'RESUMO MODULO TOTAL'!B:N,4,0)","v":"TRANSPORTE COM CAMINHÃO DE CARROCERIA DE 15 t - RODOVIA PAVIMENTADA"},{"$f":"VLOOKUP(B28,'RESUMO MODULO TOTAL'!B:N,13,0)","v":449.11},{"$f":"D28/'RESUMO MODULO TOTAL'!$N$46","v":2.3517687281807419E-4},{"$f":"F27+E28","v":0.99999999999999989},"C"]
[27,{"$f":"VLOOKUP(A29,'RESUMO MODULO TOTAL'!A:N,2,0)","v":{"$error":"#N/A"}},{"$f":"VLOOKUP(B29,'RESUMO MODULO TOTAL'!B:N,4,0)","v":{"$error":"#N/A"}},{"$f":"VLOOKUP(B29,'RESUMO MODULO TOTAL'!B:N,13,0)","v":{"$error":"#N/A"}},{"$f":"D29/'RESUMO MODULO TOTAL'!$N$46","v":{"$error":"#N/A"}},{"$error":"#N/A"},{"$error":"#N/A"}]
[28,{"$f":"VLOOKUP(A30,'RESUMO MODULO TOTAL'!A:N,2,0)","v":{"$error":"#N/A"}},{"$f":"VLOOKUP(B30,'RESUMO MODULO TOTAL'!B:N,4,0)","v":{"$error":"#N/A"}},{"$f":"VLOOKUP(B30,'RESUMO MODULO TOTAL'!B:N,13,0)","v":{"$error":"#N/A"}},{"$f":"D30/'RESUMO MODULO TOTAL'!$N$46","v":{"$error":"#N/A"}},{"$error":"#N/A"},{"$error":"#N/A"}]
[29,{"$f":"VLOOKUP(A31,'RESUMO MODULO TOTAL'!A:N,2,0)","v":{"$error":"#N/A"}},{"$f":"VLOOKUP(B31,'RESUMO MODULO TOTAL'!B:N,4,0)","v":{"$error":"#N/A"}},{"$f":"VLOOKUP(B31,'RESUMO MODULO TOTAL'!B:N,13,0)","v":{"$error":"#N/A"}},{"$f":"D31/'RESUMO MODULO TOTAL'!$N$46","v":{"$error":"#N/A"}},{"$error":"#N/A"},{"$error":"#N/A"}]
[30,{"$f":"VLOOKUP(A32,'RESUMO MODULO TOTAL'!A:N,2,0)","v":{"$error":"#N/A"}},{"$f":"VLOOKUP(B32,'RESUMO MODULO TOTAL'!B:N,4,0)","v":{"$error":"#N/A"}},{"$f":"VLOOKUP(B32,'RESUMO MODULO TOTAL'!B:N,13,0)","v":{"$error":"#N/A"}},{"$f":"D32/'RESUMO MODULO TOTAL'!$N$46","v":{"$error":"#N/A"}},{"$error":"#N/A"},{"$error":"#N/A"}]
[31,{"$f":"VLOOKUP(A33,'RESUMO MODULO TOTAL'!A:N,2,0)","v":{"$error":"#N/A"}},{"$f":"VLOOKUP(B33,'RESUMO MODULO TOTAL'!B:N,4,0)","v":{"$error":"#N/A"}},{"$f":"VLOOKUP(B33,'RESUMO MODULO TOTAL'!B:N,13,0)","v":{"$error":"#N/A"}},{"$f":"D33/'RESUMO MODULO TOTAL'!$N$46","v":{"$error":"#N/A"}},{"$error":"#N/A"},{"$error":"#N/A"}]
[32,{"$f":"VLOOKUP(A34,'RESUMO MODULO TOTAL'!A:N,2,0)","v":{"$error":"#N/A"}},{"$f":"VLOOKUP(B34,'RESUMO MODULO TOTAL'!B:N,4,0)","v":{"$error":"#N/A"}},{"$f":"VLOOKUP(B34,'RESUMO MODULO TOTAL'!B:N,13,0)","v":{"$error":"#N/A"}},{"$f":"D34/'RESUMO MODULO TOTAL'!$N$46","v":{"$error":"#N/A"}},{"$error":"#N/A"},{"$error":"#N/A"}]
{"$rows_empty":11}
[null,"VALOR TOTAL "]

{"sheet":"ENC. SOCIAIS","index":13,"n_rows":51,"n_cols":6,"rows_kept":51,"cut":false,"hidden":false,"merged":[[8,0,9,5],[13,0,14,1],[26,0,26,5],[38,0,38,5],[45,0,45,5],[49,0,49,5],[50,0,50,1],[10,0,10,5],[11,2,11,3],[11,4,11,5],[12,0,12,5],[15,0,15,5],[13,2,14,2],[13,3,14,3],[13,4,14,4],[13,5,14,5]]}
[]
[]
[]
[]
[]
["NOME DA CONCORRENTE:"]
["EDITAL:"]
["FOLHA:"]
[{"$f":"'RESUMO MODULO TOTAL'!B1","v":"Item 02: Pavimentação em Concreto Betuminoso Usinado a Quente (CBUQ) na sede do município de Santa Maria da Vitória, dentro da área de abrangência da  2ª Superintendência Regional da Codevasf, no estado da Bahia."}]
[]
["DETALHAMENTO DOS ENCARGOS SOCIAIS (%)"]
["VIGÊNCIA A PARTIR DE 12/2022",null,"COM DESONERAÇÃO",null,"SEM DESONERAÇÃO"]
[]
[null,null,"HORISTA","MENSALISTA","HORISTA","MENSALISTA"]
[]
["GRUPO A"]
["A1","INSS",0,0,20,20]
["A2","SESI",1.5,1.5,1.5,1.5]
["A3","SENAI",1,1,1,1]
["A4","INCRA",0.2,0.2,0.2,0.2]
["A5","SEBRAE",0.6,0.6,0.6,0.6]
["A6","Salário Educação",2.5,2.5,2.5,2.5]
["A7","Seguro Contra Acidentes de Trabalho",3,3,3,3]
["A8","FGTS",8,8,8,8]
["A9","SECONCI",1,1,0,0]
["A","Total",{"$f":"SUM(C17:C25)","v":17.8},{"$f":"SUM(D17:D25)","v":17.8},{"$f":"SUM(E17:E25)","v":36.799999999999997},{"$f":"SUM(F17:F25)","v":36.799999999999997}]
["GRUPO B"]
["B1","Repouso Semanal Remunerado",17.88,"-",17.97,"-"]
["B2","Feriados",3.94,"-",3.97,"-"]
["B3","Auxílio-enfermidade",0.91,0.69,0.87,0.66]
["B4","13° salário",10.98,8.33,11.02,8.33]
["B5","Licença-paternidade",7.0000000000000007E-2,0.06,7.0000000000000007E-2,0.05]
["B6","Faltas Justificadas",0.73,0.56000000000000005,0.73,0.56000000000000005]
["B7","Dias de chuva",1.45,"-",2.0499999999999998,"-"]
["B8","Auxílio Acidente de Trabalho",0.11,0.09,0.11,0.08]
["B9","Férias Gozadas",11.35,8.6199999999999992,11.21,8.4700000000000006]
["B10","Salário Maternidade",0.03,0.03,0.04,0.03]
["B","Total ",{"$f":"SUM(C28:C37)","v":47.45},{"$f":"SUM(D28:D37)","v":18.380000000000003},{"$f":"SUM(E28:E37)","v":48.039999999999992},{"$f":"SUM(F28:F37)","v":18.180000000000003}]
["GRUPO C"]
["C1","Aviso Prévio Indenizado",6.76,5.14,5.47,4.13]
["C2","Aviso Prévio Trabalhado",0.16,0.12,0.13,0.1]
["C3","Férias Indenizadas",2.2799999999999998,1.73,2.95,2.23]
["C4","Depósito Rescisão Sem Justa Causa",3.81,2.89,3.13,2.37]
["C5","Indenização Adicional",0.56999999999999995,0.43,0.46,0.35]
["C","Total ",{"$f":"SUM(C40:C44)","v":13.58},{"$f":"SUM(D40:D44)","v":10.31},{"$f":"SUM(E40:E44)","v":12.14},{"$f":"SUM(F40:F44)","v":9.1799999999999979}]
["GRUPO D"]
["D1","Reincidência de A sobre B",8.4499999999999993,3.27,17.68,6.69]
["D2","Reincidência de Grupo A sobre Aviso Prévio Trabalhado e Reincidência do FGTS sobre Aviso Prévio Indenizado",0.56999999999999995,0.43,0.49,0.37]
["D","Total",{"$f":"SUM(C47:C48)","v":9.02},{"$f":"SUM(D47:D48)","v":3.7},{"$f":"SUM(E47:E48)","v":18.169999999999998},{"$f":"SUM(F47:F48)","v":7.0600000000000005}]
[]
["T O T A L (%)",null,{"$f":"C26+C38+C45+C49","v":87.85},{"$f":"D26+D38+D45+D49","v":50.190000000000012},{"$f":"E26+E38+E45+E49","v":115.14999999999999},{"$f":"F26+F38+F45+F49","v":71.22}]

{"sheet":"BDI","index":14,"n_rows":56,"n_cols":3,"rows_kept":56,"cut":false,"hidden":false,"merged":[[35,0,35,2],[56,0,56,1],[57,0,57,1],[59,0,59,2],[3,0,3,2],[4,0,4,2],[5,0,5,2],[33,0,33,2],[34,0,34,2]]}
[]
["OBRA:"]
["LOCAL:"]
["DETALHAMENTO DO BDI - SEM DESONERAÇÃO"]
["Serviços"]
["Data-base: nov/2023"]
[]
["Descrição dos serviços","Preço de Venda (%)","Custo Direto (%)"]
[]
["Administração Central (A)",null,4.0500000000000001E-2]
[]
["Impostos e Taxas (I)",{"$f":"B13+B14+B15","v":6.6500000000000004E-2}]
["ISS (60% de 5%)",0.03]
["PIS",6.4999999999999997E-3]
["Cofins",0.03]
[]
["Risco, seguro e garantia (R) ",null,{"$f":"C18+C19","v":8.2000000000000007E-3}]
["Seguro e Garantia",null,3.2000000000000002E-3]
["Riscos",null,5.0000000000000001E-3]
[]
["Despesas Financeiras (AP)",null,1.0200000000000001E-2]
[]
["Lucro (L)",null,7.0000000000000007E-2]
[]
[null,"BDI",{"$f":"ROUND(((((1+C10+C17)*(1+C21)*(1+C23))/(1-B12))-1),4)","v":0.21429999999999999}]
["Considerações:"]
["Acórdão Nº 2622/2013 – TCU – Plenário"]
[]
["ISS - Considerado 60% serviços e 40% material (0,60 x 5,00% = 3,00%)"]
[]
[]
["OBRA:"]
["LOCAL:"]
["DETALHAMENTO DO BDI"]
["Materiais"]
[{"$f":"A6","v":"Data-base: nov/2023"}]
[]
["DESCRIÇÃO DOS SERVIÇOS","PREÇO DE VENDA (%)","CUSTO DIRETO (%)"]
[]
["Administração Central (A)",null,3.7699999999999997E-2]
[]
["Impostos e Taxas (I)",{"$f":"B43+B44+B45","v":3.6499999999999998E-2}]
["ISS",0]
["PIS",6.4999999999999997E-3]
["Cofins",0.03]
[null,"VALOR TOTAL "]
["Risco, seguro e garantia (R)",null,{"$f":"C48+C49","v":7.4999999999999997E-3}]
["Seguro e Garantia",null,2.5000000000000001E-3]
["Riscos",null,5.0000000000000001E-3]
[]
["Despesas Financeiras (AP)",null,1.0200000000000001E-2]
[]
["Lucro (L)",null,0.05]
[]
[null,"BDI",{"$f":"ROUND(((((1+C40+C47)*(1+C51)*(1+C53))/(1-B42))-1),4)","v":0.1507}]
["Fonte da composição, valores de referência e fórmula do BDI:  Instrução Normativa N° 62/DNIT SEDE"]

{"sheet":"ANP ESTADO","index":15,"n_rows":91595,"n_cols":4,"rows_kept":4500,"cut":true,"hidden":true,"merged":[[4,0,4,3],[4,7,4,13]],"bounds":{"rows_first":2000,"rows_last":500,"rows_between":2000,"halvings":0}}
["                       Agência Nacional do Petróleo, Gás Natural e Biocombustíveis"]
["                       Superintendência de Defesa da Concorrência"]
[]
[]
["PREÇO MÉDIO MENSAL PONDERADO PRATICADO PELOS DISTRIBUIDORES DE PRODUTOS ASFÁLTICOS (R$/KG)"]
[]
["Importante:","Quando não houver declaração de venda do produto selecionado, ou quando a declaração de venda do produto ocorrer por menos de 03 (três) distribuidoras, a tabela indicará campo vazio."]
["Mês","Produto","Estado","Preço"]
["2013-01-01","ASFALTOS DILUÍDOS CM-30","Acre","-"]
["2013-01-01","ASFALTOS DILUÍDOS CM-30","Alagoas","-"]
["2013-01-01","ASFALTOS DILUÍDOS CM-30","Amapá","-"]
["2013-01-01","ASFALTOS DILUÍDOS CM-30","Amazonas",1.4535270214060201]
["2013-01-01","ASFALTOS DILUÍDOS CM-30","Bahia",1.46404414205175]
["2013-01-01","ASFALTOS DILUÍDOS CM-30","Ceará",1.44799793398466]
["2013-01-01","ASFALTOS DILUÍDOS CM-30","Distrito Federal","-"]
["2013-01-01","ASFALTOS DILUÍDOS CM-30","Espírito Santo","-"]
["2013-01-01","ASFALTOS DILUÍDOS CM-30","Goiás",1.6863830648778]
["2013-01-01","ASFALTOS DILUÍDOS CM-30","Maranhão","-"]
["2013-01-01","ASFALTOS DILUÍDOS CM-30","Mato Grosso","-"]
["2013-01-01","ASFALTOS DILUÍDOS CM-30","Mato Grosso do Sul","-"]
["2013-01-01","ASFALTOS DILUÍDOS CM-30","Minas Gerais",1.4511061136949599]
["2013-01-01","ASFALTOS DILUÍDOS CM-30","Pará","-"]
["2013-01-01","ASFALTOS DILUÍDOS CM-30","Paraíba","-"]
["2013-01-01","ASFALTOS DILUÍDOS CM-30","Paraná",1.5201250313327599]
["2013-01-01","ASFALTOS DILUÍDOS CM-30","Pernambuco","-"]
["2013-01-01","ASFALTOS DILUÍDOS CM-30","Piauí","-"]
["2013-01-01","ASFALTOS DILUÍDOS CM-30","Rio de Janeiro",1.33047510642782]
["2013-01-01","ASFALTOS DILUÍDOS CM-30","Rio Grande do Norte","-"]
["2013-01-01","ASFALTOS DILUÍDOS CM-30","Rio Grande do Sul",1.5986110742416599]
["2013-01-01","ASFALTOS DILUÍDOS CM-30","Rondônia","-"]
["2013-01-01","ASFALTOS DILUÍDOS CM-30","Roraima","-"]
["2013-01-01","ASFALTOS DILUÍDOS CM-30","Santa Catarina","-"]
["2013-01-01","ASFALTOS DILUÍDOS CM-30","São Paulo",1.47100842321943]
["2013-01-01","ASFALTOS DILUÍDOS CM-30","Sergipe","-"]
["2013-01-01","ASFALTOS DILUÍDOS CM-30","Tocantins","-"]
["2013-02-01","ASFALTOS DILUÍDOS CM-30","Acre","-"]
["2013-02-01","ASFALTOS DILUÍDOS CM-30","Alagoas","-"]
["2013-02-01","ASFALTOS DILUÍDOS CM-30","Amapá","-"]
["2013-02-01","ASFALTOS DILUÍDOS CM-30","Amazonas",1.48557817878307]
["2013-02-01","ASFALTOS DILUÍDOS CM-30","Bahia",1.45701410129741]
["2013-02-01","ASFALTOS DILUÍDOS CM-30","Ceará",1.4131923360976399]
["2013-02-01","ASFALTOS DILUÍDOS CM-30","Distrito Federal","-"]
["2013-02-01","ASFALTOS DILUÍDOS CM-30","Espírito Santo","-"]
["2013-02-01","ASFALTOS DILUÍDOS CM-30","Goiás",1.6674597105953199]
["2013-02-01","ASFALTOS DILUÍDOS CM-30","Maranhão","-"]
["2013-02-01","ASFALTOS DILUÍDOS CM-30","Mato Grosso","-"]
["2013-02-01","ASFALTOS DILUÍDOS CM-30","Mato Grosso do Sul","-"]
["2013-02-01","ASFALTOS DILUÍDOS CM-30","Minas Gerais",1.45212111688481]
["2013-02-01","ASFALTOS DILUÍDOS CM-30","Pará","-"]
["2013-02-01","ASFALTOS DILUÍDOS CM-30","Paraíba","-"]
["2013-02-01","ASFALTOS DILUÍDOS CM-30","Paraná",1.49378317262348]
["2013-02-01","ASFALTOS DILUÍDOS CM-30","Pernambuco","-"]
["2013-02-01","ASFALTOS DILUÍDOS CM-30","Piauí","-"]
["2013-02-01","ASFALTOS DILUÍDOS CM-30","Rio de Janeiro",1.4182349010293001]
["2013-02-01","ASFALTOS DILUÍDOS CM-30","Rio Grande do Norte","-"]
["2013-02-01","ASFALTOS DILUÍDOS CM-30","Rio Grande do Sul",1.4358617819236099]
["2013-02-01","ASFALTOS DILUÍDOS CM-30","Rondônia","-"]
["2013-02-01","ASFALTOS DILUÍDOS CM-30","Roraima","-"]
["2013-02-01","ASFALTOS DILUÍDOS CM-30","Santa Catarina","-"]
["2013-02-01","ASFALTOS DILUÍDOS CM-30","São Paulo",1.4341902042953401]
["2013-02-01","ASFALTOS DILUÍDOS CM-30","Sergipe","-"]
["2013-02-01","ASFALTOS DILUÍDOS CM-30","Tocantins","-"]
["2013-03-01","ASFALTOS DILUÍDOS CM-30","Acre","-"]
["2013-03-01","ASFALTOS DILUÍDOS CM-30","Alagoas","-"]
["2013-03-01","ASFALTOS DILUÍDOS CM-30","Amapá","-"]
["2013-03-01","ASFALTOS DILUÍDOS CM-30","Amazonas",1.50792392058627]
["2013-03-01","ASFALTOS DILUÍDOS CM-30","Bahia",1.4494403251178101]
["2013-03-01","ASFALTOS DILUÍDOS CM-30","Ceará",1.4016074852948099]
["2013-03-01","ASFALTOS DILUÍDOS CM-30","Distrito Federal","-"]
["2013-03-01","ASFALTOS DILUÍDOS CM-30","Espírito Santo","-"]
["2013-03-01","ASFALTOS DILUÍDOS CM-30","Goiás",1.6617587007265799]
["2013-03-01","ASFALTOS DILUÍDOS CM-30","Maranhão","-"]
["2013-03-01","ASFALTOS DILUÍDOS CM-30","Mato Grosso","-"]
["2013-03-01","ASFALTOS DILUÍDOS CM-30","Mato Grosso do Sul","-"]
["2013-03-01","ASFALTOS DILUÍDOS CM-30","Minas Gerais",1.4432433296645599]
["2013-03-01","ASFALTOS DILUÍDOS CM-30","Pará","-"]
["2013-03-01","ASFALTOS DILUÍDOS CM-30","Paraíba","-"]
["2013-03-01","ASFALTOS DILUÍDOS CM-30","Paraná",1.46899599595013]
["2013-03-01","ASFALTOS DILUÍDOS CM-30","Pernambuco","-"]
["2013-03-01","ASFALTOS DILUÍDOS CM-30","Piauí","-"]
["2013-03-01","ASFALTOS DILUÍDOS CM-30","Rio de Janeiro",1.4380555738810501]
["2013-03-01","ASFALTOS DILUÍDOS CM-30","Rio Grande do Norte","-"]
["2013-03-01","ASFALTOS DILUÍDOS CM-30","Rio Grande do Sul",1.5814258782658701]
["2013-03-01","ASFALTOS DILUÍDOS CM-30","Rondônia","-"]
["2013-03-01","ASFALTOS DILUÍDOS CM-30","Roraima","-"]
["2013-03-01","ASFALTOS DILUÍDOS CM-30","Santa Catarina","-"]
["2013-03-01","ASFALTOS DILUÍDOS CM-30","São Paulo",1.4660617024058]
["2013-03-01","ASFALTOS DILUÍDOS CM-30","Sergipe","-"]
["2013-03-01","ASFALTOS DILUÍDOS CM-30","Tocantins","-"]
["2013-04-01","ASFALTOS DILUÍDOS CM-30","Acre","-"]
["2013-04-01","ASFALTOS DILUÍDOS CM-30","Alagoas","-"]
["2013-04-01","ASFALTOS DILUÍDOS CM-30","Amapá","-"]
["2013-04-01","ASFALTOS DILUÍDOS CM-30","Amazonas",1.4847966561231001]
["2013-04-01","ASFALTOS DILUÍDOS CM-30","Bahia",1.45483654630711]
["2013-04-01","ASFALTOS DILUÍDOS CM-30","Ceará",1.3870739617974499]
["2013-04-01","ASFALTOS DILUÍDOS CM-30","Distrito Federal","-"]
["2013-04-01","ASFALTOS DILUÍDOS CM-30","Espírito Santo","-"]
["2013-04-01","ASFALTOS DILUÍDOS CM-30","Goiás",1.6734818355604799]
["2013-04-01","ASFALTOS DILUÍDOS CM-30","Maranhão","-"]
["2013-04-01","ASFALTOS DILUÍDOS CM-30","Mato Grosso",1.9219384218389799]
["2013-04-01","ASFALTOS DILUÍDOS CM-30","Mato Grosso do Sul","-"]
["2013-04-01","ASFALTOS DILUÍDOS CM-30","Minas Gerais",1.4565566827656]
["2013-04-01","ASFALTOS DILUÍDOS CM-30","Pará","-"]
["2013-04-01","ASFALTOS DILUÍDOS CM-30","Paraíba","-"]
["2013-04-01","ASFALTOS DILUÍDOS CM-30","Paraná",1.5344194983915]
["2013-04-01","ASFALTOS DILUÍDOS CM-30","Pernambuco","-"]
["2013-04-01","ASFALTOS DILUÍDOS CM-30","Piauí","-"]
["2013-04-01","ASFALTOS DILUÍDOS CM-30","Rio de Janeiro",1.41841951612241]
["2013-04-01","ASFALTOS DILUÍDOS CM-30","Rio Grande do Norte","-"]
["2013-04-01","ASFALTOS DILUÍDOS CM-30","Rio Grande do Sul",1.5725824563898001]
["2013-04-01","ASFALTOS DILUÍDOS CM-30","Rondônia","-"]
["2013-04-01","ASFALTOS DILUÍDOS CM-30","Roraima","-"]
["2013-04-01","ASFALTOS DILUÍDOS CM-30","Santa Catarina","-"]
["2013-04-01","ASFALTOS DILUÍDOS CM-30","São Paulo",1.4757643482956]
["2013-04-01","ASFALTOS DILUÍDOS CM-30","Sergipe","-"]
["2013-04-01","ASFALTOS DILUÍDOS CM-30","Tocantins","-"]
["2013-05-01","ASFALTOS DILUÍDOS CM-30","Acre","-"]
["2013-05-01","ASFALTOS DILUÍDOS CM-30","Alagoas","-"]
["2013-05-01","ASFALTOS DILUÍDOS CM-30","Amapá","-"]
["2013-05-01","ASFALTOS DILUÍDOS CM-30","Amazonas","-"]
["2013-05-01","ASFALTOS DILUÍDOS CM-30","Bahia",1.4925874242145101]
["2013-05-01","ASFALTOS DILUÍDOS CM-30","Ceará",1.3762630205188799]
["2013-05-01","ASFALTOS DILUÍDOS CM-30","Distrito Federal","-"]
["2013-05-01","ASFALTOS DILUÍDOS CM-30","Espírito Santo","-"]
["2013-05-01","ASFALTOS DILUÍDOS CM-30","Goiás",1.6682148189524699]
["2013-05-01","ASFALTOS DILUÍDOS CM-30","Maranhão","-"]
["2013-05-01","ASFALTOS DILUÍDOS CM-30","Mato Grosso",1.9030981590145499]
["2013-05-01","ASFALTOS DILUÍDOS CM-30","Mato Grosso do Sul","-"]
["2013-05-01","ASFALTOS DILUÍDOS CM-30","Minas Gerais",1.4647097164455001]
["2013-05-01","ASFALTOS DILUÍDOS CM-30","Pará","-"]
["2013-05-01","ASFALTOS DILUÍDOS CM-30","Paraíba","-"]
["2013-05-01","ASFALTOS DILUÍDOS CM-30","Paraná",1.4890278492054501]
["2013-05-01","ASFALTOS DILUÍDOS CM-30","Pernambuco","-"]
["2013-05-01","ASFALTOS DILUÍDOS CM-30","Piauí","-"]
["2013-05-01","ASFALTOS DILUÍDOS CM-30","Rio de Janeiro",1.3992560478193601]
["2013-05-01","ASFALTOS DILUÍDOS CM-30","Rio Grande do Norte","-"]
["2013-05-01","ASFALTOS DILUÍDOS CM-30","Rio Grande do Sul",1.5396369613878]
["2013-05-01","ASFALTOS DILUÍDOS CM-30","Rondônia","-"]
["2013-05-01","ASFALTOS DILUÍDOS CM-30","Roraima","-"]
["2013-05-01","ASFALTOS DILUÍDOS CM-30","Santa Catarina","-"]
["2013-05-01","ASFALTOS DILUÍDOS CM-30","São Paulo",1.45121593643408]
["2013-05-01","ASFALTOS DILUÍDOS CM-30","Sergipe","-"]
["2013-05-01","ASFALTOS DILUÍDOS CM-30","Tocantins","-"]
["2013-06-01","ASFALTOS DILUÍDOS CM-30","Acre","-"]
["2013-06-01","ASFALTOS DILUÍDOS CM-30","Alagoas","-"]
["2013-06-01","ASFALTOS DILUÍDOS CM-30","Amapá","-"]
["2013-06-01","ASFALTOS DILUÍDOS CM-30","Amazonas",1.58632581750488]
["2013-06-01","ASFALTOS DILUÍDOS CM-30","Bahia",1.44812906981256]
["2013-06-01","ASFALTOS DILUÍDOS CM-30","Ceará",1.38270098852515]
["2013-06-01","ASFALTOS DILUÍDOS CM-30","Distrito Federal","-"]
["2013-06-01","ASFALTOS DILUÍDOS CM-30","Espírito Santo","-"]
["2013-06-01","ASFALTOS DILUÍDOS CM-30","Goiás",1.69961386712898]
["2013-06-01","ASFALTOS DILUÍDOS CM-30","Maranhão","-"]
["2013-06-01","ASFALTOS DILUÍDOS CM-30","Mato Grosso",1.91597565779276]
["2013-06-01","ASFALTOS DILUÍDOS CM-30","Mato Grosso do Sul","-"]
["2013-06-01","ASFALTOS DILUÍDOS CM-30","Minas Gerais",1.47536689628969]
["2013-06-01","ASFALTOS DILUÍDOS CM-30","Pará","-"]
["2013-06-01","ASFALTOS DILUÍDOS CM-30","Paraíba","-"]
["2013-06-01","ASFALTOS DILUÍDOS CM-30","Paraná",1.4321669740385401]
["2013-06-01","ASFALTOS DILUÍDOS CM-30","Pernambuco","-"]
["2013-06-01","ASFALTOS DILUÍDOS CM-30","Piauí","-"]
["2013-06-01","ASFALTOS DILUÍDOS CM-30","Rio de Janeiro",1.52742022637372]
["2013-06-01","ASFALTOS DILUÍDOS CM-30","Rio Grande do Norte","-"]
["2013-06-01","ASFALTOS DILUÍDOS CM-30","Rio Grande do Sul",1.5986834901348499]
["2013-06-01","ASFALTOS DILUÍDOS CM-30","Rondônia","-"]
["2013-06-01","ASFALTOS DILUÍDOS CM-30","Roraima","-"]
["2013-06-01","ASFALTOS DILUÍDOS CM-30","Santa Catarina","-"]
["2013-06-01","ASFALTOS DILUÍDOS CM-30","São Paulo",1.4327481873578101]
["2013-06-01","ASFALTOS DILUÍDOS CM-30","Sergipe","-"]
["2013-06-01","ASFALTOS DILUÍDOS CM-30","Tocantins","-"]
["2013-07-01","ASFALTOS DILUÍDOS CM-30","Acre","-"]
["2013-07-01","ASFALTOS DILUÍDOS CM-30","Alagoas","-"]
["2013-07-01","ASFALTOS DILUÍDOS CM-30","Amapá","-"]
["2013-07-01","ASFALTOS DILUÍDOS CM-30","Amazonas",1.5098909307114099]
["2013-07-01","ASFALTOS DILUÍDOS CM-30","Bahia",1.4361500161396099]
["2013-07-01","ASFALTOS DILUÍDOS CM-30","Ceará",1.42483584460839]
["2013-07-01","ASFALTOS DILUÍDOS CM-30","Distrito Federal","-"]
["2013-07-01","ASFALTOS DILUÍDOS CM-30","Espírito Santo","-"]
["2013-07-01","ASFALTOS DILUÍDOS CM-30","Goiás",1.66377845377828]
["2013-07-01","ASFALTOS DILUÍDOS CM-30","Maranhão","-"]
["2013-07-01","ASFALTOS DILUÍDOS CM-30","Mato Grosso",1.93058955062268]
["2013-07-01","ASFALTOS DILUÍDOS CM-30","Mato Grosso do Sul","-"]
["2013-07-01","ASFALTOS DILUÍDOS CM-30","Minas Gerais",1.47657235246175]
["2013-07-01","ASFALTOS DILUÍDOS CM-30","Pará","-"]
["2013-07-01","ASFALTOS DILUÍDOS CM-30","Paraíba","-"]
["2013-07-01","ASFALTOS DILUÍDOS CM-30","Paraná",1.47716727385319]
["2013-07-01","ASFALTOS DILUÍDOS CM-30","Pernambuco","-"]
["2013-07-01","ASFALTOS DILUÍDOS CM-30","Piauí","-"]
["2013-07-01","ASFALTOS DILUÍDOS CM-30","Rio de Janeiro",1.58446471308728]
["2013-07-01","ASFALTOS DILUÍDOS CM-30","Rio Grande do Norte","-"]
["2013-07-01","ASFALTOS DILUÍDOS CM-30","Rio Grande do Sul",1.61248792530379]
["2013-07-01","ASFALTOS DILUÍDOS CM-30","Rondônia","-"]
["2013-07-01","ASFALTOS DILUÍDOS CM-30","Roraima","-"]
["2013-07-01","ASFALTOS DILUÍDOS CM-30","Santa Catarina","-"]
["2013-07-01","ASFALTOS DILUÍDOS CM-30","São Paulo",1.5078449085221599]
["2013-07-01","ASFALTOS DILUÍDOS CM-30","Sergipe","-"]
["2013-07-01","ASFALTOS DILUÍDOS CM-30","Tocantins","-"]
["2013-08-01","ASFALTOS DILUÍDOS CM-30","Acre","-"]
["2013-08-01","ASFALTOS DILUÍDOS CM-30","Alagoas","-"]
["2013-08-01","ASFALTOS DILUÍDOS CM-30","Amapá","-"]
["2013-08-01","ASFALTOS DILUÍDOS CM-30","Amazonas",1.50927564124656]
["2013-08-01","ASFALTOS DILUÍDOS CM-30","Bahia",1.4166993230667999]
["2013-08-01","ASFALTOS DILUÍDOS CM-30","Ceará",1.4474033636621799]
["2013-08-01","ASFALTOS DILUÍDOS CM-30","Distrito Federal","-"]
["2013-08-01","ASFALTOS DILUÍDOS CM-30","Espírito Santo","-"]
["2013-08-01","ASFALTOS DILUÍDOS CM-30","Goiás",1.7334072906876701]
["2013-08-01","ASFALTOS DILUÍDOS CM-30","Maranhão","-"]
["2013-08-01","ASFALTOS DILUÍDOS CM-30","Mato Grosso",1.9368734488373001]
["2013-08-01","ASFALTOS DILUÍDOS CM-30","Mato Grosso do Sul","-"]
["2013-08-01","ASFALTOS DILUÍDOS CM-30","Minas Gerais",1.4971358662763601]
["2013-08-01","ASFALTOS DILUÍDOS CM-30","Pará","-"]
["2013-08-01","ASFALTOS DILUÍDOS CM-30","Paraíba","-"]
["2013-08-01","ASFALTOS DILUÍDOS CM-30","Paraná",1.55496043176478]
["2013-08-01","ASFALTOS DILUÍDOS CM-30","Pernambuco","-"]
["2013-08-01","ASFALTOS DILUÍDOS CM-30","Piauí","-"]
["2013-08-01","ASFALTOS DILUÍDOS CM-30","Rio de Janeiro",1.61007213222856]
["2013-08-01","ASFALTOS DILUÍDOS CM-30","Rio Grande do Norte","-"]
["2013-08-01","ASFALTOS DILUÍDOS CM-30","Rio Grande do Sul",1.48575288857195]
["2013-08-01","ASFALTOS DILUÍDOS CM-30","Rondônia","-"]
["2013-08-01","ASFALTOS DILUÍDOS CM-30","Roraima","-"]
["2013-08-01","ASFALTOS DILUÍDOS CM-30","Santa Catarina","-"]
["2013-08-01","ASFALTOS DILUÍDOS CM-30","São Paulo",1.49337070141824]
["2013-08-01","ASFALTOS DILUÍDOS CM-30","Sergipe","-"]
["2013-08-01","ASFALTOS DILUÍDOS CM-30","Tocantins","-"]
["2013-09-01","ASFALTOS DILUÍDOS CM-30","Acre","-"]
["2013-09-01","ASFALTOS DILUÍDOS CM-30","Alagoas","-"]
["2013-09-01","ASFALTOS DILUÍDOS CM-30","Amapá","-"]
["2013-09-01","ASFALTOS DILUÍDOS CM-30","Amazonas",1.46090167261296]
["2013-09-01","ASFALTOS DILUÍDOS CM-30","Bahia",1.4552257782611799]
["2013-09-01","ASFALTOS DILUÍDOS CM-30","Ceará",1.48325785668347]
["2013-09-01","ASFALTOS DILUÍDOS CM-30","Distrito Federal","-"]
["2013-09-01","ASFALTOS DILUÍDOS CM-30","Espírito Santo","-"]
["2013-09-01","ASFALTOS DILUÍDOS CM-30","Goiás",1.7695439322713999]
["2013-09-01","ASFALTOS DILUÍDOS CM-30","Maranhão","-"]
["2013-09-01","ASFALTOS DILUÍDOS CM-30","Mato Grosso",1.99444910350949]
["2013-09-01","ASFALTOS DILUÍDOS CM-30","Mato Grosso do Sul","-"]
["2013-09-01","ASFALTOS DILUÍDOS CM-30","Minas Gerais",1.55204458999805]
["2013-09-01","ASFALTOS DILUÍDOS CM-30","Pará","-"]
["2013-09-01","ASFALTOS DILUÍDOS CM-30","Paraíba","-"]
["2013-09-01","ASFALTOS DILUÍDOS CM-30","Paraná",1.49882536313079]
["2013-09-01","ASFALTOS DILUÍDOS CM-30","Pernambuco","-"]
["2013-09-01","ASFALTOS DILUÍDOS CM-30","Piauí","-"]
["2013-09-01","ASFALTOS DILUÍDOS CM-30","Rio de Janeiro",1.54852008820736]
["2013-09-01","ASFALTOS DILUÍDOS CM-30","Rio Grande do Norte","-"]
["2013-09-01","ASFALTOS DILUÍDOS CM-30","Rio Grande do Sul",1.4662314514008701]
["2013-09-01","ASFALTOS DILUÍDOS CM-30","Rondônia","-"]
["2013-09-01","ASFALTOS DILUÍDOS CM-30","Roraima","-"]
["2013-09-01","ASFALTOS DILUÍDOS CM-30","Santa Catarina","-"]
["2013-09-01","ASFALTOS DILUÍDOS CM-30","São Paulo",1.51833233081067]
["2013-09-01","ASFALTOS DILUÍDOS CM-30","Sergipe","-"]
["2013-09-01","ASFALTOS DILUÍDOS CM-30","Tocantins","-"]
["2013-10-01","ASFALTOS DILUÍDOS CM-30","Acre","-"]
["2013-10-01","ASFALTOS DILUÍDOS CM-30","Alagoas","-"]
["2013-10-01","ASFALTOS DILUÍDOS CM-30","Amapá","-"]
["2013-10-01","ASFALTOS DILUÍDOS CM-30","Amazonas",1.5243349537611399]
["2013-10-01","ASFALTOS DILUÍDOS CM-30","Bahia",1.47278367194388]
["2013-10-01","ASFALTOS DILUÍDOS CM-30","Ceará",1.48034120157571]
["2013-10-01","ASFALTOS DILUÍDOS CM-30","Distrito Federal","-"]
["2013-10-01","ASFALTOS DILUÍDOS CM-30","Espírito Santo","-"]
["2013-10-01","ASFALTOS DILUÍDOS CM-30","Goiás",1.70027485190932]
["2013-10-01","ASFALTOS DILUÍDOS CM-30","Maranhão","-"]
["2013-10-01","ASFALTOS DILUÍDOS CM-30","Mato Grosso",1.95604748735329]
["2013-10-01","ASFALTOS DILUÍDOS CM-30","Mato Grosso do Sul","-"]
["2013-10-01","ASFALTOS DILUÍDOS CM-30","Minas Gerais",1.5061274599279599]
["2013-10-01","ASFALTOS DILUÍDOS CM-30","Pará",1.74310224846561]
["2013-10-01","ASFALTOS DILUÍDOS CM-30","Paraíba","-"]
["2013-10-01","ASFALTOS DILUÍDOS CM-30","Paraná",1.5123431624357799]
["2013-10-01","ASFALTOS DILUÍDOS CM-30","Pernambuco","-"]
["2013-10-01","ASFALTOS DILUÍDOS CM-30","Piauí","-"]
["2013-10-01","ASFALTOS DILUÍDOS CM-30","Rio de Janeiro",1.5104848924413501]
["2013-10-01","ASFALTOS DILUÍDOS CM-30","Rio Grande do Norte","-"]
["2013-10-01","ASFALTOS DILUÍDOS CM-30","Rio Grande do Sul",1.4366665414429201]
["2013-10-01","ASFALTOS DILUÍDOS CM-30","Rondônia","-"]
["2013-10-01","ASFALTOS DILUÍDOS CM-30","Roraima","-"]
["2013-10-01","ASFALTOS DILUÍDOS CM-30","Santa Catarina","-"]
["2013-10-01","ASFALTOS DILUÍDOS CM-30","São Paulo",1.4793466955826799]
["2013-10-01","ASFALTOS DILUÍDOS CM-30","Sergipe","-"]
["2013-10-01","ASFALTOS DILUÍDOS CM-30","Tocantins","-"]
["2013-11-01","ASFALTOS DILUÍDOS CM-30","Acre","-"]
["2013-11-01","ASFALTOS DILUÍDOS CM-30","Alagoas","-"]
["2013-11-01","ASFALTOS DILUÍDOS CM-30","Amapá","-"]
["2013-11-01","ASFALTOS DILUÍDOS CM-30","Amazonas",1.4995512809893501]
["2013-11-01","ASFALTOS DILUÍDOS CM-30","Bahia",1.50087727386112]
["2013-11-01","ASFALTOS DILUÍDOS CM-30","Ceará",1.4875621424174901]
["2013-11-01","ASFALTOS DILUÍDOS CM-30","Distrito Federal","-"]
["2013-11-01","ASFALTOS DILUÍDOS CM-30","Espírito Santo","-"]
["2013-11-01","ASFALTOS DILUÍDOS CM-30","Goiás",1.7929405830412599]
["2013-11-01","ASFALTOS DILUÍDOS CM-30","Maranhão","-"]
["2013-11-01","ASFALTOS DILUÍDOS CM-30","Mato Grosso",1.9434762042334299]
["2013-11-01","ASFALTOS DILUÍDOS CM-30","Mato Grosso do Sul","-"]
["2013-11-01","ASFALTOS DILUÍDOS CM-30","Minas Gerais",1.4851520732604699]
["2013-11-01","ASFALTOS DILUÍDOS CM-30","Pará",1.7240862433505]
["2013-11-01","ASFALTOS DILUÍDOS CM-30","Paraíba","-"]
["2013-11-01","ASFALTOS DILUÍDOS CM-30","Paraná",1.5581010922628999]
["2013-11-01","ASFALTOS DILUÍDOS CM-30","Pernambuco","-"]
["2013-11-01","ASFALTOS DILUÍDOS CM-30","Piauí","-"]
["2013-11-01","ASFALTOS DILUÍDOS CM-30","Rio de Janeiro",1.56733902778344]
["2013-11-01","ASFALTOS DILUÍDOS CM-30","Rio Grande do Norte","-"]
["2013-11-01","ASFALTOS DILUÍDOS CM-30","Rio Grande do Sul",1.42577118458476]
["2013-11-01","ASFALTOS DILUÍDOS CM-30","Rondônia","-"]
["2013-11-01","ASFALTOS DILUÍDOS CM-30","Roraima","-"]
["2013-11-01","ASFALTOS DILUÍDOS CM-30","Santa Catarina","-"]
["2013-11-01","ASFALTOS DILUÍDOS CM-30","São Paulo",1.4885140871545]
["2013-11-01","ASFALTOS DILUÍDOS CM-30","Sergipe","-"]
["2013-11-01","ASFALTOS DILUÍDOS CM-30","Tocantins","-"]
["2013-12-01","ASFALTOS DILUÍDOS CM-30","Acre","-"]
["2013-12-01","ASFALTOS DILUÍDOS CM-30","Alagoas","-"]
["2013-12-01","ASFALTOS DILUÍDOS CM-30","Amapá","-"]
["2013-12-01","ASFALTOS DILUÍDOS CM-30","Amazonas",1.52602904483609]
["2013-12-01","ASFALTOS DILUÍDOS CM-30","Bahia",1.4767110358523401]
["2013-12-01","ASFALTOS DILUÍDOS CM-30","Ceará",1.50360288556646]
["2013-12-01","ASFALTOS DILUÍDOS CM-30","Distrito Federal","-"]
["2013-12-01","ASFALTOS DILUÍDOS CM-30","Espírito Santo","-"]
["2013-12-01","ASFALTOS DILUÍDOS CM-30","Goiás",1.8117439845237899]
["2013-12-01","ASFALTOS DILUÍDOS CM-30","Maranhão","-"]
["2013-12-01","ASFALTOS DILUÍDOS CM-30","Mato Grosso",1.9339186491243701]
["2013-12-01","ASFALTOS DILUÍDOS CM-30","Mato Grosso do Sul","-"]
["2013-12-01","ASFALTOS DILUÍDOS CM-30","Minas Gerais",1.46744775204855]
["2013-12-01","ASFALTOS DILUÍDOS CM-30","Pará",1.7439002309289999]
["2013-12-01","ASFALTOS DILUÍDOS CM-30","Paraíba","-"]
["2013-12-01","ASFALTOS DILUÍDOS CM-30","Paraná",1.65687452323416]
["2013-12-01","ASFALTOS DILUÍDOS CM-30","Pernambuco","-"]
["2013-12-01","ASFALTOS DILUÍDOS CM-30","Piauí","-"]
["2013-12-01","ASFALTOS DILUÍDOS CM-30","Rio de Janeiro",1.5550002197863]
["2013-12-01","ASFALTOS DILUÍDOS CM-30","Rio Grande do Norte","-"]
["2013-12-01","ASFALTOS DILUÍDOS CM-30","Rio Grande do Sul",1.4462951563408799]
["2013-12-01","ASFALTOS DILUÍDOS CM-30","Rondônia","-"]
["2013-12-01","ASFALTOS DILUÍDOS CM-30","Roraima","-"]
["2013-12-01","ASFALTOS DILUÍDOS CM-30","Santa Catarina","-"]
["2013-12-01","ASFALTOS DILUÍDOS CM-30","São Paulo",1.5130913326024]
["2013-12-01","ASFALTOS DILUÍDOS CM-30","Sergipe","-"]
["2013-12-01","ASFALTOS DILUÍDOS CM-30","Tocantins","-"]
["2014-01-01","ASFALTOS DILUÍDOS CM-30","Acre","-"]
["2014-01-01","ASFALTOS DILUÍDOS CM-30","Alagoas","-"]
["2014-01-01","ASFALTOS DILUÍDOS CM-30","Amapá","-"]
["2014-01-01","ASFALTOS DILUÍDOS CM-30","Amazonas",1.5470449444452601]
["2014-01-01","ASFALTOS DILUÍDOS CM-30","Bahia",1.49203290637053]
["2014-01-01","ASFALTOS DILUÍDOS CM-30","Ceará",1.5006530489663299]
["2014-01-01","ASFALTOS DILUÍDOS CM-30","Distrito Federal","-"]
["2014-01-01","ASFALTOS DILUÍDOS CM-30","Espírito Santo","-"]
["2014-01-01","ASFALTOS DILUÍDOS CM-30","Goiás",1.7738596671771101]
["2014-01-01","ASFALTOS DILUÍDOS CM-30","Maranhão","-"]
["2014-01-01","ASFALTOS DILUÍDOS CM-30","Mato Grosso",1.9580558459311701]
["2014-01-01","ASFALTOS DILUÍDOS CM-30","Mato Grosso do Sul","-"]
["2014-01-01","ASFALTOS DILUÍDOS CM-30","Minas Gerais",1.4379164016219701]
["2014-01-01","ASFALTOS DILUÍDOS CM-30","Pará","-"]
["2014-01-01","ASFALTOS DILUÍDOS CM-30","Paraíba","-"]
["2014-01-01","ASFALTOS DILUÍDOS CM-30","Paraná",1.5931626552185401]
["2014-01-01","ASFALTOS DILUÍDOS CM-30","Pernambuco","-"]
["2014-01-01","ASFALTOS DILUÍDOS CM-30","Piauí","-"]
["2014-01-01","ASFALTOS DILUÍDOS CM-30","Rio de Janeiro",1.5297024806741499]
["2014-01-01","ASFALTOS DILUÍDOS CM-30","Rio Grande do Norte","-"]
["2014-01-01","ASFALTOS DILUÍDOS CM-30","Rio Grande do Sul",1.43835764338091]
["2014-01-01","ASFALTOS DILUÍDOS CM-30","Rondônia","-"]
["2014-01-01","ASFALTOS DILUÍDOS CM-30","Roraima","-"]
["2014-01-01","ASFALTOS DILUÍDOS CM-30","Santa Catarina","-"]
["2014-01-01","ASFALTOS DILUÍDOS CM-30","São Paulo",1.5095089837973199]
["2014-01-01","ASFALTOS DILUÍDOS CM-30","Sergipe","-"]
["2014-01-01","ASFALTOS DILUÍDOS CM-30","Tocantins","-"]
["2014-02-01","ASFALTOS DILUÍDOS CM-30","Acre","-"]
["2014-02-01","ASFALTOS DILUÍDOS CM-30","Alagoas","-"]
["2014-02-01","ASFALTOS DILUÍDOS CM-30","Amapá","-"]
["2014-02-01","ASFALTOS DILUÍDOS CM-30","Amazonas",1.5421134264326]
["2014-02-01","ASFALTOS DILUÍDOS CM-30","Bahia",1.4756850145413301]
["2014-02-01","ASFALTOS DILUÍDOS CM-30","Ceará",1.4903963045347099]
["2014-02-01","ASFALTOS DILUÍDOS CM-30","Distrito Federal","-"]
["2014-02-01","ASFALTOS DILUÍDOS CM-30","Espírito Santo","-"]
["2014-02-01","ASFALTOS DILUÍDOS CM-30","Goiás",1.7497348023305701]
["2014-02-01","ASFALTOS DILUÍDOS CM-30","Maranhão","-"]
["2014-02-01","ASFALTOS DILUÍDOS CM-30","Mato Grosso",1.9452610169953899]
["2014-02-01","ASFALTOS DILUÍDOS CM-30","Mato Grosso do Sul","-"]
["2014-02-01","ASFALTOS DILUÍDOS CM-30","Minas Gerais",1.50172093914021]
["2014-02-01","ASFALTOS DILUÍDOS CM-30","Pará","-"]
["2014-02-01","ASFALTOS DILUÍDOS CM-30","Paraíba","-"]
["2014-02-01","ASFALTOS DILUÍDOS CM-30","Paraná",1.56236995446473]
["2014-02-01","ASFALTOS DILUÍDOS CM-30","Pernambuco","-"]
["2014-02-01","ASFALTOS DILUÍDOS CM-30","Piauí","-"]
["2014-02-01","ASFALTOS DILUÍDOS CM-30","Rio de Janeiro",1.57042597235582]
["2014-02-01","ASFALTOS DILUÍDOS CM-30","Rio Grande do Norte","-"]
["2014-02-01","ASFALTOS DILUÍDOS CM-30","Rio Grande do Sul",1.44712499201718]
["2014-02-01","ASFALTOS DILUÍDOS CM-30","Rondônia","-"]
["2014-02-01","ASFALTOS DILUÍDOS CM-30","Roraima","-"]
["2014-02-01","ASFALTOS DILUÍDOS CM-30","Santa Catarina","-"]
["2014-02-01","ASFALTOS DILUÍDOS CM-30","São Paulo",1.49404661558925]
["2014-02-01","ASFALTOS DILUÍDOS CM-30","Sergipe","-"]
["2014-02-01","ASFALTOS DILUÍDOS CM-30","Tocantins","-"]
["2014-03-01","ASFALTOS DILUÍDOS CM-30","Acre","-"]
["2014-03-01","ASFALTOS DILUÍDOS CM-30","Alagoas","-"]
["2014-03-01","ASFALTOS DILUÍDOS CM-30","Amapá","-"]
["2014-03-01","ASFALTOS DILUÍDOS CM-30","Amazonas",1.6042410511452201]
["2014-03-01","ASFALTOS DILUÍDOS CM-30","Bahia",1.4923505234971199]
["2014-03-01","ASFALTOS DILUÍDOS CM-30","Ceará",1.4823896656165201]
["2014-03-01","ASFALTOS DILUÍDOS CM-30","Distrito Federal","-"]
["2014-03-01","ASFALTOS DILUÍDOS CM-30","Espírito Santo","-"]
["2014-03-01","ASFALTOS DILUÍDOS CM-30","Goiás","-"]
["2014-03-01","ASFALTOS DILUÍDOS CM-30","Maranhão","-"]
["2014-03-01","ASFALTOS DILUÍDOS CM-30","Mato Grosso",2.01484210963382]
["2014-03-01","ASFALTOS DILUÍDOS CM-30","Mato Grosso do Sul","-"]
["2014-03-01","ASFALTOS DILUÍDOS CM-30","Minas Gerais",1.4808934616073499]
["2014-03-01","ASFALTOS DILUÍDOS CM-30","Pará",1.78977774142165]
["2014-03-01","ASFALTOS DILUÍDOS CM-30","Paraíba","-"]
["2014-03-01","ASFALTOS DILUÍDOS CM-30","Paraná",1.5533261261552]
["2014-03-01","ASFALTOS DILUÍDOS CM-30","Pernambuco","-"]
["2014-03-01","ASFALTOS DILUÍDOS CM-30","Piauí","-"]
["2014-03-01","ASFALTOS DILUÍDOS CM-30","Rio de Janeiro",1.55253731387424]
["2014-03-01","ASFALTOS DILUÍDOS CM-30","Rio Grande do Norte","-"]
["2014-03-01","ASFALTOS DILUÍDOS CM-30","Rio Grande do Sul",1.4385954794678999]
["2014-03-01","ASFALTOS DILUÍDOS CM-30","Rondônia","-"]
["2014-03-01","ASFALTOS DILUÍDOS CM-30","Roraima","-"]
["2014-03-01","ASFALTOS DILUÍDOS CM-30","Santa Catarina","-"]
["2014-03-01","ASFALTOS DILUÍDOS CM-30","São Paulo",1.5332047694123501]
["2014-03-01","ASFALTOS DILUÍDOS CM-30","Sergipe","-"]
["2014-03-01","ASFALTOS DILUÍDOS CM-30","Tocantins","-"]
["2014-04-01","ASFALTOS DILUÍDOS CM-30","Acre","-"]
["2014-04-01","ASFALTOS DILUÍDOS CM-30","Alagoas","-"]
["2014-04-01","ASFALTOS DILUÍDOS CM-30","Amapá","-"]
["2014-04-01","ASFALTOS DILUÍDOS CM-30","Amazonas","-"]
["2014-04-01","ASFALTOS DILUÍDOS CM-30","Bahia",1.4934269589846101]
["2014-04-01","ASFALTOS DILUÍDOS CM-30","Ceará",1.5100887018000999]
["2014-04-01","ASFALTOS DILUÍDOS CM-30","Distrito Federal","-"]
["2014-04-01","ASFALTOS DILUÍDOS CM-30","Espírito Santo","-"]
["2014-04-01","ASFALTOS DILUÍDOS CM-30","Goiás",1.71631652964593]
["2014-04-01","ASFALTOS DILUÍDOS CM-30","Maranhão","-"]
["2014-04-01","ASFALTOS DILUÍDOS CM-30","Mato Grosso",1.8750689335459301]
["2014-04-01","ASFALTOS DILUÍDOS CM-30","Mato Grosso do Sul","-"]
["2014-04-01","ASFALTOS DILUÍDOS CM-30","Minas Gerais",1.5067285578610199]
["2014-04-01","ASFALTOS DILUÍDOS CM-30","Pará","-"]
["2014-04-01","ASFALTOS DILUÍDOS CM-30","Paraíba","-"]
["2014-04-01","ASFALTOS DILUÍDOS CM-30","Paraná",1.56528827383979]
["2014-04-01","ASFALTOS DILUÍDOS CM-30","Pernambuco","-"]
["2014-04-01","ASFALTOS DILUÍDOS CM-30","Piauí","-"]
["2014-04-01","ASFALTOS DILUÍDOS CM-30","Rio de Janeiro",1.57160359908041]
["2014-04-01","ASFALTOS DILUÍDOS CM-30","Rio Grande do Norte","-"]
["2014-04-01","ASFALTOS DILUÍDOS CM-30","Rio Grande do Sul",1.47461218566561]
["2014-04-01","ASFALTOS DILUÍDOS CM-30","Rondônia","-"]
["2014-04-01","ASFALTOS DILUÍDOS CM-30","Roraima","-"]
["2014-04-01","ASFALTOS DILUÍDOS CM-30","Santa Catarina","-"]
["2014-04-01","ASFALTOS DILUÍDOS CM-30","São Paulo",1.5535714551516699]
["2014-04-01","ASFALTOS DILUÍDOS CM-30","Sergipe","-"]
["2014-04-01","ASFALTOS DILUÍDOS CM-30","Tocantins","-"]
["2014-05-01","ASFALTOS DILUÍDOS CM-30","Acre","-"]
["2014-05-01","ASFALTOS DILUÍDOS CM-30","Alagoas","-"]
["2014-05-01","ASFALTOS DILUÍDOS CM-30","Amapá","-"]
["2014-05-01","ASFALTOS DILUÍDOS CM-30","Amazonas",1.4912385595991899]
["2014-05-01","ASFALTOS DILUÍDOS CM-30","Bahia",1.4910322714256701]
["2014-05-01","ASFALTOS DILUÍDOS CM-30","Ceará",1.50016489619416]
["2014-05-01","ASFALTOS DILUÍDOS CM-30","Distrito Federal","-"]
["2014-05-01","ASFALTOS DILUÍDOS CM-30","Espírito Santo","-"]
["2014-05-01","ASFALTOS DILUÍDOS CM-30","Goiás",1.7308835228244199]
["2014-05-01","ASFALTOS DILUÍDOS CM-30","Maranhão","-"]
["2014-05-01","ASFALTOS DILUÍDOS CM-30","Mato Grosso",2.0018030360469101]
["2014-05-01","ASFALTOS DILUÍDOS CM-30","Mato Grosso do Sul","-"]
["2014-05-01","ASFALTOS DILUÍDOS CM-30","Minas Gerais",1.4950885405291801]
["2014-05-01","ASFALTOS DILUÍDOS CM-30","Pará",1.9122589243672801]
["2014-05-01","ASFALTOS DILUÍDOS CM-30","Paraíba","-"]
["2014-05-01","ASFALTOS DILUÍDOS CM-30","Paraná",1.6033534205593301]
["2014-05-01","ASFALTOS DILUÍDOS CM-30","Pernambuco","-"]
["2014-05-01","ASFALTOS DILUÍDOS CM-30","Piauí","-"]
["2014-05-01","ASFALTOS DILUÍDOS CM-30","Rio de Janeiro",1.51786031405884]
["2014-05-01","ASFALTOS DILUÍDOS CM-30","Rio Grande do Norte","-"]
["2014-05-01","ASFALTOS DILUÍDOS CM-30","Rio Grande do Sul",1.50790217456116]
["2014-05-01","ASFALTOS DILUÍDOS CM-30","Rondônia","-"]
["2014-05-01","ASFALTOS DILUÍDOS CM-30","Roraima","-"]
["2014-05-01","ASFALTOS DILUÍDOS CM-30","Santa Catarina","-"]
["2014-05-01","ASFALTOS DILUÍDOS CM-30","São Paulo",1.50431343662242]
["2014-05-01","ASFALTOS DILUÍDOS CM-30","Sergipe","-"]
["2014-05-01","ASFALTOS DILUÍDOS CM-30","Tocantins","-"]
["2014-06-01","ASFALTOS DILUÍDOS CM-30","Acre","-"]
["2014-06-01","ASFALTOS DILUÍDOS CM-30","Alagoas","-"]
["2014-06-01","ASFALTOS DILUÍDOS CM-30","Amapá","-"]
["2014-06-01","ASFALTOS DILUÍDOS CM-30","Amazonas","-"]
["2014-06-01","ASFALTOS DILUÍDOS CM-30","Bahia",1.49214394112986]
["2014-06-01","ASFALTOS DILUÍDOS CM-30","Ceará",1.51403833044806]
["2014-06-01","ASFALTOS DILUÍDOS CM-30","Distrito Federal","-"]
["2014-06-01","ASFALTOS DILUÍDOS CM-30","Espírito Santo","-"]
["2014-06-01","ASFALTOS DILUÍDOS CM-30","Goiás",1.7753981100443399]
["2014-06-01","ASFALTOS DILUÍDOS CM-30","Maranhão","-"]
["2014-06-01","ASFALTOS DILUÍDOS CM-30","Mato Grosso",1.9737997193640999]
["2014-06-01","ASFALTOS DILUÍDOS CM-30","Mato Grosso do Sul","-"]
["2014-06-01","ASFALTOS DILUÍDOS CM-30","Minas Gerais",1.4929416860704201]
["2014-06-01","ASFALTOS DILUÍDOS CM-30","Pará",1.8215155232669999]
["2014-06-01","ASFALTOS DILUÍDOS CM-30","Paraíba","-"]
["2014-06-01","ASFALTOS DILUÍDOS CM-30","Paraná",1.5321487292538301]
["2014-06-01","ASFALTOS DILUÍDOS CM-30","Pernambuco","-"]
["2014-06-01","ASFALTOS DILUÍDOS CM-30","Piauí","-"]
["2014-06-01","ASFALTOS DILUÍDOS CM-30","Rio de Janeiro",1.5638897266082099]
["2014-06-01","ASFALTOS DILUÍDOS CM-30","Rio Grande do Norte","-"]
["2014-06-01","ASFALTOS DILUÍDOS CM-30","Rio Grande do Sul",1.5009990038777501]
["2014-06-01","ASFALTOS DILUÍDOS CM-30","Rondônia","-"]
["2014-06-01","ASFALTOS DILUÍDOS CM-30","Roraima","-"]
["2014-06-01","ASFALTOS DILUÍDOS CM-30","Santa Catarina","-"]
["2014-06-01","ASFALTOS DILUÍDOS CM-30","São Paulo",1.5057881434128699]
["2014-06-01","ASFALTOS DILUÍDOS CM-30","Sergipe","-"]
["2014-06-01","ASFALTOS DILUÍDOS CM-30","Tocantins","-"]
["2014-07-01","ASFALTOS DILUÍDOS CM-30","Acre","-"]
["2014-07-01","ASFALTOS DILUÍDOS CM-30","Alagoas","-"]
["2014-07-01","ASFALTOS DILUÍDOS CM-30","Amapá","-"]
["2014-07-01","ASFALTOS DILUÍDOS CM-30","Amazonas",1.51263033569632]
["2014-07-01","ASFALTOS DILUÍDOS CM-30","Bahia",1.4865607590218499]
["2014-07-01","ASFALTOS DILUÍDOS CM-30","Ceará",1.5092975223588301]
["2014-07-01","ASFALTOS DILUÍDOS CM-30","Distrito Federal","-"]
["2014-07-01","ASFALTOS DILUÍDOS CM-30","Espírito Santo","-"]
["2014-07-01","ASFALTOS DILUÍDOS CM-30","Goiás",1.5204314593093999]
["2014-07-01","ASFALTOS DILUÍDOS CM-30","Maranhão","-"]
["2014-07-01","ASFALTOS DILUÍDOS CM-30","Mato Grosso",1.8910040312227301]
["2014-07-01","ASFALTOS DILUÍDOS CM-30","Mato Grosso do Sul","-"]
["2014-07-01","ASFALTOS DILUÍDOS CM-30","Minas Gerais",1.45419981072371]
["2014-07-01","ASFALTOS DILUÍDOS CM-30","Pará",1.82776207274848]
["2014-07-01","ASFALTOS DILUÍDOS CM-30","Paraíba","-"]
["2014-07-01","ASFALTOS DILUÍDOS CM-30","Paraná",1.5101803739883799]
["2014-07-01","ASFALTOS DILUÍDOS CM-30","Pernambuco","-"]
["2014-07-01","ASFALTOS DILUÍDOS CM-30","Piauí","-"]
["2014-07-01","ASFALTOS DILUÍDOS CM-30","Rio de Janeiro",1.43982840278959]
["2014-07-01","ASFALTOS DILUÍDOS CM-30","Rio Grande do Norte","-"]
["2014-07-01","ASFALTOS DILUÍDOS CM-30","Rio Grande do Sul",1.4952781410015099]
["2014-07-01","ASFALTOS DILUÍDOS CM-30","Rondônia","-"]
["2014-07-01","ASFALTOS DILUÍDOS CM-30","Roraima","-"]
["2014-07-01","ASFALTOS DILUÍDOS CM-30","Santa Catarina","-"]
["2014-07-01","ASFALTOS DILUÍDOS CM-30","São Paulo",1.5692258942286501]
["2014-07-01","ASFALTOS DILUÍDOS CM-30","Sergipe","-"]
["2014-07-01","ASFALTOS DILUÍDOS CM-30","Tocantins","-"]
["2014-08-01","ASFALTOS DILUÍDOS CM-30","Acre","-"]
["2014-08-01","ASFALTOS DILUÍDOS CM-30","Alagoas","-"]
["2014-08-01","ASFALTOS DILUÍDOS CM-30","Amapá","-"]
["2014-08-01","ASFALTOS DILUÍDOS CM-30","Amazonas",1.5208056700949999]
["2014-08-01","ASFALTOS DILUÍDOS CM-30","Bahia",1.4785035368511501]
["2014-08-01","ASFALTOS DILUÍDOS CM-30","Ceará",1.5155192196954499]
["2014-08-01","ASFALTOS DILUÍDOS CM-30","Distrito Federal","-"]
["2014-08-01","ASFALTOS DILUÍDOS CM-30","Espírito Santo","-"]
["2014-08-01","ASFALTOS DILUÍDOS CM-30","Goiás",1.46316988996874]
["2014-08-01","ASFALTOS DILUÍDOS CM-30","Maranhão","-"]
["2014-08-01","ASFALTOS DILUÍDOS CM-30","Mato Grosso",1.9304625910887301]
["2014-08-01","ASFALTOS DILUÍDOS CM-30","Mato Grosso do Sul","-"]
["2014-08-01","ASFALTOS DILUÍDOS CM-30","Minas Gerais",1.4992368480293601]
["2014-08-01","ASFALTOS DILUÍDOS CM-30","Pará","-"]
["2014-08-01","ASFALTOS DILUÍDOS CM-30","Paraíba","-"]
["2014-08-01","ASFALTOS DILUÍDOS CM-30","Paraná",1.5240305304383199]
["2014-08-01","ASFALTOS DILUÍDOS CM-30","Pernambuco","-"]
["2014-08-01","ASFALTOS DILUÍDOS CM-30","Piauí","-"]
["2014-08-01","ASFALTOS DILUÍDOS CM-30","Rio de Janeiro",1.40578516251884]
["2014-08-01","ASFALTOS DILUÍDOS CM-30","Rio Grande do Norte","-"]
["2014-08-01","ASFALTOS DILUÍDOS CM-30","Rio Grande do Sul",1.47021431715405]
["2014-08-01","ASFALTOS DILUÍDOS CM-30","Rondônia","-"]
["2014-08-01","ASFALTOS DILUÍDOS CM-30","Roraima","-"]
["2014-08-01","ASFALTOS DILUÍDOS CM-30","Santa Catarina","-"]
["2014-08-01","ASFALTOS DILUÍDOS CM-30","São Paulo",1.4709698804392799]
["2014-08-01","ASFALTOS DILUÍDOS CM-30","Sergipe","-"]
["2014-08-01","ASFALTOS DILUÍDOS CM-30","Tocantins","-"]
["2014-09-01","ASFALTOS DILUÍDOS CM-30","Acre","-"]
["2014-09-01","ASFALTOS DILUÍDOS CM-30","Alagoas","-"]
["2014-09-01","ASFALTOS DILUÍDOS CM-30","Amapá","-"]
["2014-09-01","ASFALTOS DILUÍDOS CM-30","Amazonas",1.5135246591078599]
["2014-09-01","ASFALTOS DILUÍDOS CM-30","Bahia",1.5106624163262901]
["2014-09-01","ASFALTOS DILUÍDOS CM-30","Ceará",1.5673309453351101]
["2014-09-01","ASFALTOS DILUÍDOS CM-30","Distrito Federal","-"]
["2014-09-01","ASFALTOS DILUÍDOS CM-30","Espírito Santo","-"]
["2014-09-01","ASFALTOS DILUÍDOS CM-30","Goiás",1.7775777087436699]
["2014-09-01","ASFALTOS DILUÍDOS CM-30","Maranhão","-"]
["2014-09-01","ASFALTOS DILUÍDOS CM-30","Mato Grosso",2.0381650401318998]
["2014-09-01","ASFALTOS DILUÍDOS CM-30","Mato Grosso do Sul","-"]
["2014-09-01","ASFALTOS DILUÍDOS CM-30","Minas Gerais",1.4837917343054099]
["2014-09-01","ASFALTOS DILUÍDOS CM-30","Pará",1.8592359250914501]
["2014-09-01","ASFALTOS DILUÍDOS CM-30","Paraíba","-"]
["2014-09-01","ASFALTOS DILUÍDOS CM-30","Paraná",1.57600802386836]
["2014-09-01","ASFALTOS DILUÍDOS CM-30","Pernambuco","-"]
["2014-09-01","ASFALTOS DILUÍDOS CM-30","Piauí","-"]
["2014-09-01","ASFALTOS DILUÍDOS CM-30","Rio de Janeiro",1.4783682449979101]
["2014-09-01","ASFALTOS DILUÍDOS CM-30","Rio Grande do Norte","-"]
["2014-09-01","ASFALTOS DILUÍDOS CM-30","Rio Grande do Sul",1.55720154583796]
["2014-09-01","ASFALTOS DILUÍDOS CM-30","Rondônia","-"]
["2014-09-01","ASFALTOS DILUÍDOS CM-30","Roraima","-"]
["2014-09-01","ASFALTOS DILUÍDOS CM-30","Santa Catarina","-"]
["2014-09-01","ASFALTOS DILUÍDOS CM-30","São Paulo",1.53470526857858]
["2014-09-01","ASFALTOS DILUÍDOS CM-30","Sergipe","-"]
["2014-09-01","ASFALTOS DILUÍDOS CM-30","Tocantins","-"]
["2014-10-01","ASFALTOS DILUÍDOS CM-30","Acre","-"]
["2014-10-01","ASFALTOS DILUÍDOS CM-30","Alagoas","-"]
["2014-10-01","ASFALTOS DILUÍDOS CM-30","Amapá","-"]
["2014-10-01","ASFALTOS DILUÍDOS CM-30","Amazonas",1.5696035731770399]
["2014-10-01","ASFALTOS DILUÍDOS CM-30","Bahia",1.5092353108857901]
["2014-10-01","ASFALTOS DILUÍDOS CM-30","Ceará",1.5110947008960001]
["2014-10-01","ASFALTOS DILUÍDOS CM-30","Distrito Federal","-"]
["2014-10-01","ASFALTOS DILUÍDOS CM-30","Espírito Santo","-"]
["2014-10-01","ASFALTOS DILUÍDOS CM-30","Goiás",1.6246091857755101]
["2014-10-01","ASFALTOS DILUÍDOS CM-30","Maranhão","-"]
["2014-10-01","ASFALTOS DILUÍDOS CM-30","Mato Grosso",1.93810794636825]
["2014-10-01","ASFALTOS DILUÍDOS CM-30","Mato Grosso do Sul","-"]
["2014-10-01","ASFALTOS DILUÍDOS CM-30","Minas Gerais",1.4769173807887299]
["2014-10-01","ASFALTOS DILUÍDOS CM-30","Pará",1.9147724445138099]
["2014-10-01","ASFALTOS DILUÍDOS CM-30","Paraíba","-"]
["2014-10-01","ASFALTOS DILUÍDOS CM-30","Paraná",1.4365746213828099]
["2014-10-01","ASFALTOS DILUÍDOS CM-30","Pernambuco","-"]
["2014-10-01","ASFALTOS DILUÍDOS CM-30","Piauí","-"]
["2014-10-01","ASFALTOS DILUÍDOS CM-30","Rio de Janeiro",1.4391131019560599]
["2014-10-01","ASFALTOS DILUÍDOS CM-30","Rio Grande do Norte","-"]
["2014-10-01","ASFALTOS DILUÍDOS CM-30","Rio Grande do Sul",1.4898313701464001]
["2014-10-01","ASFALTOS DILUÍDOS CM-30","Rondônia","-"]
["2014-10-01","ASFALTOS DILUÍDOS CM-30","Roraima","-"]
["2014-10-01","ASFALTOS DILUÍDOS CM-30","Santa Catarina","-"]
["2014-10-01","ASFALTOS DILUÍDOS CM-30","São Paulo",1.4701726717799299]
["2014-10-01","ASFALTOS DILUÍDOS CM-30","Sergipe","-"]
["2014-10-01","ASFALTOS DILUÍDOS CM-30","Tocantins","-"]
["2014-11-01","ASFALTOS DILUÍDOS CM-30","Acre","-"]
["2014-11-01","ASFALTOS DILUÍDOS CM-30","Alagoas","-"]
["2014-11-01","ASFALTOS DILUÍDOS CM-30","Amapá","-"]
["2014-11-01","ASFALTOS DILUÍDOS CM-30","Amazonas",1.4787561973044001]
["2014-11-01","ASFALTOS DILUÍDOS CM-30","Bahia",1.55278675740761]
["2014-11-01","ASFALTOS DILUÍDOS CM-30","Ceará",1.5926739084744499]
["2014-11-01","ASFALTOS DILUÍDOS CM-30","Distrito Federal","-"]
["2014-11-01","ASFALTOS DILUÍDOS CM-30","Espírito Santo","-"]
["2014-11-01","ASFALTOS DILUÍDOS CM-30","Goiás",1.5756791219070601]
["2014-11-01","ASFALTOS DILUÍDOS CM-30","Maranhão","-"]
["2014-11-01","ASFALTOS DILUÍDOS CM-30","Mato Grosso",1.9929676876804601]
["2014-11-01","ASFALTOS DILUÍDOS CM-30","Mato Grosso do Sul","-"]
["2014-11-01","ASFALTOS DILUÍDOS CM-30","Minas Gerais",1.4390341232191799]
["2014-11-01","ASFALTOS DILUÍDOS CM-30","Pará","-"]
["2014-11-01","ASFALTOS DILUÍDOS CM-30","Paraíba","-"]
["2014-11-01","ASFALTOS DILUÍDOS CM-30","Paraná",1.5536667225006799]
["2014-11-01","ASFALTOS DILUÍDOS CM-30","Pernambuco","-"]
["2014-11-01","ASFALTOS DILUÍDOS CM-30","Piauí","-"]
["2014-11-01","ASFALTOS DILUÍDOS CM-30","Rio de Janeiro",1.4800545091789901]
["2014-11-01","ASFALTOS DILUÍDOS CM-30","Rio Grande do Norte","-"]
["2014-11-01","ASFALTOS DILUÍDOS CM-30","Rio Grande do Sul",1.4925691951028901]
["2014-11-01","ASFALTOS DILUÍDOS CM-30","Rondônia","-"]
["2014-11-01","ASFALTOS DILUÍDOS CM-30","Roraima","-"]
["2014-11-01","ASFALTOS DILUÍDOS CM-30","Santa Catarina","-"]
["2014-11-01","ASFALTOS DILUÍDOS CM-30","São Paulo",1.5122719109415601]
["2014-11-01","ASFALTOS DILUÍDOS CM-30","Sergipe","-"]
["2014-11-01","ASFALTOS DILUÍDOS CM-30","Tocantins","-"]
["2014-12-01","ASFALTOS DILUÍDOS CM-30","Acre","-"]
["2014-12-01","ASFALTOS DILUÍDOS CM-30","Alagoas","-"]
["2014-12-01","ASFALTOS DILUÍDOS CM-30","Amapá","-"]
["2014-12-01","ASFALTOS DILUÍDOS CM-30","Amazonas",1.5822282822117799]
["2014-12-01","ASFALTOS DILUÍDOS CM-30","Bahia",1.6787212780815799]
["2014-12-01","ASFALTOS DILUÍDOS CM-30","Ceará",1.7166321668508699]
["2014-12-01","ASFALTOS DILUÍDOS CM-30","Distrito Federal","-"]
["2014-12-01","ASFALTOS DILUÍDOS CM-30","Espírito Santo","-"]
["2014-12-01","ASFALTOS DILUÍDOS CM-30","Goiás",1.9356190000626901]
["2014-12-01","ASFALTOS DILUÍDOS CM-30","Maranhão","-"]
["2014-12-01","ASFALTOS DILUÍDOS CM-30","Mato Grosso",2.0111752628723001]
["2014-12-01","ASFALTOS DILUÍDOS CM-30","Mato Grosso do Sul","-"]
["2014-12-01","ASFALTOS DILUÍDOS CM-30","Minas Gerais",1.6701488187808899]
["2014-12-01","ASFALTOS DILUÍDOS CM-30","Pará",1.9667102747932299]
["2014-12-01","ASFALTOS DILUÍDOS CM-30","Paraíba","-"]
["2014-12-01","ASFALTOS DILUÍDOS CM-30","Paraná",1.6886910460398299]
["2014-12-01","ASFALTOS DILUÍDOS CM-30","Pernambuco","-"]
["2014-12-01","ASFALTOS DILUÍDOS CM-30","Piauí","-"]
["2014-12-01","ASFALTOS DILUÍDOS CM-30","Rio de Janeiro",1.5883843361265499]
["2014-12-01","ASFALTOS DILUÍDOS CM-30","Rio Grande do Norte","-"]
["2014-12-01","ASFALTOS DILUÍDOS CM-30","Rio Grande do Sul",1.60996531479459]
["2014-12-01","ASFALTOS DILUÍDOS CM-30","Rondônia","-"]
["2014-12-01","ASFALTOS DILUÍDOS CM-30","Roraima","-"]
["2014-12-01","ASFALTOS DILUÍDOS CM-30","Santa Catarina","-"]
["2014-12-01","ASFALTOS DILUÍDOS CM-30","São Paulo",1.59553050716484]
["2014-12-01","ASFALTOS DILUÍDOS CM-30","Sergipe","-"]
["2014-12-01","ASFALTOS DILUÍDOS CM-30","Tocantins","-"]
["2015-01-01","ASFALTOS DILUÍDOS CM-30","Acre","-"]
["2015-01-01","ASFALTOS DILUÍDOS CM-30","Alagoas","-"]
["2015-01-01","ASFALTOS DILUÍDOS CM-30","Amapá","-"]
["2015-01-01","ASFALTOS DILUÍDOS CM-30","Amazonas",1.8436752973061801]
["2015-01-01","ASFALTOS DILUÍDOS CM-30","Bahia",2.03806521863038]
["2015-01-01","ASFALTOS DILUÍDOS CM-30","Ceará",2.0263385958659499]
["2015-01-01","ASFALTOS DILUÍDOS CM-30","Distrito Federal","-"]
["2015-01-01","ASFALTOS DILUÍDOS CM-30","Espírito Santo","-"]
["2015-01-01","ASFALTOS DILUÍDOS CM-30","Goiás",2.22537876242572]
["2015-01-01","ASFALTOS DILUÍDOS CM-30","Maranhão","-"]
["2015-01-01","ASFALTOS DILUÍDOS CM-30","Mato Grosso",2.48578494121903]
["2015-01-01","ASFALTOS DILUÍDOS CM-30","Mato Grosso do Sul","-"]
["2015-01-01","ASFALTOS DILUÍDOS CM-30","Minas Gerais",1.81086361934477]
["2015-01-01","ASFALTOS DILUÍDOS CM-30","Pará","-"]
["2015-01-01","ASFALTOS DILUÍDOS CM-30","Paraíba","-"]
["2015-01-01","ASFALTOS DILUÍDOS CM-30","Paraná",1.8470965182058701]
["2015-01-01","ASFALTOS DILUÍDOS CM-30","Pernambuco","-"]
["2015-01-01","ASFALTOS DILUÍDOS CM-30","Piauí","-"]
["2015-01-01","ASFALTOS DILUÍDOS CM-30","Rio de Janeiro",1.9044150109152]
["2015-01-01","ASFALTOS DILUÍDOS CM-30","Rio Grande do Norte","-"]
["2015-01-01","ASFALTOS DILUÍDOS CM-30","Rio Grande do Sul",1.9850377917343101]
["2015-01-01","ASFALTOS DILUÍDOS CM-30","Rondônia","-"]
["2015-01-01","ASFALTOS DILUÍDOS CM-30","Roraima","-"]
["2015-01-01","ASFALTOS DILUÍDOS CM-30","Santa Catarina","-"]
["2015-01-01","ASFALTOS DILUÍDOS CM-30","São Paulo",1.9806267067549701]
["2015-01-01","ASFALTOS DILUÍDOS CM-30","Sergipe","-"]
["2015-01-01","ASFALTOS DILUÍDOS CM-30","Tocantins","-"]
["2015-02-01","ASFALTOS DILUÍDOS CM-30","Acre","-"]
["2015-02-01","ASFALTOS DILUÍDOS CM-30","Alagoas","-"]
["2015-02-01","ASFALTOS DILUÍDOS CM-30","Amapá","-"]
["2015-02-01","ASFALTOS DILUÍDOS CM-30","Amazonas",1.9057393108376299]
["2015-02-01","ASFALTOS DILUÍDOS CM-30","Bahia",1.9590368302280901]
["2015-02-01","ASFALTOS DILUÍDOS CM-30","Ceará",2.0116737615833098]
["2015-02-01","ASFALTOS DILUÍDOS CM-30","Distrito Federal","-"]
["2015-02-01","ASFALTOS DILUÍDOS CM-30","Espírito Santo","-"]
["2015-02-01","ASFALTOS DILUÍDOS CM-30","Goiás","-"]
["2015-02-01","ASFALTOS DILUÍDOS CM-30","Maranhão","-"]
["2015-02-01","ASFALTOS DILUÍDOS CM-30","Mato Grosso",2.4281981196581199]
["2015-02-01","ASFALTOS DILUÍDOS CM-30","Mato Grosso do Sul","-"]
["2015-02-01","ASFALTOS DILUÍDOS CM-30","Minas Gerais",1.7916464381814901]
["2015-02-01","ASFALTOS DILUÍDOS CM-30","Pará","-"]
["2015-02-01","ASFALTOS DILUÍDOS CM-30","Paraíba","-"]
["2015-02-01","ASFALTOS DILUÍDOS CM-30","Paraná",1.9195190758091201]
["2015-02-01","ASFALTOS DILUÍDOS CM-30","Pernambuco","-"]
["2015-02-01","ASFALTOS DILUÍDOS CM-30","Piauí","-"]
["2015-02-01","ASFALTOS DILUÍDOS CM-30","Rio de Janeiro",1.8487725159583599]
["2015-02-01","ASFALTOS DILUÍDOS CM-30","Rio Grande do Norte","-"]
["2015-02-01","ASFALTOS DILUÍDOS CM-30","Rio Grande do Sul",1.93648370980564]
["2015-02-01","ASFALTOS DILUÍDOS CM-30","Rondônia","-"]
["2015-02-01","ASFALTOS DILUÍDOS CM-30","Roraima","-"]
["2015-02-01","ASFALTOS DILUÍDOS CM-30","Santa Catarina","-"]
["2015-02-01","ASFALTOS DILUÍDOS CM-30","São Paulo",2.0779300602464201]
["2015-02-01","ASFALTOS DILUÍDOS CM-30","Sergipe","-"]
["2015-02-01","ASFALTOS DILUÍDOS CM-30","Tocantins","-"]
["2015-03-01","ASFALTOS DILUÍDOS CM-30","Acre","-"]
["2015-03-01","ASFALTOS DILUÍDOS CM-30","Alagoas","-"]
["2015-03-01","ASFALTOS DILUÍDOS CM-30","Amapá","-"]
["2015-03-01","ASFALTOS DILUÍDOS CM-30","Amazonas",1.8035811153205701]
["2015-03-01","ASFALTOS DILUÍDOS CM-30","Bahia",1.97971245841424]
["2015-03-01","ASFALTOS DILUÍDOS CM-30","Ceará",1.9514548417981801]
["2015-03-01","ASFALTOS DILUÍDOS CM-30","Distrito Federal","-"]
["2015-03-01","ASFALTOS DILUÍDOS CM-30","Espírito Santo","-"]
["2015-03-01","ASFALTOS DILUÍDOS CM-30","Goiás",2.19273325656797]
["2015-03-01","ASFALTOS DILUÍDOS CM-30","Maranhão","-"]
["2015-03-01","ASFALTOS DILUÍDOS CM-30","Mato Grosso","-"]
["2015-03-01","ASFALTOS DILUÍDOS CM-30","Mato Grosso do Sul","-"]
["2015-03-01","ASFALTOS DILUÍDOS CM-30","Minas Gerais",1.8592465471486701]
["2015-03-01","ASFALTOS DILUÍDOS CM-30","Pará","-"]
["2015-03-01","ASFALTOS DILUÍDOS CM-30","Paraíba","-"]
["2015-03-01","ASFALTOS DILUÍDOS CM-30","Paraná",1.93910085242889]
["2015-03-01","ASFALTOS DILUÍDOS CM-30","Pernambuco","-"]
["2015-03-01","ASFALTOS DILUÍDOS CM-30","Piauí","-"]
["2015-03-01","ASFALTOS DILUÍDOS CM-30","Rio de Janeiro",1.8656178637387399]
["2015-03-01","ASFALTOS DILUÍDOS CM-30","Rio Grande do Norte","-"]
["2015-03-01","ASFALTOS DILUÍDOS CM-30","Rio Grande do Sul",1.92211349516095]
["2015-03-01","ASFALTOS DILUÍDOS CM-30","Rondônia","-"]
["2015-03-01","ASFALTOS DILUÍDOS CM-30","Roraima","-"]
["2015-03-01","ASFALTOS DILUÍDOS CM-30","Santa Catarina","-"]
["2015-03-01","ASFALTOS DILUÍDOS CM-30","São Paulo",1.9826086541771]
["2015-03-01","ASFALTOS DILUÍDOS CM-30","Sergipe","-"]
["2015-03-01","ASFALTOS DILUÍDOS CM-30","Tocantins","-"]
["2015-04-01","ASFALTOS DILUÍDOS CM-30","Acre","-"]
["2015-04-01","ASFALTOS DILUÍDOS CM-30","Alagoas","-"]
["2015-04-01","ASFALTOS DILUÍDOS CM-30","Amapá","-"]
["2015-04-01","ASFALTOS DILUÍDOS CM-30","Amazonas","-"]
["2015-04-01","ASFALTOS DILUÍDOS CM-30","Bahia",2.0182186531283901]
["2015-04-01","ASFALTOS DILUÍDOS CM-30","Ceará",1.97809901070539]
["2015-04-01","ASFALTOS DILUÍDOS CM-30","Distrito Federal","-"]
["2015-04-01","ASFALTOS DILUÍDOS CM-30","Espírito Santo","-"]
["2015-04-01","ASFALTOS DILUÍDOS CM-30","Goiás",2.2520955108331902]
["2015-04-01","ASFALTOS DILUÍDOS CM-30","Maranhão","-"]
["2015-04-01","ASFALTOS DILUÍDOS CM-30","Mato Grosso",2.47064389558233]
["2015-04-01","ASFALTOS DILUÍDOS CM-30","Mato Grosso do Sul","-"]
["2015-04-01","ASFALTOS DILUÍDOS CM-30","Minas Gerais",1.82132347212224]
["2015-04-01","ASFALTOS DILUÍDOS CM-30","Pará","-"]
["2015-04-01","ASFALTOS DILUÍDOS CM-30","Paraíba","-"]
["2015-04-01","ASFALTOS DILUÍDOS CM-30","Paraná",1.96990060094852]
["2015-04-01","ASFALTOS DILUÍDOS CM-30","Pernambuco","-"]
["2015-04-01","ASFALTOS DILUÍDOS CM-30","Piauí","-"]
["2015-04-01","ASFALTOS DILUÍDOS CM-30","Rio de Janeiro",1.84082279677077]
["2015-04-01","ASFALTOS DILUÍDOS CM-30","Rio Grande do Norte","-"]
["2015-04-01","ASFALTOS DILUÍDOS CM-30","Rio Grande do Sul",1.9063036026996101]
["2015-04-01","ASFALTOS DILUÍDOS CM-30","Rondônia","-"]
["2015-04-01","ASFALTOS DILUÍDOS CM-30","Roraima","-"]
["2015-04-01","ASFALTOS DILUÍDOS CM-30","Santa Catarina","-"]
["2015-04-01","ASFALTOS DILUÍDOS CM-30","São Paulo",1.90373449953227]
["2015-04-01","ASFALTOS DILUÍDOS CM-30","Sergipe","-"]
["2015-04-01","ASFALTOS DILUÍDOS CM-30","Tocantins","-"]
["2015-05-01","ASFALTOS DILUÍDOS CM-30","Acre","-"]
["2015-05-01","ASFALTOS DILUÍDOS CM-30","Alagoas","-"]
["2015-05-01","ASFALTOS DILUÍDOS CM-30","Amapá","-"]
["2015-05-01","ASFALTOS DILUÍDOS CM-30","Amazonas",1.91135168127392]
["2015-05-01","ASFALTOS DILUÍDOS CM-30","Bahia",1.9643649797612699]
["2015-05-01","ASFALTOS DILUÍDOS CM-30","Ceará",1.9385491692040799]
["2015-05-01","ASFALTOS DILUÍDOS CM-30","Distrito Federal","-"]
["2015-05-01","ASFALTOS DILUÍDOS CM-30","Espírito Santo","-"]
["2015-05-01","ASFALTOS DILUÍDOS CM-30","Goiás",2.2060183742674901]
["2015-05-01","ASFALTOS DILUÍDOS CM-30","Maranhão","-"]
["2015-05-01","ASFALTOS DILUÍDOS CM-30","Mato Grosso",2.4085516525116]
["2015-05-01","ASFALTOS DILUÍDOS CM-30","Mato Grosso do Sul","-"]
["2015-05-01","ASFALTOS DILUÍDOS CM-30","Minas Gerais",1.7646930202805899]
["2015-05-01","ASFALTOS DILUÍDOS CM-30","Pará","-"]
["2015-05-01","ASFALTOS DILUÍDOS CM-30","Paraíba","-"]
["2015-05-01","ASFALTOS DILUÍDOS CM-30","Paraná",2.07626379176993]
["2015-05-01","ASFALTOS DILUÍDOS CM-30","Pernambuco","-"]
["2015-05-01","ASFALTOS DILUÍDOS CM-30","Piauí","-"]
["2015-05-01","ASFALTOS DILUÍDOS CM-30","Rio de Janeiro",1.85130920862194]
["2015-05-01","ASFALTOS DILUÍDOS CM-30","Rio Grande do Norte","-"]
["2015-05-01","ASFALTOS DILUÍDOS CM-30","Rio Grande do Sul",1.9467232328850199]
["2015-05-01","ASFALTOS DILUÍDOS CM-30","Rondônia","-"]
["2015-05-01","ASFALTOS DILUÍDOS CM-30","Roraima","-"]
["2015-05-01","ASFALTOS DILUÍDOS CM-30","Santa Catarina","-"]
["2015-05-01","ASFALTOS DILUÍDOS CM-30","São Paulo",1.88186843858742]
["2015-05-01","ASFALTOS DILUÍDOS CM-30","Sergipe","-"]
["2015-05-01","ASFALTOS DILUÍDOS CM-30","Tocantins","-"]
["2015-06-01","ASFALTOS DILUÍDOS CM-30","Acre","-"]
["2015-06-01","ASFALTOS DILUÍDOS CM-30","Alagoas","-"]
["2015-06-01","ASFALTOS DILUÍDOS CM-30","Amapá","-"]
["2015-06-01","ASFALTOS DILUÍDOS CM-30","Amazonas","-"]
["2015-06-01","ASFALTOS DILUÍDOS CM-30","Bahia",2.0649718823529399]
["2015-06-01","ASFALTOS DILUÍDOS CM-30","Ceará",1.9220120292246401]
["2015-06-01","ASFALTOS DILUÍDOS CM-30","Distrito Federal","-"]
["2015-06-01","ASFALTOS DILUÍDOS CM-30","Espírito Santo","-"]
["2015-06-01","ASFALTOS DILUÍDOS CM-30","Goiás",2.25062418294557]
["2015-06-01","ASFALTOS DILUÍDOS CM-30","Maranhão","-"]
["2015-06-01","ASFALTOS DILUÍDOS CM-30","Mato Grosso",2.4281963182154001]
["2015-06-01","ASFALTOS DILUÍDOS CM-30","Mato Grosso do Sul","-"]
["2015-06-01","ASFALTOS DILUÍDOS CM-30","Minas Gerais",1.8123355726191599]
["2015-06-01","ASFALTOS DILUÍDOS CM-30","Pará","-"]
["2015-06-01","ASFALTOS DILUÍDOS CM-30","Paraíba","-"]
["2015-06-01","ASFALTOS DILUÍDOS CM-30","Paraná",2.0003676800884498]
["2015-06-01","ASFALTOS DILUÍDOS CM-30","Pernambuco","-"]
["2015-06-01","ASFALTOS DILUÍDOS CM-30","Piauí","-"]
["2015-06-01","ASFALTOS DILUÍDOS CM-30","Rio de Janeiro",1.7576409243237301]
["2015-06-01","ASFALTOS DILUÍDOS CM-30","Rio Grande do Norte","-"]
["2015-06-01","ASFALTOS DILUÍDOS CM-30","Rio Grande do Sul",1.9147810265331699]
["2015-06-01","ASFALTOS DILUÍDOS CM-30","Rondônia","-"]
["2015-06-01","ASFALTOS DILUÍDOS CM-30","Roraima","-"]
["2015-06-01","ASFALTOS DILUÍDOS CM-30","Santa Catarina","-"]
["2015-06-01","ASFALTOS DILUÍDOS CM-30","São Paulo",1.92056628794144]
["2015-06-01","ASFALTOS DILUÍDOS CM-30","Sergipe","-"]
["2015-06-01","ASFALTOS DILUÍDOS CM-30","Tocantins","-"]
["2015-07-01","ASFALTOS DILUÍDOS CM-30","Acre","-"]
["2015-07-01","ASFALTOS DILUÍDOS CM-30","Alagoas","-"]
["2015-07-01","ASFALTOS DILUÍDOS CM-30","Amapá","-"]
["2015-07-01","ASFALTOS DILUÍDOS CM-30","Amazonas","-"]
["2015-07-01","ASFALTOS DILUÍDOS CM-30","Bahia",1.9525683196479899]
["2015-07-01","ASFALTOS DILUÍDOS CM-30","Ceará",2.01010018232245]
["2015-07-01","ASFALTOS DILUÍDOS CM-30","Distrito Federal","-"]
["2015-07-01","ASFALTOS DILUÍDOS CM-30","Espírito Santo","-"]
["2015-07-01","ASFALTOS DILUÍDOS CM-30","Goiás",1.9893052477758799]
["2015-07-01","ASFALTOS DILUÍDOS CM-30","Maranhão","-"]
["2015-07-01","ASFALTOS DILUÍDOS CM-30","Mato Grosso",2.2406543645944601]
["2015-07-01","ASFALTOS DILUÍDOS CM-30","Mato Grosso do Sul","-"]
["2015-07-01","ASFALTOS DILUÍDOS CM-30","Minas Gerais",1.7224794943222499]
["2015-07-01","ASFALTOS DILUÍDOS CM-30","Pará","-"]
["2015-07-01","ASFALTOS DILUÍDOS CM-30","Paraíba","-"]
["2015-07-01","ASFALTOS DILUÍDOS CM-30","Paraná",1.9309299283677599]
["2015-07-01","ASFALTOS DILUÍDOS CM-30","Pernambuco","-"]
["2015-07-01","ASFALTOS DILUÍDOS CM-30","Piauí","-"]
["2015-07-01","ASFALTOS DILUÍDOS CM-30","Rio de Janeiro",1.83065787943299]
["2015-07-01","ASFALTOS DILUÍDOS CM-30","Rio Grande do Norte","-"]
["2015-07-01","ASFALTOS DILUÍDOS CM-30","Rio Grande do Sul",1.93321569552412]
["2015-07-01","ASFALTOS DILUÍDOS CM-30","Rondônia","-"]
["2015-07-01","ASFALTOS DILUÍDOS CM-30","Roraima","-"]
["2015-07-01","ASFALTOS DILUÍDOS CM-30","Santa Catarina","-"]
["2015-07-01","ASFALTOS DILUÍDOS CM-30","São Paulo",1.88091980598016]
["2015-07-01","ASFALTOS DILUÍDOS CM-30","Sergipe","-"]
["2015-07-01","ASFALTOS DILUÍDOS CM-30","Tocantins","-"]
["2015-08-01","ASFALTOS DILUÍDOS CM-30","Acre","-"]
["2015-08-01","ASFALTOS DILUÍDOS CM-30","Alagoas","-"]
["2015-08-01","ASFALTOS DILUÍDOS CM-30","Amapá","-"]
["2015-08-01","ASFALTOS DILUÍDOS CM-30","Amazonas","-"]
["2015-08-01","ASFALTOS DILUÍDOS CM-30","Bahia",1.9943519145464199]
["2015-08-01","ASFALTOS DILUÍDOS CM-30","Ceará",2.04611205630626]
["2015-08-01","ASFALTOS DILUÍDOS CM-30","Distrito Federal","-"]
["2015-08-01","ASFALTOS DILUÍDOS CM-30","Espírito Santo","-"]
["2015-08-01","ASFALTOS DILUÍDOS CM-30","Goiás",2.2295648211988199]
["2015-08-01","ASFALTOS DILUÍDOS CM-30","Maranhão","-"]
["2015-08-01","ASFALTOS DILUÍDOS CM-30","Mato Grosso",2.3919524221003199]
["2015-08-01","ASFALTOS DILUÍDOS CM-30","Mato Grosso do Sul","-"]
["2015-08-01","ASFALTOS DILUÍDOS CM-30","Minas Gerais",1.82518503639825]
["2015-08-01","ASFALTOS DILUÍDOS CM-30","Pará","-"]
["2015-08-01","ASFALTOS DILUÍDOS CM-30","Paraíba","-"]
["2015-08-01","ASFALTOS DILUÍDOS CM-30","Paraná",1.9779824672606301]
["2015-08-01","ASFALTOS DILUÍDOS CM-30","Pernambuco","-"]
["2015-08-01","ASFALTOS DILUÍDOS CM-30","Piauí","-"]
["2015-08-01","ASFALTOS DILUÍDOS CM-30","Rio de Janeiro",1.7638437876840001]
["2015-08-01","ASFALTOS DILUÍDOS CM-30","Rio Grande do Norte","-"]
["2015-08-01","ASFALTOS DILUÍDOS CM-30","Rio Grande do Sul",1.87189894427592]
["2015-08-01","ASFALTOS DILUÍDOS CM-30","Rondônia","-"]
["2015-08-01","ASFALTOS DILUÍDOS CM-30","Roraima","-"]
["2015-08-01","ASFALTOS DILUÍDOS CM-30","Santa Catarina","-"]
["2015-08-01","ASFALTOS DILUÍDOS CM-30","São Paulo",1.85600409241012]
["2015-08-01","ASFALTOS DILUÍDOS CM-30","Sergipe","-"]
["2015-08-01","ASFALTOS DILUÍDOS CM-30","Tocantins","-"]
["2015-09-01","ASFALTOS DILUÍDOS CM-30","Acre","-"]
["2015-09-01","ASFALTOS DILUÍDOS CM-30","Alagoas","-"]
["2015-09-01","ASFALTOS DILUÍDOS CM-30","Amapá","-"]
["2015-09-01","ASFALTOS DILUÍDOS CM-30","Amazonas","-"]
["2015-09-01","ASFALTOS DILUÍDOS CM-30","Bahia",2.0777484395203101]
["2015-09-01","ASFALTOS DILUÍDOS CM-30","Ceará",2.0931577064681601]
["2015-09-01","ASFALTOS DILUÍDOS CM-30","Distrito Federal","-"]
["2015-09-01","ASFALTOS DILUÍDOS CM-30","Espírito Santo","-"]
["2015-09-01","ASFALTOS DILUÍDOS CM-30","Goiás",2.26314442642731]
["2015-09-01","ASFALTOS DILUÍDOS CM-30","Maranhão","-"]
["2015-09-01","ASFALTOS DILUÍDOS CM-30","Mato Grosso",2.4318366613693998]
["2015-09-01","ASFALTOS DILUÍDOS CM-30","Mato Grosso do Sul","-"]
["2015-09-01","ASFALTOS DILUÍDOS CM-30","Minas Gerais",1.91862037981075]
["2015-09-01","ASFALTOS DILUÍDOS CM-30","Pará","-"]
["2015-09-01","ASFALTOS DILUÍDOS CM-30","Paraíba","-"]
["2015-09-01","ASFALTOS DILUÍDOS CM-30","Paraná",2.0515291933218398]
["2015-09-01","ASFALTOS DILUÍDOS CM-30","Pernambuco","-"]
["2015-09-01","ASFALTOS DILUÍDOS CM-30","Piauí","-"]
["2015-09-01","ASFALTOS DILUÍDOS CM-30","Rio de Janeiro",1.9160395782594799]
["2015-09-01","ASFALTOS DILUÍDOS CM-30","Rio Grande do Norte","-"]
["2015-09-01","ASFALTOS DILUÍDOS CM-30","Rio Grande do Sul",1.93404459597485]
["2015-09-01","ASFALTOS DILUÍDOS CM-30","Rondônia","-"]
["2015-09-01","ASFALTOS DILUÍDOS CM-30","Roraima","-"]
["2015-09-01","ASFALTOS DILUÍDOS CM-30","Santa Catarina","-"]
["2015-09-01","ASFALTOS DILUÍDOS CM-30","São Paulo",1.9898352439836]
["2015-09-01","ASFALTOS DILUÍDOS CM-30","Sergipe","-"]
["2015-09-01","ASFALTOS DILUÍDOS CM-30","Tocantins","-"]
["2015-10-01","ASFALTOS DILUÍDOS CM-30","Acre","-"]
["2015-10-01","ASFALTOS DILUÍDOS CM-30","Alagoas","-"]
["2015-10-01","ASFALTOS DILUÍDOS CM-30","Amapá","-"]
["2015-10-01","ASFALTOS DILUÍDOS CM-30","Amazonas",2.0822279651190101]
["2015-10-01","ASFALTOS DILUÍDOS CM-30","Bahia",2.2050839063869101]
["2015-10-01","ASFALTOS DILUÍDOS CM-30","Ceará",2.1476263351797802]
["2015-10-01","ASFALTOS DILUÍDOS CM-30","Distrito Federal","-"]
["2015-10-01","ASFALTOS DILUÍDOS CM-30","Espírito Santo","-"]
["2015-10-01","ASFALTOS DILUÍDOS CM-30","Goiás",2.3525589866195098]
["2015-10-01","ASFALTOS DILUÍDOS CM-30","Maranhão","-"]
["2015-10-01","ASFALTOS DILUÍDOS CM-30","Mato Grosso",2.53287475154676]
["2015-10-01","ASFALTOS DILUÍDOS CM-30","Mato Grosso do Sul","-"]
["2015-10-01","ASFALTOS DILUÍDOS CM-30","Minas Gerais",1.9920239420005099]
["2015-10-01","ASFALTOS DILUÍDOS CM-30","Pará","-"]
["2015-10-01","ASFALTOS DILUÍDOS CM-30","Paraíba","-"]
["2015-10-01","ASFALTOS DILUÍDOS CM-30","Paraná",2.1713156086739001]
["2015-10-01","ASFALTOS DILUÍDOS CM-30","Pernambuco","-"]
["2015-10-01","ASFALTOS DILUÍDOS CM-30","Piauí","-"]
["2015-10-01","ASFALTOS DILUÍDOS CM-30","Rio de Janeiro",1.9995862311835899]
["2015-10-01","ASFALTOS DILUÍDOS CM-30","Rio Grande do Norte","-"]
["2015-10-01","ASFALTOS DILUÍDOS CM-30","Rio Grande do Sul",2.0477011168421999]
["2015-10-01","ASFALTOS DILUÍDOS CM-30","Rondônia","-"]
["2015-10-01","ASFALTOS DILUÍDOS CM-30","Roraima","-"]
["2015-10-01","ASFALTOS DILUÍDOS CM-30","Santa Catarina","-"]
["2015-10-01","ASFALTOS DILUÍDOS CM-30","São Paulo",2.13788723055089]
["2015-10-01","ASFALTOS DILUÍDOS CM-30","Sergipe","-"]
["2015-10-01","ASFALTOS DILUÍDOS CM-30","Tocantins","-"]
["2015-11-01","ASFALTOS DILUÍDOS CM-30","Acre","-"]
["2015-11-01","ASFALTOS DILUÍDOS CM-30","Alagoas","-"]
["2015-11-01","ASFALTOS DILUÍDOS CM-30","Amapá","-"]
["2015-11-01","ASFALTOS DILUÍDOS CM-30","Amazonas","-"]
["2015-11-01","ASFALTOS DILUÍDOS CM-30","Bahia",2.4911649286714601]
["2015-11-01","ASFALTOS DILUÍDOS CM-30","Ceará",2.4076158807045198]
["2015-11-01","ASFALTOS DILUÍDOS CM-30","Distrito Federal","-"]
["2015-11-01","ASFALTOS DILUÍDOS CM-30","Espírito Santo","-"]
["2015-11-01","ASFALTOS DILUÍDOS CM-30","Goiás",2.6519842901030302]
["2015-11-01","ASFALTOS DILUÍDOS CM-30","Maranhão","-"]
["2015-11-01","ASFALTOS DILUÍDOS CM-30","Mato Grosso",2.7763479134869402]
["2015-11-01","ASFALTOS DILUÍDOS CM-30","Mato Grosso do Sul","-"]
["2015-11-01","ASFALTOS DILUÍDOS CM-30","Minas Gerais",2.2476605808400301]
["2015-11-01","ASFALTOS DILUÍDOS CM-30","Pará","-"]
["2015-11-01","ASFALTOS DILUÍDOS CM-30","Paraíba","-"]
["2015-11-01","ASFALTOS DILUÍDOS CM-30","Paraná",2.38981348864748]
["2015-11-01","ASFALTOS DILUÍDOS CM-30","Pernambuco","-"]
["2015-11-01","ASFALTOS DILUÍDOS CM-30","Piauí","-"]
["2015-11-01","ASFALTOS DILUÍDOS CM-30","Rio de Janeiro",2.2904409806707098]
["2015-11-01","ASFALTOS DILUÍDOS CM-30","Rio Grande do Norte","-"]
["2015-11-01","ASFALTOS DILUÍDOS CM-30","Rio Grande do Sul",2.2418652592516199]
["2015-11-01","ASFALTOS DILUÍDOS CM-30","Rondônia","-"]
["2015-11-01","ASFALTOS DILUÍDOS CM-30","Roraima","-"]
["2015-11-01","ASFALTOS DILUÍDOS CM-30","Santa Catarina","-"]
["2015-11-01","ASFALTOS DILUÍDOS CM-30","São Paulo",2.3526086354638198]
["2015-11-01","ASFALTOS DILUÍDOS CM-30","Sergipe","-"]
["2015-11-01","ASFALTOS DILUÍDOS CM-30","Tocantins","-"]
["2015-12-01","ASFALTOS DILUÍDOS CM-30","Acre","-"]
["2015-12-01","ASFALTOS DILUÍDOS CM-30","Alagoas","-"]
["2015-12-01","ASFALTOS DILUÍDOS CM-30","Amapá","-"]
["2015-12-01","ASFALTOS DILUÍDOS CM-30","Amazonas",2.6565702161260698]
["2015-12-01","ASFALTOS DILUÍDOS CM-30","Bahia",2.46792760249201]
["2015-12-01","ASFALTOS DILUÍDOS CM-30","Ceará",2.3617221705871199]
["2015-12-01","ASFALTOS DILUÍDOS CM-30","Distrito Federal","-"]
["2015-12-01","ASFALTOS DILUÍDOS CM-30","Espírito Santo","-"]
["2015-12-01","ASFALTOS DILUÍDOS CM-30","Goiás","-"]
["2015-12-01","ASFALTOS DILUÍDOS CM-30","Maranhão","-"]
["2015-12-01","ASFALTOS DILUÍDOS CM-30","Mato Grosso",2.7808890417718599]
["2015-12-01","ASFALTOS DILUÍDOS CM-30","Mato Grosso do Sul","-"]
["2015-12-01","ASFALTOS DILUÍDOS CM-30","Minas Gerais",2.21621363498461]
["2015-12-01","ASFALTOS DILUÍDOS CM-30","Pará","-"]
["2015-12-01","ASFALTOS DILUÍDOS CM-30","Paraíba","-"]
["2015-12-01","ASFALTOS DILUÍDOS CM-30","Paraná",2.5178176258303102]
["2015-12-01","ASFALTOS DILUÍDOS CM-30","Pernambuco","-"]
["2015-12-01","ASFALTOS DILUÍDOS CM-30","Piauí","-"]
["2015-12-01","ASFALTOS DILUÍDOS CM-30","Rio de Janeiro",2.2919812498533001]
["2015-12-01","ASFALTOS DILUÍDOS CM-30","Rio Grande do Norte","-"]
["2015-12-01","ASFALTOS DILUÍDOS CM-30","Rio Grande do Sul",2.2498893477167101]
["2015-12-01","ASFALTOS DILUÍDOS CM-30","Rondônia","-"]
["2015-12-01","ASFALTOS DILUÍDOS CM-30","Roraima","-"]
["2015-12-01","ASFALTOS DILUÍDOS CM-30","Santa Catarina","-"]
["2015-12-01","ASFALTOS DILUÍDOS CM-30","São Paulo",2.4276249474799401]
["2015-12-01","ASFALTOS DILUÍDOS CM-30","Sergipe","-"]
["2015-12-01","ASFALTOS DILUÍDOS CM-30","Tocantins","-"]
["2016-01-01","ASFALTOS DILUÍDOS CM-30","Acre","-"]
["2016-01-01","ASFALTOS DILUÍDOS CM-30","Alagoas","-"]
["2016-01-01","ASFALTOS DILUÍDOS CM-30","Amapá","-"]
["2016-01-01","ASFALTOS DILUÍDOS CM-30","Amazonas",2.6918765083698499]
["2016-01-01","ASFALTOS DILUÍDOS CM-30","Bahia",2.4471459891549898]
["2016-01-01","ASFALTOS DILUÍDOS CM-30","Ceará",2.3121224180770299]
["2016-01-01","ASFALTOS DILUÍDOS CM-30","Distrito Federal","-"]
["2016-01-01","ASFALTOS DILUÍDOS CM-30","Espírito Santo","-"]
["2016-01-01","ASFALTOS DILUÍDOS CM-30","Goiás","-"]
["2016-01-01","ASFALTOS DILUÍDOS CM-30","Maranhão","-"]
["2016-01-01","ASFALTOS DILUÍDOS CM-30","Mato Grosso",3.1073730637847601]
["2016-01-01","ASFALTOS DILUÍDOS CM-30","Mato Grosso do Sul","-"]
["2016-01-01","ASFALTOS DILUÍDOS CM-30","Minas Gerais",2.2423714141725002]
["2016-01-01","ASFALTOS DILUÍDOS CM-30","Pará","-"]
["2016-01-01","ASFALTOS DILUÍDOS CM-30","Paraíba","-"]
["2016-01-01","ASFALTOS DILUÍDOS CM-30","Paraná",2.21943131661489]
["2016-01-01","ASFALTOS DILUÍDOS CM-30","Pernambuco","-"]
["2016-01-01","ASFALTOS DILUÍDOS CM-30","Piauí","-"]
["2016-01-01","ASFALTOS DILUÍDOS CM-30","Rio de Janeiro",2.2977123128616799]
["2016-01-01","ASFALTOS DILUÍDOS CM-30","Rio Grande do Norte","-"]
["2016-01-01","ASFALTOS DILUÍDOS CM-30","Rio Grande do Sul",2.2461993368984001]
["2016-01-01","ASFALTOS DILUÍDOS CM-30","Rondônia","-"]
["2016-01-01","ASFALTOS DILUÍDOS CM-30","Roraima","-"]
["2016-01-01","ASFALTOS DILUÍDOS CM-30","Santa Catarina","-"]
["2016-01-01","ASFALTOS DILUÍDOS CM-30","São Paulo",2.2560637318955701]
["2016-01-01","ASFALTOS DILUÍDOS CM-30","Sergipe","-"]
["2016-01-01","ASFALTOS DILUÍDOS CM-30","Tocantins","-"]
["2016-02-01","ASFALTOS DILUÍDOS CM-30","Acre","-"]
["2016-02-01","ASFALTOS DILUÍDOS CM-30","Alagoas","-"]
["2016-02-01","ASFALTOS DILUÍDOS CM-30","Amapá","-"]
["2016-02-01","ASFALTOS DILUÍDOS CM-30","Amazonas",2.4455823166213899]
["2016-02-01","ASFALTOS DILUÍDOS CM-30","Bahia",2.58774623113456]
["2016-02-01","ASFALTOS DILUÍDOS CM-30","Ceará",2.41433945147726]
["2016-02-01","ASFALTOS DILUÍDOS CM-30","Distrito Federal","-"]
["2016-02-01","ASFALTOS DILUÍDOS CM-30","Espírito Santo","-"]
["2016-02-01","ASFALTOS DILUÍDOS CM-30","Goiás","-"]
["2016-02-01","ASFALTOS DILUÍDOS CM-30","Maranhão","-"]
["2016-02-01","ASFALTOS DILUÍDOS CM-30","Mato Grosso",2.9804877610805098]
["2016-02-01","ASFALTOS DILUÍDOS CM-30","Mato Grosso do Sul","-"]
["2016-02-01","ASFALTOS DILUÍDOS CM-30","Minas Gerais",2.2482721103311598]
["2016-02-01","ASFALTOS DILUÍDOS CM-30","Pará","-"]
["2016-02-01","ASFALTOS DILUÍDOS CM-30","Paraíba","-"]
["2016-02-01","ASFALTOS DILUÍDOS CM-30","Paraná",2.3818384064321099]
["2016-02-01","ASFALTOS DILUÍDOS CM-30","Pernambuco","-"]
["2016-02-01","ASFALTOS DILUÍDOS CM-30","Piauí","-"]
["2016-02-01","ASFALTOS DILUÍDOS CM-30","Rio de Janeiro","-"]
["2016-02-01","ASFALTOS DILUÍDOS CM-30","Rio Grande do Norte","-"]
["2016-02-01","ASFALTOS DILUÍDOS CM-30","Rio Grande do Sul",2.3211147518245898]
["2016-02-01","ASFALTOS DILUÍDOS CM-30","Rondônia","-"]
["2016-02-01","ASFALTOS DILUÍDOS CM-30","Roraima","-"]
["2016-02-01","ASFALTOS DILUÍDOS CM-30","Santa Catarina","-"]
["2016-02-01","ASFALTOS DILUÍDOS CM-30","São Paulo",2.4229083378074501]
["2016-02-01","ASFALTOS DILUÍDOS CM-30","Sergipe","-"]
["2016-02-01","ASFALTOS DILUÍDOS CM-30","Tocantins","-"]
["2016-03-01","ASFALTOS DILUÍDOS CM-30","Acre","-"]
["2016-03-01","ASFALTOS DILUÍDOS CM-30","Alagoas","-"]
["2016-03-01","ASFALTOS DILUÍDOS CM-30","Amapá","-"]
["2016-03-01","ASFALTOS DILUÍDOS CM-30","Amazonas",2.3018474813314498]
["2016-03-01","ASFALTOS DILUÍDOS CM-30","Bahia",2.60295867221644]
["2016-03-01","ASFALTOS DILUÍDOS CM-30","Ceará",2.4111578450534901]
["2016-03-01","ASFALTOS DILUÍDOS CM-30","Distrito Federal","-"]
["2016-03-01","ASFALTOS DILUÍDOS CM-30","Espírito Santo","-"]
["2016-03-01","ASFALTOS DILUÍDOS CM-30","Goiás",2.7119422907572601]
["2016-03-01","ASFALTOS DILUÍDOS CM-30","Maranhão","-"]
["2016-03-01","ASFALTOS DILUÍDOS CM-30","Mato Grosso",2.98658815172791]
["2016-03-01","ASFALTOS DILUÍDOS CM-30","Mato Grosso do Sul","-"]
["2016-03-01","ASFALTOS DILUÍDOS CM-30","Minas Gerais",2.2101264518541202]
["2016-03-01","ASFALTOS DILUÍDOS CM-30","Pará","-"]
["2016-03-01","ASFALTOS DILUÍDOS CM-30","Paraíba","-"]
["2016-03-01","ASFALTOS DILUÍDOS CM-30","Paraná",2.57176083089107]
["2016-03-01","ASFALTOS DILUÍDOS CM-30","Pernambuco","-"]
["2016-03-01","ASFALTOS DILUÍDOS CM-30","Piauí","-"]
["2016-03-01","ASFALTOS DILUÍDOS CM-30","Rio de Janeiro",2.10245230152176]
["2016-03-01","ASFALTOS DILUÍDOS CM-30","Rio Grande do Norte","-"]
["2016-03-01","ASFALTOS DILUÍDOS CM-30","Rio Grande do Sul",2.23808765281552]
["2016-03-01","ASFALTOS DILUÍDOS CM-30","Rondônia","-"]
["2016-03-01","ASFALTOS DILUÍDOS CM-30","Roraima","-"]
["2016-03-01","ASFALTOS DILUÍDOS CM-30","Santa Catarina","-"]
["2016-03-01","ASFALTOS DILUÍDOS CM-30","São Paulo",2.3578378881486102]
["2016-03-01","ASFALTOS DILUÍDOS CM-30","Sergipe","-"]
["2016-03-01","ASFALTOS DILUÍDOS CM-30","Tocantins","-"]
["2016-04-01","ASFALTOS DILUÍDOS CM-30","Acre","-"]
["2016-04-01","ASFALTOS DILUÍDOS CM-30","Alagoas","-"]
["2016-04-01","ASFALTOS DILUÍDOS CM-30","Amapá","-"]
["2016-04-01","ASFALTOS DILUÍDOS CM-30","Amazonas","-"]
["2016-04-01","ASFALTOS DILUÍDOS CM-30","Bahia",2.7312179952103999]
["2016-04-01","ASFALTOS DILUÍDOS CM-30","Ceará",2.7467442426145601]
["2016-04-01","ASFALTOS DILUÍDOS CM-30","Distrito Federal","-"]
["2016-04-01","ASFALTOS DILUÍDOS CM-30","Espírito Santo","-"]
["2016-04-01","ASFALTOS DILUÍDOS CM-30","Goiás",2.6770226925296301]
["2016-04-01","ASFALTOS DILUÍDOS CM-30","Maranhão","-"]
["2016-04-01","ASFALTOS DILUÍDOS CM-30","Mato Grosso",3.0260257767863599]
["2016-04-01","ASFALTOS DILUÍDOS CM-30","Mato Grosso do Sul","-"]
["2016-04-01","ASFALTOS DILUÍDOS CM-30","Minas Gerais",2.5061684692681099]
["2016-04-01","ASFALTOS DILUÍDOS CM-30","Pará","-"]
["2016-04-01","ASFALTOS DILUÍDOS CM-30","Paraíba","-"]
["2016-04-01","ASFALTOS DILUÍDOS CM-30","Paraná",2.8512277071323799]
["2016-04-01","ASFALTOS DILUÍDOS CM-30","Pernambuco","-"]
["2016-04-01","ASFALTOS DILUÍDOS CM-30","Piauí","-"]
["2016-04-01","ASFALTOS DILUÍDOS CM-30","Rio de Janeiro",2.61286970420392]
["2016-04-01","ASFALTOS DILUÍDOS CM-30","Rio Grande do Norte","-"]
["2016-04-01","ASFALTOS DILUÍDOS CM-30","Rio Grande do Sul",2.5896347572273002]
["2016-04-01","ASFALTOS DILUÍDOS CM-30","Rondônia","-"]
["2016-04-01","ASFALTOS DILUÍDOS CM-30","Roraima","-"]
["2016-04-01","ASFALTOS DILUÍDOS CM-30","Santa Catarina","-"]
["2016-04-01","ASFALTOS DILUÍDOS CM-30","São Paulo",2.5814042171999301]
["2016-04-01","ASFALTOS DILUÍDOS CM-30","Sergipe","-"]
["2016-04-01","ASFALTOS DILUÍDOS CM-30","Tocantins","-"]
["2016-05-01","ASFALTOS DILUÍDOS CM-30","Acre","-"]
["2016-05-01","ASFALTOS DILUÍDOS CM-30","Alagoas","-"]
["2016-05-01","ASFALTOS DILUÍDOS CM-30","Amapá","-"]
["2016-05-01","ASFALTOS DILUÍDOS CM-30","Amazonas","-"]
["2016-05-01","ASFALTOS DILUÍDOS CM-30","Bahia",2.7469681153744698]
["2016-05-01","ASFALTOS DILUÍDOS CM-30","Ceará",2.6236072150419401]
["2016-05-01","ASFALTOS DILUÍDOS CM-30","Distrito Federal","-"]
["2016-05-01","ASFALTOS DILUÍDOS CM-30","Espírito Santo","-"]
["2016-05-01","ASFALTOS DILUÍDOS CM-30","Goiás",2.68805147417289]
["2016-05-01","ASFALTOS DILUÍDOS CM-30","Maranhão","-"]
["2016-05-01","ASFALTOS DILUÍDOS CM-30","Mato Grosso",3.15696528979498]
["2016-05-01","ASFALTOS DILUÍDOS CM-30","Mato Grosso do Sul","-"]
["2016-05-01","ASFALTOS DILUÍDOS CM-30","Minas Gerais",2.5838004224814801]
["2016-05-01","ASFALTOS DILUÍDOS CM-30","Pará","-"]
["2016-05-01","ASFALTOS DILUÍDOS CM-30","Paraíba","-"]
["2016-05-01","ASFALTOS DILUÍDOS CM-30","Paraná",2.9391777892030801]
["2016-05-01","ASFALTOS DILUÍDOS CM-30","Pernambuco","-"]
["2016-05-01","ASFALTOS DILUÍDOS CM-30","Piauí","-"]
["2016-05-01","ASFALTOS DILUÍDOS CM-30","Rio de Janeiro",2.5668461855909399]
["2016-05-01","ASFALTOS DILUÍDOS CM-30","Rio Grande do Norte","-"]
["2016-05-01","ASFALTOS DILUÍDOS CM-30","Rio Grande do Sul",2.6476469066542001]
["2016-05-01","ASFALTOS DILUÍDOS CM-30","Rondônia","-"]
["2016-05-01","ASFALTOS DILUÍDOS CM-30","Roraima","-"]
["2016-05-01","ASFALTOS DILUÍDOS CM-30","Santa Catarina","-"]
["2016-05-01","ASFALTOS DILUÍDOS CM-30","São Paulo",2.5628439622449299]
["2016-05-01","ASFALTOS DILUÍDOS CM-30","Sergipe","-"]
["2016-05-01","ASFALTOS DILUÍDOS CM-30","Tocantins","-"]
["2016-06-01","ASFALTOS DILUÍDOS CM-30","Acre","-"]
["2016-06-01","ASFALTOS DILUÍDOS CM-30","Alagoas","-"]
["2016-06-01","ASFALTOS DILUÍDOS CM-30","Amapá","-"]
["2016-06-01","ASFALTOS DILUÍDOS CM-30","Amazonas",2.4521280960493201]
["2016-06-01","ASFALTOS DILUÍDOS CM-30","Bahia",2.6917980657906702]
["2016-06-01","ASFALTOS DILUÍDOS CM-30","Ceará",2.5980629252470799]
["2016-06-01","ASFALTOS DILUÍDOS CM-30","Distrito Federal","-"]
["2016-06-01","ASFALTOS DILUÍDOS CM-30","Espírito Santo","-"]
["2016-06-01","ASFALTOS DILUÍDOS CM-30","Goiás",2.8016739239319701]
["2016-06-01","ASFALTOS DILUÍDOS CM-30","Maranhão","-"]
["2016-06-01","ASFALTOS DILUÍDOS CM-30","Mato Grosso",3.1930815665959802]
["2016-06-01","ASFALTOS DILUÍDOS CM-30","Mato Grosso do Sul","-"]
["2016-06-01","ASFALTOS DILUÍDOS CM-30","Minas Gerais",2.69126205122646]
["2016-06-01","ASFALTOS DILUÍDOS CM-30","Pará","-"]
["2016-06-01","ASFALTOS DILUÍDOS CM-30","Paraíba","-"]
["2016-06-01","ASFALTOS DILUÍDOS CM-30","Paraná",2.7805116884537902]
["2016-06-01","ASFALTOS DILUÍDOS CM-30","Pernambuco","-"]
["2016-06-01","ASFALTOS DILUÍDOS CM-30","Piauí","-"]
["2016-06-01","ASFALTOS DILUÍDOS CM-30","Rio de Janeiro",2.6951715237977298]
["2016-06-01","ASFALTOS DILUÍDOS CM-30","Rio Grande do Norte","-"]
["2016-06-01","ASFALTOS DILUÍDOS CM-30","Rio Grande do Sul",2.5920306772157899]
["2016-06-01","ASFALTOS DILUÍDOS CM-30","Rondônia","-"]
["2016-06-01","ASFALTOS DILUÍDOS CM-30","Roraima","-"]
["2016-06-01","ASFALTOS DILUÍDOS CM-30","Santa Catarina","-"]
["2016-06-01","ASFALTOS DILUÍDOS CM-30","São Paulo",2.5595021402880098]
["2016-06-01","ASFALTOS DILUÍDOS CM-30","Sergipe","-"]
["2016-06-01","ASFALTOS DILUÍDOS CM-30","Tocantins","-"]
["2016-07-01","ASFALTOS DILUÍDOS CM-30","Acre","-"]
["2016-07-01","ASFALTOS DILUÍDOS CM-30","Alagoas","-"]
["2016-07-01","ASFALTOS DILUÍDOS CM-30","Amapá","-"]
["2016-07-01","ASFALTOS DILUÍDOS CM-30","Amazonas","-"]
["2016-07-01","ASFALTOS DILUÍDOS CM-30","Bahia",2.7113870130164099]
["2016-07-01","ASFALTOS DILUÍDOS CM-30","Ceará",2.5356660574301002]
["2016-07-01","ASFALTOS DILUÍDOS CM-30","Distrito Federal","-"]
["2016-07-01","ASFALTOS DILUÍDOS CM-30","Espírito Santo","-"]
["2016-07-01","ASFALTOS DILUÍDOS CM-30","Goiás",2.8865516122086201]
["2016-07-01","ASFALTOS DILUÍDOS CM-30","Maranhão","-"]
["2016-07-01","ASFALTOS DILUÍDOS CM-30","Mato Grosso",3.21695032785063]
["2016-07-01","ASFALTOS DILUÍDOS CM-30","Mato Grosso do Sul","-"]
["2016-07-01","ASFALTOS DILUÍDOS CM-30","Minas Gerais",2.58830525484648]
["2016-07-01","ASFALTOS DILUÍDOS CM-30","Pará","-"]
["2016-07-01","ASFALTOS DILUÍDOS CM-30","Paraíba","-"]
["2016-07-01","ASFALTOS DILUÍDOS CM-30","Paraná",2.7495566091936401]
["2016-07-01","ASFALTOS DILUÍDOS CM-30","Pernambuco","-"]
["2016-07-01","ASFALTOS DILUÍDOS CM-30","Piauí","-"]
["2016-07-01","ASFALTOS DILUÍDOS CM-30","Rio de Janeiro",2.6186810834868002]
["2016-07-01","ASFALTOS DILUÍDOS CM-30","Rio Grande do Norte","-"]
["2016-07-01","ASFALTOS DILUÍDOS CM-30","Rio Grande do Sul",2.5812876305805998]
["2016-07-01","ASFALTOS DILUÍDOS CM-30","Rondônia","-"]
["2016-07-01","ASFALTOS DILUÍDOS CM-30","Roraima","-"]
["2016-07-01","ASFALTOS DILUÍDOS CM-30","Santa Catarina","-"]
["2016-07-01","ASFALTOS DILUÍDOS CM-30","São Paulo",2.6258306371136002]
["2016-07-01","ASFALTOS DILUÍDOS CM-30","Sergipe","-"]
["2016-07-01","ASFALTOS DILUÍDOS CM-30","Tocantins","-"]
["2016-08-01","ASFALTOS DILUÍDOS CM-30","Acre","-"]
["2016-08-01","ASFALTOS DILUÍDOS CM-30","Alagoas","-"]
["2016-08-01","ASFALTOS DILUÍDOS CM-30","Amapá","-"]
["2016-08-01","ASFALTOS DILUÍDOS CM-30","Amazonas",2.6299263123263201]
["2016-08-01","ASFALTOS DILUÍDOS CM-30","Bahia",2.6986666709865901]
["2016-08-01","ASFALTOS DILUÍDOS CM-30","Ceará",2.5996674167770002]
["2016-08-01","ASFALTOS DILUÍDOS CM-30","Distrito Federal","-"]
["2016-08-01","ASFALTOS DILUÍDOS CM-30","Espírito Santo","-"]
["2016-08-01","ASFALTOS DILUÍDOS CM-30","Goiás",2.8670692918288898]
["2016-08-01","ASFALTOS DILUÍDOS CM-30","Maranhão","-"]
["2016-08-01","ASFALTOS DILUÍDOS CM-30","Mato Grosso",3.1268523235532899]
["2016-08-01","ASFALTOS DILUÍDOS CM-30","Mato Grosso do Sul","-"]
["2016-08-01","ASFALTOS DILUÍDOS CM-30","Minas Gerais",2.7147531499379798]
["2016-08-01","ASFALTOS DILUÍDOS CM-30","Pará","-"]
["2016-08-01","ASFALTOS DILUÍDOS CM-30","Paraíba","-"]
["2016-08-01","ASFALTOS DILUÍDOS CM-30","Paraná",2.8536093855539102]
["2016-08-01","ASFALTOS DILUÍDOS CM-30","Pernambuco","-"]
["2016-08-01","ASFALTOS DILUÍDOS CM-30","Piauí","-"]
["2016-08-01","ASFALTOS DILUÍDOS CM-30","Rio de Janeiro",2.5675301561048101]
["2016-08-01","ASFALTOS DILUÍDOS CM-30","Rio Grande do Norte","-"]
["2016-08-01","ASFALTOS DILUÍDOS CM-30","Rio Grande do Sul",2.6449414865112901]
["2016-08-01","ASFALTOS DILUÍDOS CM-30","Rondônia","-"]
["2016-08-01","ASFALTOS DILUÍDOS CM-30","Roraima","-"]
["2016-08-01","ASFALTOS DILUÍDOS CM-30","Santa Catarina","-"]
["2016-08-01","ASFALTOS DILUÍDOS CM-30","São Paulo",2.64658306555584]
["2016-08-01","ASFALTOS DILUÍDOS CM-30","Sergipe","-"]
["2016-08-01","ASFALTOS DILUÍDOS CM-30","Tocantins","-"]
["2016-09-01","ASFALTOS DILUÍDOS CM-30","Acre","-"]
["2016-09-01","ASFALTOS DILUÍDOS CM-30","Alagoas","-"]
["2016-09-01","ASFALTOS DILUÍDOS CM-30","Amapá","-"]
["2016-09-01","ASFALTOS DILUÍDOS CM-30","Amazonas","-"]
["2016-09-01","ASFALTOS DILUÍDOS CM-30","Bahia",2.63728019154044]
["2016-09-01","ASFALTOS DILUÍDOS CM-30","Ceará",2.4488915101973401]
["2016-09-01","ASFALTOS DILUÍDOS CM-30","Distrito Federal","-"]
["2016-09-01","ASFALTOS DILUÍDOS CM-30","Espírito Santo","-"]
["2016-09-01","ASFALTOS DILUÍDOS CM-30","Goiás",2.7830674796007999]
["2016-09-01","ASFALTOS DILUÍDOS CM-30","Maranhão","-"]
["2016-09-01","ASFALTOS DILUÍDOS CM-30","Mato Grosso",2.8643657377690999]
["2016-09-01","ASFALTOS DILUÍDOS CM-30","Mato Grosso do Sul","-"]
["2016-09-01","ASFALTOS DILUÍDOS CM-30","Minas Gerais",2.4918739840447501]
["2016-09-01","ASFALTOS DILUÍDOS CM-30","Pará","-"]
["2016-09-01","ASFALTOS DILUÍDOS CM-30","Paraíba","-"]
["2016-09-01","ASFALTOS DILUÍDOS CM-30","Paraná",2.4421200073310199]
["2016-09-01","ASFALTOS DILUÍDOS CM-30","Pernambuco","-"]
["2016-09-01","ASFALTOS DILUÍDOS CM-30","Piauí","-"]
["2016-09-01","ASFALTOS DILUÍDOS CM-30","Rio de Janeiro",2.4485622617516798]
["2016-09-01","ASFALTOS DILUÍDOS CM-30","Rio Grande do Norte","-"]
["2016-09-01","ASFALTOS DILUÍDOS CM-30","Rio Grande do Sul",2.3330569365213298]
["2016-09-01","ASFALTOS DILUÍDOS CM-30","Rondônia","-"]
["2016-09-01","ASFALTOS DILUÍDOS CM-30","Roraima","-"]
["2016-09-01","ASFALTOS DILUÍDOS CM-30","Santa Catarina","-"]
["2016-09-01","ASFALTOS DILUÍDOS CM-30","São Paulo",2.6107531549532199]
["2016-09-01","ASFALTOS DILUÍDOS CM-30","Sergipe","-"]
["2016-09-01","ASFALTOS DILUÍDOS CM-30","Tocantins","-"]
["2016-10-01","ASFALTOS DILUÍDOS CM-30","Acre","-"]
["2016-10-01","ASFALTOS DILUÍDOS CM-30","Alagoas","-"]
["2016-10-01","ASFALTOS DILUÍDOS CM-30","Amapá","-"]
["2016-10-01","ASFALTOS DILUÍDOS CM-30","Amazonas","-"]
["2016-10-01","ASFALTOS DILUÍDOS CM-30","Bahia",2.5017436213909199]
["2016-10-01","ASFALTOS DILUÍDOS CM-30","Ceará",2.3940726515109798]
["2016-10-01","ASFALTOS DILUÍDOS CM-30","Distrito Federal","-"]
["2016-10-01","ASFALTOS DILUÍDOS CM-30","Espírito Santo","-"]
["2016-10-01","ASFALTOS DILUÍDOS CM-30","Goiás",2.7675757181765599]
["2016-10-01","ASFALTOS DILUÍDOS CM-30","Maranhão","-"]
["2016-10-01","ASFALTOS DILUÍDOS CM-30","Mato Grosso",2.8803239746962301]
["2016-10-01","ASFALTOS DILUÍDOS CM-30","Mato Grosso do Sul","-"]
["2016-10-01","ASFALTOS DILUÍDOS CM-30","Minas Gerais",2.5162790547111902]
["2016-10-01","ASFALTOS DILUÍDOS CM-30","Pará",2.6664320277681499]
["2016-10-01","ASFALTOS DILUÍDOS CM-30","Paraíba","-"]
["2016-10-01","ASFALTOS DILUÍDOS CM-30","Paraná",2.4296834277271602]
["2016-10-01","ASFALTOS DILUÍDOS CM-30","Pernambuco","-"]
["2016-10-01","ASFALTOS DILUÍDOS CM-30","Piauí","-"]
["2016-10-01","ASFALTOS DILUÍDOS CM-30","Rio de Janeiro",2.3020178102766802]
["2016-10-01","ASFALTOS DILUÍDOS CM-30","Rio Grande do Norte","-"]
["2016-10-01","ASFALTOS DILUÍDOS CM-30","Rio Grande do Sul",2.36393188404683]
["2016-10-01","ASFALTOS DILUÍDOS CM-30","Rondônia","-"]
["2016-10-01","ASFALTOS DILUÍDOS CM-30","Roraima","-"]
["2016-10-01","ASFALTOS DILUÍDOS CM-30","Santa Catarina","-"]
["2016-10-01","ASFALTOS DILUÍDOS CM-30","São Paulo",2.5441346985392501]
["2016-10-01","ASFALTOS DILUÍDOS CM-30","Sergipe","-"]
["2016-10-01","ASFALTOS DILUÍDOS CM-30","Tocantins","-"]
["2016-11-01","ASFALTOS DILUÍDOS CM-30","Acre","-"]
["2016-11-01","ASFALTOS DILUÍDOS CM-30","Alagoas","-"]
["2016-11-01","ASFALTOS DILUÍDOS CM-30","Amapá","-"]
["2016-11-01","ASFALTOS DILUÍDOS CM-30","Amazonas",2.2843667899593698]
["2016-11-01","ASFALTOS DILUÍDOS CM-30","Bahia","-"]
["2016-11-01","ASFALTOS DILUÍDOS CM-30","Ceará",2.3328574466821799]
["2016-11-01","ASFALTOS DILUÍDOS CM-30","Distrito Federal","-"]
["2016-11-01","ASFALTOS DILUÍDOS CM-30","Espírito Santo","-"]
["2016-11-01","ASFALTOS DILUÍDOS CM-30","Goiás",3.2333979234489898]
["2016-11-01","ASFALTOS DILUÍDOS CM-30","Maranhão","-"]
["2016-11-01","ASFALTOS DILUÍDOS CM-30","Mato Grosso",2.7493124575239301]
["2016-11-01","ASFALTOS DILUÍDOS CM-30","Mato Grosso do Sul","-"]
["2016-11-01","ASFALTOS DILUÍDOS CM-30","Minas Gerais",2.4173114909834501]
["2016-11-01","ASFALTOS DILUÍDOS CM-30","Pará","-"]
["2016-11-01","ASFALTOS DILUÍDOS CM-30","Paraíba","-"]
["2016-11-01","ASFALTOS DILUÍDOS CM-30","Paraná",2.4686306348138101]
["2016-11-01","ASFALTOS DILUÍDOS CM-30","Pernambuco","-"]
["2016-11-01","ASFALTOS DILUÍDOS CM-30","Piauí","-"]
["2016-11-01","ASFALTOS DILUÍDOS CM-30","Rio de Janeiro","-"]
["2016-11-01","ASFALTOS DILUÍDOS CM-30","Rio Grande do Norte","-"]
["2016-11-01","ASFALTOS DILUÍDOS CM-30","Rio Grande do Sul",2.3084806817918699]
["2016-11-01","ASFALTOS DILUÍDOS CM-30","Rondônia","-"]
["2016-11-01","ASFALTOS DILUÍDOS CM-30","Roraima","-"]
["2016-11-01","ASFALTOS DILUÍDOS CM-30","Santa Catarina","-"]
["2016-11-01","ASFALTOS DILUÍDOS CM-30","São Paulo",2.6043368181526501]
["2016-11-01","ASFALTOS DILUÍDOS CM-30","Sergipe","-"]
["2016-11-01","ASFALTOS DILUÍDOS CM-30","Tocantins","-"]
["2016-12-01","ASFALTOS DILUÍDOS CM-30","Acre","-"]
["2016-12-01","ASFALTOS DILUÍDOS CM-30","Alagoas","-"]
["2016-12-01","ASFALTOS DILUÍDOS CM-30","Amapá","-"]
["2016-12-01","ASFALTOS DILUÍDOS CM-30","Amazonas",2.2830533156309598]
["2016-12-01","ASFALTOS DILUÍDOS CM-30","Bahia",3.0030689295725299]
["2016-12-01","ASFALTOS DILUÍDOS CM-30","Ceará",2.2189181963258502]
["2016-12-01","ASFALTOS DILUÍDOS CM-30","Distrito Federal","-"]
["2016-12-01","ASFALTOS DILUÍDOS CM-30","Espírito Santo","-"]
["2016-12-01","ASFALTOS DILUÍDOS CM-30","Goiás","-"]
["2016-12-01","ASFALTOS DILUÍDOS CM-30","Maranhão","-"]
["2016-12-01","ASFALTOS DILUÍDOS CM-30","Mato Grosso",2.8655321072542499]
["2016-12-01","ASFALTOS DILUÍDOS CM-30","Mato Grosso do Sul","-"]
["2016-12-01","ASFALTOS DILUÍDOS CM-30","Minas Gerais",2.62741746426437]
["2016-12-01","ASFALTOS DILUÍDOS CM-30","Pará","-"]
["2016-12-01","ASFALTOS DILUÍDOS CM-30","Paraíba","-"]
["2016-12-01","ASFALTOS DILUÍDOS CM-30","Paraná",2.5107862213117502]
["2016-12-01","ASFALTOS DILUÍDOS CM-30","Pernambuco","-"]
["2016-12-01","ASFALTOS DILUÍDOS CM-30","Piauí","-"]
["2016-12-01","ASFALTOS DILUÍDOS CM-30","Rio de Janeiro","-"]
["2016-12-01","ASFALTOS DILUÍDOS CM-30","Rio Grande do Norte","-"]
["2016-12-01","ASFALTOS DILUÍDOS CM-30","Rio Grande do Sul",2.2810473330069998]
["2016-12-01","ASFALTOS DILUÍDOS CM-30","Rondônia","-"]
["2016-12-01","ASFALTOS DILUÍDOS CM-30","Roraima","-"]
["2016-12-01","ASFALTOS DILUÍDOS CM-30","Santa Catarina","-"]
["2016-12-01","ASFALTOS DILUÍDOS CM-30","São Paulo",2.5582033119841099]
["2016-12-01","ASFALTOS DILUÍDOS CM-30","Sergipe","-"]
["2016-12-01","ASFALTOS DILUÍDOS CM-30","Tocantins","-"]
["2017-01-01","ASFALTOS DILUÍDOS CM-30","Acre","-"]
["2017-01-01","ASFALTOS DILUÍDOS CM-30","Alagoas","-"]
["2017-01-01","ASFALTOS DILUÍDOS CM-30","Amapá","-"]
["2017-01-01","ASFALTOS DILUÍDOS CM-30","Amazonas","-"]
["2017-01-01","ASFALTOS DILUÍDOS CM-30","Bahia","-"]
["2017-01-01","ASFALTOS DILUÍDOS CM-30","Ceará",2.1898095821450001]
["2017-01-01","ASFALTOS DILUÍDOS CM-30","Distrito Federal","-"]
["2017-01-01","ASFALTOS DILUÍDOS CM-30","Espírito Santo","-"]
["2017-01-01","ASFALTOS DILUÍDOS CM-30","Goiás","-"]
["2017-01-01","ASFALTOS DILUÍDOS CM-30","Maranhão","-"]
["2017-01-01","ASFALTOS DILUÍDOS CM-30","Mato Grosso",2.8395329452054798]
["2017-01-01","ASFALTOS DILUÍDOS CM-30","Mato Grosso do Sul","-"]
["2017-01-01","ASFALTOS DILUÍDOS CM-30","Minas Gerais",2.5192293580760801]
["2017-01-01","ASFALTOS DILUÍDOS CM-30","Pará","-"]
["2017-01-01","ASFALTOS DILUÍDOS CM-30","Paraíba","-"]
["2017-01-01","ASFALTOS DILUÍDOS CM-30","Paraná",2.4342778643485001]
["2017-01-01","ASFALTOS DILUÍDOS CM-30","Pernambuco","-"]
["2017-01-01","ASFALTOS DILUÍDOS CM-30","Piauí","-"]
["2017-01-01","ASFALTOS DILUÍDOS CM-30","Rio de Janeiro","-"]
["2017-01-01","ASFALTOS DILUÍDOS CM-30","Rio Grande do Norte","-"]
["2017-01-01","ASFALTOS DILUÍDOS CM-30","Rio Grande do Sul",2.3438676041624298]
["2017-01-01","ASFALTOS DILUÍDOS CM-30","Rondônia","-"]
["2017-01-01","ASFALTOS DILUÍDOS CM-30","Roraima","-"]
["2017-01-01","ASFALTOS DILUÍDOS CM-30","Santa Catarina","-"]
["2017-01-01","ASFALTOS DILUÍDOS CM-30","São Paulo",2.61076818988791]
["2017-01-01","ASFALTOS DILUÍDOS CM-30","Sergipe","-"]
["2017-01-01","ASFALTOS DILUÍDOS CM-30","Tocantins","-"]
["2017-02-01","ASFALTOS DILUÍDOS CM-30","Acre","-"]
["2017-02-01","ASFALTOS DILUÍDOS CM-30","Alagoas","-"]
["2017-02-01","ASFALTOS DILUÍDOS CM-30","Amapá","-"]
["2017-02-01","ASFALTOS DILUÍDOS CM-30","Amazonas","-"]
["2017-02-01","ASFALTOS DILUÍDOS CM-30","Bahia","-"]
["2017-02-01","ASFALTOS DILUÍDOS CM-30","Ceará",2.2339391847804699]
["2017-02-01","ASFALTOS DILUÍDOS CM-30","Distrito Federal","-"]
["2017-02-01","ASFALTOS DILUÍDOS CM-30","Espírito Santo","-"]
["2017-02-01","ASFALTOS DILUÍDOS CM-30","Goiás","-"]
["2017-02-01","ASFALTOS DILUÍDOS CM-30","Maranhão","-"]
["2017-02-01","ASFALTOS DILUÍDOS CM-30","Mato Grosso",2.7731096434953502]
["2017-02-01","ASFALTOS DILUÍDOS CM-30","Mato Grosso do Sul","-"]
["2017-02-01","ASFALTOS DILUÍDOS CM-30","Minas Gerais",2.5819261618305398]
["2017-02-01","ASFALTOS DILUÍDOS CM-30","Pará","-"]
["2017-02-01","ASFALTOS DILUÍDOS CM-30","Paraíba","-"]
["2017-02-01","ASFALTOS DILUÍDOS CM-30","Paraná",2.54199594667823]
["2017-02-01","ASFALTOS DILUÍDOS CM-30","Pernambuco","-"]
["2017-02-01","ASFALTOS DILUÍDOS CM-30","Piauí","-"]
["2017-02-01","ASFALTOS DILUÍDOS CM-30","Rio de Janeiro","-"]
["2017-02-01","ASFALTOS DILUÍDOS CM-30","Rio Grande do Norte","-"]
["2017-02-01","ASFALTOS DILUÍDOS CM-30","Rio Grande do Sul",2.2606895837957799]
["2017-02-01","ASFALTOS DILUÍDOS CM-30","Rondônia","-"]
["2017-02-01","ASFALTOS DILUÍDOS CM-30","Roraima","-"]
["2017-02-01","ASFALTOS DILUÍDOS CM-30","Santa Catarina","-"]
["2017-02-01","ASFALTOS DILUÍDOS CM-30","São Paulo",2.55418874692664]
["2017-02-01","ASFALTOS DILUÍDOS CM-30","Sergipe","-"]
["2017-02-01","ASFALTOS DILUÍDOS CM-30","Tocantins","-"]
["2017-03-01","ASFALTOS DILUÍDOS CM-30","Acre","-"]
["2017-03-01","ASFALTOS DILUÍDOS CM-30","Alagoas","-"]
["2017-03-01","ASFALTOS DILUÍDOS CM-30","Amapá","-"]
["2017-03-01","ASFALTOS DILUÍDOS CM-30","Amazonas","-"]
["2017-03-01","ASFALTOS DILUÍDOS CM-30","Bahia",2.80708220166296]
["2017-03-01","ASFALTOS DILUÍDOS CM-30","Ceará",2.3073185749652798]
["2017-03-01","ASFALTOS DILUÍDOS CM-30","Distrito Federal","-"]
["2017-03-01","ASFALTOS DILUÍDOS CM-30","Espírito Santo","-"]
["2017-03-01","ASFALTOS DILUÍDOS CM-30","Goiás","-"]
["2017-03-01","ASFALTOS DILUÍDOS CM-30","Maranhão","-"]
["2017-03-01","ASFALTOS DILUÍDOS CM-30","Mato Grosso",2.7880354710071198]
["2017-03-01","ASFALTOS DILUÍDOS CM-30","Mato Grosso do Sul","-"]
["2017-03-01","ASFALTOS DILUÍDOS CM-30","Minas Gerais",2.3507018286946701]
["2017-03-01","ASFALTOS DILUÍDOS CM-30","Pará","-"]
["2017-03-01","ASFALTOS DILUÍDOS CM-30","Paraíba","-"]
["2017-03-01","ASFALTOS DILUÍDOS CM-30","Paraná",2.39121265913723]
["2017-03-01","ASFALTOS DILUÍDOS CM-30","Pernambuco","-"]
["2017-03-01","ASFALTOS DILUÍDOS CM-30","Piauí","-"]
["2017-03-01","ASFALTOS DILUÍDOS CM-30","Rio de Janeiro",2.28054685417804]
["2017-03-01","ASFALTOS DILUÍDOS CM-30","Rio Grande do Norte","-"]
["2017-03-01","ASFALTOS DILUÍDOS CM-30","Rio Grande do Sul",2.23865221739534]
["2017-03-01","ASFALTOS DILUÍDOS CM-30","Rondônia","-"]
["2017-03-01","ASFALTOS DILUÍDOS CM-30","Roraima","-"]
["2017-03-01","ASFALTOS DILUÍDOS CM-30","Santa Catarina","-"]
["2017-03-01","ASFALTOS DILUÍDOS CM-30","São Paulo",2.5084269679051601]
["2017-03-01","ASFALTOS DILUÍDOS CM-30","Sergipe","-"]
["2017-03-01","ASFALTOS DILUÍDOS CM-30","Tocantins","-"]
["2017-04-01","ASFALTOS DILUÍDOS CM-30","Acre","-"]
["2017-04-01","ASFALTOS DILUÍDOS CM-30","Alagoas","-"]
["2017-04-01","ASFALTOS DILUÍDOS CM-30","Amapá","-"]
["2017-04-01","ASFALTOS DILUÍDOS CM-30","Amazonas",2.4379095337222298]
["2017-04-01","ASFALTOS DILUÍDOS CM-30","Bahia","-"]
["2017-04-01","ASFALTOS DILUÍDOS CM-30","Ceará",2.2128107534674899]
["2017-04-01","ASFALTOS DILUÍDOS CM-30","Distrito Federal","-"]
["2017-04-01","ASFALTOS DILUÍDOS CM-30","Espírito Santo","-"]
["2017-04-01","ASFALTOS DILUÍDOS CM-30","Goiás",2.9329097686984]
["2017-04-01","ASFALTOS DILUÍDOS CM-30","Maranhão","-"]
["2017-04-01","ASFALTOS DILUÍDOS CM-30","Mato Grosso",2.6034040154984099]
["2017-04-01","ASFALTOS DILUÍDOS CM-30","Mato Grosso do Sul","-"]
["2017-04-01","ASFALTOS DILUÍDOS CM-30","Minas Gerais",2.22790086867579]
["2017-04-01","ASFALTOS DILUÍDOS CM-30","Pará","-"]
["2017-04-01","ASFALTOS DILUÍDOS CM-30","Paraíba","-"]
["2017-04-01","ASFALTOS DILUÍDOS CM-30","Paraná",2.2554913928021101]
["2017-04-01","ASFALTOS DILUÍDOS CM-30","Pernambuco","-"]
["2017-04-01","ASFALTOS DILUÍDOS CM-30","Piauí","-"]
["2017-04-01","ASFALTOS DILUÍDOS CM-30","Rio de Janeiro","-"]
["2017-04-01","ASFALTOS DILUÍDOS CM-30","Rio Grande do Norte","-"]
["2017-04-01","ASFALTOS DILUÍDOS CM-30","Rio Grande do Sul",2.2572162282663299]
["2017-04-01","ASFALTOS DILUÍDOS CM-30","Rondônia","-"]
["2017-04-01","ASFALTOS DILUÍDOS CM-30","Roraima","-"]
["2017-04-01","ASFALTOS DILUÍDOS CM-30","Santa Catarina","-"]
["2017-04-01","ASFALTOS DILUÍDOS CM-30","São Paulo",2.5460269244089599]
["2017-04-01","ASFALTOS DILUÍDOS CM-30","Sergipe","-"]
["2017-04-01","ASFALTOS DILUÍDOS CM-30","Tocantins","-"]
["2017-05-01","ASFALTOS DILUÍDOS CM-30","Acre","-"]
["2017-05-01","ASFALTOS DILUÍDOS CM-30","Alagoas","-"]
["2017-05-01","ASFALTOS DILUÍDOS CM-30","Amapá","-"]
["2017-05-01","ASFALTOS DILUÍDOS CM-30","Amazonas",2.1072414588415702]
["2017-05-01","ASFALTOS DILUÍDOS CM-30","Bahia",2.8255076173726899]
["2017-05-01","ASFALTOS DILUÍDOS CM-30","Ceará",2.1232136956115499]
["2017-05-01","ASFALTOS DILUÍDOS CM-30","Distrito Federal","-"]
["2017-05-01","ASFALTOS DILUÍDOS CM-30","Espírito Santo","-"]
["2017-05-01","ASFALTOS DILUÍDOS CM-30","Goiás","-"]
["2017-05-01","ASFALTOS DILUÍDOS CM-30","Maranhão","-"]
["2017-05-01","ASFALTOS DILUÍDOS CM-30","Mato Grosso",2.6509194930537499]
["2017-05-01","ASFALTOS DILUÍDOS CM-30","Mato Grosso do Sul","-"]
["2017-05-01","ASFALTOS DILUÍDOS CM-30","Minas Gerais",2.21155166942484]
["2017-05-01","ASFALTOS DILUÍDOS CM-30","Pará","-"]
["2017-05-01","ASFALTOS DILUÍDOS CM-30","Paraíba","-"]
["2017-05-01","ASFALTOS DILUÍDOS CM-30","Paraná",2.2482531859736001]
["2017-05-01","ASFALTOS DILUÍDOS CM-30","Pernambuco","-"]
["2017-05-01","ASFALTOS DILUÍDOS CM-30","Piauí","-"]
["2017-05-01","ASFALTOS DILUÍDOS CM-30","Rio de Janeiro",2.04979930631333]
["2017-05-01","ASFALTOS DILUÍDOS CM-30","Rio Grande do Norte","-"]
["2017-05-01","ASFALTOS DILUÍDOS CM-30","Rio Grande do Sul",2.1673345511727899]
["2017-05-01","ASFALTOS DILUÍDOS CM-30","Rondônia","-"]
["2017-05-01","ASFALTOS DILUÍDOS CM-30","Roraima","-"]
["2017-05-01","ASFALTOS DILUÍDOS CM-30","Santa Catarina","-"]
["2017-05-01","ASFALTOS DILUÍDOS CM-30","São Paulo",2.4310485580011898]
["2017-05-01","ASFALTOS DILUÍDOS CM-30","Sergipe","-"]
["2017-05-01","ASFALTOS DILUÍDOS CM-30","Tocantins","-"]
["2017-06-01","ASFALTOS DILUÍDOS CM-30","Acre","-"]
["2017-06-01","ASFALTOS DILUÍDOS CM-30","Alagoas","-"]
["2017-06-01","ASFALTOS DILUÍDOS CM-30","Amapá","-"]
["2017-06-01","ASFALTOS DILUÍDOS CM-30","Amazonas",2.1914498809123799]
["2017-06-01","ASFALTOS DILUÍDOS CM-30","Bahia",2.66915663002748]
["2017-06-01","ASFALTOS DILUÍDOS CM-30","Ceará",2.1496881129872598]
["2017-06-01","ASFALTOS DILUÍDOS CM-30","Distrito Federal","-"]
["2017-06-01","ASFALTOS DILUÍDOS CM-30","Espírito Santo","-"]
["2017-06-01","ASFALTOS DILUÍDOS CM-30","Goiás",2.8652699667413599]
["2017-06-01","ASFALTOS DILUÍDOS CM-30","Maranhão","-"]
["2017-06-01","ASFALTOS DILUÍDOS CM-30","Mato Grosso",2.6906001056943198]
["2017-06-01","ASFALTOS DILUÍDOS CM-30","Mato Grosso do Sul","-"]
["2017-06-01","ASFALTOS DILUÍDOS CM-30","Minas Gerais",2.1995635974369798]
["2017-06-01","ASFALTOS DILUÍDOS CM-30","Pará","-"]
["2017-06-01","ASFALTOS DILUÍDOS CM-30","Paraíba","-"]
["2017-06-01","ASFALTOS DILUÍDOS CM-30","Paraná",2.3662771826357698]
["2017-06-01","ASFALTOS DILUÍDOS CM-30","Pernambuco","-"]
["2017-06-01","ASFALTOS DILUÍDOS CM-30","Piauí","-"]
["2017-06-01","ASFALTOS DILUÍDOS CM-30","Rio de Janeiro",2.12218754138945]
["2017-06-01","ASFALTOS DILUÍDOS CM-30","Rio Grande do Norte","-"]
["2017-06-01","ASFALTOS DILUÍDOS CM-30","Rio Grande do Sul",2.2665980885976702]
["2017-06-01","ASFALTOS DILUÍDOS CM-30","Rondônia","-"]
["2017-06-01","ASFALTOS DILUÍDOS CM-30","Roraima","-"]
["2017-06-01","ASFALTOS DILUÍDOS CM-30","Santa Catarina","-"]
["2017-06-01","ASFALTOS DILUÍDOS CM-30","São Paulo",2.3429759037194802]
["2017-06-01","ASFALTOS DILUÍDOS CM-30","Sergipe","-"]
["2017-06-01","ASFALTOS DILUÍDOS CM-30","Tocantins","-"]
["2017-07-01","ASFALTOS DILUÍDOS CM-30","Acre","-"]
["2017-07-01","ASFALTOS DILUÍDOS CM-30","Alagoas","-"]
["2017-07-01","ASFALTOS DILUÍDOS CM-30","Amapá","-"]
["2017-07-01","ASFALTOS DILUÍDOS CM-30","Amazonas",2.3430741722241302]
["2017-07-01","ASFALTOS DILUÍDOS CM-30","Bahia","-"]
["2017-07-01","ASFALTOS DILUÍDOS CM-30","Ceará",2.2049699275262098]
["2017-07-01","ASFALTOS DILUÍDOS CM-30","Distrito Federal","-"]
["2017-07-01","ASFALTOS DILUÍDOS CM-30","Espírito Santo","-"]
["2017-07-01","ASFALTOS DILUÍDOS CM-30","Goiás","-"]
["2017-07-01","ASFALTOS DILUÍDOS CM-30","Maranhão","-"]
["2017-07-01","ASFALTOS DILUÍDOS CM-30","Mato Grosso",2.6621260012070902]
["2017-07-01","ASFALTOS DILUÍDOS CM-30","Mato Grosso do Sul","-"]
["2017-07-01","ASFALTOS DILUÍDOS CM-30","Minas Gerais",2.4534135084238202]
["2017-07-01","ASFALTOS DILUÍDOS CM-30","Pará","-"]
["2017-07-01","ASFALTOS DILUÍDOS CM-30","Paraíba","-"]
["2017-07-01","ASFALTOS DILUÍDOS CM-30","Paraná",2.3514182303853999]
["2017-07-01","ASFALTOS DILUÍDOS CM-30","Pernambuco","-"]
["2017-07-01","ASFALTOS DILUÍDOS CM-30","Piauí","-"]
["2017-07-01","ASFALTOS DILUÍDOS CM-30","Rio de Janeiro","-"]
["2017-07-01","ASFALTOS DILUÍDOS CM-30","Rio Grande do Norte","-"]
["2017-07-01","ASFALTOS DILUÍDOS CM-30","Rio Grande do Sul",2.2122317787802799]
["2017-07-01","ASFALTOS DILUÍDOS CM-30","Rondônia","-"]
["2017-07-01","ASFALTOS DILUÍDOS CM-30","Roraima","-"]
["2017-07-01","ASFALTOS DILUÍDOS CM-30","Santa Catarina","-"]
["2017-07-01","ASFALTOS DILUÍDOS CM-30","São Paulo",2.33472958518648]
["2017-07-01","ASFALTOS DILUÍDOS CM-30","Sergipe","-"]
["2017-07-01","ASFALTOS DILUÍDOS CM-30","Tocantins","-"]
["2017-08-01","ASFALTOS DILUÍDOS CM-30","Acre","-"]
["2017-08-01","ASFALTOS DILUÍDOS CM-30","Alagoas","-"]
["2017-08-01","ASFALTOS DILUÍDOS CM-30","Amapá","-"]
["2017-08-01","ASFALTOS DILUÍDOS CM-30","Amazonas",2.2035632961867]
["2017-08-01","ASFALTOS DILUÍDOS CM-30","Bahia","-"]
["2017-08-01","ASFALTOS DILUÍDOS CM-30","Ceará",2.1351537238509102]
["2017-08-01","ASFALTOS DILUÍDOS CM-30","Distrito Federal","-"]
["2017-08-01","ASFALTOS DILUÍDOS CM-30","Espírito Santo","-"]
["2017-08-01","ASFALTOS DILUÍDOS CM-30","Goiás",2.6408628105674601]
["2017-08-01","ASFALTOS DILUÍDOS CM-30","Maranhão","-"]
["2017-08-01","ASFALTOS DILUÍDOS CM-30","Mato Grosso",2.6210476772710898]
["2017-08-01","ASFALTOS DILUÍDOS CM-30","Mato Grosso do Sul","-"]
["2017-08-01","ASFALTOS DILUÍDOS CM-30","Minas Gerais",2.3778984391475402]
["2017-08-01","ASFALTOS DILUÍDOS CM-30","Pará",2.7005776462557498]
["2017-08-01","ASFALTOS DILUÍDOS CM-30","Paraíba","-"]
["2017-08-01","ASFALTOS DILUÍDOS CM-30","Paraná",2.1018217767356702]
["2017-08-01","ASFALTOS DILUÍDOS CM-30","Pernambuco","-"]
["2017-08-01","ASFALTOS DILUÍDOS CM-30","Piauí","-"]
["2017-08-01","ASFALTOS DILUÍDOS CM-30","Rio de Janeiro","-"]
["2017-08-01","ASFALTOS DILUÍDOS CM-30","Rio Grande do Norte","-"]
["2017-08-01","ASFALTOS DILUÍDOS CM-30","Rio Grande do Sul",2.22454101405933]
["2017-08-01","ASFALTOS DILUÍDOS CM-30","Rondônia","-"]
["2017-08-01","ASFALTOS DILUÍDOS CM-30","Roraima","-"]
["2017-08-01","ASFALTOS DILUÍDOS CM-30","Santa Catarina","-"]
["2017-08-01","ASFALTOS DILUÍDOS CM-30","São Paulo",2.2125572921988002]
["2017-08-01","ASFALTOS DILUÍDOS CM-30","Sergipe","-"]
["2017-08-01","ASFALTOS DILUÍDOS CM-30","Tocantins","-"]
["2017-09-01","ASFALTOS DILUÍDOS CM-30","Acre","-"]
["2017-09-01","ASFALTOS DILUÍDOS CM-30","Alagoas","-"]
["2017-09-01","ASFALTOS DILUÍDOS CM-30","Amapá","-"]
["2017-09-01","ASFALTOS DILUÍDOS CM-30","Amazonas",2.3313814246144302]
["2017-09-01","ASFALTOS DILUÍDOS CM-30","Bahia","-"]
["2017-09-01","ASFALTOS DILUÍDOS CM-30","Ceará",2.1213200204992901]
["2017-09-01","ASFALTOS DILUÍDOS CM-30","Distrito Federal","-"]
["2017-09-01","ASFALTOS DILUÍDOS CM-30","Espírito Santo","-"]
["2017-09-01","ASFALTOS DILUÍDOS CM-30","Goiás",2.6367790282924002]
["2017-09-01","ASFALTOS DILUÍDOS CM-30","Maranhão","-"]
["2017-09-01","ASFALTOS DILUÍDOS CM-30","Mato Grosso",2.6973094634419099]
["2017-09-01","ASFALTOS DILUÍDOS CM-30","Mato Grosso do Sul","-"]
["2017-09-01","ASFALTOS DILUÍDOS CM-30","Minas Gerais",2.5108870171893898]
["2017-09-01","ASFALTOS DILUÍDOS CM-30","Pará",2.70903992307331]
["2017-09-01","ASFALTOS DILUÍDOS CM-30","Paraíba","-"]
["2017-09-01","ASFALTOS DILUÍDOS CM-30","Paraná",2.3966583600605902]
["2017-09-01","ASFALTOS DILUÍDOS CM-30","Pernambuco","-"]
["2017-09-01","ASFALTOS DILUÍDOS CM-30","Piauí","-"]
["2017-09-01","ASFALTOS DILUÍDOS CM-30","Rio de Janeiro","-"]
["2017-09-01","ASFALTOS DILUÍDOS CM-30","Rio Grande do Norte","-"]
["2017-09-01","ASFALTOS DILUÍDOS CM-30","Rio Grande do Sul",2.1912136176600701]
["2017-09-01","ASFALTOS DILUÍDOS CM-30","Rondônia","-"]
["2017-09-01","ASFALTOS DILUÍDOS CM-30","Roraima","-"]
["2017-09-01","ASFALTOS DILUÍDOS CM-30","Santa Catarina","-"]
["2017-09-01","ASFALTOS DILUÍDOS CM-30","São Paulo",2.3097402254780901]
["2017-09-01","ASFALTOS DILUÍDOS CM-30","Sergipe","-"]
["2017-09-01","ASFALTOS DILUÍDOS CM-30","Tocantins","-"]
["2017-10-01","ASFALTOS DILUÍDOS CM-30","Acre","-"]
["2017-10-01","ASFALTOS DILUÍDOS CM-30","Alagoas","-"]
["2017-10-01","ASFALTOS DILUÍDOS CM-30","Amapá","-"]
["2017-10-01","ASFALTOS DILUÍDOS CM-30","Amazonas",2.2091843585441402]
["2017-10-01","ASFALTOS DILUÍDOS CM-30","Bahia","-"]
["2017-10-01","ASFALTOS DILUÍDOS CM-30","Ceará",2.16023775416547]
["2017-10-01","ASFALTOS DILUÍDOS CM-30","Distrito Federal","-"]
["2017-10-01","ASFALTOS DILUÍDOS CM-30","Espírito Santo","-"]
["2017-10-01","ASFALTOS DILUÍDOS CM-30","Goiás",2.54821660178037]
["2017-10-01","ASFALTOS DILUÍDOS CM-30","Maranhão","-"]
["2017-10-01","ASFALTOS DILUÍDOS CM-30","Mato Grosso",2.7848612850779202]
["2017-10-01","ASFALTOS DILUÍDOS CM-30","Mato Grosso do Sul","-"]
["2017-10-01","ASFALTOS DILUÍDOS CM-30","Minas Gerais",2.6378402947764998]
["2017-10-01","ASFALTOS DILUÍDOS CM-30","Pará","-"]
["2017-10-01","ASFALTOS DILUÍDOS CM-30","Paraíba","-"]
["2017-10-01","ASFALTOS DILUÍDOS CM-30","Paraná",2.21648026531222]
["2017-10-01","ASFALTOS DILUÍDOS CM-30","Pernambuco","-"]
["2017-10-01","ASFALTOS DILUÍDOS CM-30","Piauí","-"]
["2017-10-01","ASFALTOS DILUÍDOS CM-30","Rio de Janeiro","-"]
["2017-10-01","ASFALTOS DILUÍDOS CM-30","Rio Grande do Norte","-"]
["2017-10-01","ASFALTOS DILUÍDOS CM-30","Rio Grande do Sul",2.1731030244417102]
["2017-10-01","ASFALTOS DILUÍDOS CM-30","Rondônia","-"]
["2017-10-01","ASFALTOS DILUÍDOS CM-30","Roraima","-"]
["2017-10-01","ASFALTOS DILUÍDOS CM-30","Santa Catarina","-"]
["2017-10-01","ASFALTOS DILUÍDOS CM-30","São Paulo",2.20409388606073]
["2017-10-01","ASFALTOS DILUÍDOS CM-30","Sergipe","-"]
["2017-10-01","ASFALTOS DILUÍDOS CM-30","Tocantins","-"]
["2017-11-01","ASFALTOS DILUÍDOS CM-30","Acre","-"]
["2017-11-01","ASFALTOS DILUÍDOS CM-30","Alagoas","-"]
["2017-11-01","ASFALTOS DILUÍDOS CM-30","Amapá","-"]
["2017-11-01","ASFALTOS DILUÍDOS CM-30","Amazonas",2.3845668336706201]
["2017-11-01","ASFALTOS DILUÍDOS CM-30","Bahia","-"]
["2017-11-01","ASFALTOS DILUÍDOS CM-30","Ceará",2.3883317473788201]
["2017-11-01","ASFALTOS DILUÍDOS CM-30","Distrito Federal","-"]
["2017-11-01","ASFALTOS DILUÍDOS CM-30","Espírito Santo","-"]
["2017-11-01","ASFALTOS DILUÍDOS CM-30","Goiás",2.9942342482453199]
["2017-11-01","ASFALTOS DILUÍDOS CM-30","Maranhão","-"]
["2017-11-01","ASFALTOS DILUÍDOS CM-30","Mato Grosso",2.8890161775549301]
["2017-11-01","ASFALTOS DILUÍDOS CM-30","Mato Grosso do Sul","-"]
["2017-11-01","ASFALTOS DILUÍDOS CM-30","Minas Gerais",2.5727077361724602]
["2017-11-01","ASFALTOS DILUÍDOS CM-30","Pará",2.7305834766489601]
["2017-11-01","ASFALTOS DILUÍDOS CM-30","Paraíba","-"]
["2017-11-01","ASFALTOS DILUÍDOS CM-30","Paraná",2.4817734287475401]
["2017-11-01","ASFALTOS DILUÍDOS CM-30","Pernambuco","-"]
["2017-11-01","ASFALTOS DILUÍDOS CM-30","Piauí","-"]
["2017-11-01","ASFALTOS DILUÍDOS CM-30","Rio de Janeiro","-"]
["2017-11-01","ASFALTOS DILUÍDOS CM-30","Rio Grande do Norte","-"]
["2017-11-01","ASFALTOS DILUÍDOS CM-30","Rio Grande do Sul",2.3295898682450802]
["2017-11-01","ASFALTOS DILUÍDOS CM-30","Rondônia","-"]
["2017-11-01","ASFALTOS DILUÍDOS CM-30","Roraima","-"]
["2017-11-01","ASFALTOS DILUÍDOS CM-30","Santa Catarina","-"]
["2017-11-01","ASFALTOS DILUÍDOS CM-30","São Paulo",2.6140330131825]
["2017-11-01","ASFALTOS DILUÍDOS CM-30","Sergipe","-"]
["2017-11-01","ASFALTOS DILUÍDOS CM-30","Tocantins","-"]
["2017-12-01","ASFALTOS DILUÍDOS CM-30","Acre","-"]
["2017-12-01","ASFALTOS DILUÍDOS CM-30","Alagoas","-"]
["2017-12-01","ASFALTOS DILUÍDOS CM-30","Amapá","-"]
["2017-12-01","ASFALTOS DILUÍDOS CM-30","Amazonas",2.33431616593914]
["2017-12-01","ASFALTOS DILUÍDOS CM-30","Bahia","-"]
["2017-12-01","ASFALTOS DILUÍDOS CM-30","Ceará",2.4048099862247101]
["2017-12-01","ASFALTOS DILUÍDOS CM-30","Distrito Federal","-"]
["2017-12-01","ASFALTOS DILUÍDOS CM-30","Espírito Santo","-"]
["2017-12-01","ASFALTOS DILUÍDOS CM-30","Goiás","-"]
["2017-12-01","ASFALTOS DILUÍDOS CM-30","Maranhão","-"]
["2017-12-01","ASFALTOS DILUÍDOS CM-30","Mato Grosso",3.0400681246400199]
["2017-12-01","ASFALTOS DILUÍDOS CM-30","Mato Grosso do Sul","-"]
["2017-12-01","ASFALTOS DILUÍDOS CM-30","Minas Gerais",2.7240121730986502]
["2017-12-01","ASFALTOS DILUÍDOS CM-30","Pará","-"]
["2017-12-01","ASFALTOS DILUÍDOS CM-30","Paraíba","-"]
["2017-12-01","ASFALTOS DILUÍDOS CM-30","Paraná",2.43977888542251]
["2017-12-01","ASFALTOS DILUÍDOS CM-30","Pernambuco","-"]
["2017-12-01","ASFALTOS DILUÍDOS CM-30","Piauí","-"]
["2017-12-01","ASFALTOS DILUÍDOS CM-30","Rio de Janeiro","-"]
["2017-12-01","ASFALTOS DILUÍDOS CM-30","Rio Grande do Norte","-"]
["2017-12-01","ASFALTOS DILUÍDOS CM-30","Rio Grande do Sul",2.39571229164215]
["2017-12-01","ASFALTOS DILUÍDOS CM-30","Rondônia","-"]
["2017-12-01","ASFALTOS DILUÍDOS CM-30","Roraima","-"]
["2017-12-01","ASFALTOS DILUÍDOS CM-30","Santa Catarina","-"]
["2017-12-01","ASFALTOS DILUÍDOS CM-30","São Paulo",2.5688433802616899]
["2017-12-01","ASFALTOS DILUÍDOS CM-30","Sergipe","-"]
["2017-12-01","ASFALTOS DILUÍDOS CM-30","Tocantins","-"]
["2018-01-01","ASFALTOS DILUÍDOS CM-30","Acre","-"]
["2018-01-01","ASFALTOS DILUÍDOS CM-30","Alagoas","-"]
["2018-01-01","ASFALTOS DILUÍDOS CM-30","Amapá","-"]
["2018-01-01","ASFALTOS DILUÍDOS CM-30","Amazonas",2.8296097314706099]
["2018-01-01","ASFALTOS DILUÍDOS CM-30","Bahia",2.6390775075266899]
["2018-01-01","ASFALTOS DILUÍDOS CM-30","Ceará",2.6594696460134299]
["2018-01-01","ASFALTOS DILUÍDOS CM-30","Distrito Federal","-"]
["2018-01-01","ASFALTOS DILUÍDOS CM-30","Espírito Santo","-"]
["2018-01-01","ASFALTOS DILUÍDOS CM-30","Goiás","-"]
["2018-01-01","ASFALTOS DILUÍDOS CM-30","Maranhão","-"]
["2018-01-01","ASFALTOS DILUÍDOS CM-30","Mato Grosso",2.9353776201156898]
["2018-01-01","ASFALTOS DILUÍDOS CM-30","Mato Grosso do Sul","-"]
["2018-01-01","ASFALTOS DILUÍDOS CM-30","Minas Gerais",2.7077414103788602]
["2018-01-01","ASFALTOS DILUÍDOS CM-30","Pará","-"]
["2018-01-01","ASFALTOS DILUÍDOS CM-30","Paraíba","-"]
["2018-01-01","ASFALTOS DILUÍDOS CM-30","Paraná",2.7148437604254201]
["2018-01-01","ASFALTOS DILUÍDOS CM-30","Pernambuco","-"]
["2018-01-01","ASFALTOS DILUÍDOS CM-30","Piauí","-"]
["2018-01-01","ASFALTOS DILUÍDOS CM-30","Rio de Janeiro","-"]
["2018-01-01","ASFALTOS DILUÍDOS CM-30","Rio Grande do Norte","-"]
["2018-01-01","ASFALTOS DILUÍDOS CM-30","Rio Grande do Sul",2.4958208532309198]
["2018-01-01","ASFALTOS DILUÍDOS CM-30","Rondônia","-"]
["2018-01-01","ASFALTOS DILUÍDOS CM-30","Roraima","-"]
["2018-01-01","ASFALTOS DILUÍDOS CM-30","Santa Catarina","-"]
["2018-01-01","ASFALTOS DILUÍDOS CM-30","São Paulo",2.5734313176188599]
["2018-01-01","ASFALTOS DILUÍDOS CM-30","Sergipe","-"]
["2018-01-01","ASFALTOS DILUÍDOS CM-30","Tocantins","-"]
["2018-02-01","ASFALTOS DILUÍDOS CM-30","Acre","-"]
["2018-02-01","ASFALTOS DILUÍDOS CM-30","Alagoas","-"]
["2018-02-01","ASFALTOS DILUÍDOS CM-30","Amapá","-"]
["2018-02-01","ASFALTOS DILUÍDOS CM-30","Amazonas",2.7677157537344099]
["2018-02-01","ASFALTOS DILUÍDOS CM-30","Bahia","-"]
["2018-02-01","ASFALTOS DILUÍDOS CM-30","Ceará",2.6714016746815998]
["2018-02-01","ASFALTOS DILUÍDOS CM-30","Distrito Federal","-"]
["2018-02-01","ASFALTOS DILUÍDOS CM-30","Espírito Santo","-"]
["2018-02-01","ASFALTOS DILUÍDOS CM-30","Goiás","-"]
["2018-02-01","ASFALTOS DILUÍDOS CM-30","Maranhão","-"]
["2018-02-01","ASFALTOS DILUÍDOS CM-30","Mato Grosso",3.4155191774270701]
["2018-02-01","ASFALTOS DILUÍDOS CM-30","Mato Grosso do Sul","-"]
["2018-02-01","ASFALTOS DILUÍDOS CM-30","Minas Gerais",2.5914875887944002]
["2018-02-01","ASFALTOS DILUÍDOS CM-30","Pará","-"]
["2018-02-01","ASFALTOS DILUÍDOS CM-30","Paraíba","-"]
["2018-02-01","ASFALTOS DILUÍDOS CM-30","Paraná",2.60212143492351]
["2018-02-01","ASFALTOS DILUÍDOS CM-30","Pernambuco","-"]
["2018-02-01","ASFALTOS DILUÍDOS CM-30","Piauí","-"]
["2018-02-01","ASFALTOS DILUÍDOS CM-30","Rio de Janeiro","-"]
["2018-02-01","ASFALTOS DILUÍDOS CM-30","Rio Grande do Norte","-"]
["2018-02-01","ASFALTOS DILUÍDOS CM-30","Rio Grande do Sul",2.5200169090270501]
["2018-02-01","ASFALTOS DILUÍDOS CM-30","Rondônia","-"]
["2018-02-01","ASFALTOS DILUÍDOS CM-30","Roraima","-"]
["2018-02-01","ASFALTOS DILUÍDOS CM-30","Santa Catarina","-"]
["2018-02-01","ASFALTOS DILUÍDOS CM-30","São Paulo",2.64922819705719]
["2018-02-01","ASFALTOS DILUÍDOS CM-30","Sergipe","-"]
["2018-02-01","ASFALTOS DILUÍDOS CM-30","Tocantins","-"]
["2018-03-01","ASFALTOS DILUÍDOS CM-30","Acre","-"]
["2018-03-01","ASFALTOS DILUÍDOS CM-30","Alagoas","-"]
["2018-03-01","ASFALTOS DILUÍDOS CM-30","Amapá","-"]
["2018-03-01","ASFALTOS DILUÍDOS CM-30","Amazonas","-"]
["2018-03-01","ASFALTOS DILUÍDOS CM-30","Bahia","-"]
["2018-03-01","ASFALTOS DILUÍDOS CM-30","Ceará",2.5305352367021698]
["2018-03-01","ASFALTOS DILUÍDOS CM-30","Distrito Federal","-"]
["2018-03-01","ASFALTOS DILUÍDOS CM-30","Espírito Santo","-"]
["2018-03-01","ASFALTOS DILUÍDOS CM-30","Goiás",2.57230756188916]
["2018-03-01","ASFALTOS DILUÍDOS CM-30","Maranhão","-"]
["2018-03-01","ASFALTOS DILUÍDOS CM-30","Mato Grosso","-"]
["2018-03-01","ASFALTOS DILUÍDOS CM-30","Mato Grosso do Sul","-"]
["2018-03-01","ASFALTOS DILUÍDOS CM-30","Minas Gerais",2.5803170789611798]
["2018-03-01","ASFALTOS DILUÍDOS CM-30","Pará","-"]
["2018-03-01","ASFALTOS DILUÍDOS CM-30","Paraíba","-"]
["2018-03-01","ASFALTOS DILUÍDOS CM-30","Paraná",2.6388981150381201]
["2018-03-01","ASFALTOS DILUÍDOS CM-30","Pernambuco","-"]
["2018-03-01","ASFALTOS DILUÍDOS CM-30","Piauí","-"]
["2018-03-01","ASFALTOS DILUÍDOS CM-30","Rio de Janeiro","-"]
["2018-03-01","ASFALTOS DILUÍDOS CM-30","Rio Grande do Norte","-"]
["2018-03-01","ASFALTOS DILUÍDOS CM-30","Rio Grande do Sul",2.53921073122312]
["2018-03-01","ASFALTOS DILUÍDOS CM-30","Rondônia","-"]
["2018-03-01","ASFALTOS DILUÍDOS CM-30","Roraima","-"]
["2018-03-01","ASFALTOS DILUÍDOS CM-30","Santa Catarina","-"]
["2018-03-01","ASFALTOS DILUÍDOS CM-30","São Paulo",2.5654464302248798]
["2018-03-01","ASFALTOS DILUÍDOS CM-30","Sergipe","-"]
["2018-03-01","ASFALTOS DILUÍDOS CM-30","Tocantins","-"]
["2018-04-01","ASFALTOS DILUÍDOS CM-30","Acre","-"]
["2018-04-01","ASFALTOS DILUÍDOS CM-30","Alagoas","-"]
["2018-04-01","ASFALTOS DILUÍDOS CM-30","Amapá","-"]
["2018-04-01","ASFALTOS DILUÍDOS CM-30","Amazonas","-"]
["2018-04-01","ASFALTOS DILUÍDOS CM-30","Bahia","-"]
["2018-04-01","ASFALTOS DILUÍDOS CM-30","Ceará",2.5690595772621401]
["2018-04-01","ASFALTOS DILUÍDOS CM-30","Distrito Federal","-"]
["2018-04-01","ASFALTOS DILUÍDOS CM-30","Espírito Santo","-"]
["2018-04-01","ASFALTOS DILUÍDOS CM-30","Goiás","-"]
["2018-04-01","ASFALTOS DILUÍDOS CM-30","Maranhão","-"]
["2018-04-01","ASFALTOS DILUÍDOS CM-30","Mato Grosso",3.0150090266152501]
["2018-04-01","ASFALTOS DILUÍDOS CM-30","Mato Grosso do Sul","-"]
["2018-04-01","ASFALTOS DILUÍDOS CM-30","Minas Gerais",2.6038937002962399]
["2018-04-01","ASFALTOS DILUÍDOS CM-30","Pará","-"]
["2018-04-01","ASFALTOS DILUÍDOS CM-30","Paraíba","-"]
["2018-04-01","ASFALTOS DILUÍDOS CM-30","Paraná",2.5665385485097501]
["2018-04-01","ASFALTOS DILUÍDOS CM-30","Pernambuco","-"]
["2018-04-01","ASFALTOS DILUÍDOS CM-30","Piauí","-"]
["2018-04-01","ASFALTOS DILUÍDOS CM-30","Rio de Janeiro","-"]
["2018-04-01","ASFALTOS DILUÍDOS CM-30","Rio Grande do Norte","-"]
["2018-04-01","ASFALTOS DILUÍDOS CM-30","Rio Grande do Sul",2.5227317088361199]
["2018-04-01","ASFALTOS DILUÍDOS CM-30","Rondônia","-"]
["2018-04-01","ASFALTOS DILUÍDOS CM-30","Roraima","-"]
["2018-04-01","ASFALTOS DILUÍDOS CM-30","Santa Catarina","-"]
["2018-04-01","ASFALTOS DILUÍDOS CM-30","São Paulo",2.6267079083009599]
["2018-04-01","ASFALTOS DILUÍDOS CM-30","Sergipe","-"]
["2018-04-01","ASFALTOS DILUÍDOS CM-30","Tocantins","-"]
["2018-05-01","ASFALTOS DILUÍDOS CM-30","Acre","-"]
["2018-05-01","ASFALTOS DILUÍDOS CM-30","Alagoas","-"]
["2018-05-01","ASFALTOS DILUÍDOS CM-30","Amapá","-"]
["2018-05-01","ASFALTOS DILUÍDOS CM-30","Amazonas","-"]
["2018-05-01","ASFALTOS DILUÍDOS CM-30","Bahia","-"]
["2018-05-01","ASFALTOS DILUÍDOS CM-30","Ceará",2.67037916053197]
["2018-05-01","ASFALTOS DILUÍDOS CM-30","Distrito Federal","-"]
["2018-05-01","ASFALTOS DILUÍDOS CM-30","Espírito Santo","-"]
["2018-05-01","ASFALTOS DILUÍDOS CM-30","Goiás",2.6850186796693598]
["2018-05-01","ASFALTOS DILUÍDOS CM-30","Maranhão","-"]
["2018-05-01","ASFALTOS DILUÍDOS CM-30","Mato Grosso",3.2947766768306401]
["2018-05-01","ASFALTOS DILUÍDOS CM-30","Mato Grosso do Sul","-"]
["2018-05-01","ASFALTOS DILUÍDOS CM-30","Minas Gerais",2.6930583411764699]
["2018-05-01","ASFALTOS DILUÍDOS CM-30","Pará","-"]
["2018-05-01","ASFALTOS DILUÍDOS CM-30","Paraíba","-"]
["2018-05-01","ASFALTOS DILUÍDOS CM-30","Paraná",2.7220166776716601]
["2018-05-01","ASFALTOS DILUÍDOS CM-30","Pernambuco","-"]
["2018-05-01","ASFALTOS DILUÍDOS CM-30","Piauí","-"]
["2018-05-01","ASFALTOS DILUÍDOS CM-30","Rio de Janeiro","-"]
["2018-05-01","ASFALTOS DILUÍDOS CM-30","Rio Grande do Norte","-"]
["2018-05-01","ASFALTOS DILUÍDOS CM-30","Rio Grande do Sul",2.7692185328116699]
["2018-05-01","ASFALTOS DILUÍDOS CM-30","Rondônia","-"]
["2018-05-01","ASFALTOS DILUÍDOS CM-30","Roraima","-"]
["2018-05-01","ASFALTOS DILUÍDOS CM-30","Santa Catarina","-"]
["2018-05-01","ASFALTOS DILUÍDOS CM-30","São Paulo",2.68734120049016]
["2018-05-01","ASFALTOS DILUÍDOS CM-30","Sergipe","-"]
["2018-05-01","ASFALTOS DILUÍDOS CM-30","Tocantins","-"]
["2018-06-01","ASFALTOS DILUÍDOS CM-30","Acre","-"]
["2018-06-01","ASFALTOS DILUÍDOS CM-30","Alagoas","-"]
["2018-06-01","ASFALTOS DILUÍDOS CM-30","Amapá","-"]
["2018-06-01","ASFALTOS DILUÍDOS CM-30","Amazonas","-"]
["2018-06-01","ASFALTOS DILUÍDOS CM-30","Bahia",3.9829596999099701]
["2018-06-01","ASFALTOS DILUÍDOS CM-30","Ceará",2.82207177352455]
["2018-06-01","ASFALTOS DILUÍDOS CM-30","Distrito Federal","-"]
["2018-06-01","ASFALTOS DILUÍDOS CM-30","Espírito Santo","-"]
["2018-06-01","ASFALTOS DILUÍDOS CM-30","Goiás",3.0409220275377602]
["2018-06-01","ASFALTOS DILUÍDOS CM-30","Maranhão","-"]
["2018-06-01","ASFALTOS DILUÍDOS CM-30","Mato Grosso",3.3874427450109601]
["2018-06-01","ASFALTOS DILUÍDOS CM-30","Mato Grosso do Sul","-"]
["2018-06-01","ASFALTOS DILUÍDOS CM-30","Minas Gerais",2.81935148119257]
["2018-06-01","ASFALTOS DILUÍDOS CM-30","Pará","-"]
["2018-06-01","ASFALTOS DILUÍDOS CM-30","Paraíba","-"]
["2018-06-01","ASFALTOS DILUÍDOS CM-30","Paraná",2.9999996830949902]
["2018-06-01","ASFALTOS DILUÍDOS CM-30","Pernambuco","-"]
["2018-06-01","ASFALTOS DILUÍDOS CM-30","Piauí","-"]
["2018-06-01","ASFALTOS DILUÍDOS CM-30","Rio de Janeiro","-"]
["2018-06-01","ASFALTOS DILUÍDOS CM-30","Rio Grande do Norte","-"]
["2018-06-01","ASFALTOS DILUÍDOS CM-30","Rio Grande do Sul",2.8766923463356999]
["2018-06-01","ASFALTOS DILUÍDOS CM-30","Rondônia","-"]
["2018-06-01","ASFALTOS DILUÍDOS CM-30","Roraima","-"]
["2018-06-01","ASFALTOS DILUÍDOS CM-30","Santa Catarina","-"]
["2018-06-01","ASFALTOS DILUÍDOS CM-30","São Paulo",2.8970185401166999]
["2018-06-01","ASFALTOS DILUÍDOS CM-30","Sergipe","-"]
["2018-06-01","ASFALTOS DILUÍDOS CM-30","Tocantins","-"]
["2018-07-01","ASFALTOS DILUÍDOS CM-30","Acre","-"]
["2018-07-01","ASFALTOS DILUÍDOS CM-30","Alagoas","-"]
["2018-07-01","ASFALTOS DILUÍDOS CM-30","Amapá","-"]
["2018-07-01","ASFALTOS DILUÍDOS CM-30","Amazonas",3.2498407212934901]
["2018-07-01","ASFALTOS DILUÍDOS CM-30","Bahia","-"]
["2018-07-01","ASFALTOS DILUÍDOS CM-30","Ceará",3.0054814489721098]
["2018-07-01","ASFALTOS DILUÍDOS CM-30","Distrito Federal","-"]
["2018-07-01","ASFALTOS DILUÍDOS CM-30","Espírito Santo","-"]
["2018-07-01","ASFALTOS DILUÍDOS CM-30","Goiás",3.1159871802730601]
["2018-07-01","ASFALTOS DILUÍDOS CM-30","Maranhão","-"]
["2018-07-01","ASFALTOS DILUÍDOS CM-30","Mato Grosso",3.7325159531332801]
["2018-07-01","ASFALTOS DILUÍDOS CM-30","Mato Grosso do Sul","-"]
["2018-07-01","ASFALTOS DILUÍDOS CM-30","Minas Gerais",3.0120147230099299]
["2018-07-01","ASFALTOS DILUÍDOS CM-30","Pará","-"]
["2018-07-01","ASFALTOS DILUÍDOS CM-30","Paraíba","-"]
["2018-07-01","ASFALTOS DILUÍDOS CM-30","Paraná",3.2795499850299401]
["2018-07-01","ASFALTOS DILUÍDOS CM-30","Pernambuco","-"]
["2018-07-01","ASFALTOS DILUÍDOS CM-30","Piauí","-"]
["2018-07-01","ASFALTOS DILUÍDOS CM-30","Rio de Janeiro","-"]
["2018-07-01","ASFALTOS DILUÍDOS CM-30","Rio Grande do Norte","-"]
["2018-07-01","ASFALTOS DILUÍDOS CM-30","Rio Grande do Sul",2.9644315188544899]
["2018-07-01","ASFALTOS DILUÍDOS CM-30","Rondônia","-"]
["2018-07-01","ASFALTOS DILUÍDOS CM-30","Roraima","-"]
["2018-07-01","ASFALTOS DILUÍDOS CM-30","Santa Catarina","-"]
["2018-07-01","ASFALTOS DILUÍDOS CM-30","São Paulo",3.1122949301191398]
["2018-07-01","ASFALTOS DILUÍDOS CM-30","Sergipe","-"]
["2018-07-01","ASFALTOS DILUÍDOS CM-30","Tocantins","-"]
["2018-08-01","ASFALTOS DILUÍDOS CM-30","Acre","-"]
["2018-08-01","ASFALTOS DILUÍDOS CM-30","Alagoas","-"]
["2018-08-01","ASFALTOS DILUÍDOS CM-30","Amapá","-"]
["2018-08-01","ASFALTOS DILUÍDOS CM-30","Amazonas",3.4297362657296899]
["2018-08-01","ASFALTOS DILUÍDOS CM-30","Bahia",5.2119298517501704]
["2018-08-01","ASFALTOS DILUÍDOS CM-30","Ceará",3.3082803267785801]
["2018-08-01","ASFALTOS DILUÍDOS CM-30","Distrito Federal","-"]
["2018-08-01","ASFALTOS DILUÍDOS CM-30","Espírito Santo","-"]
["2018-08-01","ASFALTOS DILUÍDOS CM-30","Goiás",3.5604512797943202]
["2018-08-01","ASFALTOS DILUÍDOS CM-30","Maranhão","-"]
["2018-08-01","ASFALTOS DILUÍDOS CM-30","Mato Grosso",3.89209581877508]
["2018-08-01","ASFALTOS DILUÍDOS CM-30","Mato Grosso do Sul","-"]
["2018-08-01","ASFALTOS DILUÍDOS CM-30","Minas Gerais",3.49574521233854]
["2018-08-01","ASFALTOS DILUÍDOS CM-30","Pará","-"]
["2018-08-01","ASFALTOS DILUÍDOS CM-30","Paraíba","-"]
["2018-08-01","ASFALTOS DILUÍDOS CM-30","Paraná",3.3526853406497201]
["2018-08-01","ASFALTOS DILUÍDOS CM-30","Pernambuco","-"]
["2018-08-01","ASFALTOS DILUÍDOS CM-30","Piauí","-"]
["2018-08-01","ASFALTOS DILUÍDOS CM-30","Rio de Janeiro","-"]
["2018-08-01","ASFALTOS DILUÍDOS CM-30","Rio Grande do Norte","-"]
["2018-08-01","ASFALTOS DILUÍDOS CM-30","Rio Grande do Sul",3.3613976442899598]
["2018-08-01","ASFALTOS DILUÍDOS CM-30","Rondônia","-"]
["2018-08-01","ASFALTOS DILUÍDOS CM-30","Roraima","-"]
["2018-08-01","ASFALTOS DILUÍDOS CM-30","Santa Catarina","-"]
["2018-08-01","ASFALTOS DILUÍDOS CM-30","São Paulo",3.33348994244245]
["2018-08-01","ASFALTOS DILUÍDOS CM-30","Sergipe","-"]
["2018-08-01","ASFALTOS DILUÍDOS CM-30","Tocantins","-"]
["2018-09-01","ASFALTOS DILUÍDOS CM-30","Acre","-"]
["2018-09-01","ASFALTOS DILUÍDOS CM-30","Alagoas","-"]
["2018-09-01","ASFALTOS DILUÍDOS CM-30","Amapá","-"]
["2018-09-01","ASFALTOS DILUÍDOS CM-30","Amazonas","-"]
["2018-09-01","ASFALTOS DILUÍDOS CM-30","Bahia",4.7018911439574103]
["2018-09-01","ASFALTOS DILUÍDOS CM-30","Ceará",3.3527405183330301]
["2018-09-01","ASFALTOS DILUÍDOS CM-30","Distrito Federal","-"]
["2018-09-01","ASFALTOS DILUÍDOS CM-30","Espírito Santo","-"]
["2018-09-01","ASFALTOS DILUÍDOS CM-30","Goiás","-"]
["2018-09-01","ASFALTOS DILUÍDOS CM-30","Maranhão","-"]
["2018-09-01","ASFALTOS DILUÍDOS CM-30","Mato Grosso",3.95868419204169]
["2018-09-01","ASFALTOS DILUÍDOS CM-30","Mato Grosso do Sul","-"]
["2018-09-01","ASFALTOS DILUÍDOS CM-30","Minas Gerais",3.3366588100114498]
["2018-09-01","ASFALTOS DILUÍDOS CM-30","Pará",2.9665387918733601]
["2018-09-01","ASFALTOS DILUÍDOS CM-30","Paraíba","-"]
["2018-09-01","ASFALTOS DILUÍDOS CM-30","Paraná",3.7011886126822402]
["2018-09-01","ASFALTOS DILUÍDOS CM-30","Pernambuco","-"]
["2018-09-01","ASFALTOS DILUÍDOS CM-30","Piauí","-"]
["2018-09-01","ASFALTOS DILUÍDOS CM-30","Rio de Janeiro","-"]
["2018-09-01","ASFALTOS DILUÍDOS CM-30","Rio Grande do Norte","-"]
["2018-09-01","ASFALTOS DILUÍDOS CM-30","Rio Grande do Sul",3.4224156424271799]
["2018-09-01","ASFALTOS DILUÍDOS CM-30","Rondônia","-"]
["2018-09-01","ASFALTOS DILUÍDOS CM-30","Roraima","-"]
["2018-09-01","ASFALTOS DILUÍDOS CM-30","Santa Catarina","-"]
["2018-09-01","ASFALTOS DILUÍDOS CM-30","São Paulo",3.4525863891043902]
["2018-09-01","ASFALTOS DILUÍDOS CM-30","Sergipe","-"]
["2018-09-01","ASFALTOS DILUÍDOS CM-30","Tocantins","-"]
["2018-10-01","ASFALTOS DILUÍDOS CM-30","Acre","-"]
["2018-10-01","ASFALTOS DILUÍDOS CM-30","Alagoas","-"]
["2018-10-01","ASFALTOS DILUÍDOS CM-30","Amapá","-"]
["2018-10-01","ASFALTOS DILUÍDOS CM-30","Amazonas","-"]
["2018-10-01","ASFALTOS DILUÍDOS CM-30","Bahia",3.6442821123509002]
["2018-10-01","ASFALTOS DILUÍDOS CM-30","Ceará",3.4328021437376601]
["2018-10-01","ASFALTOS DILUÍDOS CM-30","Distrito Federal","-"]
["2018-10-01","ASFALTOS DILUÍDOS CM-30","Espírito Santo","-"]
["2018-10-01","ASFALTOS DILUÍDOS CM-30","Goiás","-"]
["2018-10-01","ASFALTOS DILUÍDOS CM-30","Maranhão","-"]
["2018-10-01","ASFALTOS DILUÍDOS CM-30","Mato Grosso",3.9925874569193098]
["2018-10-01","ASFALTOS DILUÍDOS CM-30","Mato Grosso do Sul","-"]
["2018-10-01","ASFALTOS DILUÍDOS CM-30","Minas Gerais",3.5004561686481699]
["2018-10-01","ASFALTOS DILUÍDOS CM-30","Pará","-"]
["2018-10-01","ASFALTOS DILUÍDOS CM-30","Paraíba","-"]
["2018-10-01","ASFALTOS DILUÍDOS CM-30","Paraná",3.76500161691505]
["2018-10-01","ASFALTOS DILUÍDOS CM-30","Pernambuco","-"]
["2018-10-01","ASFALTOS DILUÍDOS CM-30","Piauí","-"]
["2018-10-01","ASFALTOS DILUÍDOS CM-30","Rio de Janeiro","-"]
["2018-10-01","ASFALTOS DILUÍDOS CM-30","Rio Grande do Norte","-"]
["2018-10-01","ASFALTOS DILUÍDOS CM-30","Rio Grande do Sul",3.3743601784009001]
["2018-10-01","ASFALTOS DILUÍDOS CM-30","Rondônia","-"]
["2018-10-01","ASFALTOS DILUÍDOS CM-30","Roraima","-"]
["2018-10-01","ASFALTOS DILUÍDOS CM-30","Santa Catarina","-"]
["2018-10-01","ASFALTOS DILUÍDOS CM-30","São Paulo",3.3592440562824302]
["2018-10-01","ASFALTOS DILUÍDOS CM-30","Sergipe","-"]
["2018-10-01","ASFALTOS DILUÍDOS CM-30","Tocantins","-"]
["2018-11-01","ASFALTOS DILUÍDOS CM-30","Acre","-"]
["2018-11-01","ASFALTOS DILUÍDOS CM-30","Alagoas","-"]
["2018-11-01","ASFALTOS DILUÍDOS CM-30","Amapá","-"]
["2018-11-01","ASFALTOS DILUÍDOS CM-30","Amazonas","-"]
["2018-11-01","ASFALTOS DILUÍDOS CM-30","Bahia","-"]
["2018-11-01","ASFALTOS DILUÍDOS CM-30","Ceará",3.7855862189897498]
["2018-11-01","ASFALTOS DILUÍDOS CM-30","Distrito Federal","-"]
["2018-11-01","ASFALTOS DILUÍDOS CM-30","Espírito Santo","-"]
["2018-11-01","ASFALTOS DILUÍDOS CM-30","Goiás","-"]
["2018-11-01","ASFALTOS DILUÍDOS CM-30","Maranhão","-"]
["2018-11-01","ASFALTOS DILUÍDOS CM-30","Mato Grosso",4.4419016627822296]
["2018-11-01","ASFALTOS DILUÍDOS CM-30","Mato Grosso do Sul","-"]
["2018-11-01","ASFALTOS DILUÍDOS CM-30","Minas Gerais",4.46443631070699]
["2018-11-01","ASFALTOS DILUÍDOS CM-30","Pará","-"]
["2018-11-01","ASFALTOS DILUÍDOS CM-30","Paraíba","-"]
["2018-11-01","ASFALTOS DILUÍDOS CM-30","Paraná",4.1721586269154898]
["2018-11-01","ASFALTOS DILUÍDOS CM-30","Pernambuco","-"]
["2018-11-01","ASFALTOS DILUÍDOS CM-30","Piauí","-"]
["2018-11-01","ASFALTOS DILUÍDOS CM-30","Rio de Janeiro","-"]
["2018-11-01","ASFALTOS DILUÍDOS CM-30","Rio Grande do Norte","-"]
["2018-11-01","ASFALTOS DILUÍDOS CM-30","Rio Grande do Sul",3.6804661326987298]
["2018-11-01","ASFALTOS DILUÍDOS CM-30","Rondônia","-"]
["2018-11-01","ASFALTOS DILUÍDOS CM-30","Roraima","-"]
["2018-11-01","ASFALTOS DILUÍDOS CM-30","Santa Catarina","-"]
["2018-11-01","ASFALTOS DILUÍDOS CM-30","São Paulo",3.9215744747245602]
["2018-11-01","ASFALTOS DILUÍDOS CM-30","Sergipe","-"]
["2018-11-01","ASFALTOS DILUÍDOS CM-30","Tocantins","-"]
["2018-12-01","ASFALTOS DILUÍDOS CM-30","Acre","-"]
["2018-12-01","ASFALTOS DILUÍDOS CM-30","Alagoas","-"]
["2018-12-01","ASFALTOS DILUÍDOS CM-30","Amapá","-"]
["2018-12-01","ASFALTOS DILUÍDOS CM-30","Amazonas","-"]
["2018-12-01","ASFALTOS DILUÍDOS CM-30","Bahia","-"]
["2018-12-01","ASFALTOS DILUÍDOS CM-30","Ceará",3.8755857630086399]
["2018-12-01","ASFALTOS DILUÍDOS CM-30","Distrito Federal","-"]
["2018-12-01","ASFALTOS DILUÍDOS CM-30","Espírito Santo","-"]
["2018-12-01","ASFALTOS DILUÍDOS CM-30","Goiás","-"]
["2018-12-01","ASFALTOS DILUÍDOS CM-30","Maranhão","-"]
["2018-12-01","ASFALTOS DILUÍDOS CM-30","Mato Grosso",4.6329895471646498]
["2018-12-01","ASFALTOS DILUÍDOS CM-30","Mato Grosso do Sul","-"]
["2018-12-01","ASFALTOS DILUÍDOS CM-30","Minas Gerais",3.81181143594211]
["2018-12-01","ASFALTOS DILUÍDOS CM-30","Pará","-"]
["2018-12-01","ASFALTOS DILUÍDOS CM-30","Paraíba","-"]
["2018-12-01","ASFALTOS DILUÍDOS CM-30","Paraná",4.0169190997959898]
["2018-12-01","ASFALTOS DILUÍDOS CM-30","Pernambuco","-"]
["2018-12-01","ASFALTOS DILUÍDOS CM-30","Piauí","-"]
["2018-12-01","ASFALTOS DILUÍDOS CM-30","Rio de Janeiro","-"]
["2018-12-01","ASFALTOS DILUÍDOS CM-30","Rio Grande do Norte","-"]
["2018-12-01","ASFALTOS DILUÍDOS CM-30","Rio Grande do Sul",3.8229929656067498]
["2018-12-01","ASFALTOS DILUÍDOS CM-30","Rondônia","-"]
["2018-12-01","ASFALTOS DILUÍDOS CM-30","Roraima","-"]
["2018-12-01","ASFALTOS DILUÍDOS CM-30","Santa Catarina","-"]
["2018-12-01","ASFALTOS DILUÍDOS CM-30","São Paulo",4.0561653274987401]
["2018-12-01","ASFALTOS DILUÍDOS CM-30","Sergipe","-"]
["2018-12-01","ASFALTOS DILUÍDOS CM-30","Tocantins","-"]
["2019-01-01","ASFALTOS DILUÍDOS CM-30","Acre","-"]
["2019-01-01","ASFALTOS DILUÍDOS CM-30","Alagoas","-"]
["2019-01-01","ASFALTOS DILUÍDOS CM-30","Amapá","-"]
["2019-01-01","ASFALTOS DILUÍDOS CM-30","Amazonas","-"]
["2019-01-01","ASFALTOS DILUÍDOS CM-30","Bahia","-"]
["2019-01-01","ASFALTOS DILUÍDOS CM-30","Ceará",3.8049328982055401]
["2019-01-01","ASFALTOS DILUÍDOS CM-30","Distrito Federal","-"]
["2019-01-01","ASFALTOS DILUÍDOS CM-30","Espírito Santo","-"]
["2019-01-01","ASFALTOS DILUÍDOS CM-30","Goiás","-"]
["2019-01-01","ASFALTOS DILUÍDOS CM-30","Maranhão","-"]
["2019-01-01","ASFALTOS DILUÍDOS CM-30","Mato Grosso","-"]
["2019-01-01","ASFALTOS DILUÍDOS CM-30","Mato Grosso do Sul","-"]
["2019-01-01","ASFALTOS DILUÍDOS CM-30","Minas Gerais",3.9111667577286102]
["2019-01-01","ASFALTOS DILUÍDOS CM-30","Pará","-"]
["2019-01-01","ASFALTOS DILUÍDOS CM-30","Paraíba","-"]
["2019-01-01","ASFALTOS DILUÍDOS CM-30","Paraná",4.3746054506287804]
["2019-01-01","ASFALTOS DILUÍDOS CM-30","Pernambuco","-"]
["2019-01-01","ASFALTOS DILUÍDOS CM-30","Piauí","-"]
["2019-01-01","ASFALTOS DILUÍDOS CM-30","Rio de Janeiro","-"]
["2019-01-01","ASFALTOS DILUÍDOS CM-30","Rio Grande do Norte","-"]
["2019-01-01","ASFALTOS DILUÍDOS CM-30","Rio Grande do Sul",3.8213292687810001]
["2019-01-01","ASFALTOS DILUÍDOS CM-30","Rondônia","-"]
["2019-01-01","ASFALTOS DILUÍDOS CM-30","Roraima","-"]
["2019-01-01","ASFALTOS DILUÍDOS CM-30","Santa Catarina","-"]
["2019-01-01","ASFALTOS DILUÍDOS CM-30","São Paulo",4.0145503757959098]
["2019-01-01","ASFALTOS DILUÍDOS CM-30","Sergipe","-"]
["2019-01-01","ASFALTOS DILUÍDOS CM-30","Tocantins","-"]
["2019-02-01","ASFALTOS DILUÍDOS CM-30","Acre","-"]
["2019-02-01","ASFALTOS DILUÍDOS CM-30","Alagoas","-"]
["2019-02-01","ASFALTOS DILUÍDOS CM-30","Amapá","-"]
["2019-02-01","ASFALTOS DILUÍDOS CM-30","Amazonas","-"]
["2019-02-01","ASFALTOS DILUÍDOS CM-30","Bahia","-"]
["2019-02-01","ASFALTOS DILUÍDOS CM-30","Ceará",4.0057287469787504]
["2019-02-01","ASFALTOS DILUÍDOS CM-30","Distrito Federal","-"]
["2019-02-01","ASFALTOS DILUÍDOS CM-30","Espírito Santo","-"]
["2019-02-01","ASFALTOS DILUÍDOS CM-30","Goiás","-"]
["2019-02-01","ASFALTOS DILUÍDOS CM-30","Maranhão","-"]
["2019-02-01","ASFALTOS DILUÍDOS CM-30","Mato Grosso","-"]
["2019-02-01","ASFALTOS DILUÍDOS CM-30","Mato Grosso do Sul","-"]
["2019-02-01","ASFALTOS DILUÍDOS CM-30","Minas Gerais",4.61189041500994]
["2019-02-01","ASFALTOS DILUÍDOS CM-30","Pará","-"]
["2019-02-01","ASFALTOS DILUÍDOS CM-30","Paraíba","-"]
["2019-02-01","ASFALTOS DILUÍDOS CM-30","Paraná",4.4203608777625201]
["2019-02-01","ASFALTOS DILUÍDOS CM-30","Pernambuco","-"]
["2019-02-01","ASFALTOS DILUÍDOS CM-30","Piauí","-"]
["2019-02-01","ASFALTOS DILUÍDOS CM-30","Rio de Janeiro","-"]
["2019-02-01","ASFALTOS DILUÍDOS CM-30","Rio Grande do Norte","-"]
["2019-02-01","ASFALTOS DILUÍDOS CM-30","Rio Grande do Sul",4.1843438560846602]
["2019-03-01","ASFALTOS DILUÍDOS CM-30","Rio Grande do Norte","-"]
["2019-05-01","ASFALTOS DILUÍDOS CM-30","Paraná",4.85254116801012]
["2019-06-01","ASFALTOS DILUÍDOS CM-30","Rondônia","-"]
["2019-08-01","ASFALTOS DILUÍDOS CM-30","São Paulo",4.2430182698965204]
["2019-09-01","ASFALTOS DILUÍDOS CM-30","Santa Catarina","-"]
["2019-11-01","ASFALTOS DILUÍDOS CM-30","Amapá","-"]
["2019-12-01","ASFALTOS DILUÍDOS CM-30","Sergipe","-"]
["2020-02-01","ASFALTOS DILUÍDOS CM-30","Mato Grosso do Sul","-"]
["2020-04-01","ASFALTOS DILUÍDOS CM-30","Acre","-"]
["2020-05-01","ASFALTOS DILUÍDOS CM-30","Rio Grande do Sul",3.6258747289527702]
["2020-08-01","ASFALTOS DILUÍDOS CM-30","Paraíba","-"]
["2020-09-01","ASFALTOS DILUÍDOS CM-30","Mato Grosso",4.4234116750113799]
["2020-11-01","ASFALTOS DILUÍDOS CM-30","Santa Catarina","-"]
["2020-12-01","ASFALTOS DILUÍDOS CM-30","Goiás","-"]
["2021-03-01","ASFALTOS DILUÍDOS CM-30","Ceará",3.9582073466371002]
["2021-05-01","ASFALTOS DILUÍDOS CM-30","Acre","-"]
["2021-06-01","ASFALTOS DILUÍDOS CM-30","Paraíba","-"]
["2021-08-01","ASFALTOS DILUÍDOS CM-30","Amapá","-"]
["2021-08-01","ASFALTOS DILUÍDOS CM-30","Rio Grande do Norte","-"]
["2021-11-01","ASFALTOS DILUÍDOS CM-30","Bahia","-"]
["2021-12-01","ASFALTOS DILUÍDOS CM-30","Alagoas","-"]
["2022-02-01","ASFALTOS DILUÍDOS CM-30","Goiás","-"]
["2022-04-01","ASFALTOS DILUÍDOS CM-30","Paraíba","-"]
["2022-06-01","ASFALTOS DILUÍDOS CM-30","Bahia","-"]
["2022-07-01","ASFALTOS DILUÍDOS CM-30","Pernambuco","-"]
["2022-09-01","ASFALTOS DILUÍDOS CM-30","Pará","-"]
["2022-10-01","ASFALTOS DILUÍDOS CM-30","Paraíba","-"]
["2022-12-01","ASFALTOS DILUÍDOS CM-30","Roraima","-"]
["2023-01-01","ASFALTOS DILUÍDOS CM-30","Pernambuco","-"]
["2023-04-01","ASFALTOS DILUÍDOS CM-30","Bahia","-"]
["2023-04-01","ASFALTOS DILUÍDOS CM-30","Rio de Janeiro","-"]
["2023-06-01","ASFALTOS DILUÍDOS CM-30","Maranhão","-"]
["2023-08-01","ASFALTOS DILUÍDOS CM-30","Pernambuco","-"]
["2013-02-01","ASFALTOS DILUÍDOS CM-70","Alagoas","-"]
["2013-04-01","ASFALTOS DILUÍDOS CM-70","Minas Gerais","-"]
["2013-05-01","ASFALTOS DILUÍDOS CM-70","Amazonas","-"]
["2013-07-01","ASFALTOS DILUÍDOS CM-70","Rondônia","-"]
["2013-08-01","ASFALTOS DILUÍDOS CM-70","Ceará","-"]
["2013-09-01","ASFALTOS DILUÍDOS CM-70","Minas Gerais","-"]
["2013-11-01","ASFALTOS DILUÍDOS CM-70","Amazonas","-"]
["2013-12-01","ASFALTOS DILUÍDOS CM-70","Rondônia","-"]
["2014-03-01","ASFALTOS DILUÍDOS CM-70","Roraima","-"]
["2014-04-01","ASFALTOS DILUÍDOS CM-70","Amazonas","-"]
["2014-06-01","ASFALTOS DILUÍDOS CM-70","São Paulo","-"]
["2014-07-01","ASFALTOS DILUÍDOS CM-70","Paraná","-"]
["2014-10-01","ASFALTOS DILUÍDOS CM-70","Distrito Federal","-"]
["2014-12-01","ASFALTOS DILUÍDOS CM-70","Espírito Santo","-"]
["2014-12-01","ASFALTOS DILUÍDOS CM-70","Mato Grosso do Sul","-"]
["2015-03-01","ASFALTOS DILUÍDOS CM-70","Maranhão","-"]
["2015-03-01","ASFALTOS DILUÍDOS CM-70","Rio Grande do Sul","-"]
["2015-06-01","ASFALTOS DILUÍDOS CM-70","Mato Grosso do Sul","-"]
["2015-07-01","ASFALTOS DILUÍDOS CM-70","Amapá","-"]
["2015-09-01","ASFALTOS DILUÍDOS CM-70","Santa Catarina","-"]
["2015-11-01","ASFALTOS DILUÍDOS CM-70","Rondônia","-"]
["2016-01-01","ASFALTOS DILUÍDOS CM-70","Ceará","-"]
["2016-02-01","ASFALTOS DILUÍDOS CM-70","Santa Catarina","-"]
["2016-04-01","ASFALTOS DILUÍDOS CM-70","Paraíba","-"]
["2016-05-01","ASFALTOS DILUÍDOS CM-70","Rondônia","-"]
["2016-07-01","ASFALTOS DILUÍDOS CM-70","Santa Catarina","-"]
["2016-08-01","ASFALTOS DILUÍDOS CM-70","Santa Catarina","-"]
["2016-10-01","ASFALTOS DILUÍDOS CM-70","Alagoas","-"]
["2016-11-01","ASFALTOS DILUÍDOS CM-70","Sergipe","-"]
["2017-01-01","ASFALTOS DILUÍDOS CM-70","Mato Grosso","-"]
["2017-03-01","ASFALTOS DILUÍDOS CM-70","Piauí","-"]
["2017-05-01","ASFALTOS DILUÍDOS CM-70","Goiás","-"]
["2017-07-01","ASFALTOS DILUÍDOS CM-70","Pará","-"]
["2017-08-01","ASFALTOS DILUÍDOS CM-70","Mato Grosso","-"]
["2017-10-01","ASFALTOS DILUÍDOS CM-70","Roraima","-"]
["2017-11-01","ASFALTOS DILUÍDOS CM-70","Goiás","-"]
["2018-02-01","ASFALTOS DILUÍDOS CM-70","Bahia","-"]
["2018-02-01","ASFALTOS DILUÍDOS CM-70","Mato Grosso","-"]
["2018-05-01","ASFALTOS DILUÍDOS CM-70","Pará","-"]
["2018-07-01","ASFALTOS DILUÍDOS CM-70","Amapá","-"]
["2018-07-01","ASFALTOS DILUÍDOS CM-70","Rio de Janeiro","-"]
["2018-09-01","ASFALTOS DILUÍDOS CM-70","Sergipe","-"]
["2018-10-01","ASFALTOS DILUÍDOS CM-70","Roraima","-"]
["2019-01-01","ASFALTOS DILUÍDOS CM-70","Espírito Santo","-"]
["2019-01-01","ASFALTOS DILUÍDOS CM-70","São Paulo","-"]
["2019-03-01","ASFALTOS DILUÍDOS CM-70","Minas Gerais","-"]
["2019-06-01","ASFALTOS DILUÍDOS CM-70","Pernambuco","-"]
["2019-06-01","ASFALTOS DILUÍDOS CM-70","Rondônia","-"]
["2019-09-01","ASFALTOS DILUÍDOS CM-70","Paraíba","-"]
["2019-10-01","ASFALTOS DILUÍDOS CM-70","Amazonas","-"]
["2019-12-01","ASFALTOS DILUÍDOS CM-70","Pernambuco","-"]
["2020-01-01","ASFALTOS DILUÍDOS CM-70","Minas Gerais","-"]
["2020-04-01","ASFALTOS DILUÍDOS CM-70","Distrito Federal","-"]
["2020-05-01","ASFALTOS DILUÍDOS CM-70","Tocantins","-"]
["2020-07-01","ASFALTOS DILUÍDOS CM-70","Paraná","-"]
["2020-09-01","ASFALTOS DILUÍDOS CM-70","Alagoas","-"]
["2020-09-01","ASFALTOS DILUÍDOS CM-70","Rio Grande do Sul","-"]
["2020-12-01","ASFALTOS DILUÍDOS CM-70","Amazonas","-"]
["2021-01-01","ASFALTOS DILUÍDOS CM-70","Amapá","-"]
["2021-03-01","ASFALTOS DILUÍDOS CM-70","Ceará","-"]
["2021-04-01","ASFALTOS DILUÍDOS CM-70","Mato Grosso do Sul","-"]
["2021-07-01","ASFALTOS DILUÍDOS CM-70","Ceará","-"]
["2021-08-01","ASFALTOS DILUÍDOS CM-70","Paraná","-"]
["2021-10-01","ASFALTOS DILUÍDOS CM-70","Paraíba","-"]
["2021-11-01","ASFALTOS DILUÍDOS CM-70","Piauí","-"]
["2022-01-01","ASFALTOS DILUÍDOS CM-70","Santa Catarina","-"]
["2022-02-01","ASFALTOS DILUÍDOS CM-70","Paraná","-"]
["2022-05-01","ASFALTOS DILUÍDOS CM-70","Ceará","-"]
["2022-05-01","ASFALTOS DILUÍDOS CM-70","Piauí","-"]
["2022-07-01","ASFALTOS DILUÍDOS CM-70","Mato Grosso","-"]
["2022-08-01","ASFALTOS DILUÍDOS CM-70","Rio Grande do Norte","-"]
["2022-10-01","ASFALTOS DILUÍDOS CM-70","Rio Grande do Norte","-"]
["2022-12-01","ASFALTOS DILUÍDOS CM-70","Tocantins","-"]
["2023-02-01","ASFALTOS DILUÍDOS CM-70","Amapá","-"]
["2023-04-01","ASFALTOS DILUÍDOS CM-70","Roraima","-"]
["2023-05-01","ASFALTOS DILUÍDOS CM-70","Bahia","-"]
["2023-08-01","ASFALTOS DILUÍDOS CM-70","Bahia","-"]
["2013-01-01","ASFALTOS DILUÍDOS CR-250","Santa Catarina","-"]
["2013-03-01","ASFALTOS DILUÍDOS CR-250","Pará","-"]
["2013-04-01","ASFALTOS DILUÍDOS CR-250","Rondônia","-"]
["2013-06-01","ASFALTOS DILUÍDOS CR-250","Roraima","-"]
["2013-07-01","ASFALTOS DILUÍDOS CR-250","Santa Catarina","-"]
["2013-09-01","ASFALTOS DILUÍDOS CR-250","Acre","-"]
["2013-11-01","ASFALTOS DILUÍDOS CR-250","Espírito Santo","-"]
["2014-01-01","ASFALTOS DILUÍDOS CR-250","Distrito Federal","-"]
["2014-02-01","ASFALTOS DILUÍDOS CR-250","Pernambuco","-"]
["2014-04-01","ASFALTOS DILUÍDOS CR-250","Goiás","-"]
["2014-04-01","ASFALTOS DILUÍDOS CR-250","Rondônia","-"]
["2014-07-01","ASFALTOS DILUÍDOS CR-250","Mato Grosso","-"]
["2014-08-01","ASFALTOS DILUÍDOS CR-250","Amazonas","-"]
["2014-10-01","ASFALTOS DILUÍDOS CR-250","Goiás","-"]
["2014-11-01","ASFALTOS DILUÍDOS CR-250","Minas Gerais","-"]
["2015-01-01","ASFALTOS DILUÍDOS CR-250","Mato Grosso","-"]
["2015-02-01","ASFALTOS DILUÍDOS CR-250","Rondônia","-"]
["2015-05-01","ASFALTOS DILUÍDOS CR-250","Paraná","-"]
["2015-06-01","ASFALTOS DILUÍDOS CR-250","Rio Grande do Sul","-"]
["2015-08-01","ASFALTOS DILUÍDOS CR-250","São Paulo","-"]
["2015-09-01","ASFALTOS DILUÍDOS CR-250","Roraima","-"]
["2015-12-01","ASFALTOS DILUÍDOS CR-250","Distrito Federal","-"]
["2015-12-01","ASFALTOS DILUÍDOS CR-250","São Paulo","-"]
["2016-02-01","ASFALTOS DILUÍDOS CR-250","Mato Grosso do Sul","-"]
["2016-03-01","ASFALTOS DILUÍDOS CR-250","Tocantins","-"]
["2016-05-01","ASFALTOS DILUÍDOS CR-250","Rio Grande do Sul","-"]
["2016-08-01","ASFALTOS DILUÍDOS CR-250","Paraíba","-"]
["2016-09-01","ASFALTOS DILUÍDOS CR-250","Maranhão","-"]
["2016-11-01","ASFALTOS DILUÍDOS CR-250","Santa Catarina","-"]
["2016-12-01","ASFALTOS DILUÍDOS CR-250","Mato Grosso do Sul","-"]
["2017-03-01","ASFALTOS DILUÍDOS CR-250","Ceará","-"]
["2017-04-01","ASFALTOS DILUÍDOS CR-250","Tocantins","-"]
["2017-06-01","ASFALTOS DILUÍDOS CR-250","Paraíba","-"]
["2017-08-01","ASFALTOS DILUÍDOS CR-250","Alagoas","-"]
["2017-09-01","ASFALTOS DILUÍDOS CR-250","Santa Catarina","-"]
["2017-11-01","ASFALTOS DILUÍDOS CR-250","Amazonas","-"]
["2017-12-01","ASFALTOS DILUÍDOS CR-250","Alagoas","-"]
["2018-02-01","ASFALTOS DILUÍDOS CR-250","Goiás","-"]
["2018-04-01","ASFALTOS DILUÍDOS CR-250","Pará","-"]
["2018-06-01","ASFALTOS DILUÍDOS CR-250","Bahia","-"]
["2018-07-01","ASFALTOS DILUÍDOS CR-250","Paraná","-"]
["2018-09-01","ASFALTOS DILUÍDOS CR-250","Pará","-"]
["2018-10-01","ASFALTOS DILUÍDOS CR-250","Piauí","-"]
["2018-12-01","ASFALTOS DILUÍDOS CR-250","Roraima","-"]
["2019-01-01","ASFALTOS DILUÍDOS CR-250","Paraná","-"]
["2019-02-01","ASFALTOS DILUÍDOS CR-250","Pará","-"]
["2019-04-01","ASFALTOS DILUÍDOS CR-250","Piauí","-"]
["2019-06-01","ASFALTOS DILUÍDOS CR-250","Maranhão","-"]
["2019-08-01","ASFALTOS DILUÍDOS CR-250","Pernambuco","-"]
["2019-10-01","ASFALTOS DILUÍDOS CR-250","Acre","-"]
["2019-11-01","ASFALTOS DILUÍDOS CR-250","Sergipe","-"]
["2020-01-01","ASFALTOS DILUÍDOS CR-250","Amapá","-"]
["2020-02-01","ASFALTOS DILUÍDOS CR-250","Amazonas","-"]
["2020-04-01","ASFALTOS DILUÍDOS CR-250","Bahia","-"]
["2020-05-01","ASFALTOS DILUÍDOS CR-250","Minas Gerais","-"]
["2020-07-01","ASFALTOS DILUÍDOS CR-250","Distrito Federal","-"]
["2020-08-01","ASFALTOS DILUÍDOS CR-250","Rondônia","-"]
["2020-11-01","ASFALTOS DILUÍDOS CR-250","Rondônia","-"]
["2020-12-01","ASFALTOS DILUÍDOS CR-250","Amazonas","-"]
["2021-02-01","ASFALTOS DILUÍDOS CR-250","São Paulo","-"]
["2021-03-01","ASFALTOS DILUÍDOS CR-250","Paraíba","-"]
["2021-06-01","ASFALTOS DILUÍDOS CR-250","Distrito Federal","-"]
["2021-06-01","ASFALTOS DILUÍDOS CR-250","Pernambuco","-"]
["2021-09-01","ASFALTOS DILUÍDOS CR-250","Paraná","-"]
["2021-11-01","ASFALTOS DILUÍDOS CR-250","Goiás","-"]
["2021-11-01","ASFALTOS DILUÍDOS CR-250","Rio Grande do Sul","-"]
["2022-02-01","ASFALTOS DILUÍDOS CR-250","Mato Grosso","-"]
["2022-03-01","ASFALTOS DILUÍDOS CR-250","Amapá","-"]
["2022-05-01","ASFALTOS DILUÍDOS CR-250","Santa Catarina","-"]
["2022-06-01","ASFALTOS DILUÍDOS CR-250","Amazonas","-"]
["2022-09-01","ASFALTOS DILUÍDOS CR-250","Ceará","-"]
["2022-10-01","ASFALTOS DILUÍDOS CR-250","Roraima","-"]
["2022-12-01","ASFALTOS DILUÍDOS CR-250","Paraíba","-"]
["2023-01-01","ASFALTOS DILUÍDOS CR-250","Rio Grande do Sul","-"]
["2023-03-01","ASFALTOS DILUÍDOS CR-250","Santa Catarina","-"]
["2023-04-01","ASFALTOS DILUÍDOS CR-250","Roraima","-"]
["2023-07-01","ASFALTOS DILUÍDOS CR-250","Ceará","-"]
["2023-07-01","ASFALTOS DILUÍDOS CR-250","São Paulo","-"]
["2013-01-01","ASFALTOS DILUÍDOS CR-70","Mato Grosso","-"]
["2013-03-01","ASFALTOS DILUÍDOS CR-70","Piauí","-"]
["2013-05-01","ASFALTOS DILUÍDOS CR-70","Espírito Santo","-"]
["2013-07-01","ASFALTOS DILUÍDOS CR-70","Pará","-"]
["2013-08-01","ASFALTOS DILUÍDOS CR-70","Maranhão","-"]
["2013-10-01","ASFALTOS DILUÍDOS CR-70","Roraima","-"]
["2013-11-01","ASFALTOS DILUÍDOS CR-70","Mato Grosso do Sul","-"]
["2013-12-01","ASFALTOS DILUÍDOS CR-70","Pará","-"]
["2014-02-01","ASFALTOS DILUÍDOS CR-70","Maranhão","-"]
["2014-03-01","ASFALTOS DILUÍDOS CR-70","Roraima","-"]
["2014-07-01","ASFALTOS DILUÍDOS CR-70","Alagoas","-"]
["2014-07-01","ASFALTOS DILUÍDOS CR-70","Bahia","-"]
["2014-09-01","ASFALTOS DILUÍDOS CR-70","Sergipe","-"]
["2014-10-01","ASFALTOS DILUÍDOS CR-70","Rondônia","-"]
["2015-01-01","ASFALTOS DILUÍDOS CR-70","Espírito Santo","-"]
["2015-01-01","ASFALTOS DILUÍDOS CR-70","Santa Catarina","-"]
["2015-03-01","ASFALTOS DILUÍDOS CR-70","Minas Gerais","-"]
["2015-06-01","ASFALTOS DILUÍDOS CR-70","Paraná","-"]
["2015-06-01","ASFALTOS DILUÍDOS CR-70","Rondônia","-"]
["2015-09-01","ASFALTOS DILUÍDOS CR-70","Piauí","-"]
["2015-10-01","ASFALTOS DILUÍDOS CR-70","Amazonas","-"]
["2015-12-01","ASFALTOS DILUÍDOS CR-70","Paraná","-"]
["2016-01-01","ASFALTOS DILUÍDOS CR-70","Minas Gerais","-"]
["2016-04-01","ASFALTOS DILUÍDOS CR-70","Distrito Federal","-"]
["2016-05-01","ASFALTOS DILUÍDOS CR-70","Sergipe","-"]
["2016-07-01","ASFALTOS DILUÍDOS CR-70","Paraná","-"]
["2016-09-01","ASFALTOS DILUÍDOS CR-70","Acre","-"]
["2016-10-01","ASFALTOS DILUÍDOS CR-70","São Paulo","-"]
["2016-12-01","ASFALTOS DILUÍDOS CR-70","Amapá","-"]
["2017-01-01","ASFALTOS DILUÍDOS CR-70","Amapá","-"]
["2017-03-01","ASFALTOS DILUÍDOS CR-70","Bahia","-"]
["2017-04-01","ASFALTOS DILUÍDOS CR-70","Mato Grosso do Sul","-"]
["2017-06-01","ASFALTOS DILUÍDOS CR-70","Distrito Federal","-"]
["2017-07-01","ASFALTOS DILUÍDOS CR-70","Rio Grande do Sul","-"]
["2017-10-01","ASFALTOS DILUÍDOS CR-70","Paraíba","-"]
["2017-11-01","ASFALTOS DILUÍDOS CR-70","Pernambuco","-"]
["2018-01-01","ASFALTOS DILUÍDOS CR-70","Santa Catarina","-"]
["2018-02-01","ASFALTOS DILUÍDOS CR-70","Paraíba","-"]
["2018-05-01","ASFALTOS DILUÍDOS CR-70","Ceará","-"]
["2018-05-01","ASFALTOS DILUÍDOS CR-70","Pernambuco","-"]
["2018-08-01","ASFALTOS DILUÍDOS CR-70","Paraíba","-"]
["2018-08-01","ASFALTOS DILUÍDOS CR-70","Rio de Janeiro","-"]
["2018-10-01","ASFALTOS DILUÍDOS CR-70","Rio Grande do Norte","-"]
["2018-12-01","ASFALTOS DILUÍDOS CR-70","Tocantins","-"]
["2019-02-01","ASFALTOS DILUÍDOS CR-70","Alagoas","-"]
["2019-04-01","ASFALTOS DILUÍDOS CR-70","Roraima","-"]
["2019-05-01","ASFALTOS DILUÍDOS CR-70","Amazonas","-"]
["2019-06-01","ASFALTOS DILUÍDOS CR-70","Pará","-"]
["2019-08-01","ASFALTOS DILUÍDOS CR-70","Ceará","-"]
["2019-09-01","ASFALTOS DILUÍDOS CR-70","Roraima","-"]
["2019-12-01","ASFALTOS DILUÍDOS CR-70","Rio Grande do Sul","-"]
["2020-01-01","ASFALTOS DILUÍDOS CR-70","Bahia","-"]
["2020-03-01","ASFALTOS DILUÍDOS CR-70","Roraima","-"]
["2020-04-01","ASFALTOS DILUÍDOS CR-70","Pará","-"]
["2020-07-01","ASFALTOS DILUÍDOS CR-70","Espírito Santo","-"]
["2020-09-01","ASFALTOS DILUÍDOS CR-70","Ceará","-"]
["2020-10-01","ASFALTOS DILUÍDOS CR-70","Pernambuco","-"]
["2020-12-01","ASFALTOS DILUÍDOS CR-70","Espírito Santo","-"]
["2020-12-01","ASFALTOS DILUÍDOS CR-70","Rondônia","-"]
["2021-03-01","ASFALTOS DILUÍDOS CR-70","Maranhão","-"]
["2021-04-01","ASFALTOS DILUÍDOS CR-70","Amazonas","-"]
["2021-06-01","ASFALTOS DILUÍDOS CR-70","Mato Grosso do Sul","-"]
["2021-07-01","ASFALTOS DILUÍDOS CR-70","Minas Gerais","-"]
["2021-09-01","ASFALTOS DILUÍDOS CR-70","Maranhão","-"]
["2021-10-01","ASFALTOS DILUÍDOS CR-70","Rondônia","-"]
["2022-01-01","ASFALTOS DILUÍDOS CR-70","Paraná","-"]
["2022-02-01","ASFALTOS DILUÍDOS CR-70","Santa Catarina","-"]
["2022-04-01","ASFALTOS DILUÍDOS CR-70","São Paulo","-"]
["2022-05-01","ASFALTOS DILUÍDOS CR-70","Rondônia","-"]
["2022-08-01","ASFALTOS DILUÍDOS CR-70","Distrito Federal","-"]
["2022-08-01","ASFALTOS DILUÍDOS CR-70","Santa Catarina","-"]
["2022-10-01","ASFALTOS DILUÍDOS CR-70","Mato Grosso do Sul","-"]
["2022-11-01","ASFALTOS DILUÍDOS CR-70","Sergipe","-"]
["2023-01-01","ASFALTOS DILUÍDOS CR-70","Rio Grande do Sul","-"]
["2023-04-01","ASFALTOS DILUÍDOS CR-70","Piauí","-"]
["2023-05-01","ASFALTOS DILUÍDOS CR-70","Amapá","-"]
["2023-07-01","ASFALTOS DILUÍDOS CR-70","Santa Catarina","-"]
["2023-08-01","ASFALTOS DILUÍDOS CR-70","Mato Grosso","-"]
["2013-03-01","CAP MODIFICADO POR BORRACHA DE PNEU AB22","Ceará","-"]
["2013-03-01","CAP MODIFICADO POR BORRACHA DE PNEU AB22","Goiás","-"]
["2013-06-01","CAP MODIFICADO POR BORRACHA DE PNEU AB22","Paraíba","-"]
["2013-08-01","CAP MODIFICADO POR BORRACHA DE PNEU AB22","Acre","-"]
["2013-09-01","CAP MODIFICADO POR BORRACHA DE PNEU AB22","Santa Catarina","-"]
["2013-11-01","CAP MODIFICADO POR BORRACHA DE PNEU AB22","Amapá","-"]
["2013-12-01","CAP MODIFICADO POR BORRACHA DE PNEU AB22","Alagoas","-"]
["2014-02-01","CAP MODIFICADO POR BORRACHA DE PNEU AB22","Goiás","-"]
["2014-04-01","CAP MODIFICADO POR BORRACHA DE PNEU AB22","Minas Gerais","-"]
["2014-05-01","CAP MODIFICADO POR BORRACHA DE PNEU AB22","Piauí","-"]
["2014-07-01","CAP MODIFICADO POR BORRACHA DE PNEU AB22","Paraíba","-"]
["2014-07-01","CAP MODIFICADO POR BORRACHA DE PNEU AB22","Roraima","-"]
["2014-10-01","CAP MODIFICADO POR BORRACHA DE PNEU AB22","Pernambuco","-"]
["2014-11-01","CAP MODIFICADO POR BORRACHA DE PNEU AB22","Bahia","-"]
["2015-01-01","CAP MODIFICADO POR BORRACHA DE PNEU AB22","Paraíba","-"]
["2015-02-01","CAP MODIFICADO POR BORRACHA DE PNEU AB22","Pará","-"]
["2015-04-01","CAP MODIFICADO POR BORRACHA DE PNEU AB22","Pernambuco","-"]
["2015-05-01","CAP MODIFICADO POR BORRACHA DE PNEU AB22","Roraima","-"]
["2015-08-01","CAP MODIFICADO POR BORRACHA DE PNEU AB22","Pernambuco","-"]
["2015-09-01","CAP MODIFICADO POR BORRACHA DE PNEU AB22","Tocantins","-"]
["2015-11-01","CAP MODIFICADO POR BORRACHA DE PNEU AB22","Sergipe","-"]
["2016-01-01","CAP MODIFICADO POR BORRACHA DE PNEU AB22","Alagoas","-"]
["2016-03-01","CAP MODIFICADO POR BORRACHA DE PNEU AB22","Espírito Santo","-"]
["2016-04-01","CAP MODIFICADO POR BORRACHA DE PNEU AB22","Amazonas","-"]
["2016-05-01","CAP MODIFICADO POR BORRACHA DE PNEU AB22","Minas Gerais","-"]
["2016-07-01","CAP MODIFICADO POR BORRACHA DE PNEU AB22","Ceará","-"]
["2016-08-01","CAP MODIFICADO POR BORRACHA DE PNEU AB22","Rondônia","-"]
["2016-11-01","CAP MODIFICADO POR BORRACHA DE PNEU AB22","Rio Grande do Sul","-"]
["2016-12-01","CAP MODIFICADO POR BORRACHA DE PNEU AB22","Amazonas","-"]
["2017-02-01","CAP MODIFICADO POR BORRACHA DE PNEU AB22","São Paulo","-"]
["2017-03-01","CAP MODIFICADO POR BORRACHA DE PNEU AB22","Piauí","-"]
["2017-06-01","CAP MODIFICADO POR BORRACHA DE PNEU AB22","Distrito Federal","-"]
["2017-06-01","CAP MODIFICADO POR BORRACHA DE PNEU AB22","Paraná","-"]
["2017-09-01","CAP MODIFICADO POR BORRACHA DE PNEU AB22","Paraná","-"]
["2017-11-01","CAP MODIFICADO POR BORRACHA DE PNEU AB22","Espírito Santo","-"]
["2017-11-01","CAP MODIFICADO POR BORRACHA DE PNEU AB22","Rio Grande do Sul","-"]
["2018-02-01","CAP MODIFICADO POR BORRACHA DE PNEU AB22","Maranhão","-"]
["2018-03-01","CAP MODIFICADO POR BORRACHA DE PNEU AB22","Amapá","-"]
["2018-05-01","CAP MODIFICADO POR BORRACHA DE PNEU AB22","Mato Grosso do Sul","-"]
["2018-06-01","CAP MODIFICADO POR BORRACHA DE PNEU AB22","Mato Grosso do Sul","-"]
["2018-09-01","CAP MODIFICADO POR BORRACHA DE PNEU AB22","Ceará","-"]
["2018-10-01","CAP MODIFICADO POR BORRACHA DE PNEU AB22","Rondônia","-"]
["2018-12-01","CAP MODIFICADO POR BORRACHA DE PNEU AB22","Paraíba","-"]
["2019-01-01","CAP MODIFICADO POR BORRACHA DE PNEU AB22","Santa Catarina","-"]
["2019-03-01","CAP MODIFICADO POR BORRACHA DE PNEU AB22","Santa Catarina","-"]
["2019-04-01","CAP MODIFICADO POR BORRACHA DE PNEU AB22","Rondônia","-"]
["2019-05-01","CAP MODIFICADO POR BORRACHA DE PNEU AB22","Paraíba","-"]
["2019-07-01","CAP MODIFICADO POR BORRACHA DE PNEU AB22","Santa Catarina","-"]
["2019-09-01","CAP MODIFICADO POR BORRACHA DE PNEU AB22","Mato Grosso","-"]
["2019-11-01","CAP MODIFICADO POR BORRACHA DE PNEU AB22","Piauí","-"]
["2020-01-01","CAP MODIFICADO POR BORRACHA DE PNEU AB22","Distrito Federal","-"]
["2020-02-01","CAP MODIFICADO POR BORRACHA DE PNEU AB22","Tocantins","-"]
["2020-04-01","CAP MODIFICADO POR BORRACHA DE PNEU AB22","Goiás","-"]
["2020-05-01","CAP MODIFICADO POR BORRACHA DE PNEU AB22","Bahia","-"]
["2020-07-01","CAP MODIFICADO POR BORRACHA DE PNEU AB22","Mato Grosso","-"]
["2020-08-01","CAP MODIFICADO POR BORRACHA DE PNEU AB22","Pará","-"]
["2020-10-01","CAP MODIFICADO POR BORRACHA DE PNEU AB22","Goiás","-"]
["2020-11-01","CAP MODIFICADO POR BORRACHA DE PNEU AB22","Roraima","-"]
["2021-01-01","CAP MODIFICADO POR BORRACHA DE PNEU AB22","Mato Grosso","-"]
["2021-03-01","CAP MODIFICADO POR BORRACHA DE PNEU AB22","Bahia","-"]
["2021-05-01","CAP MODIFICADO POR BORRACHA DE PNEU AB22","Sergipe","-"]
["2021-06-01","CAP MODIFICADO POR BORRACHA DE PNEU AB22","Rio Grande do Sul","-"]
["2021-09-01","CAP MODIFICADO POR BORRACHA DE PNEU AB22","Espírito Santo","-"]
["2021-09-01","CAP MODIFICADO POR BORRACHA DE PNEU AB22","Roraima","-"]
["2021-12-01","CAP MODIFICADO POR BORRACHA DE PNEU AB22","Pernambuco","-"]
["2021-12-01","CAP MODIFICADO POR BORRACHA DE PNEU AB22","São Paulo","-"]
["2022-02-01","CAP MODIFICADO POR BORRACHA DE PNEU AB22","Rondônia","-"]
["2022-05-01","CAP MODIFICADO POR BORRACHA DE PNEU AB22","Pernambuco","-"]
["2022-06-01","CAP MODIFICADO POR BORRACHA DE PNEU AB22","Amazonas","-"]
["2022-08-01","CAP MODIFICADO POR BORRACHA DE PNEU AB22","Paraíba","-"]
["2022-09-01","CAP MODIFICADO POR BORRACHA DE PNEU AB22","Minas Gerais","-"]
["2022-12-01","CAP MODIFICADO POR BORRACHA DE PNEU AB22","Distrito Federal","-"]
["2023-02-01","CAP MODIFICADO POR BORRACHA DE PNEU AB22","Alagoas","-"]
["2023-03-01","CAP MODIFICADO POR BORRACHA DE PNEU AB22","Paraná","-"]
["2023-04-01","CAP MODIFICADO POR BORRACHA DE PNEU AB22","Tocantins","-"]
["2023-06-01","CAP MODIFICADO POR BORRACHA DE PNEU AB22","São Paulo","-"]
["2023-08-01","CAP MODIFICADO POR BORRACHA DE PNEU AB22","Alagoas","-"]
["2013-02-01","CAP MODIFICADO POR BORRACHA DE PNEU AB8","Distrito Federal","-"]
["2013-03-01","CAP MODIFICADO POR BORRACHA DE PNEU AB8","Amazonas","-"]
["2013-04-01","CAP MODIFICADO POR BORRACHA DE PNEU AB8","Mato Grosso do Sul","-"]
["2013-06-01","CAP MODIFICADO POR BORRACHA DE PNEU AB8","Ceará","-"]
["2013-07-01","CAP MODIFICADO POR BORRACHA DE PNEU AB8","Rio Grande do Sul","-"]
["2013-10-01","CAP MODIFICADO POR BORRACHA DE PNEU AB8","Paraíba","-"]
["2013-11-01","CAP MODIFICADO POR BORRACHA DE PNEU AB8","Paraná",1.2789396163012401]
["2014-01-01","CAP MODIFICADO POR BORRACHA DE PNEU AB8","Santa Catarina","-"]
["2014-02-01","CAP MODIFICADO POR BORRACHA DE PNEU AB8","Piauí","-"]
["2014-03-01","CAP MODIFICADO POR BORRACHA DE PNEU AB8","Paraíba","-"]
["2014-05-01","CAP MODIFICADO POR BORRACHA DE PNEU AB8","Paraná",1.2895752684990101]
["2014-06-01","CAP MODIFICADO POR BORRACHA DE PNEU AB8","Santa Catarina","-"]
["2014-08-01","CAP MODIFICADO POR BORRACHA DE PNEU AB8","Piauí","-"]
["2014-10-01","CAP MODIFICADO POR BORRACHA DE PNEU AB8","Rio Grande do Norte","-"]
["2014-12-01","CAP MODIFICADO POR BORRACHA DE PNEU AB8","Tocantins","-"]
["2015-02-01","CAP MODIFICADO POR BORRACHA DE PNEU AB8","Acre","-"]
["2015-04-01","CAP MODIFICADO POR BORRACHA DE PNEU AB8","Goiás","-"]
["2015-05-01","CAP MODIFICADO POR BORRACHA DE PNEU AB8","Amapá","-"]
["2015-06-01","CAP MODIFICADO POR BORRACHA DE PNEU AB8","Pará","-"]
["2015-08-01","CAP MODIFICADO POR BORRACHA DE PNEU AB8","Bahia","-"]
["2015-09-01","CAP MODIFICADO POR BORRACHA DE PNEU AB8","Roraima","-"]
["2015-12-01","CAP MODIFICADO POR BORRACHA DE PNEU AB8","Santa Catarina","-"]
["2016-01-01","CAP MODIFICADO POR BORRACHA DE PNEU AB8","Bahia","-"]
["2016-03-01","CAP MODIFICADO POR BORRACHA DE PNEU AB8","Rondônia","-"]
["2016-04-01","CAP MODIFICADO POR BORRACHA DE PNEU AB8","Pará","-"]
["2016-07-01","CAP MODIFICADO POR BORRACHA DE PNEU AB8","Espírito Santo","-"]
["2016-09-01","CAP MODIFICADO POR BORRACHA DE PNEU AB8","Bahia","-"]
["2016-10-01","CAP MODIFICADO POR BORRACHA DE PNEU AB8","Pernambuco","-"]
["2016-12-01","CAP MODIFICADO POR BORRACHA DE PNEU AB8","Distrito Federal","-"]
["2017-01-01","CAP MODIFICADO POR BORRACHA DE PNEU AB8","Sergipe","-"]
["2017-03-01","CAP MODIFICADO POR BORRACHA DE PNEU AB8","Goiás","-"]
["2017-04-01","CAP MODIFICADO POR BORRACHA DE PNEU AB8","Amazonas","-"]
["2017-06-01","CAP MODIFICADO POR BORRACHA DE PNEU AB8","Mato Grosso","-"]
["2017-07-01","CAP MODIFICADO POR BORRACHA DE PNEU AB8","Minas Gerais","-"]
["2017-09-01","CAP MODIFICADO POR BORRACHA DE PNEU AB8","Minas Gerais","-"]
["2017-10-01","CAP MODIFICADO POR BORRACHA DE PNEU AB8","Rondônia","-"]
["2018-01-01","CAP MODIFICADO POR BORRACHA DE PNEU AB8","Paraná",2.0639896043907799]
["2018-02-01","CAP MODIFICADO POR BORRACHA DE PNEU AB8","Roraima","-"]
["2018-04-01","CAP MODIFICADO POR BORRACHA DE PNEU AB8","São Paulo","-"]
["2018-05-01","CAP MODIFICADO POR BORRACHA DE PNEU AB8","Rio Grande do Sul","-"]
["2018-08-01","CAP MODIFICADO POR BORRACHA DE PNEU AB8","Distrito Federal","-"]
["2018-08-01","CAP MODIFICADO POR BORRACHA DE PNEU AB8","Roraima","-"]
["2018-11-01","CAP MODIFICADO POR BORRACHA DE PNEU AB8","Paraná",2.7536652279576401]
["2018-11-01","CAP MODIFICADO POR BORRACHA DE PNEU AB8","São Paulo","-"]
["2019-01-01","CAP MODIFICADO POR BORRACHA DE PNEU AB8","Rio Grande do Sul","-"]
["2019-02-01","CAP MODIFICADO POR BORRACHA DE PNEU AB8","Tocantins","-"]
["2019-05-01","CAP MODIFICADO POR BORRACHA DE PNEU AB8","Amapá","-"]
["2019-07-01","CAP MODIFICADO POR BORRACHA DE PNEU AB8","Santa Catarina","-"]
["2019-08-01","CAP MODIFICADO POR BORRACHA DE PNEU AB8","Maranhão","-"]
["2019-09-01","CAP MODIFICADO POR BORRACHA DE PNEU AB8","Paraíba","-"]
["2019-11-01","CAP MODIFICADO POR BORRACHA DE PNEU AB8","Mato Grosso do Sul","-"]
["2019-12-01","CAP MODIFICADO POR BORRACHA DE PNEU AB8","Santa Catarina","-"]
["2020-03-01","CAP MODIFICADO POR BORRACHA DE PNEU AB8","Tocantins","-"]
["2020-04-01","CAP MODIFICADO POR BORRACHA DE PNEU AB8","Ceará","-"]
["2020-07-01","CAP MODIFICADO POR BORRACHA DE PNEU AB8","Alagoas","-"]
["2020-07-01","CAP MODIFICADO POR BORRACHA DE PNEU AB8","Paraíba","-"]
["2020-10-01","CAP MODIFICADO POR BORRACHA DE PNEU AB8","Goiás","-"]
["2020-10-01","CAP MODIFICADO POR BORRACHA DE PNEU AB8","Rondônia","-"]
["2021-01-01","CAP MODIFICADO POR BORRACHA DE PNEU AB8","Piauí","-"]
["2021-03-01","CAP MODIFICADO POR BORRACHA DE PNEU AB8","Pará","-"]
["2021-03-01","CAP MODIFICADO POR BORRACHA DE PNEU AB8","Roraima","-"]
["2021-06-01","CAP MODIFICADO POR BORRACHA DE PNEU AB8","Paraná",3.9668741727970298]
["2021-07-01","CAP MODIFICADO POR BORRACHA DE PNEU AB8","Bahia","-"]
["2021-09-01","CAP MODIFICADO POR BORRACHA DE PNEU AB8","Piauí","-"]
["2021-10-01","CAP MODIFICADO POR BORRACHA DE PNEU AB8","Pará","-"]
["2021-12-01","CAP MODIFICADO POR BORRACHA DE PNEU AB8","Paraná",4.6806803275556499]
["2022-01-01","CAP MODIFICADO POR BORRACHA DE PNEU AB8","Roraima","-"]
["2022-04-01","CAP MODIFICADO POR BORRACHA DE PNEU AB8","Pernambuco","-"]
["2022-05-01","CAP MODIFICADO POR BORRACHA DE PNEU AB8","Sergipe","-"]
["2022-07-01","CAP MODIFICADO POR BORRACHA DE PNEU AB8","Sergipe","-"]
["2022-09-01","CAP MODIFICADO POR BORRACHA DE PNEU AB8","Acre","-"]
["2022-11-01","CAP MODIFICADO POR BORRACHA DE PNEU AB8","Espírito Santo","-"]
["2022-12-01","CAP MODIFICADO POR BORRACHA DE PNEU AB8","Amapá","-"]
["2023-01-01","CAP MODIFICADO POR BORRACHA DE PNEU AB8","Minas Gerais","-"]
["2023-03-01","CAP MODIFICADO POR BORRACHA DE PNEU AB8","Bahia","-"]
["2023-04-01","CAP MODIFICADO POR BORRACHA DE PNEU AB8","Rondônia","-"]
["2023-06-01","CAP MODIFICADO POR BORRACHA DE PNEU AB8","Distrito Federal","-"]
["2023-08-01","CAP MODIFICADO POR BORRACHA DE PNEU AB8","Amazonas","-"]
["2015-10-01","CAP MODIFICADO POR POLÍMERO 55-75-E","São Paulo","-"]
["2015-11-01","CAP MODIFICADO POR POLÍMERO 55-75-E","Pernambuco","-"]
["2016-02-01","CAP MODIFICADO POR POLÍMERO 55-75-E","Distrito Federal","-"]
["2016-02-01","CAP MODIFICADO POR POLÍMERO 55-75-E","Paraíba","-"]
["2016-05-01","CAP MODIFICADO POR POLÍMERO 55-75-E","Paraná","-"]
["2016-07-01","CAP MODIFICADO POR POLÍMERO 55-75-E","Distrito Federal","-"]
["2016-08-01","CAP MODIFICADO POR POLÍMERO 55-75-E","São Paulo","-"]
["2016-10-01","CAP MODIFICADO POR POLÍMERO 55-75-E","Goiás","-"]
["2016-11-01","CAP MODIFICADO POR POLÍMERO 55-75-E","Amapá","-"]
["2017-01-01","CAP MODIFICADO POR POLÍMERO 55-75-E","Mato Grosso","-"]
["2017-02-01","CAP MODIFICADO POR POLÍMERO 55-75-E","Mato Grosso do Sul","-"]
["2017-04-01","CAP MODIFICADO POR POLÍMERO 55-75-E","Rio de Janeiro","-"]
["2017-06-01","CAP MODIFICADO POR POLÍMERO 55-75-E","Rio Grande do Sul","-"]
["2017-06-01","CAP MODIFICADO POR POLÍMERO 55-75-E","Santa Catarina","-"]
["2017-09-01","CAP MODIFICADO POR POLÍMERO 55-75-E","Roraima","-"]
["2017-10-01","CAP MODIFICADO POR POLÍMERO 55-75-E","Ceará","-"]
["2017-12-01","CAP MODIFICADO POR POLÍMERO 55-75-E","Rio Grande do Sul","-"]
["2018-01-01","CAP MODIFICADO POR POLÍMERO 55-75-E","Paraíba","-"]
["2018-03-01","CAP MODIFICADO POR POLÍMERO 55-75-E","Roraima","-"]
["2018-04-01","CAP MODIFICADO POR POLÍMERO 55-75-E","Santa Catarina","-"]
["2018-06-01","CAP MODIFICADO POR POLÍMERO 55-75-E","São Paulo","-"]
["2018-08-01","CAP MODIFICADO POR POLÍMERO 55-75-E","Rio Grande do Norte","-"]
["2018-10-01","CAP MODIFICADO POR POLÍMERO 55-75-E","Tocantins","-"]
["2018-12-01","CAP MODIFICADO POR POLÍMERO 55-75-E","Espírito Santo","-"]
["2019-01-01","CAP MODIFICADO POR POLÍMERO 55-75-E","Bahia","-"]
["2019-03-01","CAP MODIFICADO POR POLÍMERO 55-75-E","Maranhão","-"]
["2019-04-01","CAP MODIFICADO POR POLÍMERO 55-75-E","Pará","-"]
["2019-06-01","CAP MODIFICADO POR POLÍMERO 55-75-E","Mato Grosso do Sul","-"]
["2019-07-01","CAP MODIFICADO POR POLÍMERO 55-75-E","Roraima","-"]
["2019-09-01","CAP MODIFICADO POR POLÍMERO 55-75-E","Maranhão","-"]
["2019-11-01","CAP MODIFICADO POR POLÍMERO 55-75-E","Bahia","-"]
["2020-01-01","CAP MODIFICADO POR POLÍMERO 55-75-E","Sergipe","-"]
["2020-02-01","CAP MODIFICADO POR POLÍMERO 55-75-E","Santa Catarina","-"]
["2020-05-01","CAP MODIFICADO POR POLÍMERO 55-75-E","Espírito Santo","-"]
["2020-05-01","CAP MODIFICADO POR POLÍMERO 55-75-E","Rondônia","-"]
["2020-08-01","CAP MODIFICADO POR POLÍMERO 55-75-E","Pernambuco","-"]
["2020-08-01","CAP MODIFICADO POR POLÍMERO 55-75-E","Santa Catarina","-"]
["2020-10-01","CAP MODIFICADO POR POLÍMERO 55-75-E","Rondônia","-"]
["2021-01-01","CAP MODIFICADO POR POLÍMERO 55-75-E","Paraná",3.0809478286941299]
["2021-02-01","CAP MODIFICADO POR POLÍMERO 55-75-E","Amazonas","-"]
["2021-04-01","CAP MODIFICADO POR POLÍMERO 55-75-E","Piauí","-"]
["2021-05-01","CAP MODIFICADO POR POLÍMERO 55-75-E","Minas Gerais","-"]
["2021-08-01","CAP MODIFICADO POR POLÍMERO 55-75-E","Distrito Federal","-"]
["2021-08-01","CAP MODIFICADO POR POLÍMERO 55-75-E","Mato Grosso","-"]
["2021-11-01","CAP MODIFICADO POR POLÍMERO 55-75-E","Paraná","-"]
["2021-12-01","CAP MODIFICADO POR POLÍMERO 55-75-E","Sergipe","-"]
["2022-02-01","CAP MODIFICADO POR POLÍMERO 55-75-E","São Paulo","-"]
["2022-04-01","CAP MODIFICADO POR POLÍMERO 55-75-E","Acre","-"]
["2022-04-01","CAP MODIFICADO POR POLÍMERO 55-75-E","Paraná","-"]
["2022-07-01","CAP MODIFICADO POR POLÍMERO 55-75-E","Amapá","-"]
["2022-08-01","CAP MODIFICADO POR POLÍMERO 55-75-E","Mato Grosso do Sul","-"]
["2022-10-01","CAP MODIFICADO POR POLÍMERO 55-75-E","Bahia","-"]
["2022-11-01","CAP MODIFICADO POR POLÍMERO 55-75-E","Rio Grande do Sul","-"]
["2023-02-01","CAP MODIFICADO POR POLÍMERO 55-75-E","Acre","-"]
["2023-03-01","CAP MODIFICADO POR POLÍMERO 55-75-E","Paraíba","-"]
["2023-04-01","CAP MODIFICADO POR POLÍMERO 55-75-E","Ceará","-"]
["2023-06-01","CAP MODIFICADO POR POLÍMERO 55-75-E","Pernambuco","-"]
["2023-07-01","CAP MODIFICADO POR POLÍMERO 55-75-E","Paraíba","-"]
["2015-09-01","CAP MODIFICADO POR POLÍMERO 60-85-E","Paraíba","-"]
["2015-10-01","CAP MODIFICADO POR POLÍMERO 60-85-E","Santa Catarina","-"]
["2015-12-01","CAP MODIFICADO POR POLÍMERO 60-85-E","Pernambuco","-"]
["2016-02-01","CAP MODIFICADO POR POLÍMERO 60-85-E","Ceará","-"]
["2016-03-01","CAP MODIFICADO POR POLÍMERO 60-85-E","Rio de Janeiro","-"]
["2016-06-01","CAP MODIFICADO POR POLÍMERO 60-85-E","Alagoas","-"]
["2016-08-01","CAP MODIFICADO POR POLÍMERO 60-85-E","Goiás","-"]
["2016-09-01","CAP MODIFICADO POR POLÍMERO 60-85-E","Alagoas","-"]
["2016-11-01","CAP MODIFICADO POR POLÍMERO 60-85-E","Piauí","-"]
["2016-12-01","CAP MODIFICADO POR POLÍMERO 60-85-E","Amazonas","-"]
["2017-01-01","CAP MODIFICADO POR POLÍMERO 60-85-E","Roraima","-"]
["2017-04-01","CAP MODIFICADO POR POLÍMERO 60-85-E","Roraima","-"]
["2017-05-01","CAP MODIFICADO POR POLÍMERO 60-85-E","Bahia","-"]
["2017-07-01","CAP MODIFICADO POR POLÍMERO 60-85-E","Rio Grande do Sul",1.9914184311559999]
["2017-08-01","CAP MODIFICADO POR POLÍMERO 60-85-E","Pará","-"]
["2017-11-01","CAP MODIFICADO POR POLÍMERO 60-85-E","Espírito Santo","-"]
["2017-11-01","CAP MODIFICADO POR POLÍMERO 60-85-E","Piauí","-"]
["2018-02-01","CAP MODIFICADO POR POLÍMERO 60-85-E","Pernambuco","-"]
["2018-04-01","CAP MODIFICADO POR POLÍMERO 60-85-E","Ceará","-"]
["2018-05-01","CAP MODIFICADO POR POLÍMERO 60-85-E","Sergipe","-"]
["2018-07-01","CAP MODIFICADO POR POLÍMERO 60-85-E","Espírito Santo","-"]
["2018-08-01","CAP MODIFICADO POR POLÍMERO 60-85-E","Amazonas","-"]
["2018-10-01","CAP MODIFICADO POR POLÍMERO 60-85-E","Maranhão","-"]
["2018-11-01","CAP MODIFICADO POR POLÍMERO 60-85-E","Minas Gerais","-"]
["2019-01-01","CAP MODIFICADO POR POLÍMERO 60-85-E","Mato Grosso do Sul","-"]
["2019-02-01","CAP MODIFICADO POR POLÍMERO 60-85-E","Rondônia","-"]
["2019-05-01","CAP MODIFICADO POR POLÍMERO 60-85-E","Paraná",3.18068366686171]
["2019-06-01","CAP MODIFICADO POR POLÍMERO 60-85-E","Rondônia","-"]
["2019-08-01","CAP MODIFICADO POR POLÍMERO 60-85-E","São Paulo",3.0515773256543701]
["2019-09-01","CAP MODIFICADO POR POLÍMERO 60-85-E","Santa Catarina","-"]
["2019-10-01","CAP MODIFICADO POR POLÍMERO 60-85-E","Paraná",3.0105086991228802]
["2019-12-01","CAP MODIFICADO POR POLÍMERO 60-85-E","Rondônia","-"]
["2020-01-01","CAP MODIFICADO POR POLÍMERO 60-85-E","São Paulo",3.2168804534280202]
["2020-03-01","CAP MODIFICADO POR POLÍMERO 60-85-E","Santa Catarina","-"]
["2020-05-01","CAP MODIFICADO POR POLÍMERO 60-85-E","Rio Grande do Sul","-"]
["2020-06-01","CAP MODIFICADO POR POLÍMERO 60-85-E","Sergipe","-"]
["2020-09-01","CAP MODIFICADO POR POLÍMERO 60-85-E","Amapá","-"]
["2020-11-01","CAP MODIFICADO POR POLÍMERO 60-85-E","Maranhão","-"]
["2020-12-01","CAP MODIFICADO POR POLÍMERO 60-85-E","Goiás","-"]
["2021-01-01","CAP MODIFICADO POR POLÍMERO 60-85-E","Paraíba","-"]
["2021-03-01","CAP MODIFICADO POR POLÍMERO 60-85-E","Mato Grosso","-"]
["2021-04-01","CAP MODIFICADO POR POLÍMERO 60-85-E","Santa Catarina","-"]
["2021-06-01","CAP MODIFICADO POR POLÍMERO 60-85-E","Minas Gerais",3.9251954230461701]
["2021-08-01","CAP MODIFICADO POR POLÍMERO 60-85-E","Ceará","-"]
["2021-11-01","CAP MODIFICADO POR POLÍMERO 60-85-E","Acre","-"]
["2021-11-01","CAP MODIFICADO POR POLÍMERO 60-85-E","Paraíba","-"]
["2022-02-01","CAP MODIFICADO POR POLÍMERO 60-85-E","Amapá","-"]
["2022-03-01","CAP MODIFICADO POR POLÍMERO 60-85-E","Mato Grosso","-"]
["2022-05-01","CAP MODIFICADO POR POLÍMERO 60-85-E","Piauí","-"]
["2022-07-01","CAP MODIFICADO POR POLÍMERO 60-85-E","Minas Gerais",5.4617915647095003]
["2022-08-01","CAP MODIFICADO POR POLÍMERO 60-85-E","Tocantins","-"]
["2022-10-01","CAP MODIFICADO POR POLÍMERO 60-85-E","Paraíba","-"]
["2022-11-01","CAP MODIFICADO POR POLÍMERO 60-85-E","Bahia","-"]
["2023-01-01","CAP MODIFICADO POR POLÍMERO 60-85-E","Pernambuco","-"]
["2023-02-01","CAP MODIFICADO POR POLÍMERO 60-85-E","Pará","-"]
["2023-04-01","CAP MODIFICADO POR POLÍMERO 60-85-E","Paraíba","-"]
["2023-05-01","CAP MODIFICADO POR POLÍMERO 60-85-E","Roraima","-"]
["2023-08-01","CAP MODIFICADO POR POLÍMERO 60-85-E","Pernambuco","-"]
["2015-10-01","CAP MODIFICADO POR POLÍMERO 65-90-E","Alagoas","-"]
["2015-11-01","CAP MODIFICADO POR POLÍMERO 65-90-E","Sergipe","-"]
["2015-12-01","CAP MODIFICADO POR POLÍMERO 65-90-E","Tocantins","-"]
["2016-03-01","CAP MODIFICADO POR POLÍMERO 65-90-E","Espírito Santo","-"]
["2016-04-01","CAP MODIFICADO POR POLÍMERO 65-90-E","Alagoas","-"]
["2016-06-01","CAP MODIFICADO POR POLÍMERO 65-90-E","Pernambuco","-"]
["2016-07-01","CAP MODIFICADO POR POLÍMERO 65-90-E","Amazonas","-"]
["2016-08-01","CAP MODIFICADO POR POLÍMERO 65-90-E","Rondônia","-"]
["2016-10-01","CAP MODIFICADO POR POLÍMERO 65-90-E","Ceará","-"]
["2016-12-01","CAP MODIFICADO POR POLÍMERO 65-90-E","Amazonas","-"]
["2017-02-01","CAP MODIFICADO POR POLÍMERO 65-90-E","São Paulo","-"]
["2017-03-01","CAP MODIFICADO POR POLÍMERO 65-90-E","Paraná",1.83099150409053]
["2017-04-01","CAP MODIFICADO POR POLÍMERO 65-90-E","Paraná",1.65794712491937]
["2017-06-01","CAP MODIFICADO POR POLÍMERO 65-90-E","Piauí","-"]
["2017-07-01","CAP MODIFICADO POR POLÍMERO 65-90-E","São Paulo","-"]
["2017-09-01","CAP MODIFICADO POR POLÍMERO 65-90-E","Paraná","-"]
["2017-11-01","CAP MODIFICADO POR POLÍMERO 65-90-E","Distrito Federal","-"]
["2018-02-01","CAP MODIFICADO POR POLÍMERO 65-90-E","Espírito Santo","-"]
["2018-03-01","CAP MODIFICADO POR POLÍMERO 65-90-E","Amapá","-"]
["2018-05-01","CAP MODIFICADO POR POLÍMERO 65-90-E","Maranhão","-"]
["2018-06-01","CAP MODIFICADO POR POLÍMERO 65-90-E","Mato Grosso do Sul","-"]
["2018-08-01","CAP MODIFICADO POR POLÍMERO 65-90-E","Rio de Janeiro","-"]
["2018-09-01","CAP MODIFICADO POR POLÍMERO 65-90-E","Amapá","-"]
["2018-10-01","CAP MODIFICADO POR POLÍMERO 65-90-E","Santa Catarina","-"]
["2019-01-01","CAP MODIFICADO POR POLÍMERO 65-90-E","Rondônia","-"]
["2019-02-01","CAP MODIFICADO POR POLÍMERO 65-90-E","Ceará","-"]
["2019-04-01","CAP MODIFICADO POR POLÍMERO 65-90-E","Santa Catarina","-"]
["2019-05-01","CAP MODIFICADO POR POLÍMERO 65-90-E","Paraíba","-"]
["2019-07-01","CAP MODIFICADO POR POLÍMERO 65-90-E","Rondônia","-"]
["2019-08-01","CAP MODIFICADO POR POLÍMERO 65-90-E","Santa Catarina","-"]
["2019-10-01","CAP MODIFICADO POR POLÍMERO 65-90-E","Santa Catarina","-"]
["2019-12-01","CAP MODIFICADO POR POLÍMERO 65-90-E","Rio Grande do Norte","-"]
["2020-02-01","CAP MODIFICADO POR POLÍMERO 65-90-E","Tocantins","-"]
["2020-04-01","CAP MODIFICADO POR POLÍMERO 65-90-E","Distrito Federal","-"]
["2020-06-01","CAP MODIFICADO POR POLÍMERO 65-90-E","Goiás","-"]
["2020-07-01","CAP MODIFICADO POR POLÍMERO 65-90-E","Goiás","-"]
["2020-08-01","CAP MODIFICADO POR POLÍMERO 65-90-E","Pará","-"]
["2020-10-01","CAP MODIFICADO POR POLÍMERO 65-90-E","Mato Grosso","-"]
["2020-11-01","CAP MODIFICADO POR POLÍMERO 65-90-E","Roraima","-"]
["2021-01-01","CAP MODIFICADO POR POLÍMERO 65-90-E","Minas Gerais","-"]
["2021-03-01","CAP MODIFICADO POR POLÍMERO 65-90-E","Bahia","-"]
["2021-05-01","CAP MODIFICADO POR POLÍMERO 65-90-E","Sergipe","-"]
["2021-06-01","CAP MODIFICADO POR POLÍMERO 65-90-E","Roraima","-"]
["2021-09-01","CAP MODIFICADO POR POLÍMERO 65-90-E","Espírito Santo","-"]
["2021-09-01","CAP MODIFICADO POR POLÍMERO 65-90-E","Rio Grande do Sul","-"]
["2021-12-01","CAP MODIFICADO POR POLÍMERO 65-90-E","Pernambuco","-"]
["2021-12-01","CAP MODIFICADO POR POLÍMERO 65-90-E","Roraima","-"]
["2022-03-01","CAP MODIFICADO POR POLÍMERO 65-90-E","Sergipe","-"]
["2022-05-01","CAP MODIFICADO POR POLÍMERO 65-90-E","Paraíba","-"]
["2022-06-01","CAP MODIFICADO POR POLÍMERO 65-90-E","Amazonas","-"]
["2022-08-01","CAP MODIFICADO POR POLÍMERO 65-90-E","Pernambuco","-"]
["2022-09-01","CAP MODIFICADO POR POLÍMERO 65-90-E","Minas Gerais","-"]
["2022-10-01","CAP MODIFICADO POR POLÍMERO 65-90-E","Paraná","-"]
["2022-12-01","CAP MODIFICADO POR POLÍMERO 65-90-E","Maranhão","-"]
["2023-01-01","CAP MODIFICADO POR POLÍMERO 65-90-E","São Paulo","-"]
["2023-05-01","CAP MODIFICADO POR POLÍMERO 65-90-E","Alagoas","-"]
["2023-05-01","CAP MODIFICADO POR POLÍMERO 65-90-E","Distrito Federal","-"]
["2023-07-01","CAP MODIFICADO POR POLÍMERO 65-90-E","Tocantins","-"]
["2023-08-01","CAP MODIFICADO POR POLÍMERO 65-90-E","Paraná","-"]
["2013-03-01","CIMENTO ASFÁLTICO MODIFICADO POR POLÍMERO SBS 50-65","Alagoas","-"]
["2013-03-01","CIMENTO ASFÁLTICO MODIFICADO POR POLÍMERO SBS 50-65","São Paulo","-"]
["2013-06-01","CIMENTO ASFÁLTICO MODIFICADO POR POLÍMERO SBS 50-65","Amazonas","-"]
["2013-07-01","CIMENTO ASFÁLTICO MODIFICADO POR POLÍMERO SBS 50-65","Rio Grande do Sul","-"]
["2013-10-01","CIMENTO ASFÁLTICO MODIFICADO POR POLÍMERO SBS 50-65","Acre","-"]
["2013-11-01","CIMENTO ASFÁLTICO MODIFICADO POR POLÍMERO SBS 50-65","Pará","-"]
["2013-12-01","CIMENTO ASFÁLTICO MODIFICADO POR POLÍMERO SBS 50-65","Ceará","-"]
["2014-02-01","CIMENTO ASFÁLTICO MODIFICADO POR POLÍMERO SBS 50-65","Paraná","-"]
["2014-03-01","CIMENTO ASFÁLTICO MODIFICADO POR POLÍMERO SBS 50-65","Paraíba","-"]
["2014-05-01","CIMENTO ASFÁLTICO MODIFICADO POR POLÍMERO SBS 50-65","Piauí","-"]
["2014-06-01","CIMENTO ASFÁLTICO MODIFICADO POR POLÍMERO SBS 50-65","Santa Catarina","-"]
["2014-08-01","CIMENTO ASFÁLTICO MODIFICADO POR POLÍMERO SBS 50-65","Paraná","-"]
["2014-10-01","CIMENTO ASFÁLTICO MODIFICADO POR POLÍMERO SBS 50-65","Ceará","-"]
["2014-11-01","CIMENTO ASFÁLTICO MODIFICADO POR POLÍMERO SBS 50-65","Piauí","-"]
["2015-02-01","CIMENTO ASFÁLTICO MODIFICADO POR POLÍMERO SBS 50-65","Alagoas","-"]
["2015-04-01","CIMENTO ASFÁLTICO MODIFICADO POR POLÍMERO SBS 50-65","Goiás","-"]
["2015-05-01","CIMENTO ASFÁLTICO MODIFICADO POR POLÍMERO SBS 50-65","Acre","-"]
["2015-07-01","CIMENTO ASFÁLTICO MODIFICADO POR POLÍMERO SBS 50-65","Piauí","-"]
["2015-08-01","CIMENTO ASFÁLTICO MODIFICADO POR POLÍMERO SBS 50-65","Amapá","-"]
["2013-01-01","CIMENTO ASFÁLTICO MODIFICADO POR POLÍMERO SBS 55-75","Roraima","-"]
["2013-03-01","CIMENTO ASFÁLTICO MODIFICADO POR POLÍMERO SBS 55-75","Bahia","-"]
["2013-05-01","CIMENTO ASFÁLTICO MODIFICADO POR POLÍMERO SBS 55-75","Bahia","-"]
["2013-07-01","CIMENTO ASFÁLTICO MODIFICADO POR POLÍMERO SBS 55-75","Santa Catarina","-"]
["2013-08-01","CIMENTO ASFÁLTICO MODIFICADO POR POLÍMERO SBS 55-75","Pará","-"]
["2013-10-01","CIMENTO ASFÁLTICO MODIFICADO POR POLÍMERO SBS 55-75","Rondônia","-"]
["2013-11-01","CIMENTO ASFÁLTICO MODIFICADO POR POLÍMERO SBS 55-75","Roraima","-"]
["2014-02-01","CIMENTO ASFÁLTICO MODIFICADO POR POLÍMERO SBS 55-75","Pernambuco","-"]
["2014-04-01","CIMENTO ASFÁLTICO MODIFICADO POR POLÍMERO SBS 55-75","Bahia","-"]
["2014-05-01","CIMENTO ASFÁLTICO MODIFICADO POR POLÍMERO SBS 55-75","Sergipe","-"]
["2014-07-01","CIMENTO ASFÁLTICO MODIFICADO POR POLÍMERO SBS 55-75","Distrito Federal","-"]
["2014-07-01","CIMENTO ASFÁLTICO MODIFICADO POR POLÍMERO SBS 55-75","Pernambuco","-"]
["2014-10-01","CIMENTO ASFÁLTICO MODIFICADO POR POLÍMERO SBS 55-75","Goiás","-"]
["2014-11-01","CIMENTO ASFÁLTICO MODIFICADO POR POLÍMERO SBS 55-75","Minas Gerais","-"]
["2015-01-01","CIMENTO ASFÁLTICO MODIFICADO POR POLÍMERO SBS 55-75","Mato Grosso","-"]
["2015-02-01","CIMENTO ASFÁLTICO MODIFICADO POR POLÍMERO SBS 55-75","Rondônia","-"]
["2015-05-01","CIMENTO ASFÁLTICO MODIFICADO POR POLÍMERO SBS 55-75","Alagoas","-"]
["2015-06-01","CIMENTO ASFÁLTICO MODIFICADO POR POLÍMERO SBS 55-75","Rio Grande do Sul","-"]
["2015-07-01","CIMENTO ASFÁLTICO MODIFICADO POR POLÍMERO SBS 55-75","Distrito Federal","-"]
["2013-01-01","CIMENTO ASFÁLTICO MODIFICADO POR POLÍMERO SBS 60-85","Roraima","-"]
["2013-02-01","CIMENTO ASFÁLTICO MODIFICADO POR POLÍMERO SBS 60-85","Paraná",1.3571992048364201]
["2013-04-01","CIMENTO ASFÁLTICO MODIFICADO POR POLÍMERO SBS 60-85","Rio Grande do Sul","-"]
["2013-05-01","CIMENTO ASFÁLTICO MODIFICADO POR POLÍMERO SBS 60-85","São Paulo",1.3793298160111001]
["2013-07-01","CIMENTO ASFÁLTICO MODIFICADO POR POLÍMERO SBS 60-85","Roraima","-"]
["2013-09-01","CIMENTO ASFÁLTICO MODIFICADO POR POLÍMERO SBS 60-85","Distrito Federal","-"]
["2013-10-01","CIMENTO ASFÁLTICO MODIFICADO POR POLÍMERO SBS 60-85","São Paulo",1.4360897885405699]
["2014-01-01","CIMENTO ASFÁLTICO MODIFICADO POR POLÍMERO SBS 60-85","Amapá","-"]
["2014-03-01","CIMENTO ASFÁLTICO MODIFICADO POR POLÍMERO SBS 60-85","Maranhão","-"]
["2014-04-01","CIMENTO ASFÁLTICO MODIFICADO POR POLÍMERO SBS 60-85","Espírito Santo","-"]
["2014-05-01","CIMENTO ASFÁLTICO MODIFICADO POR POLÍMERO SBS 60-85","Paraíba","-"]
["2014-07-01","CIMENTO ASFÁLTICO MODIFICADO POR POLÍMERO SBS 60-85","Maranhão","-"]
["2014-08-01","CIMENTO ASFÁLTICO MODIFICADO POR POLÍMERO SBS 60-85","Santa Catarina","-"]
["2014-10-01","CIMENTO ASFÁLTICO MODIFICADO POR POLÍMERO SBS 60-85","Mato Grosso do Sul","-"]
["2014-12-01","CIMENTO ASFÁLTICO MODIFICADO POR POLÍMERO SBS 60-85","Ceará","-"]
["2015-02-01","CIMENTO ASFÁLTICO MODIFICADO POR POLÍMERO SBS 60-85","Tocantins","-"]
["2015-03-01","CIMENTO ASFÁLTICO MODIFICADO POR POLÍMERO SBS 60-85","Paraíba","-"]
["2015-06-01","CIMENTO ASFÁLTICO MODIFICADO POR POLÍMERO SBS 60-85","Alagoas","-"]
["2015-06-01","CIMENTO ASFÁLTICO MODIFICADO POR POLÍMERO SBS 60-85","Santa Catarina","-"]
["2013-01-01","CIMENTO ASFÁLTICO MODIFICADO POR POLÍMERO SBS 65-90","Piauí","-"]
["2013-03-01","CIMENTO ASFÁLTICO MODIFICADO POR POLÍMERO SBS 65-90","Mato Grosso do Sul","-"]
["2013-04-01","CIMENTO ASFÁLTICO MODIFICADO POR POLÍMERO SBS 65-90","Tocantins","-"]
["2013-06-01","CIMENTO ASFÁLTICO MODIFICADO POR POLÍMERO SBS 65-90","Pará","-"]
["2013-07-01","CIMENTO ASFÁLTICO MODIFICADO POR POLÍMERO SBS 65-90","Bahia","-"]
["2013-09-01","CIMENTO ASFÁLTICO MODIFICADO POR POLÍMERO SBS 65-90","Paraná","-"]
["2013-10-01","CIMENTO ASFÁLTICO MODIFICADO POR POLÍMERO SBS 65-90","Pará","-"]
["2013-12-01","CIMENTO ASFÁLTICO MODIFICADO POR POLÍMERO SBS 65-90","Piauí","-"]
["2014-01-01","CIMENTO ASFÁLTICO MODIFICADO POR POLÍMERO SBS 65-90","Roraima","-"]
["2014-03-01","CIMENTO ASFÁLTICO MODIFICADO POR POLÍMERO SBS 65-90","Paraná","-"]
["2014-05-01","CIMENTO ASFÁLTICO MODIFICADO POR POLÍMERO SBS 65-90","Bahia","-"]
["2014-07-01","CIMENTO ASFÁLTICO MODIFICADO POR POLÍMERO SBS 65-90","Sergipe","-"]
["2014-09-01","CIMENTO ASFÁLTICO MODIFICADO POR POLÍMERO SBS 65-90","Amapá","-"]
["2014-09-01","CIMENTO ASFÁLTICO MODIFICADO POR POLÍMERO SBS 65-90","Pernambuco","-"]
["2014-12-01","CIMENTO ASFÁLTICO MODIFICADO POR POLÍMERO SBS 65-90","Acre","-"]
["2014-12-01","CIMENTO ASFÁLTICO MODIFICADO POR POLÍMERO SBS 65-90","Sergipe","-"]
["2015-03-01","CIMENTO ASFÁLTICO MODIFICADO POR POLÍMERO SBS 65-90","Amapá","-"]
["2015-04-01","CIMENTO ASFÁLTICO MODIFICADO POR POLÍMERO SBS 65-90","Rondônia","-"]
["2015-06-01","CIMENTO ASFÁLTICO MODIFICADO POR POLÍMERO SBS 65-90","Bahia","-"]
["2015-08-01","CIMENTO ASFÁLTICO MODIFICADO POR POLÍMERO SBS 65-90","Amazonas","-"]
["2013-02-01","CIMENTOS ASFÁLTICOS CAP-150-200","Mato Grosso","-"]
["2013-03-01","CIMENTOS ASFÁLTICOS CAP-150-200","Paraíba","-"]
["2013-04-01","CIMENTOS ASFÁLTICOS CAP-150-200","Paraná","-"]
["2013-06-01","CIMENTOS ASFÁLTICOS CAP-150-200","Pernambuco","-"]
["2013-07-01","CIMENTOS ASFÁLTICOS CAP-150-200","São Paulo","-"]
["2013-09-01","CIMENTOS ASFÁLTICOS CAP-150-200","Paraíba","-"]
["2013-11-01","CIMENTOS ASFÁLTICOS CAP-150-200","Distrito Federal","-"]
["2014-02-01","CIMENTOS ASFÁLTICOS CAP-150-200","Distrito Federal","-"]
["2014-02-01","CIMENTOS ASFÁLTICOS CAP-150-200","Paraná","-"]
["2014-05-01","CIMENTOS ASFÁLTICOS CAP-150-200","Goiás","-"]
["2014-06-01","CIMENTOS ASFÁLTICOS CAP-150-200","Mato Grosso do Sul","-"]
["2014-08-01","CIMENTOS ASFÁLTICOS CAP-150-200","Rio de Janeiro","-"]
["2014-09-01","CIMENTOS ASFÁLTICOS CAP-150-200","Alagoas","-"]
["2014-12-01","CIMENTOS ASFÁLTICOS CAP-150-200","Acre","-"]
["2015-01-01","CIMENTOS ASFÁLTICOS CAP-150-200","Rio Grande do Sul","-"]
["2015-02-01","CIMENTOS ASFÁLTICOS CAP-150-200","Ceará","-"]
["2015-04-01","CIMENTOS ASFÁLTICOS CAP-150-200","Roraima","-"]
["2015-05-01","CIMENTOS ASFÁLTICOS CAP-150-200","Paraíba","-"]
["2015-07-01","CIMENTOS ASFÁLTICOS CAP-150-200","Rio Grande do Sul","-"]
["2015-08-01","CIMENTOS ASFÁLTICOS CAP-150-200","Santa Catarina","-"]
["2015-10-01","CIMENTOS ASFÁLTICOS CAP-150-200","Roraima","-"]
["2015-12-01","CIMENTOS ASFÁLTICOS CAP-150-200","Ceará","-"]
["2016-02-01","CIMENTOS ASFÁLTICOS CAP-150-200","Tocantins","-"]
["2016-04-01","CIMENTOS ASFÁLTICOS CAP-150-200","Ceará","-"]
["2016-06-01","CIMENTOS ASFÁLTICOS CAP-150-200","Goiás","-"]
["2016-07-01","CIMENTOS ASFÁLTICOS CAP-150-200","Espírito Santo","-"]
["2016-08-01","CIMENTOS ASFÁLTICOS CAP-150-200","Pará","-"]
["2016-10-01","CIMENTOS ASFÁLTICOS CAP-150-200","Maranhão","-"]
["2016-11-01","CIMENTOS ASFÁLTICOS CAP-150-200","Roraima","-"]
["2017-01-01","CIMENTOS ASFÁLTICOS CAP-150-200","Mato Grosso do Sul","-"]
["2017-03-01","CIMENTOS ASFÁLTICOS CAP-150-200","Bahia","-"]
["2017-04-01","CIMENTOS ASFÁLTICOS CAP-150-200","Maranhão","-"]
["2017-06-01","CIMENTOS ASFÁLTICOS CAP-150-200","Pará","-"]
["2017-07-01","CIMENTOS ASFÁLTICOS CAP-150-200","Pernambuco","-"]
["2017-09-01","CIMENTOS ASFÁLTICOS CAP-150-200","Santa Catarina","-"]
["2017-10-01","CIMENTOS ASFÁLTICOS CAP-150-200","Sergipe","-"]
["2017-12-01","CIMENTOS ASFÁLTICOS CAP-150-200","Rondônia","-"]
["2018-02-01","CIMENTOS ASFÁLTICOS CAP-150-200","Espírito Santo","-"]
["2018-03-01","CIMENTOS ASFÁLTICOS CAP-150-200","Santa Catarina","-"]
["2018-06-01","CIMENTOS ASFÁLTICOS CAP-150-200","Amazonas","-"]
["2018-08-01","CIMENTOS ASFÁLTICOS CAP-150-200","Paraná","-"]
["2018-09-01","CIMENTOS ASFÁLTICOS CAP-150-200","Minas Gerais","-"]
["2018-11-01","CIMENTOS ASFÁLTICOS CAP-150-200","Rio Grande do Norte","-"]
["2018-12-01","CIMENTOS ASFÁLTICOS CAP-150-200","Goiás","-"]
["2019-01-01","CIMENTOS ASFÁLTICOS CAP-150-200","São Paulo","-"]
["2019-05-01","CIMENTOS ASFÁLTICOS CAP-150-200","Acre","-"]
["2019-05-01","CIMENTOS ASFÁLTICOS CAP-150-200","Distrito Federal","-"]
["2019-08-01","CIMENTOS ASFÁLTICOS CAP-150-200","Amapá","-"]
["2019-08-01","CIMENTOS ASFÁLTICOS CAP-150-200","Paraná","-"]
["2019-11-01","CIMENTOS ASFÁLTICOS CAP-150-200","Acre","-"]
["2019-11-01","CIMENTOS ASFÁLTICOS CAP-150-200","São Paulo","-"]
["2020-02-01","CIMENTOS ASFÁLTICOS CAP-150-200","Amapá","-"]
["2020-03-01","CIMENTOS ASFÁLTICOS CAP-150-200","Rio Grande do Sul","-"]
["2020-06-01","CIMENTOS ASFÁLTICOS CAP-150-200","Acre","-"]
["2020-07-01","CIMENTOS ASFÁLTICOS CAP-150-200","Minas Gerais","-"]
["2020-09-01","CIMENTOS ASFÁLTICOS CAP-150-200","Maranhão","-"]
["2020-10-01","CIMENTOS ASFÁLTICOS CAP-150-200","Paraíba","-"]
["2020-11-01","CIMENTOS ASFÁLTICOS CAP-150-200","Paraíba","-"]
["2021-01-01","CIMENTOS ASFÁLTICOS CAP-150-200","Pernambuco","-"]
["2021-02-01","CIMENTOS ASFÁLTICOS CAP-150-200","Santa Catarina","-"]
["2021-04-01","CIMENTOS ASFÁLTICOS CAP-150-200","Paraíba","-"]
["2021-06-01","CIMENTOS ASFÁLTICOS CAP-150-200","Ceará","-"]
["2021-07-01","CIMENTOS ASFÁLTICOS CAP-150-200","Pernambuco","-"]
["2021-09-01","CIMENTOS ASFÁLTICOS CAP-150-200","Paraíba","-"]
["2021-12-01","CIMENTOS ASFÁLTICOS CAP-150-200","Goiás","-"]
["2021-12-01","CIMENTOS ASFÁLTICOS CAP-150-200","Tocantins","-"]
["2022-03-01","CIMENTOS ASFÁLTICOS CAP-150-200","Piauí","-"]
["2022-04-01","CIMENTOS ASFÁLTICOS CAP-150-200","Alagoas","-"]
["2022-06-01","CIMENTOS ASFÁLTICOS CAP-150-200","Tocantins","-"]
["2022-07-01","CIMENTOS ASFÁLTICOS CAP-150-200","Amazonas","-"]
["2022-09-01","CIMENTOS ASFÁLTICOS CAP-150-200","Bahia","-"]
["2022-11-01","CIMENTOS ASFÁLTICOS CAP-150-200","Roraima","-"]
["2022-12-01","CIMENTOS ASFÁLTICOS CAP-150-200","Pará","-"]
["2023-02-01","CIMENTOS ASFÁLTICOS CAP-150-200","Rio Grande do Sul","-"]
["2023-03-01","CIMENTOS ASFÁLTICOS CAP-150-200","Roraima","-"]
["2023-04-01","CIMENTOS ASFÁLTICOS CAP-150-200","Sergipe","-"]
["2023-06-01","CIMENTOS ASFÁLTICOS CAP-150-200","Piauí","-"]
["2023-08-01","CIMENTOS ASFÁLTICOS CAP-150-200","Espírito Santo","-"]
["2013-03-01","CIMENTOS ASFÁLTICOS CAP-30-45","Ceará","-"]
["2013-03-01","CIMENTOS ASFÁLTICOS CAP-30-45","Pernambuco","-"]
["2013-06-01","CIMENTOS ASFÁLTICOS CAP-30-45","Espírito Santo","-"]
["2013-06-01","CIMENTOS ASFÁLTICOS CAP-30-45","Sergipe","-"]
["2013-09-01","CIMENTOS ASFÁLTICOS CAP-30-45","Maranhão","-"]
["2013-10-01","CIMENTOS ASFÁLTICOS CAP-30-45","Rondônia","-"]
["2014-01-01","CIMENTOS ASFÁLTICOS CAP-30-45","Alagoas","-"]
["2014-02-01","CIMENTOS ASFÁLTICOS CAP-30-45","Rio Grande do Norte","-"]
["2014-03-01","CIMENTOS ASFÁLTICOS CAP-30-45","Distrito Federal","-"]
["2014-05-01","CIMENTOS ASFÁLTICOS CAP-30-45","Rondônia","-"]
["2014-06-01","CIMENTOS ASFÁLTICOS CAP-30-45","Paraná","-"]
["2014-08-01","CIMENTOS ASFÁLTICOS CAP-30-45","Santa Catarina","-"]
["2014-09-01","CIMENTOS ASFÁLTICOS CAP-30-45","São Paulo",0.90955269296928798]
["2014-11-01","CIMENTOS ASFÁLTICOS CAP-30-45","Rondônia","-"]
["2015-01-01","CIMENTOS ASFÁLTICOS CAP-30-45","Distrito Federal","-"]
["2015-02-01","CIMENTOS ASFÁLTICOS CAP-30-45","Santa Catarina","-"]
["2015-05-01","CIMENTOS ASFÁLTICOS CAP-30-45","Amapá","-"]
["2015-07-01","CIMENTOS ASFÁLTICOS CAP-30-45","Maranhão","-"]
["2015-08-01","CIMENTOS ASFÁLTICOS CAP-30-45","Distrito Federal","-"]
["2015-10-01","CIMENTOS ASFÁLTICOS CAP-30-45","Rio de Janeiro",1.2706772599130101]
["2015-11-01","CIMENTOS ASFÁLTICOS CAP-30-45","Goiás","-"]
["2015-12-01","CIMENTOS ASFÁLTICOS CAP-30-45","Santa Catarina","-"]
["2016-02-01","CIMENTOS ASFÁLTICOS CAP-30-45","Mato Grosso","-"]
["2016-04-01","CIMENTOS ASFÁLTICOS CAP-30-45","Ceará","-"]
["2016-05-01","CIMENTOS ASFÁLTICOS CAP-30-45","Minas Gerais",1.52090734809165]
["2016-07-01","CIMENTOS ASFÁLTICOS CAP-30-45","Paraíba","-"]
["2016-10-01","CIMENTOS ASFÁLTICOS CAP-30-45","Acre","-"]
["2016-10-01","CIMENTOS ASFÁLTICOS CAP-30-45","Santa Catarina","-"]
["2017-01-01","CIMENTOS ASFÁLTICOS CAP-30-45","Piauí","-"]
["2017-01-01","CIMENTOS ASFÁLTICOS CAP-30-45","Rio Grande do Sul","-"]
["2017-04-01","CIMENTOS ASFÁLTICOS CAP-30-45","Tocantins","-"]
["2017-06-01","CIMENTOS ASFÁLTICOS CAP-30-45","Minas Gerais",1.3350583715181801]
["2017-06-01","CIMENTOS ASFÁLTICOS CAP-30-45","Piauí","-"]
["2017-09-01","CIMENTOS ASFÁLTICOS CAP-30-45","Paraíba","-"]
["2017-10-01","CIMENTOS ASFÁLTICOS CAP-30-45","Pará","-"]
["2017-12-01","CIMENTOS ASFÁLTICOS CAP-30-45","Pernambuco","-"]
["2018-01-01","CIMENTOS ASFÁLTICOS CAP-30-45","Roraima","-"]
["2018-03-01","CIMENTOS ASFÁLTICOS CAP-30-45","Paraíba","-"]
["2018-05-01","CIMENTOS ASFÁLTICOS CAP-30-45","Bahia","-"]
["2018-06-01","CIMENTOS ASFÁLTICOS CAP-30-45","Espírito Santo","-"]
["2018-09-01","CIMENTOS ASFÁLTICOS CAP-30-45","Alagoas","-"]
["2018-09-01","CIMENTOS ASFÁLTICOS CAP-30-45","Pernambuco","-"]
["2018-11-01","CIMENTOS ASFÁLTICOS CAP-30-45","Tocantins","-"]
["2018-12-01","CIMENTOS ASFÁLTICOS CAP-30-45","Sergipe","-"]
["2019-03-01","CIMENTOS ASFÁLTICOS CAP-30-45","Alagoas","-"]
["2019-04-01","CIMENTOS ASFÁLTICOS CAP-30-45","Espírito Santo","-"]
["2019-06-01","CIMENTOS ASFÁLTICOS CAP-30-45","Amazonas","-"]
["2019-08-01","CIMENTOS ASFÁLTICOS CAP-30-45","Amazonas","-"]
["2019-10-01","CIMENTOS ASFÁLTICOS CAP-30-45","Mato Grosso",2.91676760554647]
["2019-11-01","CIMENTOS ASFÁLTICOS CAP-30-45","Pará","-"]
["2019-12-01","CIMENTOS ASFÁLTICOS CAP-30-45","Paraná",2.47445387623041]
["2020-02-01","CIMENTOS ASFÁLTICOS CAP-30-45","Paraná",2.36137906670176]
["2020-03-01","CIMENTOS ASFÁLTICOS CAP-30-45","São Paulo",2.3546677424574298]
["2020-05-01","CIMENTOS ASFÁLTICOS CAP-30-45","Piauí","-"]
["2020-07-01","CIMENTOS ASFÁLTICOS CAP-30-45","Distrito Federal","-"]
["2020-10-01","CIMENTOS ASFÁLTICOS CAP-30-45","Ceará","-"]
["2020-10-01","CIMENTOS ASFÁLTICOS CAP-30-45","Paraná",2.4639799644393001]
["2021-01-01","CIMENTOS ASFÁLTICOS CAP-30-45","Espírito Santo",2.5676091617127699]
["2021-01-01","CIMENTOS ASFÁLTICOS CAP-30-45","São Paulo",2.6354418622372999]
["2021-04-01","CIMENTOS ASFÁLTICOS CAP-30-45","Rio de Janeiro",2.6457625221528001]
["2021-05-01","CIMENTOS ASFÁLTICOS CAP-30-45","Acre","-"]
["2021-08-01","CIMENTOS ASFÁLTICOS CAP-30-45","Acre","-"]
["2021-09-01","CIMENTOS ASFÁLTICOS CAP-30-45","Rio Grande do Norte","-"]
["2021-10-01","CIMENTOS ASFÁLTICOS CAP-30-45","Ceará","-"]
["2021-12-01","CIMENTOS ASFÁLTICOS CAP-30-45","Rondônia","-"]
["2022-01-01","CIMENTOS ASFÁLTICOS CAP-30-45","Paraíba","-"]
["2022-03-01","CIMENTOS ASFÁLTICOS CAP-30-45","Santa Catarina","-"]
["2022-04-01","CIMENTOS ASFÁLTICOS CAP-30-45","Santa Catarina","-"]
["2022-06-01","CIMENTOS ASFÁLTICOS CAP-30-45","Rondônia","-"]
["2022-08-01","CIMENTOS ASFÁLTICOS CAP-30-45","Ceará","-"]
["2022-10-01","CIMENTOS ASFÁLTICOS CAP-30-45","Tocantins","-"]
["2022-12-01","CIMENTOS ASFÁLTICOS CAP-30-45","Bahia","-"]
["2022-12-01","CIMENTOS ASFÁLTICOS CAP-30-45","Piauí","-"]
["2023-03-01","CIMENTOS ASFÁLTICOS CAP-30-45","Distrito Federal","-"]
["2023-03-01","CIMENTOS ASFÁLTICOS CAP-30-45","Tocantins","-"]
["2023-06-01","CIMENTOS ASFÁLTICOS CAP-30-45","Goiás",3.2796055586213599]
["2023-07-01","CIMENTOS ASFÁLTICOS CAP-30-45","Roraima","-"]
["2013-01-01","CIMENTOS ASFÁLTICOS CAP-50-70","Mato Grosso",1.36990641601453]
["2013-03-01","CIMENTOS ASFÁLTICOS CAP-50-70","Bahia",0.88319477536504598]
["2013-04-01","CIMENTOS ASFÁLTICOS CAP-50-70","Minas Gerais",0.92380049988608004]
["2013-06-01","CIMENTOS ASFÁLTICOS CAP-50-70","Pará",1.1592748162445901]
["2013-07-01","CIMENTOS ASFÁLTICOS CAP-50-70","Pernambuco","-"]
["2013-09-01","CIMENTOS ASFÁLTICOS CAP-50-70","Roraima","-"]
["2013-10-01","CIMENTOS ASFÁLTICOS CAP-50-70","Sergipe","-"]
["2013-12-01","CIMENTOS ASFÁLTICOS CAP-50-70","Rio Grande do Sul",0.88168270412466199]
["2014-02-01","CIMENTOS ASFÁLTICOS CAP-50-70","Espírito Santo","-"]
["2014-03-01","CIMENTOS ASFÁLTICOS CAP-50-70","Roraima","-"]
["2014-05-01","CIMENTOS ASFÁLTICOS CAP-50-70","Pernambuco","-"]
["2014-08-01","CIMENTOS ASFÁLTICOS CAP-50-70","Paraíba","-"]
["2014-09-01","CIMENTOS ASFÁLTICOS CAP-50-70","Minas Gerais",0.92189601788680398]
["2014-11-01","CIMENTOS ASFÁLTICOS CAP-50-70","Pernambuco","-"]
["2014-12-01","CIMENTOS ASFÁLTICOS CAP-50-70","Rondônia","-"]
["2015-01-01","CIMENTOS ASFÁLTICOS CAP-50-70","São Paulo",1.1462664437643]
["2015-03-01","CIMENTOS ASFÁLTICOS CAP-50-70","Maranhão","-"]
["2015-05-01","CIMENTOS ASFÁLTICOS CAP-50-70","Distrito Federal","-"]
["2015-08-01","CIMENTOS ASFÁLTICOS CAP-50-70","Alagoas","-"]
["2015-08-01","CIMENTOS ASFÁLTICOS CAP-50-70","Paraná",1.2315760164441101]
["2015-10-01","CIMENTOS ASFÁLTICOS CAP-50-70","Tocantins","-"]
["2015-11-01","CIMENTOS ASFÁLTICOS CAP-50-70","São Paulo",1.4718810188567499]
["2016-02-01","CIMENTOS ASFÁLTICOS CAP-50-70","Alagoas","-"]
["2016-03-01","CIMENTOS ASFÁLTICOS CAP-50-70","Distrito Federal","-"]
["2016-06-01","CIMENTOS ASFÁLTICOS CAP-50-70","Acre","-"]
["2016-07-01","CIMENTOS ASFÁLTICOS CAP-50-70","Mato Grosso do Sul","-"]
["2016-09-01","CIMENTOS ASFÁLTICOS CAP-50-70","Maranhão","-"]
["2016-10-01","CIMENTOS ASFÁLTICOS CAP-50-70","Pará","-"]
["2016-11-01","CIMENTOS ASFÁLTICOS CAP-50-70","Paraíba","-"]
["2017-01-01","CIMENTOS ASFÁLTICOS CAP-50-70","Paraná",1.52919947932603]
["2017-02-01","CIMENTOS ASFÁLTICOS CAP-50-70","Santa Catarina","-"]
["2017-04-01","CIMENTOS ASFÁLTICOS CAP-50-70","Piauí","-"]
["2017-06-01","CIMENTOS ASFÁLTICOS CAP-50-70","Ceará",1.4411639294388601]
["2017-07-01","CIMENTOS ASFÁLTICOS CAP-50-70","Paraná",1.36691529125141]
["2017-09-01","CIMENTOS ASFÁLTICOS CAP-50-70","Paraíba","-"]
["2017-10-01","CIMENTOS ASFÁLTICOS CAP-50-70","Piauí","-"]
["2018-01-01","CIMENTOS ASFÁLTICOS CAP-50-70","Amapá","-"]
["2018-01-01","CIMENTOS ASFÁLTICOS CAP-50-70","Tocantins","-"]
["2018-04-01","CIMENTOS ASFÁLTICOS CAP-50-70","Acre","-"]
["2018-05-01","CIMENTOS ASFÁLTICOS CAP-50-70","Goiás",1.8333140521825599]
["2018-07-01","CIMENTOS ASFÁLTICOS CAP-50-70","Amapá","-"]
["2018-09-01","CIMENTOS ASFÁLTICOS CAP-50-70","Bahia",2.06990091524814]
["2018-11-01","CIMENTOS ASFÁLTICOS CAP-50-70","Rondônia","-"]
["2018-12-01","CIMENTOS ASFÁLTICOS CAP-50-70","Pará","-"]
["2019-02-01","CIMENTOS ASFÁLTICOS CAP-50-70","Santa Catarina","-"]
["2019-03-01","CIMENTOS ASFÁLTICOS CAP-50-70","Roraima","-"]
["2019-04-01","CIMENTOS ASFÁLTICOS CAP-50-70","Sergipe","-"]
["2019-06-01","CIMENTOS ASFÁLTICOS CAP-50-70","Pernambuco","-"]
["2019-08-01","CIMENTOS ASFÁLTICOS CAP-50-70","Espírito Santo","-"]
["2019-11-01","CIMENTOS ASFÁLTICOS CAP-50-70","Bahia",2.2932434412718798]
["2019-11-01","CIMENTOS ASFÁLTICOS CAP-50-70","Pernambuco","-"]
["2020-02-01","CIMENTOS ASFÁLTICOS CAP-50-70","Distrito Federal","-"]
["2020-02-01","CIMENTOS ASFÁLTICOS CAP-50-70","Sergipe","-"]
["2020-05-01","CIMENTOS ASFÁLTICOS CAP-50-70","Goiás",2.52972245956839]
["2020-06-01","CIMENTOS ASFÁLTICOS CAP-50-70","Rondônia","-"]
["2020-08-01","CIMENTOS ASFÁLTICOS CAP-50-70","Mato Grosso",2.8986110548863202]
["2020-10-01","CIMENTOS ASFÁLTICOS CAP-50-70","Amazonas",2.24912701004948]
["2020-12-01","CIMENTOS ASFÁLTICOS CAP-50-70","Mato Grosso",3.12725332891184]
["2021-01-01","CIMENTOS ASFÁLTICOS CAP-50-70","Rio Grande do Sul",2.6357014083231598]
["2021-02-01","CIMENTOS ASFÁLTICOS CAP-50-70","Paraná",2.7986926753105901]
["2021-04-01","CIMENTOS ASFÁLTICOS CAP-50-70","Roraima","-"]
["2021-05-01","CIMENTOS ASFÁLTICOS CAP-50-70","São Paulo",3.5419777828049801]
["2021-07-01","CIMENTOS ASFÁLTICOS CAP-50-70","Rio Grande do Sul",3.4678231539293898]
["2021-09-01","CIMENTOS ASFÁLTICOS CAP-50-70","Distrito Federal","-"]
["2021-10-01","CIMENTOS ASFÁLTICOS CAP-50-70","Roraima","-"]
["2021-12-01","CIMENTOS ASFÁLTICOS CAP-50-70","Paraná",4.0025587230997797]
["2022-03-01","CIMENTOS ASFÁLTICOS CAP-50-70","Maranhão","-"]
["2022-04-01","CIMENTOS ASFÁLTICOS CAP-50-70","Ceará",4.3305802608806401]
["2022-06-01","CIMENTOS ASFÁLTICOS CAP-50-70","Rio de Janeiro",4.3669199264332796]
["2022-07-01","CIMENTOS ASFÁLTICOS CAP-50-70","Espírito Santo",4.1542081091554097]
["2022-10-01","CIMENTOS ASFÁLTICOS CAP-50-70","Acre","-"]
["2022-10-01","CIMENTOS ASFÁLTICOS CAP-50-70","Maranhão","-"]
["2022-12-01","CIMENTOS ASFÁLTICOS CAP-50-70","Ceará",3.7105007603979798]
["2023-01-01","CIMENTOS ASFÁLTICOS CAP-50-70","Mato Grosso do Sul",3.2605777240181699]
["2023-03-01","CIMENTOS ASFÁLTICOS CAP-50-70","Paraíba","-"]
["2023-05-01","CIMENTOS ASFÁLTICOS CAP-50-70","Tocantins",3.0245594109188501]
["2023-06-01","CIMENTOS ASFÁLTICOS CAP-50-70","Santa Catarina","-"]
["2023-07-01","CIMENTOS ASFÁLTICOS CAP-50-70","Tocantins",3.0516923195619401]
["2013-01-01","CIMENTOS ASFÁLTICOS CAP-85-100","Santa Catarina","-"]
["2013-03-01","CIMENTOS ASFÁLTICOS CAP-85-100","Goiás","-"]
["2013-06-01","CIMENTOS ASFÁLTICOS CAP-85-100","Mato Grosso do Sul","-"]
["2013-06-01","CIMENTOS ASFÁLTICOS CAP-85-100","Piauí","-"]
["2013-09-01","CIMENTOS ASFÁLTICOS CAP-85-100","Pará","-"]
["2013-10-01","CIMENTOS ASFÁLTICOS CAP-85-100","Pará","-"]
["2013-12-01","CIMENTOS ASFÁLTICOS CAP-85-100","Paraná","-"]
["2014-01-01","CIMENTOS ASFÁLTICOS CAP-85-100","Roraima","-"]
["2014-03-01","CIMENTOS ASFÁLTICOS CAP-85-100","Piauí","-"]
["2014-05-01","CIMENTOS ASFÁLTICOS CAP-85-100","Bahia","-"]
["2014-06-01","CIMENTOS ASFÁLTICOS CAP-85-100","Espírito Santo","-"]
["2014-09-01","CIMENTOS ASFÁLTICOS CAP-85-100","Acre","-"]
["2014-09-01","CIMENTOS ASFÁLTICOS CAP-85-100","Pernambuco","-"]
["2014-12-01","CIMENTOS ASFÁLTICOS CAP-85-100","Amapá","-"]
["2014-12-01","CIMENTOS ASFÁLTICOS CAP-85-100","Sergipe","-"]
["2015-03-01","CIMENTOS ASFÁLTICOS CAP-85-100","Acre","-"]
["2015-04-01","CIMENTOS ASFÁLTICOS CAP-85-100","Espírito Santo","-"]
["2015-06-01","CIMENTOS ASFÁLTICOS CAP-85-100","Amapá","-"]
["2015-08-01","CIMENTOS ASFÁLTICOS CAP-85-100","Amazonas","-"]
["2015-09-01","CIMENTOS ASFÁLTICOS CAP-85-100","Bahia","-"]
["2015-11-01","CIMENTOS ASFÁLTICOS CAP-85-100","Minas Gerais","-"]
["2016-01-01","CIMENTOS ASFÁLTICOS CAP-85-100","Rio Grande do Norte","-"]
["2016-02-01","CIMENTOS ASFÁLTICOS CAP-85-100","Paraíba","-"]
["2016-03-01","CIMENTOS ASFÁLTICOS CAP-85-100","São Paulo","-"]
["2016-05-01","CIMENTOS ASFÁLTICOS CAP-85-100","Pernambuco","-"]
["2016-07-01","CIMENTOS ASFÁLTICOS CAP-85-100","Distrito Federal","-"]
["2016-08-01","CIMENTOS ASFÁLTICOS CAP-85-100","Paraíba","-"]
["2016-10-01","CIMENTOS ASFÁLTICOS CAP-85-100","Paraná","-"]
["2017-01-01","CIMENTOS ASFÁLTICOS CAP-85-100","Distrito Federal","-"]
["2017-01-01","CIMENTOS ASFÁLTICOS CAP-85-100","São Paulo","-"]
["2017-04-01","CIMENTOS ASFÁLTICOS CAP-85-100","Rio de Janeiro","-"]
["2017-04-01","CIMENTOS ASFÁLTICOS CAP-85-100","Tocantins","-"]
["2017-08-01","CIMENTOS ASFÁLTICOS CAP-85-100","Acre","-"]
["2017-08-01","CIMENTOS ASFÁLTICOS CAP-85-100","Alagoas","-"]
["2017-09-01","CIMENTOS ASFÁLTICOS CAP-85-100","Rio de Janeiro","-"]
["2017-12-01","CIMENTOS ASFÁLTICOS CAP-85-100","Rio Grande do Sul","-"]
["2018-01-01","CIMENTOS ASFÁLTICOS CAP-85-100","Paraíba","-"]
["2018-03-01","CIMENTOS ASFÁLTICOS CAP-85-100","Roraima","-"]
["2018-04-01","CIMENTOS ASFÁLTICOS CAP-85-100","Santa Catarina","-"]
["2018-06-01","CIMENTOS ASFÁLTICOS CAP-85-100","Rio Grande do Sul","-"]
["2018-08-01","CIMENTOS ASFÁLTICOS CAP-85-100","Ceará","-"]
["2018-09-01","CIMENTOS ASFÁLTICOS CAP-85-100","Goiás","-"]
["2018-12-01","CIMENTOS ASFÁLTICOS CAP-85-100","Espírito Santo","-"]
["2018-12-01","CIMENTOS ASFÁLTICOS CAP-85-100","Piauí","-"]
["2019-03-01","CIMENTOS ASFÁLTICOS CAP-85-100","Ceará","-"]
["2019-03-01","CIMENTOS ASFÁLTICOS CAP-85-100","Tocantins","-"]
["2019-06-01","CIMENTOS ASFÁLTICOS CAP-85-100","Espírito Santo","-"]
["2019-07-01","CIMENTOS ASFÁLTICOS CAP-85-100","Goiás","-"]
["2019-09-01","CIMENTOS ASFÁLTICOS CAP-85-100","Maranhão","-"]
["2019-11-01","CIMENTOS ASFÁLTICOS CAP-85-100","Bahia","-"]
["2019-12-01","CIMENTOS ASFÁLTICOS CAP-85-100","Mato Grosso do Sul","-"]
["2020-02-01","CIMENTOS ASFÁLTICOS CAP-85-100","Pará","-"]
["2020-03-01","CIMENTOS ASFÁLTICOS CAP-85-100","Pernambuco","-"]
["2020-05-01","CIMENTOS ASFÁLTICOS CAP-85-100","Rondônia","-"]
["2020-06-01","CIMENTOS ASFÁLTICOS CAP-85-100","Sergipe","-"]
["2020-08-01","CIMENTOS ASFÁLTICOS CAP-85-100","Santa Catarina","-"]
["2020-10-01","CIMENTOS ASFÁLTICOS CAP-85-100","Espírito Santo","-"]
["2020-11-01","CIMENTOS ASFÁLTICOS CAP-85-100","Rondônia","-"]
["2021-01-01","CIMENTOS ASFÁLTICOS CAP-85-100","Pernambuco","-"]
["2021-04-01","CIMENTOS ASFÁLTICOS CAP-85-100","Pará","-"]
["2021-05-01","CIMENTOS ASFÁLTICOS CAP-85-100","Minas Gerais","-"]
["2021-07-01","CIMENTOS ASFÁLTICOS CAP-85-100","Paraná","-"]
["2021-08-01","CIMENTOS ASFÁLTICOS CAP-85-100","Rondônia","-"]
["2021-11-01","CIMENTOS ASFÁLTICOS CAP-85-100","Alagoas","-"]
["2021-11-01","CIMENTOS ASFÁLTICOS CAP-85-100","Goiás","-"]
["2022-01-01","CIMENTOS ASFÁLTICOS CAP-85-100","Distrito Federal","-"]
["2022-04-01","CIMENTOS ASFÁLTICOS CAP-85-100","Acre","-"]
["2022-04-01","CIMENTOS ASFÁLTICOS CAP-85-100","Paraná","-"]
["2022-07-01","CIMENTOS ASFÁLTICOS CAP-85-100","Amapá","-"]
["2022-07-01","CIMENTOS ASFÁLTICOS CAP-85-100","São Paulo","-"]
["2022-10-01","CIMENTOS ASFÁLTICOS CAP-85-100","Acre","-"]
["2022-11-01","CIMENTOS ASFÁLTICOS CAP-85-100","Distrito Federal","-"]
["2023-02-01","CIMENTOS ASFÁLTICOS CAP-85-100","Acre","-"]
["2023-03-01","CIMENTOS ASFÁLTICOS CAP-85-100","Mato Grosso","-"]
["2023-03-01","CIMENTOS ASFÁLTICOS CAP-85-100","Rio de Janeiro","-"]
["2023-06-01","CIMENTOS ASFÁLTICOS CAP-85-100","Minas Gerais","-"]
["2023-07-01","CIMENTOS ASFÁLTICOS CAP-85-100","Acre","-"]
["2015-09-01","EMULSÃO ASFÁLTICA CATIÔNICA DE RUPTURA CONTROLADA PARA SERVIÇO DE LAMA ASFÁLTICA","Paraíba","-"]
["2015-10-01","EMULSÃO ASFÁLTICA CATIÔNICA DE RUPTURA CONTROLADA PARA SERVIÇO DE LAMA ASFÁLTICA","Santa Catarina","-"]
["2015-12-01","EMULSÃO ASFÁLTICA CATIÔNICA DE RUPTURA CONTROLADA PARA SERVIÇO DE LAMA ASFÁLTICA","Pernambuco","-"]
["2016-02-01","EMULSÃO ASFÁLTICA CATIÔNICA DE RUPTURA CONTROLADA PARA SERVIÇO DE LAMA ASFÁLTICA","Ceará","-"]
["2016-03-01","EMULSÃO ASFÁLTICA CATIÔNICA DE RUPTURA CONTROLADA PARA SERVIÇO DE LAMA ASFÁLTICA","Rio de Janeiro","-"]
["2016-05-01","EMULSÃO ASFÁLTICA CATIÔNICA DE RUPTURA CONTROLADA PARA SERVIÇO DE LAMA ASFÁLTICA","Paraíba","-"]
["2016-06-01","EMULSÃO ASFÁLTICA CATIÔNICA DE RUPTURA CONTROLADA PARA SERVIÇO DE LAMA ASFÁLTICA","Piauí","-"]
["2016-09-01","EMULSÃO ASFÁLTICA CATIÔNICA DE RUPTURA CONTROLADA PARA SERVIÇO DE LAMA ASFÁLTICA","Alagoas","-"]
["2016-09-01","EMULSÃO ASFÁLTICA CATIÔNICA DE RUPTURA CONTROLADA PARA SERVIÇO DE LAMA ASFÁLTICA","Tocantins","-"]
["2016-11-01","EMULSÃO ASFÁLTICA CATIÔNICA DE RUPTURA CONTROLADA PARA SERVIÇO DE LAMA ASFÁLTICA","Tocantins","-"]
["2017-01-01","EMULSÃO ASFÁLTICA CATIÔNICA DE RUPTURA CONTROLADA PARA SERVIÇO DE LAMA ASFÁLTICA","Goiás","-"]
["2017-03-01","EMULSÃO ASFÁLTICA CATIÔNICA DE RUPTURA CONTROLADA PARA SERVIÇO DE LAMA ASFÁLTICA","Alagoas","-"]
["2017-04-01","EMULSÃO ASFÁLTICA CATIÔNICA DE RUPTURA CONTROLADA PARA SERVIÇO DE LAMA ASFÁLTICA","Piauí","-"]
["2017-06-01","EMULSÃO ASFÁLTICA CATIÔNICA DE RUPTURA CONTROLADA PARA SERVIÇO DE LAMA ASFÁLTICA","Amazonas","-"]
["2017-08-01","EMULSÃO ASFÁLTICA CATIÔNICA DE RUPTURA CONTROLADA PARA SERVIÇO DE LAMA ASFÁLTICA","Pará","-"]
["2017-10-01","EMULSÃO ASFÁLTICA CATIÔNICA DE RUPTURA CONTROLADA PARA SERVIÇO DE LAMA ASFÁLTICA","Roraima","-"]
["2017-11-01","EMULSÃO ASFÁLTICA CATIÔNICA DE RUPTURA CONTROLADA PARA SERVIÇO DE LAMA ASFÁLTICA","Roraima","-"]
["2017-12-01","EMULSÃO ASFÁLTICA CATIÔNICA DE RUPTURA CONTROLADA PARA SERVIÇO DE LAMA ASFÁLTICA","Sergipe","-"]
["2018-02-01","EMULSÃO ASFÁLTICA CATIÔNICA DE RUPTURA CONTROLADA PARA SERVIÇO DE LAMA ASFÁLTICA","Paraná","-"]
["2018-04-01","EMULSÃO ASFÁLTICA CATIÔNICA DE RUPTURA CONTROLADA PARA SERVIÇO DE LAMA ASFÁLTICA","Espírito Santo","-"]
["2018-05-01","EMULSÃO ASFÁLTICA CATIÔNICA DE RUPTURA CONTROLADA PARA SERVIÇO DE LAMA ASFÁLTICA","Piauí","-"]
["2018-07-01","EMULSÃO ASFÁLTICA CATIÔNICA DE RUPTURA CONTROLADA PARA SERVIÇO DE LAMA ASFÁLTICA","Pernambuco","-"]
["2018-10-01","EMULSÃO ASFÁLTICA CATIÔNICA DE RUPTURA CONTROLADA PARA SERVIÇO DE LAMA ASFÁLTICA","Ceará","-"]
["2018-10-01","EMULSÃO ASFÁLTICA CATIÔNICA DE RUPTURA CONTROLADA PARA SERVIÇO DE LAMA ASFÁLTICA","Sergipe","-"]
["2019-01-01","EMULSÃO ASFÁLTICA CATIÔNICA DE RUPTURA CONTROLADA PARA SERVIÇO DE LAMA ASFÁLTICA","Espírito Santo","-"]
["2019-02-01","EMULSÃO ASFÁLTICA CATIÔNICA DE RUPTURA CONTROLADA PARA SERVIÇO DE LAMA ASFÁLTICA","Espírito Santo","-"]
["2019-04-01","EMULSÃO ASFÁLTICA CATIÔNICA DE RUPTURA CONTROLADA PARA SERVIÇO DE LAMA ASFÁLTICA","Maranhão","-"]
["2019-06-01","EMULSÃO ASFÁLTICA CATIÔNICA DE RUPTURA CONTROLADA PARA SERVIÇO DE LAMA ASFÁLTICA","Amazonas","-"]
["2019-08-01","EMULSÃO ASFÁLTICA CATIÔNICA DE RUPTURA CONTROLADA PARA SERVIÇO DE LAMA ASFÁLTICA","Mato Grosso","-"]
["2019-09-01","EMULSÃO ASFÁLTICA CATIÔNICA DE RUPTURA CONTROLADA PARA SERVIÇO DE LAMA ASFÁLTICA","Rio Grande do Norte","-"]
["2019-10-01","EMULSÃO ASFÁLTICA CATIÔNICA DE RUPTURA CONTROLADA PARA SERVIÇO DE LAMA ASFÁLTICA","Paraná","-"]
["2019-12-01","EMULSÃO ASFÁLTICA CATIÔNICA DE RUPTURA CONTROLADA PARA SERVIÇO DE LAMA ASFÁLTICA","Rondônia","-"]
["2020-01-01","EMULSÃO ASFÁLTICA CATIÔNICA DE RUPTURA CONTROLADA PARA SERVIÇO DE LAMA ASFÁLTICA","São Paulo","-"]
["2020-03-01","EMULSÃO ASFÁLTICA CATIÔNICA DE RUPTURA CONTROLADA PARA SERVIÇO DE LAMA ASFÁLTICA","Santa Catarina","-"]
["2020-05-01","EMULSÃO ASFÁLTICA CATIÔNICA DE RUPTURA CONTROLADA PARA SERVIÇO DE LAMA ASFÁLTICA","Distrito Federal","-"]
["2020-06-01","EMULSÃO ASFÁLTICA CATIÔNICA DE RUPTURA CONTROLADA PARA SERVIÇO DE LAMA ASFÁLTICA","Rondônia","-"]
["2020-08-01","EMULSÃO ASFÁLTICA CATIÔNICA DE RUPTURA CONTROLADA PARA SERVIÇO DE LAMA ASFÁLTICA","Paraná","-"]
["2020-09-01","EMULSÃO ASFÁLTICA CATIÔNICA DE RUPTURA CONTROLADA PARA SERVIÇO DE LAMA ASFÁLTICA","Santa Catarina","-"]
["2020-12-01","EMULSÃO ASFÁLTICA CATIÔNICA DE RUPTURA CONTROLADA PARA SERVIÇO DE LAMA ASFÁLTICA","Mato Grosso do Sul","-"]
["2021-01-01","EMULSÃO ASFÁLTICA CATIÔNICA DE RUPTURA CONTROLADA PARA SERVIÇO DE LAMA ASFÁLTICA","Acre","-"]
["2021-03-01","EMULSÃO ASFÁLTICA CATIÔNICA DE RUPTURA CONTROLADA PARA SERVIÇO DE LAMA ASFÁLTICA","Distrito Federal","-"]
["2021-04-01","EMULSÃO ASFÁLTICA CATIÔNICA DE RUPTURA CONTROLADA PARA SERVIÇO DE LAMA ASFÁLTICA","Maranhão","-"]
["2021-06-01","EMULSÃO ASFÁLTICA CATIÔNICA DE RUPTURA CONTROLADA PARA SERVIÇO DE LAMA ASFÁLTICA","Goiás","-"]
["2021-08-01","EMULSÃO ASFÁLTICA CATIÔNICA DE RUPTURA CONTROLADA PARA SERVIÇO DE LAMA ASFÁLTICA","Ceará","-"]
["2021-09-01","EMULSÃO ASFÁLTICA CATIÔNICA DE RUPTURA CONTROLADA PARA SERVIÇO DE LAMA ASFÁLTICA","Mato Grosso","-"]
["2021-11-01","EMULSÃO ASFÁLTICA CATIÔNICA DE RUPTURA CONTROLADA PARA SERVIÇO DE LAMA ASFÁLTICA","Paraíba","-"]
["2022-02-01","EMULSÃO ASFÁLTICA CATIÔNICA DE RUPTURA CONTROLADA PARA SERVIÇO DE LAMA ASFÁLTICA","Amapá","-"]
["2022-02-01","EMULSÃO ASFÁLTICA CATIÔNICA DE RUPTURA CONTROLADA PARA SERVIÇO DE LAMA ASFÁLTICA","Santa Catarina","-"]
["2022-03-01","EMULSÃO ASFÁLTICA CATIÔNICA DE RUPTURA CONTROLADA PARA SERVIÇO DE LAMA ASFÁLTICA","Tocantins","-"]
["2022-05-01","EMULSÃO ASFÁLTICA CATIÔNICA DE RUPTURA CONTROLADA PARA SERVIÇO DE LAMA ASFÁLTICA","Roraima","-"]
["2022-07-01","EMULSÃO ASFÁLTICA CATIÔNICA DE RUPTURA CONTROLADA PARA SERVIÇO DE LAMA ASFÁLTICA","Goiás","-"]
["2022-10-01","EMULSÃO ASFÁLTICA CATIÔNICA DE RUPTURA CONTROLADA PARA SERVIÇO DE LAMA ASFÁLTICA","Mato Grosso","-"]
["2022-10-01","EMULSÃO ASFÁLTICA CATIÔNICA DE RUPTURA CONTROLADA PARA SERVIÇO DE LAMA ASFÁLTICA","Piauí","-"]
["2023-01-01","EMULSÃO ASFÁLTICA CATIÔNICA DE RUPTURA CONTROLADA PARA SERVIÇO DE LAMA ASFÁLTICA","Minas Gerais","-"]
["2023-01-01","EMULSÃO ASFÁLTICA CATIÔNICA DE RUPTURA CONTROLADA PARA SERVIÇO DE LAMA ASFÁLTICA","Tocantins","-"]
["2023-04-01","EMULSÃO ASFÁLTICA CATIÔNICA DE RUPTURA CONTROLADA PARA SERVIÇO DE LAMA ASFÁLTICA","Paraíba","-"]
["2023-05-01","EMULSÃO ASFÁLTICA CATIÔNICA DE RUPTURA CONTROLADA PARA SERVIÇO DE LAMA ASFÁLTICA","Roraima","-"]
["2023-07-01","EMULSÃO ASFÁLTICA CATIÔNICA DE RUPTURA CONTROLADA PARA SERVIÇO DE LAMA ASFÁLTICA","Pernambuco","-"]
["2015-09-01","EMULSÃO ASFÁLTICA DE RUPTURA LENTA CATIÔNICA PARA SERVIÇO DE LAMA ASFÁLTICA","Bahia","-"]
["2015-11-01","EMULSÃO ASFÁLTICA DE RUPTURA LENTA CATIÔNICA PARA SERVIÇO DE LAMA ASFÁLTICA","Mato Grosso do Sul","-"]
["2015-12-01","EMULSÃO ASFÁLTICA DE RUPTURA LENTA CATIÔNICA PARA SERVIÇO DE LAMA ASFÁLTICA","Tocantins","-"]
["2016-01-01","EMULSÃO ASFÁLTICA DE RUPTURA LENTA CATIÔNICA PARA SERVIÇO DE LAMA ASFÁLTICA","Pernambuco","-"]
["2016-04-01","EMULSÃO ASFÁLTICA DE RUPTURA LENTA CATIÔNICA PARA SERVIÇO DE LAMA ASFÁLTICA","Alagoas","-"]
["2016-04-01","EMULSÃO ASFÁLTICA DE RUPTURA LENTA CATIÔNICA PARA SERVIÇO DE LAMA ASFÁLTICA","Sergipe","-"]
["2016-06-01","EMULSÃO ASFÁLTICA DE RUPTURA LENTA CATIÔNICA PARA SERVIÇO DE LAMA ASFÁLTICA","Tocantins","-"]
["2016-08-01","EMULSÃO ASFÁLTICA DE RUPTURA LENTA CATIÔNICA PARA SERVIÇO DE LAMA ASFÁLTICA","Espírito Santo","-"]
["2016-10-01","EMULSÃO ASFÁLTICA DE RUPTURA LENTA CATIÔNICA PARA SERVIÇO DE LAMA ASFÁLTICA","Alagoas","-"]
["2016-11-01","EMULSÃO ASFÁLTICA DE RUPTURA LENTA CATIÔNICA PARA SERVIÇO DE LAMA ASFÁLTICA","Pernambuco","-"]
["2017-01-01","EMULSÃO ASFÁLTICA DE RUPTURA LENTA CATIÔNICA PARA SERVIÇO DE LAMA ASFÁLTICA","Amazonas","-"]
["2017-03-01","EMULSÃO ASFÁLTICA DE RUPTURA LENTA CATIÔNICA PARA SERVIÇO DE LAMA ASFÁLTICA","Minas Gerais","-"]
["2017-05-01","EMULSÃO ASFÁLTICA DE RUPTURA LENTA CATIÔNICA PARA SERVIÇO DE LAMA ASFÁLTICA","Rio Grande do Norte","-"]
["2017-06-01","EMULSÃO ASFÁLTICA DE RUPTURA LENTA CATIÔNICA PARA SERVIÇO DE LAMA ASFÁLTICA","Pará","-"]
["2017-07-01","EMULSÃO ASFÁLTICA DE RUPTURA LENTA CATIÔNICA PARA SERVIÇO DE LAMA ASFÁLTICA","São Paulo","-"]
["2017-09-01","EMULSÃO ASFÁLTICA DE RUPTURA LENTA CATIÔNICA PARA SERVIÇO DE LAMA ASFÁLTICA","Paraná","-"]
["2017-11-01","EMULSÃO ASFÁLTICA DE RUPTURA LENTA CATIÔNICA PARA SERVIÇO DE LAMA ASFÁLTICA","Distrito Federal","-"]
["2017-12-01","EMULSÃO ASFÁLTICA DE RUPTURA LENTA CATIÔNICA PARA SERVIÇO DE LAMA ASFÁLTICA","Piauí","-"]
["2018-02-01","EMULSÃO ASFÁLTICA DE RUPTURA LENTA CATIÔNICA PARA SERVIÇO DE LAMA ASFÁLTICA","Paraná","-"]
["2018-05-01","EMULSÃO ASFÁLTICA DE RUPTURA LENTA CATIÔNICA PARA SERVIÇO DE LAMA ASFÁLTICA","Ceará","-"]
["2018-05-01","EMULSÃO ASFÁLTICA DE RUPTURA LENTA CATIÔNICA PARA SERVIÇO DE LAMA ASFÁLTICA","São Paulo","-"]
["2018-08-01","EMULSÃO ASFÁLTICA DE RUPTURA LENTA CATIÔNICA PARA SERVIÇO DE LAMA ASFÁLTICA","Espírito Santo","-"]
["2018-09-01","EMULSÃO ASFÁLTICA DE RUPTURA LENTA CATIÔNICA PARA SERVIÇO DE LAMA ASFÁLTICA","Distrito Federal","-"]
["2018-10-01","EMULSÃO ASFÁLTICA DE RUPTURA LENTA CATIÔNICA PARA SERVIÇO DE LAMA ASFÁLTICA","Maranhão","-"]
["2018-12-01","EMULSÃO ASFÁLTICA DE RUPTURA LENTA CATIÔNICA PARA SERVIÇO DE LAMA ASFÁLTICA","Acre","-"]
["2019-01-01","EMULSÃO ASFÁLTICA DE RUPTURA LENTA CATIÔNICA PARA SERVIÇO DE LAMA ASFÁLTICA","Rio de Janeiro","-"]
["2019-04-01","EMULSÃO ASFÁLTICA DE RUPTURA LENTA CATIÔNICA PARA SERVIÇO DE LAMA ASFÁLTICA","Rio Grande do Norte","-"]
["2019-05-01","EMULSÃO ASFÁLTICA DE RUPTURA LENTA CATIÔNICA PARA SERVIÇO DE LAMA ASFÁLTICA","Paraíba","-"]
["2019-07-01","EMULSÃO ASFÁLTICA DE RUPTURA LENTA CATIÔNICA PARA SERVIÇO DE LAMA ASFÁLTICA","Rondônia","-"]
["2019-08-01","EMULSÃO ASFÁLTICA DE RUPTURA LENTA CATIÔNICA PARA SERVIÇO DE LAMA ASFÁLTICA","Santa Catarina","-"]
["2019-10-01","EMULSÃO ASFÁLTICA DE RUPTURA LENTA CATIÔNICA PARA SERVIÇO DE LAMA ASFÁLTICA","Santa Catarina","-"]
["2019-12-01","EMULSÃO ASFÁLTICA DE RUPTURA LENTA CATIÔNICA PARA SERVIÇO DE LAMA ASFÁLTICA","Ceará","-"]
["2020-01-01","EMULSÃO ASFÁLTICA DE RUPTURA LENTA CATIÔNICA PARA SERVIÇO DE LAMA ASFÁLTICA","Goiás","-"]
["2020-04-01","EMULSÃO ASFÁLTICA DE RUPTURA LENTA CATIÔNICA PARA SERVIÇO DE LAMA ASFÁLTICA","Distrito Federal","-"]
["2020-04-01","EMULSÃO ASFÁLTICA DE RUPTURA LENTA CATIÔNICA PARA SERVIÇO DE LAMA ASFÁLTICA","Piauí","-"]
["2020-07-01","EMULSÃO ASFÁLTICA DE RUPTURA LENTA CATIÔNICA PARA SERVIÇO DE LAMA ASFÁLTICA","Bahia","-"]
["2020-07-01","EMULSÃO ASFÁLTICA DE RUPTURA LENTA CATIÔNICA PARA SERVIÇO DE LAMA ASFÁLTICA","Tocantins","-"]
["2020-10-01","EMULSÃO ASFÁLTICA DE RUPTURA LENTA CATIÔNICA PARA SERVIÇO DE LAMA ASFÁLTICA","Distrito Federal","-"]
["2020-11-01","EMULSÃO ASFÁLTICA DE RUPTURA LENTA CATIÔNICA PARA SERVIÇO DE LAMA ASFÁLTICA","Goiás","-"]
["2021-01-01","EMULSÃO ASFÁLTICA DE RUPTURA LENTA CATIÔNICA PARA SERVIÇO DE LAMA ASFÁLTICA","Goiás","-"]
["2021-03-01","EMULSÃO ASFÁLTICA DE RUPTURA LENTA CATIÔNICA PARA SERVIÇO DE LAMA ASFÁLTICA","Bahia","-"]
["2021-04-01","EMULSÃO ASFÁLTICA DE RUPTURA LENTA CATIÔNICA PARA SERVIÇO DE LAMA ASFÁLTICA","Mato Grosso","-"]
["2021-06-01","EMULSÃO ASFÁLTICA DE RUPTURA LENTA CATIÔNICA PARA SERVIÇO DE LAMA ASFÁLTICA","Pará","-"]
["2021-08-01","EMULSÃO ASFÁLTICA DE RUPTURA LENTA CATIÔNICA PARA SERVIÇO DE LAMA ASFÁLTICA","Rio Grande do Sul","-"]
["2021-09-01","EMULSÃO ASFÁLTICA DE RUPTURA LENTA CATIÔNICA PARA SERVIÇO DE LAMA ASFÁLTICA","Rio Grande do Sul","-"]
["2021-10-01","EMULSÃO ASFÁLTICA DE RUPTURA LENTA CATIÔNICA PARA SERVIÇO DE LAMA ASFÁLTICA","Sergipe","-"]
["2021-12-01","EMULSÃO ASFÁLTICA DE RUPTURA LENTA CATIÔNICA PARA SERVIÇO DE LAMA ASFÁLTICA","Roraima","-"]
["2022-02-01","EMULSÃO ASFÁLTICA DE RUPTURA LENTA CATIÔNICA PARA SERVIÇO DE LAMA ASFÁLTICA","Espírito Santo","-"]
["2022-03-01","EMULSÃO ASFÁLTICA DE RUPTURA LENTA CATIÔNICA PARA SERVIÇO DE LAMA ASFÁLTICA","Rio Grande do Sul","-"]
["2022-05-01","EMULSÃO ASFÁLTICA DE RUPTURA LENTA CATIÔNICA PARA SERVIÇO DE LAMA ASFÁLTICA","Pernambuco","-"]
["2022-06-01","EMULSÃO ASFÁLTICA DE RUPTURA LENTA CATIÔNICA PARA SERVIÇO DE LAMA ASFÁLTICA","Roraima","-"]
["2022-08-01","EMULSÃO ASFÁLTICA DE RUPTURA LENTA CATIÔNICA PARA SERVIÇO DE LAMA ASFÁLTICA","Sergipe","-"]
["2022-11-01","EMULSÃO ASFÁLTICA DE RUPTURA LENTA CATIÔNICA PARA SERVIÇO DE LAMA ASFÁLTICA","Paraíba","-"]
["2022-12-01","EMULSÃO ASFÁLTICA DE RUPTURA LENTA CATIÔNICA PARA SERVIÇO DE LAMA ASFÁLTICA","Rondônia","-"]
["2023-03-01","EMULSÃO ASFÁLTICA DE RUPTURA LENTA CATIÔNICA PARA SERVIÇO DE LAMA ASFÁLTICA","Alagoas","-"]
["2023-03-01","EMULSÃO ASFÁLTICA DE RUPTURA LENTA CATIÔNICA PARA SERVIÇO DE LAMA ASFÁLTICA","Espírito Santo","-"]
["2023-04-01","EMULSÃO ASFÁLTICA DE RUPTURA LENTA CATIÔNICA PARA SERVIÇO DE LAMA ASFÁLTICA","Rio Grande do Norte","-"]
["2023-07-01","EMULSÃO ASFÁLTICA DE RUPTURA LENTA CATIÔNICA PARA SERVIÇO DE LAMA ASFÁLTICA","Tocantins","-"]
["2023-08-01","EMULSÃO ASFÁLTICA DE RUPTURA LENTA CATIÔNICA PARA SERVIÇO DE LAMA ASFÁLTICA","Paraná","-"]
["2015-11-01","EMULSÃO ASFÁLTICA DE RUPTURA LENTA DE CARGA NEUTRA PARA SERVIÇO DE LAMA ASFÁLTICA","Alagoas","-"]
["2015-11-01","EMULSÃO ASFÁLTICA DE RUPTURA LENTA DE CARGA NEUTRA PARA SERVIÇO DE LAMA ASFÁLTICA","São Paulo","-"]
["2016-01-01","EMULSÃO ASFÁLTICA DE RUPTURA LENTA DE CARGA NEUTRA PARA SERVIÇO DE LAMA ASFÁLTICA","Tocantins","-"]
["2016-03-01","EMULSÃO ASFÁLTICA DE RUPTURA LENTA DE CARGA NEUTRA PARA SERVIÇO DE LAMA ASFÁLTICA","Distrito Federal","-"]
["2016-05-01","EMULSÃO ASFÁLTICA DE RUPTURA LENTA DE CARGA NEUTRA PARA SERVIÇO DE LAMA ASFÁLTICA","Alagoas","-"]
["2016-06-01","EMULSÃO ASFÁLTICA DE RUPTURA LENTA DE CARGA NEUTRA PARA SERVIÇO DE LAMA ASFÁLTICA","Paraná","-"]
["2016-07-01","EMULSÃO ASFÁLTICA DE RUPTURA LENTA DE CARGA NEUTRA PARA SERVIÇO DE LAMA ASFÁLTICA","Rio de Janeiro","-"]
["2016-10-01","EMULSÃO ASFÁLTICA DE RUPTURA LENTA DE CARGA NEUTRA PARA SERVIÇO DE LAMA ASFÁLTICA","Mato Grosso do Sul","-"]
["2016-11-01","EMULSÃO ASFÁLTICA DE RUPTURA LENTA DE CARGA NEUTRA PARA SERVIÇO DE LAMA ASFÁLTICA","Acre","-"]
["2017-01-01","EMULSÃO ASFÁLTICA DE RUPTURA LENTA DE CARGA NEUTRA PARA SERVIÇO DE LAMA ASFÁLTICA","Pará","-"]
["2017-02-01","EMULSÃO ASFÁLTICA DE RUPTURA LENTA DE CARGA NEUTRA PARA SERVIÇO DE LAMA ASFÁLTICA","Santa Catarina","-"]
["2017-04-01","EMULSÃO ASFÁLTICA DE RUPTURA LENTA DE CARGA NEUTRA PARA SERVIÇO DE LAMA ASFÁLTICA","Paraná","-"]
["2017-06-01","EMULSÃO ASFÁLTICA DE RUPTURA LENTA DE CARGA NEUTRA PARA SERVIÇO DE LAMA ASFÁLTICA","Ceará","-"]
["2017-07-01","EMULSÃO ASFÁLTICA DE RUPTURA LENTA DE CARGA NEUTRA PARA SERVIÇO DE LAMA ASFÁLTICA","Piauí","-"]
["2017-09-01","EMULSÃO ASFÁLTICA DE RUPTURA LENTA DE CARGA NEUTRA PARA SERVIÇO DE LAMA ASFÁLTICA","Paraíba","-"]
["2017-10-01","EMULSÃO ASFÁLTICA DE RUPTURA LENTA DE CARGA NEUTRA PARA SERVIÇO DE LAMA ASFÁLTICA","Piauí","-"]
["2018-01-01","EMULSÃO ASFÁLTICA DE RUPTURA LENTA DE CARGA NEUTRA PARA SERVIÇO DE LAMA ASFÁLTICA","Acre","-"]
["2018-01-01","EMULSÃO ASFÁLTICA DE RUPTURA LENTA DE CARGA NEUTRA PARA SERVIÇO DE LAMA ASFÁLTICA","Tocantins","-"]
["2018-04-01","EMULSÃO ASFÁLTICA DE RUPTURA LENTA DE CARGA NEUTRA PARA SERVIÇO DE LAMA ASFÁLTICA","Amapá","-"]
["2018-05-01","EMULSÃO ASFÁLTICA DE RUPTURA LENTA DE CARGA NEUTRA PARA SERVIÇO DE LAMA ASFÁLTICA","Goiás","-"]
["2018-07-01","EMULSÃO ASFÁLTICA DE RUPTURA LENTA DE CARGA NEUTRA PARA SERVIÇO DE LAMA ASFÁLTICA","Acre","-"]
["2018-08-01","EMULSÃO ASFÁLTICA DE RUPTURA LENTA DE CARGA NEUTRA PARA SERVIÇO DE LAMA ASFÁLTICA","Piauí","-"]
["2018-10-01","EMULSÃO ASFÁLTICA DE RUPTURA LENTA DE CARGA NEUTRA PARA SERVIÇO DE LAMA ASFÁLTICA","Amapá","-"]
["2018-12-01","EMULSÃO ASFÁLTICA DE RUPTURA LENTA DE CARGA NEUTRA PARA SERVIÇO DE LAMA ASFÁLTICA","Pará","-"]
["2019-02-01","EMULSÃO ASFÁLTICA DE RUPTURA LENTA DE CARGA NEUTRA PARA SERVIÇO DE LAMA ASFÁLTICA","Rondônia","-"]
["2019-03-01","EMULSÃO ASFÁLTICA DE RUPTURA LENTA DE CARGA NEUTRA PARA SERVIÇO DE LAMA ASFÁLTICA","Roraima","-"]
["2019-06-01","EMULSÃO ASFÁLTICA DE RUPTURA LENTA DE CARGA NEUTRA PARA SERVIÇO DE LAMA ASFÁLTICA","Amapá","-"]
["2019-06-01","EMULSÃO ASFÁLTICA DE RUPTURA LENTA DE CARGA NEUTRA PARA SERVIÇO DE LAMA ASFÁLTICA","Paraíba","-"]
["2019-08-01","EMULSÃO ASFÁLTICA DE RUPTURA LENTA DE CARGA NEUTRA PARA SERVIÇO DE LAMA ASFÁLTICA","Espírito Santo","-"]
["2019-09-01","EMULSÃO ASFÁLTICA DE RUPTURA LENTA DE CARGA NEUTRA PARA SERVIÇO DE LAMA ASFÁLTICA","Pernambuco","-"]
["2019-11-01","EMULSÃO ASFÁLTICA DE RUPTURA LENTA DE CARGA NEUTRA PARA SERVIÇO DE LAMA ASFÁLTICA","Pernambuco","-"]
["2020-02-01","EMULSÃO ASFÁLTICA DE RUPTURA LENTA DE CARGA NEUTRA PARA SERVIÇO DE LAMA ASFÁLTICA","Goiás","-"]
["2020-02-01","EMULSÃO ASFÁLTICA DE RUPTURA LENTA DE CARGA NEUTRA PARA SERVIÇO DE LAMA ASFÁLTICA","Sergipe","-"]
["2020-05-01","EMULSÃO ASFÁLTICA DE RUPTURA LENTA DE CARGA NEUTRA PARA SERVIÇO DE LAMA ASFÁLTICA","Distrito Federal","-"]
["2020-06-01","EMULSÃO ASFÁLTICA DE RUPTURA LENTA DE CARGA NEUTRA PARA SERVIÇO DE LAMA ASFÁLTICA","Espírito Santo","-"]
["2020-08-01","EMULSÃO ASFÁLTICA DE RUPTURA LENTA DE CARGA NEUTRA PARA SERVIÇO DE LAMA ASFÁLTICA","Goiás","-"]
["2020-10-01","EMULSÃO ASFÁLTICA DE RUPTURA LENTA DE CARGA NEUTRA PARA SERVIÇO DE LAMA ASFÁLTICA","Amazonas","-"]
["2020-10-01","EMULSÃO ASFÁLTICA DE RUPTURA LENTA DE CARGA NEUTRA PARA SERVIÇO DE LAMA ASFÁLTICA","Rio Grande do Norte","-"]
["2021-01-01","EMULSÃO ASFÁLTICA DE RUPTURA LENTA DE CARGA NEUTRA PARA SERVIÇO DE LAMA ASFÁLTICA","Rio de Janeiro","-"]
["2021-02-01","EMULSÃO ASFÁLTICA DE RUPTURA LENTA DE CARGA NEUTRA PARA SERVIÇO DE LAMA ASFÁLTICA","Alagoas","-"]
["2021-04-01","EMULSÃO ASFÁLTICA DE RUPTURA LENTA DE CARGA NEUTRA PARA SERVIÇO DE LAMA ASFÁLTICA","Rio Grande do Sul","-"]
["2021-05-01","EMULSÃO ASFÁLTICA DE RUPTURA LENTA DE CARGA NEUTRA PARA SERVIÇO DE LAMA ASFÁLTICA","São Paulo","-"]
["2021-07-01","EMULSÃO ASFÁLTICA DE RUPTURA LENTA DE CARGA NEUTRA PARA SERVIÇO DE LAMA ASFÁLTICA","Roraima","-"]
["2021-09-01","EMULSÃO ASFÁLTICA DE RUPTURA LENTA DE CARGA NEUTRA PARA SERVIÇO DE LAMA ASFÁLTICA","Distrito Federal","-"]
["2021-10-01","EMULSÃO ASFÁLTICA DE RUPTURA LENTA DE CARGA NEUTRA PARA SERVIÇO DE LAMA ASFÁLTICA","Rio Grande do Sul","-"]
["2021-12-01","EMULSÃO ASFÁLTICA DE RUPTURA LENTA DE CARGA NEUTRA PARA SERVIÇO DE LAMA ASFÁLTICA","Paraná","-"]
["2022-01-01","EMULSÃO ASFÁLTICA DE RUPTURA LENTA DE CARGA NEUTRA PARA SERVIÇO DE LAMA ASFÁLTICA","Roraima","-"]
["2022-03-01","EMULSÃO ASFÁLTICA DE RUPTURA LENTA DE CARGA NEUTRA PARA SERVIÇO DE LAMA ASFÁLTICA","São Paulo","-"]
["2022-05-01","EMULSÃO ASFÁLTICA DE RUPTURA LENTA DE CARGA NEUTRA PARA SERVIÇO DE LAMA ASFÁLTICA","Acre","-"]
["2022-07-01","EMULSÃO ASFÁLTICA DE RUPTURA LENTA DE CARGA NEUTRA PARA SERVIÇO DE LAMA ASFÁLTICA","Ceará","-"]
["2022-08-01","EMULSÃO ASFÁLTICA DE RUPTURA LENTA DE CARGA NEUTRA PARA SERVIÇO DE LAMA ASFÁLTICA","Maranhão","-"]
["2022-10-01","EMULSÃO ASFÁLTICA DE RUPTURA LENTA DE CARGA NEUTRA PARA SERVIÇO DE LAMA ASFÁLTICA","Espírito Santo","-"]
["2022-11-01","EMULSÃO ASFÁLTICA DE RUPTURA LENTA DE CARGA NEUTRA PARA SERVIÇO DE LAMA ASFÁLTICA","Rio de Janeiro","-"]
["2023-01-01","EMULSÃO ASFÁLTICA DE RUPTURA LENTA DE CARGA NEUTRA PARA SERVIÇO DE LAMA ASFÁLTICA","Maranhão","-"]
["2023-03-01","EMULSÃO ASFÁLTICA DE RUPTURA LENTA DE CARGA NEUTRA PARA SERVIÇO DE LAMA ASFÁLTICA","Paraíba","-"]
["2023-04-01","EMULSÃO ASFÁLTICA DE RUPTURA LENTA DE CARGA NEUTRA PARA SERVIÇO DE LAMA ASFÁLTICA","Mato Grosso do Sul","-"]
["2023-06-01","EMULSÃO ASFÁLTICA DE RUPTURA LENTA DE CARGA NEUTRA PARA SERVIÇO DE LAMA ASFÁLTICA","Santa Catarina","-"]
["2023-07-01","EMULSÃO ASFÁLTICA DE RUPTURA LENTA DE CARGA NEUTRA PARA SERVIÇO DE LAMA ASFÁLTICA","Tocantins","-"]
["2015-09-01","EMULSÃO ASFÁLTICA PARA SERVIÇO DE IMPRIMAÇÃO","Rondônia","-"]
["2015-11-01","EMULSÃO ASFÁLTICA PARA SERVIÇO DE IMPRIMAÇÃO","Goiás","-"]
["2015-12-01","EMULSÃO ASFÁLTICA PARA SERVIÇO DE IMPRIMAÇÃO","Santa Catarina","-"]
["2016-02-01","EMULSÃO ASFÁLTICA PARA SERVIÇO DE IMPRIMAÇÃO","Piauí","-"]
["2016-05-01","EMULSÃO ASFÁLTICA PARA SERVIÇO DE IMPRIMAÇÃO","Mato Grosso do Sul","-"]
["2016-05-01","EMULSÃO ASFÁLTICA PARA SERVIÇO DE IMPRIMAÇÃO","Tocantins","-"]
["2016-08-01","EMULSÃO ASFÁLTICA PARA SERVIÇO DE IMPRIMAÇÃO","Pará","-"]
["2016-09-01","EMULSÃO ASFÁLTICA PARA SERVIÇO DE IMPRIMAÇÃO","Roraima","-"]
["2016-11-01","EMULSÃO ASFÁLTICA PARA SERVIÇO DE IMPRIMAÇÃO","Paraná",1.62619404077436]
["2017-01-01","EMULSÃO ASFÁLTICA PARA SERVIÇO DE IMPRIMAÇÃO","Bahia","-"]
["2017-03-01","EMULSÃO ASFÁLTICA PARA SERVIÇO DE IMPRIMAÇÃO","Mato Grosso do Sul","-"]
["2017-04-01","EMULSÃO ASFÁLTICA PARA SERVIÇO DE IMPRIMAÇÃO","Sergipe","-"]
["2017-05-01","EMULSÃO ASFÁLTICA PARA SERVIÇO DE IMPRIMAÇÃO","Pernambuco","-"]
["2017-08-01","EMULSÃO ASFÁLTICA PARA SERVIÇO DE IMPRIMAÇÃO","Acre","-"]
["2017-08-01","EMULSÃO ASFÁLTICA PARA SERVIÇO DE IMPRIMAÇÃO","Sergipe","-"]
["2017-11-01","EMULSÃO ASFÁLTICA PARA SERVIÇO DE IMPRIMAÇÃO","Amapá","-"]
["2017-12-01","EMULSÃO ASFÁLTICA PARA SERVIÇO DE IMPRIMAÇÃO","Espírito Santo","-"]
["2018-02-01","EMULSÃO ASFÁLTICA PARA SERVIÇO DE IMPRIMAÇÃO","Acre","-"]
["2018-03-01","EMULSÃO ASFÁLTICA PARA SERVIÇO DE IMPRIMAÇÃO","Pernambuco","-"]
["2018-05-01","EMULSÃO ASFÁLTICA PARA SERVIÇO DE IMPRIMAÇÃO","Amapá","-"]
["2018-07-01","EMULSÃO ASFÁLTICA PARA SERVIÇO DE IMPRIMAÇÃO","Minas Gerais",1.8170481870648401]
["2018-08-01","EMULSÃO ASFÁLTICA PARA SERVIÇO DE IMPRIMAÇÃO","Alagoas","-"]
["2018-10-01","EMULSÃO ASFÁLTICA PARA SERVIÇO DE IMPRIMAÇÃO","Minas Gerais","-"]
["2018-11-01","EMULSÃO ASFÁLTICA PARA SERVIÇO DE IMPRIMAÇÃO","Mato Grosso","-"]
["2019-01-01","EMULSÃO ASFÁLTICA PARA SERVIÇO DE IMPRIMAÇÃO","Paraíba","-"]
["2019-03-01","EMULSÃO ASFÁLTICA PARA SERVIÇO DE IMPRIMAÇÃO","Distrito Federal","-"]
["2019-04-01","EMULSÃO ASFÁLTICA PARA SERVIÇO DE IMPRIMAÇÃO","Pernambuco","-"]
["2019-06-01","EMULSÃO ASFÁLTICA PARA SERVIÇO DE IMPRIMAÇÃO","Paraná",2.2825481449612401]
["2019-07-01","EMULSÃO ASFÁLTICA PARA SERVIÇO DE IMPRIMAÇÃO","Rio de Janeiro","-"]
["2019-09-01","EMULSÃO ASFÁLTICA PARA SERVIÇO DE IMPRIMAÇÃO","São Paulo","-"]
["2019-12-01","EMULSÃO ASFÁLTICA PARA SERVIÇO DE IMPRIMAÇÃO","Distrito Federal","-"]
["2020-01-01","EMULSÃO ASFÁLTICA PARA SERVIÇO DE IMPRIMAÇÃO","Distrito Federal","-"]
["2020-02-01","EMULSÃO ASFÁLTICA PARA SERVIÇO DE IMPRIMAÇÃO","Maranhão","-"]
["2020-03-01","EMULSÃO ASFÁLTICA PARA SERVIÇO DE IMPRIMAÇÃO","Tocantins","-"]
["2020-05-01","EMULSÃO ASFÁLTICA PARA SERVIÇO DE IMPRIMAÇÃO","Rio de Janeiro","-"]
["2020-08-01","EMULSÃO ASFÁLTICA PARA SERVIÇO DE IMPRIMAÇÃO","Rio de Janeiro","-"]
["2020-09-01","EMULSÃO ASFÁLTICA PARA SERVIÇO DE IMPRIMAÇÃO","Acre","-"]
["2020-11-01","EMULSÃO ASFÁLTICA PARA SERVIÇO DE IMPRIMAÇÃO","Rio Grande do Sul","-"]
["2020-12-01","EMULSÃO ASFÁLTICA PARA SERVIÇO DE IMPRIMAÇÃO","Santa Catarina","-"]
["2021-02-01","EMULSÃO ASFÁLTICA PARA SERVIÇO DE IMPRIMAÇÃO","Roraima","-"]
["2021-04-01","EMULSÃO ASFÁLTICA PARA SERVIÇO DE IMPRIMAÇÃO","Ceará",2.0094747183833102]
["2021-05-01","EMULSÃO ASFÁLTICA PARA SERVIÇO DE IMPRIMAÇÃO","Goiás","-"]
["2021-08-01","EMULSÃO ASFÁLTICA PARA SERVIÇO DE IMPRIMAÇÃO","Ceará",2.2921504163658999]
["2021-08-01","EMULSÃO ASFÁLTICA PARA SERVIÇO DE IMPRIMAÇÃO","Piauí","-"]
["2021-11-01","EMULSÃO ASFÁLTICA PARA SERVIÇO DE IMPRIMAÇÃO","Espírito Santo","-"]
["2021-11-01","EMULSÃO ASFÁLTICA PARA SERVIÇO DE IMPRIMAÇÃO","Tocantins","-"]
["2022-02-01","EMULSÃO ASFÁLTICA PARA SERVIÇO DE IMPRIMAÇÃO","Ceará",2.51154721864821]
["2022-03-01","EMULSÃO ASFÁLTICA PARA SERVIÇO DE IMPRIMAÇÃO","Goiás","-"]
["2022-05-01","EMULSÃO ASFÁLTICA PARA SERVIÇO DE IMPRIMAÇÃO","Espírito Santo","-"]
["2022-06-01","EMULSÃO ASFÁLTICA PARA SERVIÇO DE IMPRIMAÇÃO","Piauí","-"]
["2022-08-01","EMULSÃO ASFÁLTICA PARA SERVIÇO DE IMPRIMAÇÃO","Maranhão","-"]
["2022-10-01","EMULSÃO ASFÁLTICA PARA SERVIÇO DE IMPRIMAÇÃO","Pará","-"]
["2022-12-01","EMULSÃO ASFÁLTICA PARA SERVIÇO DE IMPRIMAÇÃO","Rio Grande do Sul","-"]
["2023-01-01","EMULSÃO ASFÁLTICA PARA SERVIÇO DE IMPRIMAÇÃO","Rio Grande do Norte","-"]
["2023-02-01","EMULSÃO ASFÁLTICA PARA SERVIÇO DE IMPRIMAÇÃO","Sergipe","-"]
["2023-04-01","EMULSÃO ASFÁLTICA PARA SERVIÇO DE IMPRIMAÇÃO","Rondônia","-"]
["2023-06-01","EMULSÃO ASFÁLTICA PARA SERVIÇO DE IMPRIMAÇÃO","Espírito Santo","-"]
["2023-07-01","EMULSÃO ASFÁLTICA PARA SERVIÇO DE IMPRIMAÇÃO","Santa Catarina","-"]
["2013-01-01","EMULSÕES ASF. MOD. POR POLÍMEROS RC1C-E","Pernambuco","-"]
["2013-02-01","EMULSÕES ASF. MOD. POR POLÍMEROS RC1C-E","Rondônia","-"]
["2013-04-01","EMULSÕES ASF. MOD. POR POLÍMEROS RC1C-E","Sergipe","-"]
["2013-07-01","EMULSÕES ASF. MOD. POR POLÍMEROS RC1C-E","Pará","-"]
["2013-08-01","EMULSÕES ASF. MOD. POR POLÍMEROS RC1C-E","Rondônia","-"]
["2013-09-01","EMULSÕES ASF. MOD. POR POLÍMEROS RC1C-E","Mato Grosso","-"]
["2013-11-01","EMULSÕES ASF. MOD. POR POLÍMEROS RC1C-E","Distrito Federal","-"]
["2013-12-01","EMULSÕES ASF. MOD. POR POLÍMEROS RC1C-E","Rio Grande do Norte","-"]
["2014-02-01","EMULSÕES ASF. MOD. POR POLÍMEROS RC1C-E","Goiás","-"]
["2014-04-01","EMULSÕES ASF. MOD. POR POLÍMEROS RC1C-E","Paraná",1.27680983544214]
["2014-07-01","EMULSÕES ASF. MOD. POR POLÍMEROS RC1C-E","Acre","-"]
["2014-07-01","EMULSÕES ASF. MOD. POR POLÍMEROS RC1C-E","São Paulo",1.2722261193023501]
["2014-10-01","EMULSÕES ASF. MOD. POR POLÍMEROS RC1C-E","Amapá","-"]
["2014-11-01","EMULSÕES ASF. MOD. POR POLÍMEROS RC1C-E","Distrito Federal","-"]
["2015-01-01","EMULSÕES ASF. MOD. POR POLÍMEROS RC1C-E","Acre","-"]
["2015-02-01","EMULSÕES ASF. MOD. POR POLÍMEROS RC1C-E","Paraná",1.6386004758656001]
["2015-03-01","EMULSÕES ASF. MOD. POR POLÍMEROS RC1C-E","Rio de Janeiro","-"]
["2015-06-01","EMULSÕES ASF. MOD. POR POLÍMEROS RC1C-E","Mato Grosso",1.7159130425693001]
["2015-07-01","EMULSÕES ASF. MOD. POR POLÍMEROS RC1C-E","Acre","-"]
["2015-09-01","EMULSÕES ASF. MOD. POR POLÍMEROS RC1C-E","Minas Gerais","-"]
["2015-10-01","EMULSÕES ASF. MOD. POR POLÍMEROS RC1C-E","Maranhão","-"]
["2015-12-01","EMULSÕES ASF. MOD. POR POLÍMEROS RC1C-E","Paraíba","-"]
["2016-02-01","EMULSÕES ASF. MOD. POR POLÍMEROS RC1C-E","Ceará",1.8293699562677801]
["2016-03-01","EMULSÕES ASF. MOD. POR POLÍMEROS RC1C-E","Pernambuco","-"]
["2016-05-01","EMULSÕES ASF. MOD. POR POLÍMEROS RC1C-E","Paraíba","-"]
["2016-06-01","EMULSÕES ASF. MOD. POR POLÍMEROS RC1C-E","Rio de Janeiro","-"]
["2016-08-01","EMULSÕES ASF. MOD. POR POLÍMEROS RC1C-E","Santa Catarina","-"]
["2016-09-01","EMULSÕES ASF. MOD. POR POLÍMEROS RC1C-E","Tocantins","-"]
["2016-12-01","EMULSÕES ASF. MOD. POR POLÍMEROS RC1C-E","Alagoas","-"]
["2017-01-01","EMULSÕES ASF. MOD. POR POLÍMEROS RC1C-E","Goiás","-"]
["2017-02-01","EMULSÕES ASF. MOD. POR POLÍMEROS RC1C-E","Tocantins","-"]
["2017-04-01","EMULSÕES ASF. MOD. POR POLÍMEROS RC1C-E","Piauí","-"]
["2017-06-01","EMULSÕES ASF. MOD. POR POLÍMEROS RC1C-E","Alagoas","-"]
["2017-07-01","EMULSÕES ASF. MOD. POR POLÍMEROS RC1C-E","Tocantins","-"]
["2017-10-01","EMULSÕES ASF. MOD. POR POLÍMEROS RC1C-E","Rio Grande do Sul","-"]
["2017-11-01","EMULSÕES ASF. MOD. POR POLÍMEROS RC1C-E","Roraima","-"]
["2018-02-01","EMULSÕES ASF. MOD. POR POLÍMEROS RC1C-E","Amapá","-"]
["2018-02-01","EMULSÕES ASF. MOD. POR POLÍMEROS RC1C-E","Pará","-"]
["2018-04-01","EMULSÕES ASF. MOD. POR POLÍMEROS RC1C-E","Espírito Santo","-"]
["2018-05-01","EMULSÕES ASF. MOD. POR POLÍMEROS RC1C-E","Paraná",1.9470795578765201]
["2018-07-01","EMULSÕES ASF. MOD. POR POLÍMEROS RC1C-E","Pernambuco","-"]
["2018-10-01","EMULSÕES ASF. MOD. POR POLÍMEROS RC1C-E","Espírito Santo","-"]
["2018-10-01","EMULSÕES ASF. MOD. POR POLÍMEROS RC1C-E","Sergipe","-"]
["2019-01-01","EMULSÕES ASF. MOD. POR POLÍMEROS RC1C-E","Ceará","-"]
["2019-02-01","EMULSÕES ASF. MOD. POR POLÍMEROS RC1C-E","Espírito Santo","-"]
["2019-04-01","EMULSÕES ASF. MOD. POR POLÍMEROS RC1C-E","Espírito Santo","-"]
["2019-05-01","EMULSÕES ASF. MOD. POR POLÍMEROS RC1C-E","Pernambuco","-"]
["2019-06-01","EMULSÕES ASF. MOD. POR POLÍMEROS RC1C-E","Rio Grande do Norte","-"]
["2019-09-01","EMULSÕES ASF. MOD. POR POLÍMEROS RC1C-E","Piauí","-"]
["2019-10-01","EMULSÕES ASF. MOD. POR POLÍMEROS RC1C-E","Alagoas","-"]
["2019-12-01","EMULSÕES ASF. MOD. POR POLÍMEROS RC1C-E","Rio Grande do Norte","-"]
["2020-01-01","EMULSÕES ASF. MOD. POR POLÍMEROS RC1C-E","São Paulo",2.1665262813334101]
["2020-03-01","EMULSÕES ASF. MOD. POR POLÍMEROS RC1C-E","Rondônia","-"]
["2020-05-01","EMULSÕES ASF. MOD. POR POLÍMEROS RC1C-E","Distrito Federal","-"]
["2020-06-01","EMULSÕES ASF. MOD. POR POLÍMEROS RC1C-E","Santa Catarina","-"]
["2020-08-01","EMULSÕES ASF. MOD. POR POLÍMEROS RC1C-E","Paraná",2.3938660432198602]
["2020-09-01","EMULSÕES ASF. MOD. POR POLÍMEROS RC1C-E","Rondônia","-"]
["2020-11-01","EMULSÕES ASF. MOD. POR POLÍMEROS RC1C-E","São Paulo",2.3829270350494398]
["2021-01-01","EMULSÕES ASF. MOD. POR POLÍMEROS RC1C-E","Acre","-"]
["2021-03-01","EMULSÕES ASF. MOD. POR POLÍMEROS RC1C-E","Goiás","-"]
["2021-04-01","EMULSÕES ASF. MOD. POR POLÍMEROS RC1C-E","Maranhão","-"]
["2021-06-01","EMULSÕES ASF. MOD. POR POLÍMEROS RC1C-E","Distrito Federal","-"]
["2021-07-01","EMULSÕES ASF. MOD. POR POLÍMEROS RC1C-E","Rio de Janeiro","-"]
["2021-09-01","EMULSÕES ASF. MOD. POR POLÍMEROS RC1C-E","Goiás","-"]
["2021-11-01","EMULSÕES ASF. MOD. POR POLÍMEROS RC1C-E","Paraíba","-"]
["2021-12-01","EMULSÕES ASF. MOD. POR POLÍMEROS RC1C-E","Mato Grosso","-"]
["2022-02-01","EMULSÕES ASF. MOD. POR POLÍMEROS RC1C-E","Santa Catarina","-"]
["2022-05-01","EMULSÕES ASF. MOD. POR POLÍMEROS RC1C-E","Amapá","-"]
["2022-06-01","EMULSÕES ASF. MOD. POR POLÍMEROS RC1C-E","Ceará",3.7641222811026598]
["2022-07-01","EMULSÕES ASF. MOD. POR POLÍMEROS RC1C-E","Goiás",3.9580771295119601]
["2022-08-01","EMULSÕES ASF. MOD. POR POLÍMEROS RC1C-E","Roraima","-"]
["2022-10-01","EMULSÕES ASF. MOD. POR POLÍMEROS RC1C-E","Piauí","-"]
["2023-01-01","EMULSÕES ASF. MOD. POR POLÍMEROS RC1C-E","Mato Grosso",3.9009739110937098]
["2023-01-01","EMULSÕES ASF. MOD. POR POLÍMEROS RC1C-E","Tocantins","-"]
["2023-04-01","EMULSÕES ASF. MOD. POR POLÍMEROS RC1C-E","Minas Gerais",3.2552571648025901]
["2023-05-01","EMULSÕES ASF. MOD. POR POLÍMEROS RC1C-E","Goiás",3.4270852424123799]
["2023-07-01","EMULSÕES ASF. MOD. POR POLÍMEROS RC1C-E","Paraíba","-"]
["2013-01-01","EMULSÕES ASF. MOD. POR POLÍMEROS RL1C-E","Bahia","-"]
["2013-01-01","EMULSÕES ASF. MOD. POR POLÍMEROS RL1C-E","Rio Grande do Sul","-"]
["2013-04-01","EMULSÕES ASF. MOD. POR POLÍMEROS RL1C-E","São Paulo","-"]
["2013-05-01","EMULSÕES ASF. MOD. POR POLÍMEROS RL1C-E","Amapá","-"]
["2013-07-01","EMULSÕES ASF. MOD. POR POLÍMEROS RL1C-E","Tocantins","-"]
["2013-08-01","EMULSÕES ASF. MOD. POR POLÍMEROS RL1C-E","Sergipe","-"]
["2013-11-01","EMULSÕES ASF. MOD. POR POLÍMEROS RL1C-E","Alagoas","-"]
["2013-12-01","EMULSÕES ASF. MOD. POR POLÍMEROS RL1C-E","Espírito Santo","-"]
["2014-01-01","EMULSÕES ASF. MOD. POR POLÍMEROS RL1C-E","Tocantins","-"]
["2014-03-01","EMULSÕES ASF. MOD. POR POLÍMEROS RL1C-E","Pernambuco","-"]
["2014-05-01","EMULSÕES ASF. MOD. POR POLÍMEROS RL1C-E","Alagoas","-"]
["2014-06-01","EMULSÕES ASF. MOD. POR POLÍMEROS RL1C-E","Sergipe","-"]
["2014-08-01","EMULSÕES ASF. MOD. POR POLÍMEROS RL1C-E","Alagoas","-"]
["2014-10-01","EMULSÕES ASF. MOD. POR POLÍMEROS RL1C-E","Mato Grosso do Sul","-"]
["2014-11-01","EMULSÕES ASF. MOD. POR POLÍMEROS RL1C-E","Mato Grosso","-"]
["2015-01-01","EMULSÕES ASF. MOD. POR POLÍMEROS RL1C-E","Pará","-"]
["2015-03-01","EMULSÕES ASF. MOD. POR POLÍMEROS RL1C-E","Distrito Federal","-"]
["2015-04-01","EMULSÕES ASF. MOD. POR POLÍMEROS RL1C-E","Paraná","-"]
["2015-06-01","EMULSÕES ASF. MOD. POR POLÍMEROS RL1C-E","Paraná","-"]
["2015-07-01","EMULSÕES ASF. MOD. POR POLÍMEROS RL1C-E","Piauí","-"]
["2015-09-01","EMULSÕES ASF. MOD. POR POLÍMEROS RL1C-E","São Paulo","-"]
["2015-12-01","EMULSÕES ASF. MOD. POR POLÍMEROS RL1C-E","Ceará","-"]
["2016-01-01","EMULSÕES ASF. MOD. POR POLÍMEROS RL1C-E","Distrito Federal","-"]
["2016-02-01","EMULSÕES ASF. MOD. POR POLÍMEROS RL1C-E","Maranhão","-"]
["2016-04-01","EMULSÕES ASF. MOD. POR POLÍMEROS RL1C-E","Amapá","-"]
["2016-05-01","EMULSÕES ASF. MOD. POR POLÍMEROS RL1C-E","Rio de Janeiro","-"]
["2016-07-01","EMULSÕES ASF. MOD. POR POLÍMEROS RL1C-E","Acre","-"]
["2016-09-01","EMULSÕES ASF. MOD. POR POLÍMEROS RL1C-E","Acre","-"]
["2016-11-01","EMULSÕES ASF. MOD. POR POLÍMEROS RL1C-E","Rio Grande do Norte","-"]
["2016-12-01","EMULSÕES ASF. MOD. POR POLÍMEROS RL1C-E","Santa Catarina","-"]
["2017-02-01","EMULSÕES ASF. MOD. POR POLÍMEROS RL1C-E","Rondônia","-"]
["2017-04-01","EMULSÕES ASF. MOD. POR POLÍMEROS RL1C-E","Ceará","-"]
["2017-05-01","EMULSÕES ASF. MOD. POR POLÍMEROS RL1C-E","Santa Catarina","-"]
["2017-07-01","EMULSÕES ASF. MOD. POR POLÍMEROS RL1C-E","Paraíba","-"]
["2017-08-01","EMULSÕES ASF. MOD. POR POLÍMEROS RL1C-E","Piauí","-"]
["2017-11-01","EMULSÕES ASF. MOD. POR POLÍMEROS RL1C-E","Distrito Federal","-"]
["2017-11-01","EMULSÕES ASF. MOD. POR POLÍMEROS RL1C-E","Tocantins","-"]
["2018-02-01","EMULSÕES ASF. MOD. POR POLÍMEROS RL1C-E","Goiás","-"]
["2018-03-01","EMULSÕES ASF. MOD. POR POLÍMEROS RL1C-E","Goiás","-"]
["2018-05-01","EMULSÕES ASF. MOD. POR POLÍMEROS RL1C-E","Distrito Federal","-"]
["2018-06-01","EMULSÕES ASF. MOD. POR POLÍMEROS RL1C-E","Piauí","-"]
["2018-08-01","EMULSÕES ASF. MOD. POR POLÍMEROS RL1C-E","Goiás","-"]
["2018-10-01","EMULSÕES ASF. MOD. POR POLÍMEROS RL1C-E","Pará","-"]
["2018-11-01","EMULSÕES ASF. MOD. POR POLÍMEROS RL1C-E","Amapá","-"]
["2019-01-01","EMULSÕES ASF. MOD. POR POLÍMEROS RL1C-E","Rio de Janeiro","-"]
["2019-02-01","EMULSÕES ASF. MOD. POR POLÍMEROS RL1C-E","Mato Grosso do Sul","-"]
["2019-04-01","EMULSÕES ASF. MOD. POR POLÍMEROS RL1C-E","Rio Grande do Sul","-"]
["2019-06-01","EMULSÕES ASF. MOD. POR POLÍMEROS RL1C-E","Espírito Santo","-"]
["2019-07-01","EMULSÕES ASF. MOD. POR POLÍMEROS RL1C-E","Roraima","-"]
["2019-09-01","EMULSÕES ASF. MOD. POR POLÍMEROS RL1C-E","Pernambuco","-"]
["2019-10-01","EMULSÕES ASF. MOD. POR POLÍMEROS RL1C-E","Rio Grande do Sul","-"]
["2019-12-01","EMULSÕES ASF. MOD. POR POLÍMEROS RL1C-E","Sergipe","-"]
["2020-03-01","EMULSÕES ASF. MOD. POR POLÍMEROS RL1C-E","Minas Gerais","-"]
["2020-04-01","EMULSÕES ASF. MOD. POR POLÍMEROS RL1C-E","Espírito Santo","-"]
["2020-05-01","EMULSÕES ASF. MOD. POR POLÍMEROS RL1C-E","Mato Grosso","-"]
["2020-07-01","EMULSÕES ASF. MOD. POR POLÍMEROS RL1C-E","Ceará","-"]
["2020-08-01","EMULSÕES ASF. MOD. POR POLÍMEROS RL1C-E","Rio Grande do Norte","-"]
["2020-10-01","EMULSÕES ASF. MOD. POR POLÍMEROS RL1C-E","Espírito Santo","-"]
["2020-12-01","EMULSÕES ASF. MOD. POR POLÍMEROS RL1C-E","Alagoas","-"]
["2021-02-01","EMULSÕES ASF. MOD. POR POLÍMEROS RL1C-E","Tocantins","-"]
["2021-03-01","EMULSÕES ASF. MOD. POR POLÍMEROS RL1C-E","São Paulo","-"]
["2021-06-01","EMULSÕES ASF. MOD. POR POLÍMEROS RL1C-E","Alagoas","-"]
["2021-07-01","EMULSÕES ASF. MOD. POR POLÍMEROS RL1C-E","Distrito Federal","-"]
["2021-08-01","EMULSÕES ASF. MOD. POR POLÍMEROS RL1C-E","Tocantins","-"]
["2021-10-01","EMULSÕES ASF. MOD. POR POLÍMEROS RL1C-E","Paraná","-"]
["2021-11-01","EMULSÕES ASF. MOD. POR POLÍMEROS RL1C-E","Rio de Janeiro","-"]
["2022-02-01","EMULSÕES ASF. MOD. POR POLÍMEROS RL1C-E","Pará","-"]
["2022-03-01","EMULSÕES ASF. MOD. POR POLÍMEROS RL1C-E","Acre","-"]
["2022-05-01","EMULSÕES ASF. MOD. POR POLÍMEROS RL1C-E","Mato Grosso do Sul","-"]
["2022-06-01","EMULSÕES ASF. MOD. POR POLÍMEROS RL1C-E","Maranhão","-"]
["2022-08-01","EMULSÕES ASF. MOD. POR POLÍMEROS RL1C-E","Pará","-"]
["2022-09-01","EMULSÕES ASF. MOD. POR POLÍMEROS RL1C-E","Rio de Janeiro","-"]
["2022-11-01","EMULSÕES ASF. MOD. POR POLÍMEROS RL1C-E","Paraná","-"]
["2023-01-01","EMULSÕES ASF. MOD. POR POLÍMEROS RL1C-E","Paraíba","-"]
["2023-02-01","EMULSÕES ASF. MOD. POR POLÍMEROS RL1C-E","Piauí","-"]
["2023-04-01","EMULSÕES ASF. MOD. POR POLÍMEROS RL1C-E","Santa Catarina","-"]
["2023-05-01","EMULSÕES ASF. MOD. POR POLÍMEROS RL1C-E","Tocantins","-"]
["2023-08-01","EMULSÕES ASF. MOD. POR POLÍMEROS RL1C-E","Acre","-"]
["2013-01-01","EMULSÕES ASF. MOD. POR POLÍMEROS RM1C-E","Goiás","-"]
["2013-03-01","EMULSÕES ASF. MOD. POR POLÍMEROS RM1C-E","Amapá","-"]
["2013-04-01","EMULSÕES ASF. MOD. POR POLÍMEROS RM1C-E","Piauí","-"]
["2013-06-01","EMULSÕES ASF. MOD. POR POLÍMEROS RM1C-E","Acre","-"]
["2013-07-01","EMULSÕES ASF. MOD. POR POLÍMEROS RM1C-E","Tocantins","-"]
["2013-09-01","EMULSÕES ASF. MOD. POR POLÍMEROS RM1C-E","Amapá","-"]
["2013-11-01","EMULSÕES ASF. MOD. POR POLÍMEROS RM1C-E","Roraima","-"]
["2013-12-01","EMULSÕES ASF. MOD. POR POLÍMEROS RM1C-E","Mato Grosso do Sul","-"]
["2014-02-01","EMULSÕES ASF. MOD. POR POLÍMEROS RM1C-E","Minas Gerais","-"]
["2014-03-01","EMULSÕES ASF. MOD. POR POLÍMEROS RM1C-E","Rio Grande do Sul","-"]
["2014-05-01","EMULSÕES ASF. MOD. POR POLÍMEROS RM1C-E","Paraíba","-"]
["2014-07-01","EMULSÕES ASF. MOD. POR POLÍMEROS RM1C-E","Pernambuco","-"]
["2014-08-01","EMULSÕES ASF. MOD. POR POLÍMEROS RM1C-E","Pernambuco","-"]
["2014-10-01","EMULSÕES ASF. MOD. POR POLÍMEROS RM1C-E","Sergipe","-"]
["2015-01-01","EMULSÕES ASF. MOD. POR POLÍMEROS RM1C-E","Goiás","-"]
["2015-02-01","EMULSÕES ASF. MOD. POR POLÍMEROS RM1C-E","Espírito Santo","-"]
["2015-04-01","EMULSÕES ASF. MOD. POR POLÍMEROS RM1C-E","Distrito Federal","-"]
["2015-05-01","EMULSÕES ASF. MOD. POR POLÍMEROS RM1C-E","Pernambuco","-"]
["2015-06-01","EMULSÕES ASF. MOD. POR POLÍMEROS RM1C-E","Rio Grande do Norte","-"]
["2015-09-01","EMULSÕES ASF. MOD. POR POLÍMEROS RM1C-E","Pernambuco","-"]
["2015-10-01","EMULSÕES ASF. MOD. POR POLÍMEROS RM1C-E","Alagoas","-"]
["2015-12-01","EMULSÕES ASF. MOD. POR POLÍMEROS RM1C-E","Rio de Janeiro","-"]
["2016-01-01","EMULSÕES ASF. MOD. POR POLÍMEROS RM1C-E","Mato Grosso","-"]
["2016-03-01","EMULSÕES ASF. MOD. POR POLÍMEROS RM1C-E","Rio Grande do Sul","-"]
["2016-05-01","EMULSÕES ASF. MOD. POR POLÍMEROS RM1C-E","Distrito Federal","-"]
["2016-06-01","EMULSÕES ASF. MOD. POR POLÍMEROS RM1C-E","Roraima","-"]
["2016-08-01","EMULSÕES ASF. MOD. POR POLÍMEROS RM1C-E","Paraná","-"]
["2016-09-01","EMULSÕES ASF. MOD. POR POLÍMEROS RM1C-E","Rio Grande do Sul","-"]
["2016-11-01","EMULSÕES ASF. MOD. POR POLÍMEROS RM1C-E","São Paulo","-"]
["2017-01-01","EMULSÕES ASF. MOD. POR POLÍMEROS RM1C-E","Acre","-"]
["2017-03-01","EMULSÕES ASF. MOD. POR POLÍMEROS RM1C-E","Espírito Santo","-"]
["2017-04-01","EMULSÕES ASF. MOD. POR POLÍMEROS RM1C-E","Maranhão","-"]
["2017-06-01","EMULSÕES ASF. MOD. POR POLÍMEROS RM1C-E","Ceará","-"]
["2017-07-01","EMULSÕES ASF. MOD. POR POLÍMEROS RM1C-E","Rio de Janeiro","-"]
["2017-09-01","EMULSÕES ASF. MOD. POR POLÍMEROS RM1C-E","Espírito Santo","-"]
["2017-11-01","EMULSÕES ASF. MOD. POR POLÍMEROS RM1C-E","Acre","-"]
["2017-12-01","EMULSÕES ASF. MOD. POR POLÍMEROS RM1C-E","Maranhão","-"]
["2018-02-01","EMULSÕES ASF. MOD. POR POLÍMEROS RM1C-E","Santa Catarina","-"]
["2018-05-01","EMULSÕES ASF. MOD. POR POLÍMEROS RM1C-E","Alagoas","-"]
["2018-06-01","EMULSÕES ASF. MOD. POR POLÍMEROS RM1C-E","Ceará","-"]
["2018-07-01","EMULSÕES ASF. MOD. POR POLÍMEROS RM1C-E","Goiás","-"]
["2018-08-01","EMULSÕES ASF. MOD. POR POLÍMEROS RM1C-E","Rondônia","-"]
["2018-10-01","EMULSÕES ASF. MOD. POR POLÍMEROS RM1C-E","Piauí","-"]
["2018-11-01","EMULSÕES ASF. MOD. POR POLÍMEROS RM1C-E","Santa Catarina","-"]
["2019-01-01","EMULSÕES ASF. MOD. POR POLÍMEROS RM1C-E","Tocantins","-"]
["2019-04-01","EMULSÕES ASF. MOD. POR POLÍMEROS RM1C-E","Mato Grosso do Sul","-"]
["2019-05-01","EMULSÕES ASF. MOD. POR POLÍMEROS RM1C-E","Goiás","-"]
["2019-07-01","EMULSÕES ASF. MOD. POR POLÍMEROS RM1C-E","Pará","-"]
["2019-08-01","EMULSÕES ASF. MOD. POR POLÍMEROS RM1C-E","Piauí","-"]
["2019-10-01","EMULSÕES ASF. MOD. POR POLÍMEROS RM1C-E","Paraná","-"]
["2019-12-01","EMULSÕES ASF. MOD. POR POLÍMEROS RM1C-E","Pará","-"]
["2020-01-01","EMULSÕES ASF. MOD. POR POLÍMEROS RM1C-E","Amapá","-"]
["2020-03-01","EMULSÕES ASF. MOD. POR POLÍMEROS RM1C-E","Sergipe","-"]
["2020-04-01","EMULSÕES ASF. MOD. POR POLÍMEROS RM1C-E","Sergipe","-"]
["2020-07-01","EMULSÕES ASF. MOD. POR POLÍMEROS RM1C-E","Acre","-"]
["2020-08-01","EMULSÕES ASF. MOD. POR POLÍMEROS RM1C-E","Espírito Santo","-"]
["2020-10-01","EMULSÕES ASF. MOD. POR POLÍMEROS RM1C-E","Amapá","-"]
["2020-11-01","EMULSÕES ASF. MOD. POR POLÍMEROS RM1C-E","Pernambuco","-"]
["2021-01-01","EMULSÕES ASF. MOD. POR POLÍMEROS RM1C-E","Acre","-"]
["2021-02-01","EMULSÕES ASF. MOD. POR POLÍMEROS RM1C-E","Sergipe","-"]
["2021-04-01","EMULSÕES ASF. MOD. POR POLÍMEROS RM1C-E","Alagoas","-"]
["2021-06-01","EMULSÕES ASF. MOD. POR POLÍMEROS RM1C-E","Mato Grosso","-"]
["2021-07-01","EMULSÕES ASF. MOD. POR POLÍMEROS RM1C-E","Mato Grosso","-"]
["2021-09-01","EMULSÕES ASF. MOD. POR POLÍMEROS RM1C-E","Minas Gerais","-"]
["2021-10-01","EMULSÕES ASF. MOD. POR POLÍMEROS RM1C-E","Rio Grande do Norte","-"]
["2021-12-01","EMULSÕES ASF. MOD. POR POLÍMEROS RM1C-E","Paraíba","-"]
["2022-02-01","EMULSÕES ASF. MOD. POR POLÍMEROS RM1C-E","Paraná","-"]
["2022-03-01","EMULSÕES ASF. MOD. POR POLÍMEROS RM1C-E","Pernambuco","-"]
["2022-05-01","EMULSÕES ASF. MOD. POR POLÍMEROS RM1C-E","São Paulo","-"]
["2022-06-01","EMULSÕES ASF. MOD. POR POLÍMEROS RM1C-E","Rio de Janeiro","-"]
["2022-09-01","EMULSÕES ASF. MOD. POR POLÍMEROS RM1C-E","Distrito Federal","-"]
["2022-10-01","EMULSÕES ASF. MOD. POR POLÍMEROS RM1C-E","Maranhão","-"]
["2022-12-01","EMULSÕES ASF. MOD. POR POLÍMEROS RM1C-E","Alagoas","-"]
["2023-01-01","EMULSÕES ASF. MOD. POR POLÍMEROS RM1C-E","Rio de Janeiro","-"]
["2023-02-01","EMULSÕES ASF. MOD. POR POLÍMEROS RM1C-E","Tocantins","-"]
["2023-05-01","EMULSÕES ASF. MOD. POR POLÍMEROS RM1C-E","Acre","-"]
["2023-07-01","EMULSÕES ASF. MOD. POR POLÍMEROS RM1C-E","Rio de Janeiro","-"]
["2023-08-01","EMULSÕES ASF. MOD. POR POLÍMEROS RM1C-E","Maranhão","-"]
["2013-02-01","EMULSÕES ASF. MOD. POR POLÍMEROS RR1C-E","Rio Grande do Sul","-"]
["2013-04-01","EMULSÕES ASF. MOD. POR POLÍMEROS RR1C-E","Ceará","-"]
["2013-05-01","EMULSÕES ASF. MOD. POR POLÍMEROS RR1C-E","Roraima","-"]
["2013-07-01","EMULSÕES ASF. MOD. POR POLÍMEROS RR1C-E","Paraíba","-"]
["2013-08-01","EMULSÕES ASF. MOD. POR POLÍMEROS RR1C-E","Piauí","-"]
["2013-11-01","EMULSÕES ASF. MOD. POR POLÍMEROS RR1C-E","Ceará","-"]
["2013-11-01","EMULSÕES ASF. MOD. POR POLÍMEROS RR1C-E","Tocantins","-"]
["2014-02-01","EMULSÕES ASF. MOD. POR POLÍMEROS RR1C-E","Espírito Santo","-"]
["2014-03-01","EMULSÕES ASF. MOD. POR POLÍMEROS RR1C-E","Goiás","-"]
["2014-05-01","EMULSÕES ASF. MOD. POR POLÍMEROS RR1C-E","Ceará","-"]
["2014-06-01","EMULSÕES ASF. MOD. POR POLÍMEROS RR1C-E","Piauí","-"]
["2014-08-01","EMULSÕES ASF. MOD. POR POLÍMEROS RR1C-E","Espírito Santo","-"]
["2014-09-01","EMULSÕES ASF. MOD. POR POLÍMEROS RR1C-E","Tocantins","-"]
["2014-11-01","EMULSÕES ASF. MOD. POR POLÍMEROS RR1C-E","Maranhão","-"]
["2015-01-01","EMULSÕES ASF. MOD. POR POLÍMEROS RR1C-E","Roraima","-"]
["2015-02-01","EMULSÕES ASF. MOD. POR POLÍMEROS RR1C-E","Mato Grosso do Sul","-"]
["2015-04-01","EMULSÕES ASF. MOD. POR POLÍMEROS RR1C-E","Rio Grande do Norte","-"]
["2015-06-01","EMULSÕES ASF. MOD. POR POLÍMEROS RR1C-E","Espírito Santo","-"]
["2015-07-01","EMULSÕES ASF. MOD. POR POLÍMEROS RR1C-E","Rondônia","-"]
["2015-09-01","EMULSÕES ASF. MOD. POR POLÍMEROS RR1C-E","Pernambuco","-"]
["2015-10-01","EMULSÕES ASF. MOD. POR POLÍMEROS RR1C-E","Santa Catarina","-"]
["2015-12-01","EMULSÕES ASF. MOD. POR POLÍMEROS RR1C-E","Sergipe","-"]
["2016-01-01","EMULSÕES ASF. MOD. POR POLÍMEROS RR1C-E","Rondônia","-"]
["2016-04-01","EMULSÕES ASF. MOD. POR POLÍMEROS RR1C-E","Espírito Santo","-"]
["2016-05-01","EMULSÕES ASF. MOD. POR POLÍMEROS RR1C-E","Mato Grosso","-"]
["2016-07-01","EMULSÕES ASF. MOD. POR POLÍMEROS RR1C-E","Goiás","-"]
["2016-08-01","EMULSÕES ASF. MOD. POR POLÍMEROS RR1C-E","Rio Grande do Norte","-"]
["2016-10-01","EMULSÕES ASF. MOD. POR POLÍMEROS RR1C-E","Distrito Federal","-"]
["2016-12-01","EMULSÕES ASF. MOD. POR POLÍMEROS RR1C-E","Alagoas","-"]
["2017-02-01","EMULSÕES ASF. MOD. POR POLÍMEROS RR1C-E","Sergipe","-"]
["2017-03-01","EMULSÕES ASF. MOD. POR POLÍMEROS RR1C-E","São Paulo","-"]
["2017-06-01","EMULSÕES ASF. MOD. POR POLÍMEROS RR1C-E","Acre","-"]
["2017-07-01","EMULSÕES ASF. MOD. POR POLÍMEROS RR1C-E","Distrito Federal","-"]
["2017-09-01","EMULSÕES ASF. MOD. POR POLÍMEROS RR1C-E","Amapá","-"]
["2017-10-01","EMULSÕES ASF. MOD. POR POLÍMEROS RR1C-E","Paraná","-"]
["2017-11-01","EMULSÕES ASF. MOD. POR POLÍMEROS RR1C-E","Rio de Janeiro","-"]
["2018-02-01","EMULSÕES ASF. MOD. POR POLÍMEROS RR1C-E","Minas Gerais","-"]
["2018-03-01","EMULSÕES ASF. MOD. POR POLÍMEROS RR1C-E","Acre","-"]
["2018-05-01","EMULSÕES ASF. MOD. POR POLÍMEROS RR1C-E","Mato Grosso","-"]
["2018-06-01","EMULSÕES ASF. MOD. POR POLÍMEROS RR1C-E","Maranhão","-"]
["2018-08-01","EMULSÕES ASF. MOD. POR POLÍMEROS RR1C-E","Minas Gerais","-"]
["2018-09-01","EMULSÕES ASF. MOD. POR POLÍMEROS RR1C-E","Rio de Janeiro","-"]
["2018-11-01","EMULSÕES ASF. MOD. POR POLÍMEROS RR1C-E","Paraíba","-"]
["2019-01-01","EMULSÕES ASF. MOD. POR POLÍMEROS RR1C-E","Paraíba","-"]
["2019-02-01","EMULSÕES ASF. MOD. POR POLÍMEROS RR1C-E","Pernambuco","-"]
["2019-04-01","EMULSÕES ASF. MOD. POR POLÍMEROS RR1C-E","Santa Catarina","-"]
["2019-05-01","EMULSÕES ASF. MOD. POR POLÍMEROS RR1C-E","Minas Gerais","-"]
["2019-07-01","EMULSÕES ASF. MOD. POR POLÍMEROS RR1C-E","Tocantins","-"]
["2019-09-01","EMULSÕES ASF. MOD. POR POLÍMEROS RR1C-E","Goiás","-"]
["2019-11-01","EMULSÕES ASF. MOD. POR POLÍMEROS RR1C-E","Alagoas","-"]
["2019-12-01","EMULSÕES ASF. MOD. POR POLÍMEROS RR1C-E","Piauí","-"]
["2020-01-01","EMULSÕES ASF. MOD. POR POLÍMEROS RR1C-E","Tocantins","-"]
["2020-03-01","EMULSÕES ASF. MOD. POR POLÍMEROS RR1C-E","Tocantins","-"]
["2020-05-01","EMULSÕES ASF. MOD. POR POLÍMEROS RR1C-E","Alagoas","-"]
["2020-07-01","EMULSÕES ASF. MOD. POR POLÍMEROS RR1C-E","Goiás","-"]
["2020-09-01","EMULSÕES ASF. MOD. POR POLÍMEROS RR1C-E","Rio Grande do Sul","-"]
["2020-11-01","EMULSÕES ASF. MOD. POR POLÍMEROS RR1C-E","Bahia","-"]
["2020-11-01","EMULSÕES ASF. MOD. POR POLÍMEROS RR1C-E","Rio Grande do Sul","-"]
["2021-01-01","EMULSÕES ASF. MOD. POR POLÍMEROS RR1C-E","Pará","-"]
["2021-03-01","EMULSÕES ASF. MOD. POR POLÍMEROS RR1C-E","Amapá","-"]
["2021-04-01","EMULSÕES ASF. MOD. POR POLÍMEROS RR1C-E","Paraná","-"]
["2021-06-01","EMULSÕES ASF. MOD. POR POLÍMEROS RR1C-E","Sergipe","-"]
["2021-09-01","EMULSÕES ASF. MOD. POR POLÍMEROS RR1C-E","Espírito Santo","-"]
["2021-10-01","EMULSÕES ASF. MOD. POR POLÍMEROS RR1C-E","Espírito Santo","-"]
["2021-12-01","EMULSÕES ASF. MOD. POR POLÍMEROS RR1C-E","Ceará","-"]
["2022-01-01","EMULSÕES ASF. MOD. POR POLÍMEROS RR1C-E","Pernambuco","-"]
["2022-02-01","EMULSÕES ASF. MOD. POR POLÍMEROS RR1C-E","Rio Grande do Norte","-"]
["2022-04-01","EMULSÕES ASF. MOD. POR POLÍMEROS RR1C-E","Amapá","-"]
["2022-06-01","EMULSÕES ASF. MOD. POR POLÍMEROS RR1C-E","Alagoas","-"]
["2022-08-01","EMULSÕES ASF. MOD. POR POLÍMEROS RR1C-E","Piauí","-"]
["2022-09-01","EMULSÕES ASF. MOD. POR POLÍMEROS RR1C-E","Mato Grosso","-"]
["2022-11-01","EMULSÕES ASF. MOD. POR POLÍMEROS RR1C-E","Rio Grande do Norte","-"]
["2023-01-01","EMULSÕES ASF. MOD. POR POLÍMEROS RR1C-E","Distrito Federal","-"]
["2023-02-01","EMULSÕES ASF. MOD. POR POLÍMEROS RR1C-E","Rondônia","-"]
["2023-04-01","EMULSÕES ASF. MOD. POR POLÍMEROS RR1C-E","Paraná","-"]
["2023-05-01","EMULSÕES ASF. MOD. POR POLÍMEROS RR1C-E","Santa Catarina","-"]
["2023-07-01","EMULSÕES ASF. MOD. POR POLÍMEROS RR1C-E","São Paulo","-"]
["2013-01-01","EMULSÕES ASF. MOD. POR POLÍMEROS RR2C-E","Acre","-"]
["2013-03-01","EMULSÕES ASF. MOD. POR POLÍMEROS RR2C-E","Distrito Federal","-"]
["2013-04-01","EMULSÕES ASF. MOD. POR POLÍMEROS RR2C-E","Maranhão","-"]
["2013-06-01","EMULSÕES ASF. MOD. POR POLÍMEROS RR2C-E","Goiás","-"]
["2013-07-01","EMULSÕES ASF. MOD. POR POLÍMEROS RR2C-E","Rio de Janeiro","-"]
["2013-09-01","EMULSÕES ASF. MOD. POR POLÍMEROS RR2C-E","Distrito Federal","-"]
["2013-11-01","EMULSÕES ASF. MOD. POR POLÍMEROS RR2C-E","Acre","-"]
["2013-12-01","EMULSÕES ASF. MOD. POR POLÍMEROS RR2C-E","Goiás","-"]
["2014-02-01","EMULSÕES ASF. MOD. POR POLÍMEROS RR2C-E","Santa Catarina","-"]
["2014-03-01","EMULSÕES ASF. MOD. POR POLÍMEROS RR2C-E","Mato Grosso","-"]
["2014-06-01","EMULSÕES ASF. MOD. POR POLÍMEROS RR2C-E","Ceará",1.0127070776406499]
["2014-06-01","EMULSÕES ASF. MOD. POR POLÍMEROS RR2C-E","Rondônia","-"]
["2014-08-01","EMULSÕES ASF. MOD. POR POLÍMEROS RR2C-E","Rio Grande do Sul","-"]
["2014-10-01","EMULSÕES ASF. MOD. POR POLÍMEROS RR2C-E","Piauí","-"]
["2014-11-01","EMULSÕES ASF. MOD. POR POLÍMEROS RR2C-E","Roraima","-"]
["2015-01-01","EMULSÕES ASF. MOD. POR POLÍMEROS RR2C-E","Tocantins","-"]
["2015-04-01","EMULSÕES ASF. MOD. POR POLÍMEROS RR2C-E","Mato Grosso","-"]
["2015-05-01","EMULSÕES ASF. MOD. POR POLÍMEROS RR2C-E","Goiás","-"]
["2015-07-01","EMULSÕES ASF. MOD. POR POLÍMEROS RR2C-E","Minas Gerais","-"]
["2015-08-01","EMULSÕES ASF. MOD. POR POLÍMEROS RR2C-E","Piauí","-"]
["2015-10-01","EMULSÕES ASF. MOD. POR POLÍMEROS RR2C-E","Paraíba","-"]
["2015-12-01","EMULSÕES ASF. MOD. POR POLÍMEROS RR2C-E","Pará","-"]
["2016-01-01","EMULSÕES ASF. MOD. POR POLÍMEROS RR2C-E","Amapá","-"]
["2016-03-01","EMULSÕES ASF. MOD. POR POLÍMEROS RR2C-E","São Paulo","-"]
["2016-04-01","EMULSÕES ASF. MOD. POR POLÍMEROS RR2C-E","Mato Grosso do Sul","-"]
["2016-06-01","EMULSÕES ASF. MOD. POR POLÍMEROS RR2C-E","Tocantins","-"]
["2016-08-01","EMULSÕES ASF. MOD. POR POLÍMEROS RR2C-E","Espírito Santo","-"]
["2016-10-01","EMULSÕES ASF. MOD. POR POLÍMEROS RR2C-E","Alagoas","-"]
["2016-11-01","EMULSÕES ASF. MOD. POR POLÍMEROS RR2C-E","Pernambuco","-"]
["2016-12-01","EMULSÕES ASF. MOD. POR POLÍMEROS RR2C-E","Tocantins","-"]
["2017-02-01","EMULSÕES ASF. MOD. POR POLÍMEROS RR2C-E","Sergipe","-"]
["2017-04-01","EMULSÕES ASF. MOD. POR POLÍMEROS RR2C-E","Alagoas","-"]
["2017-06-01","EMULSÕES ASF. MOD. POR POLÍMEROS RR2C-E","Pará","-"]
["2017-07-01","EMULSÕES ASF. MOD. POR POLÍMEROS RR2C-E","Mato Grosso","-"]
["2017-09-01","EMULSÕES ASF. MOD. POR POLÍMEROS RR2C-E","Mato Grosso do Sul","-"]
["2017-10-01","EMULSÕES ASF. MOD. POR POLÍMEROS RR2C-E","Rio Grande do Norte","-"]
["2017-12-01","EMULSÕES ASF. MOD. POR POLÍMEROS RR2C-E","Pará","-"]
["2018-02-01","EMULSÕES ASF. MOD. POR POLÍMEROS RR2C-E","Alagoas","-"]
["2018-03-01","EMULSÕES ASF. MOD. POR POLÍMEROS RR2C-E","Paraná","-"]
["2018-05-01","EMULSÕES ASF. MOD. POR POLÍMEROS RR2C-E","São Paulo","-"]
["2018-06-01","EMULSÕES ASF. MOD. POR POLÍMEROS RR2C-E","Piauí","-"]
["2018-09-01","EMULSÕES ASF. MOD. POR POLÍMEROS RR2C-E","Distrito Federal","-"]
["2018-10-01","EMULSÕES ASF. MOD. POR POLÍMEROS RR2C-E","Maranhão","-"]
["2018-12-01","EMULSÕES ASF. MOD. POR POLÍMEROS RR2C-E","Acre","-"]
["2019-01-01","EMULSÕES ASF. MOD. POR POLÍMEROS RR2C-E","Rio de Janeiro","-"]
["2019-03-01","EMULSÕES ASF. MOD. POR POLÍMEROS RR2C-E","Amapá","-"]
["2019-05-01","EMULSÕES ASF. MOD. POR POLÍMEROS RR2C-E","Acre","-"]
["2019-07-01","EMULSÕES ASF. MOD. POR POLÍMEROS RR2C-E","Piauí","-"]
["2019-08-01","EMULSÕES ASF. MOD. POR POLÍMEROS RR2C-E","Maranhão","-"]
["2019-10-01","EMULSÕES ASF. MOD. POR POLÍMEROS RR2C-E","Rio Grande do Norte","-"]
["2019-12-01","EMULSÕES ASF. MOD. POR POLÍMEROS RR2C-E","Ceará","-"]
["2020-01-01","EMULSÕES ASF. MOD. POR POLÍMEROS RR2C-E","Rondônia","-"]
["2020-03-01","EMULSÕES ASF. MOD. POR POLÍMEROS RR2C-E","Paraíba","-"]
["2020-04-01","EMULSÕES ASF. MOD. POR POLÍMEROS RR2C-E","Amazonas","-"]
["2020-07-01","EMULSÕES ASF. MOD. POR POLÍMEROS RR2C-E","Bahia","-"]
["2020-07-01","EMULSÕES ASF. MOD. POR POLÍMEROS RR2C-E","Tocantins","-"]
["2020-10-01","EMULSÕES ASF. MOD. POR POLÍMEROS RR2C-E","Distrito Federal","-"]
["2020-11-01","EMULSÕES ASF. MOD. POR POLÍMEROS RR2C-E","Goiás","-"]
["2021-01-01","EMULSÕES ASF. MOD. POR POLÍMEROS RR2C-E","Goiás","-"]
["2021-02-01","EMULSÕES ASF. MOD. POR POLÍMEROS RR2C-E","Piauí","-"]
["2021-04-01","EMULSÕES ASF. MOD. POR POLÍMEROS RR2C-E","Distrito Federal","-"]
["2021-05-01","EMULSÕES ASF. MOD. POR POLÍMEROS RR2C-E","Tocantins","-"]
["2021-07-01","EMULSÕES ASF. MOD. POR POLÍMEROS RR2C-E","Goiás","-"]
["2021-09-01","EMULSÕES ASF. MOD. POR POLÍMEROS RR2C-E","Roraima","-"]
["2021-10-01","EMULSÕES ASF. MOD. POR POLÍMEROS RR2C-E","Mato Grosso do Sul","-"]
["2021-12-01","EMULSÕES ASF. MOD. POR POLÍMEROS RR2C-E","Rio de Janeiro","-"]
["2022-01-01","EMULSÕES ASF. MOD. POR POLÍMEROS RR2C-E","Rio Grande do Sul","-"]
["2022-03-01","EMULSÕES ASF. MOD. POR POLÍMEROS RR2C-E","Rio Grande do Sul","-"]
["2022-05-01","EMULSÕES ASF. MOD. POR POLÍMEROS RR2C-E","Pernambuco","-"]
["2022-06-01","EMULSÕES ASF. MOD. POR POLÍMEROS RR2C-E","Roraima","-"]
["2022-08-01","EMULSÕES ASF. MOD. POR POLÍMEROS RR2C-E","Sergipe","-"]
["2022-09-01","EMULSÕES ASF. MOD. POR POLÍMEROS RR2C-E","Rio Grande do Sul","-"]
["2022-12-01","EMULSÕES ASF. MOD. POR POLÍMEROS RR2C-E","Espírito Santo","-"]
["2023-01-01","EMULSÕES ASF. MOD. POR POLÍMEROS RR2C-E","Mato Grosso","-"]
["2023-03-01","EMULSÕES ASF. MOD. POR POLÍMEROS RR2C-E","Espírito Santo","-"]
["2023-04-01","EMULSÕES ASF. MOD. POR POLÍMEROS RR2C-E","Rio Grande do Norte","-"]
["2023-06-01","EMULSÕES ASF. MOD. POR POLÍMEROS RR2C-E","Ceará","-"]
["2023-08-01","EMULSÕES ASF. MOD. POR POLÍMEROS RR2C-E","Alagoas","-"]
["2013-01-01","EMULSÕES ASFÁLTICAS LA-E","Espírito Santo","-"]
["2013-03-01","EMULSÕES ASFÁLTICAS LA-E","Mato Grosso","-"]
["2013-05-01","EMULSÕES ASFÁLTICAS LA-E","Tocantins","-"]
["2013-07-01","EMULSÕES ASFÁLTICAS LA-E","Distrito Federal","-"]
["2013-09-01","EMULSÕES ASFÁLTICAS LA-E","Alagoas","-"]
["2013-10-01","EMULSÕES ASFÁLTICAS LA-E","Paraná","-"]
["2013-11-01","EMULSÕES ASFÁLTICAS LA-E","Rio de Janeiro","-"]
["2013-12-01","EMULSÕES ASFÁLTICAS LA-E","Rondônia","-"]
["2014-03-01","EMULSÕES ASFÁLTICAS LA-E","Acre","-"]
["2014-05-01","EMULSÕES ASFÁLTICAS LA-E","Pará","-"]
["2014-06-01","EMULSÕES ASFÁLTICAS LA-E","Maranhão","-"]
["2014-08-01","EMULSÕES ASFÁLTICAS LA-E","Mato Grosso do Sul","-"]
["2014-09-01","EMULSÕES ASFÁLTICAS LA-E","Rio de Janeiro","-"]
["2014-11-01","EMULSÕES ASFÁLTICAS LA-E","Pará","-"]
["2015-01-01","EMULSÕES ASFÁLTICAS LA-E","Acre","-"]
["2015-02-01","EMULSÕES ASFÁLTICAS LA-E","Paraná","-"]
["2015-04-01","EMULSÕES ASFÁLTICAS LA-E","Santa Catarina","-"]
["2015-05-01","EMULSÕES ASFÁLTICAS LA-E","Minas Gerais","-"]
["2015-07-01","EMULSÕES ASFÁLTICAS LA-E","Sergipe","-"]
["2013-01-01","EMULSÕES ASFÁLTICAS RL-1C","Goiás","-"]
["2013-03-01","EMULSÕES ASFÁLTICAS RL-1C","Acre","-"]
["2013-04-01","EMULSÕES ASFÁLTICAS RL-1C","Piauí","-"]
["2013-06-01","EMULSÕES ASFÁLTICAS RL-1C","Amapá","-"]
["2013-07-01","EMULSÕES ASFÁLTICAS RL-1C","Tocantins","-"]
["2013-09-01","EMULSÕES ASFÁLTICAS RL-1C","Acre","-"]
["2013-11-01","EMULSÕES ASFÁLTICAS RL-1C","Goiás","-"]
["2014-01-01","EMULSÕES ASFÁLTICAS RL-1C","Rio Grande do Norte","-"]
["2014-03-01","EMULSÕES ASFÁLTICAS RL-1C","Bahia","-"]
["2014-03-01","EMULSÕES ASFÁLTICAS RL-1C","Rio Grande do Sul","-"]
["2014-05-01","EMULSÕES ASFÁLTICAS RL-1C","Minas Gerais",0.91180110644959]
["2014-07-01","EMULSÕES ASFÁLTICAS RL-1C","Amapá","-"]
["2014-08-01","EMULSÕES ASFÁLTICAS RL-1C","Paraíba","-"]
["2014-10-01","EMULSÕES ASFÁLTICAS RL-1C","Sergipe","-"]
["2015-01-01","EMULSÕES ASFÁLTICAS RL-1C","Distrito Federal","-"]
["2015-02-01","EMULSÕES ASFÁLTICAS RL-1C","Espírito Santo","-"]
["2015-04-01","EMULSÕES ASFÁLTICAS RL-1C","Goiás",1.28337270166232]
["2015-05-01","EMULSÕES ASFÁLTICAS RL-1C","Pernambuco","-"]
["2015-07-01","EMULSÕES ASFÁLTICAS RL-1C","Distrito Federal","-"]
["2015-08-01","EMULSÕES ASFÁLTICAS RL-1C","Sergipe","-"]
["2015-10-01","EMULSÕES ASFÁLTICAS RL-1C","Alagoas","-"]
["2015-12-01","EMULSÕES ASFÁLTICAS RL-1C","Pernambuco","-"]
["2016-01-01","EMULSÕES ASFÁLTICAS RL-1C","Mato Grosso",1.53442913691199]
["2016-03-01","EMULSÕES ASFÁLTICAS RL-1C","Rio de Janeiro",1.33180466909143]
["2016-04-01","EMULSÕES ASFÁLTICAS RL-1C","Rio Grande do Norte","-"]
["2016-06-01","EMULSÕES ASFÁLTICAS RL-1C","Rio Grande do Sul","-"]
["2016-08-01","EMULSÕES ASFÁLTICAS RL-1C","Paraná",1.5341824255908401]
["2016-09-01","EMULSÕES ASFÁLTICAS RL-1C","Roraima","-"]
["2016-11-01","EMULSÕES ASFÁLTICAS RL-1C","São Paulo",1.2521729420408001]
["2016-12-01","EMULSÕES ASFÁLTICAS RL-1C","Pará","-"]
["2017-03-01","EMULSÕES ASFÁLTICAS RL-1C","Ceará","-"]
["2017-04-01","EMULSÕES ASFÁLTICAS RL-1C","Maranhão","-"]
["2017-06-01","EMULSÕES ASFÁLTICAS RL-1C","Espírito Santo","-"]
["2017-07-01","EMULSÕES ASFÁLTICAS RL-1C","Rio de Janeiro","-"]
["2017-09-01","EMULSÕES ASFÁLTICAS RL-1C","Ceará",1.22516807901683]
["2017-11-01","EMULSÕES ASFÁLTICAS RL-1C","Acre","-"]
["2017-12-01","EMULSÕES ASFÁLTICAS RL-1C","Espírito Santo","-"]
["2018-02-01","EMULSÕES ASFÁLTICAS RL-1C","Maranhão","-"]
["2018-03-01","EMULSÕES ASFÁLTICAS RL-1C","Maranhão","-"]
["2018-06-01","EMULSÕES ASFÁLTICAS RL-1C","Ceará","-"]
["2018-06-01","EMULSÕES ASFÁLTICAS RL-1C","Rondônia","-"]
["2018-08-01","EMULSÕES ASFÁLTICAS RL-1C","Rio Grande do Norte","-"]
["2018-10-01","EMULSÕES ASFÁLTICAS RL-1C","Piauí","-"]
["2018-11-01","EMULSÕES ASFÁLTICAS RL-1C","Rondônia","-"]
["2019-01-01","EMULSÕES ASFÁLTICAS RL-1C","Tocantins","-"]
["2019-02-01","EMULSÕES ASFÁLTICAS RL-1C","Santa Catarina","-"]
["2019-05-01","EMULSÕES ASFÁLTICAS RL-1C","Goiás",2.2352763724931402]
["2019-07-01","EMULSÕES ASFÁLTICAS RL-1C","Mato Grosso do Sul","-"]
["2019-08-01","EMULSÕES ASFÁLTICAS RL-1C","Piauí","-"]
["2019-10-01","EMULSÕES ASFÁLTICAS RL-1C","Pará","-"]
["2019-11-01","EMULSÕES ASFÁLTICAS RL-1C","Tocantins","-"]
["2020-01-01","EMULSÕES ASFÁLTICAS RL-1C","Amapá","-"]
["2020-03-01","EMULSÕES ASFÁLTICAS RL-1C","Santa Catarina","-"]
["2020-04-01","EMULSÕES ASFÁLTICAS RL-1C","Mato Grosso do Sul","-"]
["2020-06-01","EMULSÕES ASFÁLTICAS RL-1C","Sergipe","-"]
["2020-08-01","EMULSÕES ASFÁLTICAS RL-1C","Espírito Santo","-"]
["2020-10-01","EMULSÕES ASFÁLTICAS RL-1C","Acre","-"]
["2020-11-01","EMULSÕES ASFÁLTICAS RL-1C","Pernambuco","-"]
["2021-01-01","EMULSÕES ASFÁLTICAS RL-1C","Amapá","-"]
["2021-02-01","EMULSÕES ASFÁLTICAS RL-1C","Sergipe","-"]
["2021-04-01","EMULSÕES ASFÁLTICAS RL-1C","Acre","-"]
["2021-06-01","EMULSÕES ASFÁLTICAS RL-1C","Espírito Santo","-"]
["2021-07-01","EMULSÕES ASFÁLTICAS RL-1C","Mato Grosso",2.4796187555206601]
["2021-09-01","EMULSÕES ASFÁLTICAS RL-1C","Mato Grosso",2.6186225777777801]
["2021-10-01","EMULSÕES ASFÁLTICAS RL-1C","Rio Grande do Norte","-"]
["2021-12-01","EMULSÕES ASFÁLTICAS RL-1C","Minas Gerais",2.80012636270994]
["2022-02-01","EMULSÕES ASFÁLTICAS RL-1C","Alagoas","-"]
["2022-03-01","EMULSÕES ASFÁLTICAS RL-1C","Paraíba","-"]
["2022-05-01","EMULSÕES ASFÁLTICAS RL-1C","São Paulo",3.0780466645711702]
["2022-06-01","EMULSÕES ASFÁLTICAS RL-1C","Pernambuco","-"]
["2022-09-01","EMULSÕES ASFÁLTICAS RL-1C","Distrito Federal","-"]
["2022-09-01","EMULSÕES ASFÁLTICAS RL-1C","Roraima","-"]
["2022-11-01","EMULSÕES ASFÁLTICAS RL-1C","Tocantins","-"]
["2023-01-01","EMULSÕES ASFÁLTICAS RL-1C","Rio de Janeiro","-"]
["2023-03-01","EMULSÕES ASFÁLTICAS RL-1C","Alagoas","-"]
["2023-05-01","EMULSÕES ASFÁLTICAS RL-1C","Acre","-"]
["2023-05-01","EMULSÕES ASFÁLTICAS RL-1C","Tocantins","-"]
["2023-08-01","EMULSÕES ASFÁLTICAS RL-1C","Maranhão","-"]
["2013-02-01","EMULSÕES ASFÁLTICAS RM-1C","Rio de Janeiro","-"]
["2013-03-01","EMULSÕES ASFÁLTICAS RM-1C","Rio de Janeiro","-"]
["2013-05-01","EMULSÕES ASFÁLTICAS RM-1C","Rio Grande do Sul",0.916022038788602]
["2013-07-01","EMULSÕES ASFÁLTICAS RM-1C","Paraíba","-"]
["2013-08-01","EMULSÕES ASFÁLTICAS RM-1C","Amazonas","-"]
["2013-11-01","EMULSÕES ASFÁLTICAS RM-1C","Amazonas","-"]
["2013-11-01","EMULSÕES ASFÁLTICAS RM-1C","Minas Gerais",0.80476532207570395]
["2014-02-01","EMULSÕES ASFÁLTICAS RM-1C","Ceará",0.974750245948387]
["2014-03-01","EMULSÕES ASFÁLTICAS RM-1C","Goiás","-"]
["2014-05-01","EMULSÕES ASFÁLTICAS RM-1C","Espírito Santo","-"]
["2014-06-01","EMULSÕES ASFÁLTICAS RM-1C","Piauí","-"]
["2014-08-01","EMULSÕES ASFÁLTICAS RM-1C","Ceará",0.94982230350223495]
["2014-09-01","EMULSÕES ASFÁLTICAS RM-1C","Tocantins","-"]
["2014-11-01","EMULSÕES ASFÁLTICAS RM-1C","Espírito Santo","-"]
["2015-01-01","EMULSÕES ASFÁLTICAS RM-1C","Goiás",1.413020627364]
["2015-02-01","EMULSÕES ASFÁLTICAS RM-1C","Mato Grosso do Sul","-"]
["2015-04-01","EMULSÕES ASFÁLTICAS RM-1C","Piauí","-"]
["2015-05-01","EMULSÕES ASFÁLTICAS RM-1C","Rio Grande do Sul",1.0579983391882799]
["2015-07-01","EMULSÕES ASFÁLTICAS RM-1C","Rio Grande do Norte","-"]
["2015-09-01","EMULSÕES ASFÁLTICAS RM-1C","Pernambuco","-"]
["2015-10-01","EMULSÕES ASFÁLTICAS RM-1C","Rondônia","-"]
["2015-12-01","EMULSÕES ASFÁLTICAS RM-1C","Sergipe","-"]
["2016-01-01","EMULSÕES ASFÁLTICAS RM-1C","Santa Catarina","-"]
["2016-04-01","EMULSÕES ASFÁLTICAS RM-1C","Espírito Santo","-"]
["2016-06-01","EMULSÕES ASFÁLTICAS RM-1C","Mato Grosso do Sul","-"]
["2016-07-01","EMULSÕES ASFÁLTICAS RM-1C","Pernambuco","-"]
["2016-08-01","EMULSÕES ASFÁLTICAS RM-1C","Rio Grande do Norte","-"]
["2016-10-01","EMULSÕES ASFÁLTICAS RM-1C","Goiás","-"]
["2016-12-01","EMULSÕES ASFÁLTICAS RM-1C","Alagoas","-"]
["2017-01-01","EMULSÕES ASFÁLTICAS RM-1C","Distrito Federal","-"]
["2017-03-01","EMULSÕES ASFÁLTICAS RM-1C","Mato Grosso","-"]
["2017-05-01","EMULSÕES ASFÁLTICAS RM-1C","Sergipe","-"]
["2017-07-01","EMULSÕES ASFÁLTICAS RM-1C","Distrito Federal","-"]
["2017-09-01","EMULSÕES ASFÁLTICAS RM-1C","Acre","-"]
["2017-10-01","EMULSÕES ASFÁLTICAS RM-1C","Paraná",1.0558914312374099]
["2017-11-01","EMULSÕES ASFÁLTICAS RM-1C","Bahia","-"]
["2017-12-01","EMULSÕES ASFÁLTICAS RM-1C","Rio Grande do Sul",1.2509091033319999]
["2018-03-01","EMULSÕES ASFÁLTICAS RM-1C","Acre","-"]
["2018-05-01","EMULSÕES ASFÁLTICAS RM-1C","Minas Gerais",1.59642819044858]
["2018-06-01","EMULSÕES ASFÁLTICAS RM-1C","Maranhão","-"]
["2018-08-01","EMULSÕES ASFÁLTICAS RM-1C","Paraíba","-"]
["2018-09-01","EMULSÕES ASFÁLTICAS RM-1C","Rio de Janeiro","-"]
["2018-11-01","EMULSÕES ASFÁLTICAS RM-1C","Minas Gerais","-"]
["2019-01-01","EMULSÕES ASFÁLTICAS RM-1C","Acre","-"]
["2019-02-01","EMULSÕES ASFÁLTICAS RM-1C","Paraíba","-"]
["2019-04-01","EMULSÕES ASFÁLTICAS RM-1C","Santa Catarina","-"]
["2019-05-01","EMULSÕES ASFÁLTICAS RM-1C","Minas Gerais","-"]
["2019-07-01","EMULSÕES ASFÁLTICAS RM-1C","São Paulo",2.34422713029491]
["2019-08-01","EMULSÕES ASFÁLTICAS RM-1C","Rondônia","-"]
["2019-10-01","EMULSÕES ASFÁLTICAS RM-1C","Tocantins","-"]
["2019-12-01","EMULSÕES ASFÁLTICAS RM-1C","Piauí","-"]
["2020-02-01","EMULSÕES ASFÁLTICAS RM-1C","Alagoas","-"]
["2020-03-01","EMULSÕES ASFÁLTICAS RM-1C","Tocantins","-"]
["2020-04-01","EMULSÕES ASFÁLTICAS RM-1C","Tocantins","-"]
["2020-07-01","EMULSÕES ASFÁLTICAS RM-1C","Goiás","-"]
["2020-08-01","EMULSÕES ASFÁLTICAS RM-1C","Alagoas","-"]
["2020-10-01","EMULSÕES ASFÁLTICAS RM-1C","Piauí","-"]
["2020-11-01","EMULSÕES ASFÁLTICAS RM-1C","Rio Grande do Sul","-"]
["2021-01-01","EMULSÕES ASFÁLTICAS RM-1C","Mato Grosso do Sul","-"]
["2021-03-01","EMULSÕES ASFÁLTICAS RM-1C","Amapá","-"]
["2021-04-01","EMULSÕES ASFÁLTICAS RM-1C","Pará","-"]
["2021-06-01","EMULSÕES ASFÁLTICAS RM-1C","Mato Grosso do Sul","-"]
["2021-07-01","EMULSÕES ASFÁLTICAS RM-1C","Paraná",2.7398253512888302]
["2021-10-01","EMULSÕES ASFÁLTICAS RM-1C","Espírito Santo","-"]
["2021-12-01","EMULSÕES ASFÁLTICAS RM-1C","Espírito Santo","-"]
["2022-01-01","EMULSÕES ASFÁLTICAS RM-1C","Pernambuco","-"]
["2022-03-01","EMULSÕES ASFÁLTICAS RM-1C","Ceará",3.15958313063111]
["2022-04-01","EMULSÕES ASFÁLTICAS RM-1C","Sergipe","-"]
["2022-06-01","EMULSÕES ASFÁLTICAS RM-1C","Alagoas","-"]
["2022-08-01","EMULSÕES ASFÁLTICAS RM-1C","Rio Grande do Norte","-"]
["2022-09-01","EMULSÕES ASFÁLTICAS RM-1C","Mato Grosso","-"]
["2022-11-01","EMULSÕES ASFÁLTICAS RM-1C","Piauí","-"]
["2022-12-01","EMULSÕES ASFÁLTICAS RM-1C","Rio Grande do Norte","-"]
["2023-02-01","EMULSÕES ASFÁLTICAS RM-1C","Rio Grande do Norte","-"]
["2023-04-01","EMULSÕES ASFÁLTICAS RM-1C","Paraná",2.5207383446598501]
["2023-05-01","EMULSÕES ASFÁLTICAS RM-1C","Rondônia","-"]
["2023-07-01","EMULSÕES ASFÁLTICAS RM-1C","São Paulo","-"]
["2023-08-01","EMULSÕES ASFÁLTICAS RM-1C","Pará","-"]
["2013-03-01","EMULSÕES ASFÁLTICAS RM-2C","Bahia","-"]
["2013-04-01","EMULSÕES ASFÁLTICAS RM-2C","Maranhão","-"]
["2013-06-01","EMULSÕES ASFÁLTICAS RM-2C","Distrito Federal","-"]
["2013-07-01","EMULSÕES ASFÁLTICAS RM-2C","Rio de Janeiro","-"]
["2013-09-01","EMULSÕES ASFÁLTICAS RM-2C","Goiás","-"]
["2013-11-01","EMULSÕES ASFÁLTICAS RM-2C","Acre","-"]
["2013-12-01","EMULSÕES ASFÁLTICAS RM-2C","Distrito Federal","-"]
["2014-02-01","EMULSÕES ASFÁLTICAS RM-2C","Maranhão","-"]
["2014-03-01","EMULSÕES ASFÁLTICAS RM-2C","Goiás","-"]
["2014-06-01","EMULSÕES ASFÁLTICAS RM-2C","Ceará","-"]
["2014-06-01","EMULSÕES ASFÁLTICAS RM-2C","Rondônia","-"]
["2014-08-01","EMULSÕES ASFÁLTICAS RM-2C","Rio de Janeiro","-"]
["2014-10-01","EMULSÕES ASFÁLTICAS RM-2C","Amazonas","-"]
["2014-11-01","EMULSÕES ASFÁLTICAS RM-2C","Rio Grande do Sul","-"]
["2015-01-01","EMULSÕES ASFÁLTICAS RM-2C","Tocantins","-"]
["2015-02-01","EMULSÕES ASFÁLTICAS RM-2C","Roraima","-"]
["2015-05-01","EMULSÕES ASFÁLTICAS RM-2C","Goiás","-"]
["2015-07-01","EMULSÕES ASFÁLTICAS RM-2C","Paraíba","-"]
["2015-08-01","EMULSÕES ASFÁLTICAS RM-2C","Piauí","-"]
["2015-10-01","EMULSÕES ASFÁLTICAS RM-2C","Minas Gerais","-"]
["2015-11-01","EMULSÕES ASFÁLTICAS RM-2C","Tocantins","-"]
["2016-01-01","EMULSÕES ASFÁLTICAS RM-2C","Amapá","-"]
["2016-03-01","EMULSÕES ASFÁLTICAS RM-2C","Roraima","-"]
["2016-04-01","EMULSÕES ASFÁLTICAS RM-2C","Mato Grosso do Sul","-"]
["2016-06-01","EMULSÕES ASFÁLTICAS RM-2C","São Paulo","-"]
["2016-07-01","EMULSÕES ASFÁLTICAS RM-2C","Rio Grande do Sul","-"]
["2016-09-01","EMULSÕES ASFÁLTICAS RM-2C","Tocantins","-"]
["2016-11-01","EMULSÕES ASFÁLTICAS RM-2C","Pernambuco","-"]
["2017-01-01","EMULSÕES ASFÁLTICAS RM-2C","Alagoas","-"]
["2017-02-01","EMULSÕES ASFÁLTICAS RM-2C","Sergipe","-"]
["2017-03-01","EMULSÕES ASFÁLTICAS RM-2C","Tocantins","-"]
["2017-06-01","EMULSÕES ASFÁLTICAS RM-2C","Espírito Santo","-"]
["2017-07-01","EMULSÕES ASFÁLTICAS RM-2C","Mato Grosso","-"]
["2017-09-01","EMULSÕES ASFÁLTICAS RM-2C","Pará","-"]
["2017-10-01","EMULSÕES ASFÁLTICAS RM-2C","Rio Grande do Norte","-"]
["2017-12-01","EMULSÕES ASFÁLTICAS RM-2C","Mato Grosso do Sul","-"]
["2018-02-01","EMULSÕES ASFÁLTICAS RM-2C","Alagoas","-"]
["2018-03-01","EMULSÕES ASFÁLTICAS RM-2C","Pará","-"]
["2018-05-01","EMULSÕES ASFÁLTICAS RM-2C","Mato Grosso","-"]
["2018-06-01","EMULSÕES ASFÁLTICAS RM-2C","Paraná","-"]
["2018-09-01","EMULSÕES ASFÁLTICAS RM-2C","Distrito Federal","-"]
["2018-09-01","EMULSÕES ASFÁLTICAS RM-2C","Piauí","-"]
["2018-12-01","EMULSÕES ASFÁLTICAS RM-2C","Paraná","-"]
["2019-01-01","EMULSÕES ASFÁLTICAS RM-2C","Rio de Janeiro","-"]
["2019-03-01","EMULSÕES ASFÁLTICAS RM-2C","Acre","-"]
["2019-05-01","EMULSÕES ASFÁLTICAS RM-2C","Acre","-"]
["2019-06-01","EMULSÕES ASFÁLTICAS RM-2C","Amapá","-"]
["2019-08-01","EMULSÕES ASFÁLTICAS RM-2C","Maranhão","-"]
["2019-10-01","EMULSÕES ASFÁLTICAS RM-2C","Piauí","-"]
["2019-11-01","EMULSÕES ASFÁLTICAS RM-2C","Rio de Janeiro","-"]
["2020-01-01","EMULSÕES ASFÁLTICAS RM-2C","Rio Grande do Norte","-"]
["2020-03-01","EMULSÕES ASFÁLTICAS RM-2C","Paraíba","-"]
["2020-04-01","EMULSÕES ASFÁLTICAS RM-2C","Amazonas","-"]
["2020-05-01","EMULSÕES ASFÁLTICAS RM-2C","Minas Gerais","-"]
["2020-07-01","EMULSÕES ASFÁLTICAS RM-2C","Minas Gerais","-"]
["2020-10-01","EMULSÕES ASFÁLTICAS RM-2C","Bahia","-"]
["2020-11-01","EMULSÕES ASFÁLTICAS RM-2C","Goiás","-"]
["2021-01-01","EMULSÕES ASFÁLTICAS RM-2C","Distrito Federal","-"]
["2021-02-01","EMULSÕES ASFÁLTICAS RM-2C","Piauí","-"]
["2021-04-01","EMULSÕES ASFÁLTICAS RM-2C","Goiás","-"]
["2021-05-01","EMULSÕES ASFÁLTICAS RM-2C","Tocantins","-"]
["2021-07-01","EMULSÕES ASFÁLTICAS RM-2C","Distrito Federal","-"]
["2021-09-01","EMULSÕES ASFÁLTICAS RM-2C","Goiás","-"]
["2021-10-01","EMULSÕES ASFÁLTICAS RM-2C","Mato Grosso do Sul","-"]
["2021-12-01","EMULSÕES ASFÁLTICAS RM-2C","Pernambuco","-"]
["2022-01-01","EMULSÕES ASFÁLTICAS RM-2C","Rio Grande do Sul","-"]
["2022-03-01","EMULSÕES ASFÁLTICAS RM-2C","Rio de Janeiro","-"]
["2022-05-01","EMULSÕES ASFÁLTICAS RM-2C","Amapá","-"]
["2022-06-01","EMULSÕES ASFÁLTICAS RM-2C","Rio Grande do Sul","-"]
["2022-08-01","EMULSÕES ASFÁLTICAS RM-2C","Sergipe","-"]
["2022-09-01","EMULSÕES ASFÁLTICAS RM-2C","Roraima","-"]
["2022-12-01","EMULSÕES ASFÁLTICAS RM-2C","Espírito Santo","-"]
["2022-12-01","EMULSÕES ASFÁLTICAS RM-2C","São Paulo","-"]
["2023-03-01","EMULSÕES ASFÁLTICAS RM-2C","Pernambuco","-"]
["2023-04-01","EMULSÕES ASFÁLTICAS RM-2C","Rio Grande do Norte","-"]
["2023-06-01","EMULSÕES ASFÁLTICAS RM-2C","Espírito Santo","-"]
["2023-08-01","EMULSÕES ASFÁLTICAS RM-2C","Alagoas","-"]
["2013-01-01","EMULSÕES ASFÁLTICAS RR-1C","Ceará",0.67671770807014497]
["2013-03-01","EMULSÕES ASFÁLTICAS RR-1C","Mato Grosso","-"]
["2013-05-01","EMULSÕES ASFÁLTICAS RR-1C","São Paulo",0.72422230324189096]
["2013-06-01","EMULSÕES ASFÁLTICAS RR-1C","Rio Grande do Norte","-"]
["2013-08-01","EMULSÕES ASFÁLTICAS RR-1C","Tocantins","-"]
["2013-10-01","EMULSÕES ASFÁLTICAS RR-1C","Paraná",0.80459606452281096]
["2013-12-01","EMULSÕES ASFÁLTICAS RR-1C","Alagoas","-"]
["2014-01-01","EMULSÕES ASFÁLTICAS RR-1C","São Paulo",0.79352751211526495]
["2014-03-01","EMULSÕES ASFÁLTICAS RR-1C","Acre","-"]
["2014-05-01","EMULSÕES ASFÁLTICAS RR-1C","Mato Grosso do Sul","-"]
["2014-06-01","EMULSÕES ASFÁLTICAS RR-1C","Maranhão","-"]
["2014-08-01","EMULSÕES ASFÁLTICAS RR-1C","Pará","-"]
["2014-09-01","EMULSÕES ASFÁLTICAS RR-1C","Rio de Janeiro","-"]
["2014-11-01","EMULSÕES ASFÁLTICAS RR-1C","Mato Grosso do Sul","-"]
["2015-01-01","EMULSÕES ASFÁLTICAS RR-1C","Acre","-"]
["2015-02-01","EMULSÕES ASFÁLTICAS RR-1C","Pará","-"]
["2015-04-01","EMULSÕES ASFÁLTICAS RR-1C","Maranhão","-"]
["2015-05-01","EMULSÕES ASFÁLTICAS RR-1C","Minas Gerais",0.87747691001401895]
["2015-07-01","EMULSÕES ASFÁLTICAS RR-1C","Santa Catarina","-"]
["2015-08-01","EMULSÕES ASFÁLTICAS RR-1C","Rondônia","-"]
["2015-10-01","EMULSÕES ASFÁLTICAS RR-1C","Sergipe","-"]
["2015-12-01","EMULSÕES ASFÁLTICAS RR-1C","Piauí","-"]
["2016-02-01","EMULSÕES ASFÁLTICAS RR-1C","Acre","-"]
["2016-03-01","EMULSÕES ASFÁLTICAS RR-1C","Tocantins","-"]
["2016-05-01","EMULSÕES ASFÁLTICAS RR-1C","Amapá","-"]
["2016-07-01","EMULSÕES ASFÁLTICAS RR-1C","Goiás",1.4093691698461099]
["2016-08-01","EMULSÕES ASFÁLTICAS RR-1C","Acre","-"]
["2016-10-01","EMULSÕES ASFÁLTICAS RR-1C","Piauí","-"]
["2016-11-01","EMULSÕES ASFÁLTICAS RR-1C","Rio Grande do Sul",1.0757261049989599]
["2017-01-01","EMULSÕES ASFÁLTICAS RR-1C","Paraíba","-"]
["2017-03-01","EMULSÕES ASFÁLTICAS RR-1C","Amapá","-"]
["2017-04-01","EMULSÕES ASFÁLTICAS RR-1C","Minas Gerais",1.13403303840764]
["2017-06-01","EMULSÕES ASFÁLTICAS RR-1C","Mato Grosso do Sul","-"]
["2017-07-01","EMULSÕES ASFÁLTICAS RR-1C","Paraíba","-"]
["2017-10-01","EMULSÕES ASFÁLTICAS RR-1C","Espírito Santo","-"]
["2017-12-01","EMULSÕES ASFÁLTICAS RR-1C","Distrito Federal","-"]
["2018-01-01","EMULSÕES ASFÁLTICAS RR-1C","Pernambuco","-"]
["2018-03-01","EMULSÕES ASFÁLTICAS RR-1C","Goiás",1.47475862596569]
["2018-04-01","EMULSÕES ASFÁLTICAS RR-1C","Sergipe","-"]
["2018-06-01","EMULSÕES ASFÁLTICAS RR-1C","Alagoas","-"]
["2018-07-01","EMULSÕES ASFÁLTICAS RR-1C","Alagoas","-"]
["2018-09-01","EMULSÕES ASFÁLTICAS RR-1C","Mato Grosso","-"]
["2018-11-01","EMULSÕES ASFÁLTICAS RR-1C","Pernambuco","-"]
["2018-12-01","EMULSÕES ASFÁLTICAS RR-1C","Rio Grande do Norte","-"]
["2019-02-01","EMULSÕES ASFÁLTICAS RR-1C","Rio de Janeiro","-"]
["2019-04-01","EMULSÕES ASFÁLTICAS RR-1C","Alagoas","-"]
["2019-05-01","EMULSÕES ASFÁLTICAS RR-1C","Rio Grande do Sul",1.9213358482699601]
["2019-07-01","EMULSÕES ASFÁLTICAS RR-1C","São Paulo",1.8686459637311199]
["2019-08-01","EMULSÕES ASFÁLTICAS RR-1C","Roraima","-"]
["2019-11-01","EMULSÕES ASFÁLTICAS RR-1C","Distrito Federal","-"]
["2019-11-01","EMULSÕES ASFÁLTICAS RR-1C","Roraima","-"]
["2020-02-01","EMULSÕES ASFÁLTICAS RR-1C","Ceará",1.7373151958019]
["2020-03-01","EMULSÕES ASFÁLTICAS RR-1C","Rio de Janeiro","-"]
["2020-05-01","EMULSÕES ASFÁLTICAS RR-1C","Espírito Santo","-"]
["2020-07-01","EMULSÕES ASFÁLTICAS RR-1C","Acre","-"]
["2020-08-01","EMULSÕES ASFÁLTICAS RR-1C","Ceará",1.71089392418702]
["2020-10-01","EMULSÕES ASFÁLTICAS RR-1C","Maranhão","-"]
["2020-11-01","EMULSÕES ASFÁLTICAS RR-1C","Espírito Santo","-"]
["2021-01-01","EMULSÕES ASFÁLTICAS RR-1C","Rio de Janeiro","-"]
["2021-02-01","EMULSÕES ASFÁLTICAS RR-1C","Rondônia","-"]
["2021-04-01","EMULSÕES ASFÁLTICAS RR-1C","Piauí","-"]
["2021-06-01","EMULSÕES ASFÁLTICAS RR-1C","Amazonas","-"]
["2021-07-01","EMULSÕES ASFÁLTICAS RR-1C","Rio Grande do Norte","-"]
["2021-09-01","EMULSÕES ASFÁLTICAS RR-1C","Tocantins","-"]
["2021-10-01","EMULSÕES ASFÁLTICAS RR-1C","Rondônia","-"]
["2022-01-01","EMULSÕES ASFÁLTICAS RR-1C","Goiás","-"]
["2022-03-01","EMULSÕES ASFÁLTICAS RR-1C","Pará","-"]
["2022-04-01","EMULSÕES ASFÁLTICAS RR-1C","Piauí","-"]
["2022-06-01","EMULSÕES ASFÁLTICAS RR-1C","Mato Grosso do Sul",3.25484494535519]
["2022-07-01","EMULSÕES ASFÁLTICAS RR-1C","Tocantins",2.7300120253164599]
["2022-09-01","EMULSÕES ASFÁLTICAS RR-1C","Amapá","-"]
["2022-10-01","EMULSÕES ASFÁLTICAS RR-1C","Goiás","-"]
["2022-12-01","EMULSÕES ASFÁLTICAS RR-1C","Mato Grosso do Sul","-"]
["2023-02-01","EMULSÕES ASFÁLTICAS RR-1C","Santa Catarina","-"]
["2023-03-01","EMULSÕES ASFÁLTICAS RR-1C","Rio Grande do Sul","-"]
["2023-05-01","EMULSÕES ASFÁLTICAS RR-1C","Sergipe","-"]
["2023-07-01","EMULSÕES ASFÁLTICAS RR-1C","Pernambuco","-"]
["2013-01-01","EMULSÕES ASFÁLTICAS RR-2C","Acre","-"]
["2013-02-01","EMULSÕES ASFÁLTICAS RR-2C","Sergipe","-"]
["2013-04-01","EMULSÕES ASFÁLTICAS RR-2C","Amapá","-"]
["2013-06-01","EMULSÕES ASFÁLTICAS RR-2C","Espírito Santo","-"]
["2013-07-01","EMULSÕES ASFÁLTICAS RR-2C","Mato Grosso",1.0238214256310501]
["2013-09-01","EMULSÕES ASFÁLTICAS RR-2C","Minas Gerais",0.80320222080488901]
["2013-10-01","EMULSÕES ASFÁLTICAS RR-2C","Rio Grande do Norte","-"]
["2013-12-01","EMULSÕES ASFÁLTICAS RR-2C","Paraíba","-"]
["2014-02-01","EMULSÕES ASFÁLTICAS RR-2C","Alagoas","-"]
["2014-03-01","EMULSÕES ASFÁLTICAS RR-2C","Minas Gerais",0.78518666414781302]
["2014-05-01","EMULSÕES ASFÁLTICAS RR-2C","Mato Grosso",1.1245417534591]
["2014-06-01","EMULSÕES ASFÁLTICAS RR-2C","Paraíba","-"]
["2014-09-01","EMULSÕES ASFÁLTICAS RR-2C","Distrito Federal","-"]
["2014-09-01","EMULSÕES ASFÁLTICAS RR-2C","Pernambuco","-"]
["2014-12-01","EMULSÕES ASFÁLTICAS RR-2C","Paraná",0.96961080651644804]
["2015-01-01","EMULSÕES ASFÁLTICAS RR-2C","Bahia","-"]
["2015-02-01","EMULSÕES ASFÁLTICAS RR-2C","Tocantins","-"]
["2015-05-01","EMULSÕES ASFÁLTICAS RR-2C","Acre","-"]
["2015-06-01","EMULSÕES ASFÁLTICAS RR-2C","Alagoas","-"]
["2015-08-01","EMULSÕES ASFÁLTICAS RR-2C","Maranhão","-"]
["2015-10-01","EMULSÕES ASFÁLTICAS RR-2C","Pernambuco","-"]
["2015-11-01","EMULSÕES ASFÁLTICAS RR-2C","Rio de Janeiro","-"]
["2016-01-01","EMULSÕES ASFÁLTICAS RR-2C","Rio de Janeiro","-"]
["2016-03-01","EMULSÕES ASFÁLTICAS RR-2C","Acre","-"]
["2016-04-01","EMULSÕES ASFÁLTICAS RR-2C","Amazonas","-"]
["2016-05-01","EMULSÕES ASFÁLTICAS RR-2C","Mato Grosso do Sul","-"]
["2016-07-01","EMULSÕES ASFÁLTICAS RR-2C","Minas Gerais",1.27301225056981]
["2016-10-01","EMULSÕES ASFÁLTICAS RR-2C","Amazonas","-"]
["2016-10-01","EMULSÕES ASFÁLTICAS RR-2C","Rondônia","-"]
["2017-01-01","EMULSÕES ASFÁLTICAS RR-2C","Ceará",0.99233415146207404]
["2017-02-01","EMULSÕES ASFÁLTICAS RR-2C","Piauí","-"]
["2017-04-01","EMULSÕES ASFÁLTICAS RR-2C","Espírito Santo","-"]
["2017-05-01","EMULSÕES ASFÁLTICAS RR-2C","Tocantins","-"]
["2017-07-01","EMULSÕES ASFÁLTICAS RR-2C","Ceará",1.17686836770479]
["2017-09-01","EMULSÕES ASFÁLTICAS RR-2C","Goiás",1.60036004373675]
["2017-10-01","EMULSÕES ASFÁLTICAS RR-2C","Mato Grosso do Sul","-"]
["2017-12-01","EMULSÕES ASFÁLTICAS RR-2C","Rio Grande do Norte","-"]
["2018-01-01","EMULSÕES ASFÁLTICAS RR-2C","Rio Grande do Sul",1.2748081197263399]
["2018-03-01","EMULSÕES ASFÁLTICAS RR-2C","Piauí","-"]
["2018-05-01","EMULSÕES ASFÁLTICAS RR-2C","Amapá","-"]
["2018-06-01","EMULSÕES ASFÁLTICAS RR-2C","Rio Grande do Norte","-"]
["2018-08-01","EMULSÕES ASFÁLTICAS RR-2C","Mato Grosso do Sul","-"]
["2018-09-01","EMULSÕES ASFÁLTICAS RR-2C","Rondônia","-"]
["2018-12-01","EMULSÕES ASFÁLTICAS RR-2C","Espírito Santo","-"]
["2018-12-01","EMULSÕES ASFÁLTICAS RR-2C","Santa Catarina","-"]
["2019-03-01","EMULSÕES ASFÁLTICAS RR-2C","Pernambuco","-"]
["2019-04-01","EMULSÕES ASFÁLTICAS RR-2C","Rio Grande do Norte","-"]
["2019-06-01","EMULSÕES ASFÁLTICAS RR-2C","Distrito Federal","-"]
["2019-08-01","EMULSÕES ASFÁLTICAS RR-2C","Alagoas","-"]
["2019-09-01","EMULSÕES ASFÁLTICAS RR-2C","Goiás",2.1398319949811699]
["2019-11-01","EMULSÕES ASFÁLTICAS RR-2C","Mato Grosso",2.73190825234781]
["2019-12-01","EMULSÕES ASFÁLTICAS RR-2C","Distrito Federal","-"]
["2020-02-01","EMULSÕES ASFÁLTICAS RR-2C","Rio Grande do Norte","-"]
["2020-04-01","EMULSÕES ASFÁLTICAS RR-2C","Sergipe","-"]
["2020-06-01","EMULSÕES ASFÁLTICAS RR-2C","Paraná",2.0463437761031402]
["2020-08-01","EMULSÕES ASFÁLTICAS RR-2C","Acre","-"]
["2020-09-01","EMULSÕES ASFÁLTICAS RR-2C","São Paulo",2.01594380575732]
["2020-10-01","EMULSÕES ASFÁLTICAS RR-2C","Pará","-"]
["2020-11-01","EMULSÕES ASFÁLTICAS RR-2C","Rio Grande do Sul",2.0589649711066902]
["2021-02-01","EMULSÕES ASFÁLTICAS RR-2C","Maranhão","-"]
["2021-04-01","EMULSÕES ASFÁLTICAS RR-2C","Minas Gerais",2.1064879761682098]
["2021-05-01","EMULSÕES ASFÁLTICAS RR-2C","Rio de Janeiro","-"]
["2021-07-01","EMULSÕES ASFÁLTICAS RR-2C","Paraíba","-"]
["2021-09-01","EMULSÕES ASFÁLTICAS RR-2C","Acre","-"]
["2021-10-01","EMULSÕES ASFÁLTICAS RR-2C","Minas Gerais",2.9665956564674598]
["2021-12-01","EMULSÕES ASFÁLTICAS RR-2C","Maranhão","-"]
["2022-01-01","EMULSÕES ASFÁLTICAS RR-2C","Minas Gerais",3.3660400448868102]
["2022-02-01","EMULSÕES ASFÁLTICAS RR-2C","Pernambuco","-"]
["2022-02-01","EMULSÕES ASFÁLTICAS RR-2C","Piauí","-"]
["2022-02-01","EMULSÕES ASFÁLTICAS RR-2C","Rio de Janeiro","-"]
["2022-02-01","EMULSÕES ASFÁLTICAS RR-2C","Rio Grande do Norte","-"]
["2022-02-01","EMULSÕES ASFÁLTICAS RR-2C","Rio Grande do Sul","-"]
["2022-02-01","EMULSÕES ASFÁLTICAS RR-2C","Rondônia","-"]
["2022-02-01","EMULSÕES ASFÁLTICAS RR-2C","Roraima","-"]
["2022-02-01","EMULSÕES ASFÁLTICAS RR-2C","Santa Catarina","-"]
["2022-02-01","EMULSÕES ASFÁLTICAS RR-2C","São Paulo",3.4074862722992698]
["2022-02-01","EMULSÕES ASFÁLTICAS RR-2C","Sergipe","-"]
["2022-02-01","EMULSÕES ASFÁLTICAS RR-2C","Tocantins","-"]
["2022-03-01","EMULSÕES ASFÁLTICAS RR-2C","Acre","-"]
["2022-03-01","EMULSÕES ASFÁLTICAS RR-2C","Alagoas","-"]
["2022-03-01","EMULSÕES ASFÁLTICAS RR-2C","Amapá","-"]
["2022-03-01","EMULSÕES ASFÁLTICAS RR-2C","Amazonas","-"]
["2022-03-01","EMULSÕES ASFÁLTICAS RR-2C","Bahia","-"]
["2022-03-01","EMULSÕES ASFÁLTICAS RR-2C","Ceará",3.0032605209688099]
["2022-03-01","EMULSÕES ASFÁLTICAS RR-2C","Distrito Federal","-"]
["2022-03-01","EMULSÕES ASFÁLTICAS RR-2C","Espírito Santo","-"]
["2022-03-01","EMULSÕES ASFÁLTICAS RR-2C","Goiás",3.4523024571914198]
["2022-03-01","EMULSÕES ASFÁLTICAS RR-2C","Maranhão","-"]
["2022-03-01","EMULSÕES ASFÁLTICAS RR-2C","Mato Grosso",3.1486601204464599]
["2022-03-01","EMULSÕES ASFÁLTICAS RR-2C","Mato Grosso do Sul","-"]
["2022-03-01","EMULSÕES ASFÁLTICAS RR-2C","Minas Gerais",3.4521874581391998]
["2022-03-01","EMULSÕES ASFÁLTICAS RR-2C","Pará","-"]
["2022-03-01","EMULSÕES ASFÁLTICAS RR-2C","Paraíba","-"]
["2022-03-01","EMULSÕES ASFÁLTICAS RR-2C","Paraná",3.2139421418176202]
["2022-03-01","EMULSÕES ASFÁLTICAS RR-2C","Pernambuco","-"]
["2022-03-01","EMULSÕES ASFÁLTICAS RR-2C","Piauí","-"]
["2022-03-01","EMULSÕES ASFÁLTICAS RR-2C","Rio de Janeiro","-"]
["2022-03-01","EMULSÕES ASFÁLTICAS RR-2C","Rio Grande do Norte","-"]
["2022-03-01","EMULSÕES ASFÁLTICAS RR-2C","Rio Grande do Sul",3.3193821677910198]
["2022-03-01","EMULSÕES ASFÁLTICAS RR-2C","Rondônia","-"]
["2022-03-01","EMULSÕES ASFÁLTICAS RR-2C","Roraima","-"]
["2022-03-01","EMULSÕES ASFÁLTICAS RR-2C","Santa Catarina","-"]
["2022-03-01","EMULSÕES ASFÁLTICAS RR-2C","São Paulo",3.3946477567894799]
["2022-03-01","EMULSÕES ASFÁLTICAS RR-2C","Sergipe","-"]
["2022-03-01","EMULSÕES ASFÁLTICAS RR-2C","Tocantins","-"]
["2022-04-01","EMULSÕES ASFÁLTICAS RR-2C","Acre","-"]
["2022-04-01","EMULSÕES ASFÁLTICAS RR-2C","Alagoas","-"]
["2022-04-01","EMULSÕES ASFÁLTICAS RR-2C","Amapá","-"]
["2022-04-01","EMULSÕES ASFÁLTICAS RR-2C","Amazonas","-"]
["2022-04-01","EMULSÕES ASFÁLTICAS RR-2C","Bahia","-"]
["2022-04-01","EMULSÕES ASFÁLTICAS RR-2C","Ceará",3.2068204672998601]
["2022-04-01","EMULSÕES ASFÁLTICAS RR-2C","Distrito Federal","-"]
["2022-04-01","EMULSÕES ASFÁLTICAS RR-2C","Espírito Santo","-"]
["2022-04-01","EMULSÕES ASFÁLTICAS RR-2C","Goiás",3.6354048376355501]
["2022-04-01","EMULSÕES ASFÁLTICAS RR-2C","Maranhão","-"]
["2022-04-01","EMULSÕES ASFÁLTICAS RR-2C","Mato Grosso",3.38129304123381]
["2022-04-01","EMULSÕES ASFÁLTICAS RR-2C","Mato Grosso do Sul",3.70896354604317]
["2022-04-01","EMULSÕES ASFÁLTICAS RR-2C","Minas Gerais",3.5462651890007502]
["2022-04-01","EMULSÕES ASFÁLTICAS RR-2C","Pará",3.7467033935504901]
["2022-04-01","EMULSÕES ASFÁLTICAS RR-2C","Paraíba","-"]
["2022-04-01","EMULSÕES ASFÁLTICAS RR-2C","Paraná",2.9088540561360499]
["2022-04-01","EMULSÕES ASFÁLTICAS RR-2C","Pernambuco","-"]
["2022-04-01","EMULSÕES ASFÁLTICAS RR-2C","Piauí","-"]
["2022-04-01","EMULSÕES ASFÁLTICAS RR-2C","Rio de Janeiro","-"]
["2022-04-01","EMULSÕES ASFÁLTICAS RR-2C","Rio Grande do Norte","-"]
["2022-04-01","EMULSÕES ASFÁLTICAS RR-2C","Rio Grande do Sul","-"]
["2022-04-01","EMULSÕES ASFÁLTICAS RR-2C","Rondônia","-"]
["2022-04-01","EMULSÕES ASFÁLTICAS RR-2C","Roraima","-"]
["2022-04-01","EMULSÕES ASFÁLTICAS RR-2C","Santa Catarina","-"]
["2022-04-01","EMULSÕES ASFÁLTICAS RR-2C","São Paulo",3.5193903288948798]
["2022-04-01","EMULSÕES ASFÁLTICAS RR-2C","Sergipe","-"]
["2022-04-01","EMULSÕES ASFÁLTICAS RR-2C","Tocantins","-"]
["2022-05-01","EMULSÕES ASFÁLTICAS RR-2C","Acre","-"]
["2022-05-01","EMULSÕES ASFÁLTICAS RR-2C","Alagoas","-"]
["2022-05-01","EMULSÕES ASFÁLTICAS RR-2C","Amapá","-"]
["2022-05-01","EMULSÕES ASFÁLTICAS RR-2C","Amazonas","-"]
["2022-05-01","EMULSÕES ASFÁLTICAS RR-2C","Bahia","-"]
["2022-05-01","EMULSÕES ASFÁLTICAS RR-2C","Ceará",3.1243230757406]
["2022-05-01","EMULSÕES ASFÁLTICAS RR-2C","Distrito Federal","-"]
["2022-05-01","EMULSÕES ASFÁLTICAS RR-2C","Espírito Santo","-"]
["2022-05-01","EMULSÕES ASFÁLTICAS RR-2C","Goiás",3.4521035613389399]
["2022-05-01","EMULSÕES ASFÁLTICAS RR-2C","Maranhão","-"]
["2022-05-01","EMULSÕES ASFÁLTICAS RR-2C","Mato Grosso",3.5392079753504202]
["2022-05-01","EMULSÕES ASFÁLTICAS RR-2C","Mato Grosso do Sul",3.4796999588108002]
["2022-05-01","EMULSÕES ASFÁLTICAS RR-2C","Minas Gerais",3.5913817752744701]
["2022-05-01","EMULSÕES ASFÁLTICAS RR-2C","Pará","-"]
["2022-05-01","EMULSÕES ASFÁLTICAS RR-2C","Paraíba","-"]
["2022-05-01","EMULSÕES ASFÁLTICAS RR-2C","Paraná",3.1782389161123401]
["2022-05-01","EMULSÕES ASFÁLTICAS RR-2C","Pernambuco","-"]
["2022-05-01","EMULSÕES ASFÁLTICAS RR-2C","Piauí","-"]
["2022-05-01","EMULSÕES ASFÁLTICAS RR-2C","Rio de Janeiro","-"]
["2022-05-01","EMULSÕES ASFÁLTICAS RR-2C","Rio Grande do Norte","-"]
["2022-05-01","EMULSÕES ASFÁLTICAS RR-2C","Rio Grande do Sul","-"]
["2022-05-01","EMULSÕES ASFÁLTICAS RR-2C","Rondônia","-"]
["2022-05-01","EMULSÕES ASFÁLTICAS RR-2C","Roraima","-"]
["2022-05-01","EMULSÕES ASFÁLTICAS RR-2C","Santa Catarina","-"]
["2022-05-01","EMULSÕES ASFÁLTICAS RR-2C","São Paulo",2.5259686461504498]
["2022-05-01","EMULSÕES ASFÁLTICAS RR-2C","Sergipe","-"]
["2022-05-01","EMULSÕES ASFÁLTICAS RR-2C","Tocantins",3.1949246773830402]
["2022-06-01","EMULSÕES ASFÁLTICAS RR-2C","Acre","-"]
["2022-06-01","EMULSÕES ASFÁLTICAS RR-2C","Alagoas","-"]
["2022-06-01","EMULSÕES ASFÁLTICAS RR-2C","Amapá","-"]
["2022-06-01","EMULSÕES ASFÁLTICAS RR-2C","Amazonas","-"]
["2022-06-01","EMULSÕES ASFÁLTICAS RR-2C","Bahia","-"]
["2022-06-01","EMULSÕES ASFÁLTICAS RR-2C","Ceará",3.0963188606101499]
["2022-06-01","EMULSÕES ASFÁLTICAS RR-2C","Distrito Federal","-"]
["2022-06-01","EMULSÕES ASFÁLTICAS RR-2C","Espírito Santo","-"]
["2022-06-01","EMULSÕES ASFÁLTICAS RR-2C","Goiás",3.4851468223670801]
["2022-06-01","EMULSÕES ASFÁLTICAS RR-2C","Maranhão","-"]
["2022-06-01","EMULSÕES ASFÁLTICAS RR-2C","Mato Grosso",3.4387774478524702]
["2022-06-01","EMULSÕES ASFÁLTICAS RR-2C","Mato Grosso do Sul","-"]
["2022-06-01","EMULSÕES ASFÁLTICAS RR-2C","Minas Gerais",3.4623215575546902]
["2022-06-01","EMULSÕES ASFÁLTICAS RR-2C","Pará",3.8239672368336799]
["2022-06-01","EMULSÕES ASFÁLTICAS RR-2C","Paraíba","-"]
["2022-06-01","EMULSÕES ASFÁLTICAS RR-2C","Paraná",3.14901914126487]
["2022-06-01","EMULSÕES ASFÁLTICAS RR-2C","Pernambuco","-"]
["2022-06-01","EMULSÕES ASFÁLTICAS RR-2C","Piauí","-"]
["2022-06-01","EMULSÕES ASFÁLTICAS RR-2C","Rio de Janeiro","-"]
["2022-06-01","EMULSÕES ASFÁLTICAS RR-2C","Rio Grande do Norte","-"]
["2022-06-01","EMULSÕES ASFÁLTICAS RR-2C","Rio Grande do Sul","-"]
["2022-06-01","EMULSÕES ASFÁLTICAS RR-2C","Rondônia","-"]
["2022-06-01","EMULSÕES ASFÁLTICAS RR-2C","Roraima","-"]
["2022-06-01","EMULSÕES ASFÁLTICAS RR-2C","Santa Catarina","-"]
["2022-06-01","EMULSÕES ASFÁLTICAS RR-2C","São Paulo",3.4139608410539801]
["2022-06-01","EMULSÕES ASFÁLTICAS RR-2C","Sergipe","-"]
["2022-06-01","EMULSÕES ASFÁLTICAS RR-2C","Tocantins","-"]
["2022-07-01","EMULSÕES ASFÁLTICAS RR-2C","Acre","-"]
["2022-07-01","EMULSÕES ASFÁLTICAS RR-2C","Alagoas","-"]
["2022-07-01","EMULSÕES ASFÁLTICAS RR-2C","Amapá","-"]
["2022-07-01","EMULSÕES ASFÁLTICAS RR-2C","Amazonas","-"]
["2022-07-01","EMULSÕES ASFÁLTICAS RR-2C","Bahia","-"]
["2022-07-01","EMULSÕES ASFÁLTICAS RR-2C","Ceará",3.2183207111286598]
["2022-07-01","EMULSÕES ASFÁLTICAS RR-2C","Distrito Federal","-"]
["2022-07-01","EMULSÕES ASFÁLTICAS RR-2C","Espírito Santo","-"]
["2022-07-01","EMULSÕES ASFÁLTICAS RR-2C","Goiás",3.3912132308527001]
["2022-07-01","EMULSÕES ASFÁLTICAS RR-2C","Maranhão","-"]
["2022-07-01","EMULSÕES ASFÁLTICAS RR-2C","Mato Grosso",3.6455969554614298]
["2022-07-01","EMULSÕES ASFÁLTICAS RR-2C","Mato Grosso do Sul","-"]
["2022-07-01","EMULSÕES ASFÁLTICAS RR-2C","Minas Gerais",3.5442090470005199]
["2022-07-01","EMULSÕES ASFÁLTICAS RR-2C","Pará",3.4581968373754002]
["2022-07-01","EMULSÕES ASFÁLTICAS RR-2C","Paraíba","-"]
["2022-07-01","EMULSÕES ASFÁLTICAS RR-2C","Paraná",3.3068573631239202]
["2022-07-01","EMULSÕES ASFÁLTICAS RR-2C","Pernambuco","-"]
["2022-07-01","EMULSÕES ASFÁLTICAS RR-2C","Piauí","-"]
["2022-07-01","EMULSÕES ASFÁLTICAS RR-2C","Rio de Janeiro","-"]
["2022-07-01","EMULSÕES ASFÁLTICAS RR-2C","Rio Grande do Norte","-"]
["2022-07-01","EMULSÕES ASFÁLTICAS RR-2C","Rio Grande do Sul","-"]
["2022-07-01","EMULSÕES ASFÁLTICAS RR-2C","Rondônia","-"]
["2022-07-01","EMULSÕES ASFÁLTICAS RR-2C","Roraima","-"]
["2022-07-01","EMULSÕES ASFÁLTICAS RR-2C","Santa Catarina","-"]
["2022-07-01","EMULSÕES ASFÁLTICAS RR-2C","São Paulo",3.4577538562558998]
["2022-07-01","EMULSÕES ASFÁLTICAS RR-2C","Sergipe","-"]
["2022-07-01","EMULSÕES ASFÁLTICAS RR-2C","Tocantins",3.3660606057823599]
["2022-08-01","EMULSÕES ASFÁLTICAS RR-2C","Acre","-"]
["2022-08-01","EMULSÕES ASFÁLTICAS RR-2C","Alagoas","-"]
["2022-08-01","EMULSÕES ASFÁLTICAS RR-2C","Amapá","-"]
["2022-08-01","EMULSÕES ASFÁLTICAS RR-2C","Amazonas","-"]
["2022-08-01","EMULSÕES ASFÁLTICAS RR-2C","Bahia","-"]
["2022-08-01","EMULSÕES ASFÁLTICAS RR-2C","Ceará",3.1727608189111902]
["2022-08-01","EMULSÕES ASFÁLTICAS RR-2C","Distrito Federal","-"]
["2022-08-01","EMULSÕES ASFÁLTICAS RR-2C","Espírito Santo","-"]
["2022-08-01","EMULSÕES ASFÁLTICAS RR-2C","Goiás",3.5503521909567901]
["2022-08-01","EMULSÕES ASFÁLTICAS RR-2C","Maranhão","-"]
["2022-08-01","EMULSÕES ASFÁLTICAS RR-2C","Mato Grosso",3.5470878763751799]
["2022-08-01","EMULSÕES ASFÁLTICAS RR-2C","Mato Grosso do Sul","-"]
["2022-08-01","EMULSÕES ASFÁLTICAS RR-2C","Minas Gerais",3.3867903284622898]
["2022-08-01","EMULSÕES ASFÁLTICAS RR-2C","Pará",3.9657194504906998]
["2022-08-01","EMULSÕES ASFÁLTICAS RR-2C","Paraíba","-"]
["2022-08-01","EMULSÕES ASFÁLTICAS RR-2C","Paraná",3.15754371574655]
["2022-08-01","EMULSÕES ASFÁLTICAS RR-2C","Pernambuco","-"]
["2022-08-01","EMULSÕES ASFÁLTICAS RR-2C","Piauí","-"]
["2022-08-01","EMULSÕES ASFÁLTICAS RR-2C","Rio de Janeiro","-"]
["2022-08-01","EMULSÕES ASFÁLTICAS RR-2C","Rio Grande do Norte","-"]
["2022-08-01","EMULSÕES ASFÁLTICAS RR-2C","Rio Grande do Sul","-"]
["2022-08-01","EMULSÕES ASFÁLTICAS RR-2C","Rondônia","-"]
["2022-08-01","EMULSÕES ASFÁLTICAS RR-2C","Roraima","-"]
["2022-08-01","EMULSÕES ASFÁLTICAS RR-2C","Santa Catarina","-"]
["2022-08-01","EMULSÕES ASFÁLTICAS RR-2C","São Paulo",3.3697784439638201]
["2022-08-01","EMULSÕES ASFÁLTICAS RR-2C","Sergipe","-"]
["2022-08-01","EMULSÕES ASFÁLTICAS RR-2C","Tocantins",3.3357199984524901]
["2022-09-01","EMULSÕES ASFÁLTICAS RR-2C","Acre","-"]
["2022-09-01","EMULSÕES ASFÁLTICAS RR-2C","Alagoas","-"]
["2022-09-01","EMULSÕES ASFÁLTICAS RR-2C","Amapá","-"]
["2022-09-01","EMULSÕES ASFÁLTICAS RR-2C","Amazonas","-"]
["2022-09-01","EMULSÕES ASFÁLTICAS RR-2C","Bahia","-"]
["2022-09-01","EMULSÕES ASFÁLTICAS RR-2C","Ceará",3.1466470096809802]
["2022-09-01","EMULSÕES ASFÁLTICAS RR-2C","Distrito Federal","-"]
["2022-09-01","EMULSÕES ASFÁLTICAS RR-2C","Espírito Santo","-"]
["2022-09-01","EMULSÕES ASFÁLTICAS RR-2C","Goiás",3.2262129992883102]
["2022-09-01","EMULSÕES ASFÁLTICAS RR-2C","Maranhão","-"]
["2022-09-01","EMULSÕES ASFÁLTICAS RR-2C","Mato Grosso",3.4203081524592802]
["2022-09-01","EMULSÕES ASFÁLTICAS RR-2C","Mato Grosso do Sul","-"]
["2022-09-01","EMULSÕES ASFÁLTICAS RR-2C","Minas Gerais",3.2886997568766199]
["2022-09-01","EMULSÕES ASFÁLTICAS RR-2C","Pará",3.9863387078728998]
["2022-09-01","EMULSÕES ASFÁLTICAS RR-2C","Paraíba","-"]
["2022-09-01","EMULSÕES ASFÁLTICAS RR-2C","Paraná",3.11011339014637]
["2022-09-01","EMULSÕES ASFÁLTICAS RR-2C","Pernambuco","-"]
["2022-09-01","EMULSÕES ASFÁLTICAS RR-2C","Piauí","-"]
["2022-09-01","EMULSÕES ASFÁLTICAS RR-2C","Rio de Janeiro","-"]
["2022-09-01","EMULSÕES ASFÁLTICAS RR-2C","Rio Grande do Norte","-"]
["2022-09-01","EMULSÕES ASFÁLTICAS RR-2C","Rio Grande do Sul","-"]
["2022-09-01","EMULSÕES ASFÁLTICAS RR-2C","Rondônia","-"]
["2022-09-01","EMULSÕES ASFÁLTICAS RR-2C","Roraima","-"]
["2022-09-01","EMULSÕES ASFÁLTICAS RR-2C","Santa Catarina","-"]
["2022-09-01","EMULSÕES ASFÁLTICAS RR-2C","São Paulo",3.2128231527256701]
["2022-09-01","EMULSÕES ASFÁLTICAS RR-2C","Sergipe","-"]
["2022-09-01","EMULSÕES ASFÁLTICAS RR-2C","Tocantins",3.1639275158704598]
["2022-10-01","EMULSÕES ASFÁLTICAS RR-2C","Acre","-"]
["2022-10-01","EMULSÕES ASFÁLTICAS RR-2C","Alagoas","-"]
["2022-10-01","EMULSÕES ASFÁLTICAS RR-2C","Amapá","-"]
["2022-10-01","EMULSÕES ASFÁLTICAS RR-2C","Amazonas",3.8000249719214598]
["2022-10-01","EMULSÕES ASFÁLTICAS RR-2C","Bahia","-"]
["2022-10-01","EMULSÕES ASFÁLTICAS RR-2C","Ceará",2.9824863032558802]
["2022-10-01","EMULSÕES ASFÁLTICAS RR-2C","Distrito Federal","-"]
["2022-10-01","EMULSÕES ASFÁLTICAS RR-2C","Espírito Santo","-"]
["2022-10-01","EMULSÕES ASFÁLTICAS RR-2C","Goiás",2.6952937613680099]
["2022-10-01","EMULSÕES ASFÁLTICAS RR-2C","Maranhão","-"]
["2022-10-01","EMULSÕES ASFÁLTICAS RR-2C","Mato Grosso",3.1811669342801099]
["2022-10-01","EMULSÕES ASFÁLTICAS RR-2C","Mato Grosso do Sul","-"]
["2022-10-01","EMULSÕES ASFÁLTICAS RR-2C","Minas Gerais",3.1113316202290302]
["2022-10-01","EMULSÕES ASFÁLTICAS RR-2C","Pará","-"]
["2022-10-01","EMULSÕES ASFÁLTICAS RR-2C","Paraíba","-"]
["2022-10-01","EMULSÕES ASFÁLTICAS RR-2C","Paraná",3.0826038576627601]
["2022-10-01","EMULSÕES ASFÁLTICAS RR-2C","Pernambuco","-"]
["2022-10-01","EMULSÕES ASFÁLTICAS RR-2C","Piauí","-"]
["2022-10-01","EMULSÕES ASFÁLTICAS RR-2C","Rio de Janeiro","-"]
["2022-10-01","EMULSÕES ASFÁLTICAS RR-2C","Rio Grande do Norte","-"]
["2022-10-01","EMULSÕES ASFÁLTICAS RR-2C","Rio Grande do Sul","-"]
["2022-10-01","EMULSÕES ASFÁLTICAS RR-2C","Rondônia","-"]
["2022-10-01","EMULSÕES ASFÁLTICAS RR-2C","Roraima","-"]
["2022-10-01","EMULSÕES ASFÁLTICAS RR-2C","Santa Catarina","-"]
["2022-10-01","EMULSÕES ASFÁLTICAS RR-2C","São Paulo",3.0776193444586002]
["2022-10-01","EMULSÕES ASFÁLTICAS RR-2C","Sergipe","-"]
["2022-10-01","EMULSÕES ASFÁLTICAS RR-2C","Tocantins","-"]
["2022-11-01","EMULSÕES ASFÁLTICAS RR-2C","Acre","-"]
["2022-11-01","EMULSÕES ASFÁLTICAS RR-2C","Alagoas","-"]
["2022-11-01","EMULSÕES ASFÁLTICAS RR-2C","Amapá","-"]
["2022-11-01","EMULSÕES ASFÁLTICAS RR-2C","Amazonas",3.73125127094647]
["2022-11-01","EMULSÕES ASFÁLTICAS RR-2C","Bahia","-"]
["2022-11-01","EMULSÕES ASFÁLTICAS RR-2C","Ceará",2.8763463613261]
["2022-11-01","EMULSÕES ASFÁLTICAS RR-2C","Distrito Federal","-"]
["2022-11-01","EMULSÕES ASFÁLTICAS RR-2C","Espírito Santo","-"]
["2022-11-01","EMULSÕES ASFÁLTICAS RR-2C","Goiás",2.9567686486965901]
["2022-11-01","EMULSÕES ASFÁLTICAS RR-2C","Maranhão","-"]
["2022-11-01","EMULSÕES ASFÁLTICAS RR-2C","Mato Grosso",3.2876519903663102]
["2022-11-01","EMULSÕES ASFÁLTICAS RR-2C","Mato Grosso do Sul","-"]
["2022-11-01","EMULSÕES ASFÁLTICAS RR-2C","Minas Gerais",3.0772228121102798]
["2022-11-01","EMULSÕES ASFÁLTICAS RR-2C","Pará","-"]
["2022-11-01","EMULSÕES ASFÁLTICAS RR-2C","Paraíba","-"]
["2022-11-01","EMULSÕES ASFÁLTICAS RR-2C","Paraná",2.8756007289864902]
["2022-11-01","EMULSÕES ASFÁLTICAS RR-2C","Pernambuco","-"]
["2022-11-01","EMULSÕES ASFÁLTICAS RR-2C","Piauí","-"]
["2022-11-01","EMULSÕES ASFÁLTICAS RR-2C","Rio de Janeiro","-"]
["2022-11-01","EMULSÕES ASFÁLTICAS RR-2C","Rio Grande do Norte","-"]
["2022-11-01","EMULSÕES ASFÁLTICAS RR-2C","Rio Grande do Sul",2.6206504305490901]
["2022-11-01","EMULSÕES ASFÁLTICAS RR-2C","Rondônia","-"]
["2022-11-01","EMULSÕES ASFÁLTICAS RR-2C","Roraima","-"]
["2022-11-01","EMULSÕES ASFÁLTICAS RR-2C","Santa Catarina","-"]
["2022-11-01","EMULSÕES ASFÁLTICAS RR-2C","São Paulo",2.8556163983388201]
["2022-11-01","EMULSÕES ASFÁLTICAS RR-2C","Sergipe","-"]
["2022-11-01","EMULSÕES ASFÁLTICAS RR-2C","Tocantins",3.0292024957338701]
["2022-12-01","EMULSÕES ASFÁLTICAS RR-2C","Acre","-"]
["2022-12-01","EMULSÕES ASFÁLTICAS RR-2C","Alagoas","-"]
["2022-12-01","EMULSÕES ASFÁLTICAS RR-2C","Amapá","-"]
["2022-12-01","EMULSÕES ASFÁLTICAS RR-2C","Amazonas",3.4546223271138601]
["2022-12-01","EMULSÕES ASFÁLTICAS RR-2C","Bahia","-"]
["2022-12-01","EMULSÕES ASFÁLTICAS RR-2C","Ceará",2.90774355390477]
["2022-12-01","EMULSÕES ASFÁLTICAS RR-2C","Distrito Federal","-"]
["2022-12-01","EMULSÕES ASFÁLTICAS RR-2C","Espírito Santo","-"]
["2022-12-01","EMULSÕES ASFÁLTICAS RR-2C","Goiás",2.45695531408718]
["2022-12-01","EMULSÕES ASFÁLTICAS RR-2C","Maranhão","-"]
["2022-12-01","EMULSÕES ASFÁLTICAS RR-2C","Mato Grosso",3.2241272379062198]
["2022-12-01","EMULSÕES ASFÁLTICAS RR-2C","Mato Grosso do Sul",3.01407988685345]
["2022-12-01","EMULSÕES ASFÁLTICAS RR-2C","Minas Gerais",3.0247346131873498]
["2022-12-01","EMULSÕES ASFÁLTICAS RR-2C","Pará",3.0753819232785902]
["2022-12-01","EMULSÕES ASFÁLTICAS RR-2C","Paraíba","-"]
["2022-12-01","EMULSÕES ASFÁLTICAS RR-2C","Paraná",2.8046497698722499]
["2022-12-01","EMULSÕES ASFÁLTICAS RR-2C","Pernambuco","-"]
["2022-12-01","EMULSÕES ASFÁLTICAS RR-2C","Piauí","-"]
["2022-12-01","EMULSÕES ASFÁLTICAS RR-2C","Rio de Janeiro","-"]
["2022-12-01","EMULSÕES ASFÁLTICAS RR-2C","Rio Grande do Norte","-"]
["2022-12-01","EMULSÕES ASFÁLTICAS RR-2C","Rio Grande do Sul",2.60987670710887]
["2022-12-01","EMULSÕES ASFÁLTICAS RR-2C","Rondônia","-"]
["2022-12-01","EMULSÕES ASFÁLTICAS RR-2C","Roraima","-"]
["2022-12-01","EMULSÕES ASFÁLTICAS RR-2C","Santa Catarina","-"]
["2022-12-01","EMULSÕES ASFÁLTICAS RR-2C","São Paulo",2.9344478355577102]
["2022-12-01","EMULSÕES ASFÁLTICAS RR-2C","Sergipe","-"]
["2022-12-01","EMULSÕES ASFÁLTICAS RR-2C","Tocantins","-"]
["2023-01-01","EMULSÕES ASFÁLTICAS RR-2C","Acre","-"]
["2023-01-01","EMULSÕES ASFÁLTICAS RR-2C","Alagoas","-"]
["2023-01-01","EMULSÕES ASFÁLTICAS RR-2C","Amapá","-"]
["2023-01-01","EMULSÕES ASFÁLTICAS RR-2C","Amazonas",3.3422634970437799]
["2023-01-01","EMULSÕES ASFÁLTICAS RR-2C","Bahia","-"]
["2023-01-01","EMULSÕES ASFÁLTICAS RR-2C","Ceará",2.6347671956415502]
["2023-01-01","EMULSÕES ASFÁLTICAS RR-2C","Distrito Federal","-"]
["2023-01-01","EMULSÕES ASFÁLTICAS RR-2C","Espírito Santo","-"]
["2023-01-01","EMULSÕES ASFÁLTICAS RR-2C","Goiás",3.1818234403696]
["2023-01-01","EMULSÕES ASFÁLTICAS RR-2C","Maranhão","-"]
["2023-01-01","EMULSÕES ASFÁLTICAS RR-2C","Mato Grosso",3.2422826543502001]
["2023-01-01","EMULSÕES ASFÁLTICAS RR-2C","Mato Grosso do Sul","-"]
["2023-01-01","EMULSÕES ASFÁLTICAS RR-2C","Minas Gerais",3.0437661355535099]
["2023-01-01","EMULSÕES ASFÁLTICAS RR-2C","Pará","-"]
["2023-01-01","EMULSÕES ASFÁLTICAS RR-2C","Paraíba","-"]
["2023-01-01","EMULSÕES ASFÁLTICAS RR-2C","Paraná",2.7814435288381798]
["2023-01-01","EMULSÕES ASFÁLTICAS RR-2C","Pernambuco","-"]
["2023-01-01","EMULSÕES ASFÁLTICAS RR-2C","Piauí","-"]
["2023-01-01","EMULSÕES ASFÁLTICAS RR-2C","Rio de Janeiro","-"]
["2023-01-01","EMULSÕES ASFÁLTICAS RR-2C","Rio Grande do Norte","-"]
["2023-01-01","EMULSÕES ASFÁLTICAS RR-2C","Rio Grande do Sul","-"]
["2023-01-01","EMULSÕES ASFÁLTICAS RR-2C","Rondônia","-"]
["2023-01-01","EMULSÕES ASFÁLTICAS RR-2C","Roraima","-"]
["2023-01-01","EMULSÕES ASFÁLTICAS RR-2C","Santa Catarina","-"]
["2023-01-01","EMULSÕES ASFÁLTICAS RR-2C","São Paulo",2.77457764857661]
["2023-01-01","EMULSÕES ASFÁLTICAS RR-2C","Sergipe","-"]
["2023-01-01","EMULSÕES ASFÁLTICAS RR-2C","Tocantins",3.0146574974736202]
["2023-02-01","EMULSÕES ASFÁLTICAS RR-2C","Acre","-"]
["2023-02-01","EMULSÕES ASFÁLTICAS RR-2C","Alagoas","-"]
["2023-02-01","EMULSÕES ASFÁLTICAS RR-2C","Amapá","-"]
["2023-02-01","EMULSÕES ASFÁLTICAS RR-2C","Amazonas","-"]
["2023-02-01","EMULSÕES ASFÁLTICAS RR-2C","Bahia","-"]
["2023-02-01","EMULSÕES ASFÁLTICAS RR-2C","Ceará",2.50769209926781]
["2023-02-01","EMULSÕES ASFÁLTICAS RR-2C","Distrito Federal","-"]
["2023-02-01","EMULSÕES ASFÁLTICAS RR-2C","Espírito Santo","-"]
["2023-02-01","EMULSÕES ASFÁLTICAS RR-2C","Goiás",2.5904923346915698]
["2023-02-01","EMULSÕES ASFÁLTICAS RR-2C","Maranhão","-"]
["2023-02-01","EMULSÕES ASFÁLTICAS RR-2C","Mato Grosso",3.4700680940392199]
["2023-02-01","EMULSÕES ASFÁLTICAS RR-2C","Mato Grosso do Sul","-"]
["2023-02-01","EMULSÕES ASFÁLTICAS RR-2C","Minas Gerais",3.0798721397392601]
["2023-02-01","EMULSÕES ASFÁLTICAS RR-2C","Pará","-"]
["2023-02-01","EMULSÕES ASFÁLTICAS RR-2C","Paraíba","-"]
["2023-02-01","EMULSÕES ASFÁLTICAS RR-2C","Paraná",2.75874440439702]
["2023-02-01","EMULSÕES ASFÁLTICAS RR-2C","Pernambuco","-"]
["2023-02-01","EMULSÕES ASFÁLTICAS RR-2C","Piauí","-"]
["2023-02-01","EMULSÕES ASFÁLTICAS RR-2C","Rio de Janeiro","-"]
["2023-02-01","EMULSÕES ASFÁLTICAS RR-2C","Rio Grande do Norte","-"]
["2023-02-01","EMULSÕES ASFÁLTICAS RR-2C","Rio Grande do Sul",2.5770834710091099]
["2023-02-01","EMULSÕES ASFÁLTICAS RR-2C","Rondônia","-"]
["2023-02-01","EMULSÕES ASFÁLTICAS RR-2C","Roraima","-"]
["2023-02-01","EMULSÕES ASFÁLTICAS RR-2C","Santa Catarina","-"]
["2023-02-01","EMULSÕES ASFÁLTICAS RR-2C","São Paulo",2.6240950846687898]
["2023-02-01","EMULSÕES ASFÁLTICAS RR-2C","Sergipe","-"]
["2023-02-01","EMULSÕES ASFÁLTICAS RR-2C","Tocantins",2.9203834664674901]
["2023-03-01","EMULSÕES ASFÁLTICAS RR-2C","Acre","-"]
["2023-03-01","EMULSÕES ASFÁLTICAS RR-2C","Alagoas","-"]
["2023-03-01","EMULSÕES ASFÁLTICAS RR-2C","Amapá","-"]
["2023-03-01","EMULSÕES ASFÁLTICAS RR-2C","Amazonas",3.5192358682305498]
["2023-03-01","EMULSÕES ASFÁLTICAS RR-2C","Bahia","-"]
["2023-03-01","EMULSÕES ASFÁLTICAS RR-2C","Ceará",2.5325621813755701]
["2023-03-01","EMULSÕES ASFÁLTICAS RR-2C","Distrito Federal","-"]
["2023-03-01","EMULSÕES ASFÁLTICAS RR-2C","Espírito Santo","-"]
["2023-03-01","EMULSÕES ASFÁLTICAS RR-2C","Goiás",2.8495205708644402]
["2023-03-01","EMULSÕES ASFÁLTICAS RR-2C","Maranhão","-"]
["2023-03-01","EMULSÕES ASFÁLTICAS RR-2C","Mato Grosso",2.9706306488595402]
["2023-03-01","EMULSÕES ASFÁLTICAS RR-2C","Mato Grosso do Sul","-"]
["2023-03-01","EMULSÕES ASFÁLTICAS RR-2C","Minas Gerais",3.05764649582698]
["2023-03-01","EMULSÕES ASFÁLTICAS RR-2C","Pará",3.1011822194637499]
["2023-03-01","EMULSÕES ASFÁLTICAS RR-2C","Paraíba","-"]
["2023-03-01","EMULSÕES ASFÁLTICAS RR-2C","Paraná",2.57266604430444]
["2023-03-01","EMULSÕES ASFÁLTICAS RR-2C","Pernambuco","-"]
["2023-03-01","EMULSÕES ASFÁLTICAS RR-2C","Piauí","-"]
["2023-03-01","EMULSÕES ASFÁLTICAS RR-2C","Rio de Janeiro","-"]
["2023-03-01","EMULSÕES ASFÁLTICAS RR-2C","Rio Grande do Norte","-"]
["2023-03-01","EMULSÕES ASFÁLTICAS RR-2C","Rio Grande do Sul","-"]
["2023-03-01","EMULSÕES ASFÁLTICAS RR-2C","Rondônia","-"]
["2023-03-01","EMULSÕES ASFÁLTICAS RR-2C","Roraima","-"]
["2023-03-01","EMULSÕES ASFÁLTICAS RR-2C","Santa Catarina","-"]
["2023-03-01","EMULSÕES ASFÁLTICAS RR-2C","São Paulo",2.62906268349602]
["2023-03-01","EMULSÕES ASFÁLTICAS RR-2C","Sergipe","-"]
["2023-03-01","EMULSÕES ASFÁLTICAS RR-2C","Tocantins",2.9969686363438499]
["2023-04-01","EMULSÕES ASFÁLTICAS RR-2C","Acre","-"]
["2023-04-01","EMULSÕES ASFÁLTICAS RR-2C","Alagoas","-"]
["2023-04-01","EMULSÕES ASFÁLTICAS RR-2C","Amapá","-"]
["2023-04-01","EMULSÕES ASFÁLTICAS RR-2C","Amazonas",3.8825905779481702]
["2023-04-01","EMULSÕES ASFÁLTICAS RR-2C","Bahia","-"]
["2023-04-01","EMULSÕES ASFÁLTICAS RR-2C","Ceará",2.5196266596903101]
["2023-04-01","EMULSÕES ASFÁLTICAS RR-2C","Distrito Federal","-"]
["2023-04-01","EMULSÕES ASFÁLTICAS RR-2C","Espírito Santo","-"]
["2023-04-01","EMULSÕES ASFÁLTICAS RR-2C","Goiás",2.8219924057423502]
["2023-04-01","EMULSÕES ASFÁLTICAS RR-2C","Maranhão","-"]
["2023-04-01","EMULSÕES ASFÁLTICAS RR-2C","Mato Grosso",3.0079968754055]
["2023-04-01","EMULSÕES ASFÁLTICAS RR-2C","Mato Grosso do Sul","-"]
["2023-04-01","EMULSÕES ASFÁLTICAS RR-2C","Minas Gerais",2.79038077736582]
["2023-04-01","EMULSÕES ASFÁLTICAS RR-2C","Pará","-"]
["2023-04-01","EMULSÕES ASFÁLTICAS RR-2C","Paraíba","-"]
["2023-04-01","EMULSÕES ASFÁLTICAS RR-2C","Paraná",2.5806566520972001]
["2023-04-01","EMULSÕES ASFÁLTICAS RR-2C","Pernambuco","-"]
["2023-04-01","EMULSÕES ASFÁLTICAS RR-2C","Piauí","-"]
["2023-04-01","EMULSÕES ASFÁLTICAS RR-2C","Rio de Janeiro","-"]
["2023-04-01","EMULSÕES ASFÁLTICAS RR-2C","Rio Grande do Norte","-"]
["2023-04-01","EMULSÕES ASFÁLTICAS RR-2C","Rio Grande do Sul","-"]
["2023-04-01","EMULSÕES ASFÁLTICAS RR-2C","Rondônia","-"]
["2023-04-01","EMULSÕES ASFÁLTICAS RR-2C","Roraima","-"]
["2023-04-01","EMULSÕES ASFÁLTICAS RR-2C","Santa Catarina","-"]
["2023-04-01","EMULSÕES ASFÁLTICAS RR-2C","São Paulo",2.6878444642354702]
["2023-04-01","EMULSÕES ASFÁLTICAS RR-2C","Sergipe","-"]
["2023-04-01","EMULSÕES ASFÁLTICAS RR-2C","Tocantins",2.9386954658770899]
["2023-05-01","EMULSÕES ASFÁLTICAS RR-2C","Acre","-"]
["2023-05-01","EMULSÕES ASFÁLTICAS RR-2C","Alagoas","-"]
["2023-05-01","EMULSÕES ASFÁLTICAS RR-2C","Amapá","-"]
["2023-05-01","EMULSÕES ASFÁLTICAS RR-2C","Amazonas",3.6815654557751998]
["2023-05-01","EMULSÕES ASFÁLTICAS RR-2C","Bahia","-"]
["2023-05-01","EMULSÕES ASFÁLTICAS RR-2C","Ceará",2.5701330160839899]
["2023-05-01","EMULSÕES ASFÁLTICAS RR-2C","Distrito Federal","-"]
["2023-05-01","EMULSÕES ASFÁLTICAS RR-2C","Espírito Santo","-"]
["2023-05-01","EMULSÕES ASFÁLTICAS RR-2C","Goiás",2.7922785854332401]
["2023-05-01","EMULSÕES ASFÁLTICAS RR-2C","Maranhão","-"]
["2023-05-01","EMULSÕES ASFÁLTICAS RR-2C","Mato Grosso",3.0023505156459902]
["2023-05-01","EMULSÕES ASFÁLTICAS RR-2C","Mato Grosso do Sul","-"]
["2023-05-01","EMULSÕES ASFÁLTICAS RR-2C","Minas Gerais",2.77685142567098]
["2023-05-01","EMULSÕES ASFÁLTICAS RR-2C","Pará",3.17121974032856]
["2023-05-01","EMULSÕES ASFÁLTICAS RR-2C","Paraíba","-"]
["2023-05-01","EMULSÕES ASFÁLTICAS RR-2C","Paraná",2.38762269393066]
["2023-05-01","EMULSÕES ASFÁLTICAS RR-2C","Pernambuco","-"]
["2023-05-01","EMULSÕES ASFÁLTICAS RR-2C","Piauí","-"]
["2023-05-01","EMULSÕES ASFÁLTICAS RR-2C","Rio de Janeiro","-"]
["2023-05-01","EMULSÕES ASFÁLTICAS RR-2C","Rio Grande do Norte","-"]
["2023-05-01","EMULSÕES ASFÁLTICAS RR-2C","Rio Grande do Sul","-"]
["2023-05-01","EMULSÕES ASFÁLTICAS RR-2C","Rondônia","-"]
["2023-05-01","EMULSÕES ASFÁLTICAS RR-2C","Roraima","-"]
["2023-05-01","EMULSÕES ASFÁLTICAS RR-2C","Santa Catarina","-"]
["2023-05-01","EMULSÕES ASFÁLTICAS RR-2C","São Paulo",2.4961734919163301]
["2023-05-01","EMULSÕES ASFÁLTICAS RR-2C","Sergipe","-"]
["2023-05-01","EMULSÕES ASFÁLTICAS RR-2C","Tocantins","-"]
["2023-06-01","EMULSÕES ASFÁLTICAS RR-2C","Acre","-"]
["2023-06-01","EMULSÕES ASFÁLTICAS RR-2C","Alagoas","-"]
["2023-06-01","EMULSÕES ASFÁLTICAS RR-2C","Amapá","-"]
["2023-06-01","EMULSÕES ASFÁLTICAS RR-2C","Amazonas",4.0092992488741599]
["2023-06-01","EMULSÕES ASFÁLTICAS RR-2C","Bahia","-"]
["2023-06-01","EMULSÕES ASFÁLTICAS RR-2C","Ceará",2.5524836726394899]
["2023-06-01","EMULSÕES ASFÁLTICAS RR-2C","Distrito Federal","-"]
["2023-06-01","EMULSÕES ASFÁLTICAS RR-2C","Espírito Santo","-"]
["2023-06-01","EMULSÕES ASFÁLTICAS RR-2C","Goiás",2.7315522958849101]
["2023-06-01","EMULSÕES ASFÁLTICAS RR-2C","Maranhão","-"]
["2023-06-01","EMULSÕES ASFÁLTICAS RR-2C","Mato Grosso",2.9814298018924501]
["2023-06-01","EMULSÕES ASFÁLTICAS RR-2C","Mato Grosso do Sul","-"]
["2023-06-01","EMULSÕES ASFÁLTICAS RR-2C","Minas Gerais",2.72460735561482]
["2023-06-01","EMULSÕES ASFÁLTICAS RR-2C","Pará","-"]
["2023-06-01","EMULSÕES ASFÁLTICAS RR-2C","Paraíba","-"]
["2023-06-01","EMULSÕES ASFÁLTICAS RR-2C","Paraná",2.55973690576482]
["2023-06-01","EMULSÕES ASFÁLTICAS RR-2C","Pernambuco","-"]
["2023-06-01","EMULSÕES ASFÁLTICAS RR-2C","Piauí","-"]
["2023-06-01","EMULSÕES ASFÁLTICAS RR-2C","Rio de Janeiro","-"]
["2023-06-01","EMULSÕES ASFÁLTICAS RR-2C","Rio Grande do Norte","-"]
["2023-06-01","EMULSÕES ASFÁLTICAS RR-2C","Rio Grande do Sul","-"]
["2023-06-01","EMULSÕES ASFÁLTICAS RR-2C","Rondônia","-"]
["2023-06-01","EMULSÕES ASFÁLTICAS RR-2C","Roraima","-"]
["2023-06-01","EMULSÕES ASFÁLTICAS RR-2C","Santa Catarina","-"]
["2023-06-01","EMULSÕES ASFÁLTICAS RR-2C","São Paulo",2.4924548546167098]
["2023-06-01","EMULSÕES ASFÁLTICAS RR-2C","Sergipe","-"]
["2023-06-01","EMULSÕES ASFÁLTICAS RR-2C","Tocantins",2.67529450782488]
["2023-07-01","EMULSÕES ASFÁLTICAS RR-2C","Acre","-"]
["2023-07-01","EMULSÕES ASFÁLTICAS RR-2C","Alagoas","-"]
["2023-07-01","EMULSÕES ASFÁLTICAS RR-2C","Amapá","-"]
["2023-07-01","EMULSÕES ASFÁLTICAS RR-2C","Amazonas",3.6065213582095401]
["2023-07-01","EMULSÕES ASFÁLTICAS RR-2C","Bahia","-"]
["2023-07-01","EMULSÕES ASFÁLTICAS RR-2C","Ceará",2.56724153325752]
["2023-07-01","EMULSÕES ASFÁLTICAS RR-2C","Distrito Federal","-"]
["2023-07-01","EMULSÕES ASFÁLTICAS RR-2C","Espírito Santo","-"]
["2023-07-01","EMULSÕES ASFÁLTICAS RR-2C","Goiás",2.6796071702448101]
["2023-07-01","EMULSÕES ASFÁLTICAS RR-2C","Maranhão","-"]
["2023-07-01","EMULSÕES ASFÁLTICAS RR-2C","Mato Grosso",2.9798254759573002]
["2023-07-01","EMULSÕES ASFÁLTICAS RR-2C","Mato Grosso do Sul",2.7378386517330799]
["2023-07-01","EMULSÕES ASFÁLTICAS RR-2C","Minas Gerais",2.6455719449202402]
["2023-07-01","EMULSÕES ASFÁLTICAS RR-2C","Pará","-"]
["2023-07-01","EMULSÕES ASFÁLTICAS RR-2C","Paraíba","-"]
["2023-07-01","EMULSÕES ASFÁLTICAS RR-2C","Paraná",2.5631897637677401]
["2023-07-01","EMULSÕES ASFÁLTICAS RR-2C","Pernambuco","-"]
["2023-07-01","EMULSÕES ASFÁLTICAS RR-2C","Piauí","-"]
["2023-07-01","EMULSÕES ASFÁLTICAS RR-2C","Rio de Janeiro","-"]
["2023-07-01","EMULSÕES ASFÁLTICAS RR-2C","Rio Grande do Norte","-"]
["2023-07-01","EMULSÕES ASFÁLTICAS RR-2C","Rio Grande do Sul","-"]
["2023-07-01","EMULSÕES ASFÁLTICAS RR-2C","Rondônia","-"]
["2023-07-01","EMULSÕES ASFÁLTICAS RR-2C","Roraima","-"]
["2023-07-01","EMULSÕES ASFÁLTICAS RR-2C","Santa Catarina","-"]
["2023-07-01","EMULSÕES ASFÁLTICAS RR-2C","São Paulo",2.5241436463351001]
["2023-07-01","EMULSÕES ASFÁLTICAS RR-2C","Sergipe","-"]
["2023-07-01","EMULSÕES ASFÁLTICAS RR-2C","Tocantins",2.7042001533118398]
["2023-08-01","EMULSÕES ASFÁLTICAS RR-2C","Acre","-"]
["2023-08-01","EMULSÕES ASFÁLTICAS RR-2C","Alagoas","-"]
["2023-08-01","EMULSÕES ASFÁLTICAS RR-2C","Amapá","-"]
["2023-08-01","EMULSÕES ASFÁLTICAS RR-2C","Amazonas",3.6847888545823499]
["2023-08-01","EMULSÕES ASFÁLTICAS RR-2C","Bahia","-"]
["2023-08-01","EMULSÕES ASFÁLTICAS RR-2C","Ceará",2.5832733233303098]
["2023-08-01","EMULSÕES ASFÁLTICAS RR-2C","Distrito Federal","-"]
["2023-08-01","EMULSÕES ASFÁLTICAS RR-2C","Espírito Santo","-"]
["2023-08-01","EMULSÕES ASFÁLTICAS RR-2C","Goiás",2.8803241587642598]
["2023-08-01","EMULSÕES ASFÁLTICAS RR-2C","Maranhão","-"]
["2023-08-01","EMULSÕES ASFÁLTICAS RR-2C","Mato Grosso",2.9732980090484902]
["2023-08-01","EMULSÕES ASFÁLTICAS RR-2C","Mato Grosso do Sul",2.7770091352692798]
["2023-08-01","EMULSÕES ASFÁLTICAS RR-2C","Minas Gerais",2.68166831384635]
["2023-08-01","EMULSÕES ASFÁLTICAS RR-2C","Pará","-"]
["2023-08-01","EMULSÕES ASFÁLTICAS RR-2C","Paraíba","-"]
["2023-08-01","EMULSÕES ASFÁLTICAS RR-2C","Paraná",2.6621856287663501]
["2023-08-01","EMULSÕES ASFÁLTICAS RR-2C","Pernambuco","-"]
["2023-08-01","EMULSÕES ASFÁLTICAS RR-2C","Piauí","-"]
["2023-08-01","EMULSÕES ASFÁLTICAS RR-2C","Rio de Janeiro","-"]
["2023-08-01","EMULSÕES ASFÁLTICAS RR-2C","Rio Grande do Norte","-"]
["2023-08-01","EMULSÕES ASFÁLTICAS RR-2C","Rio Grande do Sul","-"]
["2023-08-01","EMULSÕES ASFÁLTICAS RR-2C","Rondônia","-"]
["2023-08-01","EMULSÕES ASFÁLTICAS RR-2C","Roraima","-"]
["2023-08-01","EMULSÕES ASFÁLTICAS RR-2C","Santa Catarina","-"]
["2023-08-01","EMULSÕES ASFÁLTICAS RR-2C","São Paulo",2.5738127240129201]
["2023-08-01","EMULSÕES ASFÁLTICAS RR-2C","Sergipe","-"]
["2023-08-01","EMULSÕES ASFÁLTICAS RR-2C","Tocantins",2.7318124093818001]
["Nota 1: Preços à vista, sem frete, com todos os impostos inclusos, à exceção do ICMS, do PIS/Pasep e da Cofins."]
["Nota 2: As informações são baseadas em dados preliminares, portanto sujeitos a reprocessamento por parte dos informantes nos moldes da Resolução ANP nº 729/2018."]
["Nota 3: Quando não houver declaração de venda do produto selecionado, ou quando a declaração de venda do produto ocorrer por menos de 03 (três) distribuidoras, a tabela indicará campo vazio."]

{"sheet":"ANP REGIÃO","index":16,"n_rows":4507,"n_cols":8,"rows_kept":4507,"cut":false,"hidden":true,"merged":[[4,11,4,17],[5,0,5,7]]}
["                       Agência Nacional do Petróleo, Gás Natural e Biocombustíveis"]
["                       Superintendência de Defesa da Concorrência"]
[]
[]
[]
["PREÇO MÉDIO MENSAL PONDERADO PRATICADO PELOS DISTRIBUIDORES DE PRODUTOS ASFÁLTICOS (R$/KG)"]
[]
["Produto","Mês","Norte","Nordeste","Centro-Oeste","Sudeste","Sul","Brasil"]
["ASFALTOS DILUÍDOS CM-30","2008-11-01",1.7754682918998601,1.5508785295550001,2.0221432912585202,1.55449366962941,1.5845328987092,1.6428683696170401]
["ASFALTOS DILUÍDOS CM-30","2008-12-01",1.80683766686717,1.50911819182929,2.0130201238521499,1.6109022231682399,1.60718759060469,1.63758147079418]
["ASFALTOS DILUÍDOS CM-30","2009-01-01",1.4970528576078801,1.5042963456495599,1.9630976707497401,1.5246722466199401,1.5851372087870099,1.5649458764763899]
["ASFALTOS DILUÍDOS CM-30","2009-02-01",1.4278711198663001,1.49769328314874,1.98106509838221,1.5834902312199199,1.59592406203023,1.5654510357834299]
["ASFALTOS DILUÍDOS CM-30","2009-03-01",1.4049414048856499,1.49764798670541,1.8934302630294999,1.52754781962842,1.58872002905704,1.53271314666768]
["ASFALTOS DILUÍDOS CM-30","2009-04-01",1.4105107475190599,1.48482626123974,1.90922642871696,1.46414937057964,1.55383192849663,1.5167176477872999]
["ASFALTOS DILUÍDOS CM-30","2009-05-01",1.48035567824698,1.46689892810416,1.89159043509598,1.4354437183828599,1.5416111798697301,1.53757437092669]
["ASFALTOS DILUÍDOS CM-30","2009-06-01",1.5807510393098001,1.4448888371048501,1.8420741185475,1.42426431487869,1.5015266955746001,1.54131557536043]
["ASFALTOS DILUÍDOS CM-30","2009-07-01",1.9054324764830901,1.48261821130071,1.94904634466626,1.5844352989751,1.61031043627529,1.65103252279669]
["ASFALTOS DILUÍDOS CM-30","2009-08-01",1.7169951839451201,1.42385491467324,1.7123854783999499,1.41800080530824,1.5206434973011,1.50491146862119]
["ASFALTOS DILUÍDOS CM-30","2009-09-01",1.64329493990732,1.4453177609909,1.7315188027842801,1.4193742513482801,1.5007358948820999,1.5055231197075301]
["ASFALTOS DILUÍDOS CM-30","2009-10-01",1.5880319242410601,1.4589326485129199,1.76201505576589,1.4290244192068799,1.51375383089617,1.5116819041243299]
["ASFALTOS DILUÍDOS CM-30","2009-11-01",1.6393486036846701,1.44905977729413,1.77265081685657,1.43412267701216,1.52604318845395,1.49965739239959]
["ASFALTOS DILUÍDOS CM-30","2009-12-01",1.6642668525686799,1.4419666364804899,1.89057480209378,1.42907772712909,1.5205393340203099,1.50886459791075]
["ASFALTOS DILUÍDOS CM-30","2010-01-01",1.8425061442306101,1.45497712886771,1.8650224473705399,1.41481760845573,1.47445076513561,1.4977352271212701]
["ASFALTOS DILUÍDOS CM-30","2010-02-01",1.7098869153976699,1.44295648723314,1.91984474110405,1.43314625058519,1.50088244788775,1.49654225079097]
["ASFALTOS DILUÍDOS CM-30","2010-03-01",1.5357434160141099,1.4488804992636399,1.9350627276766801,1.4350261163298199,1.48061863472735,1.4867898022700099]
["ASFALTOS DILUÍDOS CM-30","2010-04-01",1.71004647936427,1.4403002542747201,1.9119359608628499,1.42110215320455,1.48127093672067,1.5110864313452399]
["ASFALTOS DILUÍDOS CM-30","2010-05-01",1.7556104652601601,1.43527722078748,1.87329388879634,1.4069444319626101,1.4817760495024801,1.5371705654397601]
["ASFALTOS DILUÍDOS CM-30","2010-06-01",1.60222431364512,1.3960043359825101,1.73173472148983,1.39999622708047,1.49193962048935,1.4980734181535]
["ASFALTOS DILUÍDOS CM-30","2010-07-01",1.5599016265733601,1.38101670849199,1.73268821398304,1.40290485561038,1.4738544273665899,1.4900752694585799]
["ASFALTOS DILUÍDOS CM-30","2010-08-01",1.5266393894179699,1.3881783604979301,1.7389460865755899,1.39875123622145,1.4557498491251599,1.49582851552362]
["ASFALTOS DILUÍDOS CM-30","2010-09-01",1.56537882918275,1.4082046639368899,1.7570273782082899,1.4116428753019299,1.4872577446280599,1.5122571279255601]
["ASFALTOS DILUÍDOS CM-30","2010-10-01",1.4817112940720001,1.4043577151639299,1.75115994660561,1.40348943663518,1.46934084704194,1.49988826027769]
["ASFALTOS DILUÍDOS CM-30","2010-11-01",1.51926767187201,1.4101309036969301,1.7794056254202699,1.42128382162457,1.4585591123489401,1.4816586349871601]
["ASFALTOS DILUÍDOS CM-30","2010-12-01",1.55928755568463,1.4098205101455901,1.82518561826431,1.41767357242667,1.4732438844110001,1.46911303094829]
["ASFALTOS DILUÍDOS CM-30","2011-01-01",1.5259233049696701,1.4457940919018299,1.7746009235903799,1.40327423482064,1.4660028138910199,1.45725606620142]
["ASFALTOS DILUÍDOS CM-30","2011-02-01",1.5528251122422301,1.39209425922809,1.7638361229571999,1.3851949371119501,1.4495588401983599,1.42625047832512]
["ASFALTOS DILUÍDOS CM-30","2011-03-01",1.46921969255447,1.3694429163926101,1.69601792225859,1.3538128040962201,1.43517069396331,1.40013024899142]
["ASFALTOS DILUÍDOS CM-30","2011-04-01",1.4705702617293499,1.3732204915694,1.65082939356418,1.3459281034814099,1.42199893967761,1.40049352195201]
["ASFALTOS DILUÍDOS CM-30","2011-05-01",1.42852895521029,1.32264626665125,1.70038091262445,1.34506816329685,1.4393614312493499,1.4280580185794001]
["ASFALTOS DILUÍDOS CM-30","2011-06-01",1.4076221633546699,1.30570865679807,1.7418436691513799,1.35462049487305,1.3995016927263899,1.4402998200984301]
["ASFALTOS DILUÍDOS CM-30","2011-07-01",1.2592340651332099,1.31203330503768,1.7374896957007,1.33656388024799,1.42247488727441,1.4208392524384701]
["ASFALTOS DILUÍDOS CM-30","2011-08-01",1.47068006097884,1.29977876459346,1.7274434847201201,1.3414778214791101,1.3530183517868399,1.4256755337310001]
["ASFALTOS DILUÍDOS CM-30","2011-09-01",1.5613287195812999,1.32119608413652,1.7298215476496701,1.3574514832033799,1.39568479771556,1.4552024134611601]
["ASFALTOS DILUÍDOS CM-30","2011-10-01",1.5205697215342999,1.32621873554519,1.7173804596917099,1.3326913923266801,1.35777740020148,1.4422958710201099]
["ASFALTOS DILUÍDOS CM-30","2011-11-01",1.4658863342192201,1.33704115355612,1.74100488561302,1.3454861032743,1.44758056509169,1.44535413743928]
["ASFALTOS DILUÍDOS CM-30","2011-12-01",1.47088389868187,1.3355876360155901,1.77872414103756,1.4082930677979799,1.42811230573727,1.42241860380463]
["ASFALTOS DILUÍDOS CM-30","2012-01-01",1.38495501534378,1.35013015565112,1.78078388266024,1.4213541069575899,1.43035247420828,1.3946581672576801]
["ASFALTOS DILUÍDOS CM-30","2012-02-01",1.33218167759685,1.3681438910682699,1.7410203936345201,1.4002009849686801,1.42540098572952,1.41060570735841]
["ASFALTOS DILUÍDOS CM-30","2012-03-01",1.41162186722536,1.3491222141696599,1.6200960057076501,1.3932957641863899,1.40613056853642,1.4097687857718399]
["ASFALTOS DILUÍDOS CM-30","2012-04-01",1.5490079115367099,1.38397645642291,1.6407127520439599,1.4047163969885299,1.4406177932909401,1.45608481951581]
["ASFALTOS DILUÍDOS CM-30","2012-05-01",1.5961789407631799,1.3863622723418301,1.7120611831014101,1.3992395496323999,1.44835088710384,1.49846196901143]
["ASFALTOS DILUÍDOS CM-30","2012-06-01",1.7014325756300901,1.3880535176053601,1.7403520072135501,1.4221187493315099,1.4491960719572901,1.52772271688927]
["ASFALTOS DILUÍDOS CM-30","2012-07-01",1.65202674168012,1.3943685703483999,1.71864484609739,1.43967026065446,1.4618756698398201,1.52306915852142]
["ASFALTOS DILUÍDOS CM-30","2012-08-01",1.6899988348486501,1.4033378504117699,1.7418950411876,1.4217233694882401,1.44568579908647,1.53653307839077]
["ASFALTOS DILUÍDOS CM-30","2012-09-01",1.69017797197561,1.4215000029945399,1.78092072425426,1.4451804324814801,1.48364586620957,1.54941065294832]
["ASFALTOS DILUÍDOS CM-30","2012-10-01",1.5748403417735899,1.4170661089937799,1.79483203593867,1.45130452564271,1.4820371089264299,1.55063180157561]
["ASFALTOS DILUÍDOS CM-30","2012-11-01",1.65516352572317,1.4558787477556401,1.8401297664388201,1.46120461470242,1.48349972244076,1.5525007759277401]
["ASFALTOS DILUÍDOS CM-30","2012-12-01",1.7148761252476299,1.4358547414042899,1.8040665730235499,1.45222765028946,1.50941764842658,1.52341199897343]
["ASFALTOS DILUÍDOS CM-30","2013-01-01",1.49577633531191,1.44949458828046,1.8540505249269701,1.4463875204232599,1.56375367464338,1.50213725855157]
["ASFALTOS DILUÍDOS CM-30","2013-02-01",1.63506766632928,1.4206096380056299,1.7310714983768301,1.4427463556625999,1.46182840452314,1.4739560998096299]
["ASFALTOS DILUÍDOS CM-30","2013-03-01",1.64622909837702,1.4132999826764701,1.8382808702142499,1.4500151515812301,1.5257604132131899,1.50654290402751]
["ASFALTOS DILUÍDOS CM-30","2013-04-01",1.58186447420957,1.3991895644616701,1.79382511315724,1.45870475480117,1.5519137019638101,1.52362363569827]
["ASFALTOS DILUÍDOS CM-30","2013-05-01",1.8156467734021,1.39014351735734,1.8127833125556001,1.44951051987609,1.50423345709171,1.5499185916148599]
["ASFALTOS DILUÍDOS CM-30","2013-06-01",1.63110158326941,1.38318653634939,1.8166421053117801,1.4742326405210699,1.5030436887514,1.5810494287432499]
["ASFALTOS DILUÍDOS CM-30","2013-07-01",1.8659656299136,1.42205111668206,1.79307275349939,1.4980188082142001,1.5333919012130299,1.5988051300497299]
["ASFALTOS DILUÍDOS CM-30","2013-08-01",1.70032554637977,1.4350944152129499,1.82145261353941,1.51172286771259,1.5307935959615,1.6061765850235601]
["ASFALTOS DILUÍDOS CM-30","2013-09-01",1.5628737334467799,1.4721977478463999,1.8798427121896299,1.5426528666514701,1.4906675433518599,1.6279458927396999]
["ASFALTOS DILUÍDOS CM-30","2013-10-01",1.6485040126782,1.4721523452379699,1.8254949973735899,1.5011776822532601,1.48378911995961,1.5975387750854599]
["ASFALTOS DILUÍDOS CM-30","2013-11-01",1.61917906168021,1.48641331720331,1.84401267887188,1.4963268091994699,1.50609687786851,1.5816658440637199]
["ASFALTOS DILUÍDOS CM-30","2013-12-01",1.6333582932936299,1.4948180974693199,1.89719717550119,1.5028645378154499,1.5170742961572301,1.5724752435084499]
["ASFALTOS DILUÍDOS CM-30","2014-01-01",1.68831126455424,1.49418130532374,1.7983559033019201,1.4842022930063701,1.53335381271635,1.54290973739171]
["ASFALTOS DILUÍDOS CM-30","2014-02-01",1.59830443443186,1.4797065865711001,1.81439021548748,1.51482939242944,1.5228005876490101,1.52897028728187]
["ASFALTOS DILUÍDOS CM-30","2014-03-01",1.6482876867145899,1.4728525009148301,1.7665731898758701,1.51302067306437,1.5061852476586299,1.5301811776597201]
["ASFALTOS DILUÍDOS CM-30","2014-04-01",1.5344599867413899,1.4938987674094699,1.75727127765707,1.5330213089948701,1.52427527376532,1.55056630528423]
["ASFALTOS DILUÍDOS CM-30","2014-05-01",1.5865832695017901,1.4908346854055601,1.80433925149228,1.5011381313711201,1.56704382429026,1.5864522723947601]
["ASFALTOS DILUÍDOS CM-30","2014-06-01",1.65827716419978,1.50580112108833,1.8395934446217701,1.5068631996744899,1.5237769525751901,1.6360707022927901]
["ASFALTOS DILUÍDOS CM-30","2014-07-01",1.8902995420863999,1.5007305138567999,1.7082778651547601,1.48729396381471,1.50595606887474,1.5870651583370901]
["ASFALTOS DILUÍDOS CM-30","2014-08-01",1.63274183169974,1.5019453239585201,1.67120318927315,1.4823593406142499,1.5063273663854,1.5579103773244301]
["ASFALTOS DILUÍDOS CM-30","2014-09-01",1.6695671702572701,1.5468304268817501,1.8647970160765199,1.49676458469109,1.57053324178022,1.6392810567885501]
["ASFALTOS DILUÍDOS CM-30","2014-10-01",1.7428769161762001,1.5089785690064199,1.7466504658087401,1.4707736452826099,1.45427346192267,1.5791202203838]
["ASFALTOS DILUÍDOS CM-30","2014-11-01",1.8647234193559801,1.5794305899027301,1.7491562181382101,1.4650844794435101,1.5291479878657299,1.60135982109714]
["ASFALTOS DILUÍDOS CM-30","2014-12-01",1.81267191410511,1.70484434847557,1.96331006616174,1.6236767016868801,1.6496446594888401,1.7188269809751999]
["ASFALTOS DILUÍDOS CM-30","2015-01-01",2.1548070622378601,2.02376044659928,2.3188637362500901,1.8665889669959499,1.8983804341416599,2.0077920317642199]
["ASFALTOS DILUÍDOS CM-30","2015-02-01",2.2602386249872799,2.0056737654799601,2.39387576246911,1.85451976590239,1.9273951074271201,2.00765378088209]
["ASFALTOS DILUÍDOS CM-30","2015-03-01",2.1241764622724202,1.96882284881577,2.2796432544485601,1.88776091061912,1.9302171448271599,1.9848169156900299]
["ASFALTOS DILUÍDOS CM-30","2015-04-01",2.0300495054839298,2.0015064478681901,2.3791189033714599,1.85245166957993,1.9490252540308499,1.9806432104751801]
["ASFALTOS DILUÍDOS CM-30","2015-05-01",2.5072716513000901,1.9468699084785499,2.25475819219993,1.8074700012303,2.01692953578045,2.0054742341523002]
["ASFALTOS DILUÍDOS CM-30","2015-06-01",2.2483200417790399,1.94425973597255,2.3143317956031799,1.8469985947421299,1.96856512489006,2.0425813437783198]
["ASFALTOS DILUÍDOS CM-30","2015-07-01",1.99222275766836,1.9927916353986901,2.04676995324464,1.7826486032573401,1.93167138500814,1.94262736172009]
["ASFALTOS DILUÍDOS CM-30","2015-08-01",2.3076059306822101,2.0380891268645001,2.25274810470972,1.8280977048256299,1.9398244806048399,2.0819361602892701]
["ASFALTOS DILUÍDOS CM-30","2015-09-01",2.31428970416549,2.0953075310397602,2.3445619869158998,1.94255109073593,2.00535261428386,2.1681755414132602]
["ASFALTOS DILUÍDOS CM-30","2015-10-01",2.3294566633542799,2.1705700120210798,2.4327301201698002,2.0356247510661398,2.1102611483942599,2.23753378158704]
["ASFALTOS DILUÍDOS CM-30","2015-11-01",2.60605656633517,2.4370983039590901,2.71161214122229,2.28011389626954,2.3264462967814099,2.4749987807903899]
["ASFALTOS DILUÍDOS CM-30","2015-12-01",2.6353740059557702,2.3959203086990501,2.6935283855254899,2.2725281293578701,2.33074065878658,2.45284815645558]
["ASFALTOS DILUÍDOS CM-30","2016-01-01",2.7158639925713,2.3738616473830598,2.8446706021403401,2.2636506579710201,2.2326316912922599,2.4005633937967001]
["ASFALTOS DILUÍDOS CM-30","2016-02-01",2.8046831597962001,2.4668468163062802,2.7917870068634199,2.2956371150763699,2.3465561728530999,2.4643485483679299]
["ASFALTOS DILUÍDOS CM-30","2016-03-01",2.58050210005156,2.4706787528282401,2.7076880246867399,2.2353019985078899,2.3831159721317401,2.4235639243350899]
["ASFALTOS DILUÍDOS CM-30","2016-04-01",2.9420063117520199,2.7407420323357798,2.7590718549873898,2.5444391782568498,2.7107516320277898,2.6802748334258801]
["ASFALTOS DILUÍDOS CM-30","2016-05-01",3.0105794721904999,2.6502770473378701,2.8571213606999701,2.5755831524603701,2.77041336220117,2.7097332699628298]
["ASFALTOS DILUÍDOS CM-30","2016-06-01",2.9091798437334,2.62138504102378,2.9434872809732,2.6591095151444502,2.6847595547587302,2.7436195168269601]
["ASFALTOS DILUÍDOS CM-30","2016-07-01",2.9857403807234801,2.5916440449052498,2.9892780300364499,2.6043965993959102,2.6608844226339698,2.7451355392858701]
["ASFALTOS DILUÍDOS CM-30","2016-08-01",2.93524391868148,2.62391732898939,2.9704908538915502,2.6794865035270101,2.7270256489201201,2.7813859621875401]
["ASFALTOS DILUÍDOS CM-30","2016-09-01",2.6491368213054902,2.5210548514543198,2.78158392467622,2.5139331302502899,2.3712715009846699,2.5956171278003]
["ASFALTOS DILUÍDOS CM-30","2016-10-01",2.62610925653189,2.4444690926263499,2.78161787273371,2.5073831267842102,2.38325399044811,2.5669990365978501]
["ASFALTOS DILUÍDOS CM-30","2016-11-01",2.5350874082568802,2.3741455271406799,2.95276867436709,2.4812637646204001,2.3822067705600398,2.5428423663590101]
["ASFALTOS DILUÍDOS CM-30","2016-12-01",2.5003910703638899,2.2534134827852101,3.0385194580992301,2.5894388924802199,2.39559342362872,2.47643929496448]
["ASFALTOS DILUÍDOS CM-30","2017-01-01",2.3928755043294299,2.2326956737638799,3.0890809705267999,2.53574403943575,2.37869483250241,2.3742161919082898]
["ASFALTOS DILUÍDOS CM-30","2017-02-01",2.68039413994501,2.27189722474419,2.76440803150245,2.5739336852397301,2.38464439804202,2.4707214660150498]
["ASFALTOS DILUÍDOS CM-30","2017-03-01",2.23884120995463,2.38695807904557,2.6672202519696899,2.37216594749682,2.3012188699930101,2.3787969856691]
["ASFALTOS DILUÍDOS CM-30","2017-04-01",2.4201913984483698,2.3079695958725002,2.79409301444174,2.2584099120969201,2.25643429711862,2.38026848369313]
["ASFALTOS DILUÍDOS CM-30","2017-05-01",2.4321066924406201,2.1679191277081702,2.6998369361907799,2.2553871917774,2.2040269576345799,2.3615159091526898]
["ASFALTOS DILUÍDOS CM-30","2017-06-01",2.4283017761880701,2.1819386891073602,2.7566720547790098,2.23454902150521,2.3057785455472501,2.4455345302470199]
["ASFALTOS DILUÍDOS CM-30","2017-07-01",2.4537520606647298,2.2180753339264299,2.6946250217879801,2.4143292471305702,2.2696011017892999,2.4734361063107002]
["ASFALTOS DILUÍDOS CM-30","2017-08-01",2.44793097601266,2.15311203071778,2.5953499516022802,2.3029190650854998,2.1701486665824601,2.3808764233569]
["ASFALTOS DILUÍDOS CM-30","2017-09-01",2.4945515044767599,2.1424398904201301,2.6231665031840601,2.3713080947914,2.30369850679251,2.3935422037636598]
["ASFALTOS DILUÍDOS CM-30","2017-10-01",2.34995394368981,2.1805600401416401,2.6141609567384401,2.41525496166201,2.2007957301627701,2.3679471208081702]
["ASFALTOS DILUÍDOS CM-30","2017-11-01",2.6701269906215899,2.4331691952027699,2.9086274641315502,2.58469482033717,2.4151927087938301,2.6021013475835]
["ASFALTOS DILUÍDOS CM-30","2017-12-01",2.5873526446779498,2.4253588817071599,2.9066337647932499,2.6028902977101498,2.4228897602441202,2.5317644644161201]
["ASFALTOS DILUÍDOS CM-30","2018-01-01",2.9503607547256201,2.6628629232060099,2.8759539934329199,2.6207384835627501,2.6469552515293602,2.7359563685933401]
["ASFALTOS DILUÍDOS CM-30","2018-02-01",2.6778995674574801,2.6724981640636898,2.9425954737982098,2.6204311297861498,2.5678856622288602,2.6683699327588899]
["ASFALTOS DILUÍDOS CM-30","2018-03-01",2.73336302484226,2.5890500217484198,2.8091725563599099,2.56192839298006,2.5759460667688199,2.6348765835331101]
["ASFALTOS DILUÍDOS CM-30","2018-04-01",2.7578011203975801,2.6695536015406001,2.7739082417039702,2.5954700600355598,2.55604239376982,2.6643301999713001]
["ASFALTOS DILUÍDOS CM-30","2018-05-01",2.8412133622510201,2.6720258770016398,2.8845014821466002,2.68671802063202,2.7364851031644402,2.7773789604101]
["ASFALTOS DILUÍDOS CM-30","2018-06-01",3.00844478932461,2.91960517833009,3.1584548861308801,2.8467310801924199,2.9535239926489298,2.98229163460159]
["ASFALTOS DILUÍDOS CM-30","2018-07-01",3.2682375492400699,3.0365240944190601,3.3993603985117802,3.0264675982736899,3.1977963096372699,3.1641265459600998]
["ASFALTOS DILUÍDOS CM-30","2018-08-01",3.5644131503767502,3.4151937693257399,3.7077062061816202,3.4250793489604399,3.3567224608647499,3.5155581124678101]
["ASFALTOS DILUÍDOS CM-30","2018-09-01",3.1739137775700699,3.4450641183998099,3.7352632395133201,3.3858161855531002,3.6073094538422099,3.4832384285860498]
["ASFALTOS DILUÍDOS CM-30","2018-10-01",3.48777811940321,3.4605088037184499,3.7214440570019298,3.43252556485746,3.6060208798740798,3.54539034402789]
["ASFALTOS DILUÍDOS CM-30","2018-11-01",4.0472724835013798,3.8148933123426598,4.28013158579909,4.1781267770448398,3.9676813672082698,3.9901471831919801]
["ASFALTOS DILUÍDOS CM-30","2018-12-01",3.9514911464300901,3.9671131945587002,4.3411442016061503,3.91676606614593,3.9119933573908598,3.9997426540972301]
["ASFALTOS DILUÍDOS CM-30","2019-01-01",3.7968553254403301,3.8700188889547298,4.2019017623856101,3.9541969966832999,3.9767860281367602,3.93395191134517]
["ASFALTOS DILUÍDOS CM-30","2019-02-01",3.5165840732068498,4.0903611784584299,4.49842295286326,4.4699424754083799,4.2545902541900498,4.1885446787899596]
["ASFALTOS DILUÍDOS CM-30","2019-03-01",4.2167581170154902,4.3619107276904501,4.9071948885050301,4.3987177285672896,4.2908239224565303,4.36029527856779]
["ASFALTOS DILUÍDOS CM-30","2019-04-01",4.2816482053830898,4.23466142823818,4.5316272152415102,4.43722652980889,4.4668814710532301,4.3808204400429496]
["ASFALTOS DILUÍDOS CM-30","2019-05-01",4.2876446588585999,4.19069973816074,4.8579108723037896,4.2674619632317299,4.6338063794549296,4.3664021512935003]
["ASFALTOS DILUÍDOS CM-30","2019-06-01",4.4756098919574798,3.9650529338558602,4.6627293398156704,4.3506006040881298,4.2112299208130297,4.3193236685829204]
["ASFALTOS DILUÍDOS CM-30","2019-07-01",4.3944989892750703,4.0580393046576297,4.8342219453142397,4.0946594136123498,4.2330032812984602,4.3469777568824304]
["ASFALTOS DILUÍDOS CM-30","2019-08-01",4.4817350398715403,3.9106624961596301,4.5763290808844896,4.1116165400705302,4.2554199851288796,4.2583450834425198]
["ASFALTOS DILUÍDOS CM-30","2019-09-01",4.4395787959020998,3.8599048964692,4.4952569677016099,4.1113214746306301,4.1173591515128498,4.2516070851894403]
["ASFALTOS DILUÍDOS CM-30","2019-10-01",4.3358886308543001,3.77232496201687,4.4592423566364401,4.0560841149779998,3.9424580110701499,4.0774070200824299]
["ASFALTOS DILUÍDOS CM-30","2019-11-01",4.3162386923616696,3.91024550861622,4.5818410769751399,4.0790240402786999,4.1066212744862103,4.0945612118041002]
["ASFALTOS DILUÍDOS CM-30","2019-12-01",4.1994359723448103,3.9801196625114499,4.67377480508822,4.4342681423617796,3.9864103120620902,4.1646916164145003]
["ASFALTOS DILUÍDOS CM-30","2020-01-01",3.5929800297386101,3.8953206167915,4.6854206234146298,4.3870746736704698,4.12446766805704,4.0533389373171804]
["ASFALTOS DILUÍDOS CM-30","2020-02-01",3.6426670163866399,3.8773951868791698,4.4381945434057499,3.6999446067471502,3.77816401143791,3.83901043828598]
["ASFALTOS DILUÍDOS CM-30","2020-03-01",4.6766683387540704,3.7911389770150299,4.2892223433757097,3.7184027336226202,3.6090861904150602,3.9311706800856299]
["ASFALTOS DILUÍDOS CM-30","2020-04-01",4.31336283667377,3.6957655003074099,4.2553953207467101,3.8658955306474501,3.7322533821170798,3.9641252109102099]
["ASFALTOS DILUÍDOS CM-30","2020-05-01",3.2491346579639502,3.6377699124207301,4.1135448820979503,3.7605500263874698,3.7106180989773598,3.6561750396403698]
["ASFALTOS DILUÍDOS CM-30","2020-06-01",4.0179030762543002,3.5670314916964001,4.2773691709380897,3.9378864851716102,3.6258300686208398,3.9245245060979599]
["ASFALTOS DILUÍDOS CM-30","2020-07-01",3.8404975092031699,3.5132704799925598,4.2154906897750504,3.9542238856372398,3.6888412749164901,3.84377444846668]
["ASFALTOS DILUÍDOS CM-30","2020-08-01",4.1744672026234504,3.4653942193101699,4.2777102112355498,4.0674649403157499,3.6285886300574699,3.9471669167666001]
["ASFALTOS DILUÍDOS CM-30","2020-09-01",4.1673713305130198,3.7463608159296098,4.1674243560753199,3.7956217914591299,3.6277299350208501,3.9731299454309599]
["ASFALTOS DILUÍDOS CM-30","2020-10-01",4.4080995270258203,3.7189898780058801,4.27897919227523,4.0087469056209599,3.5910481828141001,4.0396437701408896]
["ASFALTOS DILUÍDOS CM-30","2020-11-01",4.0563060058754603,3.9692092808245198,4.5479008925173501,4.27945542040045,3.9733472444131102,4.1758261487573902]
["ASFALTOS DILUÍDOS CM-30","2020-12-01",4.1320641381592296,3.8516327512549799,4.4267043859560502,3.9062364218750001,3.8709398004987499,4.0353473741436803]
["ASFALTOS DILUÍDOS CM-30","2021-01-01",3.4898363334540599,3.95152593658434,4.6282697015940597,4.01157701109328,3.93513663802212,3.9170923908491702]
["ASFALTOS DILUÍDOS CM-30","2021-02-01",4.0993181160271304,4.2671095227980702,4.8320616154999199,4.41420270559298,4.1490489316030796,4.2681970400244502]
["ASFALTOS DILUÍDOS CM-30","2021-03-01",4.5283557922342803,4.2398317306284596,4.9263145623389804,4.2696978386324798,4.1306554091488001,4.3778337851486198]
["ASFALTOS DILUÍDOS CM-30","2021-04-01",4.3492718667699499,4.0869951539560896,4.4775975223329203,4.1561133984777801,4.0441898216789101,4.2533617978714497]
["ASFALTOS DILUÍDOS CM-30","2021-05-01",4.48888941306853,4.7079458152476397,5.1014896859269001,4.7840348955761298,4.5239866147826104,4.7905480845000703]
["ASFALTOS DILUÍDOS CM-30","2021-06-01",4.0104677110157398,4.4795921263082601,5.11304121218771,4.7797399051560596,4.7212143066053196,4.7648908843603301]
["ASFALTOS DILUÍDOS CM-30","2021-07-01",4.7522341281669096,4.55935050600519,5.0047582828911903,4.80272971997511,4.7485506777572404,4.8175860470307104]
["ASFALTOS DILUÍDOS CM-30","2021-08-01",5.0852845318795898,4.7725012554966701,5.1985371416166704,5.24473525854608,4.76131174966799,5.0981691998909202]
["ASFALTOS DILUÍDOS CM-30","2021-09-01",5.1103002666714401,4.5380723645607004,5.2417211851326204,5.0171441968029296,4.8628612446892197,5.0169588861348204]
["ASFALTOS DILUÍDOS CM-30","2021-10-01",5.0806972614480204,4.6682674197257796,5.1195441994344701,5.3847790647201199,4.6585164317148804,5.0212943116089797]
["ASFALTOS DILUÍDOS CM-30","2021-11-01",5.4365187533430399,5.08776780960841,5.1500639853658496,5.6342578836213297,5.1745301312734,5.2281412893145403]
["ASFALTOS DILUÍDOS CM-30","2021-12-01",5.1842913863822799,4.9754869746435997,5.5721222512344202,6.1356552053102797,5.0118099196141497,5.3395658014179297]
["ASFALTOS DILUÍDOS CM-30","2022-01-01",4.9281919741255402,5.0235556226626796,6.0184075115776503,5.2147730264088699,5.4819792438642301,5.2507896788533799]
["ASFALTOS DILUÍDOS CM-30","2022-02-01",5.5456841887543202,5.70862841289523,6.0110658941605903,4.8651,5.7633671471135903,5.7360574279908896]
["ASFALTOS DILUÍDOS CM-30","2022-03-01",6.3268447345440704,5.6446879044140799,5.9308072252475297,6.1811411426079399,5.4980416823056304,5.9227810376852696]
["ASFALTOS DILUÍDOS CM-30","2022-04-01",5.9742206806482399,5.8327473242923897,6.2066926146167098,5.7203299967384202,6.1780029101899796,6.0123542287324403]
["ASFALTOS DILUÍDOS CM-30","2022-05-01",5.3540155864053496,5.4643353093295302,6.00761163923955,5.9950955829778598,5.4909500902222899,5.6707227436676204]
["ASFALTOS DILUÍDOS CM-30","2022-06-01",5.8024437980979,5.3169642029150497,5.2526788904331703,5.8139315181077098,5.6449963276492099,5.4694986866294197]
["ASFALTOS DILUÍDOS CM-30","2022-07-01",5.9656147650299403,5.8293148785415996,5.9190997106894097,5.74248477528565,5.6744305431680298,5.8620207016826003]
["ASFALTOS DILUÍDOS CM-30","2022-08-01",6.4242304633121403,5.7582568777084298,5.7523528425340302,5.7919053521795902,5.3127172396617599,5.8231860506201798]
["ASFALTOS DILUÍDOS CM-30","2022-09-01",5.5400970738727198,5.6099216185135496,5.9635924887052996,5.3021811937774803,4.9779291607226197,5.6994299207939996]
["ASFALTOS DILUÍDOS CM-30","2022-10-01",4.7856709989976602,4.7275210937576597,5.3391051467024804,4.8511600071415799,4.5325805131069403,5.0416617153352199]
["ASFALTOS DILUÍDOS CM-30","2022-11-01",7.76585592257765,4.7756549822430996,5.2376261274762603,4.6363831377551001,4.4605931787998498,5.0749938622493804]
["ASFALTOS DILUÍDOS CM-30","2022-12-01",4.6572500000000003,4.9669053619704702,5.6551615535898003,4.8409356716417902,4.6610078614476897,5.1132494896259102]
["ASFALTOS DILUÍDOS CM-30","2023-01-01",4.9489503194263396,5.05626492208921,5.3595979656070902,4.4264979589428997,4.1032678882694302,4.7156051288638903]
["ASFALTOS DILUÍDOS CM-30","2023-02-01",5.4074946666666701,4.3357711953065898,4.7466466007882904,4.67488472697368,4.0145471734505804,4.4178007361899603]
["ASFALTOS DILUÍDOS CM-30","2023-03-01",4.9913100000000004,4.0135491198476396,4.74625027992745,4.08071937047466,4.08248495381729,4.2703457233888997]
["ASFALTOS DILUÍDOS CM-30","2023-04-01",4.4384790147401096,4.0942013541235003,5.1358161857876699,4.3682650946372199,3.8593081492264201,4.1538187971295102]
["ASFALTOS DILUÍDOS CM-30","2023-05-01",5.0185892968749997,4.5062826432970198,5.6166382927268099,4.0347569254562297,4.0637017171681302,4.6864927245840198]
["ASFALTOS DILUÍDOS CM-30","2023-06-01",4.4396445256166999,4.4958053542941201,5.2281745243523297,3.77202874480151,4.0090420733152703,4.58804514798023]
["ASFALTOS DILUÍDOS CM-30","2023-07-01",4.3603993517100603,4.25018763372658,6.1880491547639798,3.6992167814899402,4.3157737677281203,4.7907175528841703]
["ASFALTOS DILUÍDOS CM-30","2023-08-01",4.0432159990492798,4.1009017094086202,5.4141982276485097,3.9642979487929799,4.0559897783431396,4.6078106973203203]
["ASFALTOS DILUÍDOS CM-70","2008-11-01","***","***","***","***","***","***"]
["ASFALTOS DILUÍDOS CM-70","2008-12-01","***","***","***","***","***","***"]
["ASFALTOS DILUÍDOS CM-70","2009-01-01","***","***","***","***","***","***"]
["ASFALTOS DILUÍDOS CM-70","2009-02-01","***","***","***","***","***","***"]
["ASFALTOS DILUÍDOS CM-70","2009-03-01","***","***","***","***","***","***"]
["ASFALTOS DILUÍDOS CM-70","2009-04-01","***","***","***","***","***","***"]
["ASFALTOS DILUÍDOS CM-70","2009-05-01","***","***","***","***","***","***"]
["ASFALTOS DILUÍDOS CM-70","2009-06-01","***","***","***","***","***","***"]
["ASFALTOS DILUÍDOS CM-70","2009-07-01","***","***","***","***","***","***"]
["ASFALTOS DILUÍDOS CM-70","2009-08-01","***","***","***","***","***","***"]
["ASFALTOS DILUÍDOS CM-70","2009-09-01","***","***","***","***","***","***"]
["ASFALTOS DILUÍDOS CM-70","2009-10-01","***","***","***","***","***","***"]
["ASFALTOS DILUÍDOS CM-70","2009-11-01","***","***","***","***","***","***"]
["ASFALTOS DILUÍDOS CM-70","2009-12-01","***","***","***","***","***","***"]
["ASFALTOS DILUÍDOS CM-70","2010-01-01","***","***","***","***","***","***"]
["ASFALTOS DILUÍDOS CM-70","2010-02-01","***","***","***","***","***","***"]
["ASFALTOS DILUÍDOS CM-70","2010-03-01","***","***","***","***","***","***"]
["ASFALTOS DILUÍDOS CM-70","2010-04-01","***","***","***","***","***","***"]
["ASFALTOS DILUÍDOS CM-70","2010-05-01","***","***","***","***","***","***"]
["ASFALTOS DILUÍDOS CM-70","2010-06-01","***","***","***","***","***","***"]
["ASFALTOS DILUÍDOS CM-70","2010-07-01","***","***","***","***","***","***"]
["ASFALTOS DILUÍDOS CM-70","2010-08-01","***","***","***","***","***","***"]
["ASFALTOS DILUÍDOS CM-70","2010-09-01","***","***","***","***","***","***"]
["ASFALTOS DILUÍDOS CM-70","2010-10-01","***","***","***","***","***","***"]
["ASFALTOS DILUÍDOS CM-70","2010-11-01","***","***","***","***","***","***"]
["ASFALTOS DILUÍDOS CM-70","2010-12-01","***","***","***","***","***","***"]
["ASFALTOS DILUÍDOS CM-70","2011-01-01","***","***","***","***","***","***"]
["ASFALTOS DILUÍDOS CM-70","2011-02-01","***","***","***","***","***","***"]
["ASFALTOS DILUÍDOS CM-70","2011-03-01","***","***","***","***","***","***"]
["ASFALTOS DILUÍDOS CM-70","2011-04-01","***","***","***","***","***","***"]
["ASFALTOS DILUÍDOS CM-70","2011-05-01","***","***","***","***","***","***"]
["ASFALTOS DILUÍDOS CM-70","2011-06-01","***","***","***","***","***","***"]
["ASFALTOS DILUÍDOS CM-70","2011-07-01","***","***","***","***","***","***"]
["ASFALTOS DILUÍDOS CM-70","2011-08-01","***","***","***","***","***","***"]
["ASFALTOS DILUÍDOS CM-70","2011-09-01","***","***","***","***","***","***"]
["ASFALTOS DILUÍDOS CM-70","2011-10-01","***","***","***","***","***","***"]
["ASFALTOS DILUÍDOS CM-70","2011-11-01","***","***","***","***","***","***"]
["ASFALTOS DILUÍDOS CM-70","2011-12-01","***","***","***","***","***","***"]
["ASFALTOS DILUÍDOS CM-70","2012-01-01","***","***","***","***","***","***"]
["ASFALTOS DILUÍDOS CM-70","2012-02-01","***","***","***","***","***","***"]
["ASFALTOS DILUÍDOS CM-70","2012-03-01","***","***","***","***","***","***"]
["ASFALTOS DILUÍDOS CM-70","2012-04-01","***","***","***","***","***","***"]
["ASFALTOS DILUÍDOS CM-70","2012-05-01","***","***","***","***","***","***"]
["ASFALTOS DILUÍDOS CM-70","2012-06-01","***","***","***","***","***","***"]
["ASFALTOS DILUÍDOS CM-70","2012-07-01","***","***","***","***","***","***"]
["ASFALTOS DILUÍDOS CM-70","2012-08-01","***","***","***","***","***","***"]
["ASFALTOS DILUÍDOS CM-70","2012-09-01","***","***","***","***","***","***"]
["ASFALTOS DILUÍDOS CM-70","2012-10-01","***","***","***","***","***","***"]
["ASFALTOS DILUÍDOS CM-70","2012-11-01","***","***","***","***","***","***"]
["ASFALTOS DILUÍDOS CM-70","2012-12-01","***","***","***","***","***","***"]
["ASFALTOS DILUÍDOS CM-70","2013-01-01","***","***","***","***","***","***"]
["ASFALTOS DILUÍDOS CM-70","2013-02-01","***","***","***","***","***","***"]
["ASFALTOS DILUÍDOS CM-70","2013-03-01","***","***","***","***","***","***"]
["ASFALTOS DILUÍDOS CM-70","2013-04-01","***","***","***","***","***","***"]
["ASFALTOS DILUÍDOS CM-70","2013-05-01","***","***","***","***","***","***"]
["ASFALTOS DILUÍDOS CM-70","2013-06-01","***","***","***","***","***","***"]
["ASFALTOS DILUÍDOS CM-70","2013-07-01","***","***","***","***","***","***"]
["ASFALTOS DILUÍDOS CM-70","2013-08-01","***","***","***","***","***","***"]
["ASFALTOS DILUÍDOS CM-70","2013-09-01","***","***","***","***","***","***"]
["ASFALTOS DILUÍDOS CM-70","2013-10-01","***","***","***","***","***","***"]
["ASFALTOS DILUÍDOS CM-70","2013-11-01","***","***","***","***","***","***"]
["ASFALTOS DILUÍDOS CM-70","2013-12-01","***","***","***","***","***","***"]
["ASFALTOS DILUÍDOS CM-70","2014-01-01","***","***","***","***","***","***"]
["ASFALTOS DILUÍDOS CM-70","2014-02-01","***","***","***","***","***","***"]
["ASFALTOS DILUÍDOS CM-70","2014-03-01","***","***","***","***","***","***"]
["ASFALTOS DILUÍDOS CM-70","2014-04-01","***","***","***","***","***","***"]
["ASFALTOS DILUÍDOS CM-70","2014-05-01","***","***","***","***","***","***"]
["ASFALTOS DILUÍDOS CM-70","2014-06-01","***","***","***","***","***","***"]
["ASFALTOS DILUÍDOS CM-70","2014-07-01","***","***","***","***","***","***"]
["ASFALTOS DILUÍDOS CM-70","2014-08-01","***","***","***","***","***","***"]
["ASFALTOS DILUÍDOS CM-70","2014-09-01","***","***","***","***","***","***"]
["ASFALTOS DILUÍDOS CM-70","2014-10-01","***","***","***","***","***","***"]
["ASFALTOS DILUÍDOS CM-70","2014-11-01","***","***","***","***","***","***"]
["ASFALTOS DILUÍDOS CM-70","2014-12-01","***","***","***","***","***","***"]
["ASFALTOS DILUÍDOS CM-70","2015-01-01","***","***","***","***","***","***"]
["ASFALTOS DILUÍDOS CM-70","2015-02-01","***","***","***","***","***","***"]
["ASFALTOS DILUÍDOS CM-70","2015-03-01","***","***","***","***","***","***"]
["ASFALTOS DILUÍDOS CM-70","2015-04-01","***","***","***","***","***","***"]
["ASFALTOS DILUÍDOS CM-70","2015-05-01","***","***","***","***","***","***"]
["ASFALTOS DILUÍDOS CM-70","2015-06-01","***","***","***","***","***","***"]
["ASFALTOS DILUÍDOS CM-70","2015-07-01","***","***","***","***","***","***"]
["ASFALTOS DILUÍDOS CM-70","2015-08-01","***","***","***","***","***","***"]
["ASFALTOS DILUÍDOS CM-70","2015-09-01","***","***","***","***","***","***"]
["ASFALTOS DILUÍDOS CM-70","2015-10-01","***","***","***","***","***","***"]
["ASFALTOS DILUÍDOS CM-70","2015-11-01","***","***","***","***","***","***"]
["ASFALTOS DILUÍDOS CM-70","2015-12-01","***","***","***","***","***","***"]
["ASFALTOS DILUÍDOS CM-70","2016-01-01","***","***","***","***","***","***"]
["ASFALTOS DILUÍDOS CM-70","2016-02-01","***","***","***","***","***","***"]
["ASFALTOS DILUÍDOS CM-70","2016-03-01","***","***","***","***","***","***"]
["ASFALTOS DILUÍDOS CM-70","2016-04-01","***","***","***","***","***","***"]
["ASFALTOS DILUÍDOS CM-70","2016-05-01","***","***","***","***","***","***"]
["ASFALTOS DILUÍDOS CM-70","2016-06-01","***","***","***","***","***","***"]
["ASFALTOS DILUÍDOS CM-70","2016-07-01","***","***","***","***","***","***"]
["ASFALTOS DILUÍDOS CM-70","2016-08-01","***","***","***","***","***","***"]
["ASFALTOS DILUÍDOS CM-70","2016-09-01","***","***","***","***","***","***"]
["ASFALTOS DILUÍDOS CM-70","2016-10-01","***","***","***","***","***","***"]
["ASFALTOS DILUÍDOS CM-70","2016-11-01","***","***","***","***","***","***"]
["ASFALTOS DILUÍDOS CM-70","2016-12-01","***","***","***","***","***","***"]
["ASFALTOS DILUÍDOS CM-70","2017-01-01","***","***","***","***","***","***"]
["ASFALTOS DILUÍDOS CM-70","2017-02-01","***","***","***","***","***","***"]
["ASFALTOS DILUÍDOS CM-70","2017-03-01","***","***","***","***","***","***"]
["ASFALTOS DILUÍDOS CM-70","2017-04-01","***","***","***","***","***","***"]
["ASFALTOS DILUÍDOS CM-70","2017-05-01","***","***","***","***","***","***"]
["ASFALTOS DILUÍDOS CM-70","2017-06-01","***","***","***","***","***","***"]
["ASFALTOS DILUÍDOS CM-70","2017-07-01","***","***","***","***","***","***"]
["ASFALTOS DILUÍDOS CM-70","2017-08-01","***","***","***","***","***","***"]
["ASFALTOS DILUÍDOS CM-70","2017-09-01","***","***","***","***","***","***"]
["ASFALTOS DILUÍDOS CM-70","2017-10-01","***","***","***","***","***","***"]
["ASFALTOS DILUÍDOS CM-70","2017-11-01","***","***","***","***","***","***"]
["ASFALTOS DILUÍDOS CM-70","2017-12-01","***","***","***","***","***","***"]
["ASFALTOS DILUÍDOS CM-70","2018-01-01","***","***","***","***","***","***"]
["ASFALTOS DILUÍDOS CM-70","2018-02-01","***","***","***","***","***","***"]
["ASFALTOS DILUÍDOS CM-70","2018-03-01","***","***","***","***","***","***"]
["ASFALTOS DILUÍDOS CM-70","2018-04-01","***","***","***","***","***","***"]
["ASFALTOS DILUÍDOS CM-70","2018-05-01","***","***","***","***","***","***"]
["ASFALTOS DILUÍDOS CM-70","2018-06-01","***","***","***","***","***","***"]
["ASFALTOS DILUÍDOS CM-70","2018-07-01","***","***","***","***","***","***"]
["ASFALTOS DILUÍDOS CM-70","2018-08-01","***","***","***","***","***","***"]
["ASFALTOS DILUÍDOS CM-70","2018-09-01","***","***","***","***","***","***"]
["ASFALTOS DILUÍDOS CM-70","2018-10-01","***","***","***","***","***","***"]
["ASFALTOS DILUÍDOS CM-70","2018-11-01","***","***","***","***","***","***"]
["ASFALTOS DILUÍDOS CM-70","2018-12-01","***","***","***","***","***","***"]
["ASFALTOS DILUÍDOS CM-70","2019-01-01","***","***","***","***","***","***"]
["ASFALTOS DILUÍDOS CM-70","2019-02-01","***","***","***","***","***","***"]
["ASFALTOS DILUÍDOS CM-70","2019-03-01","***","***","***","***","***","***"]
["ASFALTOS DILUÍDOS CM-70","2019-04-01","***","***","***","***","***","***"]
["ASFALTOS DILUÍDOS CM-70","2019-05-01","***","***","***","***","***","***"]
["ASFALTOS DILUÍDOS CM-70","2019-06-01","***","***","***","***","***","***"]
["ASFALTOS DILUÍDOS CM-70","2019-07-01","***","***","***","***","***","***"]
["ASFALTOS DILUÍDOS CM-70","2019-08-01","***","***","***","***","***","***"]
["ASFALTOS DILUÍDOS CM-70","2019-09-01","***","***","***","***","***","***"]
["ASFALTOS DILUÍDOS CM-70","2019-10-01","***","***","***","***","***","***"]
["ASFALTOS DILUÍDOS CM-70","2019-11-01","***","***","***","***","***","***"]
["ASFALTOS DILUÍDOS CM-70","2019-12-01","***","***","***","***","***","***"]
["ASFALTOS DILUÍDOS CM-70","2020-01-01","***","***","***","***","***","***"]
["ASFALTOS DILUÍDOS CM-70","2020-02-01","***","***","***","***","***","***"]
["ASFALTOS DILUÍDOS CM-70","2020-03-01","***","***","***","***","***","***"]
["ASFALTOS DILUÍDOS CM-70","2020-04-01","***","***","***","***","***","***"]
["ASFALTOS DILUÍDOS CM-70","2020-05-01","***","***","***","***","***","***"]
["ASFALTOS DILUÍDOS CM-70","2020-06-01","***","***","***","***","***","***"]
["ASFALTOS DILUÍDOS CM-70","2020-07-01","***","***","***","***","***","***"]
["ASFALTOS DILUÍDOS CM-70","2020-08-01","***","***","***","***","***","***"]
["ASFALTOS DILUÍDOS CM-70","2020-09-01","***","***","***","***","***","***"]
["ASFALTOS DILUÍDOS CM-70","2020-10-01","***","***","***","***","***","***"]
["ASFALTOS DILUÍDOS CM-70","2020-11-01","***","***","***","***","***","***"]
["ASFALTOS DILUÍDOS CM-70","2020-12-01","***","***","***","***","***","***"]
["ASFALTOS DILUÍDOS CM-70","2021-01-01","***","***","***","***","***","***"]
["ASFALTOS DILUÍDOS CM-70","2021-02-01","***","***","***","***","***","***"]
["ASFALTOS DILUÍDOS CM-70","2021-03-01","***","***","***","***","***","***"]
["ASFALTOS DILUÍDOS CM-70","2021-04-01","***","***","***","***","***","***"]
["ASFALTOS DILUÍDOS CM-70","2021-05-01","***","***","***","***","***","***"]
["ASFALTOS DILUÍDOS CM-70","2021-06-01","***","***","***","***","***","***"]
["ASFALTOS DILUÍDOS CM-70","2021-07-01","***","***","***","***","***","***"]
["ASFALTOS DILUÍDOS CM-70","2021-08-01","***","***","***","***","***","***"]
["ASFALTOS DILUÍDOS CM-70","2021-09-01","***","***","***","***","***","***"]
["ASFALTOS DILUÍDOS CM-70","2021-10-01","***","***","***","***","***","***"]
["ASFALTOS DILUÍDOS CM-70","2021-11-01","***","***","***","***","***","***"]
["ASFALTOS DILUÍDOS CM-70","2021-12-01","***","***","***","***","***","***"]
["ASFALTOS DILUÍDOS CM-70","2022-01-01","***","***","***","***","***","***"]
["ASFALTOS DILUÍDOS CM-70","2022-02-01","***","***","***","***","***","***"]
["ASFALTOS DILUÍDOS CM-70","2022-03-01","***","***","***","***","***","***"]
["ASFALTOS DILUÍDOS CM-70","2022-04-01","***","***","***","***","***","***"]
["ASFALTOS DILUÍDOS CM-70","2022-05-01","***","***","***","***","***","***"]
["ASFALTOS DILUÍDOS CM-70","2022-06-01","***","***","***","***","***","***"]
["ASFALTOS DILUÍDOS CM-70","2022-07-01","***","***","***","***","***","***"]
["ASFALTOS DILUÍDOS CM-70","2022-08-01","***","***","***","***","***","***"]
["ASFALTOS DILUÍDOS CM-70","2022-09-01","***","***","***","***","***","***"]
["ASFALTOS DILUÍDOS CM-70","2022-10-01","***","***","***","***","***","***"]
["ASFALTOS DILUÍDOS CM-70","2022-11-01","***","***","***","***","***","***"]
["ASFALTOS DILUÍDOS CM-70","2022-12-01","***","***","***","***","***","***"]
["ASFALTOS DILUÍDOS CM-70","2023-01-01","***","***","***","***","***","***"]
["ASFALTOS DILUÍDOS CM-70","2023-02-01","***","***","***","***","***","***"]
["ASFALTOS DILUÍDOS CM-70","2023-03-01","***","***","***","***","***","***"]
["ASFALTOS DILUÍDOS CM-70","2023-04-01","***","***","***","***","***","***"]
["ASFALTOS DILUÍDOS CM-70","2023-05-01","***","***","***","***","***","***"]
["ASFALTOS DILUÍDOS CM-70","2023-06-01","***","***","***","***","***","***"]
["ASFALTOS DILUÍDOS CM-70","2023-07-01","***","***","***","***","***","***"]
["ASFALTOS DILUÍDOS CM-70","2023-08-01","***","***","***","***","***","***"]
["ASFALTOS DILUÍDOS CR-250","2008-11-01",1.5293300000000001,1.3827812319296,"***",1.6455625530342199,"***",1.52712025618211]
["ASFALTOS DILUÍDOS CR-250","2008-12-01","***",1.3644034709803301,"***","***",1.97516,1.3680553765352299]
["ASFALTOS DILUÍDOS CR-250","2009-01-01",1.46539,1.31613874687287,"***","***","***",1.3472730525558001]
["ASFALTOS DILUÍDOS CR-250","2009-02-01",1.46539,"***","***",1.6850369047619,"***",1.4925128812936399]
["ASFALTOS DILUÍDOS CR-250","2009-03-01","***","***",2.0878385215937798,1.2574649116904999,1.9751700000000001,1.9938624004008301]
["ASFALTOS DILUÍDOS CR-250","2009-04-01","***",1.3165808569222901,2.1016071220565,1.5373920903954801,1.3759999999999999,2.0235738092733899]
["ASFALTOS DILUÍDOS CR-250","2009-05-01","***",1.2916973696052401,2.0112419873851399,"***",1.4449633167495901,1.96304023981724]
["ASFALTOS DILUÍDOS CR-250","2009-06-01","***","***",2.0486666995410001,1.6217801733477799,1.7706666666666699,2.0431579081423901]
["ASFALTOS DILUÍDOS CR-250","2009-07-01","***",1.37852783695085,2.0497871073238199,1.5477000000000001,2.2229999999999999,1.98084345813792]
["ASFALTOS DILUÍDOS CR-250","2009-08-01","***",1.26075619436202,2.0687709943467301,1.5838650211565599,"***",1.9820897328284299]
["ASFALTOS DILUÍDOS CR-250","2009-09-01","***",1.3537027633546299,2.0540566602097101,1.5477000000000001,"***",1.99758281622832]
["ASFALTOS DILUÍDOS CR-250","2009-10-01","***",1.3460482161729399,2.1048815815336401,"***","***",2.0574969062417399]
["ASFALTOS DILUÍDOS CR-250","2009-11-01","***",1.34677479674797,2.0478444768751101,1.6655034482758599,"***",1.9823581180349701]
["ASFALTOS DILUÍDOS CR-250","2009-12-01",2.0884,"***","***",1.5476000000000001,"***",2.0519174603174601]
["ASFALTOS DILUÍDOS CR-250","2010-01-01",1.4896,1.35377765633211,"***",1.5476000000000001,"***",1.41232588637069]
["ASFALTOS DILUÍDOS CR-250","2010-02-01","***","***","***","***","***","***"]
["ASFALTOS DILUÍDOS CR-250","2010-03-01","***","***","***",1.5476799999999999,1.5329999999999999,1.53617529780564]
["ASFALTOS DILUÍDOS CR-250","2010-04-01","***",1.3786799999999999,"***",1.5476799999999999,"***",1.39733857024565]
["ASFALTOS DILUÍDOS CR-250","2010-05-01","***",1.4693400000000001,"***",1.5476799999999999,"***",1.48714454545455]
["ASFALTOS DILUÍDOS CR-250","2010-06-01","***",1.2052,"***","***",1.54274803149606,1.33569802130898]
["ASFALTOS DILUÍDOS CR-250","2010-07-01","***","***","***",1.5476799999999999,"***",1.5476799999999999]
["ASFALTOS DILUÍDOS CR-250","2010-08-01","***","***","***","***","***","***"]
["ASFALTOS DILUÍDOS CR-250","2010-09-01","***","***","***",1.5476799999999999,1.7222500000000001,1.5990241176470601]
["ASFALTOS DILUÍDOS CR-250","2010-10-01",1.6425000000000001,1.3476300000000001,"***","***","***",1.4719360748870201]
["ASFALTOS DILUÍDOS CR-250","2010-11-01",1.5969199999999999,"***","***","***","***",1.5969199999999999]
["ASFALTOS DILUÍDOS CR-250","2010-12-01",1.5969199999999999,"***","***",1.5476799999999999,"***",1.59117823321555]
["ASFALTOS DILUÍDOS CR-250","2011-01-01",1.4896,"***","***",1.5476799999999999,"***",1.49209113576576]
["ASFALTOS DILUÍDOS CR-250","2011-02-01",1.4896,"***","***","***","***",1.4896]
["ASFALTOS DILUÍDOS CR-250","2011-03-01","***","***","***","***","***","***"]
["ASFALTOS DILUÍDOS CR-250","2011-04-01","***","***","***",1.6362000000000001,1.4339,1.5217589590443701]
["ASFALTOS DILUÍDOS CR-250","2011-05-01","***","***","***","***","***","***"]
["ASFALTOS DILUÍDOS CR-250","2011-06-01","***","***","***",1.5476700000000001,"***",1.5476700000000001]
["ASFALTOS DILUÍDOS CR-250","2011-07-01",1.4896,"***","***","***",1.8260000000000001,1.52804571428571]
["ASFALTOS DILUÍDOS CR-250","2011-08-01","***","***","***","***","***","***"]
["ASFALTOS DILUÍDOS CR-250","2011-09-01","***","***","***","***","***","***"]
["ASFALTOS DILUÍDOS CR-250","2011-10-01","***","***","***","***","***","***"]
["ASFALTOS DILUÍDOS CR-250","2011-11-01","***","***","***","***","***","***"]
["ASFALTOS DILUÍDOS CR-250","2011-12-01","***","***","***","***","***","***"]
["ASFALTOS DILUÍDOS CR-250","2012-01-01","***","***","***","***","***","***"]
["ASFALTOS DILUÍDOS CR-250","2012-02-01",1.4896,"***","***",1.57168,"***",1.5100703147699801]
["ASFALTOS DILUÍDOS CR-250","2012-03-01","***","***","***","***","***","***"]
["ASFALTOS DILUÍDOS CR-250","2012-04-01","***","***","***","***","***","***"]
["ASFALTOS DILUÍDOS CR-250","2012-05-01","***","***","***","***",1.4343999999999999,1.4343999999999999]
["ASFALTOS DILUÍDOS CR-250","2012-06-01",1.4896,"***","***","***","***",1.4896]
["ASFALTOS DILUÍDOS CR-250","2012-07-01","***","***","***","***","***","***"]
["ASFALTOS DILUÍDOS CR-250","2012-08-01","***","***","***",1.6972,"***",1.6972]
["ASFALTOS DILUÍDOS CR-250","2012-09-01","***","***","***","***","***","***"]
["ASFALTOS DILUÍDOS CR-250","2012-10-01","***","***","***","***","***","***"]
["ASFALTOS DILUÍDOS CR-250","2012-11-01","***","***","***","***","***","***"]
["ASFALTOS DILUÍDOS CR-250","2012-12-01","***","***","***","***","***","***"]
["ASFALTOS DILUÍDOS CR-250","2013-01-01",1.95122,"***","***",1.39585,"***",1.4617589943785101]
["ASFALTOS DILUÍDOS CR-250","2013-02-01",1.95122,"***","***","***","***",1.95122]
["ASFALTOS DILUÍDOS CR-250","2013-03-01",1.95122,"***","***","***","***",1.95122]
["ASFALTOS DILUÍDOS CR-250","2013-04-01","***","***","***",1.7104999999999999,"***",1.7104999999999999]
["ASFALTOS DILUÍDOS CR-250","2013-05-01","***","***","***","***","***","***"]
["ASFALTOS DILUÍDOS CR-250","2013-06-01","***","***","***","***",1.3348,1.3348]
["ASFALTOS DILUÍDOS CR-250","2013-07-01","***","***","***","***","***","***"]
["ASFALTOS DILUÍDOS CR-250","2013-08-01","***","***","***",1.7069000000000001,"***",1.7069000000000001]
["ASFALTOS DILUÍDOS CR-250","2013-09-01","***","***","***","***","***","***"]
["ASFALTOS DILUÍDOS CR-250","2013-10-01","***","***","***",1.7071000000000001,"***",1.7071000000000001]
["ASFALTOS DILUÍDOS CR-250","2013-11-01","***","***","***","***","***","***"]
["ASFALTOS DILUÍDOS CR-250","2013-12-01","***","***","***","***","***","***"]
["ASFALTOS DILUÍDOS CR-250","2014-01-01","***","***","***",1.7055,"***",1.7055]
["ASFALTOS DILUÍDOS CR-250","2014-02-01","***","***","***","***","***","***"]
["ASFALTOS DILUÍDOS CR-250","2014-03-01","***","***","***","***","***","***"]
["ASFALTOS DILUÍDOS CR-250","2014-04-01","***","***","***","***","***","***"]
["ASFALTOS DILUÍDOS CR-250","2014-05-01","***","***","***","***",1.3340000000000001,1.3340000000000001]
["ASFALTOS DILUÍDOS CR-250","2014-06-01","***","***","***","***",1.7875000000000001,1.7875000000000001]
["ASFALTOS DILUÍDOS CR-250","2014-07-01","***","***","***","***","***","***"]
["ASFALTOS DILUÍDOS CR-250","2014-08-01","***","***","***",1.7021999999999999,"***",1.7021999999999999]
["ASFALTOS DILUÍDOS CR-250","2014-09-01","***","***","***",1.7039,"***",1.7039]
["ASFALTOS DILUÍDOS CR-250","2014-10-01","***","***","***",1.7030000000000001,"***",1.7030000000000001]
["ASFALTOS DILUÍDOS CR-250","2014-11-01","***","***","***","***","***","***"]
["ASFALTOS DILUÍDOS CR-250","2014-12-01","***","***","***","***","***","***"]
["ASFALTOS DILUÍDOS CR-250","2015-01-01","***","***","***","***","***","***"]
["ASFALTOS DILUÍDOS CR-250","2015-02-01","***","***","***","***",1.5871,1.5871]
["ASFALTOS DILUÍDOS CR-250","2015-03-01","***","***","***","***","***","***"]
["ASFALTOS DILUÍDOS CR-250","2015-04-01","***","***","***","***","***","***"]
["ASFALTOS DILUÍDOS CR-250","2015-05-01","***","***","***","***","***","***"]
["ASFALTOS DILUÍDOS CR-250","2015-06-01","***","***","***",2.3921000000000001,"***",2.3921000000000001]
["ASFALTOS DILUÍDOS CR-250","2015-07-01","***","***","***","***","***","***"]
["ASFALTOS DILUÍDOS CR-250","2015-08-01","***","***","***","***","***","***"]
["ASFALTOS DILUÍDOS CR-250","2015-09-01","***","***","***",2.3885999999999998,"***",2.3885999999999998]
["ASFALTOS DILUÍDOS CR-250","2015-10-01","***","***","***","***","***","***"]
["ASFALTOS DILUÍDOS CR-250","2015-11-01","***","***","***","***",1.2641,1.2641]
["ASFALTOS DILUÍDOS CR-250","2015-12-01","***","***","***","***","***","***"]
["ASFALTOS DILUÍDOS CR-250","2016-01-01","***","***","***","***","***","***"]
["ASFALTOS DILUÍDOS CR-250","2016-02-01","***","***","***","***","***","***"]
["ASFALTOS DILUÍDOS CR-250","2016-03-01","***","***","***","***","***","***"]
["ASFALTOS DILUÍDOS CR-250","2016-04-01","***","***","***","***","***","***"]
["ASFALTOS DILUÍDOS CR-250","2016-05-01","***","***","***","***","***","***"]
["ASFALTOS DILUÍDOS CR-250","2016-06-01","***","***","***","***","***","***"]
["ASFALTOS DILUÍDOS CR-250","2016-07-01","***","***","***","***","***","***"]
["ASFALTOS DILUÍDOS CR-250","2016-08-01","***","***","***","***","***","***"]
["ASFALTOS DILUÍDOS CR-250","2016-09-01","***","***","***","***","***","***"]
["ASFALTOS DILUÍDOS CR-250","2016-10-01","***","***","***","***","***","***"]
["ASFALTOS DILUÍDOS CR-250","2016-11-01","***","***","***","***","***","***"]
["ASFALTOS DILUÍDOS CR-250","2016-12-01","***","***","***","***","***","***"]
["ASFALTOS DILUÍDOS CR-250","2017-01-01","***","***","***","***","***","***"]
["ASFALTOS DILUÍDOS CR-250","2017-02-01","***","***","***","***","***","***"]
["ASFALTOS DILUÍDOS CR-250","2017-03-01","***","***","***","***","***","***"]
["ASFALTOS DILUÍDOS CR-250","2017-04-01","***","***","***","***","***","***"]
["ASFALTOS DILUÍDOS CR-250","2017-05-01","***","***","***","***","***","***"]
["ASFALTOS DILUÍDOS CR-250","2017-06-01","***","***","***","***","***","***"]
["ASFALTOS DILUÍDOS CR-250","2017-07-01","***","***","***","***","***","***"]
["ASFALTOS DILUÍDOS CR-250","2017-08-01","***","***","***","***","***","***"]
["ASFALTOS DILUÍDOS CR-250","2017-09-01","***","***","***","***","***","***"]
["ASFALTOS DILUÍDOS CR-250","2017-10-01","***","***","***","***","***","***"]
["ASFALTOS DILUÍDOS CR-250","2017-11-01","***","***","***","***","***","***"]
["ASFALTOS DILUÍDOS CR-250","2017-12-01","***","***","***","***","***","***"]
["ASFALTOS DILUÍDOS CR-250","2018-01-01","***","***","***","***","***","***"]
["ASFALTOS DILUÍDOS CR-250","2018-02-01","***","***","***","***","***","***"]
["ASFALTOS DILUÍDOS CR-250","2018-03-01","***","***","***","***","***","***"]
["ASFALTOS DILUÍDOS CR-250","2018-04-01","***","***","***","***","***","***"]
["ASFALTOS DILUÍDOS CR-250","2018-05-01","***","***","***","***","***","***"]
["ASFALTOS DILUÍDOS CR-250","2018-06-01","***","***","***","***","***","***"]
["ASFALTOS DILUÍDOS CR-250","2018-07-01","***","***","***","***","***","***"]
["ASFALTOS DILUÍDOS CR-250","2018-08-01","***","***","***","***","***","***"]
["ASFALTOS DILUÍDOS CR-250","2018-09-01","***","***","***","***","***","***"]
["ASFALTOS DILUÍDOS CR-250","2018-10-01","***","***","***","***","***","***"]
["ASFALTOS DILUÍDOS CR-250","2018-11-01","***","***","***","***","***","***"]
["ASFALTOS DILUÍDOS CR-250","2018-12-01","***","***","***","***","***","***"]
["ASFALTOS DILUÍDOS CR-250","2019-01-01","***","***","***","***","***","***"]
["ASFALTOS DILUÍDOS CR-250","2019-02-01","***","***","***","***","***","***"]
["ASFALTOS DILUÍDOS CR-250","2019-03-01","***","***","***","***","***","***"]
["ASFALTOS DILUÍDOS CR-250","2019-04-01","***","***","***","***","***","***"]
["ASFALTOS DILUÍDOS CR-250","2019-05-01","***","***","***","***","***","***"]
["ASFALTOS DILUÍDOS CR-250","2019-06-01","***","***","***","***","***","***"]
["ASFALTOS DILUÍDOS CR-250","2019-07-01","***","***","***","***","***","***"]
["ASFALTOS DILUÍDOS CR-250","2019-08-01","***","***","***","***","***","***"]
["ASFALTOS DILUÍDOS CR-250","2019-09-01","***","***","***","***","***","***"]
["ASFALTOS DILUÍDOS CR-250","2019-10-01","***","***","***","***","***","***"]
["ASFALTOS DILUÍDOS CR-250","2019-11-01","***","***","***","***","***","***"]
["ASFALTOS DILUÍDOS CR-250","2019-12-01","***","***","***","***","***","***"]
["ASFALTOS DILUÍDOS CR-250","2020-01-01","***","***","***","***","***","***"]
["ASFALTOS DILUÍDOS CR-250","2020-02-01","***","***","***","***","***","***"]
["ASFALTOS DILUÍDOS CR-250","2020-03-01","***","***","***","***","***","***"]
["ASFALTOS DILUÍDOS CR-250","2020-04-01","***","***","***","***","***","***"]
["ASFALTOS DILUÍDOS CR-250","2020-05-01","***","***","***","***","***","***"]
["ASFALTOS DILUÍDOS CR-250","2020-06-01","***","***","***","***","***","***"]
["ASFALTOS DILUÍDOS CR-250","2020-07-01","***","***","***","***","***","***"]
["ASFALTOS DILUÍDOS CR-250","2020-08-01","***","***","***","***","***","***"]
["ASFALTOS DILUÍDOS CR-250","2020-09-01","***","***","***","***","***","***"]
["ASFALTOS DILUÍDOS CR-250","2020-10-01","***","***","***","***","***","***"]
["ASFALTOS DILUÍDOS CR-250","2020-11-01","***","***","***","***","***","***"]
["ASFALTOS DILUÍDOS CR-250","2020-12-01","***","***","***","***","***","***"]
["ASFALTOS DILUÍDOS CR-250","2021-01-01","***","***","***","***","***","***"]
["ASFALTOS DILUÍDOS CR-250","2021-02-01","***","***","***","***","***","***"]
["ASFALTOS DILUÍDOS CR-250","2021-03-01","***","***","***","***","***","***"]
["ASFALTOS DILUÍDOS CR-250","2021-04-01","***","***","***","***","***","***"]
["ASFALTOS DILUÍDOS CR-250","2021-05-01","***","***","***","***","***","***"]
["ASFALTOS DILUÍDOS CR-250","2021-06-01","***","***","***","***","***","***"]
["ASFALTOS DILUÍDOS CR-250","2021-07-01","***","***","***","***","***","***"]
["ASFALTOS DILUÍDOS CR-250","2021-08-01","***","***","***","***","***","***"]
["ASFALTOS DILUÍDOS CR-250","2021-09-01","***","***","***","***","***","***"]
["ASFALTOS DILUÍDOS CR-250","2021-10-01","***","***","***","***","***","***"]
["ASFALTOS DILUÍDOS CR-250","2021-11-01","***","***","***","***","***","***"]
["ASFALTOS DILUÍDOS CR-250","2021-12-01","***","***","***","***","***","***"]
["ASFALTOS DILUÍDOS CR-250","2022-01-01","***","***","***","***","***","***"]
["ASFALTOS DILUÍDOS CR-250","2022-02-01","***","***","***","***","***","***"]
["ASFALTOS DILUÍDOS CR-250","2022-03-01","***","***","***","***","***","***"]
["ASFALTOS DILUÍDOS CR-250","2022-04-01","***","***","***","***","***","***"]
["ASFALTOS DILUÍDOS CR-250","2022-05-01","***","***","***","***","***","***"]
["ASFALTOS DILUÍDOS CR-250","2022-06-01","***","***","***","***","***","***"]
["ASFALTOS DILUÍDOS CR-250","2022-07-01","***","***","***","***","***","***"]
["ASFALTOS DILUÍDOS CR-250","2022-08-01","***","***","***","***","***","***"]
["ASFALTOS DILUÍDOS CR-250","2022-09-01","***","***","***","***","***","***"]
["ASFALTOS DILUÍDOS CR-250","2022-10-01","***","***","***","***","***","***"]
["ASFALTOS DILUÍDOS CR-250","2022-11-01","***","***","***","***","***","***"]
["ASFALTOS DILUÍDOS CR-250","2022-12-01","***","***","***","***","***","***"]
["ASFALTOS DILUÍDOS CR-250","2023-01-01","***","***","***","***","***","***"]
["ASFALTOS DILUÍDOS CR-250","2023-02-01","***","***","***","***","***","***"]
["ASFALTOS DILUÍDOS CR-250","2023-03-01","***","***","***","***","***","***"]
["ASFALTOS DILUÍDOS CR-250","2023-04-01","***","***","***","***","***","***"]
["ASFALTOS DILUÍDOS CR-250","2023-05-01","***","***","***","***","***","***"]
["ASFALTOS DILUÍDOS CR-250","2023-06-01","***","***","***","***","***","***"]
["ASFALTOS DILUÍDOS CR-250","2023-07-01","***","***","***","***","***","***"]
["ASFALTOS DILUÍDOS CR-250","2023-08-01","***","***","***","***","***","***"]
["ASFALTOS DILUÍDOS CR-70","2008-11-01","***","***","***","***","***","***"]
["ASFALTOS DILUÍDOS CR-70","2008-12-01","***","***","***",1.9236200000000001,"***",1.9236200000000001]
["ASFALTOS DILUÍDOS CR-70","2009-01-01","***","***","***","***","***","***"]
["ASFALTOS DILUÍDOS CR-70","2009-02-01","***","***","***","***","***","***"]
["ASFALTOS DILUÍDOS CR-70","2009-03-01","***","***","***","***","***","***"]
["ASFALTOS DILUÍDOS CR-70","2009-04-01","***","***","***","***","***","***"]
["ASFALTOS DILUÍDOS CR-70","2009-05-01","***","***","***","***","***","***"]
["ASFALTOS DILUÍDOS CR-70","2009-06-01","***","***","***","***","***","***"]
["ASFALTOS DILUÍDOS CR-70","2009-07-01","***","***","***","***","***","***"]
["ASFALTOS DILUÍDOS CR-70","2009-08-01","***","***","***","***","***","***"]
["ASFALTOS DILUÍDOS CR-70","2009-09-01","***","***","***","***","***","***"]
["ASFALTOS DILUÍDOS CR-70","2009-10-01","***","***","***","***","***","***"]
["ASFALTOS DILUÍDOS CR-70","2009-11-01","***","***","***","***","***","***"]
["ASFALTOS DILUÍDOS CR-70","2009-12-01","***","***","***","***","***","***"]
["ASFALTOS DILUÍDOS CR-70","2010-01-01","***","***","***","***","***","***"]
["ASFALTOS DILUÍDOS CR-70","2010-02-01","***","***","***","***","***","***"]
["ASFALTOS DILUÍDOS CR-70","2010-03-01","***","***","***","***","***","***"]
["ASFALTOS DILUÍDOS CR-70","2010-04-01","***","***","***","***","***","***"]
["ASFALTOS DILUÍDOS CR-70","2010-05-01","***","***","***","***","***","***"]
["ASFALTOS DILUÍDOS CR-70","2010-06-01","***","***","***","***","***","***"]
["ASFALTOS DILUÍDOS CR-70","2010-07-01","***","***","***","***","***","***"]
["ASFALTOS DILUÍDOS CR-70","2010-08-01","***","***","***","***","***","***"]
["ASFALTOS DILUÍDOS CR-70","2010-09-01","***","***","***","***","***","***"]
["ASFALTOS DILUÍDOS CR-70","2010-10-01","***","***","***","***","***","***"]
["ASFALTOS DILUÍDOS CR-70","2010-11-01","***","***","***","***","***","***"]
["ASFALTOS DILUÍDOS CR-70","2010-12-01","***","***","***","***","***","***"]
["ASFALTOS DILUÍDOS CR-70","2011-01-01","***","***","***","***","***","***"]
["ASFALTOS DILUÍDOS CR-70","2011-02-01","***","***","***","***","***","***"]
["ASFALTOS DILUÍDOS CR-70","2011-03-01","***","***","***","***","***","***"]
["ASFALTOS DILUÍDOS CR-70","2011-04-01","***","***","***","***","***","***"]
["ASFALTOS DILUÍDOS CR-70","2011-05-01","***","***","***","***","***","***"]
["ASFALTOS DILUÍDOS CR-70","2011-06-01","***","***","***","***","***","***"]
["ASFALTOS DILUÍDOS CR-70","2011-07-01","***","***","***","***","***","***"]
["ASFALTOS DILUÍDOS CR-70","2011-08-01","***","***","***","***","***","***"]
["ASFALTOS DILUÍDOS CR-70","2011-09-01","***","***","***","***","***","***"]
["ASFALTOS DILUÍDOS CR-70","2011-10-01","***","***","***","***","***","***"]
["ASFALTOS DILUÍDOS CR-70","2011-11-01","***","***","***","***","***","***"]
["ASFALTOS DILUÍDOS CR-70","2011-12-01","***","***","***","***","***","***"]
["ASFALTOS DILUÍDOS CR-70","2012-01-01","***","***","***","***","***","***"]
["ASFALTOS DILUÍDOS CR-70","2012-02-01","***","***","***","***","***","***"]
["ASFALTOS DILUÍDOS CR-70","2012-03-01","***","***","***","***","***","***"]
["ASFALTOS DILUÍDOS CR-70","2012-04-01","***","***","***","***","***","***"]
["ASFALTOS DILUÍDOS CR-70","2012-05-01","***","***","***","***","***","***"]
["ASFALTOS DILUÍDOS CR-70","2012-06-01","***","***","***","***","***","***"]
["ASFALTOS DILUÍDOS CR-70","2012-07-01","***","***","***","***","***","***"]
["ASFALTOS DILUÍDOS CR-70","2012-08-01","***","***","***","***","***","***"]
["ASFALTOS DILUÍDOS CR-70","2012-09-01","***","***","***","***","***","***"]
["ASFALTOS DILUÍDOS CR-70","2012-10-01","***","***","***","***","***","***"]
["ASFALTOS DILUÍDOS CR-70","2012-11-01","***","***","***","***","***","***"]
["ASFALTOS DILUÍDOS CR-70","2012-12-01","***","***","***","***","***","***"]
["ASFALTOS DILUÍDOS CR-70","2013-01-01","***","***","***","***","***","***"]
["ASFALTOS DILUÍDOS CR-70","2013-02-01","***","***","***","***","***","***"]
["ASFALTOS DILUÍDOS CR-70","2013-03-01","***","***","***","***","***","***"]
["ASFALTOS DILUÍDOS CR-70","2013-04-01","***","***","***","***","***","***"]
["ASFALTOS DILUÍDOS CR-70","2013-05-01","***","***","***","***","***","***"]
["ASFALTOS DILUÍDOS CR-70","2013-06-01","***","***","***","***","***","***"]
["ASFALTOS DILUÍDOS CR-70","2013-07-01","***","***","***","***","***","***"]
["ASFALTOS DILUÍDOS CR-70","2013-08-01","***","***","***","***","***","***"]
["ASFALTOS DILUÍDOS CR-70","2013-09-01","***","***","***","***","***","***"]
["ASFALTOS DILUÍDOS CR-70","2013-10-01","***","***","***","***","***","***"]
["ASFALTOS DILUÍDOS CR-70","2013-11-01","***","***","***","***","***","***"]
["ASFALTOS DILUÍDOS CR-70","2013-12-01","***","***","***","***","***","***"]
["ASFALTOS DILUÍDOS CR-70","2014-01-01","***","***","***","***","***","***"]
["ASFALTOS DILUÍDOS CR-70","2014-02-01","***","***","***","***","***","***"]
["ASFALTOS DILUÍDOS CR-70","2014-03-01","***","***","***","***","***","***"]
["ASFALTOS DILUÍDOS CR-70","2014-04-01","***","***","***","***","***","***"]
["ASFALTOS DILUÍDOS CR-70","2014-05-01","***","***","***","***","***","***"]
["ASFALTOS DILUÍDOS CR-70","2014-06-01","***","***","***","***","***","***"]
["ASFALTOS DILUÍDOS CR-70","2014-07-01","***","***","***","***","***","***"]
["ASFALTOS DILUÍDOS CR-70","2014-08-01","***","***","***","***","***","***"]
["ASFALTOS DILUÍDOS CR-70","2014-09-01","***","***","***","***","***","***"]
["ASFALTOS DILUÍDOS CR-70","2014-10-01","***","***","***","***","***","***"]
["ASFALTOS DILUÍDOS CR-70","2014-11-01","***","***","***","***","***","***"]
["ASFALTOS DILUÍDOS CR-70","2014-12-01","***","***","***","***","***","***"]
["ASFALTOS DILUÍDOS CR-70","2015-01-01","***","***","***","***","***","***"]
["ASFALTOS DILUÍDOS CR-70","2015-02-01","***","***","***","***","***","***"]
["ASFALTOS DILUÍDOS CR-70","2015-03-01","***","***","***","***","***","***"]
["ASFALTOS DILUÍDOS CR-70","2015-04-01","***","***","***","***","***","***"]
["ASFALTOS DILUÍDOS CR-70","2015-05-01","***","***","***","***","***","***"]
["ASFALTOS DILUÍDOS CR-70","2015-06-01","***","***","***","***","***","***"]
["ASFALTOS DILUÍDOS CR-70","2015-07-01","***","***","***","***","***","***"]
["ASFALTOS DILUÍDOS CR-70","2015-08-01","***","***","***","***","***","***"]
["ASFALTOS DILUÍDOS CR-70","2015-09-01","***","***","***","***","***","***"]
["ASFALTOS DILUÍDOS CR-70","2015-10-01","***","***","***","***","***","***"]
["ASFALTOS DILUÍDOS CR-70","2015-11-01","***","***","***","***","***","***"]
["ASFALTOS DILUÍDOS CR-70","2015-12-01","***","***","***","***","***","***"]
["ASFALTOS DILUÍDOS CR-70","2016-01-01","***","***","***","***","***","***"]
["ASFALTOS DILUÍDOS CR-70","2016-02-01","***","***","***","***","***","***"]
["ASFALTOS DILUÍDOS CR-70","2016-03-01","***","***","***","***","***","***"]
["ASFALTOS DILUÍDOS CR-70","2016-04-01","***","***","***","***","***","***"]
["ASFALTOS DILUÍDOS CR-70","2016-05-01","***","***","***","***","***","***"]
["ASFALTOS DILUÍDOS CR-70","2016-06-01","***","***","***","***","***","***"]
["ASFALTOS DILUÍDOS CR-70","2016-07-01","***","***","***","***","***","***"]
["ASFALTOS DILUÍDOS CR-70","2016-08-01","***","***","***","***","***","***"]
["ASFALTOS DILUÍDOS CR-70","2016-09-01","***","***","***","***","***","***"]
["ASFALTOS DILUÍDOS CR-70","2016-10-01","***","***","***","***","***","***"]
["ASFALTOS DILUÍDOS CR-70","2016-11-01","***","***","***","***","***","***"]
["ASFALTOS DILUÍDOS CR-70","2016-12-01","***","***","***","***","***","***"]
["ASFALTOS DILUÍDOS CR-70","2017-01-01","***","***","***","***","***","***"]
["ASFALTOS DILUÍDOS CR-70","2017-02-01","***","***","***","***","***","***"]
["ASFALTOS DILUÍDOS CR-70","2017-03-01","***","***","***","***","***","***"]
["ASFALTOS DILUÍDOS CR-70","2017-04-01","***","***","***","***","***","***"]
["ASFALTOS DILUÍDOS CR-70","2017-05-01","***","***","***","***","***","***"]
["ASFALTOS DILUÍDOS CR-70","2017-06-01","***","***","***","***","***","***"]
["ASFALTOS DILUÍDOS CR-70","2017-07-01","***","***","***","***","***","***"]
["ASFALTOS DILUÍDOS CR-70","2017-08-01","***","***","***","***","***","***"]
["ASFALTOS DILUÍDOS CR-70","2017-09-01","***","***","***","***","***","***"]
["ASFALTOS DILUÍDOS CR-70","2017-10-01","***","***","***","***","***","***"]
["ASFALTOS DILUÍDOS CR-70","2017-11-01","***","***","***","***","***","***"]
["ASFALTOS DILUÍDOS CR-70","2017-12-01","***","***","***","***","***","***"]
["ASFALTOS DILUÍDOS CR-70","2018-01-01","***","***","***","***","***","***"]
["ASFALTOS DILUÍDOS CR-70","2018-02-01","***","***","***","***","***","***"]
["ASFALTOS DILUÍDOS CR-70","2018-03-01","***","***","***","***","***","***"]
["ASFALTOS DILUÍDOS CR-70","2018-04-01","***","***","***","***","***","***"]
["ASFALTOS DILUÍDOS CR-70","2018-05-01","***","***","***","***","***","***"]
["ASFALTOS DILUÍDOS CR-70","2018-06-01","***","***","***","***","***","***"]
["ASFALTOS DILUÍDOS CR-70","2018-07-01","***","***","***","***","***","***"]
["ASFALTOS DILUÍDOS CR-70","2018-08-01","***","***","***","***","***","***"]
["ASFALTOS DILUÍDOS CR-70","2018-09-01","***","***","***","***","***","***"]
["ASFALTOS DILUÍDOS CR-70","2018-10-01","***","***","***","***","***","***"]
["ASFALTOS DILUÍDOS CR-70","2018-11-01","***","***","***","***","***","***"]
["ASFALTOS DILUÍDOS CR-70","2018-12-01","***","***","***","***","***","***"]
["ASFALTOS DILUÍDOS CR-70","2019-01-01","***","***","***","***","***","***"]
["ASFALTOS DILUÍDOS CR-70","2019-02-01","***","***","***","***","***","***"]
["ASFALTOS DILUÍDOS CR-70","2019-03-01","***","***","***","***","***","***"]
["ASFALTOS DILUÍDOS CR-70","2019-04-01","***","***","***","***","***","***"]
["ASFALTOS DILUÍDOS CR-70","2019-05-01","***","***","***","***","***","***"]
["ASFALTOS DILUÍDOS CR-70","2019-06-01","***","***","***","***","***","***"]
["ASFALTOS DILUÍDOS CR-70","2019-07-01","***","***","***","***","***","***"]
["ASFALTOS DILUÍDOS CR-70","2019-08-01","***","***","***","***","***","***"]
["ASFALTOS DILUÍDOS CR-70","2019-09-01","***","***","***","***","***","***"]
["ASFALTOS DILUÍDOS CR-70","2019-10-01","***","***","***","***","***","***"]
["ASFALTOS DILUÍDOS CR-70","2019-11-01","***","***","***","***","***","***"]
["ASFALTOS DILUÍDOS CR-70","2019-12-01","***","***","***","***","***","***"]
["ASFALTOS DILUÍDOS CR-70","2020-01-01","***","***","***","***","***","***"]
["ASFALTOS DILUÍDOS CR-70","2020-02-01","***","***","***","***","***","***"]
["ASFALTOS DILUÍDOS CR-70","2020-03-01","***","***","***","***","***","***"]
["ASFALTOS DILUÍDOS CR-70","2020-04-01","***","***","***","***","***","***"]
["ASFALTOS DILUÍDOS CR-70","2020-05-01","***","***","***","***","***","***"]
["ASFALTOS DILUÍDOS CR-70","2020-06-01","***","***","***","***","***","***"]
["ASFALTOS DILUÍDOS CR-70","2020-07-01","***","***","***","***","***","***"]
["ASFALTOS DILUÍDOS CR-70","2020-08-01","***","***","***","***","***","***"]
["ASFALTOS DILUÍDOS CR-70","2020-09-01","***","***","***","***","***","***"]
["ASFALTOS DILUÍDOS CR-70","2020-10-01","***","***","***","***","***","***"]
["ASFALTOS DILUÍDOS CR-70","2020-11-01","***","***","***","***","***","***"]
["ASFALTOS DILUÍDOS CR-70","2020-12-01","***","***","***","***","***","***"]
["ASFALTOS DILUÍDOS CR-70","2021-01-01","***","***","***","***","***","***"]
["ASFALTOS DILUÍDOS CR-70","2021-02-01","***","***","***","***","***","***"]
["ASFALTOS DILUÍDOS CR-70","2021-03-01","***","***","***","***","***","***"]
["ASFALTOS DILUÍDOS CR-70","2021-04-01","***","***","***","***","***","***"]
["ASFALTOS DILUÍDOS CR-70","2021-05-01","***","***","***","***","***","***"]
["ASFALTOS DILUÍDOS CR-70","2021-06-01","***","***","***","***","***","***"]
["ASFALTOS DILUÍDOS CR-70","2021-07-01","***","***","***","***","***","***"]
["ASFALTOS DILUÍDOS CR-70","2021-08-01","***","***","***","***","***","***"]
["ASFALTOS DILUÍDOS CR-70","2021-09-01","***","***","***","***","***","***"]
["ASFALTOS DILUÍDOS CR-70","2021-10-01","***","***","***","***","***","***"]
["ASFALTOS DILUÍDOS CR-70","2021-11-01","***","***","***","***","***","***"]
["ASFALTOS DILUÍDOS CR-70","2021-12-01","***","***","***","***","***","***"]
["ASFALTOS DILUÍDOS CR-70","2022-01-01","***","***","***","***","***","***"]
["ASFALTOS DILUÍDOS CR-70","2022-02-01","***","***","***","***","***","***"]
["ASFALTOS DILUÍDOS CR-70","2022-03-01","***","***","***","***","***","***"]
["ASFALTOS DILUÍDOS CR-70","2022-04-01","***","***","***","***","***","***"]
["ASFALTOS DILUÍDOS CR-70","2022-05-01","***","***","***","***","***","***"]
["ASFALTOS DILUÍDOS CR-70","2022-06-01","***","***","***","***","***","***"]
["ASFALTOS DILUÍDOS CR-70","2022-07-01","***","***","***","***","***","***"]
["ASFALTOS DILUÍDOS CR-70","2022-08-01","***","***","***","***","***","***"]
["ASFALTOS DILUÍDOS CR-70","2022-09-01","***","***","***","***","***","***"]
["ASFALTOS DILUÍDOS CR-70","2022-10-01","***","***","***","***","***","***"]
["ASFALTOS DILUÍDOS CR-70","2022-11-01","***","***","***","***","***","***"]
["ASFALTOS DILUÍDOS CR-70","2022-12-01","***","***","***","***","***","***"]
["ASFALTOS DILUÍDOS CR-70","2023-01-01","***","***","***","***","***","***"]
["ASFALTOS DILUÍDOS CR-70","2023-02-01","***","***","***","***","***","***"]
["ASFALTOS DILUÍDOS CR-70","2023-03-01","***","***","***","***","***","***"]
["ASFALTOS DILUÍDOS CR-70","2023-04-01","***","***","***","***","***","***"]
["ASFALTOS DILUÍDOS CR-70","2023-05-01","***","***","***","***","***","***"]
["ASFALTOS DILUÍDOS CR-70","2023-06-01","***","***","***","***","***","***"]
["ASFALTOS DILUÍDOS CR-70","2023-07-01","***","***","***","***","***","***"]
["ASFALTOS DILUÍDOS CR-70","2023-08-01","***","***","***","***","***","***"]
["CAP MODIFICADO POR BORRACHA DE PNEU AB22","2009-12-01","***","***","***",1.1234649999999999,1.1484160238451699,1.1435287983662901]
["CAP MODIFICADO POR BORRACHA DE PNEU AB22","2010-01-01","***","***","***",1.15307,1.1135568954352699,1.1172737978187199]
["CAP MODIFICADO POR BORRACHA DE PNEU AB22","2010-02-01","***","***","***",1.15263,1.0478505613046001,1.0558425060979599]
["CAP MODIFICADO POR BORRACHA DE PNEU AB22","2010-03-01","***","***","***",1.15307,1.31,1.23787552880398]
["CAP MODIFICADO POR BORRACHA DE PNEU AB22","2010-04-01","***","***","***",1.15307,1.2383678377406,1.22350010471593]
["CAP MODIFICADO POR BORRACHA DE PNEU AB22","2010-05-01","***","***","***",1.15307,1.33598924774323,1.2764934501895]
["CAP MODIFICADO POR BORRACHA DE PNEU AB22","2010-06-01","***","***","***",1.15307,1.23805302172289,1.23292365204744]
["CAP MODIFICADO POR BORRACHA DE PNEU AB22","2010-07-01","***","***","***",1.2225512921511601,1.19691654370939,1.1987192796909001]
["CAP MODIFICADO POR BORRACHA DE PNEU AB22","2010-08-01","***","***","***",1.15198,1.1095153340030901,1.11015994296941]
["CAP MODIFICADO POR BORRACHA DE PNEU AB22","2010-09-01","***","***","***",1.14992443589224,1.10835866411113,1.1101841179191601]
["CAP MODIFICADO POR BORRACHA DE PNEU AB22","2010-10-01","***","***","***",1.1834025863181701,1.11934211231611,1.12604694560775]
["CAP MODIFICADO POR BORRACHA DE PNEU AB22","2010-11-01","***","***","***",1.2288644330518701,1.0641401488136399,1.0888511015806701]
["CAP MODIFICADO POR BORRACHA DE PNEU AB22","2010-12-01","***","***","***",1.2462800000000001,1.07197751535279,1.0789323518409699]
["CAP MODIFICADO POR BORRACHA DE PNEU AB22","2011-01-01","***","***","***",1.2462800000000001,0.98689694832691299,1.03500259773603]
["CAP MODIFICADO POR BORRACHA DE PNEU AB22","2011-02-01","***","***","***",1.2226309585177599,1.09275169426462,1.11805610644728]
["CAP MODIFICADO POR BORRACHA DE PNEU AB22","2011-03-01","***","***","***",1.2355602533505601,1.09455771184085,1.1461685961089101]
["CAP MODIFICADO POR BORRACHA DE PNEU AB22","2011-04-01","***","***","***",1.10591893363101,1.0814333170533199,1.0998096510789499]
["CAP MODIFICADO POR BORRACHA DE PNEU AB22","2011-05-01","***","***","***",1.1276787427600601,1.1728104665174699,1.1345451619239699]
["CAP MODIFICADO POR BORRACHA DE PNEU AB22","2011-06-01","***","***","***",1.10881648208522,1.0417412156536201,1.0988321598005899]
["CAP MODIFICADO POR BORRACHA DE PNEU AB22","2011-07-01","***","***","***",1.1690508266069599,1.19844243575537,1.1770227800200399]
["CAP MODIFICADO POR BORRACHA DE PNEU AB22","2011-08-01","***","***","***",1.1739893941559201,1.19788061479924,1.17701568210241]
["CAP MODIFICADO POR BORRACHA DE PNEU AB22","2011-09-01","***","***","***",1.2120613428599201,1.19754998609179,1.2094636031908901]
["CAP MODIFICADO POR BORRACHA DE PNEU AB22","2011-10-01","***","***","***",1.28062079261243,1.0520450466311599,1.1902302680057799]
["CAP MODIFICADO POR BORRACHA DE PNEU AB22","2011-11-01","***","***","***",1.2382708814290699,1.05597039475261,1.1651232780718801]
["CAP MODIFICADO POR BORRACHA DE PNEU AB22","2011-12-01","***","***","***",1.27929694805836,1.1310173506943,1.23204237484196]
["CAP MODIFICADO POR BORRACHA DE PNEU AB22","2012-01-01","***","***","***",1.28229887431821,1.17346682510885,1.2535014543417999]
["CAP MODIFICADO POR BORRACHA DE PNEU AB22","2012-02-01","***","***","***",1.2966007560263799,1.07840725864584,1.22349632035192]
["CAP MODIFICADO POR BORRACHA DE PNEU AB22","2012-03-01","***","***","***",1.29781835631012,1.1457979052549501,1.2304271122572401]
["CAP MODIFICADO POR BORRACHA DE PNEU AB22","2012-04-01","***","***","***",1.2948857233970501,1.04996731285895,1.1535264392000699]
["CAP MODIFICADO POR BORRACHA DE PNEU AB22","2012-05-01","***","***","***",1.33,1.14880803211425,1.16606964555968]
["CAP MODIFICADO POR BORRACHA DE PNEU AB22","2012-06-01","***","***","***","***",1.1093051257435,1.1093051257435]
["CAP MODIFICADO POR BORRACHA DE PNEU AB22","2012-07-01","***","***","***","***",1.16358684022887,1.16358684022887]
["CAP MODIFICADO POR BORRACHA DE PNEU AB22","2012-08-01","***","***","***",1.0637399999999999,1.14140617138184,1.13630619355763]
["CAP MODIFICADO POR BORRACHA DE PNEU AB22","2012-09-01","***","***","***",1.0637399999999999,1.27977738874656,1.2069180933215899]
["CAP MODIFICADO POR BORRACHA DE PNEU AB22","2012-10-01","***","***","***",1.06867,1.2379055871702001,1.21588767247199]
["CAP MODIFICADO POR BORRACHA DE PNEU AB22","2012-11-01","***","***","***","***",1.2617477396963099,1.2617477396963099]
["CAP MODIFICADO POR BORRACHA DE PNEU AB22","2012-12-01","***","***","***","***",1.3118067572668899,1.3118067572668899]
["CAP MODIFICADO POR BORRACHA DE PNEU AB22","2013-01-01","***","***","***","***",1.29059891459513,1.29059891459513]
["CAP MODIFICADO POR BORRACHA DE PNEU AB22","2013-02-01","***","***","***","***",1.15569691154971,1.15569691154971]
["CAP MODIFICADO POR BORRACHA DE PNEU AB22","2013-03-01","***","***","***","***",1.3072032579042001,1.3072032579042001]
["CAP MODIFICADO POR BORRACHA DE PNEU AB22","2013-04-01","***","***","***","***",1.19642693878824,1.19642693878824]
["CAP MODIFICADO POR BORRACHA DE PNEU AB22","2013-05-01","***","***","***","***",1.2685492001459,1.2685492001459]
["CAP MODIFICADO POR BORRACHA DE PNEU AB22","2013-06-01","***","***","***","***",1.1563630036400201,1.1563630036400201]
["CAP MODIFICADO POR BORRACHA DE PNEU AB22","2013-07-01","***","***","***","***",1.2872586218234801,1.2872586218234801]
["CAP MODIFICADO POR BORRACHA DE PNEU AB22","2013-08-01","***","***","***","***",1.3293076114274001,1.3293076114274001]
["CAP MODIFICADO POR BORRACHA DE PNEU AB22","2013-09-01","***","***","***","***","***","***"]
["CAP MODIFICADO POR BORRACHA DE PNEU AB22","2013-10-01","***","***","***","***","***","***"]
["CAP MODIFICADO POR BORRACHA DE PNEU AB22","2013-11-01","***","***","***",1.2402,"***",1.2402]
["CAP MODIFICADO POR BORRACHA DE PNEU AB22","2013-12-01","***","***","***",1.2402,"***",1.2402]
["CAP MODIFICADO POR BORRACHA DE PNEU AB22","2014-01-01","***","***","***",1.2376,"***",1.2376]
["CAP MODIFICADO POR BORRACHA DE PNEU AB22","2014-02-01","***","***","***",1.2376,"***",1.2376]
["CAP MODIFICADO POR BORRACHA DE PNEU AB22","2014-03-01","***","***","***",1.258,1.5686,1.28524816648822]
["CAP MODIFICADO POR BORRACHA DE PNEU AB22","2014-04-01","***","***","***",1.2566999999999999,"***",1.2566999999999999]
["CAP MODIFICADO POR BORRACHA DE PNEU AB22","2014-05-01","***","***","***",1.2648528509199699,"***",1.2648528509199699]
["CAP MODIFICADO POR BORRACHA DE PNEU AB22","2014-06-01","***","***","***",1.2696562557437301,"***",1.2696562557437301]
["CAP MODIFICADO POR BORRACHA DE PNEU AB22","2014-07-01","***","***","***",1.2954000000000001,"***",1.2954000000000001]
["CAP MODIFICADO POR BORRACHA DE PNEU AB22","2014-08-01","***","***","***",1.3118505057869301,"***",1.3118505057869301]
["CAP MODIFICADO POR BORRACHA DE PNEU AB22","2014-09-01","***","***","***","***","***","***"]
["CAP MODIFICADO POR BORRACHA DE PNEU AB22","2014-10-01","***","***","***","***",1.2496365728900301,1.2496365728900301]
["CAP MODIFICADO POR BORRACHA DE PNEU AB22","2014-11-01","***","***","***","***","***","***"]
["CAP MODIFICADO POR BORRACHA DE PNEU AB22","2014-12-01","***","***","***","***","***","***"]
["CAP MODIFICADO POR BORRACHA DE PNEU AB22","2015-01-01","***","***","***","***","***","***"]
["CAP MODIFICADO POR BORRACHA DE PNEU AB22","2015-02-01","***","***","***","***","***","***"]
["CAP MODIFICADO POR BORRACHA DE PNEU AB22","2015-03-01","***","***","***","***","***","***"]
["CAP MODIFICADO POR BORRACHA DE PNEU AB22","2015-04-01","***","***","***","***","***","***"]
["CAP MODIFICADO POR BORRACHA DE PNEU AB22","2015-05-01","***","***","***","***","***","***"]
["CAP MODIFICADO POR BORRACHA DE PNEU AB22","2015-06-01","***","***","***","***","***","***"]
["CAP MODIFICADO POR BORRACHA DE PNEU AB22","2015-07-01","***","***","***","***","***","***"]
["CAP MODIFICADO POR BORRACHA DE PNEU AB22","2015-08-01","***","***","***",1.2886,1.575,1.43168759321443]
["CAP MODIFICADO POR BORRACHA DE PNEU AB22","2015-09-01","***","***","***",1.34940401695297,1.63024999771088,1.4605944888526401]
["CAP MODIFICADO POR BORRACHA DE PNEU AB22","2015-10-01","***","***","***",1.38312191948101,1.6719900000000001,1.4617239504458199]
["CAP MODIFICADO POR BORRACHA DE PNEU AB22","2015-11-01","***","***","***",1.4775499725666601,"***",1.4775499725666601]
["CAP MODIFICADO POR BORRACHA DE PNEU AB22","2015-12-01","***","***","***","***","***","***"]
["CAP MODIFICADO POR BORRACHA DE PNEU AB22","2016-01-01","***","***","***","***","***","***"]
["CAP MODIFICADO POR BORRACHA DE PNEU AB22","2016-02-01","***","***","***","***","***","***"]
["CAP MODIFICADO POR BORRACHA DE PNEU AB22","2016-03-01","***","***","***","***",1.6474,1.6474]
["CAP MODIFICADO POR BORRACHA DE PNEU AB22","2016-04-01","***","***","***","***",1.9315,1.9315]
["CAP MODIFICADO POR BORRACHA DE PNEU AB22","2016-05-01","***","***","***","***",1.9306000000000001,1.9306000000000001]
["CAP MODIFICADO POR BORRACHA DE PNEU AB22","2016-06-01","***","***","***","***",1.9298,1.9298]
["CAP MODIFICADO POR BORRACHA DE PNEU AB22","2016-07-01","***","***","***","***",1.9291,1.9291]
["CAP MODIFICADO POR BORRACHA DE PNEU AB22","2016-08-01","***","***","***","***",1.75626579565393,1.75626579565393]
["CAP MODIFICADO POR BORRACHA DE PNEU AB22","2016-09-01","***","***",1.9316,1.70237608111738,1.6322832917768,1.6837156688536901]
["CAP MODIFICADO POR BORRACHA DE PNEU AB22","2016-10-01","***","***",1.9358,1.7030172137301001,1.6143020545553699,1.72006962319735]
["CAP MODIFICADO POR BORRACHA DE PNEU AB22","2016-11-01","***","***",1.9358,"***",1.62578037915956,1.6876625635444]
["CAP MODIFICADO POR BORRACHA DE PNEU AB22","2016-12-01","***","***","***","***",1.6872621715085301,1.6872621715085301]
["CAP MODIFICADO POR BORRACHA DE PNEU AB22","2017-01-01","***","***","***","***",1.6734079698981601,1.6734079698981601]
["CAP MODIFICADO POR BORRACHA DE PNEU AB22","2017-02-01","***","***","***","***",1.64194293570105,1.64194293570105]
["CAP MODIFICADO POR BORRACHA DE PNEU AB22","2017-03-01","***","***","***","***",1.6301132571894501,1.6301132571894501]
["CAP MODIFICADO POR BORRACHA DE PNEU AB22","2017-04-01","***","***","***","***","***","***"]
["CAP MODIFICADO POR BORRACHA DE PNEU AB22","2017-05-01","***","***","***",1.7444,1.6160751800895801,1.6507208966853999]
["CAP MODIFICADO POR BORRACHA DE PNEU AB22","2017-06-01","***","***","***",1.73417588842698,1.61373363738558,1.6726636681265701]
["CAP MODIFICADO POR BORRACHA DE PNEU AB22","2017-07-01","***","***","***","***",1.5218674902420899,1.5218674902420899]
["CAP MODIFICADO POR BORRACHA DE PNEU AB22","2017-08-01","***","***","***","***",1.5154307004538601,1.5154307004538601]
["CAP MODIFICADO POR BORRACHA DE PNEU AB22","2017-09-01","***","***","***","***",1.43008103000714,1.43008103000714]
["CAP MODIFICADO POR BORRACHA DE PNEU AB22","2017-10-01","***","***","***","***",1.6500083430238599,1.6500083430238599]
["CAP MODIFICADO POR BORRACHA DE PNEU AB22","2017-11-01","***","***","***","***",1.60113260726308,1.60113260726308]
["CAP MODIFICADO POR BORRACHA DE PNEU AB22","2017-12-01","***","***","***",1.67927,1.58672305341452,1.5902267217916899]
["CAP MODIFICADO POR BORRACHA DE PNEU AB22","2018-01-01","***","***","***","***",1.9039517789379501,1.9039517789379501]
["CAP MODIFICADO POR BORRACHA DE PNEU AB22","2018-02-01","***","***","***","***",1.79221573142559,1.79221573142559]
["CAP MODIFICADO POR BORRACHA DE PNEU AB22","2018-03-01","***","***",2.0981999999999998,"***",2.0236659989272301,2.0342826942655599]
["CAP MODIFICADO POR BORRACHA DE PNEU AB22","2018-04-01","***","***",2.1002000000000001,"***",2.0674864250658498,2.0740626225658501]
["CAP MODIFICADO POR BORRACHA DE PNEU AB22","2018-05-01","***","***","***",1.8197000000000001,2.1875293896010199,2.1613831664948502]
["CAP MODIFICADO POR BORRACHA DE PNEU AB22","2018-06-01","***","***","***",1.9635,2.2124254039946201,2.1202259111662101]
["CAP MODIFICADO POR BORRACHA DE PNEU AB22","2018-07-01","***","***","***",2.1217000000000001,2.2766539530729899,2.2429636025160402]
["CAP MODIFICADO POR BORRACHA DE PNEU AB22","2018-08-01","***","***","***",2.29724191343964,2.3963496857915301,2.3720242672791598]
["CAP MODIFICADO POR BORRACHA DE PNEU AB22","2018-09-01","***","***","***",2.2941968859384398,2.2647356710387299,2.2707685973454601]
["CAP MODIFICADO POR BORRACHA DE PNEU AB22","2018-10-01","***","***","***",2.29882848610985,2.3356848506271399,2.3247831166189301]
["CAP MODIFICADO POR BORRACHA DE PNEU AB22","2018-11-01","***","***","***","***",2.4298255734606098,2.4298255734606098]
["CAP MODIFICADO POR BORRACHA DE PNEU AB22","2018-12-01","***","***","***","***",2.7139630278642501,2.7139630278642501]
["CAP MODIFICADO POR BORRACHA DE PNEU AB22","2019-01-01","***","***","***","***",2.5396018975705799,2.5396018975705799]
["CAP MODIFICADO POR BORRACHA DE PNEU AB22","2019-02-01","***","***","***","***",2.88936194862073,2.88936194862073]
["CAP MODIFICADO POR BORRACHA DE PNEU AB22","2019-03-01","***","***","***","***",2.9102769479894599,2.9102769479894599]
["CAP MODIFICADO POR BORRACHA DE PNEU AB22","2019-04-01","***","***","***","***",3.0029316905811898,3.0029316905811898]
["CAP MODIFICADO POR BORRACHA DE PNEU AB22","2019-05-01","***","***","***","***",2.9835210751944099,2.9835210751944099]
["CAP MODIFICADO POR BORRACHA DE PNEU AB22","2019-06-01","***","***","***","***",3.0021841383601999,3.0021841383601999]
["CAP MODIFICADO POR BORRACHA DE PNEU AB22","2019-07-01","***","***","***","***",2.9631306196895899,2.9631306196895899]
["CAP MODIFICADO POR BORRACHA DE PNEU AB22","2019-08-01","***","***","***","***",2.9122222973113501,2.9122222973113501]
["CAP MODIFICADO POR BORRACHA DE PNEU AB22","2019-09-01","***","***","***","***",2.9973432740283399,2.9973432740283399]
["CAP MODIFICADO POR BORRACHA DE PNEU AB22","2019-10-01","***","***","***","***",2.97281684994651,2.97281684994651]
["CAP MODIFICADO POR BORRACHA DE PNEU AB22","2019-11-01","***","***","***","***",2.9257857330931301,2.9257857330931301]
["CAP MODIFICADO POR BORRACHA DE PNEU AB22","2019-12-01","***","***","***","***",2.92628665582111,2.92628665582111]
["CAP MODIFICADO POR BORRACHA DE PNEU AB22","2020-01-01","***","***","***","***",3.0614853570727698,3.0614853570727698]
["CAP MODIFICADO POR BORRACHA DE PNEU AB22","2020-02-01","***","***","***","***",2.9441249754548098,2.9441249754548098]
["CAP MODIFICADO POR BORRACHA DE PNEU AB22","2020-03-01","***","***","***",2.3338133656417099,2.8701788772266998,2.6026419140147401]
["CAP MODIFICADO POR BORRACHA DE PNEU AB22","2020-04-01","***","***","***","***",2.66652694068374,2.66652694068374]
["CAP MODIFICADO POR BORRACHA DE PNEU AB22","2020-05-01","***","***","***","***",2.5451535790889102,2.5451535790889102]
["CAP MODIFICADO POR BORRACHA DE PNEU AB22","2020-06-01","***","***","***","***",2.5092568124999999,2.5092568124999999]
["CAP MODIFICADO POR BORRACHA DE PNEU AB22","2020-07-01","***","***","***","***",2.59246198552185,2.59246198552185]
["CAP MODIFICADO POR BORRACHA DE PNEU AB22","2020-08-01","***","***","***","***",2.7246233338989598,2.7246233338989598]
["CAP MODIFICADO POR BORRACHA DE PNEU AB22","2020-09-01","***","***","***","***",2.8353251973114202,2.8353251973114202]
["CAP MODIFICADO POR BORRACHA DE PNEU AB22","2020-10-01","***","***","***","***",2.9223707309090301,2.9223707309090301]
["CAP MODIFICADO POR BORRACHA DE PNEU AB22","2020-11-01","***","***","***","***",3.0233679410381802,3.0233679410381802]
["CAP MODIFICADO POR BORRACHA DE PNEU AB22","2020-12-01","***","***","***","***",2.7597216973841801,2.7597216973841801]
["CAP MODIFICADO POR BORRACHA DE PNEU AB22","2021-01-01","***","***","***","***",2.6898269883937198,2.6898269883937198]
["CAP MODIFICADO POR BORRACHA DE PNEU AB22","2021-02-01","***","***","***","***",2.9053264217353001,2.9053264217353001]
["CAP MODIFICADO POR BORRACHA DE PNEU AB22","2021-03-01","***","***","***","***",2.9823204104420098,2.9823204104420098]
["CAP MODIFICADO POR BORRACHA DE PNEU AB22","2021-04-01","***","***","***","***",2.9887647948792502,2.9887647948792502]
["CAP MODIFICADO POR BORRACHA DE PNEU AB22","2021-05-01","***","***","***",3.1898499999999999,"***",3.1898499999999999]
["CAP MODIFICADO POR BORRACHA DE PNEU AB22","2021-06-01","***","***","***",3.1898499999999999,3.43068424488908,3.3592222633833]
["CAP MODIFICADO POR BORRACHA DE PNEU AB22","2021-07-01","***","***",3.33216,3.1898499999999999,3.5997505795544602,3.5507911458697299]
["CAP MODIFICADO POR BORRACHA DE PNEU AB22","2021-08-01","***","***",3.4804200000000001,3.4194599999999999,3.76509191442902,3.6250442978491999]
["CAP MODIFICADO POR BORRACHA DE PNEU AB22","2021-09-01","***","***",3.4876968518888698,3.4194599999999999,3.7067812736464001,3.5711046522968699]
["CAP MODIFICADO POR BORRACHA DE PNEU AB22","2021-10-01","***","***",3.4891000000000001,"***",3.8427306714007199,3.72671980109277]
["CAP MODIFICADO POR BORRACHA DE PNEU AB22","2021-11-01","***","***",3.8336125302297499,"***",3.6944155367350602,3.7600724362414799]
["CAP MODIFICADO POR BORRACHA DE PNEU AB22","2021-12-01","***","***",3.8336999999999999,"***",4.0219128668427002,3.9713167077319098]
["CAP MODIFICADO POR BORRACHA DE PNEU AB22","2022-01-01","***","***","***","***",4.3282443506625903,4.3282443506625903]
["CAP MODIFICADO POR BORRACHA DE PNEU AB22","2022-02-01","***","***","***","***","***","***"]
["CAP MODIFICADO POR BORRACHA DE PNEU AB22","2022-03-01","***","***","***","***",4.1055573453744296,4.1055573453744296]
["CAP MODIFICADO POR BORRACHA DE PNEU AB22","2022-04-01","***","***","***","***",4.8064477756192296,4.8064477756192296]
["CAP MODIFICADO POR BORRACHA DE PNEU AB22","2022-05-01","***","***","***","***",4.3426154565846904,4.3426154565846904]
["CAP MODIFICADO POR BORRACHA DE PNEU AB22","2022-06-01","***","***","***",4.7340745704234903,4.3603267557127996,4.5433500180547304]
["CAP MODIFICADO POR BORRACHA DE PNEU AB22","2022-07-01","***","***","***",4.8250618466361104,4.47060224446503,4.6680927759400896]
["CAP MODIFICADO POR BORRACHA DE PNEU AB22","2022-08-01","***","***",4.3657899999999996,4.71021,4.2637194547005297,4.4502342369668701]
["CAP MODIFICADO POR BORRACHA DE PNEU AB22","2022-09-01","***","***","***",4.46248976251667,4.3553228925478802,4.4290786800808597]
["CAP MODIFICADO POR BORRACHA DE PNEU AB22","2022-10-01","***","***","***",4.1182570288017804,3.9235122437037,4.0391186946509698]
["CAP MODIFICADO POR BORRACHA DE PNEU AB22","2022-11-01","***","***","***",4.1808408318130397,3.7396840026282998,4.0042046159597904]
["CAP MODIFICADO POR BORRACHA DE PNEU AB22","2022-12-01","***","***","***",4.0950600000000001,3.8371325407279002,4.0170272063758397]
["CAP MODIFICADO POR BORRACHA DE PNEU AB22","2023-01-01","***","***","***","***",3.57402935987407,3.57402935987407]
["CAP MODIFICADO POR BORRACHA DE PNEU AB22","2023-02-01","***","***","***","***",3.6251798597801299,3.6251798597801299]
["CAP MODIFICADO POR BORRACHA DE PNEU AB22","2023-03-01","***","***","***","***",3.41897906718585,3.41897906718585]
["CAP MODIFICADO POR BORRACHA DE PNEU AB22","2023-04-01","***","***","***","***",3.6497567780748699,3.6497567780748699]
["CAP MODIFICADO POR BORRACHA DE PNEU AB22","2023-05-01","***","***","***",3.8208299999999999,3.51503875964793,3.6932946574800898]
["CAP MODIFICADO POR BORRACHA DE PNEU AB22","2023-06-01","***","***","***",3.5966049338667001,"***",3.5966049338667001]
["CAP MODIFICADO POR BORRACHA DE PNEU AB22","2023-07-01","***","***","***",3.3800359871429499,"***",3.3800359871429499]
["CAP MODIFICADO POR BORRACHA DE PNEU AB22","2023-08-01","***","***","***",3.3800347111681601,"***",3.3800347111681601]
["CAP MODIFICADO POR BORRACHA DE PNEU AB8","2009-12-01","***",1.61917298981608,"***",1.06095235819394,1.30987759704975,1.2964571042515001]
["CAP MODIFICADO POR BORRACHA DE PNEU AB8","2010-01-01","***",1.52873956380183,"***",1.0437136467730701,1.23312769013706,1.24926279741791]
["CAP MODIFICADO POR BORRACHA DE PNEU AB8","2010-02-01","***",1.6189,"***",1.13432787504401,1.2594469931649299,1.2953022436582999]
["CAP MODIFICADO POR BORRACHA DE PNEU AB8","2010-03-01","***",1.53376939546313,"***",1.1203269547736601,1.25874456834396,1.25447567722838]
["CAP MODIFICADO POR BORRACHA DE PNEU AB8","2010-04-01","***","***",1.5584,1.1320152246166999,1.2334920145666399,1.19587278327276]
["CAP MODIFICADO POR BORRACHA DE PNEU AB8","2010-05-01","***","***",1.5570999999999999,1.12687218545271,1.1358577003397199,1.1448166793615699]
["CAP MODIFICADO POR BORRACHA DE PNEU AB8","2010-06-01","***","***","***","***",1.1009852629038901,1.1009852629038901]
["CAP MODIFICADO POR BORRACHA DE PNEU AB8","2010-07-01","***","***","***","***",1.1575927179621199,1.1575927179621199]
["CAP MODIFICADO POR BORRACHA DE PNEU AB8","2010-08-01","***","***","***",1.1467761637718401,1.13696461983119,1.13939012855648]
["CAP MODIFICADO POR BORRACHA DE PNEU AB8","2010-09-01","***","***","***",1.00592660417902,1.10571086273232,1.0912752020066701]
["CAP MODIFICADO POR BORRACHA DE PNEU AB8","2010-10-01","***",1.5018,"***",1.0477000000000001,1.0983352077291499,1.1034981759070901]
["CAP MODIFICADO POR BORRACHA DE PNEU AB8","2010-11-01","***",1.46328889226561,"***",1.17657657249688,1.20322374180225,1.20739108890879]
["CAP MODIFICADO POR BORRACHA DE PNEU AB8","2010-12-01","***",1.4986999999999999,"***",1.16086774341432,1.21405732059893,1.21039229899638]
["CAP MODIFICADO POR BORRACHA DE PNEU AB8","2011-01-01","***",1.4986999999999999,"***",1.2285999999999999,1.07743576215413,1.0958522344186801]
["CAP MODIFICADO POR BORRACHA DE PNEU AB8","2011-02-01","***","***","***","***",1.15316828624185,1.15316828624185]
["CAP MODIFICADO POR BORRACHA DE PNEU AB8","2011-03-01","***",1.4990000000000001,"***",1.16898375564638,1.1981252852301001,1.1968295138359]
["CAP MODIFICADO POR BORRACHA DE PNEU AB8","2011-04-01","***","***","***",1.00360645109135,1.1113628611713999,1.10858853585537]
["CAP MODIFICADO POR BORRACHA DE PNEU AB8","2011-05-01","***",1.6555,"***",1.0112000000000001,1.0875433862010799,1.09307472907116]
["CAP MODIFICADO POR BORRACHA DE PNEU AB8","2011-06-01","***",1.4972000000000001,"***",1.06949870785192,1.0794293698078401,1.1146388348849301]
["CAP MODIFICADO POR BORRACHA DE PNEU AB8","2011-07-01","***",1.6524000000000001,"***","***",1.0616728004746601,1.13230283718045]
["CAP MODIFICADO POR BORRACHA DE PNEU AB8","2011-08-01","***","***","***",0.9768,1.0587876343724401,1.0557410639221201]
["CAP MODIFICADO POR BORRACHA DE PNEU AB8","2011-09-01","***","***","***",1.18659916789036,1.1261270384123601,1.12751757522323]
["CAP MODIFICADO POR BORRACHA DE PNEU AB8","2011-10-01","***","***","***",0.98040000000000005,1.08119853699909,1.0800477091732601]
["CAP MODIFICADO POR BORRACHA DE PNEU AB8","2011-11-01","***",1.6526000000000001,"***",1.1781999999999999,1.16903514532487,1.1787741567516701]
["CAP MODIFICADO POR BORRACHA DE PNEU AB8","2011-12-01","***","***","***",1.10218302374844,1.26199891412703,1.18922165733537]
["CAP MODIFICADO POR BORRACHA DE PNEU AB8","2012-01-01","***","***","***",1.0661708911411401,1.1428234076621999,1.10218354522079]
["CAP MODIFICADO POR BORRACHA DE PNEU AB8","2012-02-01","***","***","***",1.1022499134948101,1.25726687247061,1.1660677742648999]
["CAP MODIFICADO POR BORRACHA DE PNEU AB8","2012-03-01","***","***","***",1.05492617973754,1.0884500886819299,1.0679835457468101]
["CAP MODIFICADO POR BORRACHA DE PNEU AB8","2012-04-01","***",1.6051,"***",1.0777133933713601,1.0738306477672099,1.0802140752968299]
["CAP MODIFICADO POR BORRACHA DE PNEU AB8","2012-05-01","***","***","***",1.0918985103704399,1.1161429405957499,1.1026848608277899]
["CAP MODIFICADO POR BORRACHA DE PNEU AB8","2012-06-01","***","***","***",1.1527001851507099,1.1714950737584,1.16473505589783]
["CAP MODIFICADO POR BORRACHA DE PNEU AB8","2012-07-01","***","***","***",1.1570435171497799,1.34227251185455,1.2740975889439401]
["CAP MODIFICADO POR BORRACHA DE PNEU AB8","2012-08-01","***","***","***",1.16194572649351,1.2164282367000001,1.1896014117887901]
["CAP MODIFICADO POR BORRACHA DE PNEU AB8","2012-09-01","***","***","***",1.17309729328795,1.37047384161935,1.2885910018958899]
["CAP MODIFICADO POR BORRACHA DE PNEU AB8","2012-10-01","***","***","***",1.1673012787080299,1.18751306579109,1.1788445221489401]
["CAP MODIFICADO POR BORRACHA DE PNEU AB8","2012-11-01","***","***","***",1.19815213826663,1.35674554796904,1.27115752507785]
["CAP MODIFICADO POR BORRACHA DE PNEU AB8","2012-12-01","***","***","***",1.18699559881706,1.3407999440320499,1.2310009919723599]
["CAP MODIFICADO POR BORRACHA DE PNEU AB8","2013-01-01","***","***","***",1.1566429983553499,1.35906487257732,1.25924680863516]
["CAP MODIFICADO POR BORRACHA DE PNEU AB8","2013-02-01","***","***","***",1.1706604714881499,1.2326813440111399,1.19833407958653]
["CAP MODIFICADO POR BORRACHA DE PNEU AB8","2013-03-01","***","***","***",1.1781083404161601,1.3873908250087299,1.25351695705361]
["CAP MODIFICADO POR BORRACHA DE PNEU AB8","2013-04-01","***","***",1.65,1.1754767855148101,1.2965283118648501,1.2382929026096601]
["CAP MODIFICADO POR BORRACHA DE PNEU AB8","2013-05-01","***","***",1.65,1.2187666332957701,1.20147096762552,1.2334313171922899]
["CAP MODIFICADO POR BORRACHA DE PNEU AB8","2013-06-01","***","***","***",1.23366710671424,1.20652055491383,1.2225362503408601]
["CAP MODIFICADO POR BORRACHA DE PNEU AB8","2013-07-01","***","***","***",1.2330444179375799,1.3989500633651399,1.3441614054256801]
["CAP MODIFICADO POR BORRACHA DE PNEU AB8","2013-08-01","***","***","***",1.2452399162508101,1.3716984574828399,1.3444955251608499]
["CAP MODIFICADO POR BORRACHA DE PNEU AB8","2013-09-01","***","***","***",1.2484582307113901,1.2757130885666801,1.2669449941845501]
["CAP MODIFICADO POR BORRACHA DE PNEU AB8","2013-10-01","***","***","***",1.25744175358439,1.2513071926360699,1.25321139466595]
["CAP MODIFICADO POR BORRACHA DE PNEU AB8","2013-11-01","***","***","***",1.25614182551456,1.2749247803938499,1.2680468498741799]
["CAP MODIFICADO POR BORRACHA DE PNEU AB8","2013-12-01","***","***","***",1.2477874668226201,1.2720476044962701,1.2618957613007999]
["CAP MODIFICADO POR BORRACHA DE PNEU AB8","2014-01-01","***","***","***",1.2932810719361101,1.3161819846399601,1.3066017256717]
["CAP MODIFICADO POR BORRACHA DE PNEU AB8","2014-02-01","***","***","***",1.21931017380865,1.25943899828175,1.2487040910182501]
["CAP MODIFICADO POR BORRACHA DE PNEU AB8","2014-03-01","***","***","***",1.3125783159104101,1.3201403522497299,1.31867649237063]
["CAP MODIFICADO POR BORRACHA DE PNEU AB8","2014-04-01","***","***",1.2971999999999999,1.22979584653206,1.2907811578845001,1.2675586241507699]
["CAP MODIFICADO POR BORRACHA DE PNEU AB8","2014-05-01","***","***",1.2981,1.2312288883942299,1.2951243214092201,1.26872469879952]
["CAP MODIFICADO POR BORRACHA DE PNEU AB8","2014-06-01","***","***",1.29376687628432,1.14983242703161,1.2705208657340901,1.22930136865234]
["CAP MODIFICADO POR BORRACHA DE PNEU AB8","2014-07-01","***","***",1.2969999999999999,1.08296891202907,1.32176997199358,1.2307617233661501]
["CAP MODIFICADO POR BORRACHA DE PNEU AB8","2014-08-01","***","***",1.3862000000000001,1.2233743153263099,1.3645665026079301,1.3129158027904999]
["CAP MODIFICADO POR BORRACHA DE PNEU AB8","2014-09-01","***","***",1.3862000000000001,1.2218415041373001,1.3120346346156,1.2956517909907499]
["CAP MODIFICADO POR BORRACHA DE PNEU AB8","2014-10-01","***","***",1.2613848656717299,1.0620009799963299,1.2619096737842701,1.2150385341682901]
["CAP MODIFICADO POR BORRACHA DE PNEU AB8","2014-11-01","***","***",1.4453441259122599,1.0670025891542101,1.4066348107709601,1.3220595363627199]
["CAP MODIFICADO POR BORRACHA DE PNEU AB8","2014-12-01","***","***","***","***","***","***"]
["CAP MODIFICADO POR BORRACHA DE PNEU AB8","2015-01-01","***","***",1.5611999999999999,1.48007577022639,1.8174948343083299,1.6579997734190299]
["CAP MODIFICADO POR BORRACHA DE PNEU AB8","2015-02-01","***","***",1.4702,1.4210237239311301,1.76009902710875,1.66420728815014]
["CAP MODIFICADO POR BORRACHA DE PNEU AB8","2015-03-01","***","***",1.5611999999999999,1.41045654599891,1.72169445279415,1.6758204102784899]
["CAP MODIFICADO POR BORRACHA DE PNEU AB8","2015-04-01","***","***","***",1.60887420462223,1.5860921202574101,1.59098470543302]
["CAP MODIFICADO POR BORRACHA DE PNEU AB8","2015-05-01","***","***",1.4702,1.6912124389107801,1.6207977754185099,1.62390522139567]
["CAP MODIFICADO POR BORRACHA DE PNEU AB8","2015-06-01","***","***",1.5179011306820001,1.6145162271500899,1.6017483506977701,1.5935621528497801]
["CAP MODIFICADO POR BORRACHA DE PNEU AB8","2015-07-01","***","***",1.5977934613020299,1.7166425651895201,1.60462054317702,1.62290787044692]
["CAP MODIFICADO POR BORRACHA DE PNEU AB8","2015-08-01","***","***",1.59434167031131,1.5501896015112999,1.7220942288083401,1.6543857819323999]
["CAP MODIFICADO POR BORRACHA DE PNEU AB8","2015-09-01","***","***",1.6926561401637099,1.5738426935643299,1.65532414121913,1.6647946940090901]
["CAP MODIFICADO POR BORRACHA DE PNEU AB8","2015-10-01","***","***",1.81829440912575,1.7506096295951501,1.78625214132573,1.7845721620899799]
["CAP MODIFICADO POR BORRACHA DE PNEU AB8","2015-11-01","***","***",1.7654000000000001,1.69741743402483,1.89798853889546,1.8565446439173201]
["CAP MODIFICADO POR BORRACHA DE PNEU AB8","2015-12-01","***","***","***",1.61075529000386,1.8539203354988101,1.7954765562227899]
["CAP MODIFICADO POR BORRACHA DE PNEU AB8","2016-01-01","***","***","***",1.4357595705080299,1.8849056893643601,1.8137064656530899]
["CAP MODIFICADO POR BORRACHA DE PNEU AB8","2016-02-01","***","***","***",1.4452717952496501,1.81617989496429,1.6799878123507901]
["CAP MODIFICADO POR BORRACHA DE PNEU AB8","2016-03-01","***","***",1.7392000000000001,1.7191866791115999,1.8393653384765101,1.81082446270343]
["CAP MODIFICADO POR BORRACHA DE PNEU AB8","2016-04-01","***","***","***",1.9844119046434301,2.0758937691256998,2.0604458450313001]
["CAP MODIFICADO POR BORRACHA DE PNEU AB8","2016-05-01","***","***","***",1.8746938010070899,1.97881407835791,1.9613906464489601]
["CAP MODIFICADO POR BORRACHA DE PNEU AB8","2016-06-01","***","***","***",2.0888976160885799,2.0706527932673602,2.0731574995579498]
["CAP MODIFICADO POR BORRACHA DE PNEU AB8","2016-07-01","***","***","***",1.8777269944177799,2.06550028511937,2.0511184112593499]
["CAP MODIFICADO POR BORRACHA DE PNEU AB8","2016-08-01","***","***","***",1.57255197581995,2.0024954441672298,1.889755798276]
["CAP MODIFICADO POR BORRACHA DE PNEU AB8","2016-09-01","***","***","***",1.67881937315819,1.9116851305045199,1.87286382687442]
["CAP MODIFICADO POR BORRACHA DE PNEU AB8","2016-10-01","***","***","***",1.72551962910762,1.89190597113153,1.8304053595463099]
["CAP MODIFICADO POR BORRACHA DE PNEU AB8","2016-11-01","***","***",1.74604513615255,1.7110442843342499,1.87794683727685,1.8500704313954801]
["CAP MODIFICADO POR BORRACHA DE PNEU AB8","2016-12-01","***","***",1.74638234573764,1.6769229103277099,1.9051327058536001,1.87184925493933]
["CAP MODIFICADO POR BORRACHA DE PNEU AB8","2017-01-01","***","***",1.7464498097971199,"***",1.89421950293719,1.8754375090869799]
["CAP MODIFICADO POR BORRACHA DE PNEU AB8","2017-02-01","***","***",1.84454098989195,1.6538999999999999,1.8934384004474301,1.8887869296586499]
["CAP MODIFICADO POR BORRACHA DE PNEU AB8","2017-03-01","***","***",1.8535146911115099,1.8960315506589001,1.8885790761143799,1.88721789876484]
["CAP MODIFICADO POR BORRACHA DE PNEU AB8","2017-04-01","***","***","***","***","***","***"]
["CAP MODIFICADO POR BORRACHA DE PNEU AB8","2017-05-01","***","***",1.8065925692439699,1.6954062245752799,1.8804092085331501,1.82764404336319]
["CAP MODIFICADO POR BORRACHA DE PNEU AB8","2017-06-01","***","***",1.8247501199301099,1.5850772602869001,1.88242918763492,1.8060853358611499]
["CAP MODIFICADO POR BORRACHA DE PNEU AB8","2017-07-01","***","***",1.8183932474881499,1.4795539904886601,1.8879976654430199,1.8123218176495399]
["CAP MODIFICADO POR BORRACHA DE PNEU AB8","2017-08-01","***","***",1.78724802782916,1.5738003638253599,1.8791611663327401,1.8361462138009801]
["CAP MODIFICADO POR BORRACHA DE PNEU AB8","2017-09-01","***","***",1.7902469689420399,1.5334923788025401,1.8232427397173401,1.80841092619879]
["CAP MODIFICADO POR BORRACHA DE PNEU AB8","2017-10-01","***","***",1.9343283379988301,1.6279014096428699,1.84147674659383,1.82524308486868]
["CAP MODIFICADO POR BORRACHA DE PNEU AB8","2017-11-01","***","***",1.9563079934224901,1.79100559675261,1.9140357338165499,1.90419992469904]
["CAP MODIFICADO POR BORRACHA DE PNEU AB8","2017-12-01","***","***",2.0670548810863201,1.92874186613475,1.91718692048615,1.9387046838092299]
["CAP MODIFICADO POR BORRACHA DE PNEU AB8","2018-01-01","***","***",2.4436176381318799,1.8712143585785701,2.08751290347185,2.1116769274661502]
["CAP MODIFICADO POR BORRACHA DE PNEU AB8","2018-02-01","***","***",2.4572973095135602,2.1259722742779199,2.1320752843337298,2.1526991908948099]
["CAP MODIFICADO POR BORRACHA DE PNEU AB8","2018-03-01","***","***",2.3512685672034199,1.90816668746455,2.1197819939351699,2.1066906863659698]
["CAP MODIFICADO POR BORRACHA DE PNEU AB8","2018-04-01","***","***",2.179366560429,1.9260251322613,2.0594670205922698,2.02851026403602]
["CAP MODIFICADO POR BORRACHA DE PNEU AB8","2018-05-01","***","***",2.2768385258681798,1.96581838093763,2.1288901724012401,2.0898719656784301]
["CAP MODIFICADO POR BORRACHA DE PNEU AB8","2018-06-01","***","***",2.3769615602632501,1.9730709160902,2.2508238909673901,2.2230585567506398]
["CAP MODIFICADO POR BORRACHA DE PNEU AB8","2018-07-01","***","***",2.4770607815804602,2.1014044141205699,2.3730649015579099,2.3398341379354699]
["CAP MODIFICADO POR BORRACHA DE PNEU AB8","2018-08-01","***","***",2.6996309021653002,2.3462509356471601,2.4977445030786698,2.4786283819183099]
["CAP MODIFICADO POR BORRACHA DE PNEU AB8","2018-09-01","***","***",2.6647926189547602,2.43297522695413,2.5821770237310901,2.5362225687173598]
["CAP MODIFICADO POR BORRACHA DE PNEU AB8","2018-10-01","***","***",2.6701270670198101,2.3900118410220901,2.7108548334601901,2.5876638860388299]
["CAP MODIFICADO POR BORRACHA DE PNEU AB8","2018-11-01","***","***",2.8751160485502401,2.4821156336111101,2.8874585188209001,2.7797383109634501]
["CAP MODIFICADO POR BORRACHA DE PNEU AB8","2018-12-01","***","***",2.9100999999999999,2.48101770044953,3.1577347781029101,2.92275521292283]
["CAP MODIFICADO POR BORRACHA DE PNEU AB8","2019-01-01","***","***","***",2.47979089810508,2.9447065019913499,2.7176181048808599]
["CAP MODIFICADO POR BORRACHA DE PNEU AB8","2019-02-01","***","***","***",2.5774410222437498,3.0767086670736599,2.9299480895698098]
["CAP MODIFICADO POR BORRACHA DE PNEU AB8","2019-03-01","***","***","***",2.6794149903996001,3.1125870325206,2.9675906307015398]
["CAP MODIFICADO POR BORRACHA DE PNEU AB8","2019-04-01","***","***","***",2.7028248899620899,3.15383579544722,2.9966509308559499]
["CAP MODIFICADO POR BORRACHA DE PNEU AB8","2019-05-01","***","***","***",2.6686232661930198,3.03767170198183,2.8702428528226398]
["CAP MODIFICADO POR BORRACHA DE PNEU AB8","2019-06-01","***","***","***",2.7316031068885498,3.6481446280570302,3.38049596589999]
["CAP MODIFICADO POR BORRACHA DE PNEU AB8","2019-07-01",2.7736200000000002,"***",3.02282137108529,2.9923763265422401,3.4390024773395802,3.2237123891444899]
["CAP MODIFICADO POR BORRACHA DE PNEU AB8","2019-08-01","***","***",2.8423113416618699,2.5535686564548001,3.01396074190423,2.8622721793846102]
["CAP MODIFICADO POR BORRACHA DE PNEU AB8","2019-09-01","***","***",2.7282500000000001,2.7603801128545502,2.9754597949443999,2.8914658619880802]
["CAP MODIFICADO POR BORRACHA DE PNEU AB8","2019-10-01","***","***",2.6810403787779902,2.5449124114125699,2.9588827905201902,2.85633838092776]
["CAP MODIFICADO POR BORRACHA DE PNEU AB8","2019-11-01","***","***",2.70824322414673,2.5758734026857599,3.0063070590313101,2.83702600677494]
["CAP MODIFICADO POR BORRACHA DE PNEU AB8","2019-12-01","***","***","***",2.6214992838887499,3.04157988495799,2.8895458324697301]
["CAP MODIFICADO POR BORRACHA DE PNEU AB8","2020-01-01","***",2.9613999999999998,2.8285380858564899,2.64205034973036,3.0642246738905201,2.8752101094373801]
["CAP MODIFICADO POR BORRACHA DE PNEU AB8","2020-02-01","***","***","***",2.4590215008939502,2.8902676514651602,2.7252961731335499]
["CAP MODIFICADO POR BORRACHA DE PNEU AB8","2020-03-01","***","***","***",2.3604012498264102,2.8313532691075798,2.6559068400149699]
["CAP MODIFICADO POR BORRACHA DE PNEU AB8","2020-04-01","***","***","***",2.3396149924846101,2.8244390683253302,2.6731035568013199]
["CAP MODIFICADO POR BORRACHA DE PNEU AB8","2020-05-01","***","***","***",2.3850887906873401,2.7957473788340801,2.7417292273163101]
["CAP MODIFICADO POR BORRACHA DE PNEU AB8","2020-06-01","***","***",2.5771700000000002,2.3767381042881199,2.8218500368677799,2.74191145662417]
["CAP MODIFICADO POR BORRACHA DE PNEU AB8","2020-07-01","***","***",2.5771700000000002,2.31298965297389,2.83279865194047,2.7472629097630601]
["CAP MODIFICADO POR BORRACHA DE PNEU AB8","2020-08-01","***","***",2.6570066468307898,2.36215879924158,2.97304787999937,2.8776343464482301]
["CAP MODIFICADO POR BORRACHA DE PNEU AB8","2020-09-01","***","***",2.6857405585725398,2.3920221649897502,2.8995937668467802,2.80481623111055]
["CAP MODIFICADO POR BORRACHA DE PNEU AB8","2020-10-01","***","***",2.71152969862794,2.5988855005412002,2.94566029683594,2.8601320590732202]
["CAP MODIFICADO POR BORRACHA DE PNEU AB8","2020-11-01","***","***",2.9355785272915602,2.6757287814469399,3.10363677910208,2.98212294542027]
["CAP MODIFICADO POR BORRACHA DE PNEU AB8","2020-12-01","***","***","***",2.8103980717931401,3.1560016642997701,3.0198328222421602]
["CAP MODIFICADO POR BORRACHA DE PNEU AB8","2021-01-01","***","***","***",2.6067625684843998,3.02354891558771,2.91695186217042]
["CAP MODIFICADO POR BORRACHA DE PNEU AB8","2021-02-01","***","***","***",2.75393415251839,3.2378279376369599,3.2142956354110002]
["CAP MODIFICADO POR BORRACHA DE PNEU AB8","2021-03-01","***","***","***",2.8667480380630201,3.2664503620327898,3.24443123541527]
["CAP MODIFICADO POR BORRACHA DE PNEU AB8","2021-04-01","***","***","***",3.2412820683288399,3.2403526438144898,3.2404824221822]
["CAP MODIFICADO POR BORRACHA DE PNEU AB8","2021-05-01","***","***","***",3.4580315701443398,3.9605739483670699,3.8989807329014101]
["CAP MODIFICADO POR BORRACHA DE PNEU AB8","2021-06-01","***","***","***",3.3895059892106598,3.9960151456310702,3.7901355069954201]
["CAP MODIFICADO POR BORRACHA DE PNEU AB8","2021-07-01","***","***","***",3.3634510522282399,4.0446007521421796,3.7593777856396202]
["CAP MODIFICADO POR BORRACHA DE PNEU AB8","2021-08-01","***","***","***",3.5297912801512998,4.2221124396868701,3.8942494353864401]
["CAP MODIFICADO POR BORRACHA DE PNEU AB8","2021-09-01",3.1511999999999998,"***","***",3.6011649158390999,4.2437321077518497,3.9834978123132099]
["CAP MODIFICADO POR BORRACHA DE PNEU AB8","2021-10-01",3.1511999999999998,"***","***",3.5245837051341602,4.2745912764257001,3.93256644813505]
["CAP MODIFICADO POR BORRACHA DE PNEU AB8","2021-11-01",3.52045270712581,"***","***",3.80066282690917,4.6212462053760701,4.2402152571736798]
["CAP MODIFICADO POR BORRACHA DE PNEU AB8","2021-12-01",3.5833457410104499,"***","***",3.8033828378325998,4.6854496331091298,4.2649975870802201]
["CAP MODIFICADO POR BORRACHA DE PNEU AB8","2022-01-01",3.4970575387555098,"***","***",4.0144421748724399,4.7195601493471004,4.3815922128366802]
["CAP MODIFICADO POR BORRACHA DE PNEU AB8","2022-02-01",3.9137117888445401,"***","***",4.1654182392976002,4.9238646993038797,4.5716481879346498]
["CAP MODIFICADO POR BORRACHA DE PNEU AB8","2022-03-01",3.9304842780259199,"***","***",4.6131177304825899,4.9770267131939701,4.6989390514146701]
["CAP MODIFICADO POR BORRACHA DE PNEU AB8","2022-04-01",3.8774367464514299,"***","***",4.82428166226331,5.1965837194062203,4.7874338282478801]
["CAP MODIFICADO POR BORRACHA DE PNEU AB8","2022-05-01",3.6608319278260799,"***","***",4.8244025811017304,5.0464176427212699,4.65489604256683]
["CAP MODIFICADO POR BORRACHA DE PNEU AB8","2022-06-01",3.6719077480359501,"***","***",4.7437972121349103,5.0290272799759599,4.6866328666899397]
["CAP MODIFICADO POR BORRACHA DE PNEU AB8","2022-07-01",3.7343529358812302,"***","***",4.6606289161344501,5.0825126401802398,4.6618090061825299]
["CAP MODIFICADO POR BORRACHA DE PNEU AB8","2022-08-01",3.5750321729438701,"***",4.0312700000000001,4.4489613986405496,4.8768508374917099,4.4361456542626998]
["CAP MODIFICADO POR BORRACHA DE PNEU AB8","2022-09-01",3.3365857363622302,"***",3.8240599999999998,4.6197592231558602,4.62170780433601,4.5503008775891001]
["CAP MODIFICADO POR BORRACHA DE PNEU AB8","2022-10-01","***","***",3.47411,4.3021714304330301,4.4511535000014897,4.3405292820668899]
["CAP MODIFICADO POR BORRACHA DE PNEU AB8","2022-11-01","***","***",3.47411,4.0708263984458499,4.4345866152848696,4.1906987946351597]
["CAP MODIFICADO POR BORRACHA DE PNEU AB8","2022-12-01","***","***",3.47411,4.0976380053811701,4.3463166271576101,4.1922139377714496]
["CAP MODIFICADO POR BORRACHA DE PNEU AB8","2023-01-01","***","***",3.2876799999999999,3.9431334019414699,4.0941381731638202,3.9702865071179301]
["CAP MODIFICADO POR BORRACHA DE PNEU AB8","2023-02-01","***","***",3.1648200000000002,3.8471487854515298,3.9488899722169002,3.82644347649153]
["CAP MODIFICADO POR BORRACHA DE PNEU AB8","2023-03-01","***","***",3.11102399671053,3.7512055302047398,3.73772403755286,3.7405507058514198]
["CAP MODIFICADO POR BORRACHA DE PNEU AB8","2023-04-01","***","***",3.42143526505795,3.7576710928923598,3.80938157784803,3.7689590617057802]
["CAP MODIFICADO POR BORRACHA DE PNEU AB8","2023-05-01","***","***",3.03627,3.6646741477770202,3.7394772019108999,3.6750538668258699]
["CAP MODIFICADO POR BORRACHA DE PNEU AB8","2023-06-01","***","***",3.0685420543495501,3.58024357811078,3.6692737443166101,3.6010590544106198]
["CAP MODIFICADO POR BORRACHA DE PNEU AB8","2023-07-01","***","***",3.0727600000000002,3.60198335235336,3.71605594155678,3.6278060436645401]
["CAP MODIFICADO POR BORRACHA DE PNEU AB8","2023-08-01","***","***",3.14724642451759,3.5125904038928999,3.7738780307350099,3.5787945728490098]
["CAP MODIFICADO POR POLÍMERO 55-75-E","2015-09-01","***",1.6953954542024301,"***",1.7171780593569701,1.84276705601809,1.7930856450717301]
["CAP MODIFICADO POR POLÍMERO 55-75-E","2015-10-01","***",1.7919295146005101,"***",1.82169813731703,1.94314438287154,1.8327100508755501]
["CAP MODIFICADO POR POLÍMERO 55-75-E","2015-11-01","***",2.0899399999999999,"***",2.0610623072335001,2.0980868206719401,2.0821680017500501]
["CAP MODIFICADO POR POLÍMERO 55-75-E","2015-12-01","***",2.0899399999999999,"***",2.1194041720257202,1.91024330559541,2.0405789762972502]
["CAP MODIFICADO POR POLÍMERO 55-75-E","2016-01-01","***",2.0091957557447602,"***",2.0785102353215299,1.7201859374222299,1.8957923340782099]
["CAP MODIFICADO POR POLÍMERO 55-75-E","2016-02-01","***",2.0063301928428001,2.310905,2.0791845487674201,1.8023118118431301,1.9841543614525401]
["CAP MODIFICADO POR POLÍMERO 55-75-E","2016-03-01","***",2.0214688655216002,"***",2.0672555746521701,2.03477511351038,2.0276903371049002]
["CAP MODIFICADO POR POLÍMERO 55-75-E","2016-04-01","***",2.2545417937441301,"***","***",2.1824163004798298,2.2168656133643001]
["CAP MODIFICADO POR POLÍMERO 55-75-E","2016-05-01","***",2.1741120239687399,"***",2.1983228359030802,2.12022842243428,2.1761479773532799]
["CAP MODIFICADO POR POLÍMERO 55-75-E","2016-06-01","***",2.2013690696569901,2.7226504659750299,2.3371864428912601,1.89510299852984,2.2386015067822602]
["CAP MODIFICADO POR POLÍMERO 55-75-E","2016-07-01","***",2.0094158478144202,2.7444926715815301,2.1513415837277101,1.9030679730053499,2.1209947804802098]
["CAP MODIFICADO POR POLÍMERO 55-75-E","2016-08-01","***",2.3455907504428901,2.7878779623567902,2.2006004902073699,1.9521915117938999,2.26666565275417]
["CAP MODIFICADO POR POLÍMERO 55-75-E","2016-09-01","***",1.9169568693991901,2.6876199999999999,2.19864462158991,1.84824406256486,2.00904039775169]
["CAP MODIFICADO POR POLÍMERO 55-75-E","2016-10-01","***",1.65095999371568,2.6469499999999999,2.2237555420227899,1.9299261856512,1.9300860835637399]
["CAP MODIFICADO POR POLÍMERO 55-75-E","2016-11-01","***",1.6694185373178501,3.0737999999999999,"***",1.9879645083790101,2.0393290727149398]
["CAP MODIFICADO POR POLÍMERO 55-75-E","2016-12-01","***",2.0148966791974501,3.0649600000000001,1.8466100000000001,1.87984492079705,1.93597081820546]
["CAP MODIFICADO POR POLÍMERO 55-75-E","2017-01-01","***",1.7502856718241,3.0767500000000001,1.8466100000000001,1.8666449005293499,1.8444576318092101]
["CAP MODIFICADO POR POLÍMERO 55-75-E","2017-02-01","***",1.9385434414136899,"***",1.76774499453622,1.8537878859341299,1.8751690352169901]
["CAP MODIFICADO POR POLÍMERO 55-75-E","2017-03-01","***",1.9353736956812599,2.2661885349894599,1.73479530410466,1.8579610960031501,1.91585269952529]
["CAP MODIFICADO POR POLÍMERO 55-75-E","2017-04-01","***",1.9464333678671799,3.0989954728033502,1.8550778250929301,1.8427725499266101,1.9250968210901001]
["CAP MODIFICADO POR POLÍMERO 55-75-E","2017-05-01","***",1.90395632317339,2.5269077743321899,1.9044128680382499,1.8928333588070501,1.9413871921547501]
["CAP MODIFICADO POR POLÍMERO 55-75-E","2017-06-01","***",2.1172096084664598,2.6693845073026399,2.0272806462554098,1.87059943267381,2.01036937595212]
["CAP MODIFICADO POR POLÍMERO 55-75-E","2017-07-01","***",2.15249253598083,2.3494000000000002,2.1991131594724198,1.8121419314384299,2.0837330096015498]
["CAP MODIFICADO POR POLÍMERO 55-75-E","2017-08-01","***",1.76925632203409,2.3960307059867998,2.2434644247581299,1.7969227701758299,1.90725112822774]
["CAP MODIFICADO POR POLÍMERO 55-75-E","2017-09-01","***",2.0481444575514098,2.5192297014658598,2.0275513157577101,1.9437292345644701,2.02747487604123]
["CAP MODIFICADO POR POLÍMERO 55-75-E","2017-10-01","***",1.96446840254237,2.3753000000000002,1.8573066425068401,1.9513675655787199,1.9461461992358999]
["CAP MODIFICADO POR POLÍMERO 55-75-E","2017-11-01","***",2.1334792458409502,2.3496033587527498,2.1498566052416099,2.0025831462270598,2.1166516141605398]
["CAP MODIFICADO POR POLÍMERO 55-75-E","2017-12-01","***",2.2716249270993099,"***",1.86373604967156,1.92683075131223,2.0939470518103001]
["CAP MODIFICADO POR POLÍMERO 55-75-E","2018-01-01","***",2.3764415332459299,"***",2.0960360322380698,2.0950740781507999,2.34068262803821]
["CAP MODIFICADO POR POLÍMERO 55-75-E","2018-02-01","***",2.3612414132642998,"***",2.0026096256249999,2.1370945383914099,2.2890838957222299]
["CAP MODIFICADO POR POLÍMERO 55-75-E","2018-03-01","***",2.26274763662627,"***",2.1441819697482201,2.1094914164479599,2.2098190514116198]
["CAP MODIFICADO POR POLÍMERO 55-75-E","2018-04-01","***",2.2655558513983101,"***",2.1073867880059201,2.2154794820568902,2.2337498937418498]
["CAP MODIFICADO POR POLÍMERO 55-75-E","2018-05-01","***",2.4786504808505798,2.7254499999999999,2.0666626759144,2.2605089784155101,2.3504600613973698]
["CAP MODIFICADO POR POLÍMERO 55-75-E","2018-06-01","***",2.54318267089818,2.99715,2.5516623577969799,2.3813441306212502,2.5186892590982901]
["CAP MODIFICADO POR POLÍMERO 55-75-E","2018-07-01","***",2.5398066990989099,3.0834936951453602,2.46443520954079,2.5536240468598601,2.6050117997031301]
["CAP MODIFICADO POR POLÍMERO 55-75-E","2018-08-01",3.5969627608008401,2.80708646258817,3.2661887568493202,2.5613059615559499,2.65978704310489,2.8346884803199002]
["CAP MODIFICADO POR POLÍMERO 55-75-E","2018-09-01",2.9570599999999998,2.7589742499557799,3.3111899999999999,2.7067619814672699,2.8481124814499101,2.7958173805009099]
["CAP MODIFICADO POR POLÍMERO 55-75-E","2018-10-01","***",2.7353999999999998,2.7538916476515398,2.6397216811079001,2.80056117628056,2.7246612952191702]
["CAP MODIFICADO POR POLÍMERO 55-75-E","2018-11-01","***",3.0589757582721799,3.3192502664734098,3.0176501646056901,3.1071334286319798,3.0791276147549702]
["CAP MODIFICADO POR POLÍMERO 55-75-E","2018-12-01","***",2.993634292311,"***",3.01053668248767,3.1236333459941501,3.0583556114616401]
["CAP MODIFICADO POR POLÍMERO 55-75-E","2019-01-01","***",3.1185765394670701,3.9446300000000001,2.8912531535673001,3.07406119916861,3.0536002911399098]
["CAP MODIFICADO POR POLÍMERO 55-75-E","2019-02-01","***",3.2960493662407799,4.3303599999999998,3.1459199999999998,3.3861594822035399,3.3458827981003001]
["CAP MODIFICADO POR POLÍMERO 55-75-E","2019-03-01","***",3.2972054433072202,"***",3.1459199999999998,3.2780724567710999,3.28541073595337]
["CAP MODIFICADO POR POLÍMERO 55-75-E","2019-04-01","***",3.33195585155958,"***",2.9959541469707398,3.3396190154013401,3.2804532588347399]
["CAP MODIFICADO POR POLÍMERO 55-75-E","2019-05-01","***",3.1823534118672301,"***",3.2968860466763501,3.30797482174756,3.2496589226477801]
["CAP MODIFICADO POR POLÍMERO 55-75-E","2019-06-01","***",3.9636178187695301,"***",3.4129229658092002,3.3003987022605998,3.5882672778237601]
["CAP MODIFICADO POR POLÍMERO 55-75-E","2019-07-01","***",3.6697643408920801,"***",3.2854123086561202,2.9635788879895602,3.39253711693339]
["CAP MODIFICADO POR POLÍMERO 55-75-E","2019-08-01","***",3.3063196110231798,"***",3.1139297990900898,3.1123443585685702,3.1902282700622902]
["CAP MODIFICADO POR POLÍMERO 55-75-E","2019-09-01","***",3.1019775283889599,"***",3.0922215043547099,3.1185072079449201,3.1079962059626598]
["CAP MODIFICADO POR POLÍMERO 55-75-E","2019-10-01","***",3.05075538034257,"***",3.2093879389482698,3.1185124104566202,3.1279285050318602]
["CAP MODIFICADO POR POLÍMERO 55-75-E","2019-11-01","***",3.0666759556779599,"***",3.2338272620134201,3.1174160877467498,3.1188162493152198]
["CAP MODIFICADO POR POLÍMERO 55-75-E","2019-12-01","***",2.9295388368250301,3.8813,3.3093699999999999,3.2227881842256898,3.0999035089092302]
["CAP MODIFICADO POR POLÍMERO 55-75-E","2020-01-01","***",2.80314947368421,"***",3.3019956447210701,3.1188116409951601,3.1383643911574701]
["CAP MODIFICADO POR POLÍMERO 55-75-E","2020-02-01","***",2.6827900831809899,"***",3.1567065377724699,3.0095799735086199,2.9649531492283998]
["CAP MODIFICADO POR POLÍMERO 55-75-E","2020-03-01","***",3.06486631300363,3.92503,3.0358277644275402,3.00897434990235,3.0533098060557702]
["CAP MODIFICADO POR POLÍMERO 55-75-E","2020-04-01","***",3.0405163384275,"***",3.1725993819040101,2.9348398913430902,3.0010305405754698]
["CAP MODIFICADO POR POLÍMERO 55-75-E","2020-05-01","***",2.8702101565659301,"***",3.0671865430726899,3.0746339940487899,3.02349551010199]
["CAP MODIFICADO POR POLÍMERO 55-75-E","2020-06-01","***",3.1016014653079198,3.33189,2.9888901739877598,2.9925150223325399,3.07606708689443]
["CAP MODIFICADO POR POLÍMERO 55-75-E","2020-07-01","***",3.05932835646529,3.3325499999999999,3.0300296072195301,2.82265763505574,2.9510218288236101]
["CAP MODIFICADO POR POLÍMERO 55-75-E","2020-08-01","***",3.2288710413131998,"***",3.3453599999999999,3.0006063128011902,3.1001770505525501]
["CAP MODIFICADO POR POLÍMERO 55-75-E","2020-09-01","***",3.15710413261532,"***",3.4847100000000002,2.92749158139919,3.0578532392031299]
["CAP MODIFICADO POR POLÍMERO 55-75-E","2020-10-01","***",3.1668648436447802,"***",3.26938975402564,2.9531520559126898,3.0613176137854499]
["CAP MODIFICADO POR POLÍMERO 55-75-E","2020-11-01","***",3.25849218147905,"***",3.52420998087482,3.0956713222427901,3.1835695456804798]
["CAP MODIFICADO POR POLÍMERO 55-75-E","2020-12-01","***",3.3574134890329801,3.6097700000000001,"***",3.0502669451383801,3.1205899578104801]
["CAP MODIFICADO POR POLÍMERO 55-75-E","2021-01-01","***",3.3368874904327299,"***",3.5026201782711102,3.1259719369598402,3.2538721869591498]
["CAP MODIFICADO POR POLÍMERO 55-75-E","2021-02-01","***",3.4608183614543702,"***",3.7320784525637101,3.2503668748817098,3.2991032759659702]
["CAP MODIFICADO POR POLÍMERO 55-75-E","2021-03-01","***",3.3307011078340998,"***",3.6629321315248702,3.3444096789181699,3.3629947616177902]
["CAP MODIFICADO POR POLÍMERO 55-75-E","2021-04-01","***",3.5072844329034201,"***",3.1572029695122001,3.1985583181348098,3.2281333422166298]
["CAP MODIFICADO POR POLÍMERO 55-75-E","2021-05-01","***",4.1816199999999997,"***",3.9331470897832799,3.3778392923542602,3.53479289984582]
["CAP MODIFICADO POR POLÍMERO 55-75-E","2021-06-01","***",3.73428914334947,"***",4.1063900000000002,2.96209408881109,3.30029145020977]
["CAP MODIFICADO POR POLÍMERO 55-75-E","2021-07-01","***",3.8271079530916801,"***",4.1063900000000002,3.7443847338035998,3.7703498232005401]
["CAP MODIFICADO POR POLÍMERO 55-75-E","2021-08-01","***",3.86072870187615,4.3929903314160503,"***",4.5344533708237202,4.3854174799516299]
["CAP MODIFICADO POR POLÍMERO 55-75-E","2021-09-01","***",4.0217578722261997,"***","***",4.6568941019543102,4.4541072747616903]
["CAP MODIFICADO POR POLÍMERO 55-75-E","2021-10-01","***",4.0420371929854797,"***","***",4.59167816431159,4.2886668760516002]
["CAP MODIFICADO POR POLÍMERO 55-75-E","2021-11-01","***",4.0831531140479402,"***","***",4.9703704989070001,4.3902978781695703]
["CAP MODIFICADO POR POLÍMERO 55-75-E","2021-12-01","***",4.3545857000429002,"***","***",4.9470442273663799,4.5688025652121498]
["CAP MODIFICADO POR POLÍMERO 55-75-E","2022-01-01","***",4.6346160249794002,"***","***",4.9880748892276703,4.7435773205607701]
["CAP MODIFICADO POR POLÍMERO 55-75-E","2022-02-01","***",5.2945301535342599,"***","***",4.88737204403244,5.0354531909162397]
["CAP MODIFICADO POR POLÍMERO 55-75-E","2022-03-01","***",5.3661709190208997,"***",6.42,4.7783316535032903,5.0998691323196104]
["CAP MODIFICADO POR POLÍMERO 55-75-E","2022-04-01","***",5.6594405510099701,"***",5.5512958261469496,5.4203822307575704,5.4775954404408598]
["CAP MODIFICADO POR POLÍMERO 55-75-E","2022-05-01",5.2715699999999996,5.4797291247240203,"***",4.8512394993530101,5.2078308682375196,5.1857512899042799]
["CAP MODIFICADO POR POLÍMERO 55-75-E","2022-06-01","***",5.5487296938906798,5.09087671644295,5.1639718002931803,5.1867646906095901,5.2266701923115404]
["CAP MODIFICADO POR POLÍMERO 55-75-E","2022-07-01","***",5.41551891751556,5.6180787800312002,5.1412263640842903,5.2507952018735597,5.2698531199144796]
["CAP MODIFICADO POR POLÍMERO 55-75-E","2022-08-01","***",5.46440960959767,5.6495100000000003,4.9378113856187102,5.0538072426816099,5.1658988471862699]
["CAP MODIFICADO POR POLÍMERO 55-75-E","2022-09-01","***",5.1344306036460496,5.3412474170628403,4.7593903736893299,5.00932277278479,5.0858747584803199]
["CAP MODIFICADO POR POLÍMERO 55-75-E","2022-10-01","***",5.3534618039663204,"***",4.3557178120700399,4.5003225581874799,4.6318069314100097]
["CAP MODIFICADO POR POLÍMERO 55-75-E","2022-11-01","***",4.5991001127972098,"***",4.23617733487111,4.4672515038899396,4.3522454419269998]
["CAP MODIFICADO POR POLÍMERO 55-75-E","2022-12-01","***",4.8277301250377498,"***",4.1038387275891202,4.4622944547805599,4.4468637076692996]
["CAP MODIFICADO POR POLÍMERO 55-75-E","2023-01-01","***",4.6971885216893803,"***",4.9421400000000002,4.2234859334725297,4.5094509421015196]
["CAP MODIFICADO POR POLÍMERO 55-75-E","2023-02-01","***",4.6169035703668904,4.2530900000000003,4.1887398852444999,4.13263099594616,4.27980106455054]
["CAP MODIFICADO POR POLÍMERO 55-75-E","2023-03-01","***",4.6876675178117004,4.2165900000000001,4.1128664946311,3.8142643876529498,3.9390268531536701]
["CAP MODIFICADO POR POLÍMERO 55-75-E","2023-04-01","***",4.65341,"***",4.7817800000000004,3.6877500965294199,3.7740787668681102]
["CAP MODIFICADO POR POLÍMERO 55-75-E","2023-05-01","***",4.9023070524827101,"***",4.7817800000000004,3.7989692521723799,4.0087128977841298]
["CAP MODIFICADO POR POLÍMERO 55-75-E","2023-06-01","***",4.2684851499918901,"***",4.46670555862742,3.7981845936165901,3.84203508049485]
["CAP MODIFICADO POR POLÍMERO 55-75-E","2023-07-01","***",4.2537288700066203,"***",5.1262400000000001,3.6574167315646902,3.7110557211295898]
["CAP MODIFICADO POR POLÍMERO 55-75-E","2023-08-01","***",3.9885625269960698,3.8460200000000002,4.9014568952879598,3.7147035120449501,3.8117397392388899]
["CAP MODIFICADO POR POLÍMERO 60-85-E","2015-09-01","***",1.2531712342079699,1.8926623753559999,1.9114423354707499,1.92411504661792,1.8930433254583099]
["CAP MODIFICADO POR POLÍMERO 60-85-E","2015-10-01","***",0.60527238683127604,1.9355650039973999,1.91581864914363,2.0509838352072798,1.9452797087462299]
["CAP MODIFICADO POR POLÍMERO 60-85-E","2015-11-01","***",2.0164,2.1100214771063199,2.1081983699582301,2.1985927081289498,2.1344171943822099]
["CAP MODIFICADO POR POLÍMERO 60-85-E","2015-12-01","***",1.41113,2.1239398500648101,2.1856024475140301,2.1220601698571802,2.1529568347530499]
["CAP MODIFICADO POR POLÍMERO 60-85-E","2016-01-01","***",0.60104999999999997,"***",2.1313661120742098,2.29083109689739,2.1936135809789201]
["CAP MODIFICADO POR POLÍMERO 60-85-E","2016-02-01","***",2.2221600000000001,2.14000398009652,2.1268140673079201,2.3190324346052398,2.2222527057065098]
["CAP MODIFICADO POR POLÍMERO 60-85-E","2016-03-01","***","***",2.3981655529511201,2.0457464349560301,2.2830741974701598,2.1505894321209098]
["CAP MODIFICADO POR POLÍMERO 60-85-E","2016-04-01","***","***",2.5878965474364799,2.2758136160071398,2.3370958916422802,2.3089270327111699]
["CAP MODIFICADO POR POLÍMERO 60-85-E","2016-05-01","***",2.5530900000000001,2.3583802702006098,2.3358852137415198,2.3671955360597501,2.3505973897908001]
["CAP MODIFICADO POR POLÍMERO 60-85-E","2016-06-01","***",1.7582071498257801,2.48760853261764,2.2965793568049002,2.3585887860790402,2.3216251119571498]
["CAP MODIFICADO POR POLÍMERO 60-85-E","2016-07-01","***",1.78162165490819,2.3945574321139,2.3301768511818701,2.4564212883943601,2.3537426915080699]
["CAP MODIFICADO POR POLÍMERO 60-85-E","2016-08-01","***",2.5130892984062001,2.4430394003247802,2.35672640416978,2.43401847654131,2.4047886594622998]
["CAP MODIFICADO POR POLÍMERO 60-85-E","2016-09-01",2.2290999999999999,"***",1.98644940380001,2.0660229243560102,2.3049625742864799,2.1656476556889901]
["CAP MODIFICADO POR POLÍMERO 60-85-E","2016-10-01","***","***",2.2503204837327799,2.0303823184101502,2.3369820988690702,2.2231807424011198]
["CAP MODIFICADO POR POLÍMERO 60-85-E","2016-11-01","***","***",2.2745731003862901,2.0196214299150501,2.30002851771571,2.1856763215248298]
["CAP MODIFICADO POR POLÍMERO 60-85-E","2016-12-01","***","***",2.1792631414289398,1.98245626587555,2.1652924821642099,2.0670076788227001]
["CAP MODIFICADO POR POLÍMERO 60-85-E","2017-01-01",1.81125,"***",1.9145261666202,1.9451576680687801,2.0536684491566199,1.9851466366801001]
["CAP MODIFICADO POR POLÍMERO 60-85-E","2017-02-01","***","***",2.4048799999999999,2.00473657118367,2.02150994730277,2.01538498113355]
["CAP MODIFICADO POR POLÍMERO 60-85-E","2017-03-01","***","***",1.97180927294844,2.0431406368149099,1.9330077833491599,1.9916489041152099]
["CAP MODIFICADO POR POLÍMERO 60-85-E","2017-04-01","***","***",1.94173924745485,1.92746301779478,1.9701131238209399,1.95341936391941]
["CAP MODIFICADO POR POLÍMERO 60-85-E","2017-05-01","***","***",1.8398175664355501,1.92369302274548,1.9252443441654099,1.9212415855665499]
["CAP MODIFICADO POR POLÍMERO 60-85-E","2017-06-01","***","***",1.95903916836764,2.0234578105624199,1.9546933602163501,1.98740790663678]
["CAP MODIFICADO POR POLÍMERO 60-85-E","2017-07-01","***","***",1.95991388105227,1.9123118677228299,1.9285653669325,1.92578652173089]
["CAP MODIFICADO POR POLÍMERO 60-85-E","2017-08-01","***",1.91,2.17889779233189,1.8754382017051301,1.9052611491761899,1.9397072011380001]
["CAP MODIFICADO POR POLÍMERO 60-85-E","2017-09-01","***",2.0217268590810198,2.0131467477320402,1.8755009007866299,1.9285591899527299,1.9174436754930799]
["CAP MODIFICADO POR POLÍMERO 60-85-E","2017-10-01","***",2.23521179354643,1.89190905173041,1.87508148234081,1.9318636366355,1.9084070930867201]
["CAP MODIFICADO POR POLÍMERO 60-85-E","2017-11-01","***",2.46645258887134,2.1127029484724802,2.1018467397968301,2.0434117083883998,2.1152514607173099]
["CAP MODIFICADO POR POLÍMERO 60-85-E","2017-12-01","***",2.46646952315275,2.02556639798558,2.10739036986697,2.01629795028557,2.09844027131343]
["CAP MODIFICADO POR POLÍMERO 60-85-E","2018-01-01","***",2.54699494759473,2.4384371426566598,2.2358614527312701,2.2171168014774398,2.2629054895005201]
["CAP MODIFICADO POR POLÍMERO 60-85-E","2018-02-01","***",2.5612947680566398,2.2360692367149801,2.2315746289109701,2.1762960905145299,2.2149567719182999]
["CAP MODIFICADO POR POLÍMERO 60-85-E","2018-03-01","***","***",2.26460032292086,2.2070469391799601,2.1264791384299899,2.1795876274407999]
["CAP MODIFICADO POR POLÍMERO 60-85-E","2018-04-01","***","***",2.2530100000000002,2.2375301506500902,2.1921167528385199,2.2244667319431302]
["CAP MODIFICADO POR POLÍMERO 60-85-E","2018-05-01","***",2.6223749611318401,2.4159609188768498,2.41350102475295,2.25482174903222,2.3765745912679899]
["CAP MODIFICADO POR POLÍMERO 60-85-E","2018-06-01","***",2.7072610102942898,2.6366735277545099,2.4961148170595,2.4197077653545902,2.4863998558944602]
["CAP MODIFICADO POR POLÍMERO 60-85-E","2018-07-01","***","***",2.9856520055014499,2.7687975713177102,2.5975237297685001,2.71838209188408]
["CAP MODIFICADO POR POLÍMERO 60-85-E","2018-08-01","***",2.9785798440467302,3.43775198740865,2.8099498314863198,2.8377436180356401,2.8595321784884802]
["CAP MODIFICADO POR POLÍMERO 60-85-E","2018-09-01","***",3.0288317837351402,3.1526582663304699,2.82299012679302,2.8319182067122699,2.8661217153191401]
["CAP MODIFICADO POR POLÍMERO 60-85-E","2018-10-01","***",2.9754735957686602,2.69781033922628,2.8399603171882402,2.9087584341858701,2.8305252775556999]
["CAP MODIFICADO POR POLÍMERO 60-85-E","2018-11-01","***",3.4960399999999998,3.5065628178686699,3.2479593373890201,3.2154082821383598,3.26535351505404]
["CAP MODIFICADO POR POLÍMERO 60-85-E","2018-12-01","***",3.4762639486091498,"***",3.0624170223647398,3.2761020718399201,3.18500090253288]
["CAP MODIFICADO POR POLÍMERO 60-85-E","2019-01-01","***","***",3.2984900000000001,3.1537928781818501,3.31048923049975,3.2090943070935301]
["CAP MODIFICADO POR POLÍMERO 60-85-E","2019-02-01","***",3.8243,3.43709,3.2445725177690399,3.5067303436481501,3.39282745896584]
["CAP MODIFICADO POR POLÍMERO 60-85-E","2019-03-01","***","***",3.4388100000000001,3.5817124289494102,3.4957396295506502,3.5314146829726698]
["CAP MODIFICADO POR POLÍMERO 60-85-E","2019-04-01","***","***",3.6030053906659698,3.6230722179114201,3.4086359567258602,3.5013793146388701]
["CAP MODIFICADO POR POLÍMERO 60-85-E","2019-05-01","***",2.92,3.4084485162137201,3.37717102163665,3.3369712096327699,3.3513016514541301]
["CAP MODIFICADO POR POLÍMERO 60-85-E","2019-06-01","***",2.83,3.4956463967390099,3.2959067433493598,3.3172709117229702,3.3198427580823702]
["CAP MODIFICADO POR POLÍMERO 60-85-E","2019-07-01","***",2.8806142784351501,3.3714609849303399,3.2505922060170098,3.2993135893047199,3.2750501233058902]
["CAP MODIFICADO POR POLÍMERO 60-85-E","2019-08-01","***",2.8901662890490898,3.52049718266254,3.0400072618417799,3.0217354800796299,3.0431984971675199]
["CAP MODIFICADO POR POLÍMERO 60-85-E","2019-09-01","***",2.9309301776830101,3.34545650782422,3.0924620231875801,2.94480023463993,3.01290073172698]
["CAP MODIFICADO POR POLÍMERO 60-85-E","2019-10-01",5.1157286819825902,2.9521600000000001,3.4835160416586901,3.2067711905280198,3.0223676088136999,3.1716192744849998]
["CAP MODIFICADO POR POLÍMERO 60-85-E","2019-11-01",5.0523374241735803,3.0047600000000001,3.2270415866150302,3.1396244421580599,3.0644136004264602,3.1922322316490401]
["CAP MODIFICADO POR POLÍMERO 60-85-E","2019-12-01",2.9656266577628001,2.96655913175164,3.3373148398802002,3.12918213374562,3.1005852468144899,3.1189710140570601]
["CAP MODIFICADO POR POLÍMERO 60-85-E","2020-01-01","***","***",3.3063472398559099,3.2019147545618298,3.1704032948858498,3.1996312189612199]
["CAP MODIFICADO POR POLÍMERO 60-85-E","2020-02-01","***",3.09,3.3666734313374,3.0284676665989498,3.02715250631246,3.0350577961537999]
["CAP MODIFICADO POR POLÍMERO 60-85-E","2020-03-01",3.1619899999999999,"***",3.0209352421477398,3.0105097471600102,2.9941371554596401,3.00730749230399]
["CAP MODIFICADO POR POLÍMERO 60-85-E","2020-04-01","***","***",2.85106694118398,3.0395184957051802,3.0676036161303202,3.0370392597695401]
["CAP MODIFICADO POR POLÍMERO 60-85-E","2020-05-01",3.1061951230001701,"***",2.91281906261236,2.86637226838744,2.9475543302157399,2.8963264708594698]
["CAP MODIFICADO POR POLÍMERO 60-85-E","2020-06-01",3.3609231381455502,"***",2.9773387426176199,2.8857063178554099,3.00328417753961,2.9328307182492801]
["CAP MODIFICADO POR POLÍMERO 60-85-E","2020-07-01","***",2.7247499999999998,3.05556681475599,2.8374457906055501,2.9169283312165,2.8975763172694]
["CAP MODIFICADO POR POLÍMERO 60-85-E","2020-08-01","***",3.1703993217184099,3.2092792019429899,3.00189738634832,3.0386347969171901,3.0748855623284301]
["CAP MODIFICADO POR POLÍMERO 60-85-E","2020-09-01","***",3.08782520154789,3.2173951895787098,2.9978681642551002,3.06799122733065,3.06995566795826]
["CAP MODIFICADO POR POLÍMERO 60-85-E","2020-10-01","***",2.7798699999999998,3.0723038819939901,2.9720762557494198,3.0858062516787399,3.0262081688454501]
["CAP MODIFICADO POR POLÍMERO 60-85-E","2020-11-01","***",3.6761435633262298,3.26755406072142,3.27091851810302,3.3209484562158602,3.2906019565770799]
["CAP MODIFICADO POR POLÍMERO 60-85-E","2020-12-01","***",3.3960676198581599,3.3094809852023901,3.2038027019816302,3.3832263442815602,3.2786426451297301]
["CAP MODIFICADO POR POLÍMERO 60-85-E","2021-01-01","***",3.17658171390566,3.5869801314781098,3.2539475720154498,3.3493346395686499,3.3107804170987798]
["CAP MODIFICADO POR POLÍMERO 60-85-E","2021-02-01","***",3.3177748383812702,3.7700710862629698,3.6072248569476701,3.5450143794151101,3.5782812268698101]
["CAP MODIFICADO POR POLÍMERO 60-85-E","2021-03-01","***",3.3587524163479001,3.2735467324069898,3.3592829129245501,3.5150851308302502,3.41299564751563]
["CAP MODIFICADO POR POLÍMERO 60-85-E","2021-04-01",3.3293900000000001,3.32864,3.5622006001837798,3.3889220969885301,3.47560626184345,3.4253847898296601]
["CAP MODIFICADO POR POLÍMERO 60-85-E","2021-05-01","***",3.47235970611362,3.9515145822460598,4.1615768297891496,4.0945094179250896,4.1001975649679503]
["CAP MODIFICADO POR POLÍMERO 60-85-E","2021-06-01","***",3.4819801872634399,4.1761560435245704,4.0819960696899704,4.13849353397858,4.0548836579046501]
["CAP MODIFICADO POR POLÍMERO 60-85-E","2021-07-01","***",3.66656,4.9451973785201204,4.1727019915175001,4.0925884863852602,4.1961472804704796]
["CAP MODIFICADO POR POLÍMERO 60-85-E","2021-08-01","***",3.80820091788613,5.2457261351803304,4.2554847281975503,4.1890839170485599,4.3244093917070696]
["CAP MODIFICADO POR POLÍMERO 60-85-E","2021-09-01","***",4.2890516608806903,5.2728018155608698,4.4650783396120302,4.32448188314833,4.5248491020228903]
["CAP MODIFICADO POR POLÍMERO 60-85-E","2021-10-01","***",4.4406806812988604,4.8686489590394704,4.3797938883091803,4.39806373340598,4.4496488853661003]
["CAP MODIFICADO POR POLÍMERO 60-85-E","2021-11-01","***",4.7070784469299296,5.2863263310791897,4.8440122851480796,4.8874882767850902,4.8869115639582104]
["CAP MODIFICADO POR POLÍMERO 60-85-E","2021-12-01","***",4.9547295907037698,5.2070901584780103,4.8709201439275498,4.9947107493078402,4.9446146715279102]
["CAP MODIFICADO POR POLÍMERO 60-85-E","2022-01-01","***",4.8081102817246402,5.2639030371869904,4.8784563436162296,5.0011090853498601,4.9186688574536603]
["CAP MODIFICADO POR POLÍMERO 60-85-E","2022-02-01","***",4.6529460332347199,5.5706980889483404,5.2045127435568297,5.3145722799009496,5.2228361292457102]
["CAP MODIFICADO POR POLÍMERO 60-85-E","2022-03-01","***",5.1594966866030596,5.0533934926902804,5.2173932049172498,5.3696156039234504,5.2385502663564099]
["CAP MODIFICADO POR POLÍMERO 60-85-E","2022-04-01","***",5.6225452787161299,5.6189118914318801,5.6965027771382797,5.2529354414335598,5.56249270793381]
["CAP MODIFICADO POR POLÍMERO 60-85-E","2022-05-01","***",5.4080399697942498,5.6160151250228303,5.62953704777164,5.1251907984151801,5.4850449368409002]
["CAP MODIFICADO POR POLÍMERO 60-85-E","2022-06-01","***",5.31968714777976,5.6202348137024298,5.5215625229633298,5.0901059604266896,5.4182352462024799]
["CAP MODIFICADO POR POLÍMERO 60-85-E","2022-07-01","***",6.2405948121716301,5.7030823082137196,5.4933790996513601,5.2367948669495004,5.5166804425553799]
["CAP MODIFICADO POR POLÍMERO 60-85-E","2022-08-01","***",5.6840757477419999,5.5853204934837501,5.3671212798247598,5.0136921654253701,5.40484446887376]
["CAP MODIFICADO POR POLÍMERO 60-85-E","2022-09-01","***",5.4107226757301401,5.6591606222236299,5.1154518178758002,4.8087474057713697,5.1821317068372403]
["CAP MODIFICADO POR POLÍMERO 60-85-E","2022-10-01","***",5.0463689566594301,4.9083578473148401,4.7323336533961902,4.7512057378117403,4.7876477022245698]
["CAP MODIFICADO POR POLÍMERO 60-85-E","2022-11-01","***",5.0302210372112404,5.2320166409668696,4.6709251248786803,4.8135614945633396,4.8309031608133699]
["CAP MODIFICADO POR POLÍMERO 60-85-E","2022-12-01",4.9544996900861804,4.8125502509463596,6.0846393551166704,4.5058442660736402,4.7857041007691601,4.8264877020591799]
["CAP MODIFICADO POR POLÍMERO 60-85-E","2023-01-01","***",4.6664699920175101,5.5406798954535699,4.2945819754937498,4.3895263686975703,4.4577788792792497]
["CAP MODIFICADO POR POLÍMERO 60-85-E","2023-02-01","***",4.8532126494431296,4.6698196309429001,4.30893465411802,4.2217851675698199,4.3542531174748298]
["CAP MODIFICADO POR POLÍMERO 60-85-E","2023-03-01","***",5.4251470718902297,4.55024842656624,4.2404564852797497,3.9898959894292498,4.2200551288305297]
["CAP MODIFICADO POR POLÍMERO 60-85-E","2023-04-01","***",4.7343999999999999,4.4903104310819799,4.35761094147629,3.9008723072062801,4.2468802270024097]
["CAP MODIFICADO POR POLÍMERO 60-85-E","2023-05-01",4.8071173706914401,4.4499156833411302,5.1892829601018597,4.3340402856941003,3.88084920040964,4.4982969039745697]
["CAP MODIFICADO POR POLÍMERO 60-85-E","2023-06-01",4.5875339404331301,4.2594599999999998,5.0941207108213202,4.2321367243352803,3.7454432539704499,4.4674481553559104]
["CAP MODIFICADO POR POLÍMERO 60-85-E","2023-07-01",4.9155000593869103,4.6069399999999998,4.7788868436144796,4.0358222697719404,3.8635791505247901,4.2500323193857303]
["CAP MODIFICADO POR POLÍMERO 60-85-E","2023-08-01",4.8567413386693898,4.5233640866873097,4.8370653203146601,3.9270428133854498,3.8512205596235001,4.1282207656952199]
["CAP MODIFICADO POR POLÍMERO 65-90-E","2015-09-01","***","***","***","***","***","***"]
["CAP MODIFICADO POR POLÍMERO 65-90-E","2015-10-01","***","***",1.82155,1.55888,1.9466000000000001,1.87005762520147]
["CAP MODIFICADO POR POLÍMERO 65-90-E","2015-11-01","***",2.2246999999999999,"***",1.69003875293317,2.13551637629672,1.87452155606747]
["CAP MODIFICADO POR POLÍMERO 65-90-E","2015-12-01","***","***","***",1.69448376120345,2.0958999999999999,1.71321925647351]
["CAP MODIFICADO POR POLÍMERO 65-90-E","2016-01-01","***",2.3607,"***",2.3210858352035899,"***",2.3257292713892901]
["CAP MODIFICADO POR POLÍMERO 65-90-E","2016-02-01","***",2.1938,"***",2.6292200000000001,2.1470894232507698,2.2915581827531901]
["CAP MODIFICADO POR POLÍMERO 65-90-E","2016-03-01","***","***","***",1.9236413262447001,2.0958999999999999,1.9549353060144601]
["CAP MODIFICADO POR POLÍMERO 65-90-E","2016-04-01","***","***","***","***",2.43820901396741,2.43820901396741]
["CAP MODIFICADO POR POLÍMERO 65-90-E","2016-05-01","***","***","***",2.4026617291723098,2.3422453871268698,2.3804700832334]
["CAP MODIFICADO POR POLÍMERO 65-90-E","2016-06-01","***","***",2.2805200000000001,2.3779867618353601,2.2599527110988,2.3298746277932501]
["CAP MODIFICADO POR POLÍMERO 65-90-E","2016-07-01","***","***",2.2805200000000001,2.4198648504295601,2.2951986514946698,2.3059337657267598]
["CAP MODIFICADO POR POLÍMERO 65-90-E","2016-08-01","***","***",2.2805200000000001,"***",2.3170317647800802,2.31613741917125]
["CAP MODIFICADO POR POLÍMERO 65-90-E","2016-09-01","***","***",2.4327000000000001,2.2052260259834902,2.0611791716447199,2.0837038112357802]
["CAP MODIFICADO POR POLÍMERO 65-90-E","2016-10-01","***","***",2.0818814169180899,1.91478604680277,2.0459658783140999,2.0225780933124602]
["CAP MODIFICADO POR POLÍMERO 65-90-E","2016-11-01","***","***","***",1.82867328180467,2.00898474976362,1.9656936288136699]
["CAP MODIFICADO POR POLÍMERO 65-90-E","2016-12-01","***","***","***","***",1.89701151332149,1.89701151332149]
["CAP MODIFICADO POR POLÍMERO 65-90-E","2017-01-01","***","***","***","***",1.6231242228141001,1.6231242228141001]
["CAP MODIFICADO POR POLÍMERO 65-90-E","2017-02-01","***","***","***","***",1.6082047035338101,1.6082047035338101]
["CAP MODIFICADO POR POLÍMERO 65-90-E","2017-03-01","***","***","***","***",1.83099150409053,1.83099150409053]
["CAP MODIFICADO POR POLÍMERO 65-90-E","2017-04-01","***","***","***",2.0295278334946798,1.68996405919534,1.72185218454545]
["CAP MODIFICADO POR POLÍMERO 65-90-E","2017-05-01","***","***",1.8264199999999999,1.7750999999999999,1.85137677896834,1.8503847129306901]
["CAP MODIFICADO POR POLÍMERO 65-90-E","2017-06-01","***","***",2.4799600000000002,2.0150405989814502,1.9689337627746599,2.0388803095770101]
["CAP MODIFICADO POR POLÍMERO 65-90-E","2017-07-01","***","***",2.21444971989655,2.0035197764647701,1.9569000000000001,2.02766465470437]
["CAP MODIFICADO POR POLÍMERO 65-90-E","2017-08-01","***","***",2.4127136041963002,1.97143131920376,1.9569000000000001,2.0358817299221199]
["CAP MODIFICADO POR POLÍMERO 65-90-E","2017-09-01","***","***",2.5316578291530401,1.99400980165005,1.9637643858267699,2.0464291416254698]
["CAP MODIFICADO POR POLÍMERO 65-90-E","2017-10-01","***","***",2.6283834077047201,2.0189193823209801,1.83663577564506,2.1481928647824602]
["CAP MODIFICADO POR POLÍMERO 65-90-E","2017-11-01","***","***",2.56866928177923,2.3690511495967899,2.0631097147844,2.31698070516159]
["CAP MODIFICADO POR POLÍMERO 65-90-E","2017-12-01","***",2.3750300000000002,2.6435635641620601,2.2241003413061602,2.1192000000000002,2.2447565981216901]
["CAP MODIFICADO POR POLÍMERO 65-90-E","2018-01-01","***",2.5321109700428002,2.4082699999999999,2.4470716776737498,"***",2.4583590677371601]
["CAP MODIFICADO POR POLÍMERO 65-90-E","2018-02-01","***",2.5274399999999999,"***","***",2.2187999999999999,2.27462622139346]
["CAP MODIFICADO POR POLÍMERO 65-90-E","2018-03-01","***",2.5274399999999999,2.4082699999999999,"***",1.9971401162790701,2.18330072450805]
["CAP MODIFICADO POR POLÍMERO 65-90-E","2018-04-01","***",2.47174,2.3693599999999999,"***",2.0878999999999999,2.3156321348088502]
["CAP MODIFICADO POR POLÍMERO 65-90-E","2018-05-01","***",2.5092293363064,"***",2.1265399999999999,2.25038945604825,2.3127857875017299]
["CAP MODIFICADO POR POLÍMERO 65-90-E","2018-06-01","***",2.7120466145530102,2.8046302009919102,2.2560121989528801,2.3363465419640699,2.4952213362794202]
["CAP MODIFICADO POR POLÍMERO 65-90-E","2018-07-01","***",2.8704700000000001,2.6909841569695798,2.6551053603254502,2.57384270951145,2.6609078039826901]
["CAP MODIFICADO POR POLÍMERO 65-90-E","2018-08-01","***","***",2.8451041635072101,2.75008803119922,2.6785999999999999,2.7819242020069099]
["CAP MODIFICADO POR POLÍMERO 65-90-E","2018-09-01","***","***",2.9582600000000001,2.5882272995977398,2.6945213240049402,2.7194762340700001]
["CAP MODIFICADO POR POLÍMERO 65-90-E","2018-10-01","***","***",2.48638,2.5823507044906102,2.6855796653055299,2.6461121291098002]
["CAP MODIFICADO POR POLÍMERO 65-90-E","2018-11-01","***","***",3.3710300000000002,2.8811166935830101,2.9951060950447301,3.0007603004907102]
["CAP MODIFICADO POR POLÍMERO 65-90-E","2018-12-01","***","***",2.8938600000000001,3.0403049509363198,2.9863900000000001,3.00727691967522]
["CAP MODIFICADO POR POLÍMERO 65-90-E","2019-01-01","***","***",3.3668100000000001,3.0815307779421501,2.97026769837706,3.04775074971446]
["CAP MODIFICADO POR POLÍMERO 65-90-E","2019-02-01","***","***","***",3.2435547966434801,3.4847299999999999,3.2508481342326201]
["CAP MODIFICADO POR POLÍMERO 65-90-E","2019-03-01","***","***","***",3.2414090214182201,3.2869000000000002,3.2497490009206098]
["CAP MODIFICADO POR POLÍMERO 65-90-E","2019-04-01","***","***","***",2.9872117804528102,3.3973878130617101,3.0413097469046599]
["CAP MODIFICADO POR POLÍMERO 65-90-E","2019-05-01","***","***","***",3.58081,3.2869000000000002,3.4986915110869101]
["CAP MODIFICADO POR POLÍMERO 65-90-E","2019-06-01","***","***","***",3.48173553517787,3.3253197185383101,3.4108612031472898]
["CAP MODIFICADO POR POLÍMERO 65-90-E","2019-07-01","***","***","***","***",3.1891014553211701,3.1891014553211701]
["CAP MODIFICADO POR POLÍMERO 65-90-E","2019-08-01","***","***","***",3.3295400000000002,3.1606349724072298,3.2140277771993802]
["CAP MODIFICADO POR POLÍMERO 65-90-E","2019-09-01","***","***","***",3.8885923150216501,3.1564066872377201,3.6910969607484101]
["CAP MODIFICADO POR POLÍMERO 65-90-E","2019-10-01","***","***","***",3.7084807442795,"***",3.7084807442795]
["CAP MODIFICADO POR POLÍMERO 65-90-E","2019-11-01","***","***","***",3.3165905540581,"***",3.3165905540581]
["CAP MODIFICADO POR POLÍMERO 65-90-E","2019-12-01","***","***","***",3.4165800000000002,3.4649999999999999,3.4441823199716199]
["CAP MODIFICADO POR POLÍMERO 65-90-E","2020-01-01","***","***","***",4.0702499999999997,"***",4.0702499999999997]
["CAP MODIFICADO POR POLÍMERO 65-90-E","2020-02-01","***","***","***","***","***","***"]
["CAP MODIFICADO POR POLÍMERO 65-90-E","2020-03-01","***","***","***",3.8525,"***",3.8525]
["CAP MODIFICADO POR POLÍMERO 65-90-E","2020-04-01","***","***","***","***",3.36836,3.36836]
["CAP MODIFICADO POR POLÍMERO 65-90-E","2020-05-01","***","***","***",3.1595300000000002,"***",3.1595300000000002]
["CAP MODIFICADO POR POLÍMERO 65-90-E","2020-06-01","***","***","***",3.0287714060284801,3.37113,3.07058435768398]
["CAP MODIFICADO POR POLÍMERO 65-90-E","2020-07-01","***","***","***",2.91801300658403,3.0287899999999999,2.9368747793444401]
["CAP MODIFICADO POR POLÍMERO 65-90-E","2020-08-01","***","***","***",3.2082958426547301,3.6035903088710599,3.3300157039112301]
["CAP MODIFICADO POR POLÍMERO 65-90-E","2020-09-01","***",3.6783999999999999,"***",2.95722639899869,1.46941071960243,2.04036102251355]
["CAP MODIFICADO POR POLÍMERO 65-90-E","2020-10-01","***",3.6783999999999999,"***",3.0749146935787501,2.9420709728534402,3.0838099019199898]
["CAP MODIFICADO POR POLÍMERO 65-90-E","2020-11-01","***",3.2835800000000002,"***",3.1591974659400499,3.3077576386491598,3.2644339414203598]
["CAP MODIFICADO POR POLÍMERO 65-90-E","2020-12-01","***",3.2835800000000002,"***",3.1590910750744898,3.1259513085322599,3.1433131929245799]
["CAP MODIFICADO POR POLÍMERO 65-90-E","2021-01-01","***","***","***",3.1597642449959298,"***",3.1597642449959298]
["CAP MODIFICADO POR POLÍMERO 65-90-E","2021-02-01","***","***","***",3.4199975554418298,"***",3.4199975554418298]
["CAP MODIFICADO POR POLÍMERO 65-90-E","2021-03-01","***",4.2064000000000004,"***",3.41728446186419,3.3537699999999999,3.4731874618923899]
["CAP MODIFICADO POR POLÍMERO 65-90-E","2021-04-01","***",4.2064000000000004,"***",3.4665533082875002,3.5064737636336498,3.5308457855634101]
["CAP MODIFICADO POR POLÍMERO 65-90-E","2021-05-01","***",5.2140000000000004,"***",4.29840205851304,"***",4.4702606866137904]
["CAP MODIFICADO POR POLÍMERO 65-90-E","2021-06-01","***",5.2140000000000004,"***",4.1506740838323397,4.3075542695722397,4.30068882906808]
["CAP MODIFICADO POR POLÍMERO 65-90-E","2021-07-01","***",4.4874499999999999,"***",4.2880269612191704,"***",4.2966660075747001]
["CAP MODIFICADO POR POLÍMERO 65-90-E","2021-08-01","***",4.7308300000000001,"***",4.3811282133624596,"***",4.4150593323470204]
["CAP MODIFICADO POR POLÍMERO 65-90-E","2021-09-01","***",4.5063899999999997,"***",4.3084740061345101,4.9359400000000004,4.3770211788829902]
["CAP MODIFICADO POR POLÍMERO 65-90-E","2021-10-01","***","***","***",4.6386075597360703,4.9359400000000004,4.6413377465354904]
["CAP MODIFICADO POR POLÍMERO 65-90-E","2021-11-01","***","***","***",4.8226272033416899,"***",4.8226272033416899]
["CAP MODIFICADO POR POLÍMERO 65-90-E","2021-12-01","***",5.5515299999999996,"***",5.0271386175302002,"***",5.0595128886606604]
["CAP MODIFICADO POR POLÍMERO 65-90-E","2022-01-01","***","***","***",5.1108941647655302,"***",5.1108941647655302]
["CAP MODIFICADO POR POLÍMERO 65-90-E","2022-02-01","***","***","***",5.5500062296779502,5.9308699999999996,5.5910537270753498]
["CAP MODIFICADO POR POLÍMERO 65-90-E","2022-03-01","***","***","***",5.6423773742937202,"***",5.6423773742937202]
["CAP MODIFICADO POR POLÍMERO 65-90-E","2022-04-01","***",6.3447699999999996,"***",6.0004299999999997,"***",6.1304795153927198]
["CAP MODIFICADO POR POLÍMERO 65-90-E","2022-05-01","***",6.1749715629011597,5.5873900000000001,6.1204015976447499,5.9695099999999996,6.0845880953756497]
["CAP MODIFICADO POR POLÍMERO 65-90-E","2022-06-01","***",6.1620124509050997,5.5873900000000001,5.9855099999999997,"***",5.8608465581569797]
["CAP MODIFICADO POR POLÍMERO 65-90-E","2022-07-01","***",6.1486524889339202,5.6879900000000001,"***",6.0167000000000002,6.0822876450777201]
["CAP MODIFICADO POR POLÍMERO 65-90-E","2022-08-01","***",6.2227858917039196,"***","***",5.3651799999999996,5.9160289661774099]
["CAP MODIFICADO POR POLÍMERO 65-90-E","2022-09-01","***",6.0123366451401896,"***","***",5.5873576965962402,5.9197384572597702]
["CAP MODIFICADO POR POLÍMERO 65-90-E","2022-10-01","***",5.5958699999999997,"***",5.1038443809952696,"***",5.16481859662274]
["CAP MODIFICADO POR POLÍMERO 65-90-E","2022-11-01","***",5.1053298461275398,"***",5.1578417588693402,"***",5.1502615575409099]
["CAP MODIFICADO POR POLÍMERO 65-90-E","2022-12-01","***",5.0620806692039304,"***",4.6740580511282896,4.7181434552928199,4.7266232003043198]
["CAP MODIFICADO POR POLÍMERO 65-90-E","2023-01-01","***",5.1244668730650202,"***",4.7105463185544698,"***",4.7827723154609103]
["CAP MODIFICADO POR POLÍMERO 65-90-E","2023-02-01","***",5.06386,"***",4.6839759250160897,4.7410399999999999,4.7643442608050002]
["CAP MODIFICADO POR POLÍMERO 65-90-E","2023-03-01","***",5.2004900000000003,"***",4.4260811354563998,4.4109499999999997,4.4844846928400299]
["CAP MODIFICADO POR POLÍMERO 65-90-E","2023-04-01","***",5.1834199999999999,3.5742600000000002,4.5764145271532799,"***",4.4274986396685199]
["CAP MODIFICADO POR POLÍMERO 65-90-E","2023-05-01","***","***",3.7837900000000002,4.5813380217112503,4.4458340555329601,4.3592429575071101]
["CAP MODIFICADO POR POLÍMERO 65-90-E","2023-06-01","***","***","***",4.5228506090875902,4.3864967676078201,4.4753020709334601]
["CAP MODIFICADO POR POLÍMERO 65-90-E","2023-07-01","***","***","***",4.5322064288618797,4.4828542581681798,4.5197554302219496]
["CAP MODIFICADO POR POLÍMERO 65-90-E","2023-08-01","***","***","***",4.4510855095768997,4.4114800000000001,4.4442182459975204]
["CIMENTO ASFÁLTICO MODIFICADO POR POLÍMERO SBS 50-65","2009-12-01","***","***","***",1.5853699999999999,1.4175780343331399,1.42909570372473]
["CIMENTO ASFÁLTICO MODIFICADO POR POLÍMERO SBS 50-65","2010-01-01","***","***","***","***",1.5227148666013599,1.5227148666013599]
["CIMENTO ASFÁLTICO MODIFICADO POR POLÍMERO SBS 50-65","2010-02-01","***","***","***","***",1.70893381206462,1.70893381206462]
["CIMENTO ASFÁLTICO MODIFICADO POR POLÍMERO SBS 50-65","2010-03-01","***","***",1.67397,"***",1.63601419642966,1.63717260877259]
["CIMENTO ASFÁLTICO MODIFICADO POR POLÍMERO SBS 50-65","2010-04-01","***","***",1.6727100013090901,"***",1.6092808441206601,1.6268555694871001]
["CIMENTO ASFÁLTICO MODIFICADO POR POLÍMERO SBS 50-65","2010-05-01","***","***",1.67411456801415,1.70661,1.7158413319527499,1.70441449521669]
["CIMENTO ASFÁLTICO MODIFICADO POR POLÍMERO SBS 50-65","2010-06-01","***","***","***",1.1916100000000001,1.5606875369553801,1.5222050036817401]
["CIMENTO ASFÁLTICO MODIFICADO POR POLÍMERO SBS 50-65","2010-07-01","***","***","***",1.1916100000000001,1.5982250446396,1.50816735070498]
["CIMENTO ASFÁLTICO MODIFICADO POR POLÍMERO SBS 50-65","2010-08-01","***","***","***",1.4410503661779199,1.63643395230111,1.59338544354373]
["CIMENTO ASFÁLTICO MODIFICADO POR POLÍMERO SBS 50-65","2010-09-01","***","***","***",1.78783,1.5395260296820701,1.5814451070872799]
["CIMENTO ASFÁLTICO MODIFICADO POR POLÍMERO SBS 50-65","2010-10-01","***","***","***",1.78783,1.42550980648005,1.45322060712977]
["CIMENTO ASFÁLTICO MODIFICADO POR POLÍMERO SBS 50-65","2010-11-01","***","***","***",1.1916100000000001,1.2947742270659199,1.2726645440186199]
["CIMENTO ASFÁLTICO MODIFICADO POR POLÍMERO SBS 50-65","2010-12-01","***","***","***","***","***","***"]
["CIMENTO ASFÁLTICO MODIFICADO POR POLÍMERO SBS 50-65","2011-01-01","***","***","***","***",1.29477569148936,1.29477569148936]
["CIMENTO ASFÁLTICO MODIFICADO POR POLÍMERO SBS 50-65","2011-02-01","***","***","***","***","***","***"]
["CIMENTO ASFÁLTICO MODIFICADO POR POLÍMERO SBS 50-65","2011-03-01","***","***","***","***","***","***"]
["CIMENTO ASFÁLTICO MODIFICADO POR POLÍMERO SBS 50-65","2011-04-01","***","***","***",1.2591950000000001,"***",1.2591950000000001]
["CIMENTO ASFÁLTICO MODIFICADO POR POLÍMERO SBS 50-65","2011-05-01","***","***",1.6439900000000001,1.17416187693498,"***",1.3246749368753299]
["CIMENTO ASFÁLTICO MODIFICADO POR POLÍMERO SBS 50-65","2011-06-01","***","***",1.63832411972057,1.1746700000000001,"***",1.60140245030378]
["CIMENTO ASFÁLTICO MODIFICADO POR POLÍMERO SBS 50-65","2011-07-01","***","***",1.4925409986848099,1.1730400000000001,"***",1.47236946535237]
["CIMENTO ASFÁLTICO MODIFICADO POR POLÍMERO SBS 50-65","2011-08-01","***","***",1.3751659402633101,1.17292500104232,"***",1.36043657283838]
["CIMENTO ASFÁLTICO MODIFICADO POR POLÍMERO SBS 50-65","2011-09-01","***","***",1.3750899999999999,1.1730031992486101,1.5575300000000001,1.33114077554526]
["CIMENTO ASFÁLTICO MODIFICADO POR POLÍMERO SBS 50-65","2011-10-01","***","***","***",1.1704656716417901,"***",1.1704656716417901]
["CIMENTO ASFÁLTICO MODIFICADO POR POLÍMERO SBS 50-65","2011-11-01","***","***","***","***","***","***"]
["CIMENTO ASFÁLTICO MODIFICADO POR POLÍMERO SBS 50-65","2011-12-01","***","***","***",1.10371,"***",1.10371]
["CIMENTO ASFÁLTICO MODIFICADO POR POLÍMERO SBS 50-65","2012-01-01","***","***","***",1.1037133183023899,"***",1.1037133183023899]
["CIMENTO ASFÁLTICO MODIFICADO POR POLÍMERO SBS 50-65","2012-02-01","***","***","***",1.1037117226670199,"***",1.1037117226670199]
["CIMENTO ASFÁLTICO MODIFICADO POR POLÍMERO SBS 50-65","2012-03-01","***","***","***",1.10371196484976,"***",1.10371196484976]
["CIMENTO ASFÁLTICO MODIFICADO POR POLÍMERO SBS 50-65","2012-04-01","***","***","***",1.1037167049543299,"***",1.1037167049543299]
["CIMENTO ASFÁLTICO MODIFICADO POR POLÍMERO SBS 50-65","2012-05-01","***","***",1.56877,1.1252123441037301,"***",1.34749210985626]
["CIMENTO ASFÁLTICO MODIFICADO POR POLÍMERO SBS 50-65","2012-06-01","***","***",1.56877,1.14682,"***",1.43211060492505]
["CIMENTO ASFÁLTICO MODIFICADO POR POLÍMERO SBS 50-65","2012-07-01","***","***",1.56877,1.17455,1.36588,1.37214319594595]
["CIMENTO ASFÁLTICO MODIFICADO POR POLÍMERO SBS 50-65","2012-08-01","***","***",1.56877,1.17455,"***",1.42981265889687]
["CIMENTO ASFÁLTICO MODIFICADO POR POLÍMERO SBS 50-65","2012-09-01","***","***",1.6187100000000001,"***","***",1.6187100000000001]
["CIMENTO ASFÁLTICO MODIFICADO POR POLÍMERO SBS 50-65","2012-10-01","***","***",1.63874561233802,"***","***",1.63874561233802]
["CIMENTO ASFÁLTICO MODIFICADO POR POLÍMERO SBS 50-65","2012-11-01","***","***","***","***","***","***"]
["CIMENTO ASFÁLTICO MODIFICADO POR POLÍMERO SBS 50-65","2012-12-01","***","***","***","***","***","***"]
["CIMENTO ASFÁLTICO MODIFICADO POR POLÍMERO SBS 50-65","2013-01-01","***","***","***","***","***","***"]
["CIMENTO ASFÁLTICO MODIFICADO POR POLÍMERO SBS 50-65","2013-02-01","***","***","***","***","***","***"]
["CIMENTO ASFÁLTICO MODIFICADO POR POLÍMERO SBS 50-65","2013-03-01","***","***","***","***","***","***"]
["CIMENTO ASFÁLTICO MODIFICADO POR POLÍMERO SBS 50-65","2013-04-01","***","***","***",1.3120000000000001,"***",1.3120000000000001]
["CIMENTO ASFÁLTICO MODIFICADO POR POLÍMERO SBS 50-65","2013-05-01","***","***","***",1.3120000000000001,1.3225199999999999,1.31353526114799]
["CIMENTO ASFÁLTICO MODIFICADO POR POLÍMERO SBS 50-65","2013-06-01","***","***","***",1.3120000000000001,"***",1.3120000000000001]
["CIMENTO ASFÁLTICO MODIFICADO POR POLÍMERO SBS 50-65","2013-07-01","***","***","***",1.3120000000000001,"***",1.3120000000000001]
["CIMENTO ASFÁLTICO MODIFICADO POR POLÍMERO SBS 50-65","2013-08-01","***","***","***","***",1.56972025948104,1.56972025948104]
["CIMENTO ASFÁLTICO MODIFICADO POR POLÍMERO SBS 50-65","2013-09-01","***","***","***",1.3120000000000001,"***",1.3120000000000001]
["CIMENTO ASFÁLTICO MODIFICADO POR POLÍMERO SBS 50-65","2013-10-01","***","***","***","***",1.3614900000000001,1.3614900000000001]
["CIMENTO ASFÁLTICO MODIFICADO POR POLÍMERO SBS 50-65","2013-11-01","***","***","***",1.44751073655385,"***",1.44751073655385]
["CIMENTO ASFÁLTICO MODIFICADO POR POLÍMERO SBS 50-65","2013-12-01","***","***","***","***","***","***"]
["CIMENTO ASFÁLTICO MODIFICADO POR POLÍMERO SBS 50-65","2014-01-01","***","***","***",1.4235117923823699,"***",1.4235117923823699]
["CIMENTO ASFÁLTICO MODIFICADO POR POLÍMERO SBS 50-65","2014-02-01","***","***","***","***","***","***"]
["CIMENTO ASFÁLTICO MODIFICADO POR POLÍMERO SBS 50-65","2014-03-01","***","***",1.4269732497883401,"***","***",1.4269732497883401]
["CIMENTO ASFÁLTICO MODIFICADO POR POLÍMERO SBS 50-65","2014-04-01","***","***",1.3033859071393099,"***","***",1.3033859071393099]
["CIMENTO ASFÁLTICO MODIFICADO POR POLÍMERO SBS 50-65","2014-05-01","***","***","***","***","***","***"]
["CIMENTO ASFÁLTICO MODIFICADO POR POLÍMERO SBS 50-65","2014-06-01","***","***","***","***","***","***"]
["CIMENTO ASFÁLTICO MODIFICADO POR POLÍMERO SBS 50-65","2014-07-01","***","***","***","***","***","***"]
["CIMENTO ASFÁLTICO MODIFICADO POR POLÍMERO SBS 50-65","2014-08-01","***","***","***","***","***","***"]
["CIMENTO ASFÁLTICO MODIFICADO POR POLÍMERO SBS 50-65","2014-09-01","***","***","***","***","***","***"]
["CIMENTO ASFÁLTICO MODIFICADO POR POLÍMERO SBS 50-65","2014-10-01","***","***","***","***","***","***"]
["CIMENTO ASFÁLTICO MODIFICADO POR POLÍMERO SBS 50-65","2014-11-01","***","***","***","***","***","***"]
["CIMENTO ASFÁLTICO MODIFICADO POR POLÍMERO SBS 50-65","2014-12-01","***","***","***","***","***","***"]
["CIMENTO ASFÁLTICO MODIFICADO POR POLÍMERO SBS 50-65","2015-01-01","***","***","***","***","***","***"]
["CIMENTO ASFÁLTICO MODIFICADO POR POLÍMERO SBS 50-65","2015-02-01","***","***","***","***","***","***"]
["CIMENTO ASFÁLTICO MODIFICADO POR POLÍMERO SBS 50-65","2015-03-01","***","***","***","***","***","***"]
["CIMENTO ASFÁLTICO MODIFICADO POR POLÍMERO SBS 50-65","2015-04-01","***","***","***","***","***","***"]
["CIMENTO ASFÁLTICO MODIFICADO POR POLÍMERO SBS 50-65","2015-05-01","***","***","***","***","***","***"]
["CIMENTO ASFÁLTICO MODIFICADO POR POLÍMERO SBS 50-65","2015-06-01","***","***","***","***","***","***"]
["CIMENTO ASFÁLTICO MODIFICADO POR POLÍMERO SBS 50-65","2015-07-01","***","***","***","***","***","***"]
["CIMENTO ASFÁLTICO MODIFICADO POR POLÍMERO SBS 50-65","2015-08-01","***","***","***","***","***","***"]
["CIMENTO ASFÁLTICO MODIFICADO POR POLÍMERO SBS 55-75","2009-12-01","***","***","***","***",1.4085247007018,1.4085247007018]
["CIMENTO ASFÁLTICO MODIFICADO POR POLÍMERO SBS 55-75","2010-01-01","***",1.4791099999999999,"***","***",1.4119999999999999,1.45017092528184]
["CIMENTO ASFÁLTICO MODIFICADO POR POLÍMERO SBS 55-75","2010-02-01","***","***","***","***",1.3579000000000001,1.3579000000000001]
["CIMENTO ASFÁLTICO MODIFICADO POR POLÍMERO SBS 55-75","2010-03-01","***","***","***","***",1.3579000000000001,1.3579000000000001]
["CIMENTO ASFÁLTICO MODIFICADO POR POLÍMERO SBS 55-75","2010-04-01","***","***","***","***",1.3579000000000001,1.3579000000000001]
["CIMENTO ASFÁLTICO MODIFICADO POR POLÍMERO SBS 55-75","2010-05-01","***","***","***",1.33582409939632,1.33714116094987,1.33653438069983]
["CIMENTO ASFÁLTICO MODIFICADO POR POLÍMERO SBS 55-75","2010-06-01","***","***","***","***",1.3492483822797401,1.3492483822797401]
["CIMENTO ASFÁLTICO MODIFICADO POR POLÍMERO SBS 55-75","2010-07-01","***",1.44868,"***","***",1.35573203035477,1.3633325071423601]
["CIMENTO ASFÁLTICO MODIFICADO POR POLÍMERO SBS 55-75","2010-08-01","***","***","***",1.62704,1.3396139892340599,1.3549487880648301]
["CIMENTO ASFÁLTICO MODIFICADO POR POLÍMERO SBS 55-75","2010-09-01","***",1.48319,"***",1.37050185423781,1.33284387544117,1.38662013509249]
["CIMENTO ASFÁLTICO MODIFICADO POR POLÍMERO SBS 55-75","2010-10-01","***",1.48319,"***",1.37926486365505,1.3094420737032699,1.3460313551423699]
["CIMENTO ASFÁLTICO MODIFICADO POR POLÍMERO SBS 55-75","2010-11-01","***",1.4832000000000001,"***",1.30824502071177,1.32964976174947,1.35156966437606]
["CIMENTO ASFÁLTICO MODIFICADO POR POLÍMERO SBS 55-75","2010-12-01","***","***","***",1.3087306300789101,1.3200754854685299,1.3111502506277299]
["CIMENTO ASFÁLTICO MODIFICADO POR POLÍMERO SBS 55-75","2011-01-01","***","***","***",1.2826475553595,1.2474343583829799,1.2795144022048901]
["CIMENTO ASFÁLTICO MODIFICADO POR POLÍMERO SBS 55-75","2011-02-01","***",0.78463168964547003,"***",1.26175681631375,1.23995929927405,1.1299944498193699]
["CIMENTO ASFÁLTICO MODIFICADO POR POLÍMERO SBS 55-75","2011-03-01","***",1.2996251914734001,"***",1.2808501922158499,1.23380216760632,1.2566854939877901]
["CIMENTO ASFÁLTICO MODIFICADO POR POLÍMERO SBS 55-75","2011-04-01","***",1.00473515982564,"***",1.3206800000000001,1.2428463675927499,1.20176347929678]
["CIMENTO ASFÁLTICO MODIFICADO POR POLÍMERO SBS 55-75","2011-05-01","***",0.64170635477482596,1.6392,1.11872888378284,1.2408360401638101,1.0682881836423299]
["CIMENTO ASFÁLTICO MODIFICADO POR POLÍMERO SBS 55-75","2011-06-01","***",0.96346079565438303,1.6392,1.15531582200212,1.22113967127616,1.1620611962318601]
["CIMENTO ASFÁLTICO MODIFICADO POR POLÍMERO SBS 55-75","2011-07-01","***",1.2441821044546899,1.6490301929954601,1.26273554345674,1.23023614230953,1.3480658364967]
["CIMENTO ASFÁLTICO MODIFICADO POR POLÍMERO SBS 55-75","2011-08-01","***",1.2361395761637399,1.6640999999999999,"***",1.21722966490847,1.25658857364082]
["CIMENTO ASFÁLTICO MODIFICADO POR POLÍMERO SBS 55-75","2011-09-01","***",1.4429000000000001,"***",1.36294105221983,1.2034974033416701,1.2434389605884899]
["CIMENTO ASFÁLTICO MODIFICADO POR POLÍMERO SBS 55-75","2011-10-01","***",1.3988614926909599,1.3739399999999999,1.4555,1.1737846124167799,1.31004625949056]
["CIMENTO ASFÁLTICO MODIFICADO POR POLÍMERO SBS 55-75","2011-11-01","***",1.35041918089204,"***",1.4382710150831199,1.2702042377648901,1.3281636099899801]
["CIMENTO ASFÁLTICO MODIFICADO POR POLÍMERO SBS 55-75","2011-12-01","***",1.31169413690132,"***",1.34221005149737,1.14609813552934,1.2978681034792601]
["CIMENTO ASFÁLTICO MODIFICADO POR POLÍMERO SBS 55-75","2012-01-01","***",1.3209101535372501,"***",1.35803591466346,1.23418077451694,1.29569111626199]
["CIMENTO ASFÁLTICO MODIFICADO POR POLÍMERO SBS 55-75","2012-02-01","***",1.29069301215669,"***",1.3615232495579701,1.2902423852007601,1.29633313926827]
["CIMENTO ASFÁLTICO MODIFICADO POR POLÍMERO SBS 55-75","2012-03-01","***",1.3115648818346901,"***",1.41405759081048,1.2989899452948801,1.31289564514858]
["CIMENTO ASFÁLTICO MODIFICADO POR POLÍMERO SBS 55-75","2012-04-01","***",1.30766351730247,"***",1.45722482326255,1.29026467673259,1.30999881467289]
["CIMENTO ASFÁLTICO MODIFICADO POR POLÍMERO SBS 55-75","2012-05-01","***",0.96958820426787395,"***",1.3870342367136399,1.2912270096463001,1.1326667311412]
["CIMENTO ASFÁLTICO MODIFICADO POR POLÍMERO SBS 55-75","2012-06-01","***",1.1701404730966301,"***",1.2766372195898701,1.31030663595968,1.2445550617667001]
["CIMENTO ASFÁLTICO MODIFICADO POR POLÍMERO SBS 55-75","2012-07-01","***",1.43487543289771,"***",1.3393986185983799,1.41786617673445,1.40875393662962]
["CIMENTO ASFÁLTICO MODIFICADO POR POLÍMERO SBS 55-75","2012-08-01","***",1.39609538994995,1.7139,1.3468,1.3615477289209501,1.44712538215957]
["CIMENTO ASFÁLTICO MODIFICADO POR POLÍMERO SBS 55-75","2012-09-01","***",1.3566627289381501,1.7139,1.4555,1.4015400096954,1.4170065712589299]
["CIMENTO ASFÁLTICO MODIFICADO POR POLÍMERO SBS 55-75","2012-10-01","***",1.36912423425534,1.8284,1.31639345937249,1.25941631431459,1.3767138229706299]
["CIMENTO ASFÁLTICO MODIFICADO POR POLÍMERO SBS 55-75","2012-11-01","***",1.3636168697098801,1.8284,1.3734999999999999,1.34578550100681,1.4825564020312401]
["CIMENTO ASFÁLTICO MODIFICADO POR POLÍMERO SBS 55-75","2012-12-01","***",1.3433033564415999,1.8284,1.2056500000000001,1.3866577999718701,1.38802239148621]
["CIMENTO ASFÁLTICO MODIFICADO POR POLÍMERO SBS 55-75","2013-01-01","***",1.3712148691432999,1.8284,1.3495842531401001,1.38707976550999,1.3914965239138299]
["CIMENTO ASFÁLTICO MODIFICADO POR POLÍMERO SBS 55-75","2013-02-01","***",1.38098531741576,1.8284,1.3744712404962001,1.38460097553221,1.41281131954289]
["CIMENTO ASFÁLTICO MODIFICADO POR POLÍMERO SBS 55-75","2013-03-01","***",1.3783089802922499,"***",1.3098280882092499,1.37935758759746,1.3729795485357099]
["CIMENTO ASFÁLTICO MODIFICADO POR POLÍMERO SBS 55-75","2013-04-01","***",1.36699454569104,1.8284,1.3283960771827501,1.4031320763379,1.40703130810235]
["CIMENTO ASFÁLTICO MODIFICADO POR POLÍMERO SBS 55-75","2013-05-01","***",1.3880124162323699,1.7804312235600399,1.29637614516891,1.42903606114267,1.4362685830180999]
["CIMENTO ASFÁLTICO MODIFICADO POR POLÍMERO SBS 55-75","2013-06-01","***",1.4021579095618599,1.8239022285409601,1.29848737529099,1.5550054887103799,1.50044439707822]
["CIMENTO ASFÁLTICO MODIFICADO POR POLÍMERO SBS 55-75","2013-07-01","***",1.38717236566849,1.80527407638574,1.3340344015646901,1.4476256065186199,1.4675567171586099]
["CIMENTO ASFÁLTICO MODIFICADO POR POLÍMERO SBS 55-75","2013-08-01","***",1.37281682808601,1.8249272159868599,1.34887128594282,1.4924977825197201,1.4391854077958499]
["CIMENTO ASFÁLTICO MODIFICADO POR POLÍMERO SBS 55-75","2013-09-01","***",1.37657189789044,1.8167627969621001,1.3137746593863799,1.4596725257068699,1.44373876262533]
["CIMENTO ASFÁLTICO MODIFICADO POR POLÍMERO SBS 55-75","2013-10-01","***",1.3168143530317,1.8378749281630899,"***",1.48898442621453,1.4748210147873]
["CIMENTO ASFÁLTICO MODIFICADO POR POLÍMERO SBS 55-75","2013-11-01","***",1.3216723795632199,1.82837781746946,"***",1.41289244678799,1.4291300504672899]
["CIMENTO ASFÁLTICO MODIFICADO POR POLÍMERO SBS 55-75","2013-12-01","***",1.44253478271743,"***",1.34464845644762,1.3839241651016501,1.40937148700362]
["CIMENTO ASFÁLTICO MODIFICADO POR POLÍMERO SBS 55-75","2014-01-01","***",1.3379008202286999,1.8284,1.38392,1.4586311939232399,1.41624266271837]
["CIMENTO ASFÁLTICO MODIFICADO POR POLÍMERO SBS 55-75","2014-02-01","***",1.3716805061792301,"***",1.4903,1.40238579093608,1.3955580095368301]
["CIMENTO ASFÁLTICO MODIFICADO POR POLÍMERO SBS 55-75","2014-03-01","***",1.3360945071615999,1.8592,1.48955587106677,1.4185017555694599,1.3862817576476301]
["CIMENTO ASFÁLTICO MODIFICADO POR POLÍMERO SBS 55-75","2014-04-01","***",1.08579833452192,1.7494475125397799,1.4887999999999999,1.4518133299764699,1.2583130619063301]
["CIMENTO ASFÁLTICO MODIFICADO POR POLÍMERO SBS 55-75","2014-05-01","***",1.3366260577409499,1.7672516786494099,1.3472450359492101,1.4751856772984,1.41810697342363]
["CIMENTO ASFÁLTICO MODIFICADO POR POLÍMERO SBS 55-75","2014-06-01","***",1.35280254768033,"***",1.3493299999999999,1.4381584461528101,1.3952794465748399]
["CIMENTO ASFÁLTICO MODIFICADO POR POLÍMERO SBS 55-75","2014-07-01","***",1.3427451420824601,"***","***",1.4253708750477601,1.38905192649873]
["CIMENTO ASFÁLTICO MODIFICADO POR POLÍMERO SBS 55-75","2014-08-01","***",1.4111987108167801,"***","***",1.47527756482538,1.4495209358405601]
["CIMENTO ASFÁLTICO MODIFICADO POR POLÍMERO SBS 55-75","2014-09-01","***",1.39581245288056,"***","***",1.58950940289063,1.50401620000377]
["CIMENTO ASFÁLTICO MODIFICADO POR POLÍMERO SBS 55-75","2014-10-01","***",1.3790596339041401,1.8783048773432101,1.4945898512614,1.4357077744842199,1.4362620507822399]
["CIMENTO ASFÁLTICO MODIFICADO POR POLÍMERO SBS 55-75","2014-11-01","***",1.4297891531115401,1.83897669366257,1.49406207253886,1.5514262768528799,1.5108203419906601]
["CIMENTO ASFÁLTICO MODIFICADO POR POLÍMERO SBS 55-75","2014-12-01","***",1.52943258502178,2.13866210974285,1.72072904439428,1.69827147849963,1.62134915717643]
["CIMENTO ASFÁLTICO MODIFICADO POR POLÍMERO SBS 55-75","2015-01-01","***",1.71017867262514,"***","***",1.9805023382300599,1.8054642290188501]
["CIMENTO ASFÁLTICO MODIFICADO POR POLÍMERO SBS 55-75","2015-02-01","***",1.6838658791076999,"***","***",1.81210563280698,1.7485498157394199]
["CIMENTO ASFÁLTICO MODIFICADO POR POLÍMERO SBS 55-75","2015-03-01","***",1.8045122924600201,"***",1.68685435791133,1.8177668789522201,1.7696051082808799]
["CIMENTO ASFÁLTICO MODIFICADO POR POLÍMERO SBS 55-75","2015-04-01","***",1.80775,"***",1.7313555928686699,1.8111169557008,1.78254832301397]
["CIMENTO ASFÁLTICO MODIFICADO POR POLÍMERO SBS 55-75","2015-05-01","***",1.89641863747811,"***",1.6515433688208601,1.7811996982095699,1.77714944872985]
["CIMENTO ASFÁLTICO MODIFICADO POR POLÍMERO SBS 55-75","2015-06-01","***",2.0391962239639998,"***",1.7132863849712301,1.6930918749897601,1.7454252476155701]
["CIMENTO ASFÁLTICO MODIFICADO POR POLÍMERO SBS 55-75","2015-07-01","***",1.8790785057680099,"***",2.0011090738472599,1.8652297091043799,1.90634260476031]
["CIMENTO ASFÁLTICO MODIFICADO POR POLÍMERO SBS 55-75","2015-08-01","***",1.61873,"***",1.80214048256504,1.7062151192819801,1.73953484128556]
["CIMENTO ASFÁLTICO MODIFICADO POR POLÍMERO SBS 60-85","2009-12-01","***","***",1.7973052872604001,1.3416759596768899,1.32997914910413,1.4597747057791799]
["CIMENTO ASFÁLTICO MODIFICADO POR POLÍMERO SBS 60-85","2010-01-01","***","***",1.75981333031569,1.3653638486847599,1.3749035779869201,1.4847893832068599]
["CIMENTO ASFÁLTICO MODIFICADO POR POLÍMERO SBS 60-85","2010-02-01","***","***",1.79178927124924,1.3470507055903,1.3895835117380599,1.46639000592205]
["CIMENTO ASFÁLTICO MODIFICADO POR POLÍMERO SBS 60-85","2010-03-01","***","***",1.8306406473151,1.35654550236356,1.38285772258097,1.4610760610370599]
["CIMENTO ASFÁLTICO MODIFICADO POR POLÍMERO SBS 60-85","2010-04-01","***","***",1.78705554577181,1.36015656569678,1.2897325091018701,1.56507394547501]
["CIMENTO ASFÁLTICO MODIFICADO POR POLÍMERO SBS 60-85","2010-05-01","***",1.4083399999999999,1.8260760795673101,1.3480221545440101,1.3400597122734801,1.5217681015078099]
["CIMENTO ASFÁLTICO MODIFICADO POR POLÍMERO SBS 60-85","2010-06-01","***",1.4083399999999999,1.8446227536039601,1.2808579669542599,1.3389870090352001,1.38927728317272]
["CIMENTO ASFÁLTICO MODIFICADO POR POLÍMERO SBS 60-85","2010-07-01","***",1.4083399999999999,1.83348037779406,1.28557436441857,1.33383624692531,1.43245057670165]
["CIMENTO ASFÁLTICO MODIFICADO POR POLÍMERO SBS 60-85","2010-08-01","***",1.4083399999999999,1.8200538202731,1.2599148648422001,1.3488572866103601,1.3918757816090701]
["CIMENTO ASFÁLTICO MODIFICADO POR POLÍMERO SBS 60-85","2010-09-01","***","***",1.77737534094931,1.29400797273248,1.3686770810069,1.4108881580325101]
["CIMENTO ASFÁLTICO MODIFICADO POR POLÍMERO SBS 60-85","2010-10-01","***","***",1.78553958704937,1.2824269304583,1.34813107684567,1.42778296859063]
["CIMENTO ASFÁLTICO MODIFICADO POR POLÍMERO SBS 60-85","2010-11-01","***","***",1.77132553310382,1.2976995049327,1.34874825277241,1.4565097305338599]
["CIMENTO ASFÁLTICO MODIFICADO POR POLÍMERO SBS 60-85","2010-12-01","***",1.5686899999999999,1.86762328094243,1.2801018771306301,1.3367118381059599,1.4033329494856399]
["CIMENTO ASFÁLTICO MODIFICADO POR POLÍMERO SBS 60-85","2011-01-01","***","***",1.7816071191782401,1.2666310282895501,1.3677614648007901,1.40081176771399]
["CIMENTO ASFÁLTICO MODIFICADO POR POLÍMERO SBS 60-85","2011-02-01","***",1.6458900000000001,1.95418806229312,1.32876987955953,1.3742832479006699,1.40338956906503]
["CIMENTO ASFÁLTICO MODIFICADO POR POLÍMERO SBS 60-85","2011-03-01","***",1.4768084117781699,1.84887,1.23391152967317,1.36689967390571,1.3464988071236601]
["CIMENTO ASFÁLTICO MODIFICADO POR POLÍMERO SBS 60-85","2011-04-01","***","***",1.83944714083356,1.3074872933667401,1.36025232453281,1.3911519284860101]
["CIMENTO ASFÁLTICO MODIFICADO POR POLÍMERO SBS 60-85","2011-05-01","***",1.3564799999999999,1.7291635397684,1.27127231726663,1.3576078472320401,1.3777874689410501]
["CIMENTO ASFÁLTICO MODIFICADO POR POLÍMERO SBS 60-85","2011-06-01","***",1.35687,1.6981810503686501,1.2992499891131,1.3256809304152499,1.3769277827478801]
["CIMENTO ASFÁLTICO MODIFICADO POR POLÍMERO SBS 60-85","2011-07-01","***",1.3567400000000001,1.68007236304648,1.3086946902916901,1.2673003785258501,1.4103994796213699]
["CIMENTO ASFÁLTICO MODIFICADO POR POLÍMERO SBS 60-85","2011-08-01","***",1.35544,1.71263791987574,1.3168958321939599,1.29818922025289,1.4301102943486801]
["CIMENTO ASFÁLTICO MODIFICADO POR POLÍMERO SBS 60-85","2011-09-01","***","***",1.7363432329452999,1.28078252471503,1.2715155909092499,1.3711510650954]
["CIMENTO ASFÁLTICO MODIFICADO POR POLÍMERO SBS 60-85","2011-10-01","***",1.43249,1.5629204195049899,1.2883071879414401,1.28207898039875,1.3766086500552399]
["CIMENTO ASFÁLTICO MODIFICADO POR POLÍMERO SBS 60-85","2011-11-01","***","***",1.4480163644658,1.29612915551198,1.24447741486667,1.33296903010205]
["CIMENTO ASFÁLTICO MODIFICADO POR POLÍMERO SBS 60-85","2011-12-01","***",1.4181900000000001,1.3328846374954499,1.31805933918186,1.2727961938335901,1.3185584151999701]
["CIMENTO ASFÁLTICO MODIFICADO POR POLÍMERO SBS 60-85","2012-01-01","***",1.41818,1.3926199686941001,1.3030516267523899,1.2748059127117399,1.3132685568832001]
["CIMENTO ASFÁLTICO MODIFICADO POR POLÍMERO SBS 60-85","2012-02-01","***",1.41818,1.34114523668514,1.3235784419763801,1.27741868589316,1.31839427805586]
["CIMENTO ASFÁLTICO MODIFICADO POR POLÍMERO SBS 60-85","2012-03-01","***",1.4181999999999999,1.31772787384782,1.3414761902279999,1.2391253704690399,1.3242000972258201]
["CIMENTO ASFÁLTICO MODIFICADO POR POLÍMERO SBS 60-85","2012-04-01","***",1.4181900000000001,1.42438732166507,1.3487324631650801,1.2441843522160401,1.33459059999428]
["CIMENTO ASFÁLTICO MODIFICADO POR POLÍMERO SBS 60-85","2012-05-01","***",1.4181999999999999,1.4416238968928801,1.38004547454104,1.2616042347410501,1.3547985906870299]
["CIMENTO ASFÁLTICO MODIFICADO POR POLÍMERO SBS 60-85","2012-06-01","***","***",1.47338650402145,1.4155632294629199,1.32315276479376,1.4186747704073699]
["CIMENTO ASFÁLTICO MODIFICADO POR POLÍMERO SBS 60-85","2012-07-01","***","***",1.58297902553083,1.44640986699561,1.3657937295328699,1.4834698761020899]
["CIMENTO ASFÁLTICO MODIFICADO POR POLÍMERO SBS 60-85","2012-08-01","***","***",1.5409183867945599,1.39317132365453,1.3724223877327499,1.46429210528415]
["CIMENTO ASFÁLTICO MODIFICADO POR POLÍMERO SBS 60-85","2012-09-01","***","***",1.5943221275863,1.40456696340781,1.3460543600896999,1.50898085163426]
["CIMENTO ASFÁLTICO MODIFICADO POR POLÍMERO SBS 60-85","2012-10-01",1.55,1.41822,1.5859510634013301,1.4288065104413601,1.3621027640624599,1.5106699186069099]
["CIMENTO ASFÁLTICO MODIFICADO POR POLÍMERO SBS 60-85","2012-11-01","***",1.43249,1.6196126905661401,1.41268420687787,1.32696057534756,1.48718222603119]
["CIMENTO ASFÁLTICO MODIFICADO POR POLÍMERO SBS 60-85","2012-12-01","***",1.4182900000000001,1.56546086878006,1.40579033887159,1.3414212325139701,1.4354643128623199]
["CIMENTO ASFÁLTICO MODIFICADO POR POLÍMERO SBS 60-85","2013-01-01","***","***",1.49918634988199,1.43482963527148,1.3485907021916601,1.4289054581823799]
["CIMENTO ASFÁLTICO MODIFICADO POR POLÍMERO SBS 60-85","2013-02-01","***","***",1.4541001097017501,1.4461664106103,1.3571992048364201,1.4138698570745001]
["CIMENTO ASFÁLTICO MODIFICADO POR POLÍMERO SBS 60-85","2013-03-01","***",1.4182399999999999,1.46160551710134,1.3363253094048599,1.3969275870447999,1.3846764380490899]
["CIMENTO ASFÁLTICO MODIFICADO POR POLÍMERO SBS 60-85","2013-04-01","***",1.4182300000000001,1.49117747177599,1.3039314722481199,1.3627987946699001,1.3585326133056499]
["CIMENTO ASFÁLTICO MODIFICADO POR POLÍMERO SBS 60-85","2013-05-01","***","***",1.5093837113392901,1.2915791698691701,1.34743669764764,1.37112310895423]
["CIMENTO ASFÁLTICO MODIFICADO POR POLÍMERO SBS 60-85","2013-06-01","***","***",1.6416509178546099,1.4261365272045701,1.36430684549811,1.4879326177146199]
["CIMENTO ASFÁLTICO MODIFICADO POR POLÍMERO SBS 60-85","2013-07-01","***",1.41821,1.6991976878896899,1.47911165751754,1.37121261562747,1.50948006306615]
["CIMENTO ASFÁLTICO MODIFICADO POR POLÍMERO SBS 60-85","2013-08-01","***",1.41821,1.8454326139758701,1.4910126894256901,1.35457465192744,1.5182874307177101]
["CIMENTO ASFÁLTICO MODIFICADO POR POLÍMERO SBS 60-85","2013-09-01","***","***",1.72018160718337,1.4575988807771001,1.36580210187802,1.4906674028176601]
["CIMENTO ASFÁLTICO MODIFICADO POR POLÍMERO SBS 60-85","2013-10-01","***","***",1.64692503401549,1.4773483681699699,1.3867907780295801,1.4845071147097599]
["CIMENTO ASFÁLTICO MODIFICADO POR POLÍMERO SBS 60-85","2013-11-01","***","***",1.6656571819395101,1.4589850538407301,1.41172132753056,1.47658466758625]
["CIMENTO ASFÁLTICO MODIFICADO POR POLÍMERO SBS 60-85","2013-12-01","***",2.21984,1.6674420536148,1.44767022354561,1.4334446804611101,1.4637061051006699]
["CIMENTO ASFÁLTICO MODIFICADO POR POLÍMERO SBS 60-85","2014-01-01","***","***",1.59315338910417,1.46363742133731,1.36492160521209,1.462132657757]
["CIMENTO ASFÁLTICO MODIFICADO POR POLÍMERO SBS 60-85","2014-02-01","***",2.2198380096354402,1.6563564489729199,1.48624206578462,1.41585807794098,1.5072340133417901]
["CIMENTO ASFÁLTICO MODIFICADO POR POLÍMERO SBS 60-85","2014-03-01","***",2.21983802359882,1.63757626112862,1.50014860844139,1.6499897748619201,1.55084400446471]
["CIMENTO ASFÁLTICO MODIFICADO POR POLÍMERO SBS 60-85","2014-04-01","***",1.63164403289847,1.5774234782780201,1.47356656478395,1.5553809817418001,1.50756212886448]
["CIMENTO ASFÁLTICO MODIFICADO POR POLÍMERO SBS 60-85","2014-05-01","***",1.33642567217122,1.6735634184852399,1.54190922728514,1.52834835352938,1.5581746179665701]
["CIMENTO ASFÁLTICO MODIFICADO POR POLÍMERO SBS 60-85","2014-06-01","***","***",1.6857432158929599,1.5075095651689201,1.42658204206606,1.5280660365441701]
["CIMENTO ASFÁLTICO MODIFICADO POR POLÍMERO SBS 60-85","2014-07-01","***","***",1.69598132672708,1.45431045443235,1.42034967954938,1.5346812098068301]
["CIMENTO ASFÁLTICO MODIFICADO POR POLÍMERO SBS 60-85","2014-08-01","***","***",1.6601533728556801,1.4455420406819399,1.4160834348457001,1.48942954020695]
["CIMENTO ASFÁLTICO MODIFICADO POR POLÍMERO SBS 60-85","2014-09-01","***",2.21983,1.8424137339431801,1.57846191651562,1.4496780126314599,1.63140778779577]
["CIMENTO ASFÁLTICO MODIFICADO POR POLÍMERO SBS 60-85","2014-10-01","***",2.21984,1.6926416620171001,1.50511736181334,1.4412481862202799,1.54585442256081]
["CIMENTO ASFÁLTICO MODIFICADO POR POLÍMERO SBS 60-85","2014-11-01","***",2.21984,1.78367343155719,1.5213957890980701,1.47352507777436,1.5819572488017899]
["CIMENTO ASFÁLTICO MODIFICADO POR POLÍMERO SBS 60-85","2014-12-01","***",2.21983,1.81572570472517,1.6571602722415799,1.5584433472397099,1.6741214704741201]
["CIMENTO ASFÁLTICO MODIFICADO POR POLÍMERO SBS 60-85","2015-01-01","***","***",1.63449462704333,1.75255531973788,1.7100752178338099,1.7219149629811901]
["CIMENTO ASFÁLTICO MODIFICADO POR POLÍMERO SBS 60-85","2015-02-01","***",1.4225580535506399,1.7441293407507099,1.7655466085606,1.6843297546285101,1.7131272806198099]
["CIMENTO ASFÁLTICO MODIFICADO POR POLÍMERO SBS 60-85","2015-03-01","***",2.23007601333464,1.68173043525773,1.7336568484479,1.76172418370713,1.7393640847492999]
["CIMENTO ASFÁLTICO MODIFICADO POR POLÍMERO SBS 60-85","2015-04-01","***",2.1488900000000002,1.75841673773694,1.7142352782972601,1.7845759607059699,1.7547188481176099]
["CIMENTO ASFÁLTICO MODIFICADO POR POLÍMERO SBS 60-85","2015-05-01","***",2.11503,1.63131756791284,1.68375907717495,1.7766523041148199,1.70399279228226]
["CIMENTO ASFÁLTICO MODIFICADO POR POLÍMERO SBS 60-85","2015-06-01","***","***",1.7273869637257599,1.6123695546325301,1.8777199310002,1.7591965783776899]
["CIMENTO ASFÁLTICO MODIFICADO POR POLÍMERO SBS 60-85","2015-07-01","***",1.07024265166069,1.79509726571498,1.6676841185820599,1.87870605781591,1.8040626287907999]
["CIMENTO ASFÁLTICO MODIFICADO POR POLÍMERO SBS 60-85","2015-08-01","***",1.08001697535383,2.00485108149913,1.66222485362765,1.8720301755299,1.85510065940184]
["CIMENTO ASFÁLTICO MODIFICADO POR POLÍMERO SBS 65-90","2009-12-01","***","***","***","***",1.3855999999999999,1.3855999999999999]
["CIMENTO ASFÁLTICO MODIFICADO POR POLÍMERO SBS 65-90","2010-01-01","***","***","***","***",1.5105999999999999,1.5105999999999999]
["CIMENTO ASFÁLTICO MODIFICADO POR POLÍMERO SBS 65-90","2010-02-01","***","***","***",1.4157999999999999,1.5027840629590801,1.4372035145881701]
["CIMENTO ASFÁLTICO MODIFICADO POR POLÍMERO SBS 65-90","2010-03-01","***","***","***",1.7021299999999999,1.48071782444124,1.5846814150492401]
["CIMENTO ASFÁLTICO MODIFICADO POR POLÍMERO SBS 65-90","2010-04-01","***","***","***","***","***","***"]
["CIMENTO ASFÁLTICO MODIFICADO POR POLÍMERO SBS 65-90","2010-05-01","***","***","***","***",1.3461000000000001,1.3461000000000001]
["CIMENTO ASFÁLTICO MODIFICADO POR POLÍMERO SBS 65-90","2010-06-01","***","***","***","***",1.3456999999999999,1.3456999999999999]
["CIMENTO ASFÁLTICO MODIFICADO POR POLÍMERO SBS 65-90","2010-07-01","***","***","***","***",1.4308870539824201,1.4308870539824201]
["CIMENTO ASFÁLTICO MODIFICADO POR POLÍMERO SBS 65-90","2010-08-01","***","***","***","***",1.3437638114414201,1.3437638114414201]
["CIMENTO ASFÁLTICO MODIFICADO POR POLÍMERO SBS 65-90","2010-09-01","***","***","***","***",1.3452999999999999,1.3452999999999999]
["CIMENTO ASFÁLTICO MODIFICADO POR POLÍMERO SBS 65-90","2010-10-01","***","***","***","***","***","***"]
["CIMENTO ASFÁLTICO MODIFICADO POR POLÍMERO SBS 65-90","2010-11-01","***","***","***","***",1.3455999999999999,1.3455999999999999]
["CIMENTO ASFÁLTICO MODIFICADO POR POLÍMERO SBS 65-90","2010-12-01","***","***","***",1.49577,"***",1.49577]
["CIMENTO ASFÁLTICO MODIFICADO POR POLÍMERO SBS 65-90","2011-01-01","***","***","***","***",1.4714734789347601,1.4714734789347601]
["CIMENTO ASFÁLTICO MODIFICADO POR POLÍMERO SBS 65-90","2011-02-01","***","***","***",1.4656447741424199,1.5205599999999999,1.4769252057752]
["CIMENTO ASFÁLTICO MODIFICADO POR POLÍMERO SBS 65-90","2011-03-01","***","***","***",1.4531604621454099,1.5205566752063799,1.49150573649688]
["CIMENTO ASFÁLTICO MODIFICADO POR POLÍMERO SBS 65-90","2011-04-01","***","***","***",1.46488651194756,1.4098422529905199,1.43315447765538]
["CIMENTO ASFÁLTICO MODIFICADO POR POLÍMERO SBS 65-90","2011-05-01","***","***","***",1.45053125175881,1.2829991255355899,1.3635167973245499]
["CIMENTO ASFÁLTICO MODIFICADO POR POLÍMERO SBS 65-90","2011-06-01","***","***","***",1.44814175971598,1.25422566694229,1.3312255321883699]
["CIMENTO ASFÁLTICO MODIFICADO POR POLÍMERO SBS 65-90","2011-07-01","***","***","***",1.4477834563085199,1.3464154855400501,1.39963452287257]
["CIMENTO ASFÁLTICO MODIFICADO POR POLÍMERO SBS 65-90","2011-08-01","***","***","***",1.4817691207780701,1.4175468379545899,1.4552340937675099]
["CIMENTO ASFÁLTICO MODIFICADO POR POLÍMERO SBS 65-90","2011-09-01","***","***","***",1.47389999641384,1.3483071129931401,1.3953001697417]
["CIMENTO ASFÁLTICO MODIFICADO POR POLÍMERO SBS 65-90","2011-10-01","***","***","***",3.81454,1.3499993749218699,1.6363332202640699]
["CIMENTO ASFÁLTICO MODIFICADO POR POLÍMERO SBS 65-90","2011-11-01","***","***","***",1.4758100000000001,1.39922144746333,1.45123667000964]
["CIMENTO ASFÁLTICO MODIFICADO POR POLÍMERO SBS 65-90","2011-12-01","***","***","***",1.4191217317804901,1.2791880907095801,1.3706950857576801]
["CIMENTO ASFÁLTICO MODIFICADO POR POLÍMERO SBS 65-90","2012-01-01","***","***","***",1.45836209529508,"***",1.45836209529508]
["CIMENTO ASFÁLTICO MODIFICADO POR POLÍMERO SBS 65-90","2012-02-01","***","***","***",1.4323982495388701,1.40657210901681,1.4279707822802501]
["CIMENTO ASFÁLTICO MODIFICADO POR POLÍMERO SBS 65-90","2012-03-01","***","***","***",1.4821369798230499,1.0399942851952799,1.3695502341380701]
["CIMENTO ASFÁLTICO MODIFICADO POR POLÍMERO SBS 65-90","2012-04-01","***","***","***",1.54863254461939,"***",1.54863254461939]
["CIMENTO ASFÁLTICO MODIFICADO POR POLÍMERO SBS 65-90","2012-05-01","***","***","***",1.5604873626808999,1.1076999999999999,1.5354658186725501]
["CIMENTO ASFÁLTICO MODIFICADO POR POLÍMERO SBS 65-90","2012-06-01","***","***","***",1.5807981125132999,"***",1.5807981125132999]
["CIMENTO ASFÁLTICO MODIFICADO POR POLÍMERO SBS 65-90","2012-07-01","***","***","***",1.7054343634392599,"***",1.7054343634392599]
["CIMENTO ASFÁLTICO MODIFICADO POR POLÍMERO SBS 65-90","2012-08-01","***","***","***",1.7291399999999999,"***",1.7291399999999999]
["CIMENTO ASFÁLTICO MODIFICADO POR POLÍMERO SBS 65-90","2012-09-01","***","***","***",1.61502897530303,1.353,1.59833579455152]
["CIMENTO ASFÁLTICO MODIFICADO POR POLÍMERO SBS 65-90","2012-10-01","***","***","***",1.6526046344819201,"***",1.6526046344819201]
["CIMENTO ASFÁLTICO MODIFICADO POR POLÍMERO SBS 65-90","2012-11-01","***","***","***",1.67978141009402,1.5986,1.6664340309777701]
["CIMENTO ASFÁLTICO MODIFICADO POR POLÍMERO SBS 65-90","2012-12-01","***","***","***","***","***","***"]
["CIMENTO ASFÁLTICO MODIFICADO POR POLÍMERO SBS 65-90","2013-01-01","***","***","***",1.5523100000000001,"***",1.5523100000000001]
["CIMENTO ASFÁLTICO MODIFICADO POR POLÍMERO SBS 65-90","2013-02-01","***","***","***",1.56942892199825,"***",1.56942892199825]
["CIMENTO ASFÁLTICO MODIFICADO POR POLÍMERO SBS 65-90","2013-03-01","***","***","***","***","***","***"]
["CIMENTO ASFÁLTICO MODIFICADO POR POLÍMERO SBS 65-90","2013-04-01","***","***","***",1.2172000000000001,1.3603799999999999,1.3039044133170901]
["CIMENTO ASFÁLTICO MODIFICADO POR POLÍMERO SBS 65-90","2013-05-01","***","***",2.032,1.5507500000000001,1.3603799999999999,1.8671543887147299]
["CIMENTO ASFÁLTICO MODIFICADO POR POLÍMERO SBS 65-90","2013-06-01","***","***",2.032,"***","***",2.032]
["CIMENTO ASFÁLTICO MODIFICADO POR POLÍMERO SBS 65-90","2013-07-01","***","***",1.9375008744534701,"***",1.4302229126213599,1.7920235660986701]
["CIMENTO ASFÁLTICO MODIFICADO POR POLÍMERO SBS 65-90","2013-08-01","***","***",1.9973380918727901,"***",0.86665999999999999,1.83579567739802]
["CIMENTO ASFÁLTICO MODIFICADO POR POLÍMERO SBS 65-90","2013-09-01","***","***",2.1069799588243598,1.7026745885039201,"***",1.9764573001730701]
["CIMENTO ASFÁLTICO MODIFICADO POR POLÍMERO SBS 65-90","2013-10-01","***","***",2.0745827822805198,1.80919395192251,"***",2.0058989197493098]
["CIMENTO ASFÁLTICO MODIFICADO POR POLÍMERO SBS 65-90","2013-11-01","***","***",2.0416148233510198,1.6103099999999999,1.5908,1.8364561163538899]
["CIMENTO ASFÁLTICO MODIFICADO POR POLÍMERO SBS 65-90","2013-12-01","***","***",2.0897000000000001,1.6990799999999999,1.5908,1.68973243554395]
["CIMENTO ASFÁLTICO MODIFICADO POR POLÍMERO SBS 65-90","2014-01-01","***","***","***",1.6241003624820001,1.5908,1.61422612620099]
["CIMENTO ASFÁLTICO MODIFICADO POR POLÍMERO SBS 65-90","2014-02-01","***","***",2.21,1.61957865214773,1.5908,1.6940184240887199]
["CIMENTO ASFÁLTICO MODIFICADO POR POLÍMERO SBS 65-90","2014-03-01","***","***",2.0563743286606999,1.7114,1.5908,1.82022558226058]
["CIMENTO ASFÁLTICO MODIFICADO POR POLÍMERO SBS 65-90","2014-04-01","***","***","***","***","***","***"]
["CIMENTO ASFÁLTICO MODIFICADO POR POLÍMERO SBS 65-90","2014-05-01","***","***","***","***",1.52391606736459,1.52391606736459]
["CIMENTO ASFÁLTICO MODIFICADO POR POLÍMERO SBS 65-90","2014-06-01","***","***",2.1922000000000001,"***",1.49758079712512,1.7475495796561999]
["CIMENTO ASFÁLTICO MODIFICADO POR POLÍMERO SBS 65-90","2014-07-01","***","***","***","***",1.36674125204137,1.36674125204137]
["CIMENTO ASFÁLTICO MODIFICADO POR POLÍMERO SBS 65-90","2014-08-01","***","***","***","***",1.4450482962756499,1.4450482962756499]
["CIMENTO ASFÁLTICO MODIFICADO POR POLÍMERO SBS 65-90","2014-09-01","***","***","***","***",1.2511443371378399,1.2511443371378399]
["CIMENTO ASFÁLTICO MODIFICADO POR POLÍMERO SBS 65-90","2014-10-01","***","***","***",1.12947,1.3698766083780201,1.2823746397324101]
["CIMENTO ASFÁLTICO MODIFICADO POR POLÍMERO SBS 65-90","2014-11-01","***","***","***",1.14048322885604,1.48359493178265,1.3369232868185501]
["CIMENTO ASFÁLTICO MODIFICADO POR POLÍMERO SBS 65-90","2014-12-01","***","***","***",1.24918,1.64555559813953,1.5600458116290901]
["CIMENTO ASFÁLTICO MODIFICADO POR POLÍMERO SBS 65-90","2015-01-01","***","***","***",1.42148386133612,1.8485882133841001,1.55114667240426]
["CIMENTO ASFÁLTICO MODIFICADO POR POLÍMERO SBS 65-90","2015-02-01","***","***","***",1.44724139179972,1.83323411730825,1.4751977993005501]
["CIMENTO ASFÁLTICO MODIFICADO POR POLÍMERO SBS 65-90","2015-03-01","***","***",1.95695852294795,1.5864792717135601,1.8187505279611,1.68154859727907]
["CIMENTO ASFÁLTICO MODIFICADO POR POLÍMERO SBS 65-90","2015-04-01","***","***","***",1.4081025612748701,1.82661109004739,1.5414996259668099]
["CIMENTO ASFÁLTICO MODIFICADO POR POLÍMERO SBS 65-90","2015-05-01","***","***","***","***",1.77545,1.77545]
["CIMENTO ASFÁLTICO MODIFICADO POR POLÍMERO SBS 65-90","2015-06-01","***","***","***",1.7199599999999999,2.1328999999999998,1.9243479495798299]
["CIMENTO ASFÁLTICO MODIFICADO POR POLÍMERO SBS 65-90","2015-07-01","***","***","***",1.7629999999999999,"***",1.7629999999999999]
["CIMENTO ASFÁLTICO MODIFICADO POR POLÍMERO SBS 65-90","2015-08-01","***","***","***",1.7742931465732901,"***",1.7742931465732901]
["CIMENTOS ASFÁLTICOS CAP-150-200","2008-11-01","***","***","***","***","***","***"]
["CIMENTOS ASFÁLTICOS CAP-150-200","2008-12-01","***","***","***","***","***","***"]
["CIMENTOS ASFÁLTICOS CAP-150-200","2009-01-01","***","***","***","***","***","***"]
["CIMENTOS ASFÁLTICOS CAP-150-200","2009-02-01","***","***","***","***","***","***"]
["CIMENTOS ASFÁLTICOS CAP-150-200","2009-03-01","***","***","***","***","***","***"]
["CIMENTOS ASFÁLTICOS CAP-150-200","2009-04-01","***","***","***","***","***","***"]
["CIMENTOS ASFÁLTICOS CAP-150-200","2009-05-01","***","***","***","***","***","***"]
["CIMENTOS ASFÁLTICOS CAP-150-200","2009-06-01","***","***","***","***","***","***"]
["CIMENTOS ASFÁLTICOS CAP-150-200","2009-07-01","***","***","***","***","***","***"]
["CIMENTOS ASFÁLTICOS CAP-150-200","2009-08-01","***","***","***","***","***","***"]
["CIMENTOS ASFÁLTICOS CAP-150-200","2009-09-01","***","***","***","***","***","***"]
["CIMENTOS ASFÁLTICOS CAP-150-200","2009-10-01","***","***","***","***","***","***"]
["CIMENTOS ASFÁLTICOS CAP-150-200","2009-11-01","***","***","***","***","***","***"]
["CIMENTOS ASFÁLTICOS CAP-150-200","2009-12-01","***","***","***","***","***","***"]
["CIMENTOS ASFÁLTICOS CAP-150-200","2010-01-01","***","***","***","***","***","***"]
["CIMENTOS ASFÁLTICOS CAP-150-200","2010-02-01","***","***","***","***","***","***"]
["CIMENTOS ASFÁLTICOS CAP-150-200","2010-03-01","***","***","***","***","***","***"]
["CIMENTOS ASFÁLTICOS CAP-150-200","2010-04-01","***","***","***","***","***","***"]
["CIMENTOS ASFÁLTICOS CAP-150-200","2010-05-01","***","***","***","***","***","***"]
["CIMENTOS ASFÁLTICOS CAP-150-200","2010-06-01","***","***","***","***","***","***"]
["CIMENTOS ASFÁLTICOS CAP-150-200","2010-07-01","***","***","***","***","***","***"]
["CIMENTOS ASFÁLTICOS CAP-150-200","2010-08-01","***","***","***","***","***","***"]
["CIMENTOS ASFÁLTICOS CAP-150-200","2010-09-01","***","***","***","***","***","***"]
["CIMENTOS ASFÁLTICOS CAP-150-200","2010-10-01","***","***","***","***","***","***"]
["CIMENTOS ASFÁLTICOS CAP-150-200","2010-11-01","***","***","***","***","***","***"]
["CIMENTOS ASFÁLTICOS CAP-150-200","2010-12-01","***","***","***","***","***","***"]
["CIMENTOS ASFÁLTICOS CAP-150-200","2011-01-01","***","***","***","***","***","***"]
["CIMENTOS ASFÁLTICOS CAP-150-200","2011-02-01","***","***","***","***","***","***"]
["CIMENTOS ASFÁLTICOS CAP-150-200","2011-03-01","***","***","***","***","***","***"]
["CIMENTOS ASFÁLTICOS CAP-150-200","2011-04-01","***","***","***","***","***","***"]
["CIMENTOS ASFÁLTICOS CAP-150-200","2011-05-01","***","***","***","***","***","***"]
["CIMENTOS ASFÁLTICOS CAP-150-200","2011-06-01","***","***","***","***","***","***"]
["CIMENTOS ASFÁLTICOS CAP-150-200","2011-07-01","***","***","***","***","***","***"]
["CIMENTOS ASFÁLTICOS CAP-150-200","2011-08-01","***","***","***","***","***","***"]
["CIMENTOS ASFÁLTICOS CAP-150-200","2011-09-01","***","***","***","***","***","***"]
["CIMENTOS ASFÁLTICOS CAP-150-200","2011-10-01","***","***","***","***","***","***"]
["CIMENTOS ASFÁLTICOS CAP-150-200","2011-11-01","***","***","***","***","***","***"]
["CIMENTOS ASFÁLTICOS CAP-150-200","2011-12-01","***","***","***","***","***","***"]
["CIMENTOS ASFÁLTICOS CAP-150-200","2012-01-01","***","***","***","***","***","***"]
["CIMENTOS ASFÁLTICOS CAP-150-200","2012-02-01","***","***","***","***","***","***"]
["CIMENTOS ASFÁLTICOS CAP-150-200","2012-03-01","***","***","***","***","***","***"]
["CIMENTOS ASFÁLTICOS CAP-150-200","2012-04-01","***","***","***","***","***","***"]
["CIMENTOS ASFÁLTICOS CAP-150-200","2012-05-01","***","***","***","***","***","***"]
["CIMENTOS ASFÁLTICOS CAP-150-200","2012-06-01","***","***","***","***","***","***"]
["CIMENTOS ASFÁLTICOS CAP-150-200","2012-07-01","***","***","***","***","***","***"]
["CIMENTOS ASFÁLTICOS CAP-150-200","2012-08-01","***","***","***","***","***","***"]
["CIMENTOS ASFÁLTICOS CAP-150-200","2012-09-01","***","***","***","***","***","***"]
["CIMENTOS ASFÁLTICOS CAP-150-200","2012-10-01","***","***","***","***","***","***"]
["CIMENTOS ASFÁLTICOS CAP-150-200","2012-11-01","***","***","***","***","***","***"]
["CIMENTOS ASFÁLTICOS CAP-150-200","2012-12-01","***","***","***","***","***","***"]
["CIMENTOS ASFÁLTICOS CAP-150-200","2013-01-01","***","***","***","***","***","***"]
["CIMENTOS ASFÁLTICOS CAP-150-200","2013-02-01","***","***","***","***","***","***"]
["CIMENTOS ASFÁLTICOS CAP-150-200","2013-03-01","***","***","***","***","***","***"]
["CIMENTOS ASFÁLTICOS CAP-150-200","2013-04-01","***","***","***","***","***","***"]
["CIMENTOS ASFÁLTICOS CAP-150-200","2013-05-01","***","***","***","***","***","***"]
["CIMENTOS ASFÁLTICOS CAP-150-200","2013-06-01","***","***","***","***","***","***"]
["CIMENTOS ASFÁLTICOS CAP-150-200","2013-07-01","***","***","***","***","***","***"]
["CIMENTOS ASFÁLTICOS CAP-150-200","2013-08-01","***","***","***","***","***","***"]
["CIMENTOS ASFÁLTICOS CAP-150-200","2013-09-01","***","***","***","***","***","***"]
["CIMENTOS ASFÁLTICOS CAP-150-200","2013-10-01","***","***","***","***","***","***"]
["CIMENTOS ASFÁLTICOS CAP-150-200","2013-11-01","***","***","***","***","***","***"]
["CIMENTOS ASFÁLTICOS CAP-150-200","2013-12-01","***","***","***","***","***","***"]
["CIMENTOS ASFÁLTICOS CAP-150-200","2014-01-01","***","***","***","***","***","***"]
["CIMENTOS ASFÁLTICOS CAP-150-200","2014-02-01","***","***","***","***","***","***"]
["CIMENTOS ASFÁLTICOS CAP-150-200","2014-03-01","***","***","***","***","***","***"]
["CIMENTOS ASFÁLTICOS CAP-150-200","2014-04-01","***","***","***","***","***","***"]
["CIMENTOS ASFÁLTICOS CAP-150-200","2014-05-01","***","***","***","***","***","***"]
["CIMENTOS ASFÁLTICOS CAP-150-200","2014-06-01","***","***","***","***","***","***"]
["CIMENTOS ASFÁLTICOS CAP-150-200","2014-07-01","***","***","***","***","***","***"]
["CIMENTOS ASFÁLTICOS CAP-150-200","2014-08-01","***","***","***","***","***","***"]
["CIMENTOS ASFÁLTICOS CAP-150-200","2014-09-01","***","***","***","***","***","***"]
["CIMENTOS ASFÁLTICOS CAP-150-200","2014-10-01","***","***","***","***","***","***"]
["CIMENTOS ASFÁLTICOS CAP-150-200","2014-11-01","***","***","***","***","***","***"]
["CIMENTOS ASFÁLTICOS CAP-150-200","2014-12-01","***","***","***","***","***","***"]
["CIMENTOS ASFÁLTICOS CAP-150-200","2015-01-01","***","***","***","***","***","***"]
["CIMENTOS ASFÁLTICOS CAP-150-200","2015-02-01","***","***","***","***","***","***"]
["CIMENTOS ASFÁLTICOS CAP-150-200","2015-03-01","***","***","***","***","***","***"]
["CIMENTOS ASFÁLTICOS CAP-150-200","2015-04-01","***","***","***","***","***","***"]
["CIMENTOS ASFÁLTICOS CAP-150-200","2015-05-01","***","***","***","***","***","***"]
["CIMENTOS ASFÁLTICOS CAP-150-200","2015-06-01","***","***","***","***","***","***"]
["CIMENTOS ASFÁLTICOS CAP-150-200","2015-07-01","***","***","***","***","***","***"]
["CIMENTOS ASFÁLTICOS CAP-150-200","2015-08-01","***","***","***","***","***","***"]
["CIMENTOS ASFÁLTICOS CAP-150-200","2015-09-01","***","***","***","***","***","***"]
["CIMENTOS ASFÁLTICOS CAP-150-200","2015-10-01","***","***","***","***","***","***"]
["CIMENTOS ASFÁLTICOS CAP-150-200","2015-11-01","***","***","***","***","***","***"]
["CIMENTOS ASFÁLTICOS CAP-150-200","2015-12-01","***","***","***","***","***","***"]
["CIMENTOS ASFÁLTICOS CAP-150-200","2016-01-01","***","***","***","***","***","***"]
["CIMENTOS ASFÁLTICOS CAP-150-200","2016-02-01","***","***","***","***","***","***"]
["CIMENTOS ASFÁLTICOS CAP-150-200","2016-03-01","***","***","***","***","***","***"]
["CIMENTOS ASFÁLTICOS CAP-150-200","2016-04-01","***","***","***","***","***","***"]
["CIMENTOS ASFÁLTICOS CAP-150-200","2016-05-01","***","***","***","***","***","***"]
["CIMENTOS ASFÁLTICOS CAP-150-200","2016-06-01","***","***","***","***","***","***"]
["CIMENTOS ASFÁLTICOS CAP-150-200","2016-07-01","***","***","***","***","***","***"]
["CIMENTOS ASFÁLTICOS CAP-150-200","2016-08-01","***","***","***","***","***","***"]
["CIMENTOS ASFÁLTICOS CAP-150-200","2016-09-01","***","***","***","***","***","***"]
["CIMENTOS ASFÁLTICOS CAP-150-200","2016-10-01","***","***","***","***","***","***"]
["CIMENTOS ASFÁLTICOS CAP-150-200","2016-11-01","***","***","***","***","***","***"]
["CIMENTOS ASFÁLTICOS CAP-150-200","2016-12-01","***","***","***","***","***","***"]
["CIMENTOS ASFÁLTICOS CAP-150-200","2017-01-01","***","***","***","***","***","***"]
["CIMENTOS ASFÁLTICOS CAP-150-200","2017-02-01","***","***","***","***","***","***"]
["CIMENTOS ASFÁLTICOS CAP-150-200","2017-03-01","***","***","***","***","***","***"]
["CIMENTOS ASFÁLTICOS CAP-150-200","2017-04-01","***","***","***","***","***","***"]
["CIMENTOS ASFÁLTICOS CAP-150-200","2017-05-01","***","***","***","***","***","***"]
["CIMENTOS ASFÁLTICOS CAP-150-200","2017-06-01","***","***","***","***","***","***"]
["CIMENTOS ASFÁLTICOS CAP-150-200","2017-07-01","***","***","***","***","***","***"]
["CIMENTOS ASFÁLTICOS CAP-150-200","2017-08-01","***","***","***","***","***","***"]
["CIMENTOS ASFÁLTICOS CAP-150-200","2017-09-01","***","***","***","***","***","***"]
["CIMENTOS ASFÁLTICOS CAP-150-200","2017-10-01","***","***","***","***","***","***"]
["CIMENTOS ASFÁLTICOS CAP-150-200","2017-11-01","***","***","***","***","***","***"]
["CIMENTOS ASFÁLTICOS CAP-150-200","2017-12-01","***","***","***","***","***","***"]
["CIMENTOS ASFÁLTICOS CAP-150-200","2018-01-01","***","***","***","***","***","***"]
["CIMENTOS ASFÁLTICOS CAP-150-200","2018-02-01","***","***","***","***","***","***"]
["CIMENTOS ASFÁLTICOS CAP-150-200","2018-03-01","***","***","***","***","***","***"]
["CIMENTOS ASFÁLTICOS CAP-150-200","2018-04-01","***","***","***","***","***","***"]
["CIMENTOS ASFÁLTICOS CAP-150-200","2018-05-01","***","***","***","***","***","***"]
["CIMENTOS ASFÁLTICOS CAP-150-200","2018-06-01","***","***","***","***","***","***"]
["CIMENTOS ASFÁLTICOS CAP-150-200","2018-07-01","***","***","***","***","***","***"]
["CIMENTOS ASFÁLTICOS CAP-150-200","2018-08-01","***","***","***","***","***","***"]
["CIMENTOS ASFÁLTICOS CAP-150-200","2018-09-01","***","***","***","***","***","***"]
["CIMENTOS ASFÁLTICOS CAP-150-200","2018-10-01","***","***","***","***","***","***"]
["CIMENTOS ASFÁLTICOS CAP-150-200","2018-11-01","***","***","***","***","***","***"]
["CIMENTOS ASFÁLTICOS CAP-150-200","2018-12-01","***","***","***","***","***","***"]
["CIMENTOS ASFÁLTICOS CAP-150-200","2019-01-01","***","***","***","***","***","***"]
["CIMENTOS ASFÁLTICOS CAP-150-200","2019-02-01","***","***","***","***","***","***"]
["CIMENTOS ASFÁLTICOS CAP-150-200","2019-03-01","***","***","***","***","***","***"]
["CIMENTOS ASFÁLTICOS CAP-150-200","2019-04-01","***","***","***","***","***","***"]
["CIMENTOS ASFÁLTICOS CAP-150-200","2019-05-01","***","***","***","***","***","***"]
["CIMENTOS ASFÁLTICOS CAP-150-200","2019-06-01","***","***","***","***","***","***"]
["CIMENTOS ASFÁLTICOS CAP-150-200","2019-07-01","***","***","***","***","***","***"]
["CIMENTOS ASFÁLTICOS CAP-150-200","2019-08-01","***","***","***","***","***","***"]
["CIMENTOS ASFÁLTICOS CAP-150-200","2019-09-01","***","***","***","***","***","***"]
["CIMENTOS ASFÁLTICOS CAP-150-200","2019-10-01","***","***","***","***","***","***"]
["CIMENTOS ASFÁLTICOS CAP-150-200","2019-11-01","***","***","***","***","***","***"]
["CIMENTOS ASFÁLTICOS CAP-150-200","2019-12-01","***","***","***","***","***","***"]
["CIMENTOS ASFÁLTICOS CAP-150-200","2020-01-01","***","***","***","***","***","***"]
["CIMENTOS ASFÁLTICOS CAP-150-200","2020-02-01","***","***","***","***","***","***"]
["CIMENTOS ASFÁLTICOS CAP-150-200","2020-03-01","***","***","***","***","***","***"]
["CIMENTOS ASFÁLTICOS CAP-150-200","2020-04-01","***","***","***","***","***","***"]
["CIMENTOS ASFÁLTICOS CAP-150-200","2020-05-01","***","***","***","***","***","***"]
["CIMENTOS ASFÁLTICOS CAP-150-200","2020-06-01","***","***","***","***","***","***"]
["CIMENTOS ASFÁLTICOS CAP-150-200","2020-07-01","***","***","***","***","***","***"]
["CIMENTOS ASFÁLTICOS CAP-150-200","2020-08-01","***","***","***","***","***","***"]
["CIMENTOS ASFÁLTICOS CAP-150-200","2020-09-01","***","***","***","***","***","***"]
["CIMENTOS ASFÁLTICOS CAP-150-200","2020-10-01","***","***","***","***","***","***"]
["CIMENTOS ASFÁLTICOS CAP-150-200","2020-11-01","***","***","***","***","***","***"]
["CIMENTOS ASFÁLTICOS CAP-150-200","2020-12-01","***","***","***","***","***","***"]
["CIMENTOS ASFÁLTICOS CAP-150-200","2021-01-01","***","***","***","***","***","***"]
["CIMENTOS ASFÁLTICOS CAP-150-200","2021-02-01","***","***","***","***","***","***"]
["CIMENTOS ASFÁLTICOS CAP-150-200","2021-03-01","***","***","***","***","***","***"]
["CIMENTOS ASFÁLTICOS CAP-150-200","2021-04-01","***","***","***","***","***","***"]
["CIMENTOS ASFÁLTICOS CAP-150-200","2021-05-01","***","***","***",6.4181100000000004,"***",6.4181100000000004]
["CIMENTOS ASFÁLTICOS CAP-150-200","2021-06-01","***","***","***","***","***","***"]
["CIMENTOS ASFÁLTICOS CAP-150-200","2021-07-01","***","***","***","***","***","***"]
["CIMENTOS ASFÁLTICOS CAP-150-200","2021-08-01","***","***","***","***","***","***"]
["CIMENTOS ASFÁLTICOS CAP-150-200","2021-09-01","***","***","***","***","***","***"]
["CIMENTOS ASFÁLTICOS CAP-150-200","2021-10-01","***","***","***","***","***","***"]
["CIMENTOS ASFÁLTICOS CAP-150-200","2021-11-01","***","***","***","***","***","***"]
["CIMENTOS ASFÁLTICOS CAP-150-200","2021-12-01","***","***","***","***","***","***"]
["CIMENTOS ASFÁLTICOS CAP-150-200","2022-01-01","***","***","***","***","***","***"]
["CIMENTOS ASFÁLTICOS CAP-150-200","2022-02-01","***","***","***","***","***","***"]
["CIMENTOS ASFÁLTICOS CAP-150-200","2022-03-01","***","***","***","***","***","***"]
["CIMENTOS ASFÁLTICOS CAP-150-200","2022-04-01","***","***","***","***","***","***"]
["CIMENTOS ASFÁLTICOS CAP-150-200","2022-05-01","***","***","***","***","***","***"]
["CIMENTOS ASFÁLTICOS CAP-150-200","2022-06-01","***","***","***","***","***","***"]
["CIMENTOS ASFÁLTICOS CAP-150-200","2022-07-01","***","***","***","***","***","***"]
["CIMENTOS ASFÁLTICOS CAP-150-200","2022-08-01","***","***","***","***","***","***"]
["CIMENTOS ASFÁLTICOS CAP-150-200","2022-09-01","***","***","***","***","***","***"]
["CIMENTOS ASFÁLTICOS CAP-150-200","2022-10-01","***","***","***","***","***","***"]
["CIMENTOS ASFÁLTICOS CAP-150-200","2022-11-01","***","***","***",7.2317600000000004,"***",7.2317600000000004]
["CIMENTOS ASFÁLTICOS CAP-150-200","2022-12-01","***","***","***","***","***","***"]
["CIMENTOS ASFÁLTICOS CAP-150-200","2023-01-01","***","***","***","***","***","***"]
["CIMENTOS ASFÁLTICOS CAP-150-200","2023-02-01","***","***","***","***","***","***"]
["CIMENTOS ASFÁLTICOS CAP-150-200","2023-03-01","***","***","***","***","***","***"]
["CIMENTOS ASFÁLTICOS CAP-150-200","2023-04-01","***","***","***","***","***","***"]
["CIMENTOS ASFÁLTICOS CAP-150-200","2023-05-01","***","***","***","***","***","***"]
["CIMENTOS ASFÁLTICOS CAP-150-200","2023-06-01","***","***","***","***","***","***"]
["CIMENTOS ASFÁLTICOS CAP-150-200","2023-07-01","***","***","***","***","***","***"]
["CIMENTOS ASFÁLTICOS CAP-150-200","2023-08-01","***","***","***","***","***","***"]
["CIMENTOS ASFÁLTICOS CAP-30-45","2008-11-01","***","***",2.202,0.96389878550085295,"***",0.96845674115569902]
["CIMENTOS ASFÁLTICOS CAP-30-45","2008-12-01","***","***","***",1.0096355085676301,"***",1.0096355085676301]
["CIMENTOS ASFÁLTICOS CAP-30-45","2009-01-01","***","***","***",0.90312768950474798,0.90890000000000004,0.90315261114342804]
["CIMENTOS ASFÁLTICOS CAP-30-45","2009-02-01","***","***","***",0.95408041011695,"***",0.95408041011695]
["CIMENTOS ASFÁLTICOS CAP-30-45","2009-03-01","***","***",1.2091621142565001,0.969488387405673,"***",0.98341130518243203]
["CIMENTOS ASFÁLTICOS CAP-30-45","2009-04-01","***","***",1.2592016208580401,0.96535144251454197,"***",0.98569176871294195]
["CIMENTOS ASFÁLTICOS CAP-30-45","2009-05-01","***","***",1.30179480470233,0.93903353188174798,"***",0.96651429785302501]
["CIMENTOS ASFÁLTICOS CAP-30-45","2009-06-01","***","***",1.29246472855165,0.91557454324125798,0.88366999999999996,0.97746617235953503]
["CIMENTOS ASFÁLTICOS CAP-30-45","2009-07-01",1.1983279291325399,"***",1.3162235749755,1.03326995807527,"***",1.08092721609063]
["CIMENTOS ASFÁLTICOS CAP-30-45","2009-08-01",1.14252188411838,"***",1.29141528859207,0.94287912663724105,"***",0.99329363368317503]
["CIMENTOS ASFÁLTICOS CAP-30-45","2009-09-01",1.21797085020243,"***",1.2733065313666101,0.95338647211387595,"***",1.0160097278634099]
["CIMENTOS ASFÁLTICOS CAP-30-45","2009-10-01",1.1499900000000001,"***",1.3229985388633501,0.92445890217072502,0.90933990139109,1.0011250271507399]
["CIMENTOS ASFÁLTICOS CAP-30-45","2009-11-01",1.14550820546544,0.92451993220216899,1.3000044142473699,0.92629696920978699,0.86554337234296597,0.97250195935376105]
["CIMENTOS ASFÁLTICOS CAP-30-45","2009-12-01",1.14184544852,"***",1.4794440377275699,0.97485862530318201,0.88864667686154597,0.98343148029682903]
["CIMENTOS ASFÁLTICOS CAP-30-45","2010-01-01",1.1327789624486599,"***",1.47773708747577,0.93215318715670603,0.88842589522164706,0.94381773411585601]
["CIMENTOS ASFÁLTICOS CAP-30-45","2010-02-01",1.1441124987907501,"***",1.4677596757472799,0.91215436083553803,0.90126464215742796,0.923169973471757]
["CIMENTOS ASFÁLTICOS CAP-30-45","2010-03-01",1.1405155319148901,"***",1.4205266495058499,0.90919240101119903,0.89570478428739297,0.92373510208075305]
["CIMENTOS ASFÁLTICOS CAP-30-45","2010-04-01",1.1443719701502999,"***",1.46273613657695,0.91672263476849603,0.89346406072106299,0.926393506009345]
["CIMENTOS ASFÁLTICOS CAP-30-45","2010-05-01",1.1417957860310901,"***","***",0.89498261321551698,0.88290000000000002,0.89676391266000599]
["CIMENTOS ASFÁLTICOS CAP-30-45","2010-06-01",0.93678558539507994,"***","***",0.88637141077910697,0.88685837633067999,0.88686164277117996]
["CIMENTOS ASFÁLTICOS CAP-30-45","2010-07-01",0.91214745902731498,"***","***",0.87158579567693795,0.96454826648538405,0.87197297593852796]
["CIMENTOS ASFÁLTICOS CAP-30-45","2010-08-01",0.91643472931962799,"***","***",0.86740075124328697,0.950634869678743,0.86910649157224795]
["CIMENTOS ASFÁLTICOS CAP-30-45","2010-09-01",0.90718200800776505,"***","***",0.86279402226715396,0.95985513380601095,0.86450117298625895]
["CIMENTOS ASFÁLTICOS CAP-30-45","2010-10-01",0.98383149931168501,"***","***",0.89562248488449403,0.97526209593634205,0.897600323111586]
["CIMENTOS ASFÁLTICOS CAP-30-45","2010-11-01",1.15629392289746,"***","***",0.911403176753393,"***",0.91262877329399705]
["CIMENTOS ASFÁLTICOS CAP-30-45","2010-12-01",1.2108562401491401,"***","***",0.917757438232087,1.115,0.92012815641003798]
["CIMENTOS ASFÁLTICOS CAP-30-45","2011-01-01",1.1575427790802499,"***","***",0.91221318617782199,"***",0.91305628374382497]
["CIMENTOS ASFÁLTICOS CAP-30-45","2011-02-01",1.1853278507348699,"***","***",0.88668366832245904,"***",0.88754358404090905]
["CIMENTOS ASFÁLTICOS CAP-30-45","2011-03-01","***","***","***",0.86643167188031001,"***",0.86643167188031001]
["CIMENTOS ASFÁLTICOS CAP-30-45","2011-04-01","***","***","***",0.85190050777375104,"***",0.85190050777375104]
["CIMENTOS ASFÁLTICOS CAP-30-45","2011-05-01",1.1499900000000001,"***","***",0.84492929990985999,"***",0.84525819797462698]
["CIMENTOS ASFÁLTICOS CAP-30-45","2011-06-01",1.12191498294378,"***","***",0.83361859559768203,"***",0.83434709813237595]
["CIMENTOS ASFÁLTICOS CAP-30-45","2011-07-01",0.87477161442307705,"***","***",0.83638682639757,0.87853358875042098,0.83664383580805701]
["CIMENTOS ASFÁLTICOS CAP-30-45","2011-08-01",0.97814035014951295,"***","***",0.83792330514374103,0.87855069314349998,0.83924372574474604]
["CIMENTOS ASFÁLTICOS CAP-30-45","2011-09-01",1.0348991491174699,"***",1.2137,0.83507073984052205,0.87861915736345997,0.83817920650331701]
["CIMENTOS ASFÁLTICOS CAP-30-45","2011-10-01",1.0822499999999999,"***","***",0.83397037589623202,0.86319999999999997,0.83588148750095204]
["CIMENTOS ASFÁLTICOS CAP-30-45","2011-11-01",1.0822499999999999,"***","***",0.83073618965208995,0.86180000000000001,0.83217915346958105]
["CIMENTOS ASFÁLTICOS CAP-30-45","2011-12-01",0.87485000000000002,"***",1.0307999999999999,0.83025514296535496,0.94277999999999995,0.83068396005937695]
["CIMENTOS ASFÁLTICOS CAP-30-45","2012-01-01","***","***",1.034,0.83198640965103599,"***",0.83230224546898901]
["CIMENTOS ASFÁLTICOS CAP-30-45","2012-02-01","***","***",1.03526275402648,0.83940208733302402,"***",0.840359695420972]
["CIMENTOS ASFÁLTICOS CAP-30-45","2012-03-01",1.1415730218111499,"***",1.03335198290827,0.85391003129658405,0.81542999999999999,0.85505706895701505]
["CIMENTOS ASFÁLTICOS CAP-30-45","2012-04-01","***","***",1.1080932106164401,0.86021770894794702,0.82633000000000001,0.86174695820497804]
["CIMENTOS ASFÁLTICOS CAP-30-45","2012-05-01",1.1564000000000001,"***",1.0928641756506201,0.86322191371031798,"***",0.86477360992484897]
["CIMENTOS ASFÁLTICOS CAP-30-45","2012-06-01","***","***",1.09428660423854,0.867637498847873,"***",0.86919341941932604]
["CIMENTOS ASFÁLTICOS CAP-30-45","2012-07-01","***","***",1.09661124449614,0.86694574332193397,0.73311000000000004,0.86926138849551204]
["CIMENTOS ASFÁLTICOS CAP-30-45","2012-08-01","***","***",1.1090686703211401,0.86912210655547795,"***",0.87047870373846903]
["CIMENTOS ASFÁLTICOS CAP-30-45","2012-09-01","***","***",1.0989199999999999,0.87404959699900897,0.73311000000000004,0.87351714016107196]
["CIMENTOS ASFÁLTICOS CAP-30-45","2012-10-01","***","***",1.12072631711688,0.87192522158921604,0.92335999999999996,0.87330993620751896]
["CIMENTOS ASFÁLTICOS CAP-30-45","2012-11-01","***","***",1.0935926746445701,0.88025317895736099,"***",0.88101317101768695]
["CIMENTOS ASFÁLTICOS CAP-30-45","2012-12-01","***","***",1.0942082618412099,0.87335111488523298,"***",0.87532681080999997]
["CIMENTOS ASFÁLTICOS CAP-30-45","2013-01-01","***","***",1.1126097397124399,0.86326126378558099,"***",0.86544014844190398]
["CIMENTOS ASFÁLTICOS CAP-30-45","2013-02-01","***","***","***",0.86810117121312702,"***",0.86810117121312702]
["CIMENTOS ASFÁLTICOS CAP-30-45","2013-03-01","***","***",1.0839799999999999,0.88674808734508503,"***",0.88711841553530002]
["CIMENTOS ASFÁLTICOS CAP-30-45","2013-04-01","***","***",1.09615634088965,0.88448780846965802,"***",0.88523000996176304]
["CIMENTOS ASFÁLTICOS CAP-30-45","2013-05-01","***","***",1.1580256081215099,0.88689324560272098,"***",0.89340757516218605]
["CIMENTOS ASFÁLTICOS CAP-30-45","2013-06-01","***","***",1.0315984161521901,0.87332669843222299,"***",0.87706194722002395]
["CIMENTOS ASFÁLTICOS CAP-30-45","2013-07-01","***","***",1.13976350401593,0.88105531667051196,"***",0.88759398367491404]
["CIMENTOS ASFÁLTICOS CAP-30-45","2013-08-01","***","***",1.1374981163451801,0.88988045249583803,0.96648385928821201,0.89673800084069399]
["CIMENTOS ASFÁLTICOS CAP-30-45","2013-09-01","***","***",1.16885820595181,0.90564083949887497,"***",0.91710529604764102]
["CIMENTOS ASFÁLTICOS CAP-30-45","2013-10-01","***","***",1.1241316750199,0.89339101584518399,"***",0.89910003852175102]
["CIMENTOS ASFÁLTICOS CAP-30-45","2013-11-01","***","***",1.13456957866229,0.90200024319615202,"***",0.91290723735620105]
["CIMENTOS ASFÁLTICOS CAP-30-45","2013-12-01","***","***",1.04218304569206,0.91214753923202596,1.0627200000000001,0.91570171921368904]
["CIMENTOS ASFÁLTICOS CAP-30-45","2014-01-01","***","***",1.1475820718796801,0.91088946236607105,1.0039461772876499,0.91843687568522703]
["CIMENTOS ASFÁLTICOS CAP-30-45","2014-02-01","***","***",1.0527563471958801,0.91579669277223197,1.0627200000000001,0.91776396306562602]
["CIMENTOS ASFÁLTICOS CAP-30-45","2014-03-01","***","***",1.11836727428432,0.91377327362488303,1.0627200000000001,0.91879709265568499]
["CIMENTOS ASFÁLTICOS CAP-30-45","2014-04-01","***","***",1.0756725302515,0.90677938434455596,1.0627200000000001,0.91227790960539801]
["CIMENTOS ASFÁLTICOS CAP-30-45","2014-05-01","***","***",1.0755260311466299,0.90279709829397303,1.0627200000000001,0.91264641134677804]
["CIMENTOS ASFÁLTICOS CAP-30-45","2014-06-01","***","***",1.1218797036496899,0.89763499299156602,"***",0.91526791658935502]
["CIMENTOS ASFÁLTICOS CAP-30-45","2014-07-01","***","***",1.0594807753879201,0.89399277921585996,"***",0.90503382127052701]
["CIMENTOS ASFÁLTICOS CAP-30-45","2014-08-01","***","***",1.0931281678590601,0.89302351524009504,0.92156000000000005,0.91097459811152304]
["CIMENTOS ASFÁLTICOS CAP-30-45","2014-09-01","***","***",1.20939968999543,0.908818136754036,0.92156000000000005,0.93303612104191802]
["CIMENTOS ASFÁLTICOS CAP-30-45","2014-10-01","***","***",1.1260233637183501,0.87978324033651201,1.0627200000000001,0.89565631357819897]
["CIMENTOS ASFÁLTICOS CAP-30-45","2014-11-01","***","***",1.1310787058454299,0.90050182576729298,1.0627200000000001,0.91621100269825095]
["CIMENTOS ASFÁLTICOS CAP-30-45","2014-12-01","***","***",1.20947077238415,1.00616591335311,"***",1.0174715846259299]
["CIMENTOS ASFÁLTICOS CAP-30-45","2015-01-01",1.5476000000000001,"***",1.4789824211478,1.1831388346140299,"***",1.2079291165799599]
["CIMENTOS ASFÁLTICOS CAP-30-45","2015-02-01",1.5935999999999999,"***",1.45246577304465,1.19034041967064,"***",1.20117046569105]
["CIMENTOS ASFÁLTICOS CAP-30-45","2015-03-01","***","***",1.4917478117517999,1.1863207832165099,0.92156000000000005,1.19915988291485]
["CIMENTOS ASFÁLTICOS CAP-30-45","2015-04-01",1.3197000000000001,"***",1.37121969203938,1.1669043821396701,1.1911,1.17077812135878]
["CIMENTOS ASFÁLTICOS CAP-30-45","2015-05-01",1.281935,"***",1.24966426884486,1.1716586894246599,"***",1.1758068625912601]
["CIMENTOS ASFÁLTICOS CAP-30-45","2015-06-01",1.3191200000000001,"***",1.30002607576328,1.15971637659428,"***",1.16569253790427]
["CIMENTOS ASFÁLTICOS CAP-30-45","2015-07-01","***","***",1.22955917711035,1.1498034919305,1.1802999999999999,1.1541518555075101]
["CIMENTOS ASFÁLTICOS CAP-30-45","2015-08-01","***","***",1.2532767878528699,1.14887279503243,1.1800126075658901,1.15415040116289]
["CIMENTOS ASFÁLTICOS CAP-30-45","2015-09-01","***","***",1.3990007906656601,1.2213810452231399,1.2650800398465201,1.2314175120453801]
["CIMENTOS ASFÁLTICOS CAP-30-45","2015-10-01","***","***",1.4436350308763599,1.2897214195995701,1.29841228564116,1.2949785780044101]
["CIMENTOS ASFÁLTICOS CAP-30-45","2015-11-01","***","***",1.6947009388196901,1.45542579122414,1.44378347305679,1.46215797894713]
["CIMENTOS ASFÁLTICOS CAP-30-45","2015-12-01","***","***",1.7589037895383599,1.47231649484174,1.44182619474546,1.47661348755425]
["CIMENTOS ASFÁLTICOS CAP-30-45","2016-01-01","***","***",1.74010162344224,1.47093509785528,1.4428172201023,1.4718107846909201]
["CIMENTOS ASFÁLTICOS CAP-30-45","2016-02-01","***","***",1.6206697336199301,1.4655615129353601,1.44663491073143,1.46695605542063]
["CIMENTOS ASFÁLTICOS CAP-30-45","2016-03-01","***","***",1.5191637115198799,1.46815154675047,1.4417528771730299,1.46886253425936]
["CIMENTOS ASFÁLTICOS CAP-30-45","2016-04-01",1.6218399999999999,"***",1.73645470023326,1.6167903153688701,1.6047846901640701,1.6216279912721301]
["CIMENTOS ASFÁLTICOS CAP-30-45","2016-05-01",1.6218399999999999,"***",1.75336788018518,1.62933892478256,1.58716416135501,1.6337069470239101]
["CIMENTOS ASFÁLTICOS CAP-30-45","2016-06-01","***","***",1.7332422163224599,1.6317999569489501,1.6465775691492199,1.63817246122542]
["CIMENTOS ASFÁLTICOS CAP-30-45","2016-07-01","***","***",1.7055866667248301,1.63835462156448,1.67829225037855,1.64407290728551]
["CIMENTOS ASFÁLTICOS CAP-30-45","2016-08-01","***","***",1.6663998857082301,1.63872396262625,1.6350477030755399,1.6411678507476499]
["CIMENTOS ASFÁLTICOS CAP-30-45","2016-09-01","***","***",1.6046551414419901,1.5231140587310801,1.5326052893138999,1.5339610471851901]
["CIMENTOS ASFÁLTICOS CAP-30-45","2016-10-01",1.6735766502463101,"***",1.57730455883403,1.49820718169867,1.5383756980357699,1.5132775368772999]
["CIMENTOS ASFÁLTICOS CAP-30-45","2016-11-01","***","***",1.63808384645064,1.49200796036453,1.4957786042135399,1.50727783260226]
["CIMENTOS ASFÁLTICOS CAP-30-45","2016-12-01","***","***",1.51443167579922,1.4683557268268499,1.54713628865222,1.4791328724744099]
["CIMENTOS ASFÁLTICOS CAP-30-45","2017-01-01",1.62096,"***",1.49788298665069,1.4437797776518,1.5408481562981799,1.45808945000097]
["CIMENTOS ASFÁLTICOS CAP-30-45","2017-02-01","***","***",1.5932058169169201,1.4381285646787401,1.49471875510453,1.45837742547408]
["CIMENTOS ASFÁLTICOS CAP-30-45","2017-03-01",1.6719999999999999,"***",1.50372953358841,1.4355240878982101,1.47202035431936,1.44520062172915]
["CIMENTOS ASFÁLTICOS CAP-30-45","2017-04-01","***","***",1.49918070197429,1.38283541047113,1.4307786219562499,1.3996932664310899]
["CIMENTOS ASFÁLTICOS CAP-30-45","2017-05-01","***",1.3877342027183399,1.49117174595508,1.3481409117494401,1.40638537669705,1.3723398616314999]
["CIMENTOS ASFÁLTICOS CAP-30-45","2017-06-01",1.1928964462328,1.43754217871051,1.54028644760527,1.36176639312519,1.4154846208395999,1.40053141471128]
["CIMENTOS ASFÁLTICOS CAP-30-45","2017-07-01",1.3884262886433201,1.3858763071258999,1.5496459818109101,1.3658860226677401,1.3878180811259899,1.40153093216893]
["CIMENTOS ASFÁLTICOS CAP-30-45","2017-08-01",1.4416948389490001,1.3736269219556401,1.4813723681895601,1.3594734118455301,1.38201770975576,1.3831764917983]
["CIMENTOS ASFÁLTICOS CAP-30-45","2017-09-01",1.4774604252639401,1.42076834949398,1.5448769848375801,1.36256389241398,1.3921079098528899,1.3988892826808099]
["CIMENTOS ASFÁLTICOS CAP-30-45","2017-10-01",1.53513416292161,1.4319901958504999,1.5587368435912199,1.3903729939835101,1.4145480796768599,1.4251961042222401]
["CIMENTOS ASFÁLTICOS CAP-30-45","2017-11-01",1.4111836701882201,1.5713555402196699,1.6313413733281299,1.51129155919479,1.54926504760038,1.5424695028043001]
["CIMENTOS ASFÁLTICOS CAP-30-45","2017-12-01",1.3932608583057,1.5672314852368601,1.6239610354677501,1.5359360368211501,1.5154918622795699,1.5402470657194001]
["CIMENTOS ASFÁLTICOS CAP-30-45","2018-01-01",1.6476915690013001,1.6565482133467899,1.7210476510495001,1.6345102992524601,1.55604839958512,1.6320460077652299]
["CIMENTOS ASFÁLTICOS CAP-30-45","2018-02-01",1.5207832253618201,1.6848502998502799,1.71097708764932,1.65026534810339,1.6094842652980199,1.6487470301498099]
["CIMENTOS ASFÁLTICOS CAP-30-45","2018-03-01",1.49158015831518,1.63379097059254,1.6447670189290799,1.6423356303771299,1.6094138275856,1.63374271301441]
["CIMENTOS ASFÁLTICOS CAP-30-45","2018-04-01",1.53508986685791,1.61565845359587,1.72195903213785,1.5829556388933099,1.5887633107008401,1.5957276371174201]
["CIMENTOS ASFÁLTICOS CAP-30-45","2018-05-01",1.6376558328131301,1.6812811383091599,1.8706448195821701,1.7191927945352501,1.75309724466434,1.732793364378]
["CIMENTOS ASFÁLTICOS CAP-30-45","2018-06-01",1.8336274699343,1.8275377016126899,1.99320599934158,1.8084922918920401,1.78899543820416,1.8325081297335499]
["CIMENTOS ASFÁLTICOS CAP-30-45","2018-07-01",1.7835403091787401,1.9503305153859201,2.0517924572644501,1.9350421976910599,1.9400145321501501,1.9501163059778699]
["CIMENTOS ASFÁLTICOS CAP-30-45","2018-08-01",1.8515338092195699,2.09705652199052,2.27608991390963,2.1250608780664,2.0844227507822799,2.12587811576467]
["CIMENTOS ASFÁLTICOS CAP-30-45","2018-09-01",1.8759813773982801,2.1222184952154399,2.2980150933476602,2.16230971151621,2.1335432695848802,2.1598957858443102]
["CIMENTOS ASFÁLTICOS CAP-30-45","2018-10-01",2.0102612252088101,2.09433088602785,2.1893098823558601,2.1812424332326499,2.2231288313716502,2.1666816275572298]
["CIMENTOS ASFÁLTICOS CAP-30-45","2018-11-01",2.2499273327196199,2.4671344739907899,2.6231582693347901,2.45244340102753,2.4637502365755002,2.46006561749667]
["CIMENTOS ASFÁLTICOS CAP-30-45","2018-12-01",2.19462568013126,2.4114492872033901,2.4944467619330299,2.4846401051421201,2.52590094979753,2.4791962391879401]
["CIMENTOS ASFÁLTICOS CAP-30-45","2019-01-01",2.17194823253344,2.3904946342152402,2.6067390324531998,2.4580470326185502,2.4981693280282999,2.46299617991835]
["CIMENTOS ASFÁLTICOS CAP-30-45","2019-02-01",2.4876497343172401,2.538022069208,2.7157118300450298,2.6695284653977498,2.7445422570056799,2.6634013867069202]
["CIMENTOS ASFÁLTICOS CAP-30-45","2019-03-01",2.3374180074904198,2.54975058559691,2.8721549703388698,2.66911577549515,2.6913096547186202,2.6752786837826901]
["CIMENTOS ASFÁLTICOS CAP-30-45","2019-04-01",2.45433481767268,2.5871013665182501,2.9035048494996798,2.6731510743934801,2.78111380389893,2.6959982813729999]
["CIMENTOS ASFÁLTICOS CAP-30-45","2019-05-01",2.2983703391820098,2.5964453978923898,2.8723715109593901,2.6876189305966101,2.78792934006063,2.7041945068215201]
["CIMENTOS ASFÁLTICOS CAP-30-45","2019-06-01",2.4379393811291701,2.5312102251241,2.9418021928178302,2.6577845500934201,2.7737744884529598,2.70446333257112]
["CIMENTOS ASFÁLTICOS CAP-30-45","2019-07-01",2.3901375469824999,2.51519066202354,2.9600930635828702,2.6722754481992901,2.7556905584825202,2.69921014006046]
["CIMENTOS ASFÁLTICOS CAP-30-45","2019-08-01",2.1977314172692601,2.3098604186648601,2.7087069498684002,2.4541473948861099,2.5378288443646801,2.4818408862472698]
["CIMENTOS ASFÁLTICOS CAP-30-45","2019-09-01",2.1307806560495699,2.3214022616986099,2.6917983255897702,2.4380465113080501,2.5297096280901599,2.46298407619993]
["CIMENTOS ASFÁLTICOS CAP-30-45","2019-10-01",2.2474774518774301,2.34916775878547,2.6948092754378901,2.4738825270552698,2.4813678752790902,2.4752250662286301]
["CIMENTOS ASFÁLTICOS CAP-30-45","2019-11-01",2.0679771007565999,2.4090164372320602,2.7281502466107201,2.5423896208187,2.5370655123381001,2.5280893569857699]
["CIMENTOS ASFÁLTICOS CAP-30-45","2019-12-01",2.0472294777653399,2.3596118754009101,2.7938789404352198,2.55063041233957,2.50490399545096,2.5228359815960801]
["CIMENTOS ASFÁLTICOS CAP-30-45","2020-01-01",2.1168232528375199,2.3939028230092099,2.9000756703802799,2.5499748737291599,2.60457802016324,2.54081245963375]
["CIMENTOS ASFÁLTICOS CAP-30-45","2020-02-01",2.0373928330178002,2.2264117477989598,2.6091894054416001,2.3459006092633601,2.3795526333042498,2.3408255501688999]
["CIMENTOS ASFÁLTICOS CAP-30-45","2020-03-01",1.87896108534591,2.1873698981501599,2.50180791012653,2.3410578401067101,2.3490944205222699,2.3211658798005299]
["CIMENTOS ASFÁLTICOS CAP-30-45","2020-04-01",1.8378897980997599,2.1612196169412701,2.4384086992003602,2.3045937303344801,2.3041973445100399,2.2924943276619998]
["CIMENTOS ASFÁLTICOS CAP-30-45","2020-05-01",2.0522176802602501,2.1252518077088598,2.4698937216243002,2.3173203301913099,2.37463675387349,2.3105744759872402]
["CIMENTOS ASFÁLTICOS CAP-30-45","2020-06-01",2.0614990509379298,2.1663151017873701,2.4457148297142299,2.2961935441919898,2.3914368451534398,2.3010076269484498]
["CIMENTOS ASFÁLTICOS CAP-30-45","2020-07-01",2.0554943948828401,2.16404422158582,2.43357037875231,2.2979703952265602,2.3873226063181399,2.2939572654147602]
["CIMENTOS ASFÁLTICOS CAP-30-45","2020-08-01",2.2180138910270801,2.2648612482386299,2.5793817661334102,2.4143540351426598,2.4999621667593801,2.40704413895011]
["CIMENTOS ASFÁLTICOS CAP-30-45","2020-09-01",2.1856712068342801,2.3238098055489802,2.6134940583989001,2.4114040079933301,2.4645739773129001,2.4120117967003201]
["CIMENTOS ASFÁLTICOS CAP-30-45","2020-10-01",2.0923131978464702,2.3199381622544601,2.6310141112619601,2.4331402580938,2.4822316269216902,2.43070845276144]
["CIMENTOS ASFÁLTICOS CAP-30-45","2020-11-01",2.3139704845609499,2.4969735593468201,2.7637683227614298,2.6207119850201601,2.7073638589552198,2.61845787698409]
["CIMENTOS ASFÁLTICOS CAP-30-45","2020-12-01",2.45207536644544,"***",2.8173408138434799,2.53234782818756,2.6066673517697998,2.5584373972765202]
["CIMENTOS ASFÁLTICOS CAP-30-45","2021-01-01",2.5732002442784001,"***",2.70311233472983,2.57769827232688,3.2358810219700702,2.6011427404051601]
["CIMENTOS ASFÁLTICOS CAP-30-45","2021-02-01","***","***",2.7976070101644099,2.8399914036793299,3.2993265326276502,2.8431600586185799]
["CIMENTOS ASFÁLTICOS CAP-30-45","2021-03-01","***","***",2.85161564908667,2.8418649817622601,3.4076443931773199,2.8594615289257801]
["CIMENTOS ASFÁLTICOS CAP-30-45","2021-04-01","***","***",2.95390020659474,2.8615062174872401,3.4491545325394801,2.8899094397810199]
["CIMENTOS ASFÁLTICOS CAP-30-45","2021-05-01","***","***",3.4424206419714198,3.4946755641262102,3.8990453571685002,3.4880048604229299]
["CIMENTOS ASFÁLTICOS CAP-30-45","2021-06-01",3.3012637347410099,"***",3.4260876515724399,3.5003204690754801,4.2544027379540799,3.5031581035155299]
["CIMENTOS ASFÁLTICOS CAP-30-45","2021-07-01","***","***",3.58581276037983,3.5366103741643,3.9937766570642399,3.5478621828559298]
["CIMENTOS ASFÁLTICOS CAP-30-45","2021-08-01",3.13307,3.53904666884389,3.70622417557699,3.68940571647066,4.0007530944444403,3.6922687013283699]
["CIMENTOS ASFÁLTICOS CAP-30-45","2021-09-01","***","***",3.61487605298487,3.68456409259313,3.7792582793791598,3.6738595602718802]
["CIMENTOS ASFÁLTICOS CAP-30-45","2021-10-01",3.41161,"***",3.5771676121935698,3.6697960476056699,3.5521616288372102,3.6539624810654399]
["CIMENTOS ASFÁLTICOS CAP-30-45","2021-11-01",3.7868880915800598,"***",4.0105582319407604,4.0174905618743004,4.7354179379277301,4.02410443477826]
["CIMENTOS ASFÁLTICOS CAP-30-45","2021-12-01",3.5705,"***",4.11790927426423,4.0288180521122996,4.1219880159036801,4.03602050651181]
["CIMENTOS ASFÁLTICOS CAP-30-45","2022-01-01",3.8230300000000002,"***",3.9163155203086002,4.0633324824494403,4.0234862916517402,4.0513571258310304]
["CIMENTOS ASFÁLTICOS CAP-30-45","2022-02-01",4.2186818703009603,"***",4.3323090163766604,4.3340586646880199,4.8795526919817398,4.3339228362844597]
["CIMENTOS ASFÁLTICOS CAP-30-45","2022-03-01",4.3115555930387401,"***",4.3120532329331303,4.3648103858356402,4.6404149167568303,4.3597932011143801]
["CIMENTOS ASFÁLTICOS CAP-30-45","2022-04-01",4.1670056519355203,"***",4.7773250056806802,4.5184130406569203,4.6458533019266604,4.5571931202116396]
["CIMENTOS ASFÁLTICOS CAP-30-45","2022-05-01",4.0886530293407404,"***",4.62377157685399,4.4214617829770102,4.5072363450878603,4.44574184877027]
["CIMENTOS ASFÁLTICOS CAP-30-45","2022-06-01",4.0256489360741501,"***",4.4687705649689402,4.4243574666988703,4.6000131542691403,4.4255082694288701]
["CIMENTOS ASFÁLTICOS CAP-30-45","2022-07-01",4.08837088300755,"***",4.6933856777591902,4.4564854649055503,4.8369036733540201,4.48894363610823]
["CIMENTOS ASFÁLTICOS CAP-30-45","2022-08-01",3.9438678124013098,"***",4.57925038711402,4.2824433090519101,4.62795156370714,4.3329766236538303]
["CIMENTOS ASFÁLTICOS CAP-30-45","2022-09-01",3.93290014661476,"***",4.4003335774797003,4.0536042796840803,5.06960694058741,4.1215888349065901]
["CIMENTOS ASFÁLTICOS CAP-30-45","2022-10-01",3.6609896740954202,3.8188300000000002,4.0447564099401303,3.6282539341325601,4.5973336639490601,3.7003366665046298]
["CIMENTOS ASFÁLTICOS CAP-30-45","2022-11-01",3.69876173634621,3.8242799999999999,4.0644587018114304,3.6125027140522401,4.7007613094364,3.6911023839087398]
["CIMENTOS ASFÁLTICOS CAP-30-45","2022-12-01",3.2604870028937598,3.85921,3.8759141146761098,3.5899687194091099,4.7159500000000003,3.6395006316144398]
["CIMENTOS ASFÁLTICOS CAP-30-45","2023-01-01",3.1283264961957502,"***",3.8962827351976999,3.47307459989849,4.4178756779039601,3.5370266216042299]
["CIMENTOS ASFÁLTICOS CAP-30-45","2023-02-01",3.0192639761753699,"***",3.8398551501123501,3.3649234580046801,4.2690359072561099,3.4255517472290098]
["CIMENTOS ASFÁLTICOS CAP-30-45","2023-03-01",3.0113211224428,"***",3.5059096487254999,3.21198287472119,4.2052676030557201,3.2654353976990298]
["CIMENTOS ASFÁLTICOS CAP-30-45","2023-04-01",3.9201921705349099,"***",3.44494137128369,3.2032941126453101,4.0896218706520102,3.2769258697708801]
["CIMENTOS ASFÁLTICOS CAP-30-45","2023-05-01",3.2905462042803602,"***",3.5601331506144902,3.1421904867987198,4.0717008450879302,3.2301441312397801]
["CIMENTOS ASFÁLTICOS CAP-30-45","2023-06-01",3.1921122556672001,"***",3.5697929582624601,3.1527881788446099,3.6930170765315502,3.2338957150516201]
["CIMENTOS ASFÁLTICOS CAP-30-45","2023-07-01",3.1687063561326601,4.1558000000000002,3.51760213100007,3.06716165275395,3.7299637315243501,3.13812585511215]
["CIMENTOS ASFÁLTICOS CAP-30-45","2023-08-01",3.5698996008643502,2.714,3.46610206381304,3.0596858371560698,3.3501970328464901,3.1581147818625199]
["CIMENTOS ASFÁLTICOS CAP-50-70","2008-11-01",1.1642002000093199,0.968058472179401,1.4462434031071201,0.98865296439519601,0.96163141022272303,1.01662088325852]
["CIMENTOS ASFÁLTICOS CAP-50-70","2008-12-01",1.1595349236814401,0.95493724993608997,1.3348739119071,1.0002482230918099,0.973629967789994,1.0072500470996799]
["CIMENTOS ASFÁLTICOS CAP-50-70","2009-01-01",1.0455863869308699,0.96128733338734895,1.18302916922518,0.97634598353562296,0.97364068075219301,0.98096183277499704]
["CIMENTOS ASFÁLTICOS CAP-50-70","2009-02-01",1.03700406402366,0.93893550251968405,1.15558750819356,0.96609601293684,0.96455005583206499,0.96989216926771504]
["CIMENTOS ASFÁLTICOS CAP-50-70","2009-03-01",0.99575096443573197,0.94507491517794695,1.1962947855252399,0.95562842439706897,0.95789000009302405,0.96070465026889695]
["CIMENTOS ASFÁLTICOS CAP-50-70","2009-04-01",1.0483761956606801,0.932769629064645,1.2271055402503199,0.94696213599386703,0.95204047834180705,0.95892044635957996]
["CIMENTOS ASFÁLTICOS CAP-50-70","2009-05-01",0.98411348111694696,0.92756987016966597,1.25137901755071,0.92702080547710597,0.94462838353746104,0.94842652037425501]
["CIMENTOS ASFÁLTICOS CAP-50-70","2009-06-01",1.0464192542469499,0.91672658177820399,1.2310166634151201,0.91941342198421006,0.93096940407473505,0.938381202448484]
["CIMENTOS ASFÁLTICOS CAP-50-70","2009-07-01",1.03326433632698,0.94908535630500002,1.2920838702085,0.95873289307549603,0.99274622930982603,0.98199227084006102]
["CIMENTOS ASFÁLTICOS CAP-50-70","2009-08-01",1.03495380541036,0.90675589720571104,1.17023887902941,0.90784734242270304,0.91378744694585601,0.92533164047068905]
["CIMENTOS ASFÁLTICOS CAP-50-70","2009-09-01",1.0098097872527201,0.90300336799640701,1.17498904387269,0.90904139809446105,0.91526407427170398,0.92866703086483005]
["CIMENTOS ASFÁLTICOS CAP-50-70","2009-10-01",1.02117004683975,0.92535273820083397,1.17100209401348,0.91403669659252995,0.92002388294013104,0.93589788725089995]
["CIMENTOS ASFÁLTICOS CAP-50-70","2009-11-01",1.0443401182513601,0.91887338911969096,1.1715272744723899,0.92125550154293201,0.92071684623057204,0.94010158339962702]
["CIMENTOS ASFÁLTICOS CAP-50-70","2009-12-01",1.12185852936542,0.91025923868113801,1.25582441849952,0.91336230496708704,0.91920196812230504,0.946586544604192]
["CIMENTOS ASFÁLTICOS CAP-50-70","2010-01-01",1.13345665656521,0.90993276466361395,1.2404791318277699,0.90311848552795504,0.90926088264860405,0.93654207445196602]
["CIMENTOS ASFÁLTICOS CAP-50-70","2010-02-01",1.1013527642432499,0.90183694319641305,1.20421835368103,0.88538084006085105,0.88195461178770596,0.91458263661504202]
["CIMENTOS ASFÁLTICOS CAP-50-70","2010-03-01",1.0086812168510999,0.90727898357370196,1.24719642418663,0.89680880191717904,0.90539560946189701,0.92531076182851302]
["CIMENTOS ASFÁLTICOS CAP-50-70","2010-04-01",1.0468387417746601,0.90044773373281195,1.2270861378565301,0.89108356590527005,0.91192259420483901,0.92766388457798399]
["CIMENTOS ASFÁLTICOS CAP-50-70","2010-05-01",1.0660884296178199,0.90050984063744699,1.2580521862723,0.88279613189736195,0.90804233225828901,0.92635779360326498]
["CIMENTOS ASFÁLTICOS CAP-50-70","2010-06-01",0.97359196965887596,0.87460557768504799,1.1188488736558699,0.86778115746824702,0.88487272859646704,0.89934749219147203]
["CIMENTOS ASFÁLTICOS CAP-50-70","2010-07-01",0.94048317721409003,0.88191334566549195,1.1161824506929701,0.87841232116259005,0.89486795950418796,0.91002922118350804]
["CIMENTOS ASFÁLTICOS CAP-50-70","2010-08-01",0.95537497314560604,0.87997920182273603,1.11445783787426,0.87175335236552298,0.87191387444373103,0.89992394466737202]
["CIMENTOS ASFÁLTICOS CAP-50-70","2010-09-01",0.948569307825055,0.88391502047921,1.14720697908157,0.88593007783279398,0.88619053495742806,0.91753025022135504]
["CIMENTOS ASFÁLTICOS CAP-50-70","2010-10-01",0.93155043440074403,0.87849137035388603,1.14491207767957,0.92604237839513004,0.90666321243673897,0.93291972063342299]
["CIMENTOS ASFÁLTICOS CAP-50-70","2010-11-01",0.94659994636148104,0.88330778546206901,1.1649982175911,0.94141447522328203,0.93709138126829095,0.93981869282739405]
["CIMENTOS ASFÁLTICOS CAP-50-70","2010-12-01",0.98308806326034903,0.87958773488733899,1.1483552105327699,0.93363813194826795,0.97301298947521797,0.94451807458845904]
["CIMENTOS ASFÁLTICOS CAP-50-70","2011-01-01",1.14916103852664,0.89178964396001903,1.18353743225316,0.92997072695845096,0.97429546476887097,0.95451828900897395]
["CIMENTOS ASFÁLTICOS CAP-50-70","2011-02-01",0.995723488472813,0.88568844700388305,1.13212888100202,0.92934801097272002,0.90677255873700602,0.92939413837166696]
["CIMENTOS ASFÁLTICOS CAP-50-70","2011-03-01",0.95401434113952299,0.86206374768885097,1.15984453581561,0.89649350794789595,0.88026310807736796,0.89794121943500604]
["CIMENTOS ASFÁLTICOS CAP-50-70","2011-04-01",0.92775404713012599,0.87538905225236696,1.1063578183240399,0.86568725533676305,0.87869739583734796,0.88708092799146698]
["CIMENTOS ASFÁLTICOS CAP-50-70","2011-05-01",0.95713314917389802,0.85089927371574603,1.0541858677849301,0.859135916381774,0.87485191810927998,0.88656569577470201]
["CIMENTOS ASFÁLTICOS CAP-50-70","2011-06-01",0.89970191920263798,0.83799167873962099,1.07307603511042,0.85586121363580803,0.87167283289833297,0.87649929179840902]
["CIMENTOS ASFÁLTICOS CAP-50-70","2011-07-01",0.85928303553753804,0.83471891274127996,1.06188692889216,0.84584023713535905,0.86933884976771802,0.86620679160785596]
["CIMENTOS ASFÁLTICOS CAP-50-70","2011-08-01",0.93713573997865596,0.83185464339433601,1.08946627544851,0.83590658821371799,0.866759982009353,0.86655590905851498]
["CIMENTOS ASFÁLTICOS CAP-50-70","2011-09-01",0.96017618756024004,0.82940369859884999,1.13767298498475,0.83734407345244799,0.86744204467017605,0.87206915221180403]
["CIMENTOS ASFÁLTICOS CAP-50-70","2011-10-01",0.94897013141592601,0.83194110858229098,1.11915847395696,0.84496143150439396,0.85428475233702095,0.86896474563318804]
["CIMENTOS ASFÁLTICOS CAP-50-70","2011-11-01",0.94341314446758295,0.83555050486229698,1.1187428762724301,0.84763528312047298,0.862951680844675,0.87340662638805899]
["CIMENTOS ASFÁLTICOS CAP-50-70","2011-12-01",0.96380364224796,0.83848303782179201,1.02792555106092,0.86470407984264097,0.87298816149848102,0.877290636965535]
["CIMENTOS ASFÁLTICOS CAP-50-70","2012-01-01",0.91094616754733904,0.83848475664723099,1.1189066697035901,0.87824842320582897,0.860830552391746,0.87176135167825997]
["CIMENTOS ASFÁLTICOS CAP-50-70","2012-02-01",0.89821523882099097,0.84048391113424104,1.1048181423313801,0.88878961800866296,0.87180920137599205,0.88305633766574099]
["CIMENTOS ASFÁLTICOS CAP-50-70","2012-03-01",0.923356525188749,0.84223851298127195,1.0540589651729899,0.88500024524979404,0.88256779067320801,0.88519741849224598]
["CIMENTOS ASFÁLTICOS CAP-50-70","2012-04-01",0.97714956459594304,0.855485849320472,1.0697358965953301,0.88116357071918905,0.877834135975739,0.89910214298739899]
["CIMENTOS ASFÁLTICOS CAP-50-70","2012-05-01",1.05571942085476,0.85996408754259801,1.07758417002328,0.88831507864456205,0.87634450501714201,0.90491540050468899]
["CIMENTOS ASFÁLTICOS CAP-50-70","2012-06-01",1.04519334563755,0.86496493906383498,1.1054021243771599,0.89333736767997995,0.87681068509828697,0.91623252084462803]
["CIMENTOS ASFÁLTICOS CAP-50-70","2012-07-01",1.0446609274716201,0.86262940962823398,1.12669832983776,0.88602308192304802,0.87708582068653296,0.91046070900498399]
["CIMENTOS ASFÁLTICOS CAP-50-70","2012-08-01",1.0801801526149899,0.88019503907373897,1.1374371971853701,0.88507258941438705,0.87261659812848902,0.91438699077706198]
["CIMENTOS ASFÁLTICOS CAP-50-70","2012-09-01",1.05938680340644,0.88000563544075805,1.13939504953509,0.86835895178032696,0.843214383608756,0.89826538015749802]
["CIMENTOS ASFÁLTICOS CAP-50-70","2012-10-01",1.06572637845244,0.88799516997055195,1.2145959956276799,0.89293064089049401,0.87950805411163502,0.930452334963219]
["CIMENTOS ASFÁLTICOS CAP-50-70","2012-11-01",1.06244982611961,0.87602145017736299,1.1892648275926001,0.91063849900703098,0.89022301921924696,0.92844583979825801]
["CIMENTOS ASFÁLTICOS CAP-50-70","2012-12-01",1.0916302621762899,0.87465199697513896,1.1906737562499199,0.90824889408923604,0.90064562089656397,0.92884086828124202]
["CIMENTOS ASFÁLTICOS CAP-50-70","2013-01-01",1.0841074123580301,0.86617588669427503,1.1945336517496501,0.90572954724440102,0.90812917369690405,0.91737648723597598]
["CIMENTOS ASFÁLTICOS CAP-50-70","2013-02-01",1.07701741970528,0.86416685523150605,1.18500458810687,0.91349007287610395,0.92530605761954698,0.92551155576830801]
["CIMENTOS ASFÁLTICOS CAP-50-70","2013-03-01",1.0731001437013601,0.86383181069089299,1.2130314415168699,0.91628735654798599,0.93021430491819102,0.93071406305322701]
["CIMENTOS ASFÁLTICOS CAP-50-70","2013-04-01",1.0515393279621399,0.85969707242337901,1.2238423013681601,0.90925156808685303,0.92544341387138795,0.93423950621912999]
["CIMENTOS ASFÁLTICOS CAP-50-70","2013-05-01",1.1023908405840399,0.87292189525414599,1.22872061878413,0.91281804709238801,0.91851566988031197,0.95456335071209997]
["CIMENTOS ASFÁLTICOS CAP-50-70","2013-06-01",1.0512115150441901,0.86930597222385697,1.21474720110745,0.90586924194177398,0.89853504271492801,0.95457664418670696]
["CIMENTOS ASFÁLTICOS CAP-50-70","2013-07-01",1.1234148209758501,0.89127496326120603,1.19281736424295,0.91059811369325605,0.93118763536803195,0.95878075124699802]
["CIMENTOS ASFÁLTICOS CAP-50-70","2013-08-01",1.07880673063252,0.89697453114441905,1.22721674424767,0.91663850362942201,0.93233594739375303,0.96362904055312903]
["CIMENTOS ASFÁLTICOS CAP-50-70","2013-09-01",1.06936289301618,0.89600650713743002,1.2750900934307701,0.92038689018417097,0.92390483170360604,0.962080686020371]
["CIMENTOS ASFÁLTICOS CAP-50-70","2013-10-01",1.0283480533587599,0.90601703967767599,1.1974584874490599,0.91491851024945903,0.89095103582316404,0.95083176059351004]
["CIMENTOS ASFÁLTICOS CAP-50-70","2013-11-01",1.0379384075468301,0.91346681929754503,1.1918998676528101,0.910756130767712,0.91147419620068404,0.95424236368304405]
["CIMENTOS ASFÁLTICOS CAP-50-70","2013-12-01",1.0341083872463701,0.92856299235852602,1.20739809500788,0.91361847733823898,0.90311647396212602,0.95884825526246198]
["CIMENTOS ASFÁLTICOS CAP-50-70","2014-01-01",1.03938663568353,0.92864541074456497,1.18314485592936,0.91389714665939503,0.91392201683065499,0.94955600071621105]
["CIMENTOS ASFÁLTICOS CAP-50-70","2014-02-01",1.0801068914145799,0.92349288443166899,1.1426567835283099,0.91723226023843496,0.91279990184824,0.94659659947220898]
["CIMENTOS ASFÁLTICOS CAP-50-70","2014-03-01",1.0578973871917601,0.92210349613482301,1.16623222106861,0.91833864524720799,0.91527330599291601,0.94969885625038797]
["CIMENTOS ASFÁLTICOS CAP-50-70","2014-04-01",1.06516444164963,0.92424617902963402,1.1625454734699601,0.91306573731531804,0.89846391445543505,0.94773424108749704]
["CIMENTOS ASFÁLTICOS CAP-50-70","2014-05-01",1.0472353260566101,0.92304195017769197,1.1776412751407099,0.92379510441919699,0.90563295279397005,0.95585585242681603]
["CIMENTOS ASFÁLTICOS CAP-50-70","2014-06-01",1.0324792573750701,0.91856341091231697,1.2131744076245501,0.91367241771063601,0.90947963021300604,0.95768693925540604]
["CIMENTOS ASFÁLTICOS CAP-50-70","2014-07-01",1.08992772890141,0.91250785653528699,1.1564804181244499,0.90124131326552004,0.90896155973720405,0.94462212214345398]
["CIMENTOS ASFÁLTICOS CAP-50-70","2014-08-01",1.12813336757335,0.91344092282650102,1.12564161014719,0.91376504306709505,0.905054638043857,0.94946614618601]
["CIMENTOS ASFÁLTICOS CAP-50-70","2014-09-01",1.0994150800834801,0.93073955106709705,1.20765101986046,0.92076751428916404,0.91561647080025299,0.96686540421225597]
["CIMENTOS ASFÁLTICOS CAP-50-70","2014-10-01",1.1389772876476301,0.91437666072012602,1.1632135964831201,0.88626316682525197,0.89496995724703499,0.94295557205272396]
["CIMENTOS ASFÁLTICOS CAP-50-70","2014-11-01",1.09005497721516,0.93601067313963304,1.1636504031717101,0.89857521842888499,0.91887743458887705,0.95477288647907999]
["CIMENTOS ASFÁLTICOS CAP-50-70","2014-12-01",1.2363141948191401,1.0293060302466599,1.30926593808953,1.00369071777535,0.99707411686185399,1.0413560421836701]
["CIMENTOS ASFÁLTICOS CAP-50-70","2015-01-01",1.3331020291116999,1.2658009689968801,1.5124032368468101,1.12001751571985,1.1854791328029199,1.2112024705915201]
["CIMENTOS ASFÁLTICOS CAP-50-70","2015-02-01",1.4299714188618,1.2573772214074801,1.5356215442324399,1.1254203658011499,1.1913420075738701,1.2116660603000899]
["CIMENTOS ASFÁLTICOS CAP-50-70","2015-03-01",1.3752684616025701,1.22467913154148,1.4782303832841801,1.15814537915924,1.1924470146469399,1.2127168387529801]
["CIMENTOS ASFÁLTICOS CAP-50-70","2015-04-01",1.3134691474395299,1.2112090449808599,1.4892597596407799,1.14509408955436,1.1767638965238501,1.1936587663224201]
["CIMENTOS ASFÁLTICOS CAP-50-70","2015-05-01",1.4688994865143099,1.21980494741404,1.4341223456504699,1.12996367579366,1.17160282494569,1.20472725163539]
["CIMENTOS ASFÁLTICOS CAP-50-70","2015-06-01",1.4980994053310099,1.2296318755939899,1.44283165964486,1.12937851363371,1.1746569923413099,1.2163629901637201]
["CIMENTOS ASFÁLTICOS CAP-50-70","2015-07-01",1.3276929424462101,1.24655475166745,1.2046478282774999,1.12447001906151,1.1672978230290501,1.18885526158538]
["CIMENTOS ASFÁLTICOS CAP-50-70","2015-08-01",1.3853768174888701,1.2567499170991601,1.3951640490131401,1.1169304231925401,1.1722417088818,1.2189111181394501]
["CIMENTOS ASFÁLTICOS CAP-50-70","2015-09-01",1.4020240123201499,1.3081690645762001,1.49379867284042,1.1819154363670401,1.22013697308477,1.2760322488003499]
["CIMENTOS ASFÁLTICOS CAP-50-70","2015-10-01",1.49665216727963,1.35271443707134,1.5775101426643401,1.25267414993731,1.2783526152197,1.3435583024461299]
["CIMENTOS ASFÁLTICOS CAP-50-70","2015-11-01",1.6214945674457599,1.5172548331731499,1.70642567430236,1.41862992182278,1.4176480773209601,1.4889154300957601]
["CIMENTOS ASFÁLTICOS CAP-50-70","2015-12-01",1.7400574401316999,1.51946356014773,1.7009060250103201,1.4181914430683,1.4290280580594401,1.49641921793279]
["CIMENTOS ASFÁLTICOS CAP-50-70","2016-01-01",1.7812750615266,1.5500283898349001,1.7627892573580599,1.451294199361,1.4440659404971801,1.5048100264497299]
["CIMENTOS ASFÁLTICOS CAP-50-70","2016-02-01",1.7970452144298801,1.5343035680296899,1.70210558122962,1.4394538032794699,1.4324901348803301,1.4856499037153601]
["CIMENTOS ASFÁLTICOS CAP-50-70","2016-03-01",1.7421180957673099,1.5336459433033001,1.72584704820577,1.4247330067308199,1.44805250274746,1.49202933748836]
["CIMENTOS ASFÁLTICOS CAP-50-70","2016-04-01",1.9206598562680699,1.7246241294634801,1.9027849488273301,1.5967631494357599,1.6349489310160901,1.66831854062954]
["CIMENTOS ASFÁLTICOS CAP-50-70","2016-05-01",1.9858603498410301,1.7261038862806,1.92652723787226,1.6084657068972801,1.6988625608162999,1.69986810449243]
["CIMENTOS ASFÁLTICOS CAP-50-70","2016-06-01",1.94110201514808,1.69461704708438,1.92858200345681,1.6348656831055399,1.6363676806634799,1.69345843152673]
["CIMENTOS ASFÁLTICOS CAP-50-70","2016-07-01",1.79716931836353,1.6791090604505901,1.9187882828757401,1.6443296527187501,1.6160883808289299,1.6779353538113599]
["CIMENTOS ASFÁLTICOS CAP-50-70","2016-08-01",1.8359559153657601,1.68640980935656,1.9506635990932399,1.64815777236391,1.6208831347220201,1.68951171275427]
["CIMENTOS ASFÁLTICOS CAP-50-70","2016-09-01",1.7656413933444099,1.58625952920654,1.8182367959832999,1.5574530759905301,1.47898195013075,1.5823193923591301]
["CIMENTOS ASFÁLTICOS CAP-50-70","2016-10-01",1.6609619738177599,1.59021673134302,1.7713341100148501,1.55778766560535,1.48038790134231,1.57425203071265]
["CIMENTOS ASFÁLTICOS CAP-50-70","2016-11-01",1.62024689924767,1.5591364433461901,1.82557223894749,1.5165156755886799,1.47297083321802,1.5504842781527399]
["CIMENTOS ASFÁLTICOS CAP-50-70","2016-12-01",1.5382700375364899,1.4593338806479501,1.7867553820901501,1.50486567137887,1.46804703216157,1.5063560514489001]
["CIMENTOS ASFÁLTICOS CAP-50-70","2017-01-01",1.53644852951295,1.4492924379728001,1.60965656090415,1.44883480134508,1.45365192043667,1.4670384975294699]
["CIMENTOS ASFÁLTICOS CAP-50-70","2017-02-01",1.56427113478886,1.44763348297102,1.6400757052002599,1.4569537863547499,1.44623160325551,1.46867980165752]
["CIMENTOS ASFÁLTICOS CAP-50-70","2017-03-01",1.51757384173754,1.4358610536127501,1.68624132164893,1.45628515256191,1.4556897390877801,1.4736420785100699]
["CIMENTOS ASFÁLTICOS CAP-50-70","2017-04-01",1.6592675620247801,1.3882567672161601,1.6656832257435099,1.3894329650908099,1.4091591868736799,1.43526717874469]
["CIMENTOS ASFÁLTICOS CAP-50-70","2017-05-01",1.50522201600366,1.4006083965896301,1.7101340874778801,1.3738648530720301,1.3921241120651,1.42945434226319]
["CIMENTOS ASFÁLTICOS CAP-50-70","2017-06-01",1.63946792658845,1.42460864982594,1.6994010136294599,1.4290815132586401,1.3858353421618099,1.4659203299201]
["CIMENTOS ASFÁLTICOS CAP-50-70","2017-07-01",1.6480259608727099,1.40283083303231,1.75142070080023,1.41803378379403,1.3563173438095999,1.4531126868783999]
["CIMENTOS ASFÁLTICOS CAP-50-70","2017-08-01",1.4898806751607401,1.3828254843546901,1.6305673038088899,1.40684731743275,1.37761083670441,1.4256328859507299]
["CIMENTOS ASFÁLTICOS CAP-50-70","2017-09-01",1.54887287656192,1.4236384009391501,1.69923200279145,1.4166103533727401,1.37676580543972,1.4484593207404799]
["CIMENTOS ASFÁLTICOS CAP-50-70","2017-10-01",1.5714517430920001,1.40511791018695,1.7434399123070099,1.4078106119474101,1.39803328926311,1.4473426233472999]
["CIMENTOS ASFÁLTICOS CAP-50-70","2017-11-01",1.7039528842810301,1.56168911406581,1.8866865359815499,1.5108319641036301,1.5102091587256301,1.58754771998657]
["CIMENTOS ASFÁLTICOS CAP-50-70","2017-12-01",1.67112968570027,1.5697607156655999,1.8969173485708,1.5463023076256499,1.51115352219374,1.5843810067723401]
["CIMENTOS ASFÁLTICOS CAP-50-70","2018-01-01",1.7883866454375601,1.6422327847865299,1.85167665381581,1.5906701254672599,1.6130212682361,1.64469430243084]
["CIMENTOS ASFÁLTICOS CAP-50-70","2018-02-01",1.7974008038337601,1.6104601565302401,1.7913702231316999,1.59937889536573,1.60347187795933,1.62124686081122]
["CIMENTOS ASFÁLTICOS CAP-50-70","2018-03-01",1.8013597381611299,1.6064588891199001,1.89569863549092,1.61173911852818,1.6036252180727799,1.6388613189072501]
["CIMENTOS ASFÁLTICOS CAP-50-70","2018-04-01",1.7911733486516599,1.60509322394187,1.85749587807102,1.6006849031766901,1.6396290487266201,1.6562120285653501]
["CIMENTOS ASFÁLTICOS CAP-50-70","2018-05-01",1.9135020362466499,1.72470048995027,1.9454369536103999,1.7140554374767201,1.7142093728301699,1.7573254296279199]
["CIMENTOS ASFÁLTICOS CAP-50-70","2018-06-01",2.0655638588085301,1.82239972222208,2.0913163220082698,1.7994782549810799,1.79854029436378,1.85966297057505]
["CIMENTOS ASFÁLTICOS CAP-50-70","2018-07-01",2.0686276348694101,1.9451431619916,2.1407827715002599,1.94030218576477,1.9446474067133801,1.9756048837831901]
["CIMENTOS ASFÁLTICOS CAP-50-70","2018-08-01",2.2253463610556299,2.0957584128754001,2.4804068238619799,2.1024259235603999,2.0969791721755802,2.13972089306088]
["CIMENTOS ASFÁLTICOS CAP-50-70","2018-09-01",2.3303221946613202,2.12339672158555,2.4927376451938601,2.1340320879969998,2.1060368760513701,2.1733093659855598]
["CIMENTOS ASFÁLTICOS CAP-50-70","2018-10-01",2.2576205724913798,2.1476249120754698,2.2932107571908298,2.1766082678708099,2.1400388376879098,2.1776597065576602]
["CIMENTOS ASFÁLTICOS CAP-50-70","2018-11-01",2.4878078368167,2.4027451503264698,2.8650562667739101,2.42868191784906,2.4227802039430202,2.4454619775704902]
["CIMENTOS ASFÁLTICOS CAP-50-70","2018-12-01",2.4908078969943901,2.4209253621256099,2.70932464819575,2.4282832693452798,2.4640008905163899,2.4580454611848999]
["CIMENTOS ASFÁLTICOS CAP-50-70","2019-01-01",2.48596635582701,2.3598363150238102,2.77084892263766,2.4853304118858901,2.4520058774851301,2.4559230169622799]
["CIMENTOS ASFÁLTICOS CAP-50-70","2019-02-01",2.64434676960391,2.5491674833705198,3.050787298396,2.7598832649405098,2.7581833791400898,2.7059191814735901]
["CIMENTOS ASFÁLTICOS CAP-50-70","2019-03-01",2.70497949833076,2.5265844677413001,3.0739571007383399,2.7594368297237901,2.6930711918943402,2.6929741261771198]
["CIMENTOS ASFÁLTICOS CAP-50-70","2019-04-01",2.7607753188878101,2.5642432804089901,3.07394489747454,2.7595556575960298,2.6966543361975801,2.7111868558212802]
["CIMENTOS ASFÁLTICOS CAP-50-70","2019-05-01",2.7623656498626401,2.5260565904727401,3.0755967027868998,2.77279584936334,2.6937435420278502,2.71252321372938]
["CIMENTOS ASFÁLTICOS CAP-50-70","2019-06-01",2.62752322417571,2.5340987447340901,3.2093060812018801,2.6887152667018199,2.7048097090947198,2.6959936146940602]
["CIMENTOS ASFÁLTICOS CAP-50-70","2019-07-01",2.8485991330466902,2.5076702007267899,3.1298659492519301,2.7584930599395898,2.6989900532261699,2.7132922282791001]
["CIMENTOS ASFÁLTICOS CAP-50-70","2019-08-01",2.6754559394369499,2.3351192760317998,2.9180333699623202,2.5834195289972999,2.5319168723857,2.5390494014612601]
["CIMENTOS ASFÁLTICOS CAP-50-70","2019-09-01",2.5980567927868399,2.2991941677186198,3.0343326494694201,2.4806511018948498,2.51482597908893,2.4959986121158102]
["CIMENTOS ASFÁLTICOS CAP-50-70","2019-10-01",2.53353685510691,2.2703566819708101,2.83756048874314,2.5098901477389401,2.5096354428455898,2.4733469425880399]
["CIMENTOS ASFÁLTICOS CAP-50-70","2019-11-01",2.6086438306634299,2.3242784036901099,2.8673646878988301,2.5682421222511498,2.5563409353306699,2.5296322226405898]
["CIMENTOS ASFÁLTICOS CAP-50-70","2019-12-01",2.5261701917141299,2.3189910031031,2.9506259448440701,2.6251278319394502,2.5573576106168301,2.5301149347303]
["CIMENTOS ASFÁLTICOS CAP-50-70","2020-01-01",2.6003580196634002,2.29750015128407,3.0972670727609599,2.5739951478071501,2.5484205240781601,2.5181505942533402]
["CIMENTOS ASFÁLTICOS CAP-50-70","2020-02-01",2.42190138186597,2.1732091774843401,2.88285582588101,2.3583219521897898,2.3604346639059299,2.3510962225295899]
["CIMENTOS ASFÁLTICOS CAP-50-70","2020-03-01",2.32824656925282,2.1710881446428298,2.7560542278028,2.3215180311496102,2.33775877141934,2.3218729750919902]
["CIMENTOS ASFÁLTICOS CAP-50-70","2020-04-01",2.3701199159246502,2.1900262052368702,2.6536854290770302,2.3451607686618701,2.30210998911905,2.33600787135954]
["CIMENTOS ASFÁLTICOS CAP-50-70","2020-05-01",2.3686394261846799,2.1247552910756902,2.6064373281097999,2.2712297279282199,2.31524156323422,2.3241992330683701]
["CIMENTOS ASFÁLTICOS CAP-50-70","2020-06-01",2.3042294317613901,2.1289858879119299,2.6211369740885599,2.2628582326877802,2.3085365757440099,2.2965341637850001]
["CIMENTOS ASFÁLTICOS CAP-50-70","2020-07-01",2.3040444793624602,2.1338876596137499,2.6233830104391398,2.2346516674318302,2.2832193393500502,2.27475600376488]
["CIMENTOS ASFÁLTICOS CAP-50-70","2020-08-01",2.430002795699,2.26690657835135,2.7580819984891698,2.37096886998998,2.4725525475311301,2.4126588088434699]
["CIMENTOS ASFÁLTICOS CAP-50-70","2020-09-01",2.46123021590987,2.2840450880454699,2.7325767132507801,2.3662058239428099,2.44122289879693,2.4100378532673501]
["CIMENTOS ASFÁLTICOS CAP-50-70","2020-10-01",2.3780262155275902,2.3047325361740199,2.73787228528735,2.37055989660147,2.4484419282027798,2.4070227300439901]
["CIMENTOS ASFÁLTICOS CAP-50-70","2020-11-01",2.6109989548752002,2.48394404294997,2.8383145460657002,2.54266160417238,2.5798449209404501,2.5728040803736998]
["CIMENTOS ASFÁLTICOS CAP-50-70","2020-12-01",2.4666655655762599,2.46408243268186,2.8257379112810601,2.5868501223410898,2.6026143379342601,2.5712701546518701]
["CIMENTOS ASFÁLTICOS CAP-50-70","2021-01-01",2.3968975954785301,2.4622774998545398,2.9077822401511901,2.6226718919314802,2.6213242937239398,2.5653805763117798]
["CIMENTOS ASFÁLTICOS CAP-50-70","2021-02-01",2.62223104097757,2.6737311274449902,3.0375320745977699,2.7814833596524902,2.78234825517562,2.7530042051350399]
["CIMENTOS ASFÁLTICOS CAP-50-70","2021-03-01",2.5788143328319602,2.6270392548645898,3.01226616750577,2.8348633925941402,2.8345419214023302,2.7743902670354901]
["CIMENTOS ASFÁLTICOS CAP-50-70","2021-04-01",2.6898427957607498,2.5990534043432301,3.02145401398622,2.8122196895302598,2.8049925161599898,2.7659144508673199]
["CIMENTOS ASFÁLTICOS CAP-50-70","2021-05-01",3.2587955331488301,3.1995299336535301,3.66991094215367,3.4186159196152399,3.4164946531267901,3.3918465166180098]
["CIMENTOS ASFÁLTICOS CAP-50-70","2021-06-01",3.2391603984456498,3.1810943361580399,3.5368984914325101,3.4429599791044798,3.4573183196495201,3.38047855982078]
["CIMENTOS ASFÁLTICOS CAP-50-70","2021-07-01",3.1373216685914098,3.15494384258978,3.5919838718924701,3.4484811553772099,3.4146979908217698,3.3589424849932499]
["CIMENTOS ASFÁLTICOS CAP-50-70","2021-08-01",3.4628720904303001,3.2939924015883602,3.7814093566309901,3.7031807640464902,3.6708938226830199,3.5867388859926899]
["CIMENTOS ASFÁLTICOS CAP-50-70","2021-09-01",3.5278877620433802,3.3263178909604401,3.7883265933010501,3.6540910386363898,3.6888809122431798,3.60443158337976]
["CIMENTOS ASFÁLTICOS CAP-50-70","2021-10-01",3.5217613124562899,3.4210299498024699,3.6538369894595899,3.6802665752234001,3.6959141358793302,3.6127059700737401]
["CIMENTOS ASFÁLTICOS CAP-50-70","2021-11-01",3.8287371576631601,3.6976868410798001,4.0572040927241204,4.0328980638371004,4.00672376594121,3.94064134909007]
["CIMENTOS ASFÁLTICOS CAP-50-70","2021-12-01",3.8916127711600801,3.7529240450135202,4.0449019099654304,4.0493181173020902,4.0142899130550704,3.9617180719974199]
["CIMENTOS ASFÁLTICOS CAP-50-70","2022-01-01",3.9788758393026198,3.8120644431570399,4.1533097845105296,4.0374365380778201,4.0521109570594502,4.0006593083512199]
["CIMENTOS ASFÁLTICOS CAP-50-70","2022-02-01",4.3087029640625101,4.0336251775326399,4.4522351382715399,4.27842408373004,4.2860572791079603,4.2600070220247801]
["CIMENTOS ASFÁLTICOS CAP-50-70","2022-03-01",4.2574454333633103,4.0946806111223903,4.4828529296613704,4.2688906241985496,4.3259483699624903,4.2756834382585804]
["CIMENTOS ASFÁLTICOS CAP-50-70","2022-04-01",4.3688451161730804,4.2579998321215102,4.7632061029379997,4.4566133667422303,4.4459162741885603,4.4411848628964004]
["CIMENTOS ASFÁLTICOS CAP-50-70","2022-05-01",4.35286973651138,4.2018566620318696,4.5833081981961898,4.3093842175109396,4.2489433809575496,4.30229361751132]
["CIMENTOS ASFÁLTICOS CAP-50-70","2022-06-01",4.3936847298741499,4.1962162000687,4.6136357072876502,4.2900116584792096,4.1810562735013201,4.2899376668844003]
["CIMENTOS ASFÁLTICOS CAP-50-70","2022-07-01",4.5439142662038101,4.3247236022459798,4.7301334425517396,4.3487259522293096,4.2994675353113001,4.4010622330181297]
["CIMENTOS ASFÁLTICOS CAP-50-70","2022-08-01",4.6539061080139899,4.3504308034729204,4.6025056296728,4.2101763533954202,4.1272996707472203,4.3190455581833902]
["CIMENTOS ASFÁLTICOS CAP-50-70","2022-09-01",4.8752751164537598,4.3409570929431096,4.40760182791111,4.0676614809330101,3.8614528948504998,4.2595706298206402]
["CIMENTOS ASFÁLTICOS CAP-50-70","2022-10-01",4.3733190215578599,4.1071079583591503,4.0681957721761703,3.6310591059225499,3.5514967460089002,3.88004801505988]
["CIMENTOS ASFÁLTICOS CAP-50-70","2022-11-01",4.2011656632619001,3.9620110588681499,4.0475521718081398,3.5860134918380102,3.4743300981902698,3.7871959426154702]
["CIMENTOS ASFÁLTICOS CAP-50-70","2022-12-01",4.3597539890170296,3.74589079861064,4.1320980266797402,3.49826709394585,3.4515332814684299,3.7300679562108598]
["CIMENTOS ASFÁLTICOS CAP-50-70","2023-01-01",4.11983260353799,3.50004490786998,3.9146557017009802,3.2578948696970902,3.2963992178977901,3.46317391938548]
["CIMENTOS ASFÁLTICOS CAP-50-70","2023-02-01",3.9385531731596499,3.4506332949429299,3.8368071056396098,3.1594029119675202,3.1788002865843601,3.3679711779515999]
["CIMENTOS ASFÁLTICOS CAP-50-70","2023-03-01",3.9600041484806301,3.3172854229256501,3.6926607702291401,3.1175453668862301,2.96545405921839,3.2359252904357101]
["CIMENTOS ASFÁLTICOS CAP-50-70","2023-04-01",3.7306183204786798,3.2681898930827198,3.5862947498960098,3.1234147790345999,2.9429598659879099,3.1899899165524999]
["CIMENTOS ASFÁLTICOS CAP-50-70","2023-05-01",3.8497237818993599,3.2905144507942001,3.5567609181451298,3.1463887247928999,2.9175662363623598,3.2268291929431498]
["CIMENTOS ASFÁLTICOS CAP-50-70","2023-06-01",3.7712002958516999,3.3323163391206201,3.4273711414204802,3.1240774848656598,2.8993344519763098,3.21860926787997]
["CIMENTOS ASFÁLTICOS CAP-50-70","2023-07-01",3.7422466988484202,3.3812676564397299,3.5796955347907899,3.1200534403384301,2.9718370166021502,3.2652957046207201]
["CIMENTOS ASFÁLTICOS CAP-50-70","2023-08-01",3.7235845471948998,3.36285188756966,3.68607200751363,3.1350839350716599,2.96147439080484,3.2611773436936402]
["CIMENTOS ASFÁLTICOS CAP-85-100","2008-11-01","***","***","***","***","***","***"]
["CIMENTOS ASFÁLTICOS CAP-85-100","2008-12-01","***","***","***","***","***","***"]
["CIMENTOS ASFÁLTICOS CAP-85-100","2009-01-01","***","***","***","***","***","***"]
["CIMENTOS ASFÁLTICOS CAP-85-100","2009-02-01","***","***","***","***","***","***"]
["CIMENTOS ASFÁLTICOS CAP-85-100","2009-03-01","***","***","***","***","***","***"]
["CIMENTOS ASFÁLTICOS CAP-85-100","2009-04-01","***","***","***","***","***","***"]
["CIMENTOS ASFÁLTICOS CAP-85-100","2009-05-01","***","***","***","***","***","***"]
["CIMENTOS ASFÁLTICOS CAP-85-100","2009-06-01","***","***","***","***","***","***"]
["CIMENTOS ASFÁLTICOS CAP-85-100","2009-07-01","***","***","***","***","***","***"]
["CIMENTOS ASFÁLTICOS CAP-85-100","2009-08-01","***","***","***","***","***","***"]
["CIMENTOS ASFÁLTICOS CAP-85-100","2009-09-01","***","***","***","***","***","***"]
["CIMENTOS ASFÁLTICOS CAP-85-100","2009-10-01","***","***","***","***","***","***"]
["CIMENTOS ASFÁLTICOS CAP-85-100","2009-11-01","***","***","***","***",1.13323,1.13323]
["CIMENTOS ASFÁLTICOS CAP-85-100","2009-12-01","***","***","***","***","***","***"]
["CIMENTOS ASFÁLTICOS CAP-85-100","2010-01-01","***","***","***","***","***","***"]
["CIMENTOS ASFÁLTICOS CAP-85-100","2010-02-01","***","***","***","***","***","***"]
["CIMENTOS ASFÁLTICOS CAP-85-100","2010-03-01","***","***","***","***","***","***"]
["CIMENTOS ASFÁLTICOS CAP-85-100","2010-04-01","***","***","***","***","***","***"]
["CIMENTOS ASFÁLTICOS CAP-85-100","2010-05-01","***","***","***","***","***","***"]
["CIMENTOS ASFÁLTICOS CAP-85-100","2010-06-01","***","***","***","***","***","***"]
["CIMENTOS ASFÁLTICOS CAP-85-100","2010-07-01","***","***","***","***","***","***"]
["CIMENTOS ASFÁLTICOS CAP-85-100","2010-08-01","***","***","***","***","***","***"]
["CIMENTOS ASFÁLTICOS CAP-85-100","2010-09-01","***","***","***","***","***","***"]
["CIMENTOS ASFÁLTICOS CAP-85-100","2010-10-01","***","***","***",1.19662,"***",1.19662]
["CIMENTOS ASFÁLTICOS CAP-85-100","2010-11-01","***","***","***",1.19662,"***",1.19662]
["CIMENTOS ASFÁLTICOS CAP-85-100","2010-12-01","***","***","***","***","***","***"]
["CIMENTOS ASFÁLTICOS CAP-85-100","2011-01-01","***","***","***","***","***","***"]
["CIMENTOS ASFÁLTICOS CAP-85-100","2011-02-01","***","***","***","***","***","***"]
["CIMENTOS ASFÁLTICOS CAP-85-100","2011-03-01","***","***","***","***","***","***"]
["CIMENTOS ASFÁLTICOS CAP-85-100","2011-04-01","***","***",1.2050000000000001,0.57030000000000003,"***",0.71767059689659096]
["CIMENTOS ASFÁLTICOS CAP-85-100","2011-05-01","***","***","***",0.56930000000000003,"***",0.56930000000000003]
["CIMENTOS ASFÁLTICOS CAP-85-100","2011-06-01","***","***","***","***",0.88490999999999997,0.88490999999999997]
["CIMENTOS ASFÁLTICOS CAP-85-100","2011-07-01","***","***",1.3649,"***","***",1.3649]
["CIMENTOS ASFÁLTICOS CAP-85-100","2011-08-01","***","***",1.34244536078025,1.3506,"***",1.34316556011292]
["CIMENTOS ASFÁLTICOS CAP-85-100","2011-09-01","***","***",1.3371533215939599,"***","***",1.3371533215939599]
["CIMENTOS ASFÁLTICOS CAP-85-100","2011-10-01","***","***","***","***","***","***"]
["CIMENTOS ASFÁLTICOS CAP-85-100","2011-11-01","***","***",1.4185399999999999,"***","***",1.4185399999999999]
["CIMENTOS ASFÁLTICOS CAP-85-100","2011-12-01","***","***","***",0.93511945908301697,"***",0.93511945908301697]
["CIMENTOS ASFÁLTICOS CAP-85-100","2012-01-01","***","***",1.4185399999999999,"***","***",1.4185399999999999]
["CIMENTOS ASFÁLTICOS CAP-85-100","2012-02-01","***","***",1.41855,"***","***",1.41855]
["CIMENTOS ASFÁLTICOS CAP-85-100","2012-03-01","***","***","***","***","***","***"]
["CIMENTOS ASFÁLTICOS CAP-85-100","2012-04-01","***","***",1.4185399999999999,"***","***",1.4185399999999999]
["CIMENTOS ASFÁLTICOS CAP-85-100","2012-05-01","***","***",1.4185399999999999,"***","***",1.4185399999999999]
["CIMENTOS ASFÁLTICOS CAP-85-100","2012-06-01","***","***",1.4185399999999999,"***","***",1.4185399999999999]
["CIMENTOS ASFÁLTICOS CAP-85-100","2012-07-01","***","***",1.41852250665308,"***","***",1.41852250665308]
["CIMENTOS ASFÁLTICOS CAP-85-100","2012-08-01","***","***",1.41853692713934,"***","***",1.41853692713934]
["CIMENTOS ASFÁLTICOS CAP-85-100","2012-09-01","***","***",1.4311500061884399,"***","***",1.4311500061884399]
["CIMENTOS ASFÁLTICOS CAP-85-100","2012-10-01","***","***",1.4027483648897501,"***","***",1.4027483648897501]
["CIMENTOS ASFÁLTICOS CAP-85-100","2012-11-01","***","***",1.4089350775890099,"***","***",1.4089350775890099]
["CIMENTOS ASFÁLTICOS CAP-85-100","2012-12-01","***","***","***","***","***","***"]
["CIMENTOS ASFÁLTICOS CAP-85-100","2013-01-01","***","***","***","***","***","***"]
["CIMENTOS ASFÁLTICOS CAP-85-100","2013-02-01","***","***","***","***","***","***"]
["CIMENTOS ASFÁLTICOS CAP-85-100","2013-03-01","***","***","***","***","***","***"]
["CIMENTOS ASFÁLTICOS CAP-85-100","2013-04-01","***","***","***","***","***","***"]
["CIMENTOS ASFÁLTICOS CAP-85-100","2013-05-01","***","***","***","***","***","***"]
["CIMENTOS ASFÁLTICOS CAP-85-100","2013-06-01","***","***","***","***","***","***"]
["CIMENTOS ASFÁLTICOS CAP-85-100","2013-07-01","***","***","***","***","***","***"]
["CIMENTOS ASFÁLTICOS CAP-85-100","2013-08-01","***","***","***","***","***","***"]
["CIMENTOS ASFÁLTICOS CAP-85-100","2013-09-01","***","***","***","***","***","***"]
["CIMENTOS ASFÁLTICOS CAP-85-100","2013-10-01","***","***","***","***","***","***"]
["CIMENTOS ASFÁLTICOS CAP-85-100","2013-11-01","***","***","***","***","***","***"]
["CIMENTOS ASFÁLTICOS CAP-85-100","2013-12-01","***","***","***","***","***","***"]
["CIMENTOS ASFÁLTICOS CAP-85-100","2014-01-01","***","***","***","***","***","***"]
["CIMENTOS ASFÁLTICOS CAP-85-100","2014-02-01","***","***","***","***","***","***"]
["CIMENTOS ASFÁLTICOS CAP-85-100","2014-03-01","***","***","***","***","***","***"]
["CIMENTOS ASFÁLTICOS CAP-85-100","2014-04-01","***","***","***","***","***","***"]
["CIMENTOS ASFÁLTICOS CAP-85-100","2014-05-01","***","***","***","***",0.94121999999999995,0.94121999999999995]
["CIMENTOS ASFÁLTICOS CAP-85-100","2014-06-01","***","***","***","***","***","***"]
["CIMENTOS ASFÁLTICOS CAP-85-100","2014-07-01","***","***","***","***","***","***"]
["CIMENTOS ASFÁLTICOS CAP-85-100","2014-08-01","***","***","***","***",1.0109900000000001,1.0109900000000001]
["CIMENTOS ASFÁLTICOS CAP-85-100","2014-09-01","***","***","***","***","***","***"]
["CIMENTOS ASFÁLTICOS CAP-85-100","2014-10-01","***","***","***","***","***","***"]
["CIMENTOS ASFÁLTICOS CAP-85-100","2014-11-01","***","***","***","***","***","***"]
["CIMENTOS ASFÁLTICOS CAP-85-100","2014-12-01","***","***","***","***","***","***"]
["CIMENTOS ASFÁLTICOS CAP-85-100","2015-01-01","***","***","***","***","***","***"]
["CIMENTOS ASFÁLTICOS CAP-85-100","2015-02-01","***","***","***","***","***","***"]
["CIMENTOS ASFÁLTICOS CAP-85-100","2015-03-01","***","***","***","***","***","***"]
["CIMENTOS ASFÁLTICOS CAP-85-100","2015-04-01","***","***","***","***","***","***"]
["CIMENTOS ASFÁLTICOS CAP-85-100","2015-05-01","***","***","***","***","***","***"]
["CIMENTOS ASFÁLTICOS CAP-85-100","2015-06-01","***","***","***","***",1.3446,1.3446]
["CIMENTOS ASFÁLTICOS CAP-85-100","2015-07-01","***","***","***","***","***","***"]
["CIMENTOS ASFÁLTICOS CAP-85-100","2015-08-01","***","***","***","***","***","***"]
["CIMENTOS ASFÁLTICOS CAP-85-100","2015-09-01","***","***","***","***","***","***"]
["CIMENTOS ASFÁLTICOS CAP-85-100","2015-10-01","***","***","***","***","***","***"]
["CIMENTOS ASFÁLTICOS CAP-85-100","2015-11-01","***","***","***","***","***","***"]
["CIMENTOS ASFÁLTICOS CAP-85-100","2015-12-01","***","***","***","***","***","***"]
["CIMENTOS ASFÁLTICOS CAP-85-100","2016-01-01","***","***","***","***","***","***"]
["CIMENTOS ASFÁLTICOS CAP-85-100","2016-02-01","***","***","***","***","***","***"]
["CIMENTOS ASFÁLTICOS CAP-85-100","2016-03-01","***","***","***","***","***","***"]
["CIMENTOS ASFÁLTICOS CAP-85-100","2016-04-01","***","***","***","***","***","***"]
["CIMENTOS ASFÁLTICOS CAP-85-100","2016-05-01","***","***","***","***","***","***"]
["CIMENTOS ASFÁLTICOS CAP-85-100","2016-06-01","***","***","***","***","***","***"]
["CIMENTOS ASFÁLTICOS CAP-85-100","2016-07-01","***","***","***","***","***","***"]
["CIMENTOS ASFÁLTICOS CAP-85-100","2016-08-01","***","***","***","***","***","***"]
["CIMENTOS ASFÁLTICOS CAP-85-100","2016-09-01","***","***","***","***","***","***"]
["CIMENTOS ASFÁLTICOS CAP-85-100","2016-10-01","***","***","***","***","***","***"]
["CIMENTOS ASFÁLTICOS CAP-85-100","2016-11-01","***","***","***","***","***","***"]
["CIMENTOS ASFÁLTICOS CAP-85-100","2016-12-01","***","***","***","***","***","***"]
["CIMENTOS ASFÁLTICOS CAP-85-100","2017-01-01","***","***","***",1.40441652173913,2.2347600000000001,2.1621444106463898]
["CIMENTOS ASFÁLTICOS CAP-85-100","2017-02-01","***","***","***",1.90513,"***",1.90513]
["CIMENTOS ASFÁLTICOS CAP-85-100","2017-03-01","***","***","***","***","***","***"]
["CIMENTOS ASFÁLTICOS CAP-85-100","2017-04-01","***","***","***",2.12534,"***",2.12534]
["CIMENTOS ASFÁLTICOS CAP-85-100","2017-05-01","***","***","***","***","***","***"]
["CIMENTOS ASFÁLTICOS CAP-85-100","2017-06-01","***","***","***","***","***","***"]
["CIMENTOS ASFÁLTICOS CAP-85-100","2017-07-01","***","***","***","***","***","***"]
["CIMENTOS ASFÁLTICOS CAP-85-100","2017-08-01","***","***","***","***","***","***"]
["CIMENTOS ASFÁLTICOS CAP-85-100","2017-09-01","***","***","***","***","***","***"]
["CIMENTOS ASFÁLTICOS CAP-85-100","2017-10-01","***","***","***","***","***","***"]
["CIMENTOS ASFÁLTICOS CAP-85-100","2017-11-01","***","***","***","***","***","***"]
["CIMENTOS ASFÁLTICOS CAP-85-100","2017-12-01","***","***","***",2.0910000000000002,"***",2.0910000000000002]
["CIMENTOS ASFÁLTICOS CAP-85-100","2018-01-01","***","***","***","***","***","***"]
["CIMENTOS ASFÁLTICOS CAP-85-100","2018-02-01","***","***","***","***","***","***"]
["CIMENTOS ASFÁLTICOS CAP-85-100","2018-03-01","***","***","***",4.444,"***",4.444]
["CIMENTOS ASFÁLTICOS CAP-85-100","2018-04-01","***","***","***","***","***","***"]
["CIMENTOS ASFÁLTICOS CAP-85-100","2018-05-01","***","***","***","***","***","***"]
["CIMENTOS ASFÁLTICOS CAP-85-100","2018-06-01","***","***","***","***","***","***"]
["CIMENTOS ASFÁLTICOS CAP-85-100","2018-07-01","***","***","***","***","***","***"]
["CIMENTOS ASFÁLTICOS CAP-85-100","2018-08-01","***","***","***","***","***","***"]
["CIMENTOS ASFÁLTICOS CAP-85-100","2018-09-01","***","***","***","***","***","***"]
["CIMENTOS ASFÁLTICOS CAP-85-100","2018-10-01","***","***","***","***","***","***"]
["CIMENTOS ASFÁLTICOS CAP-85-100","2018-11-01","***","***","***","***","***","***"]
["CIMENTOS ASFÁLTICOS CAP-85-100","2018-12-01","***","***","***","***","***","***"]
["CIMENTOS ASFÁLTICOS CAP-85-100","2019-01-01","***","***","***","***","***","***"]
["CIMENTOS ASFÁLTICOS CAP-85-100","2019-02-01","***","***","***","***","***","***"]
["CIMENTOS ASFÁLTICOS CAP-85-100","2019-03-01","***","***","***","***","***","***"]
["CIMENTOS ASFÁLTICOS CAP-85-100","2019-04-01","***","***","***","***","***","***"]
["CIMENTOS ASFÁLTICOS CAP-85-100","2019-05-01","***","***","***","***","***","***"]
["CIMENTOS ASFÁLTICOS CAP-85-100","2019-06-01","***","***","***","***","***","***"]
["CIMENTOS ASFÁLTICOS CAP-85-100","2019-07-01","***","***","***","***","***","***"]
["CIMENTOS ASFÁLTICOS CAP-85-100","2019-08-01","***","***","***","***","***","***"]
["CIMENTOS ASFÁLTICOS CAP-85-100","2019-09-01","***","***","***","***","***","***"]
["CIMENTOS ASFÁLTICOS CAP-85-100","2019-10-01","***","***","***","***","***","***"]
["CIMENTOS ASFÁLTICOS CAP-85-100","2019-11-01","***","***","***","***","***","***"]
["CIMENTOS ASFÁLTICOS CAP-85-100","2019-12-01","***","***","***","***","***","***"]
["CIMENTOS ASFÁLTICOS CAP-85-100","2020-01-01","***","***","***","***","***","***"]
["CIMENTOS ASFÁLTICOS CAP-85-100","2020-02-01","***","***","***","***","***","***"]
["CIMENTOS ASFÁLTICOS CAP-85-100","2020-03-01","***","***","***","***","***","***"]
["CIMENTOS ASFÁLTICOS CAP-85-100","2020-04-01","***","***","***","***","***","***"]
["CIMENTOS ASFÁLTICOS CAP-85-100","2020-05-01","***","***","***","***","***","***"]
["CIMENTOS ASFÁLTICOS CAP-85-100","2020-06-01","***","***","***","***","***","***"]
["CIMENTOS ASFÁLTICOS CAP-85-100","2020-07-01","***","***","***","***","***","***"]
["CIMENTOS ASFÁLTICOS CAP-85-100","2020-08-01","***","***","***",1.73184348739496,"***",1.73184348739496]
["CIMENTOS ASFÁLTICOS CAP-85-100","2020-09-01","***","***","***",1.9205066437515299,"***",1.9205066437515299]
["CIMENTOS ASFÁLTICOS CAP-85-100","2020-10-01","***","***","***","***","***","***"]
["CIMENTOS ASFÁLTICOS CAP-85-100","2020-11-01","***","***","***","***","***","***"]
["CIMENTOS ASFÁLTICOS CAP-85-100","2020-12-01","***","***","***","***","***","***"]
["CIMENTOS ASFÁLTICOS CAP-85-100","2021-01-01","***","***","***","***","***","***"]
["CIMENTOS ASFÁLTICOS CAP-85-100","2021-02-01","***","***","***","***","***","***"]
["CIMENTOS ASFÁLTICOS CAP-85-100","2021-03-01","***","***","***","***","***","***"]
["CIMENTOS ASFÁLTICOS CAP-85-100","2021-04-01","***","***","***","***","***","***"]
["CIMENTOS ASFÁLTICOS CAP-85-100","2021-05-01","***","***","***","***","***","***"]
["CIMENTOS ASFÁLTICOS CAP-85-100","2021-06-01","***","***","***","***","***","***"]
["CIMENTOS ASFÁLTICOS CAP-85-100","2021-07-01","***","***","***","***","***","***"]
["CIMENTOS ASFÁLTICOS CAP-85-100","2021-08-01","***","***","***","***","***","***"]
["CIMENTOS ASFÁLTICOS CAP-85-100","2021-09-01","***","***","***","***","***","***"]
["CIMENTOS ASFÁLTICOS CAP-85-100","2021-10-01","***","***","***","***","***","***"]
["CIMENTOS ASFÁLTICOS CAP-85-100","2021-11-01","***","***","***","***","***","***"]
["CIMENTOS ASFÁLTICOS CAP-85-100","2021-12-01","***","***","***","***","***","***"]
["CIMENTOS ASFÁLTICOS CAP-85-100","2022-01-01","***","***","***","***","***","***"]
["CIMENTOS ASFÁLTICOS CAP-85-100","2022-02-01","***","***","***","***","***","***"]
["CIMENTOS ASFÁLTICOS CAP-85-100","2022-03-01","***","***","***","***","***","***"]
["CIMENTOS ASFÁLTICOS CAP-85-100","2022-04-01","***","***","***","***","***","***"]
["CIMENTOS ASFÁLTICOS CAP-85-100","2022-05-01","***","***","***","***","***","***"]
["CIMENTOS ASFÁLTICOS CAP-85-100","2022-06-01","***","***","***","***","***","***"]
["CIMENTOS ASFÁLTICOS CAP-85-100","2022-07-01","***","***","***","***","***","***"]
["CIMENTOS ASFÁLTICOS CAP-85-100","2022-08-01","***","***","***","***","***","***"]
["CIMENTOS ASFÁLTICOS CAP-85-100","2022-09-01","***","***","***","***","***","***"]
["CIMENTOS ASFÁLTICOS CAP-85-100","2022-10-01","***","***","***","***","***","***"]
["CIMENTOS ASFÁLTICOS CAP-85-100","2022-11-01","***","***","***","***","***","***"]
["CIMENTOS ASFÁLTICOS CAP-85-100","2022-12-01","***","***","***","***","***","***"]
["CIMENTOS ASFÁLTICOS CAP-85-100","2023-01-01","***","***","***","***","***","***"]
["CIMENTOS ASFÁLTICOS CAP-85-100","2023-02-01","***","***","***","***","***","***"]
["CIMENTOS ASFÁLTICOS CAP-85-100","2023-03-01","***","***","***","***","***","***"]
["CIMENTOS ASFÁLTICOS CAP-85-100","2023-04-01","***","***","***","***","***","***"]
["CIMENTOS ASFÁLTICOS CAP-85-100","2023-05-01","***","***","***","***","***","***"]
["CIMENTOS ASFÁLTICOS CAP-85-100","2023-06-01","***","***","***","***","***","***"]
["CIMENTOS ASFÁLTICOS CAP-85-100","2023-07-01","***","***","***","***","***","***"]
["CIMENTOS ASFÁLTICOS CAP-85-100","2023-08-01","***","***","***","***","***","***"]
["EMULSÃO ASFÁLTICA CATIÔNICA DE RUPTURA CONTROLADA PARA SERVIÇO DE LAMA ASFÁLTICA","2015-09-01","***",0.61,"***","***","***",0.61]
["EMULSÃO ASFÁLTICA CATIÔNICA DE RUPTURA CONTROLADA PARA SERVIÇO DE LAMA ASFÁLTICA","2015-10-01","***",0.61,"***","***","***",0.61]
["EMULSÃO ASFÁLTICA CATIÔNICA DE RUPTURA CONTROLADA PARA SERVIÇO DE LAMA ASFÁLTICA","2015-11-01","***",1.6897955010224901,"***","***","***",1.6897955010224901]
["EMULSÃO ASFÁLTICA CATIÔNICA DE RUPTURA CONTROLADA PARA SERVIÇO DE LAMA ASFÁLTICA","2015-12-01","***","***","***","***","***","***"]
["EMULSÃO ASFÁLTICA CATIÔNICA DE RUPTURA CONTROLADA PARA SERVIÇO DE LAMA ASFÁLTICA","2016-01-01","***","***","***","***","***","***"]
["EMULSÃO ASFÁLTICA CATIÔNICA DE RUPTURA CONTROLADA PARA SERVIÇO DE LAMA ASFÁLTICA","2016-02-01","***","***","***","***","***","***"]
["EMULSÃO ASFÁLTICA CATIÔNICA DE RUPTURA CONTROLADA PARA SERVIÇO DE LAMA ASFÁLTICA","2016-03-01","***","***","***","***","***","***"]
["EMULSÃO ASFÁLTICA CATIÔNICA DE RUPTURA CONTROLADA PARA SERVIÇO DE LAMA ASFÁLTICA","2016-04-01","***",2.13,"***","***","***",2.13]
["EMULSÃO ASFÁLTICA CATIÔNICA DE RUPTURA CONTROLADA PARA SERVIÇO DE LAMA ASFÁLTICA","2016-05-01","***",2.13,"***","***","***",2.13]
["EMULSÃO ASFÁLTICA CATIÔNICA DE RUPTURA CONTROLADA PARA SERVIÇO DE LAMA ASFÁLTICA","2016-06-01","***",1.42,"***","***","***",1.42]
["EMULSÃO ASFÁLTICA CATIÔNICA DE RUPTURA CONTROLADA PARA SERVIÇO DE LAMA ASFÁLTICA","2016-07-01","***","***","***",1.6910000000000001,"***",1.6910000000000001]
["EMULSÃO ASFÁLTICA CATIÔNICA DE RUPTURA CONTROLADA PARA SERVIÇO DE LAMA ASFÁLTICA","2016-08-01","***",1.42,"***",1.6920999999999999,"***",1.64125060506744]
["EMULSÃO ASFÁLTICA CATIÔNICA DE RUPTURA CONTROLADA PARA SERVIÇO DE LAMA ASFÁLTICA","2016-09-01","***",1.42,1.4028,1.5048999999999999,"***",1.47192045991299]
["EMULSÃO ASFÁLTICA CATIÔNICA DE RUPTURA CONTROLADA PARA SERVIÇO DE LAMA ASFÁLTICA","2016-10-01","***",1.42,1.4057999999999999,1.5065,"***",1.4432348359881599]
["EMULSÃO ASFÁLTICA CATIÔNICA DE RUPTURA CONTROLADA PARA SERVIÇO DE LAMA ASFÁLTICA","2016-11-01","***",1.42,"***","***","***",1.42]
["EMULSÃO ASFÁLTICA CATIÔNICA DE RUPTURA CONTROLADA PARA SERVIÇO DE LAMA ASFÁLTICA","2016-12-01","***","***","***","***","***","***"]
["EMULSÃO ASFÁLTICA CATIÔNICA DE RUPTURA CONTROLADA PARA SERVIÇO DE LAMA ASFÁLTICA","2017-01-01","***","***","***","***","***","***"]
["EMULSÃO ASFÁLTICA CATIÔNICA DE RUPTURA CONTROLADA PARA SERVIÇO DE LAMA ASFÁLTICA","2017-02-01","***","***","***","***","***","***"]
["EMULSÃO ASFÁLTICA CATIÔNICA DE RUPTURA CONTROLADA PARA SERVIÇO DE LAMA ASFÁLTICA","2017-03-01","***","***","***","***","***","***"]
["EMULSÃO ASFÁLTICA CATIÔNICA DE RUPTURA CONTROLADA PARA SERVIÇO DE LAMA ASFÁLTICA","2017-04-01","***","***","***","***","***","***"]
["EMULSÃO ASFÁLTICA CATIÔNICA DE RUPTURA CONTROLADA PARA SERVIÇO DE LAMA ASFÁLTICA","2017-05-01","***","***","***","***","***","***"]
["EMULSÃO ASFÁLTICA CATIÔNICA DE RUPTURA CONTROLADA PARA SERVIÇO DE LAMA ASFÁLTICA","2017-06-01","***",1.41,1.3833,"***","***",1.3961805746140701]
["EMULSÃO ASFÁLTICA CATIÔNICA DE RUPTURA CONTROLADA PARA SERVIÇO DE LAMA ASFÁLTICA","2017-07-01","***",1.4097,1.41943925196979,"***","***",1.4186773227254901]
["EMULSÃO ASFÁLTICA CATIÔNICA DE RUPTURA CONTROLADA PARA SERVIÇO DE LAMA ASFÁLTICA","2017-08-01","***","***",1.3834,"***","***",1.3834]
["EMULSÃO ASFÁLTICA CATIÔNICA DE RUPTURA CONTROLADA PARA SERVIÇO DE LAMA ASFÁLTICA","2017-09-01","***","***",1.3422000000000001,"***","***",1.3422000000000001]
["EMULSÃO ASFÁLTICA CATIÔNICA DE RUPTURA CONTROLADA PARA SERVIÇO DE LAMA ASFÁLTICA","2017-10-01","***","***",1.3260000000000001,1.26607502074167,1.1927022584520299,1.2618354709983699]
["EMULSÃO ASFÁLTICA CATIÔNICA DE RUPTURA CONTROLADA PARA SERVIÇO DE LAMA ASFÁLTICA","2017-11-01","***","***","***",1.3512599999999999,"***",1.3512599999999999]
["EMULSÃO ASFÁLTICA CATIÔNICA DE RUPTURA CONTROLADA PARA SERVIÇO DE LAMA ASFÁLTICA","2017-12-01","***","***","***",1.31133872994154,1.1678200000000001,1.2862866875449199]
["EMULSÃO ASFÁLTICA CATIÔNICA DE RUPTURA CONTROLADA PARA SERVIÇO DE LAMA ASFÁLTICA","2018-01-01","***","***","***",1.3656299999999999,"***",1.3656299999999999]
["EMULSÃO ASFÁLTICA CATIÔNICA DE RUPTURA CONTROLADA PARA SERVIÇO DE LAMA ASFÁLTICA","2018-02-01","***","***","***",1.3656299999999999,"***",1.3656299999999999]
["EMULSÃO ASFÁLTICA CATIÔNICA DE RUPTURA CONTROLADA PARA SERVIÇO DE LAMA ASFÁLTICA","2018-03-01","***","***","***",1.36432677653615,1.2826599999999999,1.35743790853576]
["EMULSÃO ASFÁLTICA CATIÔNICA DE RUPTURA CONTROLADA PARA SERVIÇO DE LAMA ASFÁLTICA","2018-04-01","***","***","***",1.3468059623002899,"***",1.3468059623002899]
["EMULSÃO ASFÁLTICA CATIÔNICA DE RUPTURA CONTROLADA PARA SERVIÇO DE LAMA ASFÁLTICA","2018-05-01","***","***","***",1.40157,1.27651,1.36827381243451]
["EMULSÃO ASFÁLTICA CATIÔNICA DE RUPTURA CONTROLADA PARA SERVIÇO DE LAMA ASFÁLTICA","2018-06-01","***",1.7265999999999999,"***",1.46508386454183,"***",1.53998862828714]
["EMULSÃO ASFÁLTICA CATIÔNICA DE RUPTURA CONTROLADA PARA SERVIÇO DE LAMA ASFÁLTICA","2018-07-01","***","***","***","***","***","***"]
["EMULSÃO ASFÁLTICA CATIÔNICA DE RUPTURA CONTROLADA PARA SERVIÇO DE LAMA ASFÁLTICA","2018-08-01","***","***","***","***","***","***"]
["EMULSÃO ASFÁLTICA CATIÔNICA DE RUPTURA CONTROLADA PARA SERVIÇO DE LAMA ASFÁLTICA","2018-09-01","***","***","***","***","***","***"]
["EMULSÃO ASFÁLTICA CATIÔNICA DE RUPTURA CONTROLADA PARA SERVIÇO DE LAMA ASFÁLTICA","2018-10-01","***","***","***","***",1.99068,1.99068]
["EMULSÃO ASFÁLTICA CATIÔNICA DE RUPTURA CONTROLADA PARA SERVIÇO DE LAMA ASFÁLTICA","2018-11-01","***","***","***","***","***","***"]
["EMULSÃO ASFÁLTICA CATIÔNICA DE RUPTURA CONTROLADA PARA SERVIÇO DE LAMA ASFÁLTICA","2018-12-01","***","***","***","***","***","***"]
["EMULSÃO ASFÁLTICA CATIÔNICA DE RUPTURA CONTROLADA PARA SERVIÇO DE LAMA ASFÁLTICA","2019-01-01","***","***","***","***","***","***"]
["EMULSÃO ASFÁLTICA CATIÔNICA DE RUPTURA CONTROLADA PARA SERVIÇO DE LAMA ASFÁLTICA","2019-02-01","***","***","***","***","***","***"]
["EMULSÃO ASFÁLTICA CATIÔNICA DE RUPTURA CONTROLADA PARA SERVIÇO DE LAMA ASFÁLTICA","2019-03-01","***","***","***","***","***","***"]
["EMULSÃO ASFÁLTICA CATIÔNICA DE RUPTURA CONTROLADA PARA SERVIÇO DE LAMA ASFÁLTICA","2019-04-01","***","***","***","***",2.3486199999999999,2.3486199999999999]
["EMULSÃO ASFÁLTICA CATIÔNICA DE RUPTURA CONTROLADA PARA SERVIÇO DE LAMA ASFÁLTICA","2019-05-01","***","***","***","***","***","***"]
["EMULSÃO ASFÁLTICA CATIÔNICA DE RUPTURA CONTROLADA PARA SERVIÇO DE LAMA ASFÁLTICA","2019-06-01","***","***","***","***","***","***"]
["EMULSÃO ASFÁLTICA CATIÔNICA DE RUPTURA CONTROLADA PARA SERVIÇO DE LAMA ASFÁLTICA","2019-07-01","***","***","***","***",2.3182499999999999,2.3182499999999999]
["EMULSÃO ASFÁLTICA CATIÔNICA DE RUPTURA CONTROLADA PARA SERVIÇO DE LAMA ASFÁLTICA","2019-08-01","***","***","***","***",2.3486199999999999,2.3486199999999999]
["EMULSÃO ASFÁLTICA CATIÔNICA DE RUPTURA CONTROLADA PARA SERVIÇO DE LAMA ASFÁLTICA","2019-09-01","***","***","***","***",2.3240099999999999,2.3240099999999999]
["EMULSÃO ASFÁLTICA CATIÔNICA DE RUPTURA CONTROLADA PARA SERVIÇO DE LAMA ASFÁLTICA","2019-10-01","***","***","***","***","***","***"]
["EMULSÃO ASFÁLTICA CATIÔNICA DE RUPTURA CONTROLADA PARA SERVIÇO DE LAMA ASFÁLTICA","2019-11-01","***","***","***",2.6280899999999998,"***",2.6280899999999998]
["EMULSÃO ASFÁLTICA CATIÔNICA DE RUPTURA CONTROLADA PARA SERVIÇO DE LAMA ASFÁLTICA","2019-12-01","***","***","***",2.6280899999999998,"***",2.6280899999999998]
["EMULSÃO ASFÁLTICA CATIÔNICA DE RUPTURA CONTROLADA PARA SERVIÇO DE LAMA ASFÁLTICA","2020-01-01","***",2.0081199999999999,"***","***","***",2.0081199999999999]
["EMULSÃO ASFÁLTICA CATIÔNICA DE RUPTURA CONTROLADA PARA SERVIÇO DE LAMA ASFÁLTICA","2020-02-01","***","***","***",2.6280899999999998,"***",2.6280899999999998]
["EMULSÃO ASFÁLTICA CATIÔNICA DE RUPTURA CONTROLADA PARA SERVIÇO DE LAMA ASFÁLTICA","2020-03-01","***",2.00813,"***","***","***",2.00813]
["EMULSÃO ASFÁLTICA CATIÔNICA DE RUPTURA CONTROLADA PARA SERVIÇO DE LAMA ASFÁLTICA","2020-04-01","***",2.0081199999999999,"***","***","***",2.0081199999999999]
["EMULSÃO ASFÁLTICA CATIÔNICA DE RUPTURA CONTROLADA PARA SERVIÇO DE LAMA ASFÁLTICA","2020-05-01","***",2.0081199999999999,"***",2.6280899999999998,"***",2.41634022653722]
["EMULSÃO ASFÁLTICA CATIÔNICA DE RUPTURA CONTROLADA PARA SERVIÇO DE LAMA ASFÁLTICA","2020-06-01","***","***","***","***","***","***"]
["EMULSÃO ASFÁLTICA CATIÔNICA DE RUPTURA CONTROLADA PARA SERVIÇO DE LAMA ASFÁLTICA","2020-07-01","***","***","***",2.6280899999999998,"***",2.6280899999999998]
["EMULSÃO ASFÁLTICA CATIÔNICA DE RUPTURA CONTROLADA PARA SERVIÇO DE LAMA ASFÁLTICA","2020-08-01","***","***",2.4412500000000001,2.6280899999999998,"***",2.5034011814089299]
["EMULSÃO ASFÁLTICA CATIÔNICA DE RUPTURA CONTROLADA PARA SERVIÇO DE LAMA ASFÁLTICA","2020-09-01","***","***",2.4412500000000001,2.6280899999999998,"***",2.5037925079030598]
["EMULSÃO ASFÁLTICA CATIÔNICA DE RUPTURA CONTROLADA PARA SERVIÇO DE LAMA ASFÁLTICA","2020-10-01","***","***",2.4412500000000001,2.6280899999999998,"***",2.4876601820100199]
["EMULSÃO ASFÁLTICA CATIÔNICA DE RUPTURA CONTROLADA PARA SERVIÇO DE LAMA ASFÁLTICA","2020-11-01","***","***","***",2.6280899999999998,"***",2.6280899999999998]
["EMULSÃO ASFÁLTICA CATIÔNICA DE RUPTURA CONTROLADA PARA SERVIÇO DE LAMA ASFÁLTICA","2020-12-01","***","***",2.5987499999999999,2.4680200000000001,"***",2.5651313138082998]
["EMULSÃO ASFÁLTICA CATIÔNICA DE RUPTURA CONTROLADA PARA SERVIÇO DE LAMA ASFÁLTICA","2021-01-01","***","***","***","***","***","***"]
["EMULSÃO ASFÁLTICA CATIÔNICA DE RUPTURA CONTROLADA PARA SERVIÇO DE LAMA ASFÁLTICA","2021-02-01","***","***","***",2.4680200000000001,"***",2.4680200000000001]
["EMULSÃO ASFÁLTICA CATIÔNICA DE RUPTURA CONTROLADA PARA SERVIÇO DE LAMA ASFÁLTICA","2021-03-01","***","***","***",2.4623599999999999,"***",2.4623599999999999]
["EMULSÃO ASFÁLTICA CATIÔNICA DE RUPTURA CONTROLADA PARA SERVIÇO DE LAMA ASFÁLTICA","2021-04-01","***",2.331,"***","***","***",2.331]
["EMULSÃO ASFÁLTICA CATIÔNICA DE RUPTURA CONTROLADA PARA SERVIÇO DE LAMA ASFÁLTICA","2021-05-01","***","***","***",2.4258099999999998,"***",2.4258099999999998]
["EMULSÃO ASFÁLTICA CATIÔNICA DE RUPTURA CONTROLADA PARA SERVIÇO DE LAMA ASFÁLTICA","2021-06-01","***","***","***",2.4258099999999998,"***",2.4258099999999998]
["EMULSÃO ASFÁLTICA CATIÔNICA DE RUPTURA CONTROLADA PARA SERVIÇO DE LAMA ASFÁLTICA","2021-07-01","***","***","***",2.7059199999999999,"***",2.7059199999999999]
["EMULSÃO ASFÁLTICA CATIÔNICA DE RUPTURA CONTROLADA PARA SERVIÇO DE LAMA ASFÁLTICA","2021-08-01","***","***","***","***","***","***"]
["EMULSÃO ASFÁLTICA CATIÔNICA DE RUPTURA CONTROLADA PARA SERVIÇO DE LAMA ASFÁLTICA","2021-09-01","***","***","***",3.13598,"***",3.13598]
["EMULSÃO ASFÁLTICA CATIÔNICA DE RUPTURA CONTROLADA PARA SERVIÇO DE LAMA ASFÁLTICA","2021-10-01","***","***",3.1943999999999999,"***","***",3.1943999999999999]
["EMULSÃO ASFÁLTICA CATIÔNICA DE RUPTURA CONTROLADA PARA SERVIÇO DE LAMA ASFÁLTICA","2021-11-01","***","***",3.6162040636093602,"***","***",3.6162040636093602]
["EMULSÃO ASFÁLTICA CATIÔNICA DE RUPTURA CONTROLADA PARA SERVIÇO DE LAMA ASFÁLTICA","2021-12-01","***","***",3.74797609085519,"***","***",3.74797609085519]
["EMULSÃO ASFÁLTICA CATIÔNICA DE RUPTURA CONTROLADA PARA SERVIÇO DE LAMA ASFÁLTICA","2022-01-01","***","***","***","***","***","***"]
["EMULSÃO ASFÁLTICA CATIÔNICA DE RUPTURA CONTROLADA PARA SERVIÇO DE LAMA ASFÁLTICA","2022-02-01","***","***","***",3.4192499999999999,"***",3.4192499999999999]
["EMULSÃO ASFÁLTICA CATIÔNICA DE RUPTURA CONTROLADA PARA SERVIÇO DE LAMA ASFÁLTICA","2022-03-01","***","***","***","***","***","***"]
["EMULSÃO ASFÁLTICA CATIÔNICA DE RUPTURA CONTROLADA PARA SERVIÇO DE LAMA ASFÁLTICA","2022-04-01","***","***","***","***","***","***"]
["EMULSÃO ASFÁLTICA CATIÔNICA DE RUPTURA CONTROLADA PARA SERVIÇO DE LAMA ASFÁLTICA","2022-05-01","***","***","***","***","***","***"]
["EMULSÃO ASFÁLTICA CATIÔNICA DE RUPTURA CONTROLADA PARA SERVIÇO DE LAMA ASFÁLTICA","2022-06-01","***","***","***",3.5394700000000001,"***",3.5394700000000001]
["EMULSÃO ASFÁLTICA CATIÔNICA DE RUPTURA CONTROLADA PARA SERVIÇO DE LAMA ASFÁLTICA","2022-07-01","***","***","***",3.5394700000000001,"***",3.5394700000000001]
["EMULSÃO ASFÁLTICA CATIÔNICA DE RUPTURA CONTROLADA PARA SERVIÇO DE LAMA ASFÁLTICA","2022-08-01","***","***","***","***","***","***"]
["EMULSÃO ASFÁLTICA CATIÔNICA DE RUPTURA CONTROLADA PARA SERVIÇO DE LAMA ASFÁLTICA","2022-09-01","***","***","***","***","***","***"]
["EMULSÃO ASFÁLTICA CATIÔNICA DE RUPTURA CONTROLADA PARA SERVIÇO DE LAMA ASFÁLTICA","2022-10-01","***","***","***",3.5979138425357902,"***",3.5979138425357902]
["EMULSÃO ASFÁLTICA CATIÔNICA DE RUPTURA CONTROLADA PARA SERVIÇO DE LAMA ASFÁLTICA","2022-11-01","***","***","***",3.6105,"***",3.6105]
["EMULSÃO ASFÁLTICA CATIÔNICA DE RUPTURA CONTROLADA PARA SERVIÇO DE LAMA ASFÁLTICA","2022-12-01","***","***","***",3.6105,"***",3.6105]
["EMULSÃO ASFÁLTICA CATIÔNICA DE RUPTURA CONTROLADA PARA SERVIÇO DE LAMA ASFÁLTICA","2023-01-01","***","***","***","***","***","***"]
["EMULSÃO ASFÁLTICA CATIÔNICA DE RUPTURA CONTROLADA PARA SERVIÇO DE LAMA ASFÁLTICA","2023-02-01","***","***","***","***","***","***"]
["EMULSÃO ASFÁLTICA CATIÔNICA DE RUPTURA CONTROLADA PARA SERVIÇO DE LAMA ASFÁLTICA","2023-03-01","***","***","***","***","***","***"]
["EMULSÃO ASFÁLTICA CATIÔNICA DE RUPTURA CONTROLADA PARA SERVIÇO DE LAMA ASFÁLTICA","2023-04-01","***","***","***","***","***","***"]
["EMULSÃO ASFÁLTICA CATIÔNICA DE RUPTURA CONTROLADA PARA SERVIÇO DE LAMA ASFÁLTICA","2023-05-01","***","***","***","***","***","***"]
["EMULSÃO ASFÁLTICA CATIÔNICA DE RUPTURA CONTROLADA PARA SERVIÇO DE LAMA ASFÁLTICA","2023-06-01","***","***","***","***","***","***"]
["EMULSÃO ASFÁLTICA CATIÔNICA DE RUPTURA CONTROLADA PARA SERVIÇO DE LAMA ASFÁLTICA","2023-07-01","***","***","***","***","***","***"]
["EMULSÃO ASFÁLTICA CATIÔNICA DE RUPTURA CONTROLADA PARA SERVIÇO DE LAMA ASFÁLTICA","2023-08-01","***","***","***","***","***","***"]
["EMULSÃO ASFÁLTICA DE RUPTURA LENTA CATIÔNICA PARA SERVIÇO DE LAMA ASFÁLTICA","2015-09-01","***","***","***","***","***","***"]
["EMULSÃO ASFÁLTICA DE RUPTURA LENTA CATIÔNICA PARA SERVIÇO DE LAMA ASFÁLTICA","2015-10-01","***","***","***","***","***","***"]
["EMULSÃO ASFÁLTICA DE RUPTURA LENTA CATIÔNICA PARA SERVIÇO DE LAMA ASFÁLTICA","2015-11-01","***","***","***","***","***","***"]
["EMULSÃO ASFÁLTICA DE RUPTURA LENTA CATIÔNICA PARA SERVIÇO DE LAMA ASFÁLTICA","2015-12-01","***","***","***","***","***","***"]
["EMULSÃO ASFÁLTICA DE RUPTURA LENTA CATIÔNICA PARA SERVIÇO DE LAMA ASFÁLTICA","2016-01-01","***","***","***","***","***","***"]
["EMULSÃO ASFÁLTICA DE RUPTURA LENTA CATIÔNICA PARA SERVIÇO DE LAMA ASFÁLTICA","2016-02-01","***","***","***","***","***","***"]
["EMULSÃO ASFÁLTICA DE RUPTURA LENTA CATIÔNICA PARA SERVIÇO DE LAMA ASFÁLTICA","2016-03-01","***","***","***","***","***","***"]
["EMULSÃO ASFÁLTICA DE RUPTURA LENTA CATIÔNICA PARA SERVIÇO DE LAMA ASFÁLTICA","2016-04-01","***","***","***","***","***","***"]
["EMULSÃO ASFÁLTICA DE RUPTURA LENTA CATIÔNICA PARA SERVIÇO DE LAMA ASFÁLTICA","2016-05-01","***","***","***","***","***","***"]
["EMULSÃO ASFÁLTICA DE RUPTURA LENTA CATIÔNICA PARA SERVIÇO DE LAMA ASFÁLTICA","2016-06-01","***","***","***","***","***","***"]
["EMULSÃO ASFÁLTICA DE RUPTURA LENTA CATIÔNICA PARA SERVIÇO DE LAMA ASFÁLTICA","2016-07-01","***","***","***","***","***","***"]
["EMULSÃO ASFÁLTICA DE RUPTURA LENTA CATIÔNICA PARA SERVIÇO DE LAMA ASFÁLTICA","2016-08-01","***","***","***","***","***","***"]
["EMULSÃO ASFÁLTICA DE RUPTURA LENTA CATIÔNICA PARA SERVIÇO DE LAMA ASFÁLTICA","2016-09-01","***","***","***","***","***","***"]
["EMULSÃO ASFÁLTICA DE RUPTURA LENTA CATIÔNICA PARA SERVIÇO DE LAMA ASFÁLTICA","2016-10-01","***","***","***","***","***","***"]
["EMULSÃO ASFÁLTICA DE RUPTURA LENTA CATIÔNICA PARA SERVIÇO DE LAMA ASFÁLTICA","2016-11-01","***","***","***","***","***","***"]
["EMULSÃO ASFÁLTICA DE RUPTURA LENTA CATIÔNICA PARA SERVIÇO DE LAMA ASFÁLTICA","2016-12-01","***","***","***","***","***","***"]
["EMULSÃO ASFÁLTICA DE RUPTURA LENTA CATIÔNICA PARA SERVIÇO DE LAMA ASFÁLTICA","2017-01-01","***","***","***","***","***","***"]
["EMULSÃO ASFÁLTICA DE RUPTURA LENTA CATIÔNICA PARA SERVIÇO DE LAMA ASFÁLTICA","2017-02-01","***","***","***","***","***","***"]
["EMULSÃO ASFÁLTICA DE RUPTURA LENTA CATIÔNICA PARA SERVIÇO DE LAMA ASFÁLTICA","2017-03-01","***","***","***","***","***","***"]
["EMULSÃO ASFÁLTICA DE RUPTURA LENTA CATIÔNICA PARA SERVIÇO DE LAMA ASFÁLTICA","2017-04-01","***","***","***","***","***","***"]
["EMULSÃO ASFÁLTICA DE RUPTURA LENTA CATIÔNICA PARA SERVIÇO DE LAMA ASFÁLTICA","2017-05-01","***","***","***","***","***","***"]
["EMULSÃO ASFÁLTICA DE RUPTURA LENTA CATIÔNICA PARA SERVIÇO DE LAMA ASFÁLTICA","2017-06-01","***","***","***","***","***","***"]
["EMULSÃO ASFÁLTICA DE RUPTURA LENTA CATIÔNICA PARA SERVIÇO DE LAMA ASFÁLTICA","2017-07-01","***","***","***","***","***","***"]
["EMULSÃO ASFÁLTICA DE RUPTURA LENTA CATIÔNICA PARA SERVIÇO DE LAMA ASFÁLTICA","2017-08-01","***","***","***","***","***","***"]
["EMULSÃO ASFÁLTICA DE RUPTURA LENTA CATIÔNICA PARA SERVIÇO DE LAMA ASFÁLTICA","2017-09-01","***","***","***","***","***","***"]
["EMULSÃO ASFÁLTICA DE RUPTURA LENTA CATIÔNICA PARA SERVIÇO DE LAMA ASFÁLTICA","2017-10-01","***","***","***","***","***","***"]
["EMULSÃO ASFÁLTICA DE RUPTURA LENTA CATIÔNICA PARA SERVIÇO DE LAMA ASFÁLTICA","2017-11-01","***","***","***","***","***","***"]
["EMULSÃO ASFÁLTICA DE RUPTURA LENTA CATIÔNICA PARA SERVIÇO DE LAMA ASFÁLTICA","2017-12-01","***","***","***","***","***","***"]
["EMULSÃO ASFÁLTICA DE RUPTURA LENTA CATIÔNICA PARA SERVIÇO DE LAMA ASFÁLTICA","2018-01-01","***","***","***","***","***","***"]
["EMULSÃO ASFÁLTICA DE RUPTURA LENTA CATIÔNICA PARA SERVIÇO DE LAMA ASFÁLTICA","2018-02-01","***","***","***","***","***","***"]
["EMULSÃO ASFÁLTICA DE RUPTURA LENTA CATIÔNICA PARA SERVIÇO DE LAMA ASFÁLTICA","2018-03-01","***","***","***","***","***","***"]
["EMULSÃO ASFÁLTICA DE RUPTURA LENTA CATIÔNICA PARA SERVIÇO DE LAMA ASFÁLTICA","2018-04-01","***","***","***","***","***","***"]
["EMULSÃO ASFÁLTICA DE RUPTURA LENTA CATIÔNICA PARA SERVIÇO DE LAMA ASFÁLTICA","2018-05-01","***","***","***","***","***","***"]
["EMULSÃO ASFÁLTICA DE RUPTURA LENTA CATIÔNICA PARA SERVIÇO DE LAMA ASFÁLTICA","2018-06-01","***","***","***","***","***","***"]
["EMULSÃO ASFÁLTICA DE RUPTURA LENTA CATIÔNICA PARA SERVIÇO DE LAMA ASFÁLTICA","2018-07-01","***","***","***","***","***","***"]
["EMULSÃO ASFÁLTICA DE RUPTURA LENTA CATIÔNICA PARA SERVIÇO DE LAMA ASFÁLTICA","2018-08-01","***","***","***","***","***","***"]
["EMULSÃO ASFÁLTICA DE RUPTURA LENTA CATIÔNICA PARA SERVIÇO DE LAMA ASFÁLTICA","2018-09-01","***","***","***","***","***","***"]
["EMULSÃO ASFÁLTICA DE RUPTURA LENTA CATIÔNICA PARA SERVIÇO DE LAMA ASFÁLTICA","2018-10-01","***","***","***","***","***","***"]
["EMULSÃO ASFÁLTICA DE RUPTURA LENTA CATIÔNICA PARA SERVIÇO DE LAMA ASFÁLTICA","2018-11-01","***","***","***","***","***","***"]
["EMULSÃO ASFÁLTICA DE RUPTURA LENTA CATIÔNICA PARA SERVIÇO DE LAMA ASFÁLTICA","2018-12-01","***","***","***","***","***","***"]
["EMULSÃO ASFÁLTICA DE RUPTURA LENTA CATIÔNICA PARA SERVIÇO DE LAMA ASFÁLTICA","2019-01-01","***","***","***","***","***","***"]
["EMULSÃO ASFÁLTICA DE RUPTURA LENTA CATIÔNICA PARA SERVIÇO DE LAMA ASFÁLTICA","2019-02-01","***","***","***","***","***","***"]
["EMULSÃO ASFÁLTICA DE RUPTURA LENTA CATIÔNICA PARA SERVIÇO DE LAMA ASFÁLTICA","2019-03-01","***","***","***","***","***","***"]
["EMULSÃO ASFÁLTICA DE RUPTURA LENTA CATIÔNICA PARA SERVIÇO DE LAMA ASFÁLTICA","2019-04-01","***","***","***","***","***","***"]
["EMULSÃO ASFÁLTICA DE RUPTURA LENTA CATIÔNICA PARA SERVIÇO DE LAMA ASFÁLTICA","2019-05-01","***","***","***","***","***","***"]
["EMULSÃO ASFÁLTICA DE RUPTURA LENTA CATIÔNICA PARA SERVIÇO DE LAMA ASFÁLTICA","2019-06-01","***","***","***","***","***","***"]
["EMULSÃO ASFÁLTICA DE RUPTURA LENTA CATIÔNICA PARA SERVIÇO DE LAMA ASFÁLTICA","2019-07-01","***","***","***","***","***","***"]
["EMULSÃO ASFÁLTICA DE RUPTURA LENTA CATIÔNICA PARA SERVIÇO DE LAMA ASFÁLTICA","2019-08-01","***","***","***","***","***","***"]
["EMULSÃO ASFÁLTICA DE RUPTURA LENTA CATIÔNICA PARA SERVIÇO DE LAMA ASFÁLTICA","2019-09-01","***","***","***","***","***","***"]
["EMULSÃO ASFÁLTICA DE RUPTURA LENTA CATIÔNICA PARA SERVIÇO DE LAMA ASFÁLTICA","2019-10-01","***","***","***","***","***","***"]
["EMULSÃO ASFÁLTICA DE RUPTURA LENTA CATIÔNICA PARA SERVIÇO DE LAMA ASFÁLTICA","2019-11-01","***","***","***","***","***","***"]
["EMULSÃO ASFÁLTICA DE RUPTURA LENTA CATIÔNICA PARA SERVIÇO DE LAMA ASFÁLTICA","2019-12-01","***","***","***","***","***","***"]
["EMULSÃO ASFÁLTICA DE RUPTURA LENTA CATIÔNICA PARA SERVIÇO DE LAMA ASFÁLTICA","2020-01-01","***","***","***","***","***","***"]
["EMULSÃO ASFÁLTICA DE RUPTURA LENTA CATIÔNICA PARA SERVIÇO DE LAMA ASFÁLTICA","2020-02-01","***","***","***","***","***","***"]
["EMULSÃO ASFÁLTICA DE RUPTURA LENTA CATIÔNICA PARA SERVIÇO DE LAMA ASFÁLTICA","2020-03-01","***","***","***","***","***","***"]
["EMULSÃO ASFÁLTICA DE RUPTURA LENTA CATIÔNICA PARA SERVIÇO DE LAMA ASFÁLTICA","2020-04-01","***","***","***","***","***","***"]
["EMULSÃO ASFÁLTICA DE RUPTURA LENTA CATIÔNICA PARA SERVIÇO DE LAMA ASFÁLTICA","2020-05-01","***","***","***","***","***","***"]
["EMULSÃO ASFÁLTICA DE RUPTURA LENTA CATIÔNICA PARA SERVIÇO DE LAMA ASFÁLTICA","2020-06-01","***","***","***","***","***","***"]
["EMULSÃO ASFÁLTICA DE RUPTURA LENTA CATIÔNICA PARA SERVIÇO DE LAMA ASFÁLTICA","2020-07-01","***","***","***","***","***","***"]
["EMULSÃO ASFÁLTICA DE RUPTURA LENTA CATIÔNICA PARA SERVIÇO DE LAMA ASFÁLTICA","2020-08-01","***","***","***","***","***","***"]
["EMULSÃO ASFÁLTICA DE RUPTURA LENTA CATIÔNICA PARA SERVIÇO DE LAMA ASFÁLTICA","2020-09-01","***","***","***","***","***","***"]
["EMULSÃO ASFÁLTICA DE RUPTURA LENTA CATIÔNICA PARA SERVIÇO DE LAMA ASFÁLTICA","2020-10-01","***","***","***","***","***","***"]
["EMULSÃO ASFÁLTICA DE RUPTURA LENTA CATIÔNICA PARA SERVIÇO DE LAMA ASFÁLTICA","2020-11-01","***","***","***","***","***","***"]
["EMULSÃO ASFÁLTICA DE RUPTURA LENTA CATIÔNICA PARA SERVIÇO DE LAMA ASFÁLTICA","2020-12-01","***","***","***","***","***","***"]
["EMULSÃO ASFÁLTICA DE RUPTURA LENTA CATIÔNICA PARA SERVIÇO DE LAMA ASFÁLTICA","2021-01-01","***","***","***","***","***","***"]
["EMULSÃO ASFÁLTICA DE RUPTURA LENTA CATIÔNICA PARA SERVIÇO DE LAMA ASFÁLTICA","2021-02-01","***","***","***","***","***","***"]
["EMULSÃO ASFÁLTICA DE RUPTURA LENTA CATIÔNICA PARA SERVIÇO DE LAMA ASFÁLTICA","2021-03-01","***","***","***","***","***","***"]
["EMULSÃO ASFÁLTICA DE RUPTURA LENTA CATIÔNICA PARA SERVIÇO DE LAMA ASFÁLTICA","2021-04-01","***","***","***","***","***","***"]
["EMULSÃO ASFÁLTICA DE RUPTURA LENTA CATIÔNICA PARA SERVIÇO DE LAMA ASFÁLTICA","2021-05-01","***","***","***","***","***","***"]
["EMULSÃO ASFÁLTICA DE RUPTURA LENTA CATIÔNICA PARA SERVIÇO DE LAMA ASFÁLTICA","2021-06-01","***","***","***","***","***","***"]
["EMULSÃO ASFÁLTICA DE RUPTURA LENTA CATIÔNICA PARA SERVIÇO DE LAMA ASFÁLTICA","2021-07-01","***","***","***","***","***","***"]
["EMULSÃO ASFÁLTICA DE RUPTURA LENTA CATIÔNICA PARA SERVIÇO DE LAMA ASFÁLTICA","2021-08-01","***","***","***","***","***","***"]
["EMULSÃO ASFÁLTICA DE RUPTURA LENTA CATIÔNICA PARA SERVIÇO DE LAMA ASFÁLTICA","2021-09-01","***","***","***","***","***","***"]
["EMULSÃO ASFÁLTICA DE RUPTURA LENTA CATIÔNICA PARA SERVIÇO DE LAMA ASFÁLTICA","2021-10-01","***","***","***","***","***","***"]
["EMULSÃO ASFÁLTICA DE RUPTURA LENTA CATIÔNICA PARA SERVIÇO DE LAMA ASFÁLTICA","2021-11-01","***","***","***","***","***","***"]
["EMULSÃO ASFÁLTICA DE RUPTURA LENTA CATIÔNICA PARA SERVIÇO DE LAMA ASFÁLTICA","2021-12-01","***","***","***","***","***","***"]
["EMULSÃO ASFÁLTICA DE RUPTURA LENTA CATIÔNICA PARA SERVIÇO DE LAMA ASFÁLTICA","2022-01-01","***","***","***","***","***","***"]
["EMULSÃO ASFÁLTICA DE RUPTURA LENTA CATIÔNICA PARA SERVIÇO DE LAMA ASFÁLTICA","2022-02-01","***","***","***","***","***","***"]
["EMULSÃO ASFÁLTICA DE RUPTURA LENTA CATIÔNICA PARA SERVIÇO DE LAMA ASFÁLTICA","2022-03-01","***","***","***","***","***","***"]
["EMULSÃO ASFÁLTICA DE RUPTURA LENTA CATIÔNICA PARA SERVIÇO DE LAMA ASFÁLTICA","2022-04-01","***","***","***","***","***","***"]
["EMULSÃO ASFÁLTICA DE RUPTURA LENTA CATIÔNICA PARA SERVIÇO DE LAMA ASFÁLTICA","2022-05-01","***","***","***","***","***","***"]
["EMULSÃO ASFÁLTICA DE RUPTURA LENTA CATIÔNICA PARA SERVIÇO DE LAMA ASFÁLTICA","2022-06-01","***","***","***","***","***","***"]
["EMULSÃO ASFÁLTICA DE RUPTURA LENTA CATIÔNICA PARA SERVIÇO DE LAMA ASFÁLTICA","2022-07-01","***","***","***","***","***","***"]
["EMULSÃO ASFÁLTICA DE RUPTURA LENTA CATIÔNICA PARA SERVIÇO DE LAMA ASFÁLTICA","2022-08-01","***","***","***","***","***","***"]
["EMULSÃO ASFÁLTICA DE RUPTURA LENTA CATIÔNICA PARA SERVIÇO DE LAMA ASFÁLTICA","2022-09-01","***","***","***","***","***","***"]
["EMULSÃO ASFÁLTICA DE RUPTURA LENTA CATIÔNICA PARA SERVIÇO DE LAMA ASFÁLTICA","2022-10-01","***","***","***","***","***","***"]
["EMULSÃO ASFÁLTICA DE RUPTURA LENTA CATIÔNICA PARA SERVIÇO DE LAMA ASFÁLTICA","2022-11-01","***","***","***","***","***","***"]
["EMULSÃO ASFÁLTICA DE RUPTURA LENTA CATIÔNICA PARA SERVIÇO DE LAMA ASFÁLTICA","2022-12-01","***","***","***","***","***","***"]
["EMULSÃO ASFÁLTICA DE RUPTURA LENTA CATIÔNICA PARA SERVIÇO DE LAMA ASFÁLTICA","2023-01-01","***","***","***","***","***","***"]
["EMULSÃO ASFÁLTICA DE RUPTURA LENTA CATIÔNICA PARA SERVIÇO DE LAMA ASFÁLTICA","2023-02-01","***","***","***","***","***","***"]
["EMULSÃO ASFÁLTICA DE RUPTURA LENTA CATIÔNICA PARA SERVIÇO DE LAMA ASFÁLTICA","2023-03-01","***","***","***","***","***","***"]
["EMULSÃO ASFÁLTICA DE RUPTURA LENTA CATIÔNICA PARA SERVIÇO DE LAMA ASFÁLTICA","2023-04-01","***","***","***","***","***","***"]
["EMULSÃO ASFÁLTICA DE RUPTURA LENTA CATIÔNICA PARA SERVIÇO DE LAMA ASFÁLTICA","2023-05-01","***","***","***","***","***","***"]
["EMULSÃO ASFÁLTICA DE RUPTURA LENTA CATIÔNICA PARA SERVIÇO DE LAMA ASFÁLTICA","2023-06-01","***","***","***","***","***","***"]
["EMULSÃO ASFÁLTICA DE RUPTURA LENTA CATIÔNICA PARA SERVIÇO DE LAMA ASFÁLTICA","2023-07-01","***","***","***","***","***","***"]
["EMULSÃO ASFÁLTICA DE RUPTURA LENTA CATIÔNICA PARA SERVIÇO DE LAMA ASFÁLTICA","2023-08-01","***","***","***","***","***","***"]
["EMULSÃO ASFÁLTICA DE RUPTURA LENTA DE CARGA NEUTRA PARA SERVIÇO DE LAMA ASFÁLTICA","2015-09-01","***","***","***","***","***","***"]
["EMULSÃO ASFÁLTICA DE RUPTURA LENTA DE CARGA NEUTRA PARA SERVIÇO DE LAMA ASFÁLTICA","2015-10-01","***","***","***","***","***","***"]
["EMULSÃO ASFÁLTICA DE RUPTURA LENTA DE CARGA NEUTRA PARA SERVIÇO DE LAMA ASFÁLTICA","2015-11-01","***","***","***","***","***","***"]
["EMULSÃO ASFÁLTICA DE RUPTURA LENTA DE CARGA NEUTRA PARA SERVIÇO DE LAMA ASFÁLTICA","2015-12-01","***","***","***",1.78091,"***",1.78091]
["EMULSÃO ASFÁLTICA DE RUPTURA LENTA DE CARGA NEUTRA PARA SERVIÇO DE LAMA ASFÁLTICA","2016-01-01","***","***","***","***","***","***"]
["EMULSÃO ASFÁLTICA DE RUPTURA LENTA DE CARGA NEUTRA PARA SERVIÇO DE LAMA ASFÁLTICA","2016-02-01","***","***","***","***","***","***"]
["EMULSÃO ASFÁLTICA DE RUPTURA LENTA DE CARGA NEUTRA PARA SERVIÇO DE LAMA ASFÁLTICA","2016-03-01","***","***","***","***","***","***"]
["EMULSÃO ASFÁLTICA DE RUPTURA LENTA DE CARGA NEUTRA PARA SERVIÇO DE LAMA ASFÁLTICA","2016-04-01","***","***","***","***","***","***"]
["EMULSÃO ASFÁLTICA DE RUPTURA LENTA DE CARGA NEUTRA PARA SERVIÇO DE LAMA ASFÁLTICA","2016-05-01","***","***","***","***","***","***"]
["EMULSÃO ASFÁLTICA DE RUPTURA LENTA DE CARGA NEUTRA PARA SERVIÇO DE LAMA ASFÁLTICA","2016-06-01","***","***","***","***","***","***"]
["EMULSÃO ASFÁLTICA DE RUPTURA LENTA DE CARGA NEUTRA PARA SERVIÇO DE LAMA ASFÁLTICA","2016-07-01","***","***","***","***","***","***"]
["EMULSÃO ASFÁLTICA DE RUPTURA LENTA DE CARGA NEUTRA PARA SERVIÇO DE LAMA ASFÁLTICA","2016-08-01","***","***","***","***","***","***"]
["EMULSÃO ASFÁLTICA DE RUPTURA LENTA DE CARGA NEUTRA PARA SERVIÇO DE LAMA ASFÁLTICA","2016-09-01","***","***","***","***","***","***"]
["EMULSÃO ASFÁLTICA DE RUPTURA LENTA DE CARGA NEUTRA PARA SERVIÇO DE LAMA ASFÁLTICA","2016-10-01","***","***","***","***","***","***"]
["EMULSÃO ASFÁLTICA DE RUPTURA LENTA DE CARGA NEUTRA PARA SERVIÇO DE LAMA ASFÁLTICA","2016-11-01","***","***","***","***","***","***"]
["EMULSÃO ASFÁLTICA DE RUPTURA LENTA DE CARGA NEUTRA PARA SERVIÇO DE LAMA ASFÁLTICA","2016-12-01","***","***","***","***","***","***"]
["EMULSÃO ASFÁLTICA DE RUPTURA LENTA DE CARGA NEUTRA PARA SERVIÇO DE LAMA ASFÁLTICA","2017-01-01","***","***","***","***",1.3629899999999999,1.3629899999999999]
["EMULSÃO ASFÁLTICA DE RUPTURA LENTA DE CARGA NEUTRA PARA SERVIÇO DE LAMA ASFÁLTICA","2017-02-01","***","***","***","***",1.4107400000000001,1.4107400000000001]
["EMULSÃO ASFÁLTICA DE RUPTURA LENTA DE CARGA NEUTRA PARA SERVIÇO DE LAMA ASFÁLTICA","2017-03-01","***","***","***","***",1.4107400000000001,1.4107400000000001]
["EMULSÃO ASFÁLTICA DE RUPTURA LENTA DE CARGA NEUTRA PARA SERVIÇO DE LAMA ASFÁLTICA","2017-04-01","***","***","***",1.28120773177318,"***",1.28120773177318]
["EMULSÃO ASFÁLTICA DE RUPTURA LENTA DE CARGA NEUTRA PARA SERVIÇO DE LAMA ASFÁLTICA","2017-05-01","***","***","***",1.6340114958448799,"***",1.6340114958448799]
["EMULSÃO ASFÁLTICA DE RUPTURA LENTA DE CARGA NEUTRA PARA SERVIÇO DE LAMA ASFÁLTICA","2017-06-01","***","***","***",1.31921,"***",1.31921]
["EMULSÃO ASFÁLTICA DE RUPTURA LENTA DE CARGA NEUTRA PARA SERVIÇO DE LAMA ASFÁLTICA","2017-07-01","***","***","***","***","***","***"]
["EMULSÃO ASFÁLTICA DE RUPTURA LENTA DE CARGA NEUTRA PARA SERVIÇO DE LAMA ASFÁLTICA","2017-08-01","***","***","***",1.9680599999999999,"***",1.9680599999999999]
["EMULSÃO ASFÁLTICA DE RUPTURA LENTA DE CARGA NEUTRA PARA SERVIÇO DE LAMA ASFÁLTICA","2017-09-01","***","***","***","***","***","***"]
["EMULSÃO ASFÁLTICA DE RUPTURA LENTA DE CARGA NEUTRA PARA SERVIÇO DE LAMA ASFÁLTICA","2017-10-01","***","***","***","***","***","***"]
["EMULSÃO ASFÁLTICA DE RUPTURA LENTA DE CARGA NEUTRA PARA SERVIÇO DE LAMA ASFÁLTICA","2017-11-01","***","***","***","***","***","***"]
["EMULSÃO ASFÁLTICA DE RUPTURA LENTA DE CARGA NEUTRA PARA SERVIÇO DE LAMA ASFÁLTICA","2017-12-01","***","***","***","***","***","***"]
["EMULSÃO ASFÁLTICA DE RUPTURA LENTA DE CARGA NEUTRA PARA SERVIÇO DE LAMA ASFÁLTICA","2018-01-01","***","***","***","***","***","***"]
["EMULSÃO ASFÁLTICA DE RUPTURA LENTA DE CARGA NEUTRA PARA SERVIÇO DE LAMA ASFÁLTICA","2018-02-01","***","***","***","***","***","***"]
["EMULSÃO ASFÁLTICA DE RUPTURA LENTA DE CARGA NEUTRA PARA SERVIÇO DE LAMA ASFÁLTICA","2018-03-01","***","***","***","***","***","***"]
["EMULSÃO ASFÁLTICA DE RUPTURA LENTA DE CARGA NEUTRA PARA SERVIÇO DE LAMA ASFÁLTICA","2018-04-01","***","***","***","***","***","***"]
["EMULSÃO ASFÁLTICA DE RUPTURA LENTA DE CARGA NEUTRA PARA SERVIÇO DE LAMA ASFÁLTICA","2018-05-01","***","***","***","***","***","***"]
["EMULSÃO ASFÁLTICA DE RUPTURA LENTA DE CARGA NEUTRA PARA SERVIÇO DE LAMA ASFÁLTICA","2018-06-01","***","***","***","***","***","***"]
["EMULSÃO ASFÁLTICA DE RUPTURA LENTA DE CARGA NEUTRA PARA SERVIÇO DE LAMA ASFÁLTICA","2018-07-01","***","***","***","***","***","***"]
["EMULSÃO ASFÁLTICA DE RUPTURA LENTA DE CARGA NEUTRA PARA SERVIÇO DE LAMA ASFÁLTICA","2018-08-01","***","***","***","***","***","***"]
["EMULSÃO ASFÁLTICA DE RUPTURA LENTA DE CARGA NEUTRA PARA SERVIÇO DE LAMA ASFÁLTICA","2018-09-01","***","***","***","***","***","***"]
["EMULSÃO ASFÁLTICA DE RUPTURA LENTA DE CARGA NEUTRA PARA SERVIÇO DE LAMA ASFÁLTICA","2018-10-01","***","***","***","***","***","***"]
["EMULSÃO ASFÁLTICA DE RUPTURA LENTA DE CARGA NEUTRA PARA SERVIÇO DE LAMA ASFÁLTICA","2018-11-01","***","***","***","***","***","***"]
["EMULSÃO ASFÁLTICA DE RUPTURA LENTA DE CARGA NEUTRA PARA SERVIÇO DE LAMA ASFÁLTICA","2018-12-01","***","***","***","***","***","***"]
["EMULSÃO ASFÁLTICA DE RUPTURA LENTA DE CARGA NEUTRA PARA SERVIÇO DE LAMA ASFÁLTICA","2019-01-01","***","***","***","***","***","***"]
["EMULSÃO ASFÁLTICA DE RUPTURA LENTA DE CARGA NEUTRA PARA SERVIÇO DE LAMA ASFÁLTICA","2019-02-01","***","***","***","***","***","***"]
["EMULSÃO ASFÁLTICA DE RUPTURA LENTA DE CARGA NEUTRA PARA SERVIÇO DE LAMA ASFÁLTICA","2019-03-01","***","***","***","***","***","***"]
["EMULSÃO ASFÁLTICA DE RUPTURA LENTA DE CARGA NEUTRA PARA SERVIÇO DE LAMA ASFÁLTICA","2019-04-01","***","***","***","***","***","***"]
["EMULSÃO ASFÁLTICA DE RUPTURA LENTA DE CARGA NEUTRA PARA SERVIÇO DE LAMA ASFÁLTICA","2019-05-01","***","***","***","***","***","***"]
["EMULSÃO ASFÁLTICA DE RUPTURA LENTA DE CARGA NEUTRA PARA SERVIÇO DE LAMA ASFÁLTICA","2019-06-01","***","***","***","***","***","***"]
["EMULSÃO ASFÁLTICA DE RUPTURA LENTA DE CARGA NEUTRA PARA SERVIÇO DE LAMA ASFÁLTICA","2019-07-01","***","***","***","***","***","***"]
["EMULSÃO ASFÁLTICA DE RUPTURA LENTA DE CARGA NEUTRA PARA SERVIÇO DE LAMA ASFÁLTICA","2019-08-01","***","***","***","***","***","***"]
["EMULSÃO ASFÁLTICA DE RUPTURA LENTA DE CARGA NEUTRA PARA SERVIÇO DE LAMA ASFÁLTICA","2019-09-01","***","***","***","***","***","***"]
["EMULSÃO ASFÁLTICA DE RUPTURA LENTA DE CARGA NEUTRA PARA SERVIÇO DE LAMA ASFÁLTICA","2019-10-01","***","***","***","***","***","***"]
["EMULSÃO ASFÁLTICA DE RUPTURA LENTA DE CARGA NEUTRA PARA SERVIÇO DE LAMA ASFÁLTICA","2019-11-01","***","***","***","***","***","***"]
["EMULSÃO ASFÁLTICA DE RUPTURA LENTA DE CARGA NEUTRA PARA SERVIÇO DE LAMA ASFÁLTICA","2019-12-01","***","***","***","***","***","***"]
["EMULSÃO ASFÁLTICA DE RUPTURA LENTA DE CARGA NEUTRA PARA SERVIÇO DE LAMA ASFÁLTICA","2020-01-01","***","***","***","***","***","***"]
["EMULSÃO ASFÁLTICA DE RUPTURA LENTA DE CARGA NEUTRA PARA SERVIÇO DE LAMA ASFÁLTICA","2020-02-01","***","***","***","***","***","***"]
["EMULSÃO ASFÁLTICA DE RUPTURA LENTA DE CARGA NEUTRA PARA SERVIÇO DE LAMA ASFÁLTICA","2020-03-01","***","***","***","***","***","***"]
["EMULSÃO ASFÁLTICA DE RUPTURA LENTA DE CARGA NEUTRA PARA SERVIÇO DE LAMA ASFÁLTICA","2020-04-01","***","***","***","***","***","***"]
["EMULSÃO ASFÁLTICA DE RUPTURA LENTA DE CARGA NEUTRA PARA SERVIÇO DE LAMA ASFÁLTICA","2020-05-01","***","***","***","***","***","***"]
["EMULSÃO ASFÁLTICA DE RUPTURA LENTA DE CARGA NEUTRA PARA SERVIÇO DE LAMA ASFÁLTICA","2020-06-01","***","***","***","***","***","***"]
["EMULSÃO ASFÁLTICA DE RUPTURA LENTA DE CARGA NEUTRA PARA SERVIÇO DE LAMA ASFÁLTICA","2020-07-01","***","***","***","***","***","***"]
["EMULSÃO ASFÁLTICA DE RUPTURA LENTA DE CARGA NEUTRA PARA SERVIÇO DE LAMA ASFÁLTICA","2020-08-01","***","***","***","***","***","***"]
["EMULSÃO ASFÁLTICA DE RUPTURA LENTA DE CARGA NEUTRA PARA SERVIÇO DE LAMA ASFÁLTICA","2020-09-01","***","***","***","***","***","***"]
["EMULSÃO ASFÁLTICA DE RUPTURA LENTA DE CARGA NEUTRA PARA SERVIÇO DE LAMA ASFÁLTICA","2020-10-01","***","***","***","***","***","***"]
["EMULSÃO ASFÁLTICA DE RUPTURA LENTA DE CARGA NEUTRA PARA SERVIÇO DE LAMA ASFÁLTICA","2020-11-01","***","***","***","***","***","***"]
["EMULSÃO ASFÁLTICA DE RUPTURA LENTA DE CARGA NEUTRA PARA SERVIÇO DE LAMA ASFÁLTICA","2020-12-01","***","***","***","***","***","***"]
["EMULSÃO ASFÁLTICA DE RUPTURA LENTA DE CARGA NEUTRA PARA SERVIÇO DE LAMA ASFÁLTICA","2021-01-01","***","***","***","***","***","***"]
["EMULSÃO ASFÁLTICA DE RUPTURA LENTA DE CARGA NEUTRA PARA SERVIÇO DE LAMA ASFÁLTICA","2021-02-01","***","***","***","***","***","***"]
["EMULSÃO ASFÁLTICA DE RUPTURA LENTA DE CARGA NEUTRA PARA SERVIÇO DE LAMA ASFÁLTICA","2021-03-01","***","***","***","***","***","***"]
["EMULSÃO ASFÁLTICA DE RUPTURA LENTA DE CARGA NEUTRA PARA SERVIÇO DE LAMA ASFÁLTICA","2021-04-01","***","***","***","***","***","***"]
["EMULSÃO ASFÁLTICA DE RUPTURA LENTA DE CARGA NEUTRA PARA SERVIÇO DE LAMA ASFÁLTICA","2021-05-01","***","***","***","***","***","***"]
["EMULSÃO ASFÁLTICA DE RUPTURA LENTA DE CARGA NEUTRA PARA SERVIÇO DE LAMA ASFÁLTICA","2021-06-01","***","***","***","***","***","***"]
["EMULSÃO ASFÁLTICA DE RUPTURA LENTA DE CARGA NEUTRA PARA SERVIÇO DE LAMA ASFÁLTICA","2021-07-01","***","***","***","***","***","***"]
["EMULSÃO ASFÁLTICA DE RUPTURA LENTA DE CARGA NEUTRA PARA SERVIÇO DE LAMA ASFÁLTICA","2021-08-01","***","***","***","***","***","***"]
["EMULSÃO ASFÁLTICA DE RUPTURA LENTA DE CARGA NEUTRA PARA SERVIÇO DE LAMA ASFÁLTICA","2021-09-01","***","***","***","***","***","***"]
["EMULSÃO ASFÁLTICA DE RUPTURA LENTA DE CARGA NEUTRA PARA SERVIÇO DE LAMA ASFÁLTICA","2021-10-01","***","***","***","***","***","***"]
["EMULSÃO ASFÁLTICA DE RUPTURA LENTA DE CARGA NEUTRA PARA SERVIÇO DE LAMA ASFÁLTICA","2021-11-01","***","***","***","***","***","***"]
["EMULSÃO ASFÁLTICA DE RUPTURA LENTA DE CARGA NEUTRA PARA SERVIÇO DE LAMA ASFÁLTICA","2021-12-01","***","***","***","***","***","***"]
["EMULSÃO ASFÁLTICA DE RUPTURA LENTA DE CARGA NEUTRA PARA SERVIÇO DE LAMA ASFÁLTICA","2022-01-01","***","***","***","***","***","***"]
["EMULSÃO ASFÁLTICA DE RUPTURA LENTA DE CARGA NEUTRA PARA SERVIÇO DE LAMA ASFÁLTICA","2022-02-01","***","***","***","***","***","***"]
["EMULSÃO ASFÁLTICA DE RUPTURA LENTA DE CARGA NEUTRA PARA SERVIÇO DE LAMA ASFÁLTICA","2022-03-01","***","***","***","***","***","***"]
["EMULSÃO ASFÁLTICA DE RUPTURA LENTA DE CARGA NEUTRA PARA SERVIÇO DE LAMA ASFÁLTICA","2022-04-01","***","***","***","***","***","***"]
["EMULSÃO ASFÁLTICA DE RUPTURA LENTA DE CARGA NEUTRA PARA SERVIÇO DE LAMA ASFÁLTICA","2022-05-01","***","***","***","***","***","***"]
["EMULSÃO ASFÁLTICA DE RUPTURA LENTA DE CARGA NEUTRA PARA SERVIÇO DE LAMA ASFÁLTICA","2022-06-01","***","***","***","***","***","***"]
["EMULSÃO ASFÁLTICA DE RUPTURA LENTA DE CARGA NEUTRA PARA SERVIÇO DE LAMA ASFÁLTICA","2022-07-01","***","***","***","***","***","***"]
["EMULSÃO ASFÁLTICA DE RUPTURA LENTA DE CARGA NEUTRA PARA SERVIÇO DE LAMA ASFÁLTICA","2022-08-01","***","***","***","***","***","***"]
["EMULSÃO ASFÁLTICA DE RUPTURA LENTA DE CARGA NEUTRA PARA SERVIÇO DE LAMA ASFÁLTICA","2022-09-01","***","***","***","***","***","***"]
["EMULSÃO ASFÁLTICA DE RUPTURA LENTA DE CARGA NEUTRA PARA SERVIÇO DE LAMA ASFÁLTICA","2022-10-01","***","***","***","***","***","***"]
["EMULSÃO ASFÁLTICA DE RUPTURA LENTA DE CARGA NEUTRA PARA SERVIÇO DE LAMA ASFÁLTICA","2022-11-01","***","***","***","***","***","***"]
["EMULSÃO ASFÁLTICA DE RUPTURA LENTA DE CARGA NEUTRA PARA SERVIÇO DE LAMA ASFÁLTICA","2022-12-01","***","***","***","***","***","***"]
["EMULSÃO ASFÁLTICA DE RUPTURA LENTA DE CARGA NEUTRA PARA SERVIÇO DE LAMA ASFÁLTICA","2023-01-01","***","***","***","***","***","***"]
["EMULSÃO ASFÁLTICA DE RUPTURA LENTA DE CARGA NEUTRA PARA SERVIÇO DE LAMA ASFÁLTICA","2023-02-01","***","***","***","***","***","***"]
["EMULSÃO ASFÁLTICA DE RUPTURA LENTA DE CARGA NEUTRA PARA SERVIÇO DE LAMA ASFÁLTICA","2023-03-01","***","***","***","***","***","***"]
["EMULSÃO ASFÁLTICA DE RUPTURA LENTA DE CARGA NEUTRA PARA SERVIÇO DE LAMA ASFÁLTICA","2023-04-01","***","***","***","***","***","***"]
["EMULSÃO ASFÁLTICA DE RUPTURA LENTA DE CARGA NEUTRA PARA SERVIÇO DE LAMA ASFÁLTICA","2023-05-01","***","***","***","***","***","***"]
["EMULSÃO ASFÁLTICA DE RUPTURA LENTA DE CARGA NEUTRA PARA SERVIÇO DE LAMA ASFÁLTICA","2023-06-01","***","***","***","***","***","***"]
["EMULSÃO ASFÁLTICA DE RUPTURA LENTA DE CARGA NEUTRA PARA SERVIÇO DE LAMA ASFÁLTICA","2023-07-01","***","***","***","***","***","***"]
["EMULSÃO ASFÁLTICA DE RUPTURA LENTA DE CARGA NEUTRA PARA SERVIÇO DE LAMA ASFÁLTICA","2023-08-01","***","***","***","***","***","***"]
["EMULSÃO ASFÁLTICA PARA SERVIÇO DE IMPRIMAÇÃO","2015-09-01","***","***",1.4717220003202001,1.4096112734159101,1.4193069532859299,1.4468227401513001]
["EMULSÃO ASFÁLTICA PARA SERVIÇO DE IMPRIMAÇÃO","2015-10-01","***",1.9176,1.78109288612462,1.4955308126593101,1.63226858734976,1.65587358777857]
["EMULSÃO ASFÁLTICA PARA SERVIÇO DE IMPRIMAÇÃO","2015-11-01","***",1.9491000000000001,1.85149701128001,1.54237706511487,1.7165669846000999,1.71116027190515]
["EMULSÃO ASFÁLTICA PARA SERVIÇO DE IMPRIMAÇÃO","2015-12-01","***",1.9329001129943499,1.92898753479955,1.5349218527808099,1.7583001329948,1.7451550601173]
["EMULSÃO ASFÁLTICA PARA SERVIÇO DE IMPRIMAÇÃO","2016-01-01","***",2.0734232378223498,1.7298643690939399,1.5701077270195001,1.8257659849583501,1.73510254236442]
["EMULSÃO ASFÁLTICA PARA SERVIÇO DE IMPRIMAÇÃO","2016-02-01","***","***",1.97325747182754,1.5621659796115801,1.7777156657003499,1.66034949351679]
["EMULSÃO ASFÁLTICA PARA SERVIÇO DE IMPRIMAÇÃO","2016-03-01","***",2.0640000000000001,1.9541233060980501,1.5733089191379399,1.7422350461028699,1.6939279132448899]
["EMULSÃO ASFÁLTICA PARA SERVIÇO DE IMPRIMAÇÃO","2016-04-01","***","***",2.1729798992309699,1.75252581271454,1.80080386305788,1.81468131596182]
["EMULSÃO ASFÁLTICA PARA SERVIÇO DE IMPRIMAÇÃO","2016-05-01","***",1.79192406624606,2.1182285495694702,1.7355234617837001,1.9137052848109799,1.88025979802494]
["EMULSÃO ASFÁLTICA PARA SERVIÇO DE IMPRIMAÇÃO","2016-06-01","***",2.3814000000000002,2.0685431061761901,1.7727581593359101,1.86677041848421,1.8919590595887801]
["EMULSÃO ASFÁLTICA PARA SERVIÇO DE IMPRIMAÇÃO","2016-07-01","***",2.2549342402884802,2.0577237447018799,1.7455767606817201,1.9228265695583699,1.90826669219644]
["EMULSÃO ASFÁLTICA PARA SERVIÇO DE IMPRIMAÇÃO","2016-08-01","***",1.97227991202842,2.0208821239199599,1.8171883423962301,1.8856702864081201,1.91447630357068]
["EMULSÃO ASFÁLTICA PARA SERVIÇO DE IMPRIMAÇÃO","2016-09-01","***",1.56277631597102,1.8440562928702,1.57984450229865,1.6956428947170701,1.69769751630174]
["EMULSÃO ASFÁLTICA PARA SERVIÇO DE IMPRIMAÇÃO","2016-10-01","***",1.3846296727384699,1.8077131125000001,1.5586842050456,1.7103719054645501,1.6861737127229901]
["EMULSÃO ASFÁLTICA PARA SERVIÇO DE IMPRIMAÇÃO","2016-11-01",1.85555067857143,1.5683234213680499,1.88445976981204,1.5028148687110101,1.64546883817561,1.6395871836940501]
["EMULSÃO ASFÁLTICA PARA SERVIÇO DE IMPRIMAÇÃO","2016-12-01",1.8355394829931999,1.7820216889674301,1.7095233511963199,1.46854830530294,1.72954957073542,1.6919890208808701]
["EMULSÃO ASFÁLTICA PARA SERVIÇO DE IMPRIMAÇÃO","2017-01-01",1.8523369286359499,1.9103789201849,1.7347059970384999,1.3295956145425301,1.7152723192149499,1.6610438044154201]
["EMULSÃO ASFÁLTICA PARA SERVIÇO DE IMPRIMAÇÃO","2017-02-01",1.80267,1.6531303859872599,1.6921705934259901,1.5038838855914001,1.6521456953841001,1.63070368962747]
["EMULSÃO ASFÁLTICA PARA SERVIÇO DE IMPRIMAÇÃO","2017-03-01","***",1.8867,1.8112680378486099,1.4228776705346,1.67131046753372,1.5907534057935799]
["EMULSÃO ASFÁLTICA PARA SERVIÇO DE IMPRIMAÇÃO","2017-04-01",1.80267,1.92211126738306,1.90801953519256,1.4540572151287099,1.4810554970551499,1.54220892530197]
["EMULSÃO ASFÁLTICA PARA SERVIÇO DE IMPRIMAÇÃO","2017-05-01","***",1.79872078817167,1.91086057545458,1.4473522046819001,1.5792215321643099,1.6012454388775901]
["EMULSÃO ASFÁLTICA PARA SERVIÇO DE IMPRIMAÇÃO","2017-06-01","***",1.9280420782113299,1.7547227717460001,1.52245076264603,1.61578932044781,1.66262447605665]
["EMULSÃO ASFÁLTICA PARA SERVIÇO DE IMPRIMAÇÃO","2017-07-01","***",1.82005331501444,1.79373939231832,1.5130407463586399,1.5841936541859001,1.6338958205168901]
["EMULSÃO ASFÁLTICA PARA SERVIÇO DE IMPRIMAÇÃO","2017-08-01",2.0585001865378101,1.8604519498001399,1.8188039432332399,1.4662376294908701,1.60240651102712,1.6858944252430701]
["EMULSÃO ASFÁLTICA PARA SERVIÇO DE IMPRIMAÇÃO","2017-09-01",2.1347865658783798,1.9129766073657899,1.7309102069522999,1.495510402361,1.70162081878466,1.63787929608825]
["EMULSÃO ASFÁLTICA PARA SERVIÇO DE IMPRIMAÇÃO","2017-10-01",1.9739520872469201,2.0452770015331598,1.74470053558116,1.50355207947768,1.66494305899069,1.68952131926393]
["EMULSÃO ASFÁLTICA PARA SERVIÇO DE IMPRIMAÇÃO","2017-11-01",2.2336100000000001,2.1274698169846,1.76585979762958,1.59602342440524,1.71492705064428,1.7348380917195401]
["EMULSÃO ASFÁLTICA PARA SERVIÇO DE IMPRIMAÇÃO","2017-12-01",2.0474999999999999,2.1473485538110002,1.8056750821779499,1.50467021548284,1.71330235462573,1.7937160067296001]
["EMULSÃO ASFÁLTICA PARA SERVIÇO DE IMPRIMAÇÃO","2018-01-01","***",2.1136413638684801,1.7047400385048801,1.6615293976952401,1.7933764125799601,1.8390607333859501]
["EMULSÃO ASFÁLTICA PARA SERVIÇO DE IMPRIMAÇÃO","2018-02-01",2.2785099999999998,2.0658926604692298,1.8006337253545499,1.6419065684557499,1.7814624818836799,1.76418558112415]
["EMULSÃO ASFÁLTICA PARA SERVIÇO DE IMPRIMAÇÃO","2018-03-01",2.2487019364214298,2.0861432800225801,1.9422039728402201,1.6115233037469801,1.8381134033956901,1.8777657953658999]
["EMULSÃO ASFÁLTICA PARA SERVIÇO DE IMPRIMAÇÃO","2018-04-01",2.2489575499112702,2.1246864558909699,1.8978037947725099,1.60934676403424,1.8135804273660501,1.80051826689795]
["EMULSÃO ASFÁLTICA PARA SERVIÇO DE IMPRIMAÇÃO","2018-05-01","***",1.6126478213586199,2.0262988983512402,1.72774071879536,1.8867130691136,1.79738566970434]
["EMULSÃO ASFÁLTICA PARA SERVIÇO DE IMPRIMAÇÃO","2018-06-01",2.5311933305099101,1.8966954034680901,2.1122692130857601,1.76360554515652,1.9582836458416,1.95538706551619]
["EMULSÃO ASFÁLTICA PARA SERVIÇO DE IMPRIMAÇÃO","2018-07-01",2.0369999999999999,1.7043749202437299,2.17506248158656,1.8698214052011699,2.0236902374215902,1.9568261828570399]
["EMULSÃO ASFÁLTICA PARA SERVIÇO DE IMPRIMAÇÃO","2018-08-01",2.4222804352806402,2.1440126394777201,2.2640288331904399,1.90460960543855,2.1279229118504199,2.1252186176818899]
["EMULSÃO ASFÁLTICA PARA SERVIÇO DE IMPRIMAÇÃO","2018-09-01",2.33634469257305,2.2616459603713799,2.2680425644164299,1.8891011288312101,2.1329636128967802,2.1162671078665398]
["EMULSÃO ASFÁLTICA PARA SERVIÇO DE IMPRIMAÇÃO","2018-10-01",2.2061509825119199,2.32003500794095,2.25294056291927,1.90938792431003,2.1501177628597299,2.1277288771141101]
["EMULSÃO ASFÁLTICA PARA SERVIÇO DE IMPRIMAÇÃO","2018-11-01","***",2.4775578172097998,2.34724135534554,2.0481819186308798,2.2622156464294201,2.2770121207177501]
["EMULSÃO ASFÁLTICA PARA SERVIÇO DE IMPRIMAÇÃO","2018-12-01",2.6970100000000001,2.4878049135929801,2.2755942229183499,1.9267085426847601,2.27041072905747,2.1773289110451302]
["EMULSÃO ASFÁLTICA PARA SERVIÇO DE IMPRIMAÇÃO","2019-01-01",2.5695340346997799,2.0477524468903798,2.2735389356974398,1.90269708825283,2.2676028906672201,2.1379930658384998]
["EMULSÃO ASFÁLTICA PARA SERVIÇO DE IMPRIMAÇÃO","2019-02-01","***",2.0257277589489702,2.4624917058645401,1.97031963370519,2.3070408404815801,2.15516769789419]
["EMULSÃO ASFÁLTICA PARA SERVIÇO DE IMPRIMAÇÃO","2019-03-01",2.6691099999999999,1.69594363183031,2.5465520276717601,1.95524383135392,2.4281821113268101,2.2045408586361899]
["EMULSÃO ASFÁLTICA PARA SERVIÇO DE IMPRIMAÇÃO","2019-04-01",3.35955,1.98181075143032,2.31256207171131,2.0354331516730602,2.2397450546167499,2.1774734721494]
["EMULSÃO ASFÁLTICA PARA SERVIÇO DE IMPRIMAÇÃO","2019-05-01","***",1.8234970544595701,2.4254257239463199,1.9132360206144201,2.2897054462858102,2.0706776060769201]
["EMULSÃO ASFÁLTICA PARA SERVIÇO DE IMPRIMAÇÃO","2019-06-01",2.25172198391421,2.0564316331744799,2.3626354541824299,1.9853630545154799,2.3117404267678499,2.1754297162835701]
["EMULSÃO ASFÁLTICA PARA SERVIÇO DE IMPRIMAÇÃO","2019-07-01",2.38970422417716,1.9267336846819401,2.3502997148567601,1.8861192366997901,2.3443128931004198,2.1300336245449198]
["EMULSÃO ASFÁLTICA PARA SERVIÇO DE IMPRIMAÇÃO","2019-08-01",2.4204981811922099,1.9366342717638001,2.22895838919391,1.9191860417525901,2.0707519605165698,2.0746355600434798]
["EMULSÃO ASFÁLTICA PARA SERVIÇO DE IMPRIMAÇÃO","2019-09-01","***",1.72595770251872,2.1658361328552602,1.9828711191237101,2.1233871540218598,2.0320109511814399]
["EMULSÃO ASFÁLTICA PARA SERVIÇO DE IMPRIMAÇÃO","2019-10-01",4.5373264802536797,2.42364742909677,2.26993620426112,1.9603570112969799,2.0919216161557301,2.2362857279303801]
["EMULSÃO ASFÁLTICA PARA SERVIÇO DE IMPRIMAÇÃO","2019-11-01",5.6230687732467004,2.6715909938236901,2.7934442152445098,2.0930103721866899,1.99178614320456,2.4255786535411898]
["EMULSÃO ASFÁLTICA PARA SERVIÇO DE IMPRIMAÇÃO","2019-12-01",2.3584000000000001,3.0904484000344801,2.69859818086102,1.99483101942341,2.0674729614924598,2.33883695896635]
["EMULSÃO ASFÁLTICA PARA SERVIÇO DE IMPRIMAÇÃO","2020-01-01",3.67919483158476,4.1110188511601597,2.209046648642,2.2934666147576301,2.1807412851880201,2.36213848327231]
["EMULSÃO ASFÁLTICA PARA SERVIÇO DE IMPRIMAÇÃO","2020-02-01",2.1811774007807401,2.1654909296132399,2.3830260641579302,2.2917209365781699,1.9559190447735799,2.1193258904026702]
["EMULSÃO ASFÁLTICA PARA SERVIÇO DE IMPRIMAÇÃO","2020-03-01",2.1471933954276001,1.9745777774206501,2.29071571668256,2.10349001108266,1.9431246398375099,2.0570322765095401]
["EMULSÃO ASFÁLTICA PARA SERVIÇO DE IMPRIMAÇÃO","2020-04-01",2.0778829341696401,1.7936101341503801,2.2503999009644899,1.8989067760757601,2.0198990328425199,1.9963565137027799]
["EMULSÃO ASFÁLTICA PARA SERVIÇO DE IMPRIMAÇÃO","2020-05-01",2.2555799800760701,1.8382469968106201,2.04921303898035,1.84098405563242,2.1390478487386102,2.00046943520285]
["EMULSÃO ASFÁLTICA PARA SERVIÇO DE IMPRIMAÇÃO","2020-06-01",2.1355224401584301,1.8717526592631799,2.0038524815999601,1.84575685755653,2.1776289934903099,1.9814549341740799]
["EMULSÃO ASFÁLTICA PARA SERVIÇO DE IMPRIMAÇÃO","2020-07-01",2.3472582310469301,1.8385508340644301,2.0749291448471201,1.8187960953023401,2.12074101665897,1.9855505192297001]
["EMULSÃO ASFÁLTICA PARA SERVIÇO DE IMPRIMAÇÃO","2020-08-01",2.33940683484456,1.8707316968504799,2.1051079563256501,1.8215313220069,2.3315088349322699,2.0288077844879902]
["EMULSÃO ASFÁLTICA PARA SERVIÇO DE IMPRIMAÇÃO","2020-09-01",2.3620475670480801,1.8818332306167,2.1206819463732498,1.8097786931062001,2.2764226232558098,2.0419763580939101]
["EMULSÃO ASFÁLTICA PARA SERVIÇO DE IMPRIMAÇÃO","2020-10-01",2.5521439381897202,2.0400156077004299,2.0565348781561998,1.84381367856258,2.1179570786953499,2.0469068041644798]
["EMULSÃO ASFÁLTICA PARA SERVIÇO DE IMPRIMAÇÃO","2020-11-01",2.4177600491974398,2.0188306190867298,2.1679761156056401,1.9405702252841699,2.2862254143170202,2.1147758396697198]
["EMULSÃO ASFÁLTICA PARA SERVIÇO DE IMPRIMAÇÃO","2020-12-01",2.3378236417126801,2.0841264732831002,2.1625742851820999,1.8335132127922,2.2766193632809499,2.0952730475821602]
["EMULSÃO ASFÁLTICA PARA SERVIÇO DE IMPRIMAÇÃO","2021-01-01",2.3472444827586201,2.03755978786916,2.1396080159366502,2.03934610441538,2.23767024207757,2.09541099710873]
["EMULSÃO ASFÁLTICA PARA SERVIÇO DE IMPRIMAÇÃO","2021-02-01",2.3501493848565902,2.0560141157172702,2.1588145218720198,1.98054196622659,2.20364312792552,2.1088280212173101]
["EMULSÃO ASFÁLTICA PARA SERVIÇO DE IMPRIMAÇÃO","2021-03-01",2.3438146077127699,1.9693915225505101,2.1533056388479199,2.0575737712482201,2.41695721726279,2.1614513911194102]
["EMULSÃO ASFÁLTICA PARA SERVIÇO DE IMPRIMAÇÃO","2021-04-01",2.4893339250275601,2.0094747183833102,2.2065015696897601,2.02258255634192,2.3671075612262298,2.1681865962186899]
["EMULSÃO ASFÁLTICA PARA SERVIÇO DE IMPRIMAÇÃO","2021-05-01",2.5603540979658801,2.3435163980556499,2.4579676039360399,2.42672278482293,2.7680441952971302,2.5118451187674999]
["EMULSÃO ASFÁLTICA PARA SERVIÇO DE IMPRIMAÇÃO","2021-06-01",2.59790532033252,2.20699287801735,2.4392551551554398,2.36948999317991,2.65630289651881,2.4059176206771302]
["EMULSÃO ASFÁLTICA PARA SERVIÇO DE IMPRIMAÇÃO","2021-07-01",2.4877789729600099,2.2985659921240602,2.4157101048123502,2.3469507192021601,2.5056567606381801,2.3916177185434599]
["EMULSÃO ASFÁLTICA PARA SERVIÇO DE IMPRIMAÇÃO","2021-08-01",2.74296074520303,2.2921504163658999,2.45817790886887,2.4122336335128098,2.6645593237887599,2.4453203266611001]
["EMULSÃO ASFÁLTICA PARA SERVIÇO DE IMPRIMAÇÃO","2021-09-01",2.7361295292805399,2.3472058621277898,2.5007145940183602,2.4364476848492802,2.7185047802971698,2.4887002947269399]
["EMULSÃO ASFÁLTICA PARA SERVIÇO DE IMPRIMAÇÃO","2021-10-01",2.7711781203321202,2.29979431121764,2.6102565992943201,2.3568543962722002,2.7147784922709599,2.5020403521467598]
["EMULSÃO ASFÁLTICA PARA SERVIÇO DE IMPRIMAÇÃO","2021-11-01",3.2692235431946202,2.4903316498765702,2.7374106313084101,2.68275099639777,3.11938263451888,2.7718410004092502]
["EMULSÃO ASFÁLTICA PARA SERVIÇO DE IMPRIMAÇÃO","2021-12-01",3.0232395197510802,2.4811121239696701,2.8399219184106199,2.7897857359420701,3.0907552560988698,2.7695953079483999]
["EMULSÃO ASFÁLTICA PARA SERVIÇO DE IMPRIMAÇÃO","2022-01-01",3.16666152512878,2.48138777633902,2.7500260733344799,2.8233744563615502,2.8680127154040602,2.7139794918540998]
["EMULSÃO ASFÁLTICA PARA SERVIÇO DE IMPRIMAÇÃO","2022-02-01",3.0130564295865199,2.51154721864821,2.99029021356698,2.8740507177825498,3.2858949624965801,2.7548944818147199]
["EMULSÃO ASFÁLTICA PARA SERVIÇO DE IMPRIMAÇÃO","2022-03-01",2.65306681818182,2.5834505076381,2.9893677349524799,2.9960875739952,3.2109117195300598,2.83877532312431]
["EMULSÃO ASFÁLTICA PARA SERVIÇO DE IMPRIMAÇÃO","2022-04-01",3.1752210021198701,2.9408107035642699,3.3647037660408499,3.0254126235653702,3.3443792665933501,3.13236908635806]
["EMULSÃO ASFÁLTICA PARA SERVIÇO DE IMPRIMAÇÃO","2022-05-01",3.0254911624215999,3.0780428892722802,3.2428600844879498,2.9954721791758301,3.22115479637664,3.1142319039385402]
["EMULSÃO ASFÁLTICA PARA SERVIÇO DE IMPRIMAÇÃO","2022-06-01",3.6042888992827602,2.8092826705882401,3.24215257733462,3.0548692157720301,3.1202498527210101,3.1022324317211201]
["EMULSÃO ASFÁLTICA PARA SERVIÇO DE IMPRIMAÇÃO","2022-07-01",3.4499439039666,3.0348787201779102,3.3563751586174999,3.0616644898099801,3.2482423979123398,3.2208183723553998]
["EMULSÃO ASFÁLTICA PARA SERVIÇO DE IMPRIMAÇÃO","2022-08-01",3.3751389350154999,3.1220525103388699,3.2507862014749702,3.04899168593575,3.0750210139125702,3.1839754819147501]
["EMULSÃO ASFÁLTICA PARA SERVIÇO DE IMPRIMAÇÃO","2022-09-01",3.2297256626561901,2.9600224090719398,3.2255904871979801,3.0296922171785301,2.9285265107581901,3.0928500959824698]
["EMULSÃO ASFÁLTICA PARA SERVIÇO DE IMPRIMAÇÃO","2022-10-01",2.93502309519585,2.9086159784433798,3.1679567346382198,2.8126770393215099,3.01058654182805,2.9896606121757201]
["EMULSÃO ASFÁLTICA PARA SERVIÇO DE IMPRIMAÇÃO","2022-11-01",2.9075154359690001,2.8680256058162499,3.1302584511687499,2.7831191779853302,3.01889291792184,2.9518353931359802]
["EMULSÃO ASFÁLTICA PARA SERVIÇO DE IMPRIMAÇÃO","2022-12-01",3.14608904923639,2.8836224971110198,3.08422760819936,2.6200572645143398,2.9683543685229798,2.94774207296512]
["EMULSÃO ASFÁLTICA PARA SERVIÇO DE IMPRIMAÇÃO","2023-01-01",3.83049295382515,2.6506506503031599,3.7344407531553898,2.93693417043254,2.82373291204404,2.9197665842059899]
["EMULSÃO ASFÁLTICA PARA SERVIÇO DE IMPRIMAÇÃO","2023-02-01",3.4133893972384501,2.4792648831875201,3.1333218813703301,2.6523342416099198,3.1679657370949998,2.8125589134745801]
["EMULSÃO ASFÁLTICA PARA SERVIÇO DE IMPRIMAÇÃO","2023-03-01",3.5901048167945899,2.4145219695785101,2.81836032338509,2.48060247672184,2.5785954413552701,2.60690808071617]
["EMULSÃO ASFÁLTICA PARA SERVIÇO DE IMPRIMAÇÃO","2023-04-01",2.82503129662435,2.5919587799430399,2.6577796107966001,2.58030765480627,2.5932050439301899,2.6128176019535898]
["EMULSÃO ASFÁLTICA PARA SERVIÇO DE IMPRIMAÇÃO","2023-05-01",3.0429693417960801,2.5710268530500802,2.8081399934176901,2.3133460501123801,2.4410065126863301,2.5847333100638301]
["EMULSÃO ASFÁLTICA PARA SERVIÇO DE IMPRIMAÇÃO","2023-06-01",2.9723964454576799,2.2668458757660601,2.6939132050872798,2.2833170288798201,2.53039388478139,2.5360126160424601]
["EMULSÃO ASFÁLTICA PARA SERVIÇO DE IMPRIMAÇÃO","2023-07-01",2.88219847908629,2.2594110713559501,2.7539668765588199,2.2901569172070602,2.5120116433941999,2.55593679784094]
["EMULSÃO ASFÁLTICA PARA SERVIÇO DE IMPRIMAÇÃO","2023-08-01",2.7599007776265299,2.2519800763491,2.7191533246964599,2.24844447207736,2.5402393394585601,2.5142633929458502]
["EMULSÕES ASF. MOD. POR POLÍMEROS RC1C-E","2009-12-01","***",1.12499746220979,1.50120447025721,1.09007987006208,1.1511301498162301,1.16832425337172]
["EMULSÕES ASF. MOD. POR POLÍMEROS RC1C-E","2010-01-01","***",1.12233633371677,1.4157852740584,1.0761393660013301,1.1651924106492899,1.14675307035021]
["EMULSÕES ASF. MOD. POR POLÍMEROS RC1C-E","2010-02-01","***",1.1344336512451301,1.4143909262474399,1.10240851538951,1.1392542378874499,1.15640772236278]
["EMULSÕES ASF. MOD. POR POLÍMEROS RC1C-E","2010-03-01","***",1.1300057804492101,1.3818383980646001,1.12818973823993,1.13401558518054,1.1480818886759301]
["EMULSÕES ASF. MOD. POR POLÍMEROS RC1C-E","2010-04-01","***",1.1171007272807001,1.2989352979825399,1.1023387644332401,1.2256434109430601,1.1585751896097001]
["EMULSÕES ASF. MOD. POR POLÍMEROS RC1C-E","2010-05-01","***",1.11524798976529,1.2936459694096301,1.09188283255284,1.22166012652026,1.1487503352936299]
["EMULSÕES ASF. MOD. POR POLÍMEROS RC1C-E","2010-06-01","***",1.10612930410162,1.2859711135024801,1.0848081888090699,1.22739985995969,1.16769311824822]
["EMULSÕES ASF. MOD. POR POLÍMEROS RC1C-E","2010-07-01","***",1.10203541645352,1.3083709777081201,1.0671102711288301,1.2302566956844001,1.1417610298543801]
["EMULSÕES ASF. MOD. POR POLÍMEROS RC1C-E","2010-08-01","***",1.14772526224784,1.2130715130143199,1.0671942635545499,1.2287279908781299,1.1263273024146201]
["EMULSÕES ASF. MOD. POR POLÍMEROS RC1C-E","2010-09-01","***",1.1240271988604,1.20482078124449,1.0812034053441899,1.2227587568451801,1.14072925743734]
["EMULSÕES ASF. MOD. POR POLÍMEROS RC1C-E","2010-10-01","***",1.12382505243718,1.24027484192166,1.06296248640754,1.22748940715419,1.16058484218999]
["EMULSÕES ASF. MOD. POR POLÍMEROS RC1C-E","2010-11-01","***",1.1271635553184001,1.2599578586370199,1.08343930049643,1.1524361033248001,1.15197065522968]
["EMULSÕES ASF. MOD. POR POLÍMEROS RC1C-E","2010-12-01","***",1.11803150560569,1.2236586101220801,1.07498380074202,1.0954672327393,1.10823103888343]
["EMULSÕES ASF. MOD. POR POLÍMEROS RC1C-E","2011-01-01","***",1.1461730858179699,1.2363849138491501,1.04157965595653,1.0716663188414299,1.0989677141413701]
["EMULSÕES ASF. MOD. POR POLÍMEROS RC1C-E","2011-02-01","***",1.11643029217719,1.2504619394501799,1.0358900782134799,1.02891226600344,1.0539672213759099]
["EMULSÕES ASF. MOD. POR POLÍMEROS RC1C-E","2011-03-01","***",1.11741188324802,1.3198188749214299,1.04193535986567,1.06793064379089,1.0991659220299701]
["EMULSÕES ASF. MOD. POR POLÍMEROS RC1C-E","2011-04-01","***",1.0929120640569401,1.27771953954897,1.0155519392305301,1.03128785413242,1.0613240023224599]
["EMULSÕES ASF. MOD. POR POLÍMEROS RC1C-E","2011-05-01","***",1.1333055436153801,1.3352801227934601,1.0280165911508401,1.03032838549012,1.08293960487634]
["EMULSÕES ASF. MOD. POR POLÍMEROS RC1C-E","2011-06-01","***",1.0548344565617001,1.19472114640336,0.97101998251654198,1.04533414636349,1.0295728794896399]
["EMULSÕES ASF. MOD. POR POLÍMEROS RC1C-E","2011-07-01","***",1.0103309518664301,1.2503282297918199,0.97315089914352504,1.1184684719284399,1.0488825637407699]
["EMULSÕES ASF. MOD. POR POLÍMEROS RC1C-E","2011-08-01","***",1.02435190171222,1.2951791725231001,0.98326954029948099,1.1885867471062099,1.07882296984193]
["EMULSÕES ASF. MOD. POR POLÍMEROS RC1C-E","2011-09-01","***",0.99319086976320603,1.3285561246995099,1.0054746683238001,1.5680614378750399,1.1857470332937701]
["EMULSÕES ASF. MOD. POR POLÍMEROS RC1C-E","2011-10-01","***",0.98000889615917497,1.1289256101957801,1.05219284275616,1.21461367384771,1.0760154636389601]
["EMULSÕES ASF. MOD. POR POLÍMEROS RC1C-E","2011-11-01","***",0.87861219387367495,1.18702022006749,1.0452327747358301,1.37642073427737,1.1040722078712999]
["EMULSÕES ASF. MOD. POR POLÍMEROS RC1C-E","2011-12-01","***",0.94987084953146605,1.2273952102194401,1.0099211100246801,1.5096180565539301,1.14943162067462]
["EMULSÕES ASF. MOD. POR POLÍMEROS RC1C-E","2012-01-01","***",1.02736437128614,1.2084508605769,1.0538665073903699,1.4359563057531299,1.1360094165805701]
["EMULSÕES ASF. MOD. POR POLÍMEROS RC1C-E","2012-02-01","***",1.02659205868243,1.1916650699723601,1.0564662997690699,1.1224067407600999,1.08228532023754]
["EMULSÕES ASF. MOD. POR POLÍMEROS RC1C-E","2012-03-01","***",1.0515732614997999,1.18662293110179,1.1014503311160799,1.1253747536660601,1.10485504824346]
["EMULSÕES ASF. MOD. POR POLÍMEROS RC1C-E","2012-04-01","***",1.0463841142218,1.26604071525577,1.12023465485799,1.19114509882372,1.1305368706566401]
["EMULSÕES ASF. MOD. POR POLÍMEROS RC1C-E","2012-05-01","***",1.0230424666882301,1.2852652099333499,1.1185578521406501,1.13181831797182,1.1268649057851501]
["EMULSÕES ASF. MOD. POR POLÍMEROS RC1C-E","2012-06-01","***",1.0763058022506,1.2673700579357601,1.13153204375949,1.17066427253814,1.15590374887078]
["EMULSÕES ASF. MOD. POR POLÍMEROS RC1C-E","2012-07-01","***",1.0498189945357601,1.3999638502940099,1.1109503301061801,1.2219652017431299,1.16428742853634]
["EMULSÕES ASF. MOD. POR POLÍMEROS RC1C-E","2012-08-01",1.15500398075241,1.0576747971137801,1.40050617608384,1.07722488979127,1.2146278904057499,1.1343902425561501]
["EMULSÕES ASF. MOD. POR POLÍMEROS RC1C-E","2012-09-01",1.3126953851444301,1.07834722358531,1.37116279750472,1.13513647519572,1.1854630869470799,1.1691538300792901]
["EMULSÕES ASF. MOD. POR POLÍMEROS RC1C-E","2012-10-01",1.3394600000000001,1.08269367495618,1.37488430835917,1.11326808899304,1.25260016321649,1.1668020932768599]
["EMULSÕES ASF. MOD. POR POLÍMEROS RC1C-E","2012-11-01","***",1.1480441404825199,1.3833119896723001,1.1337157660561299,1.241603585492,1.1803426317380099]
["EMULSÕES ASF. MOD. POR POLÍMEROS RC1C-E","2012-12-01",1.40892,1.14730879209257,1.34792914585584,1.11683031383159,1.38863209130395,1.1851309792736899]
["EMULSÕES ASF. MOD. POR POLÍMEROS RC1C-E","2013-01-01","***",1.1068925732799499,1.3186500000000001,1.11227137103233,1.2091053703922101,1.13834070121131]
["EMULSÕES ASF. MOD. POR POLÍMEROS RC1C-E","2013-02-01","***",1.12737088359749,1.42346055471874,1.09655131248738,1.2003659579027799,1.14128953476394]
["EMULSÕES ASF. MOD. POR POLÍMEROS RC1C-E","2013-03-01","***",1.1036774407361001,1.65,1.13069476788181,1.2804810097110599,1.16412144274278]
["EMULSÕES ASF. MOD. POR POLÍMEROS RC1C-E","2013-04-01","***",1.12748045298551,1.5576226186625399,1.1483371713035899,1.3054082575941399,1.1976170730110101]
["EMULSÕES ASF. MOD. POR POLÍMEROS RC1C-E","2013-05-01","***",1.15753591247244,1.5446702955223901,1.1811169914917099,1.30212282376137,1.22154078051366]
["EMULSÕES ASF. MOD. POR POLÍMEROS RC1C-E","2013-06-01","***",1.19160578180425,1.5037569421399699,1.1814021519920299,1.2976378910462301,1.23572244953982]
["EMULSÕES ASF. MOD. POR POLÍMEROS RC1C-E","2013-07-01","***",1.2045938195980801,1.42709942869787,1.21424216691154,1.3365954579975099,1.25227822279892]
["EMULSÕES ASF. MOD. POR POLÍMEROS RC1C-E","2013-08-01","***",1.1865055846713899,1.43408452201808,1.2367312882182699,1.3994277430284301,1.2896922295147999]
["EMULSÕES ASF. MOD. POR POLÍMEROS RC1C-E","2013-09-01","***",1.3049627102297701,1.5172540324291801,1.21774259326955,1.27148718941858,1.28646715476299]
["EMULSÕES ASF. MOD. POR POLÍMEROS RC1C-E","2013-10-01",1.184925,1.29127422266307,1.4717286144183599,1.2210210806292601,1.2904612482814599,1.2919139839934599]
["EMULSÕES ASF. MOD. POR POLÍMEROS RC1C-E","2013-11-01","***",1.3021849410156101,1.45789055226924,1.2358621543808499,1.30453267077609,1.2974252460222]
["EMULSÕES ASF. MOD. POR POLÍMEROS RC1C-E","2013-12-01","***",1.34465672701779,1.53807187521577,1.19835550603439,1.3178727799648999,1.3127753370478099]
["EMULSÕES ASF. MOD. POR POLÍMEROS RC1C-E","2014-01-01","***",1.3135002822629001,1.50907146631913,1.22583289506043,1.3093216405833701,1.2985462925217199]
["EMULSÕES ASF. MOD. POR POLÍMEROS RC1C-E","2014-02-01","***",1.35816670014689,1.51066181782697,1.2649584104491201,1.2799914761739,1.31276695067882]
["EMULSÕES ASF. MOD. POR POLÍMEROS RC1C-E","2014-03-01","***",1.3078937482545301,1.42416903092372,1.2365484449166,1.2641022964487401,1.2931454657264201]
["EMULSÕES ASF. MOD. POR POLÍMEROS RC1C-E","2014-04-01","***",1.35100916769752,1.3913668313841701,1.1859426508248201,1.3038012582427401,1.3179735952924501]
["EMULSÕES ASF. MOD. POR POLÍMEROS RC1C-E","2014-05-01","***",1.34512438030022,1.3838800388803401,1.2475926795069301,1.3925420259611001,1.3478947207454]
["EMULSÕES ASF. MOD. POR POLÍMEROS RC1C-E","2014-06-01","***",1.4457758324498899,1.44436043488378,1.2703546503960601,1.4261621354949201,1.38010121167087]
["EMULSÕES ASF. MOD. POR POLÍMEROS RC1C-E","2014-07-01",1.43131814345992,1.4092881457075499,1.4284587611149,1.27490593783948,1.3920441361296201,1.3631387997118001]
["EMULSÕES ASF. MOD. POR POLÍMEROS RC1C-E","2014-08-01",1.445872,1.3466524710729599,1.4195094611929799,1.2828450374475999,1.3820444534859899,1.34916506450572]
["EMULSÕES ASF. MOD. POR POLÍMEROS RC1C-E","2014-09-01",1.40506666666667,1.4309574847278099,1.5297012623350399,1.34519004844408,1.4085876395858099,1.4251755133913]
["EMULSÕES ASF. MOD. POR POLÍMEROS RC1C-E","2014-10-01",1.43727176352705,1.3694041206410199,1.42755635266623,1.23392951959108,1.35448672816661,1.3428969686808201]
["EMULSÕES ASF. MOD. POR POLÍMEROS RC1C-E","2014-11-01",1.4248429381846599,1.4517914383766,1.49359100909441,1.2407457438937,1.4153330790595,1.41487869062133]
["EMULSÕES ASF. MOD. POR POLÍMEROS RC1C-E","2014-12-01",1.5414115747342101,1.43524968870928,1.52407129983459,1.37488143499755,1.4681536818443299,1.4513922105424499]
["EMULSÕES ASF. MOD. POR POLÍMEROS RC1C-E","2015-01-01",1.6640699999999999,1.74766900802016,1.95346446006075,1.69479615780987,1.7240500473481299,1.7601758112705299]
["EMULSÕES ASF. MOD. POR POLÍMEROS RC1C-E","2015-02-01",2.61246,1.55259352377135,1.9965035807379199,1.4764141552968599,1.73954930492107,1.70583446872251]
["EMULSÕES ASF. MOD. POR POLÍMEROS RC1C-E","2015-03-01",2.36525009585253,1.5210053128671699,1.9856847429182201,1.3858565932493701,1.6223108422814101,1.7150667962788999]
["EMULSÕES ASF. MOD. POR POLÍMEROS RC1C-E","2015-04-01",2.0753699999999999,1.3688307012218499,1.8940614236317801,1.3659499220272899,1.5998860078272401,1.5857109353362799]
["EMULSÕES ASF. MOD. POR POLÍMEROS RC1C-E","2015-05-01","***",1.4357438943754399,1.6709046347806999,1.34939914901185,1.6362412373444499,1.48279887456451]
["EMULSÕES ASF. MOD. POR POLÍMEROS RC1C-E","2015-06-01","***",1.36578072105325,1.6981834063204799,1.3989288537307001,1.60595905192883,1.5038110041169299]
["EMULSÕES ASF. MOD. POR POLÍMEROS RC1C-E","2015-07-01",1.49769,1.39297322952376,1.6790018607561299,1.34184246818144,1.55879857770974,1.4511562252105701]
["EMULSÕES ASF. MOD. POR POLÍMEROS RC1C-E","2015-08-01",1.52042744825187,1.48896566437616,1.6824712031468001,1.32876499302947,1.61637210536408,1.5208139012308599]
["EMULSÕES ASF. MOD. POR POLÍMEROS RC1C-E","2015-09-01",1.6019000000000001,1.63411637544201,1.7166617643584301,1.4419594224894301,1.3044542894025,1.4392199992169501]
["EMULSÕES ASF. MOD. POR POLÍMEROS RC1C-E","2015-10-01","***",1.7773064574534001,2.1424040001345901,1.4295409585401799,1.40170765346382,1.48689511530008]
["EMULSÕES ASF. MOD. POR POLÍMEROS RC1C-E","2015-11-01",1.7646999999999999,1.7929059115805901,2.2065135785117298,1.56096659800173,1.6712810007865,1.7161023512156]
["EMULSÕES ASF. MOD. POR POLÍMEROS RC1C-E","2015-12-01",1.7646999999999999,1.65466151130723,2.1055908130269301,1.54223572163442,1.61668204377953,1.6971454661426499]
["EMULSÕES ASF. MOD. POR POLÍMEROS RC1C-E","2016-01-01",2.99236630152518,1.78088306381018,1.8597592382496,1.5274389908398101,1.81461208824956,1.8182656552440599]
["EMULSÕES ASF. MOD. POR POLÍMEROS RC1C-E","2016-02-01",3.1519942195299802,1.8072458197577299,1.8585771072630599,1.5683904112317799,1.8562801449347599,1.8501229811462501]
["EMULSÕES ASF. MOD. POR POLÍMEROS RC1C-E","2016-03-01",3.28706072800709,1.66664472816205,1.84508216504303,1.5569201404190001,1.79387986650245,1.78739151174232]
["EMULSÕES ASF. MOD. POR POLÍMEROS RC1C-E","2016-04-01",3.4336199999999999,1.8097797060439,1.8886648536344299,1.6650924868449399,1.9426649934017399,1.8690073561913201]
["EMULSÕES ASF. MOD. POR POLÍMEROS RC1C-E","2016-05-01",2.6172200000000001,1.8095122972680899,1.7957424536797,1.6998189818034699,1.97440485831695,1.8182263323507899]
["EMULSÕES ASF. MOD. POR POLÍMEROS RC1C-E","2016-06-01",2.7742499999999999,1.59310276470056,1.8162392698751899,1.6574796173095501,1.97644015792467,1.7634669650030199]
["EMULSÕES ASF. MOD. POR POLÍMEROS RC1C-E","2016-07-01",2.7742499999999999,1.66038166900963,1.89799025387858,1.7104181674960299,1.9516712463267001,1.7943855871012899]
["EMULSÕES ASF. MOD. POR POLÍMEROS RC1C-E","2016-08-01",2.7742499999999999,1.63010980568098,1.8540468573555799,1.76578110346159,2.0064788713112498,1.85179570952442]
["EMULSÕES ASF. MOD. POR POLÍMEROS RC1C-E","2016-09-01",2.9049700000000001,1.70150104559211,1.8390729971195099,1.5794951089273099,1.7359205677285401,1.7244356751366401]
["EMULSÕES ASF. MOD. POR POLÍMEROS RC1C-E","2016-10-01",2.9049700000000001,1.74386419442414,1.8475148134032799,1.6467597117611199,1.76501637526596,1.7890765785745699]
["EMULSÕES ASF. MOD. POR POLÍMEROS RC1C-E","2016-11-01",2.6777598692755,1.6858481303812001,1.8454490332873801,1.57916527553482,1.7697974971268999,1.7313882535270699]
["EMULSÕES ASF. MOD. POR POLÍMEROS RC1C-E","2016-12-01",2.1479395296994102,1.62259438158071,1.8404246841686001,1.4753300640789,1.72725058555754,1.6482371352014999]
["EMULSÕES ASF. MOD. POR POLÍMEROS RC1C-E","2017-01-01",2.4670971346394301,1.68588278275001,1.74416837913108,1.4762617329109999,1.7514871180648499,1.65875309172998]
["EMULSÕES ASF. MOD. POR POLÍMEROS RC1C-E","2017-02-01",2.45651324228028,1.63037203968203,1.7786030910475299,1.44506940830108,1.7260976333620499,1.6120705559221]
["EMULSÕES ASF. MOD. POR POLÍMEROS RC1C-E","2017-03-01",2.6826647224859701,1.5725711890982299,1.7609781511268701,1.46816831322286,1.7369340377331901,1.63246361901236]
["EMULSÕES ASF. MOD. POR POLÍMEROS RC1C-E","2017-04-01",2.47166150191571,1.52844013113365,1.8316258591291401,1.4793744315252599,1.79496928910994,1.65313947717513]
["EMULSÕES ASF. MOD. POR POLÍMEROS RC1C-E","2017-05-01",2.0095589148214601,1.4773517563974401,1.8267142130468501,1.46853614775291,1.7769695352528101,1.6135704045936901]
["EMULSÕES ASF. MOD. POR POLÍMEROS RC1C-E","2017-06-01",1.81883280106066,1.4654575838858901,1.67286756481966,1.4589521963407399,1.7685894079076001,1.5926867145766099]
["EMULSÕES ASF. MOD. POR POLÍMEROS RC1C-E","2017-07-01",1.9267870170144901,1.4889938826790301,1.6800667987378599,1.46243710571281,1.71469795979429,1.6168292986577999]
["EMULSÕES ASF. MOD. POR POLÍMEROS RC1C-E","2017-08-01",1.8100617722749199,1.47188518328297,1.7042857808862799,1.4468612990407099,1.74042700522459,1.60318799466335]
["EMULSÕES ASF. MOD. POR POLÍMEROS RC1C-E","2017-09-01",2.3925010677624399,1.66345739377354,1.7004059180767099,1.4469082192732701,1.70356167066486,1.6321422043773399]
["EMULSÕES ASF. MOD. POR POLÍMEROS RC1C-E","2017-10-01",2.3850507335104201,1.7102944995837199,1.63277677001689,1.43345098927722,1.75171742694838,1.6644549339468899]
["EMULSÕES ASF. MOD. POR POLÍMEROS RC1C-E","2017-11-01",2.40272,1.8225563945277199,1.73437416355143,1.5189248656933501,1.7467060351380099,1.6812596393627299]
["EMULSÕES ASF. MOD. POR POLÍMEROS RC1C-E","2017-12-01","***",1.7769609539473701,1.8191803343786299,1.59283587456947,1.7650567202624099,1.7102603031822099]
["EMULSÕES ASF. MOD. POR POLÍMEROS RC1C-E","2018-01-01","***",1.8265724276189499,1.8568667883804799,1.59335042409556,1.8689203762675799,1.72026584689503]
["EMULSÕES ASF. MOD. POR POLÍMEROS RC1C-E","2018-02-01","***",1.7613824564504399,1.70308942457182,1.6070191772531599,1.8369099304673799,1.6962298570587999]
["EMULSÕES ASF. MOD. POR POLÍMEROS RC1C-E","2018-03-01","***",1.6542475779447201,1.8190898887026501,1.61307933105589,1.8181949218303,1.6950212759079899]
["EMULSÕES ASF. MOD. POR POLÍMEROS RC1C-E","2018-04-01","***",1.6775427874592299,1.8668107783018899,1.6367775418189601,1.8525373552009501,1.7267966144481299]
["EMULSÕES ASF. MOD. POR POLÍMEROS RC1C-E","2018-05-01",2.2947600000000001,1.74775955765915,1.9497870117442699,1.6731898783774,1.9803067712531099,1.7862687932961201]
["EMULSÕES ASF. MOD. POR POLÍMEROS RC1C-E","2018-06-01","***",1.7933672410966499,2.0408467630828402,1.7063401664071201,1.9821130546733099,1.86250422108813]
["EMULSÕES ASF. MOD. POR POLÍMEROS RC1C-E","2018-07-01",2.0163000000000002,1.8826945075978501,2.1324877064785999,1.8943761836636599,2.0641378309065899,2.0139423338950602]
["EMULSÕES ASF. MOD. POR POLÍMEROS RC1C-E","2018-08-01",2.1330150582177101,1.98662788088027,2.2509212878245801,2.0822481923243599,2.1488582948203101,2.1445035604351501]
["EMULSÕES ASF. MOD. POR POLÍMEROS RC1C-E","2018-09-01",2.13885167654235,2.0753034745184,2.21860590824306,2.1962254930178702,2.17422922319472,2.17406410143635]
["EMULSÕES ASF. MOD. POR POLÍMEROS RC1C-E","2018-10-01",2.4091915792519698,2.1057688388845199,1.97532175678378,2.18328131869447,2.1484409206479098,2.0964909042871098]
["EMULSÕES ASF. MOD. POR POLÍMEROS RC1C-E","2018-11-01",2.5652820611285301,2.36935501657543,2.5905753546232901,2.2962242472566698,2.3140427472906602,2.4029002206536898]
["EMULSÕES ASF. MOD. POR POLÍMEROS RC1C-E","2018-12-01",2.3493400000000002,2.3018660590798601,2.3176081549820502,2.3307820501027798,2.3912758532667802,2.3343796861813901]
["EMULSÕES ASF. MOD. POR POLÍMEROS RC1C-E","2019-01-01",2.3312499999999998,2.4228769078777099,2.6617262910494599,2.26983755130559,2.3569698319081001,2.4454807661374698]
["EMULSÕES ASF. MOD. POR POLÍMEROS RC1C-E","2019-02-01","***",2.4552651322426402,2.64863370567618,2.6521840175567601,2.3681202229193299,2.5282471593017499]
["EMULSÕES ASF. MOD. POR POLÍMEROS RC1C-E","2019-03-01","***",2.4194593902545898,2.8288140164284301,2.5014575822334599,2.3943784461345401,2.5406140760548799]
["EMULSÕES ASF. MOD. POR POLÍMEROS RC1C-E","2019-04-01","***",2.4452311385273702,2.8108165135231,2.4641380597654998,2.4976747433675599,2.5797790317898701]
["EMULSÕES ASF. MOD. POR POLÍMEROS RC1C-E","2019-05-01","***",2.4267955912537,2.6468966466671402,2.5045540312717902,2.4780850342871998,2.5380524707969201]
["EMULSÕES ASF. MOD. POR POLÍMEROS RC1C-E","2019-06-01",2.95012575830195,2.4976600804693998,2.5252649626875998,2.5174090670887099,2.5332289166706699,2.5270382433855998]
["EMULSÕES ASF. MOD. POR POLÍMEROS RC1C-E","2019-07-01",2.3374567310606098,2.4251416301236999,2.6035848829442299,2.3528772675337599,2.5200139926034,2.4757854537527901]
["EMULSÕES ASF. MOD. POR POLÍMEROS RC1C-E","2019-08-01",2.0994207871728601,2.3521409830424602,2.5834152101813599,2.2668267100027402,2.4340697918652001,2.35156628686254]
["EMULSÕES ASF. MOD. POR POLÍMEROS RC1C-E","2019-09-01",2.10488971741119,2.29444938876432,2.6670596471640202,2.2493492302794502,2.3989068217023402,2.3559136758416201]
["EMULSÕES ASF. MOD. POR POLÍMEROS RC1C-E","2019-10-01",2.38794824249897,2.2691392158049499,2.68435785108412,2.3123320437277401,2.4141647663965502,2.4021783256685501]
["EMULSÕES ASF. MOD. POR POLÍMEROS RC1C-E","2019-11-01",3.2943041667770898,2.3900935937791501,2.57863858175915,2.2923713239680699,2.4344270528951002,2.4130837746663398]
["EMULSÕES ASF. MOD. POR POLÍMEROS RC1C-E","2019-12-01",2.2023600000000001,2.3345212840272902,2.6329710191317099,2.3493017735483699,2.4640666536509999,2.4139018035272701]
["EMULSÕES ASF. MOD. POR POLÍMEROS RC1C-E","2020-01-01",3.6739999999999999,2.2181605096106098,2.6017392832108301,2.2589791286468199,2.4677743473543301,2.3464003222552798]
["EMULSÕES ASF. MOD. POR POLÍMEROS RC1C-E","2020-02-01","***",2.2861759617636799,2.5420464468695698,2.1435248713043,2.3972244000410798,2.2802186122856898]
["EMULSÕES ASF. MOD. POR POLÍMEROS RC1C-E","2020-03-01","***",2.4240241953311101,2.4255268840103001,2.16330138037068,2.3034302204799402,2.2867149240878999]
["EMULSÕES ASF. MOD. POR POLÍMEROS RC1C-E","2020-04-01","***",2.1124749599713901,2.36083612418948,2.2124679166863999,2.3288215678100102,2.2687727190140001]
["EMULSÕES ASF. MOD. POR POLÍMEROS RC1C-E","2020-05-01","***",2.2371542287733202,2.0240588391351801,2.2246649009664901,2.3469379115161102,2.2307520057985499]
["EMULSÕES ASF. MOD. POR POLÍMEROS RC1C-E","2020-06-01",2.19842,2.12331196858737,2.2859282512739898,2.23851653039979,2.1942374247470999,2.2178467082075102]
["EMULSÕES ASF. MOD. POR POLÍMEROS RC1C-E","2020-07-01",2.1141302870019798,2.1696106349994899,2.3415892762084698,2.2059854781764199,2.3231823849348401,2.2482138291115401]
["EMULSÕES ASF. MOD. POR POLÍMEROS RC1C-E","2020-08-01",2.0930528456981699,2.3137248446338798,2.5084267684367898,2.2870791010583602,2.4287316484283301,2.3556193877773901]
["EMULSÕES ASF. MOD. POR POLÍMEROS RC1C-E","2020-09-01",2.1536471547629299,2.29676061267913,2.52139406886872,2.2744366592762599,2.4182144555035299,2.3526803725743499]
["EMULSÕES ASF. MOD. POR POLÍMEROS RC1C-E","2020-10-01",2.3380701104186099,2.2812309624374199,2.6107033606455001,2.3024063269642299,2.4427651243723898,2.4126324285932998]
["EMULSÕES ASF. MOD. POR POLÍMEROS RC1C-E","2020-11-01",2.4722627299416899,2.4773590457414101,2.7745613479626301,2.4002878892406798,2.5289077492448802,2.5054277244287499]
["EMULSÕES ASF. MOD. POR POLÍMEROS RC1C-E","2020-12-01",2.4139746136819902,2.4581990113082299,2.6860123733952102,2.3985008330583599,2.6064185918295499,2.5227810713093999]
["EMULSÕES ASF. MOD. POR POLÍMEROS RC1C-E","2021-01-01",2.3511752584035701,2.45414779412735,2.8905167226183002,2.46748056519924,2.5991788384998298,2.5405241640864098]
["EMULSÕES ASF. MOD. POR POLÍMEROS RC1C-E","2021-02-01",2.5284502380023399,2.5597974788736302,2.8684150537034001,2.6152167382470699,2.7056078350386099,2.6622912296213799]
["EMULSÕES ASF. MOD. POR POLÍMEROS RC1C-E","2021-03-01",2.5213199999999998,2.5618016569365998,2.9692093517890799,2.6054078507218601,2.6852775259111801,2.6543962049536498]
["EMULSÕES ASF. MOD. POR POLÍMEROS RC1C-E","2021-04-01","***",2.6402189940391101,2.7641888526996499,2.56558786958984,2.7505524324511401,2.6738766405884999]
["EMULSÕES ASF. MOD. POR POLÍMEROS RC1C-E","2021-05-01",4.0621999999999998,3.02812945779359,3.0619746122916198,3.0760313350627699,3.2403922046583302,3.1275986787558798]
["EMULSÕES ASF. MOD. POR POLÍMEROS RC1C-E","2021-06-01",3.2018774977494902,3.2717418672727301,3.0668103470024,3.0542375067647001,3.1087813621984801,3.0851901192079101]
["EMULSÕES ASF. MOD. POR POLÍMEROS RC1C-E","2021-07-01",3.0459508317206101,3.1194337327667601,3.2114184362195801,3.1001280697975102,3.0640252643117298,3.12997473157239]
["EMULSÕES ASF. MOD. POR POLÍMEROS RC1C-E","2021-08-01",3.21732891232881,3.1087859834243701,3.4971362663953598,3.3262876450552699,3.1378006720864202,3.32017997578494]
["EMULSÕES ASF. MOD. POR POLÍMEROS RC1C-E","2021-09-01",3.0314576817948402,3.2060753232180601,3.5059866013403802,3.39694437370339,3.2153024629363398,3.3231791685490299]
["EMULSÕES ASF. MOD. POR POLÍMEROS RC1C-E","2021-10-01",3.0856650238163401,3.2189818822489098,3.4591703630263599,3.2942783257452302,3.3339949792630001,3.2974085465009302]
["EMULSÕES ASF. MOD. POR POLÍMEROS RC1C-E","2021-11-01",3.0288667580044399,3.3941555840590598,3.6929049386169299,3.59490884804607,3.5570574144351199,3.5053760829981702]
["EMULSÕES ASF. MOD. POR POLÍMEROS RC1C-E","2021-12-01",3.3622228515836401,3.39618724896612,3.7730994723045601,3.6122170958686199,3.8132931500728602,3.54827976617893]
["EMULSÕES ASF. MOD. POR POLÍMEROS RC1C-E","2022-01-01",3.4506690059356502,3.47022436850781,3.8188361118939,3.56821816868346,3.74563077546276,3.5970630315271701]
["EMULSÕES ASF. MOD. POR POLÍMEROS RC1C-E","2022-02-01",3.43032,3.6864139104211899,4.08326284243189,3.8834123208541902,3.7991991185342799,3.8113028514685401]
["EMULSÕES ASF. MOD. POR POLÍMEROS RC1C-E","2022-03-01",3.95763725763394,3.6759478078203802,4.0053914266391297,3.8356568091855801,3.9054963598235801,3.83930601759026]
["EMULSÕES ASF. MOD. POR POLÍMEROS RC1C-E","2022-04-01",3.6481522042073702,3.81962091642065,4.2570337679286299,4.0358776958832996,4.1842258413041904,4.0335401468979297]
["EMULSÕES ASF. MOD. POR POLÍMEROS RC1C-E","2022-05-01",3.7789313609525998,4.0566069275485201,4.1492163053848801,3.8317878917391099,3.9077019492898102,3.9754420829226]
["EMULSÕES ASF. MOD. POR POLÍMEROS RC1C-E","2022-06-01",3.7420897076866102,3.8482784087594402,4.0891728366553401,3.81187704498155,4.0654621599264198,3.9537725073391599]
["EMULSÕES ASF. MOD. POR POLÍMEROS RC1C-E","2022-07-01",3.7913976382555798,3.9642035546660801,4.1669607830502304,3.85914067340331,3.9695978036040001,4.0002217812824004]
["EMULSÕES ASF. MOD. POR POLÍMEROS RC1C-E","2022-08-01",3.6861991186155998,4.1020259852744703,4.1155652760214299,3.77267280991498,3.92379243683127,3.9814816952537102]
["EMULSÕES ASF. MOD. POR POLÍMEROS RC1C-E","2022-09-01",3.55842689744664,4.2260592333128502,3.9567116246168599,3.6806676878522602,3.8551209785988099,3.8837379896513999]
["EMULSÕES ASF. MOD. POR POLÍMEROS RC1C-E","2022-10-01",3.5622462957237699,3.8060540368300799,3.60906613230105,3.4834645992112998,3.7759549613404499,3.6087696978759101]
["EMULSÕES ASF. MOD. POR POLÍMEROS RC1C-E","2022-11-01",3.6595493871934299,4.0486058436244496,3.9160063511769598,3.5016385492511799,3.6481102649496,3.7892140747457201]
["EMULSÕES ASF. MOD. POR POLÍMEROS RC1C-E","2022-12-01",3.5069335796353598,4.0045537702534304,3.8505299276999301,3.4750259796404102,3.6180403202415801,3.7605520042353699]
["EMULSÕES ASF. MOD. POR POLÍMEROS RC1C-E","2023-01-01",3.4736174796900401,3.49981880856101,3.5830110296085902,3.3157932760782001,3.5328230115160402,3.4501689238461202]
["EMULSÕES ASF. MOD. POR POLÍMEROS RC1C-E","2023-02-01",3.4813048283791801,3.43579825939945,3.7779110493421202,3.25783363260773,3.3240351239409498,3.4728869589765798]
["EMULSÕES ASF. MOD. POR POLÍMEROS RC1C-E","2023-03-01",4.2333559605323003,3.3612850345705101,3.6757527403977499,3.2408996877544101,3.07817731325233,3.3687089268388801]
["EMULSÕES ASF. MOD. POR POLÍMEROS RC1C-E","2023-04-01",3.1256858314196299,3.2173679081671098,3.5564243264137501,3.2739829701817502,3.2133709613797898,3.3334662549669098]
["EMULSÕES ASF. MOD. POR POLÍMEROS RC1C-E","2023-05-01",2.95589899935921,3.2987128104021699,3.4851641439389298,3.27537178779074,3.1359499359473899,3.3162709069279801]
["EMULSÕES ASF. MOD. POR POLÍMEROS RC1C-E","2023-06-01",2.9036140918970701,3.2454031131672099,3.3302020689090801,3.11180545748502,3.0731401981373399,3.2039913910368698]
["EMULSÕES ASF. MOD. POR POLÍMEROS RC1C-E","2023-07-01",3.09610288465954,3.4058632927015302,3.4294210208271898,3.0143352534069798,3.1028822952297399,3.2933831547783798]
["EMULSÕES ASF. MOD. POR POLÍMEROS RC1C-E","2023-08-01",2.9920521495576402,3.3165703171359802,3.4754428670194999,3.0664980455249902,3.09372706681371,3.2870146874295001]
["EMULSÕES ASF. MOD. POR POLÍMEROS RL1C-E","2009-12-01","***",1.02372,1.53202879700688,1.0725852722820799,1.1873441293337299,1.1884002443380901]
["EMULSÕES ASF. MOD. POR POLÍMEROS RL1C-E","2010-01-01","***",1.05856433806985,1.4833595426561099,1.1766507736060701,1.2098515572105499,1.1402030226886699]
["EMULSÕES ASF. MOD. POR POLÍMEROS RL1C-E","2010-02-01","***",1.06011115507641,1.4253430398132501,1.2112000000000001,1.20878747059735,1.1747844091925901]
["EMULSÕES ASF. MOD. POR POLÍMEROS RL1C-E","2010-03-01","***",1.0742376646810099,1.36958065070455,"***",1.17885794195972,1.1462039723038999]
["EMULSÕES ASF. MOD. POR POLÍMEROS RL1C-E","2010-04-01","***",1.0317613108166299,1.2738615472013399,"***",1.19918736935819,1.1410236341851501]
["EMULSÕES ASF. MOD. POR POLÍMEROS RL1C-E","2010-05-01","***",1.02493044551243,1.3160093515283799,"***",1.20810292457739,1.165757941586]
["EMULSÕES ASF. MOD. POR POLÍMEROS RL1C-E","2010-06-01","***",1.0631043347298801,1.2678403583106399,0.85331938903295201,1.18154741952246,1.16926509348378]
["EMULSÕES ASF. MOD. POR POLÍMEROS RL1C-E","2010-07-01","***",1.03014124537514,1.3396218082417699,0.88133898263798904,1.1348330934197599,1.08753193041937]
["EMULSÕES ASF. MOD. POR POLÍMEROS RL1C-E","2010-08-01","***",1.0008433118581199,1.25323885584698,0.89367908611778102,1.1360307643913501,1.1020851863058101]
["EMULSÕES ASF. MOD. POR POLÍMEROS RL1C-E","2010-09-01","***",1.02448110045457,1.2191567172093201,0.91600206581139898,1.15328133968882,1.0868293583499]
["EMULSÕES ASF. MOD. POR POLÍMEROS RL1C-E","2010-10-01","***",0.99910381474841403,1.2534287378104101,0.91820793844492499,1.13739392899826,1.1015761791935199]
["EMULSÕES ASF. MOD. POR POLÍMEROS RL1C-E","2010-11-01","***",0.99885257357077795,1.3123021757622799,0.94102762594718703,1.0996379941987799,1.0879306559197099]
["EMULSÕES ASF. MOD. POR POLÍMEROS RL1C-E","2010-12-01","***",1.0231396751339801,1.30052022630193,0.91044259282444495,1.12768975608433,1.1198107633790599]
["EMULSÕES ASF. MOD. POR POLÍMEROS RL1C-E","2011-01-01","***",1.06846,1.2599507571965001,0.91578308182784296,1.0876344415450501,1.0829109222756099]
["EMULSÕES ASF. MOD. POR POLÍMEROS RL1C-E","2011-02-01","***",1.04683883590308,1.27891255451713,1.1173999999999999,1.0867935045916399,1.10150046394676]
["EMULSÕES ASF. MOD. POR POLÍMEROS RL1C-E","2011-03-01","***",1.0460136032535701,1.1934748785554501,0.99345000000000006,1.0815850919791701,1.07787457508507]
["EMULSÕES ASF. MOD. POR POLÍMEROS RL1C-E","2011-04-01","***",0.95189000000000001,1.1650715850256499,0.89339999999999997,1.0602631704160399,1.0759705966281401]
["EMULSÕES ASF. MOD. POR POLÍMEROS RL1C-E","2011-05-01","***",1.02355,1.16605635132695,1.0630999999999999,1.09033366092263,1.1091373603811501]
["EMULSÕES ASF. MOD. POR POLÍMEROS RL1C-E","2011-06-01","***",1.00377289232968,1.13942556846094,1.0609999999999999,1.0993444397401699,1.08799291388611]
["EMULSÕES ASF. MOD. POR POLÍMEROS RL1C-E","2011-07-01","***",0.98571022166029199,1.0900742239880801,1.0712591127453901,1.1018255326189701,1.05904637892614]
["EMULSÕES ASF. MOD. POR POLÍMEROS RL1C-E","2011-08-01","***",0.94731756454426597,1.17469025399079,0.98680393507410002,1.0721306054655,1.0598281922072099]
["EMULSÕES ASF. MOD. POR POLÍMEROS RL1C-E","2011-09-01","***","***",1.11943947298185,1.0455405689277899,1.10816434480589,1.1082915971565499]
["EMULSÕES ASF. MOD. POR POLÍMEROS RL1C-E","2011-10-01","***",0.91261416114011595,1.08694315893563,0.87043494070053795,1.1025805803126101,1.06906167484043]
["EMULSÕES ASF. MOD. POR POLÍMEROS RL1C-E","2011-11-01","***",0.96307110328638501,1.0956991098062401,0.82738093228115295,1.13490482878934,1.08832049265173]
["EMULSÕES ASF. MOD. POR POLÍMEROS RL1C-E","2011-12-01","***",0.87379249716958396,1.09670031353882,1.0433358486325699,1.1588617784986299,1.1092314194655899]
["EMULSÕES ASF. MOD. POR POLÍMEROS RL1C-E","2012-01-01","***","***",1.08777384102279,1.04618839590444,1.0858484249456199,1.07627433910864]
["EMULSÕES ASF. MOD. POR POLÍMEROS RL1C-E","2012-02-01","***","***",1.1836433061778699,"***",1.070906533489,1.08364471215434]
["EMULSÕES ASF. MOD. POR POLÍMEROS RL1C-E","2012-03-01","***","***",1.08428804030155,"***",1.10598141270474,1.09869704131771]
["EMULSÕES ASF. MOD. POR POLÍMEROS RL1C-E","2012-04-01","***","***",1.1095409232381701,"***",1.1891202597675199,1.1323532602873101]
["EMULSÕES ASF. MOD. POR POLÍMEROS RL1C-E","2012-05-01","***",0.94464999999999999,1.0985139076863899,1.0165,1.1673181224093301,1.1063662681290201]
["EMULSÕES ASF. MOD. POR POLÍMEROS RL1C-E","2012-06-01","***",0.96163194501718197,1.1610579314645799,1.0449486045869001,1.1351775865842599,1.1495860253379]
["EMULSÕES ASF. MOD. POR POLÍMEROS RL1C-E","2012-07-01","***",0.95782,1.20186631720652,1.0507806641053801,1.0943033887453999,1.1774784353543699]
["EMULSÕES ASF. MOD. POR POLÍMEROS RL1C-E","2012-08-01","***","***",1.2327306087545,0.99990000000000001,1.1369150781755899,1.21083986631467]
["EMULSÕES ASF. MOD. POR POLÍMEROS RL1C-E","2012-09-01","***",1.06264,1.24210901506649,1.0613484135009601,1.13718576429012,1.2218442919201999]
["EMULSÕES ASF. MOD. POR POLÍMEROS RL1C-E","2012-10-01","***",1.06264,1.2356809522188199,1.0208371123311899,1.14673942871428,1.18518694672476]
["EMULSÕES ASF. MOD. POR POLÍMEROS RL1C-E","2012-11-01","***","***",1.25161651784923,1.0393833142939899,1.1776342498799499,1.15573267567824]
["EMULSÕES ASF. MOD. POR POLÍMEROS RL1C-E","2012-12-01","***","***",1.26080665005125,0.92764503297442802,1.1125656335509,1.0706652442940101]
["EMULSÕES ASF. MOD. POR POLÍMEROS RL1C-E","2013-01-01","***",0.91137000000000001,1.1786000000000001,0.99685999999999997,1.1580527418864699,1.09044609557522]
["EMULSÕES ASF. MOD. POR POLÍMEROS RL1C-E","2013-02-01","***","***",1.08151613315284,1.1008590455105101,1.1231977079541,1.1050251623562599]
["EMULSÕES ASF. MOD. POR POLÍMEROS RL1C-E","2013-03-01","***",0.91446000000000005,1.0062090809806501,1.08684896313199,1.1539998541265499,1.0661443555257]
["EMULSÕES ASF. MOD. POR POLÍMEROS RL1C-E","2013-04-01","***",0.91446200406917599,1.1475921826932001,1.06400572837299,1.2329232492304401,1.12373083091149]
["EMULSÕES ASF. MOD. POR POLÍMEROS RL1C-E","2013-05-01","***",1.0515300000000001,1.1847372746365901,1.0685726644298801,1.3428819771132701,1.1470955183867799]
["EMULSÕES ASF. MOD. POR POLÍMEROS RL1C-E","2013-06-01","***","***",1.18451575300541,1.1283487636984999,1.29492310387865,1.1656755304300299]
["EMULSÕES ASF. MOD. POR POLÍMEROS RL1C-E","2013-07-01","***",0.996,1.1975379437520399,1.12380053127929,1.2241393749368701,1.1628061949169399]
["EMULSÕES ASF. MOD. POR POLÍMEROS RL1C-E","2013-08-01","***",0.99602508029468495,1.2494124699445399,1.1381202124825101,1.31140371070456,1.2008906508938499]
["EMULSÕES ASF. MOD. POR POLÍMEROS RL1C-E","2013-09-01","***",1.1312323170283201,1.2520634154815899,1.1853845557046101,1.35304437193919,1.2345506473113601]
["EMULSÕES ASF. MOD. POR POLÍMEROS RL1C-E","2013-10-01","***",1.1170576754599399,1.19456345530638,1.1288564182235401,1.3929916235481801,1.1954086202523599]
["EMULSÕES ASF. MOD. POR POLÍMEROS RL1C-E","2013-11-01","***",1.1294503123764299,1.2519725951049701,1.17196572419677,1.37266707393244,1.25415063206968]
["EMULSÕES ASF. MOD. POR POLÍMEROS RL1C-E","2013-12-01","***",1.1294500000000001,1.29899920063526,1.15737138840232,1.28797340918211,1.2754914845247101]
["EMULSÕES ASF. MOD. POR POLÍMEROS RL1C-E","2014-01-01","***",1.1427700000000001,1.3723949379063001,1.2065040179659301,1.2560600893632099,1.2796878995334899]
["EMULSÕES ASF. MOD. POR POLÍMEROS RL1C-E","2014-02-01","***",1.1435999999999999,1.22997570859613,1.0373113472047699,1.2104255884820401,1.1626653722061899]
["EMULSÕES ASF. MOD. POR POLÍMEROS RL1C-E","2014-03-01","***",1.0318791973792001,1.23039932883523,0.88554223733187798,1.22022211098083,1.11592925794139]
["EMULSÕES ASF. MOD. POR POLÍMEROS RL1C-E","2014-04-01","***",0.90585623119706704,1.2149793114112599,0.92704144131777599,1.2350792663712999,1.1359471071960401]
["EMULSÕES ASF. MOD. POR POLÍMEROS RL1C-E","2014-05-01","***",1.2575226858047699,1.26972506390299,1.1120662833189101,1.2355571974202699,1.24506862691688]
["EMULSÕES ASF. MOD. POR POLÍMEROS RL1C-E","2014-06-01","***",1.41827972600805,1.26734193029139,1.0924872267518499,1.26617093472429,1.257600567608]
["EMULSÕES ASF. MOD. POR POLÍMEROS RL1C-E","2014-07-01",1.3551990909090901,1.2211681745416301,1.1032238759689901,0.95883557624879701,1.28049935406091,1.1086851890767699]
["EMULSÕES ASF. MOD. POR POLÍMEROS RL1C-E","2014-08-01",1.5751900000000001,1.0261367597896001,1.00149990506685,0.92555602109905699,1.3060651703989901,1.0159736662629]
["EMULSÕES ASF. MOD. POR POLÍMEROS RL1C-E","2014-09-01","***",1.2340196189458601,1.26976946584893,0.93070352203777895,1.2957578748734599,1.25070849302765]
["EMULSÕES ASF. MOD. POR POLÍMEROS RL1C-E","2014-10-01",0.89761999999999997,1.13228579540203,1.1353704149636199,0.98688067924018696,1.2213153519500899,1.1171651157108]
["EMULSÕES ASF. MOD. POR POLÍMEROS RL1C-E","2014-11-01",0.90525422756857099,1.0102064800935899,1.1436818341108701,1.03475676792224,1.23729763971549,1.1227517123499899]
["EMULSÕES ASF. MOD. POR POLÍMEROS RL1C-E","2014-12-01",0.99155000000000004,1.62385563641764,1.1079518408519999,1.31986772499216,1.3846824844893699,1.1692689852378499]
["EMULSÕES ASF. MOD. POR POLÍMEROS RL1C-E","2015-01-01","***",1.77830580418935,1.5561981455564899,1.20302,1.2411163247657899,1.5202013773123999]
["EMULSÕES ASF. MOD. POR POLÍMEROS RL1C-E","2015-02-01","***",1.49,1.2777296307744399,1.5636399999999999,1.5058953171659499,1.37085030952104]
["EMULSÕES ASF. MOD. POR POLÍMEROS RL1C-E","2015-03-01","***",1.37090535762823,1.3892457247013801,1.56853,1.31797092297262,1.36411314209016]
["EMULSÕES ASF. MOD. POR POLÍMEROS RL1C-E","2015-04-01","***",1.22347869895193,1.5086420250719299,1.5361199999999999,1.42247020857229,1.40280493041073]
["EMULSÕES ASF. MOD. POR POLÍMEROS RL1C-E","2015-05-01","***",1.19593483776205,1.4442483338009999,1.4889499559424899,1.40427372304854,1.4296351374724501]
["EMULSÕES ASF. MOD. POR POLÍMEROS RL1C-E","2015-06-01","***","***",1.4436429114437199,1.5652600000000001,1.2760637018271801,1.3871328278489199]
["EMULSÕES ASF. MOD. POR POLÍMEROS RL1C-E","2015-07-01","***",1.86,1.1767506854349401,1.10297216882706,1.21868311373363,1.1926282196481199]
["EMULSÕES ASF. MOD. POR POLÍMEROS RL1C-E","2015-08-01","***","***",1.50629502001983,1.2201866003105999,1.3974525874055901,1.47559432602019]
["EMULSÕES ASF. MOD. POR POLÍMEROS RL1C-E","2015-09-01",1.5380985564212599,"***",1.49765239441692,1.28326472765771,1.3325103389830499,1.4713935424108999]
["EMULSÕES ASF. MOD. POR POLÍMEROS RL1C-E","2015-10-01",1.5396269727967999,1.2050875761689299,1.5299030718876001,1.1300515825449,1.5969199999999999,1.4358391347395401]
["EMULSÕES ASF. MOD. POR POLÍMEROS RL1C-E","2015-11-01",1.70207,1.7858595718574599,1.80879359708831,1.6165712852807801,1.67411,1.7531095933060401]
["EMULSÕES ASF. MOD. POR POLÍMEROS RL1C-E","2015-12-01",1.7815984279338399,"***",1.7082612294228501,1.74004048435273,1.4354612531098601,1.7101024379973]
["EMULSÕES ASF. MOD. POR POLÍMEROS RL1C-E","2016-01-01","***","***",1.7428976843664401,1.2707541606648201,1.4631744138965299,1.4628378597924101]
["EMULSÕES ASF. MOD. POR POLÍMEROS RL1C-E","2016-02-01",1.64945016949153,"***",1.5879340297453399,1.6785759904249,1.6273618047406699,1.6130966812411101]
["EMULSÕES ASF. MOD. POR POLÍMEROS RL1C-E","2016-03-01",1.6285464620346799,"***",1.71725456544276,1.5488984309623399,1.35365,1.6878617735699599]
["EMULSÕES ASF. MOD. POR POLÍMEROS RL1C-E","2016-04-01",1.67350150997151,2.37,1.95558949252067,"***",1.54168325401668,1.92025312531377]
["EMULSÕES ASF. MOD. POR POLÍMEROS RL1C-E","2016-05-01",1.6943673673036099,"***",1.9866646248415201,1.59203424337621,1.7001699090773601,1.7926031482698099]
["EMULSÕES ASF. MOD. POR POLÍMEROS RL1C-E","2016-06-01",1.64098449833912,"***",2.0489585514061099,1.51880381587987,1.59189089277128,1.7569017317193201]
["EMULSÕES ASF. MOD. POR POLÍMEROS RL1C-E","2016-07-01",1.6417052606929601,"***",2.0133568501586501,1.43980942060614,1.4557978095022299,1.71238688840279]
["EMULSÕES ASF. MOD. POR POLÍMEROS RL1C-E","2016-08-01",1.68981234066147,"***",1.9006425267419,1.49489101021663,1.4560500000000001,1.7865810387402701]
["EMULSÕES ASF. MOD. POR POLÍMEROS RL1C-E","2016-09-01",1.46652057853768,"***",1.7634790837596901,1.4484578613046999,1.371,1.6775573362278999]
["EMULSÕES ASF. MOD. POR POLÍMEROS RL1C-E","2016-10-01",1.42183819018068,1.45,1.8214070417599399,2.1332006929818998,1.371,1.77924254506109]
["EMULSÕES ASF. MOD. POR POLÍMEROS RL1C-E","2016-11-01",1.43159491677241,"***",2.29057699099141,1.9188216083230301,1.371,2.18802847457401]
["EMULSÕES ASF. MOD. POR POLÍMEROS RL1C-E","2016-12-01","***","***",2.1212619321389998,1.8762455214723901,1.3709784314568101,2.0058506686384701]
["EMULSÕES ASF. MOD. POR POLÍMEROS RL1C-E","2017-01-01","***","***",2.3381669244238998,1.94046029220779,1.37097,2.0445144983802401]
["EMULSÕES ASF. MOD. POR POLÍMEROS RL1C-E","2017-02-01","***","***",2.0834266814612499,2.2105811094265602,1.37097,2.0984078736021399]
["EMULSÕES ASF. MOD. POR POLÍMEROS RL1C-E","2017-03-01","***","***",2.2534733621409502,2.2575663935238701,1.37097,2.06080859087478]
["EMULSÕES ASF. MOD. POR POLÍMEROS RL1C-E","2017-04-01","***","***",2.4231083170994201,2.0476681668672301,1.3665799999999999,2.1981441615421198]
["EMULSÕES ASF. MOD. POR POLÍMEROS RL1C-E","2017-05-01",1.3653200000000001,"***",2.1939963383485002,2.1691381043784599,1.3665799999999999,1.96303810674746]
["EMULSÕES ASF. MOD. POR POLÍMEROS RL1C-E","2017-06-01",1.37872722246951,"***",2.18126427380989,1.8735071761322799,"***",2.0261925595716699]
["EMULSÕES ASF. MOD. POR POLÍMEROS RL1C-E","2017-07-01",1.37233,"***",2.1024764568534602,1.7797273981611501,"***",2.0559084473949301]
["EMULSÕES ASF. MOD. POR POLÍMEROS RL1C-E","2017-08-01","***","***",1.9042397207311299,2.1384462953462799,"***",1.9085097781760501]
["EMULSÕES ASF. MOD. POR POLÍMEROS RL1C-E","2017-09-01",1.38057568696045,"***",2.0671421431496602,2.0418639999782,"***",2.0376404485622599]
["EMULSÕES ASF. MOD. POR POLÍMEROS RL1C-E","2017-10-01",1.41238874920365,"***",2.0408992667471302,2.24841138146299,"***",2.0695592481067302]
["EMULSÕES ASF. MOD. POR POLÍMEROS RL1C-E","2017-11-01",1.4712700000000001,1.55925,2.1338326546177799,2.2470739929002099,"***",2.1078730343187102]
["EMULSÕES ASF. MOD. POR POLÍMEROS RL1C-E","2017-12-01",1.4712700000000001,1.55925,2.1898316519877699,2.3804582183908001,"***",2.1280098010294699]
["EMULSÕES ASF. MOD. POR POLÍMEROS RL1C-E","2018-01-01","***","***",1.61456661494328,"***","***",1.61456661494328]
["EMULSÕES ASF. MOD. POR POLÍMEROS RL1C-E","2018-02-01","***","***",1.5872762062718599,"***","***",1.5872762062718599]
["EMULSÕES ASF. MOD. POR POLÍMEROS RL1C-E","2018-03-01","***","***",1.6476296609202401,"***","***",1.6476296609202401]
["EMULSÕES ASF. MOD. POR POLÍMEROS RL1C-E","2018-04-01","***","***",1.6252411006218801,1.6180600000000001,"***",1.6246885083001501]
["EMULSÕES ASF. MOD. POR POLÍMEROS RL1C-E","2018-05-01","***","***",1.58774896379801,"***","***",1.58774896379801]
["EMULSÕES ASF. MOD. POR POLÍMEROS RL1C-E","2018-06-01","***","***",1.8329303347374499,"***","***",1.8329303347374499]
["EMULSÕES ASF. MOD. POR POLÍMEROS RL1C-E","2018-07-01","***","***",1.90748023170014,2.3034400000000002,"***",1.9439239470343599]
["EMULSÕES ASF. MOD. POR POLÍMEROS RL1C-E","2018-08-01",1.927,"***",2.0378398860593898,"***","***",2.03585279595434]
["EMULSÕES ASF. MOD. POR POLÍMEROS RL1C-E","2018-09-01","***","***",2.1855527269408102,"***","***",2.1855527269408102]
["EMULSÕES ASF. MOD. POR POLÍMEROS RL1C-E","2018-10-01","***",1.9805600000000001,2.0937629132932698,1.968,"***",2.0864472267643501]
["EMULSÕES ASF. MOD. POR POLÍMEROS RL1C-E","2018-11-01","***",2.2325599999999999,2.3583192448645902,2.1648000000000001,"***",2.3352712410487602]
["EMULSÕES ASF. MOD. POR POLÍMEROS RL1C-E","2018-12-01","***",2.0299999999999998,2.0715596498970301,"***","***",2.0518467754407701]
["EMULSÕES ASF. MOD. POR POLÍMEROS RL1C-E","2019-01-01","***",2.2325599999999999,2.36386575873588,"***","***",2.3505173582170098]
["EMULSÕES ASF. MOD. POR POLÍMEROS RL1C-E","2019-02-01","***","***",2.5128929826950799,"***",2.18248,2.5122325265851102]
["EMULSÕES ASF. MOD. POR POLÍMEROS RL1C-E","2019-03-01","***","***",2.5525698418345799,"***","***",2.5525698418345799]
["EMULSÕES ASF. MOD. POR POLÍMEROS RL1C-E","2019-04-01","***","***",2.5190075848513902,"***","***",2.5190075848513902]
["EMULSÕES ASF. MOD. POR POLÍMEROS RL1C-E","2019-05-01","***","***",2.5947528566365401,"***","***",2.5947528566365401]
["EMULSÕES ASF. MOD. POR POLÍMEROS RL1C-E","2019-06-01","***","***",2.5756834778351099,"***","***",2.5756834778351099]
["EMULSÕES ASF. MOD. POR POLÍMEROS RL1C-E","2019-07-01","***","***",2.6339024480259101,"***",3.6011199999999999,2.6364637316950499]
["EMULSÕES ASF. MOD. POR POLÍMEROS RL1C-E","2019-08-01","***","***",2.4591963360555602,"***","***",2.4591963360555602]
["EMULSÕES ASF. MOD. POR POLÍMEROS RL1C-E","2019-09-01","***","***",2.6096139014429101,"***","***",2.6096139014429101]
["EMULSÕES ASF. MOD. POR POLÍMEROS RL1C-E","2019-10-01","***","***",2.5862927960994502,1.92757159839986,"***",2.4161527455076399]
["EMULSÕES ASF. MOD. POR POLÍMEROS RL1C-E","2019-11-01",2.05905,1.9530000000000001,2.3441758462607099,1.9105700000000001,"***",2.1984066684253398]
["EMULSÕES ASF. MOD. POR POLÍMEROS RL1C-E","2019-12-01","***","***",2.3397363832377001,1.91726,"***",2.26082075791855]
["EMULSÕES ASF. MOD. POR POLÍMEROS RL1C-E","2020-01-01","***","***",2.65401,2.1825000000000001,"***",2.5109614585764302]
["EMULSÕES ASF. MOD. POR POLÍMEROS RL1C-E","2020-02-01","***","***","***","***","***","***"]
["EMULSÕES ASF. MOD. POR POLÍMEROS RL1C-E","2020-03-01","***","***",2.22987596936213,"***","***",2.22987596936213]
["EMULSÕES ASF. MOD. POR POLÍMEROS RL1C-E","2020-04-01","***","***",2.2285900000000001,"***","***",2.2285900000000001]
["EMULSÕES ASF. MOD. POR POLÍMEROS RL1C-E","2020-05-01","***","***",2.2617554714330899,"***",3.6011199999999999,2.2664423333450001]
["EMULSÕES ASF. MOD. POR POLÍMEROS RL1C-E","2020-06-01","***","***",2.1753930715782999,"***","***",2.1753930715782999]
["EMULSÕES ASF. MOD. POR POLÍMEROS RL1C-E","2020-07-01","***",1.8629510593779499,2.1324940838833499,"***","***",2.06476574962897]
["EMULSÕES ASF. MOD. POR POLÍMEROS RL1C-E","2020-08-01",2.1328382901443401,2.0277004935438501,2.2073144364456301,2.0217100000000001,"***",2.1405328169161302]
["EMULSÕES ASF. MOD. POR POLÍMEROS RL1C-E","2020-09-01",2.1584296998864398,2.01636907412394,2.1926145187808102,2.0217100000000001,3.2737500000000002,2.11987934000059]
["EMULSÕES ASF. MOD. POR POLÍMEROS RL1C-E","2020-10-01",2.35676,1.96641,2.18525907645137,"***","***",2.1072666796295998]
["EMULSÕES ASF. MOD. POR POLÍMEROS RL1C-E","2020-11-01",2.1065900000000002,2.0308385185400799,2.27237469866352,"***","***",2.1886718917941299]
["EMULSÕES ASF. MOD. POR POLÍMEROS RL1C-E","2020-12-01",2.10276,2.0997957894072101,2.3340289443633599,"***","***",2.1719404278970398]
["EMULSÕES ASF. MOD. POR POLÍMEROS RL1C-E","2021-01-01","***",2.1425214332020102,2.4850383228173101,"***","***",2.2293999728301301]
["EMULSÕES ASF. MOD. POR POLÍMEROS RL1C-E","2021-02-01","***",2.2131132812704002,2.6752508830364099,"***","***",2.29087744748333]
["EMULSÕES ASF. MOD. POR POLÍMEROS RL1C-E","2021-03-01","***",2.22660909444234,2.323701717229,"***",4.8924399999999997,2.2516948170922801]
["EMULSÕES ASF. MOD. POR POLÍMEROS RL1C-E","2021-04-01","***",2.2226347534928101,2.3774873387920601,"***","***",2.2809558804943402]
["EMULSÕES ASF. MOD. POR POLÍMEROS RL1C-E","2021-05-01","***",2.64081508675216,2.82012491831683,"***","***",2.77825040003794]
["EMULSÕES ASF. MOD. POR POLÍMEROS RL1C-E","2021-06-01",2.7941048126858301,2.7219822776021299,2.7303304115547302,"***",5.8745500000000002,2.7325574274997502]
["EMULSÕES ASF. MOD. POR POLÍMEROS RL1C-E","2021-07-01",2.6031618254614499,2.7435516290623099,2.8785755191951301,"***",5.8745599999999998,2.8655068382675699]
["EMULSÕES ASF. MOD. POR POLÍMEROS RL1C-E","2021-08-01","***",2.8309810250809102,3.07693202403392,3.1686999999999999,"***",3.0452618357105501]
["EMULSÕES ASF. MOD. POR POLÍMEROS RL1C-E","2021-09-01",2.7897799999999999,2.8309803372582198,3.0950539095938701,3.1686999999999999,"***",2.9971183265315302]
["EMULSÕES ASF. MOD. POR POLÍMEROS RL1C-E","2021-10-01","***",2.8309811302954802,2.9890402388488999,"***","***",2.9642829443294398]
["EMULSÕES ASF. MOD. POR POLÍMEROS RL1C-E","2021-11-01","***",3.02915,2.9934399988506,"***","***",2.9961237870631199]
["EMULSÕES ASF. MOD. POR POLÍMEROS RL1C-E","2021-12-01",2.50285,3.02915,3.3885607344503099,"***","***",3.2999144143106101]
["EMULSÕES ASF. MOD. POR POLÍMEROS RL1C-E","2022-01-01","***","***",3.3838127493796502,"***",3.3483299999999998,3.38380482696172]
["EMULSÕES ASF. MOD. POR POLÍMEROS RL1C-E","2022-02-01","***","***",4.0285234084760999,"***","***",4.0285234084760999]
["EMULSÕES ASF. MOD. POR POLÍMEROS RL1C-E","2022-03-01","***","***",3.7434526941667201,"***","***",3.7434526941667201]
["EMULSÕES ASF. MOD. POR POLÍMEROS RL1C-E","2022-04-01","***",3.3810799999999999,3.8767376580064199,"***","***",3.8440513893501902]
["EMULSÕES ASF. MOD. POR POLÍMEROS RL1C-E","2022-05-01","***","***",3.8769191358138801,"***","***",3.8769191358138801]
["EMULSÕES ASF. MOD. POR POLÍMEROS RL1C-E","2022-06-01","***","***",3.8526523753241499,"***","***",3.8526523753241499]
["EMULSÕES ASF. MOD. POR POLÍMEROS RL1C-E","2022-07-01","***",3.5129436526757898,3.8424058742129499,"***","***",3.6937415846473201]
["EMULSÕES ASF. MOD. POR POLÍMEROS RL1C-E","2022-08-01","***",3.6054467984938801,3.96194441820378,"***","***",3.8295425248427901]
["EMULSÕES ASF. MOD. POR POLÍMEROS RL1C-E","2022-09-01","***",3.6246248494392401,3.8362795715723501,"***","***",3.7212228360998001]
["EMULSÕES ASF. MOD. POR POLÍMEROS RL1C-E","2022-10-01","***",3.6125510254231501,3.4370704019656002,"***","***",3.5106990905849802]
["EMULSÕES ASF. MOD. POR POLÍMEROS RL1C-E","2022-11-01","***",3.5431308985765102,3.5752506588854698,"***","***",3.5644788757035299]
["EMULSÕES ASF. MOD. POR POLÍMEROS RL1C-E","2022-12-01","***",3.49797,3.5728348428222101,"***","***",3.5251059780131699]
["EMULSÕES ASF. MOD. POR POLÍMEROS RL1C-E","2023-01-01","***",3.4318199577947799,"***","***","***",3.4318199577947799]
["EMULSÕES ASF. MOD. POR POLÍMEROS RL1C-E","2023-02-01","***",3.4176899999999999,3.9512198131880401,"***","***",3.8854257779294201]
["EMULSÕES ASF. MOD. POR POLÍMEROS RL1C-E","2023-03-01","***","***",3.3465507235762102,4.0088800000000004,"***",3.5303665851655901]
["EMULSÕES ASF. MOD. POR POLÍMEROS RL1C-E","2023-04-01","***","***",3.6266582710570399,4.1654296706192397,"***",3.6557566996958002]
["EMULSÕES ASF. MOD. POR POLÍMEROS RL1C-E","2023-05-01","***","***",3.78132047804616,4.1536799999999996,"***",3.7933957164062702]
["EMULSÕES ASF. MOD. POR POLÍMEROS RL1C-E","2023-06-01","***","***",3.4535528961185098,3.4182800000000002,"***",3.4535000627223398]
["EMULSÕES ASF. MOD. POR POLÍMEROS RL1C-E","2023-07-01","***","***",3.4999470224383802,4.0849230731553199,"***",3.55041682661505]
["EMULSÕES ASF. MOD. POR POLÍMEROS RL1C-E","2023-08-01","***",3.2110983722266102,3.5256439337403802,"***","***",3.4538466390776001]
["EMULSÕES ASF. MOD. POR POLÍMEROS RM1C-E","2009-12-01","***","***","***","***","***","***"]
["EMULSÕES ASF. MOD. POR POLÍMEROS RM1C-E","2010-01-01","***","***","***","***","***","***"]
["EMULSÕES ASF. MOD. POR POLÍMEROS RM1C-E","2010-02-01","***","***","***","***","***","***"]
["EMULSÕES ASF. MOD. POR POLÍMEROS RM1C-E","2010-03-01","***","***","***","***","***","***"]
["EMULSÕES ASF. MOD. POR POLÍMEROS RM1C-E","2010-04-01","***","***","***","***",0.98838999999999999,0.98838999999999999]
["EMULSÕES ASF. MOD. POR POLÍMEROS RM1C-E","2010-05-01","***","***","***","***",1.0001899999999999,1.0001899999999999]
["EMULSÕES ASF. MOD. POR POLÍMEROS RM1C-E","2010-06-01","***","***","***","***",1.0179,1.0179]
["EMULSÕES ASF. MOD. POR POLÍMEROS RM1C-E","2010-07-01","***","***","***","***",1.00525,1.00525]
["EMULSÕES ASF. MOD. POR POLÍMEROS RM1C-E","2010-08-01","***","***","***","***","***","***"]
["EMULSÕES ASF. MOD. POR POLÍMEROS RM1C-E","2010-09-01","***","***","***","***","***","***"]
["EMULSÕES ASF. MOD. POR POLÍMEROS RM1C-E","2010-10-01","***","***","***","***","***","***"]
["EMULSÕES ASF. MOD. POR POLÍMEROS RM1C-E","2010-11-01","***","***","***","***","***","***"]
["EMULSÕES ASF. MOD. POR POLÍMEROS RM1C-E","2010-12-01","***","***","***","***","***","***"]
["EMULSÕES ASF. MOD. POR POLÍMEROS RM1C-E","2011-01-01","***","***","***","***","***","***"]
["EMULSÕES ASF. MOD. POR POLÍMEROS RM1C-E","2011-02-01","***","***","***","***","***","***"]
["EMULSÕES ASF. MOD. POR POLÍMEROS RM1C-E","2011-03-01","***","***","***","***","***","***"]
["EMULSÕES ASF. MOD. POR POLÍMEROS RM1C-E","2011-04-01","***","***","***","***","***","***"]
["EMULSÕES ASF. MOD. POR POLÍMEROS RM1C-E","2011-05-01","***","***","***","***","***","***"]
["EMULSÕES ASF. MOD. POR POLÍMEROS RM1C-E","2011-06-01","***","***","***","***","***","***"]
["EMULSÕES ASF. MOD. POR POLÍMEROS RM1C-E","2011-07-01","***","***","***","***","***","***"]
["EMULSÕES ASF. MOD. POR POLÍMEROS RM1C-E","2011-08-01","***","***","***","***","***","***"]
["EMULSÕES ASF. MOD. POR POLÍMEROS RM1C-E","2011-09-01","***","***","***","***","***","***"]
["EMULSÕES ASF. MOD. POR POLÍMEROS RM1C-E","2011-10-01","***","***","***","***","***","***"]
["EMULSÕES ASF. MOD. POR POLÍMEROS RM1C-E","2011-11-01","***","***","***","***","***","***"]
["EMULSÕES ASF. MOD. POR POLÍMEROS RM1C-E","2011-12-01","***","***","***","***","***","***"]
["EMULSÕES ASF. MOD. POR POLÍMEROS RM1C-E","2012-01-01","***","***","***","***","***","***"]
["EMULSÕES ASF. MOD. POR POLÍMEROS RM1C-E","2012-02-01","***","***","***","***","***","***"]
["EMULSÕES ASF. MOD. POR POLÍMEROS RM1C-E","2012-03-01","***","***","***","***","***","***"]
["EMULSÕES ASF. MOD. POR POLÍMEROS RM1C-E","2012-04-01","***","***","***","***","***","***"]
["EMULSÕES ASF. MOD. POR POLÍMEROS RM1C-E","2012-05-01","***","***","***","***","***","***"]
["EMULSÕES ASF. MOD. POR POLÍMEROS RM1C-E","2012-06-01","***","***","***","***","***","***"]
["EMULSÕES ASF. MOD. POR POLÍMEROS RM1C-E","2012-07-01","***","***","***","***","***","***"]
["EMULSÕES ASF. MOD. POR POLÍMEROS RM1C-E","2012-08-01","***","***","***","***","***","***"]
["EMULSÕES ASF. MOD. POR POLÍMEROS RM1C-E","2012-09-01","***","***","***","***","***","***"]
["EMULSÕES ASF. MOD. POR POLÍMEROS RM1C-E","2012-10-01","***","***","***","***","***","***"]
["EMULSÕES ASF. MOD. POR POLÍMEROS RM1C-E","2012-11-01","***","***","***","***","***","***"]
["EMULSÕES ASF. MOD. POR POLÍMEROS RM1C-E","2012-12-01","***","***","***","***","***","***"]
["EMULSÕES ASF. MOD. POR POLÍMEROS RM1C-E","2013-01-01","***","***","***","***","***","***"]
["EMULSÕES ASF. MOD. POR POLÍMEROS RM1C-E","2013-02-01","***","***","***","***","***","***"]
["EMULSÕES ASF. MOD. POR POLÍMEROS RM1C-E","2013-03-01","***","***","***","***","***","***"]
["EMULSÕES ASF. MOD. POR POLÍMEROS RM1C-E","2013-04-01","***","***","***","***","***","***"]
["EMULSÕES ASF. MOD. POR POLÍMEROS RM1C-E","2013-05-01","***","***","***","***","***","***"]
["EMULSÕES ASF. MOD. POR POLÍMEROS RM1C-E","2013-06-01","***","***","***","***","***","***"]
["EMULSÕES ASF. MOD. POR POLÍMEROS RM1C-E","2013-07-01","***","***","***","***","***","***"]
["EMULSÕES ASF. MOD. POR POLÍMEROS RM1C-E","2013-08-01","***","***","***","***","***","***"]
["EMULSÕES ASF. MOD. POR POLÍMEROS RM1C-E","2013-09-01","***","***","***","***","***","***"]
["EMULSÕES ASF. MOD. POR POLÍMEROS RM1C-E","2013-10-01","***","***","***","***",1.6719999999999999,1.6719999999999999]
["EMULSÕES ASF. MOD. POR POLÍMEROS RM1C-E","2013-11-01","***","***","***","***","***","***"]
["EMULSÕES ASF. MOD. POR POLÍMEROS RM1C-E","2013-12-01","***","***","***","***","***","***"]
["EMULSÕES ASF. MOD. POR POLÍMEROS RM1C-E","2014-01-01","***","***","***","***","***","***"]
["EMULSÕES ASF. MOD. POR POLÍMEROS RM1C-E","2014-02-01","***","***","***","***","***","***"]
["EMULSÕES ASF. MOD. POR POLÍMEROS RM1C-E","2014-03-01","***","***","***","***","***","***"]
["EMULSÕES ASF. MOD. POR POLÍMEROS RM1C-E","2014-04-01","***","***","***","***","***","***"]
["EMULSÕES ASF. MOD. POR POLÍMEROS RM1C-E","2014-05-01","***","***","***","***","***","***"]
["EMULSÕES ASF. MOD. POR POLÍMEROS RM1C-E","2014-06-01","***","***","***","***","***","***"]
["EMULSÕES ASF. MOD. POR POLÍMEROS RM1C-E","2014-07-01","***","***","***","***","***","***"]
["EMULSÕES ASF. MOD. POR POLÍMEROS RM1C-E","2014-08-01","***","***",1.4913099999999999,"***","***",1.4913099999999999]
["EMULSÕES ASF. MOD. POR POLÍMEROS RM1C-E","2014-09-01","***","***","***","***","***","***"]
["EMULSÕES ASF. MOD. POR POLÍMEROS RM1C-E","2014-10-01","***","***","***","***","***","***"]
["EMULSÕES ASF. MOD. POR POLÍMEROS RM1C-E","2014-11-01","***","***","***","***","***","***"]
["EMULSÕES ASF. MOD. POR POLÍMEROS RM1C-E","2014-12-01","***","***","***","***","***","***"]
["EMULSÕES ASF. MOD. POR POLÍMEROS RM1C-E","2015-01-01","***","***","***","***","***","***"]
["EMULSÕES ASF. MOD. POR POLÍMEROS RM1C-E","2015-02-01","***","***","***","***","***","***"]
["EMULSÕES ASF. MOD. POR POLÍMEROS RM1C-E","2015-03-01","***","***","***","***","***","***"]
["EMULSÕES ASF. MOD. POR POLÍMEROS RM1C-E","2015-04-01","***","***","***","***","***","***"]
["EMULSÕES ASF. MOD. POR POLÍMEROS RM1C-E","2015-05-01","***","***","***","***","***","***"]
["EMULSÕES ASF. MOD. POR POLÍMEROS RM1C-E","2015-06-01","***","***","***","***","***","***"]
["EMULSÕES ASF. MOD. POR POLÍMEROS RM1C-E","2015-07-01","***","***","***",1.65802,"***",1.65802]
["EMULSÕES ASF. MOD. POR POLÍMEROS RM1C-E","2015-08-01","***","***","***","***","***","***"]
["EMULSÕES ASF. MOD. POR POLÍMEROS RM1C-E","2015-09-01","***","***","***","***","***","***"]
["EMULSÕES ASF. MOD. POR POLÍMEROS RM1C-E","2015-10-01","***","***","***","***","***","***"]
["EMULSÕES ASF. MOD. POR POLÍMEROS RM1C-E","2015-11-01","***","***","***","***","***","***"]
["EMULSÕES ASF. MOD. POR POLÍMEROS RM1C-E","2015-12-01","***","***","***",2.1626400000000001,"***",2.1626400000000001]
["EMULSÕES ASF. MOD. POR POLÍMEROS RM1C-E","2016-01-01","***","***","***",2.1626400000000001,"***",2.1626400000000001]
["EMULSÕES ASF. MOD. POR POLÍMEROS RM1C-E","2016-02-01","***","***","***","***","***","***"]
["EMULSÕES ASF. MOD. POR POLÍMEROS RM1C-E","2016-03-01","***","***","***","***","***","***"]
["EMULSÕES ASF. MOD. POR POLÍMEROS RM1C-E","2016-04-01","***","***","***","***","***","***"]
["EMULSÕES ASF. MOD. POR POLÍMEROS RM1C-E","2016-05-01","***","***","***","***","***","***"]
["EMULSÕES ASF. MOD. POR POLÍMEROS RM1C-E","2016-06-01","***","***","***","***","***","***"]
["EMULSÕES ASF. MOD. POR POLÍMEROS RM1C-E","2016-07-01","***","***","***","***","***","***"]
["EMULSÕES ASF. MOD. POR POLÍMEROS RM1C-E","2016-08-01","***","***","***","***","***","***"]
["EMULSÕES ASF. MOD. POR POLÍMEROS RM1C-E","2016-09-01","***","***","***","***","***","***"]
["EMULSÕES ASF. MOD. POR POLÍMEROS RM1C-E","2016-10-01","***","***","***","***","***","***"]
["EMULSÕES ASF. MOD. POR POLÍMEROS RM1C-E","2016-11-01","***","***","***","***","***","***"]
["EMULSÕES ASF. MOD. POR POLÍMEROS RM1C-E","2016-12-01","***","***","***",1.7302,"***",1.7302]
["EMULSÕES ASF. MOD. POR POLÍMEROS RM1C-E","2017-01-01","***","***","***","***","***","***"]
["EMULSÕES ASF. MOD. POR POLÍMEROS RM1C-E","2017-02-01","***","***","***",2.2707700000000002,"***",2.2707700000000002]
["EMULSÕES ASF. MOD. POR POLÍMEROS RM1C-E","2017-03-01","***","***","***","***","***","***"]
["EMULSÕES ASF. MOD. POR POLÍMEROS RM1C-E","2017-04-01","***","***","***","***","***","***"]
["EMULSÕES ASF. MOD. POR POLÍMEROS RM1C-E","2017-05-01","***","***","***","***","***","***"]
["EMULSÕES ASF. MOD. POR POLÍMEROS RM1C-E","2017-06-01","***","***","***","***","***","***"]
["EMULSÕES ASF. MOD. POR POLÍMEROS RM1C-E","2017-07-01","***","***","***","***","***","***"]
["EMULSÕES ASF. MOD. POR POLÍMEROS RM1C-E","2017-08-01","***","***","***","***","***","***"]
["EMULSÕES ASF. MOD. POR POLÍMEROS RM1C-E","2017-09-01","***","***","***","***","***","***"]
["EMULSÕES ASF. MOD. POR POLÍMEROS RM1C-E","2017-10-01","***","***","***","***","***","***"]
["EMULSÕES ASF. MOD. POR POLÍMEROS RM1C-E","2017-11-01","***","***","***","***","***","***"]
["EMULSÕES ASF. MOD. POR POLÍMEROS RM1C-E","2017-12-01","***","***","***","***","***","***"]
["EMULSÕES ASF. MOD. POR POLÍMEROS RM1C-E","2018-01-01","***","***","***","***","***","***"]
["EMULSÕES ASF. MOD. POR POLÍMEROS RM1C-E","2018-02-01","***","***","***","***","***","***"]
["EMULSÕES ASF. MOD. POR POLÍMEROS RM1C-E","2018-03-01","***","***","***","***","***","***"]
["EMULSÕES ASF. MOD. POR POLÍMEROS RM1C-E","2018-04-01","***","***","***","***","***","***"]
["EMULSÕES ASF. MOD. POR POLÍMEROS RM1C-E","2018-05-01","***","***","***","***","***","***"]
["EMULSÕES ASF. MOD. POR POLÍMEROS RM1C-E","2018-06-01","***","***","***","***","***","***"]
["EMULSÕES ASF. MOD. POR POLÍMEROS RM1C-E","2018-07-01","***","***","***","***","***","***"]
["EMULSÕES ASF. MOD. POR POLÍMEROS RM1C-E","2018-08-01","***","***","***","***","***","***"]
["EMULSÕES ASF. MOD. POR POLÍMEROS RM1C-E","2018-09-01","***","***","***","***","***","***"]
["EMULSÕES ASF. MOD. POR POLÍMEROS RM1C-E","2018-10-01","***","***","***","***","***","***"]
["EMULSÕES ASF. MOD. POR POLÍMEROS RM1C-E","2018-11-01","***","***","***","***","***","***"]
["EMULSÕES ASF. MOD. POR POLÍMEROS RM1C-E","2018-12-01","***","***","***","***","***","***"]
["EMULSÕES ASF. MOD. POR POLÍMEROS RM1C-E","2019-01-01","***","***","***","***","***","***"]
["EMULSÕES ASF. MOD. POR POLÍMEROS RM1C-E","2019-02-01","***","***","***","***","***","***"]
["EMULSÕES ASF. MOD. POR POLÍMEROS RM1C-E","2019-03-01","***","***","***","***","***","***"]
["EMULSÕES ASF. MOD. POR POLÍMEROS RM1C-E","2019-04-01","***","***","***","***","***","***"]
["EMULSÕES ASF. MOD. POR POLÍMEROS RM1C-E","2019-05-01","***","***","***","***","***","***"]
["EMULSÕES ASF. MOD. POR POLÍMEROS RM1C-E","2019-06-01","***","***","***","***","***","***"]
["EMULSÕES ASF. MOD. POR POLÍMEROS RM1C-E","2019-07-01","***","***","***","***","***","***"]
["EMULSÕES ASF. MOD. POR POLÍMEROS RM1C-E","2019-08-01","***","***","***","***","***","***"]
["EMULSÕES ASF. MOD. POR POLÍMEROS RM1C-E","2019-09-01","***","***","***","***","***","***"]
["EMULSÕES ASF. MOD. POR POLÍMEROS RM1C-E","2019-10-01","***","***","***","***","***","***"]
["EMULSÕES ASF. MOD. POR POLÍMEROS RM1C-E","2019-11-01","***","***","***","***","***","***"]
["EMULSÕES ASF. MOD. POR POLÍMEROS RM1C-E","2019-12-01","***","***","***","***","***","***"]
["EMULSÕES ASF. MOD. POR POLÍMEROS RM1C-E","2020-01-01","***","***","***","***","***","***"]
["EMULSÕES ASF. MOD. POR POLÍMEROS RM1C-E","2020-02-01","***","***","***","***","***","***"]
["EMULSÕES ASF. MOD. POR POLÍMEROS RM1C-E","2020-03-01","***","***","***","***","***","***"]
["EMULSÕES ASF. MOD. POR POLÍMEROS RM1C-E","2020-04-01","***","***","***","***","***","***"]
["EMULSÕES ASF. MOD. POR POLÍMEROS RM1C-E","2020-05-01","***","***","***","***","***","***"]
["EMULSÕES ASF. MOD. POR POLÍMEROS RM1C-E","2020-06-01","***","***","***","***","***","***"]
["EMULSÕES ASF. MOD. POR POLÍMEROS RM1C-E","2020-07-01","***","***","***","***","***","***"]
["EMULSÕES ASF. MOD. POR POLÍMEROS RM1C-E","2020-08-01","***","***","***","***","***","***"]
["EMULSÕES ASF. MOD. POR POLÍMEROS RM1C-E","2020-09-01","***","***","***","***","***","***"]
["EMULSÕES ASF. MOD. POR POLÍMEROS RM1C-E","2020-10-01","***","***","***","***","***","***"]
["EMULSÕES ASF. MOD. POR POLÍMEROS RM1C-E","2020-11-01","***","***","***","***","***","***"]
["EMULSÕES ASF. MOD. POR POLÍMEROS RM1C-E","2020-12-01","***","***","***","***","***","***"]
["EMULSÕES ASF. MOD. POR POLÍMEROS RM1C-E","2021-01-01","***","***","***","***","***","***"]
["EMULSÕES ASF. MOD. POR POLÍMEROS RM1C-E","2021-02-01","***","***","***","***","***","***"]
["EMULSÕES ASF. MOD. POR POLÍMEROS RM1C-E","2021-03-01","***","***","***","***","***","***"]
["EMULSÕES ASF. MOD. POR POLÍMEROS RM1C-E","2021-04-01","***","***","***","***","***","***"]
["EMULSÕES ASF. MOD. POR POLÍMEROS RM1C-E","2021-05-01","***","***","***","***","***","***"]
["EMULSÕES ASF. MOD. POR POLÍMEROS RM1C-E","2021-06-01","***","***","***","***","***","***"]
["EMULSÕES ASF. MOD. POR POLÍMEROS RM1C-E","2021-07-01","***","***","***","***","***","***"]
["EMULSÕES ASF. MOD. POR POLÍMEROS RM1C-E","2021-08-01","***","***","***","***","***","***"]
["EMULSÕES ASF. MOD. POR POLÍMEROS RM1C-E","2021-09-01","***","***","***","***","***","***"]
["EMULSÕES ASF. MOD. POR POLÍMEROS RM1C-E","2021-10-01","***","***","***","***","***","***"]
["EMULSÕES ASF. MOD. POR POLÍMEROS RM1C-E","2021-11-01","***","***","***","***","***","***"]
["EMULSÕES ASF. MOD. POR POLÍMEROS RM1C-E","2021-12-01","***","***","***","***","***","***"]
["EMULSÕES ASF. MOD. POR POLÍMEROS RM1C-E","2022-01-01","***","***","***","***","***","***"]
["EMULSÕES ASF. MOD. POR POLÍMEROS RM1C-E","2022-02-01","***","***","***","***","***","***"]
["EMULSÕES ASF. MOD. POR POLÍMEROS RM1C-E","2022-03-01","***","***","***","***","***","***"]
["EMULSÕES ASF. MOD. POR POLÍMEROS RM1C-E","2022-04-01","***","***","***","***","***","***"]
["EMULSÕES ASF. MOD. POR POLÍMEROS RM1C-E","2022-05-01","***","***","***","***","***","***"]
["EMULSÕES ASF. MOD. POR POLÍMEROS RM1C-E","2022-06-01","***","***","***","***","***","***"]
["EMULSÕES ASF. MOD. POR POLÍMEROS RM1C-E","2022-07-01","***","***","***","***","***","***"]
["EMULSÕES ASF. MOD. POR POLÍMEROS RM1C-E","2022-08-01","***","***","***","***","***","***"]
["EMULSÕES ASF. MOD. POR POLÍMEROS RM1C-E","2022-09-01","***","***","***","***","***","***"]
["EMULSÕES ASF. MOD. POR POLÍMEROS RM1C-E","2022-10-01","***","***","***","***","***","***"]
["EMULSÕES ASF. MOD. POR POLÍMEROS RM1C-E","2022-11-01","***","***","***","***","***","***"]
["EMULSÕES ASF. MOD. POR POLÍMEROS RM1C-E","2022-12-01","***","***","***","***","***","***"]
["EMULSÕES ASF. MOD. POR POLÍMEROS RM1C-E","2023-01-01","***","***","***","***","***","***"]
["EMULSÕES ASF. MOD. POR POLÍMEROS RM1C-E","2023-02-01","***","***","***","***","***","***"]
["EMULSÕES ASF. MOD. POR POLÍMEROS RM1C-E","2023-03-01","***","***","***","***","***","***"]
["EMULSÕES ASF. MOD. POR POLÍMEROS RM1C-E","2023-04-01","***","***","***","***","***","***"]
["EMULSÕES ASF. MOD. POR POLÍMEROS RM1C-E","2023-05-01","***","***","***","***","***","***"]
["EMULSÕES ASF. MOD. POR POLÍMEROS RM1C-E","2023-06-01","***","***","***","***","***","***"]
["EMULSÕES ASF. MOD. POR POLÍMEROS RM1C-E","2023-07-01","***","***","***","***","***","***"]
["EMULSÕES ASF. MOD. POR POLÍMEROS RM1C-E","2023-08-01","***","***","***","***","***","***"]
["EMULSÕES ASF. MOD. POR POLÍMEROS RR1C-E","2009-12-01","***","***","***",0.89054,1.0026314648010499,0.93210516903121199]
["EMULSÕES ASF. MOD. POR POLÍMEROS RR1C-E","2010-01-01","***","***","***",0.84518038935487205,0.95168362907841997,0.86149581901087302]
["EMULSÕES ASF. MOD. POR POLÍMEROS RR1C-E","2010-02-01","***","***","***",0.85204744344331396,0.95277601001072598,0.86041978901072802]
["EMULSÕES ASF. MOD. POR POLÍMEROS RR1C-E","2010-03-01","***","***","***",0.87385815584001703,0.95218094327597202,0.885047634873663]
["EMULSÕES ASF. MOD. POR POLÍMEROS RR1C-E","2010-04-01","***","***","***",0.87244571809252303,0.94730000000000003,0.87690010957307296]
["EMULSÕES ASF. MOD. POR POLÍMEROS RR1C-E","2010-05-01","***",1.0957567615658399,"***",0.87534809785202905,0.94730000000000003,0.91388529088497195]
["EMULSÕES ASF. MOD. POR POLÍMEROS RR1C-E","2010-06-01","***",1.09592,"***",0.88266,0.95085037557547902,0.93425502657937398]
["EMULSÕES ASF. MOD. POR POLÍMEROS RR1C-E","2010-07-01","***","***","***",0.85158577156334203,0.95132652054794498,0.90659540193411903]
["EMULSÕES ASF. MOD. POR POLÍMEROS RR1C-E","2010-08-01","***","***","***",0.84534459850245303,0.94988868013151695,0.90009170212765899]
["EMULSÕES ASF. MOD. POR POLÍMEROS RR1C-E","2010-09-01","***","***","***",0.85007486525406295,0.905639873861247,0.87062995722618297]
["EMULSÕES ASF. MOD. POR POLÍMEROS RR1C-E","2010-10-01","***","***","***",0.87146428139792498,0.90262350376925604,0.87878837904468399]
["EMULSÕES ASF. MOD. POR POLÍMEROS RR1C-E","2010-11-01","***","***","***",0.85416325882187505,0.88001997532387399,0.86225862095605998]
["EMULSÕES ASF. MOD. POR POLÍMEROS RR1C-E","2010-12-01","***","***","***",0.83430000000000004,0.94730000000000003,0.85775608436242601]
["EMULSÕES ASF. MOD. POR POLÍMEROS RR1C-E","2011-01-01","***","***","***","***",0.84119999999999995,0.84119999999999995]
["EMULSÕES ASF. MOD. POR POLÍMEROS RR1C-E","2011-02-01","***","***","***",0.83430000000000004,0.95066115029842702,0.88201998219848698]
["EMULSÕES ASF. MOD. POR POLÍMEROS RR1C-E","2011-03-01","***","***","***",1.0020500000000001,0.87156845238095204,0.92535473918575095]
["EMULSÕES ASF. MOD. POR POLÍMEROS RR1C-E","2011-04-01","***","***","***",0.83430000000000004,0.88671779319245003,0.87122056584479002]
["EMULSÕES ASF. MOD. POR POLÍMEROS RR1C-E","2011-05-01","***","***","***",0.83430000000000004,0.89410409556313997,0.84452322053675599]
["EMULSÕES ASF. MOD. POR POLÍMEROS RR1C-E","2011-06-01","***","***","***",0.87006825061830195,0.85879799139167901,0.86890655723158805]
["EMULSÕES ASF. MOD. POR POLÍMEROS RR1C-E","2011-07-01","***","***","***",0.89392704039318105,0.89030224126565605,0.89354882866772101]
["EMULSÕES ASF. MOD. POR POLÍMEROS RR1C-E","2011-08-01","***","***","***",0.93508360975964,"***",0.93508360975964]
["EMULSÕES ASF. MOD. POR POLÍMEROS RR1C-E","2011-09-01","***","***","***",0.93006348141119699,0.927778400061536,0.92898289541407897]
["EMULSÕES ASF. MOD. POR POLÍMEROS RR1C-E","2011-10-01","***","***","***",0.92381979738856401,0.84602314049586802,0.86448322329059801]
["EMULSÕES ASF. MOD. POR POLÍMEROS RR1C-E","2011-11-01","***","***","***",1.0047567888111899,1.24382600403883,1.1863319275633399]
["EMULSÕES ASF. MOD. POR POLÍMEROS RR1C-E","2011-12-01","***","***","***",1.1453,1.39102592100087,1.33031870549203]
["EMULSÕES ASF. MOD. POR POLÍMEROS RR1C-E","2012-01-01","***","***","***","***",0.94469526951545002,0.94469526951545002]
["EMULSÕES ASF. MOD. POR POLÍMEROS RR1C-E","2012-02-01","***","***","***",1.1452899999999999,0.893238352553542,0.97334647336480096]
["EMULSÕES ASF. MOD. POR POLÍMEROS RR1C-E","2012-03-01","***","***","***",0.95725903825136605,0.98369662454007301,0.98032090706112196]
["EMULSÕES ASF. MOD. POR POLÍMEROS RR1C-E","2012-04-01","***","***","***",1.008,0.89831831610044299,0.94356693938267]
["EMULSÕES ASF. MOD. POR POLÍMEROS RR1C-E","2012-05-01","***","***","***",0.96094000000000002,0.89628793895191805,0.90696730183786201]
["EMULSÕES ASF. MOD. POR POLÍMEROS RR1C-E","2012-06-01","***","***","***",0.948388855172414,0.94129988564894196,0.94337729183508501]
["EMULSÕES ASF. MOD. POR POLÍMEROS RR1C-E","2012-07-01","***","***","***",0.95052000000000003,1.0053579048470001,0.99194218660367794]
["EMULSÕES ASF. MOD. POR POLÍMEROS RR1C-E","2012-08-01","***","***","***",1.0327974677243701,0.97559505956552195,1.0058953217434301]
["EMULSÕES ASF. MOD. POR POLÍMEROS RR1C-E","2012-09-01","***","***","***",1.0316000000000001,1.0448996276421001,1.0420634585559201]
["EMULSÕES ASF. MOD. POR POLÍMEROS RR1C-E","2012-10-01","***","***","***",0.91969999999999996,1.0516000000000001,0.93591416953393802]
["EMULSÕES ASF. MOD. POR POLÍMEROS RR1C-E","2012-11-01","***","***","***","***",1.2484198516176099,1.2484198516176099]
["EMULSÕES ASF. MOD. POR POLÍMEROS RR1C-E","2012-12-01","***","***","***","***",1.32972010417436,1.32972010417436]
["EMULSÕES ASF. MOD. POR POLÍMEROS RR1C-E","2013-01-01","***","***","***","***",1.32494744703143,1.32494744703143]
["EMULSÕES ASF. MOD. POR POLÍMEROS RR1C-E","2013-02-01","***","***","***",0.91890000000000005,1.29619476158785,1.26202223689832]
["EMULSÕES ASF. MOD. POR POLÍMEROS RR1C-E","2013-03-01","***","***","***",0.96750000000000003,1.2785343681968799,1.23200349795895]
["EMULSÕES ASF. MOD. POR POLÍMEROS RR1C-E","2013-04-01","***","***","***",1.0285,1.37729340166534,1.3750945464933]
["EMULSÕES ASF. MOD. POR POLÍMEROS RR1C-E","2013-05-01","***","***","***","***",1.22225353876974,1.22225353876974]
["EMULSÕES ASF. MOD. POR POLÍMEROS RR1C-E","2013-06-01","***","***","***",0.98640000000000005,1.3493719925751999,1.28164048376163]
["EMULSÕES ASF. MOD. POR POLÍMEROS RR1C-E","2013-07-01","***","***","***",1.08819360946746,1.3566583112742101,1.3151271058787599]
["EMULSÕES ASF. MOD. POR POLÍMEROS RR1C-E","2013-08-01","***","***","***",1.2147699999999999,1.4131041855819899,1.39493402084983]
["EMULSÕES ASF. MOD. POR POLÍMEROS RR1C-E","2013-09-01","***","***","***",1.2147699999999999,1.33826035155773,1.33341872960441]
["EMULSÕES ASF. MOD. POR POLÍMEROS RR1C-E","2013-10-01","***","***","***",0.98640000000000005,1.3498686242786799,1.33118132278864]
["EMULSÕES ASF. MOD. POR POLÍMEROS RR1C-E","2013-11-01","***",1.1371,1.1243627332932,"***",1.38902317412284,1.32516475940777]
["EMULSÕES ASF. MOD. POR POLÍMEROS RR1C-E","2013-12-01","***","***","***","***",1.23770269075185,1.23770269075185]
["EMULSÕES ASF. MOD. POR POLÍMEROS RR1C-E","2014-01-01","***","***","***",0.88609000000000004,1.4924646334395799,1.3394014237747101]
["EMULSÕES ASF. MOD. POR POLÍMEROS RR1C-E","2014-02-01","***","***","***",0.91219010821831903,1.34500235943221,1.2401260278189501]
["EMULSÕES ASF. MOD. POR POLÍMEROS RR1C-E","2014-03-01","***","***","***",0.88609000000000004,1.2881413866028,1.1952639477242]
["EMULSÕES ASF. MOD. POR POLÍMEROS RR1C-E","2014-04-01","***",0.69880500000000001,"***","***",1.33587744476245,1.1936763032458899]
["EMULSÕES ASF. MOD. POR POLÍMEROS RR1C-E","2014-05-01","***",0.69882999999999995,"***","***",1.42744926178934,1.1608216459410401]
["EMULSÕES ASF. MOD. POR POLÍMEROS RR1C-E","2014-06-01","***",1.2101,"***",1.0291581626794299,1.416564262951,1.29815173997441]
["EMULSÕES ASF. MOD. POR POLÍMEROS RR1C-E","2014-07-01","***","***","***",0.97660000000000002,1.4013279142111199,1.3596638289712699]
["EMULSÕES ASF. MOD. POR POLÍMEROS RR1C-E","2014-08-01","***","***",0.99380000000000002,1.0403,1.40648256668649,1.33863852487457]
["EMULSÕES ASF. MOD. POR POLÍMEROS RR1C-E","2014-09-01","***","***",1.0986,"***",1.27278097750317,1.16250550627761]
["EMULSÕES ASF. MOD. POR POLÍMEROS RR1C-E","2014-10-01","***",1.0541,1.2508047256097601,"***",1.14226390982503,1.1857019033823699]
["EMULSÕES ASF. MOD. POR POLÍMEROS RR1C-E","2014-11-01","***","***",1.29,1.0286999999999999,1.19974499519877,1.2493924208761999]
["EMULSÕES ASF. MOD. POR POLÍMEROS RR1C-E","2014-12-01","***","***","***",1.09157032372281,1.3793299999999999,1.2257307559803401]
["EMULSÕES ASF. MOD. POR POLÍMEROS RR1C-E","2015-01-01","***","***","***","***",1.3566806261180699,1.3566806261180699]
["EMULSÕES ASF. MOD. POR POLÍMEROS RR1C-E","2015-02-01","***",0.84189499999999995,"***",1.1667799999999999,1.3580797239120299,1.09272766182187]
["EMULSÕES ASF. MOD. POR POLÍMEROS RR1C-E","2015-03-01","***",0.84174000000000004,"***",1.0744,1.34924192512821,1.1550382592100901]
["EMULSÕES ASF. MOD. POR POLÍMEROS RR1C-E","2015-04-01","***","***","***",1.13228990484071,1.2765727014591799,1.24178304469274]
["EMULSÕES ASF. MOD. POR POLÍMEROS RR1C-E","2015-05-01","***","***","***",1.4910199910487301,1.3793299999999999,1.47856932682213]
["EMULSÕES ASF. MOD. POR POLÍMEROS RR1C-E","2015-06-01","***","***","***",1.5111953827570599,1.2586558695652199,1.37595506276737]
["EMULSÕES ASF. MOD. POR POLÍMEROS RR1C-E","2015-07-01","***","***","***","***",1.3793299999999999,1.3793299999999999]
["EMULSÕES ASF. MOD. POR POLÍMEROS RR1C-E","2015-08-01","***","***","***",1.34669774680145,1.23388506063782,1.3077403024662599]
["EMULSÕES ASF. MOD. POR POLÍMEROS RR1C-E","2015-09-01","***",0.87290999999999996,"***",1.2148399999999999,1.3793299999999999,1.1499396191456499]
["EMULSÕES ASF. MOD. POR POLÍMEROS RR1C-E","2015-10-01","***","***","***",1.2048783021690399,1.3793299999999999,1.3286791889074701]
["EMULSÕES ASF. MOD. POR POLÍMEROS RR1C-E","2015-11-01","***","***","***",1.2925068755020099,1.36981,1.3159099495959701]
["EMULSÕES ASF. MOD. POR POLÍMEROS RR1C-E","2015-12-01","***","***","***","***",1.36981,1.36981]
["EMULSÕES ASF. MOD. POR POLÍMEROS RR1C-E","2016-01-01","***","***","***","***",1.36981,1.36981]
["EMULSÕES ASF. MOD. POR POLÍMEROS RR1C-E","2016-02-01","***","***","***",1.18509,"***",1.18509]
["EMULSÕES ASF. MOD. POR POLÍMEROS RR1C-E","2016-03-01","***","***","***","***",1.32139448868967,1.32139448868967]
["EMULSÕES ASF. MOD. POR POLÍMEROS RR1C-E","2016-04-01","***","***","***","***","***","***"]
["EMULSÕES ASF. MOD. POR POLÍMEROS RR1C-E","2016-05-01","***","***","***","***",1.56540280073925,1.56540280073925]
["EMULSÕES ASF. MOD. POR POLÍMEROS RR1C-E","2016-06-01","***",1.5429600000000001,"***","***",1.7995532328406301,1.7866094663702099]
["EMULSÕES ASF. MOD. POR POLÍMEROS RR1C-E","2016-07-01","***",1.5505199999999999,"***","***",1.6469692312661499,1.6368770044168699]
["EMULSÕES ASF. MOD. POR POLÍMEROS RR1C-E","2016-08-01","***",1.54278,1.83039,"***",1.4733203244773501,1.6138318346118801]
["EMULSÕES ASF. MOD. POR POLÍMEROS RR1C-E","2016-09-01","***","***",1.6471604452690201,1.4177454226587201,1.5427672301444,1.5583943757046901]
["EMULSÕES ASF. MOD. POR POLÍMEROS RR1C-E","2016-10-01","***","***","***",1.4019699999999999,1.3774717203743601,1.3813139682609099]
["EMULSÕES ASF. MOD. POR POLÍMEROS RR1C-E","2016-11-01","***","***","***","***",1.46079,1.46079]
["EMULSÕES ASF. MOD. POR POLÍMEROS RR1C-E","2016-12-01","***","***","***",1.2174700000000001,1.3529652635739,1.3423573907195701]
["EMULSÕES ASF. MOD. POR POLÍMEROS RR1C-E","2017-01-01","***","***","***","***",1.42283017413645,1.42283017413645]
["EMULSÕES ASF. MOD. POR POLÍMEROS RR1C-E","2017-02-01","***","***","***","***",1.42394870321414,1.42394870321414]
["EMULSÕES ASF. MOD. POR POLÍMEROS RR1C-E","2017-03-01","***","***","***","***",1.46079,1.46079]
["EMULSÕES ASF. MOD. POR POLÍMEROS RR1C-E","2017-04-01","***","***","***",1.0603,1.4627893591772201,1.3155118281496301]
["EMULSÕES ASF. MOD. POR POLÍMEROS RR1C-E","2017-05-01","***","***","***","***",1.46079,1.46079]
["EMULSÕES ASF. MOD. POR POLÍMEROS RR1C-E","2017-06-01","***","***","***","***",1.39587246876791,1.39587246876791]
["EMULSÕES ASF. MOD. POR POLÍMEROS RR1C-E","2017-07-01","***","***",1.2437,"***",1.43036919896641,1.40428205663477]
["EMULSÕES ASF. MOD. POR POLÍMEROS RR1C-E","2017-08-01","***","***","***",1.3461000000000001,1.34159859930155,1.3420480318458301]
["EMULSÕES ASF. MOD. POR POLÍMEROS RR1C-E","2017-09-01","***","***",1.1777,1.22024363904081,1.3167783982930299,1.2706298457512]
["EMULSÕES ASF. MOD. POR POLÍMEROS RR1C-E","2017-10-01","***","***","***","***",1.31097941919581,1.31097941919581]
["EMULSÕES ASF. MOD. POR POLÍMEROS RR1C-E","2017-11-01","***","***","***","***",1.4324767785977901,1.4324767785977901]
["EMULSÕES ASF. MOD. POR POLÍMEROS RR1C-E","2017-12-01","***","***","***",1.15527,1.4390455897126799,1.3784607569532199]
["EMULSÕES ASF. MOD. POR POLÍMEROS RR1C-E","2018-01-01","***","***","***","***",1.46035548179441,1.46035548179441]
["EMULSÕES ASF. MOD. POR POLÍMEROS RR1C-E","2018-02-01","***","***","***","***",1.4585830151350301,1.4585830151350301]
["EMULSÕES ASF. MOD. POR POLÍMEROS RR1C-E","2018-03-01","***","***","***",1.2067075301327901,1.45859568916619,1.3936979293647]
["EMULSÕES ASF. MOD. POR POLÍMEROS RR1C-E","2018-04-01","***","***","***",1.1761542709077899,1.46177487446648,1.4191071516284]
["EMULSÕES ASF. MOD. POR POLÍMEROS RR1C-E","2018-05-01","***","***",1.4948399999999999,1.2908318100890199,1.4715571388281701,1.4597138328496799]
["EMULSÕES ASF. MOD. POR POLÍMEROS RR1C-E","2018-06-01","***",1.57789,"***",1.63083,1.59135851344899,1.59718731228669]
["EMULSÕES ASF. MOD. POR POLÍMEROS RR1C-E","2018-07-01","***",1.57789,"***",1.6081463063707899,1.6020399365973901,1.6046084517652399]
["EMULSÕES ASF. MOD. POR POLÍMEROS RR1C-E","2018-08-01","***","***","***",1.6742313674898599,1.6369256078100101,1.6444978452790699]
["EMULSÕES ASF. MOD. POR POLÍMEROS RR1C-E","2018-09-01","***","***",2.2341700000000002,1.8784508130081301,1.4692400000000001,1.8123022041166399]
["EMULSÕES ASF. MOD. POR POLÍMEROS RR1C-E","2018-10-01","***","***",2.2341700000000002,1.8489347157668901,1.4692400000000001,1.9321701432588001]
["EMULSÕES ASF. MOD. POR POLÍMEROS RR1C-E","2018-11-01","***","***","***","***","***","***"]
["EMULSÕES ASF. MOD. POR POLÍMEROS RR1C-E","2018-12-01","***","***","***","***",2.2082000000000002,2.2082000000000002]
["EMULSÕES ASF. MOD. POR POLÍMEROS RR1C-E","2019-01-01","***","***","***","***",2.3943699999999999,2.3943699999999999]
["EMULSÕES ASF. MOD. POR POLÍMEROS RR1C-E","2019-02-01","***","***",2.46007,"***",2.53078,2.4793220260408]
["EMULSÕES ASF. MOD. POR POLÍMEROS RR1C-E","2019-03-01","***","***","***",2.2281200000000001,"***",2.2281200000000001]
["EMULSÕES ASF. MOD. POR POLÍMEROS RR1C-E","2019-04-01","***","***",2.46007,"***","***",2.46007]
["EMULSÕES ASF. MOD. POR POLÍMEROS RR1C-E","2019-05-01","***",2.2618,2.64752461472967,"***",2.1901099999999998,2.4639514823187501]
["EMULSÕES ASF. MOD. POR POLÍMEROS RR1C-E","2019-06-01","***",2.2618200000000002,2.64662,"***",2.2395700000000001,2.4087667156105099]
["EMULSÕES ASF. MOD. POR POLÍMEROS RR1C-E","2019-07-01","***",2.3224532118504602,2.69223242639824,"***",2.1904599999999999,2.56936753991253]
["EMULSÕES ASF. MOD. POR POLÍMEROS RR1C-E","2019-08-01","***",2.1289699999999998,2.6324100000000001,2.1677650925181,2.1735384288604198,2.3804612869450001]
["EMULSÕES ASF. MOD. POR POLÍMEROS RR1C-E","2019-09-01","***",2.1289799999999999,2.5795499999999998,2.1032899999999999,"***",2.3751069315023701]
["EMULSÕES ASF. MOD. POR POLÍMEROS RR1C-E","2019-10-01","***","***","***",2.1116279485820302,"***",2.1116279485820302]
["EMULSÕES ASF. MOD. POR POLÍMEROS RR1C-E","2019-11-01","***","***","***",2.2421600000000002,2.20776490725126,2.2182431496247701]
["EMULSÕES ASF. MOD. POR POLÍMEROS RR1C-E","2019-12-01","***","***","***",2.0493600000000001,2.23848,2.13766428969359]
["EMULSÕES ASF. MOD. POR POLÍMEROS RR1C-E","2020-01-01","***","***","***",2.2421799999999998,"***",2.2421799999999998]
["EMULSÕES ASF. MOD. POR POLÍMEROS RR1C-E","2020-02-01","***","***","***",2.1088,"***",2.1088]
["EMULSÕES ASF. MOD. POR POLÍMEROS RR1C-E","2020-03-01","***","***","***",2.1085400000000001,"***",2.1085400000000001]
["EMULSÕES ASF. MOD. POR POLÍMEROS RR1C-E","2020-04-01","***","***","***","***","***","***"]
["EMULSÕES ASF. MOD. POR POLÍMEROS RR1C-E","2020-05-01","***","***","***","***","***","***"]
["EMULSÕES ASF. MOD. POR POLÍMEROS RR1C-E","2020-06-01","***","***","***",2.3820000000000001,2.1860900000000001,2.2816695335129702]
["EMULSÕES ASF. MOD. POR POLÍMEROS RR1C-E","2020-07-01","***",1.85456,"***","***","***",1.85456]
["EMULSÕES ASF. MOD. POR POLÍMEROS RR1C-E","2020-08-01","***",1.9805600000000001,"***",2.0933593915211999,2.25333015752864,2.1754737822436701]
["EMULSÕES ASF. MOD. POR POLÍMEROS RR1C-E","2020-09-01","***",1.9805600000000001,"***","***",1.22307861324078,1.3531633213910299]
["EMULSÕES ASF. MOD. POR POLÍMEROS RR1C-E","2020-10-01","***",2.1169909623430998,"***","***",2.08819,2.1075862479679199]
["EMULSÕES ASF. MOD. POR POLÍMEROS RR1C-E","2020-11-01","***",2.016,"***","***",2.2705299999999999,2.1381327000630099]
["EMULSÕES ASF. MOD. POR POLÍMEROS RR1C-E","2020-12-01","***","***","***","***","***","***"]
["EMULSÕES ASF. MOD. POR POLÍMEROS RR1C-E","2021-01-01","***",2.016,"***","***",2.2397499999999999,2.1207387144259102]
["EMULSÕES ASF. MOD. POR POLÍMEROS RR1C-E","2021-02-01","***","***","***","***",2.45947,2.45947]
["EMULSÕES ASF. MOD. POR POLÍMEROS RR1C-E","2021-03-01","***","***","***","***",2.44671506470588,2.44671506470588]
["EMULSÕES ASF. MOD. POR POLÍMEROS RR1C-E","2021-04-01","***",2.6312000000000002,"***","***",2.4843189884064598,2.5237445584566802]
["EMULSÕES ASF. MOD. POR POLÍMEROS RR1C-E","2021-05-01","***","***","***","***",3.0254984626267398,3.0254984626267398]
["EMULSÕES ASF. MOD. POR POLÍMEROS RR1C-E","2021-06-01","***",3.0931999999999999,"***","***",2.8313657222770598,2.9601596438722599]
["EMULSÕES ASF. MOD. POR POLÍMEROS RR1C-E","2021-07-01","***","***","***",2.7347000000000001,3.0211000000000001,2.9055695441710401]
["EMULSÕES ASF. MOD. POR POLÍMEROS RR1C-E","2021-08-01","***",2.9802499999999998,"***",2.7554599999999998,3.2498544636678202,3.1036280487486998]
["EMULSÕES ASF. MOD. POR POLÍMEROS RR1C-E","2021-09-01","***","***","***",3.0580465818547,3.2546388999999998,3.12376721417428]
["EMULSÕES ASF. MOD. POR POLÍMEROS RR1C-E","2021-10-01","***",3.0279400000000001,"***",3.3371881557177598,3.3223293691037701,3.2822440990080799]
["EMULSÕES ASF. MOD. POR POLÍMEROS RR1C-E","2021-11-01","***","***","***",3.1308131578947398,3.7197956847230702,3.47853083363277]
["EMULSÕES ASF. MOD. POR POLÍMEROS RR1C-E","2021-12-01","***",3.3168799999999998,"***",3.3643000000000001,3.6635167755385698,3.4848407662236101]
["EMULSÕES ASF. MOD. POR POLÍMEROS RR1C-E","2022-01-01","***","***","***","***",3.69226306741573,3.69226306741573]
["EMULSÕES ASF. MOD. POR POLÍMEROS RR1C-E","2022-02-01","***","***","***","***",3.9474800000000001,3.9474800000000001]
["EMULSÕES ASF. MOD. POR POLÍMEROS RR1C-E","2022-03-01","***","***","***","***",3.8811136250816398,3.8811136250816398]
["EMULSÕES ASF. MOD. POR POLÍMEROS RR1C-E","2022-04-01","***","***","***","***",3.9067799999999999,3.9067799999999999]
["EMULSÕES ASF. MOD. POR POLÍMEROS RR1C-E","2022-05-01","***",3.5609299999999999,"***","***",3.78036588791137,3.7113541098950198]
["EMULSÕES ASF. MOD. POR POLÍMEROS RR1C-E","2022-06-01","***","***","***","***",3.7705199999999999,3.7705199999999999]
["EMULSÕES ASF. MOD. POR POLÍMEROS RR1C-E","2022-07-01","***",3.5950899999999999,"***","***",3.53052977261886,3.5423670718088598]
["EMULSÕES ASF. MOD. POR POLÍMEROS RR1C-E","2022-08-01","***",3.78295,"***","***",3.2968199999999999,3.5615948336252199]
["EMULSÕES ASF. MOD. POR POLÍMEROS RR1C-E","2022-09-01","***",3.7488000000000001,"***","***",3.20791,3.6752980429128699]
["EMULSÕES ASF. MOD. POR POLÍMEROS RR1C-E","2022-10-01","***",3.1893699999999998,"***","***",2.9241795302445301,3.0617632528255099]
["EMULSÕES ASF. MOD. POR POLÍMEROS RR1C-E","2022-11-01","***","***","***","***",3.28381701993704,3.28381701993704]
["EMULSÕES ASF. MOD. POR POLÍMEROS RR1C-E","2022-12-01","***","***","***","***",2.9880399999999998,2.9880399999999998]
["EMULSÕES ASF. MOD. POR POLÍMEROS RR1C-E","2023-01-01","***",3.0318700000000001,"***","***",3.3519600000000001,3.17798478081321]
["EMULSÕES ASF. MOD. POR POLÍMEROS RR1C-E","2023-02-01","***","***","***","***",2.7701099999999999,2.7701099999999999]
["EMULSÕES ASF. MOD. POR POLÍMEROS RR1C-E","2023-03-01","***",2.9674399999999999,"***","***","***",2.9674399999999999]
["EMULSÕES ASF. MOD. POR POLÍMEROS RR1C-E","2023-04-01","***","***","***","***","***","***"]
["EMULSÕES ASF. MOD. POR POLÍMEROS RR1C-E","2023-05-01","***","***","***","***",3.4115480763116102,3.4115480763116102]
["EMULSÕES ASF. MOD. POR POLÍMEROS RR1C-E","2023-06-01","***","***","***","***","***","***"]
["EMULSÕES ASF. MOD. POR POLÍMEROS RR1C-E","2023-07-01","***","***","***",5.9894999999999996,2.43187,2.5307617303683099]
["EMULSÕES ASF. MOD. POR POLÍMEROS RR1C-E","2023-08-01","***","***","***",2.4742999999999999,1.8361637363966099,2.2469244334338598]
["EMULSÕES ASF. MOD. POR POLÍMEROS RR2C-E","2009-12-01","***",0.91073000000000004,1.34820151245769,0.97463384143280896,1.0648968080413399,1.1251529238674101]
["EMULSÕES ASF. MOD. POR POLÍMEROS RR2C-E","2010-01-01","***",0.96935524435723996,1.3844562371787099,0.99360614972778105,1.1459363248461101,1.06055453624134]
["EMULSÕES ASF. MOD. POR POLÍMEROS RR2C-E","2010-02-01","***",0.97387734613893795,1.3294654088567801,1.01919737877351,1.02890618015538,1.0252560058557001]
["EMULSÕES ASF. MOD. POR POLÍMEROS RR2C-E","2010-03-01","***",0.98538961557897298,1.3563176982107401,0.98313385779847895,1.0331116510426299,1.0211207741717201]
["EMULSÕES ASF. MOD. POR POLÍMEROS RR2C-E","2010-04-01","***",1.02592161509625,1.3631129408164,1.0063451527980301,1.03756864608522,1.05553315961855]
["EMULSÕES ASF. MOD. POR POLÍMEROS RR2C-E","2010-05-01","***",1.0057743738572,1.3778442603518899,1.01964852591377,1.01097972764149,1.1181722303374799]
["EMULSÕES ASF. MOD. POR POLÍMEROS RR2C-E","2010-06-01","***",1.0022666921185901,1.2876981818851301,0.99832096772613699,1.04243177714024,1.0345939802202]
["EMULSÕES ASF. MOD. POR POLÍMEROS RR2C-E","2010-07-01","***",1.0264999339416401,1.32132107613564,0.99370384662779199,1.16463606622517,1.0389420277703201]
["EMULSÕES ASF. MOD. POR POLÍMEROS RR2C-E","2010-08-01","***",1.0369185782919901,1.43767471335482,0.95222752554253098,1.0748169951194899,1.08244248270871]
["EMULSÕES ASF. MOD. POR POLÍMEROS RR2C-E","2010-09-01","***",0.97521682852227098,1.2844565808636701,0.90286433857443904,1.1372663272397601,1.0656619840078301]
["EMULSÕES ASF. MOD. POR POLÍMEROS RR2C-E","2010-10-01","***",1.0427381205244,1.20492906525026,0.96586368129464995,1.00853140376266,1.0329083311998899]
["EMULSÕES ASF. MOD. POR POLÍMEROS RR2C-E","2010-11-01","***",0.91288663384184898,1.17397546730971,0.97726183611176298,0.92572641885164297,0.99952363154159996]
["EMULSÕES ASF. MOD. POR POLÍMEROS RR2C-E","2010-12-01","***",0.91350776287425195,1.18600427420629,0.93655554129965102,0.96252000000000004,0.97345868233789101]
["EMULSÕES ASF. MOD. POR POLÍMEROS RR2C-E","2011-01-01","***",0.876990195129566,1.2326601670275299,0.91837124792013303,0.93761864041003495,0.91315001623483505]
["EMULSÕES ASF. MOD. POR POLÍMEROS RR2C-E","2011-02-01","***",0.89596164658059696,"***",0.90391722854893697,0.94078084950949703,0.90510198348277504]
["EMULSÕES ASF. MOD. POR POLÍMEROS RR2C-E","2011-03-01","***",1.0425603096774201,1.14266,0.98263565344722403,0.94076174903193599,0.98168084582998205]
["EMULSÕES ASF. MOD. POR POLÍMEROS RR2C-E","2011-04-01","***",1.01892,"***",0.97933343078801804,0.93411320802130904,0.95512094993801]
["EMULSÕES ASF. MOD. POR POLÍMEROS RR2C-E","2011-05-01","***","***",1.1036762608610799,0.95844269973168905,0.92870896473853803,0.96062016096050495]
["EMULSÕES ASF. MOD. POR POLÍMEROS RR2C-E","2011-06-01","***",0.99434,1.1807970560446599,0.92473898881155303,0.94270465618153898,0.95531757880039703]
["EMULSÕES ASF. MOD. POR POLÍMEROS RR2C-E","2011-07-01","***",0.90549999999999997,1.1593346519079499,0.93690198653198598,0.93796602834577503,0.94844019907288002]
["EMULSÕES ASF. MOD. POR POLÍMEROS RR2C-E","2011-08-01","***",0.92192640057361397,1.32784623504748,0.90058197635880399,0.92986433260393897,0.95617189469650299]
["EMULSÕES ASF. MOD. POR POLÍMEROS RR2C-E","2011-09-01","***",1.0188999999999999,1.1825332688664401,0.92010725501388102,0.92208018300141903,1.02284307094444]
["EMULSÕES ASF. MOD. POR POLÍMEROS RR2C-E","2011-10-01","***",1.0291999999999999,1.02110780983436,0.85278281905381303,0.92233270840917403,0.95865456752187295]
["EMULSÕES ASF. MOD. POR POLÍMEROS RR2C-E","2011-11-01","***",1.0167213758947899,1.0572052130504499,0.90260209552904302,0.92230285534591205,1.0027919387519599]
["EMULSÕES ASF. MOD. POR POLÍMEROS RR2C-E","2011-12-01","***",0.94254161410853698,1.01984424199116,0.94580500523012601,1.14067208377776,1.00858327707587]
["EMULSÕES ASF. MOD. POR POLÍMEROS RR2C-E","2012-01-01","***","***","***",0.94994884253450396,1.2959912,1.1457807584164501]
["EMULSÕES ASF. MOD. POR POLÍMEROS RR2C-E","2012-02-01","***","***",0.98616999999999999,1.0596629093476899,0.94771054271896804,1.00621289115933]
["EMULSÕES ASF. MOD. POR POLÍMEROS RR2C-E","2012-03-01","***",0.914418309038871,1.01605556998249,1.0271862132034599,0.90274780667088195,0.96543823815209295]
["EMULSÕES ASF. MOD. POR POLÍMEROS RR2C-E","2012-04-01","***",0.99975758325430197,1.05167816441304,0.99401481316421003,0.81271701976143895,1.03284833237639]
["EMULSÕES ASF. MOD. POR POLÍMEROS RR2C-E","2012-05-01","***",0.98931000000000002,1.0695710716912501,1.0661405811192799,0.93174103713188206,1.0610959913579501]
["EMULSÕES ASF. MOD. POR POLÍMEROS RR2C-E","2012-06-01","***",0.97567027619602797,1.11839543348543,0.91789838738596197,0.971885657341644,1.0730589498781]
["EMULSÕES ASF. MOD. POR POLÍMEROS RR2C-E","2012-07-01","***",0.99142832561166105,1.14955980316926,1.0006129988552901,0.77495000000000003,1.11356416377423]
["EMULSÕES ASF. MOD. POR POLÍMEROS RR2C-E","2012-08-01","***",1.00838464620766,1.1776659524165101,0.982613767472163,0.85809412330634205,1.1299888137170999]
["EMULSÕES ASF. MOD. POR POLÍMEROS RR2C-E","2012-09-01","***",1.01586,1.17263486736501,0.87997914575666303,0.77495000000000003,1.1052008701795699]
["EMULSÕES ASF. MOD. POR POLÍMEROS RR2C-E","2012-10-01","***",1.01586,1.2035187809007599,0.88132266274238202,0.77495000000000003,1.1371020658491899]
["EMULSÕES ASF. MOD. POR POLÍMEROS RR2C-E","2012-11-01","***","***",1.2074963172320901,0.928979418395251,0.77495000000000003,1.1241170972860699]
["EMULSÕES ASF. MOD. POR POLÍMEROS RR2C-E","2012-12-01","***",1.0310619154360301,1.2244743826645099,1.08673971456693,0.77495000000000003,1.1109499297331]
["EMULSÕES ASF. MOD. POR POLÍMEROS RR2C-E","2013-01-01","***",1.02070944225034,1.1639900000000001,1.01919018172576,0.77495000000000003,1.0132854231484101]
["EMULSÕES ASF. MOD. POR POLÍMEROS RR2C-E","2013-02-01","***",1.04040810812785,1.16559516853933,1.1213133277831999,1.0846,1.0797058632228]
["EMULSÕES ASF. MOD. POR POLÍMEROS RR2C-E","2013-03-01","***",1.04590374080312,1.1457691854185399,1.04274257339362,1.0860000000000001,1.0559334668384199]
["EMULSÕES ASF. MOD. POR POLÍMEROS RR2C-E","2013-04-01","***",1.04506150675195,1.17224684677974,1.0734656618705001,1.0851999999999999,1.09219486894451]
["EMULSÕES ASF. MOD. POR POLÍMEROS RR2C-E","2013-05-01","***",1.01586,1.1956835689441201,1.0189430222145699,1.0874811502376001,1.17252987808056]
["EMULSÕES ASF. MOD. POR POLÍMEROS RR2C-E","2013-06-01","***",1.0707762262568199,1.16523654148428,1.1324555936282401,"***",1.1568578755605801]
["EMULSÕES ASF. MOD. POR POLÍMEROS RR2C-E","2013-07-01","***",1.04657735695957,1.14945112402953,1.3725700000000001,0.95027443029490599,1.1296285660121399]
["EMULSÕES ASF. MOD. POR POLÍMEROS RR2C-E","2013-08-01",1.1894199999999999,1.06826110783462,1.2315269669972799,1.00746739484801,1.0851182650862099,1.1654649484550901]
["EMULSÕES ASF. MOD. POR POLÍMEROS RR2C-E","2013-09-01",1.1894199999999999,1.1440045906870899,1.2528628579577099,1.1019623604142199,1.0836609482620501,1.2098457782847001]
["EMULSÕES ASF. MOD. POR POLÍMEROS RR2C-E","2013-10-01",1.1894199999999999,1.09185907354364,1.19113882033716,1.09037261922092,1.1026447060664499,1.15134423540596]
["EMULSÕES ASF. MOD. POR POLÍMEROS RR2C-E","2013-11-01",1.1894199999999999,1.15428960458881,1.22056109934471,1.0669682677895,1.1345570929139199,1.1729076354105401]
["EMULSÕES ASF. MOD. POR POLÍMEROS RR2C-E","2013-12-01","***",1.2668440149371001,1.1935266914066001,0.98873296904943198,1.12404297362431,1.1748054077038801]
["EMULSÕES ASF. MOD. POR POLÍMEROS RR2C-E","2014-01-01","***",1.2473567493978699,1.21595705655719,1.06865307272428,1.1165981920427399,1.17839264188017]
["EMULSÕES ASF. MOD. POR POLÍMEROS RR2C-E","2014-02-01","***",1.05484719183078,1.2612909159918999,1.0574515916557601,0.95132467546754695,1.10153346991681]
["EMULSÕES ASF. MOD. POR POLÍMEROS RR2C-E","2014-03-01","***",1.0546396102592901,1.2107343531041299,1.03250296041282,"***",1.1093446478087701]
["EMULSÕES ASF. MOD. POR POLÍMEROS RR2C-E","2014-04-01","***",1.0544453727266401,1.2595154955199299,1.07320316313846,1.1143799999999999,1.17114719079658]
["EMULSÕES ASF. MOD. POR POLÍMEROS RR2C-E","2014-05-01","***",1.05723567630411,1.22241312897252,1.0642879506616001,1.0906,1.1427100535994099]
["EMULSÕES ASF. MOD. POR POLÍMEROS RR2C-E","2014-06-01","***",1.0127070776406499,1.2330664120299899,1.0569769532179201,0.99095999999999995,1.1457222562331799]
["EMULSÕES ASF. MOD. POR POLÍMEROS RR2C-E","2014-07-01","***",1.0610044606223701,1.1877229535623099,1.03397767663465,0.96319894476385803,1.1296284937685901]
["EMULSÕES ASF. MOD. POR POLÍMEROS RR2C-E","2014-08-01","***",1.18506019611534,1.16313488049298,1.1093563689436701,1.3945000000000001,1.15994344395594]
["EMULSÕES ASF. MOD. POR POLÍMEROS RR2C-E","2014-09-01","***",1.28591736258804,1.2292168192483099,1.03940281595469,1.09806864745011,1.20942819937333]
["EMULSÕES ASF. MOD. POR POLÍMEROS RR2C-E","2014-10-01","***",1.2075999888220701,1.1407592232947199,1.0200284186428401,1.00120252306158,1.1319441142669899]
["EMULSÕES ASF. MOD. POR POLÍMEROS RR2C-E","2014-11-01","***",1.2097424733375699,1.14817825179519,1.0805822762439301,1.0067392344120001,1.1508560082074599]
["EMULSÕES ASF. MOD. POR POLÍMEROS RR2C-E","2014-12-01","***",1.4203582304245701,1.2656279883147501,1.2965096950457,1.1009080576093699,1.30432072496471]
["EMULSÕES ASF. MOD. POR POLÍMEROS RR2C-E","2015-01-01","***",1.89,"***",1.3687025589586499,"***",1.6658315727895301]
["EMULSÕES ASF. MOD. POR POLÍMEROS RR2C-E","2015-02-01","***","***","***",1.3240290071954099,1.4747886501007399,1.35328307747442]
["EMULSÕES ASF. MOD. POR POLÍMEROS RR2C-E","2015-03-01","***",1.3440993359992599,1.5023,1.3077129657664699,1.4598500000000001,1.34805252973844]
["EMULSÕES ASF. MOD. POR POLÍMEROS RR2C-E","2015-04-01","***",1.7966579515743999,1.4824299999999999,1.3020135980583201,1.16323545454545,1.46137498086536]
["EMULSÕES ASF. MOD. POR POLÍMEROS RR2C-E","2015-05-01","***","***",1.4736734340949,1.3437811129980399,1.08666824566312,1.36851698040603]
["EMULSÕES ASF. MOD. POR POLÍMEROS RR2C-E","2015-06-01","***",2.0246,1.42210999809197,1.2850635255712699,1.13624136619718,1.3419107360259599]
["EMULSÕES ASF. MOD. POR POLÍMEROS RR2C-E","2015-07-01","***",1.30401717051378,1.2050277566137599,1.2723727289889999,1.0527027375603299,1.21872245098039]
["EMULSÕES ASF. MOD. POR POLÍMEROS RR2C-E","2015-08-01","***","***",1.43042412342874,1.2877805560334401,1.18321465058292,1.31091932352177]
["EMULSÕES ASF. MOD. POR POLÍMEROS RR2C-E","2015-09-01","***","***",1.3681639026177801,1.3284410235816799,1.16542928997674,1.33515291802577]
["EMULSÕES ASF. MOD. POR POLÍMEROS RR2C-E","2015-10-01","***",1.98,1.53134642309251,1.3928056922388701,1.4202399999999999,1.58472743882678]
["EMULSÕES ASF. MOD. POR POLÍMEROS RR2C-E","2015-11-01","***",2.12952711770743,1.72365523668221,1.49880033989173,"***",1.8252301252129499]
["EMULSÕES ASF. MOD. POR POLÍMEROS RR2C-E","2015-12-01","***",1.96592856043459,1.5857699999999999,1.48622042007498,"***",1.6522299030893399]
["EMULSÕES ASF. MOD. POR POLÍMEROS RR2C-E","2016-01-01","***","***",2.39249,1.4319490265136501,"***",1.71554836943386]
["EMULSÕES ASF. MOD. POR POLÍMEROS RR2C-E","2016-02-01","***","***",2.3908767881241602,1.35195872827643,"***",1.44726523181678]
["EMULSÕES ASF. MOD. POR POLÍMEROS RR2C-E","2016-03-01","***",1.53504,1.70774,1.46058299498328,"***",1.4744193261511001]
["EMULSÕES ASF. MOD. POR POLÍMEROS RR2C-E","2016-04-01","***",1.7567200000000001,1.73264,1.56435570693142,1.6958915113937501,1.6604180378746201]
["EMULSÕES ASF. MOD. POR POLÍMEROS RR2C-E","2016-05-01","***","***",1.5669751288304501,1.5305542446460101,1.68325520748917,1.5599606403859501]
["EMULSÕES ASF. MOD. POR POLÍMEROS RR2C-E","2016-06-01","***","***",1.7023000640934001,1.5752502187631501,1.7093499999999999,1.64207442321502]
["EMULSÕES ASF. MOD. POR POLÍMEROS RR2C-E","2016-07-01","***",1.5349600000000001,1.7126558824373099,1.5713038020383501,1.7058176536976499,1.66966689437073]
["EMULSÕES ASF. MOD. POR POLÍMEROS RR2C-E","2016-08-01","***",1.5955299999999999,1.7508424629029899,1.6220628054342601,1.5319,1.69547040826097]
["EMULSÕES ASF. MOD. POR POLÍMEROS RR2C-E","2016-09-01","***",1.53743655116841,1.6296106844046401,1.47052997227784,1.43029349424954,1.54853890534095]
["EMULSÕES ASF. MOD. POR POLÍMEROS RR2C-E","2016-10-01","***",1.4657620751931499,1.48073699287558,1.3314506740681999,1.40363905728903,1.43978818014511]
["EMULSÕES ASF. MOD. POR POLÍMEROS RR2C-E","2016-11-01","***",1.0907468396414,1.5489556537347999,1.3344953175812999,1.4941367172158,1.317812769031]
["EMULSÕES ASF. MOD. POR POLÍMEROS RR2C-E","2016-12-01","***",1.1544616635543099,1.9311799999999999,1.3435789283322199,"***",1.3351411672017199]
["EMULSÕES ASF. MOD. POR POLÍMEROS RR2C-E","2017-01-01","***",1.15387588235294,"***",1.60086041709502,1.5232481154059601,1.3988085043731799]
["EMULSÕES ASF. MOD. POR POLÍMEROS RR2C-E","2017-02-01","***",1.4404488072435999,1.8829,1.3443576271186399,1.5224090422840599,1.4582330549979901]
["EMULSÕES ASF. MOD. POR POLÍMEROS RR2C-E","2017-03-01","***",1.4158900000000001,"***",1.40397150274377,"***",1.4124174972328101]
["EMULSÕES ASF. MOD. POR POLÍMEROS RR2C-E","2017-04-01","***",1.4214227784346201,1.8724564568720401,1.6077348575387,1.4981199999999999,1.5939213083599799]
["EMULSÕES ASF. MOD. POR POLÍMEROS RR2C-E","2017-05-01","***",1.4158900000000001,1.7492685177579801,1.35936784271523,1.50347970927318,1.59787308117988]
["EMULSÕES ASF. MOD. POR POLÍMEROS RR2C-E","2017-06-01","***",1.5218350415361599,1.7301512805636099,1.43253605499439,1.4430000000000001,1.6799273818390501]
["EMULSÕES ASF. MOD. POR POLÍMEROS RR2C-E","2017-07-01","***",1.48312,1.6837631773108499,1.33040943574809,1.3904146926834,1.6380343919322]
["EMULSÕES ASF. MOD. POR POLÍMEROS RR2C-E","2017-08-01","***",1.4828600000000001,1.47765717730169,1.3592231223959399,1.3949024939505501,1.46554936367542]
["EMULSÕES ASF. MOD. POR POLÍMEROS RR2C-E","2017-09-01","***",1.49241,1.5819643448284999,1.4225914688869401,1.38726185778716,1.56378501304106]
["EMULSÕES ASF. MOD. POR POLÍMEROS RR2C-E","2017-10-01","***","***",1.75481397265812,1.53866784542674,1.40283173617775,1.72744726613273]
["EMULSÕES ASF. MOD. POR POLÍMEROS RR2C-E","2017-11-01","***",1.6607000000000001,1.80194978026326,2.0248467509830999,1.53662944984802,1.7725213036582499]
["EMULSÕES ASF. MOD. POR POLÍMEROS RR2C-E","2017-12-01","***",1.71302,1.68721022919825,1.60933067592765,1.51505855724044,1.6490958815513499]
["EMULSÕES ASF. MOD. POR POLÍMEROS RR2C-E","2018-01-01","***",1.7705200000000001,1.7122480652854399,1.65688826949281,1.7230987649846701,1.70683114881041]
["EMULSÕES ASF. MOD. POR POLÍMEROS RR2C-E","2018-02-01","***","***",1.6208777303411801,1.50174400757298,1.6663459099804301,1.59934789083235]
["EMULSÕES ASF. MOD. POR POLÍMEROS RR2C-E","2018-03-01","***",1.73590820451843,1.7302030327806801,1.4395287370491801,1.59874135458167,1.6489803003636001]
["EMULSÕES ASF. MOD. POR POLÍMEROS RR2C-E","2018-04-01","***",1.70850232802386,1.6923075512673,1.5782218939253201,1.63567323601602,1.678528469862]
["EMULSÕES ASF. MOD. POR POLÍMEROS RR2C-E","2018-05-01","***",1.7765505334389899,1.7077995419563501,1.66872544069088,1.6897599999999999,1.7256480736373001]
["EMULSÕES ASF. MOD. POR POLÍMEROS RR2C-E","2018-06-01","***",1.66904431114442,1.79888806739457,1.6841103199718701,1.7847617012313699,1.76464549741321]
["EMULSÕES ASF. MOD. POR POLÍMEROS RR2C-E","2018-07-01","***",1.9692499999999999,1.8439185862482499,1.7441110652346901,2.2279599999999999,1.84928248828645]
["EMULSÕES ASF. MOD. POR POLÍMEROS RR2C-E","2018-08-01",3.3587799999999999,1.9654179475156901,2.1854208648985001,1.88196230161026,1.97194,2.1659802638080601]
["EMULSÕES ASF. MOD. POR POLÍMEROS RR2C-E","2018-09-01",2.4708184259573001,2.0565377374904101,2.2272392526537801,1.8523617291675301,1.95032539136227,2.1241247743951299]
["EMULSÕES ASF. MOD. POR POLÍMEROS RR2C-E","2018-10-01","***",2.0033770084545099,1.7713993296849699,1.80221487146662,1.98038,1.87024578191978]
["EMULSÕES ASF. MOD. POR POLÍMEROS RR2C-E","2018-11-01","***",2.13269111969255,2.4216285236130202,2.1122750312786098,2.2565845149608301,2.2388512726786498]
["EMULSÕES ASF. MOD. POR POLÍMEROS RR2C-E","2018-12-01",2.33256,2.0697199999999998,2.2177600000000002,2.1224763746201201,2.23010700821653,2.1631127314979102]
["EMULSÕES ASF. MOD. POR POLÍMEROS RR2C-E","2019-01-01","***",2.2000099999999998,"***",2.1652022601746999,2.0643973361747499,2.1589821217013498]
["EMULSÕES ASF. MOD. POR POLÍMEROS RR2C-E","2019-02-01","***","***","***",2.3185367674670299,2.2951897653596798,2.31651654573627]
["EMULSÕES ASF. MOD. POR POLÍMEROS RR2C-E","2019-03-01","***",2.4764300000000001,"***",2.2734969208972799,2.1978187443227402,2.3004899778024401]
["EMULSÕES ASF. MOD. POR POLÍMEROS RR2C-E","2019-04-01","***",2.4884661793949601,2.2523488576844999,2.6665232520325199,2.2597713849632601,2.3299397600248599]
["EMULSÕES ASF. MOD. POR POLÍMEROS RR2C-E","2019-05-01","***",2.3824900000000002,2.2493738327889701,2.5116499121539002,2.2641309883720901,2.3282346978741]
["EMULSÕES ASF. MOD. POR POLÍMEROS RR2C-E","2019-06-01","***","***",2.7486408250151202,2.5123457204814099,2.2321478292046901,2.5941416320891402]
["EMULSÕES ASF. MOD. POR POLÍMEROS RR2C-E","2019-07-01",2.43831,2.7412835847142398,2.5618148884304301,2.2512048607411002,2.2679897830374798,2.5457385344955799]
["EMULSÕES ASF. MOD. POR POLÍMEROS RR2C-E","2019-08-01",2.3455191267605602,2.3227346966666702,2.5525009547511299,2.3129090470887701,"***",2.5127410760027402]
["EMULSÕES ASF. MOD. POR POLÍMEROS RR2C-E","2019-09-01",2.3281356750102602,2.0440503115814201,2.4817195561959702,2.3520848983642999,2.2729148412524598,2.4204883333790899]
["EMULSÕES ASF. MOD. POR POLÍMEROS RR2C-E","2019-10-01",2.3624800000000001,3.0112172554927801,2.3567727267681802,2.3191814927071102,2.1924703130849101,2.47119965814026]
["EMULSÕES ASF. MOD. POR POLÍMEROS RR2C-E","2019-11-01",2.36849,3.3502205157820999,2.4676782807865099,2.32253405736743,2.2316018915635198,2.8422216610054298]
["EMULSÕES ASF. MOD. POR POLÍMEROS RR2C-E","2019-12-01",2.3686799999999999,3.1151456544171801,2.3543015436867298,2.33744602401601,2.3543250404954699,2.84144807432935]
["EMULSÕES ASF. MOD. POR POLÍMEROS RR2C-E","2020-01-01","***",3.0619413400800202,2.4741226465739001,2.3700881022508602,2.34038164299663,2.6374461712368999]
["EMULSÕES ASF. MOD. POR POLÍMEROS RR2C-E","2020-02-01",2.0538099999999999,3.27165765407555,2.8653300000000002,2.41859,2.1598124990078,2.7477419555304099]
["EMULSÕES ASF. MOD. POR POLÍMEROS RR2C-E","2020-03-01",2.10666239646465,"***",2.1696447205960601,2.2224373307046101,2.0841862626114902,2.1507985547910802]
["EMULSÕES ASF. MOD. POR POLÍMEROS RR2C-E","2020-04-01",2.0355952302869502,"***",2.2015968598954898,2.1934076102660001,2.0950267971190599,2.1064516237145301]
["EMULSÕES ASF. MOD. POR POLÍMEROS RR2C-E","2020-05-01","***",2.2723900000000001,2.29723756171617,2.2209613882010202,2.1553695526992298,2.23826482571886]
["EMULSÕES ASF. MOD. POR POLÍMEROS RR2C-E","2020-06-01",2.0219871021729601,2.1570165542957902,2.44131506578168,2.41859,2.5018799999999999,2.3028148817473699]
["EMULSÕES ASF. MOD. POR POLÍMEROS RR2C-E","2020-07-01",1.97315,2.12162096260829,2.3638028381539802,2.2103281977618199,1.4994911835206,2.14063878668457]
["EMULSÕES ASF. MOD. POR POLÍMEROS RR2C-E","2020-08-01","***",2.2038424361082001,2.5932499689574402,2.3849091785150098,2.8673500000000001,2.5106721421474698]
["EMULSÕES ASF. MOD. POR POLÍMEROS RR2C-E","2020-09-01","***",2.1923949345335498,2.42736138540333,2.23977670671764,0.28672999999999998,2.3226628040798101]
["EMULSÕES ASF. MOD. POR POLÍMEROS RR2C-E","2020-10-01","***",2.2075696302382899,2.4423051481562998,2.3065642514171398,2.1341329036027301,2.3956152284716699]
["EMULSÕES ASF. MOD. POR POLÍMEROS RR2C-E","2020-11-01","***",2.2860410379951501,2.82618419505611,2.3237399999999999,2.5703100000000001,2.65017926291087]
["EMULSÕES ASF. MOD. POR POLÍMEROS RR2C-E","2020-12-01","***",2.3396254678858899,2.84619648880419,2.3268200000000001,2.4196956687898101,2.5607014905378498]
["EMULSÕES ASF. MOD. POR POLÍMEROS RR2C-E","2021-01-01","***",2.37674106201443,2.93413155378486,2.21852774789761,2.2601421781055002,2.5576864574458602]
["EMULSÕES ASF. MOD. POR POLÍMEROS RR2C-E","2021-02-01","***",2.3527499999999999,3.1254121989580299,2.3695078082869498,2.1555800000000001,2.8338672706993999]
["EMULSÕES ASF. MOD. POR POLÍMEROS RR2C-E","2021-03-01","***",2.76356914049971,2.3166645016226202,2.36558544699162,"***",2.5066435201785602]
["EMULSÕES ASF. MOD. POR POLÍMEROS RR2C-E","2021-04-01","***",2.3279999999999998,2.4540795533338402,2.3783185889376099,2.5152377513446398,2.440118374566]
["EMULSÕES ASF. MOD. POR POLÍMEROS RR2C-E","2021-05-01","***",2.8498000000000001,2.8310643924831602,2.8946166502488602,3.0639599999999998,2.8679935524421301]
["EMULSÕES ASF. MOD. POR POLÍMEROS RR2C-E","2021-06-01","***",2.7936000000000001,2.9242336583408699,2.8083336144823399,3.0637442543728102,2.93105655608356]
["EMULSÕES ASF. MOD. POR POLÍMEROS RR2C-E","2021-07-01","***",2.9639899999999999,3.1259217932111798,2.9358050249293699,3.0126369038432399,3.08866991079051]
["EMULSÕES ASF. MOD. POR POLÍMEROS RR2C-E","2021-08-01","***",2.8990900000000002,3.3423373468847402,3.1259175629904998,3.0846684136396298,3.2962011030982801]
["EMULSÕES ASF. MOD. POR POLÍMEROS RR2C-E","2021-09-01","***","***",3.29731983419346,3.0889239732563598,3.0064363607122302,3.2716967891139799]
["EMULSÕES ASF. MOD. POR POLÍMEROS RR2C-E","2021-10-01","***",3.0912600000000001,3.2885131134726402,2.9791415447739702,3.0169631818181801,3.2239709662123799]
["EMULSÕES ASF. MOD. POR POLÍMEROS RR2C-E","2021-11-01","***",3.3856972942830401,3.5025718253272999,3.3585344478722399,3.29821217584177,3.4017871413287701]
["EMULSÕES ASF. MOD. POR POLÍMEROS RR2C-E","2021-12-01","***","***",3.5586173603524198,3.5337103658675799,3.50154846415094,3.5355516644146601]
["EMULSÕES ASF. MOD. POR POLÍMEROS RR2C-E","2022-01-01","***",3.2460900000000001,3.7693536936059999,3.50019014490766,3.8643467935000699,3.6674595797889902]
["EMULSÕES ASF. MOD. POR POLÍMEROS RR2C-E","2022-02-01","***",3.5857100000000002,3.8406183275145498,3.84515251330913,4.0422099999999999,3.83759451029553]
["EMULSÕES ASF. MOD. POR POLÍMEROS RR2C-E","2022-03-01","***",3.6974153276353299,3.7419201387374401,3.9556631096691599,3.7222024290780098,3.8668436059227802]
["EMULSÕES ASF. MOD. POR POLÍMEROS RR2C-E","2022-04-01","***",3.8544299999999998,4.6856900000000001,4.0458181291197199,4.12411054468493,4.1141489564558702]
["EMULSÕES ASF. MOD. POR POLÍMEROS RR2C-E","2022-05-01",4.0049969570060098,4.1313700000000004,3.9169645708986001,4.1508882176555604,3.7809772825484802,4.0369837200164298]
["EMULSÕES ASF. MOD. POR POLÍMEROS RR2C-E","2022-06-01",3.8655033649017101,"***",3.8453874757897202,4.0250318570097301,3.7830738392749201,3.9441159177051599]
["EMULSÕES ASF. MOD. POR POLÍMEROS RR2C-E","2022-07-01",3.9166799999999999,3.6922299999999999,3.9892275891872,3.8733046095961599,3.7096622727626798,3.8877545530495801]
["EMULSÕES ASF. MOD. POR POLÍMEROS RR2C-E","2022-08-01",3.7444899999999999,3.7760500000000001,4.0189779245664203,3.8011483682483198,3.4792555373051202,3.8890841148480702]
["EMULSÕES ASF. MOD. POR POLÍMEROS RR2C-E","2022-09-01","***",4.2418009108427501,4.0530000610813204,3.7088813092117299,3.8063199999999999,3.8677118111396802]
["EMULSÕES ASF. MOD. POR POLÍMEROS RR2C-E","2022-10-01","***",3.1055511526328599,3.2695332481964301,3.71257628990461,3.3054116881775899,3.5698722948153399]
["EMULSÕES ASF. MOD. POR POLÍMEROS RR2C-E","2022-11-01","***",3.5929139204620499,3.6400621680206902,3.4623746992202,"***",3.5194713574277499]
["EMULSÕES ASF. MOD. POR POLÍMEROS RR2C-E","2022-12-01","***",3.2589800000000002,3.6303540253845901,3.4135661563057198,3.4572393655371298,3.5389447600288801]
["EMULSÕES ASF. MOD. POR POLÍMEROS RR2C-E","2023-01-01","***","***","***",3.3638170275741301,3.0793328811449898,3.3408265310535601]
["EMULSÕES ASF. MOD. POR POLÍMEROS RR2C-E","2023-02-01","***",3.1933099999999999,3.10395795503675,3.3483385178943199,2.73572809305873,3.1954278909809801]
["EMULSÕES ASF. MOD. POR POLÍMEROS RR2C-E","2023-03-01","***",3.6410270004127101,3.0446717336864899,3.1101882689813398,2.8713062160203,3.26106089276503]
["EMULSÕES ASF. MOD. POR POLÍMEROS RR2C-E","2023-04-01","***",3.84639990157959,3.0449708890278,3.0110756056213499,3.4107400000000001,3.14283928423019]
["EMULSÕES ASF. MOD. POR POLÍMEROS RR2C-E","2023-05-01","***",3.20198941541102,3.21971984727245,2.9478137865644798,2.9409981007219002,3.06381583696096]
["EMULSÕES ASF. MOD. POR POLÍMEROS RR2C-E","2023-06-01","***",3.21636622229917,3.32188762933403,2.9017037694049201,3.1563150385147098,3.1102995277837202]
["EMULSÕES ASF. MOD. POR POLÍMEROS RR2C-E","2023-07-01","***",3.0564444727000701,3.3476616518863902,3.0412601153822001,2.964,3.1562408064102301]
["EMULSÕES ASF. MOD. POR POLÍMEROS RR2C-E","2023-08-01",3.39527,2.93909969561243,3.3940534058331902,2.90368250835553,2.5705577559986499,3.0971995781696502]
["EMULSÕES ASFÁLTICAS LA-E","2008-11-01",2.30332214472537,"***","***",0.98824298157453905,0.81794999999999995,2.0984422994652401]
["EMULSÕES ASFÁLTICAS LA-E","2008-12-01","***","***","***",1.0900345919044501,"***",1.0900345919044501]
["EMULSÕES ASFÁLTICAS LA-E","2009-01-01","***","***","***",1.11491930501931,"***",1.11491930501931]
["EMULSÕES ASFÁLTICAS LA-E","2009-02-01","***","***","***",1.1002894454382799,"***",1.1002894454382799]
["EMULSÕES ASFÁLTICAS LA-E","2009-03-01","***","***",0.77302888986013996,1.2231814928112601,"***",0.93673440315941703]
["EMULSÕES ASFÁLTICAS LA-E","2009-04-01","***","***","***",1.03260476915271,"***",1.03260476915271]
["EMULSÕES ASFÁLTICAS LA-E","2009-05-01","***","***","***",1.1254783427495301,0.67854999999999999,0.80113210227272702]
["EMULSÕES ASFÁLTICAS LA-E","2009-06-01","***","***","***",1.0738062992126001,"***",1.0738062992126001]
["EMULSÕES ASFÁLTICAS LA-E","2009-07-01","***","***","***",1.0759839390386901,"***",1.0759839390386901]
["EMULSÕES ASFÁLTICAS LA-E","2009-08-01","***","***",0.91224567881585195,1.0658639088729001,"***",0.92180669402985105]
["EMULSÕES ASFÁLTICAS LA-E","2009-09-01","***","***",0.92049000000000003,1.05387540425532,"***",0.95201209372485895]
["EMULSÕES ASFÁLTICAS LA-E","2009-10-01","***","***",0.77695696078431398,1.11813195876289,"***",0.85268688024408901]
["EMULSÕES ASFÁLTICAS LA-E","2009-11-01","***","***",0.74589394406518394,0.95686511306532696,"***",0.77735975829117498]
["EMULSÕES ASFÁLTICAS LA-E","2009-12-01","***","***","***",0.97666949806949799,"***",0.97666949806949799]
["EMULSÕES ASFÁLTICAS LA-E","2010-01-01","***","***","***",0.78245491689459301,"***",0.78245491689459301]
["EMULSÕES ASFÁLTICAS LA-E","2010-02-01","***","***","***",0.78837289422811396,"***",0.78837289422811396]
["EMULSÕES ASFÁLTICAS LA-E","2010-03-01","***","***","***",1.05175688356164,"***",1.05175688356164]
["EMULSÕES ASFÁLTICAS LA-E","2010-04-01","***","***",0.74590000000000001,0.98982251442703995,"***",0.82503292591601995]
["EMULSÕES ASFÁLTICAS LA-E","2010-05-01","***","***",0.81927176619159303,1.00021633245383,0.66247999999999996,0.82116073858679905]
["EMULSÕES ASFÁLTICAS LA-E","2010-06-01","***","***",0.81640000000000001,1.0156338608562701,"***",0.86595274576915804]
["EMULSÕES ASFÁLTICAS LA-E","2010-07-01","***","***",0.7843,1.03801639370079,"***",0.90121575471698101]
["EMULSÕES ASFÁLTICAS LA-E","2010-08-01","***","***",0.783895838587642,0.99216139877300602,"***",0.81055880301602301]
["EMULSÕES ASFÁLTICAS LA-E","2010-09-01","***","***",0.83652992957746497,0.98461505862646603,"***",0.88036077838373805]
["EMULSÕES ASFÁLTICAS LA-E","2010-10-01","***","***",0.82889248093633605,1.0560252293578001,"***",0.85931173398863503]
["EMULSÕES ASFÁLTICAS LA-E","2010-11-01","***","***",0.79390000000000005,1.02634476793249,"***",0.96837160728424398]
["EMULSÕES ASFÁLTICAS LA-E","2010-12-01","***","***",0.83322314049586799,1.0125136700336701,"***",0.94000647058823505]
["EMULSÕES ASFÁLTICAS LA-E","2011-01-01","***","***","***",1.01958606760099,"***",1.01958606760099]
["EMULSÕES ASFÁLTICAS LA-E","2011-02-01","***","***","***",1.0396500692041499,"***",1.0396500692041499]
["EMULSÕES ASFÁLTICAS LA-E","2011-03-01","***","***",0.78149999999999997,1.0619915910964599,"***",0.88726198321417504]
["EMULSÕES ASFÁLTICAS LA-E","2011-04-01","***","***",0.814052215023639,1.02176811345646,"***",0.857624555140446]
["EMULSÕES ASFÁLTICAS LA-E","2011-05-01","***","***",0.79859831361502298,0.99949230832646296,"***",0.80735197463898301]
["EMULSÕES ASFÁLTICAS LA-E","2011-06-01","***","***",0.79322637396694196,1.06180315049226,"***",0.81160363198922203]
["EMULSÕES ASFÁLTICAS LA-E","2011-07-01","***","***",0.75249248444839401,1.21566209302326,"***",0.78754815184229099]
["EMULSÕES ASFÁLTICAS LA-E","2011-08-01","***","***",0.78047076193390497,1.0487035196850401,"***",0.82411098770176805]
["EMULSÕES ASFÁLTICAS LA-E","2011-09-01","***","***",0.813387286034707,0.86076348857905705,"***",0.82687362100996498]
["EMULSÕES ASFÁLTICAS LA-E","2011-10-01","***","***",0.83520000000000005,1.05388324159021,"***",0.91659945361411499]
["EMULSÕES ASFÁLTICAS LA-E","2011-11-01","***","***",0.75600000000000001,0.99928899422918405,"***",0.78531454753153895]
["EMULSÕES ASFÁLTICAS LA-E","2011-12-01","***","***",0.75697344061520899,1.1632141015624999,"***",0.784580982213963]
["EMULSÕES ASFÁLTICAS LA-E","2012-01-01","***","***","***",1.0630484400904301,"***",1.0630484400904301]
["EMULSÕES ASFÁLTICAS LA-E","2012-02-01","***","***","***",1.0124499055118099,"***",1.0124499055118099]
["EMULSÕES ASFÁLTICAS LA-E","2012-03-01","***","***","***",0.92201100658858004,"***",0.92201100658858004]
["EMULSÕES ASFÁLTICAS LA-E","2012-04-01","***","***",0.82663029226987195,0.77033506805157603,"***",0.78745701005233903]
["EMULSÕES ASFÁLTICAS LA-E","2012-05-01","***","***",0.75284071652238005,0.94700099712023,"***",0.79239610369609803]
["EMULSÕES ASFÁLTICAS LA-E","2012-06-01","***","***",0.77016013179571696,0.92279252981795301,0.91839999999999999,0.91186002742905403]
["EMULSÕES ASFÁLTICAS LA-E","2012-07-01","***","***",0.81429265121537597,0.91462042395385001,"***",0.89007103188325598]
["EMULSÕES ASFÁLTICAS LA-E","2012-08-01","***","***",0.814790966900375,0.95715338956657103,0.91839999999999999,0.87913682335837195]
["EMULSÕES ASFÁLTICAS LA-E","2012-09-01","***","***",0.82346089011421797,0.91773674082665602,0.91839999999999999,0.88099465924824405]
["EMULSÕES ASFÁLTICAS LA-E","2012-10-01","***","***",0.80310558347292005,0.90957737730663502,0.91839999999999999,0.85944706965409901]
["EMULSÕES ASFÁLTICAS LA-E","2012-11-01","***","***",0.81469999999999998,1.10817735199139,0.91839999999999999,0.87662869315462]
["EMULSÕES ASFÁLTICAS LA-E","2012-12-01","***","***",0.81469999999999998,1.0579856043956,1.00620456084895,0.91354224822183305]
["EMULSÕES ASFÁLTICAS LA-E","2013-01-01","***","***","***",1.1665648884381301,"***",1.1665648884381301]
["EMULSÕES ASFÁLTICAS LA-E","2013-02-01","***","***","***",1.00604597691674,"***",1.00604597691674]
["EMULSÕES ASFÁLTICAS LA-E","2013-03-01","***",0.90100000000000002,0.80871999999999999,1.0150619389701201,"***",0.92901406333539005]
["EMULSÕES ASFÁLTICAS LA-E","2013-04-01","***",0.90100000000000002,0.80871999999999999,0.91012707488986799,"***",0.89672674324324297]
["EMULSÕES ASFÁLTICAS LA-E","2013-05-01","***","***",0.86767682377919297,0.99040634042553199,"***",0.90852871671388102]
["EMULSÕES ASFÁLTICAS LA-E","2013-06-01","***","***",0.8397,0.99261574482297898,"***",0.93504147022074102]
["EMULSÕES ASFÁLTICAS LA-E","2013-07-01","***","***","***",1.46528888888889,0.91839999999999999,0.954093893129771]
["EMULSÕES ASFÁLTICAS LA-E","2013-08-01","***","***",0.86447505200126096,1.01078014125467,"***",0.92758550896057401]
["EMULSÕES ASFÁLTICAS LA-E","2013-09-01","***","***",0.83757890704584004,"***","***",0.83757890704584004]
["EMULSÕES ASFÁLTICAS LA-E","2013-10-01","***","***",0.82574000000000003,1.50782777777778,0.91839999999999999,0.88102365238095204]
["EMULSÕES ASFÁLTICAS LA-E","2013-11-01","***","***","***",1.4759,"***",1.4759]
["EMULSÕES ASFÁLTICAS LA-E","2013-12-01","***","***","***",1.4713020000000001,1.1561999999999999,1.1677355260115601]
["EMULSÕES ASFÁLTICAS LA-E","2014-01-01","***","***",0.83343336737588702,1.469095,1.1561999999999999,0.97361151286674297]
["EMULSÕES ASFÁLTICAS LA-E","2014-02-01","***","***",0.79852999999999996,1.4130976190476201,"***",0.91009163785259295]
["EMULSÕES ASFÁLTICAS LA-E","2014-03-01","***","***",0.84553999999999996,1.46228,"***",0.85806598610368801]
["EMULSÕES ASFÁLTICAS LA-E","2014-04-01","***","***","***",0.98882540664375695,"***",0.98882540664375695]
["EMULSÕES ASFÁLTICAS LA-E","2014-05-01","***","***",1.21,1.0644142616372401,"***",1.13643964720195]
["EMULSÕES ASFÁLTICAS LA-E","2014-06-01","***","***",0.85942346292947602,1.0561305837611701,"***",0.99788989961183205]
["EMULSÕES ASFÁLTICAS LA-E","2014-07-01","***","***",0.62121999999999999,1.0487444833005899,"***",0.89187915671641804]
["EMULSÕES ASFÁLTICAS LA-E","2014-08-01","***",1.53,"***",1.0027548253826699,"***",1.2250985922997599]
["EMULSÕES ASFÁLTICAS LA-E","2014-09-01","***",1.53,0.87405999999999995,1.05067602040816,"***",1.12001240006526]
["EMULSÕES ASFÁLTICAS LA-E","2014-10-01","***",1.27,0.69171984848484802,1.04992078616352,"***",0.96198231882892304]
["EMULSÕES ASFÁLTICAS LA-E","2014-11-01","***",1.27,0.65868000000000004,1.5342975000000001,"***",1.0842707941140699]
["EMULSÕES ASFÁLTICAS LA-E","2014-12-01","***","***","***",1.6844933333333301,"***",1.6844933333333301]
["EMULSÕES ASFÁLTICAS LA-E","2015-01-01","***","***","***","***","***","***"]
["EMULSÕES ASFÁLTICAS LA-E","2015-02-01","***","***","***",1.2839,"***",1.2839]
["EMULSÕES ASFÁLTICAS LA-E","2015-03-01","***","***","***","***","***","***"]
["EMULSÕES ASFÁLTICAS LA-E","2015-04-01","***","***","***",1.2090000000000001,"***",1.2090000000000001]
["EMULSÕES ASFÁLTICAS LA-E","2015-05-01","***","***","***",1.2312000000000001,"***",1.2312000000000001]
["EMULSÕES ASFÁLTICAS LA-E","2015-06-01","***",1.97,"***","***","***",1.97]
["EMULSÕES ASFÁLTICAS LA-E","2015-07-01","***","***","***","***","***","***"]
["EMULSÕES ASFÁLTICAS LA-E","2015-08-01","***","***","***",1.1745000000000001,"***",1.1745000000000001]
["EMULSÕES ASFÁLTICAS RL-1C","2008-11-01",1.1337367193710799,0.829097057582182,1.0123072239738899,0.76819089891112302,0.78295181783867696,0.83507677968494198]
["EMULSÕES ASFÁLTICAS RL-1C","2008-12-01",1.68164145937942,0.90851708075388204,1.0518602859719199,0.77048902264208197,0.84096474803779897,0.880063571647]
["EMULSÕES ASFÁLTICAS RL-1C","2009-01-01",1.7767251486634701,0.95670433042737102,1.04800849064666,0.77475230276824203,0.88206460479510196,0.92295130107878398]
["EMULSÕES ASFÁLTICAS RL-1C","2009-02-01",1.3359090299601899,0.98164153888543904,1.0424075602805001,0.86729839232663597,0.88040202021181602,0.92851954103418799]
["EMULSÕES ASFÁLTICAS RL-1C","2009-03-01",1.2094642718525299,1.0838679811896399,1.0157732456476001,0.81030083621771198,0.90061806000153499,0.894259559528786]
["EMULSÕES ASFÁLTICAS RL-1C","2009-04-01",1.22270064882151,1.0290262168527899,1.04529534854364,0.79489055608496695,0.86327962507348799,0.88437406599184198]
["EMULSÕES ASFÁLTICAS RL-1C","2009-05-01",1.39934975428634,0.984989917756108,1.0550202309493,0.81191242332609603,0.91001509015194204,0.91222418698756402]
["EMULSÕES ASFÁLTICAS RL-1C","2009-06-01",1.2842121913145099,0.89913940419113703,1.0397378512653199,0.79617148751510103,0.89537956942264996,0.90267753689464403]
["EMULSÕES ASFÁLTICAS RL-1C","2009-07-01",1.41800002378461,0.97209818842476203,1.0299306008657101,0.81623672202128505,0.97433216915045695,0.93779430065724201]
["EMULSÕES ASFÁLTICAS RL-1C","2009-08-01",1.27075004972324,0.91162033457629299,1.0356661824195601,0.812387216648498,0.91629657133170905,0.91481274182647498]
["EMULSÕES ASFÁLTICAS RL-1C","2009-09-01",1.3326649843862599,0.87112101696288302,1.0558386672175499,0.79724030791661304,0.87356679064048404,0.89900022901717103]
["EMULSÕES ASFÁLTICAS RL-1C","2009-10-01",1.44796352333684,0.89492004474980502,1.02231843008902,0.81959542481486203,0.88476568623238705,0.90677308326236505]
["EMULSÕES ASFÁLTICAS RL-1C","2009-11-01",1.34721317889318,0.92637572964481396,1.02287314903642,0.81124182981946402,0.89988311625296002,0.91191494172355503]
["EMULSÕES ASFÁLTICAS RL-1C","2009-12-01",1.4870461488223099,0.93173670793845298,1.0103184961456799,0.79911653286453599,0.856756025507588,0.90524538242029395]
["EMULSÕES ASFÁLTICAS RL-1C","2010-01-01",1.5100926910515999,0.84861539200723202,1.0485459459778499,0.84136823476461997,0.83260228943070502,0.89460549829265701]
["EMULSÕES ASFÁLTICAS RL-1C","2010-02-01",1.66710294936977,0.85433676031968797,1.03016343865955,0.87649349876000904,0.78187584191062798,0.89828149929195]
["EMULSÕES ASFÁLTICAS RL-1C","2010-03-01",1.03599524704776,0.77930315376850801,1.01999475918452,0.85710019115268798,0.79304235325555505,0.86189391749043598]
["EMULSÕES ASFÁLTICAS RL-1C","2010-04-01",1.12003380697051,0.72410152308280396,1.04291075190002,0.82493974002127701,0.76740669341214995,0.85110632923879304]
["EMULSÕES ASFÁLTICAS RL-1C","2010-05-01",1.57726518349693,0.71156682472061406,1.0276701726270401,0.81082938531425197,0.73930895680494801,0.83067256080542196]
["EMULSÕES ASFÁLTICAS RL-1C","2010-06-01",1.39023311220389,0.70776594076212695,0.97860494859470104,0.81846515787974505,0.75829875901576005,0.84119292356714104]
["EMULSÕES ASFÁLTICAS RL-1C","2010-07-01",1.44659979859013,0.71160120545443795,0.95649688358511298,0.80790649136605697,0.75401543822336803,0.833594543405343]
["EMULSÕES ASFÁLTICAS RL-1C","2010-08-01",1.18412576156948,0.70828243277414504,0.94081418768179204,0.765871243861871,0.74350204522738905,0.79203830855104596]
["EMULSÕES ASFÁLTICAS RL-1C","2010-09-01",1.2508274689147501,0.71615812125723499,0.96665288745684097,0.75316963201170795,0.75588959100354802,0.80082669090372605]
["EMULSÕES ASFÁLTICAS RL-1C","2010-10-01",1.20894147679522,0.71790035930401996,0.99988680901667704,0.77677819704464801,0.80340748505276105,0.84889697620471904]
["EMULSÕES ASFÁLTICAS RL-1C","2010-11-01",1.2230756452338101,0.72646904460053197,0.98389369594880205,0.69449508009641503,0.75657561090435899,0.80137760262074798]
["EMULSÕES ASFÁLTICAS RL-1C","2010-12-01",1.2200442915685801,0.72270405732695497,0.940263999352832,0.75597660658874999,0.76366957012592296,0.80325898437742804]
["EMULSÕES ASFÁLTICAS RL-1C","2011-01-01",1.0179717836447799,0.70475948617089701,0.98166222067122499,0.77189910009488705,0.76383277735968302,0.81353863613637101]
["EMULSÕES ASFÁLTICAS RL-1C","2011-02-01",1.25206722537142,0.725037514111885,0.93291845035736998,0.74383552052645496,0.77223721673158696,0.794212923707038]
["EMULSÕES ASFÁLTICAS RL-1C","2011-03-01",1.27074826301028,0.72167428675154899,0.95248340997716296,0.74650864959502194,0.73644205225794601,0.79074268855053897]
["EMULSÕES ASFÁLTICAS RL-1C","2011-04-01",1.3569220621334399,0.71944409601369397,0.890303966315933,0.74569874366422295,0.71082713390874797,0.78548259698309397]
["EMULSÕES ASFÁLTICAS RL-1C","2011-05-01",1.28779983054925,0.73875797069304905,0.90834265450051499,0.72125295406553702,0.70718702579215698,0.77210141838247304]
["EMULSÕES ASFÁLTICAS RL-1C","2011-06-01",1.30524685206311,0.76883359955821495,0.87986943379871696,0.72377178073897797,0.71933359404497699,0.78145920581843697]
["EMULSÕES ASFÁLTICAS RL-1C","2011-07-01",1.25080331533635,0.68571783887207405,0.93805533341132596,0.730719280027331,0.71811545537114496,0.77156768543051102]
["EMULSÕES ASFÁLTICAS RL-1C","2011-08-01",1.2880376501301101,0.68610112329782902,0.91786469656283998,0.757205196446605,0.715063138100134,0.80493951321486701]
["EMULSÕES ASFÁLTICAS RL-1C","2011-09-01",1.23075914161563,0.70168431233812001,0.91896527588917498,0.72895589640805503,0.71461552607360401,0.80382264692642502]
["EMULSÕES ASFÁLTICAS RL-1C","2011-10-01",1.1947842878902399,0.68709666146581005,0.86511899697137595,0.72923079070262797,0.730222899485507,0.78066939195723295]
["EMULSÕES ASFÁLTICAS RL-1C","2011-11-01",1.2799511780592701,0.70634661891935302,0.83524391490417504,0.70949278005651895,0.75998614988973401,0.77419319619442795]
["EMULSÕES ASFÁLTICAS RL-1C","2011-12-01",1.30672537311385,0.68144987949992497,0.84060784518295795,0.70184592864075201,0.72693466546113095,0.763948820352924]
["EMULSÕES ASFÁLTICAS RL-1C","2012-01-01",1.19733150402822,0.70413994720122397,0.82047602618749804,0.73021171906094295,0.72891317644722498,0.761279426259589]
["EMULSÕES ASFÁLTICAS RL-1C","2012-02-01",1.26167402231286,0.69680294535496601,0.83229839162029495,0.71548226477997501,0.72271914084337696,0.74953885666187803]
["EMULSÕES ASFÁLTICAS RL-1C","2012-03-01",1.2533495385936799,0.69199288038492102,0.79373715476282203,0.73316272250178205,0.72790643742932304,0.77027882839940298]
["EMULSÕES ASFÁLTICAS RL-1C","2012-04-01",1.3123663940886701,0.69202446545741603,0.82987399547818297,0.74205284276143801,0.72346825637727896,0.76915546291032399]
["EMULSÕES ASFÁLTICAS RL-1C","2012-05-01",1.3024841040115001,0.73764172830036301,0.84532710293120505,0.74845335951869396,0.73326877207688002,0.78410622390686302]
["EMULSÕES ASFÁLTICAS RL-1C","2012-06-01",1.2962296121792201,0.724253651088688,0.86680952253272303,0.75079548404057095,0.77157581947382503,0.80017537234209501]
["EMULSÕES ASFÁLTICAS RL-1C","2012-07-01",1.47079069668073,0.74361550053430303,0.91993154339008498,0.75368374146514605,0.77175863287700996,0.83454054302584302]
["EMULSÕES ASFÁLTICAS RL-1C","2012-08-01",1.3272728313954201,0.75698993166882,0.88896909314061401,0.766184062356425,0.77421126501566595,0.82449269471882003]
["EMULSÕES ASFÁLTICAS RL-1C","2012-09-01",1.4014646654332901,0.76429726068967596,0.91901220861843502,0.78846314811584395,0.76924146220797796,0.84483644953703996]
["EMULSÕES ASFÁLTICAS RL-1C","2012-10-01",1.29484894945546,0.75654992787666897,0.93111831770554199,0.83726226452061703,0.76463455950234205,0.86064074750833597]
["EMULSÕES ASFÁLTICAS RL-1C","2012-11-01",1.2351895704422799,0.76297230787695602,0.95633254590442796,0.80918051630092602,0.76911495509903705,0.85506692776156001]
["EMULSÕES ASFÁLTICAS RL-1C","2012-12-01",1.28208615141297,0.776958955574787,0.87372102301264298,0.79263763788632702,0.80441913576034996,0.85157619753572]
["EMULSÕES ASFÁLTICAS RL-1C","2013-01-01",1.2318379111934901,0.77973151604028801,0.92836417098866497,0.85214133654857505,0.83567682354747097,0.86565322681083201]
["EMULSÕES ASFÁLTICAS RL-1C","2013-02-01",1.18724878101289,0.78911340368009097,0.81598160853264001,0.846185234316017,0.79075490037824203,0.83816108516722299]
["EMULSÕES ASFÁLTICAS RL-1C","2013-03-01",1.33489219439198,0.75694678443027696,0.88556546171084205,0.906301046429839,0.79185746863458395,0.86883531818065496]
["EMULSÕES ASFÁLTICAS RL-1C","2013-04-01",1.3374499944640801,0.80169346973121103,0.88750454945994794,0.86493247052189404,0.81279259837007301,0.86479494361614295]
["EMULSÕES ASFÁLTICAS RL-1C","2013-05-01",1.6532152573225201,0.79473728792491705,0.83666041784537204,0.884761781146987,0.82486276090753397,0.86271567682634898]
["EMULSÕES ASFÁLTICAS RL-1C","2013-06-01",1.46508602368317,0.78280722220145804,0.93039685345020395,0.86638886389244496,0.81920777540435297,0.89824164001460505]
["EMULSÕES ASFÁLTICAS RL-1C","2013-07-01",1.4859202449664399,0.77641291066447804,0.95880415635418903,0.89622488397002398,0.85351478458978003,0.90341165886025798]
["EMULSÕES ASFÁLTICAS RL-1C","2013-08-01",1.40037002034534,0.76096465963835203,0.88023447158853296,0.88185225512170295,0.845780990862116,0.88226316171090502]
["EMULSÕES ASFÁLTICAS RL-1C","2013-09-01",1.3296909638635901,0.75879144750110905,0.98358018449125795,0.90386985048308899,0.83574230246342496,0.91460111473294503]
["EMULSÕES ASFÁLTICAS RL-1C","2013-10-01",1.4282301762069101,0.808817476474331,0.87526475679839399,0.89139205010880695,0.86156288408736903,0.88646285220181198]
["EMULSÕES ASFÁLTICAS RL-1C","2013-11-01",1.2838024568295801,0.83795460007379896,0.94170459474189605,0.91133562670801904,0.87087416094386605,0.91766094647498397]
["EMULSÕES ASFÁLTICAS RL-1C","2013-12-01",1.5705007365001999,0.84015883568126404,1.0262385733989601,0.93758184613896201,0.90672104235484696,0.970416639244429]
["EMULSÕES ASFÁLTICAS RL-1C","2014-01-01",1.34193131524377,0.952418954161104,1.01869059175087,0.95431173340574005,0.90527787344448596,0.97144162249002397]
["EMULSÕES ASFÁLTICAS RL-1C","2014-02-01",1.40074735844175,0.88782474973168102,1.01828728099626,0.94894911456754805,0.92824808501721301,0.96649487031938097]
["EMULSÕES ASFÁLTICAS RL-1C","2014-03-01",1.5499855367395501,0.84750452321553305,1.0760523841943199,0.93276528272106496,0.97211535782443503,0.97147748071139495]
["EMULSÕES ASFÁLTICAS RL-1C","2014-04-01",1.4676601178189801,0.849942589689341,1.02810821624682,0.92803462885193599,1.01939157620265,0.98149532708306098]
["EMULSÕES ASFÁLTICAS RL-1C","2014-05-01",1.4119103138170901,0.88340002770154102,1.0436179199523401,0.92623469777771195,1.04116571025371,0.99818016727424397]
["EMULSÕES ASFÁLTICAS RL-1C","2014-06-01",1.3999514483978901,0.82666911088288098,1.0621752450439199,0.91109970873560098,1.00755841631358,0.99891201392836004]
["EMULSÕES ASFÁLTICAS RL-1C","2014-07-01",1.4374784482149301,0.89997833156881701,0.90631209324145401,0.91718241757498697,0.98644798595544503,0.94678351805832905]
["EMULSÕES ASFÁLTICAS RL-1C","2014-08-01",1.29861470935584,0.89306288651903198,0.81922657685195099,0.90811340435626697,1.0302307016155701,0.90297161494096101]
["EMULSÕES ASFÁLTICAS RL-1C","2014-09-01",1.3310051145766999,0.92652164788166602,1.0377921682292599,0.89966969878572101,1.0086967947905401,0.98201718224524004]
["EMULSÕES ASFÁLTICAS RL-1C","2014-10-01",1.45336698422713,0.99312573583032704,0.91186614208106398,0.91478586148748098,1.0062453431927501,0.94796903285534395]
["EMULSÕES ASFÁLTICAS RL-1C","2014-11-01",1.4998756236033099,0.95768163840277398,0.89962601209478799,0.93569424376288601,0.97505976183607701,0.94697423869026798]
["EMULSÕES ASFÁLTICAS RL-1C","2014-12-01",1.2792678123018399,0.99758056882255397,1.0135456343856999,1.01756415279353,1.08960343899053,1.0390355578921699]
["EMULSÕES ASFÁLTICAS RL-1C","2015-01-01",1.3144019456528999,1.1408793854680599,1.3787927530647099,1.0484676069602701,1.2232335683032201,1.15808446122654]
["EMULSÕES ASFÁLTICAS RL-1C","2015-02-01",1.58040519086372,1.1718213826292401,1.3365670389030999,1.0380191091321,1.3143784814877899,1.1641161869635199]
["EMULSÕES ASFÁLTICAS RL-1C","2015-03-01",1.60968655436567,1.16571347243674,1.3500101635767501,0.99666524041691795,1.25569669479879,1.12587841427755]
["EMULSÕES ASFÁLTICAS RL-1C","2015-04-01",1.5788964185293199,1.16510869429084,1.29951861316262,1.0027871380700899,1.26313034470806,1.1111597725529201]
["EMULSÕES ASFÁLTICAS RL-1C","2015-05-01",1.5988011916776099,1.1009129426966899,1.31154237137792,0.95598590574778497,1.2301983685125499,1.09649143681342]
["EMULSÕES ASFÁLTICAS RL-1C","2015-06-01",1.34992275213212,1.2324326582393601,1.32154844629507,0.97999644848122702,1.2528357262902701,1.1499861565713301]
["EMULSÕES ASFÁLTICAS RL-1C","2015-07-01",1.3788909640370901,1.1201880396403801,1.12932164868381,0.85317766385851201,1.27350992655763,1.0301406005443099]
["EMULSÕES ASFÁLTICAS RL-1C","2015-08-01",1.6569267553725899,1.08890209286772,1.29062531053787,0.91126430831498795,1.22023664786048,1.08874715598215]
["EMULSÕES ASFÁLTICAS RL-1C","2015-09-01",1.8234600739634099,1.0881527826087001,1.2289230243264599,0.923322070160563,1.1932406101938,1.0890432153501699]
["EMULSÕES ASFÁLTICAS RL-1C","2015-10-01",1.6264592314884101,1.2162416493816399,1.3188067252633799,1.08123699855791,1.2775595123124801,1.2075484852536]
["EMULSÕES ASFÁLTICAS RL-1C","2015-11-01",1.70315542681521,1.29140477321701,1.42946676213873,1.1828121415480599,1.38343058944849,1.3278412713371399]
["EMULSÕES ASFÁLTICAS RL-1C","2015-12-01",1.72641248302168,1.29169795024233,1.36476766235443,1.1879378311403801,1.2982124293581601,1.2897302063557501]
["EMULSÕES ASFÁLTICAS RL-1C","2016-01-01",1.7343974534653499,1.2428023811005999,1.4592186960035101,1.24686719932357,1.3600831311413899,1.3297636079208199]
["EMULSÕES ASFÁLTICAS RL-1C","2016-02-01",1.5573464552694201,1.1714925429288101,1.55304372779389,1.1982444701580499,1.42290703034803,1.3212053784823601]
["EMULSÕES ASFÁLTICAS RL-1C","2016-03-01",1.8860514474293699,1.5778557660834001,1.5256856119048201,1.16753186137423,1.4445762211981601,1.30447143950484]
["EMULSÕES ASFÁLTICAS RL-1C","2016-04-01",1.6486960486083899,1.3776313544851799,1.59057258439502,1.2797983266958901,1.5042964332163,1.40139993408402]
["EMULSÕES ASFÁLTICAS RL-1C","2016-05-01",1.95734530766529,1.3354859306120901,1.5942625369933201,1.26799335766919,1.5304678160613401,1.4028095171561801]
["EMULSÕES ASFÁLTICAS RL-1C","2016-06-01",1.8918994455378999,1.3627591276445401,1.6663336964921001,1.3096060640869001,1.5031851445258599,1.4382924028528901]
["EMULSÕES ASFÁLTICAS RL-1C","2016-07-01",2.0076421612219399,1.3669709903988301,1.6189730926327199,1.34556118516839,1.4832084951006199,1.45115443197871]
["EMULSÕES ASFÁLTICAS RL-1C","2016-08-01",1.9143376514908701,1.44558780375235,1.6571950903403201,1.31892024272018,1.51689540890719,1.4714929852668901]
["EMULSÕES ASFÁLTICAS RL-1C","2016-09-01",1.6240282841934399,1.3052087905482599,1.50260499701328,1.22404942365825,1.38573298627404,1.3476346553194201]
["EMULSÕES ASFÁLTICAS RL-1C","2016-10-01",1.7069203615113899,1.2650152822307099,1.4832404686532401,1.25464979012558,1.40392214003798,1.36932567253335]
["EMULSÕES ASFÁLTICAS RL-1C","2016-11-01",1.76558255653395,1.3188025273938799,1.5251902972697899,1.2846913278246599,1.38164601810184,1.39988650786141]
["EMULSÕES ASFÁLTICAS RL-1C","2016-12-01",1.85172425519109,1.3242738950995401,1.4770471122897,1.2796468065704401,1.31393548318369,1.3575951071860599]
["EMULSÕES ASFÁLTICAS RL-1C","2017-01-01",1.5276154147090699,1.17859574398686,1.4543974329313001,1.23543846216116,1.3149247933996699,1.30775730322114]
["EMULSÕES ASFÁLTICAS RL-1C","2017-02-01",1.7921095822813899,1.18806110511625,1.40846252974907,1.2626918148250701,1.3403017083028099,1.2981381105751999]
["EMULSÕES ASFÁLTICAS RL-1C","2017-03-01",1.85908774666526,1.1654007506675199,1.5095380526998201,1.2853390126752799,1.32898762719568,1.3374577933549801]
["EMULSÕES ASFÁLTICAS RL-1C","2017-04-01",1.3857881873619999,1.1562387973024599,1.5364962844977099,1.3580275094129599,1.2795021718158399,1.3544942072806501]
["EMULSÕES ASFÁLTICAS RL-1C","2017-05-01",1.56912719460343,1.1280904559665901,1.4814699769081201,1.335186870579,1.3212422505729,1.33978160832643]
["EMULSÕES ASFÁLTICAS RL-1C","2017-06-01",1.6032647627510199,1.1651824399795701,1.4476974678194201,1.2972357055713699,1.3402915064112699,1.3508731022532401]
["EMULSÕES ASFÁLTICAS RL-1C","2017-07-01",1.54049653910651,1.13165005917312,1.45082619718058,1.2895475516764801,1.28869388152475,1.3342133127690301]
["EMULSÕES ASFÁLTICAS RL-1C","2017-08-01",1.56659989138341,1.1277314490565999,1.38860703636951,1.2871533078659001,1.25665764817728,1.3120243967766601]
["EMULSÕES ASFÁLTICAS RL-1C","2017-09-01",1.6322100353015701,1.2577376497228601,1.4207262035208399,1.30778015720784,1.21046778483141,1.3383426509585601]
["EMULSÕES ASFÁLTICAS RL-1C","2017-10-01",1.6466361323649801,1.1035673397712,1.4483200610787601,1.3086672815248499,1.23702162601421,1.3405602213494101]
["EMULSÕES ASFÁLTICAS RL-1C","2017-11-01",1.7094168676788399,1.19644554628071,1.4747841861237301,1.3842792241252999,1.2785427916191201,1.38559406581658]
["EMULSÕES ASFÁLTICAS RL-1C","2017-12-01",1.5684146161825701,1.19805659820447,1.4608394024153999,1.36654071140708,1.34777098729461,1.3715688971412401]
["EMULSÕES ASFÁLTICAS RL-1C","2018-01-01",1.8600921694013901,1.23550195800218,1.4758471822918,1.2865629546425501,1.28921599660229,1.3508658770559201]
["EMULSÕES ASFÁLTICAS RL-1C","2018-02-01",2.0282870859872602,1.23012299100412,1.4836997052597201,1.29479174945208,1.2480700218568299,1.3145652037873099]
["EMULSÕES ASFÁLTICAS RL-1C","2018-03-01",2.1065612720925202,1.2104900433959001,1.46306124403964,1.2998373438928299,1.2841877957922301,1.32950241717458]
["EMULSÕES ASFÁLTICAS RL-1C","2018-04-01",1.75927552350988,1.2285016215023301,1.4695917697488501,1.28046685086259,1.3935110752546001,1.3506314066743299]
["EMULSÕES ASFÁLTICAS RL-1C","2018-05-01",1.91930392344498,1.26214282811189,1.4863430441873999,1.34330059051691,1.35878341707576,1.36913747967884]
["EMULSÕES ASFÁLTICAS RL-1C","2018-06-01",1.82400534929516,1.3165510449836799,1.58271545801808,1.4089329335615199,1.40046207819093,1.4588051820586601]
["EMULSÕES ASFÁLTICAS RL-1C","2018-07-01",1.9609351896507701,1.3903140868716699,1.6041728204783401,1.4939493336447001,1.46437656387181,1.5315665889019401]
["EMULSÕES ASFÁLTICAS RL-1C","2018-08-01",2.3817705816646599,1.4255047185893199,1.76919710388458,1.6088260270405501,1.5221223181977399,1.66851492521115]
["EMULSÕES ASFÁLTICAS RL-1C","2018-09-01",1.98411759244402,1.49304979624388,1.7757050434344099,1.6254990559840199,1.5437363253466201,1.65776308281673]
["EMULSÕES ASFÁLTICAS RL-1C","2018-10-01",2.0631185531249998,1.49214723628483,1.6297549783026399,1.59336820674129,1.67165659038531,1.6178824138874801]
["EMULSÕES ASFÁLTICAS RL-1C","2018-11-01",2.6475637347330601,1.55569662120626,2.0112116989619899,1.7726185243565,1.6644664361639101,1.8364501412607199]
["EMULSÕES ASFÁLTICAS RL-1C","2018-12-01",1.8279792227979299,1.5893000142375699,1.8603004601533899,1.74611253906598,1.6307149442867599,1.72622550142489]
["EMULSÕES ASFÁLTICAS RL-1C","2019-01-01",2.6358185988823801,2.0592965962385898,2.0636373485963402,1.8320327909834799,1.8941201299991,1.94788666352845]
["EMULSÕES ASFÁLTICAS RL-1C","2019-02-01",2.8139073338229901,2.1221237317339998,2.3206887267051801,1.8734621485530301,1.9015232394514101,2.03150110019978]
["EMULSÕES ASFÁLTICAS RL-1C","2019-03-01",2.2855776130241301,2.2671906340622301,2.37985226227251,1.9605150318995801,1.9987293754083899,2.0812818507094]
["EMULSÕES ASFÁLTICAS RL-1C","2019-04-01",2.5572009811010701,1.96611758555885,2.37095214780601,1.9958284647404601,1.9729791775191201,2.0872148444257999]
["EMULSÕES ASFÁLTICAS RL-1C","2019-05-01",2.7298414886695102,1.99650039408207,2.2912616986964101,2.0065709427600802,2.0324223717271499,2.10544055412507]
["EMULSÕES ASFÁLTICAS RL-1C","2019-06-01",2.74547860327869,1.9446995871358199,2.2656297224447899,2.0247945367028199,1.96347305799553,2.1148171115890499]
["EMULSÕES ASFÁLTICAS RL-1C","2019-07-01",2.4095478010835301,1.97159570890559,2.1764809123008599,2.0361461687206699,1.9442434395441801,2.0653344756118002]
["EMULSÕES ASFÁLTICAS RL-1C","2019-08-01",2.1070846964734899,1.9021569694392599,2.0371493608909801,1.9563564911788101,1.9904700929429699,1.99313142833652]
["EMULSÕES ASFÁLTICAS RL-1C","2019-09-01",2.3977936286305499,1.8377744031782299,2.1395945838662098,1.92365402583711,1.9730581604042801,2.0056963661247802]
["EMULSÕES ASFÁLTICAS RL-1C","2019-10-01",2.1139845910531401,1.85227479066907,2.1244690048889501,1.9001005029070901,1.99525580666602,1.9989864059268601]
["EMULSÕES ASFÁLTICAS RL-1C","2019-11-01",2.3902238315250499,1.90103629721989,2.01190865551622,1.96621555938829,1.9933211989284101,1.98729504518833]
["EMULSÕES ASFÁLTICAS RL-1C","2019-12-01",1.9947895017838899,1.9737474431836599,2.1164318163017901,1.9602190520182701,2.0434365307192999,2.0192939951908802]
["EMULSÕES ASFÁLTICAS RL-1C","2020-01-01",1.85095547151923,1.78823797232657,2.0848251078273101,1.9329832913948299,2.1184394422542301,1.9924072503966399]
["EMULSÕES ASFÁLTICAS RL-1C","2020-02-01",1.6422605323808901,1.76235520601336,2.0939292198314798,1.9005049535812,2.0293604173311302,1.9635675112486499]
["EMULSÕES ASFÁLTICAS RL-1C","2020-03-01",1.7821339816599999,1.7364126037160199,2.04057310925347,1.7819197858056399,2.0651275622471901,1.9224465668475399]
["EMULSÕES ASFÁLTICAS RL-1C","2020-04-01",1.9212903983822001,1.7047786050997,1.94139864357269,1.81147292632276,1.94299296644591,1.8687943837980401]
["EMULSÕES ASFÁLTICAS RL-1C","2020-05-01",1.84602017338241,1.62544137061021,1.8869336636960401,1.79800588374718,2.0133432076294202,1.8569839170928399]
["EMULSÕES ASFÁLTICAS RL-1C","2020-06-01",2.2869417929883098,1.67145343307268,1.95321104984859,1.79683464662945,1.90743418923079,1.8613752361675899]
["EMULSÕES ASFÁLTICAS RL-1C","2020-07-01",2.07235722849222,1.74216682455163,1.8913290322015499,1.85835701504441,1.94486227847566,1.89336853168056]
["EMULSÕES ASFÁLTICAS RL-1C","2020-08-01",1.9322939680509601,1.8521269776817899,1.95033716363111,1.9048103135026999,2.01417563704769,1.94245305948057]
["EMULSÕES ASFÁLTICAS RL-1C","2020-09-01",1.96804060725986,1.8482556521867699,1.9633524701295,1.8624247082262799,2.0098004277553199,1.93122536712432]
["EMULSÕES ASFÁLTICAS RL-1C","2020-10-01",1.8967599303789899,1.7810603696709599,1.92466541358927,1.85073791565688,2.0678038519988098,1.9325563260655201]
["EMULSÕES ASFÁLTICAS RL-1C","2020-11-01",2.0042622596598498,1.88924779255807,2.0644958123757999,1.93065599807326,2.0898275170275298,2.0141069599725601]
["EMULSÕES ASFÁLTICAS RL-1C","2020-12-01",2.1915988890384099,1.8519353063638999,2.0439071611367301,1.9015685700316101,2.0520950208825401,1.98502249358483]
["EMULSÕES ASFÁLTICAS RL-1C","2021-01-01",2.0646467338316499,1.8806377320675101,2.1260523156942099,1.88386936111966,2.0964823984868199,1.9950111632810399]
["EMULSÕES ASFÁLTICAS RL-1C","2021-02-01",1.96841971067207,2.0257758589705399,2.2510452537705001,2.0269586724664199,2.2078441067263102,2.1480883178214598]
["EMULSÕES ASFÁLTICAS RL-1C","2021-03-01",2.1845855751492098,2.0021545662851601,2.06730087453797,1.9893089490136,2.2333652164006801,2.0721110798228199]
["EMULSÕES ASFÁLTICAS RL-1C","2021-04-01",2.1715900000000001,2.0489367012986999,2.1493808461331501,1.9604355425914699,2.1773941929446301,2.0820971189425599]
["EMULSÕES ASFÁLTICAS RL-1C","2021-05-01",2.2092031875217799,2.4363959649895399,2.4949037731938901,2.3250479651021498,3.0522407858432601,2.4418483885311599]
["EMULSÕES ASFÁLTICAS RL-1C","2021-06-01",2.17309394663702,2.3689358626571502,2.4800845368810398,2.42065544631865,2.4896154773182602,2.4525153461975502]
["EMULSÕES ASFÁLTICAS RL-1C","2021-07-01",2.4191242708010301,2.3507914618357302,2.5201424663033798,2.4065323239030798,2.52308636810218,2.4796917521439301]
["EMULSÕES ASFÁLTICAS RL-1C","2021-08-01",2.4679154051754901,2.4788242305147299,2.7080988113389601,2.5013227192607799,2.6132193858477999,2.6100630168066301]
["EMULSÕES ASFÁLTICAS RL-1C","2021-09-01",2.5034927129980602,2.4830448609325,2.6536965304349298,2.5675863070320202,2.5812073942351401,2.5937230871753401]
["EMULSÕES ASFÁLTICAS RL-1C","2021-10-01",2.43359255120374,2.4853675784165099,2.6188627007265399,2.6593691677311599,2.5835558766935498,2.5882142630248701]
["EMULSÕES ASFÁLTICAS RL-1C","2021-11-01",2.5315789938663502,2.7143948711943802,2.65115102738201,2.7702008170170198,2.6918381740886299,2.6930830704605602]
["EMULSÕES ASFÁLTICAS RL-1C","2021-12-01",2.7405063029491101,2.77756515939629,2.80553473107594,2.80917959572009,2.7559279323879702,2.7866207536702601]
["EMULSÕES ASFÁLTICAS RL-1C","2022-01-01",2.7448074712933099,2.65585349324519,2.7855379472856598,2.8282165260325298,2.82844005484136,2.78523829429587]
["EMULSÕES ASFÁLTICAS RL-1C","2022-02-01",3.0746135942857098,2.74686146818651,3.0430167511111099,3.01387979697417,2.7225306131566001,2.8877573059039001]
["EMULSÕES ASFÁLTICAS RL-1C","2022-03-01",3.0691356345957002,2.79404390219316,2.9168643941379302,3.03660927064537,2.84477135385794,2.93469443938671]
["EMULSÕES ASFÁLTICAS RL-1C","2022-04-01",3.2672809177820299,2.7769459352597798,3.1469815911330601,3.16428741878233,2.9036314879552898,3.03934078718247]
["EMULSÕES ASFÁLTICAS RL-1C","2022-05-01",3.0305917793773798,3.1849290479091099,3.15055338813921,3.17542797349999,2.8252387850640899,3.10260308063976]
["EMULSÕES ASFÁLTICAS RL-1C","2022-06-01",3.1817183594067999,3.1320570820713098,3.2004653443208499,3.18001735888165,2.9744257251303901,3.1454073835721399]
["EMULSÕES ASFÁLTICAS RL-1C","2022-07-01",1.9821709867338499,3.1220321431625702,3.22293699745962,3.0845514352993701,3.0547470737403102,3.10063584605816]
["EMULSÕES ASFÁLTICAS RL-1C","2022-08-01",3.5353510700247899,3.34332517572307,3.1706453091638398,3.0925065545937702,3.1815151223471498,3.18432447234236]
["EMULSÕES ASFÁLTICAS RL-1C","2022-09-01",3.9180343131387301,3.32310931311611,3.0134132551119799,3.0563380239042801,3.1060885690412099,3.1312297963033502]
["EMULSÕES ASFÁLTICAS RL-1C","2022-10-01",3.4268674756490398,3.4269938568035698,2.7883508496513798,2.9819437673531599,2.9856220345530202,3.0184617471886299]
["EMULSÕES ASFÁLTICAS RL-1C","2022-11-01",3.9012557870483802,3.4617350202937902,2.90666971619074,2.8461826162699402,2.9765785847214299,3.0104104191827399]
["EMULSÕES ASFÁLTICAS RL-1C","2022-12-01",3.6678319809244302,3.3723875209414702,2.8494436775185399,2.7585939333486902,2.9296058485492402,2.9848026946616999]
["EMULSÕES ASFÁLTICAS RL-1C","2023-01-01",3.7258602184873899,3.1760972865012098,3.0016170381742899,2.6935739518823398,2.93088470870482,2.976925269978]
["EMULSÕES ASFÁLTICAS RL-1C","2023-02-01",3.64205873736186,3.2083733957756602,2.7016006712905498,2.5959868114810698,2.9153034550948198,2.8201037533172402]
["EMULSÕES ASFÁLTICAS RL-1C","2023-03-01",3.58130231520816,3.0473738158049399,2.8273261707789601,2.56670796556616,2.8425234193294302,2.7760784541830801]
["EMULSÕES ASFÁLTICAS RL-1C","2023-04-01",3.1944402434658099,2.9925985140992699,3.0112124888456102,2.6068615400753399,2.8747278583170299,2.8331788630240302]
["EMULSÕES ASFÁLTICAS RL-1C","2023-05-01",3.1670486082659801,2.90369936814812,2.8583495800423901,2.59216708468949,2.6725207831201598,2.75802995572228]
["EMULSÕES ASFÁLTICAS RL-1C","2023-06-01",3.2835637189211999,2.9481023451709101,2.7721148041261801,2.57518090891694,2.64411698671818,2.73006812178836]
["EMULSÕES ASFÁLTICAS RL-1C","2023-07-01",3.1708478311798101,2.7329697608358599,2.8267051124651599,2.5416072737104201,2.6841439703047798,2.69825147169407]
["EMULSÕES ASFÁLTICAS RL-1C","2023-08-01",3.0366777386130499,2.7831367356993599,2.8830233540527201,2.4153755294540198,2.58145440326386,2.6410541676633099]
["EMULSÕES ASFÁLTICAS RM-1C","2008-11-01",1.2440746756266301,0.83737125724693595,1.23020875652351,1.0770216649742199,0.93029969398803902,0.99194697105575602]
["EMULSÕES ASFÁLTICAS RM-1C","2008-12-01",1.2757451960894,0.88756640695071098,1.1972130708411799,1.0074814750540899,0.94581961125570102,0.99315543588644295]
["EMULSÕES ASFÁLTICAS RM-1C","2009-01-01",1.16924914016277,0.93428388985236199,1.20559976454725,0.93926931736202302,0.96282630756923504,1.0164850753236701]
["EMULSÕES ASFÁLTICAS RM-1C","2009-02-01",1.2185810448804499,0.918517655907096,1.2456314268356801,0.99770133375213299,0.94973881824428796,1.03739017548603]
["EMULSÕES ASFÁLTICAS RM-1C","2009-03-01",1.1627963120401701,0.92771182020780796,1.21025700914162,0.91039575310991305,0.94034762056325705,1.0013663352842199]
["EMULSÕES ASFÁLTICAS RM-1C","2009-04-01",1.27113284761322,0.87459951400745095,1.1978227296035999,0.92589123267579498,0.94190758478931202,0.98046008053262401]
["EMULSÕES ASFÁLTICAS RM-1C","2009-05-01",1.3753979956901701,0.86869089842699199,1.23139676574136,0.88922972800331301,0.91997459936112702,0.98377758632420698]
["EMULSÕES ASFÁLTICAS RM-1C","2009-06-01",1.4422934168089501,0.88335770522804702,1.1986050068320699,0.87294991509974995,0.94398753174671501,0.96770110428401201]
["EMULSÕES ASFÁLTICAS RM-1C","2009-07-01",1.3991710608467101,0.85038391203860597,1.2397290640486101,0.98340286839061697,0.94138006025652499,0.94739118502227004]
["EMULSÕES ASFÁLTICAS RM-1C","2009-08-01",1.4135809115293401,0.84747785706760304,1.126595315391,0.89526325795762196,0.87568058619863798,0.91817900161395705]
["EMULSÕES ASFÁLTICAS RM-1C","2009-09-01",1.47150346764347,0.83730006188485595,1.1732581770169901,0.87330593464086703,0.87515142553997205,0.90853638559109096]
["EMULSÕES ASFÁLTICAS RM-1C","2009-10-01",1.4403662767601,0.84754292346029603,1.1898825896140199,0.88634172635386699,0.878008573618691,0.95039760947872098]
["EMULSÕES ASFÁLTICAS RM-1C","2009-11-01",1.47528136035621,0.84055645592934802,1.1394213528453501,0.92195017553161296,0.86981725758586004,0.90203337414072504]
["EMULSÕES ASFÁLTICAS RM-1C","2009-12-01",1.1704376634999301,0.83864203028195705,1.0898878652110799,0.88652672790587195,0.89811291253426395,0.92656715732811401]
["EMULSÕES ASFÁLTICAS RM-1C","2010-01-01",1.1511888752211401,0.82339013886873602,1.15200212181374,0.85553178721341006,0.86879759891354102,0.94813039075901595]
["EMULSÕES ASFÁLTICAS RM-1C","2010-02-01",1.34834155188246,0.83630684544548295,1.1046151437657299,0.86912036553728,0.85551358897807195,0.91978573476372005]
["EMULSÕES ASFÁLTICAS RM-1C","2010-03-01",1.1104721025658499,0.83199322443700297,1.12993716554377,0.85050743807887796,0.85754784919594695,0.91372299749993002]
["EMULSÕES ASFÁLTICAS RM-1C","2010-04-01",1.0966126863441701,0.84044834611533503,1.1456176946905501,0.822652653825233,0.86949607740950796,0.927358245521409]
["EMULSÕES ASFÁLTICAS RM-1C","2010-05-01",1.07383920078944,0.84954815538850403,1.07682645195348,0.831097981378776,0.818752513146079,0.89980226668522501]
["EMULSÕES ASFÁLTICAS RM-1C","2010-06-01",1.1880163179804,0.88348805291668797,1.00274549598273,0.81660860565356896,0.83043972898024698,0.89271539860918303]
["EMULSÕES ASFÁLTICAS RM-1C","2010-07-01",1.21479285274811,0.85124598400050699,0.99520839597095201,1.0553408610172501,0.82131302795622796,0.92899880297332704]
["EMULSÕES ASFÁLTICAS RM-1C","2010-08-01",1.11764823291796,0.86775010589509305,1.0402751944281501,0.83972803748384295,0.81359839643464205,0.874086845519495]
["EMULSÕES ASFÁLTICAS RM-1C","2010-09-01",1.1190722773781101,0.84948488885167905,1.0652531903960201,0.796871974424192,0.81479282245224505,0.86993555454404403]
["EMULSÕES ASFÁLTICAS RM-1C","2010-10-01",1.0159090696086399,0.82468006819873896,1.0316397489539,0.95721208902352595,0.81430716097957001,0.89136019796629296]
["EMULSÕES ASFÁLTICAS RM-1C","2010-11-01",1.0878597151607501,0.80615534044900705,0.96710292728458203,0.96469666139976795,0.79958472508700795,0.87789754102628603]
["EMULSÕES ASFÁLTICAS RM-1C","2010-12-01",1.1506631971235499,0.81791017659960696,1.0253976949489001,0.92341065245529297,0.83163011470656201,0.92206578790354099]
["EMULSÕES ASFÁLTICAS RM-1C","2011-01-01",1.10090379607957,0.80535792796050998,1.07413092974765,0.86621481145842705,0.82742895359125501,0.90934624313128298]
["EMULSÕES ASFÁLTICAS RM-1C","2011-02-01",1.18938043758652,0.801653478614475,1.0819090155080999,0.83720277300865298,0.82581328441652202,0.90641993730568404]
["EMULSÕES ASFÁLTICAS RM-1C","2011-03-01",0.97993092683650895,0.80698824333826202,1.0228058474509301,0.99096270838989997,0.85468653979115505,0.907701222491761]
["EMULSÕES ASFÁLTICAS RM-1C","2011-04-01",1.0216544633789799,0.80147597368795498,1.0355141002034001,0.91591943378753804,0.82446614171232002,0.89597489448547896]
["EMULSÕES ASFÁLTICAS RM-1C","2011-05-01",0.94107896478638198,0.80484471254569501,1.0191156004155499,0.96463839189391298,0.80120334982459995,0.86701741920643804]
["EMULSÕES ASFÁLTICAS RM-1C","2011-06-01",1.1103178831625,0.79442537985310802,1.0331756140200801,0.97574190195274602,0.813256553684227,0.90126143462723496]
["EMULSÕES ASFÁLTICAS RM-1C","2011-07-01",1.12011622866716,0.794844226383291,1.02995398044691,0.82885915461274995,0.81181453934896897,0.86091323102752204]
["EMULSÕES ASFÁLTICAS RM-1C","2011-08-01",1.0037899748800101,0.781579081511803,1.0255700573440401,0.783882336767461,0.82024004953760898,0.83434268585750004]
["EMULSÕES ASFÁLTICAS RM-1C","2011-09-01",0.91246930126353998,0.77596353481529001,1.0267915851807501,0.75800776013137505,0.80537571233942595,0.82218709786835598]
["EMULSÕES ASFÁLTICAS RM-1C","2011-10-01",0.937420916044718,0.77908928729115901,1.05584434334866,0.74541231801684604,0.82193475035167496,0.83714996900946903]
["EMULSÕES ASFÁLTICAS RM-1C","2011-11-01",1.0056961423673201,0.78685274567164998,1.0500890812686099,0.76898537752309104,0.81639764301328799,0.83352110717804795]
["EMULSÕES ASFÁLTICAS RM-1C","2011-12-01",1.03216562864031,0.78603018107453404,1.0557717877969099,0.74738072434082803,0.83097082648978104,0.85593232963686094]
["EMULSÕES ASFÁLTICAS RM-1C","2012-01-01",0.977189568954968,0.78816376192361104,0.990550962570247,0.83629194124627204,0.83567029634393297,0.87101538498257303]
["EMULSÕES ASFÁLTICAS RM-1C","2012-02-01",1.00562003379434,0.78540672515515397,1.0436393927485601,0.90134453237467205,0.83223977207928002,0.88665828021453597]
["EMULSÕES ASFÁLTICAS RM-1C","2012-03-01",1.0465676978259,0.79432799575872404,1.02944778151445,0.89345190839583299,0.85218647044364004,0.878215503875036]
["EMULSÕES ASFÁLTICAS RM-1C","2012-04-01",1.1323340888376401,0.79383793537578495,1.0168887129992199,0.93013643344201302,0.86083166977686398,0.89185022670241298]
["EMULSÕES ASFÁLTICAS RM-1C","2012-05-01",1.3072376625512201,0.84637013159372598,1.0515696312684599,0.94645964547514305,0.84982788620084104,0.90412293346356598]
["EMULSÕES ASFÁLTICAS RM-1C","2012-06-01",1.2417558167207501,0.83979754629694303,1.08325956935781,0.97754787835886603,0.86735899654228399,0.91915020546770299]
["EMULSÕES ASFÁLTICAS RM-1C","2012-07-01",1.2161289489092499,0.83493867821353496,1.03591467471182,0.98582202201819602,0.870173001552078,0.92007838227032501]
["EMULSÕES ASFÁLTICAS RM-1C","2012-08-01",1.23140059310345,0.83935778892873902,1.0913175572674301,0.98793563356512903,0.861687198099925,0.90920967288325905]
["EMULSÕES ASFÁLTICAS RM-1C","2012-09-01",0.84728706486191896,0.86318102775998096,1.06048278816758,0.90873533260834805,0.85439202185591501,0.87881156115243397]
["EMULSÕES ASFÁLTICAS RM-1C","2012-10-01",1.18326338369884,0.88023826429980301,1.1000667754000899,0.96348602284317197,0.85032078464281902,0.91808221211157304]
["EMULSÕES ASFÁLTICAS RM-1C","2012-11-01",1.2091937268114099,0.88176344019212405,1.09601093036095,0.92659371619411601,0.892303978735419,0.93029045520229603]
["EMULSÕES ASFÁLTICAS RM-1C","2012-12-01",1.2201,0.85426092444060298,1.0558040570327201,0.92432547659660602,0.86409295466276004,0.94181012677620801]
["EMULSÕES ASFÁLTICAS RM-1C","2013-01-01",1.22843393267472,0.87033193380989604,1.0887423500618401,1.0533343326915099,0.89236908455807795,0.98126119521284105]
["EMULSÕES ASFÁLTICAS RM-1C","2013-02-01",1.2253841107352701,0.84867467032788502,1.1485429792310999,0.86964437804396499,0.89362647423682995,0.99942924583634196]
["EMULSÕES ASFÁLTICAS RM-1C","2013-03-01",1.2156765872873101,0.84945020787532699,1.1520893409978299,0.869632999161705,0.90750685694410704,0.99010968939959099]
["EMULSÕES ASFÁLTICAS RM-1C","2013-04-01",1.19869275400735,0.84869761951605005,1.1693319655446499,0.87953942490553105,0.89016013521721804,0.98031303127467195]
["EMULSÕES ASFÁLTICAS RM-1C","2013-05-01",0.98938620657413201,0.86094833083901301,1.1444377843854801,0.88244038414607295,0.90423026642470805,0.95761708745943896]
["EMULSÕES ASFÁLTICAS RM-1C","2013-06-01",1.2174793086612601,0.86768896784428595,1.16413697108836,0.89372625910922299,0.90496241363479002,0.96615868448241904]
["EMULSÕES ASFÁLTICAS RM-1C","2013-07-01",1.11715836043101,0.88426264089352802,1.1571427082421899,0.91663292644247196,0.94248917152269196,0.961382373576672]
["EMULSÕES ASFÁLTICAS RM-1C","2013-08-01",1.21187134303065,0.87054365052699401,1.1569895184202399,0.91867112505906601,0.91801887620495803,0.96375720995793401]
["EMULSÕES ASFÁLTICAS RM-1C","2013-09-01",1.202,0.90663111467864399,1.17129574918079,0.93298370704616496,0.90658975421904398,0.98569455387683802]
["EMULSÕES ASFÁLTICAS RM-1C","2013-10-01",1.2181492919878101,0.95006897728628803,1.13547214548155,0.91839960772196505,0.89495813501768495,0.97929272525175504]
["EMULSÕES ASFÁLTICAS RM-1C","2013-11-01",1.1195558886944801,0.94802065957925696,1.1440306670461899,0.93026080733809902,0.91075605853383901,0.98575120139592498]
["EMULSÕES ASFÁLTICAS RM-1C","2013-12-01",1.2128139371554301,0.924216638581287,1.18966048114555,0.91843757400422898,0.90599239644822005,1.0071186734164499]
["EMULSÕES ASFÁLTICAS RM-1C","2014-01-01",1.20670204367587,0.94259640782181098,1.1412903035651101,0.92889875666732202,0.92234515003768103,1.00250323934945]
["EMULSÕES ASFÁLTICAS RM-1C","2014-02-01",1.0579315772732301,0.92368605489971001,1.14291722881499,0.93217781899228402,0.87922893799542901,0.96795597048398296]
["EMULSÕES ASFÁLTICAS RM-1C","2014-03-01",0.99974392884506502,0.937918559137353,1.16570462662216,0.92193538126392005,0.91895274771452196,0.97821862278597504]
["EMULSÕES ASFÁLTICAS RM-1C","2014-04-01",1.0310021510196701,0.94274368537637898,1.1284775422034801,0.88914415488063403,0.91984325608798101,0.97323432777391905]
["EMULSÕES ASFÁLTICAS RM-1C","2014-05-01",1.1143157323548201,0.934491088024756,1.1581051288412001,0.92385576145827897,0.90982706584962802,0.99508747499448802]
["EMULSÕES ASFÁLTICAS RM-1C","2014-06-01",1.0169746381699201,0.95563974707690802,1.19293359941737,0.93609120504383903,0.93520966460597399,0.992750270253689]
["EMULSÕES ASFÁLTICAS RM-1C","2014-07-01",0.88644807044706797,0.94836751223965898,1.0022731372522999,0.90942928363207798,0.91942553538204896,0.93980024814958596]
["EMULSÕES ASFÁLTICAS RM-1C","2014-08-01",1.2195540832484999,0.93945798005768499,1.04868562514708,0.90207295975078805,0.92205139435985195,0.95508313764177]
["EMULSÕES ASFÁLTICAS RM-1C","2014-09-01",1.1704686207350801,0.93115061529545795,1.1577073614266999,0.91021734900409002,0.93515578457253601,0.96429925418195295]
["EMULSÕES ASFÁLTICAS RM-1C","2014-10-01",1.35423942116776,0.935061562524231,1.0563183132137099,0.86315841471376098,0.97135973935622599,0.94892594701686594]
["EMULSÕES ASFÁLTICAS RM-1C","2014-11-01",1.2293336289865999,0.96017017240789004,1.09708163257069,0.92481923881065597,0.95140020348837195,0.97467027232499903]
["EMULSÕES ASFÁLTICAS RM-1C","2014-12-01",1.13197350988632,1.0689854505158001,1.10581308446372,0.87837995508141498,1.0118455786298299,1.0282630859182]
["EMULSÕES ASFÁLTICAS RM-1C","2015-01-01",1.36630396213409,1.3353018260124501,1.40898031003915,1.03930823988937,1.1997346993498199,1.27037527286278]
["EMULSÕES ASFÁLTICAS RM-1C","2015-02-01",1.64780618138554,1.2955207990076301,1.3999763827123599,1.0165557140370201,1.17615707016378,1.2526426904446899]
["EMULSÕES ASFÁLTICAS RM-1C","2015-03-01",1.55894278737628,1.26050276251583,1.4601410058534401,1.0875560601129799,1.13783196856172,1.2525076139823399]
["EMULSÕES ASFÁLTICAS RM-1C","2015-04-01",1.3241754455136101,1.2771967615675199,1.41322830447082,1.09236544771754,1.2149305994750701,1.2624108976646899]
["EMULSÕES ASFÁLTICAS RM-1C","2015-05-01",1.5552132680022099,1.2785987089364199,1.4133167154701101,1.0234322514265199,1.1671401019813099,1.2669828619074499]
["EMULSÕES ASFÁLTICAS RM-1C","2015-06-01",1.56237479381841,1.2522278641008699,1.49017508892592,1.02208283896425,1.1546196432832501,1.2854731199760401]
["EMULSÕES ASFÁLTICAS RM-1C","2015-07-01",1.4972154738651999,1.26445832807708,1.2560783739657999,1.03470536201164,1.18100067736817,1.2476002962438599]
["EMULSÕES ASFÁLTICAS RM-1C","2015-08-01",1.5477231585178,1.3378228677958699,1.48316316207232,1.02085155323165,1.1421220969438901,1.2989230170647901]
["EMULSÕES ASFÁLTICAS RM-1C","2015-09-01",1.55787827899541,1.2801082484822699,1.3944477404254201,1.12087835452927,1.0859062231589001,1.2553305044978]
["EMULSÕES ASFÁLTICAS RM-1C","2015-10-01",1.66252793272527,1.29096068390485,1.5455570567247301,1.0977588872173001,1.13320780775809,1.3180389108792201]
["EMULSÕES ASFÁLTICAS RM-1C","2015-11-01",1.83386224351816,1.50581680993635,1.5859677649855599,1.3758140780678001,1.2458764281269601,1.49619798262088]
["EMULSÕES ASFÁLTICAS RM-1C","2015-12-01",1.87776956197737,1.44317512579456,1.5835331875816001,1.2489359567552301,1.1891475882448901,1.4516128667788299]
["EMULSÕES ASFÁLTICAS RM-1C","2016-01-01",1.74092832224647,1.47911949185348,1.7134591762173199,1.2475936126613201,1.3203095498839801,1.46772945658287]
["EMULSÕES ASFÁLTICAS RM-1C","2016-02-01",1.93850856679627,1.51404197734885,1.7216144482592199,1.27988293286349,1.29293594833195,1.5312358578416101]
["EMULSÕES ASFÁLTICAS RM-1C","2016-03-01",1.78437369502107,1.5125886945477001,1.70154615123013,1.34314084019611,1.3335937506472999,1.4925970905857899]
["EMULSÕES ASFÁLTICAS RM-1C","2016-04-01",1.80006117922675,1.6167340791734499,1.78675652175763,1.38291765105069,1.34260018678882,1.54189897605794]
["EMULSÕES ASFÁLTICAS RM-1C","2016-05-01",1.7551264117885701,1.70944884565869,1.79285503215623,1.4637279105207801,1.4273058337740301,1.60641896274598]
["EMULSÕES ASFÁLTICAS RM-1C","2016-06-01",1.82050856765511,1.5173140759155499,1.71711488407704,1.5115493939039399,1.3533683158821299,1.5094054296169901]
["EMULSÕES ASFÁLTICAS RM-1C","2016-07-01",1.8189527171487501,1.4703346623435101,1.72968394685928,1.49397179548395,1.41223873042015,1.50839497229651]
["EMULSÕES ASFÁLTICAS RM-1C","2016-08-01",1.97584946874402,1.5302191190165,1.7112679882594,1.5107556680860199,1.4285483985026299,1.56326378087781]
["EMULSÕES ASFÁLTICAS RM-1C","2016-09-01",1.64445869114424,1.50325782177487,1.5741901436708701,1.3311757407168401,1.2786457702379199,1.4204560157760799]
["EMULSÕES ASFÁLTICAS RM-1C","2016-10-01",1.6558099254394301,1.4703067206074401,1.51167587767711,1.35981634002591,1.24955708784663,1.4134255567498799]
["EMULSÕES ASFÁLTICAS RM-1C","2016-11-01",1.59862190115781,1.45103267027451,1.74299486003696,1.33735898979836,1.30890743062574,1.44751694644016]
["EMULSÕES ASFÁLTICAS RM-1C","2016-12-01",1.78421621843626,1.4330079691372399,1.7616727438377699,1.3329012360694401,1.22881987598241,1.4582415504395501]
["EMULSÕES ASFÁLTICAS RM-1C","2017-01-01",1.6516441865129099,1.32256117869056,1.81252441186066,1.3026528046521999,1.2190395134316301,1.4117359143035899]
["EMULSÕES ASFÁLTICAS RM-1C","2017-02-01",1.6196794885446899,1.17992353181792,1.6970293396495,1.37142645368592,1.2548173172056101,1.3260330735952199]
["EMULSÕES ASFÁLTICAS RM-1C","2017-03-01",1.6939173962904901,1.2189000824215801,1.77631213414266,1.35874787063921,1.2153180161911401,1.3862117256511901]
["EMULSÕES ASFÁLTICAS RM-1C","2017-04-01",1.7124616299601401,1.24943999069725,1.7872092215953399,1.23859208115798,1.1621679500505899,1.38501791209187]
["EMULSÕES ASFÁLTICAS RM-1C","2017-05-01",1.70948047432229,1.2070241369761601,1.6664202790934901,1.3427858774394299,1.1816139837011601,1.3750651962349401]
["EMULSÕES ASFÁLTICAS RM-1C","2017-06-01",1.6816326713948,1.2528271545694201,1.81466774254057,1.65509911689612,1.1163669943427801,1.3620000466022499]
["EMULSÕES ASFÁLTICAS RM-1C","2017-07-01",1.6410656015281,1.2432846598897001,1.61239133010492,1.40794236006254,1.0758034116375801,1.2570175029594199]
["EMULSÕES ASFÁLTICAS RM-1C","2017-08-01",1.6761631933913701,1.2497292395764901,1.5136316681697899,1.4323507874999999,1.1387723095667801,1.2631308531775101]
["EMULSÕES ASFÁLTICAS RM-1C","2017-09-01",1.6886211157781701,1.237067502693,1.77955541933561,1.4087075520638801,1.13576927691372,1.2954755337066299]
["EMULSÕES ASFÁLTICAS RM-1C","2017-10-01",1.6789470045281101,1.2700495809202099,1.61045429607208,1.5056643560085701,1.10500286073806,1.32604114114468]
["EMULSÕES ASFÁLTICAS RM-1C","2017-11-01",1.6910137283100599,1.3185076771330799,1.68745716851492,1.45909085978291,1.02220315957791,1.3548520408699201]
["EMULSÕES ASFÁLTICAS RM-1C","2017-12-01",1.7774686918862399,1.34198422523429,1.6046481277473501,1.3931731327163801,1.158938238975,1.4325811635127601]
["EMULSÕES ASFÁLTICAS RM-1C","2018-01-01",1.89890633855777,1.37831710428694,1.53530106433949,1.46137859481,1.1307527878855099,1.45718826553074]
["EMULSÕES ASFÁLTICAS RM-1C","2018-02-01",1.7178404560989,1.30674821966162,1.5275124545702801,1.48708766193104,1.1391060725198301,1.3625410913531799]
["EMULSÕES ASFÁLTICAS RM-1C","2018-03-01",1.93439882538081,1.3305726202128001,1.54551498289707,1.4533731790739699,1.37719542227386,1.4807028942560101]
["EMULSÕES ASFÁLTICAS RM-1C","2018-04-01",1.68710421841529,1.32604164099051,1.5353970997593001,1.4147212726915099,1.48628520113205,1.4523387181508001]
["EMULSÕES ASFÁLTICAS RM-1C","2018-05-01",1.6918126626199601,1.45039157901626,1.5524364943131399,1.4594211711379901,1.2693003140377499,1.46019522436194]
["EMULSÕES ASFÁLTICAS RM-1C","2018-06-01",1.86083199057851,1.4646383854109599,1.7100193417166001,1.4296296397405299,1.6423499350833399,1.5962611306127099]
["EMULSÕES ASFÁLTICAS RM-1C","2018-07-01",1.8843249473951,1.5753774895550099,1.6881124355605801,1.61642363261908,1.6098421843306201,1.6409525559129301]
["EMULSÕES ASFÁLTICAS RM-1C","2018-08-01",1.73500763620525,1.7074808071370799,1.8984421274126999,2.33512167048359,1.7126626074026401,1.86539232048924]
["EMULSÕES ASFÁLTICAS RM-1C","2018-09-01",2.2421754983821498,1.7385658792052301,1.9470503476821199,2.40230118062507,1.8182721045566299,1.99298320170752]
["EMULSÕES ASFÁLTICAS RM-1C","2018-10-01",2.6736504558721301,1.7939585005250001,1.72282968867822,2.6811515289962502,1.87662697957657,2.1360434865918698]
["EMULSÕES ASFÁLTICAS RM-1C","2018-11-01",3.1662958005636601,2.0049001032755802,2.08891103972412,2.9804048795164602,1.92860643593763,2.5618172886994]
["EMULSÕES ASFÁLTICAS RM-1C","2018-12-01",2.5235890087374901,1.8902582005571,1.8778794960410301,2.7595711423649201,2.0028638773520999,2.13888823275281]
["EMULSÕES ASFÁLTICAS RM-1C","2019-01-01",2.70004171124496,2.0263812007721,2.1401435726019602,2.37527395961708,2.1046126948587398,2.2377215782525299]
["EMULSÕES ASFÁLTICAS RM-1C","2019-02-01",2.5733624764971501,2.15424143056801,2.3266222765828899,2.2246261956886002,2.2402913233408102,2.28858833173308]
["EMULSÕES ASFÁLTICAS RM-1C","2019-03-01",2.8039128535567799,2.1164654771507299,2.2966397089168402,2.3552267958130799,2.2269099649953898,2.3395193684561502]
["EMULSÕES ASFÁLTICAS RM-1C","2019-04-01",2.7538439997428199,2.06585166150498,2.3667705242946102,2.3377453847810701,2.3533451548895701,2.3333522488259302]
["EMULSÕES ASFÁLTICAS RM-1C","2019-05-01",2.7969122690888399,2.0706944561289,2.3869999679722498,2.1514114061167899,2.2615761870261299,2.2930108152411899]
["EMULSÕES ASFÁLTICAS RM-1C","2019-06-01",2.8786715804206802,2.01501393480246,2.4271920313692199,2.4445590406661002,2.2218819576401798,2.29909497523091]
["EMULSÕES ASFÁLTICAS RM-1C","2019-07-01",2.6714989437684502,2.0765382613180199,2.4750797262471398,2.4072261088772899,2.2616874244420999,2.33713588847418]
["EMULSÕES ASFÁLTICAS RM-1C","2019-08-01",2.6105183273124899,2.0178180587620398,2.4382153145880299,2.8627959643127401,2.2316705899165901,2.3492405255405102]
["EMULSÕES ASFÁLTICAS RM-1C","2019-09-01",2.61694147509548,2.03795814022717,2.38891402190258,2.8923801499953998,2.2615100605866498,2.39720906420937]
["EMULSÕES ASFÁLTICAS RM-1C","2019-10-01",2.5795184776761699,1.9476248567562799,2.3166481776261798,3.0621034408230998,2.1438854392422302,2.3382454204595202]
["EMULSÕES ASFÁLTICAS RM-1C","2019-11-01",2.7559181109736701,1.9595045753070699,2.1892937255071199,3.4006857775107799,2.1605882843526598,2.4762799914246099]
["EMULSÕES ASFÁLTICAS RM-1C","2019-12-01",2.5643978285879498,1.9826297196214999,2.23822570181696,3.2700447978237999,2.1397160452083699,2.5283457387778498]
["EMULSÕES ASFÁLTICAS RM-1C","2020-01-01",2.4148274299845398,2.0941317018578798,2.2094822552485001,3.1719546686672602,2.1970384864997499,2.42545836001102]
["EMULSÕES ASFÁLTICAS RM-1C","2020-02-01",2.4923839530656799,1.8278887061654301,2.2506818284181001,2.7726498567096902,2.09654325269375,2.1920009240037301]
["EMULSÕES ASFÁLTICAS RM-1C","2020-03-01",2.6220254806379999,1.8600077105883801,2.0935512931815001,2.9644898953982302,2.1074885517773101,2.2851733688592399]
["EMULSÕES ASFÁLTICAS RM-1C","2020-04-01",2.7685419624096701,1.8383978988656,2.0556880200649199,3.2110309400699601,2.07401922920049,2.5598260144446199]
["EMULSÕES ASFÁLTICAS RM-1C","2020-05-01",2.5873227315798499,1.83249853567345,2.09877006616879,3.0280077796987999,2.2628188940274199,2.3953100903291702]
["EMULSÕES ASFÁLTICAS RM-1C","2020-06-01",2.6653602997813701,1.8271488607031099,2.1006188006560298,2.5744209548239598,1.9948777553275401,2.16840369375777]
["EMULSÕES ASFÁLTICAS RM-1C","2020-07-01",2.5187479491345202,1.7447592093495199,2.1587461023122598,2.8737181068635702,1.99528070072606,2.2026478039167801]
["EMULSÕES ASFÁLTICAS RM-1C","2020-08-01",2.4850709606844998,1.8043691707852301,2.1120853794064001,2.8153138965191902,2.0780862654438401,2.24161821959897]
["EMULSÕES ASFÁLTICAS RM-1C","2020-09-01",2.4387211421566799,1.8193145530364401,2.12493196163781,3.1502771931537401,2.0462239440688501,2.2986682876635101]
["EMULSÕES ASFÁLTICAS RM-1C","2020-10-01",2.4537260314192801,1.89319908642761,2.0349097760900898,2.89662256374897,2.0669731455560298,2.2249560539642799]
["EMULSÕES ASFÁLTICAS RM-1C","2020-11-01",2.6788735678640698,2.02823488689131,2.1591436775427999,2.9492634684649799,2.1978360791323999,2.29718045312082]
["EMULSÕES ASFÁLTICAS RM-1C","2020-12-01",2.57820982615653,2.03162150542299,2.1823553410604801,2.8198574550722602,2.2336993279057702,2.2530474852908902]
["EMULSÕES ASFÁLTICAS RM-1C","2021-01-01",2.64605572361525,1.97720431327325,2.2039075070457601,2.91691030056935,2.3310170638219798,2.2639639514467902]
["EMULSÕES ASFÁLTICAS RM-1C","2021-02-01",2.7763632350908098,2.2314145150664402,2.3617696181759298,2.4934783763739898,2.0791072008120302,2.33305627504761]
["EMULSÕES ASFÁLTICAS RM-1C","2021-03-01",2.7488581881121199,2.2356160551891899,2.1610643416420201,2.8496555620010802,2.0248706105980401,2.4319672912941201]
["EMULSÕES ASFÁLTICAS RM-1C","2021-04-01",2.7022177187715299,2.1545405267247202,2.3513964897280299,2.6040845155733301,2.1755969681687999,2.3554871614366899]
["EMULSÕES ASFÁLTICAS RM-1C","2021-05-01",2.7691541589985,2.5542164010703998,2.62112697812384,2.98071485880625,2.6535696066957,2.6652074322149599]
["EMULSÕES ASFÁLTICAS RM-1C","2021-06-01",2.8310897928610199,2.5766534197350102,2.4944611800774901,2.8136878898715598,2.7857193339859299,2.68647173648329]
["EMULSÕES ASFÁLTICAS RM-1C","2021-07-01",2.81925779869084,2.5375287071369099,2.9232094227736698,3.0800879967300698,2.76664882334746,2.7874428846374699]
["EMULSÕES ASFÁLTICAS RM-1C","2021-08-01",2.7901102225184,2.7662159493828402,2.7345264303465702,3.2080260645661598,2.5996659750170998,2.89861943386278]
["EMULSÕES ASFÁLTICAS RM-1C","2021-09-01",3.0149762790055199,2.7097822189680998,3.02811671626753,3.3832351041122801,2.76401967795125,3.0442834418761699]
["EMULSÕES ASFÁLTICAS RM-1C","2021-10-01",3.0577732398294399,2.74160846477423,2.71373227539388,3.3095715435862001,2.9249379967632798,3.00061390556065]
["EMULSÕES ASFÁLTICAS RM-1C","2021-11-01",2.97411680269727,2.9188494352115502,2.5755678274899401,3.2562823109914101,2.82989210518482,3.0145811183083699]
["EMULSÕES ASFÁLTICAS RM-1C","2021-12-01",3.1022162818722201,3.0353075421712798,3.2342096800184699,3.2563482037351399,2.9829561138478402,3.1480739165851901]
["EMULSÕES ASFÁLTICAS RM-1C","2022-01-01",3.5243332388407,2.9980154419763898,3.1117204931032201,3.1820726442157201,3.0274792927239802,3.1051654412349801]
["EMULSÕES ASFÁLTICAS RM-1C","2022-02-01",3.14704103450299,3.18844140249066,3.41778787978649,3.38152933328558,3.26762072349652,3.2970123716383601]
["EMULSÕES ASFÁLTICAS RM-1C","2022-03-01",3.29711357960249,3.2349724220268898,3.3957945159661702,3.4089674000805399,3.3167783412684901,3.34312323285303]
["EMULSÕES ASFÁLTICAS RM-1C","2022-04-01",3.2324950874915102,3.2029774518946801,3.6325194962763101,3.4534832294951201,3.49649662477692,3.35797766551724]
["EMULSÕES ASFÁLTICAS RM-1C","2022-05-01",3.2677784139652202,3.3187918956782099,3.6409925444118798,3.4642361804008899,3.4431738629320598,3.4112118266302298]
["EMULSÕES ASFÁLTICAS RM-1C","2022-06-01",3.4891097789395702,3.2505582296130702,3.4968460600575502,3.4761861800015201,3.3328988742580701,3.3978575497327501]
["EMULSÕES ASFÁLTICAS RM-1C","2022-07-01",3.3716558738435101,3.48017155326044,3.6378042606194398,3.4860360013792402,3.4087002781740399,3.4765934648092398]
["EMULSÕES ASFÁLTICAS RM-1C","2022-08-01",3.41599070695103,3.3415832828988798,3.5642669701776599,3.4751693939673598,2.9704179487903599,3.3913389254258401]
["EMULSÕES ASFÁLTICAS RM-1C","2022-09-01",3.1840893665597201,3.3026745944362701,3.55779976834829,3.4978231406364699,2.8967105078839102,3.3585221292978198]
["EMULSÕES ASFÁLTICAS RM-1C","2022-10-01",3.1436407384363498,3.1510210859888699,2.8280262324316201,3.4874648149048899,3.00691695383086,3.1537361082270801]
["EMULSÕES ASFÁLTICAS RM-1C","2022-11-01",3.0149579983722501,3.0965618853550598,3.00932413121396,3.3987008167439599,2.7949346515604998,3.0950125674184101]
["EMULSÕES ASFÁLTICAS RM-1C","2022-12-01",3.2973887615137598,3.3401545339691898,3.1573021480308898,3.31044459800267,2.9710173971439202,3.2478429828191699]
["EMULSÕES ASFÁLTICAS RM-1C","2023-01-01",3.4618784375205398,2.7712581713782098,3.3138610858985298,3.7794237778593498,2.6575248707510601,3.0829475190357098]
["EMULSÕES ASFÁLTICAS RM-1C","2023-02-01",3.05121330012236,2.8761984027387002,3.0233817688703102,3.1764607224603201,2.4314014709832499,2.9341423749155799]
["EMULSÕES ASFÁLTICAS RM-1C","2023-03-01",3.4308232290432499,2.7030070653166902,3.1772111793020499,3.18360617878256,2.61882537446485,2.98861167267397]
["EMULSÕES ASFÁLTICAS RM-1C","2023-04-01",3.1746686978237602,2.59237559102406,3.1717916579534098,3.03823465197878,2.5593691590021002,2.7953761187031398]
["EMULSÕES ASFÁLTICAS RM-1C","2023-05-01",3.1638937469089301,2.7383579232745601,3.0077502908518401,2.9849140334861199,2.5990487339860899,2.8312145860335698]
["EMULSÕES ASFÁLTICAS RM-1C","2023-06-01",3.0911257811808399,2.5216644654372402,2.9951332555652401,2.7342298649628298,2.5804871625009,2.6821373931849801]
["EMULSÕES ASFÁLTICAS RM-1C","2023-07-01",2.7902825923295498,2.6398198762102201,2.66158147856425,2.8632474023022798,2.3590166043548901,2.6827134077601298]
["EMULSÕES ASFÁLTICAS RM-1C","2023-08-01",2.9437886281957599,2.6420421637817699,3.1345290640226602,2.7417938918461999,2.6281399498335198,2.7013622959238801]
["EMULSÕES ASFÁLTICAS RM-2C","2008-11-01","***","***","***","***","***","***"]
["EMULSÕES ASFÁLTICAS RM-2C","2008-12-01","***","***","***",0.81623000000000001,"***",0.81623000000000001]
["EMULSÕES ASFÁLTICAS RM-2C","2009-01-01",2.2606894197292098,"***","***",0.98309999999999997,"***",2.16288977034958]
["EMULSÕES ASFÁLTICAS RM-2C","2009-02-01","***","***","***",2.7796333333333298,0.87446999999999997,2.16045525]
["EMULSÕES ASFÁLTICAS RM-2C","2009-03-01","***","***","***",0.83383232067510504,0.92679999999999996,0.89309269760326404]
["EMULSÕES ASFÁLTICAS RM-2C","2009-04-01","***","***","***",0.78739999999999999,"***",0.78739999999999999]
["EMULSÕES ASFÁLTICAS RM-2C","2009-05-01","***","***","***","***","***","***"]
["EMULSÕES ASFÁLTICAS RM-2C","2009-06-01","***","***","***",0.78454391640323196,0.87446999999999997,0.80125880183013998]
["EMULSÕES ASFÁLTICAS RM-2C","2009-07-01","***","***","***",0.88127797833934995,"***",0.88127797833934995]
["EMULSÕES ASFÁLTICAS RM-2C","2009-08-01","***","***","***",0.90200000000000002,"***",0.90200000000000002]
["EMULSÕES ASFÁLTICAS RM-2C","2009-09-01","***","***","***",0.90200000000000002,"***",0.90200000000000002]
["EMULSÕES ASFÁLTICAS RM-2C","2009-10-01","***","***","***",0.86578551310388396,1.0888,0.96305905643582002]
["EMULSÕES ASFÁLTICAS RM-2C","2009-11-01","***","***","***",0.90200000000000002,"***",0.90200000000000002]
["EMULSÕES ASFÁLTICAS RM-2C","2009-12-01","***","***","***",0.90200000000000002,"***",0.90200000000000002]
["EMULSÕES ASFÁLTICAS RM-2C","2010-01-01","***","***","***",0.86583953629588695,"***",0.86583953629588695]
["EMULSÕES ASFÁLTICAS RM-2C","2010-02-01","***","***","***",0.86248000000000002,"***",0.86248000000000002]
["EMULSÕES ASFÁLTICAS RM-2C","2010-03-01","***","***","***",0.86248000000000002,0.87176441348375699,0.87080383987326304]
["EMULSÕES ASFÁLTICAS RM-2C","2010-04-01","***","***","***",0.86088036577400395,0.87952101585595299,0.87408711728865196]
["EMULSÕES ASFÁLTICAS RM-2C","2010-05-01","***","***","***",0.85102999999999995,0.89494205151565298,0.89221332375330098]
["EMULSÕES ASFÁLTICAS RM-2C","2010-06-01","***","***","***",0.84967999999999999,0.89133205685796102,0.88963664394016495]
["EMULSÕES ASFÁLTICAS RM-2C","2010-07-01","***","***","***",0.85034318181818203,0.89546224502577398,0.88916656178750597]
["EMULSÕES ASFÁLTICAS RM-2C","2010-08-01","***","***","***",0.84782999999999997,0.89268361236710303,0.89050129105388598]
["EMULSÕES ASFÁLTICAS RM-2C","2010-09-01","***","***","***",0.79874639304973005,0.90085522871217405,0.88522828389344799]
["EMULSÕES ASFÁLTICAS RM-2C","2010-10-01","***","***","***",0.84733000000000003,0.86026621955983895,0.85962573338284498]
["EMULSÕES ASFÁLTICAS RM-2C","2010-11-01","***","***","***",0.84867000000000004,0.89062398734177195,0.88518601101749805]
["EMULSÕES ASFÁLTICAS RM-2C","2010-12-01","***","***","***",0.80433026126366303,0.78766000000000003,0.79996133577274198]
["EMULSÕES ASFÁLTICAS RM-2C","2011-01-01","***","***","***",0.77276500000000004,0.90049999999999997,0.85327818853974102]
["EMULSÕES ASFÁLTICAS RM-2C","2011-02-01","***","***","***",0.69686000000000003,0.894163981578735,0.88218529255521005]
["EMULSÕES ASFÁLTICAS RM-2C","2011-03-01","***","***","***",0.68036495049504997,0.901666204729485,0.87687926092866897]
["EMULSÕES ASFÁLTICAS RM-2C","2011-04-01","***","***","***",0.73064243727598599,0.90529588664913796,0.89586885775087699]
["EMULSÕES ASFÁLTICAS RM-2C","2011-05-01","***","***","***",0.71970285714285698,0.89892865232163099,0.88888401774138504]
["EMULSÕES ASFÁLTICAS RM-2C","2011-06-01","***","***","***",0.68755999999999995,0.89428349324358303,0.89171957632584198]
["EMULSÕES ASFÁLTICAS RM-2C","2011-07-01","***","***","***",0.69351913609467497,0.88057162363555797,0.84885084523530796]
["EMULSÕES ASFÁLTICAS RM-2C","2011-08-01","***","***","***",0.68755999999999995,0.806465222993062,0.79909582584443795]
["EMULSÕES ASFÁLTICAS RM-2C","2011-09-01","***","***",1.17,0.720695647558386,0.80807083488697296,0.83813055461724595]
["EMULSÕES ASFÁLTICAS RM-2C","2011-10-01","***","***","***",0.67960221630708895,0.73730212909766801,0.705756328125]
["EMULSÕES ASFÁLTICAS RM-2C","2011-11-01","***","***","***",0.68755999999999995,0.82349000000000006,0.81902321010474399]
["EMULSÕES ASFÁLTICAS RM-2C","2011-12-01","***","***","***",0.69324208241027896,0.85990123215356895,0.82438860932779501]
["EMULSÕES ASFÁLTICAS RM-2C","2012-01-01","***","***","***",0.72281758455756795,"***",0.72281758455756795]
["EMULSÕES ASFÁLTICAS RM-2C","2012-02-01","***","***","***",0.75697999999999999,0.87980719804514795,0.86052884638022398]
["EMULSÕES ASFÁLTICAS RM-2C","2012-03-01","***","***","***",0.73287936724068903,0.81946763385146804,0.79337726318329904]
["EMULSÕES ASFÁLTICAS RM-2C","2012-04-01","***","***","***",0.86426306569343103,0.81718040586080598,0.82173350906604303]
["EMULSÕES ASFÁLTICAS RM-2C","2012-05-01","***","***","***",0.80365069098949704,0.88907584208532797,0.88406663306320898]
["EMULSÕES ASFÁLTICAS RM-2C","2012-06-01","***","***","***",0.80007238158772498,0.95421,0.92449839580788296]
["EMULSÕES ASFÁLTICAS RM-2C","2012-07-01","***","***","***",0.80957268047006203,0.94296246753246704,0.93163159575985199]
["EMULSÕES ASFÁLTICAS RM-2C","2012-08-01","***","***","***",0.73655511218403902,0.95421,0.91372596090861102]
["EMULSÕES ASFÁLTICAS RM-2C","2012-09-01","***","***","***",0.95795076411960101,0.95421,0.95693631961259096]
["EMULSÕES ASFÁLTICAS RM-2C","2012-10-01","***","***","***",0.75697999999999999,0.87016175615664104,0.84253117790662202]
["EMULSÕES ASFÁLTICAS RM-2C","2012-11-01","***","***","***",0.73406229235880405,1.2217702777777799,0.99723662282043402]
["EMULSÕES ASFÁLTICAS RM-2C","2012-12-01","***","***","***",1.1447799999999999,0.95421,1.0544950688500201]
["EMULSÕES ASFÁLTICAS RM-2C","2013-01-01","***","***","***",0.86675557594291497,"***",0.86675557594291497]
["EMULSÕES ASFÁLTICAS RM-2C","2013-02-01","***","***","***",0.73373337850045195,"***",0.73373337850045195]
["EMULSÕES ASFÁLTICAS RM-2C","2013-03-01","***","***","***",0.84782582852431998,1.08935646464646,0.94789018670529501]
["EMULSÕES ASFÁLTICAS RM-2C","2013-04-01",1.18074655172414,"***","***",0.73657393162393203,0.95421,0.99569431275393905]
["EMULSÕES ASFÁLTICAS RM-2C","2013-05-01","***","***","***",0.84741921170395895,0.95421,0.87163687250465804]
["EMULSÕES ASFÁLTICAS RM-2C","2013-06-01","***","***","***",0.83011795416433798,1.0434753323068999,0.97634618185015798]
["EMULSÕES ASFÁLTICAS RM-2C","2013-07-01","***","***","***",0.84782000000000002,0.84870000000000001,0.84839901667379203]
["EMULSÕES ASFÁLTICAS RM-2C","2013-08-01","***","***","***",0.78820795259501397,0.84870000000000001,0.80274407326917097]
["EMULSÕES ASFÁLTICAS RM-2C","2013-09-01","***","***","***",0.81859163934426205,0.84870000000000001,0.82905711229946499]
["EMULSÕES ASFÁLTICAS RM-2C","2013-10-01","***","***","***",0.74507999999999996,1.0206354838709699,0.88271137747875394]
["EMULSÕES ASFÁLTICAS RM-2C","2013-11-01","***","***","***",0.85118000000000005,0.84870000000000001,0.84983924376508402]
["EMULSÕES ASFÁLTICAS RM-2C","2013-12-01","***","***","***",0.78148743207245597,"***",0.78148743207245597]
["EMULSÕES ASFÁLTICAS RM-2C","2014-01-01","***","***","***","***","***","***"]
["EMULSÕES ASFÁLTICAS RM-2C","2014-02-01","***","***","***",0.78061205889755902,1.03460647757762,0.88129140230932901]
["EMULSÕES ASFÁLTICAS RM-2C","2014-03-01","***","***","***",0.87640787937743203,0.87805,0.877276351970669]
["EMULSÕES ASFÁLTICAS RM-2C","2014-04-01","***","***","***",0.78109045442941005,"***",0.78109045442941005]
["EMULSÕES ASFÁLTICAS RM-2C","2014-05-01","***","***","***","***","***","***"]
["EMULSÕES ASFÁLTICAS RM-2C","2014-06-01","***","***","***",0.77893150972762604,1.7374499999999999,1.0206529524733301]
["EMULSÕES ASFÁLTICAS RM-2C","2014-07-01","***","***","***",0.84741,"***",0.84741]
["EMULSÕES ASFÁLTICAS RM-2C","2014-08-01","***","***","***",0.77939521511017795,"***",0.77939521511017795]
["EMULSÕES ASFÁLTICAS RM-2C","2014-09-01","***","***","***",0.77976626066718402,"***",0.77976626066718402]
["EMULSÕES ASFÁLTICAS RM-2C","2014-10-01","***","***","***",0.78452999999999995,"***",0.78452999999999995]
["EMULSÕES ASFÁLTICAS RM-2C","2014-11-01","***","***","***",0.77605862540192905,1.28283985507246,0.99151090418977195]
["EMULSÕES ASFÁLTICAS RM-2C","2014-12-01","***","***","***","***","***","***"]
["EMULSÕES ASFÁLTICAS RM-2C","2015-01-01","***","***","***",1.0311776923076901,"***",1.0311776923076901]
["EMULSÕES ASFÁLTICAS RM-2C","2015-02-01","***","***","***",1.0527899999999999,"***",1.0527899999999999]
["EMULSÕES ASFÁLTICAS RM-2C","2015-03-01","***","***","***",1.0360962363296899,1.4190801779581601,1.2776910300344699]
["EMULSÕES ASFÁLTICAS RM-2C","2015-04-01","***","***","***","***","***","***"]
["EMULSÕES ASFÁLTICAS RM-2C","2015-05-01","***","***","***",1.02511391680173,1.0545199999999999,1.0331074665617599]
["EMULSÕES ASFÁLTICAS RM-2C","2015-06-01","***","***","***",1.0247651411827401,1.3727157652303099,1.1700774402730401]
["EMULSÕES ASFÁLTICAS RM-2C","2015-07-01","***","***","***",1.0738971703373299,"***",1.0738971703373299]
["EMULSÕES ASFÁLTICAS RM-2C","2015-08-01","***","***","***",0.99763999999999997,1.10695822807815,1.06464345864662]
["EMULSÕES ASFÁLTICAS RM-2C","2015-09-01","***","***","***",1.0611699999999999,"***",1.0611699999999999]
["EMULSÕES ASFÁLTICAS RM-2C","2015-10-01","***","***",1.53361551421037,"***","***",1.53361551421037]
["EMULSÕES ASFÁLTICAS RM-2C","2015-11-01","***","***","***",1.1672899999999999,1.0545199999999999,1.0960181258549899]
["EMULSÕES ASFÁLTICAS RM-2C","2015-12-01","***","***","***",1.1303399999999999,1.08505154968944,1.0873226519174]
["EMULSÕES ASFÁLTICAS RM-2C","2016-01-01",1.72018592105263,"***","***",1.1303399999999999,1.47948935828877,1.4760628488971299]
["EMULSÕES ASFÁLTICAS RM-2C","2016-02-01","***","***","***",1.22005800926859,1.4104300000000001,1.36747404682882]
["EMULSÕES ASFÁLTICAS RM-2C","2016-03-01","***","***","***",1.1303399999999999,1.4104300000000001,1.38517201548057]
["EMULSÕES ASFÁLTICAS RM-2C","2016-04-01","***","***","***",1.27819186421174,1.5021424562261101,1.4721766290707501]
["EMULSÕES ASFÁLTICAS RM-2C","2016-05-01","***","***","***",1.2615400000000001,1.4104300000000001,1.40650020785219]
["EMULSÕES ASFÁLTICAS RM-2C","2016-06-01","***","***","***",1.27659219969589,1.4104300000000001,1.3900249323854399]
["EMULSÕES ASFÁLTICAS RM-2C","2016-07-01","***","***","***",1.2615400000000001,1.51536,1.4904298588090901]
["EMULSÕES ASFÁLTICAS RM-2C","2016-08-01",2.1663000000000001,"***","***",1.27619820306205,1.51536,1.47749144381132]
["EMULSÕES ASFÁLTICAS RM-2C","2016-09-01","***","***","***",1.64823268590455,1.35608,1.4511773880057799]
["EMULSÕES ASFÁLTICAS RM-2C","2016-10-01","***","***","***",1.2810264509929501,"***",1.2810264509929501]
["EMULSÕES ASFÁLTICAS RM-2C","2016-11-01","***","***","***",1.27875354495835,"***",1.27875354495835]
["EMULSÕES ASFÁLTICAS RM-2C","2016-12-01","***","***","***",1.2615400000000001,1.35608,1.3489690560361001]
["EMULSÕES ASFÁLTICAS RM-2C","2017-01-01","***","***",1.75,1.2615400000000001,1.33975612159699,1.39890729987181]
["EMULSÕES ASFÁLTICAS RM-2C","2017-02-01","***","***","***",1.2791579153094501,1.33324,1.3247840794499599]
["EMULSÕES ASFÁLTICAS RM-2C","2017-03-01","***","***","***",1.2615400000000001,1.33324,1.3304645608941801]
["EMULSÕES ASFÁLTICAS RM-2C","2017-04-01","***","***","***",1.83,1.33324,1.39778917416355]
["EMULSÕES ASFÁLTICAS RM-2C","2017-05-01","***","***","***","***","***","***"]
["EMULSÕES ASFÁLTICAS RM-2C","2017-06-01","***","***",1.7129325058184599,1.2615400000000001,1.33324,1.4462352903798501]
["EMULSÕES ASFÁLTICAS RM-2C","2017-07-01","***","***",1.74051,1.2788003330486799,1.33324,1.3498259420551499]
["EMULSÕES ASFÁLTICAS RM-2C","2017-08-01","***","***","***",1.25719,1.33324,1.3148947107176701]
["EMULSÕES ASFÁLTICAS RM-2C","2017-09-01","***","***","***",1.2739290592575501,"***",1.2739290592575501]
["EMULSÕES ASFÁLTICAS RM-2C","2017-10-01","***","***","***",1.85215,"***",1.85215]
["EMULSÕES ASFÁLTICAS RM-2C","2017-11-01","***","***","***",1.2741456094182799,"***",1.2741456094182799]
["EMULSÕES ASFÁLTICAS RM-2C","2017-12-01",1.89551,"***",1.85331,1.5030796904247701,"***",1.8174043998965299]
["EMULSÕES ASFÁLTICAS RM-2C","2018-01-01",1.7751600000000001,"***","***",1.34555,1.3169,1.47454099325337]
["EMULSÕES ASFÁLTICAS RM-2C","2018-02-01",1.89551,"***","***","***",1.4080999999999999,1.7562324697885201]
["EMULSÕES ASFÁLTICAS RM-2C","2018-03-01","***","***","***",1.3362911730945799,"***",1.3362911730945799]
["EMULSÕES ASFÁLTICAS RM-2C","2018-04-01","***","***","***",1.5862700000000001,"***",1.5862700000000001]
["EMULSÕES ASFÁLTICAS RM-2C","2018-05-01","***","***","***",1.73714150807899,"***",1.73714150807899]
["EMULSÕES ASFÁLTICAS RM-2C","2018-06-01","***","***","***","***",1.53973439878234,1.53973439878234]
["EMULSÕES ASFÁLTICAS RM-2C","2018-07-01","***","***","***",1.6635781402995999,"***",1.6635781402995999]
["EMULSÕES ASFÁLTICAS RM-2C","2018-08-01","***","***","***",1.85290339279704,"***",1.85290339279704]
["EMULSÕES ASFÁLTICAS RM-2C","2018-09-01","***","***","***","***","***","***"]
["EMULSÕES ASFÁLTICAS RM-2C","2018-10-01","***","***","***",1.7539369363636399,"***",1.7539369363636399]
["EMULSÕES ASFÁLTICAS RM-2C","2018-11-01",2.48841736111111,"***","***",2.00999913043478,"***",2.2204463182011001]
["EMULSÕES ASFÁLTICAS RM-2C","2018-12-01","***","***","***",2.3347536363636401,"***",2.3347536363636401]
["EMULSÕES ASFÁLTICAS RM-2C","2019-01-01","***","***","***",1.9040731233980199,"***",1.9040731233980199]
["EMULSÕES ASFÁLTICAS RM-2C","2019-02-01","***","***","***",2.0479867856626699,2.0344199999999999,2.04453079168462]
["EMULSÕES ASFÁLTICAS RM-2C","2019-03-01",2.4885000000000002,"***","***",2.0938163753840602,2.2371300000000001,2.1625158023278002]
["EMULSÕES ASFÁLTICAS RM-2C","2019-04-01","***","***","***",2.1404994552699099,"***",2.1404994552699099]
["EMULSÕES ASFÁLTICAS RM-2C","2019-05-01","***","***","***",2.2083526107833702,"***",2.2083526107833702]
["EMULSÕES ASFÁLTICAS RM-2C","2019-06-01","***","***",2.2194600000000002,2.1846171338506299,2.2359100000000001,2.20659987402068]
["EMULSÕES ASFÁLTICAS RM-2C","2019-07-01",2.4278228741623198,"***",2.26013579779227,2.14670145065692,1.9846607600611801,2.1183690459859998]
["EMULSÕES ASFÁLTICAS RM-2C","2019-08-01","***","***",2.04508,2.08122908839779,1.9814039915933701,2.0364289013503498]
["EMULSÕES ASFÁLTICAS RM-2C","2019-09-01",2.27074,"***",2.0441685030130001,2.0449253815209301,1.88826773290825,2.02375611153035]
["EMULSÕES ASFÁLTICAS RM-2C","2019-10-01","***","***","***",2.0411320550750198,1.8625542357614,1.9817843114746401]
["EMULSÕES ASFÁLTICAS RM-2C","2019-11-01","***","***","***",2.0620786876235799,2.0069656914337002,2.0519864068659701]
["EMULSÕES ASFÁLTICAS RM-2C","2019-12-01",3.0960299999999998,"***","***",2.0891286629396699,"***",2.1339495548631202]
["EMULSÕES ASFÁLTICAS RM-2C","2020-01-01","***","***","***",2.02505007966277,2.23546526476578,2.0509424654616102]
["EMULSÕES ASFÁLTICAS RM-2C","2020-02-01","***","***","***",2.0300026031641698,2.0173492697319899,2.0279740196310301]
["EMULSÕES ASFÁLTICAS RM-2C","2020-03-01","***","***","***",1.8831589703216001,1.9955400000000001,1.90432072734314]
["EMULSÕES ASFÁLTICAS RM-2C","2020-04-01","***","***","***",1.97667095799906,"***",1.97667095799906]
["EMULSÕES ASFÁLTICAS RM-2C","2020-05-01","***","***",2.0392306379383198,1.88917493565338,"***",1.9086289598795001]
["EMULSÕES ASFÁLTICAS RM-2C","2020-06-01",2.3037100000000001,"***",2.1768847627478798,1.91617558175789,2.0230999999999999,1.9743465895696699]
["EMULSÕES ASFÁLTICAS RM-2C","2020-07-01","***","***","***",1.8634123367076401,1.9038057696447801,1.8674792597810801]
["EMULSÕES ASFÁLTICAS RM-2C","2020-08-01",2.3373835435435399,"***",2.0793767128560399,2.0678055228080598,2.0712253386911601,2.1090912187890498]
["EMULSÕES ASFÁLTICAS RM-2C","2020-09-01","***","***",2.0991599999999999,2.0699460873239399,2.0890017273869299,2.0764613728637098]
["EMULSÕES ASFÁLTICAS RM-2C","2020-10-01","***","***",2.07348,1.9632732236003201,1.87694965977606,1.9569137212080201]
["EMULSÕES ASFÁLTICAS RM-2C","2020-11-01","***","***","***",2.0825105919481399,2.2443300000000002,2.0884963548996498]
["EMULSÕES ASFÁLTICAS RM-2C","2020-12-01","***","***","***",2.05327398706897,2.2418999999999998,2.1249334505268598]
["EMULSÕES ASFÁLTICAS RM-2C","2021-01-01","***","***","***",2.17301760708557,"***",2.17301760708557]
["EMULSÕES ASFÁLTICAS RM-2C","2021-02-01","***","***","***",2.3661116726336502,2.3188606578947399,2.3583793126535002]
["EMULSÕES ASFÁLTICAS RM-2C","2021-03-01","***","***","***",2.18412773399535,2.2720600000000002,2.2140634260033401]
["EMULSÕES ASFÁLTICAS RM-2C","2021-04-01","***","***",2.3127200000000001,2.31514335159381,2.2974584414414401,2.3109319673268098]
["EMULSÕES ASFÁLTICAS RM-2C","2021-05-01",2.6420820915032701,"***","***",2.74631302034429,2.83401935539076,2.7665031669639699]
["EMULSÕES ASFÁLTICAS RM-2C","2021-06-01","***","***",3.08643,2.66330323417389,2.79888,2.72637687247102]
["EMULSÕES ASFÁLTICAS RM-2C","2021-07-01","***","***",2.66974,2.8325034320731,2.79888,2.8178260426747301]
["EMULSÕES ASFÁLTICAS RM-2C","2021-08-01",2.8018100000000001,"***","***",2.80988944129555,3.0114999999999998,2.86601029211459]
["EMULSÕES ASFÁLTICAS RM-2C","2021-09-01",2.8018100000000001,"***","***",2.76292160755008,3.0114999999999998,2.8097008698765999]
["EMULSÕES ASFÁLTICAS RM-2C","2021-10-01","***","***","***",2.90134250366228,3.0137994058985802,2.93052659587355]
["EMULSÕES ASFÁLTICAS RM-2C","2021-11-01","***","***","***",2.9681868642473499,3.2958099999999999,3.0598907242753599]
["EMULSÕES ASFÁLTICAS RM-2C","2021-12-01","***","***","***",2.9297020456037699,"***",2.9297020456037699]
["EMULSÕES ASFÁLTICAS RM-2C","2022-01-01","***","***","***",2.9418923573285101,"***",2.9418923573285101]
["EMULSÕES ASFÁLTICAS RM-2C","2022-02-01","***","***","***",3.2677440005793699,"***",3.2677440005793699]
["EMULSÕES ASFÁLTICAS RM-2C","2022-03-01","***","***","***",3.2588862701712,3.3854099999999998,3.2724400395130702]
["EMULSÕES ASFÁLTICAS RM-2C","2022-04-01","***","***","***",3.1581276415874302,3.5534699999999999,3.2061860544711802]
["EMULSÕES ASFÁLTICAS RM-2C","2022-05-01","***","***",2.5024299999999999,2.90244724874269,3.3803800000000002,2.92759904650184]
["EMULSÕES ASFÁLTICAS RM-2C","2022-06-01","***",4.0773900000000003,"***",3.29623211483139,3.06863882106523,3.3023931674145501]
["EMULSÕES ASFÁLTICAS RM-2C","2022-07-01","***",3.5488900000000001,"***",3.05996751666438,3.3441617079397501,3.1176123041656099]
["EMULSÕES ASFÁLTICAS RM-2C","2022-08-01","***","***","***",2.9758307996769,3.37272039317754,3.0578465948778999]
["EMULSÕES ASFÁLTICAS RM-2C","2022-09-01","***","***","***",3.11347947839299,3.1156962228870602,3.1140073005498499]
["EMULSÕES ASFÁLTICAS RM-2C","2022-10-01","***","***","***",2.70102932900582,3.12398175475687,2.7462667888418402]
["EMULSÕES ASFÁLTICAS RM-2C","2022-11-01","***","***","***",2.52377683861187,3.21235215090385,2.5737149353042899]
["EMULSÕES ASFÁLTICAS RM-2C","2022-12-01","***","***","***",2.82525594385144,2.9974288261485502,2.8586720099772198]
["EMULSÕES ASFÁLTICAS RM-2C","2023-01-01","***","***","***",2.74376295189021,3.1450716453115901,2.8035890449316301]
["EMULSÕES ASFÁLTICAS RM-2C","2023-02-01","***","***","***",2.6143701762798601,3.0775905263157899,2.6694239120955099]
["EMULSÕES ASFÁLTICAS RM-2C","2023-03-01","***","***","***",2.5022396022941198,2.8682239015079198,2.5504613150746902]
["EMULSÕES ASFÁLTICAS RM-2C","2023-04-01","***","***","***",2.4362702733416901,3.0515349015628201,2.5787471291800799]
["EMULSÕES ASFÁLTICAS RM-2C","2023-05-01","***","***",2.8923800000000002,2.4992644404518298,2.8214599623572201,2.5489527159476699]
["EMULSÕES ASFÁLTICAS RM-2C","2023-06-01","***","***","***",2.3311881471990898,2.7648241118110199,2.37521315879513]
["EMULSÕES ASFÁLTICAS RM-2C","2023-07-01","***","***","***",2.3018254205284698,2.81901664520168,2.3735134523027299]
["EMULSÕES ASFÁLTICAS RM-2C","2023-08-01","***","***",2.8209547234466101,2.3632790229046998,2.8625893189326601,2.44953144721147]
["EMULSÕES ASFÁLTICAS RR-1C","2008-11-01",1.1461917356273601,0.76840882469946403,1.1902450275502501,0.77788231164632005,0.96363937818157896,0.87853752784031103]
["EMULSÕES ASFÁLTICAS RR-1C","2008-12-01",1.08784868917785,0.73657215135920795,1.10065749013128,0.77156247219702001,0.87145006508213996,0.82980044701261801]
["EMULSÕES ASFÁLTICAS RR-1C","2009-01-01",1.4034966625369301,0.72020427361191697,0.95774023204108705,0.75841980527112596,0.83002997715983096,0.804276570383749]
["EMULSÕES ASFÁLTICAS RR-1C","2009-02-01",1.43591203543844,0.68655456748312105,1.1316433662921399,0.84852009478080004,0.87289126655931903,0.84732102018859501]
["EMULSÕES ASFÁLTICAS RR-1C","2009-03-01",1.4614782122904999,0.71251216862540401,0.94048919534113795,0.74174829128648001,0.80402576786803104,0.76522063010042796]
["EMULSÕES ASFÁLTICAS RR-1C","2009-04-01",1.0026778309409901,0.73566945001519302,0.941000667546948,0.72825697462072003,0.77543401692072,0.75614292051381404]
["EMULSÕES ASFÁLTICAS RR-1C","2009-05-01",0.92585340829233997,0.66686899395365196,1.0083761436993399,0.72321587405008203,0.75008824754989001,0.751106643911433]
["EMULSÕES ASFÁLTICAS RR-1C","2009-06-01",1.28865965554031,0.68408237453155096,0.96153570055197801,0.70466996717438202,0.75991468300480802,0.74756833614172002]
["EMULSÕES ASFÁLTICAS RR-1C","2009-07-01",1.1899667152450399,0.70222483922829604,1.0138471476359201,0.75443918170970103,0.79231470073505805,0.79214408199315101]
["EMULSÕES ASFÁLTICAS RR-1C","2009-08-01",1.4389065877712,0.66411167834009699,0.93393813006167303,0.713038731039073,0.74217619415270697,0.73389245421200899]
["EMULSÕES ASFÁLTICAS RR-1C","2009-09-01",1.09162133648278,0.66557623301633795,0.92875823065301299,0.70347543727638895,0.74483946902021003,0.73267131073896397]
["EMULSÕES ASFÁLTICAS RR-1C","2009-10-01",1.1404012305762701,0.70039868236217395,1.1091528578745999,0.72383264898662203,0.73738518100242501,0.802851511153576]
["EMULSÕES ASFÁLTICAS RR-1C","2009-11-01",1.2463634436629101,0.67965431022329204,1.2438647360305799,0.714555179641436,0.73792220370124895,0.84981882339756198]
["EMULSÕES ASFÁLTICAS RR-1C","2009-12-01",1.2760502963504501,0.69744376668140695,1.2723439844509501,0.71250756915776103,0.84294741330219203,0.90820556065685099]
["EMULSÕES ASFÁLTICAS RR-1C","2010-01-01",1.34339652347084,0.704755785559943,1.1475356495994,0.70002314847421598,0.77798587917948303,0.85108300519398705]
["EMULSÕES ASFÁLTICAS RR-1C","2010-02-01",1.33480487863668,0.70811186342433297,1.04433295633153,0.72600781329039299,0.81888443426889101,0.81247657016090702]
["EMULSÕES ASFÁLTICAS RR-1C","2010-03-01",1.13194448201244,0.70450051010396098,1.0151834900424901,0.71905738461489199,0.84058990683337498,0.81854143350396102]
["EMULSÕES ASFÁLTICAS RR-1C","2010-04-01",1.1922205427918799,0.69633074404481898,0.94064266698797305,0.67955016016369196,0.77876597940302295,0.77501590196018]
["EMULSÕES ASFÁLTICAS RR-1C","2010-05-01",1.10949853904282,0.67789978697556497,0.92138910679521502,0.69463337954137805,0.72455063995092694,0.77337476632567803]
["EMULSÕES ASFÁLTICAS RR-1C","2010-06-01",0.96053512707944799,0.657635441099785,0.85631709185724203,0.69573953378550601,0.73547211465017004,0.73596460076617898]
["EMULSÕES ASFÁLTICAS RR-1C","2010-07-01",1.0180140284725001,0.66626069477429894,0.98102916177579302,0.695875015604147,0.71557560825399102,0.78585278107075596]
["EMULSÕES ASFÁLTICAS RR-1C","2010-08-01",0.96337623538653805,0.690964006192061,1.0127331491951701,0.67358103119081003,0.70497480969676296,0.76778928970609195]
["EMULSÕES ASFÁLTICAS RR-1C","2010-09-01",1.06110217084489,0.68107986076745697,0.95674222554917898,0.67694061339997602,0.73062623868015697,0.77559871242907896]
["EMULSÕES ASFÁLTICAS RR-1C","2010-10-01",1.0517857002517199,0.69074038815290795,0.89697939396390403,0.665105196716679,0.72203077400666404,0.75945335932143698]
["EMULSÕES ASFÁLTICAS RR-1C","2010-11-01",1.06025937112601,0.69236353849221699,0.987790580254442,0.67310419135437705,0.76062382649235905,0.77501376071009598]
["EMULSÕES ASFÁLTICAS RR-1C","2010-12-01",1.00486631754126,0.70235529542177,0.94952568194505904,0.68956380277557605,0.77407559725964703,0.77572166936620401]
["EMULSÕES ASFÁLTICAS RR-1C","2011-01-01",0.82966495056237,0.721024320012699,0.85330135540194896,0.67575261443241197,0.71408287727647801,0.71207753689889397]
["EMULSÕES ASFÁLTICAS RR-1C","2011-02-01",0.76244582932296101,0.69763913112096998,0.82747948992498099,0.66644747229314305,0.71495325860994496,0.69464393632768695]
["EMULSÕES ASFÁLTICAS RR-1C","2011-03-01",0.98666655155604599,0.67096692933337498,0.80975719209762298,0.68021948574445701,0.70772575900676304,0.73728582947570598]
["EMULSÕES ASFÁLTICAS RR-1C","2011-04-01",0.89607567569285196,0.67006594069970704,0.69635832041844203,0.67253440436225398,0.69757828533743105,0.68798830762895602]
["EMULSÕES ASFÁLTICAS RR-1C","2011-05-01",0.83293505328328199,0.66604198470038201,0.84079136251488695,0.66385229691969005,0.73063846824235401,0.72134475517472796]
["EMULSÕES ASFÁLTICAS RR-1C","2011-06-01",0.83372655769069004,0.66973753857410401,0.91361848417662395,0.66939122354658198,0.70489422762705101,0.73193092344147404]
["EMULSÕES ASFÁLTICAS RR-1C","2011-07-01",0.91810793002467805,0.66601450206068602,0.82807407648040399,0.66659472998083102,0.68378448875858899,0.74191680917296499]
["EMULSÕES ASFÁLTICAS RR-1C","2011-08-01",0.98117460004750401,0.67378243095791901,0.90431981857166099,0.68092754358281005,0.70675563703636501,0.75835574065933498]
["EMULSÕES ASFÁLTICAS RR-1C","2011-09-01",0.82556535992993296,0.70861332864218296,0.91227921584365501,0.68215877937185798,0.70300743898122398,0.74319713768250695]
["EMULSÕES ASFÁLTICAS RR-1C","2011-10-01",0.87383832074216805,0.69682791262322596,0.98256348354637102,0.67887349756384696,0.69132834289308298,0.78490089177593603]
["EMULSÕES ASFÁLTICAS RR-1C","2011-11-01",0.77498255872098798,0.69714660717943999,0.879219745667292,0.67273155528393402,0.693533981153857,0.72256938513843105]
["EMULSÕES ASFÁLTICAS RR-1C","2011-12-01",0.70152469866785405,0.69306788526171803,0.86775461354094596,0.67462760019800605,0.75503747383257003,0.71625242630979802]
["EMULSÕES ASFÁLTICAS RR-1C","2012-01-01",0.76843737149761804,0.692280913716388,0.82294039158631704,0.68393378725721499,0.71322910603424705,0.70938964664290305]
["EMULSÕES ASFÁLTICAS RR-1C","2012-02-01",0.72350061361470897,0.67664068817005396,0.85527940978728301,0.688175695605863,0.72977511131092698,0.714339587780912]
["EMULSÕES ASFÁLTICAS RR-1C","2012-03-01",0.88169653449621999,0.68497359703064897,0.75299416718115597,0.70035772255770301,0.73111034953534604,0.72741567251611505]
["EMULSÕES ASFÁLTICAS RR-1C","2012-04-01",0.75975916228691598,0.66848695057150498,0.71588001113333199,0.71241833167148105,0.76541699217955195,0.71864318573403296]
["EMULSÕES ASFÁLTICAS RR-1C","2012-05-01",1.0643518256652,0.67857025882394595,0.74293306285496097,0.69133628247508805,0.73631980092445504,0.71935858619616999]
["EMULSÕES ASFÁLTICAS RR-1C","2012-06-01",0.91444398201981103,0.67393119289488301,0.76034290768699797,0.696903626609784,0.71998498811223399,0.71480663559467295]
["EMULSÕES ASFÁLTICAS RR-1C","2012-07-01",0.96288467250339504,0.683648274685837,0.72176496058144701,0.70728412914643102,0.76571121221857197,0.72557325902897396]
["EMULSÕES ASFÁLTICAS RR-1C","2012-08-01",0.85927141581632605,0.69930281709151199,0.78199009178423096,0.70728419899787998,0.76666165838725697,0.73119200874156498]
["EMULSÕES ASFÁLTICAS RR-1C","2012-09-01",1.18165448531525,0.70913370787211705,0.78311585096087399,0.732766573933881,0.75068752605051103,0.75164391308729095]
["EMULSÕES ASFÁLTICAS RR-1C","2012-10-01",1.00210470759785,0.72483906359402095,0.77087857572657703,0.72294410287343303,0.74429275099866798,0.74021930066235997]
["EMULSÕES ASFÁLTICAS RR-1C","2012-11-01",0.88046607651001396,0.75226107811809495,0.74481505661712699,0.72831456687386198,0.75895592830224301,0.74596119095289504]
["EMULSÕES ASFÁLTICAS RR-1C","2012-12-01",0.71948834370292702,0.72101933914846605,0.64858965332637697,0.68063908629418801,0.84492535198102503,0.70981768849612903]
["EMULSÕES ASFÁLTICAS RR-1C","2013-01-01",1.0986197927985999,0.69257434965458697,0.79603366381089102,0.74030891773236995,0.864873905332183,0.78032437902994101]
["EMULSÕES ASFÁLTICAS RR-1C","2013-02-01",1.10570613322502,0.69772549174192899,0.72683774534379797,0.72356188389015896,0.85496335091374698,0.75328607298927197]
["EMULSÕES ASFÁLTICAS RR-1C","2013-03-01",0.83817935380791797,0.70444440856592005,0.66127036961101504,0.71419653649720305,0.85066877832686405,0.73914317972519905]
["EMULSÕES ASFÁLTICAS RR-1C","2013-04-01",1.0802730328844901,0.70594082752477705,0.61453520801406802,0.73231777618558802,0.83660793047449999,0.74220785816004198]
["EMULSÕES ASFÁLTICAS RR-1C","2013-05-01",1.2172842911592501,0.69856252977688305,0.67485237330893799,0.71454506301315601,0.88162795589415099,0.74974101294362705]
["EMULSÕES ASFÁLTICAS RR-1C","2013-06-01",1.10561048029557,0.70289048650185404,0.713298555012706,0.70929603426549304,0.89518943520481398,0.754508526242192]
["EMULSÕES ASFÁLTICAS RR-1C","2013-07-01",1.25640018973267,0.71247334738369295,0.60789816080006498,0.69624796177916004,0.84328518630942695,0.72648839554568301]
["EMULSÕES ASFÁLTICAS RR-1C","2013-08-01",1.1441483159148,0.71436813037322799,0.67444067352432002,0.73599855837199701,0.85562350065220505,0.75589433925737104]
["EMULSÕES ASFÁLTICAS RR-1C","2013-09-01",1.0137874653524801,0.78376789429697102,0.77060269847449503,0.74787690688290698,0.85866986650321797,0.78633571839237804]
["EMULSÕES ASFÁLTICAS RR-1C","2013-10-01",1.11105909015875,0.87955402531401705,0.75032720158114496,0.753102408884606,0.83846621070682803,0.80831576099343405]
["EMULSÕES ASFÁLTICAS RR-1C","2013-11-01",0.94924779784360003,0.87955652150854102,0.76776736852403904,0.77300579438690398,0.80769525194259795,0.81252683493334898]
["EMULSÕES ASFÁLTICAS RR-1C","2013-12-01",0.89690864219723299,0.90224861201791895,0.751800215862794,0.76873239804874205,0.86631431823355398,0.82852704481780204]
["EMULSÕES ASFÁLTICAS RR-1C","2014-01-01",1.08923517679492,0.86674408755246601,0.88347741152594705,0.78327264886568204,0.802838691815561,0.83790171428587801]
["EMULSÕES ASFÁLTICAS RR-1C","2014-02-01",1.1972206223652899,0.87246710918289705,0.79789059119166506,0.77387795998710096,0.84616178601793002,0.81778822598684198]
["EMULSÕES ASFÁLTICAS RR-1C","2014-03-01",1.0451502005567499,0.805897725329078,0.83337554811727099,0.77888583090957197,0.86425691892995704,0.81455800938044798]
["EMULSÕES ASFÁLTICAS RR-1C","2014-04-01",0.80888685455262099,0.91934162605375502,0.78996813000849297,0.77586469841190198,0.84070304986532796,0.81630502231268298]
["EMULSÕES ASFÁLTICAS RR-1C","2014-05-01",0.73614683026519001,0.83669528903042301,0.89519725567307895,0.75029083964291499,0.86435202572370495,0.801499862296845]
["EMULSÕES ASFÁLTICAS RR-1C","2014-06-01",1.15399465099544,0.81257699196863098,0.80186761632674297,0.74701177216330505,0.84637859763896806,0.78826839449712405]
["EMULSÕES ASFÁLTICAS RR-1C","2014-07-01",1.19340575533662,0.84986199005032903,0.78645992423566002,0.74053540483355496,0.82324495698917899,0.78701571151934702]
["EMULSÕES ASFÁLTICAS RR-1C","2014-08-01",1.07330642974409,0.73787627486066598,0.78336283247662897,0.754946331394866,0.853122436168541,0.79367975723219397]
["EMULSÕES ASFÁLTICAS RR-1C","2014-09-01",1.3248166289396699,0.76482176138362801,0.90903560275097595,0.75814702293803105,0.87057069978311297,0.82213754676414097]
["EMULSÕES ASFÁLTICAS RR-1C","2014-10-01",1.3773813108053401,0.794552502733755,0.81107597765363104,0.72515993875957496,0.80901982153226504,0.78730550052582804]
["EMULSÕES ASFÁLTICAS RR-1C","2014-11-01",1.08556088157942,0.83919959545113898,0.82586198542548195,0.74177622116323105,0.88058023253351303,0.82225040154743501]
["EMULSÕES ASFÁLTICAS RR-1C","2014-12-01",1.23376263455235,0.91894253422135397,0.85154490348837197,0.82783306746674201,0.940180082021283,0.894773280114877]
["EMULSÕES ASFÁLTICAS RR-1C","2015-01-01",1.2717984123624,1.1192591549145099,1.2016216769457699,0.90776537674480995,0.99709199296848094,0.99122144340416496]
["EMULSÕES ASFÁLTICAS RR-1C","2015-02-01",1.1330778978740299,1.0544092204225901,1.13849950330345,0.92559389707192696,1.06688744364641,1.0004987580500899]
["EMULSÕES ASFÁLTICAS RR-1C","2015-03-01",1.3890919850686601,0.99919900157201003,1.1228500564800801,0.93867345332076901,1.0773910282191099,1.0167464164864]
["EMULSÕES ASFÁLTICAS RR-1C","2015-04-01",2.0947529426055298,1.06745792802143,1.0225630634493801,0.92129661031528698,1.06333133641741,0.99479275329182903]
["EMULSÕES ASFÁLTICAS RR-1C","2015-05-01",1.4067173133278901,1.02977227939958,1.0251152861350099,0.89330451376373898,0.973918259998104,0.96308495586727505]
["EMULSÕES ASFÁLTICAS RR-1C","2015-06-01",1.47247484316901,1.0091615271396801,1.0930979719032199,0.91224224021321798,1.04511412852949,1.0181060824049499]
["EMULSÕES ASFÁLTICAS RR-1C","2015-07-01",1.28545198565913,1.0392525922762601,0.951680837395667,0.84125608847674604,1.0026002084463499,0.927254330623689]
["EMULSÕES ASFÁLTICAS RR-1C","2015-08-01",1.2441770460012,1.13326852710305,1.07912390286156,0.88926927249385201,1.0610180649933001,0.98959742787914695]
["EMULSÕES ASFÁLTICAS RR-1C","2015-09-01",1.4801088280905801,1.0311950727781001,1.10864735486634,0.945250883753326,1.1208094051855899,1.0338305510460899]
["EMULSÕES ASFÁLTICAS RR-1C","2015-10-01",1.1153095404157001,1.17431344199117,1.17864478596308,0.98123572257147496,1.1817746151316399,1.0664608943363401]
["EMULSÕES ASFÁLTICAS RR-1C","2015-11-01",1.1631651822481901,1.2892000143604501,1.26414075226492,1.09254143747659,1.2281906183717499,1.1749195430775401]
["EMULSÕES ASFÁLTICAS RR-1C","2015-12-01",1.4940769239282401,1.3655049957604499,1.16623172079218,1.0952584328800601,1.26285078016861,1.1992324296388399]
["EMULSÕES ASFÁLTICAS RR-1C","2016-01-01",1.40154066112627,1.22896516106043,1.3744521839119299,1.0867181838932101,1.1796977526352299,1.1482430578054601]
["EMULSÕES ASFÁLTICAS RR-1C","2016-02-01",1.54519541985826,1.2674534185878099,1.5475314149839801,1.1106257188544499,1.1877954973849401,1.1810376317947799]
["EMULSÕES ASFÁLTICAS RR-1C","2016-03-01",1.4693942230386901,1.2732482074734901,1.33890159558763,1.0948188316276899,1.2045396785775999,1.16761043929273]
["EMULSÕES ASFÁLTICAS RR-1C","2016-04-01",1.63451792113393,1.41635111805096,1.39567167044039,1.2099927159243,1.2991402909382801,1.26969041220373]
["EMULSÕES ASFÁLTICAS RR-1C","2016-05-01",1.89842330935252,1.39375079351558,1.3543441959039799,1.2116468036827801,1.3232460884781301,1.27766560527352]
["EMULSÕES ASFÁLTICAS RR-1C","2016-06-01",1.7713919338028701,1.29661274741385,1.3702910925283101,1.20635399280391,1.31435559355279,1.2741025302640201]
["EMULSÕES ASFÁLTICAS RR-1C","2016-07-01",1.553803771598,1.22569205373195,1.41500276967366,1.1985482381853501,1.3008393115249299,1.24981675378392]
["EMULSÕES ASFÁLTICAS RR-1C","2016-08-01",1.65682346840168,1.1018838158873101,1.46881709849306,1.2066459463905399,1.29736738246703,1.2641473812911099]
["EMULSÕES ASFÁLTICAS RR-1C","2016-09-01",1.7731211668908899,1.1322021853906199,1.4890946936066101,1.14086599392987,1.12348872461833,1.1711538882920001]
["EMULSÕES ASFÁLTICAS RR-1C","2016-10-01",1.23206847947089,1.1871315122402,1.3819863423521399,1.11977371262619,1.13078994872385,1.1628274508149601]
["EMULSÕES ASFÁLTICAS RR-1C","2016-11-01",1.54433949836032,1.08726834352566,1.4676370203954301,1.11996204693753,1.13684693558405,1.16281679903198]
["EMULSÕES ASFÁLTICAS RR-1C","2016-12-01",1.54307363859684,0.97823813164045903,1.5157295190111499,1.09121182769369,1.1366253702173601,1.11893772106142]
["EMULSÕES ASFÁLTICAS RR-1C","2017-01-01",1.6055271315570401,1.13160284150075,1.3236249380996601,1.1103982320282599,1.07961331124682,1.1109038245665701]
["EMULSÕES ASFÁLTICAS RR-1C","2017-02-01",1.89042336800328,0.94497181233181204,1.4960705014831299,1.1131414808392699,1.1369077571592601,1.1199059004766601]
["EMULSÕES ASFÁLTICAS RR-1C","2017-03-01",1.93399246670485,1.1177815695439599,1.37473035230758,1.09939553056344,1.1219122822611101,1.1447122859509999]
["EMULSÕES ASFÁLTICAS RR-1C","2017-04-01",1.21157825862069,1.1688138846721601,1.33944828652743,1.1102466850644801,1.09660129557381,1.13200295435376]
["EMULSÕES ASFÁLTICAS RR-1C","2017-05-01",1.2991514500956001,1.15798616213643,1.32603722854633,1.08282078152799,1.0987312224613801,1.13056175401408]
["EMULSÕES ASFÁLTICAS RR-1C","2017-06-01",1.7670235925596101,1.1659306305172401,1.39320689833599,1.0809475827366299,1.08820197687881,1.17184871078299]
["EMULSÕES ASFÁLTICAS RR-1C","2017-07-01",1.7439607308278,1.1535055025107901,1.3320103931395899,1.0685809541734901,1.0938012206554599,1.19008187725766]
["EMULSÕES ASFÁLTICAS RR-1C","2017-08-01",1.7559369539660299,1.1399790666346199,1.2878460799842599,1.0949221695946501,1.07540008109046,1.1872805321576101]
["EMULSÕES ASFÁLTICAS RR-1C","2017-09-01",1.6860267902260599,1.17334183364518,1.43683322153404,1.05622805612691,1.1090864929925299,1.18093458801824]
["EMULSÕES ASFÁLTICAS RR-1C","2017-10-01",1.7820987095177601,1.1261437281911,1.5079603594584099,1.0986246310699099,1.0798684755547501,1.2530089888143201]
["EMULSÕES ASFÁLTICAS RR-1C","2017-11-01",1.82039512671836,1.17395197272866,1.6195288282645199,1.1895688060348599,1.1691940411763599,1.29856829114113]
["EMULSÕES ASFÁLTICAS RR-1C","2017-12-01",1.9892461724425901,1.22427806661298,1.5625451414427201,1.2056049018457899,1.2380375036257001,1.3907825213420699]
["EMULSÕES ASFÁLTICAS RR-1C","2018-01-01",1.9732964403096001,1.2430391813693,1.52138081214403,1.2112724380134401,1.2505016651215599,1.3286199421360401]
["EMULSÕES ASFÁLTICAS RR-1C","2018-02-01",2.0999175425856502,1.24793728632662,1.4108579721062799,1.17670107722665,1.24728729472022,1.28669229196288]
["EMULSÕES ASFÁLTICAS RR-1C","2018-03-01",1.9326236959521601,1.2164272369042,1.42511623674762,1.1992574308292001,1.24847198879081,1.2792438177688299]
["EMULSÕES ASFÁLTICAS RR-1C","2018-04-01",2.0119287245617601,1.2311014674529399,1.48383529986083,1.1769715481379901,1.2608494228982601,1.30954661951451]
["EMULSÕES ASFÁLTICAS RR-1C","2018-05-01",2.0473518838089499,1.2953598873879999,1.47818584320875,1.2596942333180501,1.2856890886585599,1.36820856751558]
["EMULSÕES ASFÁLTICAS RR-1C","2018-06-01",1.9901220520179801,1.39992155863252,1.5362336745362599,1.28746465146317,1.3423999780554501,1.3849919925709699]
["EMULSÕES ASFÁLTICAS RR-1C","2018-07-01",2.0659076291082501,1.4309733706444401,1.62426454326727,1.4183062191351301,1.4518257133349901,1.5318065128713401]
["EMULSÕES ASFÁLTICAS RR-1C","2018-08-01",2.16716852628412,1.65050707126959,1.7798473613946,1.5151502786687601,1.5526900061855899,1.6858387427266801]
["EMULSÕES ASFÁLTICAS RR-1C","2018-09-01",2.25354857186817,1.7104678915331,1.77775002394663,1.4938269707548999,1.5639597146197499,1.65430064182438]
["EMULSÕES ASFÁLTICAS RR-1C","2018-10-01",2.2851618756087801,1.68787980804959,1.61711544436696,1.5367862271101,1.5846812721928301,1.6585877620178699]
["EMULSÕES ASFÁLTICAS RR-1C","2018-11-01",2.5867169198520301,1.7802820428033199,1.9201414408374999,1.68477584832462,1.7022134336925501,1.8121189830729301]
["EMULSÕES ASFÁLTICAS RR-1C","2018-12-01",2.3512532878733401,1.8444405416546099,1.7330339695386201,1.6817503351773799,1.74720758725485,1.7741420601411799]
["EMULSÕES ASFÁLTICAS RR-1C","2019-01-01",2.0687054839968799,1.8952291054705199,2.06697946672013,1.7076851793315899,1.77905861589904,1.7808431578975199]
["EMULSÕES ASFÁLTICAS RR-1C","2019-02-01",2.0223163709836398,1.9320044119100099,2.1477165653224799,1.8965443050574899,1.93093796318294,1.93691323091901]
["EMULSÕES ASFÁLTICAS RR-1C","2019-03-01",2.2524525861289701,1.93995129467523,2.1444182612130298,1.88346187142437,1.8998877598457,1.9251438745994101]
["EMULSÕES ASFÁLTICAS RR-1C","2019-04-01",2.1286981039544899,1.9980004876637001,2.17487918115759,1.87204726985214,1.9279681785999001,1.9370170951550401]
["EMULSÕES ASFÁLTICAS RR-1C","2019-05-01",2.2397357788960499,1.9352499858310599,2.0646238306965299,1.9074425024319901,1.95591731488575,1.96246439228893]
["EMULSÕES ASFÁLTICAS RR-1C","2019-06-01",2.49066983452673,1.96383897638941,2.1447896159352799,1.8541310496466701,1.9204066884550299,2.0191025464549801]
["EMULSÕES ASFÁLTICAS RR-1C","2019-07-01",2.7519561230944798,1.8146104562427801,2.1238932731218401,1.88340509407279,1.96740881791718,2.0915535342056302]
["EMULSÕES ASFÁLTICAS RR-1C","2019-08-01",2.88258370057435,1.7675809499814901,1.9548063150003501,1.7977962858601699,1.86563932541738,1.99769569293198]
["EMULSÕES ASFÁLTICAS RR-1C","2019-09-01",2.5821268752819999,1.80590191085504,2.0088865497966499,1.9159243858674699,1.83713420908004,2.0221684924063998]
["EMULSÕES ASFÁLTICAS RR-1C","2019-10-01",2.4494703146050298,1.86596337842503,1.97749208458272,1.81253898245922,1.8001658505270199,1.9258703934733401]
["EMULSÕES ASFÁLTICAS RR-1C","2019-11-01",2.8425915107264998,1.7830967058304601,2.1317178536343202,1.81961067472864,1.8517542927044099,2.0066525314457402]
["EMULSÕES ASFÁLTICAS RR-1C","2019-12-01",2.4724393649773102,1.7771504597824099,1.9883509896907201,1.88532046953702,1.85182566264231,1.9626399512611299]
["EMULSÕES ASFÁLTICAS RR-1C","2020-01-01",2.6174317047131401,1.7866677795605299,1.93617926087716,1.8431572566254699,1.86988005485563,1.94497200007774]
["EMULSÕES ASFÁLTICAS RR-1C","2020-02-01",2.8933631475971899,1.74284167895599,2.0062844222281702,1.7864562781789199,1.7488260680435701,1.92865117217354]
["EMULSÕES ASFÁLTICAS RR-1C","2020-03-01",2.2749140198624902,1.7050041314165101,1.86605958766547,1.76311709930168,1.7080554760561799,1.78635412638942]
["EMULSÕES ASFÁLTICAS RR-1C","2020-04-01",1.9611101499013801,1.63795741720557,2.0078281190849698,1.73737960451844,1.67881976667051,1.75135783924496]
["EMULSÕES ASFÁLTICAS RR-1C","2020-05-01",2.03373844109792,1.6547838385281,1.90151258605022,1.68271878977472,1.66147830651396,1.74065803578119]
["EMULSÕES ASFÁLTICAS RR-1C","2020-06-01",2.2046010447927098,1.6805755410849299,1.8239452924752599,1.6544020066390599,1.6167611066384899,1.7581563242987299]
["EMULSÕES ASFÁLTICAS RR-1C","2020-07-01",2.5069950957115101,1.6162738126607501,1.8233691775714,1.65355435891513,1.6830466431256901,1.87045199359512]
["EMULSÕES ASFÁLTICAS RR-1C","2020-08-01",2.49179371647856,1.7468784660041701,1.9278789662978699,1.7217398186630299,1.7802441659297099,1.9240303419909299]
["EMULSÕES ASFÁLTICAS RR-1C","2020-09-01",2.3584308624005299,1.7657972444151799,1.9576049803425699,1.7436744450284001,1.75300056261946,1.8763490593302099]
["EMULSÕES ASFÁLTICAS RR-1C","2020-10-01",2.55689139715584,1.7696895493945299,2.00945803681347,1.7937723078302099,1.72186736406471,1.9580610601020401]
["EMULSÕES ASFÁLTICAS RR-1C","2020-11-01",2.7356250570746101,1.93079019252718,2.0352346056461101,1.8298806593172099,1.85908179819402,2.0679574492856698]
["EMULSÕES ASFÁLTICAS RR-1C","2020-12-01",2.7671130089415099,1.9033221917371901,2.1622720161290299,1.8293443683391299,1.8843375357688099,2.4552057555687501]
["EMULSÕES ASFÁLTICAS RR-1C","2021-01-01",2.68588597569167,1.8770008949272301,2.0615655312246601,1.87155767963387,1.8566956344013199,2.2742526001117001]
["EMULSÕES ASFÁLTICAS RR-1C","2021-02-01",2.8657777986647202,2.05199796419467,2.2528293847189902,1.9604434066284,1.8824226210366499,2.3005067849984999]
["EMULSÕES ASFÁLTICAS RR-1C","2021-03-01",3.0249225383074698,2.08422500447936,2.0668101791788902,1.95669369095798,1.9640306082499199,2.4071265585165098]
["EMULSÕES ASFÁLTICAS RR-1C","2021-04-01",2.7493043848926502,2.00617685729511,2.2219687326644699,1.9597441588428799,1.9507325157162101,2.3222108522711302]
["EMULSÕES ASFÁLTICAS RR-1C","2021-05-01",3.1200840326944199,2.5082146029252699,2.4401540514331601,2.3610233089838699,2.2611415138567499,2.6575969651920399]
["EMULSÕES ASFÁLTICAS RR-1C","2021-06-01",3.1263332392365601,2.4171978138975398,2.39396254969926,2.32293094487326,2.3720702411517398,2.7406309843256298]
["EMULSÕES ASFÁLTICAS RR-1C","2021-07-01",3.34338421799798,2.4164030200475701,2.5552069552432601,2.353413905075,2.3952448062479399,2.94323901691802]
["EMULSÕES ASFÁLTICAS RR-1C","2021-08-01",3.4928548007492601,2.6085769909483898,2.6661420867465,2.5029488415848999,2.4650391712743098,3.0962764307235999]
["EMULSÕES ASFÁLTICAS RR-1C","2021-09-01",3.3977758816081098,2.5812517063957299,2.7143461726022999,2.5313061578124101,2.4611115601509899,3.03005048555992]
["EMULSÕES ASFÁLTICAS RR-1C","2021-10-01",3.3623745549175399,2.6069207360490601,2.5180306812964202,2.5362650909719702,2.5364909303124201,3.0171144827832301]
["EMULSÕES ASFÁLTICAS RR-1C","2021-11-01",3.4521204080334802,2.82023020046024,2.6760989100369201,2.7286189827446501,2.7640474890659701,3.2227463038192399]
["EMULSÕES ASFÁLTICAS RR-1C","2021-12-01",3.7255543098596502,2.8130169410420098,2.9570810359429398,2.7770988250018802,2.86731171689381,3.3303353992315698]
["EMULSÕES ASFÁLTICAS RR-1C","2022-01-01",3.6476680547662101,2.8037784920326199,3.0955015230449998,2.8180097112757898,2.7516219650337699,3.1838824535101802]
["EMULSÕES ASFÁLTICAS RR-1C","2022-02-01",3.9100309296993898,3.0031432356236798,3.5929820263246701,2.97588236734564,2.9933116060940002,3.3365322664246202]
["EMULSÕES ASFÁLTICAS RR-1C","2022-03-01",4.2870304768205196,3.2820139136356801,2.9357804946983599,3.0189654103371302,2.93400164227406,3.5172198644838999]
["EMULSÕES ASFÁLTICAS RR-1C","2022-04-01",4.0835117296154202,3.5908275641428,3.4177515986430902,3.1149756540560798,2.9741045407580402,3.4642538206603199]
["EMULSÕES ASFÁLTICAS RR-1C","2022-05-01",4.1192134068763204,3.9418659210390699,3.3636449227169498,3.0939437443312299,3.0046704696044899,3.5074786705087999]
["EMULSÕES ASFÁLTICAS RR-1C","2022-06-01",4.1097850421798201,3.7706321441061199,3.3917216768916099,3.0678515927693302,3.0346963567474599,3.5593927604793301]
["EMULSÕES ASFÁLTICAS RR-1C","2022-07-01",4.2199184228711202,3.8077845185517001,3.4131185020924302,3.09255628706403,2.9306002907656401,3.5838009093159702]
["EMULSÕES ASFÁLTICAS RR-1C","2022-08-01",4.0718584622646103,4.0774376456353698,3.3608652560377199,3.168138039974,3.01825916094004,3.5831515036289998]
["EMULSÕES ASFÁLTICAS RR-1C","2022-09-01",3.7545781546974299,3.9554203735912399,3.3313344196757999,3.0107474029964698,2.81849432586958,3.40156795999162]
["EMULSÕES ASFÁLTICAS RR-1C","2022-10-01",4.3218544738264404,3.8054046043929599,2.7621279141984001,2.8993835566337798,2.6858715732558198,3.54756837395021]
["EMULSÕES ASFÁLTICAS RR-1C","2022-11-01",3.2576649313882999,4.1383464845539297,3.0709998939235601,2.6916573940158699,2.6425247297861398,3.1912931025704299]
["EMULSÕES ASFÁLTICAS RR-1C","2022-12-01",3.3948870808854301,4.2552255733297901,3.20572661102885,2.8333628425503101,2.55066824551308,3.4184079231091902]
["EMULSÕES ASFÁLTICAS RR-1C","2023-01-01",3.5664477221821298,3.5682205865611398,2.87187518137672,2.61911958401405,2.4621514666834399,3.00102224748853]
["EMULSÕES ASFÁLTICAS RR-1C","2023-02-01",4.5959489856093603,3.5569100939100999,2.8922612543748798,2.5912414427933501,2.3104335881467701,3.19059641598687]
["EMULSÕES ASFÁLTICAS RR-1C","2023-03-01",3.64665265442046,3.39846096802744,3.1330911899687499,2.42822317994399,2.3026411737277699,2.8770179615737099]
["EMULSÕES ASFÁLTICAS RR-1C","2023-04-01",3.0298562475117099,3.4566912868733901,3.05813537194719,2.4459955727887999,2.3075646012044899,2.8041404876383802]
["EMULSÕES ASFÁLTICAS RR-1C","2023-05-01",4.0740380938121099,3.33176273851663,2.75617664909849,2.4201675421593598,2.20493632550399,2.7583720504210798]
["EMULSÕES ASFÁLTICAS RR-1C","2023-06-01",4.0367850790539404,3.23885262356163,2.7517994552691101,2.3415225214506901,2.22619602926863,3.1031978270718801]
["EMULSÕES ASFÁLTICAS RR-1C","2023-07-01",3.8529859131732498,3.1483240708140898,2.8254640699702902,2.2741024639284801,2.2548778139376999,2.87502605056003]
["EMULSÕES ASFÁLTICAS RR-1C","2023-08-01",3.9178683014164402,3.1895652941292201,2.7467291469430402,2.25043172800875,2.2239461261859601,2.8054147502164]
["EMULSÕES ASFÁLTICAS RR-2C","2008-11-01",1.1860047651207699,0.77766557288396299,1.0356594885383501,0.87875336794945502,0.87898930510695605,0.937758878797878]
["EMULSÕES ASFÁLTICAS RR-2C","2008-12-01",1.0276876384590199,0.78476307719606597,1.0333839993270999,0.92244237332212498,0.82038562799997905,0.91253332073152005]
["EMULSÕES ASFÁLTICAS RR-2C","2009-01-01",1.05105712003597,0.77784577380212505,1.0325167961742201,0.88464853672191901,0.79965288024627601,0.88473107013127705]
["EMULSÕES ASFÁLTICAS RR-2C","2009-02-01",0.96217235978193305,0.76613832751203903,1.04746702510357,0.83774881079533403,0.80466389528904403,0.84502349311743497]
["EMULSÕES ASFÁLTICAS RR-2C","2009-03-01",0.98514635834036801,0.77842969807630302,1.06368893077379,0.84046000575679602,0.80126093499976803,0.864014670598929]
["EMULSÕES ASFÁLTICAS RR-2C","2009-04-01",1.0495375335922601,0.76861338538174595,1.1515099628986101,0.85306888973025796,0.806134449648788,0.87717023511075098]
["EMULSÕES ASFÁLTICAS RR-2C","2009-05-01",1.0193264327207301,0.75772748792344102,1.12277238150324,0.74561540421572103,0.78982750924353196,0.85963356515114797]
["EMULSÕES ASFÁLTICAS RR-2C","2009-06-01",1.08611105892175,0.74426762568656302,1.0554438935335799,0.72785718631909002,0.76176582561139605,0.84754062667569097]
["EMULSÕES ASFÁLTICAS RR-2C","2009-07-01",1.28497579870934,0.74038153607136603,1.10941481183553,0.78792691123041902,0.79164141296766799,0.92135293181857203]
["EMULSÕES ASFÁLTICAS RR-2C","2009-08-01",1.08923191482919,0.72008497365203195,1.02151122904908,0.81831270493180797,0.77979004729406198,0.88338826477245802]
["EMULSÕES ASFÁLTICAS RR-2C","2009-09-01",1.0941912818000401,0.71521636350585505,1.02638160321377,0.82163707986993795,0.77327177382057999,0.87072968555434904]
["EMULSÕES ASFÁLTICAS RR-2C","2009-10-01",0.94039371428711904,0.73884200961329005,1.0319294539736199,0.82357966107231295,0.76035193425269099,0.89900360698327497]
["EMULSÕES ASFÁLTICAS RR-2C","2009-11-01",1.05685326986943,0.73204177170713502,1.0771250816526801,0.79052652508001697,0.77119389400553795,0.85607420192250006]
["EMULSÕES ASFÁLTICAS RR-2C","2009-12-01",1.12924115411749,0.736889097801673,1.0286771461470701,0.77169688219632004,0.75506123399292502,0.82470193944842096]
["EMULSÕES ASFÁLTICAS RR-2C","2010-01-01",1.0499464831193499,0.723380632480496,1.04457638142911,0.77246450195565497,0.75617388163890598,0.79349255145711695]
["EMULSÕES ASFÁLTICAS RR-2C","2010-02-01",1.0548732928559901,0.72431262235757898,0.99573374827200201,0.76339734429068895,0.75164282918582204,0.78797034843212599]
["EMULSÕES ASFÁLTICAS RR-2C","2010-03-01",1.0236663130563299,0.721431425156979,1.0334486196248001,0.75139080964981797,0.75360049162919995,0.78904908533316398]
["EMULSÕES ASFÁLTICAS RR-2C","2010-04-01",1.02470153412951,0.72546426038869205,1.0163523748802801,0.77293297806636996,0.76991584227332599,0.80569458348784195]
["EMULSÕES ASFÁLTICAS RR-2C","2010-05-01",1.0625521384279299,0.71129609064700805,1.0108020023345501,0.75961664541190999,0.77512748134160503,0.82305943088924305]
["EMULSÕES ASFÁLTICAS RR-2C","2010-06-01",0.89864430644676396,0.69788871327569402,0.93440986929900605,0.765961083086378,0.75494356096326698,0.803279654245737]
["EMULSÕES ASFÁLTICAS RR-2C","2010-07-01",0.88637185489355896,0.69257739416250896,0.93172246023207905,0.76886240376136294,0.76685712164320696,0.80928371079027095]
["EMULSÕES ASFÁLTICAS RR-2C","2010-08-01",0.88956562661370298,0.69933012836881403,0.91445429956094104,0.713288489121359,0.77107030097185802,0.79190520792503405]
["EMULSÕES ASFÁLTICAS RR-2C","2010-09-01",0.922455660878298,0.69929511035958902,0.90654850692161504,0.73079474155617197,0.76261219209368802,0.80159160678612895]
["EMULSÕES ASFÁLTICAS RR-2C","2010-10-01",0.88743056521880803,0.71023207738821503,0.91477542590862304,0.735711588985825,0.73554586020353496,0.79923955790759404]
["EMULSÕES ASFÁLTICAS RR-2C","2010-11-01",0.91443051157493105,0.706565123537781,0.911203916506652,0.738414424455486,0.74479320214557598,0.79089742477566005]
["EMULSÕES ASFÁLTICAS RR-2C","2010-12-01",0.89985341144829101,0.70372284578530098,0.94917453439453403,0.76393607426037402,0.74440267205883204,0.78146179215994405]
["EMULSÕES ASFÁLTICAS RR-2C","2011-01-01",0.95069952708664196,0.71194104030725502,0.99751145630371196,0.75202052622807503,0.73554478258828104,0.76545632697547095]
["EMULSÕES ASFÁLTICAS RR-2C","2011-02-01",0.98821578676492705,0.71505058143369504,0.94460697090628898,0.742473725734903,0.739213601644786,0.76925972204404403]
["EMULSÕES ASFÁLTICAS RR-2C","2011-03-01",0.99589658301689499,0.71760435398850098,0.95429656484399294,0.73023268109412798,0.72198641444612899,0.75882236441141504]
["EMULSÕES ASFÁLTICAS RR-2C","2011-04-01",0.98387739548687003,0.70602833719340197,0.86259687129678497,0.71371093174120503,0.74389773759203903,0.76247597734657002]
["EMULSÕES ASFÁLTICAS RR-2C","2011-05-01",0.91615126797021895,0.68272257695258898,0.87623240618246101,0.72294266308585298,0.74907741079909096,0.77400782064323304]
["EMULSÕES ASFÁLTICAS RR-2C","2011-06-01",0.94780715375018798,0.67118944677163705,0.925698392823048,0.72569025126808595,0.74473856717897902,0.80628440786959299]
["EMULSÕES ASFÁLTICAS RR-2C","2011-07-01",0.79337812251844797,0.64305424471628703,0.93299720046730195,0.72502093837008996,0.74471188228081697,0.78728661644081499]
["EMULSÕES ASFÁLTICAS RR-2C","2011-08-01",0.79653591258137302,0.66465791503236404,0.90937122978750395,0.72234222992595298,0.73925341716534898,0.78274147220766399]
["EMULSÕES ASFÁLTICAS RR-2C","2011-09-01",0.89863304493200602,0.673647789851197,0.90889264283537896,0.67402318079308099,0.73684363816112497,0.77543664802113699]
["EMULSÕES ASFÁLTICAS RR-2C","2011-10-01",0.92081640931616404,0.67945373848598301,0.91162545869605405,0.69711019270494801,0.74114639968031404,0.78669395646164197]
["EMULSÕES ASFÁLTICAS RR-2C","2011-11-01",0.91827161712136696,0.66593022889335696,0.922341980315453,0.71180768638226899,0.73899042814951299,0.79274564541949899]
["EMULSÕES ASFÁLTICAS RR-2C","2011-12-01",0.87177623292601902,0.67736955144787403,0.96702388466508105,0.74915453655754105,0.73882524091241197,0.78862595870913399]
["EMULSÕES ASFÁLTICAS RR-2C","2012-01-01",0.90680182884064298,0.689479666491429,0.94618379210427295,0.75123175981206802,0.76136360044373097,0.75864243033217305]
["EMULSÕES ASFÁLTICAS RR-2C","2012-02-01",0.87911367760744596,0.69588599321215505,0.95726901233047101,0.73780639699333594,0.75666126240440801,0.75744744670671804]
["EMULSÕES ASFÁLTICAS RR-2C","2012-03-01",0.89277744056055897,0.69995003581761395,0.926612246590935,0.76317290287433204,0.78071637219134504,0.78083433511984901]
["EMULSÕES ASFÁLTICAS RR-2C","2012-04-01",0.90094780785886996,0.70785586958546698,0.91843879192256705,0.75189698012071005,0.77546220546241296,0.77891692113175404]
["EMULSÕES ASFÁLTICAS RR-2C","2012-05-01",1.2845665727522999,0.71312612058473601,0.93241823387447498,0.75785447324961697,0.75603382811310804,0.82219732898120901]
["EMULSÕES ASFÁLTICAS RR-2C","2012-06-01",0.92045606091092003,0.717140453430409,0.94328348062741396,0.74512941638296604,0.787707670230129,0.83468751786263395]
["EMULSÕES ASFÁLTICAS RR-2C","2012-07-01",1.07696397900873,0.71986052658494804,0.94530689999743001,0.74568082186266604,0.82667445222201696,0.82341589866826004]
["EMULSÕES ASFÁLTICAS RR-2C","2012-08-01",1.04471012980935,0.74404995877505997,0.95829352439216697,0.75038015750550002,0.79473559171614805,0.83772129038120502]
["EMULSÕES ASFÁLTICAS RR-2C","2012-09-01",1.1105699129789399,0.76415934085404902,0.96569303359272696,0.78218757350915602,0.80700218068229201,0.86553988971655904]
["EMULSÕES ASFÁLTICAS RR-2C","2012-10-01",0.89651782409514302,0.76482268696398104,0.98309457359139896,0.77757487123942803,0.80182611788298797,0.86388819264250505]
["EMULSÕES ASFÁLTICAS RR-2C","2012-11-01",0.98354002766930604,0.77503569143839501,1.0105194333769301,0.79272078159699999,0.82122048164064798,0.86955156508681197]
["EMULSÕES ASFÁLTICAS RR-2C","2012-12-01",0.92595945302907401,0.76623205571031405,1.00141323642909,0.75187553075384195,0.82609230412185797,0.83669224252950103]
["EMULSÕES ASFÁLTICAS RR-2C","2013-01-01",0.95774885080444705,0.75588483739920298,1.0427891307003501,0.79643660368157498,0.84616517598402796,0.828871408283543]
["EMULSÕES ASFÁLTICAS RR-2C","2013-02-01",1.0406373020478501,0.74759397934808602,0.99508193311787596,0.78625884524632905,0.79784629378448702,0.80673020027363496]
["EMULSÕES ASFÁLTICAS RR-2C","2013-03-01",1.0105474487233901,0.73894385588282796,1.01311437204303,0.76949046964869505,0.80934238892073096,0.80616178541890005]
["EMULSÕES ASFÁLTICAS RR-2C","2013-04-01",1.0281120471184699,0.75067475985723697,1.0013605390256599,0.76855674760141202,0.82338001109316095,0.82598694787956595]
["EMULSÕES ASFÁLTICAS RR-2C","2013-05-01",1.01206279069576,0.75171162421279203,1.0149387158041201,0.78690153652134898,0.83743806586740199,0.85693546994255898]
["EMULSÕES ASFÁLTICAS RR-2C","2013-06-01",1.0984476673746899,0.76460370962552604,1.02301430422074,0.75008967545210803,0.83491954418428205,0.87847527511743295]
["EMULSÕES ASFÁLTICAS RR-2C","2013-07-01",0.77392501190551999,0.77878288626844006,0.99877737062428995,0.79508553712890095,0.82813619463935695,0.86815538066012299]
["EMULSÕES ASFÁLTICAS RR-2C","2013-08-01",1.0117386429167301,0.75886063209467502,1.02217441081711,0.809917484008014,0.85638075113235801,0.91102860569489796]
["EMULSÕES ASFÁLTICAS RR-2C","2013-09-01",0.95683386636102896,0.785005150828466,1.0670266046680399,0.80423762403947596,0.81905467853602398,0.92756547685447599]
["EMULSÕES ASFÁLTICAS RR-2C","2013-10-01",1.0257757814259001,0.79052466565125801,1.0278378140333999,0.76985077594459805,0.82561451887404902,0.91629635087072803]
["EMULSÕES ASFÁLTICAS RR-2C","2013-11-01",0.93691592015777703,0.82692021000834204,1.0275495010784701,0.830776865893046,0.85016116748372905,0.920423725604402]
["EMULSÕES ASFÁLTICAS RR-2C","2013-12-01",0.97543385301100705,0.80257626870066501,1.06274488771117,0.84214765978925499,0.86130403982482795,0.92173035931948599]
["EMULSÕES ASFÁLTICAS RR-2C","2014-01-01",1.0837297141045099,0.79858969739726804,1.04971018390756,0.82190552026300201,0.83897590349020701,0.87469782165929999]
["EMULSÕES ASFÁLTICAS RR-2C","2014-02-01",1.02569369693985,0.80179770042362597,1.0590728731542001,0.80880693500388801,0.83781644126663202,0.86668090569857903]
["EMULSÕES ASFÁLTICAS RR-2C","2014-03-01",1.0008668496600801,0.81239587248077505,1.06163783497769,0.80763201190268097,0.86779931272561195,0.85841196129198905]
["EMULSÕES ASFÁLTICAS RR-2C","2014-04-01",1.15948487110564,0.79691440009547998,1.08590340377603,0.82344069594623603,0.86368220980716504,0.88272963249856995]
["EMULSÕES ASFÁLTICAS RR-2C","2014-05-01",1.0582627517652701,0.80949236867921104,1.0491177470333299,0.83998454475070505,0.87050362839566098,0.90554470790525898]
["EMULSÕES ASFÁLTICAS RR-2C","2014-06-01",1.0109621677372,0.83552178712477798,1.05877764157342,0.78481841787371098,0.88870351160057603,0.92708508396399603]
["EMULSÕES ASFÁLTICAS RR-2C","2014-07-01",1.1508399830201099,0.84891743688509202,0.96591461518704802,0.81812140961729996,0.87037988315306203,0.91171109585605703]
["EMULSÕES ASFÁLTICAS RR-2C","2014-08-01",1.09167628275524,0.83808771486068201,0.919472136448513,0.82738565342982395,0.85586075879768897,0.88543184512571904]
["EMULSÕES ASFÁLTICAS RR-2C","2014-09-01",1.0742297093106601,0.85008846991814802,1.0659043939784201,0.81353311266438599,0.89119731334306496,0.95866258088488399]
["EMULSÕES ASFÁLTICAS RR-2C","2014-10-01",1.09337524282951,0.88060978410514901,0.95302894230412105,0.78554125490538096,0.85443701849207199,0.91139917160065798]
["EMULSÕES ASFÁLTICAS RR-2C","2014-11-01",1.20849997285127,0.90929680979517902,0.96671601633312099,0.79281018069092601,0.87830756254253295,0.93262516343366297]
["EMULSÕES ASFÁLTICAS RR-2C","2014-12-01",1.1733195141687001,0.97479973913927598,1.0811019358226599,0.95743193879134103,0.94471770902187402,1.00885469003304]
["EMULSÕES ASFÁLTICAS RR-2C","2015-01-01",1.1974942761346901,1.17357374825469,1.2467714419920899,1.02534272138357,1.1225559810063399,1.1585903484442699]
["EMULSÕES ASFÁLTICAS RR-2C","2015-02-01",1.31385846834628,1.1213655613326301,1.2216030862851599,0.98311352896681103,1.0495339345942001,1.1368373374790699]
["EMULSÕES ASFÁLTICAS RR-2C","2015-03-01",1.35599251132576,1.0596881895771499,1.28940420199509,1.08096165904549,1.06366501253554,1.1289281805945499]
["EMULSÕES ASFÁLTICAS RR-2C","2015-04-01",1.19855854225507,1.09583198722439,1.3005537147189301,1.0428812335459501,1.08262361512745,1.1148943907803901]
["EMULSÕES ASFÁLTICAS RR-2C","2015-05-01",1.3960662277306499,1.0733620860159401,1.24618225932417,1.0021866976426901,1.10075450046043,1.13360376026607]
["EMULSÕES ASFÁLTICAS RR-2C","2015-06-01",1.37380298361015,1.07059860139444,1.2400291368255201,0.99510670262462997,1.11371376172352,1.1581439880323201]
["EMULSÕES ASFÁLTICAS RR-2C","2015-07-01",1.2915544901173801,1.0782396821328399,1.06119092868292,1.0072484445472201,1.14041084116165,1.08867198061366]
["EMULSÕES ASFÁLTICAS RR-2C","2015-08-01",1.2644389492358901,1.1098748142613,1.2785713002472501,1.0093247984156799,1.10178597440419,1.2007353305035799]
["EMULSÕES ASFÁLTICAS RR-2C","2015-09-01",1.31782221671051,1.0793162903746001,1.2729908719334699,1.0412168829797801,1.1015058988908799,1.19932416677072]
["EMULSÕES ASFÁLTICAS RR-2C","2015-10-01",1.3475910609364501,1.1515919369428,1.30343167989322,1.14088357083362,1.15383986343301,1.2445506841065901]
["EMULSÕES ASFÁLTICAS RR-2C","2015-11-01",1.42194763110426,1.2528977823002201,1.46326523828336,1.2023260722378899,1.2091014097133801,1.35094076541867]
["EMULSÕES ASFÁLTICAS RR-2C","2015-12-01",1.5005775899763201,1.2466905674903299,1.3857931469782401,1.2274435317644199,1.2352426092001101,1.32473892483372]
["EMULSÕES ASFÁLTICAS RR-2C","2016-01-01",1.64898417512924,1.30762826323315,1.44914138888279,1.2358730350080001,1.2644155209558701,1.3328124724101]
["EMULSÕES ASFÁLTICAS RR-2C","2016-02-01",1.4040425978966899,1.2955796163300699,1.4551720277392299,1.2803424144946001,1.2506211519631301,1.32412490175822]
["EMULSÕES ASFÁLTICAS RR-2C","2016-03-01",1.3737404725681599,1.27647148296601,1.47007694983541,1.2373776159079399,1.27058617693724,1.3059851362442301]
["EMULSÕES ASFÁLTICAS RR-2C","2016-04-01",1.80313232959409,1.3648774116950999,1.5460723913427801,1.33734030283245,1.37146737929701,1.4262694176770101]
["EMULSÕES ASFÁLTICAS RR-2C","2016-05-01",1.7102055614999201,1.3931871019703499,1.5304737991034401,1.3786105124528201,1.3875955987901301,1.4487465103471799]
["EMULSÕES ASFÁLTICAS RR-2C","2016-06-01",1.6834621917161201,1.3076158114304399,1.60109196655534,1.3564931657063699,1.42416570774391,1.46046169602429]
["EMULSÕES ASFÁLTICAS RR-2C","2016-07-01",1.61116512045691,1.30559620150366,1.58745774412605,1.4386016770426899,1.42499585449426,1.46812976345428]
["EMULSÕES ASFÁLTICAS RR-2C","2016-08-01",1.60429445557309,1.3044006684628899,1.61284861254953,1.42290434771481,1.4247229275758999,1.49037354940374]
["EMULSÕES ASFÁLTICAS RR-2C","2016-09-01",1.55385149619653,1.2150283632130301,1.4872524174442601,1.3105037105253401,1.26117118511445,1.38217421141938]
["EMULSÕES ASFÁLTICAS RR-2C","2017-01-01",1.3295876746587301,0.97529368058710797,1.50030935414317,1.36132558636552,1.2259310480635299,1.1624737597556201]
["EMULSÕES ASFÁLTICAS RR-2C","2017-02-01",1.40376589068244,1.0198585605871,1.46052515497524,1.3429240664997399,1.20016389429683,1.20723044672766]
["EMULSÕES ASFÁLTICAS RR-2C","2017-03-01",1.3968718336946999,1.1665844193583099,1.42318763398361,1.31607236440597,1.2102225969368099,1.27176574433373]
["EMULSÕES ASFÁLTICAS RR-2C","2017-04-01",1.4061631137262101,1.1506254668179201,1.47329794498182,1.3193940401053501,1.18200127096033,1.2910710683970299]
["EMULSÕES ASFÁLTICAS RR-2C","2017-05-01",1.4040905911420201,1.17260072467092,1.4867733051140899,1.3140967919320099,1.18764659887391,1.3403886901233699]
["EMULSÕES ASFÁLTICAS RR-2C","2017-06-01",1.4180165227813,1.1684172838844999,1.53100110897076,1.3101909234812901,1.1966920331458699,1.3648500164722901]
["EMULSÕES ASFÁLTICAS RR-2C","2017-07-01",1.4683032351132701,1.18210423151794,1.5121518421393501,1.27905480632534,1.1332529777844,1.35962061537649]
["EMULSÕES ASFÁLTICAS RR-2C","2017-08-01",1.4659732608904701,1.17677557292918,1.4039573392311,1.26634312357384,1.1787432600234899,1.3237918138953899]
["EMULSÕES ASFÁLTICAS RR-2C","2017-09-01",1.4318169843184601,1.18989362413531,1.4537715938761999,1.2856937334993099,1.1871601859074801,1.35571044276797]
["EMULSÕES ASFÁLTICAS RR-2C","2017-10-01",1.4491825161573499,1.20724793150744,1.4640186621729401,1.33239823108696,1.1739416100992901,1.36567936731176]
["EMULSÕES ASFÁLTICAS RR-2C","2017-11-01",1.61828212447238,1.30283395140313,1.61382234654819,1.3221653058249501,1.3171489059517101,1.47033334630405]
["EMULSÕES ASFÁLTICAS RR-2C","2017-12-01",1.71250024409713,1.28869349025226,1.54295483966599,1.3195933811261,1.2911470687211599,1.45882245272244]
["EMULSÕES ASFÁLTICAS RR-2C","2018-01-01",1.75153362921512,1.3422873031567999,1.50941095839301,1.4328183639485801,1.33550808416533,1.4836715709672199]
["EMULSÕES ASFÁLTICAS RR-2C","2018-02-01",1.6610447362374401,1.3617859637129399,1.4817483937901099,1.4473927675821501,1.37681732973459,1.46483102507921]
["EMULSÕES ASFÁLTICAS RR-2C","2018-03-01",1.69544100715789,1.3542430540092401,1.5375908708380699,1.4470604820109001,1.3716501298317001,1.47623332317719]
["EMULSÕES ASFÁLTICAS RR-2C","2018-04-01",1.56875280098897,1.33286290205615,1.5585033645258799,1.4457720027222301,1.32898729145751,1.4374587251282001]
["EMULSÕES ASFÁLTICAS RR-2C","2018-05-01",1.7163026083236399,1.38347882856078,1.5103835313012901,1.4576575745862701,1.3899376081447801,1.47056889524979]
["EMULSÕES ASFÁLTICAS RR-2C","2018-06-01",1.67167418755764,1.4609526623689999,1.64778623513767,1.5056177886693101,1.4773346964371299,1.54931329041142]
["EMULSÕES ASFÁLTICAS RR-2C","2018-07-01",1.82530822279903,1.5732933124999999,1.75446777664756,1.6004874978074699,1.5400833118241299,1.66720310178218]
["EMULSÕES ASFÁLTICAS RR-2C","2018-08-01",1.8237348329219201,1.6856683889889501,1.9125286765249301,1.7922164519297801,1.6785264626315699,1.8037470793696599]
["EMULSÕES ASFÁLTICAS RR-2C","2018-09-01",2.0523986018699998,1.6860471795771701,1.93613908551497,1.77766229864463,1.6710350980673201,1.8592348438575701]
["EMULSÕES ASFÁLTICAS RR-2C","2018-10-01",2.0948296937314099,1.68832718186035,1.74628535957175,1.80218489568885,1.8360439480275801,1.81573078904975]
["EMULSÕES ASFÁLTICAS RR-2C","2018-11-01",2.3302103085686299,1.8411957128023899,2.2180064699423201,2.0313127776314701,1.9465198511700701,2.08700459566283]
["EMULSÕES ASFÁLTICAS RR-2C","2018-12-01",2.4361316266045101,1.83934996225526,2.1197689237108399,1.96503841468965,1.8961533620377899,2.0415136307555799]
["EMULSÕES ASFÁLTICAS RR-2C","2019-01-01",2.3991345843015299,1.87942593722186,2.1853799053644098,1.99301959494473,1.9291890399299201,2.0567036929498799]
["EMULSÕES ASFÁLTICAS RR-2C","2019-02-01",2.3935305933199098,2.0100960861601598,2.5045713226881698,2.26307913731118,2.0111191633241101,2.2216438931022702]
["EMULSÕES ASFÁLTICAS RR-2C","2019-03-01",2.6796868563796199,1.99019534121494,2.5579138928296898,2.2045042492184401,2.1221855575987498,2.3186042099253301]
["EMULSÕES ASFÁLTICAS RR-2C","2019-04-01",2.5151364924338,2.0008711133696599,2.6333980969763902,2.2328616267732402,2.0640768709730102,2.2770809235388998]
["EMULSÕES ASFÁLTICAS RR-2C","2019-05-01",2.1302360990359799,1.96028127733914,2.3424730174786501,2.2107797640821798,2.1667787404248902,2.1630728056913102]
["EMULSÕES ASFÁLTICAS RR-2C","2019-06-01",2.16400040233126,1.92500258930718,2.3795330791824401,2.1424839632324502,2.1802498335101901,2.1664218876157801]
["EMULSÕES ASFÁLTICAS RR-2C","2019-07-01",2.1615179943408398,1.9051335877053099,2.3700902877231602,2.1133180405618202,2.1666049432405399,2.15967735135004]
["EMULSÕES ASFÁLTICAS RR-2C","2019-08-01",2.14818093664188,1.78712697068635,2.2736676089666301,2.1017264720781399,2.2305631470804599,2.0961132223137602]
["EMULSÕES ASFÁLTICAS RR-2C","2019-09-01",2.2749944295789901,1.76859318970889,2.27495202292048,2.1225434842050399,2.1952209533465901,2.1148551376961899]
["EMULSÕES ASFÁLTICAS RR-2C","2019-10-01",2.2524961567227799,1.9675231472624499,2.7384906229713102,2.1404648429209998,2.0307587249754699,2.2988745877901802]
["EMULSÕES ASFÁLTICAS RR-2C","2019-11-01",2.3917174442553999,1.9231227266456401,2.51215253806782,2.2131398457308098,2.04311288006644,2.2502473128028302]
["EMULSÕES ASFÁLTICAS RR-2C","2019-12-01",2.39198840726245,1.97479966236185,2.2505237811516401,2.16806592424861,2.05075050433285,2.14519356992726]
["EMULSÕES ASFÁLTICAS RR-2C","2020-01-01",2.6176967003231999,1.87803820623144,2.3352936603561401,2.18398919960755,2.04722214503935,2.1668040965205799]
["EMULSÕES ASFÁLTICAS RR-2C","2020-02-01",2.3231193990355701,1.8085269957869401,1.9789899591272699,2.0867364995803199,2.0257661032488499,2.02773992428732]
["EMULSÕES ASFÁLTICAS RR-2C","2020-03-01",2.34280800551331,1.79405576388629,1.7211304181993401,2.0453141869832101,1.97328405579894,1.9771218311291401]
["EMULSÕES ASFÁLTICAS RR-2C","2020-04-01",2.2240730834884999,1.7111360495033401,1.9436800343479099,1.9811404040070499,2.05877877740688,1.9765309388827199]
["EMULSÕES ASFÁLTICAS RR-2C","2020-05-01",2.1531647858372298,1.68900049507051,1.9149744998837399,1.9603349388846001,2.0178718450444402,1.93986058133922]
["EMULSÕES ASFÁLTICAS RR-2C","2020-06-01",2.07886795367711,1.66524102815593,1.8330357408618201,1.8933000395325601,2.01367530304283,1.8781888356284]
["EMULSÕES ASFÁLTICAS RR-2C","2020-07-01",2.0544219055495501,1.6667189694659099,1.91493951933172,1.89957642783472,1.94613582208481,1.8893577757890501]
["EMULSÕES ASFÁLTICAS RR-2C","2020-08-01",2.15436782167576,1.7733730018910201,2.0777540225278002,1.9996892515751299,1.9912568037037901,2.0096793301248002]
["EMULSÕES ASFÁLTICAS RR-2C","2020-09-01",2.11878316736823,1.7856461237043999,2.0094154164761502,1.9832651947209401,1.9852846031484499,1.9762008668036499]
["EMULSÕES ASFÁLTICAS RR-2C","2020-10-01",2.1464286111245698,1.82664820661258,1.97944506177594,1.9848517880852401,1.99135621266825,1.97799571525648]
["EMULSÕES ASFÁLTICAS RR-2C","2020-11-01",2.13768167231144,1.9380777485028,2.1402438608489001,2.16727476726376,2.0918311383258201,2.0903535768484098]
["EMULSÕES ASFÁLTICAS RR-2C","2020-12-01",2.1490044399501,1.94547776060499,1.9606696497771201,2.1883989731123399,2.0951376036445599,2.0351793364954598]
["EMULSÕES ASFÁLTICAS RR-2C","2021-01-01",2.1393735849540199,1.89816122640094,1.8354725973686501,2.2135263550144102,2.05800720590813,2.0051177573215302]
["EMULSÕES ASFÁLTICAS RR-2C","2021-02-01",2.35085775071187,2.0596027416889702,2.2519660018072098,2.4247311156864,2.2197472071407698,2.2438069352317398]
["EMULSÕES ASFÁLTICAS RR-2C","2021-03-01",2.325071430615,2.0517918559048698,2.1828263772095098,2.3466687299279201,2.2734914636523502,2.22704202651884]
["EMULSÕES ASFÁLTICAS RR-2C","2021-04-01",2.6889810867861899,2.0645253663669698,2.28914107016934,2.2627266030870601,2.1779034200888798,2.2111387924732302]
["EMULSÕES ASFÁLTICAS RR-2C","2021-05-01",2.5745496094499001,2.51803152134466,2.55678904744657,2.6400274183860102,2.6094833731897502,2.5778018499336]
["EMULSÕES ASFÁLTICAS RR-2C","2021-06-01",2.6722399675705399,2.48935059018486,2.6009999536735502,2.7064951331304998,2.5552921185584001,2.5931272798618599]
["EMULSÕES ASFÁLTICAS RR-2C","2021-07-01",2.64317692065692,2.46926227992597,2.6563319289776,2.6793157575261102,2.6620791096261498,2.6106304020664899]
["EMULSÕES ASFÁLTICAS RR-2C","2021-08-01",2.79614075278878,2.5759914248354301,2.8258074818475198,2.9191427775852898,2.74945122394463,2.7664227491806099]
["EMULSÕES ASFÁLTICAS RR-2C","2021-09-01",2.8300942586993298,2.6444601784336901,2.87616230139743,2.92674222560797,2.8918415567704798,2.8068743600852599]
["EMULSÕES ASFÁLTICAS RR-2C","2021-10-01",2.9702878379404498,2.6596448061017499,2.8209744927170699,2.88785648136116,2.7931902764908698,2.8043071709721401]
["EMULSÕES ASFÁLTICAS RR-2C","2021-11-01",3.1288425054692302,2.8641569797826398,3.1550719837703798,3.3298848339432099,3.0708670042737198,3.1101825774701499]
["EMULSÕES ASFÁLTICAS RR-2C","2021-12-01",3.1416148138267799,2.9394743512613699,3.17961481502117,3.3832212657234599,3.11742338949061,3.1190781839195201]
["EMULSÕES ASFÁLTICAS RR-2C","2022-01-01",3.1680180966752398,2.8978883410610901,3.1718370526966599,3.2245494357151299,3.0766925593721202,3.0550736209655001]
["EMULSÕES ASFÁLTICAS RR-2C","2022-02-01",3.2922767112693099,3.0297198872500899,3.31772905023927,3.3996465898685702,3.2098987026663202,3.1990043731141502]
["EMULSÕES ASFÁLTICAS RR-2C","2022-03-01",3.0825143735362999,3.0500042385000801,3.27906153433447,3.4098559609202002,3.2383783348331598,3.2088533928189298]
["EMULSÕES ASFÁLTICAS RR-2C","2022-04-01",3.4104994747810702,3.2162203422212698,3.4789274469856299,3.5252721458886902,3.00054992574153,3.35396762965531]
["EMULSÕES ASFÁLTICAS RR-2C","2022-05-01",3.3636363462380099,3.17437859845242,3.51199679374011,2.7024184874129702,3.20709119915018,3.1292506581784498]
["EMULSÕES ASFÁLTICAS RR-2C","2022-06-01",3.6153029894262398,3.2053946913242899,3.4455839071143299,3.45823615263726,3.1774448120884902,3.3735881530198801]
["EMULSÕES ASFÁLTICAS RR-2C","2022-07-01",3.5030009154948099,3.29693042437885,3.6024628398006899,3.4750806334189299,3.32037782621257,3.4479452704125801]
["EMULSÕES ASFÁLTICAS RR-2C","2022-08-01",3.5317087220741601,3.3395169467089998,3.5401530680303201,3.3854273872748499,3.15146148252281,3.43279313742332]
["EMULSÕES ASFÁLTICAS RR-2C","2022-09-01",3.4611166205196202,3.3477991664831701,3.3700147015734099,3.2361076198657801,3.0452192921035399,3.3458284433524601]
["EMULSÕES ASFÁLTICAS RR-2C","2022-10-01",3.4407087288730902,3.2396973673631102,3.0816406308553601,3.08842577862562,2.9761674905370401,3.1785213522037199]
["EMULSÕES ASFÁLTICAS RR-2C","2022-11-01",3.2314387037394501,3.1429295776467101,3.2239381233414202,2.9171046643982002,2.7953862663167999,3.1216330233579401]
["EMULSÕES ASFÁLTICAS RR-2C","2022-12-01",3.1795323794024801,3.1393122599866898,3.0605759048792098,2.9247446234100298,2.7407330746581802,3.0496763148638499]
["EMULSÕES ASFÁLTICAS RR-2C","2023-01-01",3.2359240498456301,2.88212758276743,3.1743967926608998,2.7981787230186401,2.6587045960863001,2.9041437286417802]
["EMULSÕES ASFÁLTICAS RR-2C","2023-02-01",3.1272582910474802,2.8628392906914302,3.1894738973219998,2.7364632961896,2.6985125709752502,2.9003749035138902]
["EMULSÕES ASFÁLTICAS RR-2C","2023-03-01",3.24171826111135,2.8190573657006199,2.9086944063153202,2.8172106055821402,2.5303858963601802,2.8507331892043601]
["EMULSÕES ASFÁLTICAS RR-2C","2023-04-01",3.4081380308906,2.9193557473760601,2.8965513162008598,2.7394980498049901,2.5035621378754298,2.8547500149404001]
["EMULSÕES ASFÁLTICAS RR-2C","2023-05-01",3.1511809277988498,2.7777992165496301,2.93247427361718,2.6186446088076401,2.3897364325138,2.76877589052109]
["EMULSÕES ASFÁLTICAS RR-2C","2023-06-01",3.2336030373306701,2.71940164508483,2.9275401489895199,2.5910125840767,2.5725312379074698,2.8185192878852598]
["EMULSÕES ASFÁLTICAS RR-2C","2023-07-01",3.13079615361247,2.7247528493187199,2.9163947946123101,2.5821073809604398,2.5236547511190501,2.8118154506951498]
["EMULSÕES ASFÁLTICAS RR-2C","2023-08-01",3.06770372329018,2.7216455673154001,2.94436662467912,2.6178307781847101,2.6577102024371499,2.8367618990188102]
["***: Sem comercialização."]
["Nota 1: Preços à vista, sem frete, com todos os impostos inclusos, à exceção do ICMS, do PIS/Pasep e da Cofins."]
["Nota 2: As informações são baseadas em dados preliminares, portanto sujeitos a reprocessamento por parte dos informantes nos moldes da Resolução ANP nº 729/2018."]

{"sheet":"SINTÉTICO SICRO","index":17,"n_rows":6373,"n_cols":4,"rows_kept":6373,"cut":false,"hidden":true,"merged":[[0,1,0,2]]}
["CGCIT","SISTEMA DE CUSTOS REFERENCIAIS DE OBRAS - SICRO",null,"DNIT"]
[null,"Bahia - Julho/2023"]
["Código","Descrição do Serviço","Unidade","Custo Unitário (R$)"]
[307731,"Aparelho de apoio de neoprene fretado para estruturas moldadas no local - fornecimento e instalação","dm³",119.77]
[307732,"Aparelho de apoio de neoprene fretado para estruturas pré-moldadas - fornecimento e instalação","dm³",92.12]
[308308,"Aparelho de apoio metálico elastomérico fixo com capacidade de 1.500 kN - fornecimento e instalação","un",14237.98]
[308313,"Aparelho de apoio metálico elastomérico fixo com capacidade de 10.000 kN - fornecimento e instalação","un",93208.6]
[308309,"Aparelho de apoio metálico elastomérico fixo com capacidade de 2.500 kN - fornecimento e instalação","un",23247.54]
[308310,"Aparelho de apoio metálico elastomérico fixo com capacidade de 4.000 kN - fornecimento e instalação","un",37430.74]
[308311,"Aparelho de apoio metálico elastomérico fixo com capacidade de 5.500 kN - fornecimento e instalação","un",50227.37]
[308312,"Aparelho de apoio metálico elastomérico fixo com capacidade de 7.500 kN - fornecimento e instalação","un",68893.38]
[308307,"Aparelho de apoio metálico elastomérico fixo com capacidade de 700 kN - fornecimento e instalação","un",10163.370000000001]
[308322,"Aparelho de apoio metálico elastomérico multidirecional com capacidade de 1.500 kN - fornecimento e instalação","un",9171.06]
[308327,"Aparelho de apoio metálico elastomérico multidirecional com capacidade de 10.000 kN - fornecimento e instalação","un",59619.43]
[308323,"Aparelho de apoio metálico elastomérico multidirecional com capacidade de 2.500 kN - fornecimento e instalação","un",12743.25]
[308324,"Aparelho de apoio metálico elastomérico multidirecional com capacidade de 4.000 kN - fornecimento e instalação","un",21217.96]
[308325,"Aparelho de apoio metálico elastomérico multidirecional com capacidade de 5.500 kN - fornecimento e instalação","un",30466.880000000001]
[308326,"Aparelho de apoio metálico elastomérico multidirecional com capacidade de 7.500 kN - fornecimento e instalação","un",43085.63]
[308321,"Aparelho de apoio metálico elastomérico multidirecional com capacidade de 700 kN - fornecimento e instalação","un",5304.87]
[308315,"Aparelho de apoio metálico elastomérico unidirecional com capacidade de 1.500 kN - fornecimento e instalação","un",10849.26]
[308320,"Aparelho de apoio metálico elastomérico unidirecional com capacidade de 10.000 kN - fornecimento e instalação","un",63386.84]
[308316,"Aparelho de apoio metálico elastomérico unidirecional com capacidade de 2.500 kN - fornecimento e instalação","un",14871.89]
[308317,"Aparelho de apoio metálico elastomérico unidirecional com capacidade de 4.000 kN - fornecimento e instalação","un",26586.97]
[308318,"Aparelho de apoio metálico elastomérico unidirecional com capacidade de 5.500 kN - fornecimento e instalação","un",34543.910000000003]
[308319,"Aparelho de apoio metálico elastomérico unidirecional com capacidade de 7.500 kN - fornecimento e instalação","un",47928.43]
[308314,"Aparelho de apoio metálico elastomérico unidirecional com capacidade de 700 kN - fornecimento e instalação","un",6714.61]
[308250,"Aparelho de apoio metálico esférico fixo com capacidade de 1.000 kN - fornecimento e instalação","un",5815.76]
[308251,"Aparelho de apoio metálico esférico fixo com capacidade de 1.500 kN - fornecimento e instalação","un",8640.17]
[308268,"Aparelho de apoio metálico esférico fixo com capacidade de 10.000 kN - fornecimento e instalação","un",128990.84]
[308252,"Aparelho de apoio metálico esférico fixo com capacidade de 2.000 kN - fornecimento e instalação","un",10925.75]
[308253,"Aparelho de apoio metálico esférico fixo com capacidade de 2.500 kN - fornecimento e instalação","un",13776.69]
[308254,"Aparelho de apoio metálico esférico fixo com capacidade de 3.000 kN - fornecimento e instalação","un",15819.88]
[308255,"Aparelho de apoio metálico esférico fixo com capacidade de 3.500 kN - fornecimento e instalação","un",19103.29]
[308256,"Aparelho de apoio metálico esférico fixo com capacidade de 4.000 kN - fornecimento e instalação","un",22515]
[308257,"Aparelho de apoio metálico esférico fixo com capacidade de 4.500 kN - fornecimento e instalação","un",57079.05]
[308258,"Aparelho de apoio metálico esférico fixo com capacidade de 5.000 kN - fornecimento e instalação","un",63459.08]
[308259,"Aparelho de apoio metálico esférico fixo com capacidade de 5.500 kN - fornecimento e instalação","un",68818]
[308260,"Aparelho de apoio metálico esférico fixo com capacidade de 6.000 kN - fornecimento e instalação","un",74229.179999999993]
[308261,"Aparelho de apoio metálico esférico fixo com capacidade de 6.500 kN - fornecimento e instalação","un",84347.520000000004]
[308262,"Aparelho de apoio metálico esférico fixo com capacidade de 7.000 kN - fornecimento e instalação","un",87040.88]
[308263,"Aparelho de apoio metálico esférico fixo com capacidade de 7.500 kN - fornecimento e instalação","un",97244.25]
[308264,"Aparelho de apoio metálico esférico fixo com capacidade de 8.000 kN - fornecimento e instalação","un",103973.56]
[308265,"Aparelho de apoio metálico esférico fixo com capacidade de 8.500 kN - fornecimento e instalação","un",106500.8]
[308266,"Aparelho de apoio metálico esférico fixo com capacidade de 9.000 kN - fornecimento e instalação","un",115087.75]
[308267,"Aparelho de apoio metálico esférico fixo com capacidade de 9.500 kN - fornecimento e instalação","un",121354.07]
[308288,"Aparelho de apoio metálico esférico multidirecional com capacidade de 1.000 kN - fornecimento e instalação","un",12953.52]
[308289,"Aparelho de apoio metálico esférico multidirecional com capacidade de 1.500 kN - fornecimento e instalação","un",18316.87]
[308306,"Aparelho de apoio metálico esférico multidirecional com capacidade de 10.000 kN - fornecimento e instalação","un",121670.98]
[308290,"Aparelho de apoio metálico esférico multidirecional com capacidade de 2.000 kN - fornecimento e instalação","un",24363.54]
[308291,"Aparelho de apoio metálico esférico multidirecional com capacidade de 2.500 kN - fornecimento e instalação","un",29032.5]
[308292,"Aparelho de apoio metálico esférico multidirecional com capacidade de 3.000 kN - fornecimento e instalação","un",34013.199999999997]
[308293,"Aparelho de apoio metálico esférico multidirecional com capacidade de 3.500 kN - fornecimento e instalação","un",38655.71]
[308294,"Aparelho de apoio metálico esférico multidirecional com capacidade de 4.000 kN - fornecimento e instalação","un",44097.84]
[308295,"Aparelho de apoio metálico esférico multidirecional com capacidade de 4.500 kN - fornecimento e instalação","un",51097.55]
[308296,"Aparelho de apoio metálico esférico multidirecional com capacidade de 5.000 kN - fornecimento e instalação","un",56887.74]
[308297,"Aparelho de apoio metálico esférico multidirecional com capacidade de 5.500 kN - fornecimento e instalação","un",61632.77]
[308298,"Aparelho de apoio metálico esférico multidirecional com capacidade de 6.000 kN - fornecimento e instalação","un",70301.210000000006]
[308299,"Aparelho de apoio metálico esférico multidirecional com capacidade de 6.500 kN - fornecimento e instalação","un",75966.25]
[308300,"Aparelho de apoio metálico esférico multidirecional com capacidade de 7.000 kN - fornecimento e instalação","un",81792.89]
[308301,"Aparelho de apoio metálico esférico multidirecional com capacidade de 7.500 kN - fornecimento e instalação","un",88273.75]
[308302,"Aparelho de apoio metálico esférico multidirecional com capacidade de 8.000 kN - fornecimento e instalação","un",94057.61]
[308303,"Aparelho de apoio metálico esférico multidirecional com capacidade de 8.500 kN - fornecimento e instalação","un",103493.96]
[308304,"Aparelho de apoio metálico esférico multidirecional com capacidade de 9.000 kN - fornecimento e instalação","un",109059.04]
[308305,"Aparelho de apoio metálico esférico multidirecional com capacidade de 9.500 kN - fornecimento e instalação","un",115856.39]
[308269,"Aparelho de apoio metálico esférico unidirecional com capacidade de 1.000 kN - fornecimento e instalação","un",10122.9]
[308270,"Aparelho de apoio metálico esférico unidirecional com capacidade de 1.500 kN - fornecimento e instalação","un",14763.41]
[308287,"Aparelho de apoio metálico esférico unidirecional com capacidade de 10.000 kN - fornecimento e instalação","un",135527.16]
[308271,"Aparelho de apoio metálico esférico unidirecional com capacidade de 2.000 kN - fornecimento e instalação","un",18015.919999999998]
[308272,"Aparelho de apoio metálico esférico unidirecional com capacidade de 2.500 kN - fornecimento e instalação","un",21238.85]
[308273,"Aparelho de apoio metálico esférico unidirecional com capacidade de 3.000 kN - fornecimento e instalação","un",26071.52]
[308274,"Aparelho de apoio metálico esférico unidirecional com capacidade de 3.500 kN - fornecimento e instalação","un",29997.3]
[308275,"Aparelho de apoio metálico esférico unidirecional com capacidade de 4.000 kN - fornecimento e instalação","un",39082.160000000003]
[308276,"Aparelho de apoio metálico esférico unidirecional com capacidade de 4.500 kN - fornecimento e instalação","un",59822.65]
[308277,"Aparelho de apoio metálico esférico unidirecional com capacidade de 5.000 kN - fornecimento e instalação","un",66238.100000000006]
[308278,"Aparelho de apoio metálico esférico unidirecional com capacidade de 5.500 kN - fornecimento e instalação","un",71979.48]
[308279,"Aparelho de apoio metálico esférico unidirecional com capacidade de 6.000 kN - fornecimento e instalação","un",75700.759999999995]
[308280,"Aparelho de apoio metálico esférico unidirecional com capacidade de 6.500 kN - fornecimento e instalação","un",86484.21]
[308281,"Aparelho de apoio metálico esférico unidirecional com capacidade de 7.000 kN - fornecimento e instalação","un",92899.7]
[308282,"Aparelho de apoio metálico esférico unidirecional com capacidade de 7.500 kN - fornecimento e instalação","un",99906.32]
[308283,"Aparelho de apoio metálico esférico unidirecional com capacidade de 8.000 kN - fornecimento e instalação","un",106137.64]
[308284,"Aparelho de apoio metálico esférico unidirecional com capacidade de 8.500 kN - fornecimento e instalação","un",114794.62]
[308285,"Aparelho de apoio metálico esférico unidirecional com capacidade de 9.000 kN - fornecimento e instalação","un",121889.23]
[308286,"Aparelho de apoio metálico esférico unidirecional com capacidade de 9.500 kN - fornecimento e instalação","un",129026.17]
[307733,"Junta de dilatação em elastômero e perfil VV - L = 20 mm e H = 40 mm - fornecimento e instalação","m",461.47]
[307734,"Junta de dilatação em elastômero e perfil VV - L = 25 mm e H = 50 mm - fornecimento e instalação","m",596.6]
[307735,"Junta de dilatação em elastômero e perfil VV - L = 35 mm e H = 60 mm - fornecimento e instalação","m",1004.21]
[307736,"Junta de dilatação em elastômero e perfil VV - L = 40 mm e H = 70 mm - fornecimento e instalação","m",1365.69]
[307737,"Junta de dilatação em elastômero e perfil VV - L = 50 mm e H = 80 mm - fornecimento e instalação","m",1665.73]
[307730,"Junta de dilatação em perfil extrudado de borracha vulcanizada","m",0]
[307084,"Lábios poliméricos em junta de pavimento de concreto - L = 20 mm e H = 30 mm - confecção e assentamento","m",31.16]
[407818,"Armação em aço CA-25 - fornecimento, preparo e colocação","kg",12.11]
[407819,"Armação em aço CA-50 - fornecimento, preparo e colocação","kg",12.02]
[407820,"Armação em aço CA-60 - fornecimento, preparo e colocação","kg",13.02]
[407740,"Chumbador tipo espera em aço CA-25 para fixação de estrutura metálica em concreto - fornecimento e instalação","kg",14.95]
[408037,"Luva de emenda com rosca cônica para aço CA-50 - D = 12,5 mm - fornecimento e instalação","un",22.77]
[408038,"Luva de emenda com rosca cônica para aço CA-50 - D = 16 mm - fornecimento e instalação","un",33.03]
[408039,"Luva de emenda com rosca cônica para aço CA-50 - D = 20 mm - fornecimento e instalação","un",43.41]
[408041,"Luva de emenda com rosca cônica para aço CA-50 - D = 25 mm - fornecimento e instalação","un",60.69]
[408042,"Luva de emenda com rosca cônica para aço CA-50 - D = 32 mm - fornecimento e instalação","un",90.82]
[408031,"Luva de emenda prensada para aço CA-50 - D = 12,5 mm - fornecimento e instalação","un",21.47]
[408032,"Luva de emenda prensada para aço CA-50 - D = 16 mm - fornecimento e instalação","un",29.03]
[408033,"Luva de emenda prensada para aço CA-50 - D = 20 mm - fornecimento e instalação","un",40.68]
[408035,"Luva de emenda prensada para aço CA-50 - D = 25 mm - fornecimento e instalação","un",74.319999999999993]
[408036,"Luva de emenda prensada para aço CA-50 - D = 32 mm - fornecimento e instalação","un",143.30000000000001]
[408067,"Tela de aço eletrossoldada - fornecimento, preparo e colocação","kg",11.93]
[407743,"Treliça nervurada três barras longitudinais interligadas por duas diagonais sinusoidal - fornecimento e instalação","kg",13.04]
[607137,"Arco metálico galvanizado tipo MP 152S - arco alto - vão = 10,08 m e altura = 6,12 m - aterro rodoviário mínimo = 0,90 m e máximo = 5,00 m - areia e brita comerciais","m",60458.69]
[606785,"Arco metálico galvanizado tipo MP 152S - arco alto - vão = 10,08 m e altura = 6,12 m - aterro rodoviário mínimo = 0,90 m e máximo = 5,00 m - areia extraída e brita produzida","m",59790.81]
[607139,"Arco metálico galvanizado tipo MP 152S - arco alto - vão = 10,31 m e altura = 6,17 m - aterro rodoviário mínimo = 0,90 m e máximo = 4,90 m - areia e brita comerciais","m",61267.87]
[606787,"Arco metálico galvanizado tipo MP 152S - arco alto - vão = 10,31 m e altura = 6,17 m - aterro rodoviário mínimo = 0,90 m e máximo = 4,90 m - areia extraída e brita produzida","m",60281.16]
[607140,"Arco metálico galvanizado tipo MP 152S - arco alto - vão = 10,36 m e altura = 5,38 m - aterro rodoviário mínimo = 1,20 m e máximo = 3,60 m - areia e brita comerciais","m",55975.34]
[606788,"Arco metálico galvanizado tipo MP 152S - arco alto - vão = 10,36 m e altura = 5,38 m - aterro rodoviário mínimo = 1,20 m e máximo = 3,60 m - areia extraída e brita produzida","m",55690.23]
[607141,"Arco metálico galvanizado tipo MP 152S - arco alto - vão = 10,54 m e altura = 6,05 m - aterro rodoviário mínimo = 1,20 m e máximo = 4,20 m - areia e brita comerciais","m",62344.46]
[606789,"Arco metálico galvanizado tipo MP 152S - arco alto - vão = 10,54 m e altura = 6,05 m - aterro rodoviário mínimo = 1,20 m e máximo = 4,20 m - areia extraída e brita produzida","m",61650.36]
[607144,"Arco metálico galvanizado tipo MP 152S - arco alto - vão = 10,57 m e altura = 5,41 m - aterro rodoviário mínimo = 1,20 m e máximo = 4,10 m - areia e brita comerciais","m",73088.56]
[606792,"Arco metálico galvanizado tipo MP 152S - arco alto - vão = 10,57 m e altura = 5,41 m - aterro rodoviário mínimo = 1,20 m e máximo = 4,10 m - areia extraída e brita produzida","m",72454.570000000007]
[607142,"Arco metálico galvanizado tipo MP 152S - arco alto - vão = 10,74 m e altura = 6,48 m - aterro rodoviário mínimo = 1,20 m e máximo = 4,70 m - areia e brita comerciais","m",65395.47]
[606790,"Arco metálico galvanizado tipo MP 152S - arco alto - vão = 10,74 m e altura = 6,48 m - aterro rodoviário mínimo = 1,20 m e máximo = 4,70 m - areia extraída e brita produzida","m",64648.9]
[607145,"Arco metálico galvanizado tipo MP 152S - arco alto - vão = 10,77 m e altura = 6,10 m - aterro rodoviário mínimo = 1,20 m e máximo = 4,70 m - areia e brita comerciais","m",80671.679999999993]
[606793,"Arco metálico galvanizado tipo MP 152S - arco alto - vão = 10,77 m e altura = 6,10 m - aterro rodoviário mínimo = 1,20 m e máximo = 4,70 m - areia extraída e brita produzida","m",79962.62]
[607146,"Arco metálico galvanizado tipo MP 152S - arco alto - vão = 10,97 m e altura = 6,53 m - aterro rodoviário mínimo = 1,20 m e máximo = 4,70 m - areia e brita comerciais","m",84150.7]
[606794,"Arco metálico galvanizado tipo MP 152S - arco alto - vão = 10,97 m e altura = 6,53 m - aterro rodoviário mínimo = 1,20 m e máximo = 4,70 m - areia extraída e brita produzida","m",83381.119999999995]
[607143,"Arco metálico galvanizado tipo MP 152S - arco alto - vão = 11,35 m e altura = 7,12 m - aterro rodoviário mínimo = 1,20 m e máximo = 4,70 m - areia e brita comerciais","m",70639.88]
[606791,"Arco metálico galvanizado tipo MP 152S - arco alto - vão = 11,35 m e altura = 7,12 m - aterro rodoviário mínimo = 1,20 m e máximo = 4,70 m - areia extraída e brita produzida","m",69780.36]
[607147,"Arco metálico galvanizado tipo MP 152S - arco alto - vão = 11,58 m e altura = 7,16 m - aterro rodoviário mínimo = 1,20 m e máximo = 6,40 m - areia e brita comerciais","m",90780.79]
[606795,"Arco metálico galvanizado tipo MP 152S - arco alto - vão = 11,58 m e altura = 7,16 m - aterro rodoviário mínimo = 1,20 m e máximo = 6,40 m - areia extraída e brita produzida","m",89894]
[607112,"Arco metálico galvanizado tipo MP 152S - arco alto - vão = 6,12 m e altura = 2,77 m - aterro rodoviário mínimo = 0,75 m e máximo = 5,40 m - areia e brita comerciais","m",29507.07]
[606760,"Arco metálico galvanizado tipo MP 152S - arco alto - vão = 6,12 m e altura = 2,77 m - aterro rodoviário mínimo = 0,75 m e máximo = 5,40 m - areia extraída e brita produzida","m",29274.61]
[607113,"Arco metálico galvanizado tipo MP 152S - arco alto - vão = 6,30 m e altura = 3,68 m - aterro rodoviário mínimo = 0,75 m e máximo = 7,50 m - areia e brita comerciais","m",34843.82]
[606761,"Arco metálico galvanizado tipo MP 152S - arco alto - vão = 6,30 m e altura = 3,68 m - aterro rodoviário mínimo = 0,75 m e máximo = 7,50 m - areia extraída e brita produzida","m",34576.61]
[606762,"Arco metálico galvanizado tipo MP 152S - arco alto - vão = 6,55 m e altura = 3,56 m - aterro rodoviário mínimo = 0,75 m e máximo = 4,9 m - areia extraída e brita produzida","m",34567.1]
[607114,"Arco metálico galvanizado tipo MP 152S - arco alto - vão = 6,55 m e altura = 3,56 m - aterro rodoviário mínimo = 0,75 m e máximo = 4,90 m - areia e brita comerciais","m",34839.35]
[607116,"Arco metálico galvanizado tipo MP 152S - arco alto - vão = 6,78 m e altura = 3,61 m - aterro rodoviário mínimo = 0,75 m e máximo = 4,80 m - areia e brita comerciais","m",36412.14]
[606764,"Arco metálico galvanizado tipo MP 152S - arco alto - vão = 6,78 m e altura = 3,61 m - aterro rodoviário mínimo = 0,75 m e máximo = 4,80 m - areia extraída e brita produzida","m",36128.42]
[607115,"Arco metálico galvanizado tipo MP 152S - arco alto - vão = 6,96 m e altura = 4,42 m - aterro rodoviário mínimo = 0,75 m e máximo = 8,10 m - areia e brita comerciais","m",41343.58]
[606763,"Arco metálico galvanizado tipo MP 152S - arco alto - vão = 6,96 m e altura = 4,42 m - aterro rodoviário mínimo = 0,75 m e máximo = 8,10 m - areia extraída e brita produzida","m",41002.239999999998]
[607117,"Arco metálico galvanizado tipo MP 152S - arco alto - vão = 6,99 m e altura = 4,27 m - aterro rodoviário mínimo = 0,75 m e máximo = 5,70 m - areia e brita comerciais","m",41329.14]
[606765,"Arco metálico galvanizado tipo MP 152S - arco alto - vão = 6,99 m e altura = 4,27 m - aterro rodoviário mínimo = 0,75 m e máximo = 5,70 m - areia extraída e brita produzida","m",40997.19]
[607118,"Arco metálico galvanizado tipo MP 152S - arco alto - vão = 7,01 m e altura = 3,63 m - aterro rodoviário mínimo = 0,75 m e máximo = 4,60 m - areia e brita comerciais","m",37051.949999999997]
[606766,"Arco metálico galvanizado tipo MP 152S - arco alto - vão = 7,01 m e altura = 3,63 m - aterro rodoviário mínimo = 0,75 m e máximo = 4,60 m - areia extraída e brita produzida","m",36759.050000000003]
[607120,"Arco metálico galvanizado tipo MP 152S - arco alto - vão = 7,24 m e altura = 3,68 m - aterro rodoviário mínimo = 0,90 m e máximo = 4,4 m - areia e brita comerciais","m",37731.03]
[606768,"Arco metálico galvanizado tipo MP 152S - arco alto - vão = 7,24 m e altura = 3,68 m - aterro rodoviário mínimo = 0,90 m e máximo = 4,40 m - areia extraída e brita produzida","m",37422.589999999997]
[607119,"Arco metálico galvanizado tipo MP 152S - arco alto - vão = 7,42 m e altura = 4,52 m - aterro rodoviário mínimo = 0,90 m e máximo = 6,40 m - areia e brita comerciais","m",43359.41]
[606767,"Arco metálico galvanizado tipo MP 152S - arco alto - vão = 7,42 m e altura = 4,52 m - aterro rodoviário mínimo = 0,90 m e máximo = 6,40 m - areia extraída e brita produzida","m",42983.26]
[607121,"Arco metálico galvanizado tipo MP 152S - arco alto - vão = 7,47 m e altura = 4,19 m - aterro rodoviário mínimo = 0,90 m e máximo = 4,30 m - areia e brita comerciais","m",40856.160000000003]
[606769,"Arco metálico galvanizado tipo MP 152S - arco alto - vão = 7,47 m e altura = 4,19 m - aterro rodoviário mínimo = 0,90 m e máximo = 4,30 m - areia extraída e brita produzida","m",40504.51]
[607123,"Arco metálico galvanizado tipo MP 152S - arco alto - vão = 7,67 m e altura = 3,99 m - aterro rodoviário mínimo = 0,90 m e máximo = 4,10 m - areia e brita comerciais","m",40311.19]
[606771,"Arco metálico galvanizado tipo MP 152S - arco alto - vão = 7,67 m e altura = 3,99 m - aterro rodoviário mínimo = 0,90 m e máximo = 4,10 m - areia extraída e brita produzida","m",39960.839999999997]
[607122,"Arco metálico galvanizado tipo MP 152S - arco alto - vão = 7,85 m e altura = 4,60 m - aterro rodoviário mínimo = 0,90 m e máximo = 6,00 m - areia e brita comerciais","m",44709.22]
[606770,"Arco metálico galvanizado tipo MP 152S - arco alto - vão = 7,85 m e altura = 4,60 m - aterro rodoviário mínimo = 0,90 m e máximo = 6,00 m - areia extraída e brita produzida","m",44305.18]
[607125,"Arco metálico galvanizado tipo MP 152S - arco alto - vão = 7,90 m e altura = 4,04 m - aterro rodoviário mínimo = 0,90 m e máximo = 4,00 m - areia e brita comerciais","m",41669.93]
[606773,"Arco metálico galvanizado tipo MP 152S - arco alto - vão = 7,90 m e altura = 4,04 m - aterro rodoviário mínimo = 0,90 m e máximo = 4,00 m - areia extraída e brita produzida","m",41301.31]
[607124,"Arco metálico galvanizado tipo MP 152S - arco alto - vão = 8,08 m e altura = 4,65 m - aterro rodoviário mínimo = 0,90 m e máximo = 5,80 m - areia e brita comerciais","m",45379.71]
[606772,"Arco metálico galvanizado tipo MP 152S - arco alto - vão = 8,08 m e altura = 4,65 m - aterro rodoviário mínimo = 0,90 m e máximo = 5,80 m - areia extraída e brita produzida","m",44962.74]
[607126,"Arco metálico galvanizado tipo MP 152S - arco alto - vão = 8,31 m e altura = 4,70 m - aterro rodoviário mínimo = 0,90 m e máximo = 5,60 m - areia e brita comerciais","m",46640.79]
[606774,"Arco metálico galvanizado tipo MP 152S - arco alto - vão = 8,31 m e altura = 4,70 m - aterro rodoviário mínimo = 0,90 m e máximo = 5,60 m - areia extraída e brita produzida","m",46203.73]
[607127,"Arco metálico galvanizado tipo MP 152S - arco alto - vão = 8,36 m e altura = 4,11 m - aterro rodoviário mínimo = 0,90 m e máximo = 3,70 m - areia e brita comerciais","m",42956.53]
[606775,"Arco metálico galvanizado tipo MP 152S - arco alto - vão = 8,36 m e altura = 4,11 m - aterro rodoviário mínimo = 0,90 m e máximo = 3,70 m - areia extraída e brita produzida","m",42565.77]
[607129,"Arco metálico galvanizado tipo MP 152S - arco alto - vão = 8,59 m e altura = 4,39 m - aterro rodoviário mínimo = 0,90 m e máximo = 3,60 m - areia e brita comerciais","m",44953.58]
[606777,"Arco metálico galvanizado tipo MP 152S - arco alto - vão = 8,59 m e altura = 4,39 m - aterro rodoviário mínimo = 0,90 m e máximo = 3,60 m - areia extraída e brita produzida","m",44525.62]
[607128,"Arco metálico galvanizado tipo MP 152S - arco alto - vão = 8,97 m e altura = 5,00 m - aterro rodoviário mínimo = 0,90 m e máximo = 5,80 m - areia e brita comerciais","m",49422.41]
[606776,"Arco metálico galvanizado tipo MP 152S - arco alto - vão = 8,97 m e altura = 5,00 m - aterro rodoviário mínimo = 0,90 m e máximo = 5,80 m - areia extraída e brita produzida","m",48922.38]
[607130,"Arco metálico galvanizado tipo MP 152S - arco alto - vão = 9,17 m e altura = 5,49 m - aterro rodoviário mínimo = 0,90 m e máximo = 5,60 m - areia e brita comerciais","m",52671.24]
[606778,"Arco metálico galvanizado tipo MP 152S - arco alto - vão = 9,17 m e altura = 5,49 m - aterro rodoviário mínimo = 0,90 m e máximo = 5,60 m - areia extraída e brita produzida","m",52121.62]
[607131,"Arco metálico galvanizado tipo MP 152S - arco alto - vão = 9,22 m e altura = 4,70 m - aterro rodoviário mínimo = 0,90 m e máximo = 4,10 m - areia e brita comerciais","m",49425.19]
[606779,"Arco metálico galvanizado tipo MP 152S - arco alto - vão = 9,22 m e altura = 4,70 m - aterro rodoviário mínimo = 0,90 m e máximo = 4,10 m - areia extraída e brita produzida","m",48938.96]
[607133,"Arco metálico galvanizado tipo MP 152S - arco alto - vão = 9,45 m e altura = 4,75 m - aterro rodoviário mínimo = 0,90 m e máximo = 4,00 m - areia e brita comerciais","m",50171.7]
[606781,"Arco metálico galvanizado tipo MP 152S - arco alto - vão = 9,45 m e altura = 4,75 m - aterro rodoviário mínimo = 0,90 m e máximo = 4,00 m - areia extraída e brita produzida","m",49670.85]
[607132,"Arco metálico galvanizado tipo MP 152S - arco alto - vão = 9,63 m e altura = 5,59 m - aterro rodoviário mínimo = 0,90 m e máximo = 5,30 m - areia e brita comerciais","m",54705.93]
[606780,"Arco metálico galvanizado tipo MP 152S - arco alto - vão = 9,63 m e altura = 5,59 m - aterro rodoviário mínimo = 0,90 m e máximo = 5,30 m - areia extraída e brita produzida","m",54117.78]
[607134,"Arco metálico galvanizado tipo MP 152S - arco alto - vão = 9,65 m e altura = 5,41 m - aterro rodoviário mínimo = 0,90 m e máximo = 4,70 m - areia e brita comerciais","m",54163.92]
[606782,"Arco metálico galvanizado tipo MP 152S - arco alto - vão = 9,65 m e altura = 5,41 m - aterro rodoviário mínimo = 0,90 m e máximo = 4,70 m - areia extraída e brita produzida","m",53589.22]
[607136,"Arco metálico galvanizado tipo MP 152S - arco alto - vão = 9,68 m e altura = 5,23 m - aterro rodoviário mínimo = 0,90 m e máximo = 3,90 m - areia e brita comerciais","m",53440.83]
[606784,"Arco metálico galvanizado tipo MP 152S - arco alto - vão = 9,68 m e altura = 5,23 m - aterro rodoviário mínimo = 0,90 m e máximo = 3,90 m - areia extraída e brita produzida","m",52884.49]
[607135,"Arco metálico galvanizado tipo MP 152S - arco alto - vão = 9,86 m e altura = 6,07 m - aterro rodoviário mínimo = 0,90 m e máximo = 5,20 m - areia e brita comerciais","m",59597.52]
[606783,"Arco metálico galvanizado tipo MP 152S - arco alto - vão = 9,86 m e altura = 6,07 m - aterro rodoviário mínimo = 0,90 m e máximo = 5,20 m - areia extraída e brita produzida","m",58952.57]
[607138,"Arco metálico galvanizado tipo MP 152S - arco alto - vão = 9,91 m e altura = 5,28 m - aterro rodoviário mínimo = 0,90 m e máximo = 3,80 m - areia e brita comerciais","m",54358.8]
[606786,"Arco metálico galvanizado tipo MP 152S - arco alto - vão = 9,91 m e altura = 5,28 m - aterro rodoviário mínimo = 0,90 m e máximo = 3,80 m - areia extraída e brita produzida","m",53766.14]
[606842,"Arco metálico galvanizado tipo MP 152S - ovoide - vão = 7,21 m e altura = 7,82 m - aterro rodoviário mínimo = 0,75 m e máximo = 6,70 m - areia e brita comerciais","m",67524.55]
[606832,"Arco metálico galvanizado tipo MP 152S - ovoide - vão = 7,21 m e altura = 7,82 m - aterro rodoviário mínimo = 0,75 m e máximo = 6,70 m - areia extraída e brita produzida","m",67209.77]
[606843,"Arco metálico galvanizado tipo MP 152S - ovoide - vão = 7,31 m e altura = 7,87 m - aterro rodoviário mínimo = 0,90 m e máximo = 6,80 m - areia e brita comerciais","m",70163.39]
[606833,"Arco metálico galvanizado tipo MP 152S - ovoide - vão = 7,31 m e altura = 7,87 m - aterro rodoviário mínimo = 0,90 m e máximo = 6,80 m - areia extraída e brita produzida","m",69831.820000000007]
[606845,"Arco metálico galvanizado tipo MP 152S - ovoide - vão = 7,57 m e altura = 8,44 m - aterro rodoviário mínimo = 0,90 m e máximo = 5,60 m - areia e brita comerciais","m",72750.81]
[606835,"Arco metálico galvanizado tipo MP 152S - ovoide - vão = 7,57 m e altura = 8,44 m - aterro rodoviário mínimo = 0,90 m e máximo = 5,60 m - areia extraída e brita produzida","m",72421.02]
[606844,"Arco metálico galvanizado tipo MP 152S - ovoide - vão = 7,77 m e altura = 7,90 m - aterro rodoviário mínimo = 0,90 m e máximo = 6,80 m - areia e brita comerciais","m",71742.92]
[606834,"Arco metálico galvanizado tipo MP 152S - ovoide - vão = 7,77 m e altura = 7,90 m - aterro rodoviário mínimo = 0,90 m e máximo = 6,80 m - areia extraída e brita produzida","m",71403.31]
[606847,"Arco metálico galvanizado tipo MP 152S - ovoide - vão = 8,13 m e altura = 8,01 m - aterro rodoviário mínimo = 0,90 m e máximo = 3,50 m - areia e brita comerciais","m",76089.41]
[606837,"Arco metálico galvanizado tipo MP 152S - ovoide - vão = 8,13 m e altura = 8,01 m - aterro rodoviário mínimo = 0,90 m e máximo = 3,50 m - areia extraída e brita produzida","m",75716.990000000005]
[606846,"Arco metálico galvanizado tipo MP 152S - ovoide - vão = 8,36 m e altura = 8,23 m - aterro rodoviário mínimo = 0,90 m e máximo = 4,30 m - areia e brita comerciais","m",77773.08]
[606836,"Arco metálico galvanizado tipo MP 152S - ovoide - vão = 8,36 m e altura = 8,23 m - aterro rodoviário mínimo = 0,90 m e máximo = 4,30 m - areia extraída e brita produzida","m",77396.87]
[606848,"Arco metálico galvanizado tipo MP 152S - ovoide - vão = 8,56 m e altura = 8,48 m - aterro rodoviário mínimo = 0,90 m e máximo = 5,30 m - areia e brita comerciais","m",77115.009999999995]
[606838,"Arco metálico galvanizado tipo MP 152S - ovoide - vão = 8,56 m e altura = 8,48 m - aterro rodoviário mínimo = 0,90 m e máximo = 5,30 m - areia extraída e brita produzida","m",76723.25]
[606849,"Arco metálico galvanizado tipo MP 152S - ovoide - vão = 8,71 m e altura = 9,32 m - aterro rodoviário mínimo = 0,90 m e máximo = 6,00 m - areia e brita comerciais","m",82551.63]
[606839,"Arco metálico galvanizado tipo MP 152S - ovoide - vão = 8,71 m e altura = 9,32 m - aterro rodoviário mínimo = 0,90 m e máximo = 6,00 m - areia extraída e brita produzida","m",82170.460000000006]
[606850,"Arco metálico galvanizado tipo MP 152S - ovoide - vão = 9,15 m e altura = 9,04 m - aterro rodoviário mínimo = 0,90 m e máximo = 4,70 m - areia e brita comerciais","m",83727.03]
[606840,"Arco metálico galvanizado tipo MP 152S - ovoide - vão = 9,15 m e altura = 9,04 m - aterro rodoviário mínimo = 0,90 m e máximo = 4,70 m - areia extraída e brita produzida","m",83308.98]
[606851,"Arco metálico galvanizado tipo MP 152S - ovoide - vão = 9,15 m e altura = 9,50 m - aterro rodoviário mínimo = 0,90 m e máximo = 5,70 m - areia e brita comerciais","m",84465.67]
[606841,"Arco metálico galvanizado tipo MP 152S - ovoide - vão = 9,15 m e altura = 9,50 m - aterro rodoviário mínimo = 0,90 m e máximo = 5,70 m - areia extraída e brita produzida","m",84066.53]
[605604,"Argamassa de solo-cimento com 10% de cimento e material de jazida - preparo e injeção em tunnel liner","m³",312.57]
[605695,"Bueiro metálico com chapas múltiplas MP 100 com revestimento em epóxi - D = 0,60 m - brita comercial","m",1607.02]
[605607,"Bueiro metálico com chapas múltiplas MP 100 com revestimento em epóxi - D = 0,60 m - brita produzida","m",1582.1]
[605696,"Bueiro metálico com chapas múltiplas MP 100 com revestimento em epóxi - D = 0,70 m - brita comercial","m",1850.21]
[605608,"Bueiro metálico com chapas múltiplas MP 100 com revestimento em epóxi - D = 0,70 m - brita produzida","m",1823.73]
[605697,"Bueiro metálico com chapas múltiplas MP 100 com revestimento em epóxi - D = 0,80 m - brita comercial","m",2093.4299999999998]
[605609,"Bueiro metálico com chapas múltiplas MP 100 com revestimento em epóxi - D = 0,80 m - brita produzida","m",2065.39]
[605698,"Bueiro metálico com chapas múltiplas MP 100 com revestimento em epóxi - D = 0,90 m - brita comercial","m",2289.16]
[605610,"Bueiro metálico com chapas múltiplas MP 100 com revestimento em epóxi - D = 0,90 m - brita produzida","m",2259.56]
[605699,"Bueiro metálico com chapas múltiplas MP 100 com revestimento em epóxi - D = 1,00 m - brita comercial","m",2532.3200000000002]
[605611,"Bueiro metálico com chapas múltiplas MP 100 com revestimento em epóxi - D = 1,00 m - brita produzida","m",2501.16]
[605700,"Bueiro metálico com chapas múltiplas MP 100 com revestimento em epóxi - D = 1,10 m - brita comercial","m",2870.61]
[605612,"Bueiro metálico com chapas múltiplas MP 100 com revestimento em epóxi - D = 1,10 m - brita produzida","m",2837.9]
[605701,"Bueiro metálico com chapas múltiplas MP 100 com revestimento em epóxi - D = 1,20 m - brita comercial","m",3066.3]
[605613,"Bueiro metálico com chapas múltiplas MP 100 com revestimento em epóxi - D = 1,20 m - brita produzida","m",3032.03]
[605702,"Bueiro metálico com chapas múltiplas MP 100 com revestimento em epóxi - D = 1,30 m - brita comercial","m",3346.92]
[605614,"Bueiro metálico com chapas múltiplas MP 100 com revestimento em epóxi - D = 1,30 m - brita produzida","m",3293.17]
[605703,"Bueiro metálico com chapas múltiplas MP 100 com revestimento em epóxi - D = 1,40 m - brita comercial","m",3546.82]
[605615,"Bueiro metálico com chapas múltiplas MP 100 com revestimento em epóxi - D = 1,40 m - brita produzida","m",3490.74]
[605704,"Bueiro metálico com chapas múltiplas MP 100 com revestimento em epóxi - D = 1,50 m - brita comercial","m",3794.85]
[605616,"Bueiro metálico com chapas múltiplas MP 100 com revestimento em epóxi - D = 1,50 m - brita produzida","m",3736.43]
[605705,"Bueiro metálico com chapas múltiplas MP 100 com revestimento em epóxi - D = 1,60 m - brita comercial","m",4046.6]
[605617,"Bueiro metálico com chapas múltiplas MP 100 com revestimento em epóxi - D = 1,60 m - brita produzida","m",3985.85]
[605706,"Bueiro metálico com chapas múltiplas MP 100 com revestimento em epóxi - D = 1,70 m - brita comercial","m",4252.1899999999996]
[605618,"Bueiro metálico com chapas múltiplas MP 100 com revestimento em epóxi - D = 1,70 m - brita produzida","m",4189.1000000000004]
[605707,"Bueiro metálico com chapas múltiplas MP 100 com revestimento em epóxi - D = 1,80 m - brita comercial","m",4705.58]
[605619,"Bueiro metálico com chapas múltiplas MP 100 com revestimento em epóxi - D = 1,80 m - brita produzida","m",4640.1499999999996]
[605708,"Bueiro metálico com chapas múltiplas MP 100 com revestimento em epóxi - D = 1,90 m - brita comercial","m",5517.72]
[605620,"Bueiro metálico com chapas múltiplas MP 100 com revestimento em epóxi - D = 1,90 m - brita produzida","m",5449.96]
[605709,"Bueiro metálico com chapas múltiplas MP 100 com revestimento em epóxi - D = 2,00 m - brita comercial","m",5783.17]
[605621,"Bueiro metálico com chapas múltiplas MP 100 com revestimento em epóxi - D = 2,00 m - brita produzida","m",5713.07]
[605710,"Bueiro metálico com chapas múltiplas MP 100 com revestimento em epóxi - D = 2,10 m - brita comercial","m",6209.56]
[605622,"Bueiro metálico com chapas múltiplas MP 100 com revestimento em epóxi - D = 2,10 m - brita produzida","m",6137.13]
[605711,"Bueiro metálico com chapas múltiplas MP 100 com revestimento em epóxi - D = 2,20 m - brita comercial","m",6415.78]
[605623,"Bueiro metálico com chapas múltiplas MP 100 com revestimento em epóxi - D = 2,20 m - brita produzida","m",6341]
[605712,"Bueiro metálico com chapas múltiplas MP 100 com revestimento em epóxi - D = 2,30 m - brita comercial","m",6750.83]
[605624,"Bueiro metálico com chapas múltiplas MP 100 com revestimento em epóxi - D = 2,30 m - brita produzida","m",6673.72]
[605713,"Bueiro metálico com chapas múltiplas MP 100 com revestimento em epóxi - D = 2,40 m - brita comercial","m",9059.2099999999991]
[605625,"Bueiro metálico com chapas múltiplas MP 100 com revestimento em epóxi - D = 2,40 m - brita produzida","m",8979.76]
[605714,"Bueiro metálico com chapas múltiplas MP 100 com revestimento em epóxi - D = 2,50 m - brita comercial","m",11409.18]
[605626,"Bueiro metálico com chapas múltiplas MP 100 com revestimento em epóxi - D = 2,50 m - brita produzida","m",11327.39]
[605715,"Bueiro metálico com chapas múltiplas MP 100 com revestimento em epóxi - D = 2,60 m - brita comercial","m",12176.32]
[605627,"Bueiro metálico com chapas múltiplas MP 100 com revestimento em epóxi - D = 2,60 m - brita produzida","m",12092.2]
[605716,"Bueiro metálico com chapas múltiplas MP 100 com revestimento em epóxi - D = 2,70 m - brita comercial","m",12619.76]
[605628,"Bueiro metálico com chapas múltiplas MP 100 com revestimento em epóxi - D = 2,70 m - brita produzida","m",12533.31]
[605717,"Bueiro metálico com chapas múltiplas MP 100 com revestimento em epóxi - D = 2,80 m - brita comercial","m",13436.81]
[605629,"Bueiro metálico com chapas múltiplas MP 100 com revestimento em epóxi - D = 2,80 m - brita produzida","m",13348.02]
[605651,"Bueiro metálico com chapas múltiplas MP 100 galvanizadas - D = 0,60 m - brita comercial","m",1517.9]
[605460,"Bueiro metálico com chapas múltiplas MP 100 galvanizadas - D = 0,60 m - brita produzida","m",1492.98]
[605652,"Bueiro metálico com chapas múltiplas MP 100 galvanizadas - D = 0,70 m - brita comercial","m",1747.17]
[605461,"Bueiro metálico com chapas múltiplas MP 100 galvanizadas - D = 0,70 m - brita produzida","m",1720.69]
[605653,"Bueiro metálico com chapas múltiplas MP 100 galvanizadas - D = 0,80 m - brita comercial","m",1976.47]
[605462,"Bueiro metálico com chapas múltiplas MP 100 galvanizadas - D = 0,80 m - brita produzida","m",1948.43]
[605654,"Bueiro metálico com chapas múltiplas MP 100 galvanizadas - D = 0,90 m - brita comercial","m",2161.0700000000002]
[605463,"Bueiro metálico com chapas múltiplas MP 100 galvanizadas - D = 0,90 m - brita produzida","m",2131.4699999999998]
[605655,"Bueiro metálico com chapas múltiplas MP 100 galvanizadas - D = 1,00 m - brita comercial","m",2390.29]
[605464,"Bueiro metálico com chapas múltiplas MP 100 galvanizadas - D = 1,00 m - brita produzida","m",2359.14]
[605656,"Bueiro metálico com chapas múltiplas MP 100 galvanizadas - D = 1,10 m - brita comercial","m",2709.09]
[605465,"Bueiro metálico com chapas múltiplas MP 100 galvanizadas - D = 1,10 m - brita produzida","m",2676.37]
[605657,"Bueiro metálico com chapas múltiplas MP 100 galvanizadas - D = 1,20 m - brita comercial","m",2893.65]
[605466,"Bueiro metálico com chapas múltiplas MP 100 galvanizadas - D = 1,20 m - brita produzida","m",2859.37]
[605658,"Bueiro metálico com chapas múltiplas MP 100 galvanizadas - D = 1,30 m - brita comercial","m",3160.34]
[605467,"Bueiro metálico com chapas múltiplas MP 100 galvanizadas - D = 1,30 m - brita produzida","m",3106.59]
[605659,"Bueiro metálico com chapas múltiplas MP 100 galvanizadas - D = 1,40 m - brita comercial","m",3349.1]
[605468,"Bueiro metálico com chapas múltiplas MP 100 galvanizadas - D = 1,40 m - brita produzida","m",3293.02]
[605660,"Bueiro metálico com chapas múltiplas MP 100 galvanizadas - D = 1,50 m - brita comercial","m",3583.2]
[605469,"Bueiro metálico com chapas múltiplas MP 100 galvanizadas - D = 1,50 m - brita produzida","m",3524.79]
[605661,"Bueiro metálico com chapas múltiplas MP 100 galvanizadas - D = 1,60 m - brita comercial","m",3821.04]
[605470,"Bueiro metálico com chapas múltiplas MP 100 galvanizadas - D = 1,60 m - brita produzida","m",3760.29]
[605662,"Bueiro metálico com chapas múltiplas MP 100 galvanizadas - D = 1,70 m - brita comercial","m",4015.48]
[605471,"Bueiro metálico com chapas múltiplas MP 100 galvanizadas - D = 1,70 m - brita produzida","m",3952.39]
[605663,"Bueiro metálico com chapas múltiplas MP 100 galvanizadas - D = 1,80 m - brita comercial","m",4454.95]
[605472,"Bueiro metálico com chapas múltiplas MP 100 galvanizadas - D = 1,80 m - brita produzida","m",4389.5200000000004]
[605664,"Bueiro metálico com chapas múltiplas MP 100 galvanizadas - D = 1,90 m - brita comercial","m",5217.37]
[605473,"Bueiro metálico com chapas múltiplas MP 100 galvanizadas - D = 1,90 m - brita produzida","m",5149.6099999999997]
[605665,"Bueiro metálico com chapas múltiplas MP 100 galvanizadas - D = 2,00 m - brita comercial","m",5466.59]
[605474,"Bueiro metálico com chapas múltiplas MP 100 galvanizadas - D = 2,00 m - brita produzida","m",5396.49]
[605666,"Bueiro metálico com chapas múltiplas MP 100 galvanizadas - D = 2,10 m - brita comercial","m",5871.34]
[605475,"Bueiro metálico com chapas múltiplas MP 100 galvanizadas - D = 2,10 m - brita produzida","m",5798.9]
[605667,"Bueiro metálico com chapas múltiplas MP 100 galvanizadas - D = 2,20 m - brita comercial","m",6069.43]
[605476,"Bueiro metálico com chapas múltiplas MP 100 galvanizadas - D = 2,20 m - brita produzida","m",5994.65]
[605668,"Bueiro metálico com chapas múltiplas MP 100 galvanizadas - D = 2,30 m - brita comercial","m",6390.96]
[605477,"Bueiro metálico com chapas múltiplas MP 100 galvanizadas - D = 2,30 m - brita produzida","m",6313.85]
[605669,"Bueiro metálico com chapas múltiplas MP 100 galvanizadas - D = 2,40 m - brita comercial","m",8391.61]
[605478,"Bueiro metálico com chapas múltiplas MP 100 galvanizadas - D = 2,40 m - brita produzida","m",8312.16]
[605670,"Bueiro metálico com chapas múltiplas MP 100 galvanizadas - D = 2,50 m - brita comercial","m",10567.89]
[605479,"Bueiro metálico com chapas múltiplas MP 100 galvanizadas - D = 2,50 m - brita produzida","m",10486.1]
[605671,"Bueiro metálico com chapas múltiplas MP 100 galvanizadas - D = 2,60 m - brita comercial","m",11287.15]
[605480,"Bueiro metálico com chapas múltiplas MP 100 galvanizadas - D = 2,60 m - brita produzida","m",11203.03]
[605672,"Bueiro metálico com chapas múltiplas MP 100 galvanizadas - D = 2,70 m - brita comercial","m",11713.48]
[605481,"Bueiro metálico com chapas múltiplas MP 100 galvanizadas - D = 2,70 m - brita produzida","m",11627.02]
[605673,"Bueiro metálico com chapas múltiplas MP 100 galvanizadas - D = 2,80 m - brita comercial","m",12486.08]
[605482,"Bueiro metálico com chapas múltiplas MP 100 galvanizadas - D = 2,80 m - brita produzida","m",12397.29]
[605718,"Bueiro metálico com chapas múltiplas MP 152 com revestimento em epóxi - D = 1,50 m - brita comercial","m",7563.11]
[605630,"Bueiro metálico com chapas múltiplas MP 152 com revestimento em epóxi - D = 1,50 m - brita produzida","m",7504.7]
[605719,"Bueiro metálico com chapas múltiplas MP 152 com revestimento em epóxi - D = 1,80 m - brita comercial","m",9354.18]
[605631,"Bueiro metálico com chapas múltiplas MP 152 com revestimento em epóxi - D = 1,80 m - brita produzida","m",9288.75]
[605720,"Bueiro metálico com chapas múltiplas MP 152 com revestimento em epóxi - D = 1,90 m - brita comercial","m",9653.77]
[605632,"Bueiro metálico com chapas múltiplas MP 152 com revestimento em epóxi - D = 1,90 m - brita produzida","m",9586.01]
[605721,"Bueiro metálico com chapas múltiplas MP 152 com revestimento em epóxi - D = 2,15 m - brita comercial","m",10939.58]
[605633,"Bueiro metálico com chapas múltiplas MP 152 com revestimento em epóxi - D = 2,15 m - brita produzida","m",10865.97]
[605722,"Bueiro metálico com chapas múltiplas MP 152 com revestimento em epóxi - D = 2,30 m - brita comercial","m",11588.05]
[605634,"Bueiro metálico com chapas múltiplas MP 152 com revestimento em epóxi - D = 2,30 m - brita produzida","m",11510.93]
[605723,"Bueiro metálico com chapas múltiplas MP 152 com revestimento em epóxi - D = 2,65 m - brita comercial","m",13558.82]
[605635,"Bueiro metálico com chapas múltiplas MP 152 com revestimento em epóxi - D = 2,65 m - brita produzida","m",13473.54]
[605724,"Bueiro metálico com chapas múltiplas MP 152 com revestimento em epóxi - D = 3,05 m - brita comercial","m",15483.16]
[605636,"Bueiro metálico com chapas múltiplas MP 152 com revestimento em epóxi - D = 3,05 m - brita produzida","m",15365.15]
[605725,"Bueiro metálico com chapas múltiplas MP 152 com revestimento em epóxi - D = 3,20 m - brita comercial","m",16437.189999999999]
[605637,"Bueiro metálico com chapas múltiplas MP 152 com revestimento em epóxi - D = 3,20 m - brita produzida","m",16315.68]
[605726,"Bueiro metálico com chapas múltiplas MP 152 com revestimento em epóxi - D = 3,40 m - brita comercial","m",17397.53]
[605638,"Bueiro metálico com chapas múltiplas MP 152 com revestimento em epóxi - D = 3,40 m - brita produzida","m",17271.349999999999]
[605727,"Bueiro metálico com chapas múltiplas MP 152 com revestimento em epóxi - D = 3,65 m - brita comercial","m",18647.41]
[605639,"Bueiro metálico com chapas múltiplas MP 152 com revestimento em epóxi - D = 3,65 m - brita produzida","m",18515.39]
[605728,"Bueiro metálico com chapas múltiplas MP 152 com revestimento em epóxi - D = 3,80 m - brita comercial","m",19342.5]
[605640,"Bueiro metálico com chapas múltiplas MP 152 com revestimento em epóxi - D = 3,80 m - brita produzida","m",19206.98]
[605729,"Bueiro metálico com chapas múltiplas MP 152 com revestimento em epóxi - D = 4,20 m - brita comercial","m",21249.95]
[605641,"Bueiro metálico com chapas múltiplas MP 152 com revestimento em epóxi - D = 4,20 m - brita produzida","m",21105.08]
[605730,"Bueiro metálico com chapas múltiplas MP 152 com revestimento em epóxi - D = 4,60 m - brita comercial","m",23208.37]
[605642,"Bueiro metálico com chapas múltiplas MP 152 com revestimento em epóxi - D = 4,60 m - brita produzida","m",23054.14]
[605731,"Bueiro metálico com chapas múltiplas MP 152 com revestimento em epóxi - D = 4,80 m - brita comercial","m",29423.02]
[605643,"Bueiro metálico com chapas múltiplas MP 152 com revestimento em epóxi - D = 4,80 m - brita produzida","m",29264.13]
[605732,"Bueiro metálico com chapas múltiplas MP 152 com revestimento em epóxi - D = 5,00 m - brita comercial","m",30418.97]
[605644,"Bueiro metálico com chapas múltiplas MP 152 com revestimento em epóxi - D = 5,00 m - brita produzida","m",30228.14]
[605733,"Bueiro metálico com chapas múltiplas MP 152 com revestimento em epóxi - D = 5,35 m - brita comercial","m",37052.42]
[605645,"Bueiro metálico com chapas múltiplas MP 152 com revestimento em epóxi - D = 5,35 m - brita produzida","m",36852.050000000003]
[605734,"Bueiro metálico com chapas múltiplas MP 152 com revestimento em epóxi - D = 5,70 m - brita comercial","m",39802.959999999999]
[605646,"Bueiro metálico com chapas múltiplas MP 152 com revestimento em epóxi - D = 5,70 m - brita produzida","m",39593.050000000003]
[605735,"Bueiro metálico com chapas múltiplas MP 152 com revestimento em epóxi - D = 6,10 m - brita comercial","m",49078.36]
[605647,"Bueiro metálico com chapas múltiplas MP 152 com revestimento em epóxi - D = 6,10 m - brita produzida","m",48857.54]
[605736,"Bueiro metálico com chapas múltiplas MP 152 com revestimento em epóxi - D = 6,50 m - brita comercial","m",62696.11]
[605648,"Bueiro metálico com chapas múltiplas MP 152 com revestimento em epóxi - D = 6,50 m - brita produzida","m",62464.39]
[605737,"Bueiro metálico com chapas múltiplas MP 152 com revestimento em epóxi - D = 6,85 m - brita comercial","m",66655.490000000005]
[605649,"Bueiro metálico com chapas múltiplas MP 152 com revestimento em epóxi - D = 6,85 m - brita produzida","m",66414.23]
[605738,"Bueiro metálico com chapas múltiplas MP 152 com revestimento em epóxi - D = 7,25 m - brita comercial","m",70662.06]
[605650,"Bueiro metálico com chapas múltiplas MP 152 com revestimento em epóxi - D = 7,25 m - brita produzida","m",70409.89]
[605674,"Bueiro metálico com chapas múltiplas MP 152 galvanizadas - D = 1,50 m - brita comercial","m",7308.37]
[605483,"Bueiro metálico com chapas múltiplas MP 152 galvanizadas - D = 1,50 m - brita produzida","m",7249.95]
[605675,"Bueiro metálico com chapas múltiplas MP 152 galvanizadas - D = 1,80 m - brita comercial","m",9046.16]
[605484,"Bueiro metálico com chapas múltiplas MP 152 galvanizadas - D = 1,80 m - brita produzida","m",8980.73]
[605676,"Bueiro metálico com chapas múltiplas MP 152 galvanizadas - D = 1,90 m - brita comercial","m",9335.76]
[605485,"Bueiro metálico com chapas múltiplas MP 152 galvanizadas - D = 1,90 m - brita produzida","m",9268]
[605677,"Bueiro metálico com chapas múltiplas MP 152 galvanizadas - D = 2,15 m - brita comercial","m",10578.28]
[605486,"Bueiro metálico com chapas múltiplas MP 152 galvanizadas - D = 2,15 m - brita produzida","m",10504.67]
[605678,"Bueiro metálico com chapas múltiplas MP 152 galvanizadas - D = 2,30 m - brita comercial","m",11206.76]
[605487,"Bueiro metálico com chapas múltiplas MP 152 galvanizadas - D = 2,30 m - brita produzida","m",11129.64]
[605679,"Bueiro metálico com chapas múltiplas MP 152 galvanizadas - D = 2,65 m - brita comercial","m",13112.61]
[605488,"Bueiro metálico com chapas múltiplas MP 152 galvanizadas - D = 2,65 m - brita produzida","m",13027.32]
[605680,"Bueiro metálico com chapas múltiplas MP 152 galvanizadas - D = 3,05 m - brita comercial","m",14973.67]
[605489,"Bueiro metálico com chapas múltiplas MP 152 galvanizadas - D = 3,05 m - brita produzida","m",14855.67]
[605681,"Bueiro metálico com chapas múltiplas MP 152 galvanizadas - D = 3,20 m - brita comercial","m",15896.07]
[605490,"Bueiro metálico com chapas múltiplas MP 152 galvanizadas - D = 3,20 m - brita produzida","m",15774.56]
[605682,"Bueiro metálico com chapas múltiplas MP 152 galvanizadas - D = 3,40 m - brita comercial","m",16824.77]
[605491,"Bueiro metálico com chapas múltiplas MP 152 galvanizadas - D = 3,40 m - brita produzida","m",16698.59]
[605683,"Bueiro metálico com chapas múltiplas MP 152 galvanizadas - D = 3,65 m - brita comercial","m",18033.04]
[605492,"Bueiro metálico com chapas múltiplas MP 152 galvanizadas - D = 3,65 m - brita produzida","m",17901.009999999998]
[605684,"Bueiro metálico com chapas múltiplas MP 152 galvanizadas - D = 3,80 m - brita comercial","m",18706.47]
[605493,"Bueiro metálico com chapas múltiplas MP 152 galvanizadas - D = 3,80 m - brita produzida","m",18570.939999999999]
[605685,"Bueiro metálico com chapas múltiplas MP 152 galvanizadas - D = 4,20 m - brita comercial","m",20549]
[605494,"Bueiro metálico com chapas múltiplas MP 152 galvanizadas - D = 4,20 m - brita produzida","m",20404.12]
[605686,"Bueiro metálico com chapas múltiplas MP 152 galvanizadas - D = 4,60 m - brita comercial","m",22444.14]
[605495,"Bueiro metálico com chapas múltiplas MP 152 galvanizadas - D = 4,60 m - brita produzida","m",22289.919999999998]
[605687,"Bueiro metálico com chapas múltiplas MP 152 galvanizadas - D = 4,80 m - brita comercial","m",25646.84]
[605496,"Bueiro metálico com chapas múltiplas MP 152 galvanizadas - D = 4,80 m - brita produzida","m",25487.94]
[605688,"Bueiro metálico com chapas múltiplas MP 152 galvanizadas - D = 5,00 m - brita comercial","m",26536.15]
[605497,"Bueiro metálico com chapas múltiplas MP 152 galvanizadas - D = 5,00 m - brita produzida","m",26345.32]
[605689,"Bueiro metálico com chapas múltiplas MP 152 galvanizadas - D = 5,35 m - brita comercial","m",33287.06]
[605498,"Bueiro metálico com chapas múltiplas MP 152 galvanizadas - D = 5,35 m - brita produzida","m",33086.69]
[605690,"Bueiro metálico com chapas múltiplas MP 152 galvanizadas - D = 5,70 m - brita comercial","m",35768.300000000003]
[605499,"Bueiro metálico com chapas múltiplas MP 152 galvanizadas - D = 5,70 m - brita produzida","m",35558.39]
[605691,"Bueiro metálico com chapas múltiplas MP 152 galvanizadas - D = 6,10 m - brita comercial","m",43943.76]
[605500,"Bueiro metálico com chapas múltiplas MP 152 galvanizadas - D = 6,10 m - brita produzida","m",43722.94]
[605692,"Bueiro metálico com chapas múltiplas MP 152 galvanizadas - D = 6,50 m - brita comercial","m",52621.63]
[605501,"Bueiro metálico com chapas múltiplas MP 152 galvanizadas - D = 6,50 m - brita produzida","m",52389.91]
[605693,"Bueiro metálico com chapas múltiplas MP 152 galvanizadas - D = 6,85 m - brita comercial","m",55990.720000000001]
[605502,"Bueiro metálico com chapas múltiplas MP 152 galvanizadas - D = 6,85 m - brita produzida","m",55749.46]
[605694,"Bueiro metálico com chapas múltiplas MP 152 galvanizadas - D = 7,25 m - brita comercial","m",59407.03]
[605503,"Bueiro metálico com chapas múltiplas MP 152 galvanizadas - D = 7,25 m - brita produzida","m",59154.86]
[606433,"Bueiro metálico com chapas múltiplas MP 152 galvanizadas - lenticular - vão = 1,95 m e altura = 1,40 m - aterro rodoviário mínimo = 0,60 m e máximo = 8,40 m - brita comercial","m",8804.6299999999992]
[606343,"Bueiro metálico com chapas múltiplas MP 152 galvanizadas - lenticular - vão = 1,95 m e altura = 1,40 m - aterro rodoviário mínimo = 0,60 m e máximo = 8,40 m - brita produzida","m",8735.7000000000007]
[606434,"Bueiro metálico com chapas múltiplas MP 152 galvanizadas - lenticular - vão = 2,15 m e altura = 1,50 m - aterro rodoviário mínimo = 0,60 m e máximo = 7,50 m - brita comercial","m",9735.27]
[606344,"Bueiro metálico com chapas múltiplas MP 152 galvanizadas - lenticular - vão = 2,15 m e altura = 1,50 m - aterro rodoviário mínimo = 0,60 m e máximo = 7,50 m - brita produzida","m",9661.67]
[606435,"Bueiro metálico com chapas múltiplas MP 152 galvanizadas - lenticular - vão = 2,30 m e altura = 1,60 m - aterro rodoviário mínimo = 0,60 m e máximo = 7,20 m - brita comercial","m",10626.3]
[606345,"Bueiro metálico com chapas múltiplas MP 152 galvanizadas - lenticular - vão = 2,30 m e altura = 1,60 m - aterro rodoviário mínimo = 0,60 m e máximo = 7,20 m - brita produzida","m",10549.19]
[606436,"Bueiro metálico com chapas múltiplas MP 152 galvanizadas - lenticular - vão = 2,55 m e altura = 1,65 m - aterro rodoviário mínimo = 0,60 m e máximo = 6,50 m - brita comercial","m",11297.02]
[606346,"Bueiro metálico com chapas múltiplas MP 152 galvanizadas - lenticular - vão = 2,55 m e altura = 1,65 m - aterro rodoviário mínimo = 0,60 m e máximo = 6,50 m - brita produzida","m",11214.07]
[606437,"Bueiro metálico com chapas múltiplas MP 152 galvanizadas - lenticular - vão = 2,70 m e altura = 1,85 m - aterro rodoviário mínimo = 0,60 m e máximo = 6,60 m - brita comercial","m",12227.42]
[606347,"Bueiro metálico com chapas múltiplas MP 152 galvanizadas - lenticular - vão = 2,70 m e altura = 1,85 m - aterro rodoviário mínimo = 0,60 m e máximo = 6,60 m - brita produzida","m",12140.96]
[606438,"Bueiro metálico com chapas múltiplas MP 152 galvanizadas - lenticular - vão = 2,75 m e altura = 1,90 m - aterro rodoviário mínimo = 0,60 m e máximo = 6,50 m - brita comercial","m",12554]
[606348,"Bueiro metálico com chapas múltiplas MP 152 galvanizadas - lenticular - vão = 2,75 m e altura = 1,90 m - aterro rodoviário mínimo = 0,60 m e máximo = 6,50 m - brita produzida","m",12466.38]
[606439,"Bueiro metálico com chapas múltiplas MP 152 galvanizadas - lenticular - vão = 3,00 m e altura = 2,00 m - aterro rodoviário mínimo = 0,60 m e máximo = 6,00 m - brita comercial","m",13233.34]
[606349,"Bueiro metálico com chapas múltiplas MP 152 galvanizadas - lenticular - vão = 3,00 m e altura = 2,00 m - aterro rodoviário mínimo = 0,60 m e máximo = 6,00 m - brita produzida","m",13116.51]
[606440,"Bueiro metálico com chapas múltiplas MP 152 galvanizadas - lenticular - vão = 3,20 m e altura = 2,10 m - aterro rodoviário mínimo = 0,60 m e máximo = 5,60 m - brita comercial","m",13841.98]
[606350,"Bueiro metálico com chapas múltiplas MP 152 galvanizadas - lenticular - vão = 3,20 m e altura = 2,10 m - aterro rodoviário mínimo = 0,60 m e máximo = 5,60 m - brita produzida","m",13720.47]
[606441,"Bueiro metálico com chapas múltiplas MP 152 galvanizadas - lenticular - vão = 3,35 m e altura = 2,15 m - aterro rodoviário mínimo = 0,60 m e máximo = 5,30 m - brita comercial","m",14500.33]
[606351,"Bueiro metálico com chapas múltiplas MP 152 galvanizadas - lenticular - vão = 3,35 m e altura = 2,15 m - aterro rodoviário mínimo = 0,60 m e máximo = 5,30 m - brita produzida","m",14375.32]
[606442,"Bueiro metálico com chapas múltiplas MP 152 galvanizadas - lenticular - vão = 3,55 m e altura = 2,25 m - aterro rodoviário mínimo = 0,60 m e máximo = 5,00 m - brita comercial","m",15133.54]
[606352,"Bueiro metálico com chapas múltiplas MP 152 galvanizadas - lenticular - vão = 3,55 m e altura = 2,25 m - aterro rodoviário mínimo = 0,60 m e máximo = 5,00 m - brita produzida","m",15003.85]
[606443,"Bueiro metálico com chapas múltiplas MP 152 galvanizadas - lenticular - vão = 3,70 m e altura = 2,35 m - aterro rodoviário mínimo = 0,60 m e máximo = 4,90 m - brita comercial","m",16048.03]
[606353,"Bueiro metálico com chapas múltiplas MP 152 galvanizadas - lenticular - vão = 3,70 m e altura = 2,35 m - aterro rodoviário mínimo = 0,60 m e máximo = 4,90 m - brita produzida","m",15914.84]
[606444,"Bueiro metálico com chapas múltiplas MP 152 galvanizadas - lenticular - vão = 3,90 m e altura = 2,45 m - aterro rodoviário mínimo = 0,60 m e máximo = 4,60 m - brita comercial","m",16743.400000000001]
[606354,"Bueiro metálico com chapas múltiplas MP 152 galvanizadas - lenticular - vão = 3,90 m e altura = 2,45 m - aterro rodoviário mínimo = 0,60 m e máximo = 4,60 m - brita produzida","m",16605.53]
[606445,"Bueiro metálico com chapas múltiplas MP 152 galvanizadas - lenticular - vão = 4,00 m e altura = 2,55 m - aterro rodoviário mínimo = 0,60 m e máximo = 4,50 m - brita comercial","m",17396.580000000002]
[606355,"Bueiro metálico com chapas múltiplas MP 152 galvanizadas - lenticular - vão = 4,00 m e altura = 2,55 m - aterro rodoviário mínimo = 0,60 m e máximo = 4,50 m - brita produzida","m",17256.37]
[606446,"Bueiro metálico com chapas múltiplas MP 152 galvanizadas - lenticular - vão = 4,15 m e altura = 2,80 m - aterro rodoviário mínimo = 0,60 m e máximo = 6,80 m - brita comercial","m",18031.25]
[606356,"Bueiro metálico com chapas múltiplas MP 152 galvanizadas - lenticular - vão = 4,15 m e altura = 2,80 m - aterro rodoviário mínimo = 0,60 m e máximo = 6,80 m - brita produzida","m",17887.55]
[606447,"Bueiro metálico com chapas múltiplas MP 152 galvanizadas - lenticular - vão = 4,40 m e altura = 2,90 m - aterro rodoviário mínimo = 0,60 m e máximo = 6,40 m - brita comercial","m",18728.57]
[606357,"Bueiro metálico com chapas múltiplas MP 152 galvanizadas - lenticular - vão = 4,40 m e altura = 2,90 m - aterro rodoviário mínimo = 0,60 m e máximo = 6,40 m - brita produzida","m",18554.09]
[606448,"Bueiro metálico com chapas múltiplas MP 152 galvanizadas - lenticular - vão = 4,60 m e altura = 3,00 m - aterro rodoviário mínimo = 0,60 m e máximo = 6,10 m - brita comercial","m",19704.29]
[606358,"Bueiro metálico com chapas múltiplas MP 152 galvanizadas - lenticular - vão = 4,60 m e altura = 3,00 m - aterro rodoviário mínimo = 0,60 m e máximo = 6,10 m - brita produzida","m",19524.36]
[606449,"Bueiro metálico com chapas múltiplas MP 152 galvanizadas - lenticular - vão = 4,80 m e altura = 3,05 m - aterro rodoviário mínimo = 0,60 m e máximo = 5,80 m - brita comercial","m",24296.86]
[606359,"Bueiro metálico com chapas múltiplas MP 152 galvanizadas - lenticular - vão = 4,80 m e altura = 3,05 m - aterro rodoviário mínimo = 0,60 m e máximo = 5,80 m - brita produzida","m",24111.48]
[606450,"Bueiro metálico com chapas múltiplas MP 152 galvanizadas - lenticular - vão = 5,05 m e altura = 3,15 m - aterro rodoviário mínimo = 0,90 m e máximo = 5,50 m - brita comercial","m",25267.58]
[606360,"Bueiro metálico com chapas múltiplas MP 152 galvanizadas - lenticular - vão = 5,05 m e altura = 3,15 m - aterro rodoviário mínimo = 0,90 m e máximo = 5,50 m - brita produzida","m",25075.38]
[606451,"Bueiro metálico com chapas múltiplas MP 152 galvanizadas - lenticular - vão = 5,25 m e altura = 3,25 m - aterro rodoviário mínimo = 0,90 m e máximo = 5,30 m - brita comercial","m",26080.06]
[606361,"Bueiro metálico com chapas múltiplas MP 152 galvanizadas - lenticular - vão = 5,25 m e altura = 3,25 m - aterro rodoviário mínimo = 0,90 m e máximo = 5,30 m - brita produzida","m",25882.42]
[606452,"Bueiro metálico com chapas múltiplas MP 152 galvanizadas - lenticular - vão = 5,45 m e altura = 3,35 m - aterro rodoviário mínimo = 0,90 m e máximo = 5,10 m - brita comercial","m",29725.08]
[606362,"Bueiro metálico com chapas múltiplas MP 152 galvanizadas - lenticular - vão = 5,45 m e altura = 3,35 m - aterro rodoviário mínimo = 0,90 m e máximo = 5,10 m - brita produzida","m",29521.98]
[606453,"Bueiro metálico com chapas múltiplas MP 152 galvanizadas - lenticular - vão = 5,60 m e altura = 3,40 m - aterro rodoviário mínimo = 0,90 m e máximo = 4,90 m - brita comercial","m",30184.26]
[606363,"Bueiro metálico com chapas múltiplas MP 152 galvanizadas - lenticular - vão = 5,60 m e altura = 3,40 m - aterro rodoviário mínimo = 0,90 m e máximo = 4,90 m - brita produzida","m",29977.08]
[606454,"Bueiro metálico com chapas múltiplas MP 152 galvanizadas - lenticular - vão = 5,80 m e altura = 3,50 m - aterro rodoviário mínimo = 0,90 m e máximo = 4,70 m - brita comercial","m",36042.949999999997]
[606364,"Bueiro metálico com chapas múltiplas MP 152 galvanizadas - lenticular - vão = 5,80 m e altura = 3,50 m - aterro rodoviário mínimo = 0,90 m e máximo = 4,70 m - brita produzida","m",35830.31]
[606455,"Bueiro metálico com chapas múltiplas MP 152 galvanizadas - lenticular - vão = 5,90 m e altura = 3,55 m - aterro rodoviário mínimo = 0,90 m e máximo = 4,70 m - brita comercial","m",36621.64]
[606365,"Bueiro metálico com chapas múltiplas MP 152 galvanizadas - lenticular - vão = 5,90 m e altura = 3,55 m - aterro rodoviário mínimo = 0,90 m e máximo = 4,70 m - brita produzida","m",36406.28]
[606456,"Bueiro metálico com chapas múltiplas MP 152 galvanizadas - lenticular - vão = 6,10 m e altura = 3,65 m - aterro rodoviário mínimo = 0,90 m e máximo = 4,50 m - brita comercial","m",38025.370000000003]
[606366,"Bueiro metálico com chapas múltiplas MP 152 galvanizadas - lenticular - vão = 6,10 m e altura = 3,65 m - aterro rodoviário mínimo = 0,90 m e máximo = 4,50 m - brita produzida","m",37804.559999999998]
[606457,"Bueiro metálico com chapas múltiplas MP 152 galvanizadas - lenticular - vão = 6,25 m e altura = 3,65 m - aterro rodoviário mínimo = 0,90 m e máximo = 4,30 m - brita comercial","m",38636.339999999997]
[606367,"Bueiro metálico com chapas múltiplas MP 152 galvanizadas - lenticular - vão = 6,25 m e altura = 3,65 m - aterro rodoviário mínimo = 0,90 m e máximo = 4,30 m - brita produzida","m",38411.43]
[606458,"Bueiro metálico com chapas múltiplas MP 152 galvanizadas - lenticular - vão = 6,40 m e altura = 3,75 m - aterro rodoviário mínimo = 0,90 m e máximo = 4,30 m - brita comercial","m",52529.77]
[606368,"Bueiro metálico com chapas múltiplas MP 152 galvanizadas - lenticular - vão = 6,40 m e altura = 3,75 m - aterro rodoviário mínimo = 0,90 m e máximo = 4,30 m - brita produzida","m",52300.78]
[606459,"Bueiro metálico com chapas múltiplas MP 152 galvanizadas - lenticular - vão = 6,60 m e altura = 3,85 m - aterro rodoviário mínimo = 0,90 m e máximo = 4,10 m - brita comercial","m",54658.6]
[606369,"Bueiro metálico com chapas múltiplas MP 152 galvanizadas - lenticular - vão = 6,60 m e altura = 3,85 m - aterro rodoviário mínimo = 0,90 m e máximo = 4,10 m - brita produzida","m",54424.15]
[606479,"Bueiro metálico com chapas múltiplas MP 152 galvanizadas - passagem de gado - vão = 2,20 m e altura = 2,25 m -aterro rodoviário mínimo = 0,30 m e máximo = 8,90 m - brita comercial","m",12343.6]
[606460,"Bueiro metálico com chapas múltiplas MP 152 galvanizadas - passagem de gado - vão = 2,20 m e altura = 2,25 m -aterro rodoviário mínimo = 0,30 m e máximo = 8,90 m - brita produzida","m",12256.37]
[606480,"Bueiro metálico com chapas múltiplas MP 152 galvanizadas - passagem de gado - vão = 2,90 m e altura = 3,10 m - aterro rodoviário mínimo = 0,60 m e máximo = 11,40 m - brita comercial","m",16090.69]
[606461,"Bueiro metálico com chapas múltiplas MP 152 galvanizadas - passagem de gado - vão = 2,90 m e altura = 3,10 m - aterro rodoviário mínimo = 0,60 m e máximo = 11,40 m - brita produzida","m",15984.37]
[606481,"Bueiro metálico com chapas múltiplas MP 152 galvanizadas - passagem inferior - vão = 3,70 m e altura = 3,50 m - aterro rodoviário mínimo = 0,60 m e máximo = 10,30 m - brita comercial","m",18723.38]
[606462,"Bueiro metálico com chapas múltiplas MP 152 galvanizadas - passagem inferior - vão = 3,70 m e altura = 3,50 m - aterro rodoviário mínimo = 0,60 m e máximo = 10,30 m - brita produzida","m",18567.990000000002]
[606482,"Bueiro metálico com chapas múltiplas MP 152 galvanizadas - passagem inferior - vão = 3,90 m e altura = 3,60 m - aterro rodoviário mínimo = 0,60 m e máximo = 9,80 m - brita comercial","m",19697.63]
[606463,"Bueiro metálico com chapas múltiplas MP 152 galvanizadas - passagem inferior - vão = 3,90 m e altura = 3,60 m - aterro rodoviário mínimo = 0,60 m e máximo = 9,80 m - brita produzida","m",19536.79]
[606483,"Bueiro metálico com chapas múltiplas MP 152 galvanizadas - passagem inferior - vão = 4,00 m e altura = 3,75 m - aterro rodoviário mínimo = 0,60 m e máximo = 9,50 m - brita comercial","m",20195.63]
[606464,"Bueiro metálico com chapas múltiplas MP 152 galvanizadas - passagem inferior - vão = 4,00 m e altura = 3,75 m - aterro rodoviário mínimo = 0,60 m e máximo = 9,50 m - brita produzida","m",20032.060000000001]
[606484,"Bueiro metálico com chapas múltiplas MP 152 galvanizadas - passagem inferior - vão = 4,20 m e altura = 3,90 m - aterro rodoviário mínimo = 0,60 m e máximo = 9,10 m - brita comercial","m",20889.68]
[606465,"Bueiro metálico com chapas múltiplas MP 152 galvanizadas - passagem inferior - vão = 4,20 m e altura = 3,90 m - aterro rodoviário mínimo = 0,60 m e máximo = 9,10 m - brita produzida","m",20720.66]
[606485,"Bueiro metálico com chapas múltiplas MP 152 galvanizadas - passagem inferior - vão = 4,25 m e altura = 4,10 m - aterro rodoviário mínimo = 0,60 m e máximo = 8,90 m - brita comercial","m",21556.720000000001]
[606466,"Bueiro metálico com chapas múltiplas MP 152 galvanizadas - passagem inferior - vão = 4,25 m e altura = 4,10 m - aterro rodoviário mínimo = 0,60 m e máximo = 8,90 m - brita produzida","m",21386.33]
[606486,"Bueiro metálico com chapas múltiplas MP 152 galvanizadas - passagem inferior - vão = 4,40 m e altura = 4,25 m - aterro rodoviário mínimo = 0,60 m e máximo = 8,60 m - brita comercial","m",22500.55]
[606467,"Bueiro metálico com chapas múltiplas MP 152 galvanizadas - passagem inferior - vão = 4,40 m e altura = 4,25 m - aterro rodoviário mínimo = 0,60 m e máximo = 8,60 m - brita produzida","m",22326.080000000002]
[606487,"Bueiro metálico com chapas múltiplas MP 152 galvanizadas - passagem inferior - vão = 4,50 m e altura = 4,40 m - aterro rodoviário mínimo = 0,60 m e máximo = 8,40 m - brita comercial","m",23154.25]
[606468,"Bueiro metálico com chapas múltiplas MP 152 galvanizadas - passagem inferior - vão = 4,50 m e altura = 4,40 m - aterro rodoviário mínimo = 0,60 m e máximo = 8,40 m - brita produzida","m",22977.05]
[606488,"Bueiro metálico com chapas múltiplas MP 152 galvanizadas - passagem inferior - vão = 4,70 m e altura = 4,50 m - aterro rodoviário mínimo = 0,60 m e máximo = 8,90 m - brita comercial","m",28616.38]
[606469,"Bueiro metálico com chapas múltiplas MP 152 galvanizadas - passagem inferior - vão = 4,70 m e altura = 4,50 m - aterro rodoviário mínimo = 0,60 m e máximo = 8,90 m - brita produzida","m",28433.73]
[606489,"Bueiro metálico com chapas múltiplas MP 152 galvanizadas - passagem inferior - vão = 4,80 m e altura = 4,75 m - aterro rodoviário mínimo = 0,90 m e máximo = 9,00 m - brita comercial","m",30187.45]
[606470,"Bueiro metálico com chapas múltiplas MP 152 galvanizadas - passagem inferior - vão = 4,80 m e altura = 4,75 m - aterro rodoviário mínimo = 0,90 m e máximo = 9,00 m - brita produzida","m",30002.080000000002]
[606490,"Bueiro metálico com chapas múltiplas MP 152 galvanizadas - passagem inferior - vão = 5,00 m e altura = 4,85 m - aterro rodoviário mínimo = 0,90 m e máximo = 8,60 m - brita comercial","m",31069.85]
[606471,"Bueiro metálico com chapas múltiplas MP 152 galvanizadas - passagem inferior - vão = 5,00 m e altura = 4,85 m - aterro rodoviário mínimo = 0,90 m e máximo = 8,60 m - brita produzida","m",30879.02]
[606491,"Bueiro metálico com chapas múltiplas MP 152 galvanizadas - passagem inferior - vão = 5,15 m e altura = 4,90 m - aterro rodoviário mínimo = 0,90 m e máximo = 8,50 m - brita comercial","m",31935.82]
[606472,"Bueiro metálico com chapas múltiplas MP 152 galvanizadas - passagem inferior - vão = 5,15 m e altura = 4,90 m - aterro rodoviário mínimo = 0,90 m e máximo = 8,50 m - brita produzida","m",31740.9]
[606492,"Bueiro metálico com chapas múltiplas MP 152 galvanizadas - passagem inferior - vão = 5,25 m e altura = 5,00 m - aterro rodoviário mínimo = 0,90 m e máximo = 8,40 m - brita comercial","m",32587.599999999999]
[606473,"Bueiro metálico com chapas múltiplas MP 152 galvanizadas - passagem inferior - vão = 5,25 m e altura = 5,00 m - aterro rodoviário mínimo = 0,90 m e máximo = 8,40 m - brita produzida","m",32389.95]
[606493,"Bueiro metálico com chapas múltiplas MP 152 galvanizadas - passagem inferior - vão = 5,30 m e altura = 5,30 m - aterro rodoviário mínimo = 0,90 m e máximo = 9,60 m - brita comercial","m",34337.199999999997]
[606474,"Bueiro metálico com chapas múltiplas MP 152 galvanizadas - passagem inferior - vão = 5,30 m e altura = 5,30 m - aterro rodoviário mínimo = 0,90 m e máximo = 9,60 m - brita produzida","m",34138.19]
[606494,"Bueiro metálico com chapas múltiplas MP 152 galvanizadas - passagem inferior - vão = 5,65 m e altura = 5,25 m - aterro rodoviário mínimo = 0,90 m e máximo = 9,00 m - brita comercial","m",39672.6]
[606475,"Bueiro metálico com chapas múltiplas MP 152 galvanizadas - passagem inferior - vão = 5,65 m e altura = 5,25 m - aterro rodoviário mínimo = 0,90 m e máximo = 9,00 m - brita produzida","m",39464.050000000003]
[606495,"Bueiro metálico com chapas múltiplas MP 152 galvanizadas - passagem inferior - vão = 5,85 m e altura = 5,30 m - aterro rodoviário mínimo = 0,90 m e máximo = 8,40 m - brita comercial","m",46718.77]
[606476,"Bueiro metálico com chapas múltiplas MP 152 galvanizadas - passagem inferior - vão = 5,85 m e altura = 5,30 m - aterro rodoviário mínimo = 0,90 m e máximo = 8,40 m - brita produzida","m",46504.77]
[606496,"Bueiro metálico com chapas múltiplas MP 152 galvanizadas - passagem inferior - vão = 6,00 m e altura = 5,45 m - aterro rodoviário mínimo = 0,90 m e máximo = 8,30 m - brita comercial","m",47828.06]
[606477,"Bueiro metálico com chapas múltiplas MP 152 galvanizadas - passagem inferior - vão = 6,00 m e altura = 5,45 m - aterro rodoviário mínimo = 0,90 m e máximo = 8,30 m - brita produzida","m",47609.97]
[606497,"Bueiro metálico com chapas múltiplas MP 152 galvanizadas - passagem inferior - vão = 6,25 m e altura = 5,50 m - aterro rodoviário mínimo = 0,90 m e máximo = 7,90 m - brita comercial","m",49558.53]
[606478,"Bueiro metálico com chapas múltiplas MP 152 galvanizadas - passagem inferior - vão = 6,25 m e altura = 5,50 m - aterro rodoviário mínimo = 0,90 m e máximo = 7,90 m - brita produzida","m",49333.62]
[605835,"Bueiro metálico sem interrupção de tráfego - D = 1,20 m - chapa com epóxi - escavado em material de 1ª categoria - aterro ferroviário máximo = 12,90 m","m",7166.48]
[605571,"Bueiro metálico sem interrupção de tráfego - D = 1,20 m - chapa com epóxi - escavado em material de 1ª categoria - aterro rodoviário máximo = 9,00 m","m",6349.8]
[605850,"Bueiro metálico sem interrupção de tráfego - D = 1,20 m - chapa com epóxi - escavado em material de 2ª categoria - aterro ferroviário máximo = 12,90 m","m",7679.84]
[605582,"Bueiro metálico sem interrupção de tráfego - D = 1,20 m - chapa com epóxi - escavado em material de 2ª categoria - aterro rodoviário máximo = 9,00 m","m",6863.16]
[605889,"Bueiro metálico sem interrupção de tráfego - D = 1,20 m - chapa com epóxi - escavado em material de 3ª categoria - aterro ferroviário máximo = 12,90 m","m",8808.36]
[605593,"Bueiro metálico sem interrupção de tráfego - D = 1,20 m - chapa com epóxi - escavado em material de 3ª categoria - aterro rodoviário máximo = 9,00 m","m",7991.67]
[605739,"Bueiro metálico sem interrupção de tráfego - D = 1,20 m - chapa galvanizada - escavado em material de 1ª categoria - aterro ferroviário máximo = 12,90 m","m",6913.16]
[605504,"Bueiro metálico sem interrupção de tráfego - D = 1,20 m - chapa galvanizada - escavado em material de 1ª categoria - aterro rodoviário máximo = 9,00 m","m",6047.24]
[605781,"Bueiro metálico sem interrupção de tráfego - D = 1,20 m - chapa galvanizada - escavado em material de 2ª categoria - aterro ferroviário máximo = 12,90 m","m",7426.52]
[605524,"Bueiro metálico sem interrupção de tráfego - D = 1,20 m - chapa galvanizada - escavado em material de 2ª categoria - aterro rodoviário máximo = 9,00 m","m",6560.59]
[605815,"Bueiro metálico sem interrupção de tráfego - D = 1,20 m - chapa galvanizada - escavado em material de 3ª categoria - aterro ferroviário máximo = 12,90 m","m",8555.0300000000007]
[605544,"Bueiro metálico sem interrupção de tráfego - D = 1,20 m - chapa galvanizada - escavado em material de 3ª categoria - aterro rodoviário máximo = 9,00 m","m",7689.11]
[605836,"Bueiro metálico sem interrupção de tráfego - D = 1,40 m - chapa com epóxi - escavado em material de 1ª categoria - aterro ferroviário máximo = 11,00 m","m",8124]
[605572,"Bueiro metálico sem interrupção de tráfego - D = 1,40 m - chapa com epóxi - escavado em material de 1ª categoria - aterro rodoviário máximo = 7,70 m","m",7241.37]
[605851,"Bueiro metálico sem interrupção de tráfego - D = 1,40 m - chapa com epóxi - escavado em material de 2ª categoria - aterro ferroviário máximo = 11,00 m","m",8794.51]
[605583,"Bueiro metálico sem interrupção de tráfego - D = 1,40 m - chapa com epóxi - escavado em material de 2ª categoria - aterro rodoviário máximo = 7,70 m","m",7911.88]
[605890,"Bueiro metálico sem interrupção de tráfego - D = 1,40 m - chapa com epóxi - escavado em material de 3ª categoria - aterro ferroviário máximo = 11,00 m","m",10268.49]
[605594,"Bueiro metálico sem interrupção de tráfego - D = 1,40 m - chapa com epóxi - escavado em material de 3ª categoria - aterro rodoviário máximo = 7,70 m","m",9385.86]
[605740,"Bueiro metálico sem interrupção de tráfego - D = 1,40 m - chapa galvanizada - escavado em material de 1ª categoria - aterro ferroviário máximo = 11,00 m","m",7838.48]
[605505,"Bueiro metálico sem interrupção de tráfego - D = 1,40 m - chapa galvanizada - escavado em material de 1ª categoria - aterro rodoviário máximo = 7,70 m","m",6897.84]
[605782,"Bueiro metálico sem interrupção de tráfego - D = 1,40 m - chapa galvanizada - escavado em material de 2ª categoria - aterro ferroviário máximo = 11,00 m","m",8508.99]
[605525,"Bueiro metálico sem interrupção de tráfego - D = 1,40 m - chapa galvanizada - escavado em material de 2ª categoria - aterro rodoviário máximo = 7,70 m","m",7568.35]
[605816,"Bueiro metálico sem interrupção de tráfego - D = 1,40 m - chapa galvanizada - escavado em material de 3ª categoria - aterro ferroviário máximo = 11,00 m","m",9982.9699999999993]
[605545,"Bueiro metálico sem interrupção de tráfego - D = 1,40 m - chapa galvanizada - escavado em material de 3ª categoria - aterro rodoviário máximo = 7,70 m","m",9042.33]
[605837,"Bueiro metálico sem interrupção de tráfego - D = 1,60 m - chapa com epóxi - escavado em material de 1ª categoria - aterro ferroviário máximo = 9,60 m","m",9669.41]
[605573,"Bueiro metálico sem interrupção de tráfego - D = 1,60 m - chapa com epóxi - escavado em material de 1ª categoria - aterro rodoviário máximo = 6,70 m","m",8734.42]
[605852,"Bueiro metálico sem interrupção de tráfego - D = 1,60 m - chapa com epóxi - escavado em material de 2ª categoria - aterro ferroviário máximo = 9,60 m","m",10518.02]
[605584,"Bueiro metálico sem interrupção de tráfego - D = 1,60 m - chapa com epóxi - escavado em material de 2ª categoria - aterro rodoviário máximo = 6,70 m","m",9583.0300000000007]
[605891,"Bueiro metálico sem interrupção de tráfego - D = 1,60 m - chapa com epóxi - escavado em material de 3ª categoria - aterro ferroviário máximo = 9,60 m","m",12383.53]
[605595,"Bueiro metálico sem interrupção de tráfego - D = 1,60 m - chapa com epóxi - escavado em material de 3ª categoria - aterro rodoviário máximo = 6,70 m","m",11448.54]
[605741,"Bueiro metálico sem interrupção de tráfego - D = 1,60 m - chapa galvanizada - escavado em material de 1ª categoria - aterro ferroviário máximo = 9,60 m","m",9336.65]
[605506,"Bueiro metálico sem interrupção de tráfego - D = 1,60 m - chapa galvanizada - escavado em material de 1ª categoria - aterro rodoviário máximo = 6,70 m","m",8327.84]
[605783,"Bueiro metálico sem interrupção de tráfego - D = 1,60 m - chapa galvanizada - escavado em material de 2ª categoria - aterro ferroviário máximo = 9,60 m","m",10185.27]
[605526,"Bueiro metálico sem interrupção de tráfego - D = 1,60 m - chapa galvanizada - escavado em material de 2ª categoria - aterro rodoviário máximo = 6,70 m","m",9176.4599999999991]
[605817,"Bueiro metálico sem interrupção de tráfego - D = 1,60 m - chapa galvanizada - escavado em material de 3ª categoria - aterro ferroviário máximo = 9,60 m","m",12050.77]
[605546,"Bueiro metálico sem interrupção de tráfego - D = 1,60 m - chapa galvanizada - escavado em material de 3ª categoria - aterro rodoviário máximo = 6,70 m","m",11041.96]
[605838,"Bueiro metálico sem interrupção de tráfego - D = 1,80 m - chapa com epóxi - escavado em material de 1ª categoria - aterro ferroviário máximo = 8,00 m","m",11011.4]
[605574,"Bueiro metálico sem interrupção de tráfego - D = 1,80 m - chapa com epóxi - escavado em material de 1ª categoria - aterro rodoviário máximo = 6,00 m","m",9941.7999999999993]
[605853,"Bueiro metálico sem interrupção de tráfego - D = 1,80 m - chapa com epóxi - escavado em material de 2ª categoria - aterro ferroviário máximo = 8,00 m","m",12059.07]
[605585,"Bueiro metálico sem interrupção de tráfego - D = 1,80 m - chapa com epóxi - escavado em material de 2ª categoria - aterro rodoviário máximo = 6,00 m","m",10989.47]
[605892,"Bueiro metálico sem interrupção de tráfego - D = 1,80 m - chapa com epóxi - escavado em material de 3ª categoria - aterro ferroviário máximo = 8,00 m","m",14362.16]
[605596,"Bueiro metálico sem interrupção de tráfego - D = 1,80 m - chapa com epóxi - escavado em material de 3ª categoria - aterro rodoviário máximo = 6,00 m","m",13292.56]
[605742,"Bueiro metálico sem interrupção de tráfego - D = 1,80 m - chapa galvanizada - escavado em material de 1ª categoria - aterro ferroviário máximo = 8,00 m","m",10631.41]
[605507,"Bueiro metálico sem interrupção de tráfego - D = 1,80 m - chapa galvanizada - escavado em material de 1ª categoria - aterro rodoviário máximo = 6,00 m","m",9478.5]
[605784,"Bueiro metálico sem interrupção de tráfego - D = 1,80 m - chapa galvanizada - escavado em material de 2ª categoria - aterro ferroviário máximo = 8,00 m","m",11679.08]
[605527,"Bueiro metálico sem interrupção de tráfego - D = 1,80 m - chapa galvanizada - escavado em material de 2ª categoria - aterro rodoviário máximo = 6,00 m","m",10526.17]
[605818,"Bueiro metálico sem interrupção de tráfego - D = 1,80 m - chapa galvanizada - escavado em material de 3ª categoria - aterro ferroviário máximo = 8,00 m","m",13982.18]
[605547,"Bueiro metálico sem interrupção de tráfego - D = 1,80 m - chapa galvanizada - escavado em material de 3ª categoria - aterro rodoviário máximo = 6,00 m","m",12829.26]
[605839,"Bueiro metálico sem interrupção de tráfego - D = 2,00 m - chapa com epóxi - escavado em material de 1ª categoria - aterro ferroviário máximo = 6,90 m","m",12405.13]
[605575,"Bueiro metálico sem interrupção de tráfego - D = 2,00 m - chapa com epóxi - escavado em material de 1ª categoria - aterro rodoviário máximo = 5,40 m","m",11229.15]
[605854,"Bueiro metálico sem interrupção de tráfego - D = 2,00 m - chapa com epóxi - escavado em material de 2ª categoria - aterro ferroviário máximo = 6,90 m","m",13672.82]
[605586,"Bueiro metálico sem interrupção de tráfego - D = 2,00 m - chapa com epóxi - escavado em material de 2ª categoria - aterro rodoviário máximo = 5,40 m","m",12496.83]
[605893,"Bueiro metálico sem interrupção de tráfego - D = 2,00 m - chapa com epóxi - escavado em material de 3ª categoria - aterro ferroviário máximo = 6,90 m","m",16459.560000000001]
[605597,"Bueiro metálico sem interrupção de tráfego - D = 2,00 m - chapa com epóxi - escavado em material de 3ª categoria - aterro rodoviário máximo = 5,40 m","m",15283.57]
[605743,"Bueiro metálico sem interrupção de tráfego - D = 2,00 m - chapa galvanizada - escavado em material de 1ª categoria - aterro ferroviário máximo = 6,90 m","m",11986.51]
[605508,"Bueiro metálico sem interrupção de tráfego - D = 2,00 m - chapa galvanizada - escavado em material de 1ª categoria - aterro rodoviário máximo = 5,40 m","m",10718.58]
[605785,"Bueiro metálico sem interrupção de tráfego - D = 2,00 m - chapa galvanizada - escavado em material de 2ª categoria - aterro ferroviário máximo = 6,90 m","m",13254.19]
[605528,"Bueiro metálico sem interrupção de tráfego - D = 2,00 m - chapa galvanizada - escavado em material de 2ª categoria - aterro rodoviário máximo = 5,40 m","m",11986.26]
[605819,"Bueiro metálico sem interrupção de tráfego - D = 2,00 m - chapa galvanizada - escavado em material de 3ª categoria - aterro ferroviário máximo = 6,90 m","m",16040.94]
[605548,"Bueiro metálico sem interrupção de tráfego - D = 2,00 m - chapa galvanizada - escavado em material de 3ª categoria - aterro rodoviário máximo = 5,40 m","m",14773.01]
[605840,"Bueiro metálico sem interrupção de tráfego - D = 2,20 m - chapa com epóxi - escavado em material de 1ª categoria - aterro ferroviário máximo = 7,90 m","m",16076.22]
[605576,"Bueiro metálico sem interrupção de tráfego - D = 2,20 m - chapa com epóxi - escavado em material de 1ª categoria - aterro rodoviário máximo = 4,90 m","m",12675.31]
[605855,"Bueiro metálico sem interrupção de tráfego - D = 2,20 m - chapa com epóxi - escavado em material de 2ª categoria - aterro ferroviário máximo = 7,90 m","m",17584.87]
[605587,"Bueiro metálico sem interrupção de tráfego - D = 2,20 m - chapa com epóxi - escavado em material de 2ª categoria - aterro rodoviário máximo = 4,90 m","m",14183.95]
[605898,"Bueiro metálico sem interrupção de tráfego - D = 2,20 m - chapa com epóxi - escavado em material de 3ª categoria - aterro ferroviário máximo = 7,90 m","m",20901.32]
[605598,"Bueiro metálico sem interrupção de tráfego - D = 2,20 m - chapa com epóxi - escavado em material de 3ª categoria - aterro rodoviário máximo = 4,90 m","m",17500.41]
[605744,"Bueiro metálico sem interrupção de tráfego - D = 2,20 m - chapa galvanizada - escavado em material de 1ª categoria - aterro ferroviário máximo = 7,90 m","m",15194.09]
[605509,"Bueiro metálico sem interrupção de tráfego - D = 2,20 m - chapa galvanizada - escavado em material de 1ª categoria - aterro rodoviário máximo = 4,90 m","m",12111.15]
[605787,"Bueiro metálico sem interrupção de tráfego - D = 2,20 m - chapa galvanizada - escavado em material de 2ª categoria - aterro ferroviário máximo = 7,90 m","m",16702.740000000002]
[605529,"Bueiro metálico sem interrupção de tráfego - D = 2,20 m - chapa galvanizada - escavado em material de 2ª categoria - aterro rodoviário máximo = 4,90 m","m",13619.8]
[605820,"Bueiro metálico sem interrupção de tráfego - D = 2,20 m - chapa galvanizada - escavado em material de 3ª categoria - aterro ferroviário máximo = 7,90 m","m",20019.189999999999]
[605549,"Bueiro metálico sem interrupção de tráfego - D = 2,20 m - chapa galvanizada - escavado em material de 3ª categoria - aterro rodoviário máximo = 4,90 m","m",16936.25]
[605841,"Bueiro metálico sem interrupção de tráfego - D = 2,40 m - chapa com epóxi - escavado em material de 1ª categoria - aterro ferroviário máximo = 7,00 m","m",17579.490000000002]
[605577,"Bueiro metálico sem interrupção de tráfego - D = 2,40 m - chapa com epóxi - escavado em material de 1ª categoria - aterro rodoviário máximo = 4,50 m","m",13862.51]
[605856,"Bueiro metálico sem interrupção de tráfego - D = 2,40 m - chapa com epóxi - escavado em material de 2ª categoria - aterro ferroviário máximo = 7,00 m","m",19350.060000000001]
[605588,"Bueiro metálico sem interrupção de tráfego - D = 2,40 m - chapa com epóxi - escavado em material de 2ª categoria - aterro rodoviário máximo = 4,50 m","m",15633.07]
[605899,"Bueiro metálico sem interrupção de tráfego - D = 2,40 m - chapa com epóxi - escavado em material de 3ª categoria - aterro ferroviário máximo = 7,00 m","m",23242.29]
[605599,"Bueiro metálico sem interrupção de tráfego - D = 2,40 m - chapa com epóxi - escavado em material de 3ª categoria - aterro rodoviário máximo = 4,50 m","m",19525.3]
[605745,"Bueiro metálico sem interrupção de tráfego - D = 2,40 m - chapa galvanizada - escavado em material de 1ª categoria - aterro ferroviário máximo = 7,00 m","m",16624.68]
[605510,"Bueiro metálico sem interrupção de tráfego - D = 2,40 m - chapa galvanizada - escavado em material de 1ª categoria - aterro rodoviário máximo = 4,50 m","m",13254.24]
[605788,"Bueiro metálico sem interrupção de tráfego - D = 2,40 m - chapa galvanizada - escavado em material de 2ª categoria - aterro ferroviário máximo = 7,00 m","m",18395.240000000002]
[605530,"Bueiro metálico sem interrupção de tráfego - D = 2,40 m - chapa galvanizada - escavado em material de 2ª categoria - aterro rodoviário máximo = 4,50 m","m",15024.8]
[605821,"Bueiro metálico sem interrupção de tráfego - D = 2,40 m - chapa galvanizada - escavado em material de 3ª categoria - aterro ferroviário máximo = 7,00 m","m",22287.47]
[605550,"Bueiro metálico sem interrupção de tráfego - D = 2,40 m - chapa galvanizada - escavado em material de 3ª categoria - aterro rodoviário máximo = 4,50 m","m",18917.03]
[605842,"Bueiro metálico sem interrupção de tráfego - D = 2,60 m - chapa com epóxi - escavado em material de 1ª categoria - aterro ferroviário máximo = 6,40 m","m",19425.7]
[605578,"Bueiro metálico sem interrupção de tráfego - D = 2,60 m - chapa com epóxi - escavado em material de 1ª categoria - aterro rodoviário máximo = 4,10 m","m",15356.48]
[605857,"Bueiro metálico sem interrupção de tráfego - D = 2,60 m - chapa com epóxi - escavado em material de 2ª categoria - aterro ferroviário máximo = 6,40 m","m",21479.14]
[605589,"Bueiro metálico sem interrupção de tráfego - D = 2,60 m - chapa com epóxi - escavado em material de 2ª categoria - aterro rodoviário máximo = 4,10 m","m",17409.91]
[605900,"Bueiro metálico sem interrupção de tráfego - D = 2,60 m - chapa com epóxi - escavado em material de 3ª categoria - aterro ferroviário máximo = 6,40 m","m",25993.200000000001]
[605600,"Bueiro metálico sem interrupção de tráfego - D = 2,60 m - chapa com epóxi - escavado em material de 3ª categoria - aterro rodoviário máximo = 4,10 m","m",21923.97]
[605746,"Bueiro metálico sem interrupção de tráfego - D = 2,60 m - chapa galvanizada - escavado em material de 1ª categoria - aterro ferroviário máximo = 6,40 m","m",18384.990000000002]
[605511,"Bueiro metálico sem interrupção de tráfego - D = 2,60 m - chapa galvanizada - escavado em material de 1ª categoria - aterro rodoviário máximo = 4,10 m","m",14694.63]
[605789,"Bueiro metálico sem interrupção de tráfego - D = 2,60 m - chapa galvanizada - escavado em material de 2ª categoria - aterro ferroviário máximo = 6,40 m","m",20438.419999999998]
[605531,"Bueiro metálico sem interrupção de tráfego - D = 2,60 m - chapa galvanizada - escavado em material de 2ª categoria - aterro rodoviário máximo = 4,10 m","m",16748.060000000001]
[605822,"Bueiro metálico sem interrupção de tráfego - D = 2,60 m - chapa galvanizada - escavado em material de 3ª categoria - aterro ferroviário máximo = 6,40 m","m",24952.49]
[605551,"Bueiro metálico sem interrupção de tráfego - D = 2,60 m - chapa galvanizada - escavado em material de 3ª categoria - aterro rodoviário máximo = 4,10 m","m",21262.12]
[605843,"Bueiro metálico sem interrupção de tráfego - D = 2,80 m - chapa com epóxi - escavado em material de 1ª categoria - aterro ferroviário máximo = 5,50 m","m",20914.509999999998]
[605579,"Bueiro metálico sem interrupção de tráfego - D = 2,80 m - chapa com epóxi - escavado em material de 1ª categoria - aterro rodoviário máximo = 3,80 m","m",16576.689999999999]
[605858,"Bueiro metálico sem interrupção de tráfego - D = 2,80 m - chapa com epóxi - escavado em material de 2ª categoria - aterro ferroviário máximo = 5,50 m","m",23271.77]
[605590,"Bueiro metálico sem interrupção de tráfego - D = 2,80 m - chapa com epóxi - escavado em material de 2ª categoria - aterro rodoviário máximo = 3,80 m","m",18933.95]
[605901,"Bueiro metálico sem interrupção de tráfego - D = 2,80 m - chapa com epóxi - escavado em material de 3ª categoria - aterro ferroviário máximo = 5,50 m","m",28453.73]
[605601,"Bueiro metálico sem interrupção de tráfego - D = 2,80 m - chapa com epóxi - escavado em material de 3ª categoria - aterro rodoviário máximo = 3,80 m","m",24115.91]
[605747,"Bueiro metálico sem interrupção de tráfego - D = 2,80 m - chapa galvanizada - escavado em material de 1ª categoria - aterro ferroviário máximo = 5,50 m","m",19801.11]
[605512,"Bueiro metálico sem interrupção de tráfego - D = 2,80 m - chapa galvanizada - escavado em material de 1ª categoria - aterro rodoviário máximo = 3,80 m","m",15867.56]
[605790,"Bueiro metálico sem interrupção de tráfego - D = 2,80 m - chapa galvanizada - escavado em material de 2ª categoria - aterro ferroviário máximo = 5,50 m","m",22158.37]
[605532,"Bueiro metálico sem interrupção de tráfego - D = 2,80 m - chapa galvanizada - escavado em material de 2ª categoria - aterro rodoviário máximo = 3,80 m","m",18224.82]
[605823,"Bueiro metálico sem interrupção de tráfego - D = 2,80 m - chapa galvanizada - escavado em material de 3ª categoria - aterro ferroviário máximo = 5,50 m","m",27340.33]
[605552,"Bueiro metálico sem interrupção de tráfego - D = 2,80 m - chapa galvanizada - escavado em material de 3ª categoria - aterro rodoviário máximo = 3,80 m","m",23406.78]
[605844,"Bueiro metálico sem interrupção de tráfego - D = 3,00 m - chapa com epóxi - escavado em material de 1ª categoria - aterro ferroviário máximo = 4,70 m","m",22828.31]
[605580,"Bueiro metálico sem interrupção de tráfego - D = 3,00 m - chapa com epóxi - escavado em material de 1ª categoria - aterro rodoviário máximo = 3,60 m","m",18186.310000000001]
[605887,"Bueiro metálico sem interrupção de tráfego - D = 3,00 m - chapa com epóxi - escavado em material de 2ª categoria - aterro ferroviário máximo = 4,70 m","m",25510.35]
[605591,"Bueiro metálico sem interrupção de tráfego - D = 3,00 m - chapa com epóxi - escavado em material de 2ª categoria - aterro rodoviário máximo = 3,60 m","m",20868.349999999999]
[605902,"Bueiro metálico sem interrupção de tráfego - D = 3,00 m - chapa com epóxi - escavado em material de 3ª categoria - aterro ferroviário máximo = 4,70 m","m",31406.27]
[605602,"Bueiro metálico sem interrupção de tráfego - D = 3,00 m - chapa com epóxi - escavado em material de 3ª categoria - aterro rodoviário máximo = 3,60 m","m",26764.27]
[605748,"Bueiro metálico sem interrupção de tráfego - D = 3,00 m - chapa galvanizada - escavado em material de 1ª categoria - aterro ferroviário máximo = 4,70 m","m",21629.02]
[605513,"Bueiro metálico sem interrupção de tráfego - D = 3,00 m - chapa galvanizada - escavado em material de 1ª categoria - aterro rodoviário máximo = 3,60 m","m",17420.45]
[605804,"Bueiro metálico sem interrupção de tráfego - D = 3,00 m - chapa galvanizada - escavado em material de 2ª categoria - aterro ferroviário máximo = 4,70 m","m",24311.06]
[605533,"Bueiro metálico sem interrupção de tráfego - D = 3,00 m - chapa galvanizada - escavado em material de 2ª categoria - aterro rodoviário máximo = 3,60 m","m",20102.490000000002]
[605824,"Bueiro metálico sem interrupção de tráfego - D = 3,00 m - chapa galvanizada - escavado em material de 3ª categoria - aterro ferroviário máximo = 4,70 m","m",30206.98]
[605553,"Bueiro metálico sem interrupção de tráfego - D = 3,00 m - chapa galvanizada - escavado em material de 3ª categoria - aterro rodoviário máximo = 3,60 m","m",25998.41]
[605845,"Bueiro metálico sem interrupção de tráfego - D = 3,20 m - chapa com epóxi - escavado em material de 1ª categoria - aterro ferroviário máximo = 4,00 m","m",24754.84]
[605581,"Bueiro metálico sem interrupção de tráfego - D = 3,20 m - chapa com epóxi - escavado em material de 1ª categoria - aterro rodoviário máximo = 4,80 m","m",21737.56]
[605888,"Bueiro metálico sem interrupção de tráfego - D = 3,20 m - chapa com epóxi - escavado em material de 2ª categoria - aterro ferroviário máximo = 4,00 m","m",27782.61]
[605592,"Bueiro metálico sem interrupção de tráfego - D = 3,20 m - chapa com epóxi - escavado em material de 2ª categoria - aterro rodoviário máximo = 4,80 m","m",24765.33]
[605903,"Bueiro metálico sem interrupção de tráfego - D = 3,20 m - chapa com epóxi - escavado em material de 3ª categoria - aterro ferroviário máximo = 4,00 m","m",34438.550000000003]
[605603,"Bueiro metálico sem interrupção de tráfego - D = 3,20 m - chapa com epóxi - escavado em material de 3ª categoria - aterro rodoviário máximo = 4,80 m","m",31421.27]
[605771,"Bueiro metálico sem interrupção de tráfego - D = 3,20 m - chapa galvanizada - escavado em material de 1ª categoria - aterro ferroviário máximo = 4,00 m","m",23482.86]
[605514,"Bueiro metálico sem interrupção de tráfego - D = 3,20 m - chapa galvanizada - escavado em material de 1ª categoria - aterro rodoviário máximo = 4,80 m","m",21069.9]
[605805,"Bueiro metálico sem interrupção de tráfego - D = 3,20 m - chapa galvanizada - escavado em material de 2ª categoria - aterro ferroviário máximo = 4,00 m","m",26510.63]
[605534,"Bueiro metálico sem interrupção de tráfego - D = 3,20 m - chapa galvanizada - escavado em material de 2ª categoria - aterro rodoviário máximo = 4,80 m","m",24097.67]
[605825,"Bueiro metálico sem interrupção de tráfego - D = 3,20 m - chapa galvanizada - escavado em material de 3ª categoria - aterro ferroviário máximo = 4,00 m","m",33166.559999999998]
[605554,"Bueiro metálico sem interrupção de tráfego - D = 3,20 m - chapa galvanizada - escavado em material de 3ª categoria - aterro rodoviário máximo = 4,80 m","m",30753.61]
[605772,"Bueiro metálico sem interrupção de tráfego - D = 3,40 m - chapa galvanizada - escavado em material de 1ª categoria - aterro ferroviário máximo = 7,00 m","m",27436.15]
[605515,"Bueiro metálico sem interrupção de tráfego - D = 3,40 m - chapa galvanizada - escavado em material de 1ª categoria - aterro rodoviário máximo = 4,50 m","m",22912.73]
[605806,"Bueiro metálico sem interrupção de tráfego - D = 3,40 m - chapa galvanizada - escavado em material de 2ª categoria - aterro ferroviário máximo = 7,00 m","m",30830.6]
[605535,"Bueiro metálico sem interrupção de tráfego - D = 3,40 m - chapa galvanizada - escavado em material de 2ª categoria - aterro rodoviário máximo = 4,50 m","m",26307.19]
[605826,"Bueiro metálico sem interrupção de tráfego - D = 3,40 m - chapa galvanizada - escavado em material de 3ª categoria - aterro ferroviário máximo = 7,00 m","m",38292.629999999997]
[605555,"Bueiro metálico sem interrupção de tráfego - D = 3,40 m - chapa galvanizada - escavado em material de 3ª categoria - aterro rodoviário máximo = 4,50 m","m",33769.21]
[605773,"Bueiro metálico sem interrupção de tráfego - D = 3,60 m - chapa galvanizada - escavado em material de 1ª categoria - aterro ferroviário máximo = 6,60 m","m",29121.59]
[605516,"Bueiro metálico sem interrupção de tráfego - D = 3,60 m - chapa galvanizada - escavado em material de 1ª categoria - aterro rodoviário máximo = 4,30 m","m",24297.48]
[605807,"Bueiro metálico sem interrupção de tráfego - D = 3,60 m - chapa galvanizada - escavado em material de 2ª categoria - aterro ferroviário máximo = 6,60 m","m",32903.68]
[605536,"Bueiro metálico sem interrupção de tráfego - D = 3,60 m - chapa galvanizada - escavado em material de 2ª categoria - aterro rodoviário máximo = 4,30 m","m",28079.58]
[605827,"Bueiro metálico sem interrupção de tráfego - D = 3,60 m - chapa galvanizada - escavado em material de 3ª categoria - aterro ferroviário máximo = 6,60 m","m",41217.85]
[605556,"Bueiro metálico sem interrupção de tráfego - D = 3,60 m - chapa galvanizada - escavado em material de 3ª categoria - aterro rodoviário máximo = 4,30 m","m",36393.75]
[605774,"Bueiro metálico sem interrupção de tráfego - D = 3,80 m - chapa galvanizada - escavado em material de 1ª categoria - aterro ferroviário máximo = 6,20 m","m",31319.439999999999]
[605517,"Bueiro metálico sem interrupção de tráfego - D = 3,80 m - chapa galvanizada - escavado em material de 1ª categoria - aterro rodoviário máximo = 4,00 m","m",26125.5]
[605808,"Bueiro metálico sem interrupção de tráfego - D = 3,80 m - chapa galvanizada - escavado em material de 2ª categoria - aterro ferroviário máximo = 6,20 m","m",35510.129999999997]
[605537,"Bueiro metálico sem interrupção de tráfego - D = 3,80 m - chapa galvanizada - escavado em material de 2ª categoria - aterro rodoviário máximo = 4,00 m","m",30316.18]
[605828,"Bueiro metálico sem interrupção de tráfego - D = 3,80 m - chapa galvanizada - escavado em material de 3ª categoria - aterro ferroviário máximo = 6,20 m","m",44722.5]
[605557,"Bueiro metálico sem interrupção de tráfego - D = 3,80 m - chapa galvanizada - escavado em material de 3ª categoria - aterro rodoviário máximo = 4,00 m","m",39528.559999999998]
[605775,"Bueiro metálico sem interrupção de tráfego - D = 4,00 m - chapa galvanizada - escavado em material de 1ª categoria - aterro ferroviário máximo = 5,10 m","m",32985.93]
[605518,"Bueiro metálico sem interrupção de tráfego - D = 4,00 m - chapa galvanizada - escavado em material de 1ª categoria - aterro rodoviário máximo = 3,10 m","m",27610.69]
[605809,"Bueiro metálico sem interrupção de tráfego - D = 4,00 m - chapa galvanizada - escavado em material de 2ª categoria - aterro ferroviário máximo = 5,10 m","m",37606.160000000003]
[605538,"Bueiro metálico sem interrupção de tráfego - D = 4,00 m - chapa galvanizada - escavado em material de 2ª categoria - aterro rodoviário máximo = 3,10 m","m",32230.92]
[605829,"Bueiro metálico sem interrupção de tráfego - D = 4,00 m - chapa galvanizada - escavado em material de 3ª categoria - aterro ferroviário máximo = 5,10 m","m",47762.8]
[605558,"Bueiro metálico sem interrupção de tráfego - D = 4,00 m - chapa galvanizada - escavado em material de 3ª categoria - aterro rodoviário máximo = 3,10 m","m",42387.56]
[605776,"Bueiro metálico sem interrupção de tráfego - D = 4,20 m - chapa galvanizada - escavado em material de 1ª categoria - aterro ferroviário máximo = 4,80 m","m",35177.47]
[605519,"Bueiro metálico sem interrupção de tráfego - D = 4,20 m - chapa galvanizada - escavado em material de 1ª categoria - aterro rodoviário máximo = 4,40 m","m",32760.74]
[605810,"Bueiro metálico sem interrupção de tráfego - D = 4,20 m - chapa galvanizada - escavado em material de 2ª categoria - aterro ferroviário máximo = 4,80 m","m",40248.199999999997]
[605539,"Bueiro metálico sem interrupção de tráfego - D = 4,20 m - chapa galvanizada - escavado em material de 2ª categoria - aterro rodoviário máximo = 4,40 m","m",37831.47]
[605830,"Bueiro metálico sem interrupção de tráfego - D = 4,20 m - chapa galvanizada - escavado em material de 3ª categoria - aterro ferroviário máximo = 4,80 m","m",51395.18]
[605559,"Bueiro metálico sem interrupção de tráfego - D = 4,20 m - chapa galvanizada - escavado em material de 3ª categoria - aterro rodoviário máximo = 4,40 m","m",48978.44]
[605777,"Bueiro metálico sem interrupção de tráfego - D = 4,40 m - chapa galvanizada - escavado em material de 1ª categoria - aterro ferroviário máximo = 4,20 m","m",37451.82]
[605520,"Bueiro metálico sem interrupção de tráfego - D = 4,40 m - chapa galvanizada - escavado em material de 1ª categoria - aterro rodoviário máximo = 4,20 m","m",34950.480000000003]
[605811,"Bueiro metálico sem interrupção de tráfego - D = 4,40 m - chapa galvanizada - escavado em material de 2ª categoria - aterro ferroviário máximo = 4,20 m","m",42994.01]
[605540,"Bueiro metálico sem interrupção de tráfego - D = 4,40 m - chapa galvanizada - escavado em material de 2ª categoria - aterro rodoviário máximo = 4,20 m","m",40492.660000000003]
[605831,"Bueiro metálico sem interrupção de tráfego - D = 4,40 m - chapa galvanizada - escavado em material de 3ª categoria - aterro ferroviário máximo = 4,20 m","m",55177.37]
[605560,"Bueiro metálico sem interrupção de tráfego - D = 4,40 m - chapa galvanizada - escavado em material de 3ª categoria - aterro rodoviário máximo = 4,20 m","m",52676.03]
[605778,"Bueiro metálico sem interrupção de tráfego - D = 4,60 m - chapa galvanizada - escavado em material de 1ª categoria - aterro ferroviário máximo = 4,00 m","m",39784.44]
[605521,"Bueiro metálico sem interrupção de tráfego - D = 4,60 m - chapa galvanizada - escavado em material de 1ª categoria - aterro rodoviário máximo = 4,00 m","m",37157.440000000002]
[605812,"Bueiro metálico sem interrupção de tráfego - D = 4,60 m - chapa galvanizada - escavado em material de 2ª categoria - aterro ferroviário máximo = 4,00 m","m",45819.03]
[605541,"Bueiro metálico sem interrupção de tráfego - D = 4,60 m - chapa galvanizada - escavado em material de 2ª categoria - aterro rodoviário máximo = 4,00 m","m",43192.03]
[605832,"Bueiro metálico sem interrupção de tráfego - D = 4,60 m - chapa galvanizada - escavado em material de 3ª categoria - aterro ferroviário máximo = 4,00 m","m",59084.84]
[605561,"Bueiro metálico sem interrupção de tráfego - D = 4,60 m - chapa galvanizada - escavado em material de 3ª categoria - aterro rodoviário máximo = 4,00 m","m",56457.84]
[605779,"Bueiro metálico sem interrupção de tráfego - D = 4,80 m - chapa galvanizada - escavado em material de 1ª categoria - aterro ferroviário máximo = 5,10 m","m",44994.94]
[605522,"Bueiro metálico sem interrupção de tráfego - D = 4,80 m - chapa galvanizada - escavado em material de 1ª categoria - aterro rodoviário máximo = 5,50 m","m",41689.599999999999]
[605813,"Bueiro metálico sem interrupção de tráfego - D = 4,80 m - chapa galvanizada - escavado em material de 2ª categoria - aterro ferroviário máximo = 5,10 m","m",51542.879999999997]
[605542,"Bueiro metálico sem interrupção de tráfego - D = 4,80 m - chapa galvanizada - escavado em material de 2ª categoria - aterro rodoviário máximo = 5,50 m","m",48237.55]
[605833,"Bueiro metálico sem interrupção de tráfego - D = 4,80 m - chapa galvanizada - escavado em material de 3ª categoria - aterro ferroviário máximo = 5,10 m","m",65937.210000000006]
[605562,"Bueiro metálico sem interrupção de tráfego - D = 4,80 m - chapa galvanizada - escavado em material de 3ª categoria - aterro rodoviário máximo = 5,50 m","m",62631.88]
[605780,"Bueiro metálico sem interrupção de tráfego - D = 5,00 m - chapa galvanizada - escavado em material de 1ª categoria - aterro ferroviário máximo = 4,80 m","m",48705.37]
[605523,"Bueiro metálico sem interrupção de tráfego - D = 5,00 m - chapa galvanizada - escavado em material de 1ª categoria - aterro rodoviário máximo = 5,30 m","m",44127.19]
[605814,"Bueiro metálico sem interrupção de tráfego - D = 5,00 m - chapa galvanizada - escavado em material de 2ª categoria - aterro ferroviário máximo = 4,80 m","m",55787.63]
[605543,"Bueiro metálico sem interrupção de tráfego - D = 5,00 m - chapa galvanizada - escavado em material de 2ª categoria - aterro rodoviário máximo = 5,30 m","m",51209.45]
[605834,"Bueiro metálico sem interrupção de tráfego - D = 5,00 m - chapa galvanizada - escavado em material de 3ª categoria - aterro ferroviário máximo = 4,80 m","m",71356.539999999994]
[605563,"Bueiro metálico sem interrupção de tráfego - D = 5,00 m - chapa galvanizada - escavado em material de 3ª categoria - aterro rodoviário máximo = 5,30 m","m",66778.37]
[605606,"Sistema de escoramento telescópico regulável para tunnel liner","m³",13.47]
[705314,"Boca de BDCC 1,50 x 1,50 m - esconsidade 0° - areia e brita comerciais","un",13691.92]
[705312,"Boca de BDCC 1,50 x 1,50 m - esconsidade 0° - areia extraída e brita produzida","un",12494.09]
[705316,"Boca de BDCC 1,50 x 1,50 m - esconsidade 15° - areia e brita comerciais","un",15000.99]
[705315,"Boca de BDCC 1,50 x 1,50 m - esconsidade 15° - areia extraída e brita produzida","un",13708.72]
[705318,"Boca de BDCC 1,50 x 1,50 m - esconsidade 30° - areia e brita comerciais","un",16040.76]
[705317,"Boca de BDCC 1,50 x 1,50 m - esconsidade 30° - areia extraída e brita produzida","un",14584.32]
[705320,"Boca de BDCC 1,50 x 1,50 m - esconsidade 45° - areia e brita comerciais","un",20101.25]
[705319,"Boca de BDCC 1,50 x 1,50 m - esconsidade 45° - areia extraída e brita produzida","un",18318.77]
[705322,"Boca de BDCC 2,00 x 2,00 m - esconsidade 0° - areia e brita comerciais","un",21137.82]
[705321,"Boca de BDCC 2,00 x 2,00 m - esconsidade 0° - areia extraída e brita produzida","un",19124.259999999998]
[705324,"Boca de BDCC 2,00 x 2,00 m - esconsidade 15° - areia e brita comerciais","un",23192.47]
[705323,"Boca de BDCC 2,00 x 2,00 m - esconsidade 15° - areia extraída e brita produzida","un",21035.09]
[705326,"Boca de BDCC 2,00 x 2,00 m - esconsidade 30° - areia e brita comerciais","un",24938.03]
[705325,"Boca de BDCC 2,00 x 2,00 m - esconsidade 30° - areia extraída e brita produzida","un",22576.34]
[705328,"Boca de BDCC 2,00 x 2,00 m - esconsidade 45° - areia e brita comerciais","un",31624.639999999999]
[705327,"Boca de BDCC 2,00 x 2,00 m - esconsidade 45° - areia extraída e brita produzida","un",28694.7]
[705330,"Boca de BDCC 2,50 x 2,50 m - esconsidade 0° - areia e brita comerciais","un",29520.42]
[705329,"Boca de BDCC 2,50 x 2,50 m - esconsidade 0° - areia extraída e brita produzida","un",26591.22]
[705332,"Boca de BDCC 2,50 x 2,50 m - esconsidade 15° - areia e brita comerciais","un",31904.19]
[705331,"Boca de BDCC 2,50 x 2,50 m - esconsidade 15° - areia extraída e brita produzida","un",28916.23]
[705334,"Boca de BDCC 2,50 x 2,50 m - esconsidade 30° - areia e brita comerciais","un",33832.800000000003]
[705333,"Boca de BDCC 2,50 x 2,50 m - esconsidade 30° - areia extraída e brita produzida","un",30872.38]
[705336,"Boca de BDCC 2,50 x 2,50 m - esconsidade 45° - areia e brita comerciais","un",45613.56]
[705335,"Boca de BDCC 2,50 x 2,50 m - esconsidade 45° - areia extraída e brita produzida","un",41487.32]
[705338,"Boca de BDCC 3,00 x 3,00 m - esconsidade 0° - areia e brita comerciais","un",42537.03]
[705337,"Boca de BDCC 3,00 x 3,00 m - esconsidade 0° - areia extraída e brita produzida","un",38269.230000000003]
[705340,"Boca de BDCC 3,00 x 3,00 m - esconsidade 15° - areia e brita comerciais","un",45816.09]
[705339,"Boca de BDCC 3,00 x 3,00 m - esconsidade 15° - areia extraída e brita produzida","un",41502.589999999997]
[705342,"Boca de BDCC 3,00 x 3,00 m - esconsidade 30° - areia e brita comerciais","un",51958.65]
[705341,"Boca de BDCC 3,00 x 3,00 m - esconsidade 30° - areia extraída e brita produzida","un",47161.21]
[705344,"Boca de BDCC 3,00 x 3,00 m - esconsidade 45° - areia e brita comerciais","un",65776.72]
[705343,"Boca de BDCC 3,00 x 3,00 m - esconsidade 45° - areia extraída e brita produzida","un",59899.62]
[705225,"Boca de BSCC 1,50 x 1,50 m - esconsidade 0° - areia e brita comerciais","un",11759.67]
[705224,"Boca de BSCC 1,50 x 1,50 m - esconsidade 0° - areia extraída e brita produzida","un",10656.19]
[705227,"Boca de BSCC 1,50 x 1,50 m - esconsidade 15° - areia e brita comerciais","un",12136.75]
[705226,"Boca de BSCC 1,50 x 1,50 m - esconsidade 15° - areia extraída e brita produzida","un",11125.64]
[705229,"Boca de BSCC 1,50 x 1,50 m - esconsidade 30° - areia e brita comerciais","un",13084.89]
[705228,"Boca de BSCC 1,50 x 1,50 m - esconsidade 30° - areia extraída e brita produzida","un",11917.78]
[705231,"Boca de BSCC 1,50 x 1,50 m - esconsidade 45° - areia e brita comerciais","un",16276.2]
[705230,"Boca de BSCC 1,50 x 1,50 m - esconsidade 45° - areia extraída e brita produzida","un",14909.65]
[705233,"Boca de BSCC 2,00 x 2,00 m - esconsidade 0° - areia e brita comerciais","un",18254.23]
[705232,"Boca de BSCC 2,00 x 2,00 m - esconsidade 0° - areia extraída e brita produzida","un",16498.66]
[705235,"Boca de BSCC 2,00 x 2,00 m - esconsidade 15° - areia e brita comerciais","un",18702.240000000002]
[705234,"Boca de BSCC 2,00 x 2,00 m - esconsidade 15° - areia extraída e brita produzida","un",17065.05]
[705237,"Boca de BSCC 2,00 x 2,00 m - esconsidade 30° - areia e brita comerciais","un",20269.77]
[705236,"Boca de BSCC 2,00 x 2,00 m - esconsidade 30° - areia extraída e brita produzida","un",18432.41]
[705239,"Boca de BSCC 2,00 x 2,00 m - esconsidade 45° - areia e brita comerciais","un",25852.42]
[705238,"Boca de BSCC 2,00 x 2,00 m - esconsidade 45° - areia extraída e brita produzida","un",23555.21]
[705241,"Boca de BSCC 2,50 x 2,50 m - esconsidade 0° - areia e brita comerciais","un",24647.27]
[705240,"Boca de BSCC 2,50 x 2,50 m - esconsidade 0° - areia extraída e brita produzida","un",22235.08]
[705243,"Boca de BSCC 2,50 x 2,50 m - esconsidade 15° - areia e brita comerciais","un",26060.85]
[705242,"Boca de BSCC 2,50 x 2,50 m - esconsidade 15° - areia extraída e brita produzida","un",23644.5]
[705245,"Boca de BSCC 2,50 x 2,50 m - esconsidade 30° - areia e brita comerciais","un",28876.28]
[705244,"Boca de BSCC 2,50 x 2,50 m - esconsidade 30° - areia extraída e brita produzida","un",26298.16]
[705247,"Boca de BSCC 2,50 x 2,50 m - esconsidade 45° - areia e brita comerciais","un",36503.18]
[705246,"Boca de BSCC 2,50 x 2,50 m - esconsidade 45° - areia extraída e brita produzida","un",33344.36]
[705249,"Boca de BSCC 3,00 x 3,00 m - esconsidade 0° - areia e brita comerciais","un",34926.75]
[705248,"Boca de BSCC 3,00 x 3,00 m - esconsidade 0° - areia extraída e brita produzida","un",31428.71]
[705251,"Boca de BSCC 3,00 x 3,00 m - esconsidade 15° - areia e brita comerciais","un",36885.06]
[705250,"Boca de BSCC 3,00 x 3,00 m - esconsidade 15° - areia extraída e brita produzida","un",33379.980000000003]
[705253,"Boca de BSCC 3,00 x 3,00 m - esconsidade 30° - areia e brita comerciais","un",40361.24]
[705252,"Boca de BSCC 3,00 x 3,00 m - esconsidade 30° - areia extraída e brita produzida","un",36548.92]
[705255,"Boca de BSCC 3,00 x 3,00 m - esconsidade 45° - areia e brita comerciais","un",50958.51]
[705254,"Boca de BSCC 3,00 x 3,00 m - esconsidade 45° - areia extraída e brita produzida","un",46348.23]
[705403,"Boca de BTCC 1,50 x 1,50 m - esconsidade 0° - areia e brita comerciais","un",17106.68]
[705402,"Boca de BTCC 1,50 x 1,50 m - esconsidade 0° - areia extraída e brita produzida","un",15502.3]
[705405,"Boca de BTCC 1,50 x 1,50 m - esconsidade 15° - areia e brita comerciais","un",18483.169999999998]
[705404,"Boca de BTCC 1,50 x 1,50 m - esconsidade 15° - areia extraída e brita produzida","un",16859.04]
[705407,"Boca de BTCC 1,50 x 1,50 m - esconsidade 30° - areia e brita comerciais","un",19411.98]
[705406,"Boca de BTCC 1,50 x 1,50 m - esconsidade 30° - areia extraída e brita produzida","un",17602.990000000002]
[705409,"Boca de BTCC 1,50 x 1,50 m - esconsidade 45° - areia e brita comerciais","un",24422.959999999999]
[705408,"Boca de BTCC 1,50 x 1,50 m - esconsidade 45° - areia extraída e brita produzida","un",22194.47]
[705411,"Boca de BTCC 2,00 x 2,00 m - esconsidade 0° - areia e brita comerciais","un",25897.27]
[705410,"Boca de BTCC 2,00 x 2,00 m - esconsidade 0° - areia extraída e brita produzida","un",23310.63]
[705413,"Boca de BTCC 2,00 x 2,00 m - esconsidade 15° - areia e brita comerciais","un",27857.46]
[705412,"Boca de BTCC 2,00 x 2,00 m - esconsidade 15° - areia extraída e brita produzida","un",25265.8]
[705415,"Boca de BTCC 2,00 x 2,00 m - esconsidade 30° - areia e brita comerciais","un",30699.66]
[705414,"Boca de BTCC 2,00 x 2,00 m - esconsidade 30° - areia extraída e brita produzida","un",27779.49]
[705417,"Boca de BTCC 2,00 x 2,00 m - esconsidade 45° - areia e brita comerciais","un",38840.230000000003]
[705416,"Boca de BTCC 2,00 x 2,00 m - esconsidade 45° - areia extraída e brita produzida","un",35245.74]
[705419,"Boca de BTCC 2,50 x 2,50 m - esconsidade 0° - areia e brita comerciais","un",36584.6]
[705418,"Boca de BTCC 2,50 x 2,50 m - esconsidade 0° - areia extraída e brita produzida","un",32969.269999999997]
[705421,"Boca de BTCC 2,50 x 2,50 m - esconsidade 15° - areia e brita comerciais","un",39352.21]
[705420,"Boca de BTCC 2,50 x 2,50 m - esconsidade 15° - areia extraída e brita produzida","un",35716.57]
[705423,"Boca de BTCC 2,50 x 2,50 m - esconsidade 30° - areia e brita comerciais","un",44754.55]
[705422,"Boca de BTCC 2,50 x 2,50 m - esconsidade 30° - areia extraída e brita produzida","un",40686.69]
[705425,"Boca de BTCC 2,50 x 2,50 m - esconsidade 45° - areia e brita comerciais","un",56601.79]
[705424,"Boca de BTCC 2,50 x 2,50 m - esconsidade 45° - areia extraída e brita produzida","un",51610.12]
[705427,"Boca de BTCC 3,00 x 3,00 m - esconsidade 0° - areia e brita comerciais","un",51607.03]
[705426,"Boca de BTCC 3,00 x 3,00 m - esconsidade 0° - areia extraída e brita produzida","un",46378.31]
[705429,"Boca de BTCC 3,00 x 3,00 m - esconsidade 15° - areia e brita comerciais","un",53426.57]
[705428,"Boca de BTCC 3,00 x 3,00 m - esconsidade 15° - areia extraída e brita produzida","un",48277.97]
[705431,"Boca de BTCC 3,00 x 3,00 m - esconsidade 30° - areia e brita comerciais","un",64129.9]
[705430,"Boca de BTCC 3,00 x 3,00 m - esconsidade 30° - areia extraída e brita produzida","un",58384.21]
[705433,"Boca de BTCC 3,00 x 3,00 m - esconsidade 45° - areia e brita comerciais","un",81248.78]
[705432,"Boca de BTCC 3,00 x 3,00 m - esconsidade 45° - areia extraída e brita produzida","un",74132.210000000006]
[705257,"Corpo de BDCC 1,50 x 1,50 m - moldado no local - altura do aterro 0,00 a 1,00 m - areia e brita comerciais","m",4104.01]
[705256,"Corpo de BDCC 1,50 x 1,50 m - moldado no local - altura do aterro 0,00 a 1,00 m - areia extraída e brita produzida","m",3777.71]
[705259,"Corpo de BDCC 1,50 x 1,50 m - moldado no local - altura do aterro 1,00 a 2,50 m - areia e brita comerciais","m",3608.85]
[705258,"Corpo de BDCC 1,50 x 1,50 m - moldado no local - altura do aterro 1,00 a 2,50 m - areia extraída e brita produzida","m",3282.54]
[705267,"Corpo de BDCC 1,50 x 1,50 m - moldado no local - altura do aterro 10,00 a 12,50 m - areia e brita comerciais","m",5113.41]
[705266,"Corpo de BDCC 1,50 x 1,50 m - moldado no local - altura do aterro 10,00 a 12,50 m - areia extraída e brita produzida","m",4682.0600000000004]
[705269,"Corpo de BDCC 1,50 x 1,50 m - moldado no local - altura do aterro 12,50 a 15,00 m - areia e brita comerciais","m",5355.42]
[705268,"Corpo de BDCC 1,50 x 1,50 m - moldado no local - altura do aterro 12,50 a 15,00 m - areia extraída e brita produzida","m",4924.07]
[705261,"Corpo de BDCC 1,50 x 1,50 m - moldado no local - altura do aterro 2,50 a 5,00 m - areia e brita comerciais","m",3839.13]
[705260,"Corpo de BDCC 1,50 x 1,50 m - moldado no local - altura do aterro 2,50 a 5,00 m - areia extraída e brita produzida","m",3512.82]
[705263,"Corpo de BDCC 1,50 x 1,50 m - moldado no local - altura do aterro 5,00 a 7,50 m - areia e brita comerciais","m",4294.26]
[705262,"Corpo de BDCC 1,50 x 1,50 m - moldado no local - altura do aterro 5,00 a 7,50 m - areia extraída e brita produzida","m",3967.96]
[705265,"Corpo de BDCC 1,50 x 1,50 m - moldado no local - altura do aterro 7,50 a 10,00 m - areia e brita comerciais","m",4685.46]
[705264,"Corpo de BDCC 1,50 x 1,50 m - moldado no local - altura do aterro 7,50 a 10,00 m - areia extraída e brita produzida","m",4359.1499999999996]
[705271,"Corpo de BDCC 2,00 x 2,00 m - moldado no local - altura do aterro 0,00 a 1,00 m - areia e brita comerciais","m",5883.81]
[705270,"Corpo de BDCC 2,00 x 2,00 m - moldado no local - altura do aterro 0,00 a 1,00 m - areia extraída e brita produzida","m",5461.83]
[705273,"Corpo de BDCC 2,00 x 2,00 m - moldado no local - altura do aterro 1,00 a 2,50 m - areia e brita comerciais","m",5277.63]
[705272,"Corpo de BDCC 2,00 x 2,00 m - moldado no local - altura do aterro 1,00 a 2,50 m - areia extraída e brita produzida","m",4855.6499999999996]
[705281,"Corpo de BDCC 2,00 x 2,00 m - moldado no local - altura do aterro 10,00 a 12,50 m - areia e brita comerciais","m",7996.66]
[705280,"Corpo de BDCC 2,00 x 2,00 m - moldado no local - altura do aterro 10,00 a 12,50 m - areia extraída e brita produzida","m",7317.77]
[705283,"Corpo de BDCC 2,00 x 2,00 m - moldado no local - altura do aterro 12,50 a 15,00 m - areia e brita comerciais","m",8186.33]
[705282,"Corpo de BDCC 2,00 x 2,00 m - moldado no local - altura do aterro 12,50 a 15,00 m - areia extraída e brita produzida","m",7507.45]
[705275,"Corpo de BDCC 2,00 x 2,00 m - moldado no local - altura do aterro 2,50 a 5,00 m - areia e brita comerciais","m",5873.66]
[705274,"Corpo de BDCC 2,00 x 2,00 m - moldado no local - altura do aterro 2,50 a 5,00 m - areia extraída e brita produzida","m",5451.68]
[705277,"Corpo de BDCC 2,00 x 2,00 m - moldado no local - altura do aterro 5,00 a 7,50 m - areia e brita comerciais","m",6583.82]
[705276,"Corpo de BDCC 2,00 x 2,00 m - moldado no local - altura do aterro 5,00 a 7,50 m - areia extraída e brita produzida","m",6032.64]
[705279,"Corpo de BDCC 2,00 x 2,00 m - moldado no local - altura do aterro 7,50 a 10,00 m - areia e brita comerciais","m",7418.2]
[705278,"Corpo de BDCC 2,00 x 2,00 m - moldado no local - altura do aterro 7,50 a 10,00 m - areia extraída e brita produzida","m",6867.02]
[705285,"Corpo de BDCC 2,50 x 2,50 m - moldado no local - altura do aterro 0,00 a 1,00 m - areia e brita comerciais","m",7565.6]
[705284,"Corpo de BDCC 2,50 x 2,50 m - moldado no local - altura do aterro 0,00 a 1,00 m - areia extraída e brita produzida","m",7035.16]
[705287,"Corpo de BDCC 2,50 x 2,50 m - moldado no local - altura do aterro 1,00 a 2,50 m - areia e brita comerciais","m",6966.33]
[705286,"Corpo de BDCC 2,50 x 2,50 m - moldado no local - altura do aterro 1,00 a 2,50 m - areia extraída e brita produzida","m",6435.89]
[705295,"Corpo de BDCC 2,50 x 2,50 m - moldado no local - altura do aterro 10,00 a 12,50 m - areia e brita comerciais","m",10461.08]
[705294,"Corpo de BDCC 2,50 x 2,50 m - moldado no local - altura do aterro 10,00 a 12,50 m - areia extraída e brita produzida","m",9643.9]
[705297,"Corpo de BDCC 2,50 x 2,50 m - moldado no local - altura do aterro 12,50 a 15,00 m - areia e brita comerciais","m",11245.96]
[705296,"Corpo de BDCC 2,50 x 2,50 m - moldado no local - altura do aterro 12,50 a 15,00 m - areia extraída e brita produzida","m",10428.780000000001]
[705289,"Corpo de BDCC 2,50 x 2,50 m - moldado no local - altura do aterro 2,50 a 5,00 m - areia e brita comerciais","m",7838.97]
[705288,"Corpo de BDCC 2,50 x 2,50 m - moldado no local - altura do aterro 2,50 a 5,00 m - areia extraída e brita produzida","m",7167.97]
[705291,"Corpo de BDCC 2,50 x 2,50 m - moldado no local - altura do aterro 5,00 a 7,50 m - areia e brita comerciais","m",8843.33]
[705290,"Corpo de BDCC 2,50 x 2,50 m - moldado no local - altura do aterro 5,00 a 7,50 m - areia extraída e brita produzida","m",8172.33]
[705293,"Corpo de BDCC 2,50 x 2,50 m - moldado no local - altura do aterro 7,50 a 10,00 m - areia e brita comerciais","m",9538.0400000000009]
[705292,"Corpo de BDCC 2,50 x 2,50 m - moldado no local - altura do aterro 7,50 a 10,00 m - areia extraída e brita produzida","m",8720.86]
[705299,"Corpo de BDCC 3,00 x 3,00 m - moldado no local - altura do aterro 0,00 a 1,00 m - areia e brita comerciais","m",9752.36]
[705298,"Corpo de BDCC 3,00 x 3,00 m - moldado no local - altura do aterro 0,00 a 1,00 m - areia extraída e brita produzida","m",8961.5300000000007]
[705301,"Corpo de BDCC 3,00 x 3,00 m - moldado no local - altura do aterro 1,00 a 2,50 m - areia e brita comerciais","m",9181.48]
[705300,"Corpo de BDCC 3,00 x 3,00 m - moldado no local - altura do aterro 1,00 a 2,50 m - areia extraída e brita produzida","m",8390.66]
[705309,"Corpo de BDCC 3,00 x 3,00 m - moldado no local - altura do aterro 10,00 a 12,50 m - areia e brita comerciais","m",14479.86]
[705308,"Corpo de BDCC 3,00 x 3,00 m - moldado no local - altura do aterro 10,00 a 12,50 m - areia extraída e brita produzida","m",13298.61]
[705311,"Corpo de BDCC 3,00 x 3,00 m - moldado no local - altura do aterro 12,50 a 15,00 m - areia e brita comerciais","m",14390.17]
[705310,"Corpo de BDCC 3,00 x 3,00 m - moldado no local - altura do aterro 12,50 a 15,00 m - areia extraída e brita produzida","m",13208.92]
[705303,"Corpo de BDCC 3,00 x 3,00 m - moldado no local - altura do aterro 2,50 a 5,00 m - areia e brita comerciais","m",9873.17]
[705302,"Corpo de BDCC 3,00 x 3,00 m - moldado no local - altura do aterro 2,50 a 5,00 m - areia extraída e brita produzida","m",8910.6]
[705305,"Corpo de BDCC 3,00 x 3,00 m - moldado no local - altura do aterro 5,00 a 7,50 m - areia e brita comerciais","m",11852.83]
[705304,"Corpo de BDCC 3,00 x 3,00 m - moldado no local - altura do aterro 5,00 a 7,50 m - areia extraída e brita produzida","m",10890.26]
[705307,"Corpo de BDCC 3,00 x 3,00 m - moldado no local - altura do aterro 7,50 a 10,00 m - areia e brita comerciais","m",13053.88]
[705306,"Corpo de BDCC 3,00 x 3,00 m - moldado no local - altura do aterro 7,50 a 10,00 m - areia extraída e brita produzida","m",11872.63]
[705169,"Corpo de BSCC 1,50 x 1,50 m - moldado no local - altura do aterro 0,00 a 1,00 m - areia e brita comerciais","m",2463.1799999999998]
[705168,"Corpo de BSCC 1,50 x 1,50 m - moldado no local - altura do aterro 0,00 a 1,00 m - areia extraída e brita produzida","m",2280.3000000000002]
[705171,"Corpo de BSCC 1,50 x 1,50 m - moldado no local - altura do aterro 1,00 a 2,50 m - areia e brita comerciais","m",2200.08]
[705170,"Corpo de BSCC 1,50 x 1,50 m - moldado no local - altura do aterro 1,00 a 2,50 m - areia extraída e brita produzida","m",2017.19]
[705179,"Corpo de BSCC 1,50 x 1,50 m - moldado no local - altura do aterro 10,00 a 12,50 m - areia e brita comerciais","m",3069.32]
[705178,"Corpo de BSCC 1,50 x 1,50 m - moldado no local - altura do aterro 10,00 a 12,50 m - areia extraída e brita produzida","m",2828.26]
[705181,"Corpo de BSCC 1,50 x 1,50 m - moldado no local - altura do aterro 12,50 a 15,00 m - areia e brita comerciais","m",3198.47]
[705180,"Corpo de BSCC 1,50 x 1,50 m - moldado no local - altura do aterro 12,50 a 15,00 m - areia extraída e brita produzida","m",2957.41]
[705173,"Corpo de BSCC 1,50 x 1,50 m - moldado no local - altura do aterro 2,50 a 5,00 m - areia e brita comerciais","m",2383.5700000000002]
[705172,"Corpo de BSCC 1,50 x 1,50 m - moldado no local - altura do aterro 2,50 a 5,00 m - areia extraída e brita produzida","m",2200.69]
[705175,"Corpo de BSCC 1,50 x 1,50 m - moldado no local - altura do aterro 5,00 a 7,50 m - areia e brita comerciais","m",2636.34]
[705174,"Corpo de BSCC 1,50 x 1,50 m - moldado no local - altura do aterro 5,00 a 7,50 m - areia extraída e brita produzida","m",2453.46]
[705177,"Corpo de BSCC 1,50 x 1,50 m - moldado no local - altura do aterro 7,50 a 10,00 m - areia e brita comerciais","m",2962.25]
[705176,"Corpo de BSCC 1,50 x 1,50 m - moldado no local - altura do aterro 7,50 a 10,00 m - areia extraída e brita produzida","m",2721.19]
[705183,"Corpo de BSCC 2,00 x 2,00 m - moldado no local - altura do aterro 0,00 a 1,00 m - areia e brita comerciais","m",3432.46]
[705182,"Corpo de BSCC 2,00 x 2,00 m - moldado no local - altura do aterro 0,00 a 1,00 m - areia extraída e brita produzida","m",3197.45]
[705185,"Corpo de BSCC 2,00 x 2,00 m - moldado no local - altura do aterro 1,00 a 2,50 m - areia e brita comerciais","m",3127.51]
[705184,"Corpo de BSCC 2,00 x 2,00 m - moldado no local - altura do aterro 1,00 a 2,50 m - areia extraída e brita produzida","m",2892.49]
[705193,"Corpo de BSCC 2,00 x 2,00 m - moldado no local - altura do aterro 10,00 a 12,50 m - areia e brita comerciais","m",4662.8500000000004]
[705192,"Corpo de BSCC 2,00 x 2,00 m - moldado no local - altura do aterro 10,00 a 12,50 m - areia extraída e brita produzida","m",4284.5]
[705195,"Corpo de BSCC 2,00 x 2,00 m - moldado no local - altura do aterro 12,50 a 15,00 m - areia e brita comerciais","m",4972.41]
[705194,"Corpo de BSCC 2,00 x 2,00 m - moldado no local - altura do aterro 12,50 a 15,00 m - areia extraída e brita produzida","m",4594.0600000000004]
[705187,"Corpo de BSCC 2,00 x 2,00 m - moldado no local - altura do aterro 2,50 a 5,00 m - areia e brita comerciais","m",3538.33]
[705186,"Corpo de BSCC 2,00 x 2,00 m - moldado no local - altura do aterro 2,50 a 5,00 m - areia extraída e brita produzida","m",3230.94]
[705189,"Corpo de BSCC 2,00 x 2,00 m - moldado no local - altura do aterro 5,00 a 7,50 m - areia e brita comerciais","m",3940.53]
[705188,"Corpo de BSCC 2,00 x 2,00 m - moldado no local - altura do aterro 5,00 a 7,50 m - areia extraída e brita produzida","m",3633.14]
[705191,"Corpo de BSCC 2,00 x 2,00 m - moldado no local - altura do aterro 7,50 a 10,00 m - areia e brita comerciais","m",4311.8900000000003]
[705190,"Corpo de BSCC 2,00 x 2,00 m - moldado no local - altura do aterro 7,50 a 10,00 m - areia extraída e brita produzida","m",3933.54]
[705197,"Corpo de BSCC 2,50 x 2,50 m - moldado no local - altura do aterro 0,00 a 1,00 m - areia e brita comerciais","m",4685.82]
[705196,"Corpo de BSCC 2,50 x 2,50 m - moldado no local - altura do aterro 0,00 a 1,00 m - areia extraída e brita produzida","m",4310.74]
[705199,"Corpo de BSCC 2,50 x 2,50 m - moldado no local - altura do aterro 1,00 a 2,50 m - areia e brita comerciais","m",4455.12]
[705198,"Corpo de BSCC 2,50 x 2,50 m - moldado no local - altura do aterro 1,00 a 2,50 m - areia extraída e brita produzida","m",4080.04]
[705207,"Corpo de BSCC 2,50 x 2,50 m - moldado no local - altura do aterro 10,00 a 12,50 m - areia e brita comerciais","m",6583.19]
[705206,"Corpo de BSCC 2,50 x 2,50 m - moldado no local - altura do aterro 10,00 a 12,50 m - areia extraída e brita produzida","m",6025]
[705209,"Corpo de BSCC 2,50 x 2,50 m - moldado no local - altura do aterro 12,50 a 15,00 m - areia e brita comerciais","m",7442.63]
[705208,"Corpo de BSCC 2,50 x 2,50 m - moldado no local - altura do aterro 12,50 a 15,00 m - areia extraída e brita produzida","m",6792.18]
[705201,"Corpo de BSCC 2,50 x 2,50 m - moldado no local - altura do aterro 2,50 a 5,00 m - areia e brita comerciais","m",5061.47]
[705200,"Corpo de BSCC 2,50 x 2,50 m - moldado no local - altura do aterro 2,50 a 5,00 m - areia extraída e brita produzida","m",4686.3900000000003]
[705203,"Corpo de BSCC 2,50 x 2,50 m - moldado no local - altura do aterro 5,00 a 7,50 m - areia e brita comerciais","m",5553.62]
[705202,"Corpo de BSCC 2,50 x 2,50 m - moldado no local - altura do aterro 5,00 a 7,50 m - areia extraída e brita produzida","m",5093.37]
[705205,"Corpo de BSCC 2,50 x 2,50 m - moldado no local - altura do aterro 7,50 a 10,00 m - areia e brita comerciais","m",6039.56]
[705204,"Corpo de BSCC 2,50 x 2,50 m - moldado no local - altura do aterro 7,50 a 10,00 m - areia extraída e brita produzida","m",5579.31]
[705211,"Corpo de BSCC 3,00 x 3,00 m - moldado no local - altura do aterro 0,00 a 1,00 m - areia e brita comerciais","m",5995.87]
[705210,"Corpo de BSCC 3,00 x 3,00 m - moldado no local - altura do aterro 0,00 a 1,00 m - areia extraída e brita produzida","m",5455.08]
[705213,"Corpo de BSCC 3,00 x 3,00 m - moldado no local - altura do aterro 1,00 a 2,50 m - areia e brita comerciais","m",5926.46]
[705212,"Corpo de BSCC 3,00 x 3,00 m - moldado no local - altura do aterro 1,00 a 2,50 m - areia extraída e brita produzida","m",5385.68]
[705221,"Corpo de BSCC 3,00 x 3,00 m - moldado no local - altura do aterro 10,00 a 12,50 m - areia e brita comerciais","m",9011.75]
[705220,"Corpo de BSCC 3,00 x 3,00 m - moldado no local - altura do aterro 10,00 a 12,50 m - areia extraída e brita produzida","m",8252.34]
[705223,"Corpo de BSCC 3,00 x 3,00 m - moldado no local - altura do aterro 12,50 a 15,00 m - areia e brita comerciais","m",9738.1200000000008]
[705222,"Corpo de BSCC 3,00 x 3,00 m - moldado no local - altura do aterro 12,50 a 15,00 m - areia extraída e brita produzida","m",8863.7199999999993]
[705215,"Corpo de BSCC 3,00 x 3,00 m - moldado no local - altura do aterro 2,50 a 5,00 m - areia e brita comerciais","m",6968.43]
[705214,"Corpo de BSCC 3,00 x 3,00 m - moldado no local - altura do aterro 2,50 a 5,00 m - areia extraída e brita produzida","m",6314.08]
[705217,"Corpo de BSCC 3,00 x 3,00 m - moldado no local - altura do aterro 5,00 a 7,50 m - areia e brita comerciais","m",7685.86]
[705216,"Corpo de BSCC 3,00 x 3,00 m - moldado no local - altura do aterro 5,00 a 7,50 m - areia extraída e brita produzida","m",7031.5]
[705219,"Corpo de BSCC 3,00 x 3,00 m - moldado no local - altura do aterro 7,50 a 10,00 m - areia e brita comerciais","m",8356.33]
[705218,"Corpo de BSCC 3,00 x 3,00 m - moldado no local - altura do aterro 7,50 a 10,00 m - areia extraída e brita produzida","m",7596.92]
[705346,"Corpo de BTCC 1,50 x 1,50 m - moldado no local - altura do aterro 0,00 a 1,00 m - areia e brita comerciais","m",5650.21]
[705345,"Corpo de BTCC 1,50 x 1,50 m - moldado no local - altura do aterro 0,00 a 1,00 m - areia extraída e brita produzida","m",5180.4799999999996]
[705348,"Corpo de BTCC 1,50 x 1,50 m - moldado no local - altura do aterro 1,00 a 2,50 m - areia e brita comerciais","m",5116.8999999999996]
[705347,"Corpo de BTCC 1,50 x 1,50 m - moldado no local - altura do aterro 1,00 a 2,50 m - areia extraída e brita produzida","m",4647.17]
[705356,"Corpo de BTCC 1,50 x 1,50 m - moldado no local - altura do aterro 10,00 a 12,50 m - areia e brita comerciais","m",7429.44]
[705355,"Corpo de BTCC 1,50 x 1,50 m - moldado no local - altura do aterro 10,00 a 12,50 m - areia extraída e brita produzida","m",6805.01]
[705358,"Corpo de BTCC 1,50 x 1,50 m - moldado no local - altura do aterro 12,50 a 15,00 m - areia e brita comerciais","m",7537.56]
[705357,"Corpo de BTCC 1,50 x 1,50 m - moldado no local - altura do aterro 12,50 a 15,00 m - areia extraída e brita produzida","m",6913.13]
[705350,"Corpo de BTCC 1,50 x 1,50 m - moldado no local - altura do aterro 2,50 a 5,00 m - areia e brita comerciais","m",5552.79]
[705349,"Corpo de BTCC 1,50 x 1,50 m - moldado no local - altura do aterro 2,50 a 5,00 m - areia extraída e brita produzida","m",5083.0600000000004]
[705352,"Corpo de BTCC 1,50 x 1,50 m - moldado no local - altura do aterro 5,00 a 7,50 m - areia e brita comerciais","m",5925.09]
[705351,"Corpo de BTCC 1,50 x 1,50 m - moldado no local - altura do aterro 5,00 a 7,50 m - areia extraída e brita produzida","m",5455.36]
[705354,"Corpo de BTCC 1,50 x 1,50 m - moldado no local - altura do aterro 7,50 a 10,00 m - areia e brita comerciais","m",6487.86]
[705353,"Corpo de BTCC 1,50 x 1,50 m - moldado no local - altura do aterro 7,50 a 10,00 m - areia extraída e brita produzida","m",6018.13]
[705360,"Corpo de BTCC 2,00 x 2,00 m - moldado no local - altura do aterro 0,00 a 1,00 m - areia e brita comerciais","m",8101.06]
[705359,"Corpo de BTCC 2,00 x 2,00 m - moldado no local - altura do aterro 0,00 a 1,00 m - areia extraída e brita produzida","m",7494.89]
[705362,"Corpo de BTCC 2,00 x 2,00 m - moldado no local - altura do aterro 1,00 a 2,50 m - areia e brita comerciais","m",7412.87]
[705361,"Corpo de BTCC 2,00 x 2,00 m - moldado no local - altura do aterro 1,00 a 2,50 m - areia extraída e brita produzida","m",6806.69]
[705370,"Corpo de BTCC 2,00 x 2,00 m - moldado no local - altura do aterro 10,00 a 12,50 m - areia e brita comerciais","m",10906.12]
[705369,"Corpo de BTCC 2,00 x 2,00 m - moldado no local - altura do aterro 10,00 a 12,50 m - areia extraída e brita produzida","m",9939.41]
[705372,"Corpo de BTCC 2,00 x 2,00 m - moldado no local - altura do aterro 12,50 a 15,00 m - areia e brita comerciais","m",11580.04]
[705371,"Corpo de BTCC 2,00 x 2,00 m - moldado no local - altura do aterro 12,50 a 15,00 m - areia extraída e brita produzida","m",10613.34]
[705364,"Corpo de BTCC 2,00 x 2,00 m - moldado no local - altura do aterro 2,50 a 5,00 m - areia e brita comerciais","m",8333.36]
[705363,"Corpo de BTCC 2,00 x 2,00 m - moldado no local - altura do aterro 2,50 a 5,00 m - areia extraída e brita produzida","m",7727.19]
[705366,"Corpo de BTCC 2,00 x 2,00 m - moldado no local - altura do aterro 5,00 a 7,50 m - areia e brita comerciais","m",9098.43]
[705365,"Corpo de BTCC 2,00 x 2,00 m - moldado no local - altura do aterro 5,00 a 7,50 m - areia extraída e brita produzida","m",8302.0499999999993]
[705368,"Corpo de BTCC 2,00 x 2,00 m - moldado no local - altura do aterro 7,50 a 10,00 m - areia e brita comerciais","m",10139.530000000001]
[705367,"Corpo de BTCC 2,00 x 2,00 m - moldado no local - altura do aterro 7,50 a 10,00 m - areia extraída e brita produzida","m",9343.15]
[705374,"Corpo de BTCC 2,50 x 2,50 m - moldado no local - altura do aterro 0,00 a 1,00 m - areia e brita comerciais","m",10695.57]
[705373,"Corpo de BTCC 2,50 x 2,50 m - moldado no local - altura do aterro 0,00 a 1,00 m - areia extraída e brita produzida","m",9926.0300000000007]
[705376,"Corpo de BTCC 2,50 x 2,50 m - moldado no local - altura do aterro 1,00 a 2,50 m - areia e brita comerciais","m",9650.27]
[705375,"Corpo de BTCC 2,50 x 2,50 m - moldado no local - altura do aterro 1,00 a 2,50 m - areia extraída e brita produzida","m",8880.7199999999993]
[705384,"Corpo de BTCC 2,50 x 2,50 m - moldado no local - altura do aterro 10,00 a 12,50 m - areia e brita comerciais","m",14416.06]
[705383,"Corpo de BTCC 2,50 x 2,50 m - moldado no local - altura do aterro 10,00 a 12,50 m - areia extraída e brita produzida","m",13240.53]
[705386,"Corpo de BTCC 2,50 x 2,50 m - moldado no local - altura do aterro 12,50 a 15,00 m - areia e brita comerciais","m",15486.08]
[705385,"Corpo de BTCC 2,50 x 2,50 m - moldado no local - altura do aterro 12,50 a 15,00 m - areia extraída e brita produzida","m",14310.56]
[705378,"Corpo de BTCC 2,50 x 2,50 m - moldado no local - altura do aterro 2,50 a 5,00 m - areia e brita comerciais","m",10923.49]
[705377,"Corpo de BTCC 2,50 x 2,50 m - moldado no local - altura do aterro 2,50 a 5,00 m - areia extraída e brita produzida","m",9953.7999999999993]
[705380,"Corpo de BTCC 2,50 x 2,50 m - moldado no local - altura do aterro 5,00 a 7,50 m - areia e brita comerciais","m",12303.72]
[705379,"Corpo de BTCC 2,50 x 2,50 m - moldado no local - altura do aterro 5,00 a 7,50 m - areia extraída e brita produzida","m",11334.02]
[705382,"Corpo de BTCC 2,50 x 2,50 m - moldado no local - altura do aterro 7,50 a 10,00 m - areia e brita comerciais","m",13528.96]
[705381,"Corpo de BTCC 2,50 x 2,50 m - moldado no local - altura do aterro 7,50 a 10,00 m - areia extraída e brita produzida","m",12353.43]
[705388,"Corpo de BTCC 3,00 x 3,00 m - moldado no local - altura do aterro 0,00 a 1,00 m - areia e brita comerciais","m",13489.03]
[705387,"Corpo de BTCC 3,00 x 3,00 m - moldado no local - altura do aterro 0,00 a 1,00 m - areia extraída e brita produzida","m",12347.39]
[705390,"Corpo de BTCC 3,00 x 3,00 m - moldado no local - altura do aterro 1,00 a 2,50 m - areia e brita comerciais","m",12749.56]
[705389,"Corpo de BTCC 3,00 x 3,00 m - moldado no local - altura do aterro 1,00 a 2,50 m - areia extraída e brita produzida","m",11607.92]
[705399,"Corpo de BTCC 3,00 x 3,00 m - moldado no local - altura do aterro 10,00 a 12,50 m - areia e brita comerciais","m",19326.849999999999]
[705398,"Corpo de BTCC 3,00 x 3,00 m - moldado no local - altura do aterro 10,00 a 12,50 m - areia extraída e brita produzida","m",17617.29]
[705401,"Corpo de BTCC 3,00 x 3,00 m - moldado no local - altura do aterro 12,50 a 15,00 m - areia e brita comerciais","m",20775.96]
[705400,"Corpo de BTCC 3,00 x 3,00 m - moldado no local - altura do aterro 12,50 a 15,00 m - areia extraída e brita produzida","m",19066.400000000001]
[705392,"Corpo de BTCC 3,00 x 3,00 m - moldado no local - altura do aterro 2,50 a 5,00 m - areia e brita comerciais","m",14474.61]
[705391,"Corpo de BTCC 3,00 x 3,00 m - moldado no local - altura do aterro 2,50 a 5,00 m - areia extraída e brita produzida","m",13091.62]
[705395,"Corpo de BTCC 3,00 x 3,00 m - moldado no local - altura do aterro 5,00 a 7,50 m - areia e brita comerciais","m",16397]
[705394,"Corpo de BTCC 3,00 x 3,00 m - moldado no local - altura do aterro 5,00 a 7,50 m - areia extraída e brita produzida","m",15014]
[705397,"Corpo de BTCC 3,00 x 3,00 m - moldado no local - altura do aterro 7,50 a 10,00 m - areia e brita comerciais","m",17943.419999999998]
[705396,"Corpo de BTCC 3,00 x 3,00 m - moldado no local - altura do aterro 7,50 a 10,00 m - areia extraída e brita produzida","m",16233.86]
[804213,"Boca de BDTC D = 0,80 m - esconsidade 0° - areia e brita comerciais - alas retas","un",1605.24]
[804212,"Boca de BDTC D = 0,80 m - esconsidade 0° - areia extraída e brita produzida - alas retas","un",1327.26]
[804217,"Boca de BDTC D = 0,80 m - esconsidade 10° - areia e brita comerciais - alas retas","un",1614.56]
[804216,"Boca de BDTC D = 0,80 m - esconsidade 10° - areia extraída e brita produzida - alas retas","un",1336.02]
[804219,"Boca de BDTC D = 0,80 m - esconsidade 15° - areia e brita comerciais - alas retas","un",1626.38]
[804218,"Boca de BDTC D = 0,80 m - esconsidade 15° - areia extraída e brita produzida - alas retas","un",1347.27]
[804221,"Boca de BDTC D = 0,80 m - esconsidade 20° - areia e brita comerciais - alas retas","un",1645.39]
[804220,"Boca de BDTC D = 0,80 m - esconsidade 20° - areia extraída e brita produzida - alas retas","un",1365.29]
[804223,"Boca de BDTC D = 0,80 m - esconsidade 25° - areia e brita comerciais - alas retas","un",1670.31]
[804222,"Boca de BDTC D = 0,80 m - esconsidade 25° - areia extraída e brita produzida - alas retas","un",1388.93]
[804225,"Boca de BDTC D = 0,80 m - esconsidade 30° - areia e brita comerciais - alas retas","un",1703.14]
[804224,"Boca de BDTC D = 0,80 m - esconsidade 30° - areia extraída e brita produzida - alas retas","un",1420.34]
[804227,"Boca de BDTC D = 0,80 m - esconsidade 35° - areia e brita comerciais - alas retas","un",1747.67]
[804226,"Boca de BDTC D = 0,80 m - esconsidade 35° - areia extraída e brita produzida - alas retas","un",1463.17]
[804229,"Boca de BDTC D = 0,80 m - esconsidade 40° - areia e brita comerciais - alas retas","un",1805.9]
[804228,"Boca de BDTC D = 0,80 m - esconsidade 40° - areia extraída e brita produzida - alas retas","un",1519.55]
[804231,"Boca de BDTC D = 0,80 m - esconsidade 45° - areia e brita comerciais - alas retas","un",1885.75]
[804230,"Boca de BDTC D = 0,80 m - esconsidade 45° - areia extraída e brita produzida - alas retas","un",1597.27]
[804215,"Boca de BDTC D = 0,80 m - esconsidade 5° - areia e brita comerciais - alas retas","un",1607.36]
[804214,"Boca de BDTC D = 0,80 m - esconsidade 5° - areia extraída e brita produzida - alas retas","un",1329.25]
[804417,"Boca de BDTC D = 1,00 m - esconsidade 0° - areia e brita comerciais - alas esconsas","un",4151.41]
[804233,"Boca de BDTC D = 1,00 m - esconsidade 0° - areia e brita comerciais - alas retas","un",2384.19]
[804416,"Boca de BDTC D = 1,00 m - esconsidade 0° - areia extraída e brita produzida - alas esconsas","un",3426.15]
[804232,"Boca de BDTC D = 1,00 m - esconsidade 0° - areia extraída e brita produzida - alas retas","un",1952.81]
[804237,"Boca de BDTC D = 1,00 m - esconsidade 10° - areia e brita comerciais - alas retas","un",2398.2399999999998]
[804236,"Boca de BDTC D = 1,00 m - esconsidade 10° - areia extraída e brita produzida - alas retas","un",1965.87]
[804419,"Boca de BDTC D = 1,00 m - esconsidade 15° - areia e brita comerciais - alas esconsas","un",4342.57]
[804239,"Boca de BDTC D = 1,00 m - esconsidade 15° - areia e brita comerciais - alas retas","un",2416.54]
[804418,"Boca de BDTC D = 1,00 m - esconsidade 15° - areia extraída e brita produzida - alas esconsas","un",3582.65]
[804238,"Boca de BDTC D = 1,00 m - esconsidade 15° - areia extraída e brita produzida - alas retas","un",1982.89]
[804241,"Boca de BDTC D = 1,00 m - esconsidade 20° - areia e brita comerciais - alas retas","un",2442.88]
[804240,"Boca de BDTC D = 1,00 m - esconsidade 20° - areia extraída e brita produzida - alas retas","un",2007.52]
[804243,"Boca de BDTC D = 1,00 m - esconsidade 25° - areia e brita comerciais - alas retas","un",2478.9]
[804242,"Boca de BDTC D = 1,00 m - esconsidade 25° - areia extraída e brita produzida - alas retas","un",2041.41]
[804421,"Boca de BDTC D = 1,00 m - esconsidade 30° - areia e brita comerciais - alas esconsas","un",4845.6000000000004]
[804245,"Boca de BDTC D = 1,00 m - esconsidade 30° - areia e brita comerciais - alas retas","un",2527.5500000000002]
[804420,"Boca de BDTC D = 1,00 m - esconsidade 30° - areia extraída e brita produzida - alas esconsas","un",3995.21]
[804244,"Boca de BDTC D = 1,00 m - esconsidade 30° - areia extraída e brita produzida - alas retas","un",2087.37]
[804247,"Boca de BDTC D = 1,00 m - esconsidade 35° - areia e brita comerciais - alas retas","un",2591.21]
[804246,"Boca de BDTC D = 1,00 m - esconsidade 35° - areia extraída e brita produzida - alas retas","un",2148.0500000000002]
[804249,"Boca de BDTC D = 1,00 m - esconsidade 40° - areia e brita comerciais - alas retas","un",2676.61]
[804248,"Boca de BDTC D = 1,00 m - esconsidade 40° - areia extraída e brita produzida - alas retas","un",2229.89]
[804423,"Boca de BDTC D = 1,00 m - esconsidade 45° - areia e brita comerciais - alas esconsas","un",5999.04]
[804251,"Boca de BDTC D = 1,00 m - esconsidade 45° - areia e brita comerciais - alas retas","un",2790.59]
[804422,"Boca de BDTC D = 1,00 m - esconsidade 45° - areia extraída e brita produzida - alas esconsas","un",4938]
[804250,"Boca de BDTC D = 1,00 m - esconsidade 45° - areia extraída e brita produzida - alas retas","un",2340.1799999999998]
[804235,"Boca de BDTC D = 1,00 m - esconsidade 5° - areia e brita comerciais - alas retas","un",2387.61]
[804234,"Boca de BDTC D = 1,00 m - esconsidade 5° - areia extraída e brita produzida - alas retas","un",1955.95]
[804425,"Boca de BDTC D = 1,20 m - esconsidade 0° - areia e brita comerciais - alas esconsas","un",6015.54]
[804253,"Boca de BDTC D = 1,20 m - esconsidade 0° - areia e brita comerciais - alas retas","un",3312.79]
[804424,"Boca de BDTC D = 1,20 m - esconsidade 0° - areia extraída e brita produzida - alas esconsas","un",4894.9799999999996]
[804252,"Boca de BDTC D = 1,20 m - esconsidade 0° - areia extraída e brita produzida - alas retas","un",2686.67]
[804257,"Boca de BDTC D = 1,20 m - esconsidade 10° - areia e brita comerciais - alas retas","un",3333.45]
[804256,"Boca de BDTC D = 1,20 m - esconsidade 10° - areia extraída e brita produzida - alas retas","un",2705.35]
[804427,"Boca de BDTC D = 1,20 m - esconsidade 15° - areia e brita comerciais - alas esconsas","un",6306.73]
[804259,"Boca de BDTC D = 1,20 m - esconsidade 15° - areia e brita comerciais - alas retas","un",3359.66]
[804426,"Boca de BDTC D = 1,20 m - esconsidade 15° - areia extraída e brita produzida - alas esconsas","un",5129.3599999999997]
[804258,"Boca de BDTC D = 1,20 m - esconsidade 15° - areia extraída e brita produzida - alas retas","un",2729.14]
[804261,"Boca de BDTC D = 1,20 m - esconsidade 20° - areia e brita comerciais - alas retas","un",3398.27]
[804260,"Boca de BDTC D = 1,20 m - esconsidade 20° - areia extraída e brita produzida - alas retas","un",2764.34]
[804263,"Boca de BDTC D = 1,20 m - esconsidade 25° - areia e brita comerciais - alas retas","un",3450.93]
[804262,"Boca de BDTC D = 1,20 m - esconsidade 25° - areia extraída e brita produzida - alas retas","un",2812.6]
[804429,"Boca de BDTC D = 1,20 m - esconsidade 30° - areia e brita comerciais - alas esconsas","un",7039.45]
[804265,"Boca de BDTC D = 1,20 m - esconsidade 30° - areia e brita comerciais - alas retas","un",3521.31]
[804428,"Boca de BDTC D = 1,20 m - esconsidade 30° - areia extraída e brita produzida - alas esconsas","un",5720.61]
[804264,"Boca de BDTC D = 1,20 m - esconsidade 30° - areia extraída e brita produzida - alas retas","un",2877.73]
[804267,"Boca de BDTC D = 1,20 m - esconsidade 35° - areia e brita comerciais - alas retas","un",3611.41]
[804266,"Boca de BDTC D = 1,20 m - esconsidade 35° - areia extraída e brita produzida - alas retas","un",2961.86]
[804269,"Boca de BDTC D = 1,20 m - esconsidade 40° - areia e brita comerciais - alas retas","un",3731.28]
[804268,"Boca de BDTC D = 1,20 m - esconsidade 40° - areia extraída e brita produzida - alas retas","un",3074.77]
[804431,"Boca de BDTC D = 1,20 m - esconsidade 45° - areia e brita comerciais - alas esconsas","un",8728.34]
[804271,"Boca de BDTC D = 1,20 m - esconsidade 45° - areia e brita comerciais - alas retas","un",3891.55]
[804430,"Boca de BDTC D = 1,20 m - esconsidade 45° - areia extraída e brita produzida - alas esconsas","un",7079.68]
[804270,"Boca de BDTC D = 1,20 m - esconsidade 45° - areia extraída e brita produzida - alas retas","un",3227.37]
[804255,"Boca de BDTC D = 1,20 m - esconsidade 5° - areia e brita comerciais - alas retas","un",3317.98]
[804254,"Boca de BDTC D = 1,20 m - esconsidade 5° - areia extraída e brita produzida - alas retas","un",2691.3]
[804433,"Boca de BDTC D = 1,50 m - esconsidade 0° - areia e brita comerciais - alas esconsas","un",10624.36]
[804273,"Boca de BDTC D = 1,50 m - esconsidade 0° - areia e brita comerciais - alas retas","un",5683.68]
[804432,"Boca de BDTC D = 1,50 m - esconsidade 0° - areia extraída e brita produzida - alas esconsas","un",8474.16]
[804272,"Boca de BDTC D = 1,50 m - esconsidade 0° - areia extraída e brita produzida - alas retas","un",4563.6899999999996]
[804277,"Boca de BDTC D = 1,50 m - esconsidade 10° - areia e brita comerciais - alas retas","un",5714.84]
[804276,"Boca de BDTC D = 1,50 m - esconsidade 10° - areia extraída e brita produzida - alas retas","un",4591.45]
[804435,"Boca de BDTC D = 1,50 m - esconsidade 15° - areia e brita comerciais - alas esconsas","un",11150.66]
[804279,"Boca de BDTC D = 1,50 m - esconsidade 15° - areia e brita comerciais - alas retas","un",5753.8]
[804434,"Boca de BDTC D = 1,50 m - esconsidade 15° - areia extraída e brita produzida - alas esconsas","un",8890.52]
[804278,"Boca de BDTC D = 1,50 m - esconsidade 15° - areia extraída e brita produzida - alas retas","un",4626.1499999999996]
[804281,"Boca de BDTC D = 1,50 m - esconsidade 20° - areia e brita comerciais - alas retas","un",5811.18]
[804280,"Boca de BDTC D = 1,50 m - esconsidade 20° - areia extraída e brita produzida - alas retas","un",4677.7]
[804283,"Boca de BDTC D = 1,50 m - esconsidade 25° - areia e brita comerciais - alas retas","un",5889.46]
[804282,"Boca de BDTC D = 1,50 m - esconsidade 25° - areia extraída e brita produzida - alas retas","un",4748.59]
[804437,"Boca de BDTC D = 1,50 m - esconsidade 30° - areia e brita comerciais - alas esconsas","un",12487.94]
[804285,"Boca de BDTC D = 1,50 m - esconsidade 30° - areia e brita comerciais - alas retas","un",5992.42]
[804436,"Boca de BDTC D = 1,50 m - esconsidade 30° - areia extraída e brita produzida - alas esconsas","un",9948.83]
[804284,"Boca de BDTC D = 1,50 m - esconsidade 30° - areia extraída e brita produzida - alas retas","un",4842.46]
[804287,"Boca de BDTC D = 1,50 m - esconsidade 35° - areia e brita comerciais - alas retas","un",6126.09]
[804286,"Boca de BDTC D = 1,50 m - esconsidade 35° - areia extraída e brita produzida - alas retas","un",4965.76]
[804289,"Boca de BDTC D = 1,50 m - esconsidade 40° - areia e brita comerciais - alas retas","un",6301.33]
[804288,"Boca de BDTC D = 1,50 m - esconsidade 40° - areia extraída e brita produzida - alas retas","un",5129.07]
[804439,"Boca de BDTC D = 1,50 m - esconsidade 45° - areia e brita comerciais - alas esconsas","un",15551.55]
[804291,"Boca de BDTC D = 1,50 m - esconsidade 45° - areia e brita comerciais - alas retas","un",6533.28]
[804438,"Boca de BDTC D = 1,50 m - esconsidade 45° - areia extraída e brita produzida - alas esconsas","un",12366.73]
[804290,"Boca de BDTC D = 1,50 m - esconsidade 45° - areia extraída e brita produzida - alas retas","un",5347.95]
[804275,"Boca de BDTC D = 1,50 m - esconsidade 5° - areia e brita comerciais - alas retas","un",5691.47]
[804274,"Boca de BDTC D = 1,50 m - esconsidade 5° - areia extraída e brita produzida - alas retas","un",4570.63]
[804061,"Boca de BSTC D = 0,40 m - esconsidade 0° - areia e brita comerciais - alas retas","un",388.88]
[804060,"Boca de BSTC D = 0,40 m - esconsidade 0° - areia extraída e brita produzida - alas retas","un",328.8]
[804065,"Boca de BSTC D = 0,40 m - esconsidade 10° - areia e brita comerciais - alas retas","un",390.53]
[804064,"Boca de BSTC D = 0,40 m - esconsidade 10° - areia extraída e brita produzida - alas retas","un",330.45]
[804067,"Boca de BSTC D = 0,40 m - esconsidade 15° - areia e brita comerciais - alas retas","un",392.19]
[804066,"Boca de BSTC D = 0,40 m - esconsidade 15° - areia extraída e brita produzida - alas retas","un",332.1]
[804069,"Boca de BSTC D = 0,40 m - esconsidade 20° - areia e brita comerciais - alas retas","un",395.14]
[804068,"Boca de BSTC D = 0,40 m - esconsidade 20° - areia extraída e brita produzida - alas retas","un",334.91]
[804071,"Boca de BSTC D = 0,40 m - esconsidade 25° - areia e brita comerciais - alas retas","un",399.27]
[804070,"Boca de BSTC D = 0,40 m - esconsidade 25° - areia extraída e brita produzida - alas retas","un",339.05]
[804073,"Boca de BSTC D = 0,40 m - esconsidade 30° - areia e brita comerciais - alas retas","un",404.71]
[804072,"Boca de BSTC D = 0,40 m - esconsidade 30° - areia extraída e brita produzida - alas retas","un",344.34]
[804075,"Boca de BSTC D = 0,40 m - esconsidade 35° - areia e brita comerciais - alas retas","un",412.15]
[804074,"Boca de BSTC D = 0,40 m - esconsidade 35° - areia extraída e brita produzida - alas retas","un",351.78]
[804077,"Boca de BSTC D = 0,40 m - esconsidade 40° - areia e brita comerciais - alas retas","un",421.72]
[804076,"Boca de BSTC D = 0,40 m - esconsidade 40° - areia extraída e brita produzida - alas retas","un",361.21]
[804079,"Boca de BSTC D = 0,40 m - esconsidade 45° - areia e brita comerciais - alas retas","un",436.25]
[804078,"Boca de BSTC D = 0,40 m - esconsidade 45° - areia extraída e brita produzida - alas retas","un",375.6]
[804063,"Boca de BSTC D = 0,40 m - esconsidade 5° - areia e brita comerciais - alas retas","un",389.71]
[804062,"Boca de BSTC D = 0,40 m - esconsidade 5° - areia extraída e brita produzida - alas retas","un",329.62]
[804377,"Boca de BSTC D = 0,60 m - esconsidade 0° - areia e brita comerciais - alas esconsas","un",1159.8900000000001]
[804081,"Boca de BSTC D = 0,60 m - esconsidade 0° - areia e brita comerciais - alas retas","un",784.41]
[804376,"Boca de BSTC D = 0,60 m - esconsidade 0° - areia extraída e brita produzida - alas esconsas","un",996.12]
[804080,"Boca de BSTC D = 0,60 m - esconsidade 0° - areia extraída e brita produzida - alas retas","un",652.03]
[804085,"Boca de BSTC D = 0,60 m - esconsidade 10° - areia e brita comerciais - alas retas","un",787.36]
[804084,"Boca de BSTC D = 0,60 m - esconsidade 10° - areia extraída e brita produzida - alas retas","un",654.84]
[804379,"Boca de BSTC D = 0,60 m - esconsidade 15° - areia e brita comerciais - alas esconsas","un",973.05]
[804087,"Boca de BSTC D = 0,60 m - esconsidade 15° - areia e brita comerciais - alas retas","un",790.67]
[804378,"Boca de BSTC D = 0,60 m - esconsidade 15° - areia extraída e brita produzida - alas esconsas","un",800.04]
[804086,"Boca de BSTC D = 0,60 m - esconsidade 15° - areia extraída e brita produzida - alas retas","un",658.15]
[804089,"Boca de BSTC D = 0,60 m - esconsidade 20° - areia e brita comerciais - alas retas","un",796.1]
[804088,"Boca de BSTC D = 0,60 m - esconsidade 20° - areia extraída e brita produzida - alas retas","un",663.44]
[804091,"Boca de BSTC D = 0,60 m - esconsidade 25° - areia e brita comerciais - alas retas","un",803.19]
[804090,"Boca de BSTC D = 0,60 m - esconsidade 25° - areia extraída e brita produzida - alas retas","un",670.38]
[804381,"Boca de BSTC D = 0,60 m - esconsidade 30° - areia e brita comerciais - alas esconsas","un",1371.15]
[804093,"Boca de BSTC D = 0,60 m - esconsidade 30° - areia e brita comerciais - alas retas","un",813.23]
[804380,"Boca de BSTC D = 0,60 m - esconsidade 30° - areia extraída e brita produzida - alas esconsas","un",1175.1400000000001]
[804092,"Boca de BSTC D = 0,60 m - esconsidade 30° - areia extraída e brita produzida - alas retas","un",680.14]
[804095,"Boca de BSTC D = 0,60 m - esconsidade 35° - areia e brita comerciais - alas retas","un",826.93]
[804094,"Boca de BSTC D = 0,60 m - esconsidade 35° - areia extraída e brita produzida - alas retas","un",693.7]
[804097,"Boca de BSTC D = 0,60 m - esconsidade 40° - areia e brita comerciais - alas retas","un",844.42]
[804096,"Boca de BSTC D = 0,60 m - esconsidade 40° - areia extraída e brita produzida - alas retas","un",710.9]
[804383,"Boca de BSTC D = 0,60 m - esconsidade 45° - areia e brita comerciais - alas esconsas","un",1695.37]
[804099,"Boca de BSTC D = 0,60 m - esconsidade 45° - areia e brita comerciais - alas retas","un",869.34]
[804382,"Boca de BSTC D = 0,60 m - esconsidade 45° - areia extraída e brita produzida - alas esconsas","un",1450.77]
[804098,"Boca de BSTC D = 0,60 m - esconsidade 45° - areia extraída e brita produzida - alas retas","un",735.54]
[804083,"Boca de BSTC D = 0,60 m - esconsidade 5° - areia e brita comerciais - alas retas","un",785.24]
[804082,"Boca de BSTC D = 0,60 m - esconsidade 5° - areia extraída e brita produzida - alas retas","un",652.85]
[804385,"Boca de BSTC D = 0,80 m - esconsidade 0° - areia e brita comerciais - alas esconsas","un",1933.03]
[804101,"Boca de BSTC D = 0,80 m - esconsidade 0° - areia e brita comerciais - alas retas","un",1328.39]
[804384,"Boca de BSTC D = 0,80 m - esconsidade 0° - areia extraída e brita produzida - alas esconsas","un",1629.06]
[804100,"Boca de BSTC D = 0,80 m - esconsidade 0° - areia extraída e brita produzida - alas retas","un",1098.43]
[804105,"Boca de BSTC D = 0,80 m - esconsidade 10° - areia e brita comerciais - alas retas","un",1333]
[804104,"Boca de BSTC D = 0,80 m - esconsidade 10° - areia extraída e brita produzida - alas retas","un",1102.9000000000001]
[804387,"Boca de BSTC D = 0,80 m - esconsidade 15° - areia e brita comerciais - alas esconsas","un",2036.88]
[804107,"Boca de BSTC D = 0,80 m - esconsidade 15° - areia e brita comerciais - alas retas","un",1339.26]
[804386,"Boca de BSTC D = 0,80 m - esconsidade 15° - areia extraída e brita produzida - alas esconsas","un",1715.58]
[804106,"Boca de BSTC D = 0,80 m - esconsidade 15° - areia extraída e brita produzida - alas retas","un",1109.01]
[804109,"Boca de BSTC D = 0,80 m - esconsidade 20° - areia e brita comerciais - alas retas","un",1348.83]
[804108,"Boca de BSTC D = 0,80 m - esconsidade 20° - areia extraída e brita produzida - alas retas","un",1118.44]
[804111,"Boca de BSTC D = 0,80 m - esconsidade 25° - areia e brita comerciais - alas retas","un",1361.35]
[804110,"Boca de BSTC D = 0,80 m - esconsidade 25° - areia extraída e brita produzida - alas retas","un",1130.68]
[804389,"Boca de BSTC D = 0,80 m - esconsidade 30° - areia e brita comerciais - alas esconsas","un",2275.02]
[804113,"Boca de BSTC D = 0,80 m - esconsidade 30° - areia e brita comerciais - alas retas","un",1378.48]
[804388,"Boca de BSTC D = 0,80 m - esconsidade 30° - areia extraída e brita produzida - alas esconsas","un",1914.38]
[804112,"Boca de BSTC D = 0,80 m - esconsidade 30° - areia extraída e brita produzida - alas retas","un",1147.3800000000001]
[804115,"Boca de BSTC D = 0,80 m - esconsidade 35° - areia e brita comerciais - alas retas","un",1402.22]
[804114,"Boca de BSTC D = 0,80 m - esconsidade 35° - areia extraída e brita produzida - alas retas","un",1170.7]
[804117,"Boca de BSTC D = 0,80 m - esconsidade 40° - areia e brita comerciais - alas retas","un",1433.41]
[804116,"Boca de BSTC D = 0,80 m - esconsidade 40° - areia extraída e brita produzida - alas retas","un",1201.46]
[804391,"Boca de BSTC D = 0,80 m - esconsidade 45° - areia e brita comerciais - alas esconsas","un",2824.24]
[804119,"Boca de BSTC D = 0,80 m - esconsidade 45° - areia e brita comerciais - alas retas","un",1476.17]
[804390,"Boca de BSTC D = 0,80 m - esconsidade 45° - areia extraída e brita produzida - alas esconsas","un",2371.42]
[804118,"Boca de BSTC D = 0,80 m - esconsidade 45° - areia extraída e brita produzida - alas retas","un",1243.8]
[804103,"Boca de BSTC D = 0,80 m - esconsidade 5° - areia e brita comerciais - alas retas","un",1330.05]
[804102,"Boca de BSTC D = 0,80 m - esconsidade 5° - areia extraída e brita produzida - alas retas","un",1100.0899999999999]
[804393,"Boca de BSTC D = 1,00 m - esconsidade 0° - areia e brita comerciais - alas esconsas","un",2979]
[804121,"Boca de BSTC D = 1,00 m - esconsidade 0° - areia e brita comerciais - alas retas","un",1986.19]
[804392,"Boca de BSTC D = 1,00 m - esconsidade 0° - areia extraída e brita produzida - alas esconsas","un",2472.35]
[804120,"Boca de BSTC D = 1,00 m - esconsidade 0° - areia extraída e brita produzida - alas retas","un",1629.1]
[804125,"Boca de BSTC D = 1,00 m - esconsidade 10° - areia e brita comerciais - alas retas","un",1992.45]
[804124,"Boca de BSTC D = 1,00 m - esconsidade 10° - areia extraída e brita produzida - alas retas","un",1635.22]
[804395,"Boca de BSTC D = 1,00 m - esconsidade 15° - areia e brita comerciais - alas esconsas","un",3128.98]
[804127,"Boca de BSTC D = 1,00 m - esconsidade 15° - areia e brita comerciais - alas retas","un",2001.66]
[804394,"Boca de BSTC D = 1,00 m - esconsidade 15° - areia extraída e brita produzida - alas esconsas","un",2595.34]
[804126,"Boca de BSTC D = 1,00 m - esconsidade 15° - areia extraída e brita produzida - alas retas","un",1644.15]
[804129,"Boca de BSTC D = 1,00 m - esconsidade 20° - areia e brita comerciais - alas retas","un",2014.66]
[804128,"Boca de BSTC D = 1,00 m - esconsidade 20° - areia extraída e brita produzida - alas retas","un",1656.71]
[804131,"Boca de BSTC D = 1,00 m - esconsidade 25° - areia e brita comerciais - alas retas","un",2032.61]
[804130,"Boca de BSTC D = 1,00 m - esconsidade 25° - areia extraída e brita produzida - alas retas","un",1674.24]
[804397,"Boca de BSTC D = 1,00 m - esconsidade 30° - areia e brita comerciais - alas esconsas","un",3487.48]
[804133,"Boca de BSTC D = 1,00 m - esconsidade 30° - areia e brita comerciais - alas retas","un",2057.65]
[804396,"Boca de BSTC D = 1,00 m - esconsidade 30° - areia extraída e brita produzida - alas esconsas","un",2890.2]
[804132,"Boca de BSTC D = 1,00 m - esconsidade 30° - areia extraída e brita produzida - alas retas","un",1698.72]
[804135,"Boca de BSTC D = 1,00 m - esconsidade 35° - areia e brita comerciais - alas retas","un",2090.14]
[804134,"Boca de BSTC D = 1,00 m - esconsidade 35° - areia extraída e brita produzida - alas retas","un",1730.64]
[804137,"Boca de BSTC D = 1,00 m - esconsidade 40° - areia e brita comerciais - alas retas","un",2052.8000000000002]
[804136,"Boca de BSTC D = 1,00 m - esconsidade 40° - areia extraída e brita produzida - alas retas","un",1692.59]
[804399,"Boca de BSTC D = 1,00 m - esconsidade 45° - areia e brita comerciais - alas esconsas","un",4340.49]
[804139,"Boca de BSTC D = 1,00 m - esconsidade 45° - areia e brita comerciais - alas retas","un",2197.0500000000002]
[804398,"Boca de BSTC D = 1,00 m - esconsidade 45° - areia extraída e brita produzida - alas esconsas","un",3588.68]
[804138,"Boca de BSTC D = 1,00 m - esconsidade 45° - areia extraída e brita produzida - alas retas","un",1835.98]
[804123,"Boca de BSTC D = 1,00 m - esconsidade 5° - areia e brita comerciais - alas retas","un",1987.02]
[804122,"Boca de BSTC D = 1,00 m - esconsidade 5° - areia extraída e brita produzida - alas retas","un",1629.93]
[804401,"Boca de BSTC D = 1,20 m - esconsidade 0° - areia e brita comerciais - alas esconsas","un",4304.49]
[804141,"Boca de BSTC D = 1,20 m - esconsidade 0° - areia e brita comerciais - alas retas","un",2758.6]
[804400,"Boca de BSTC D = 1,20 m - esconsidade 0° - areia extraída e brita produzida - alas esconsas","un",3522.42]
[804140,"Boca de BSTC D = 1,20 m - esconsidade 0° - areia extraída e brita produzida - alas retas","un",2241.86]
[804145,"Boca de BSTC D = 1,20 m - esconsidade 10° - areia e brita comerciais - alas retas","un",2768.76]
[804144,"Boca de BSTC D = 1,20 m - esconsidade 10° - areia extraída e brita produzida - alas retas","un",2251.4499999999998]
[804403,"Boca de BSTC D = 1,20 m - esconsidade 15° - areia e brita comerciais - alas esconsas","un",4533.16]
[804147,"Boca de BSTC D = 1,20 m - esconsidade 15° - areia e brita comerciais - alas retas","un",2781.39]
[804402,"Boca de BSTC D = 1,20 m - esconsidade 15° - areia extraída e brita produzida - alas esconsas","un",3706.63]
[804146,"Boca de BSTC D = 1,20 m - esconsidade 15° - areia extraída e brita produzida - alas retas","un",2263.52]
[804149,"Boca de BSTC D = 1,20 m - esconsidade 20° - areia e brita comerciais - alas retas","un",2800.41]
[804148,"Boca de BSTC D = 1,20 m - esconsidade 20° - areia extraída e brita produzida - alas retas","un",2281.54]
[804151,"Boca de BSTC D = 1,20 m - esconsidade 25° - areia e brita comerciais - alas retas","un",2826.51]
[804150,"Boca de BSTC D = 1,20 m - esconsidade 25° - areia extraída e brita produzida - alas retas","un",2306.5]
[804405,"Boca de BSTC D = 1,20 m - esconsidade 30° - areia e brita comerciais - alas esconsas","un",5067.3100000000004]
[804153,"Boca de BSTC D = 1,20 m - esconsidade 30° - areia e brita comerciais - alas retas","un",2861.83]
[804404,"Boca de BSTC D = 1,20 m - esconsidade 30° - areia extraída e brita produzida - alas esconsas","un",4138.93]
[804152,"Boca de BSTC D = 1,20 m - esconsidade 30° - areia extraída e brita produzida - alas retas","un",2340.4]
[804155,"Boca de BSTC D = 1,20 m - esconsidade 35° - areia e brita comerciais - alas retas","un",2907.54]
[804154,"Boca de BSTC D = 1,20 m - esconsidade 35° - areia extraída e brita produzida - alas retas","un",2384.5500000000002]
[804157,"Boca de BSTC D = 1,20 m - esconsidade 40° - areia e brita comerciais - alas retas","un",2970.73]
[804156,"Boca de BSTC D = 1,20 m - esconsidade 40° - areia extraída e brita produzida - alas retas","un",2445.89]
[804407,"Boca de BSTC D = 1,20 m - esconsidade 45° - areia e brita comerciais - alas esconsas","un",6313.98]
[804159,"Boca de BSTC D = 1,20 m - esconsidade 45° - areia e brita comerciais - alas retas","un",3055.07]
[804406,"Boca de BSTC D = 1,20 m - esconsidade 45° - areia extraída e brita produzida - alas esconsas","un",5143.1499999999996]
[804158,"Boca de BSTC D = 1,20 m - esconsidade 45° - areia extraída e brita produzida - alas retas","un",2528.25]
[804143,"Boca de BSTC D = 1,20 m - esconsidade 5° - areia e brita comerciais - alas retas","un",2761.55]
[804142,"Boca de BSTC D = 1,20 m - esconsidade 5° - areia extraída e brita produzida - alas retas","un",2244.67]
[804409,"Boca de BSTC D = 1,50 m - esconsidade 0° - areia e brita comerciais - alas esconsas","un",7789.27]
[804161,"Boca de BSTC D = 1,50 m - esconsidade 0° - areia e brita comerciais - alas retas","un",4745.6499999999996]
[804408,"Boca de BSTC D = 1,50 m - esconsidade 0° - areia extraída e brita produzida - alas esconsas","un",6253.82]
[804160,"Boca de BSTC D = 1,50 m - esconsidade 0° - areia extraída e brita produzida - alas retas","un",3824.24]
[804165,"Boca de BSTC D = 1,50 m - esconsidade 10° - areia e brita comerciais - alas retas","un",4759.59]
[804164,"Boca de BSTC D = 1,50 m - esconsidade 10° - areia extraída e brita produzida - alas retas","un",3837.46]
[804411,"Boca de BSTC D = 1,50 m - esconsidade 15° - areia e brita comerciais - alas esconsas","un",8215.2900000000009]
[804167,"Boca de BSTC D = 1,50 m - esconsidade 15° - areia e brita comerciais - alas retas","un",4777.78]
[804410,"Boca de BSTC D = 1,50 m - esconsidade 15° - areia extraída e brita produzida - alas esconsas","un",6591.63]
[804166,"Boca de BSTC D = 1,50 m - esconsidade 15° - areia extraída e brita produzida - alas retas","un",3854.66]
[804169,"Boca de BSTC D = 1,50 m - esconsidade 20° - areia e brita comerciais - alas retas","un",4804.3500000000004]
[804168,"Boca de BSTC D = 1,50 m - esconsidade 20° - areia extraída e brita produzida - alas retas","un",3879.95]
[804171,"Boca de BSTC D = 1,50 m - esconsidade 25° - areia e brita comerciais - alas retas","un",4840.6099999999997]
[804170,"Boca de BSTC D = 1,50 m - esconsidade 25° - areia extraída e brita produzida - alas retas","un",3914.51]
[804413,"Boca de BSTC D = 1,50 m - esconsidade 30° - areia e brita comerciais - alas esconsas","un",9207.27]
[804173,"Boca de BSTC D = 1,50 m - esconsidade 30° - areia e brita comerciais - alas retas","un",4889.3900000000003]
[804412,"Boca de BSTC D = 1,50 m - esconsidade 30° - areia extraída e brita produzida - alas esconsas","un",7379.5]
[804172,"Boca de BSTC D = 1,50 m - esconsidade 30° - areia extraída e brita produzida - alas retas","un",3961.3]
[804175,"Boca de BSTC D = 1,50 m - esconsidade 35° - areia e brita comerciais - alas retas","un",4954.82]
[804174,"Boca de BSTC D = 1,50 m - esconsidade 35° - areia extraída e brita produzida - alas retas","un",4024.46]
[804177,"Boca de BSTC D = 1,50 m - esconsidade 40° - areia e brita comerciais - alas retas","un",5042.3500000000004]
[804176,"Boca de BSTC D = 1,50 m - esconsidade 40° - areia extraída e brita produzida - alas retas","un",4109.29]
[804415,"Boca de BSTC D = 1,50 m - esconsidade 45° - areia e brita comerciais - alas esconsas","un",11542.64]
[804179,"Boca de BSTC D = 1,50 m - esconsidade 45° - areia e brita comerciais - alas retas","un",5162.24]
[804414,"Boca de BSTC D = 1,50 m - esconsidade 45° - areia extraída e brita produzida - alas esconsas","un",9226.9599999999991]
[804178,"Boca de BSTC D = 1,50 m - esconsidade 45° - areia extraída e brita produzida - alas retas","un",4226.2]
[804163,"Boca de BSTC D = 1,50 m - esconsidade 5° - areia e brita comerciais - alas retas","un",4749.43]
[804162,"Boca de BSTC D = 1,50 m - esconsidade 5° - areia extraída e brita produzida - alas retas","un",3827.88]
[804441,"Boca de BTTC D = 1,00 m - esconsidade 0° - areia e brita comerciais - alas esconsas","un",5323.81]
[804317,"Boca de BTTC D = 1,00 m - esconsidade 0° - areia e brita comerciais - alas retas","un",2900.56]
[804440,"Boca de BTTC D = 1,00 m - esconsidade 0° - areia extraída e brita produzida - alas esconsas","un",4379.96]
[804316,"Boca de BTTC D = 1,00 m - esconsidade 0° - areia extraída e brita produzida - alas retas","un",2359.25]
[804321,"Boca de BTTC D = 1,00 m - esconsidade 10° - areia e brita comerciais - alas retas","un",2921.11]
[804320,"Boca de BTTC D = 1,00 m - esconsidade 10° - areia extraída e brita produzida - alas retas","un",2378.09]
[804443,"Boca de BTTC D = 1,00 m - esconsidade 15° - areia e brita comerciais - alas esconsas","un",5555.68]
[804323,"Boca de BTTC D = 1,00 m - esconsidade 15° - areia e brita comerciais - alas retas","un",2948.5]
[804442,"Boca de BTTC D = 1,00 m - esconsidade 15° - areia extraída e brita produzida - alas esconsas","un",4569.6400000000003]
[804322,"Boca de BTTC D = 1,00 m - esconsidade 15° - areia extraída e brita produzida - alas retas","un",2403.21]
[804325,"Boca de BTTC D = 1,00 m - esconsidade 20° - areia e brita comerciais - alas retas","un",2988.18]
[804324,"Boca de BTTC D = 1,00 m - esconsidade 20° - areia extraída e brita produzida - alas retas","un",2439.9]
[804327,"Boca de BTTC D = 1,00 m - esconsidade 25° - areia e brita comerciais - alas retas","un",3042.73]
[804326,"Boca de BTTC D = 1,00 m - esconsidade 25° - areia extraída e brita produzida - alas retas","un",2490.48]
[804445,"Boca de BTTC D = 1,00 m - esconsidade 30° - areia e brita comerciais - alas esconsas","un",6199.84]
[804329,"Boca de BTTC D = 1,00 m - esconsidade 30° - areia e brita comerciais - alas retas","un",3115.36]
[804444,"Boca de BTTC D = 1,00 m - esconsidade 30° - areia extraída e brita produzida - alas esconsas","un",5096.75]
[804328,"Boca de BTTC D = 1,00 m - esconsidade 30° - areia extraída e brita produzida - alas retas","un",2558.42]
[804331,"Boca de BTTC D = 1,00 m - esconsidade 35° - areia e brita comerciais - alas retas","un",3209.36]
[804330,"Boca de BTTC D = 1,00 m - esconsidade 35° - areia extraída e brita produzida - alas retas","un",2647.03]
[804333,"Boca de BTTC D = 1,00 m - esconsidade 40° - areia e brita comerciais - alas retas","un",3335.14]
[804332,"Boca de BTTC D = 1,00 m - esconsidade 40° - areia extraída e brita produzida - alas retas","un",2766.56]
[804447,"Boca de BTTC D = 1,00 m - esconsidade 45° - areia e brita comerciais - alas esconsas","un",7669.51]
[804335,"Boca de BTTC D = 1,00 m - esconsidade 45° - areia e brita comerciais - alas retas","un",3501.68]
[804446,"Boca de BTTC D = 1,00 m - esconsidade 45° - areia extraída e brita produzida - alas esconsas","un",6298.4]
[804334,"Boca de BTTC D = 1,00 m - esconsidade 45° - areia extraída e brita produzida - alas retas","un",2926.28]
[804319,"Boca de BTTC D = 1,00 m - esconsidade 5° - areia e brita comerciais - alas retas","un",2905.28]
[804318,"Boca de BTTC D = 1,00 m - esconsidade 5° - areia extraída e brita produzida - alas retas","un",2363.54]
[804449,"Boca de BTTC D = 1,20 m - esconsidade 0° - areia e brita comerciais - alas esconsas","un",7725.75]
[804337,"Boca de BTTC D = 1,20 m - esconsidade 0° - areia e brita comerciais - alas retas","un",3970.28]
[804448,"Boca de BTTC D = 1,20 m - esconsidade 0° - areia extraída e brita produzida - alas esconsas","un",6266.71]
[804336,"Boca de BTTC D = 1,20 m - esconsidade 0° - areia extraída e brita produzida - alas retas","un",3189.48]
[804341,"Boca de BTTC D = 1,20 m - esconsidade 10° - areia e brita comerciais - alas retas","un",4001.44]
[804340,"Boca de BTTC D = 1,20 m - esconsidade 10° - areia extraída e brita produzida - alas retas","un",3217.24]
[804451,"Boca de BTTC D = 1,20 m - esconsidade 15° - areia e brita comerciais - alas esconsas","un",8080.3]
[804343,"Boca de BTTC D = 1,20 m - esconsidade 15° - areia e brita comerciais - alas retas","un",4041.23]
[804450,"Boca de BTTC D = 1,20 m - esconsidade 15° - areia extraída e brita produzida - alas esconsas","un",6552.1]
[804342,"Boca de BTTC D = 1,20 m - esconsidade 15° - areia extraída e brita produzida - alas retas","un",3252.77]
[804345,"Boca de BTTC D = 1,20 m - esconsidade 20° - areia e brita comerciais - alas retas","un",4099.4399999999996]
[804344,"Boca de BTTC D = 1,20 m - esconsidade 20° - areia extraída e brita produzida - alas retas","un",3305.15]
[804347,"Boca de BTTC D = 1,20 m - esconsidade 25° - areia e brita comerciais - alas retas","un",4179.01]
[804346,"Boca de BTTC D = 1,20 m - esconsidade 25° - areia extraída e brita produzida - alas retas","un",3377.2]
[804453,"Boca de BTTC D = 1,20 m - esconsidade 30° - areia e brita comerciais - alas esconsas","un",9008.16]
[804349,"Boca de BTTC D = 1,20 m - esconsidade 30° - areia e brita comerciais - alas retas","un",4283.63]
[804452,"Boca de BTTC D = 1,20 m - esconsidade 30° - areia extraída e brita produzida - alas esconsas","un",7298.14]
[804348,"Boca de BTTC D = 1,20 m - esconsidade 30° - areia extraída e brita produzida - alas retas","un",3472.72]
[804351,"Boca de BTTC D = 1,20 m - esconsidade 35° - areia e brita comerciais - alas retas","un",4418.59]
[804350,"Boca de BTTC D = 1,20 m - esconsidade 35° - areia extraída e brita produzida - alas retas","un",3597.18]
[804353,"Boca de BTTC D = 1,20 m - esconsidade 40° - areia e brita comerciais - alas retas","un",4596.32]
[804352,"Boca de BTTC D = 1,20 m - esconsidade 40° - areia extraída e brita produzida - alas retas","un",3762.97]
[804455,"Boca de BTTC D = 1,20 m - esconsidade 45° - areia e brita comerciais - alas esconsas","un",11150.84]
[804355,"Boca de BTTC D = 1,20 m - esconsidade 45° - areia e brita comerciais - alas retas","un",4830.8599999999997]
[804454,"Boca de BTTC D = 1,20 m - esconsidade 45° - areia extraída e brita produzida - alas esconsas","un",9022.65]
[804354,"Boca de BTTC D = 1,20 m - esconsidade 45° - areia extraída e brita produzida - alas retas","un",3984.16]
[804339,"Boca de BTTC D = 1,20 m - esconsidade 5° - areia e brita comerciais - alas retas","un",3978.07]
[804338,"Boca de BTTC D = 1,20 m - esconsidade 5° - areia extraída e brita produzida - alas retas","un",3196.42]
[804457,"Boca de BTTC D = 1,50 m - esconsidade 0° - areia e brita comerciais - alas esconsas","un",13510.32]
[804357,"Boca de BTTC D = 1,50 m - esconsidade 0° - areia e brita comerciais - alas retas","un",6694.17]
[804456,"Boca de BTTC D = 1,50 m - esconsidade 0° - areia extraída e brita produzida - alas esconsas","un",10738.27]
[804356,"Boca de BTTC D = 1,50 m - esconsidade 0° - areia extraída e brita produzida - alas retas","un",5311.69]
[804361,"Boca de BTTC D = 1,50 m - esconsidade 10° - areia e brita comerciais - alas retas","un",6742.09]
[804360,"Boca de BTTC D = 1,50 m - esconsidade 10° - areia extraída e brita produzida - alas retas","un",5353.65]
[804459,"Boca de BTTC D = 1,50 m - esconsidade 15° - areia e brita comerciais - alas esconsas","un",14139.14]
[804363,"Boca de BTTC D = 1,50 m - esconsidade 15° - areia e brita comerciais - alas retas","un",6803.48]
[804458,"Boca de BTTC D = 1,50 m - esconsidade 15° - areia extraída e brita produzida - alas esconsas","un",11234.99]
[804362,"Boca de BTTC D = 1,50 m - esconsidade 15° - areia extraída e brita produzida - alas retas","un",5407.51]
[804365,"Boca de BTTC D = 1,50 m - esconsidade 20° - areia e brita comerciais - alas retas","un",6892.13]
[804364,"Boca de BTTC D = 1,50 m - esconsidade 20° - areia extraída e brita produzida - alas retas","un",5485.65]
[804367,"Boca de BTTC D = 1,50 m - esconsidade 25° - areia e brita comerciais - alas retas","un",7012.55]
[804366,"Boca de BTTC D = 1,50 m - esconsidade 25° - areia extraída e brita produzida - alas retas","un",5592.71]
[804461,"Boca de BTTC D = 1,50 m - esconsidade 30° - areia e brita comerciais - alas esconsas","un",15808.87]
[804369,"Boca de BTTC D = 1,50 m - esconsidade 30° - areia e brita comerciais - alas retas","un",7169.69]
[804460,"Boca de BTTC D = 1,50 m - esconsidade 30° - areia extraída e brita produzida - alas esconsas","un",12554.02]
[804371,"Boca de BTTC D = 1,50 m - esconsidade 35° - areia e brita comerciais - alas retas","un",7372.53]
[804370,"Boca de BTTC D = 1,50 m - esconsidade 35° - areia extraída e brita produzida - alas retas","un",5917.76]
[804373,"Boca de BTTC D = 1,50 m - esconsidade 40° - areia e brita comerciais - alas retas","un",7634.67]
[804372,"Boca de BTTC D = 1,50 m - esconsidade 40° - areia extraída e brita produzida - alas retas","un",6158.73]
[804463,"Boca de BTTC D = 1,50 m - esconsidade 45° - areia e brita comerciais - alas esconsas","un",19633.87]
[804375,"Boca de BTTC D = 1,50 m - esconsidade 45° - areia e brita comerciais - alas retas","un",7980.08]
[804462,"Boca de BTTC D = 1,50 m - esconsidade 45° - areia extraída e brita produzida - alas esconsas","un",15569.26]
[804374,"Boca de BTTC D = 1,50 m - esconsidade 45° - areia extraída e brita produzida - alas retas","un",6480.56]
[804359,"Boca de BTTC D = 1,50 m - esconsidade 5° - areia e brita comerciais - alas retas","un",6706.32]
[804358,"Boca de BTTC D = 1,50 m - esconsidade 5° - areia extraída e brita produzida - alas retas","un",5322.43]
[804368,"Boca de BTTC D = 1,50 m esconsidade 30° - areia extraída e brita produzida - alas retas","un",5733.66]
[804465,"Confecção de tubos de concreto armado D = 0,60 m PA1 - areia e brita comerciais","m",128.69]
[804464,"Confecção de tubos de concreto armado D = 0,60 m PA1 - areia extraída e brita produzida","m",109.53]
[804475,"Confecção de tubos de concreto armado D = 0,60 m PA2 - areia e brita comerciais","m",141.66]
[804474,"Confecção de tubos de concreto armado D = 0,60 m PA2 - areia extraída e brita produzida","m",122.51]
[804485,"Confecção de tubos de concreto armado D = 0,60 m PA3 - areia e brita comerciais","m",206.45]
[804484,"Confecção de tubos de concreto armado D = 0,60 m PA3 - areia extraída e brita produzida","m",187.4]
[804495,"Confecção de tubos de concreto armado D = 0,60 m PA4 - areia e brita comerciais","m",257.25]
[804494,"Confecção de tubos de concreto armado D = 0,60 m PA4 - areia extraída e brita produzida","m",234.66]
[804467,"Confecção de tubos de concreto armado D = 0,80 m PA1 - areia e brita comerciais","m",195.33]
[804466,"Confecção de tubos de concreto armado D = 0,80 m PA1 - areia extraída e brita produzida","m",164.81]
[804477,"Confecção de tubos de concreto armado D = 0,80 m PA2 - areia e brita comerciais","m",247.17]
[804476,"Confecção de tubos de concreto armado D = 0,80 m PA2 - areia extraída e brita produzida","m",216.73]
[804487,"Confecção de tubos de concreto armado D = 0,80 m PA3 - areia e brita comerciais","m",350.37]
[804486,"Confecção de tubos de concreto armado D = 0,80 m PA3 - areia extraída e brita produzida","m",316.29000000000002]
[804497,"Confecção de tubos de concreto armado D = 0,80 m PA4 - areia e brita comerciais","m",413.27]
[804496,"Confecção de tubos de concreto armado D = 0,80 m PA4 - areia extraída e brita produzida","m",372.01]
[804469,"Confecção de tubos de concreto armado D = 1,00 m PA1 - areia e brita comerciais","m",341.42]
[804468,"Confecção de tubos de concreto armado D = 1,00 m PA1 - areia extraída e brita produzida","m",299.58]
[804479,"Confecção de tubos de concreto armado D = 1,00 m PA2 - areia e brita comerciais","m",393.26]
[804478,"Confecção de tubos de concreto armado D = 1,00 m PA2 - areia extraída e brita produzida","m",351.49]
[804489,"Confecção de tubos de concreto armado D = 1,00 m PA3 - areia e brita comerciais","m",496.68]
[804488,"Confecção de tubos de concreto armado D = 1,00 m PA3 - areia extraída e brita produzida","m",443.37]
[804499,"Confecção de tubos de concreto armado D = 1,00 m PA4 - areia e brita comerciais","m",630.29]
[804498,"Confecção de tubos de concreto armado D = 1,00 m PA4 - areia extraída e brita produzida","m",568.11]
[804471,"Confecção de tubos de concreto armado D = 1,20 m PA1 - areia e brita comerciais","m",463.62]
[804470,"Confecção de tubos de concreto armado D = 1,20 m PA1 - areia extraída e brita produzida","m",402.69]
[804481,"Confecção de tubos de concreto armado D = 1,20 m PA2 - areia e brita comerciais","m",580.26]
[804480,"Confecção de tubos de concreto armado D = 1,20 m PA2 - areia extraída e brita produzida","m",519.49]
[804491,"Confecção de tubos de concreto armado D = 1,20 m PA3 - areia e brita comerciais","m",765.17]
[804490,"Confecção de tubos de concreto armado D = 1,20 m PA3 - areia extraída e brita produzida","m",684]
[804501,"Confecção de tubos de concreto armado D = 1,20 m PA4 - areia e brita comerciais","m",918.35]
[804500,"Confecção de tubos de concreto armado D = 1,20 m PA4 - areia extraída e brita produzida","m",826.35]
[804473,"Confecção de tubos de concreto armado D = 1,50 m PA1 - areia e brita comerciais","m",747.2]
[804472,"Confecção de tubos de concreto armado D = 1,50 m PA1 - areia extraída e brita produzida","m",652.03]
[804483,"Confecção de tubos de concreto armado D = 1,50 m PA2 - areia e brita comerciais","m",928.64]
[804482,"Confecção de tubos de concreto armado D = 1,50 m PA2 - areia extraída e brita produzida","m",833.72]
[804493,"Confecção de tubos de concreto armado D = 1,50 m PA3 - areia e brita comerciais","m",1225.94]
[804492,"Confecção de tubos de concreto armado D = 1,50 m PA3 - areia extraída e brita produzida","m",1100.3]
[804503,"Confecção de tubos de concreto armado D = 1,50 m PA4 - areia e brita comerciais","m",1461.33]
[804502,"Confecção de tubos de concreto armado D = 1,50 m PA4 - areia extraída e brita produzida","m",1331.46]
[804180,"Corpo de BDTC D = 0,80 m PA1 - areia extraída e brita e pedra de mão produzidas","m",1134.46]
[804181,"Corpo de BDTC D = 0,80 m PA1 - areia, brita e pedra de mão comerciais","m",1222.3599999999999]
[804182,"Corpo de BDTC D = 0,80 m PA2 - areia extraída e brita e pedra de mão produzidas","m",1176.46]
[804183,"Corpo de BDTC D = 0,80 m PA2 - areia, brita e pedra de mão comerciais","m",1264.3599999999999]
[804184,"Corpo de BDTC D = 0,80 m PA3 - areia extraída e brita e pedra de mão produzidas","m",1325.59]
[804185,"Corpo de BDTC D = 0,80 m PA3 - areia, brita e pedra de mão comerciais","m",1413.49]
[804186,"Corpo de BDTC D = 0,80 m PA4 - areia extraída e brita e pedra de mão produzidas","m",1392.41]
[804187,"Corpo de BDTC D = 0,80 m PA4 - areia, brita e pedra de mão comerciais","m",1480.31]
[804188,"Corpo de BDTC D = 1,00 m PA1 - areia extraída e brita e pedra de mão produzidas","m",1557.39]
[804189,"Corpo de BDTC D = 1,00 m PA1 - areia, brita e pedra de mão comerciais","m",1674.97]
[804190,"Corpo de BDTC D = 1,00 m PA2 - areia extraída e brita e pedra de mão produzidas","m",1725.19]
[804191,"Corpo de BDTC D = 1,00 m PA2 - areia, brita e pedra de mão comerciais","m",1842.77]
[804192,"Corpo de BDTC D = 1,00 m PA3 - areia extraída e brita e pedra de mão produzidas","m",1788.71]
[804193,"Corpo de BDTC D = 1,00 m PA3 - areia, brita e pedra de mão comerciais","m",1906.29]
[804194,"Corpo de BDTC D = 1,00 m PA4 - areia extraída e brita e pedra de mão produzidas","m",1869.52]
[804195,"Corpo de BDTC D = 1,00 m PA4 - areia, brita e pedra de mão comerciais","m",1987.1]
[804196,"Corpo de BDTC D = 1,20 m PA1 - areia extraída e brita e pedra de mão produzidas","m",2188.0700000000002]
[804197,"Corpo de BDTC D = 1,20 m PA1 - areia, brita e pedra de mão comerciais","m",2338]
[804198,"Corpo de BDTC D = 1,20 m PA2 - areia extraída e brita e pedra de mão produzidas","m",2283.0700000000002]
[804199,"Corpo de BDTC D = 1,20 m PA2 - areia, brita e pedra de mão comerciais","m",2433]
[804200,"Corpo de BDTC D = 1,20 m PA3 - areia extraída e brita e pedra de mão produzidas","m",2420.3200000000002]
[804201,"Corpo de BDTC D = 1,20 m PA3 - areia, brita e pedra de mão comerciais","m",2570.25]
[804202,"Corpo de BDTC D = 1,20 m PA4 - areia extraída e brita e pedra de mão produzidas","m",2639.55]
[804203,"Corpo de BDTC D = 1,20 m PA4 - areia, brita e pedra de mão comerciais","m",2789.48]
[804204,"Corpo de BDTC D = 1,50 m PA1 - areia extraída e brita e pedra de mão produzidas","m",2681.12]
[804205,"Corpo de BDTC D = 1,50 m PA1 - areia, brita e pedra de mão comerciais","m",2874.81]
[804206,"Corpo de BDTC D = 1,50 m PA2 - areia extraída e brita e pedra de mão produzidas","m",2884.51]
[804207,"Corpo de BDTC D = 1,50 m PA2 - areia, brita e pedra de mão comerciais","m",3078.2]
[804208,"Corpo de BDTC D = 1,50 m PA3 - areia extraída e brita e pedra de mão produzidas","m",3558.9]
[804209,"Corpo de BDTC D = 1,50 m PA3 - areia, brita e pedra de mão comerciais","m",3752.59]
[804210,"Corpo de BDTC D = 1,50 m PA4 - areia extraída e brita e pedra de mão produzidas","m",3763.32]
[804211,"Corpo de BDTC D = 1,50 m PA4 - areia, brita e pedra de mão comerciais","m",3957.01]
[804012,"Corpo de BSTC D = 0,40 m PA1 - areia extraída e brita e pedra de mão produzidas","m",249.21]
[804013,"Corpo de BSTC D = 0,40 m PA1 - areia, brita e pedra de mão comerciais","m",270.60000000000002]
[804014,"Corpo de BSTC D = 0,40 m PA2 - areia extraída e brita e pedra de mão produzidas","m",270.52999999999997]
[804015,"Corpo de BSTC D = 0,40 m PA2 - areia, brita e pedra de mão comerciais","m",291.92]
[804016,"Corpo de BSTC D = 0,40 m PA3 - areia extraída e brita e pedra de mão produzidas","m",272.02999999999997]
[804017,"Corpo de BSTC D = 0,40 m PA3 - areia, brita e pedra de mão comerciais","m",293.42]
[804018,"Corpo de BSTC D = 0,40 m PA4 - areia extraída e brita e pedra de mão produzidas","m",322.74]
[804019,"Corpo de BSTC D = 0,40 m PA4 - areia, brita e pedra de mão comerciais","m",344.13]
[804020,"Corpo de BSTC D = 0,60 m PA1 - areia extraída e brita e pedra de mão produzidas","m",401.46]
[804021,"Corpo de BSTC D = 0,60 m PA1 - areia, brita e pedra de mão comerciais","m",433.61]
[804022,"Corpo de BSTC D = 0,60 m PA2 - areia extraída e brita e pedra de mão produzidas","m",406.72]
[804023,"Corpo de BSTC D = 0,60 m PA2 - areia, brita e pedra de mão comerciais","m",438.87]
[804024,"Corpo de BSTC D = 0,60 m PA3 - areia extraída e brita e pedra de mão produzidas","m",437.93]
[804025,"Corpo de BSTC D = 0,60 m PA3 - areia, brita e pedra de mão comerciais","m",470.08]
[804026,"Corpo de BSTC D = 0,60 m PA4 - areia extraída e brita e pedra de mão produzidas","m",543.71]
[804027,"Corpo de BSTC D = 0,60 m PA4 - areia, brita e pedra de mão comerciais","m",575.86]
[804028,"Corpo de BSTC D = 0,80 m PA1 - areia extraída e brita e pedra de mão produzidas","m",596.16999999999996]
[804029,"Corpo de BSTC D = 0,80 m PA1 - areia, brita e pedra de mão comerciais","m",640.12]
[804030,"Corpo de BSTC D = 0,80 m PA2 - areia extraída e brita e pedra de mão produzidas","m",617.16999999999996]
[804031,"Corpo de BSTC D = 0,80 m PA2 - areia, brita e pedra de mão comerciais","m",661.12]
[804032,"Corpo de BSTC D = 0,80 m PA3 - areia extraída e brita e pedra de mão produzidas","m",691.74]
[804033,"Corpo de BSTC D = 0,80 m PA3 - areia, brita e pedra de mão comerciais","m",735.69]
[804034,"Corpo de BSTC D = 0,80 m PA4 - areia extraída e brita e pedra de mão produzidas","m",725.15]
[804035,"Corpo de BSTC D = 0,80 m PA4 - areia, brita e pedra de mão comerciais","m",769.1]
[804036,"Corpo de BSTC D = 1,00 m PA1 - areia extraída e brita e pedra de mão produzidas","m",809.14]
[804037,"Corpo de BSTC D = 1,00 m PA1 - areia, brita e pedra de mão comerciais","m",866.53]
[804038,"Corpo de BSTC D = 1,00 m PA2 - areia extraída e brita e pedra de mão produzidas","m",893.04]
[804039,"Corpo de BSTC D = 1,00 m PA2 - areia, brita e pedra de mão comerciais","m",950.43]
[804040,"Corpo de BSTC D = 1,00 m PA3 - areia extraída e brita e pedra de mão produzidas","m",924.8]
[804041,"Corpo de BSTC D = 1,00 m PA3 - areia, brita e pedra de mão comerciais","m",982.19]
[804042,"Corpo de BSTC D = 1,00 m PA4 - areia extraída e brita e pedra de mão produzidas","m",965.2]
[804043,"Corpo de BSTC D = 1,00 m PA4 - areia, brita e pedra de mão comerciais","m",1022.59]
[804044,"Corpo de BSTC D = 1,20 m PA1 - areia extraída e brita e pedra de mão produzidas","m",1125.18]
[804045,"Corpo de BSTC D = 1,20 m PA1 - areia, brita e pedra de mão comerciais","m",1196.93]
[804046,"Corpo de BSTC D = 1,20 m PA2 - areia extraída e brita e pedra de mão produzidas","m",1172.68]
[804047,"Corpo de BSTC D = 1,20 m PA2 - areia, brita e pedra de mão comerciais","m",1244.43]
[804048,"Corpo de BSTC D = 1,20 m PA3 - areia extraída e brita e pedra de mão produzidas","m",1241.31]
[804049,"Corpo de BSTC D = 1,20 m PA3 - areia, brita e pedra de mão comerciais","m",1313.05]
[804050,"Corpo de BSTC D = 1,20 m PA4 - areia extraída e brita e pedra de mão produzidas","m",1350.92]
[804051,"Corpo de BSTC D = 1,20 m PA4 - areia, brita e pedra de mão comerciais","m",1422.67]
[804052,"Corpo de BSTC D = 1,50 m PA1 - areia extraída e brita e pedra de mão produzidas","m",1375.31]
[804053,"Corpo de BSTC D = 1,50 m PA1 - areia, brita e pedra de mão comerciais","m",1468.66]
[804054,"Corpo de BSTC D = 1,50 m PA2 - areia extraída e brita e pedra de mão produzidas","m",1477.01]
[804055,"Corpo de BSTC D = 1,50 m PA2 - areia, brita e pedra de mão comerciais","m",1570.35]
[804056,"Corpo de BSTC D = 1,50 m PA3 - areia extraída e brita e pedra de mão produzidas","m",1814.2]
[804057,"Corpo de BSTC D = 1,50 m PA3 - areia, brita e pedra de mão comerciais","m",1907.55]
[804058,"Corpo de BSTC D = 1,50 m PA4 - areia extraída e brita e pedra de mão produzidas","m",1916.41]
[804059,"Corpo de BSTC D = 1,50 m PA4 - areia, brita e pedra de mão comerciais","m",2009.75]
[804292,"Corpo de BTTC D = 1,00 m PA1 - areia extraída e brita e pedra de mão produzidas","m",2305.65]
[804293,"Corpo de BTTC D = 1,00 m PA1 - areia, brita e pedra de mão comerciais","m",2483.42]
[804294,"Corpo de BTTC D = 1,00 m PA2 - areia extraída e brita e pedra de mão produzidas","m",2557.35]
[804295,"Corpo de BTTC D = 1,00 m PA2 - areia, brita e pedra de mão comerciais","m",2735.12]
[804296,"Corpo de BTTC D = 1,00 m PA3 - areia extraída e brita e pedra de mão produzidas","m",2652.62]
[804297,"Corpo de BTTC D = 1,00 m PA3 - areia, brita e pedra de mão comerciais","m",2830.4]
[804298,"Corpo de BTTC D = 1,00 m PA4 - areia extraída e brita e pedra de mão produzidas","m",2773.85]
[804299,"Corpo de BTTC D = 1,00 m PA4 - areia, brita e pedra de mão comerciais","m",2951.62]
[804300,"Corpo de BTTC D = 1,20 m PA1 - areia extraída e brita e pedra de mão produzidas","m",3250.7]
[804301,"Corpo de BTTC D = 1,20 m PA1 - areia, brita e pedra de mão comerciais","m",3478.68]
[804302,"Corpo de BTTC D = 1,20 m PA2 - areia extraída e brita e pedra de mão produzidas","m",3393.2]
[804303,"Corpo de BTTC D = 1,20 m PA2 - areia, brita e pedra de mão comerciais","m",3621.18]
[804304,"Corpo de BTTC D = 1,20 m PA3 - areia extraída e brita e pedra de mão produzidas","m",3599.07]
[804305,"Corpo de BTTC D = 1,20 m PA3 - areia, brita e pedra de mão comerciais","m",3827.05]
[804306,"Corpo de BTTC D = 1,20 m PA4 - areia extraída e brita e pedra de mão produzidas","m",3927.92]
[804307,"Corpo de BTTC D = 1,20 m PA4 - areia, brita e pedra de mão comerciais","m",4155.8999999999996]
[804308,"Corpo de BTTC D = 1,50 m PA1 - areia extraída e brita e pedra de mão produzidas","m",3987.2]
[804309,"Corpo de BTTC D = 1,50 m PA1 - areia, brita e pedra de mão comerciais","m",4281.37]
[804310,"Corpo de BTTC D = 1,50 m PA2 - areia extraída e brita e pedra de mão produzidas","m",4292.28]
[804311,"Corpo de BTTC D = 1,50 m PA2 - areia, brita e pedra de mão comerciais","m",4586.45]
[804312,"Corpo de BTTC D = 1,50 m PA3 - areia extraída e brita e pedra de mão produzidas","m",5303.87]
[804313,"Corpo de BTTC D = 1,50 m PA3 - areia, brita e pedra de mão comerciais","m",5598.04]
[804314,"Corpo de BTTC D = 1,50 m PA4 - areia extraída e brita e pedra de mão produzidas","m",5610.49]
[804315,"Corpo de BTTC D = 1,50 m PA4 - areia, brita e pedra de mão comerciais","m",5904.66]
[805446,"Dentes para bueiros duplos D = 0,80 m - areia extraída e brita e pedra de mão produzidas","un",40.36]
[805447,"Dentes para bueiros duplos D = 0,80 m - areia, brita e pedra de mão comerciais","un",53.81]
[805448,"Dentes para bueiros duplos D = 1,00 m - areia extraída e brita e pedra de mão produzidas","un",48.38]
[805449,"Dentes para bueiros duplos D = 1,00 m - areia, brita e pedra de mão comerciais","un",64.489999999999995]
[805450,"Dentes para bueiros duplos D = 1,20 m - areia extraída e brita e pedra de mão produzidas","un",56.14]
[805451,"Dentes para bueiros duplos D = 1,20 m - areia, brita e pedra de mão comerciais","un",74.760000000000005]
[805452,"Dentes para bueiros duplos D = 1,50 m - areia extraída e brita e pedra de mão produzidas","un",65.739999999999995]
[805453,"Dentes para bueiros duplos D = 1,50 m - areia, brita e pedra de mão comerciais","un",87.87]
[805434,"Dentes para bueiros simples D = 0,40 m - areia extraída e brita e pedra de mão produzidas","un",13.66]
[805435,"Dentes para bueiros simples D = 0,40 m - areia, brita e pedra de mão comerciais","un",17.73]
[805436,"Dentes para bueiros simples D = 0,60 m - areia extraída e brita e pedra de mão produzidas","un",16.04]
[805437,"Dentes para bueiros simples D = 0,60 m - areia, brita e pedra de mão comerciais","un",21.36]
[805438,"Dentes para bueiros simples D = 0,80 m - areia extraída e brita e pedra de mão produzidas","un",21.68]
[805439,"Dentes para bueiros simples D = 0,80 m - areia, brita e pedra de mão comerciais","un",28.41]
[805440,"Dentes para bueiros simples D = 1,00 m - areia extraída e brita e pedra de mão produzidas","un",24.32]
[805441,"Dentes para bueiros simples D = 1,00 m - areia, brita e pedra de mão comerciais","un",32.450000000000003]
[805442,"Dentes para bueiros simples D = 1,20 m - areia extraída e brita e pedra de mão produzidas","un",29.44]
[805443,"Dentes para bueiros simples D = 1,20 m - areia, brita e pedra de mão comerciais","un",38.68]
[805444,"Dentes para bueiros simples D = 1,50 m - areia extraída e brita e pedra de mão produzidas","un",32.869999999999997]
[805445,"Dentes para bueiros simples D = 1,50 m - areia, brita e pedra de mão comerciais","un",43.93]
[805454,"Dentes para bueiros triplos D = 1,00 m - areia extraída e brita e pedra de mão produzidas","un",72.709999999999994]
[805455,"Dentes para bueiros triplos D = 1,00 m - areia, brita e pedra de mão comerciais","un",96.93]
[805456,"Dentes para bueiros triplos D = 1,20 m - areia extraída e brita e pedra de mão produzidas","un",82.57]
[805457,"Dentes para bueiros triplos D = 1,20 m - areia, brita e pedra de mão comerciais","un",110.44]
[805458,"Dentes para bueiros triplos D = 1,50 m - areia extraída e brita e pedra de mão produzidas","un",98.88]
[805459,"Dentes para bueiros triplos D = 1,50 m - areia, brita e pedra de mão comerciais","un",132.19999999999999]
[909620,"Alvenaria de blocos de concreto 19 x 19 x 39 cm com espessura de 20 cm com argamassa traço 1:0,5:3,5 - areia comercial","m²",120.48]
[909621,"Alvenaria de blocos de concreto 19 x 19 x 39 cm com espessura de 20 cm com argamassa traço 1:0,5:3,5 - areia extraída","m²",118.81]
[903802,"Bacia de contenção para tanque de emulsão de 30.000 l - inclusive demolição","un",15248.3]
[919113,"Canaleta perfil cartola 50 x 50 x 3 mm - aba 25 mm","m",51.83]
[903788,"Chapisco com argamassa de cimento e areia 1:3 - aplicação manual","m²",4.55]
[919247,"Cobertura em chapas zincadas com espessura de 0,43 mm - utilização 2 vezes","m²",41.31]
[919016,"Depósito de óleo para oficina - inclusive demolição","un",7821.52]
[919079,"Dique de contenção para usina de asfalto a quente - inclusive demolição","m²",115.96]
[903789,"Emboço com argamassa de cimento, cal hidratada e areia 1:2:8 com espessura de 2 cm - aplicação manual","m²",33.92]
[919250,"Fornecimento e instalação de extintor de espuma 10 l","un",589.64]
[903807,"Instalação da central de britagem com capacidade de 80 m³/h","un",101724.83]
[903806,"Instalação da central de concreto com capacidade de 150 m³/h","un",173266.11]
[903804,"Instalação da central de concreto com capacidade de 30 m³/h","un",63534.78]
[903805,"Instalação da central de concreto com capacidade de 40 m³/h","un",74504.13]
[903810,"Instalação da usina de asfalto a quente capacidade de 120 t/h","un",186615.92]
[903809,"Instalação da usina de pré-misturado a frio com capacidade de 60 t/h","un",120976.18]
[903808,"Instalação da usina misturadora de solos com capacidade de 300 t/h","un",107084.61]
[903845,"Lastro de brita comercial - espalhamento mecânico","m³",138.24]
[919009,"Montagem e desmontagem da central de britagem com capacidade de 80 m³/h - inclusive construção de aterro, construção e demolição de rampa e bases","un",63167.48]
[919007,"Montagem e desmontagem da central de concreto com capacidade de 150 m³/h - inclusive construção e demolição de bases, rampas e depósitos de agregados","un",118792.26]
[919011,"Montagem e desmontagem da central de concreto com capacidade de 30 m³/h - inclusive construção e demolição de bases, rampas e depósitos de agregados","un",33797.089999999997]
[919246,"Montagem e desmontagem da central de concreto com capacidade de 40 m³/h - inclusive construção e demolição de bases, rampas e depósitos de agregados","un",46431.94]
[919013,"Montagem e desmontagem da usina de asfalto a quente com capacidade de 120 t/h - inclusive construção e demolição de bases, rampas, depósitos de agregados e dique de contenção","un",131490.66]
[919008,"Montagem e desmontagem da usina de pré-misturado a frio com capacidade de 60 t/h - inclusive construção e demolição de bases, rampas, depósitos de agregados e bacia de contenção","un",94644.96]
[919012,"Montagem e desmontagem da usina misturadora de solos com capacidade de 300 t/h - inclusive construção e demolição de bases, rampas e depósitos de agregados","un",60663.13]
[903848,"Muro em alvenaria de blocos de concreto com espessura de 0,20 m h = 1,0 m","m",165.86]
[919002,"Posto de combustível - com reaproveitamento de 2 vezes do tanque/bomba/cobertura - inclusive demolição","un",34293.589999999997]
[919210,"Rampa de lavagem - inclusive demolição","un",20995.74]
[909612,"Rampa para acesso do misturador de agregados para centrais de 30 m³ e 40 m³ - inclusive demolição","un",13183.51]
[909613,"Rampa para acesso do misturador de agregados para central de 150 m³ - inclusive demolição","un",21698.52]
[909614,"Rampa para acesso do misturador de agregados para central de britagem - inclusive demolição","un",46159.95]
[909616,"Rampa para acesso do misturador de agregados para PMF - inclusive demolição","un",37624.6]
[909617,"Rampa para acesso do misturador de agregados para usina de asfalto a quente - inclusive demolição","un",22277.27]
[909615,"Rampa para acesso do misturador de agregados para usina de solos - inclusive demolição","un",17116.48]
[903860,"Selador acrílico - camada de fundo com aplicação manual","m²",2.99]
[919101,"Sistema separador água e óleo, inclusive demolição","un",1912.6]
[903818,"Tinta látex - duas camadas com aplicação manual","m²",15.12]
[1100657,"Adensamento de concreto por vibrador de imersão","m³",3.3]
[1108055,"Argamassa autoadensável para reparos e grauteamento - confecção em misturador e lançamento manual","m³",3447.01]
[1109665,"Argamassa de cimento e areia 1:1 - confecção em betoneira e lançamento manual - areia comercial","m³",826.64]
[1109664,"Argamassa de cimento e areia 1:1 - confecção em betoneira e lançamento manual - areia extraída","m³",761.11]
[1109667,"Argamassa de cimento e areia 1:2 - confecção em betoneira e lançamento manual - areia comercial","m³",634.08000000000004]
[1109666,"Argamassa de cimento e areia 1:2 - confecção em betoneira e lançamento manual - areia extraída","m³",520.51]
[1109669,"Argamassa de cimento e areia 1:3 - confecção em betoneira e lançamento manual - areia comercial","m³",539.30999999999995]
[1109668,"Argamassa de cimento e areia 1:3 - confecção em betoneira e lançamento manual - areia extraída","m³",403.08]
[1108060,"Argamassa de cimento e areia 1:3 com 8% de microssílica - confecção em betoneira e lançamento manual - areia comercial","m³",633.84]
[1109626,"Argamassa de cimento e areia 1:3 com 8% de microssílica - confecção em betoneira e lançamento manual - areia extraída","m³",492.68]
[1109671,"Argamassa de cimento e areia 1:4 - confecção em betoneira e lançamento manual - areia comercial","m³",491.71]
[1109670,"Argamassa de cimento e areia 1:4 - confecção em betoneira e lançamento manual - areia extraída","m³",342.28]
[1109672,"Argamassa de cimento e areia com aditivo aglutinante 1:8 - confecção em betoneira e lançamento manual - areia comercial","m³",399.73]
[1109624,"Argamassa de cimento e areia com aditivo aglutinante 1:8 - confecção em betoneira e lançamento manual - areia extraída","m³",227.55]
[1109622,"Argamassa de cimento, cal hidratada e areia 1:0,5:3,5 - confecção em betoneira e lançamento manual - areia comercial","m³",490.95]
[1109623,"Argamassa de cimento, cal hidratada e areia 1:0,5:3,5 - confecção em betoneira e lançamento manual - areia extraída","m³",379.62]
[1109697,"Argamassa de cimento, cal hidratada e areia 1:0,5:8 - confecção em betoneira e lançamento manual - areia comercial","m³",370.72]
[1109698,"Argamassa de cimento, cal hidratada e areia 1:0,5:8 - confecção em betoneira e lançamento manual - areia extraída","m³",229.74]
[1109679,"Argamassa de cimento, cal hidratada e areia 1:1:6 - confecção em betoneira e lançamento manual - areia comercial","m³",427.67]
[1109625,"Argamassa de cimento, cal hidratada e areia 1:1:6 - confecção em betoneira e lançamento manual - areia extraída","m³",299.77999999999997]
[1109678,"Argamassa de cimento, cal hidratada e areia 1:2:10 - confecção em betoneira e lançamento manual - areia comercial","m³",393.81]
[1109694,"Argamassa de cimento, cal hidratada e areia 1:2:10 - confecção em betoneira e lançamento manual - areia extraída","m³",256.7]
[1109673,"Argamassa de cimento, cal hidratada e areia 1:2:6 - confecção em betoneira e lançamento manual - areia comercial","m³",469.4]
[1109690,"Argamassa de cimento, cal hidratada e areia 1:2:6 - confecção em betoneira e lançamento manual - areia extraída","m³",349.99]
[1109674,"Argamassa de cimento, cal hidratada e areia 1:2:7 - confecção em betoneira e lançamento manual - areia comercial","m³",443.96]
[1109691,"Argamassa de cimento, cal hidratada e areia 1:2:7 - confecção em betoneira e lançamento manual - areia extraída","m³",318.58]
[1109675,"Argamassa de cimento, cal hidratada e areia 1:2:8 - confecção em betoneira e lançamento manual - areia comercial","m³",423.67]
[1109692,"Argamassa de cimento, cal hidratada e areia 1:2:8 - confecção em betoneira e lançamento manual - areia extraída","m³",293.57]
[1109676,"Argamassa de cimento, cal hidratada e areia 1:2:9 - confecção em betoneira e lançamento manual - areia comercial","m³",407.26]
[1109693,"Argamassa de cimento, cal hidratada e areia 1:2:9 - confecção em betoneira e lançamento manual - areia extraída","m³",273.33]
[1109680,"Argamassa para reparos e grauteamento - confecção em misturador e lançamento manual","m³",4007.2]
[1107748,"Argamassa polimérica de alto desempenho projetada para reparos superficiais e reforços estruturais - confecção em misturador e lançamento projetado","m³",10366.19]
[1110000,"Concreto","m³",0]
[1106059,"Concreto autoadensável com silicato de alumínio fck = 20 MPa - confecção em betoneira e lançamento manual - areia e brita comerciais","m³",601.16]
[1106060,"Concreto autoadensável com silicato de alumínio fck = 20 MPa - confecção em betoneira e lançamento manual - areia extraída e brita produzida","m³",460.19]
[1100658,"Concreto autoadensável com silicato de alumínio fck = 20 MPa - confecção em central dosadora de 30 m³/h - areia e brita comerciais","m³",516.91999999999996]
[1106159,"Concreto autoadensável com silicato de alumínio fck = 25 MPa - confecção em central dosadora de 30 m³/h - areia e brita comerciais","m³",550.54999999999995]
[1107902,"Concreto autoadensável com silicato de alumínio fck = 30 MPa - confecção em central dosadora de 30 m³/h - areia e brita comerciais","m³",588.09]
[1107906,"Concreto autoadensável com silicato de alumínio fck = 35 MPa - confecção em central dosadora de 30 m³/h - areia e brita comerciais","m³",630.04999999999995]
[1107910,"Concreto autoadensável com silicato de alumínio fck = 40 MPa - confecção em central dosadora de 30 m³/h - areia e brita comerciais","m³",676.95]
[1107911,"Concreto autoadensável com silicato de alumínio fck = 45 MPa - confecção em central dosadora de 30 m³/h - areia e brita comerciais","m³",729.36]
[1107912,"Concreto autoadensável com silicato de alumínio fck = 50 MPa - confecção em central dosadora de 30 m³/h - areia e brita comerciais","m³",801.41]
[1106164,"Concreto ciclópico fck = 20 MPa - confecção em betoneira e lançamento manual - areia extraída, brita e pedra de mão produzidas","m³",263.94]
[1106165,"Concreto ciclópico fck = 20 MPa - confecção em betoneira e lançamento manual - areia, brita e pedra de mão comerciais","m³",403.97]
[1106156,"Concreto com 10% de microssílica fck = 45 MPa - confecção em central dosadora de 30 m³/h - areia e brita comerciais","m³",577.30999999999995]
[1107932,"Concreto com 10% de microssílica fck = 50 MPa - confecção em central dosadora de 30 m³/h - areia e brita comerciais","m³",617.44000000000005]
[1108111,"Concreto com 8% de microssílica fck = 25 MPa - confecção em central dosadora de 30 m³/h - areia e brita comerciais","m³",463.39]
[1108112,"Concreto com 8% de microssílica fck = 30 MPa - confecção em central dosadora de 30 m³/h - areia e brita comerciais","m³",474.57]
[1108113,"Concreto com 8% de microssílica fck = 35 MPa - confecção em central dosadora de 30 m³/h - areia e brita comerciais","m³",502.61]
[1108114,"Concreto com 8% de microssílica fck = 40 MPa - confecção em central dosadora de 30 m³/h - areia e brita comerciais","m³",533.91]
[1108061,"Concreto com látex SBR fck = 25 MPa - confecção em betoneira e lançamento manual - areia e brita comerciais","m³",859.25]
[1108064,"Concreto com látex SBR fck = 30 MPa - confecção em betoneira e lançamento manual - areia e brita comerciais","m³",926.82]
[1107888,"Concreto fck = 15 MPa - confecção em betoneira e lançamento manual - areia e brita comerciais","m³",451.91]
[1107889,"Concreto fck = 15 MPa - confecção em betoneira e lançamento manual - areia extraída e brita produzida","m³",307.60000000000002]
[1107892,"Concreto fck = 20 MPa - confecção em betoneira e lançamento manual - areia e brita comerciais","m³",471.62]
[1107891,"Concreto fck = 20 MPa - confecção em betoneira e lançamento manual - areia extraída e brita produzida","m³",329.58]
[1107928,"Concreto fck = 20 MPa - confecção em central dosadora de 30 m³/h - areia e brita comerciais","m³",407.5]
[1107929,"Concreto fck = 20 MPa - confecção em central dosadora de 30 m³/h - areia extraída e brita produzida","m³",264.88]
[1106109,"Concreto fck = 20 MPa - confecção em central dosadora de 40 m³/h - areia e brita comerciais","m³",377.17]
[1106117,"Concreto fck = 20 MPa - confecção em central dosadora de 40 m³/h - areia extraída e brita produzida","m³",234.56]
[1107896,"Concreto fck = 25 MPa - confecção em betoneira e lançamento manual - areia e brita comerciais","m³",493.71]
[1107895,"Concreto fck = 25 MPa - confecção em betoneira e lançamento manual - areia extraída e brita produzida","m³",354.22]
[1119528,"Concreto fck = 25 MPa - confecção em central dosadora de 30 m³/h - areia e brita comerciais","m³",422.26]
[1106135,"Concreto fck = 25 MPa - confecção em central dosadora de 30 m³/h - areia extraída e brita produzida","m³",281.39999999999998]
[1106136,"Concreto fck = 25 MPa - confecção em central dosadora de 40 m³/h - areia e brita comerciais","m³",389.72]
[1106137,"Concreto fck = 25 MPa - confecção em central dosadora de 40 m³/h - areia extraída e brita produzida","m³",248.86]
[1116127,"Concreto fck = 25 MPa para pré-moldados (mourões) - confecção em betoneira e lançamento manual - areia e brita comerciais","m³",515.77]
[1116126,"Concreto fck = 25 MPa para pré-moldados (mourões) - confecção em betoneira e lançamento manual - areia extraída e brita produzida","m³",382.91]
[1107900,"Concreto fck = 30 MPa - confecção em betoneira e lançamento manual - areia e brita comerciais","m³",518.32000000000005]
[1107899,"Concreto fck = 30 MPa - confecção em betoneira e lançamento manual - areia extraída e brita produzida","m³",381.67]
[1107890,"Concreto fck = 30 MPa - confecção em central dosadora de 30 m³/h - areia e brita comerciais","m³",441.52]
[1106138,"Concreto fck = 30 MPa - confecção em central dosadora de 30 m³/h - areia extraída e brita produzida","m³",302.95999999999998]
[1106139,"Concreto fck = 30 MPa - confecção em central dosadora de 40 m³/h - areia e brita comerciais","m³",406.16]
[1106140,"Concreto fck = 30 MPa - confecção em central dosadora de 40 m³/h - areia extraída e brita produzida","m³",267.60000000000002]
[1107904,"Concreto fck = 35 MPa - confecção em betoneira e lançamento manual - areia e brita comerciais","m³",545.88]
[1107903,"Concreto fck = 35 MPa - confecção em betoneira e lançamento manual - areia extraída e brita produzida","m³",412.41]
[1107908,"Concreto fck = 40 MPa - confecção em betoneira e lançamento manual - areia e brita comerciais","m³",576.58000000000004]
[1107907,"Concreto fck = 40 MPa - confecção em betoneira e lançamento manual - areia extraída e brita produzida","m³",446.66]
[1107871,"Concreto fctm,k = 4,5 MPa - confecção em central dosadora de 30 m³/h - areia e brita comerciais","m³",477.59]
[1107870,"Concreto fctm,k = 4,5 MPa - confecção em central dosadora de 30 m³/h - areia extraída e brita produzida","m³",341.04]
[1106057,"Concreto magro - confecção em betoneira e lançamento manual - areia e brita comerciais","m³",458.19]
[1106058,"Concreto magro - confecção em betoneira e lançamento manual - areia extraída e brita produzida","m³",322.35000000000002]
[1106380,"Concreto para bombeamento fck = 25 MPa - confecção em central dosadora de 30 m³/h - areia e brita comerciais","m³",450.38]
[1106378,"Concreto para bombeamento fck = 25 MPa - confecção em central dosadora de 30 m³/h - areia extraída e brita produzida","m³",315.93]
[1116263,"Concreto para bombeamento fck = 25 MPa - confecção em central dosadora de 40 m³/h - areia e brita comerciais","m³",413.18]
[1116267,"Concreto para bombeamento fck = 25 MPa - confecção em central dosadora de 40 m³/h - areia extraída e brita produzida","m³",278.73]
[1106280,"Concreto para bombeamento fck = 30 MPa - confecção em central dosadora de 30 m³/h - areia e brita comerciais","m³",473.02]
[1106289,"Concreto para bombeamento fck = 30 MPa - confecção em central dosadora de 30 m³/h - areia extraída e brita produzida","m³",341.24]
[1116264,"Concreto para bombeamento fck = 30 MPa - confecção em central dosadora de 40 m³/h - areia e brita comerciais","m³",432.53]
[1116268,"Concreto para bombeamento fck = 30 MPa - confecção em central dosadora de 40 m³/h - areia extraída e brita produzida","m³",300.75]
[1106281,"Concreto para bombeamento fck = 35 MPa - confecção em central dosadora de 30 m³/h - areia e brita comerciais","m³",502.18]
[1106382,"Concreto para bombeamento fck = 35 MPa - confecção em central dosadora de 30 m³/h - areia extraída e brita produzida","m³",373.84]
[1116265,"Concreto para bombeamento fck = 35 MPa - confecção em central dosadora de 40 m³/h - areia e brita comerciais","m³",457.38]
[1116269,"Concreto para bombeamento fck = 35 MPa - confecção em central dosadora de 40 m³/h - areia extraída e brita produzida","m³",329.04]
[1106282,"Concreto para bombeamento fck = 40 MPa - confecção em central dosadora de 30 m³/h - areia e brita comerciais","m³",534.73]
[1106384,"Concreto para bombeamento fck = 40 MPa - confecção em central dosadora de 30 m³/h - areia extraída e brita produzida","m³",410.23]
[1116266,"Concreto para bombeamento fck = 40 MPa - confecção em central dosadora de 40 m³/h - areia e brita comerciais","m³",485.16]
[1116270,"Concreto para bombeamento fck = 40 MPa - confecção em central dosadora de 40 m³/h - areia extraída e brita produzida","m³",360.66]
[1107868,"Concreto para sub-base adensado por vibração fck = 7,5 MPa - confecção em central dosadora de 30 m³/h - areia e brita comerciais","m³",358.5]
[1107869,"Concreto para sub-base adensado por vibração fck = 7,5 MPa - confecção em central dosadora de 30 m³/h - areia extraída e brita produzida","m³",210.05]
[1103853,"Concreto poroso para tubos de drenagem fck = 25 MPa - confecção em betoneira e lançamento manual - areia e brita comerciais","m³",445.09]
[1103852,"Concreto poroso para tubos de drenagem fck = 25 MPa - confecção em betoneira e lançamento manual - areia extraída e brita produzida","m³",364.9]
[1106284,"Concreto submerso fck = 20 MPa - confecção em central dosadora de 30 m³/h - areia e brita comerciais","m³",472.57]
[1108116,"Concreto submerso fck = 25 MPa - confecção em central dosadora de 30 m³/h - areia e brita comerciais","m³",478.11]
[1108118,"Concreto submerso fck = 30 MPa - confecção em central dosadora de 30 m³/h - areia e brita comerciais","m³",503.2]
[1106158,"Concreto submerso fck = 35 MPa - confecção em central dosadora de 30 m³/h - areia e brita comerciais","m³",535.54999999999995]
[1108120,"Concreto submerso fck = 40 MPa - confecção em central dosadora de 30 m³/h - areia e brita comerciais","m³",571.71]
[1106050,"Lançamento livre de concreto usinado por meio de caminhão betoneira - confecção em central dosadora de 30 m³/h","m³",44.65]
[1106051,"Lançamento livre de concreto usinado por meio de caminhão betoneira - confecção em central dosadora de 40 m³/h","m³",36.97]
[1106061,"Lançamento manual de concreto usinado - confecção em central dosadora de 30 m³/h","m³",52.1]
[1106087,"Lançamento manual de concreto usinado - confecção em central dosadora de 40 m³/h","m³",44.65]
[1107860,"Lançamento mecânico de concreto com bomba lança sobre chassi com capacidade de 50 m³/h - confecção em central dosadora de 40 m³/h","m³",53.22]
[1106088,"Lançamento mecânico de concreto com bomba rebocável com capacidade de 30 m³/h - confecção em central dosadora de 30 m³/h","m³",55.19]
[1106128,"Lançamento mecânico de concreto com bomba rebocável com capacidade de 41 m³/h - confecção em central dosadora de 40 m³/h","m³",45.09]
[1108056,"Microconcreto autoadensável para reparos e grauteamento - confecção em misturador e lançamento manual","m³",2989.26]
[1108059,"Microconcreto para reparos e grauteamento - confecção em misturador e lançamento manual","m³",3612.3]
[1207700,"Concreto fck = 20 MPa para projeção via seca - confecção em betoneira - areia e brita comerciais","m³",567.61]
[1207701,"Concreto fck = 25 MPa para projeção via seca - confecção em betoneira - areia e brita comerciais","m³",603.08000000000004]
[1207702,"Concreto fck = 30 MPa para projeção via seca - confecção em betoneira - areia e brita comerciais","m³",642.77]
[1207708,"Concreto fck = 30 MPa para projeção via úmida - confecção em central dosadora de 30 m³/h - areia e brita comerciais","m³",581.29999999999995]
[1207703,"Concreto fck = 40 MPa para projeção via seca - confecção em betoneira - areia e brita comerciais","m³",736.79]
[1207709,"Concreto fck = 40 MPa para projeção via úmida - confecção em central dosadora de 30 m³/h - areia e brita comerciais","m³",667.52]
[1207710,"Concreto projetado via seca fck = 20 MPa aplicado em pisos","m³",862.45]
[1207711,"Concreto projetado via seca fck = 20 MPa aplicado em superfícies inclinadas e verticais","m³",1075.07]
[1207713,"Concreto projetado via seca fck = 20 MPa aplicado em teto","m³",1624.8]
[1207714,"Concreto projetado via seca fck = 25 MPa aplicado em pisos","m³",904.18]
[1207715,"Concreto projetado via seca fck = 25 MPa aplicado em superfícies inclinadas e verticais","m³",1125.74]
[1207717,"Concreto projetado via seca fck = 25 MPa aplicado em teto","m³",1695.74]
[1207718,"Concreto projetado via seca fck = 30 MPa aplicado em pisos","m³",950.87]
[1207719,"Concreto projetado via seca fck = 30 MPa aplicado em superfícies inclinadas e verticais","m³",1182.44]
[1207721,"Concreto projetado via seca fck = 30 MPa aplicado em teto","m³",1775.12]
[1207722,"Concreto projetado via seca fck = 40 MPa aplicado em pisos","m³",1061.48]
[1207723,"Concreto projetado via seca fck = 40 MPa aplicado em superfícies inclinadas e verticais","m³",1316.76]
[1207725,"Concreto projetado via seca fck = 40 MPa via seca aplicado em teto","m³",1963.16]
[1207728,"Concreto projetado via úmida fck = 30 MPa aplicado em túneis classe I com seção de 20 a 40 m²","m³",875.04]
[1207727,"Concreto projetado via úmida fck = 30 MPa aplicado em túneis classe I com seção de 40 a 60 m²","m³",852.49]
[1207726,"Concreto projetado via úmida fck = 30 MPa aplicado em túneis classe I com seção de 60 a 90 m²","m³",834.46]
[1208329,"Concreto projetado via úmida fck = 30 MPa aplicado em túneis classe I com seção superior a 90 m²","m³",813.7]
[1207685,"Concreto projetado via úmida fck = 30 MPa aplicado em túneis classe II com seção de 20 a 40 m²","m³",922.63]
[1207684,"Concreto projetado via úmida fck = 30 MPa aplicado em túneis classe II com seção de 40 a 60 m²","m³",892.85]
[1207683,"Concreto projetado via úmida fck = 30 MPa aplicado em túneis classe II com seção de 60 a 90 m²","m³",870.15]
[1208337,"Concreto projetado via úmida fck = 30 MPa aplicado em túneis classe II com seção superior a 90 m²","m³",846.01]
[1207691,"Concreto projetado via úmida fck = 30 MPa aplicado em túneis classe III com seção de 20 a 40 m²","m³",980.44]
[1207690,"Concreto projetado via úmida fck = 30 MPa aplicado em túneis classe III com seção de 40 a 60 m²","m³",939.88]
[1207689,"Concreto projetado via úmida fck = 30 MPa aplicado em túneis classe III com seção de 60 a 90 m²","m³",905.78]
[1208345,"Concreto projetado via úmida fck = 30 MPa aplicado em túneis classe III com seção superior a 90 m²","m³",877.67]
[1207697,"Concreto projetado via úmida fck = 30 MPa aplicado em túneis classe IV com seção de 20 a 40 m²","m³",1053.93]
[1207696,"Concreto projetado via úmida fck = 30 MPa aplicado em túneis classe IV com seção de 40 a 60 m²","m³",995.96]
[1207695,"Concreto projetado via úmida fck = 30 MPa aplicado em túneis classe IV com seção de 60 a 90 m²","m³",956.53]
[1208353,"Concreto projetado via úmida fck = 30 MPa aplicado em túneis classe IV com seção superior a 90 m²","m³",916.88]
[1207663,"Concreto projetado via úmida fck = 30 MPa aplicado em túneis classe V com seção de 20 a 40 m²","m³",1134.67]
[1207662,"Concreto projetado via úmida fck = 30 MPa aplicado em túneis classe V com seção de 40 a 60 m²","m³",1107.3599999999999]
[1207661,"Concreto projetado via úmida fck = 30 MPa aplicado em túneis classe V com seção de 60 a 90 m²","m³",1085.51]
[1208361,"Concreto projetado via úmida fck = 30 MPa aplicado em túneis classe V com seção superior a 90 m²","m³",1052.74]
[1207669,"Concreto projetado via úmida fck = 30 MPa aplicado em túneis classe VI com seção de 20 a 40 m²","m³",1258.55]
[1207668,"Concreto projetado via úmida fck = 30 MPa aplicado em túneis classe VI com seção de 40 a 60 m²","m³",1224.6400000000001]
[1207667,"Concreto projetado via úmida fck = 30 MPa aplicado em túneis classe VI com seção de 60 a 90 m²","m³",1173.79]
[1208369,"Concreto projetado via úmida fck = 30 MPa aplicado em túneis classe VI com seção superior a 90 m²","m³",1122.94]
[1207682,"Concreto projetado via úmida fck = 40 MPa aplicado em túneis classe I com seção de 20 a 40 m²","m³",976.47]
[1207681,"Concreto projetado via úmida fck = 40 MPa aplicado em túneis classe I com seção de 40 a 60 m²","m³",953.92]
[1207729,"Concreto projetado via úmida fck = 40 MPa aplicado em túneis classe I com seção de 60 a 90 m²","m³",935.9]
[1208333,"Concreto projetado via úmida fck = 40 MPa aplicado em túneis classe I com seção superior a 90 m²","m³",915.13]
[1207688,"Concreto projetado via úmida fck = 40 MPa aplicado em túneis classe II com seção de 20 a 40 m²","m³",1027.1400000000001]
[1207687,"Concreto projetado via úmida fck = 40 MPa aplicado em túneis classe II com seção de 40 a 60 m²","m³",997.36]
[1207686,"Concreto projetado via úmida fck = 40 MPa aplicado em túneis classe II com seção de 60 a 90 m²","m³",974.65]
[1208341,"Concreto projetado via úmida fck = 40 MPa aplicado em túneis classe II com seção superior a 90 m²","m³",950.52]
[1207694,"Concreto projetado via úmida fck = 40 MPa aplicado em túneis classe III com seção de 20 a 40 m²","m³",1088.21]
[1207693,"Concreto projetado via úmida fck = 40 MPa aplicado em túneis classe III com seção de 40 a 60 m²","m³",1047.6600000000001]
[1207692,"Concreto projetado via úmida fck = 40 MPa aplicado em túneis classe III com seção de 60 a 90 m²","m³",1013.55]
[1208349,"Concreto projetado via úmida fck = 40 MPa aplicado em túneis classe III com seção superior a 90 m²","m³",985.44]
[1207660,"Concreto projetado via úmida fck = 40 MPa aplicado em túneis classe IV com seção de 20 a 40 m²","m³",1165.18]
[1207699,"Concreto projetado via úmida fck = 40 MPa aplicado em túneis classe IV com seção de 40 a 60 m²","m³",1107.21]
[1207698,"Concreto projetado via úmida fck = 40 MPa aplicado em túneis classe IV com seção de 60 a 90 m²","m³",1067.78]
[1208357,"Concreto projetado via úmida fck = 40 MPa aplicado em túneis classe IV com seção superior a 90 m²","m³",1028.1300000000001]
[1207666,"Concreto projetado via úmida fck = 40 MPa aplicado em túneis classe V com seção de 20 a 40 m²","m³",1249.6300000000001]
[1207665,"Concreto projetado via úmida fck = 40 MPa aplicado em túneis classe V com seção de 40 a 60 m²","m³",1222.32]
[1207664,"Concreto projetado via úmida fck = 40 MPa aplicado em túneis classe V com seção de 60 a 90 m²","m³",1200.47]
[1208365,"Concreto projetado via úmida fck = 40 MPa aplicado em túneis classe V com seção superior a 90 m²","m³",1167.7]
[1207672,"Concreto projetado via úmida fck = 40 MPa aplicado em túneis classe VI com seção de 20 a 40 m²","m³",1377.47]
[1207671,"Concreto projetado via úmida fck = 40 MPa aplicado em túneis classe VI com seção de 40 a 60 m²","m³",1343.57]
[1207670,"Concreto projetado via úmida fck = 40 MPa aplicado em túneis classe VI com seção de 60 a 90 m²","m³",1292.72]
[1208373,"Concreto projetado via úmida fck = 40 MPa aplicado em túneis classe VI com seção superior a 90 m²","m³",1241.8699999999999]
[1400976,"Corte a plasma CNC em chapa com espessura de 6,3 a 10 mm","m",5.04]
[1400970,"Corte a plasma manual em chapa de aço-carbono com espessura de 4 a 8 mm","m",2.06]
[1400971,"Corte a plasma manual em chapa de aço-carbono com espessura de 9 a 25 mm","m",9.02]
[1400972,"Corte a plasma manual em chapa de alumínio com espessura de 1,5 mm","m",1.99]
[1416201,"Corte de barras de aço CA-50 com maçarico oxiacetileno","cm²",0.21]
[1400969,"Corte de cantoneira de alumínio","un",0.13]
[1400975,"Corte de chapa de aço com guilhotina hidráulica","m",3.91]
[1416141,"Corte de chapas de aço com espessura de 12,5 mm com maçarico oxiacetileno","m",3.43]
[1416142,"Corte de chapas de aço com espessura de 16 mm com maçarico oxiacetileno","m",5.31]
[1400973,"Corte de chapas de aço com espessura de 3 mm com maçarico oxiacetileno","m",1.45]
[1400974,"Corte de chapas de aço com espessura de 5 mm com maçarico oxiacetileno","m",1.71]
[1416139,"Corte de chapas de aço com espessura de 6,3 mm com maçarico oxiacetileno","m",1.9]
[1416202,"Corte de chapas de aço com espessura de 8 mm com maçarico oxiacetileno","m",2.21]
[1416140,"Corte de chapas de aço com espessura de 9,5 mm com maçarico oxiacetileno","m",2.5299999999999998]
[1419543,"Corte de perfil metálico com máquina policorte com espessura de até 1/8\"","un",0.17]
[1408173,"Corte de perfis metálicos com maçarico oxiacetileno","cm²",0.06]
[1407063,"Corte de trilho TR45 com utilização de equipamento leve","un",7.56]
[1407064,"Corte de trilho TR57 com utilização de equipamento leve","un",7.8]
[1407065,"Corte de trilho TR68 com utilização de equipamento leve","un",7.99]
[1407066,"Corte de trilho UIC60 com utilização de equipamento leve","un",7.85]
[1400977,"Dobramento de chapas metálicas com espessuras de 6,3 a 10 mm","m",3.23]
[1407067,"Furação de trilho TR45 com utilização de equipamento leve","un",2.41]
[1407068,"Furação de trilho TR57 com utilização de equipamento leve","un",2.71]
[1407069,"Furação de trilho TR68 com utilização de equipamento leve","un",2.94]
[1407070,"Furação de trilho UIC60 com utilização de equipamento leve","un",2.8]
[1416257,"Solda com maçarico oxiacetileno de chapas de aço de 12,5 mm","m",257.31]
[1416253,"Solda com maçarico oxiacetileno de chapas de aço de 16 mm","m",589.78]
[1416254,"Solda com maçarico oxiacetileno de chapas de aço de 6,3 mm","m",48.66]
[1416255,"Solda com maçarico oxiacetileno de chapas de aço de 8 mm","m",86.15]
[1416256,"Solda com maçarico oxiacetileno de chapas de aço de 9,5 mm","m",133.44]
[1408028,"Solda elétrica manual de perfis metálicos e chapas de aço com eletrodo E70XX para beneficiamento de aço naval","kg",195.63]
[1408027,"Solda tipo MIG/MAG automatizada","kg",114.64]
[1400978,"Solda tipo MIG/MAG manual","kg",182.57]
[1513941,"Contenção em areia-cimento ensacada com mistura de areia com 8% de cimento - confecção e assentamento","m³",550.28]
[1513940,"Contenção em solo-cimento ensacado com mistura de solo de jazida com 8% de cimento - confecção e assentamento","m³",367.23]
[1505879,"Enrocamento de pedra arrumada manualmente - pedra de mão comercial - fornecimento e assentamento","m³",266.58999999999997]
[1505878,"Enrocamento de pedra arrumada manualmente - pedra de mão produzida - confecção e assentamento","m³",173.96]
[1505877,"Enrocamento de pedra espalhada e compactada mecanicamente - pedra de mão comercial - fornecimento e assentamento","m³",161.54]
[1505860,"Enrocamento de pedra jogada - pedra de mão comercial - fornecimento e assentamento","m³",170.28]
[1505859,"Enrocamento de pedra jogada - pedra de mão produzida - confecção e assentamento","m³",93.08]
[1516204,"Fabricação de blocos segmentais de face pré-moldados - C = 40 cm, L = 40 cm e H = 20 cm - massa de 25 kg","un",6.02]
[1516312,"Geocélula em PEAD, paredes perfuradas, soldadas - altura de 100 mm e 1.206 cm² de área de célula - fornecimento e instalação","m²",41.3]
[1516304,"Geocélula em PEAD, paredes perfuradas, soldadas - altura de 100 mm e 289 cm² de área de célula - fornecimento e instalação","m²",53.4]
[1516308,"Geocélula em PEAD, paredes perfuradas, soldadas - altura de 100 mm e 460 cm² de área de célula - fornecimento e instalação","m²",43.69]
[1516313,"Geocélula em PEAD, paredes perfuradas, soldadas - altura de 150 mm e 1.206 cm² de área de célula - fornecimento e instalação","m²",49.21]
[1516305,"Geocélula em PEAD, paredes perfuradas, soldadas - altura de 150 mm e 289 cm² de área de célula - fornecimento e instalação","m²",64.239999999999995]
[1516309,"Geocélula em PEAD, paredes perfuradas, soldadas - altura de 150 mm e 460 cm² de área de célula - fornecimento e instalação","m²",52.53]
[1516314,"Geocélula em PEAD, paredes perfuradas, soldadas - altura de 200 mm e 1.206 cm² de área de célula - fornecimento e instalação","m²",57.79]
[1516306,"Geocélula em PEAD, paredes perfuradas, soldadas - altura de 200 mm e 289 cm² de área de célula - fornecimento e instalação","m²",75.88]
[1516310,"Geocélula em PEAD, paredes perfuradas, soldadas - altura de 200 mm e 460 cm² de área de célula - fornecimento e instalação","m²",61.71]
[1516311,"Geocélula em PEAD, paredes perfuradas, soldadas - altura de 75 mm e 1.206 cm² de área de célula - fornecimento e instalação","m²",31.71]
[1516303,"Geocélula em PEAD, paredes perfuradas, soldadas - altura de 75 mm e 289 cm² de área de célula - fornecimento e instalação","m²",42.61]
[1516307,"Geocélula em PEAD, paredes perfuradas, soldadas - altura de 75 mm e 460 cm² de área de célula - fornecimento e instalação","m²",35.270000000000003]
[1516298,"Geogrelha unidirecional com resistência à tração de 100 kN/m - fornecimento e instalação","m²",29.4]
[1516299,"Geogrelha unidirecional com resistência à tração de 150 kN/m - fornecimento e instalação","m²",31.49]
[1516300,"Geogrelha unidirecional com resistência à tração de 200 kN/m - fornecimento e instalação","m²",41.48]
[1516301,"Geogrelha unidirecional com resistência à tração de 300 kN/m - fornecimento e instalação","m²",61.54]
[1516302,"Geogrelha unidirecional com resistência à tração de 400 kN/m - fornecimento e instalação","m²",81.48]
[1516296,"Geogrelha unidirecional com resistência à tração de 50 kN/m - fornecimento e instalação","m²",21.98]
[1516297,"Geogrelha unidirecional com resistência à tração de 90 kN/m - fornecimento e instalação","m²",28.4]
[1505847,"Muro em blocos segmentais de face pré-moldados - C = 40 cm, L = 40 cm, e H = 20 cm com altura de 4 a 6 m - confecção e assentamento","m²",180.35]
[1505848,"Muro em blocos segmentais de face pré-moldados - C = 40 cm, L = 40 cm, e H = 20 cm com altura de 6 a 8 m - confecção e assentamento","m²",175.83]
[1505849,"Muro em blocos segmentais de face pré-moldados - C = 40 cm, L = 40 cm, e H = 20 cm com altura de 8 a 10 m - confecção e assentamento","m²",173.31]
[1505930,"Muro em blocos segmentais de face pré-moldados - C = 40 cm, L = 40 cm, e H = 20 cm com altura de até 4 m - confecção e assentamento","m²",204.11]
[1506055,"Pedra argamassada com cimento e areia 1:3 - areia e pedra de mão comercial - fornecimento e assentamento","m³",430.39]
[1506056,"Pedra argamassada com cimento e areia 1:3 - areia extraída e pedra de mão produzida - confecção e assentamento","m³",294.77]
[1516318,"Tela metálica dobrada em L para muro em solo reforçado - C = 200 cm, L = 40 cm e H = 40 cm - fornecimento e instalação","m²",514.04999999999995]
[1516317,"Tela metálica dobrada em L para muro em solo reforçado - C = 200 cm, L = 50 cm e H = 50 cm - fornecimento e instalação","m²",595.21]
[1600965,"Abertura em muro de alvenaria de pedra argamassada com martelete","m³",100.66]
[1600408,"Apicoamento manual de concreto","m²",18.510000000000002]
[1600990,"Demolição de concreto armado com martelete e corte oxiacetileno","m³",751.02]
[1600989,"Demolição de concreto simples com martelete","m³",400.15]
[1600438,"Demolição manual de concreto armado","m³",584.41999999999996]
[1600436,"Demolição manual de concreto simples","m³",399.06]
[1600895,"Demolição manual de construções provisórias de madeira - sem reaproveitamento","m²",14.73]
[1600897,"Demolição manual de construções provisórias de madeira, sem fechamento lateral e sem pavimentação","m²",3.9]
[1619004,"Demolição mecânica de alvenaria com carregadeira de pneus","m³",7.14]
[1600896,"Demolição mecânica de alvenaria com escavadeira hidráulica","m²",16.7]
[1619003,"Demolição mecânica de concreto armado com escavadeira hidráulica","m³",77.28]
[1600414,"Fresagem de piso de concreto","m²",1.1100000000000001]
[1608148,"Perfuração em concreto com coroa diamantada - D = 100 mm","m",450.49]
[1608021,"Perfuração em concreto com coroa diamantada - D = 16 mm","m",116.42]
[1608024,"Perfuração em concreto com coroa diamantada - D = 20 mm","m",120.41]
[1608026,"Perfuração em concreto com coroa diamantada - D = 25 mm","m",148.81]
[1608142,"Perfuração em concreto com coroa diamantada - D = 32 mm","m",178.46]
[1608143,"Perfuração em concreto com coroa diamantada - D = 38 mm","m",182]
[1608144,"Perfuração em concreto com coroa diamantada - D = 44 mm","m",196.64]
[1608145,"Perfuração em concreto com coroa diamantada - D = 50 mm","m",204.31]
[1608146,"Perfuração em concreto com coroa diamantada - D = 63 mm","m",220.35]
[1608147,"Perfuração em concreto com coroa diamantada - D = 75 mm","m",329.02]
[1608019,"Perfuração em concreto com martelete elétrico - D = 10 mm","m",18.95]
[1608020,"Perfuração em concreto com martelete elétrico - D = 13,0 mm","m",29.44]
[1608025,"Perfuração em concreto com martelete elétrico - D = 14 mm","m",35.76]
[1600966,"Remoção de cerca com mourões de concreto","m",0.76]
[1600898,"Remoção de painel publicitário, tipo outdoor, com estrutura e suportes em madeira","m²",12.61]
[1600441,"Remoção de paralelepípedos","m²",4.0199999999999996]
[1600404,"Remoção de tubos de concreto com diâmetro de 0,40 m a 1,00 m em valas e bueiros","m",10.15]
[1600405,"Remoção de tubos de concreto com diâmetro de 1,20 m a 1,50 m em valas e bueiros","m",11.27]
[1716605,"Derrocagem subaquática de material de 3ª categoria - carga e limpeza - plataforma com clamshell - flutuante e batelão rebocado de 100 t montado na obra - DMT até 200 m","m³",102.65]
[1716610,"Derrocagem subaquática de material de 3ª categoria - carga e limpeza - plataforma com clamshell - flutuante e batelão rebocado de 100 t montado na obra - DMT de 1.000 a 1200 m","m³",106.25]
[1716611,"Derrocagem subaquática de material de 3ª categoria - carga e limpeza - plataforma com clamshell - flutuante e batelão rebocado de 100 t montado na obra - DMT de 1.200 a 1.400 m","m³",106.7]
[1716612,"Derrocagem subaquática de material de 3ª categoria - carga e limpeza - plataforma com clamshell - flutuante e batelão rebocado de 100 t montado na obra - DMT de 1.400 a 1.600 m","m³",107.16]
[1716613,"Derrocagem subaquática de material de 3ª categoria - carga e limpeza - plataforma com clamshell - flutuante e batelão rebocado de 100 t montado na obra - DMT de 1.600 a 1.800 m","m³",107.61]
[1716614,"Derrocagem subaquática de material de 3ª categoria - carga e limpeza - plataforma com clamshell - flutuante e batelão rebocado de 100 t montado na obra - DMT de 1.800 a 2.000 m","m³",108.51]
[1716615,"Derrocagem subaquática de material de 3ª categoria - carga e limpeza - plataforma com clamshell - flutuante e batelão rebocado de 100 t montado na obra - DMT de 2.000 a 2.500 m","m³",109.41]
[1716616,"Derrocagem subaquática de material de 3ª categoria - carga e limpeza - plataforma com clamshell - flutuante e batelão rebocado de 100 t montado na obra - DMT de 2.500 a 3.000 m","m³",110.76]
[1716606,"Derrocagem subaquática de material de 3ª categoria - carga e limpeza - plataforma com clamshell - flutuante e batelão rebocado de 100 t montado na obra - DMT de 200 a 400 m","m³",104]
[1716617,"Derrocagem subaquática de material de 3ª categoria - carga e limpeza - plataforma com clamshell - flutuante e batelão rebocado de 100 t montado na obra - DMT de 3.000 m","m³",111.66]
[1716607,"Derrocagem subaquática de material de 3ª categoria - carga e limpeza - plataforma com clamshell - flutuante e batelão rebocado de 100 t montado na obra - DMT de 400 a 600 m","m³",104.45]
[1716608,"Derrocagem subaquática de material de 3ª categoria - carga e limpeza - plataforma com clamshell - flutuante e batelão rebocado de 100 t montado na obra - DMT de 600 a 800 m","m³",105.35]
[1716609,"Derrocagem subaquática de material de 3ª categoria - carga e limpeza - plataforma com clamshell - flutuante e batelão rebocado de 100 t montado na obra - DMT de 800 a 1.000 m","m³",105.8]
[1716604,"Derrocagem subaquática de material de 3ª categoria - carga e limpeza - plataforma com clamshell - flutuante montado na obra - sem transporte","m³",59.94]
[1716623,"Derrocagem subaquática de material de 3ª categoria - carga e limpeza - plataforma flutuante com clamshell - sem transporte","m³",58.78]
[1716624,"Derrocagem subaquática de material de 3ª categoria - carga e limpeza - plataforma flutuante com clamshell e batelão rebocado de 100 t - DMT até 200 m","m³",101.48]
[1716629,"Derrocagem subaquática de material de 3ª categoria - carga e limpeza - plataforma flutuante com clamshell e batelão rebocado de 100 t - DMT de 1.000 a 1.200 m","m³",105.09]
[1716630,"Derrocagem subaquática de material de 3ª categoria - carga e limpeza - plataforma flutuante com clamshell e batelão rebocado de 100 t - DMT de 1.200 a 1.400 m","m³",105.54]
[1716631,"Derrocagem subaquática de material de 3ª categoria - carga e limpeza - plataforma flutuante com clamshell e batelão rebocado de 100 t - DMT de 1.400 a 1.600 m","m³",105.99]
[1716632,"Derrocagem subaquática de material de 3ª categoria - carga e limpeza - plataforma flutuante com clamshell e batelão rebocado de 100 t - DMT de 1.600 a 1.800 m","m³",106.44]
[1716633,"Derrocagem subaquática de material de 3ª categoria - carga e limpeza - plataforma flutuante com clamshell e batelão rebocado de 100 t - DMT de 1.800 a 2.000 m","m³",107.35]
[1716634,"Derrocagem subaquática de material de 3ª categoria - carga e limpeza - plataforma flutuante com clamshell e batelão rebocado de 100 t - DMT de 2.000 a 2.500 m","m³",108.25]
[1716635,"Derrocagem subaquática de material de 3ª categoria - carga e limpeza - plataforma flutuante com clamshell e batelão rebocado de 100 t - DMT de 2.500 a 3.000 m","m³",109.6]
[1716625,"Derrocagem subaquática de material de 3ª categoria - carga e limpeza - plataforma flutuante com clamshell e batelão rebocado de 100 t - DMT de 200 a 400 m","m³",102.84]
[1716636,"Derrocagem subaquática de material de 3ª categoria - carga e limpeza - plataforma flutuante com clamshell e batelão rebocado de 100 t - DMT de 3.000 m","m³",110.5]
[1716626,"Derrocagem subaquática de material de 3ª categoria - carga e limpeza - plataforma flutuante com clamshell e batelão rebocado de 100 t - DMT de 400 a 600 m","m³",103.29]
[1716627,"Derrocagem subaquática de material de 3ª categoria - carga e limpeza - plataforma flutuante com clamshell e batelão rebocado de 100 t - DMT de 600 a 800 m","m³",104.19]
[1716628,"Derrocagem subaquática de material de 3ª categoria - carga e limpeza - plataforma flutuante com clamshell e batelão rebocado de 100 t - DMT de 800 a 1.000 m","m³",104.64]
[1716640,"Derrocagem subaquática de material de 3ª categoria - carga e limpeza com draga backhoe de 7 m³ - sem transporte","m³",29.79]
[1716641,"Derrocagem subaquática de material de 3ª categoria - carga e limpeza com draga backhoe de 7 m³ - transporte com batelão autopropelido de 300 m³ - DMT até 200 m","m³",38.590000000000003]
[1716646,"Derrocagem subaquática de material de 3ª categoria - carga e limpeza com draga backhoe de 7 m³ - transporte com batelão autopropelido de 300 m³ - DMT de 1.000 a 1.200 m","m³",39.14]
[1716647,"Derrocagem subaquática de material de 3ª categoria - carga e limpeza com draga backhoe de 7 m³ - transporte com batelão autopropelido de 300 m³ - DMT de 1.200 a 1.400 m","m³",39.19]
[1716648,"Derrocagem subaquática de material de 3ª categoria - carga e limpeza com draga backhoe de 7 m³ - transporte com batelão autopropelido de 300 m³ - DMT de 1.400 a 1.600 m","m³",39.299999999999997]
[1716649,"Derrocagem subaquática de material de 3ª categoria - carga e limpeza com draga backhoe de 7 m³ - transporte com batelão autopropelido de 300 m³ - DMT de 1.600 a 1.800 m","m³",39.36]
[1716650,"Derrocagem subaquática de material de 3ª categoria - carga e limpeza com draga backhoe de 7 m³ - transporte com batelão autopropelido de 300 m³ - DMT de 1.800 a 2.000 m","m³",39.47]
[1716651,"Derrocagem subaquática de material de 3ª categoria - carga e limpeza com draga backhoe de 7 m³ - transporte com batelão autopropelido de 300 m³ - DMT de 2.000 a 2.500 m","m³",39.58]
[1716652,"Derrocagem subaquática de material de 3ª categoria - carga e limpeza com draga backhoe de 7 m³ - transporte com batelão autopropelido de 300 m³ - DMT de 2.500 a 3.000 m","m³",39.799999999999997]
[1716642,"Derrocagem subaquática de material de 3ª categoria - carga e limpeza com draga backhoe de 7 m³ - transporte com batelão autopropelido de 300 m³ - DMT de 200 a 400 m","m³",38.76]
[1716653,"Derrocagem subaquática de material de 3ª categoria - carga e limpeza com draga backhoe de 7 m³ - transporte com batelão autopropelido de 300 m³ - DMT de 3.000 m","m³",39.96]
[1716643,"Derrocagem subaquática de material de 3ª categoria - carga e limpeza com draga backhoe de 7 m³ - transporte com batelão autopropelido de 300 m³ - DMT de 400 a 600 m","m³",38.869999999999997]
[1716644,"Derrocagem subaquática de material de 3ª categoria - carga e limpeza com draga backhoe de 7 m³ - transporte com batelão autopropelido de 300 m³ - DMT de 600 a 800 m","m³",38.979999999999997]
[1716645,"Derrocagem subaquática de material de 3ª categoria - carga e limpeza com draga backhoe de 7 m³ - transporte com batelão autopropelido de 300 m³ - DMT de 800 a 1.000 m","m³",39.03]
[1716622,"Derrocagem subaquática de material de 3ª categoria - malha de 1,5 m² - perfuração e detonação - plataforma autoelevatória com três torres de perfuração","m³",86.41]
[1716603,"Derrocagem subaquática de material de 3ª categoria - malha de 1,5 m² - perfuração e detonação - plataforma autoelevatória montada na obra com três torres de perfuração","m³",86.41]
[1716620,"Derrocagem subaquática de material de 3ª categoria - malha de 1,5 m² - perfuração e detonação - plataforma flutuante com duas torres de perfuração","m³",117.54]
[1716621,"Derrocagem subaquática de material de 3ª categoria - malha de 1,5 m² - perfuração e detonação - plataforma flutuante com três torres de perfuração","m³",93.61]
[1716619,"Derrocagem subaquática de material de 3ª categoria - malha de 1,5 m² - perfuração e detonação - plataforma flutuante com uma torre de perfuração","m³",189.37]
[1716601,"Derrocagem subaquática de material de 3ª categoria - malha de 1,5 m² - perfuração e detonação - plataforma montada na obra com duas torres de perfuração","m³",119.09]
[1716602,"Derrocagem subaquática de material de 3ª categoria - malha de 1,5 m² - perfuração e detonação - plataforma montada na obra com três torres de perfuração","m³",94.65]
[1716600,"Derrocagem subaquática de material de 3ª categoria - malha de 1,5 m² - perfuração e detonação - plataforma montada na obra com uma torre de perfuração","m³",192.49]
[1716655,"Derrocagem subaquática de material de 3ª categoria - malha de 2,5 m² - perfuração e detonação - plataforma com duas torres de perfuração","m³",69.87]
[1716639,"Derrocagem subaquática de material de 3ª categoria - malha de 4,0 m² - perfuração e detonação - plataforma com duas torres de perfuração","m³",49.7]
[1801636,"Levantamento batimétrico monofeixe longitudinal","km",17.79]
[1801637,"Levantamento batimétrico monofeixe transversal","km",23.71]
[1817720,"Levantamento batimétrico multifeixe","km",89.85]
[1817723,"Levantamento hidrométrico com ADCP em rios com velocidade de corrente acima de 1,5 m/s","km",42.78]
[1817721,"Levantamento hidrométrico com ADCP em rios com velocidade de corrente de 0,5 a 1,0 m/s","km",128.35]
[1817722,"Levantamento hidrométrico com ADCP em rios com velocidade de corrente de 1,0 a 1,5 m/s","km",64.17]
[1917483,"Dragagem de areia fina com draga de sucção e recalque - bomba de 1.350 kW e cortador de 170 kW - distância de recalque de 1.100 a 1.300 m","m³",4.16]
[1917484,"Dragagem de areia fina com draga de sucção e recalque - bomba de 1.350 kW e cortador de 170 kW - distância de recalque de 1.300 a 1.500 m","m³",4.33]
[1917485,"Dragagem de areia fina com draga de sucção e recalque - bomba de 1.350 kW e cortador de 170 kW - distância de recalque de 1.500 a 1.700 m","m³",4.84]
[1917486,"Dragagem de areia fina com draga de sucção e recalque - bomba de 1.350 kW e cortador de 170 kW - distância de recalque de 1.700 a 1.900 m","m³",5.05]
[1917487,"Dragagem de areia fina com draga de sucção e recalque - bomba de 1.350 kW e cortador de 170 kW - distância de recalque de 1.900 a 2.100 m","m³",5.33]
[1917528,"Dragagem de areia fina com draga de sucção e recalque - bomba de 1.350 kW e cortador de 170 kW - distância de recalque de 10.100 a 10.300 m","m³",28.27]
[1917529,"Dragagem de areia fina com draga de sucção e recalque - bomba de 1.350 kW e cortador de 170 kW - distância de recalque de 10.300 a 10.500 m","m³",29.2]
[1917530,"Dragagem de areia fina com draga de sucção e recalque - bomba de 1.350 kW e cortador de 170 kW - distância de recalque de 10.500 a 10.700 m","m³",30.71]
[1917531,"Dragagem de areia fina com draga de sucção e recalque - bomba de 1.350 kW e cortador de 170 kW - distância de recalque de 10.700 a 10.900 m","m³",32.270000000000003]
[1917532,"Dragagem de areia fina com draga de sucção e recalque - bomba de 1.350 kW e cortador de 170 kW - distância de recalque de 10.900 a 11.100 m","m³",34.03]
[1917533,"Dragagem de areia fina com draga de sucção e recalque - bomba de 1.350 kW e cortador de 170 kW - distância de recalque de 11.100 a 11.300 m","m³",35]
[1917534,"Dragagem de areia fina com draga de sucção e recalque - bomba de 1.350 kW e cortador de 170 kW - distância de recalque de 11.300 a 11.500 m","m³",35.99]
[1917535,"Dragagem de areia fina com draga de sucção e recalque - bomba de 1.350 kW e cortador de 170 kW - distância de recalque de 11.500 a 11.700 m","m³",37.340000000000003]
[1917536,"Dragagem de areia fina com draga de sucção e recalque - bomba de 1.350 kW e cortador de 170 kW - distância de recalque de 11.700 a 11.900 m","m³",38.47]
[1917537,"Dragagem de areia fina com draga de sucção e recalque - bomba de 1.350 kW e cortador de 170 kW - distância de recalque de 11.900 a 12.100 m","m³",39.64]
[1917488,"Dragagem de areia fina com draga de sucção e recalque - bomba de 1.350 kW e cortador de 170 kW - distância de recalque de 2.100 a 2.300 m","m³",5.54]
[1917489,"Dragagem de areia fina com draga de sucção e recalque - bomba de 1.350 kW e cortador de 170 kW - distância de recalque de 2.300 a 2.500 m","m³",5.82]
[1917490,"Dragagem de areia fina com draga de sucção e recalque - bomba de 1.350 kW e cortador de 170 kW - distância de recalque de 2.500 a 2.700 m","m³",6.28]
[1917491,"Dragagem de areia fina com draga de sucção e recalque - bomba de 1.350 kW e cortador de 170 kW - distância de recalque de 2.700 a 2.900 m","m³",6.58]
[1917492,"Dragagem de areia fina com draga de sucção e recalque - bomba de 1.350 kW e cortador de 170 kW - distância de recalque de 2.900 a 3.100 m","m³",6.81]
[1917493,"Dragagem de areia fina com draga de sucção e recalque - bomba de 1.350 kW e cortador de 170 kW - distância de recalque de 3.100 a 3.300 m","m³",7.12]
[1917494,"Dragagem de areia fina com draga de sucção e recalque - bomba de 1.350 kW e cortador de 170 kW - distância de recalque de 3.300 a 3.500 m","m³",7.44]
[1917495,"Dragagem de areia fina com draga de sucção e recalque - bomba de 1.350 kW e cortador de 170 kW - distância de recalque de 3.500 a 3.700 m","m³",7.95]
[1917496,"Dragagem de areia fina com draga de sucção e recalque - bomba de 1.350 kW e cortador de 170 kW - distância de recalque de 3.700 a 3.900 m","m³",8.25]
[1917497,"Dragagem de areia fina com draga de sucção e recalque - bomba de 1.350 kW e cortador de 170 kW - distância de recalque de 3.900 a 4.100 m","m³",8.56]
[1917498,"Dragagem de areia fina com draga de sucção e recalque - bomba de 1.350 kW e cortador de 170 kW - distância de recalque de 4.100 a 4.300 m","m³",8.8800000000000008]
[1917499,"Dragagem de areia fina com draga de sucção e recalque - bomba de 1.350 kW e cortador de 170 kW - distância de recalque de 4.300 a 4.500 m","m³",9.1300000000000008]
[1917500,"Dragagem de areia fina com draga de sucção e recalque - bomba de 1.350 kW e cortador de 170 kW - distância de recalque de 4.500 a 4.700 m","m³",9.69]
[1917501,"Dragagem de areia fina com draga de sucção e recalque - bomba de 1.350 kW e cortador de 170 kW - distância de recalque de 4.700 a 4.900 m","m³",10.01]
[1917502,"Dragagem de areia fina com draga de sucção e recalque - bomba de 1.350 kW e cortador de 170 kW - distância de recalque de 4.900 a 5.100 m","m³",10.33]
[1917503,"Dragagem de areia fina com draga de sucção e recalque - bomba de 1.350 kW e cortador de 170 kW - distância de recalque de 5.100 a 5.300 m","m³",10.66]
[1917504,"Dragagem de areia fina com draga de sucção e recalque - bomba de 1.350 kW e cortador de 170 kW - distância de recalque de 5.300 a 5.500 m","m³",11]
[1917505,"Dragagem de areia fina com draga de sucção e recalque - bomba de 1.350 kW e cortador de 170 kW - distância de recalque de 5.500 a 5.700 m","m³",11.58]
[1917506,"Dragagem de areia fina com draga de sucção e recalque - bomba de 1.350 kW e cortador de 170 kW - distância de recalque de 5.700 a 5.900 m","m³",11.91]
[1917507,"Dragagem de areia fina com draga de sucção e recalque - bomba de 1.350 kW e cortador de 170 kW - distância de recalque de 5.900 a 6.100 m","m³",12.25]
[1917480,"Dragagem de areia fina com draga de sucção e recalque - bomba de 1.350 kW e cortador de 170 kW - distância de recalque de 500 a 700 m","m³",3.56]
[1917508,"Dragagem de areia fina com draga de sucção e recalque - bomba de 1.350 kW e cortador de 170 kW - distância de recalque de 6.100 a 6.300 m","m³",12.6]
[1917509,"Dragagem de areia fina com draga de sucção e recalque - bomba de 1.350 kW e cortador de 170 kW - distância de recalque de 6.300 a 6.500 m","m³",13.02]
[1917510,"Dragagem de areia fina com draga de sucção e recalque - bomba de 1.350 kW e cortador de 170 kW - distância de recalque de 6.500 a 6.700 m","m³",13.64]
[1917511,"Dragagem de areia fina com draga de sucção e recalque - bomba de 1.350 kW e cortador de 170 kW - distância de recalque de 6.700 a 6.900 m","m³",14.01]
[1917512,"Dragagem de areia fina com draga de sucção e recalque - bomba de 1.350 kW e cortador de 170 kW - distância de recalque de 6.900 a 7.100 m","m³",14.47]
[1917513,"Dragagem de areia fina com draga de sucção e recalque - bomba de 1.350 kW e cortador de 170 kW - distância de recalque de 7.100 a 7.300 m","m³",14.88]
[1917514,"Dragagem de areia fina com draga de sucção e recalque - bomba de 1.350 kW e cortador de 170 kW - distância de recalque de 7.300 a 7.500 m","m³",15.38]
[1917515,"Dragagem de areia fina com draga de sucção e recalque - bomba de 1.350 kW e cortador de 170 kW - distância de recalque de 7.500 a 7.700 m","m³",16.149999999999999]
[1917516,"Dragagem de areia fina com draga de sucção e recalque - bomba de 1.350 kW e cortador de 170 kW - distância de recalque de 7.700 a 7.900 m","m³",16.68]
[1917517,"Dragagem de areia fina com draga de sucção e recalque - bomba de 1.350 kW e cortador de 170 kW - distância de recalque de 7.900 a 8.100 m","m³",17.41]
[1917481,"Dragagem de areia fina com draga de sucção e recalque - bomba de 1.350 kW e cortador de 170 kW - distância de recalque de 700 a 900 m","m³",3.74]
[1917518,"Dragagem de areia fina com draga de sucção e recalque - bomba de 1.350 kW e cortador de 170 kW - distância de recalque de 8.100 a 8.300 m","m³",18.11]
[1917519,"Dragagem de areia fina com draga de sucção e recalque - bomba de 1.350 kW e cortador de 170 kW - distância de recalque de 8.300 a 8.500 m","m³",19.010000000000002]
[1917520,"Dragagem de areia fina com draga de sucção e recalque - bomba de 1.350 kW e cortador de 170 kW - distância de recalque de 8.500 a 8.700 m","m³",20.059999999999999]
[1917521,"Dragagem de areia fina com draga de sucção e recalque - bomba de 1.350 kW e cortador de 170 kW - distância de recalque de 8.700 a 8.900 m","m³",20.9]
[1917522,"Dragagem de areia fina com draga de sucção e recalque - bomba de 1.350 kW e cortador de 170 kW - distância de recalque de 8.900 a 9.100 m","m³",21.84]
[1917523,"Dragagem de areia fina com draga de sucção e recalque - bomba de 1.350 kW e cortador de 170 kW - distância de recalque de 9.100 a 9.300 m","m³",22.8]
[1917524,"Dragagem de areia fina com draga de sucção e recalque - bomba de 1.350 kW e cortador de 170 kW - distância de recalque de 9.300 a 9.500 m","m³",23.83]
[1917525,"Dragagem de areia fina com draga de sucção e recalque - bomba de 1.350 kW e cortador de 170 kW - distância de recalque de 9.500 a 9.700 m","m³",25.11]
[1917526,"Dragagem de areia fina com draga de sucção e recalque - bomba de 1.350 kW e cortador de 170 kW - distância de recalque de 9.700 a 9.900 m","m³",26.06]
[1917527,"Dragagem de areia fina com draga de sucção e recalque - bomba de 1.350 kW e cortador de 170 kW - distância de recalque de 9.900 a 10.100 m","m³",27.01]
[1917482,"Dragagem de areia fina com draga de sucção e recalque - bomba de 1.350 kW e cortador de 170 kW - distância de recalque de 900 a 1.100 m","m³",3.91]
[1917737,"Dragagem de areia fina com draga de sucção e recalque - bomba de 1.350 kW e cortador de 170 kW - distância de recalque de até 500 m","m³",3.54]
[1917220,"Dragagem de areia fina com draga de sucção e recalque - bomba de 294 kW e cortador de 30 kW - distância de recalque de 1.100 a 1.300 m","m³",6]
[1917221,"Dragagem de areia fina com draga de sucção e recalque - bomba de 294 kW e cortador de 30 kW - distância de recalque de 1.300 a 1.500 m","m³",6.43]
[1917222,"Dragagem de areia fina com draga de sucção e recalque - bomba de 294 kW e cortador de 30 kW - distância de recalque de 1.500 a 1.700 m","m³",6.98]
[1917223,"Dragagem de areia fina com draga de sucção e recalque - bomba de 294 kW e cortador de 30 kW - distância de recalque de 1.700 a 1.900 m","m³",7.31]
[1917224,"Dragagem de areia fina com draga de sucção e recalque - bomba de 294 kW e cortador de 30 kW - distância de recalque de 1.900 a 2.100 m","m³",7.66]
[1917225,"Dragagem de areia fina com draga de sucção e recalque - bomba de 294 kW e cortador de 30 kW - distância de recalque de 2.100 a 2.300 m","m³",8.07]
[1917226,"Dragagem de areia fina com draga de sucção e recalque - bomba de 294 kW e cortador de 30 kW - distância de recalque de 2.300 a 2.500 m","m³",8.4600000000000009]
[1917227,"Dragagem de areia fina com draga de sucção e recalque - bomba de 294 kW e cortador de 30 kW - distância de recalque de 2.500 a 2.700 m","m³",9.0299999999999994]
[1917228,"Dragagem de areia fina com draga de sucção e recalque - bomba de 294 kW e cortador de 30 kW - distância de recalque de 2.700 a 2.900 m","m³",9.51]
[1917229,"Dragagem de areia fina com draga de sucção e recalque - bomba de 294 kW e cortador de 30 kW - distância de recalque de 2.900 a 3.100 m","m³",9.91]
[1917230,"Dragagem de areia fina com draga de sucção e recalque - bomba de 294 kW e cortador de 30 kW - distância de recalque de 3.100 a 3.300 m","m³",10.37]
[1917231,"Dragagem de areia fina com draga de sucção e recalque - bomba de 294 kW e cortador de 30 kW - distância de recalque de 3.300 a 3.500 m","m³",10.85]
[1917232,"Dragagem de areia fina com draga de sucção e recalque - bomba de 294 kW e cortador de 30 kW - distância de recalque de 3.500 a 3.700 m","m³",11.52]
[1917233,"Dragagem de areia fina com draga de sucção e recalque - bomba de 294 kW e cortador de 30 kW - distância de recalque de 3.700 a 3.900 m","m³",12.02]
[1917234,"Dragagem de areia fina com draga de sucção e recalque - bomba de 294 kW e cortador de 30 kW - distância de recalque de 3.900 a 4.100 m","m³",12.62]
[1917217,"Dragagem de areia fina com draga de sucção e recalque - bomba de 294 kW e cortador de 30 kW - distância de recalque de 500 a 700 m","m³",4.88]
[1917218,"Dragagem de areia fina com draga de sucção e recalque - bomba de 294 kW e cortador de 30 kW - distância de recalque de 700 a 900 m","m³",5.09]
[1917219,"Dragagem de areia fina com draga de sucção e recalque - bomba de 294 kW e cortador de 30 kW - distância de recalque de 900 a 1.100 m","m³",5.5]
[1917724,"Dragagem de areia fina com draga de sucção e recalque - bomba de 294 kW e cortador de 30 kW - distância de recalque de até 500 m","m³",4.76]
[1917274,"Dragagem de areia fina com draga de sucção e recalque - bomba de 483 kW e cortador de 55 kW - distância de recalque de 1.100 a 1.300 m","m³",4.4400000000000004]
[1917275,"Dragagem de areia fina com draga de sucção e recalque - bomba de 483 kW e cortador de 55 kW - distância de recalque de 1.300 a 1.500 m","m³",4.74]
[1917276,"Dragagem de areia fina com draga de sucção e recalque - bomba de 483 kW e cortador de 55 kW - distância de recalque de 1.500 a 1.700 m","m³",5.23]
[1917277,"Dragagem de areia fina com draga de sucção e recalque - bomba de 483 kW e cortador de 55 kW - distância de recalque de 1.700 a 1.900 m","m³",5.62]
[1917278,"Dragagem de areia fina com draga de sucção e recalque - bomba de 483 kW e cortador de 55 kW - distância de recalque de 1.900 a 2.100 m","m³",5.81]
[1917279,"Dragagem de areia fina com draga de sucção e recalque - bomba de 483 kW e cortador de 55 kW - distância de recalque de 2.100 a 2.300 m","m³",6.2]
[1917280,"Dragagem de areia fina com draga de sucção e recalque - bomba de 483 kW e cortador de 55 kW - distância de recalque de 2.300 a 2.500 m","m³",6.57]
[1917281,"Dragagem de areia fina com draga de sucção e recalque - bomba de 483 kW e cortador de 55 kW - distância de recalque de 2.500 a 2.700 m","m³",7.09]
[1917282,"Dragagem de areia fina com draga de sucção e recalque - bomba de 483 kW e cortador de 55 kW - distância de recalque de 2.700 a 2.900 m","m³",7.46]
[1917283,"Dragagem de areia fina com draga de sucção e recalque - bomba de 483 kW e cortador de 55 kW - distância de recalque de 2.900 a 3.100 m","m³",7.83]
[1917284,"Dragagem de areia fina com draga de sucção e recalque - bomba de 483 kW e cortador de 55 kW - distância de recalque de 3.100 a 3.300 m","m³",8.17]
[1917285,"Dragagem de areia fina com draga de sucção e recalque - bomba de 483 kW e cortador de 55 kW - distância de recalque de 3.300 a 3.500 m","m³",8.5500000000000007]
[1917286,"Dragagem de areia fina com draga de sucção e recalque - bomba de 483 kW e cortador de 55 kW - distância de recalque de 3.500 a 3.700 m","m³",9.2100000000000009]
[1917287,"Dragagem de areia fina com draga de sucção e recalque - bomba de 483 kW e cortador de 55 kW - distância de recalque de 3.700 a 3.900 m","m³",9.6300000000000008]
[1917288,"Dragagem de areia fina com draga de sucção e recalque - bomba de 483 kW e cortador de 55 kW - distância de recalque de 3.900 a 4.100 m","m³",10.06]
[1917289,"Dragagem de areia fina com draga de sucção e recalque - bomba de 483 kW e cortador de 55 kW - distância de recalque de 4.100 a 4.300 m","m³",10.55]
[1917290,"Dragagem de areia fina com draga de sucção e recalque - bomba de 483 kW e cortador de 55 kW - distância de recalque de 4.300 a 4.500 m","m³",11.06]
[1917291,"Dragagem de areia fina com draga de sucção e recalque - bomba de 483 kW e cortador de 55 kW - distância de recalque de 4.500 a 4.700 m","m³",11.78]
[1917292,"Dragagem de areia fina com draga de sucção e recalque - bomba de 483 kW e cortador de 55 kW - distância de recalque de 4.700 a 4.900 m","m³",12.33]
[1917293,"Dragagem de areia fina com draga de sucção e recalque - bomba de 483 kW e cortador de 55 kW - distância de recalque de 4.900 a 5.100 m","m³",12.9]
[1917294,"Dragagem de areia fina com draga de sucção e recalque - bomba de 483 kW e cortador de 55 kW - distância de recalque de 5.100 a 5.300 m","m³",13.67]
[1917295,"Dragagem de areia fina com draga de sucção e recalque - bomba de 483 kW e cortador de 55 kW - distância de recalque de 5.300 a 5.500 m","m³",14.41]
[1917296,"Dragagem de areia fina com draga de sucção e recalque - bomba de 483 kW e cortador de 55 kW - distância de recalque de 5.500 a 5.700 m","m³",15.47]
[1917297,"Dragagem de areia fina com draga de sucção e recalque - bomba de 483 kW e cortador de 55 kW - distância de recalque de 5.700 a 5.900 m","m³",16.440000000000001]
[1917298,"Dragagem de areia fina com draga de sucção e recalque - bomba de 483 kW e cortador de 55 kW - distância de recalque de 5.900 a 6.100 m","m³",17.489999999999998]
[1917271,"Dragagem de areia fina com draga de sucção e recalque - bomba de 483 kW e cortador de 55 kW - distância de recalque de 500 a 700 m","m³",3.69]
[1917299,"Dragagem de areia fina com draga de sucção e recalque - bomba de 483 kW e cortador de 55 kW - distância de recalque de 6.100 a 6.300 m","m³",18.739999999999998]
[1917300,"Dragagem de areia fina com draga de sucção e recalque - bomba de 483 kW e cortador de 55 kW - distância de recalque de 6.300 a 6.500 m","m³",20.100000000000001]
[1917301,"Dragagem de areia fina com draga de sucção e recalque - bomba de 483 kW e cortador de 55 kW - distância de recalque de 6.500 a 6.700 m","m³",21.91]
[1917302,"Dragagem de areia fina com draga de sucção e recalque - bomba de 483 kW e cortador de 55 kW - distância de recalque de 6.700 a 6.900 m","m³",23.63]
[1917303,"Dragagem de areia fina com draga de sucção e recalque - bomba de 483 kW e cortador de 55 kW - distância de recalque de 6.900 a 7.100 m","m³",25.25]
[1917304,"Dragagem de areia fina com draga de sucção e recalque - bomba de 483 kW e cortador de 55 kW - distância de recalque de 7.100 a 7.300 m","m³",26.84]
[1917305,"Dragagem de areia fina com draga de sucção e recalque - bomba de 483 kW e cortador de 55 kW - distância de recalque de 7.300 a 7.500 m","m³",28.6]
[1917306,"Dragagem de areia fina com draga de sucção e recalque - bomba de 483 kW e cortador de 55 kW - distância de recalque de 7.500 a 7.700 m","m³",30.76]
[1917307,"Dragagem de areia fina com draga de sucção e recalque - bomba de 483 kW e cortador de 55 kW - distância de recalque de 7.700 a 7.900 m","m³",32.380000000000003]
[1917272,"Dragagem de areia fina com draga de sucção e recalque - bomba de 483 kW e cortador de 55 kW - distância de recalque de 700 a 900 m","m³",3.89]
[1917273,"Dragagem de areia fina com draga de sucção e recalque - bomba de 483 kW e cortador de 55 kW - distância de recalque de 900 a 1.100 m","m³",4.12]
[1917729,"Dragagem de areia fina com draga de sucção e recalque - bomba de 483 kW e cortador de 55 kW - distância de recalque de até 500 m","m³",3.64]
[1917367,"Dragagem de areia fina com draga de sucção e recalque - bomba de 746 kW e cortador de 110 kW - distância de recalque de 1.100 a 1.300 m","m³",4.2]
[1917368,"Dragagem de areia fina com draga de sucção e recalque - bomba de 746 kW e cortador de 110 kW - distância de recalque de 1.300 a 1.500 m","m³",4.5]
[1917369,"Dragagem de areia fina com draga de sucção e recalque - bomba de 746 kW e cortador de 110 kW - distância de recalque de 1.500 a 1.700 m","m³",4.97]
[1917370,"Dragagem de areia fina com draga de sucção e recalque - bomba de 746 kW e cortador de 110 kW - distância de recalque de 1.700 a 1.900 m","m³",5.25]
[1917371,"Dragagem de areia fina com draga de sucção e recalque - bomba de 746 kW e cortador de 110 kW - distância de recalque de 1.900 a 2.100 m","m³",5.52]
[1917372,"Dragagem de areia fina com draga de sucção e recalque - bomba de 746 kW e cortador de 110 kW - distância de recalque de 2.100 a 2.300 m","m³",5.79]
[1917373,"Dragagem de areia fina com draga de sucção e recalque - bomba de 746 kW e cortador de 110 kW - distância de recalque de 2.300 a 2.500 m","m³",6]
[1917374,"Dragagem de areia fina com draga de sucção e recalque - bomba de 746 kW e cortador de 110 kW - distância de recalque de 2.500 a 2.700 m","m³",6.53]
[1917375,"Dragagem de areia fina com draga de sucção e recalque - bomba de 746 kW e cortador de 110 kW - distância de recalque de 2.700 a 2.900 m","m³",6.78]
[1917376,"Dragagem de areia fina com draga de sucção e recalque - bomba de 746 kW e cortador de 110 kW - distância de recalque de 2.900 a 3.100 m","m³",7.04]
[1917377,"Dragagem de areia fina com draga de sucção e recalque - bomba de 746 kW e cortador de 110 kW - distância de recalque de 3.100 a 3.300 m","m³",7.3]
[1917378,"Dragagem de areia fina com draga de sucção e recalque - bomba de 746 kW e cortador de 110 kW - distância de recalque de 3.300 a 3.500 m","m³",7.56]
[1917379,"Dragagem de areia fina com draga de sucção e recalque - bomba de 746 kW e cortador de 110 kW - distância de recalque de 3.500 a 3.700 m","m³",8.11]
[1917380,"Dragagem de areia fina com draga de sucção e recalque - bomba de 746 kW e cortador de 110 kW - distância de recalque de 3.700 a 3.900 m","m³",8.42]
[1917381,"Dragagem de areia fina com draga de sucção e recalque - bomba de 746 kW e cortador de 110 kW - distância de recalque de 3.900 a 4.100 m","m³",8.74]
[1917382,"Dragagem de areia fina com draga de sucção e recalque - bomba de 746 kW e cortador de 110 kW - distância de recalque de 4.100 a 4.300 m","m³",9.14]
[1917383,"Dragagem de areia fina com draga de sucção e recalque - bomba de 746 kW e cortador de 110 kW - distância de recalque de 4.300 a 4.500 m","m³",9.48]
[1917384,"Dragagem de areia fina com draga de sucção e recalque - bomba de 746 kW e cortador de 110 kW - distância de recalque de 4.500 a 4.700 m","m³",10.08]
[1917385,"Dragagem de areia fina com draga de sucção e recalque - bomba de 746 kW e cortador de 110 kW - distância de recalque de 4.700 a 4.900 m","m³",10.52]
[1917386,"Dragagem de areia fina com draga de sucção e recalque - bomba de 746 kW e cortador de 110 kW - distância de recalque de 4.900 a 5.100 m","m³",10.97]
[1917387,"Dragagem de areia fina com draga de sucção e recalque - bomba de 746 kW e cortador de 110 kW - distância de recalque de 5.100 a 5.300 m","m³",11.44]
[1917388,"Dragagem de areia fina com draga de sucção e recalque - bomba de 746 kW e cortador de 110 kW - distância de recalque de 5.300 a 5.500 m","m³",11.93]
[1917389,"Dragagem de areia fina com draga de sucção e recalque - bomba de 746 kW e cortador de 110 kW - distância de recalque de 5.500 a 5.700 m","m³",12.68]
[1917390,"Dragagem de areia fina com draga de sucção e recalque - bomba de 746 kW e cortador de 110 kW - distância de recalque de 5.700 a 5.900 m","m³",13.35]
[1917391,"Dragagem de areia fina com draga de sucção e recalque - bomba de 746 kW e cortador de 110 kW - distância de recalque de 5.900 a 6.100 m","m³",14.06]
[1917364,"Dragagem de areia fina com draga de sucção e recalque - bomba de 746 kW e cortador de 110 kW - distância de recalque de 500 a 700 m","m³",3.32]
[1917392,"Dragagem de areia fina com draga de sucção e recalque - bomba de 746 kW e cortador de 110 kW - distância de recalque de 6.100 a 6.300 m","m³",14.94]
[1917393,"Dragagem de areia fina com draga de sucção e recalque - bomba de 746 kW e cortador de 110 kW - distância de recalque de 6.300 a 6.500 m","m³",15.88]
[1917394,"Dragagem de areia fina com draga de sucção e recalque - bomba de 746 kW e cortador de 110 kW - distância de recalque de 6.500 a 6.700 m","m³",17.21]
[1917395,"Dragagem de areia fina com draga de sucção e recalque - bomba de 746 kW e cortador de 110 kW - distância de recalque de 6.700 a 6.900 m","m³",18.12]
[1917396,"Dragagem de areia fina com draga de sucção e recalque - bomba de 746 kW e cortador de 110 kW - distância de recalque de 6.900 a 7.100 m","m³",19.18]
[1917397,"Dragagem de areia fina com draga de sucção e recalque - bomba de 746 kW e cortador de 110 kW - distância de recalque de 7.100 a 7.300 m","m³",20.39]
[1917398,"Dragagem de areia fina com draga de sucção e recalque - bomba de 746 kW e cortador de 110 kW - distância de recalque de 7.300 a 7.500 m","m³",21.46]
[1917399,"Dragagem de areia fina com draga de sucção e recalque - bomba de 746 kW e cortador de 110 kW - distância de recalque de 7.500 a 7.700 m","m³",22.98]
[1917400,"Dragagem de areia fina com draga de sucção e recalque - bomba de 746 kW e cortador de 110 kW - distância de recalque de 7.700 a 7.900 m","m³",24.35]
[1917401,"Dragagem de areia fina com draga de sucção e recalque - bomba de 746 kW e cortador de 110 kW - distância de recalque de 7.900 a 8.100 m","m³",25.6]
[1917365,"Dragagem de areia fina com draga de sucção e recalque - bomba de 746 kW e cortador de 110 kW - distância de recalque de 700 a 900 m","m³",3.66]
[1917402,"Dragagem de areia fina com draga de sucção e recalque - bomba de 746 kW e cortador de 110 kW - distância de recalque de 8.100 a 8.300 m","m³",27.06]
[1917403,"Dragagem de areia fina com draga de sucção e recalque - bomba de 746 kW e cortador de 110 kW - distância de recalque de 8.300 a 8.500 m","m³",28.71]
[1917404,"Dragagem de areia fina com draga de sucção e recalque - bomba de 746 kW e cortador de 110 kW - distância de recalque de 8.500 a 8.700 m","m³",30.41]
[1917405,"Dragagem de areia fina com draga de sucção e recalque - bomba de 746 kW e cortador de 110 kW - distância de recalque de 8.700 a 8.900 m","m³",32.020000000000003]
[1917406,"Dragagem de areia fina com draga de sucção e recalque - bomba de 746 kW e cortador de 110 kW - distância de recalque de 8.900 a 9.100 m","m³",33.81]
[1917407,"Dragagem de areia fina com draga de sucção e recalque - bomba de 746 kW e cortador de 110 kW - distância de recalque de 9.100 a 9.300 m","m³",35.86]
[1917408,"Dragagem de areia fina com draga de sucção e recalque - bomba de 746 kW e cortador de 110 kW - distância de recalque de 9.300 a 9.500 m","m³",38.130000000000003]
[1917409,"Dragagem de areia fina com draga de sucção e recalque - bomba de 746 kW e cortador de 110 kW - distância de recalque de 9.500 a 9.700 m","m³",39.97]
[1917410,"Dragagem de areia fina com draga de sucção e recalque - bomba de 746 kW e cortador de 110 kW - distância de recalque de 9.700 a 9.900 m","m³",41.64]
[1917411,"Dragagem de areia fina com draga de sucção e recalque - bomba de 746 kW e cortador de 110 kW - distância de recalque de 9.900 a 10.100 m","m³",43.51]
[1917366,"Dragagem de areia fina com draga de sucção e recalque - bomba de 746 kW e cortador de 110 kW - distância de recalque de 900 a 1.100 m","m³",3.89]
[1917732,"Dragagem de areia fina com draga de sucção e recalque - bomba de 746 kW e cortador de 110 kW - distância de recalque de até 500 m","m³",3.11]
[1917043,"Dragagem de areia fina com draga hopper - capacidade da cisterna de 1.000 m³ - DMT de 1.500 a 1.800 m","m³",12]
[1917044,"Dragagem de areia fina com draga hopper - capacidade da cisterna de 1.000 m³ - DMT de 1.800 a 2.100 m","m³",12.21]
[1917045,"Dragagem de areia fina com draga hopper - capacidade da cisterna de 1.000 m³ - DMT de 2.100 a 2.400 m","m³",12.42]
[1917046,"Dragagem de areia fina com draga hopper - capacidade da cisterna de 1.000 m³ - DMT de 2.400 a 2.700 m","m³",12.64]
[1917047,"Dragagem de areia fina com draga hopper - capacidade da cisterna de 1.000 m³ - DMT de 2.700 a 3.000 m","m³",12.88]
[1917048,"Dragagem de areia fina com draga hopper - capacidade da cisterna de 1.000 m³ - DMT de 3.000 m","m³",13.01]
[1901518,"Dragagem de areia fina com draga hopper - capacidade da cisterna de 10.000 m³ - DMT de 1.500 a 1.800 m","m³",8.02]
[1901519,"Dragagem de areia fina com draga hopper - capacidade da cisterna de 10.000 m³ - DMT de 1.800 a 2.100 m","m³",8.08]
[1901520,"Dragagem de areia fina com draga hopper - capacidade da cisterna de 10.000 m³ - DMT de 2.100 a 2.400 m","m³",8.14]
[1901521,"Dragagem de areia fina com draga hopper - capacidade da cisterna de 10.000 m³ - DMT de 2.400 a 2.700 m","m³",8.2100000000000009]
[1901522,"Dragagem de areia fina com draga hopper - capacidade da cisterna de 10.000 m³ - DMT de 2.700 a 3.000 m","m³",8.2799999999999994]
[1901517,"Dragagem de areia fina com draga hopper - capacidade da cisterna de 10.000 m³ - DMT de 3.000 m","m³",8.32]
[1901523,"Dragagem de areia fina com draga hopper - capacidade da cisterna de 15.000 m³ - DMT de 1.500 a 1.800 m","m³",10.65]
[1901524,"Dragagem de areia fina com draga hopper - capacidade da cisterna de 15.000 m³ - DMT de 1.800 a 2.100 m","m³",10.71]
[1901525,"Dragagem de areia fina com draga hopper - capacidade da cisterna de 15.000 m³ - DMT de 2.100 a 2.400 m","m³",10.77]
[1901526,"Dragagem de areia fina com draga hopper - capacidade da cisterna de 15.000 m³ - DMT de 2.400 a 2.700 m","m³",10.83]
[1901527,"Dragagem de areia fina com draga hopper - capacidade da cisterna de 15.000 m³ - DMT de 2.700 a 3.000 m","m³",10.9]
[1901528,"Dragagem de areia fina com draga hopper - capacidade da cisterna de 15.000 m³ - DMT de 3.000 m","m³",10.94]
[1917079,"Dragagem de areia fina com draga hopper - capacidade da cisterna de 2.000 m³ - DMT de 1.500 a 1.800 m","m³",8.43]
[1917080,"Dragagem de areia fina com draga hopper - capacidade da cisterna de 2.000 m³ - DMT de 1.800 a 2.100 m","m³",8.56]
[1917081,"Dragagem de areia fina com draga hopper - capacidade da cisterna de 2.000 m³ - DMT de 2.100 a 2.400 m","m³",8.6999999999999993]
[1917082,"Dragagem de areia fina com draga hopper - capacidade da cisterna de 2.000 m³ - DMT de 2.400 a 2.700 m","m³",8.83]
[1917083,"Dragagem de areia fina com draga hopper - capacidade da cisterna de 2.000 m³ - DMT de 2.700 a 3.000 m","m³",8.98]
[1917084,"Dragagem de areia fina com draga hopper - capacidade da cisterna de 2.000 m³ - DMT de 3.000 m","m³",9.06]
[1901529,"Dragagem de areia fina com draga hopper - capacidade da cisterna de 20.000 m³ - DMT de 1.500 a 1.800 m","m³",13.35]
[1901530,"Dragagem de areia fina com draga hopper - capacidade da cisterna de 20.000 m³ - DMT de 1.800 a 2.100 m","m³",13.4]
[1901531,"Dragagem de areia fina com draga hopper - capacidade da cisterna de 20.000 m³ - DMT de 2.100 a 2.400 m","m³",13.46]
[1901532,"Dragagem de areia fina com draga hopper - capacidade da cisterna de 20.000 m³ - DMT de 2.400 a 2.700 m","m³",13.52]
[1901533,"Dragagem de areia fina com draga hopper - capacidade da cisterna de 20.000 m³ - DMT de 2.700 a 3.000 m","m³",13.59]
[1901534,"Dragagem de areia fina com draga hopper - capacidade da cisterna de 20.000 m³ - DMT de 3.000 m","m³",13.62]
[1917115,"Dragagem de areia fina com draga hopper - capacidade da cisterna de 3.000 m³ - DMT de 1.500 a 1.800 m","m³",8.08]
[1917116,"Dragagem de areia fina com draga hopper - capacidade da cisterna de 3.000 m³ - DMT de 1.800 a 2.100 m","m³",8.18]
[1917117,"Dragagem de areia fina com draga hopper - capacidade da cisterna de 3.000 m³ - DMT de 2.100 a 2.400 m","m³",8.2899999999999991]
[1917118,"Dragagem de areia fina com draga hopper - capacidade da cisterna de 3.000 m³ - DMT de 2.400 a 2.700 m","m³",8.4]
[1917119,"Dragagem de areia fina com draga hopper - capacidade da cisterna de 3.000 m³ - DMT de 2.700 a 3.000 m","m³",8.52]
[1917120,"Dragagem de areia fina com draga hopper - capacidade da cisterna de 3.000 m³ - DMT de 3.000 m","m³",8.59]
[1917151,"Dragagem de areia fina com draga hopper - capacidade da cisterna de 4.000 m³ - DMT de 1.500 a 1.800 m","m³",7.68]
[1917152,"Dragagem de areia fina com draga hopper - capacidade da cisterna de 4.000 m³ - DMT de 1.800 a 2.100 m","m³",7.78]
[1917153,"Dragagem de areia fina com draga hopper - capacidade da cisterna de 4.000 m³ - DMT de 2.100 a 2.400 m","m³",7.87]
[1917154,"Dragagem de areia fina com draga hopper - capacidade da cisterna de 4.000 m³ - DMT de 2.400 a 2.700 m","m³",7.97]
[1917155,"Dragagem de areia fina com draga hopper - capacidade da cisterna de 4.000 m³ - DMT de 2.700 a 3.000 m","m³",8.08]
[1917156,"Dragagem de areia fina com draga hopper - capacidade da cisterna de 4.000 m³ - DMT de 3.000 m","m³",8.1300000000000008]
[1917187,"Dragagem de areia fina com draga hopper - capacidade da cisterna de 5.000 m³ - DMT de 1.500 a 1.800 m","m³",8.5399999999999991]
[1917188,"Dragagem de areia fina com draga hopper - capacidade da cisterna de 5.000 m³ - DMT de 1.800 a 2.100 m","m³",8.6300000000000008]
[1917189,"Dragagem de areia fina com draga hopper - capacidade da cisterna de 5.000 m³ - DMT de 2.100 a 2.400 m","m³",8.7100000000000009]
[1917190,"Dragagem de areia fina com draga hopper - capacidade da cisterna de 5.000 m³ - DMT de 2.400 a 2.700 m","m³",8.8000000000000007]
[1917191,"Dragagem de areia fina com draga hopper - capacidade da cisterna de 5.000 m³ - DMT de 2.700 a 3.000 m","m³",8.89]
[1917192,"Dragagem de areia fina com draga hopper - capacidade da cisterna de 5.000 m³ - DMT de 3.000 m","m³",8.94]
[1917007,"Dragagem de areia fina com draga hopper - capacidade da cisterna de 750 m³ - DMT de 1.500 a 1.800 m","m³",16.329999999999998]
[1917008,"Dragagem de areia fina com draga hopper - capacidade da cisterna de 750 m³ - DMT de 1.800 a 2.100 m","m³",16.63]
[1917009,"Dragagem de areia fina com draga hopper - capacidade da cisterna de 750 m³ - DMT de 2.100 a 2.400 m","m³",16.940000000000001]
[1917010,"Dragagem de areia fina com draga hopper - capacidade da cisterna de 750 m³ - DMT de 2.400 a 2.700 m","m³",17.260000000000002]
[1917011,"Dragagem de areia fina com draga hopper - capacidade da cisterna de 750 m³ - DMT de 2.700 a 3.000 m","m³",17.600000000000001]
[1917012,"Dragagem de areia fina com draga hopper - capacidade da cisterna de 750 m³ - DMT de 3.000 m","m³",17.78]
[1917578,"Dragagem de areia grossa com draga de sucção e recalque - bomba de 1.350 kW e cortador de 170 kW - distância de recalque de 1.100 a 1.300 m","m³",5.98]
[1917579,"Dragagem de areia grossa com draga de sucção e recalque - bomba de 1.350 kW e cortador de 170 kW - distância de recalque de 1.300 a 1.500 m","m³",6.43]
[1917580,"Dragagem de areia grossa com draga de sucção e recalque - bomba de 1.350 kW e cortador de 170 kW - distância de recalque de 1.500 a 1.700 m","m³",6.81]
[1917581,"Dragagem de areia grossa com draga de sucção e recalque - bomba de 1.350 kW e cortador de 170 kW - distância de recalque de 1.700 a 1.900 m","m³",7.26]
[1917582,"Dragagem de areia grossa com draga de sucção e recalque - bomba de 1.350 kW e cortador de 170 kW - distância de recalque de 1.900 a 2.100 m","m³",7.88]
[1917583,"Dragagem de areia grossa com draga de sucção e recalque - bomba de 1.350 kW e cortador de 170 kW - distância de recalque de 2.100 a 2.300 m","m³",8.3699999999999992]
[1917584,"Dragagem de areia grossa com draga de sucção e recalque - bomba de 1.350 kW e cortador de 170 kW - distância de recalque de 2.300 a 2.500 m","m³",8.7899999999999991]
[1917585,"Dragagem de areia grossa com draga de sucção e recalque - bomba de 1.350 kW e cortador de 170 kW - distância de recalque de 2.500 a 2.700 m","m³",9.4]
[1917586,"Dragagem de areia grossa com draga de sucção e recalque - bomba de 1.350 kW e cortador de 170 kW - distância de recalque de 2.700 a 2.900 m","m³",10.29]
[1917587,"Dragagem de areia grossa com draga de sucção e recalque - bomba de 1.350 kW e cortador de 170 kW - distância de recalque de 2.900 a 3.100 m","m³",10.97]
[1917588,"Dragagem de areia grossa com draga de sucção e recalque - bomba de 1.350 kW e cortador de 170 kW - distância de recalque de 3.100 a 3.300 m","m³",11.71]
[1917589,"Dragagem de areia grossa com draga de sucção e recalque - bomba de 1.350 kW e cortador de 170 kW - distância de recalque de 3.300 a 3.500 m","m³",13.16]
[1917590,"Dragagem de areia grossa com draga de sucção e recalque - bomba de 1.350 kW e cortador de 170 kW - distância de recalque de 3.500 a 3.700 m","m³",15.18]
[1917591,"Dragagem de areia grossa com draga de sucção e recalque - bomba de 1.350 kW e cortador de 170 kW - distância de recalque de 3.700 a 3.900 m","m³",16.96]
[1917592,"Dragagem de areia grossa com draga de sucção e recalque - bomba de 1.350 kW e cortador de 170 kW - distância de recalque de 3.900 a 4.100 m","m³",19.22]
[1917593,"Dragagem de areia grossa com draga de sucção e recalque - bomba de 1.350 kW e cortador de 170 kW - distância de recalque de 4.100 a 4.300 m","m³",21.56]
[1917594,"Dragagem de areia grossa com draga de sucção e recalque - bomba de 1.350 kW e cortador de 170 kW - distância de recalque de 4.300 a 4.500 m","m³",24.43]
[1917595,"Dragagem de areia grossa com draga de sucção e recalque - bomba de 1.350 kW e cortador de 170 kW - distância de recalque de 4.500 a 4.700 m","m³",27.47]
[1917596,"Dragagem de areia grossa com draga de sucção e recalque - bomba de 1.350 kW e cortador de 170 kW - distância de recalque de 4.700 a 4.900 m","m³",30.24]
[1917597,"Dragagem de areia grossa com draga de sucção e recalque - bomba de 1.350 kW e cortador de 170 kW - distância de recalque de 4.900 a 5.100 m","m³",34.049999999999997]
[1917598,"Dragagem de areia grossa com draga de sucção e recalque - bomba de 1.350 kW e cortador de 170 kW - distância de recalque de 5.100 a 5.300 m","m³",37.590000000000003]
[1917599,"Dragagem de areia grossa com draga de sucção e recalque - bomba de 1.350 kW e cortador de 170 kW - distância de recalque de 5.300 a 5.500 m","m³",41.6]
[1917600,"Dragagem de areia grossa com draga de sucção e recalque - bomba de 1.350 kW e cortador de 170 kW - distância de recalque de 5.500 a 5.700 m","m³",46.74]
[1917601,"Dragagem de areia grossa com draga de sucção e recalque - bomba de 1.350 kW e cortador de 170 kW - distância de recalque de 5.700 a 5.900 m","m³",49.11]
[1917575,"Dragagem de areia grossa com draga de sucção e recalque - bomba de 1.350 kW e cortador de 170 kW - distância de recalque de 500 a 700 m","m³",4.53]
[1917576,"Dragagem de areia grossa com draga de sucção e recalque - bomba de 1.350 kW e cortador de 170 kW - distância de recalque de 700 a 900 m","m³",4.9000000000000004]
[1917577,"Dragagem de areia grossa com draga de sucção e recalque - bomba de 1.350 kW e cortador de 170 kW - distância de recalque de 900 a 1.100 m","m³",5.34]
[1917739,"Dragagem de areia grossa com draga de sucção e recalque - bomba de 1.350 kW e cortador de 170 kW - distância de recalque de até 500 m","m³",4.46]
[1917253,"Dragagem de areia grossa com draga de sucção e recalque - bomba de 294 kW e cortador de 30 kW - distância de recalque de 1.100 a 1.300 m","m³",7.2]
[1917254,"Dragagem de areia grossa com draga de sucção e recalque - bomba de 294 kW e cortador de 30 kW - distância de recalque de 1.300 a 1.500 m","m³",7.73]
[1917255,"Dragagem de areia grossa com draga de sucção e recalque - bomba de 294 kW e cortador de 30 kW - distância de recalque de 1.500 a 1.700 m","m³",8.39]
[1917256,"Dragagem de areia grossa com draga de sucção e recalque - bomba de 294 kW e cortador de 30 kW - distância de recalque de 1.700 a 1.900 m","m³",9.08]
[1917257,"Dragagem de areia grossa com draga de sucção e recalque - bomba de 294 kW e cortador de 30 kW - distância de recalque de 1.900 a 2.100 m","m³",10.050000000000001]
[1917258,"Dragagem de areia grossa com draga de sucção e recalque - bomba de 294 kW e cortador de 30 kW - distância de recalque de 2.100 a 2.300 m","m³",11.02]
[1917259,"Dragagem de areia grossa com draga de sucção e recalque - bomba de 294 kW e cortador de 30 kW - distância de recalque de 2.300 a 2.500 m","m³",13.73]
[1917250,"Dragagem de areia grossa com draga de sucção e recalque - bomba de 294 kW e cortador de 30 kW - distância de recalque de 500 a 700 m","m³",5.36]
[1917251,"Dragagem de areia grossa com draga de sucção e recalque - bomba de 294 kW e cortador de 30 kW - distância de recalque de 700 a 900 m","m³",5.68]
[1917252,"Dragagem de areia grossa com draga de sucção e recalque - bomba de 294 kW e cortador de 30 kW - distância de recalque de 900 a 1.100 m","m³",6.37]
[1917726,"Dragagem de areia grossa com draga de sucção e recalque - bomba de 294 kW e cortador de 30 kW - distância de recalque de até 500 m","m³",5.23]
[1917335,"Dragagem de areia grossa com draga de sucção e recalque - bomba de 483 kW e cortador de 55 kW - distância de recalque de 1.100 a 1.300 m","m³",5.33]
[1917336,"Dragagem de areia grossa com draga de sucção e recalque - bomba de 483 kW e cortador de 55 kW - distância de recalque de 1.300 a 1.500 m","m³",6.08]
[1917337,"Dragagem de areia grossa com draga de sucção e recalque - bomba de 483 kW e cortador de 55 kW - distância de recalque de 1.500 a 1.700 m","m³",6.65]
[1917338,"Dragagem de areia grossa com draga de sucção e recalque - bomba de 483 kW e cortador de 55 kW - distância de recalque de 1.700 a 1.900 m","m³",7.36]
[1917339,"Dragagem de areia grossa com draga de sucção e recalque - bomba de 483 kW e cortador de 55 kW - distância de recalque de 1.900 a 2.100 m","m³",8.23]
[1917340,"Dragagem de areia grossa com draga de sucção e recalque - bomba de 483 kW e cortador de 55 kW - distância de recalque de 2.100 a 2.300 m","m³",9.58]
[1917341,"Dragagem de areia grossa com draga de sucção e recalque - bomba de 483 kW e cortador de 55 kW - distância de recalque de 2.300 a 2.500 m","m³",12.15]
[1917342,"Dragagem de areia grossa com draga de sucção e recalque - bomba de 483 kW e cortador de 55 kW - distância de recalque de 2.500 a 2.700 m","m³",15.07]
[1917343,"Dragagem de areia grossa com draga de sucção e recalque - bomba de 483 kW e cortador de 55 kW - distância de recalque de 2.700 a 2.900 m","m³",18.79]
[1917344,"Dragagem de areia grossa com draga de sucção e recalque - bomba de 483 kW e cortador de 55 kW - distância de recalque de 2.900 a 3.100 m","m³",22.74]
[1917345,"Dragagem de areia grossa com draga de sucção e recalque - bomba de 483 kW e cortador de 55 kW - distância de recalque de 3.100 a 3.300 m","m³",28.28]
[1917346,"Dragagem de areia grossa com draga de sucção e recalque - bomba de 483 kW e cortador de 55 kW - distância de recalque de 3.300 a 3.500 m","m³",33.75]
[1917347,"Dragagem de areia grossa com draga de sucção e recalque - bomba de 483 kW e cortador de 55 kW - distância de recalque de 3.500 a 3.700 m","m³",44.12]
[1917332,"Dragagem de areia grossa com draga de sucção e recalque - bomba de 483 kW e cortador de 55 kW - distância de recalque de 500 a 700 m","m³",4.29]
[1917333,"Dragagem de areia grossa com draga de sucção e recalque - bomba de 483 kW e cortador de 55 kW - distância de recalque de 700 a 900 m","m³",4.5999999999999996]
[1917334,"Dragagem de areia grossa com draga de sucção e recalque - bomba de 483 kW e cortador de 55 kW - distância de recalque de 900 a 1.100 m","m³",4.92]
[1917331,"Dragagem de areia grossa com draga de sucção e recalque - bomba de 483 kW e cortador de 55 kW - distância de recalque de até 500 m","m³",3.88]
[1917443,"Dragagem de areia grossa com draga de sucção e recalque - bomba de 746 kW e cortador de 110 kW - distância de recalque de 1.100 a 1.300 m","m³",6]
[1917444,"Dragagem de areia grossa com draga de sucção e recalque - bomba de 746 kW e cortador de 110 kW - distância de recalque de 1.300 a 1.500 m","m³",6.5]
[1917445,"Dragagem de areia grossa com draga de sucção e recalque - bomba de 746 kW e cortador de 110 kW - distância de recalque de 1.500 a 1.700 m","m³",7.05]
[1917446,"Dragagem de areia grossa com draga de sucção e recalque - bomba de 746 kW e cortador de 110 kW - distância de recalque de 1.700 a 1.900 m","m³",7.62]
[1917447,"Dragagem de areia grossa com draga de sucção e recalque - bomba de 746 kW e cortador de 110 kW - distância de recalque de 1.900 a 2.100 m","m³",8.51]
[1917448,"Dragagem de areia grossa com draga de sucção e recalque - bomba de 746 kW e cortador de 110 kW - distância de recalque de 2.100 a 2.300 m","m³",9.24]
[1917449,"Dragagem de areia grossa com draga de sucção e recalque - bomba de 746 kW e cortador de 110 kW - distância de recalque de 2.300 a 2.500 m","m³",10.17]
[1917450,"Dragagem de areia grossa com draga de sucção e recalque - bomba de 746 kW e cortador de 110 kW - distância de recalque de 2.500 a 2.700 m","m³",11.29]
[1917451,"Dragagem de areia grossa com draga de sucção e recalque - bomba de 746 kW e cortador de 110 kW - distância de recalque de 2.700 a 2.900 m","m³",13.76]
[1917452,"Dragagem de areia grossa com draga de sucção e recalque - bomba de 746 kW e cortador de 110 kW - distância de recalque de 2.900 a 3.100 m","m³",16.149999999999999]
[1917453,"Dragagem de areia grossa com draga de sucção e recalque - bomba de 746 kW e cortador de 110 kW - distância de recalque de 3.100 a 3.300 m","m³",19.02]
[1917454,"Dragagem de areia grossa com draga de sucção e recalque - bomba de 746 kW e cortador de 110 kW - distância de recalque de 3.300 a 3.500 m","m³",22.18]
[1917455,"Dragagem de areia grossa com draga de sucção e recalque - bomba de 746 kW e cortador de 110 kW - distância de recalque de 3.500 a 3.700 m","m³",26.25]
[1917456,"Dragagem de areia grossa com draga de sucção e recalque - bomba de 746 kW e cortador de 110 kW - distância de recalque de 3.700 a 3.900 m","m³",30.62]
[1917457,"Dragagem de areia grossa com draga de sucção e recalque - bomba de 746 kW e cortador de 110 kW - distância de recalque de 3.900 a 4.100 m","m³",34.54]
[1917458,"Dragagem de areia grossa com draga de sucção e recalque - bomba de 746 kW e cortador de 110 kW - distância de recalque de 4.100 a 4.300 m","m³",39.74]
[1917459,"Dragagem de areia grossa com draga de sucção e recalque - bomba de 746 kW e cortador de 110 kW - distância de recalque de 4.300 a 4.500 m","m³",41.92]
[1917440,"Dragagem de areia grossa com draga de sucção e recalque - bomba de 746 kW e cortador de 110 kW - distância de recalque de 500 a 700 m","m³",4.0999999999999996]
[1917441,"Dragagem de areia grossa com draga de sucção e recalque - bomba de 746 kW e cortador de 110 kW - distância de recalque de 700 a 900 m","m³",4.66]
[1917442,"Dragagem de areia grossa com draga de sucção e recalque - bomba de 746 kW e cortador de 110 kW - distância de recalque de 900 a 1.100 m","m³",5.21]
[1917734,"Dragagem de areia grossa com draga de sucção e recalque - bomba de 746 kW e cortador de 110 kW - distância de recalque de até 500 m","m³",3.81]
[1917055,"Dragagem de areia grossa com draga hopper - capacidade da cisterna de 1.000 m³ - DMT de 1.500 a 1.800 m","m³",10.93]
[1917056,"Dragagem de areia grossa com draga hopper - capacidade da cisterna de 1.000 m³ - DMT de 1.800 a 2.100 m","m³",11.13]
[1917057,"Dragagem de areia grossa com draga hopper - capacidade da cisterna de 1.000 m³ - DMT de 2.100 a 2.400 m","m³",11.34]
[1917058,"Dragagem de areia grossa com draga hopper - capacidade da cisterna de 1.000 m³ - DMT de 2.400 a 2.700 m","m³",11.56]
[1917059,"Dragagem de areia grossa com draga hopper - capacidade da cisterna de 1.000 m³ - DMT de 2.700 a 3.000 m","m³",11.79]
[1917060,"Dragagem de areia grossa com draga hopper - capacidade da cisterna de 1.000 m³ - DMT de 3.000 m","m³",11.92]
[1901536,"Dragagem de areia grossa com draga hopper - capacidade da cisterna de 10.000 m³ - DMT de 1.500 a 1.800 m","m³",7.21]
[1901537,"Dragagem de areia grossa com draga hopper - capacidade da cisterna de 10.000 m³ - DMT de 1.800 a 2.100 m","m³",7.26]
[1901538,"Dragagem de areia grossa com draga hopper - capacidade da cisterna de 10.000 m³ - DMT de 2.100 a 2.400 m","m³",7.33]
[1901539,"Dragagem de areia grossa com draga hopper - capacidade da cisterna de 10.000 m³ - DMT de 2.400 a 2.700 m","m³",7.39]
[1901540,"Dragagem de areia grossa com draga hopper - capacidade da cisterna de 10.000 m³ - DMT de 2.700 a 3.000 m","m³",7.46]
[1901535,"Dragagem de areia grossa com draga hopper - capacidade da cisterna de 10.000 m³ - DMT de 3.000 m","m³",7.49]
[1901542,"Dragagem de areia grossa com draga hopper - capacidade da cisterna de 15.000 m³ - DMT de 1.500 a 1.800 m","m³",9.52]
[1901543,"Dragagem de areia grossa com draga hopper - capacidade da cisterna de 15.000 m³ - DMT de 1.800 a 2.100 m","m³",9.57]
[1901544,"Dragagem de areia grossa com draga hopper - capacidade da cisterna de 15.000 m³ - DMT de 2.100 a 2.400 m","m³",9.6300000000000008]
[1901545,"Dragagem de areia grossa com draga hopper - capacidade da cisterna de 15.000 m³ - DMT de 2.400 a 2.700 m","m³",9.69]
[1901546,"Dragagem de areia grossa com draga hopper - capacidade da cisterna de 15.000 m³ - DMT de 2.700 a 3.000 m","m³",9.76]
[1901541,"Dragagem de areia grossa com draga hopper - capacidade da cisterna de 15.000 m³ - DMT de 3.000 m","m³",9.7899999999999991]
[1917091,"Dragagem de areia grossa com draga hopper - capacidade da cisterna de 2.000 m³ - DMT de 1.500 a 1.800 m","m³",7.67]
[1917092,"Dragagem de areia grossa com draga hopper - capacidade da cisterna de 2.000 m³ - DMT de 1.800 a 2.100 m","m³",7.8]
[1917093,"Dragagem de areia grossa com draga hopper - capacidade da cisterna de 2.000 m³ - DMT de 2.100 a 2.400 m","m³",7.93]
[1917094,"Dragagem de areia grossa com draga hopper - capacidade da cisterna de 2.000 m³ - DMT de 2.400 a 2.700 m","m³",8.06]
[1917095,"Dragagem de areia grossa com draga hopper - capacidade da cisterna de 2.000 m³ - DMT de 2.700 a 3.000 m","m³",8.2100000000000009]
[1917096,"Dragagem de areia grossa com draga hopper - capacidade da cisterna de 2.000 m³ - DMT de 3.000 m","m³",8.2799999999999994]
[1901548,"Dragagem de areia grossa com draga hopper - capacidade da cisterna de 20.000 m³ - DMT de 1.500 a 1.800 m","m³",11.88]
[1901549,"Dragagem de areia grossa com draga hopper - capacidade da cisterna de 20.000 m³ - DMT de 1.800 a 2.100 m","m³",11.94]
[1901550,"Dragagem de areia grossa com draga hopper - capacidade da cisterna de 20.000 m³ - DMT de 2.100 a 2.400 m","m³",11.99]
[1901551,"Dragagem de areia grossa com draga hopper - capacidade da cisterna de 20.000 m³ - DMT de 2.400 a 2.700 m","m³",12.05]
[1901552,"Dragagem de areia grossa com draga hopper - capacidade da cisterna de 20.000 m³ - DMT de 2.700 a 3.000 m","m³",12.12]
[1901547,"Dragagem de areia grossa com draga hopper - capacidade da cisterna de 20.000 m³ - DMT de 3.000 m","m³",12.15]
[1917127,"Dragagem de areia grossa com draga hopper - capacidade da cisterna de 3.000 m³ - DMT de 1.500 a 1.800 m","m³",7.32]
[1917128,"Dragagem de areia grossa com draga hopper - capacidade da cisterna de 3.000 m³ - DMT de 1.800 a 2.100 m","m³",7.42]
[1917129,"Dragagem de areia grossa com draga hopper - capacidade da cisterna de 3.000 m³ - DMT de 2.100 a 2.400 m","m³",7.53]
[1917130,"Dragagem de areia grossa com draga hopper - capacidade da cisterna de 3.000 m³ - DMT de 2.400 a 2.700 m","m³",7.64]
[1917131,"Dragagem de areia grossa com draga hopper - capacidade da cisterna de 3.000 m³ - DMT de 2.700 a 3.000 m","m³",7.76]
[1917132,"Dragagem de areia grossa com draga hopper - capacidade da cisterna de 3.000 m³ - DMT de 3.000 m","m³",7.82]
[1917163,"Dragagem de areia grossa com draga hopper - capacidade da cisterna de 4.000 m³ - DMT de 1.500 a 1.800 m","m³",6.96]
[1917164,"Dragagem de areia grossa com draga hopper - capacidade da cisterna de 4.000 m³ - DMT de 1.800 a 2.100 m","m³",7.05]
[1917165,"Dragagem de areia grossa com draga hopper - capacidade da cisterna de 4.000 m³ - DMT de 2.100 a 2.400 m","m³",7.14]
[1917166,"Dragagem de areia grossa com draga hopper - capacidade da cisterna de 4.000 m³ - DMT de 2.400 a 2.700 m","m³",7.23]
[1917167,"Dragagem de areia grossa com draga hopper - capacidade da cisterna de 4.000 m³ - DMT de 2.700 a 3.000 m","m³",7.34]
[1917168,"Dragagem de areia grossa com draga hopper - capacidade da cisterna de 4.000 m³ - DMT de 3.000 m","m³",7.39]
[1917199,"Dragagem de areia grossa com draga hopper - capacidade da cisterna de 5.000 m³ - DMT de 1.500 a 1.800 m","m³",7.7]
[1917200,"Dragagem de areia grossa com draga hopper - capacidade da cisterna de 5.000 m³ - DMT de 1.800 a 2.100 m","m³",7.78]
[1917201,"Dragagem de areia grossa com draga hopper - capacidade da cisterna de 5.000 m³ - DMT de 2.100 a 2.400 m","m³",7.86]
[1917202,"Dragagem de areia grossa com draga hopper - capacidade da cisterna de 5.000 m³ - DMT de 2.400 a 2.700 m","m³",7.95]
[1917203,"Dragagem de areia grossa com draga hopper - capacidade da cisterna de 5.000 m³ - DMT de 2.700 a 3.000 m","m³",8.0399999999999991]
[1917204,"Dragagem de areia grossa com draga hopper - capacidade da cisterna de 5.000 m³ - DMT de 3.000 m","m³",8.09]
[1917019,"Dragagem de areia grossa com draga hopper - capacidade da cisterna de 750 m³ - DMT de 1.500 a 1.800 m","m³",14.85]
[1917020,"Dragagem de areia grossa com draga hopper - capacidade da cisterna de 750 m³ - DMT de 1.800 a 2.100 m","m³",15.15]
[1917021,"Dragagem de areia grossa com draga hopper - capacidade da cisterna de 750 m³ - DMT de 2.100 a 2.400 m","m³",15.44]
[1917022,"Dragagem de areia grossa com draga hopper - capacidade da cisterna de 750 m³ - DMT de 2.400 a 2.700 m","m³",15.76]
[1917023,"Dragagem de areia grossa com draga hopper - capacidade da cisterna de 750 m³ - DMT de 2.700 a 3.000 m","m³",16.09]
[1917024,"Dragagem de areia grossa com draga hopper - capacidade da cisterna de 750 m³ - DMT de 3.000 m","m³",16.260000000000002]
[1917541,"Dragagem de areia média com draga de sucção e recalque - bomba de 1.350 kW e cortador de 170 kW - distância de recalque de 1.100 a 1.300 m","m³",5.05]
[1917542,"Dragagem de areia média com draga de sucção e recalque - bomba de 1.350 kW e cortador de 170 kW - distância de recalque de 1.300 a 1.500 m","m³",5.68]
[1917543,"Dragagem de areia média com draga de sucção e recalque - bomba de 1.350 kW e cortador de 170 kW - distância de recalque de 1.500 a 1.700 m","m³",5.99]
[1917544,"Dragagem de areia média com draga de sucção e recalque - bomba de 1.350 kW e cortador de 170 kW - distância de recalque de 1.700 a 1.900 m","m³",6.3]
[1917545,"Dragagem de areia média com draga de sucção e recalque - bomba de 1.350 kW e cortador de 170 kW - distância de recalque de 1.900 a 2.100 m","m³",6.7]
[1917546,"Dragagem de areia média com draga de sucção e recalque - bomba de 1.350 kW e cortador de 170 kW - distância de recalque de 2.100 a 2.300 m","m³",7.02]
[1917547,"Dragagem de areia média com draga de sucção e recalque - bomba de 1.350 kW e cortador de 170 kW - distância de recalque de 2.300 a 2.500 m","m³",7.69]
[1917548,"Dragagem de areia média com draga de sucção e recalque - bomba de 1.350 kW e cortador de 170 kW - distância de recalque de 2.500 a 2.700 m","m³",8.1]
[1917549,"Dragagem de areia média com draga de sucção e recalque - bomba de 1.350 kW e cortador de 170 kW - distância de recalque de 2.700 a 2.900 m","m³",8.52]
[1917550,"Dragagem de areia média com draga de sucção e recalque - bomba de 1.350 kW e cortador de 170 kW - distância de recalque de 2.900 a 3.100 m","m³",8.98]
[1917551,"Dragagem de areia média com draga de sucção e recalque - bomba de 1.350 kW e cortador de 170 kW - distância de recalque de 3.100 a 3.300 m","m³",9.7100000000000009]
[1917552,"Dragagem de areia média com draga de sucção e recalque - bomba de 1.350 kW e cortador de 170 kW - distância de recalque de 3.300 a 3.500 m","m³",10.210000000000001]
[1917553,"Dragagem de areia média com draga de sucção e recalque - bomba de 1.350 kW e cortador de 170 kW - distância de recalque de 3.500 a 3.700 m","m³",10.050000000000001]
[1917554,"Dragagem de areia média com draga de sucção e recalque - bomba de 1.350 kW e cortador de 170 kW - distância de recalque de 3.700 a 3.900 m","m³",11.14]
[1917555,"Dragagem de areia média com draga de sucção e recalque - bomba de 1.350 kW e cortador de 170 kW - distância de recalque de 3.900 a 4.100 m","m³",11.67]
[1917556,"Dragagem de areia média com draga de sucção e recalque - bomba de 1.350 kW e cortador de 170 kW - distância de recalque de 4.100 a 4.300 m","m³",12.54]
[1917557,"Dragagem de areia média com draga de sucção e recalque - bomba de 1.350 kW e cortador de 170 kW - distância de recalque de 4.300 a 4.500 m","m³",13.11]
[1917558,"Dragagem de areia média com draga de sucção e recalque - bomba de 1.350 kW e cortador de 170 kW - distância de recalque de 4.500 a 4.700 m","m³",13.93]
[1917559,"Dragagem de areia média com draga de sucção e recalque - bomba de 1.350 kW e cortador de 170 kW - distância de recalque de 4.700 a 4.900 m","m³",15.27]
[1917560,"Dragagem de areia média com draga de sucção e recalque - bomba de 1.350 kW e cortador de 170 kW - distância de recalque de 4.900 a 5.100 m","m³",16.97]
[1917561,"Dragagem de areia média com draga de sucção e recalque - bomba de 1.350 kW e cortador de 170 kW - distância de recalque de 5.100 a 5.300 m","m³",18.63]
[1917562,"Dragagem de areia média com draga de sucção e recalque - bomba de 1.350 kW e cortador de 170 kW - distância de recalque de 5.300 a 5.500 m","m³",20.53]
[1917563,"Dragagem de areia média com draga de sucção e recalque - bomba de 1.350 kW e cortador de 170 kW - distância de recalque de 5.500 a 5.700 m","m³",22.28]
[1917564,"Dragagem de areia média com draga de sucção e recalque - bomba de 1.350 kW e cortador de 170 kW - distância de recalque de 5.700 a 5.900 m","m³",24.15]
[1917565,"Dragagem de areia média com draga de sucção e recalque - bomba de 1.350 kW e cortador de 170 kW - distância de recalque de 5.900 a 6.100 m","m³",26.68]
[1917538,"Dragagem de areia média com draga de sucção e recalque - bomba de 1.350 kW e cortador de 170 kW - distância de recalque de 500 a 700 m","m³",4.0999999999999996]
[1917566,"Dragagem de areia média com draga de sucção e recalque - bomba de 1.350 kW e cortador de 170 kW - distância de recalque de 6.100 a 6.300 m","m³",29.19]
[1917567,"Dragagem de areia média com draga de sucção e recalque - bomba de 1.350 kW e cortador de 170 kW - distância de recalque de 6.300 a 6.500 m","m³",31.85]
[1917568,"Dragagem de areia média com draga de sucção e recalque - bomba de 1.350 kW e cortador de 170 kW - distância de recalque de 6.500 a 6.700 m","m³",34.43]
[1917569,"Dragagem de areia média com draga de sucção e recalque - bomba de 1.350 kW e cortador de 170 kW - distância de recalque de 6.700 a 6.900 m","m³",37.61]
[1917570,"Dragagem de areia média com draga de sucção e recalque - bomba de 1.350 kW e cortador de 170 kW - distância de recalque de 6.900 a 7.100 m","m³",40.54]
[1917571,"Dragagem de areia média com draga de sucção e recalque - bomba de 1.350 kW e cortador de 170 kW - distância de recalque de 7.100 a 7.300 m","m³",43.99]
[1917572,"Dragagem de areia média com draga de sucção e recalque - bomba de 1.350 kW e cortador de 170 kW - distância de recalque de 7.300 a 7.500 m","m³",47.85]
[1917573,"Dragagem de areia média com draga de sucção e recalque - bomba de 1.350 kW e cortador de 170 kW - distância de recalque de 7.500 a 7.700 m","m³",52.05]
[1917574,"Dragagem de areia média com draga de sucção e recalque - bomba de 1.350 kW e cortador de 170 kW - distância de recalque de 7.700 a 7.900 m","m³",55.93]
[1917539,"Dragagem de areia média com draga de sucção e recalque - bomba de 1.350 kW e cortador de 170 kW - distância de recalque de 700 a 900 m","m³",4.3899999999999997]
[1917540,"Dragagem de areia média com draga de sucção e recalque - bomba de 1.350 kW e cortador de 170 kW - distância de recalque de 900 a 1.100 m","m³",4.76]
[1917738,"Dragagem de areia média com draga de sucção e recalque - bomba de 1.350 kW e cortador de 170 kW - distância de recalque de até 500 m","m³",4.04]
[1917238,"Dragagem de areia média com draga de sucção e recalque - bomba de 294 kW e cortador de 30 kW - distância de recalque de 1.100 a 1.300 m","m³",6.39]
[1917239,"Dragagem de areia média com draga de sucção e recalque - bomba de 294 kW e cortador de 30 kW - distância de recalque de 1.300 a 1.500 m","m³",7.04]
[1917240,"Dragagem de areia média com draga de sucção e recalque - bomba de 294 kW e cortador de 30 kW - distância de recalque de 1.500 a 1.700 m","m³",7.53]
[1917241,"Dragagem de areia média com draga de sucção e recalque - bomba de 294 kW e cortador de 30 kW - distância de recalque de 1.700 a 1.900 m","m³",7.99]
[1917242,"Dragagem de areia média com draga de sucção e recalque - bomba de 294 kW e cortador de 30 kW - distância de recalque de 1.900 a 2.100 m","m³",8.43]
[1917243,"Dragagem de areia média com draga de sucção e recalque - bomba de 294 kW e cortador de 30 kW - distância de recalque de 2.100 a 2.300 m","m³",8.86]
[1917244,"Dragagem de areia média com draga de sucção e recalque - bomba de 294 kW e cortador de 30 kW - distância de recalque de 2.300 a 2.500 m","m³",9.4700000000000006]
[1917245,"Dragagem de areia média com draga de sucção e recalque - bomba de 294 kW e cortador de 30 kW - distância de recalque de 2.500 a 2.700 m","m³",9.98]
[1917246,"Dragagem de areia média com draga de sucção e recalque - bomba de 294 kW e cortador de 30 kW - distância de recalque de 2.700 a 2.900 m","m³",10.53]
[1917247,"Dragagem de areia média com draga de sucção e recalque - bomba de 294 kW e cortador de 30 kW - distância de recalque de 2.900 a 3.100 m","m³",11.41]
[1917248,"Dragagem de areia média com draga de sucção e recalque - bomba de 294 kW e cortador de 30 kW - distância de recalque de 3.100 a 3.300 m","m³",13.09]
[1917249,"Dragagem de areia média com draga de sucção e recalque - bomba de 294 kW e cortador de 30 kW - distância de recalque de 3.300 a 3.500 m","m³",15.69]
[1917235,"Dragagem de areia média com draga de sucção e recalque - bomba de 294 kW e cortador de 30 kW - distância de recalque de 500 a 700 m","m³",5.05]
[1917236,"Dragagem de areia média com draga de sucção e recalque - bomba de 294 kW e cortador de 30 kW - distância de recalque de 700 a 900 m","m³",5.41]
[1917237,"Dragagem de areia média com draga de sucção e recalque - bomba de 294 kW e cortador de 30 kW - distância de recalque de 900 a 1.100 m","m³",5.84]
[1917725,"Dragagem de areia média com draga de sucção e recalque - bomba de 294 kW e cortador de 30 kW - distância de recalque de até 500 m","m³",4.92]
[1917311,"Dragagem de areia média com draga de sucção e recalque - bomba de 483 kW e cortador de 55 kW - distância de recalque de 1.100 a 1.300 m","m³",5.08]
[1917312,"Dragagem de areia média com draga de sucção e recalque - bomba de 483 kW e cortador de 55 kW - distância de recalque de 1.300 a 1.500 m","m³",5.75]
[1917313,"Dragagem de areia média com draga de sucção e recalque - bomba de 483 kW e cortador de 55 kW - distância de recalque de 1.500 a 1.700 m","m³",6.21]
[1917314,"Dragagem de areia média com draga de sucção e recalque - bomba de 483 kW e cortador de 55 kW - distância de recalque de 1.700 a 1.900 m","m³",6.63]
[1917315,"Dragagem de areia média com draga de sucção e recalque - bomba de 483 kW e cortador de 55 kW - distância de recalque de 1.900 a 2.100 m","m³",7.14]
[1917316,"Dragagem de areia média com draga de sucção e recalque - bomba de 483 kW e cortador de 55 kW - distância de recalque de 2.100 a 2.300 m","m³",7.64]
[1917317,"Dragagem de areia média com draga de sucção e recalque - bomba de 483 kW e cortador de 55 kW - distância de recalque de 2.300 a 2.500 m","m³",8.43]
[1917318,"Dragagem de areia média com draga de sucção e recalque - bomba de 483 kW e cortador de 55 kW - distância de recalque de 2.500 a 2.700 m","m³",9.1300000000000008]
[1917319,"Dragagem de areia média com draga de sucção e recalque - bomba de 483 kW e cortador de 55 kW - distância de recalque de 2.700 a 2.900 m","m³",9.77]
[1917320,"Dragagem de areia média com draga de sucção e recalque - bomba de 483 kW e cortador de 55 kW - distância de recalque de 2.900 a 3.100 m","m³",10.47]
[1917321,"Dragagem de areia média com draga de sucção e recalque - bomba de 483 kW e cortador de 55 kW - distância de recalque de 3.100 a 3.300 m","m³",12.77]
[1917322,"Dragagem de areia média com draga de sucção e recalque - bomba de 483 kW e cortador de 55 kW - distância de recalque de 3.300 a 3.500 m","m³",14.76]
[1917323,"Dragagem de areia média com draga de sucção e recalque - bomba de 483 kW e cortador de 55 kW - distância de recalque de 3.500 a 3.700 m","m³",17.32]
[1917324,"Dragagem de areia média com draga de sucção e recalque - bomba de 483 kW e cortador de 55 kW - distância de recalque de 3.700 a 3.900 m","m³",20.010000000000002]
[1917325,"Dragagem de areia média com draga de sucção e recalque - bomba de 483 kW e cortador de 55 kW - distância de recalque de 3.900 a 4.100 m","m³",23.21]
[1917326,"Dragagem de areia média com draga de sucção e recalque - bomba de 483 kW e cortador de 55 kW - distância de recalque de 4.100 a 4.300 m","m³",27.55]
[1917327,"Dragagem de areia média com draga de sucção e recalque - bomba de 483 kW e cortador de 55 kW - distância de recalque de 4.300 a 4.500 m","m³",31.95]
[1917328,"Dragagem de areia média com draga de sucção e recalque - bomba de 483 kW e cortador de 55 kW - distância de recalque de 4.500 a 4.700 m","m³",37.01]
[1917329,"Dragagem de areia média com draga de sucção e recalque - bomba de 483 kW e cortador de 55 kW - distância de recalque de 4.700 a 4.900 m","m³",40.51]
[1917330,"Dragagem de areia média com draga de sucção e recalque - bomba de 483 kW e cortador de 55 kW - distância de recalque de 4.900 a 5.100 m","m³",44.83]
[1917308,"Dragagem de areia média com draga de sucção e recalque - bomba de 483 kW e cortador de 55 kW - distância de recalque de 500 a 700 m","m³",4.09]
[1917309,"Dragagem de areia média com draga de sucção e recalque - bomba de 483 kW e cortador de 55 kW - distância de recalque de 700 a 900 m","m³",4.38]
[1917310,"Dragagem de areia média com draga de sucção e recalque - bomba de 483 kW e cortador de 55 kW - distância de recalque de 900 a 1.100 m","m³",4.68]
[1917730,"Dragagem de areia média com draga de sucção e recalque - bomba de 483 kW e cortador de 55 kW - distância de recalque de até 500 m","m³",4.04]
[1917415,"Dragagem de areia média com draga de sucção e recalque - bomba de 746 kW e cortador de 110 kW - distância de recalque de 1.100 a 1.300 m","m³",5.0599999999999996]
[1917416,"Dragagem de areia média com draga de sucção e recalque - bomba de 746 kW e cortador de 110 kW - distância de recalque de 1.300 a 1.500 m","m³",5.72]
[1917417,"Dragagem de areia média com draga de sucção e recalque - bomba de 746 kW e cortador de 110 kW - distância de recalque de 1.500 a 1.700 m","m³",6.15]
[1917418,"Dragagem de areia média com draga de sucção e recalque - bomba de 746 kW e cortador de 110 kW - distância de recalque de 1.700 a 1.900 m","m³",6.56]
[1917419,"Dragagem de areia média com draga de sucção e recalque - bomba de 746 kW e cortador de 110 kW - distância de recalque de 1.900 a 2.100 m","m³",6.91]
[1917420,"Dragagem de areia média com draga de sucção e recalque - bomba de 746 kW e cortador de 110 kW - distância de recalque de 2.100 a 2.300 m","m³",7.33]
[1917421,"Dragagem de areia média com draga de sucção e recalque - bomba de 746 kW e cortador de 110 kW - distância de recalque de 2.300 a 2.500 m","m³",8.02]
[1917422,"Dragagem de areia média com draga de sucção e recalque - bomba de 746 kW e cortador de 110 kW - distância de recalque de 2.500 a 2.700 m","m³",8.43]
[1917423,"Dragagem de areia média com draga de sucção e recalque - bomba de 746 kW e cortador de 110 kW - distância de recalque de 2.700 a 2.900 m","m³",8.84]
[1917424,"Dragagem de areia média com draga de sucção e recalque - bomba de 746 kW e cortador de 110 kW - distância de recalque de 2.900 a 3.100 m","m³",9.27]
[1917425,"Dragagem de areia média com draga de sucção e recalque - bomba de 746 kW e cortador de 110 kW - distância de recalque de 3.100 a 3.300 m","m³",10.11]
[1917426,"Dragagem de areia média com draga de sucção e recalque - bomba de 746 kW e cortador de 110 kW - distância de recalque de 3.300 a 3.500 m","m³",10.95]
[1917427,"Dragagem de areia média com draga de sucção e recalque - bomba de 746 kW e cortador de 110 kW - distância de recalque de 3.500 a 3.700 m","m³",12.45]
[1917428,"Dragagem de areia média com draga de sucção e recalque - bomba de 746 kW e cortador de 110 kW - distância de recalque de 3.700 a 3.900 m","m³",14.19]
[1917429,"Dragagem de areia média com draga de sucção e recalque - bomba de 746 kW e cortador de 110 kW - distância de recalque de 3.900 a 4.100 m","m³",16.02]
[1917430,"Dragagem de areia média com draga de sucção e recalque - bomba de 746 kW e cortador de 110 kW - distância de recalque de 4.100 a 4.300 m","m³",18.48]
[1917431,"Dragagem de areia média com draga de sucção e recalque - bomba de 746 kW e cortador de 110 kW - distância de recalque de 4.300 a 4.500 m","m³",20.63]
[1917432,"Dragagem de areia média com draga de sucção e recalque - bomba de 746 kW e cortador de 110 kW - distância de recalque de 4.500 a 4.700 m","m³",23.39]
[1917433,"Dragagem de areia média com draga de sucção e recalque - bomba de 746 kW e cortador de 110 kW - distância de recalque de 4.700 a 4.900 m","m³",26.24]
[1917434,"Dragagem de areia média com draga de sucção e recalque - bomba de 746 kW e cortador de 110 kW - distância de recalque de 4.900 a 5.100 m","m³",29.65]
[1917435,"Dragagem de areia média com draga de sucção e recalque - bomba de 746 kW e cortador de 110 kW - distância de recalque de 5.100 a 5.300 m","m³",33.69]
[1917436,"Dragagem de areia média com draga de sucção e recalque - bomba de 746 kW e cortador de 110 kW - distância de recalque de 5.300 a 5.500 m","m³",37.36]
[1917437,"Dragagem de areia média com draga de sucção e recalque - bomba de 746 kW e cortador de 110 kW - distância de recalque de 5.500 a 5.700 m","m³",42.06]
[1917438,"Dragagem de areia média com draga de sucção e recalque - bomba de 746 kW e cortador de 110 kW - distância de recalque de 5.700 a 5.900 m","m³",45.36]
[1917439,"Dragagem de areia média com draga de sucção e recalque - bomba de 746 kW e cortador de 110 kW - distância de recalque de 5.900 a 6.100 m","m³",48.33]
[1917412,"Dragagem de areia média com draga de sucção e recalque - bomba de 746 kW e cortador de 110 kW - distância de recalque de 500 a 700 m","m³",3.76]
[1917413,"Dragagem de areia média com draga de sucção e recalque - bomba de 746 kW e cortador de 110 kW - distância de recalque de 700 a 900 m","m³",4.2300000000000004]
[1917414,"Dragagem de areia média com draga de sucção e recalque - bomba de 746 kW e cortador de 110 kW - distância de recalque de 900 a 1.100 m","m³",4.7]
[1917733,"Dragagem de areia média com draga de sucção e recalque - bomba de 746 kW e cortador de 110 kW - distância de recalque de até 500 m","m³",3.52]
[1917049,"Dragagem de areia média com draga hopper - capacidade da cisterna de 1.000 m³ - DMT de 1.500 a 1.800 m","m³",11.29]
[1917050,"Dragagem de areia média com draga hopper - capacidade da cisterna de 1.000 m³ - DMT de 1.800 a 2.100 m","m³",11.5]
[1917051,"Dragagem de areia média com draga hopper - capacidade da cisterna de 1.000 m³ - DMT de 2.100 a 2.400 m","m³",11.71]
[1917052,"Dragagem de areia média com draga hopper - capacidade da cisterna de 1.000 m³ - DMT de 2.400 a 2.700 m","m³",11.93]
[1917053,"Dragagem de areia média com draga hopper - capacidade da cisterna de 1.000 m³ - DMT de 2.700 a 3.000 m","m³",12.17]
[1917054,"Dragagem de areia média com draga hopper - capacidade da cisterna de 1.000 m³ - DMT de 3.000 m","m³",12.29]
[1901553,"Dragagem de areia média com draga hopper - capacidade da cisterna de 10.000 m³ - DMT de 1.500 a 1.800 m","m³",7.48]
[1901554,"Dragagem de areia média com draga hopper - capacidade da cisterna de 10.000 m³ - DMT de 1.800 a 2.100 m","m³",7.54]
[1901555,"Dragagem de areia média com draga hopper - capacidade da cisterna de 10.000 m³ - DMT de 2.100 a 2.400 m","m³",7.6]
[1901556,"Dragagem de areia média com draga hopper - capacidade da cisterna de 10.000 m³ - DMT de 2.400 a 2.700 m","m³",7.67]
[1901557,"Dragagem de areia média com draga hopper - capacidade da cisterna de 10.000 m³ - DMT de 2.700 a 3.000 m","m³",7.74]
[1901558,"Dragagem de areia média com draga hopper - capacidade da cisterna de 10.000 m³ - DMT de 3.000 m","m³",7.77]
[1901560,"Dragagem de areia média com draga hopper - capacidade da cisterna de 15.000 m³ - DMT de 1.500 a 1.800 m","m³",9.9]
[1901561,"Dragagem de areia média com draga hopper - capacidade da cisterna de 15.000 m³ - DMT de 1.800 a 2.100 m","m³",9.9600000000000009]
[1901562,"Dragagem de areia média com draga hopper - capacidade da cisterna de 15.000 m³ - DMT de 2.100 a 2.400 m","m³",10.01]
[1901563,"Dragagem de areia média com draga hopper - capacidade da cisterna de 15.000 m³ - DMT de 2.400 a 2.700 m","m³",10.08]
[1901564,"Dragagem de areia média com draga hopper - capacidade da cisterna de 15.000 m³ - DMT de 2.700 a 3.000 m","m³",10.14]
[1901559,"Dragagem de areia média com draga hopper - capacidade da cisterna de 15.000 m³ - DMT de 3.000 m","m³",10.18]
[1917085,"Dragagem de areia média com draga hopper - capacidade da cisterna de 2.000 m³ - DMT de 1.500 a 1.800 m","m³",7.93]
[1917086,"Dragagem de areia média com draga hopper - capacidade da cisterna de 2.000 m³ - DMT de 1.800 a 2.100 m","m³",8.06]
[1917087,"Dragagem de areia média com draga hopper - capacidade da cisterna de 2.000 m³ - DMT de 2.100 a 2.400 m","m³",8.19]
[1917088,"Dragagem de areia média com draga hopper - capacidade da cisterna de 2.000 m³ - DMT de 2.400 a 2.700 m","m³",8.32]
[1917089,"Dragagem de areia média com draga hopper - capacidade da cisterna de 2.000 m³ - DMT de 2.700 a 3.000 m","m³",8.4700000000000006]
[1917090,"Dragagem de areia média com draga hopper - capacidade da cisterna de 2.000 m³ - DMT de 3.000 m","m³",8.5500000000000007]
[1901566,"Dragagem de areia média com draga hopper - capacidade da cisterna de 20.000 m³ - DMT de 1.500 a 1.800 m","m³",12.37]
[1901567,"Dragagem de areia média com draga hopper - capacidade da cisterna de 20.000 m³ - DMT de 1.800 a 2.100 m","m³",12.43]
[1901568,"Dragagem de areia média com draga hopper - capacidade da cisterna de 20.000 m³ - DMT de 2.100 a 2.400 m","m³",12.49]
[1901569,"Dragagem de areia média com draga hopper - capacidade da cisterna de 20.000 m³ - DMT de 2.400 a 2.700 m","m³",12.55]
[1901570,"Dragagem de areia média com draga hopper - capacidade da cisterna de 20.000 m³ - DMT de 2.700 a 3.000 m","m³",12.61]
[1901565,"Dragagem de areia média com draga hopper - capacidade da cisterna de 20.000 m³ - DMT de 3.000 m","m³",12.64]
[1917121,"Dragagem de areia média com draga hopper - capacidade da cisterna de 3.000 m³ - DMT de 1.500 a 1.800 m","m³",7.58]
[1917122,"Dragagem de areia média com draga hopper - capacidade da cisterna de 3.000 m³ - DMT de 1.800 a 2.100 m","m³",7.68]
[1917123,"Dragagem de areia média com draga hopper - capacidade da cisterna de 3.000 m³ - DMT de 2.100 a 2.400 m","m³",7.79]
[1917124,"Dragagem de areia média com draga hopper - capacidade da cisterna de 3.000 m³ - DMT de 2.400 a 2.700 m","m³",7.9]
[1917125,"Dragagem de areia média com draga hopper - capacidade da cisterna de 3.000 m³ - DMT de 2.700 a 3.000 m","m³",8.02]
[1917126,"Dragagem de areia média com draga hopper - capacidade da cisterna de 3.000 m³ - DMT de 3.000 m","m³",8.08]
[1917157,"Dragagem de areia média com draga hopper - capacidade da cisterna de 4.000 m³ - DMT de 1.500 a 1.800 m","m³",7.2]
[1917158,"Dragagem de areia média com draga hopper - capacidade da cisterna de 4.000 m³ - DMT de 1.800 a 2.100 m","m³",7.29]
[1917159,"Dragagem de areia média com draga hopper - capacidade da cisterna de 4.000 m³ - DMT de 2.100 a 2.400 m","m³",7.39]
[1917160,"Dragagem de areia média com draga hopper - capacidade da cisterna de 4.000 m³ - DMT de 2.400 a 2.700 m","m³",7.49]
[1917161,"Dragagem de areia média com draga hopper - capacidade da cisterna de 4.000 m³ - DMT de 2.700 a 3.000 m","m³",7.59]
[1917162,"Dragagem de areia média com draga hopper - capacidade da cisterna de 4.000 m³ - DMT de 3.000 m","m³",7.65]
[1917193,"Dragagem de areia média com draga hopper - capacidade da cisterna de 5.000 m³ - DMT de 1.500 a 1.800 m","m³",7.98]
[1917194,"Dragagem de areia média com draga hopper - capacidade da cisterna de 5.000 m³ - DMT de 1.800 a 2.100 m","m³",8.06]
[1917195,"Dragagem de areia média com draga hopper - capacidade da cisterna de 5.000 m³ - DMT de 2.100 a 2.400 m","m³",8.15]
[1917196,"Dragagem de areia média com draga hopper - capacidade da cisterna de 5.000 m³ - DMT de 2.400 a 2.700 m","m³",8.23]
[1917197,"Dragagem de areia média com draga hopper - capacidade da cisterna de 5.000 m³ - DMT de 2.700 a 3.000 m","m³",8.33]
[1917198,"Dragagem de areia média com draga hopper - capacidade da cisterna de 5.000 m³ - DMT de 3.000 m","m³",8.3800000000000008]
[1917013,"Dragagem de areia média com draga hopper - capacidade da cisterna de 750 m³ - DMT de 1.500 a 1.800 m","m³",15.36]
[1917014,"Dragagem de areia média com draga hopper - capacidade da cisterna de 750 m³ - DMT de 1.800 a 2.100 m","m³",15.65]
[1917015,"Dragagem de areia média com draga hopper - capacidade da cisterna de 750 m³ - DMT de 2.100 a 2.400 m","m³",15.95]
[1917016,"Dragagem de areia média com draga hopper - capacidade da cisterna de 750 m³ - DMT de 2.400 a 2.700 m","m³",16.27]
[1917017,"Dragagem de areia média com draga hopper - capacidade da cisterna de 750 m³ - DMT de 2.700 a 3.000 m","m³",16.61]
[1917018,"Dragagem de areia média com draga hopper - capacidade da cisterna de 750 m³ - DMT de 3.000 m","m³",16.78]
[1917623,"Dragagem de cascalho com draga de sucção e recalque - bomba de 1.350 kW e cortador de 170 kW - distância de recalque de 1.100 a 1.300 m","m³",17.190000000000001]
[1917624,"Dragagem de cascalho com draga de sucção e recalque - bomba de 1.350 kW e cortador de 170 kW - distância de recalque de 1.300 a 1.500 m","m³",21.61]
[1917625,"Dragagem de cascalho com draga de sucção e recalque - bomba de 1.350 kW e cortador de 170 kW - distância de recalque de 1.500 a 1.700 m","m³",27.06]
[1917626,"Dragagem de cascalho com draga de sucção e recalque - bomba de 1.350 kW e cortador de 170 kW - distância de recalque de 1.700 a 1.900 m","m³",33.020000000000003]
[1917627,"Dragagem de cascalho com draga de sucção e recalque - bomba de 1.350 kW e cortador de 170 kW - distância de recalque de 1.900 a 2.100 m","m³",39.64]
[1917628,"Dragagem de cascalho com draga de sucção e recalque - bomba de 1.350 kW e cortador de 170 kW - distância de recalque de 2.100 a 2.300 m","m³",46.35]
[1917620,"Dragagem de cascalho com draga de sucção e recalque - bomba de 1.350 kW e cortador de 170 kW - distância de recalque de 500 a 700 m","m³",8.06]
[1917621,"Dragagem de cascalho com draga de sucção e recalque - bomba de 1.350 kW e cortador de 170 kW - distância de recalque de 700 a 900 m","m³",9.44]
[1917622,"Dragagem de cascalho com draga de sucção e recalque - bomba de 1.350 kW e cortador de 170 kW - distância de recalque de 900 a 1.100 m","m³",11.79]
[1917741,"Dragagem de cascalho com draga de sucção e recalque - bomba de 1.350 kW e cortador de 170 kW - distância de recalque de até 500 m","m³",7.49]
[1917269,"Dragagem de cascalho com draga de sucção e recalque - bomba de 294 kW e cortador de 30 kW - distância de recalque de 1.100 a 1.300 m","m³",20.92]
[1917270,"Dragagem de cascalho com draga de sucção e recalque - bomba de 294 kW e cortador de 30 kW - distância de recalque de 1.300 a 1.500 m","m³",28.22]
[1917266,"Dragagem de cascalho com draga de sucção e recalque - bomba de 294 kW e cortador de 30 kW - distância de recalque de 500 a 700 m","m³",6.85]
[1917267,"Dragagem de cascalho com draga de sucção e recalque - bomba de 294 kW e cortador de 30 kW - distância de recalque de 700 a 900 m","m³",9.94]
[1917268,"Dragagem de cascalho com draga de sucção e recalque - bomba de 294 kW e cortador de 30 kW - distância de recalque de 900 a 1.100 m","m³",15.18]
[1917728,"Dragagem de cascalho com draga de sucção e recalque - bomba de 294 kW e cortador de 30 kW - distância de recalque de até 500 m","m³",6.32]
[1917358,"Dragagem de cascalho com draga de sucção e recalque - bomba de 483 kW e cortador de 55 kW - distância de recalque até 500 m","m³",6.4]
[1917362,"Dragagem de cascalho com draga de sucção e recalque - bomba de 483 kW e cortador de 55 kW - distância de recalque de 1.100 a 1.300 m","m³",30.69]
[1917363,"Dragagem de cascalho com draga de sucção e recalque - bomba de 483 kW e cortador de 55 kW - distância de recalque de 1.300 a 1.500 m","m³",37.450000000000003]
[1917359,"Dragagem de cascalho com draga de sucção e recalque - bomba de 483 kW e cortador de 55 kW - distância de recalque de 500 a 700 m","m³",9.0399999999999991]
[1917360,"Dragagem de cascalho com draga de sucção e recalque - bomba de 483 kW e cortador de 55 kW - distância de recalque de 700 a 900 m","m³",14.74]
[1917361,"Dragagem de cascalho com draga de sucção e recalque - bomba de 483 kW e cortador de 55 kW - distância de recalque de 900 a 1.100 m","m³",22.02]
[1917476,"Dragagem de cascalho com draga de sucção e recalque - bomba de 746 kW e cortador de 110 kW - distância de recalque de 1.100 a 1.300 m","m³",22.93]
[1917477,"Dragagem de cascalho com draga de sucção e recalque - bomba de 746 kW e cortador de 110 kW - distância de recalque de 1.300 a 1.500 m","m³",29.49]
[1917478,"Dragagem de cascalho com draga de sucção e recalque - bomba de 746 kW e cortador de 110 kW - distância de recalque de 1.500 a 1.700 m","m³",37.86]
[1917479,"Dragagem de cascalho com draga de sucção e recalque - bomba de 746 kW e cortador de 110 kW - distância de recalque de 1.700 a 1.900 m","m³",41.25]
[1917473,"Dragagem de cascalho com draga de sucção e recalque - bomba de 746 kW e cortador de 110 kW - distância de recalque de 500 a 700 m","m³",10.48]
[1917474,"Dragagem de cascalho com draga de sucção e recalque - bomba de 746 kW e cortador de 110 kW - distância de recalque de 700 a 900 m","m³",13.5]
[1917475,"Dragagem de cascalho com draga de sucção e recalque - bomba de 746 kW e cortador de 110 kW - distância de recalque de 900 a 1.100 m","m³",17.329999999999998]
[1917736,"Dragagem de cascalho com draga de sucção e recalque - bomba de 746 kW e cortador de 110 kW - distância de recalque de até 500 m","m³",7.65]
[1917067,"Dragagem de cascalho com draga hopper - capacidade da cisterna de 1.000 m³ - DMT de 1.500 a 1.800 m","m³",10.55]
[1917068,"Dragagem de cascalho com draga hopper - capacidade da cisterna de 1.000 m³ - DMT de 1.800 a 2.100 m","m³",10.76]
[1917069,"Dragagem de cascalho com draga hopper - capacidade da cisterna de 1.000 m³ - DMT de 2.100 a 2.400 m","m³",10.98]
[1917070,"Dragagem de cascalho com draga hopper - capacidade da cisterna de 1.000 m³ - DMT de 2.400 a 2.700 m","m³",11.2]
[1917071,"Dragagem de cascalho com draga hopper - capacidade da cisterna de 1.000 m³ - DMT de 2.700 a 3.000 m","m³",11.44]
[1917072,"Dragagem de cascalho com draga hopper - capacidade da cisterna de 1.000 m³ - DMT de 3.000 m","m³",11.57]
[1901572,"Dragagem de cascalho com draga hopper - capacidade da cisterna de 10.000 m³ - DMT de 1.500 a 1.800 m","m³",6.85]
[1901573,"Dragagem de cascalho com draga hopper - capacidade da cisterna de 10.000 m³ - DMT de 1.800 a 2.100 m","m³",6.91]
[1901574,"Dragagem de cascalho com draga hopper - capacidade da cisterna de 10.000 m³ - DMT de 2.100 a 2.400 m","m³",6.97]
[1901575,"Dragagem de cascalho com draga hopper - capacidade da cisterna de 10.000 m³ - DMT de 2.400 a 2.700 m","m³",7.04]
[1901576,"Dragagem de cascalho com draga hopper - capacidade da cisterna de 10.000 m³ - DMT de 2.700 a 3.000 m","m³",7.11]
[1901571,"Dragagem de cascalho com draga hopper - capacidade da cisterna de 10.000 m³ - DMT de 3.000 m","m³",7.14]
[1901578,"Dragagem de cascalho com draga hopper - capacidade da cisterna de 15.000 m³ - DMT de 1.500 a 1.800 m","m³",8.98]
[1901579,"Dragagem de cascalho com draga hopper - capacidade da cisterna de 15.000 m³ - DMT de 1.800 a 2.100 m","m³",9.0399999999999991]
[1901580,"Dragagem de cascalho com draga hopper - capacidade da cisterna de 15.000 m³ - DMT de 2.100 a 2.400 m","m³",9.1]
[1901581,"Dragagem de cascalho com draga hopper - capacidade da cisterna de 15.000 m³ - DMT de 2.400 a 2.700 m","m³",9.16]
[1901582,"Dragagem de cascalho com draga hopper - capacidade da cisterna de 15.000 m³ - DMT de 2.700 a 3.000 m","m³",9.23]
[1901577,"Dragagem de cascalho com draga hopper - capacidade da cisterna de 15.000 m³ - DMT de 3.000 m","m³",9.26]
[1917103,"Dragagem de cascalho com draga hopper - capacidade da cisterna de 2.000 m³ - DMT de 1.500 a 1.800 m","m³",7.39]
[1917104,"Dragagem de cascalho com draga hopper - capacidade da cisterna de 2.000 m³ - DMT de 1.800 a 2.100 m","m³",7.52]
[1917105,"Dragagem de cascalho com draga hopper - capacidade da cisterna de 2.000 m³ - DMT de 2.100 a 2.400 m","m³",7.66]
[1917106,"Dragagem de cascalho com draga hopper - capacidade da cisterna de 2.000 m³ - DMT de 2.400 a 2.700 m","m³",7.8]
[1917107,"Dragagem de cascalho com draga hopper - capacidade da cisterna de 2.000 m³ - DMT de 2.700 a 3.000 m","m³",7.95]
[1917108,"Dragagem de cascalho com draga hopper - capacidade da cisterna de 2.000 m³ - DMT de 3.000 m","m³",8.02]
[1901583,"Dragagem de cascalho com draga hopper - capacidade da cisterna de 20.000 m³ - DMT de 1.500 a 1.800 m","m³",11.17]
[1901584,"Dragagem de cascalho com draga hopper - capacidade da cisterna de 20.000 m³ - DMT de 1.800 a 2.100 m","m³",11.23]
[1901585,"Dragagem de cascalho com draga hopper - capacidade da cisterna de 20.000 m³ - DMT de 2.100 a 2.400 m","m³",11.28]
[1901586,"Dragagem de cascalho com draga hopper - capacidade da cisterna de 20.000 m³ - DMT de 2.400 a 2.700 m","m³",11.35]
[1901587,"Dragagem de cascalho com draga hopper - capacidade da cisterna de 20.000 m³ - DMT de 2.700 a 3.000 m","m³",11.41]
[1901588,"Dragagem de cascalho com draga hopper - capacidade da cisterna de 20.000 m³ - DMT de 3.000 m","m³",11.45]
[1917139,"Dragagem de cascalho com draga hopper - capacidade da cisterna de 3.000 m³ - DMT de 1.500 a 1.800 m","m³",7.03]
[1917140,"Dragagem de cascalho com draga hopper - capacidade da cisterna de 3.000 m³ - DMT de 1.800 a 2.100 m","m³",7.13]
[1917141,"Dragagem de cascalho com draga hopper - capacidade da cisterna de 3.000 m³ - DMT de 2.100 a 2.400 m","m³",7.24]
[1917142,"Dragagem de cascalho com draga hopper - capacidade da cisterna de 3.000 m³ - DMT de 2.400 a 2.700 m","m³",7.35]
[1917143,"Dragagem de cascalho com draga hopper - capacidade da cisterna de 3.000 m³ - DMT de 2.700 a 3.000 m","m³",7.48]
[1917144,"Dragagem de cascalho com draga hopper - capacidade da cisterna de 3.000 m³ - DMT de 3.000 m","m³",7.54]
[1917175,"Dragagem de cascalho com draga hopper - capacidade da cisterna de 4.000 m³ - DMT de 1.500 a 1.800 m","m³",6.67]
[1917176,"Dragagem de cascalho com draga hopper - capacidade da cisterna de 4.000 m³ - DMT de 1.800 a 2.100 m","m³",6.76]
[1917177,"Dragagem de cascalho com draga hopper - capacidade da cisterna de 4.000 m³ - DMT de 2.100 a 2.400 m","m³",6.85]
[1917178,"Dragagem de cascalho com draga hopper - capacidade da cisterna de 4.000 m³ - DMT de 2.400 a 2.700 m","m³",6.95]
[1917179,"Dragagem de cascalho com draga hopper - capacidade da cisterna de 4.000 m³ - DMT de 2.700 a 3.000 m","m³",7.06]
[1917180,"Dragagem de cascalho com draga hopper - capacidade da cisterna de 4.000 m³ - DMT de 3.000 m","m³",7.12]
[1917211,"Dragagem de cascalho com draga hopper - capacidade da cisterna de 5.000 m³ - DMT de 1.500 a 1.800 m","m³",7.34]
[1917212,"Dragagem de cascalho com draga hopper - capacidade da cisterna de 5.000 m³ - DMT de 1.800 a 2.100 m","m³",7.42]
[1917213,"Dragagem de cascalho com draga hopper - capacidade da cisterna de 5.000 m³ - DMT de 2.100 a 2.400 m","m³",7.5]
[1917214,"Dragagem de cascalho com draga hopper - capacidade da cisterna de 5.000 m³ - DMT de 2.400 a 2.700 m","m³",7.59]
[1917215,"Dragagem de cascalho com draga hopper - capacidade da cisterna de 5.000 m³ - DMT de 2.700 a 3.000 m","m³",7.69]
[1917216,"Dragagem de cascalho com draga hopper - capacidade da cisterna de 5.000 m³ - DMT de 3.000 m","m³",7.74]
[1917031,"Dragagem de cascalho com draga hopper - capacidade da cisterna de 750 m³ - DMT de 1.500 a 1.800 m","m³",14.31]
[1917032,"Dragagem de cascalho com draga hopper - capacidade da cisterna de 750 m³ - DMT de 1.800 a 2.100 m","m³",14.61]
[1917033,"Dragagem de cascalho com draga hopper - capacidade da cisterna de 750 m³ - DMT de 2.100 a 2.400 m","m³",14.92]
[1917034,"Dragagem de cascalho com draga hopper - capacidade da cisterna de 750 m³ - DMT de 2.400 a 2.700 m","m³",15.24]
[1917035,"Dragagem de cascalho com draga hopper - capacidade da cisterna de 750 m³ - DMT de 2.700 a 3.000 m","m³",15.58]
[1917036,"Dragagem de cascalho com draga hopper - capacidade da cisterna de 750 m³ - DMT de 3.000 m","m³",15.77]
[1917605,"Dragagem de cascalho fino com draga de sucção e recalque - bomba de 1.350 kW e cortador de 170 kW - distância de recalque de 1.100 a 1.300 m","m³",7.73]
[1917606,"Dragagem de cascalho fino com draga de sucção e recalque - bomba de 1.350 kW e cortador de 170 kW - distância de recalque de 1.300 a 1.500 m","m³",8.3800000000000008]
[1917607,"Dragagem de cascalho fino com draga de sucção e recalque - bomba de 1.350 kW e cortador de 170 kW - distância de recalque de 1.500 a 1.700 m","m³",9.01]
[1917608,"Dragagem de cascalho fino com draga de sucção e recalque - bomba de 1.350 kW e cortador de 170 kW - distância de recalque de 1.700 a 1.900 m","m³",10.07]
[1917609,"Dragagem de cascalho fino com draga de sucção e recalque - bomba de 1.350 kW e cortador de 170 kW - distância de recalque de 1.900 a 2.100 m","m³",11.47]
[1917610,"Dragagem de cascalho fino com draga de sucção e recalque - bomba de 1.350 kW e cortador de 170 kW - distância de recalque de 2.100 a 2.300 m","m³",13.53]
[1917611,"Dragagem de cascalho fino com draga de sucção e recalque - bomba de 1.350 kW e cortador de 170 kW - distância de recalque de 2.300 a 2.500 m","m³",15.84]
[1917612,"Dragagem de cascalho fino com draga de sucção e recalque - bomba de 1.350 kW e cortador de 170 kW - distância de recalque de 2.500 a 2.700 m","m³",18.559999999999999]
[1917613,"Dragagem de cascalho fino com draga de sucção e recalque - bomba de 1.350 kW e cortador de 170 kW - distância de recalque de 2.700 a 2.900 m","m³",21.58]
[1917614,"Dragagem de cascalho fino com draga de sucção e recalque - bomba de 1.350 kW e cortador de 170 kW - distância de recalque de 2.900 a 3.100 m","m³",24.89]
[1917615,"Dragagem de cascalho fino com draga de sucção e recalque - bomba de 1.350 kW e cortador de 170 kW - distância de recalque de 3.100 a 3.300 m","m³",28.64]
[1917616,"Dragagem de cascalho fino com draga de sucção e recalque - bomba de 1.350 kW e cortador de 170 kW - distância de recalque de 3.300 a 3.500 m","m³",33.14]
[1917617,"Dragagem de cascalho fino com draga de sucção e recalque - bomba de 1.350 kW e cortador de 170 kW - distância de recalque de 3.500 a 3.700 m","m³",37.119999999999997]
[1917618,"Dragagem de cascalho fino com draga de sucção e recalque - bomba de 1.350 kW e cortador de 170 kW - distância de recalque de 3.700 a 3.900 m","m³",42.26]
[1917619,"Dragagem de cascalho fino com draga de sucção e recalque - bomba de 1.350 kW e cortador de 170 kW - distância de recalque de 3.900 a 4.100 m","m³",45.84]
[1917602,"Dragagem de cascalho fino com draga de sucção e recalque - bomba de 1.350 kW e cortador de 170 kW - distância de recalque de 500 a 700 m","m³",5.56]
[1917603,"Dragagem de cascalho fino com draga de sucção e recalque - bomba de 1.350 kW e cortador de 170 kW - distância de recalque de 700 a 900 m","m³",6.23]
[1917604,"Dragagem de cascalho fino com draga de sucção e recalque - bomba de 1.350 kW e cortador de 170 kW - distância de recalque de 900 a 1.100 m","m³",6.82]
[1917740,"Dragagem de cascalho fino com draga de sucção e recalque - bomba de 1.350 kW e cortador de 170 kW - distância de recalque de até 500 m","m³",5.36]
[1917263,"Dragagem de cascalho fino com draga de sucção e recalque - bomba de 294 kW e cortador de 30 kW - distância de recalque de 1.100 a 1.300 m","m³",9.6999999999999993]
[1917264,"Dragagem de cascalho fino com draga de sucção e recalque - bomba de 294 kW e cortador de 30 kW - distância de recalque de 1.300 a 1.500 m","m³",12.03]
[1917265,"Dragagem de cascalho fino com draga de sucção e recalque - bomba de 294 kW e cortador de 30 kW - distância de recalque de 1.500 a 1.700 m","m³",15.6]
[1917260,"Dragagem de cascalho fino com draga de sucção e recalque - bomba de 294 kW e cortador de 30 kW - distância de recalque de 500 a 700 m","m³",5.86]
[1917261,"Dragagem de cascalho fino com draga de sucção e recalque - bomba de 294 kW e cortador de 30 kW - distância de recalque de 700 a 900 m","m³",6.54]
[1917262,"Dragagem de cascalho fino com draga de sucção e recalque - bomba de 294 kW e cortador de 30 kW - distância de recalque de 900 a 1.100 m","m³",7.75]
[1917727,"Dragagem de cascalho fino com draga de sucção e recalque - bomba de 294 kW e cortador de 30 kW - distância de recalque de até 500 m","m³",5.67]
[1917351,"Dragagem de cascalho fino com draga de sucção e recalque - bomba de 483 kW e cortador de 55 kW - distância de recalque de 1.100 a 1.300 m","m³",8.5500000000000007]
[1917352,"Dragagem de cascalho fino com draga de sucção e recalque - bomba de 483 kW e cortador de 55 kW - distância de recalque de 1.300 a 1.500 m","m³",11.27]
[1917353,"Dragagem de cascalho fino com draga de sucção e recalque - bomba de 483 kW e cortador de 55 kW - distância de recalque de 1.500 a 1.700 m","m³",14.46]
[1917354,"Dragagem de cascalho fino com draga de sucção e recalque - bomba de 483 kW e cortador de 55 kW - distância de recalque de 1.700 a 1.900 m","m³",18.760000000000002]
[1917355,"Dragagem de cascalho fino com draga de sucção e recalque - bomba de 483 kW e cortador de 55 kW - distância de recalque de 1.900 a 2.100 m","m³",24.15]
[1917356,"Dragagem de cascalho fino com draga de sucção e recalque - bomba de 483 kW e cortador de 55 kW - distância de recalque de 2.100 a 2.300 m","m³",29.6]
[1917357,"Dragagem de cascalho fino com draga de sucção e recalque - bomba de 483 kW e cortador de 55 kW - distância de recalque de 2.300 a 2.500 m","m³",33.85]
[1917348,"Dragagem de cascalho fino com draga de sucção e recalque - bomba de 483 kW e cortador de 55 kW - distância de recalque de 500 a 700 m","m³",5.13]
[1917349,"Dragagem de cascalho fino com draga de sucção e recalque - bomba de 483 kW e cortador de 55 kW - distância de recalque de 700 a 900 m","m³",5.59]
[1917350,"Dragagem de cascalho fino com draga de sucção e recalque - bomba de 483 kW e cortador de 55 kW - distância de recalque de 900 a 1.100 m","m³",6.38]
[1917731,"Dragagem de cascalho fino com draga de sucção e recalque - bomba de 483 kW e cortador de 55 kW - distância de recalque de até 500 m","m³",5.03]
[1917463,"Dragagem de cascalho fino com draga de sucção e recalque - bomba de 746 kW e cortador de 110 kW - distância de recalque de 1.100 a 1.300 m","m³",8.74]
[1917464,"Dragagem de cascalho fino com draga de sucção e recalque - bomba de 746 kW e cortador de 110 kW - distância de recalque de 1.300 a 1.500 m","m³",10.119999999999999]
[1917465,"Dragagem de cascalho fino com draga de sucção e recalque - bomba de 746 kW e cortador de 110 kW - distância de recalque de 1.500 a 1.700 m","m³",11.66]
[1917466,"Dragagem de cascalho fino com draga de sucção e recalque - bomba de 746 kW e cortador de 110 kW - distância de recalque de 1.700 a 1.900 m","m³",13.87]
[1917467,"Dragagem de cascalho fino com draga de sucção e recalque - bomba de 746 kW e cortador de 110 kW - distância de recalque de 1.900 a 2.100 m","m³",17.13]
[1917468,"Dragagem de cascalho fino com draga de sucção e recalque - bomba de 746 kW e cortador de 110 kW - distância de recalque de 2.100 a 2.300 m","m³",20.83]
[1917469,"Dragagem de cascalho fino com draga de sucção e recalque - bomba de 746 kW e cortador de 110 kW - distância de recalque de 2.300 a 2.500 m","m³",24.92]
[1917470,"Dragagem de cascalho fino com draga de sucção e recalque - bomba de 746 kW e cortador de 110 kW - distância de recalque de 2.500 a 2.700 m","m³",29.72]
[1917471,"Dragagem de cascalho fino com draga de sucção e recalque - bomba de 746 kW e cortador de 110 kW - distância de recalque de 2.700 a 2.900 m","m³",35.369999999999997]
[1917472,"Dragagem de cascalho fino com draga de sucção e recalque - bomba de 746 kW e cortador de 110 kW - distância de recalque de 2.900 a 3.100 m","m³",37.880000000000003]
[1917460,"Dragagem de cascalho fino com draga de sucção e recalque - bomba de 746 kW e cortador de 110 kW - distância de recalque de 500 a 700 m","m³",5.0199999999999996]
[1917461,"Dragagem de cascalho fino com draga de sucção e recalque - bomba de 746 kW e cortador de 110 kW - distância de recalque de 700 a 900 m","m³",5.98]
[1917462,"Dragagem de cascalho fino com draga de sucção e recalque - bomba de 746 kW e cortador de 110 kW - distância de recalque de 900 a 1.100 m","m³",7.13]
[1917735,"Dragagem de cascalho fino com draga de sucção e recalque - bomba de 746 kW e cortador de 110 kW - distância de recalque de até 500 m","m³",4.51]
[1917061,"Dragagem de cascalho fino com draga hopper - capacidade da cisterna de 1.000 m³ - DMT de 1.500 a 1.800 m","m³",10.67]
[1917062,"Dragagem de cascalho fino com draga hopper - capacidade da cisterna de 1.000 m³ - DMT de 1.800 a 2.100 m","m³",10.88]
[1917063,"Dragagem de cascalho fino com draga hopper - capacidade da cisterna de 1.000 m³ - DMT de 2.100 a 2.400 m","m³",11.09]
[1917064,"Dragagem de cascalho fino com draga hopper - capacidade da cisterna de 1.000 m³ - DMT de 2.400 a 2.700 m","m³",11.31]
[1917065,"Dragagem de cascalho fino com draga hopper - capacidade da cisterna de 1.000 m³ - DMT de 2.700 a 3.000 m","m³",11.55]
[1917066,"Dragagem de cascalho fino com draga hopper - capacidade da cisterna de 1.000 m³ - DMT de 3.000 m","m³",11.67]
[1901590,"Dragagem de cascalho fino com draga hopper - capacidade da cisterna de 10.000 m³ - DMT de 1.500 a 1.800 m","m³",6.97]
[1901591,"Dragagem de cascalho fino com draga hopper - capacidade da cisterna de 10.000 m³ - DMT de 1.800 a 2.100 m","m³",7.03]
[1901592,"Dragagem de cascalho fino com draga hopper - capacidade da cisterna de 10.000 m³ - DMT de 2.100 a 2.400 m","m³",7.09]
[1901593,"Dragagem de cascalho fino com draga hopper - capacidade da cisterna de 10.000 m³ - DMT de 2.400 a 2.700 m","m³",7.16]
[1901594,"Dragagem de cascalho fino com draga hopper - capacidade da cisterna de 10.000 m³ - DMT de 2.700 a 3.000 m","m³",7.23]
[1901589,"Dragagem de cascalho fino com draga hopper - capacidade da cisterna de 10.000 m³ - DMT de 3.000 m","m³",7.26]
[1901596,"Dragagem de cascalho fino com draga hopper - capacidade da cisterna de 15.000 m³ - DMT de 1.500 a 1.800 m","m³",9.17]
[1901597,"Dragagem de cascalho fino com draga hopper - capacidade da cisterna de 15.000 m³ - DMT de 1.800 a 2.100 m","m³",9.23]
[1901598,"Dragagem de cascalho fino com draga hopper - capacidade da cisterna de 15.000 m³ - DMT de 2.100 a 2.400 m","m³",9.2899999999999991]
[1901599,"Dragagem de cascalho fino com draga hopper - capacidade da cisterna de 15.000 m³ - DMT de 2.400 a 2.700 m","m³",9.35]
[1901600,"Dragagem de cascalho fino com draga hopper - capacidade da cisterna de 15.000 m³ - DMT de 2.700 a 3.000 m","m³",9.42]
[1901595,"Dragagem de cascalho fino com draga hopper - capacidade da cisterna de 15.000 m³ - DMT de 3.000 m","m³",9.4499999999999993]
[1917097,"Dragagem de cascalho fino com draga hopper - capacidade da cisterna de 2.000 m³ - DMT de 1.500 a 1.800 m","m³",7.48]
[1917098,"Dragagem de cascalho fino com draga hopper - capacidade da cisterna de 2.000 m³ - DMT de 1.800 a 2.100 m","m³",7.61]
[1917099,"Dragagem de cascalho fino com draga hopper - capacidade da cisterna de 2.000 m³ - DMT de 2.100 a 2.400 m","m³",7.74]
[1917100,"Dragagem de cascalho fino com draga hopper - capacidade da cisterna de 2.000 m³ - DMT de 2.400 a 2.700 m","m³",7.88]
[1917101,"Dragagem de cascalho fino com draga hopper - capacidade da cisterna de 2.000 m³ - DMT de 2.700 a 3.000 m","m³",8.02]
[1917102,"Dragagem de cascalho fino com draga hopper - capacidade da cisterna de 2.000 m³ - DMT de 3.000 m","m³",8.1]
[1901601,"Dragagem de cascalho fino com draga hopper - capacidade da cisterna de 20.000 m³ - DMT de 1.500 a 1.800 m","m³",11.43]
[1901602,"Dragagem de cascalho fino com draga hopper - capacidade da cisterna de 20.000 m³ - DMT de 1.800 a 2.100 m","m³",11.48]
[1901603,"Dragagem de cascalho fino com draga hopper - capacidade da cisterna de 20.000 m³ - DMT de 2.100 a 2.400 m","m³",11.54]
[1901604,"Dragagem de cascalho fino com draga hopper - capacidade da cisterna de 20.000 m³ - DMT de 2.400 a 2.700 m","m³",11.6]
[1901605,"Dragagem de cascalho fino com draga hopper - capacidade da cisterna de 20.000 m³ - DMT de 2.700 a 3.000 m","m³",11.67]
[1901606,"Dragagem de cascalho fino com draga hopper - capacidade da cisterna de 20.000 m³ - DMT de 3.000 m","m³",11.7]
[1917133,"Dragagem de cascalho fino com draga hopper - capacidade da cisterna de 3.000 m³ - DMT de 1.500 a 1.800 m","m³",7.12]
[1917134,"Dragagem de cascalho fino com draga hopper - capacidade da cisterna de 3.000 m³ - DMT de 1.800 a 2.100 m","m³",7.23]
[1917135,"Dragagem de cascalho fino com draga hopper - capacidade da cisterna de 3.000 m³ - DMT de 2.100 a 2.400 m","m³",7.33]
[1917136,"Dragagem de cascalho fino com draga hopper - capacidade da cisterna de 3.000 m³ - DMT de 2.400 a 2.700 m","m³",7.45]
[1917137,"Dragagem de cascalho fino com draga hopper - capacidade da cisterna de 3.000 m³ - DMT de 2.700 a 3.000 m","m³",7.56]
[1917138,"Dragagem de cascalho fino com draga hopper - capacidade da cisterna de 3.000 m³ - DMT de 3.000 m","m³",7.63]
[1917169,"Dragagem de cascalho fino com draga hopper - capacidade da cisterna de 4.000 m³ - DMT de 1.500 a 1.800 m","m³",6.76]
[1917170,"Dragagem de cascalho fino com draga hopper - capacidade da cisterna de 4.000 m³ - DMT de 1.800 a 2.100 m","m³",6.85]
[1917171,"Dragagem de cascalho fino com draga hopper - capacidade da cisterna de 4.000 m³ - DMT de 2.100 a 2.400 m","m³",6.95]
[1917172,"Dragagem de cascalho fino com draga hopper - capacidade da cisterna de 4.000 m³ - DMT de 2.400 a 2.700 m","m³",7.05]
[1917173,"Dragagem de cascalho fino com draga hopper - capacidade da cisterna de 4.000 m³ - DMT de 2.700 a 3.000 m","m³",7.15]
[1917174,"Dragagem de cascalho fino com draga hopper - capacidade da cisterna de 4.000 m³ - DMT de 3.000 m","m³",7.21]
[1917205,"Dragagem de cascalho fino com draga hopper - capacidade da cisterna de 5.000 m³ - DMT de 1.500 a 1.800 m","m³",7.46]
[1917206,"Dragagem de cascalho fino com draga hopper - capacidade da cisterna de 5.000 m³ - DMT de 1.800 a 2.100 m","m³",7.54]
[1917207,"Dragagem de cascalho fino com draga hopper - capacidade da cisterna de 5.000 m³ - DMT de 2.100 a 2.400 m","m³",7.63]
[1917208,"Dragagem de cascalho fino com draga hopper - capacidade da cisterna de 5.000 m³ - DMT de 2.400 a 2.700 m","m³",7.71]
[1917209,"Dragagem de cascalho fino com draga hopper - capacidade da cisterna de 5.000 m³ - DMT de 2.700 a 3.000 m","m³",7.81]
[1917210,"Dragagem de cascalho fino com draga hopper - capacidade da cisterna de 5.000 m³ - DMT de 3.000 m","m³",7.86]
[1917025,"Dragagem de cascalho fino com draga hopper - capacidade da cisterna de 750 m³ - DMT de 1.500 a 1.800 m","m³",14.48]
[1917026,"Dragagem de cascalho fino com draga hopper - capacidade da cisterna de 750 m³ - DMT de 1.800 a 2.100 m","m³",14.78]
[1917027,"Dragagem de cascalho fino com draga hopper - capacidade da cisterna de 750 m³ - DMT de 2.100 a 2.400 m","m³",15.08]
[1917028,"Dragagem de cascalho fino com draga hopper - capacidade da cisterna de 750 m³ - DMT de 2.400 a 2.700 m","m³",15.4]
[1917029,"Dragagem de cascalho fino com draga hopper - capacidade da cisterna de 750 m³ - DMT de 2.700 a 3.000 m","m³",15.74]
[1917030,"Dragagem de cascalho fino com draga hopper - capacidade da cisterna de 750 m³ - DMT de 3.000 m","m³",15.91]
[1917629,"Dragagem de material de 1ª categoria com clamshell sobre pontão flutuante - capacidade da caçamba de 4,6 m³ - transporte com batelão sem propulsão com capacidade de 100 t - DMT 0 a 300 m","m³",12.51]
[1917633,"Dragagem de material de 1ª categoria com clamshell sobre pontão flutuante - capacidade da caçamba de 4,6 m³ - transporte com batelão sem propulsão com capacidade de 100 t - DMT 1.200 a 1.500 m","m³",13.91]
[1917634,"Dragagem de material de 1ª categoria com clamshell sobre pontão flutuante - capacidade da caçamba de 4,6 m³ - transporte com batelão sem propulsão com capacidade de 100 t - DMT 1.500 a 1.800 m","m³",14.16]
[1917635,"Dragagem de material de 1ª categoria com clamshell sobre pontão flutuante - capacidade da caçamba de 4,6 m³ - transporte com batelão sem propulsão com capacidade de 100 t - DMT 1.800 a 2.100 m","m³",14.41]
[1917636,"Dragagem de material de 1ª categoria com clamshell sobre pontão flutuante - capacidade da caçamba de 4,6 m³ - transporte com batelão sem propulsão com capacidade de 100 t - DMT 2.100 a 2.400 m","m³",16.21]
[1917637,"Dragagem de material de 1ª categoria com clamshell sobre pontão flutuante - capacidade da caçamba de 4,6 m³ - transporte com batelão sem propulsão com capacidade de 100 t - DMT 2.400 a 2.700 m","m³",16.54]
[1917638,"Dragagem de material de 1ª categoria com clamshell sobre pontão flutuante - capacidade da caçamba de 4,6 m³ - transporte com batelão sem propulsão com capacidade de 100 t - DMT 2.700 a 3.000 m","m³",16.88]
[1917630,"Dragagem de material de 1ª categoria com clamshell sobre pontão flutuante - capacidade da caçamba de 4,6 m³ - transporte com batelão sem propulsão com capacidade de 100 t - DMT 300 a 600 m","m³",12.96]
[1917631,"Dragagem de material de 1ª categoria com clamshell sobre pontão flutuante - capacidade da caçamba de 4,6 m³ - transporte com batelão sem propulsão com capacidade de 100 t - DMT 600 a 900 m","m³",13.34]
[1917632,"Dragagem de material de 1ª categoria com clamshell sobre pontão flutuante - capacidade da caçamba de 4,6 m³ - transporte com batelão sem propulsão com capacidade de 100 t - DMT 900 a 1.200 m","m³",13.59]
[1917639,"Dragagem de material de 1ª categoria com clamshell sobre pontão flutuante - capacidade da caçamba de 4,6 m³ - transporte com batelão sem propulsão com capacidade de 100 t - DMT de 3.000 m","m³",17.05]
[1917646,"Dragagem de material de 1ª categoria com dragline - caçamba de 2,1 m³ - caminho de serviço em leito natural - DMT 1.000 a 1.200 m - com caminhão de 14 m³ e carregadeira","m³",18.059999999999999]
[1917647,"Dragagem de material de 1ª categoria com dragline - caçamba de 2,1 m³ - caminho de serviço em leito natural - DMT 1.200 a 1.400 m - com caminhão de 14 m³ e carregadeira","m³",18.3]
[1917648,"Dragagem de material de 1ª categoria com dragline - caçamba de 2,1 m³ - caminho de serviço em leito natural - DMT 1.400 a 1.600 m - com caminhão de 14 m³ e carregadeira","m³",18.48]
[1917649,"Dragagem de material de 1ª categoria com dragline - caçamba de 2,1 m³ - caminho de serviço em leito natural - DMT 1.600 a 1.800 m - com caminhão de 14 m³ e carregadeira","m³",18.72]
[1917650,"Dragagem de material de 1ª categoria com dragline - caçamba de 2,1 m³ - caminho de serviço em leito natural - DMT 1.800 a 2.000 m - com caminhão de 14 m³ e carregadeira","m³",18.95]
[1917651,"Dragagem de material de 1ª categoria com dragline - caçamba de 2,1 m³ - caminho de serviço em leito natural - DMT 2.000 a 2.500 m - com caminhão de 14 m³ e carregadeira","m³",19.309999999999999]
[1917652,"Dragagem de material de 1ª categoria com dragline - caçamba de 2,1 m³ - caminho de serviço em leito natural - DMT 2.500 a 3.000 m - com caminhão de 14 m³ e carregadeira","m³",21.68]
[1917642,"Dragagem de material de 1ª categoria com dragline - caçamba de 2,1 m³ - caminho de serviço em leito natural - DMT 200 a 400 m - com caminhão de 14 m³ e carregadeira","m³",17.04]
[1917643,"Dragagem de material de 1ª categoria com dragline - caçamba de 2,1 m³ - caminho de serviço em leito natural - DMT 400 a 600 m - com caminhão de 14 m³ e carregadeira","m³",17.34]
[1917641,"Dragagem de material de 1ª categoria com dragline - caçamba de 2,1 m³ - caminho de serviço em leito natural - DMT 50 a 200 m - com caminhão de 14 m³ e carregadeira","m³",14.97]
[1917644,"Dragagem de material de 1ª categoria com dragline - caçamba de 2,1 m³ - caminho de serviço em leito natural - DMT 600 a 800 m - com caminhão de 14 m³ e carregadeira","m³",17.64]
[1917645,"Dragagem de material de 1ª categoria com dragline - caçamba de 2,1 m³ - caminho de serviço em leito natural - DMT 800 a 1.000 m - com caminhão de 14 m³ e carregadeira","m³",17.82]
[1917653,"Dragagem de material de 1ª categoria com dragline - caçamba de 2,1 m³ - caminho de serviço em leito natural - DMT de 3.000 m - com caminhão de 14 m³ e carregadeira","m³",21.95]
[1917659,"Dragagem de material de 1ª categoria com dragline - caçamba de 2,1 m³ - caminho de serviço em revestimento primário - DMT 1.000 a 1.200 m - com caminhão de 14 m³ e carregadeira","m³",17.399999999999999]
[1917660,"Dragagem de material de 1ª categoria com dragline - caçamba de 2,1 m³ - caminho de serviço em revestimento primário - DMT 1.200 a 1.400 m - com caminhão de 14 m³ e carregadeira","m³",17.52]
[1917661,"Dragagem de material de 1ª categoria com dragline - caçamba de 2,1 m³ - caminho de serviço em revestimento primário - DMT 1.400 a 1.600 m - com caminhão de 14 m³ e carregadeira","m³",17.64]
[1917662,"Dragagem de material de 1ª categoria com dragline - caçamba de 2,1 m³ - caminho de serviço em revestimento primário - DMT 1.600 a 1.800 m - com caminhão de 14 m³ e carregadeira","m³",17.760000000000002]
[1917663,"Dragagem de material de 1ª categoria com dragline - caçamba de 2,1 m³ - caminho de serviço em revestimento primário - DMT 1.800 a 2.000 m - com caminhão de 14 m³ e carregadeira","m³",17.940000000000001]
[1917664,"Dragagem de material de 1ª categoria com dragline - caçamba de 2,1 m³ - caminho de serviço em revestimento primário - DMT 2.000 a 2.500 m - com caminhão de 14 m³ e carregadeira","m³",18.18]
[1917665,"Dragagem de material de 1ª categoria com dragline - caçamba de 2,1 m³ - caminho de serviço em revestimento primário - DMT 2.500 a 3.000 m - com caminhão de 14 m³ e carregadeira","m³",18.54]
[1917655,"Dragagem de material de 1ª categoria com dragline - caçamba de 2,1 m³ - caminho de serviço em revestimento primário - DMT 200 a 400 m - com caminhão de 14 m³ e carregadeira","m³",14.97]
[1917656,"Dragagem de material de 1ª categoria com dragline - caçamba de 2,1 m³ - caminho de serviço em revestimento primário - DMT 400 a 600 m - com caminhão de 14 m³ e carregadeira","m³",16.920000000000002]
[1917654,"Dragagem de material de 1ª categoria com dragline - caçamba de 2,1 m³ - caminho de serviço em revestimento primário - DMT 50 a 200 m - com caminhão de 14 m³ e carregadeira","m³",14.77]
[1917657,"Dragagem de material de 1ª categoria com dragline - caçamba de 2,1 m³ - caminho de serviço em revestimento primário - DMT 600 a 800 m - com caminhão de 14 m³ e carregadeira","m³",17.100000000000001]
[1917658,"Dragagem de material de 1ª categoria com dragline - caçamba de 2,1 m³ - caminho de serviço em revestimento primário - DMT 800 a 1.000 m - com caminhão de 14 m³ e carregadeira","m³",17.22]
[1917666,"Dragagem de material de 1ª categoria com dragline - caçamba de 2,1 m³ - caminho de serviço em revestimento primário - DMT de 3.000 m - com caminhão de 14 m³ e carregadeira","m³",18.77]
[1917672,"Dragagem de material de 1ª categoria com dragline - caçamba de 2,1 m³ - caminho de serviço pavimentado - DMT 1.000 a 1.200 m - com caminhão de 14 m³ e carregadeira","m³",17.16]
[1917673,"Dragagem de material de 1ª categoria com dragline - caçamba de 2,1 m³ - caminho de serviço pavimentado - DMT 1.200 a 1.400 m - com caminhão de 14 m³ e carregadeira","m³",17.28]
[1917674,"Dragagem de material de 1ª categoria com dragline - caçamba de 2,1 m³ - caminho de serviço pavimentado - DMT 1.400 a 1.600 m - com caminhão de 14 m³ e carregadeira","m³",17.399999999999999]
[1917675,"Dragagem de material de 1ª categoria com dragline - caçamba de 2,1 m³ - caminho de serviço pavimentado - DMT 1.600 a 1.800 m - com caminhão de 14 m³ e carregadeira","m³",17.52]
[1917676,"Dragagem de material de 1ª categoria com dragline - caçamba de 2,1 m³ - caminho de serviço pavimentado - DMT 1.800 a 2.000 m - com caminhão de 14 m³ e carregadeira","m³",17.579999999999998]
[1917677,"Dragagem de material de 1ª categoria com dragline - caçamba de 2,1 m³ - caminho de serviço pavimentado - DMT 2.000 a 2.500 m - com caminhão de 14 m³ e carregadeira","m³",17.82]
[1917678,"Dragagem de material de 1ª categoria com dragline - caçamba de 2,1 m³ - caminho de serviço pavimentado - DMT 2.500 a 3.000 m - com caminhão de 14 m³ e carregadeira","m³",18.12]
[1917668,"Dragagem de material de 1ª categoria com dragline - caçamba de 2,1 m³ - caminho de serviço pavimentado - DMT 200 a 400 m - com caminhão de 14 m³ e carregadeira","m³",14.89]
[1917669,"Dragagem de material de 1ª categoria com dragline - caçamba de 2,1 m³ - caminho de serviço pavimentado - DMT 400 a 600 m - com caminhão de 14 m³ e carregadeira","m³",16.739999999999998]
[1917667,"Dragagem de material de 1ª categoria com dragline - caçamba de 2,1 m³ - caminho de serviço pavimentado - DMT 50 a 200 m - com caminhão de 14 m³ e carregadeira","m³",14.68]
[1917670,"Dragagem de material de 1ª categoria com dragline - caçamba de 2,1 m³ - caminho de serviço pavimentado - DMT 600 a 800 m - com caminhão de 14 m³ e carregadeira","m³",16.920000000000002]
[1917671,"Dragagem de material de 1ª categoria com dragline - caçamba de 2,1 m³ - caminho de serviço pavimentado - DMT 800 a 1.000 m - com caminhão de 14 m³ e carregadeira","m³",17.04]
[1917679,"Dragagem de material de 1ª categoria com dragline - caçamba de 2,1 m³ - caminho de serviço pavimentado - DMT de 3.000 m - com caminhão de 14 m³ e carregadeira","m³",18.3]
[1917640,"Dragagem de material de 1ª categoria com dragline - caçamba de 2,1 m³ - DMT até 50 m","m³",7.83]
[1917686,"Dragagem de material de 1ª categoria com escavadeira hidráulica - capacidade de caçamba de 1,56 m³ - caminho de serviço em leito natural - DMT 1.000 a 1.200 m","m³",9.93]
[1917687,"Dragagem de material de 1ª categoria com escavadeira hidráulica - capacidade de caçamba de 1,56 m³ - caminho de serviço em leito natural - DMT 1.200 a 1.400 m","m³",10.16]
[1917688,"Dragagem de material de 1ª categoria com escavadeira hidráulica - capacidade de caçamba de 1,56 m³ - caminho de serviço em leito natural - DMT 1.400 a 1.600 m","m³",11.26]
[1917689,"Dragagem de material de 1ª categoria com escavadeira hidráulica - capacidade de caçamba de 1,56 m³ - caminho de serviço em leito natural - DMT 1.600 a 1.800 m","m³",11.51]
[1917690,"Dragagem de material de 1ª categoria com escavadeira hidráulica - capacidade de caçamba de 1,56 m³ - caminho de serviço em leito natural - DMT 1.800 a 2.000 m","m³",11.7]
[1917691,"Dragagem de material de 1ª categoria com escavadeira hidráulica - capacidade de caçamba de 1,56 m³ - caminho de serviço em leito natural - DMT 2.000 a 2.500 m","m³",12.07]
[1917692,"Dragagem de material de 1ª categoria com escavadeira hidráulica - capacidade de caçamba de 1,56 m³ - caminho de serviço em leito natural - DMT 2.500 a 3.000 m","m³",13.62]
[1917682,"Dragagem de material de 1ª categoria com escavadeira hidráulica - capacidade de caçamba de 1,56 m³ - caminho de serviço em leito natural - DMT 200 a 400 m","m³",8.94]
[1917693,"Dragagem de material de 1ª categoria com escavadeira hidráulica - capacidade de caçamba de 1,56 m³ - caminho de serviço em leito natural - DMT 3.000 m","m³",13.94]
[1917683,"Dragagem de material de 1ª categoria com escavadeira hidráulica - capacidade de caçamba de 1,56 m³ - caminho de serviço em leito natural - DMT 400 a 600 m","m³",9.2200000000000006]
[1917681,"Dragagem de material de 1ª categoria com escavadeira hidráulica - capacidade de caçamba de 1,56 m³ - caminho de serviço em leito natural - DMT 50 a 200 m","m³",7.66]
[1917684,"Dragagem de material de 1ª categoria com escavadeira hidráulica - capacidade de caçamba de 1,56 m³ - caminho de serviço em leito natural - DMT 600 a 800 m","m³",9.4600000000000009]
[1917685,"Dragagem de material de 1ª categoria com escavadeira hidráulica - capacidade de caçamba de 1,56 m³ - caminho de serviço em leito natural - DMT 800 a 1.000 m","m³",9.69]
[1917699,"Dragagem de material de 1ª categoria com escavadeira hidráulica - capacidade de caçamba de 1,56 m³ - caminho de serviço em revestimento primário - DMT 1.000 a 1.200 m","m³",9.2200000000000006]
[1917700,"Dragagem de material de 1ª categoria com escavadeira hidráulica - capacidade de caçamba de 1,56 m³ - caminho de serviço em revestimento primário - DMT 1.200 a 1.400 m","m³",9.36]
[1917701,"Dragagem de material de 1ª categoria com escavadeira hidráulica - capacidade de caçamba de 1,56 m³ - caminho de serviço em revestimento primário - DMT 1.400 a 1.600 m","m³",9.5]
[1917702,"Dragagem de material de 1ª categoria com escavadeira hidráulica - capacidade de caçamba de 1,56 m³ - caminho de serviço em revestimento primário - DMT 1.600 a 1.800 m","m³",9.64]
[1917703,"Dragagem de material de 1ª categoria com escavadeira hidráulica - capacidade de caçamba de 1,56 m³ - caminho de serviço em revestimento primário - DMT 1.800 a 2.000 m","m³",9.7899999999999991]
[1917704,"Dragagem de material de 1ª categoria com escavadeira hidráulica - capacidade de caçamba de 1,56 m³ - caminho de serviço em revestimento primário - DMT 2.000 a 2.500 m","m³",10.02]
[1917705,"Dragagem de material de 1ª categoria com escavadeira hidráulica - capacidade de caçamba de 1,56 m³ - caminho de serviço em revestimento primário - DMT 2.500 a 3.000 m","m³",11.32]
[1917695,"Dragagem de material de 1ª categoria com escavadeira hidráulica - capacidade de caçamba de 1,56 m³ - caminho de serviço em revestimento primário - DMT 200 a 400 m","m³",7.66]
[1917706,"Dragagem de material de 1ª categoria com escavadeira hidráulica - capacidade de caçamba de 1,56 m³ - caminho de serviço em revestimento primário - DMT 3.000 m","m³",11.57]
[1917696,"Dragagem de material de 1ª categoria com escavadeira hidráulica - capacidade de caçamba de 1,56 m³ - caminho de serviço em revestimento primário - DMT 400 a 600 m","m³",8.75]
[1917694,"Dragagem de material de 1ª categoria com escavadeira hidráulica - capacidade de caçamba de 1,56 m³ - caminho de serviço em revestimento primário - DMT 50 a 200 m","m³",7.44]
[1917697,"Dragagem de material de 1ª categoria com escavadeira hidráulica - capacidade de caçamba de 1,56 m³ - caminho de serviço em revestimento primário - DMT 600 a 800 m","m³",8.94]
[1917698,"Dragagem de material de 1ª categoria com escavadeira hidráulica - capacidade de caçamba de 1,56 m³ - caminho de serviço em revestimento primário - DMT 800 a 1.000 m","m³",9.08]
[1917712,"Dragagem de material de 1ª categoria com escavadeira hidráulica - capacidade de caçamba de 1,56 m³ - caminho de serviço pavimentado - DMT 1.000 a 1.200 m","m³",8.99]
[1917713,"Dragagem de material de 1ª categoria com escavadeira hidráulica - capacidade de caçamba de 1,56 m³ - caminho de serviço pavimentado - DMT 1.200 a 1.400 m","m³",9.1300000000000008]
[1917714,"Dragagem de material de 1ª categoria com escavadeira hidráulica - capacidade de caçamba de 1,56 m³ - caminho de serviço pavimentado - DMT 1.400 a 1.600 m","m³",9.2200000000000006]
[1917715,"Dragagem de material de 1ª categoria com escavadeira hidráulica - capacidade de caçamba de 1,56 m³ - caminho de serviço pavimentado - DMT 1.600 a 1.800 m","m³",9.36]
[1917716,"Dragagem de material de 1ª categoria com escavadeira hidráulica - capacidade de caçamba de 1,56 m³ - caminho de serviço pavimentado - DMT 1.800 a 2.000 m","m³",9.4600000000000009]
[1917717,"Dragagem de material de 1ª categoria com escavadeira hidráulica - capacidade de caçamba de 1,56 m³ - caminho de serviço pavimentado - DMT 2.000 a 2.500 m","m³",9.69]
[1917718,"Dragagem de material de 1ª categoria com escavadeira hidráulica - capacidade de caçamba de 1,56 m³ - caminho de serviço pavimentado - DMT 2.500 a 3.000 m","m³",9.9700000000000006]
[1917708,"Dragagem de material de 1ª categoria com escavadeira hidráulica - capacidade de caçamba de 1,56 m³ - caminho de serviço pavimentado - DMT 200 a 400 m","m³",7.56]
[1917719,"Dragagem de material de 1ª categoria com escavadeira hidráulica - capacidade de caçamba de 1,56 m³ - caminho de serviço pavimentado - DMT 3.000 m","m³",10.16]
[1917709,"Dragagem de material de 1ª categoria com escavadeira hidráulica - capacidade de caçamba de 1,56 m³ - caminho de serviço pavimentado - DMT 400 a 600 m","m³",8.61]
[1917707,"Dragagem de material de 1ª categoria com escavadeira hidráulica - capacidade de caçamba de 1,56 m³ - caminho de serviço pavimentado - DMT 50 a 200 m","m³",7.37]
[1917710,"Dragagem de material de 1ª categoria com escavadeira hidráulica - capacidade de caçamba de 1,56 m³ - caminho de serviço pavimentado - DMT 600 a 800 m","m³",8.75]
[1917711,"Dragagem de material de 1ª categoria com escavadeira hidráulica - capacidade de caçamba de 1,56 m³ - caminho de serviço pavimentado - DMT 800 a 1.000 m","m³",8.89]
[1917680,"Dragagem de material de 1ª categoria com escavadeira hidráulica - capacidade de caçamba de 1,56 m³ - DMT 0 a 50 m","m³",2.74]
[1901607,"Dragagem de material de 1ª categoria com escavadeira hidráulica sobre pontão flutuante - capacidade da caçamba de 1,56 m³ - transporte com batelão sem propulsão com capacidade de 100 t - DMT 0 a 300 m","m³",13.34]
[1901611,"Dragagem de material de 1ª categoria com escavadeira hidráulica sobre pontão flutuante - capacidade da caçamba de 1,56 m³ - transporte com batelão sem propulsão com capacidade de 100 t - DMT 1.200 a 1.500 m","m³",16.7]
[1901612,"Dragagem de material de 1ª categoria com escavadeira hidráulica sobre pontão flutuante - capacidade da caçamba de 1,56 m³ - transporte com batelão sem propulsão com capacidade de 100 t - DMT 1.500 a 1.800 m","m³",17.05]
[1901613,"Dragagem de material de 1ª categoria com escavadeira hidráulica sobre pontão flutuante - capacidade da caçamba de 1,56 m³ - transporte com batelão sem propulsão com capacidade de 100 t - DMT 1.800 a 2.100 m","m³",17.32]
[1901614,"Dragagem de material de 1ª categoria com escavadeira hidráulica sobre pontão flutuante - capacidade da caçamba de 1,56 m³ - transporte com batelão sem propulsão com capacidade de 100 t - DMT 2.100 a 2.400 m","m³",17.579999999999998]
[1901615,"Dragagem de material de 1ª categoria com escavadeira hidráulica sobre pontão flutuante - capacidade da caçamba de 1,56 m³ - transporte com batelão sem propulsão com capacidade de 100 t - DMT 2.400 a 2.700 m","m³",17.93]
[1901616,"Dragagem de material de 1ª categoria com escavadeira hidráulica sobre pontão flutuante - capacidade da caçamba de 1,56 m³ - transporte com batelão sem propulsão com capacidade de 100 t - DMT 2.700 a 3.000 m","m³",18.190000000000001]
[1901608,"Dragagem de material de 1ª categoria com escavadeira hidráulica sobre pontão flutuante - capacidade da caçamba de 1,56 m³ - transporte com batelão sem propulsão com capacidade de 100 t - DMT 300 a 600 m","m³",13.74]
[1901609,"Dragagem de material de 1ª categoria com escavadeira hidráulica sobre pontão flutuante - capacidade da caçamba de 1,56 m³ - transporte com batelão sem propulsão com capacidade de 100 t - DMT 600 a 900 m","m³",14.09]
[1901610,"Dragagem de material de 1ª categoria com escavadeira hidráulica sobre pontão flutuante - capacidade da caçamba de 1,56 m³ - transporte com batelão sem propulsão com capacidade de 100 t - DMT 900 a 1.200 m","m³",16.440000000000001]
[1901617,"Dragagem de material de 1ª categoria com escavadeira hidráulica sobre pontão flutuante - capacidade da caçamba de 1,56 m³ - transporte com batelão sem propulsão com capacidade de 100 t - DMT de 3.000 m","m³",18.36]
[1917037,"Dragagem de silte com draga hopper - capacidade da cisterna de 1.000 m³ - DMT de 1.500 a 1.800 m","m³",17.760000000000002]
[1917038,"Dragagem de silte com draga hopper - capacidade da cisterna de 1.000 m³ - DMT de 1.800 a 2.100 m","m³",18.350000000000001]
[1917039,"Dragagem de silte com draga hopper - capacidade da cisterna de 1.000 m³ - DMT de 2.100 a 2.400 m","m³",18.97]
[1917040,"Dragagem de silte com draga hopper - capacidade da cisterna de 1.000 m³ - DMT de 2.400 a 2.700 m","m³",19.61]
[1917041,"Dragagem de silte com draga hopper - capacidade da cisterna de 1.000 m³ - DMT de 2.700 a 3.000 m","m³",20.29]
[1917042,"Dragagem de silte com draga hopper - capacidade da cisterna de 1.000 m³ - DMT de 3.000 m","m³",20.65]
[1901619,"Dragagem de silte com draga hopper - capacidade da cisterna de 10.000 m³ - DMT de 1.500 a 1.800 m","m³",9.65]
[1901620,"Dragagem de silte com draga hopper - capacidade da cisterna de 10.000 m³ - DMT de 1.800 a 2.100 m","m³",9.82]
[1901621,"Dragagem de silte com draga hopper - capacidade da cisterna de 10.000 m³ - DMT de 2.100 a 2.400 m","m³",10]
[1901622,"Dragagem de silte com draga hopper - capacidade da cisterna de 10.000 m³ - DMT de 2.400 a 2.700 m","m³",10.19]
[1901623,"Dragagem de silte com draga hopper - capacidade da cisterna de 10.000 m³ - DMT de 2.700 a 3.000 m","m³",10.39]
[1901618,"Dragagem de silte com draga hopper - capacidade da cisterna de 10.000 m³ - DMT de 3.000 m","m³",10.5]
[1901625,"Dragagem de silte com draga hopper - capacidade da cisterna de 15.000 m³ - DMT de 1.500 a 1.800 m","m³",11.59]
[1901626,"Dragagem de silte com draga hopper - capacidade da cisterna de 15.000 m³ - DMT de 1.800 a 2.100 m","m³",11.75]
[1901627,"Dragagem de silte com draga hopper - capacidade da cisterna de 15.000 m³ - DMT de 2.100 a 2.400 m","m³",11.92]
[1901628,"Dragagem de silte com draga hopper - capacidade da cisterna de 15.000 m³ - DMT de 2.400 a 2.700 m","m³",12.1]
[1901629,"Dragagem de silte com draga hopper - capacidade da cisterna de 15.000 m³ - DMT de 2.700 a 3.000 m","m³",12.29]
[1901624,"Dragagem de silte com draga hopper - capacidade da cisterna de 15.000 m³ - DMT de 3.000 m","m³",12.39]
[1917073,"Dragagem de silte com draga hopper - capacidade da cisterna de 2.000 m³ - DMT de 1.500 a 1.800 m","m³",12.22]
[1917074,"Dragagem de silte com draga hopper - capacidade da cisterna de 2.000 m³ - DMT de 1.800 a 2.100 m","m³",12.59]
[1917075,"Dragagem de silte com draga hopper - capacidade da cisterna de 2.000 m³ - DMT de 2.100 a 2.400 m","m³",12.97]
[1917076,"Dragagem de silte com draga hopper - capacidade da cisterna de 2.000 m³ - DMT de 2.400 a 2.700 m","m³",13.37]
[1917077,"Dragagem de silte com draga hopper - capacidade da cisterna de 2.000 m³ - DMT de 2.700 a 3.000 m","m³",13.79]
[1917078,"Dragagem de silte com draga hopper - capacidade da cisterna de 2.000 m³ - DMT de 3.000 m","m³",14.02]
[1901631,"Dragagem de silte com draga hopper - capacidade da cisterna de 20.000 m³ - DMT de 1.500 a 1.800 m","m³",13.66]
[1901632,"Dragagem de silte com draga hopper - capacidade da cisterna de 20.000 m³ - DMT de 1.800 a 2.100 m","m³",13.82]
[1901633,"Dragagem de silte com draga hopper - capacidade da cisterna de 20.000 m³ - DMT de 2.100 a 2.400 m","m³",13.99]
[1901634,"Dragagem de silte com draga hopper - capacidade da cisterna de 20.000 m³ - DMT de 2.400 a 2.700 m","m³",14.16]
[1901635,"Dragagem de silte com draga hopper - capacidade da cisterna de 20.000 m³ - DMT de 2.700 a 3.000 m","m³",14.34]
[1901630,"Dragagem de silte com draga hopper - capacidade da cisterna de 20.000 m³ - DMT de 3.000 m","m³",14.44]
[1917109,"Dragagem de silte com draga hopper - capacidade da cisterna de 3.000 m³ - DMT de 1.500 a 1.800 m","m³",11.13]
[1917110,"Dragagem de silte com draga hopper - capacidade da cisterna de 3.000 m³ - DMT de 1.800 a 2.100 m","m³",11.44]
[1917111,"Dragagem de silte com draga hopper - capacidade da cisterna de 3.000 m³ - DMT de 2.100 a 2.400 m","m³",11.74]
[1917112,"Dragagem de silte com draga hopper - capacidade da cisterna de 3.000 m³ - DMT de 2.400 a 2.700 m","m³",12.07]
[1917113,"Dragagem de silte com draga hopper - capacidade da cisterna de 3.000 m³ - DMT de 2.700 a 3.000 m","m³",12.41]
[1917114,"Dragagem de silte com draga hopper - capacidade da cisterna de 3.000 m³ - DMT de 3.000 m","m³",12.6]
[1917145,"Dragagem de silte com draga hopper - capacidade da cisterna de 4.000 m³ - DMT de 1.500 a 1.800 m","m³",10.38]
[1917146,"Dragagem de silte com draga hopper - capacidade da cisterna de 4.000 m³ - DMT de 1.800 a 2.100 m","m³",10.65]
[1917147,"Dragagem de silte com draga hopper - capacidade da cisterna de 4.000 m³ - DMT de 2.100 a 2.400 m","m³",10.92]
[1917148,"Dragagem de silte com draga hopper - capacidade da cisterna de 4.000 m³ - DMT de 2.400 a 2.700 m","m³",11.21]
[1917149,"Dragagem de silte com draga hopper - capacidade da cisterna de 4.000 m³ - DMT de 2.700 a 3.000 m","m³",11.51]
[1917150,"Dragagem de silte com draga hopper - capacidade da cisterna de 4.000 m³ - DMT de 3.000 m","m³",11.67]
[1917181,"Dragagem de silte com draga hopper - capacidade da cisterna de 5.000 m³ - DMT de 1.500 a 1.800 m","m³",10.75]
[1917182,"Dragagem de silte com draga hopper - capacidade da cisterna de 5.000 m³ - DMT de 1.800 a 2.100 m","m³",10.99]
[1917183,"Dragagem de silte com draga hopper - capacidade da cisterna de 5.000 m³ - DMT de 2.100 a 2.400 m","m³",11.23]
[1917184,"Dragagem de silte com draga hopper - capacidade da cisterna de 5.000 m³ - DMT de 2.400 a 2.700 m","m³",11.48]
[1917185,"Dragagem de silte com draga hopper - capacidade da cisterna de 5.000 m³ - DMT de 2.700 a 3.000 m","m³",11.75]
[1917186,"Dragagem de silte com draga hopper - capacidade da cisterna de 5.000 m³ - DMT de 3.000 m","m³",11.9]
[1917001,"Dragagem de silte com draga hopper - capacidade da cisterna de 750 m³ - DMT de 1.500 a 1.800 m","m³",23.54]
[1917002,"Dragagem de silte com draga hopper - capacidade da cisterna de 750 m³ - DMT de 1.800 a 2.100 m","m³",24.4]
[1917003,"Dragagem de silte com draga hopper - capacidade da cisterna de 750 m³ - DMT de 2.100 a 2.400 m","m³",25.28]
[1917004,"Dragagem de silte com draga hopper - capacidade da cisterna de 750 m³ - DMT de 2.400 a 2.700 m","m³",26.2]
[1917005,"Dragagem de silte com draga hopper - capacidade da cisterna de 750 m³ - DMT de 2.700 a 3.000 m","m³",27.17]
[1917006,"Dragagem de silte com draga hopper - capacidade da cisterna de 750 m³ - DMT de 3.000 m","m³",27.69]
[2009619,"Alvenaria de blocos de concreto 19 x 19 x 39 cm com espessura de 20 cm - areia comercial","m²",118.68]
[2009618,"Alvenaria de blocos de concreto 19 x 19 x 39 cm com espessura de 20 cm - areia extraída","m²",116.56]
[2003866,"Aplicação de geotêxtil não-tecido agulhado com resistência à tração longitudinal de 14 kN/m","m²",8.15]
[2003867,"Aplicação de geotêxtil não-tecido agulhado com resistência à tração longitudinal de 31 kN/m","m²",15.9]
[2003622,"Boca de lobo combinada - chapéu e grelha simples - BLC 01 - areia e brita comerciais","un",2478.9699999999998]
[2003621,"Boca de lobo combinada - chapéu e grelha simples - BLC 01 - areia extraída e brita produzida","un",2369.8000000000002]
[2003624,"Boca de lobo combinada - chapéu e grelha simples - BLC 02 - areia e brita comerciais","un",2869.1]
[2003623,"Boca de lobo combinada - chapéu e grelha simples - BLC 02 - areia extraída e brita produzida","un",2746.63]
[2003634,"Boca de lobo dupla - grelha de concreto - BLDG 01 - areia e brita comerciais","un",1818.21]
[2003633,"Boca de lobo dupla - grelha de concreto - BLDG 01 - areia extraída e brita produzida","un",1709.04]
[2003636,"Boca de lobo dupla - grelha de concreto - BLDG 02 - areia e brita comerciais","un",2208.34]
[2003635,"Boca de lobo dupla - grelha de concreto - BLDG 02 - areia extraída e brita produzida","un",2085.87]
[2003638,"Boca de lobo dupla - grelha de concreto - BLDG 03 - areia e brita comerciais","un",2603.86]
[2003637,"Boca de lobo dupla - grelha de concreto - BLDG 03 - areia extraída e brita produzida","un",2466.73]
[2003640,"Boca de lobo dupla - grelha de concreto - BLDG 04 - areia e brita comerciais","un",2993.98]
[2003639,"Boca de lobo dupla - grelha de concreto - BLDG 04 - areia extraída e brita produzida","un",2843.55]
[2003618,"Boca de lobo simples - BLS 01 - areia e brita comerciais","un",1005.57]
[2003617,"Boca de lobo simples - BLS 01 - areia extraída e brita produzida","un",945.44]
[2003620,"Boca de lobo simples - BLS 02 - areia e brita comerciais","un",1243.68]
[2003619,"Boca de lobo simples - BLS 02 - areia extraída e brita produzida","un",1175.5]
[2003626,"Boca de lobo simples - grelha de concreto - BLSG 01 - areia e brita comerciais","un",939.87]
[2003625,"Boca de lobo simples - grelha de concreto - BLSG 01 - areia extraída e brita produzida","un",879.74]
[2003628,"Boca de lobo simples - grelha de concreto - BLSG 02 - areia e brita comerciais","un",1177.98]
[2003627,"Boca de lobo simples - grelha de concreto - BLSG 02 - areia extraída e brita produzida","un",1109.8]
[2003630,"Boca de lobo simples - grelha de concreto - BLSG 03 - areia e brita comerciais","un",1416.09]
[2003629,"Boca de lobo simples - grelha de concreto - BLSG 03 - areia extraída e brita produzida","un",1339.86]
[2003632,"Boca de lobo simples - grelha de concreto - BLSG 04 - areia e brita comerciais","un",1654.2]
[2003631,"Boca de lobo simples - grelha de concreto - BLSG 04 - areia extraída e brita produzida","un",1569.92]
[2003599,"Boca de saída para dreno longitudinal profundo - BSD 01 - tubo de concreto perfurado - areia e brita comerciais","un",219.12]
[2003598,"Boca de saída para dreno longitudinal profundo - BSD 01 - tubo de concreto perfurado - areia extraída e brita produzida","un",196.97]
[2003919,"Boca de saída para dreno longitudinal profundo - BSD 01 - tubo de PEAD - areia e brita comerciais","un",219.12]
[2003918,"Boca de saída para dreno longitudinal profundo - BSD 01 - tubo de PEAD - areia extraída e brita produzida","un",196.97]
[2003601,"Boca de saída para dreno longitudinal profundo - BSD 02 - tubo de concreto perfurado - areia e brita comerciais","un",274.83999999999997]
[2003600,"Boca de saída para dreno longitudinal profundo - BSD 02 - tubo de concreto perfurado - areia extraída e brita produzida","un",245.87]
[2003921,"Boca de saída para dreno longitudinal profundo - BSD 02 - tubo de PEAD - areia e brita comerciais","un",274.83999999999997]
[2003920,"Boca de saída para dreno longitudinal profundo - BSD 02 - tubo de PEAD - areia extraída e brita produzida","un",245.87]
[2003616,"Boca de saída para dreno sub-horizontal em material de 1ª categoria - BSD 04 - areia e brita comerciais","un",23.32]
[2003615,"Boca de saída para dreno sub-horizontal em material de 1ª categoria - BSD 04 - areia extraída e brita produzida","un",20.190000000000001]
[2003927,"Boca de saída para dreno sub-horizontal em material de 2ª categoria - BSD 04 - areia e brita comerciais","un",24.2]
[2003926,"Boca de saída para dreno sub-horizontal em material de 2ª categoria - BSD 04 - areia extraída e brita produzida","un",21.08]
[2003613,"Boca de saída para dreno subsuperficial - BSD 03 - areia e brita comerciais","un",156.91999999999999]
[2003612,"Boca de saída para dreno subsuperficial - BSD 03 - areia extraída e brita produzida","un",143.28]
[2003477,"Caixa coletora de sarjeta - CCS 01 - com grelha de concreto - TCC 01 - areia e brita comerciais","un",4005.02]
[2003476,"Caixa coletora de sarjeta - CCS 01 - com grelha de concreto - TCC 01 - areia extraída e brita produzida","un",3679.7]
[2003517,"Caixa coletora de sarjeta - CCS 01 - com grelha de ferro - TCC 02 - areia e brita comerciais","un",4321.83]
[2003516,"Caixa coletora de sarjeta - CCS 01 - com grelha de ferro - TCC 02 - areia extraída e brita produzida","un",4009.34]
[2003479,"Caixa coletora de sarjeta - CCS 02 - com grelha de concreto - TCC 01 - areia e brita comerciais","un",3957.86]
[2003478,"Caixa coletora de sarjeta - CCS 02 - com grelha de concreto - TCC 01 - areia extraída e brita produzida","un",3646.74]
[2003519,"Caixa coletora de sarjeta - CCS 02 - com grelha de ferro - TCC 02 - areia e brita comerciais","un",4274.66]
[2003518,"Caixa coletora de sarjeta - CCS 02 - com grelha de ferro - TCC 02 - areia extraída e brita produzida","un",3976.38]
[2003481,"Caixa coletora de sarjeta - CCS 03 - com grelha de concreto - TCC 01 - areia e brita comerciais","un",3910.7]
[2003480,"Caixa coletora de sarjeta - CCS 03 - com grelha de concreto - TCC 01 - areia extraída e brita produzida","un",3613.79]
[2003521,"Caixa coletora de sarjeta - CCS 03 - com grelha de ferro - TCC 02 - areia e brita comerciais","un",4227.5]
[2003520,"Caixa coletora de sarjeta - CCS 03 - com grelha de ferro - TCC 02 - areia extraída e brita produzida","un",3943.42]
[2003483,"Caixa coletora de sarjeta - CCS 04 - com grelha de concreto - TCC 01 - areia e brita comerciais","un",3863.54]
[2003482,"Caixa coletora de sarjeta - CCS 04 - com grelha de concreto - TCC 01 - areia extraída e brita produzida","un",3580.83]
[2003523,"Caixa coletora de sarjeta - CCS 04 - com grelha de ferro - TCC 02 - areia e brita comerciais","un",4180.34]
[2003522,"Caixa coletora de sarjeta - CCS 04 - com grelha de ferro - TCC 02 - areia extraída e brita produzida","un",3910.46]
[2003485,"Caixa coletora de sarjeta - CCS 05 - com grelha de concreto - TCC 01 - areia e brita comerciais","un",5162.53]
[2003484,"Caixa coletora de sarjeta - CCS 05 - com grelha de concreto - TCC 01 - areia extraída e brita produzida","un",4759.09]
[2003525,"Caixa coletora de sarjeta - CCS 05 - com grelha de ferro - TCC 02 - areia e brita comerciais","un",5479.34]
[2003524,"Caixa coletora de sarjeta - CCS 05 - com grelha de ferro - TCC 02 - areia extraída e brita produzida","un",5088.7299999999996]
[2003487,"Caixa coletora de sarjeta - CCS 06 - com grelha de concreto - TCC 01 - areia e brita comerciais","un",5115.37]
[2003486,"Caixa coletora de sarjeta - CCS 06 - com grelha de concreto - TCC 01 - areia extraída e brita produzida","un",4726.13]
[2003527,"Caixa coletora de sarjeta - CCS 06 - com grelha de ferro - TCC 02 - areia e brita comerciais","un",5432.17]
[2003526,"Caixa coletora de sarjeta - CCS 06 - com grelha de ferro - TCC 02 - areia extraída e brita produzida","un",5055.7700000000004]
[2003489,"Caixa coletora de sarjeta - CCS 07 - com grelha de concreto - TCC 01 - areia e brita comerciais","un",5068.21]
[2003488,"Caixa coletora de sarjeta - CCS 07 - com grelha de concreto - TCC 01 - areia extraída e brita produzida","un",4693.17]
[2003529,"Caixa coletora de sarjeta - CCS 07 - com grelha de ferro - TCC 02 - areia e brita comerciais","un",5385.01]
[2003528,"Caixa coletora de sarjeta - CCS 07 - com grelha de ferro - TCC 02 - areia extraída e brita produzida","un",5022.8100000000004]
[2003491,"Caixa coletora de sarjeta - CCS 08 - com grelha de concreto - TCC 01 - areia e brita comerciais","un",5021.05]
[2003490,"Caixa coletora de sarjeta - CCS 08 - com grelha de concreto - TCC 01 - areia extraída e brita produzida","un",4660.22]
[2003531,"Caixa coletora de sarjeta - CCS 08 - com grelha de ferro - TCC 02 - areia e brita comerciais","un",5337.85]
[2003530,"Caixa coletora de sarjeta - CCS 08 - com grelha de ferro - TCC 02 - areia extraída e brita produzida","un",4989.8500000000004]
[2003493,"Caixa coletora de sarjeta - CCS 09 - com grelha de concreto - TCC 01 - areia e brita comerciais","un",6155.64]
[2003492,"Caixa coletora de sarjeta - CCS 09 - com grelha de concreto - TCC 01 - areia extraída e brita produzida","un",5674.08]
[2003533,"Caixa coletora de sarjeta - CCS 09 - com grelha de ferro - TCC 02 - areia e brita comerciais","un",6472.45]
[2003532,"Caixa coletora de sarjeta - CCS 09 - com grelha de ferro - TCC 02 - areia extraída e brita produzida","un",6003.72]
[2003495,"Caixa coletora de sarjeta - CCS 10 - com grelha de concreto - TCC 01 - areia e brita comerciais","un",6108.48]
[2003494,"Caixa coletora de sarjeta - CCS 10 - com grelha de concreto - TCC 01 - areia extraída e brita produzida","un",5641.12]
[2003535,"Caixa coletora de sarjeta - CCS 10 - com grelha de ferro - TCC 02 - areia e brita comerciais","un",6425.29]
[2003534,"Caixa coletora de sarjeta - CCS 10 - com grelha de ferro - TCC 02 - areia extraída e brita produzida","un",5970.76]
[2003497,"Caixa coletora de sarjeta - CCS 11 - com grelha de concreto - TCC 01 - areia e brita comerciais","un",6061.32]
[2003496,"Caixa coletora de sarjeta - CCS 11 - com grelha de concreto - TCC 01 - areia extraída e brita produzida","un",5608.16]
[2003537,"Caixa coletora de sarjeta - CCS 11 - com grelha de ferro - TCC 02 - areia e brita comerciais","un",6378.12]
[2003536,"Caixa coletora de sarjeta - CCS 11 - com grelha de ferro - TCC 02 - areia extraída e brita produzida","un",5937.8]
[2003499,"Caixa coletora de sarjeta - CCS 12 - com grelha de concreto - TCC 01 - areia e brita comerciais","un",6014.16]
[2003498,"Caixa coletora de sarjeta - CCS 12 - com grelha de concreto - TCC 01 - areia extraída e brita produzida","un",5575.21]
[2003539,"Caixa coletora de sarjeta - CCS 12 - com grelha de ferro - TCC 02 - areia e brita comerciais","un",6283.8]
[2003538,"Caixa coletora de sarjeta - CCS 12 - com grelha de ferro - TCC 02 - areia extraída e brita produzida","un",5871.88]
[2003501,"Caixa coletora de sarjeta - CCS 13 - com grelha de concreto - TCC 01 - areia e brita comerciais","un",7367.97]
[2003500,"Caixa coletora de sarjeta - CCS 13 - com grelha de concreto - TCC 01 - areia extraída e brita produzida","un",6808.28]
[2003541,"Caixa coletora de sarjeta - CCS 13 - com grelha de ferro - TCC 02 - areia e brita comerciais","un",7684.77]
[2003540,"Caixa coletora de sarjeta - CCS 13 - com grelha de ferro - TCC 02 - areia extraída e brita produzida","un",7137.91]
[2003503,"Caixa coletora de sarjeta - CCS 14 - com grelha de concreto - TCC 01 - areia e brita comerciais","un",7320.8]
[2003502,"Caixa coletora de sarjeta - CCS 14 - com grelha de concreto - TCC 01 - areia extraída e brita produzida","un",6775.32]
[2003543,"Caixa coletora de sarjeta - CCS 14 - com grelha de ferro - TCC 02 - areia e brita comerciais","un",7637.61]
[2003542,"Caixa coletora de sarjeta - CCS 14 - com grelha de ferro - TCC 02 - areia extraída e brita produzida","un",7104.96]
[2003505,"Caixa coletora de sarjeta - CCS 15 - com grelha de concreto - TCC 01 - areia e brita comerciais","un",7273.64]
[2003504,"Caixa coletora de sarjeta - CCS 15 - com grelha de concreto - TCC 01 - areia extraída e brita produzida","un",6742.36]
[2003545,"Caixa coletora de sarjeta - CCS 15 - com grelha de ferro - TCC 02 - areia e brita comerciais","un",7590.44]
[2003544,"Caixa coletora de sarjeta - CCS 15 - com grelha de ferro - TCC 02 - areia extraída e brita produzida","un",7072]
[2003507,"Caixa coletora de sarjeta - CCS 16 - com grelha de concreto - TCC 01 - areia e brita comerciais","un",7226.48]
[2003506,"Caixa coletora de sarjeta - CCS 16 - com grelha de concreto - TCC 01 - areia extraída e brita produzida","un",6709.4]
[2003547,"Caixa coletora de sarjeta - CCS 16 - com grelha de ferro - TCC 02 - areia e brita comerciais","un",7543.28]
[2003546,"Caixa coletora de sarjeta - CCS 16 - com grelha de ferro - TCC 02 - areia extraída e brita produzida","un",7039.04]
[2003509,"Caixa coletora de sarjeta - CCS 17 - com grelha de concreto - TCC 01 - areia e brita comerciais","un",8404.92]
[2003508,"Caixa coletora de sarjeta - CCS 17 - com grelha de concreto - TCC 01 - areia extraída e brita produzida","un",7767.11]
[2003549,"Caixa coletora de sarjeta - CCS 17 - com grelha de ferro - TCC 02 - areia e brita comerciais","un",8721.7199999999993]
[2003548,"Caixa coletora de sarjeta - CCS 17 - com grelha de ferro - TCC 02 - areia extraída e brita produzida","un",8096.74]
[2003511,"Caixa coletora de sarjeta - CCS 18 - com grelha de concreto - TCC 01 - areia e brita comerciais","un",8357.75]
[2003510,"Caixa coletora de sarjeta - CCS 18 - com grelha de concreto - TCC 01 - areia extraída e brita produzida","un",7734.15]
[2003551,"Caixa coletora de sarjeta - CCS 18 - com grelha de ferro - TCC 02 - areia e brita comerciais","un",8674.56]
[2003550,"Caixa coletora de sarjeta - CCS 18 - com grelha de ferro - TCC 02 - areia extraída e brita produzida","un",8063.79]
[2003513,"Caixa coletora de sarjeta - CCS 19 - com grelha de concreto - TCC 01 - areia e brita comerciais","un",8310.59]
[2003512,"Caixa coletora de sarjeta - CCS 19 - com grelha de concreto - TCC 01 - areia extraída e brita produzida","un",7701.19]
[2003553,"Caixa coletora de sarjeta - CCS 19 - com grelha de ferro - TCC 02 - areia e brita comerciais","un",8627.4]
[2003552,"Caixa coletora de sarjeta - CCS 19 - com grelha de ferro - TCC 02 - areia extraída e brita produzida","un",8030.83]
[2003515,"Caixa coletora de sarjeta - CCS 20 - com grelha de concreto - TCC 01 - areia e brita comerciais","un",8263.43]
[2003514,"Caixa coletora de sarjeta - CCS 20 - com grelha de concreto - TCC 01 - areia extraída e brita produzida","un",7668.23]
[2003555,"Caixa coletora de sarjeta - CCS 20 - com grelha de ferro - TCC 02 - areia e brita comerciais","un",8580.23]
[2003554,"Caixa coletora de sarjeta - CCS 20 - com grelha de ferro - TCC 02 - areia extraída e brita produzida","un",7997.87]
[2003728,"Caixa coletora de talvegue - CCT 01 - areia e brita comerciais","un",3728.57]
[2003727,"Caixa coletora de talvegue - CCT 01 - areia extraída e brita produzida","un",3407.56]
[2003730,"Caixa coletora de talvegue - CCT 02 - areia e brita comerciais","un",3681.41]
[2003729,"Caixa coletora de talvegue - CCT 02 - areia extraída e brita produzida","un",3374.6]
[2003732,"Caixa coletora de talvegue - CCT 03 - areia e brita comerciais","un",3638.96]
[2003731,"Caixa coletora de talvegue - CCT 03 - areia extraída e brita produzida","un",3344.94]
[2003734,"Caixa coletora de talvegue - CCT 04 - areia e brita comerciais","un",3587.09]
[2003733,"Caixa coletora de talvegue - CCT 04 - areia extraída e brita produzida","un",3308.69]
[2003736,"Caixa coletora de talvegue - CCT 05 - areia e brita comerciais","un",4886.08]
[2003735,"Caixa coletora de talvegue - CCT 05 - areia extraída e brita produzida","un",4486.95]
[2003738,"Caixa coletora de talvegue - CCT 06 - areia e brita comerciais","un",4838.92]
[2003737,"Caixa coletora de talvegue - CCT 06 - areia extraída e brita produzida","un",4453.99]
[2003740,"Caixa coletora de talvegue - CCT 07 - areia e brita comerciais","un",4796.47]
[2003739,"Caixa coletora de talvegue - CCT 07 - areia extraída e brita produzida","un",4424.33]
[2003742,"Caixa coletora de talvegue - CCT 08 - areia e brita comerciais","un",4933.24]
[2003741,"Caixa coletora de talvegue - CCT 08 - areia extraída e brita produzida","un",4519.91]
[2003744,"Caixa coletora de talvegue - CCT 09 - areia e brita comerciais","un",5879.19]
[2003743,"Caixa coletora de talvegue - CCT 09 - areia extraída e brita produzida","un",5401.94]
[2003746,"Caixa coletora de talvegue - CCT 10 - areia e brita comerciais","un",5832.03]
[2003745,"Caixa coletora de talvegue - CCT 10 - areia extraída e brita produzida","un",5368.98]
[2003748,"Caixa coletora de talvegue - CCT 11 - areia e brita comerciais","un",5789.59]
[2003747,"Caixa coletora de talvegue - CCT 11 - areia extraída e brita produzida","un",5339.32]
[2003750,"Caixa coletora de talvegue - CCT 12 - areia e brita comerciais","un",5737.71]
[2003749,"Caixa coletora de talvegue - CCT 12 - areia extraída e brita produzida","un",5303.06]
[2003752,"Caixa coletora de talvegue - CCT 13 - areia e brita comerciais","un",7091.51]
[2003751,"Caixa coletora de talvegue - CCT 13 - areia extraída e brita produzida","un",6536.14]
[2003754,"Caixa coletora de talvegue - CCT 14 - areia e brita comerciais","un",7044.35]
[2003753,"Caixa coletora de talvegue - CCT 14 - areia extraída e brita produzida","un",6503.18]
[2003756,"Caixa coletora de talvegue - CCT 15 - areia e brita comerciais","un",7001.91]
[2003755,"Caixa coletora de talvegue - CCT 15 - areia extraída e brita produzida","un",6473.52]
[2003758,"Caixa coletora de talvegue - CCT 16 - areia e brita comerciais","un",6950.03]
[2003757,"Caixa coletora de talvegue - CCT 16 - areia extraída e brita produzida","un",6437.26]
[2003760,"Caixa coletora de talvegue - CCT 17 - areia e brita comerciais","un",7090.9]
[2003759,"Caixa coletora de talvegue - CCT 17 - areia extraída e brita produzida","un",6769.89]
[2003762,"Caixa coletora de talvegue - CCT 18 - areia e brita comerciais","un",8081.3]
[2003761,"Caixa coletora de talvegue - CCT 18 - areia extraída e brita produzida","un",7462.01]
[2003764,"Caixa coletora de talvegue - CCT 19 - areia e brita comerciais","un",8038.86]
[2003763,"Caixa coletora de talvegue - CCT 19 - areia extraída e brita produzida","un",7432.35]
[2003766,"Caixa coletora de talvegue - CCT 20 - areia e brita comerciais","un",7986.98]
[2003765,"Caixa coletora de talvegue - CCT 20 - areia extraída e brita produzida","un",7396.09]
[2003642,"Caixa de ligação e passagem - CLP 01 - areia e brita comerciais","un",1704.98]
[2003641,"Caixa de ligação e passagem - CLP 01 - areia extraída e brita produzida","un",1504.7]
[2003644,"Caixa de ligação e passagem - CLP 02 - areia e brita comerciais","un",1676.68]
[2003643,"Caixa de ligação e passagem - CLP 02 - areia extraída e brita produzida","un",1484.93]
[2003646,"Caixa de ligação e passagem - CLP 03 - areia e brita comerciais","un",2292.2800000000002]
[2003645,"Caixa de ligação e passagem - CLP 03 - areia extraída e brita produzida","un",2016.72]
[2003648,"Caixa de ligação e passagem - CLP 04 - areia e brita comerciais","un",2956.05]
[2003647,"Caixa de ligação e passagem - CLP 04 - areia extraída e brita produzida","un",2609.4699999999998]
[2003650,"Caixa de ligação e passagem - CLP 05 - areia e brita comerciais","un",3519.56]
[2003649,"Caixa de ligação e passagem - CLP 05 - areia extraída e brita produzida","un",3119]
[2003652,"Caixa de ligação e passagem - CLP 06 - areia e brita comerciais","un",4523.4399999999996]
[2003651,"Caixa de ligação e passagem - CLP 06 - areia extraída e brita produzida","un",4039.08]
[2003654,"Caixa de ligação e passagem - CLP 07 - areia e brita comerciais","un",2039.06]
[2003653,"Caixa de ligação e passagem - CLP 07 - areia extraída e brita produzida","un",1800.44]
[2003656,"Caixa de ligação e passagem - CLP 08 - areia e brita comerciais","un",2006.05]
[2003655,"Caixa de ligação e passagem - CLP 08 - areia extraída e brita produzida","un",1777.37]
[2003658,"Caixa de ligação e passagem - CLP 09 - areia e brita comerciais","un",2675.34]
[2003657,"Caixa de ligação e passagem - CLP 09 - areia extraída e brita produzida","un",2352.91]
[2003660,"Caixa de ligação e passagem - CLP 10 - areia e brita comerciais","un",3365.08]
[2003659,"Caixa de ligação e passagem - CLP 10 - areia extraída e brita produzida","un",2968.79]
[2003662,"Caixa de ligação e passagem - CLP 11 - areia e brita comerciais","un",3959.28]
[2003661,"Caixa de ligação e passagem - CLP 11 - areia extraída e brita produzida","un",3504.75]
[2003664,"Caixa de ligação e passagem - CLP 12 - areia e brita comerciais","un",4892.13]
[2003663,"Caixa de ligação e passagem - CLP 12 - areia extraída e brita produzida","un",4349.53]
[2003666,"Caixa de ligação e passagem - CLP 13 - areia e brita comerciais","un",2377.87]
[2003665,"Caixa de ligação e passagem - CLP 13 - areia extraída e brita produzida","un",2099.4699999999998]
[2003668,"Caixa de ligação e passagem - CLP 14 - areia e brita comerciais","un",2349.5700000000002]
[2003667,"Caixa de ligação e passagem - CLP 14 - areia extraída e brita produzida","un",2079.6999999999998]
[2003670,"Caixa de ligação e passagem - CLP 15 - areia e brita comerciais","un",3072.55]
[2003669,"Caixa de ligação e passagem - CLP 15 - areia extraída e brita produzida","un",2698.98]
[2003672,"Caixa de ligação e passagem - CLP 16 - areia e brita comerciais","un",3797.7]
[2003671,"Caixa de ligação e passagem - CLP 16 - areia extraída e brita produzida","un",3344.59]
[2003674,"Caixa de ligação e passagem - CLP 17 - areia e brita comerciais","un",4417.8599999999997]
[2003673,"Caixa de ligação e passagem - CLP 17 - areia extraída e brita produzida","un",3903.68]
[2003676,"Caixa de ligação e passagem - CLP 18 - areia e brita comerciais","un",5399.1]
[2003675,"Caixa de ligação e passagem - CLP 18 - areia extraída e brita produzida","un",4789.75]
[2003854,"Camada drenante para proteção de muros de contenção - areia comercial","m³",159.19]
[2003855,"Camada drenante para proteção de muros de contenção - areia extraída","m³",16.739999999999998]
[2003856,"Camada drenante para proteção de muros de contenção - brita comercial","m³",152.6]
[2003857,"Camada drenante para proteção de muros de contenção - brita produzida","m³",66.22]
[2019782,"Canal em polietileno e polipropileno com efeito autolimpante e abertura de captação em ferro fundido dúctil - carga de controle de 900 kN - 100,0 x 21,0 x 57,9 cm - fornecimento e instalação em pavimento de asfalto","m",869.64]
[2019783,"Canal em polietileno e polipropileno com efeito autolimpante e abertura de captação em ferro fundido dúctil - carga de controle de 900 kN - 100,0 x 25,2 x 66,5 cm - fornecimento e instalação em pavimento de asfalto","m",1334.66]
[2019784,"Canal em polietileno e polipropileno com efeito autolimpante e abertura de captação em ferro fundido dúctil - carga de controle de 900 kN - 100,0 x 42,0 x 95,0 cm - fornecimento e instalação em pavimento de asfalto","m",1760.99]
[2019785,"Canal em polietileno e polipropileno com efeito autolimpante e abertura de captação em ferro fundido dúctil - carga de controle de 900 kN - 114,2 x 78,0 x 106,0 cm - fornecimento e instalação em pavimento de asfalto","m",2418.12]
[2019776,"Canal em polietileno e polipropileno com efeito autolimpante e grelha de encaixe em ferro fundido dúctil - carga de controle de 400 kN - 100,0 x 14,7 x 18,6 cm - fornecimento e instalação em pavimento de asfalto","m",456.34]
[2019777,"Canal em polietileno e polipropileno com efeito autolimpante e grelha de encaixe em ferro fundido dúctil - carga de controle de 400 kN - 100,0 x 24,7 x 23,6 cm - fornecimento e instalação em pavimento de asfalto","m",986.43]
[2019778,"Canal em polietileno e polipropileno com efeito autolimpante e grelha de encaixe em ferro fundido dúctil - carga de controle de 400 kN - 100,0 x 34,9 x 29,4 cm - fornecimento e instalação em pavimento de asfalto","m",1941.13]
[2019779,"Canal em polietileno e polipropileno com efeito autolimpante e grelha de encaixe em ferro fundido dúctil - carga de controle de 600 kN - 100,0 x 16,0 x 15,0 cm - fornecimento e instalação em pavimento de asfalto","m",592.94000000000005]
[2019780,"Canal em polietileno e polipropileno com efeito autolimpante e grelha de encaixe em ferro fundido dúctil - carga de controle de 600 kN - 100,0 x 21,2 x 21,0 cm - fornecimento e instalação em pavimento de asfalto","m",733.99]
[2019781,"Canal em polietileno e polipropileno com efeito autolimpante e grelha de encaixe em ferro fundido dúctil - carga de controle de 600 kN - 100,0 x 26,2 x 20,0 cm - fornecimento e instalação em pavimento de asfalto","m",916.83]
[2019773,"Canal em polietileno e polipropileno com efeito autolimpante e grelha de encaixe em poliamida reforçada - carga de controle de 250 kN - 100,0 x 16,0 x 15,0 cm - fornecimento e instalação em pavimento de asfalto","m",312.57]
[2019774,"Canal em polietileno e polipropileno com efeito autolimpante e grelha de encaixe em poliamida reforçada - carga de controle de 250 kN - 100,0 x 16,0 x 20,0 cm - fornecimento e instalação em pavimento de asfalto","m",340.27]
[2019775,"Canal em polietileno e polipropileno com efeito autolimpante e grelha de encaixe em poliamida reforçada - carga de controle de 250 kN - 100,0 x 16,0 x 7,5 cm - fornecimento e instalação em pavimento de asfalto","m",282.19]
[2019755,"Canal monobloco com corpo e grelha em concreto polímero com efeito autolimpante - carga de controle de 400 kN - 100,0 x 15,0 x 23,0 cm - fornecimento e instalação em pavimento de asfalto","m",461.19]
[2019764,"Canal monobloco com corpo e grelha em concreto polímero com efeito autolimpante - carga de controle de 400 kN - 100,0 x 15,0 x 23,0 cm - fornecimento e instalação em pavimento de concreto","m",483.92]
[2019756,"Canal monobloco com corpo e grelha em concreto polímero com efeito autolimpante - carga de controle de 400 kN - 100,0 x 25,0 x 32,0 cm - fornecimento e instalação em pavimento de asfalto","m",826.36]
[2019765,"Canal monobloco com corpo e grelha em concreto polímero com efeito autolimpante - carga de controle de 400 kN - 100,0 x 25,0 x 32,0 cm - fornecimento e instalação em pavimento de concreto","m",849.1]
[2019757,"Canal monobloco com corpo e grelha em concreto polímero com efeito autolimpante - carga de controle de 900 kN - 100,0 x 16,0 x 26,5 cm - fornecimento e instalação em pavimento de asfalto","m",801.78]
[2019766,"Canal monobloco com corpo e grelha em concreto polímero com efeito autolimpante - carga de controle de 900 kN - 100,0 x 16,0 x 26,5 cm - fornecimento e instalação em pavimento de concreto","m",860.77]
[2019758,"Canal monobloco com corpo e grelha em concreto polímero com efeito autolimpante - carga de controle de 900 kN - 100,0 x 21,0 x 28,0 cm - fornecimento e instalação em pavimento de asfalto","m",828.97]
[2019767,"Canal monobloco com corpo e grelha em concreto polímero com efeito autolimpante - carga de controle de 900 kN - 100,0 x 21,0 x 28,0 cm - fornecimento e instalação em pavimento de concreto","m",888.46]
[2019759,"Canal monobloco com corpo e grelha em concreto polímero com efeito autolimpante - carga de controle de 900 kN - 100,0 x 21,0 x 38,0 cm - fornecimento e instalação em pavimento de asfalto","m",912.24]
[2019768,"Canal monobloco com corpo e grelha em concreto polímero com efeito autolimpante - carga de controle de 900 kN - 100,0 x 21,0 x 38,0 cm - fornecimento e instalação em pavimento de concreto","m",981.6]
[2019760,"Canal monobloco com corpo e grelha em concreto polímero com efeito autolimpante - carga de controle de 900 kN - 100,0 x 21,0 x 48,0 cm - fornecimento e instalação em pavimento de asfalto","m",1153.8399999999999]
[2019769,"Canal monobloco com corpo e grelha em concreto polímero com efeito autolimpante - carga de controle de 900 kN - 100,0 x 21,0 x 48,0 cm - fornecimento e instalação em pavimento de concreto","m",1233.07]
[2019761,"Canal monobloco com corpo e grelha em concreto polímero com efeito autolimpante - carga de controle de 900 kN - 100,0 x 26,0 x 33,0 cm - fornecimento e instalação em pavimento de asfalto","m",1088.92]
[2019770,"Canal monobloco com corpo e grelha em concreto polímero com efeito autolimpante - carga de controle de 900 kN - 100,0 x 26,0 x 33,0 cm - fornecimento e instalação em pavimento de concreto","m",1153.3399999999999]
[2019762,"Canal monobloco com corpo e grelha em concreto polímero com efeito autolimpante - carga de controle de 900 kN - 100,0 x 26,0 x 53,0 cm - fornecimento e instalação em pavimento de asfalto","m",1314.03]
[2019771,"Canal monobloco com corpo e grelha em concreto polímero com efeito autolimpante - carga de controle de 900 kN - 100,0 x 26,0 x 53,0 cm - fornecimento e instalação em pavimento de concreto","m",1398.2]
[2019763,"Canal monobloco com corpo e grelha em concreto polímero com efeito autolimpante - carga de controle de 900 kN - 200,0 x 40,0 x 59,5 cm - fornecimento e instalação em pavimento de asfalto","m",4836.2]
[2019772,"Canal monobloco com corpo e grelha em concreto polímero com efeito autolimpante - carga de controle de 900 kN - 200,0 x 40,0 x 59,5 cm - fornecimento e instalação em pavimento de concreto","m",4918.8900000000003]
[2003811,"Canaleta de concreto - CAU 01 - seção de 20 x 20 cm - espessura de 10 cm - apoiada em toda a extensão","m",145.12]
[2003812,"Canaleta de concreto - CAU 02 - seção de 25 x 25 cm - espessura de 10 cm - apoiada em toda a extensão","m",171.99]
[2003813,"Canaleta de concreto - CAU 03 - seção de 30 x 30 cm - espessura de 10 cm - apoiada em toda a extensão","m",204.87]
[2003814,"Canaleta de concreto - CAU 04 - seção de 35 x 35 cm - espessura de 10 cm - apoiada em toda a extensão","m",233.74]
[2003815,"Canaleta de concreto - CAU 05 - seção de 40 x 40 cm - espessura de 10 cm - apoiada em toda a extensão","m",262.61]
[2003816,"Canaleta de concreto - CAU 06 - seção de 50 x 50 cm - espessura de 10 cm - apoiada em toda a extensão","m",324.37]
[2003817,"Canaleta de concreto - CAU 07 - seção de 60 x 60 cm - espessura de 10 cm - apoiada em toda a extensão","m",380.1]
[2003799,"Canaleta meia cana D = 0,30 m assente sobre lastro de areia - areia e brita comerciais - fornecimento e instalação","m",60.99]
[2003798,"Canaleta meia cana D = 0,30 m assente sobre lastro de areia - areia extraída e brita produzida - fornecimento e instalação","m",51.38]
[2003801,"Canaleta meia cana D = 0,40 m assente sobre lastro de areia - areia e brita comerciais - fornecimento e instalação","m",77.39]
[2003800,"Canaleta meia cana D = 0,40 m assente sobre lastro de areia - areia extraída e brita produzida - fornecimento e instalação","m",63.93]
[2003714,"Chaminé dos poços de visita - CPV 01 - areia e brita comerciais","un",1553.8]
[2003713,"Chaminé dos poços de visita - CPV 01 - areia extraída e brita produzida","un",1510.31]
[2003716,"Chaminé dos poços de visita - CPV 02 - areia e brita comerciais","un",1814.99]
[2003715,"Chaminé dos poços de visita - CPV 02 - areia extraída e brita produzida","un",1763.93]
[2003718,"Chaminé dos poços de visita - CPV 03 - areia e brita comerciais","un",2069.59]
[2003717,"Chaminé dos poços de visita - CPV 03 - areia extraída e brita produzida","un",2012.36]
[2003720,"Chaminé dos poços de visita - CPV 04 - areia e brita comerciais","un",2330.7399999999998]
[2003719,"Chaminé dos poços de visita - CPV 04 - areia extraída e brita produzida","un",2265.94]
[2003722,"Chaminé dos poços de visita - CPV 05 - areia e brita comerciais","un",2585.34]
[2003721,"Chaminé dos poços de visita - CPV 05 - areia extraída e brita produzida","un",2514.36]
[2003724,"Chaminé dos poços de visita - CPV 06 - areia e brita comerciais","un",2846.53]
[2003723,"Chaminé dos poços de visita - CPV 06 - areia extraída e brita produzida","un",2767.98]
[2003726,"Chaminé dos poços de visita - CPV 07 - areia e brita comerciais","un",3101.13]
[2003725,"Chaminé dos poços de visita - CPV 07 - areia extraída e brita produzida","un",3016.41]
[2003859,"Colchão drenante com espalhamento e compactação mecânicos - brita produzida","m³",62.99]
[2003861,"Coluna drenante D = 20 cm - areia comercial","m",26.03]
[2003862,"Coluna drenante D = 20 cm - areia extraída","m",21.96]
[2003405,"Descida d'água de aterros em degraus - DAD 01 - areia e brita comerciais","m",220.26]
[2003404,"Descida d'água de aterros em degraus - DAD 01 - areia extraída e brita produzida","m",183.33]
[2003407,"Descida d'água de aterros em degraus - DAD 02 - areia e brita comerciais","m",276.51]
[2003406,"Descida d'água de aterros em degraus - DAD 02 - areia extraída e brita produzida","m",239.58]
[2003409,"Descida d'água de aterros em degraus - DAD 03 - areia e brita comerciais","m",468.2]
[2003408,"Descida d'água de aterros em degraus - DAD 03 - areia extraída e brita produzida","m",384.4]
[2003411,"Descida d'água de aterros em degraus - DAD 04 - areia e brita comerciais","m",623.91999999999996]
[2003410,"Descida d'água de aterros em degraus - DAD 04 - areia extraída e brita produzida","m",540.12]
[2003413,"Descida d'água de aterros em degraus - DAD 05 - areia e brita comerciais","m",656.15]
[2003412,"Descida d'água de aterros em degraus - DAD 05 - areia extraída e brita produzida","m",539.67999999999995]
[2003415,"Descida d'água de aterros em degraus - DAD 06 - areia e brita comerciais","m",842.73]
[2003414,"Descida d'água de aterros em degraus - DAD 06 - areia extraída e brita produzida","m",726.25]
[2003417,"Descida d'água de aterros em degraus - DAD 07 - areia e brita comerciais","m",854.4]
[2003416,"Descida d'água de aterros em degraus - DAD 07 - areia extraída e brita produzida","m",702.41]
[2003419,"Descida d'água de aterros em degraus - DAD 08 - areia e brita comerciais","m",1073]
[2003418,"Descida d'água de aterros em degraus - DAD 08 - areia extraída e brita produzida","m",921.02]
[2003421,"Descida d'água de aterros em degraus - DAD 09 - areia e brita comerciais","m",1077.3399999999999]
[2003420,"Descida d'água de aterros em degraus - DAD 09 - areia extraída e brita produzida","m",887]
[2003423,"Descida d'água de aterros em degraus - DAD 10 - areia e brita comerciais","m",1321.2]
[2003422,"Descida d'água de aterros em degraus - DAD 10 - areia extraída e brita produzida","m",1130.8699999999999]
[2003425,"Descida d'água de aterros em degraus - DAD 11 - areia e brita comerciais","m",1402.13]
[2003424,"Descida d'água de aterros em degraus - DAD 11 - areia extraída e brita produzida","m",1154.98]
[2003427,"Descida d'água de aterros em degraus - DAD 12 - areia e brita comerciais","m",1724.77]
[2003426,"Descida d'água de aterros em degraus - DAD 12 - areia extraída e brita produzida","m",1477.62]
[2003429,"Descida d'água de aterros em degraus - DAD 13 - areia e brita comerciais","m",1766.24]
[2003428,"Descida d'água de aterros em degraus - DAD 13 - areia extraída e brita produzida","m",1442.39]
[2003431,"Descida d'água de aterros em degraus - DAD 14 - areia e brita comerciais","m",2065.1799999999998]
[2003430,"Descida d'água de aterros em degraus - DAD 14 - areia extraída e brita produzida","m",1741.33]
[2003433,"Descida d'água de aterros em degraus - DAD 15 - areia e brita comerciais","m",2277.2399999999998]
[2003432,"Descida d'água de aterros em degraus - DAD 15 - areia extraída e brita produzida","m",1862.49]
[2003435,"Descida d'água de aterros em degraus - DAD 16 - areia e brita comerciais","m",2626.83]
[2003434,"Descida d'água de aterros em degraus - DAD 16 - areia extraída e brita produzida","m",2212.0700000000002]
[2003437,"Descida d'água de aterros em degraus - DAD 17 - areia e brita comerciais","m",3084.17]
[2003436,"Descida d'água de aterros em degraus - DAD 17 - areia extraída e brita produzida","m",2525.9499999999998]
[2003439,"Descida d'água de aterros em degraus - DAD 18 - areia e brita comerciais","m",3521.9]
[2003438,"Descida d'água de aterros em degraus - DAD 18 - areia extraída e brita produzida","m",2963.68]
[2003389,"Descida d'água de aterros tipo rápido - DAR 01 - areia e brita comerciais","m",268.47000000000003]
[2003388,"Descida d'água de aterros tipo rápido - DAR 01 - areia extraída e brita produzida","m",243.62]
[2003391,"Descida d'água de aterros tipo rápido - DAR 02 - areia e brita comerciais","m",169.73]
[2003390,"Descida d'água de aterros tipo rápido - DAR 02 - areia extraída e brita produzida","m",150.27000000000001]
[2003393,"Descida d'água de aterros tipo rápido - DAR 03 - areia e brita comerciais","m",237.57]
[2003392,"Descida d'água de aterros tipo rápido - DAR 03 - areia extraída e brita produzida","m",218.11]
[2003395,"Descida d'água de aterros tipo rápido - DAR 04 - areia e brita comerciais","m",698.29]
[2003394,"Descida d'água de aterros tipo rápido - DAR 04 - areia extraída e brita produzida","m",695.44]
[2003397,"Descida d'água de cortes em degraus - DCD 01 - areia e brita comerciais","m",542.22]
[2003396,"Descida d'água de cortes em degraus - DCD 01 - areia extraída e brita produzida","m",492.51]
[2003399,"Descida d'água de cortes em degraus - DCD 02 - areia e brita comerciais","m",679.84]
[2003398,"Descida d'água de cortes em degraus - DCD 02 - areia extraída e brita produzida","m",630.13]
[2003401,"Descida d'água de cortes em degraus - DCD 03 - areia e brita comerciais","m",612.54999999999995]
[2003400,"Descida d'água de cortes em degraus - DCD 03 - areia extraída e brita produzida","m",552.89]
[2003403,"Descida d'água de cortes em degraus - DCD 04 - areia e brita comerciais","m",757.59]
[2003402,"Descida d'água de cortes em degraus - DCD 04 - areia extraída e brita produzida","m",697.93]
[2003448,"Dissipador de energia - DEB 01 - areia extraída e brita e pedra de mão produzidas","un",406.83]
[2003449,"Dissipador de energia - DEB 01 - areia, brita e pedra de mão comerciais","un",482.7]
[2003450,"Dissipador de energia - DEB 02 - areia extraída e brita e pedra de mão produzidas","un",417.16]
[2003451,"Dissipador de energia - DEB 02 - areia, brita e pedra de mão comerciais","un",496.64]
[2003452,"Dissipador de energia - DEB 03 - areia extraída e brita e pedra de mão produzidas","un",1268.3]
[2003453,"Dissipador de energia - DEB 03 - areia, brita e pedra de mão comerciais","un",1505.9]
[2003454,"Dissipador de energia - DEB 04 - areia extraída e brita e pedra de mão produzidas","un",1772.17]
[2003455,"Dissipador de energia - DEB 04 - areia, brita e pedra de mão comerciais","un",2140.94]
[2003456,"Dissipador de energia - DEB 05 - areia extraída e brita e pedra de mão produzidas","un",2348.6799999999998]
[2003457,"Dissipador de energia - DEB 05 - areia, brita e pedra de mão comerciais","un",2876.35]
[2003458,"Dissipador de energia - DEB 06 - areia extraída e brita e pedra de mão produzidas","un",2962.56]
[2003459,"Dissipador de energia - DEB 06 - areia, brita e pedra de mão comerciais","un",3666.02]
[2003460,"Dissipador de energia - DEB 07 - areia extraída e brita e pedra de mão produzidas","un",4135.9399999999996]
[2003461,"Dissipador de energia - DEB 07 - areia, brita e pedra de mão comerciais","un",5201.29]
[2003462,"Dissipador de energia - DEB 08 - areia extraída e brita e pedra de mão produzidas","un",2992.73]
[2003463,"Dissipador de energia - DEB 08 - areia, brita e pedra de mão comerciais","un",3717.47]
[2003464,"Dissipador de energia - DEB 09 - areia extraída e brita e pedra de mão produzidas","un",3820.14]
[2003465,"Dissipador de energia - DEB 09 - areia, brita e pedra de mão comerciais","un",4795.84]
[2003466,"Dissipador de energia - DEB 10 - areia extraída e brita e pedra de mão produzidas","un",5295.36]
[2003467,"Dissipador de energia - DEB 10 - areia, brita e pedra de mão comerciais","un",6739.6]
[2003468,"Dissipador de energia - DEB 11 - areia extraída e brita e pedra de mão produzidas","un",3640.89]
[2003469,"Dissipador de energia - DEB 11 - areia, brita e pedra de mão comerciais","un",4564.88]
[2003470,"Dissipador de energia - DEB 12 - areia extraída e brita e pedra de mão produzidas","un",4677.7]
[2003471,"Dissipador de energia - DEB 12 - areia, brita e pedra de mão comerciais","un",5926.43]
[2003472,"Dissipador de energia - DEB 13 - areia extraída e brita e pedra de mão produzidas","un",6834.02]
[2003473,"Dissipador de energia - DEB 13 - areia, brita e pedra de mão comerciais","un",8781.23]
[2003475,"Dissipador de energia - DED 01 - areia e brita comerciais","un",576.27]
[2003474,"Dissipador de energia - DED 01 - areia extraída e brita produzida","un",523.71]
[2003441,"Dissipador de energia - DES 01 - areia e pedra de mão comerciais","un",221.05]
[2003440,"Dissipador de energia - DES 01 - areia extraída e pedra de mão produzida","un",155.94999999999999]
[2003443,"Dissipador de energia - DES 02 - areia e pedra de mão comerciais","un",262.42]
[2003442,"Dissipador de energia - DES 02 - areia extraída e pedra de mão produzida","un",185.11]
[2003445,"Dissipador de energia - DES 03 - areia e pedra de mão comerciais","un",313.27]
[2003444,"Dissipador de energia - DES 03 - areia extraída e pedra de mão produzida","un",221.04]
[2003447,"Dissipador de energia - DES 04 - areia e pedra de mão comerciais","un",386.51]
[2003446,"Dissipador de energia - DES 04 - areia extraída e pedra de mão produzida","un",272.58999999999997]
[2004516,"Dreno de pavimento em microvala com geocomposto drenante H = 0,40 m - inclusive corte, enchimento com areia e selo asfáltico","m",29.88]
[2004517,"Dreno de pavimento em microvala com geocomposto drenante H = 0,60 m - inclusive corte, enchimento com areia e selo asfáltico","m",62.43]
[2007971,"Dreno de PVC D = 100 mm para OAE - fornecimento e instalação","m",90.27]
[2008091,"Dreno de PVC D = 150 mm para OAE - fornecimento e instalação","m",93.16]
[2006408,"Dreno de PVC D = 75 mm para OAE - fornecimento e instalação","m",71.180000000000007]
[2015642,"Dreno em tubo de aço galvanizado D = 100 mm em OAE - fornecimento e instalação","m",174.89]
[2015641,"Dreno em tubo de aço galvanizado D = 80 mm em OAE - fornecimento e instalação","m",136.24]
[2004509,"Dreno longitudinal de pavimento H = 0,40 m - com geocomposto drenante","m",31.84]
[2004510,"Dreno longitudinal de pavimento H = 0,60 m - com geocomposto drenante","m",37.64]
[2004511,"Dreno longitudinal de pavimento H = 1,00 m - com geocomposto drenante","m",49.23]
[2004512,"Dreno longitudinal de pavimento H = 1,50 m - com geocomposto drenante","m",63.71]
[2003843,"Dreno longitudinal profundo em tubo de concreto D = 0,40 m em vala de H = 1,10 m e L = 1,00 m com brita envolta em geotêxtil","m",343.8]
[2003915,"Dreno longitudinal profundo para corte em rocha - DPR 01 - tubo de concreto perfurado e brita comercial","m",111.09]
[2003914,"Dreno longitudinal profundo para corte em rocha - DPR 01 - tubo de concreto perfurado e brita produzida","m",97.17]
[2003589,"Dreno longitudinal profundo para corte em rocha - DPR 01 - tubo PEAD e brita comercial","m",116.17]
[2003588,"Dreno longitudinal profundo para corte em rocha - DPR 01 - tubo PEAD e brita produzida","m",105.48]
[2003917,"Dreno longitudinal profundo para corte em rocha - DPR 02 - tubo de concreto perfurado e brita comercial","m",125.93]
[2003916,"Dreno longitudinal profundo para corte em rocha - DPR 02 - tubo de concreto perfurado e brita produzida","m",112.01]
[2003591,"Dreno longitudinal profundo para corte em rocha - DPR 02 - tubo PEAD e brita comercial","m",131.01]
[2003590,"Dreno longitudinal profundo para corte em rocha - DPR 02 - tubo PEAD e brita produzida","m",120.32]
[2003593,"Dreno longitudinal profundo para corte em rocha - DPR 03 - brita comercial","m",83.41]
[2003592,"Dreno longitudinal profundo para corte em rocha - DPR 03 - brita produzida","m",68.13]
[2003595,"Dreno longitudinal profundo para corte em rocha - DPR 04 - brita comercial","m",68.56]
[2003594,"Dreno longitudinal profundo para corte em rocha - DPR 04 - brita produzida","m",53.29]
[2003597,"Dreno longitudinal profundo para corte em rocha - DPR 05 - tubo de concreto poroso e areia comercial","m",111.52]
[2003596,"Dreno longitudinal profundo para corte em rocha - DPR 05 - tubo de concreto poroso e areia extraída","m",91.23]
[2003572,"Dreno longitudinal profundo para corte em solo - DPS 01 - tubo PEAD e areia comercial","m",131.63999999999999]
[2003580,"Dreno longitudinal profundo para corte em solo - DPS 01 - tubo PEAD e areia extraída","m",64.11]
[2003573,"Dreno longitudinal profundo para corte em solo - DPS 02 - tubo PEAD e areia comercial","m",140.26]
[2003581,"Dreno longitudinal profundo para corte em solo - DPS 02 - tubo PEAD e areia extraída","m",62.18]
[2003561,"Dreno longitudinal profundo para corte em solo - DPS 03 - tubo de concreto perfurado, areia e brita comerciais - madeira com utilização de 5 vezes","m",210.86]
[2003560,"Dreno longitudinal profundo para corte em solo - DPS 03 - tubo de concreto perfurado, areia extraída e brita produzida - madeira com utilização de 5 vezes","m",119.63]
[2003574,"Dreno longitudinal profundo para corte em solo - DPS 03 - tubo PEAD, areia e brita comerciais - madeira com utilização de 5 vezes","m",187.35]
[2003582,"Dreno longitudinal profundo para corte em solo - DPS 03 - tubo PEAD, areia extraída e brita produzida - madeira com utilização de 5 vezes","m",119.57]
[2003563,"Dreno longitudinal profundo para corte em solo - DPS 04 - tubo de concreto perfurado, areia e brita comerciais - madeira com utilização de 5 vezes","m",223.62]
[2003562,"Dreno longitudinal profundo para corte em solo - DPS 04 - tubo de concreto perfurado, areia extraída e brita produzida - madeira com utilização de 5 vezes","m",116.57]
[2003575,"Dreno longitudinal profundo para corte em solo - DPS 04 - tubo PEAD, areia e brita comerciais - madeira com utilização de 5 vezes","m",196.28]
[2003583,"Dreno longitudinal profundo para corte em solo - DPS 04 - tubo PEAD, areia extraída e brita produzida - madeira com utilização de 5 vezes","m",117.43]
[2003565,"Dreno longitudinal profundo para corte em solo - DPS 05 - dreno cego - brita comercial","m",130.79]
[2003564,"Dreno longitudinal profundo para corte em solo - DPS 05 - dreno cego - brita produzida","m",83.45]
[2003567,"Dreno longitudinal profundo para corte em solo - DPS 06 - dreno cego - brita comercial","m",147.82]
[2003566,"Dreno longitudinal profundo para corte em solo - DPS 06 - dreno cego - brita produzida","m",90.55]
[2003569,"Dreno longitudinal profundo para corte em solo - DPS 07 - tubo de concreto perfurado e brita comercial","m",173.1]
[2003568,"Dreno longitudinal profundo para corte em solo - DPS 07 - tubo de concreto perfurado e brita produzida","m",127.12]
[2003578,"Dreno longitudinal profundo para corte em solo - DPS 07 - tubo PEAD e brita comercial","m",165.58]
[2003586,"Dreno longitudinal profundo para corte em solo - DPS 07 - tubo PEAD e brita produzida","m",128]
[2003571,"Dreno longitudinal profundo para corte em solo - DPS 08 - tubo de concreto perfurado e brita comercial","m",190.13]
[2003570,"Dreno longitudinal profundo para corte em solo - DPS 08 - tubo de concreto perfurado e brita produzida","m",134.21]
[2003579,"Dreno longitudinal profundo para corte em solo - DPS 08 - tubo PEAD e brita comercial","m",179.73]
[2003587,"Dreno longitudinal profundo para corte em solo - DPS 08 - tubo PEAD e brita produzida","m",134.51]
[2004506,"Dreno profundo H = 1,0 m - com geocomposto drenante - inclusive escavação e reaterro","m",55.7]
[2004507,"Dreno profundo H = 1,5 m - com geocomposto drenante - inclusive escavação e reaterro","m",73.48]
[2003614,"Dreno sub-horizontal - DSH 01 - material de 1ª categoria","m",128.97999999999999]
[2003865,"Dreno sub-horizontal - DSH 01 - material de 2ª categoria","m",143]
[2003923,"Dreno subsuperficial - DSS 01 - tubo de concreto perfurado e areia comercial","m",60.05]
[2003922,"Dreno subsuperficial - DSS 01 - tubo de concreto perfurado e areia extraída","m",35.729999999999997]
[2003605,"Dreno subsuperficial - DSS 01 - tubo PEAD e areia comercial","m",46.28]
[2003604,"Dreno subsuperficial - DSS 01 - tubo PEAD e areia extraída","m",25.18]
[2003607,"Dreno subsuperficial - DSS 02 - brita comercial","m",40.64]
[2003606,"Dreno subsuperficial - DSS 02 - brita produzida","m",28.43]
[2003609,"Dreno subsuperficial - DSS 03 - brita comercial","m",24.69]
[2003608,"Dreno subsuperficial - DSS 03 - brita produzida","m",12.47]
[2003925,"Dreno subsuperficial - DSS 04 - tubo de concreto perfurado e brita comercial","m",76.489999999999995]
[2003924,"Dreno subsuperficial - DSS 04 - tubo de concreto perfurado e brita produzida","m",61.04]
[2003611,"Dreno subsuperficial - DSS 04 - tubo PEAD e brita comercial","m",62.71]
[2003610,"Dreno subsuperficial - DSS 04 - tubo PEAD e brita produzida","m",50.49]
[2003820,"Dreno tipo barbacã - DRB 01 - D = 75 mm em estrutura de contenção de encosta - excluso o tubo de drenagem","un",18.670000000000002]
[2003821,"Dreno tipo barbacã - DRB 02 - D = 50 mm em estrutura de contenção de encosta - excluso o tubo de drenagem","un",16.11]
[2003842,"Enchimento de junta de concreto com argamassa asfáltica de densidade 1.700 kg/m³ - espessura de 1 cm","kg",67.540000000000006]
[2003385,"Entrada para descida d'água - EDA 01 - areia e brita comerciais","un",60.15]
[2003384,"Entrada para descida d'água - EDA 01 - areia extraída e brita produzida","un",44.52]
[2003387,"Entrada para descida d'água - EDA 02 - areia e brita comerciais","un",74.3]
[2003386,"Entrada para descida d'água - EDA 02 - areia extraída e brita produzida","un",54.41]
[2003335,"Entrada para descida d'água - EDA 03 - areia e brita comerciais","un",1905.18]
[2003334,"Entrada para descida d'água - EDA 03 - areia extraída e brita produzida","un",1619.54]
[2003336,"Entrada para descida d'água - EDA 04 - areia e brita comerciais","un",1636.17]
[2003337,"Entrada para descida d'água - EDA 04 - areia extraída e brita produzida","un",1352.09]
[2003819,"Envelope de brita para tubos com diâmetro externo de 75 a 110 mm - L = 15 cm e H = 15 cm","m",6.56]
[2004504,"Escavação mecânica de vala para drenagem com valetadeira em material de 1ª categoria","m³",15.49]
[2004519,"Escavação mecânica de vala trapezoidal ou triangular em material de 1ª categoria para drenagem superficial com retroescavadeira - 0,10 m² ≤ seção < 0,15 m²","m³",27.02]
[2004520,"Escavação mecânica de vala trapezoidal ou triangular em material de 1ª categoria para drenagem superficial com retroescavadeira - 0,15 m² ≤ seção < 0,20 m²","m³",22.29]
[2004521,"Escavação mecânica de vala trapezoidal ou triangular em material de 1ª categoria para drenagem superficial com retroescavadeira - 0,20 m² ≤ seção < 0,30 m²","m³",15.25]
[2004522,"Escavação mecânica de vala trapezoidal ou triangular em material de 1ª categoria para drenagem superficial com retroescavadeira - 0,30 m² ≤ seção < 0,50 m²","m³",11.14]
[2004518,"Escavação mecânica de vala trapezoidal ou triangular em material de 1ª categoria para drenagem superficial com retroescavadeira - seção < 0,10 m²","m³",46.93]
[2003864,"Esgotamento de água com bomba submersa","h",12.57]
[2003863,"Esgotamento de dreno horizontal profundo a vácuo","h",20.57]
[2004508,"Geodreno vertical para tratamento de solos moles","m",13.54]
[2003316,"Grelha de concreto 54 x 100 cm para boca-de-lobo - areia e brita comerciais - sobrecarga do trem tipo TB 45","un",104.87]
[2003317,"Grelha de concreto 54 x 100 cm para boca-de-lobo - areia extraída e brita produzida - sobrecarga do trem tipo TB 45","un",99.68]
[2003767,"Lastro de areia comercial - espalhamento manual","m³",144.18]
[2003844,"Lastro de areia comercial - espalhamento mecânico","m³",141.27000000000001]
[2003576,"Lastro de areia extraída - espalhamento manual","m³",14.68]
[2003858,"Lastro de areia extraída - espalhamento mecânico","m³",11.77]
[2003850,"Lastro de brita comercial compactado com soquete vibratório - espalhamento manual","m³",148.47999999999999]
[2003849,"Lastro de brita produzida compactado com soquete vibratório - espalhamento manual","m³",70.59]
[2003868,"Lastro de pedra de mão ou rachão - espalhamento manual","m³",132.47999999999999]
[2003369,"Meio-fio de concreto - MFC 01 - areia e brita comerciais - fôrma de madeira","m",120.44]
[2003368,"Meio-fio de concreto - MFC 01 - areia extraída e brita produzida - fôrma de madeira","m",105.88]
[2003939,"Meio-fio de concreto - MFC 01 moldado no local com extrusora e concreto usinado - areia e brita comerciais","m",75.12]
[2003940,"Meio-fio de concreto - MFC 01 moldado no local com extrusora e concreto usinado - areia extraída e brita produzida","m",60.5]
[2003371,"Meio-fio de concreto - MFC 02 - areia e brita comerciais - fôrma de madeira","m",88.34]
[2003370,"Meio-fio de concreto - MFC 02 - areia extraída e brita produzida - fôrma de madeira","m",76.040000000000006]
[2003941,"Meio-fio de concreto - MFC 02 moldado no local com extrusora e concreto usinado - areia e brita comerciais","m",64.14]
[2003942,"Meio-fio de concreto - MFC 02 moldado no local com extrusora e concreto usinado - areia extraída e brita produzida","m",51.78]
[2003373,"Meio-fio de concreto - MFC 03 - areia e brita comerciais - fôrma de madeira","m",70.42]
[2003372,"Meio-fio de concreto - MFC 03 - areia extraída e brita produzida - fôrma de madeira","m",64.45]
[2003943,"Meio-fio de concreto - MFC 03 moldado no local com extrusora e concreto usinado - areia e brita comerciais","m",30.35]
[2003944,"Meio-fio de concreto - MFC 03 moldado no local com extrusora e concreto usinado - areia extraída e brita produzida","m",24.36]
[2003375,"Meio-fio de concreto - MFC 04 - areia e brita comerciais - fôrma de madeira","m",45.22]
[2003374,"Meio-fio de concreto - MFC 04 - areia extraída e brita produzida - fôrma de madeira","m",40.83]
[2003945,"Meio-fio de concreto - MFC 04 moldado no local com extrusora e concreto usinado - areia e brita comerciais","m",22.68]
[2003946,"Meio-fio de concreto - MFC 04 moldado no local com extrusora e concreto usinado - areia extraída e brita produzida","m",18.27]
[2003377,"Meio-fio de concreto - MFC 05 - areia e brita comerciais - fôrma de madeira","m",61.33]
[2003376,"Meio-fio de concreto - MFC 05 - areia extraída e brita produzida - fôrma de madeira","m",56.58]
[2003947,"Meio-fio de concreto - MFC 05 moldado no local com extrusora e concreto usinado - areia e brita comerciais","m",23.87]
[2003948,"Meio-fio de concreto - MFC 05 moldado no local com extrusora e concreto usinado - areia extraída e brita produzida","m",19.11]
[2003379,"Meio-fio de concreto - MFC 06 - areia e brita comerciais - fôrma de madeira","m",35.270000000000003]
[2003378,"Meio-fio de concreto - MFC 06 - areia extraída e brita produzida - fôrma de madeira","m",32.08]
[2003949,"Meio-fio de concreto - MFC 06 moldado no local com extrusora e concreto usinado - areia e brita comerciais","m",16.34]
[2003950,"Meio-fio de concreto - MFC 06 moldado no local com extrusora e concreto usinado - areia extraída e brita produzida","m",13.13]
[2003381,"Meio-fio de concreto - MFC 07 - areia e brita comerciais - fôrma de madeira","m",59.2]
[2003380,"Meio-fio de concreto - MFC 07 - areia extraída e brita produzida - fôrma de madeira","m",53.72]
[2003951,"Meio-fio de concreto - MFC 07 moldado no local com extrusora e concreto usinado - areia e brita comerciais","m",27.84]
[2003952,"Meio-fio de concreto - MFC 07 moldado no local com extrusora e concreto usinado - areia extraída e brita produzida","m",22.33]
[2003383,"Meio-fio de concreto - MFC 08 - areia e brita comerciais - fôrma de madeira","m",99.78]
[2003382,"Meio-fio de concreto - MFC 08 - areia extraída e brita produzida - fôrma de madeira","m",89.54]
[2003953,"Meio-fio de concreto - MFC 08 moldado no local com extrusora e concreto usinado - areia e brita comerciais","m",50.76]
[2003954,"Meio-fio de concreto - MFC 08 moldado no local com extrusora e concreto usinado - areia extraída e brita produzida","m",40.47]
[2004514,"Microvala para dreno de pavimento com geocomposto drenante H = 0,4 m","m",14.69]
[2004515,"Microvala para dreno de pavimento com geocomposto drenante H = 0,6 m","m",39.24]
[2005759,"Perfuração para dreno sub-horizontal em material de 1ª categoria com D = 75 mm (linha NW)","m",49.56]
[2005764,"Perfuração para dreno sub-horizontal em material de 2ª categoria com D = 75 mm (linha NW)","m",63.58]
[2003678,"Poço de visita - PVI 01 - areia e brita comerciais","un",2286.59]
[2003677,"Poço de visita - PVI 01 - areia extraída e brita produzida","un",2039.44]
[2003680,"Poço de visita - PVI 02 - areia e brita comerciais","un",2253.58]
[2003679,"Poço de visita - PVI 02 - areia extraída e brita produzida","un",2016.37]
[2003682,"Poço de visita - PVI 03 - areia e brita comerciais","un",2584.12]
[2003681,"Poço de visita - PVI 03 - areia extraída e brita produzida","un",2288.6799999999998]
[2003684,"Poço de visita - PVI 04 - areia e brita comerciais","un",3092]
[2003683,"Poço de visita - PVI 04 - areia extraída e brita produzida","un",2739.74]
[2003686,"Poço de visita - PVI 05 - areia e brita comerciais","un",3650.97]
[2003685,"Poço de visita - PVI 05 - areia extraída e brita produzida","un",3240.47]
[2003688,"Poço de visita - PVI 06 - areia e brita comerciais","un",4558.82]
[2003687,"Poço de visita - PVI 06 - areia extraída e brita produzida","un",4061.68]
[2003690,"Poço de visita - PVI 07 - areia e brita comerciais","un",2654.92]
[2003689,"Poço de visita - PVI 07 - areia extraída e brita produzida","un",2366.58]
[2003692,"Poço de visita - PVI 08 - areia e brita comerciais","un",2626.63]
[2003691,"Poço de visita - PVI 08 - areia extraída e brita produzida","un",2346.81]
[2003694,"Poço de visita - PVI 09 - areia e brita comerciais","un",2980.17]
[2003693,"Poço de visita - PVI 09 - areia extraída e brita produzida","un",2636.43]
[2003696,"Poço de visita - PVI 10 - areia e brita comerciais","un",3338.7]
[2003695,"Poço de visita - PVI 10 - areia extraída e brita produzida","un",2935.3]
[2003698,"Poço de visita - PVI 11 - areia e brita comerciais","un",4090.69]
[2003697,"Poço de visita - PVI 11 - areia extraída e brita produzida","un",3626.22]
[2003700,"Poço de visita - PVI 12 - areia e brita comerciais","un",5042.21]
[2003699,"Poço de visita - PVI 12 - areia extraída e brita produzida","un",4485.41]
[2003702,"Poço de visita - PVI 13 - areia e brita comerciais","un",3042.12]
[2003701,"Poço de visita - PVI 13 - areia extraída e brita produzida","un",2706.9]
[2003704,"Poço de visita - PVI 14 - areia e brita comerciais","un",3013.82]
[2003703,"Poço de visita - PVI 14 - areia extraída e brita produzida","un",2687.13]
[2003706,"Poço de visita - PVI 15 - areia e brita comerciais","un",3395.08]
[2003705,"Poço de visita - PVI 15 - areia extraída e brita produzida","un",2997.37]
[2003708,"Poço de visita - PVI 16 - areia e brita comerciais","un",3938.36]
[2003707,"Poço de visita - PVI 16 - areia extraída e brita produzida","un",3478.16]
[2003710,"Poço de visita - PVI 17 - areia e brita comerciais","un",4549.28]
[2003709,"Poço de visita - PVI 17 - areia extraída e brita produzida","un",4025.15]
[2003712,"Poço de visita - PVI 18 - areia e brita comerciais","un",5544.47]
[2003711,"Poço de visita - PVI 18 - areia extraída e brita produzida","un",4922.34]
[2004505,"Reaterro e compactação em vala de dreno com geocomposto","m³",18.600000000000001]
[2003353,"Sarjeta trapezoidal de canteiro central de concreto - SZCC 100-25 - areia e brita comerciais","m",83.05]
[2003352,"Sarjeta trapezoidal de canteiro central de concreto - SZCC 100-25 - areia extraída e brita produzida","m",63.31]
[2003979,"Sarjeta trapezoidal de canteiro central de concreto - SZCC 100-25 moldada no local com extrusora e concreto usinado - areia e brita comerciais","m",93.85]
[2003980,"Sarjeta trapezoidal de canteiro central de concreto - SZCC 100-25 moldada no local com extrusora e concreto usinado - areia extraída e brita produzida","m",74.02]
[2003355,"Sarjeta trapezoidal de canteiro central de concreto - SZCC 140-35 - areia e brita comerciais","m",111.74]
[2003354,"Sarjeta trapezoidal de canteiro central de concreto - SZCC 140-35 - areia extraída e brita produzida","m",85.14]
[2003981,"Sarjeta trapezoidal de canteiro central de concreto - SZCC 140-35 moldada no local com extrusora e concreto usinado - areia e brita comerciais","m",126.46]
[2003982,"Sarjeta trapezoidal de canteiro central de concreto - SZCC 140-35 moldada no local com extrusora e concreto usinado - areia extraída e brita produzida","m",99.74]
[2003345,"Sarjeta trapezoidal de concreto - SZC 60-20 - escavação mecânica - areia e brita comerciais","m",65.91]
[2003344,"Sarjeta trapezoidal de concreto - SZC 60-20 - escavação mecânica - areia extraída e brita produzida","m",52.43]
[2003973,"Sarjeta trapezoidal de concreto - SZC 60-20 moldada no local com extrusora e concreto usinado - escavação mecânica - areia e brita comerciais","m",73.47]
[2003974,"Sarjeta trapezoidal de concreto - SZC 60-20 moldada no local com extrusora e concreto usinado - escavação mecânica - areia extraída e brita produzida","m",59.93]
[2003343,"Sarjeta trapezoidal de concreto - SZC 90-30 - escavação mecânica - areia e brita comerciais","m",89.94]
[2003342,"Sarjeta trapezoidal de concreto - SZC 90-30 - escavação mecânica - areia extraída e brita produzida","m",71.03]
[2003971,"Sarjeta trapezoidal de concreto - SZC 90-30 moldada no local com extrusora e concreto usinado - escavação mecânica - areia e brita comerciais","m",100.72]
[2003972,"Sarjeta trapezoidal de concreto - SZC 90-30 moldada no local com extrusora e concreto usinado - escavação mecânica - areia extraída e brita produzida","m",81.73]
[2003347,"Sarjeta trapezoidal de grama - SZG 60-20 - escavação mecânica","m",15.15]
[2003346,"Sarjeta trapezoidal de grama - SZG 90-30 - escavação mecânica","m",21.1]
[2003933,"Sarjeta trapezoidal sem revestimento - SZT 60-20 - escavação mecânica","m",7.48]
[2003932,"Sarjeta trapezoidal sem revestimento - SZT 90-30 - escavação mecânica","m",9.59]
[2003349,"Sarjeta triangular de canteiro central de concreto - STCC 100-25 - areia e brita comerciais","m",63.85]
[2003348,"Sarjeta triangular de canteiro central de concreto - STCC 100-25 - areia extraída e brita produzida","m",48.87]
[2003975,"Sarjeta triangular de canteiro central de concreto - STCC 100-25 moldada no local com extrusora e concreto usinado - areia e brita comerciais","m",71.16]
[2003976,"Sarjeta triangular de canteiro central de concreto - STCC 100-25 moldada no local com extrusora e concreto usinado - areia extraída e brita produzida","m",56.13]
[2003351,"Sarjeta triangular de canteiro central de concreto - STCC 140-35 - areia e brita comerciais","m",85.35]
[2003350,"Sarjeta triangular de canteiro central de concreto - STCC 140-35 - areia extraída e brita produzida","m",65.290000000000006]
[2003977,"Sarjeta triangular de canteiro central de concreto - STCC 140-35 moldada no local com extrusora e concreto usinado - areia e brita comerciais","m",95.33]
[2003978,"Sarjeta triangular de canteiro central de concreto - STCC 140-35 moldada no local com extrusora e concreto usinado - areia extraída e brita produzida","m",75.19]
[2003291,"Sarjeta triangular de canteiro central de grama - STCG 100-25 - escavação mecânica","m",11.2]
[2003292,"Sarjeta triangular de canteiro central de grama - STCG 140-35 - escavação mecânica","m",15.68]
[2003293,"Sarjeta triangular de canteiro central de grama - STCG 200-25 - escavação mecânica","m",20.66]
[2003294,"Sarjeta triangular de canteiro central de grama - STCG 300-37,5 - escavação mecânica","m",30.98]
[2003257,"Sarjeta triangular de concreto - STC 100-20 - escavação mecânica - areia e brita comerciais","m",67.48]
[2003258,"Sarjeta triangular de concreto - STC 100-20 - escavação mecânica - areia extraída e brita produzida","m",54.04]
[2003259,"Sarjeta triangular de concreto - STC 100-20 moldada no local com extrusora e concreto usinado - escavação mecânica - areia e brita comerciais","m",74.319999999999993]
[2003260,"Sarjeta triangular de concreto - STC 100-20 moldada no local com extrusora e concreto usinado - escavação mecânica - areia extraída e brita produzida","m",60.83]
[2003281,"Sarjeta triangular de concreto - STC 100-21 - escavação mecânica - areia e brita comerciais","m",67.66]
[2003282,"Sarjeta triangular de concreto - STC 100-21 - escavação mecânica - areia extraída e brita produzida","m",53.91]
[2003283,"Sarjeta triangular de concreto - STC 100-21 moldada no local com extrusora e concreto usinado - escavação mecânica - areia e brita comerciais","m",74.67]
[2003284,"Sarjeta triangular de concreto - STC 100-21 moldada no local com extrusora e concreto usinado - escavação mecânica - areia extraída e brita produzida","m",60.86]
[2003327,"Sarjeta triangular de concreto - STC 108-25 - escavação mecânica - areia e brita comerciais","m",98.58]
[2003326,"Sarjeta triangular de concreto - STC 108-25 - escavação mecânica - areia extraída e brita produzida","m",83]
[2003963,"Sarjeta triangular de concreto - STC 108-25 moldada no local com extrusora e concreto usinado - escavação mecânica - areia e brita comerciais","m",84.84]
[2003964,"Sarjeta triangular de concreto - STC 108-25 moldada no local com extrusora e concreto usinado - escavação mecânica - areia extraída e brita produzida","m",69.19]
[2003319,"Sarjeta triangular de concreto - STC 125-25 - escavação mecânica - areia e brita comerciais","m",81.98]
[2003318,"Sarjeta triangular de concreto - STC 125-25 - escavação mecânica - areia extraída e brita produzida","m",65.39]
[2003955,"Sarjeta triangular de concreto - STC 125-25 moldada no local com extrusora e concreto usinado - escavação mecânica - areia e brita comerciais","m",90.49]
[2003956,"Sarjeta triangular de concreto - STC 125-25 moldada no local com extrusora e concreto usinado - escavação mecânica - areia extraída e brita produzida","m",73.83]
[2003277,"Sarjeta triangular de concreto - STC 125-27 - escavação mecânica - areia e brita comerciais","m",84.39]
[2003278,"Sarjeta triangular de concreto - STC 125-27 - escavação mecânica - areia extraída e brita produzida","m",67.33]
[2003279,"Sarjeta triangular de concreto - STC 125-27 moldada no local com extrusora e concreto usinado - escavação mecânica - areia e brita comerciais","m",93.14]
[2003280,"Sarjeta triangular de concreto - STC 125-27 moldada no local com extrusora e concreto usinado - escavação mecânica - areia extraída e brita produzida","m",76.010000000000005]
[2003253,"Sarjeta triangular de concreto - STC 150-30 - escavação mecânica - areia e brita comerciais","m",96.5]
[2003254,"Sarjeta triangular de concreto - STC 150-30 - escavação mecânica - areia extraída e brita produzida","m",76.77]
[2003255,"Sarjeta triangular de concreto - STC 150-30 moldada no local com extrusora e concreto usinado - escavação mecânica - areia e brita comerciais","m",106.64]
[2003256,"Sarjeta triangular de concreto - STC 150-30 moldada no local com extrusora e concreto usinado - escavação mecânica - areia extraída e brita produzida","m",86.83]
[2003273,"Sarjeta triangular de concreto - STC 150-32 - escavação mecânica - areia e brita comerciais","m",99.06]
[2003274,"Sarjeta triangular de concreto - STC 150-32 - escavação mecânica - areia extraída e brita produzida","m",78.819999999999993]
[2003275,"Sarjeta triangular de concreto - STC 150-32 moldada no local com extrusora e concreto usinado - escavação mecânica - areia e brita comerciais","m",109.48]
[2003276,"Sarjeta triangular de concreto - STC 150-32 moldada no local com extrusora e concreto usinado - escavação mecânica - areia extraída e brita produzida","m",89.16]
[2003269,"Sarjeta triangular de concreto - STC 73-15 - escavação mecânica - areia e brita comerciais","m",66.209999999999994]
[2003270,"Sarjeta triangular de concreto - STC 73-15 - escavação mecânica - areia extraída e brita produzida","m",55.87]
[2003271,"Sarjeta triangular de concreto - STC 73-15 moldada no local com extrusora e concreto usinado - escavação mecânica - areia e brita comerciais","m",57.38]
[2003272,"Sarjeta triangular de concreto - STC 73-15 moldada no local com extrusora e concreto usinado - escavação mecânica - areia extraída e brita produzida","m",47]
[2003261,"Sarjeta triangular de concreto - STC 80-15 - escavação mecânica - areia e brita comerciais","m",54.72]
[2003262,"Sarjeta triangular de concreto - STC 80-15 - escavação mecânica - areia extraída e brita produzida","m",43.89]
[2003263,"Sarjeta triangular de concreto - STC 80-15 moldada no local com extrusora e concreto usinado - escavação mecânica - areia e brita comerciais","m",60.21]
[2003264,"Sarjeta triangular de concreto - STC 80-15 moldada no local com extrusora e concreto usinado - escavação mecânica - areia extraída e brita produzida","m",49.32]
[2003285,"Sarjeta triangular de concreto - STC 80-17 - escavação mecânica - areia e brita comerciais","m",56.5]
[2003286,"Sarjeta triangular de concreto - STC 80-17 - escavação mecânica - areia extraída e brita produzida","m",45.34]
[2003287,"Sarjeta triangular de concreto - STC 80-17 moldada no local com extrusora e concreto usinado - escavação mecânica - areia e brita comerciais","m",62.16]
[2003288,"Sarjeta triangular de concreto - STC 80-17 moldada no local com extrusora e concreto usinado - escavação mecânica - areia extraída e brita produzida","m",50.95]
[2003265,"Sarjeta triangular de concreto - STC 88-20 - escavação mecânica - areia e brita comerciais","m",81.400000000000006]
[2003266,"Sarjeta triangular de concreto - STC 88-20 - escavação mecânica - areia extraída e brita produzida","m",68.709999999999994]
[2003267,"Sarjeta triangular de concreto - STC 88-20 moldada no local com extrusora e concreto usinado - escavação mecânica - areia e brita comerciais","m",70.040000000000006]
[2003268,"Sarjeta triangular de concreto - STC 88-20 moldada no local com extrusora e concreto usinado - escavação mecânica - areia extraída e brita produzida","m",57.3]
[2003289,"Sarjeta triangular de grama - STG 100-20 - escavação mecânica","m",19.18]
[2003338,"Sarjeta triangular de grama - STG 125-25 - escavação mecânica","m",24.08]
[2003290,"Sarjeta triangular de grama - STG 80-15 - escavação mecânica","m",15.9]
[2003300,"Sarjeta triangular sem revestimento - STT 100-20 - escavação mecânica","m",8.08]
[2003299,"Sarjeta triangular sem revestimento - STT 125-25 - escavação mecânica","m",10.210000000000001]
[2003301,"Sarjeta triangular sem revestimento - STT 80-15 - escavação mecânica","m",7.09]
[2004513,"Selo asfáltico de microvala para dreno de pavimento com geocomposto","m",0.12]
[2003357,"Transposição de segmentos de sarjeta - TSS 01 - areia e brita comerciais","m",211.83]
[2003356,"Transposição de segmentos de sarjeta - TSS 01 - areia extraída e brita produzida","m",164.52]
[2003359,"Transposição de segmentos de sarjeta - TSS 02 - areia e brita comerciais","m",259.16000000000003]
[2003358,"Transposição de segmentos de sarjeta - TSS 02 - areia extraída e brita produzida","m",200.96]
[2003361,"Transposição de segmentos de sarjeta - TSS 03 - areia e brita comerciais","m",542.36]
[2003360,"Transposição de segmentos de sarjeta - TSS 03 - areia extraída e brita produzida","m",495.92]
[2003363,"Transposição de segmentos de sarjeta - TSS 04 - areia e brita comerciais","m",466.28]
[2003362,"Transposição de segmentos de sarjeta - TSS 04 - areia extraída e brita produzida","m",424.03]
[2003365,"Transposição de segmentos de sarjeta - TSS 05 - areia e brita comerciais","m",415.53]
[2003364,"Transposição de segmentos de sarjeta - TSS 05 - areia extraída e brita produzida","m",376.06]
[2003367,"Transposição de segmentos de sarjeta - TSS 06 - areia e brita comerciais","m",390.09]
[2003366,"Transposição de segmentos de sarjeta - TSS 06 - areia extraída e brita produzida","m",352.02]
[2003869,"Tubo de concreto PA1 comercial para drenagem - D = 0,50 m - fornecimento e instalação","m",225.96]
[2003822,"Tubo de concreto PA1 comercial para drenagem - D = 0,60 m - fornecimento e instalação","m",282.44]
[2003826,"Tubo de concreto PA1 comercial para drenagem - D = 0,80 m - fornecimento e instalação","m",433.91]
[2003830,"Tubo de concreto PA1 comercial para drenagem - D = 1,00 m - fornecimento e instalação","m",600.85]
[2003834,"Tubo de concreto PA1 comercial para drenagem - D = 1,20 m - fornecimento e instalação","m",870.74]
[2003838,"Tubo de concreto PA1 comercial para drenagem - D = 1,50 m - fornecimento e instalação","m",1056.07]
[2003768,"Tubo de concreto PA1 produzido na obra para drenagem - D = 0,60 m - areia e brita comerciais - fornecimento e instalação","m",178.25]
[2003873,"Tubo de concreto PA1 produzido na obra para drenagem - D = 0,60 m - areia extraída e brita produzida - fornecimento e instalação","m",158.51]
[2003772,"Tubo de concreto PA1 produzido na obra para drenagem - D = 0,80 m - areia e brita comerciais - fornecimento e instalação","m",261.29000000000002]
[2003877,"Tubo de concreto PA1 produzido na obra para drenagem - D = 0,80 m - areia extraída e brita produzida - fornecimento e instalação","m",230.02]
[2003776,"Tubo de concreto PA1 produzido na obra para drenagem - D = 1,00 m - areia e brita comerciais - fornecimento e instalação","m",424.12]
[2003881,"Tubo de concreto PA1 produzido na obra para drenagem - D = 1,00 m - areia extraída e brita produzida - fornecimento e instalação","m",381.28]
[2003780,"Tubo de concreto PA1 produzido na obra para drenagem - D = 1,20 m - areia e brita comerciais - fornecimento e instalação","m",564.86]
[2003885,"Tubo de concreto PA1 produzido na obra para drenagem - D = 1,20 m - areia extraída e brita produzida - fornecimento e instalação","m",502.22]
[2003784,"Tubo de concreto PA1 produzido na obra para drenagem - D = 1,50 m - areia e brita comerciais - fornecimento e instalação","m",876.72]
[2003889,"Tubo de concreto PA1 produzido na obra para drenagem - D = 1,50 m - areia extraída e brita produzida - fornecimento e instalação","m",778.67]
[2003870,"Tubo de concreto PA2 comercial para drenagem - D = 0,50 m - fornecimento e instalação","m",264.37]
[2003823,"Tubo de concreto PA2 comercial para drenagem - D = 0,60 m - fornecimento e instalação","m",287.69]
[2003827,"Tubo de concreto PA2 comercial para drenagem - D = 0,80 m - fornecimento e instalação","m",454.91]
[2003831,"Tubo de concreto PA2 comercial para drenagem - D = 1,00 m - fornecimento e instalação","m",684.75]
[2003835,"Tubo de concreto PA2 comercial para drenagem - D = 1,20 m - fornecimento e instalação","m",918.24]
[2003839,"Tubo de concreto PA2 comercial para drenagem - D = 1,50 m - fornecimento e instalação","m",1157.77]
[2003769,"Tubo de concreto PA2 produzido na obra para drenagem - D = 0,60 m - areia e brita comerciais - fornecimento e instalação","m",191.22]
[2003874,"Tubo de concreto PA2 produzido na obra para drenagem - D = 0,60 m - areia extraída e brita produzida - fornecimento e instalação","m",171.49]
[2003773,"Tubo de concreto PA2 produzido na obra para drenagem - D = 0,80 m - areia e brita comerciais - fornecimento e instalação","m",313.13]
[2003878,"Tubo de concreto PA2 produzido na obra para drenagem - D = 0,80 m - areia extraída e brita produzida - fornecimento e instalação","m",281.94]
[2003777,"Tubo de concreto PA2 produzido na obra para drenagem - D = 1,00 m - areia e brita comerciais - fornecimento e instalação","m",475.96]
[2003882,"Tubo de concreto PA2 produzido na obra para drenagem - D = 1,00 m - areia extraída e brita produzida - fornecimento e instalação","m",433.19]
[2003781,"Tubo de concreto PA2 produzido na obra para drenagem - D = 1,20 m - areia e brita comerciais - fornecimento e instalação","m",681.5]
[2003886,"Tubo de concreto PA2 produzido na obra para drenagem - D = 1,20 m - areia extraída e brita produzida - fornecimento e instalação","m",619.02]
[2003785,"Tubo de concreto PA2 produzido na obra para drenagem - D = 1,50 m - areia e brita comerciais - fornecimento e instalação","m",1058.1600000000001]
[2003890,"Tubo de concreto PA2 produzido na obra para drenagem - D = 1,50 m - areia extraída e brita produzida - fornecimento e instalação","m",960.36]
[2003871,"Tubo de concreto PA3 comercial para drenagem - D = 0,50 m - fornecimento e instalação","m",277.66000000000003]
[2003824,"Tubo de concreto PA3 comercial para drenagem - D = 0,60 m - fornecimento e instalação","m",318.91000000000003]
[2003828,"Tubo de concreto PA3 comercial para drenagem - D = 0,80 m - fornecimento e instalação","m",529.79]
[2003832,"Tubo de concreto PA3 comercial para drenagem - D = 1,00 m - fornecimento e instalação","m",717.63]
[2003836,"Tubo de concreto PA3 comercial para drenagem - D = 1,20 m - fornecimento e instalação","m",989.25]
[2003840,"Tubo de concreto PA3 comercial para drenagem - D = 1,50 m - fornecimento e instalação","m",1499.39]
[2003770,"Tubo de concreto PA3 produzido na obra para drenagem - D = 0,60 m - areia e brita comerciais - fornecimento e instalação","m",256.01]
[2003875,"Tubo de concreto PA3 produzido na obra para drenagem - D = 0,60 m - areia extraída e brita produzida - fornecimento e instalação","m",236.38]
[2003774,"Tubo de concreto PA3 produzido na obra para drenagem - D = 0,80 m - areia e brita comerciais - fornecimento e instalação","m",416.64]
[2003879,"Tubo de concreto PA3 produzido na obra para drenagem - D = 0,80 m - areia extraída e brita produzida - fornecimento e instalação","m",381.73]
[2003778,"Tubo de concreto PA3 produzido na obra para drenagem - D = 1,00 m - areia e brita comerciais - fornecimento e instalação","m",580.5]
[2003883,"Tubo de concreto PA3 produzido na obra para drenagem - D = 1,00 m - areia extraída e brita produzida - fornecimento e instalação","m",525.9]
[2003782,"Tubo de concreto PA3 produzido na obra para drenagem - D = 1,20 m - areia e brita comerciais - fornecimento e instalação","m",868.8]
[2003887,"Tubo de concreto PA3 produzido na obra para drenagem - D = 1,20 m - areia extraída e brita produzida - fornecimento e instalação","m",785.32]
[2003786,"Tubo de concreto PA3 produzido na obra para drenagem - D = 1,50 m - areia e brita comerciais - fornecimento e instalação","m",1359.89]
[2003891,"Tubo de concreto PA3 produzido na obra para drenagem - D = 1,50 m - areia extraída e brita produzida - fornecimento e instalação","m",1230.25]
[2003872,"Tubo de concreto PA4 comercial para drenagem - D = 0,50 m - fornecimento e instalação","m",352.55]
[2003825,"Tubo de concreto PA4 comercial para drenagem - D = 0,60 m - fornecimento e instalação","m",425.63]
[2003829,"Tubo de concreto PA4 comercial para drenagem - D = 0,80 m - fornecimento e instalação","m",563.9]
[2003833,"Tubo de concreto PA4 comercial para drenagem - D = 1,00 m - fornecimento e instalação","m",759.07]
[2003837,"Tubo de concreto PA4 comercial para drenagem - D = 1,20 m - fornecimento e instalação","m",1100.4100000000001]
[2003841,"Tubo de concreto PA4 comercial para drenagem - D = 1,50 m - fornecimento e instalação","m",1602.34]
[2003771,"Tubo de concreto PA4 produzido na obra para drenagem - D = 0,60 m - areia e brita comerciais - fornecimento e instalação","m",307.76]
[2003876,"Tubo de concreto PA4 produzido na obra para drenagem - D = 0,60 m - areia extraída e brita produzida - fornecimento e instalação","m",284.33999999999997]
[2003775,"Tubo de concreto PA4 produzido na obra para drenagem - D = 0,80 m - areia e brita comerciais - fornecimento e instalação","m",480.25]
[2003880,"Tubo de concreto PA4 produzido na obra para drenagem - D = 0,80 m - areia extraída e brita produzida - fornecimento e instalação","m",437.98]
[2003779,"Tubo de concreto PA4 produzido na obra para drenagem - D = 1,00 m - areia e brita comerciais - fornecimento e instalação","m",715.15]
[2003884,"Tubo de concreto PA4 produzido na obra para drenagem - D = 1,00 m - areia extraída e brita produzida - fornecimento e instalação","m",651.41999999999996]
[2003783,"Tubo de concreto PA4 produzido na obra para drenagem - D = 1,20 m - areia e brita comerciais - fornecimento e instalação","m",1023.52]
[2003888,"Tubo de concreto PA4 produzido na obra para drenagem - D = 1,20 m - areia extraída e brita produzida - fornecimento e instalação","m",928.82]
[2003787,"Tubo de concreto PA4 produzido na obra para drenagem - D = 1,50 m - areia e brita comerciais - fornecimento e instalação","m",1596.02]
[2003892,"Tubo de concreto PA4 produzido na obra para drenagem - D = 1,50 m - areia extraída e brita produzida - fornecimento e instalação","m",1461.96]
[2003851,"Tubo de concreto perfurado produzido na obra para drenagem - D = 0,40 m - fornecimento e instalação","m",89.59]
[2003935,"Tubo de PVC para dreno tipo barbacã - D = 50 mm - fornecimento e instalação","m",9.81]
[2003934,"Tubo de PVC para dreno tipo barbacã - D = 75 mm - fornecimento e instalação","m",14.25]
[2003990,"Tubo PEAD para drenagem - D = 1.000 mm - fornecimento e instalação","m",1338.39]
[2003991,"Tubo PEAD para drenagem - D = 1.050 mm - fornecimento e instalação","m",1405.09]
[2003992,"Tubo PEAD para drenagem - D = 1.200 mm - fornecimento e instalação","m",1778.27]
[2003993,"Tubo PEAD para drenagem - D = 1.500 mm - fornecimento e instalação","m",2135.6999999999998]
[2003994,"Tubo PEAD para drenagem - D = 1.800 mm - fornecimento e instalação","m",7256.94]
[2003995,"Tubo PEAD para drenagem - D = 2.000 mm - fornecimento e instalação","m",8775.4599999999991]
[2003996,"Tubo PEAD para drenagem - D = 2.500 mm - fornecimento e instalação","m",14661.7]
[2003997,"Tubo PEAD para drenagem - D = 3.000 mm - fornecimento e instalação","m",20606.509999999998]
[2003983,"Tubo PEAD para drenagem - D = 400 mm - fornecimento e instalação","m",215.04]
[2003984,"Tubo PEAD para drenagem - D = 450 mm - fornecimento e instalação","m",243.13]
[2003985,"Tubo PEAD para drenagem - D = 500 mm - fornecimento e instalação","m",351.51]
[2003986,"Tubo PEAD para drenagem - D = 600 mm - fornecimento e instalação","m",512.48]
[2003987,"Tubo PEAD para drenagem - D = 750 mm - fornecimento e instalação","m",675.46]
[2003988,"Tubo PEAD para drenagem - D = 800 mm - fornecimento e instalação","m",750.25]
[2003989,"Tubo PEAD para drenagem - D = 900 mm - fornecimento e instalação","m",988.8]
[2003298,"Valeta de proteção de aterro sem revestimento - VPAT 120-30 - escavação mecânica","m",12.94]
[2003297,"Valeta de proteção de aterro sem revestimento - VPAT 160-30 - escavação mecânica","m",15.91]
[2003315,"Valeta de proteção de aterros com revestimento de concreto - VPAC 120-30 - escavação mecânica - areia e brita comerciais","m",110]
[2003314,"Valeta de proteção de aterros com revestimento de concreto - VPAC 120-30 - escavação mecânica - areia extraída e brita produzida","m",91.88]
[2003313,"Valeta de proteção de aterros com revestimento de concreto - VPAC 160-30 - escavação mecânica - areia e brita comerciais","m",136.53]
[2003312,"Valeta de proteção de aterros com revestimento de concreto - VPAC 160-30 - escavação mecânica - areia extraída e brita produzida","m",113.86]
[2003311,"Valeta de proteção de aterros com revestimento vegetal - VPAG 120-30 - escavação mecânica","m",41.97]
[2003310,"Valeta de proteção de aterros com revestimento vegetal - VPAG 160-30 - escavação mecânica","m",52.95]
[2003296,"Valeta de proteção de corte sem revestimento - VPCT 120-30 - escavação mecânica","m",12.94]
[2003295,"Valeta de proteção de corte sem revestimento - VPCT 160-30 - escavação mecânica","m",15.91]
[2003309,"Valeta de proteção de cortes com revestimento de concreto - VPCC 120-30 - escavação mecânica - areia e brita comerciais","m",110]
[2003308,"Valeta de proteção de cortes com revestimento de concreto - VPCC 120-30 - escavação mecânica - areia extraída e brita produzida","m",91.88]
[2003307,"Valeta de proteção de cortes com revestimento de concreto - VPCC 160-30 - escavação mecânica - areia e brita comerciais","m",136.53]
[2003306,"Valeta de proteção de cortes com revestimento de concreto - VPCC 160-30 - escavação mecânica - areia extraída e brita produzida","m",113.86]
[2003305,"Valeta de proteção de cortes com revestimento vegetal - VPCG 120-30 - escavação mecânica","m",41.97]
[2003304,"Valeta de proteção de cortes com revestimento vegetal - VPCG 160-30 - escavação mecânica","m",52.95]
[2105846,"Escoramento com estacas de perfis metálicos W 250 x 38,5 kg/m, espaçadas em 1,5 m, intercaladas com prancha de madeira com espessura de 5 cm e ficha de 0 a 0,2 H - sem reaproveitamento - fornecimento e instalação","m²",529.91999999999996]
[2105929,"Escoramento com estacas de perfis metálicos W 250 x 38,5 kg/m, espaçadas em 1,5 m, intercaladas com prancha de madeira com espessura de 5 cm e ficha de 0,20 a 0,4 H - sem reaproveitamento - fornecimento e instalação","m²",600.48]
[2105933,"Escoramento com estacas de perfis metálicos W 250 x 38,5 kg/m, espaçadas em 1,5 m, intercaladas com prancha de madeira com espessura de 5 cm e ficha de 0,40 a 0,6 H - sem reaproveitamento - fornecimento e instalação","m²",671.04]
[2106293,"Escoramento com perfis metálicos W 150 x 18,0 kg/m a cada metro e chapas de aço - estroncas a cada 2 m não incluídas - profundidade de até 10 m - aço com utilização de 20 vezes - fornecimento, instalação e retirada","m²",208.2]
[2108165,"Escoramento com pontaletes D = 10 cm - utilização de 1 vez - confecção, instalação e retirada","m³",42.93]
[2108166,"Escoramento com pontaletes D = 10 cm - utilização de 2 vezes - confecção, instalação e retirada","m³",29.09]
[2108167,"Escoramento com pontaletes D = 10 cm - utilização de 3 vezes - confecção, instalação e retirada","m³",25.38]
[2108168,"Escoramento com pontaletes D = 10 cm - utilização de 5 vezes - confecção, instalação e retirada","m³",24.04]
[2108169,"Escoramento com pontaletes D = 15 cm - utilização de 1 vez - confecção e instalação","m³",63.78]
[2108170,"Escoramento com pontaletes D = 15 cm - utilização de 2 vezes - confecção, instalação e retirada","m³",44.17]
[2108171,"Escoramento com pontaletes D = 15 cm - utilização de 3 vezes - confecção, instalação e retirada","m³",39.49]
[2108172,"Escoramento com pontaletes D = 15 cm - utilização de 5 vezes - confecção, instalação e retirada","m³",38.909999999999997]
[2106292,"Escoramento contínuo de valas com tábuas de 2,5 x 30 cm e longarinas de 6 x 16 cm - estroncas a cada metro não incluídas - profundidade de até 4 m - madeira com utilização de 3 vezes - confecção, instalação e retirada","m²",163.38999999999999]
[2106291,"Escoramento contínuo de valas com tábuas de 2,5 x 30 cm e longarinas de 6 x 16 cm - estroncas a cada metro não incluídas - profundidade de até 4 m - madeira sem reaproveitamento - confecção e instalação","m²",247.9]
[2106235,"Escoramento metálico com quadro tubular contraventado - capacidade de carga até 3,8 t/m² - quadro de 1,0 x 1,0 x 1,25 m - utilização de 50 vezes - fornecimento, instalação e retirada","m³",2.96]
[2106232,"Escoramento metálico tubular galvanizado para formas com capacidade de 2.100 a 750 kg por unidade - regulável de 3,0 a 4,5 m - utilização de 20 vezes - fornecimento, instalação e retirada","un",14.62]
[2106233,"Escoramento metálico tubular galvanizado para formas com capacidade de 3.200 a 1.600 kg por unidade - regulável de 1,8 a 3,0 m - utilização de 20 vezes - fornecimento, instalação e retirada","un",11.84]
[2105605,"Escoramento para corpo de bueiros celulares - utilização de 3 vezes - confecção, instalação e retirada","m³",66.010000000000005]
[2106298,"Estroncas em perfil metálico W 150 x 18,0 kg/m - utilização de 20 vezes","m",35.71]
[2106295,"Estroncas para valas com D = 15 cm - madeira com utilização de 3 vezes","m",21.49]
[2106294,"Estroncas para valas com D = 15 cm - madeira sem reaproveitamento","m",29.78]
[2106297,"Estroncas para valas com D = 20 cm - madeira com utilização de 3 vezes","m",34.53]
[2106296,"Estroncas para valas com D = 20 cm - madeira sem reaproveitamento","m",58.08]
[2306731,"Apoio náutico para a colocação da armação em camisa metálica","kg",0.61]
[2306728,"Apoio náutico para a escavação com perfuratriz tipo Wirth em rocha com média dureza e média abrasão - resistência à compressão menor que 80 MPa - D = 600 a 1.800 mm","m",1510.72]
[2306729,"Apoio náutico para a escavação com perfuratriz tipo Wirth em rocha de alta dureza e alta abrasão - resistência à compressão acima de 80 MPa - D = 600 a 1.800 mm","m",1840.53]
[2306727,"Apoio náutico para a escavação com perfuratriz tipo Wirth em solo D = 600 a 1.800 mm","m",353.51]
[2306730,"Apoio náutico para a execução da concretagem de camisas metálicas","m³",119.5]
[2306726,"Apoio náutico para a execução da cravação de camisa metálica D = 600 a 1.800 mm","m",231.04]
[2306076,"Armação de estaca escavada ou estaca barrete em aço CA-50 com apoio de guindaste - fornecimento, preparo e colocação","kg",11.7]
[2306247,"Arrasamento de estacas de concreto com seção de até 900 cm²","m³",236.35]
[2306248,"Arrasamento de estacas de concreto com seção superior à 900 cm²","m³",554.83000000000004]
[2306279,"Berço para pré-moldagem de estacas protendidas com capacidade de 19 m³, inclusive formas metálicas - utilização de 100 vezes","m³",82.56]
[2306651,"Camisa metálica com espessura de 12,5 mm D = 1.400 mm - cravada com martelo vibratório - sem escavação - cravação","m",7427.62]
[2306678,"Camisa metálica com espessura de 12,5 mm D = 1.400 mm - para passagem de lâmina d'água - posicionamento","m",7230.15]
[2306652,"Camisa metálica com espessura de 12,5 mm D = 1.500 mm - cravada com martelo vibratório - sem escavação - cravação","m",7484.5]
[2306679,"Camisa metálica com espessura de 12,5 mm D = 1.500 mm - para passagem de lâmina d'água - posicionamento","m",7279.72]
[2306653,"Camisa metálica com espessura de 12,5 mm D = 1.600 mm - cravada com martelo vibratório - sem escavação - cravação","m",7543.61]
[2306680,"Camisa metálica com espessura de 12,5 mm D = 1.600 mm - para passagem de lâmina d'água - posicionamento","m",7330.95]
[2306654,"Camisa metálica com espessura de 12,5 mm D = 1.700 mm - cravada com martelo vibratório - sem escavação - cravação","m",7601.82]
[2306681,"Camisa metálica com espessura de 12,5 mm D = 1.700 mm - para passagem de lâmina d'água - posicionamento","m",7380.66]
[2306655,"Camisa metálica com espessura de 12,5 mm D = 1.800 mm - cravada com martelo vibratório - sem escavação - cravação","m",7660.9]
[2306682,"Camisa metálica com espessura de 12,5 mm D = 1.800 mm - para passagem de lâmina d'água - posicionamento","m",7430.51]
[2306656,"Camisa metálica com espessura de 16 mm D = 1.500 mm - cravada com martelo vibratório - sem escavação - cravação","m",10456.58]
[2306683,"Camisa metálica com espessura de 16 mm D = 1.500 mm - para passagem de lâmina d'água - posicionamento","m",10251.799999999999]
[2306657,"Camisa metálica com espessura de 16 mm D = 1.600 mm - cravada com martelo vibratório - sem escavação - cravação","m",10575.27]
[2306684,"Camisa metálica com espessura de 16 mm D = 1.600 mm - para passagem de lâmina d'água - posicionamento","m",10362.61]
[2306658,"Camisa metálica com espessura de 16 mm D = 1.700 mm - cravada com martelo vibratório - sem escavação - cravação","m",10691.21]
[2306685,"Camisa metálica com espessura de 16 mm D = 1.700 mm - para passagem de lâmina d'água - posicionamento","m",10470.040000000001]
[2306659,"Camisa metálica com espessura de 16 mm D = 1.800 mm - cravada com martelo vibratório - sem escavação - cravação","m",10811.39]
[2306686,"Camisa metálica com espessura de 16 mm D = 1.800 mm - para passagem de lâmina d'água - posicionamento","m",10581.01]
[2306637,"Camisa metálica com espessura de 6,3 mm D = 1.000 mm - cravada com martelo vibratório - sem escavação - cravação","m",2485.5500000000002]
[2306664,"Camisa metálica com espessura de 6,3 mm D = 1.000 mm - para passagem de lâmina d'água - posicionamento","m",2312.7600000000002]
[2306732,"Camisa metálica com espessura de 6,3 mm D = 400 mm - cravada com martelo vibratório - sem escavação - cravação","m",989.76]
[2306733,"Camisa metálica com espessura de 6,3 mm D = 400 mm - para passagem de lâmina d'água - posicionamento","m",844.26]
[2306734,"Camisa metálica com espessura de 6,3 mm D = 500 mm - cravada com martelo vibratório - sem escavação - cravação","m",1205.1199999999999]
[2306735,"Camisa metálica com espessura de 6,3 mm D = 500 mm - para passagem de lâmina d'água - posicionamento","m",1055.69]
[2306633,"Camisa metálica com espessura de 6,3 mm D = 600 mm - cravada com martelo vibratório - sem escavação - cravação","m",1371.01]
[2306660,"Camisa metálica com espessura de 6,3 mm D = 600 mm - para passagem de lâmina d'água - posicionamento","m",1217.42]
[2306634,"Camisa metálica com espessura de 6,3 mm D = 700 mm - cravada com martelo vibratório - sem escavação - cravação","m",1597.2]
[2306661,"Camisa metálica com espessura de 6,3 mm D = 700 mm - para passagem de lâmina d'água - posicionamento","m",1439.22]
[2306635,"Camisa metálica com espessura de 6,3 mm D = 800 mm - cravada com martelo vibratório - sem escavação - cravação","m",1927.65]
[2306662,"Camisa metálica com espessura de 6,3 mm D = 800 mm - para passagem de lâmina d'água - posicionamento","m",1765.03]
[2306636,"Camisa metálica com espessura de 6,3 mm D = 900 mm - cravada com martelo vibratório - sem escavação - cravação","m",1945.7]
[2306663,"Camisa metálica com espessura de 6,3 mm D = 900 mm - para passagem de lâmina d'água - posicionamento","m",1778.15]
[2306641,"Camisa metálica com espessura de 8 mm D = 1.000 mm - cravada com martelo vibratório - sem escavação - cravação","m",3154.84]
[2306668,"Camisa metálica com espessura de 8 mm D = 1.000 mm - para passagem de lâmina d'água - posicionamento","m",2982.05]
[2306642,"Camisa metálica com espessura de 8 mm D = 1.100 mm - cravada com martelo vibratório - sem escavação - cravação","m",3180.32]
[2306669,"Camisa metálica com espessura de 8 mm D = 1.100 mm - para passagem de lâmina d'água - posicionamento","m",3001.96]
[2306643,"Camisa metálica com espessura de 8 mm D = 1.200 mm - cravada com martelo vibratório - sem escavação - cravação","m",3205.83]
[2306670,"Camisa metálica com espessura de 8 mm D = 1.200 mm - para passagem de lâmina d'água - posicionamento","m",3021.52]
[2306638,"Camisa metálica com espessura de 8 mm D = 700 mm - cravada com martelo vibratório - sem escavação - cravação","m",2021.1]
[2306665,"Camisa metálica com espessura de 8 mm D = 700 mm - para passagem de lâmina d'água - posicionamento","m",1863.13]
[2306639,"Camisa metálica com espessura de 8 mm D = 800 mm - cravada com martelo vibratório - sem escavação - cravação","m",2442.75]
[2306666,"Camisa metálica com espessura de 8 mm D = 800 mm - para passagem de lâmina d'água - posicionamento","m",2280.12]
[2306640,"Camisa metálica com espessura de 8 mm D = 900 mm - cravada com martelo vibratório - sem escavação - cravação","m",2467.5]
[2306667,"Camisa metálica com espessura de 8 mm D = 900 mm - para passagem de lâmina d'água - posicionamento","m",2299.9499999999998]
[2306645,"Camisa metálica com espessura de 9,5 mm D = 1.000 mm - cravada com martelo vibratório - sem escavação - cravação","m",3785.76]
[2306672,"Camisa metálica com espessura de 9,5 mm D = 1.000 mm - para passagem de lâmina d'água - posicionamento","m",3612.98]
[2306646,"Camisa metálica com espessura de 9,5 mm D = 1.100 mm - cravada com martelo vibratório - sem escavação - cravação","m",3819.86]
[2306673,"Camisa metálica com espessura de 9,5 mm D = 1.100 mm - para passagem de lâmina d'água - posicionamento","m",3641.5]
[2306647,"Camisa metálica com espessura de 9,5 mm D = 1.200 mm - cravada com martelo vibratório - sem escavação - cravação","m",3853.61]
[2306674,"Camisa metálica com espessura de 9,5 mm D = 1.200 mm - para passagem de lâmina d'água - posicionamento","m",3669.31]
[2306648,"Camisa metálica com espessura de 9,5 mm D = 1.300 mm - cravada com martelo vibratório - sem escavação - cravação","m",5461.57]
[2306675,"Camisa metálica com espessura de 9,5 mm D = 1.300 mm - para passagem de lâmina d'água - posicionamento","m",5270.91]
[2306649,"Camisa metálica com espessura de 9,5 mm D = 1.400 mm - cravada com martelo vibratório - sem escavação - cravação","m",5497.1]
[2306676,"Camisa metálica com espessura de 9,5 mm D = 1.400 mm - para passagem de lâmina d'água - posicionamento","m",5299.63]
[2306650,"Camisa metálica com espessura de 9,5 mm D = 1.500 mm - cravada com martelo vibratório - sem escavação - cravação","m",5532.31]
[2306677,"Camisa metálica com espessura de 9,5 mm D = 1.500 mm - para passagem de lâmina d'água - posicionamento","m",5327.53]
[2306644,"Camisa metálica com espessura de 9,5 mm D = 900 mm - cravada com martelo vibratório - sem escavação - cravação","m",2965.9]
[2306671,"Camisa metálica com espessura de 9,5 mm D = 900 mm - para passagem de lâmina d'água - posicionamento","m",2798.35]
[2306141,"Coluna de brita D = 50 cm executada com perfuratriz tipo bottom feed - brita comercial - confecção e cravação","m",65.989999999999995]
[2306145,"Coluna de brita D = 50 cm executada com perfuratriz tipo bottom feed - brita produzida - confecção e cravação","m",49.97]
[2306142,"Coluna de brita D = 60 cm executada com perfuratriz tipo bottom feed - brita comercial - confecção e cravação","m",81.680000000000007]
[2306146,"Coluna de brita D = 60 cm executada com perfuratriz tipo bottom feed - brita produzida - confecção e cravação","m",58.61]
[2306143,"Coluna de brita D = 70 cm executada com perfuratriz tipo bottom feed - brita comercial - confecção e cravação","m",99.94]
[2306147,"Coluna de brita D = 70 cm executada com perfuratriz tipo bottom feed - brita produzida - confecção e cravação","m",68.540000000000006]
[2306144,"Coluna de brita D = 80 cm executada com perfuratriz tipo bottom feed - brita comercial - confecção e cravação","m",121.58]
[2306148,"Coluna de brita D = 80 cm executada com perfuratriz tipo bottom feed - brita produzida - confecção e cravação","m",80.569999999999993]
[2306624,"Confecção de camisa metálica em aço ASTM A36 com espessura de 12,5 mm - D = 1.400 mm","m",7192.64]
[2306625,"Confecção de camisa metálica em aço ASTM A36 com espessura de 12,5 mm - D = 1.500 mm","m",7240.33]
[2306626,"Confecção de camisa metálica em aço ASTM A36 com espessura de 12,5 mm - D = 1.600 mm","m",7289.58]
[2306627,"Confecção de camisa metálica em aço ASTM A36 com espessura de 12,5 mm - D = 1.700 mm","m",7337.27]
[2306628,"Confecção de camisa metálica em aço ASTM A36 com espessura de 12,5 mm - D = 1.800 mm","m",7385.03]
[2306629,"Confecção de camisa metálica em aço ASTM A36 com espessura de 16 mm - D = 1.500 mm","m",10205.129999999999]
[2306630,"Confecção de camisa metálica em aço ASTM A36 com espessura de 16 mm - D = 1.600 mm","m",10313.48]
[2306631,"Confecção de camisa metálica em aço ASTM A36 com espessura de 16 mm - D = 1.700 mm","m",10418.43]
[2306632,"Confecção de camisa metálica em aço ASTM A36 com espessura de 16 mm - D = 1.800 mm","m",10526.79]
[2306610,"Confecção de camisa metálica em aço ASTM A36 com espessura de 6,3 mm - D = 1.000 mm","m",2289.21]
[2306604,"Confecção de camisa metálica em aço ASTM A36 com espessura de 6,3 mm - D = 400 mm","m",826.23]
[2306605,"Confecção de camisa metálica em aço ASTM A36 com espessura de 6,3 mm - D = 500 mm","m",1036.81]
[2306606,"Confecção de camisa metálica em aço ASTM A36 com espessura de 6,3 mm - D = 600 mm","m",1197.67]
[2306607,"Confecção de camisa metálica em aço ASTM A36 com espessura de 6,3 mm - D = 700 mm","m",1418.56]
[2306608,"Confecção de camisa metálica em aço ASTM A36 com espessura de 6,3 mm - D = 800 mm","m",1743.44]
[2306609,"Confecção de camisa metálica em aço ASTM A36 com espessura de 6,3 mm - D = 900 mm","m",1755.59]
[2306614,"Confecção de camisa metálica em aço ASTM A36 com espessura de 8 mm - D = 1.000 mm","m",2956.85]
[2306615,"Confecção de camisa metálica em aço ASTM A36 com espessura de 8 mm - D = 1.100 mm","m",2975.55]
[2306616,"Confecção de camisa metálica em aço ASTM A36 com espessura de 8 mm - D = 1.200 mm","m",2993.88]
[2306611,"Confecção de camisa metálica em aço ASTM A36 com espessura de 8 mm - D = 700 mm","m",1841.3]
[2306612,"Confecção de camisa metálica em aço ASTM A36 com espessura de 8 mm - D = 800 mm","m",2257.21]
[2306613,"Confecção de camisa metálica em aço ASTM A36 com espessura de 8 mm - D = 900 mm","m",2275.9]
[2306618,"Confecção de camisa metálica em aço ASTM A36 com espessura de 9,5 mm - D = 1.000 mm","m",3586.18]
[2306619,"Confecção de camisa metálica em aço ASTM A36 com espessura de 9,5 mm - D = 1.100 mm","m",3613.34]
[2306620,"Confecção de camisa metálica em aço ASTM A36 com espessura de 9,5 mm - D = 1.200 mm","m",3639.76]
[2306621,"Confecção de camisa metálica em aço ASTM A36 com espessura de 9,5 mm - D = 1.300 mm","m",5239.93]
[2306622,"Confecção de camisa metálica em aço ASTM A36 com espessura de 9,5 mm - D = 1.400 mm","m",5267.15]
[2306623,"Confecção de camisa metálica em aço ASTM A36 com espessura de 9,5 mm - D = 1.500 mm","m",5293.51]
[2306617,"Confecção de camisa metálica em aço ASTM A36 com espessura de 9,5 mm - D = 900 mm","m",2772.86]
[2306014,"Contraventamento de grupo de estacas submersas em aço ASTM A36 - confecção e instalação","kg",11.13]
[2306700,"Escavação com perfuratriz tipo Wirth em rocha com média dureza e média abrasão - resistência à compressão menor que 80 MPa - D = 1.000 mm","m",2065.48]
[2306703,"Escavação com perfuratriz tipo Wirth em rocha com média dureza e média abrasão - resistência à compressão menor que 80 MPa - D = 1.100 mm","m",2137.54]
[2306706,"Escavação com perfuratriz tipo Wirth em rocha com média dureza e média abrasão - resistência à compressão menor que 80 MPa - D = 1.200 mm","m",2251.67]
[2306709,"Escavação com perfuratriz tipo Wirth em rocha com média dureza e média abrasão - resistência à compressão menor que 80 MPa - D = 1.300 mm","m",2419.7399999999998]
[2306712,"Escavação com perfuratriz tipo Wirth em rocha com média dureza e média abrasão - resistência à compressão menor que 80 MPa - D = 1.400 mm","m",2504.19]
[2306715,"Escavação com perfuratriz tipo Wirth em rocha com média dureza e média abrasão - resistência à compressão menor que 80 MPa - D = 1.500 mm","m",2612.52]
[2306718,"Escavação com perfuratriz tipo Wirth em rocha com média dureza e média abrasão - resistência à compressão menor que 80 MPa - D = 1.600 mm","m",2779.22]
[2306721,"Escavação com perfuratriz tipo Wirth em rocha com média dureza e média abrasão - resistência à compressão menor que 80 MPa - D = 1.700 mm","m",2858.8]
[2306724,"Escavação com perfuratriz tipo Wirth em rocha com média dureza e média abrasão - resistência à compressão menor que 80 MPa - D = 1.800 mm","m",3009.35]
[2306688,"Escavação com perfuratriz tipo Wirth em rocha com média dureza e média abrasão - resistência à compressão menor que 80 MPa - D = 600 mm","m",1644.11]
[2306691,"Escavação com perfuratriz tipo Wirth em rocha com média dureza e média abrasão - resistência à compressão menor que 80 MPa - D = 700 mm","m",1733]
[2306694,"Escavação com perfuratriz tipo Wirth em rocha com média dureza e média abrasão - resistência à compressão menor que 80 MPa - D = 800 mm","m",1856.5]
[2306697,"Escavação com perfuratriz tipo Wirth em rocha com média dureza e média abrasão - resistência à compressão menor que 80 MPa - D = 900 mm","m",1941.65]
[2306701,"Escavação com perfuratriz tipo Wirth em rocha de alta dureza e alta abrasão - resistência à compressão acima de 80 MPa - D = 1.000 mm","m",3848.52]
[2306704,"Escavação com perfuratriz tipo Wirth em rocha de alta dureza e alta abrasão - resistência à compressão acima de 80 MPa - D = 1.100 mm","m",4079.29]
[2306707,"Escavação com perfuratriz tipo Wirth em rocha de alta dureza e alta abrasão - resistência à compressão acima de 80 MPa - D = 1.200 mm","m",4244.26]
[2306710,"Escavação com perfuratriz tipo Wirth em rocha de alta dureza e alta abrasão - resistência à compressão acima de 80 MPa - D = 1.300 mm","m",4453.3]
[2306713,"Escavação com perfuratriz tipo Wirth em rocha de alta dureza e alta abrasão - resistência à compressão acima de 80 MPa - D = 1.400 mm","m",4572.43]
[2306716,"Escavação com perfuratriz tipo Wirth em rocha de alta dureza e alta abrasão - resistência à compressão acima de 80 MPa - D = 1.500 mm","m",4836.0200000000004]
[2306719,"Escavação com perfuratriz tipo Wirth em rocha de alta dureza e alta abrasão - resistência à compressão acima de 80 MPa - D = 1.600 mm","m",5247.03]
[2306722,"Escavação com perfuratriz tipo Wirth em rocha de alta dureza e alta abrasão - resistência à compressão acima de 80 MPa - D = 1.700 mm","m",5483.24]
[2306725,"Escavação com perfuratriz tipo Wirth em rocha de alta dureza e alta abrasão - resistência à compressão acima de 80 MPa - D = 1.800 mm","m",5739.12]
[2306689,"Escavação com perfuratriz tipo Wirth em rocha de alta dureza e alta abrasão - resistência à compressão acima de 80 MPa - D = 600 mm","m",3053.51]
[2306692,"Escavação com perfuratriz tipo Wirth em rocha de alta dureza e alta abrasão - resistência à compressão acima de 80 MPa - D = 700 mm","m",3212.53]
[2306695,"Escavação com perfuratriz tipo Wirth em rocha de alta dureza e alta abrasão - resistência à compressão acima de 80 MPa - D = 800 mm","m",3376.36]
[2306698,"Escavação com perfuratriz tipo Wirth em rocha de alta dureza e alta abrasão - resistência à compressão acima de 80 MPa - D = 900 mm","m",3572.18]
[2306699,"Escavação com perfuratriz tipo Wirth em solo - D = 1.000 mm","m",323.13]
[2306702,"Escavação com perfuratriz tipo Wirth em solo - D = 1.100 mm","m",333.99]
[2306705,"Escavação com perfuratriz tipo Wirth em solo - D = 1.200 mm","m",351.72]
[2306708,"Escavação com perfuratriz tipo Wirth em solo - D = 1.300 mm","m",364.63]
[2306711,"Escavação com perfuratriz tipo Wirth em solo - D = 1.400 mm","m",378.52]
[2306714,"Escavação com perfuratriz tipo Wirth em solo - D = 1.500 mm","m",393.51]
[2306717,"Escavação com perfuratriz tipo Wirth em solo - D = 1.600 mm","m",410.8]
[2306720,"Escavação com perfuratriz tipo Wirth em solo - D = 1.700 mm","m",428.51]
[2306723,"Escavação com perfuratriz tipo Wirth em solo - D = 1.800 mm","m",437.96]
[2306687,"Escavação com perfuratriz tipo Wirth em solo - D = 600 mm","m",269]
[2306690,"Escavação com perfuratriz tipo Wirth em solo - D = 700 mm","m",281.38]
[2306693,"Escavação com perfuratriz tipo Wirth em solo - D = 800 mm","m",293.86]
[2306696,"Escavação com perfuratriz tipo Wirth em solo - D = 900 mm","m",307.5]
[2306239,"Estaca barrete escavada com uso de fluido estabilizante - confecção","m³",228.81]
[2306090,"Estaca broca manual D = 25 cm - confecção","m",44.42]
[2306091,"Estaca broca manual D = 30 cm - confecção","m",59.23]
[2306072,"Estaca circular tipo estacão escavada com uso de fluido estabilizante - confecção","m³",725.45]
[2306133,"Estaca duplo perfil metálico W 250 x 17,9 - com emenda - fornecimento e cravação","m",522.76]
[2306114,"Estaca duplo trilho TR 25 - com emenda - fornecimento e cravação","m",295.58999999999997]
[2306115,"Estaca duplo trilho TR 37 - com emenda - fornecimento e cravação","m",431.21]
[2306116,"Estaca duplo trilho TR 45 - com emenda - fornecimento e cravação","m",513.88]
[2306118,"Estaca duplo trilho TR 57 - com emenda - fornecimento e cravação","m",646.01]
[2306122,"Estaca duplo trilho TR 68 - com emenda - fornecimento e cravação","m",765.52]
[2306078,"Estaca Franki com fuste apiloado D = 35 cm - confecção","m",114.52]
[2306080,"Estaca Franki com fuste apiloado D = 40 cm - confecção","m",124.93]
[2306082,"Estaca Franki com fuste apiloado D = 45 cm - confecção","m",137.41999999999999]
[2306084,"Estaca Franki com fuste apiloado D = 52 cm - confecção","m",159.79]
[2306086,"Estaca Franki com fuste apiloado D = 60 cm - confecção","m",196.32]
[2309088,"Estaca Franki com fuste apiloado D = 70 cm - confecção","m",274.83999999999997]
[2306074,"Estaca hélice contínua - confecção","m³",189.55]
[2306095,"Estaca hélice de deslocamento - confecção","m³",227.28]
[2306132,"Estaca perfil metálico W 150 x 22,5 (H) - fornecimento e cravação","m",335.67]
[2306015,"Estaca prancha metálica - fornecimento e cravação até 12 metros","kg",15.03]
[2306019,"Estaca prancha metálica com apoio de flutuante - fornecimento e cravação de 12 metros","kg",15.6]
[2306018,"Estaca prancha metálica com apoio de flutuante e utilização de 10 vezes - fornecimento, cravação até 12 metros","kg",2.66]
[2306016,"Estaca prancha metálica com utilização de 10 vezes - fornecimento, cravação até 12 metros","kg",1.81]
[2305999,"Estaca pré-moldada de concreto armado centrifugado com compressão admissível de 100 t - sem emenda - fornecimento e cravação","m",319.33999999999997]
[2306000,"Estaca pré-moldada de concreto armado centrifugado com compressão admissível de 125 t - sem emenda - fornecimento e cravação","m",398.32]
[2306001,"Estaca pré-moldada de concreto armado centrifugado com compressão admissível de 170 t - sem emenda - fornecimento e cravação","m",611.57000000000005]
[2306002,"Estaca pré-moldada de concreto armado centrifugado com compressão admissível de 230 t - sem emenda - fornecimento e cravação","m",667.57]
[2306003,"Estaca pré-moldada de concreto armado centrifugado com compressão admissível de 300 t - sem emenda - fornecimento e cravação","m",949.55]
[2305997,"Estaca pré-moldada de concreto armado centrifugado com compressão admissível de 55 t - sem emenda - fornecimento e cravação","m",215.5]
[2305998,"Estaca pré-moldada de concreto armado centrifugado com compressão admissível de 80 t - sem emenda - fornecimento e cravação","m",300.52]
[2306101,"Estaca pré-moldada de concreto protendido 15 x 15 cm - produzida - sem emenda - cravação","m",70.77]
[2306102,"Estaca pré-moldada de concreto protendido 17 x 17 cm - produzida - sem emenda - cravação","m",75.099999999999994]
[2306103,"Estaca pré-moldada de concreto protendido 20 x 20 cm - produzida - sem emenda - cravação","m",84.95]
[2306104,"Estaca pré-moldada de concreto protendido 21 x 21 cm - produzida - sem emenda - cravação","m",90.39]
[2306105,"Estaca pré-moldada de concreto protendido 23 x 23 cm - produzida - sem emenda - cravação","m",95.96]
[2306106,"Estaca pré-moldada de concreto protendido 25 x 25 cm - produzida - sem emenda - cravação","m",104.37]
[2306107,"Estaca pré-moldada de concreto protendido 26 x 26 cm - produzida - sem emenda - cravação","m",107.34]
[2306269,"Estaca pré-moldada de concreto protendido 30 x 30 cm - produzida - sem emenda - cravação","m",121.14]
[2306270,"Estaca pré-moldada de concreto protendido 33 x 33 cm - produzida - sem emenda - cravação","m",135.66999999999999]
[2306271,"Estaca pré-moldada de concreto protendido 35 x 35 cm - produzida - sem emenda - cravação","m",149.19999999999999]
[2306272,"Estaca pré-moldada de concreto protendido 38 x 38 cm - produzida - sem emenda - cravação","m",157.72999999999999]
[2306273,"Estaca pré-moldada de concreto protendido 40 x 40 cm - produzida - sem emenda - cravação","m",176.82]
[2306274,"Estaca pré-moldada de concreto protendido 42 x 42 cm - produzida - sem emenda - cravação","m",189.76]
[2306275,"Estaca pré-moldada de concreto protendido 45 x 45 cm - produzida - sem emenda - cravação","m",219.7]
[2306100,"Estaca pré-moldada de concreto protendido com compressão admissível de 100 t - comercial - sem emenda - fornecimento e cravação","m",305.66000000000003]
[2306004,"Estaca pré-moldada de concreto protendido com compressão admissível de 25 t - comercial - sem emenda - fornecimento e cravação","m",126.45]
[2306097,"Estaca pré-moldada de concreto protendido com compressão admissível de 35 t - comercial - sem emenda - fornecimento e cravação","m",148.76]
[2306098,"Estaca pré-moldada de concreto protendido com compressão admissível de 60 t - comercial - sem emenda - fornecimento e cravação","m",179.28]
[2306007,"Estaca pré-moldada de concreto protendido com compressão admissível de 75 t - comercial - sem emenda - fornecimento e cravação","m",240.88]
[2306067,"Estaca raiz perfurada na rocha com D = 16 cm - confecção","m",448.7]
[2306068,"Estaca raiz perfurada na rocha com D = 20 cm - confecção","m",564.79999999999995]
[2306069,"Estaca raiz perfurada na rocha com D = 25 cm - confecção","m",765.88]
[2306070,"Estaca raiz perfurada na rocha com D = 31 cm - confecção","m",1197.05]
[2306071,"Estaca raiz perfurada na rocha com D = 40 cm - confecção","m",1802.12]
[2306181,"Estaca raiz perfurada na rocha com D = 45 cm - confecção","m",1813.7]
[2306062,"Estaca raiz perfurada no solo com D = 16 cm - confecção","m",84.93]
[2306063,"Estaca raiz perfurada no solo com D = 20 cm - confecção","m",103.11]
[2306064,"Estaca raiz perfurada no solo com D = 25 cm - confecção","m",128.18]
[2306065,"Estaca raiz perfurada no solo com D = 31 cm - confecção","m",166.63]
[2306066,"Estaca raiz perfurada no solo com D = 40 cm - confecção","m",236.02]
[2306180,"Estaca raiz perfurada no solo com D = 45 cm - confecção","m",266.62]
[2306009,"Estaca Strauss D = 25 cm - confecção","m",17.21]
[2306010,"Estaca Strauss D = 32 cm - confecção","m",21.44]
[2306011,"Estaca Strauss D = 38 cm - confecção","m",24.42]
[2306012,"Estaca Strauss D = 45 cm - confecção","m",28.59]
[2306108,"Estaca trilho TR 25 - fornecimento e cravação","m",157.52000000000001]
[2306110,"Estaca trilho TR 37 - fornecimento e cravação","m",225.55]
[2306111,"Estaca trilho TR 45 - fornecimento e cravação","m",266.54000000000002]
[2306112,"Estaca trilho TR 57 - fornecimento e cravação","m",332.41]
[2306113,"Estaca trilho TR 68 - fornecimento e cravação","m",392.04]
[2306123,"Estaca triplo trilho TR 25 - com emenda - fornecimento e cravação","m",432.39]
[2306124,"Estaca triplo trilho TR 37 - com emenda - fornecimento e cravação","m",635.24]
[2306125,"Estaca triplo trilho TR 45 - com emenda - fornecimento e cravação","m",758.83]
[2306126,"Estaca triplo trilho TR 57 - com emenda - fornecimento e cravação","m",956.45]
[2306127,"Estaca triplo trilho TR 68 - com emenda - fornecimento e cravação","m",1135.0899999999999]
[2306300,"Fabricação de estaca pré-moldada de concreto protendida seção 15 x 15 cm","m",34.22]
[2306301,"Fabricação de estaca pré-moldada de concreto protendida seção 17 x 17 cm","m",36.700000000000003]
[2306302,"Fabricação de estaca pré-moldada de concreto protendida seção 20 x 20 cm","m",44.29]
[2306303,"Fabricação de estaca pré-moldada de concreto protendida seção 21 x 21 cm","m",48.18]
[2306304,"Fabricação de estaca pré-moldada de concreto protendida seção 23 x 23 cm","m",51.43]
[2306305,"Fabricação de estaca pré-moldada de concreto protendida seção 25 x 25 cm","m",57.61]
[2306306,"Fabricação de estaca pré-moldada de concreto protendida seção 26 x 26 cm","m",59.02]
[2306307,"Fabricação de estaca pré-moldada de concreto protendida seção 30 x 30 cm","m",68.75]
[2306308,"Fabricação de estaca pré-moldada de concreto protendida seção 33 x 33 cm","m",77.819999999999993]
[2306309,"Fabricação de estaca pré-moldada de concreto protendida seção 35 x 35 cm","m",88]
[2306310,"Fabricação de estaca pré-moldada de concreto protendida seção 38 x 38 cm","m",93.11]
[2306311,"Fabricação de estaca pré-moldada de concreto protendida seção 40 x 40 cm","m",107.14]
[2306312,"Fabricação de estaca pré-moldada de concreto protendida seção 42 x 42 cm","m",116.21]
[2306313,"Fabricação de estaca pré-moldada de concreto protendida seção 45 x 45 cm","m",140.09]
[2306013,"Gabarito de cravação de estacas submersas em aço ASTM A36 - confecção e instalação","kg",11.04]
[2306243,"Muro guia para estaca barrete com duas cortinas de 10 x 110 cm","m",622.78]
[2408149,"Estrutura em chapa de aço ASTM A36 corte, solda e montagem - fornecimento e instalação","kg",14.43]
[2407972,"Fornecimento e aplicação de adesivo estrutural à base de resina epóxi","kg",76.150000000000006]
[2408075,"Jateamento abrasivo em chapa de aço por esteira contínua","m²",5.26]
[2408069,"Jateamento de chapa de aço com o uso de granalhas de aço grau SA2","m²",5.39]
[2419790,"Jateamento de chapa de aço com o uso de granalhas de aço grau SA2 1/2","m²",9.73]
[2408068,"Jateamento de chapa de aço com o uso de granalhas de aço Grau SA3","m²",15.16]
[2419705,"Pintura com epóxi de dois componentes com pistola a ar comprimido, uma demão, espessura de até 120 µm","m²",10.26]
[2419704,"Pintura com primer epóxi de dois componentes com pistola a ar comprimido, uma demão, espessura de até 70 µm","m²",12.96]
[2419703,"Pintura com tinta anticorrosiva à base de epóxi poliamida de dois componentes com pistola a ar comprimido, uma demão, espessura de até 150 µm","m²",14.82]
[2408080,"Pintura de acabamento com esmalte epóxi com pistola a ar comprimido, uma demão, espessura de até 40 µm","m²",7.43]
[2408078,"Pintura de acabamento com esmalte sintético com pistola a ar comprimido, uma demão, espessura de até 30 µm","m²",3.24]
[2408077,"Pintura de fundo com tinta alquídica com pistola a ar comprimido, uma demão, espessura de até 30 µm","m²",7.54]
[2408079,"Pintura de fundo com tinta epóxi com pistola a ar comprimido, uma demão, espessura de até 120 µm","m²",38.35]
[2408076,"Pintura shop primer em chapa de aço por esteira contínua","m²",10.86]
[2408057,"Solda elétrica de perfis metálicos e chapas de aço com eletrodo E60XX","kg",94.52]
[2408058,"Solda elétrica de perfis metálicos e chapas de aço com eletrodo E70XX","kg",60.36]
[2419789,"Tratamento em chapa de aço por esteira contínua","m²",8.9600000000000009]
[2607183,"Alinhamento manual da grade do AMV para qualquer abertura e qualquer bitola","un",325.41000000000003]
[2607226,"Assentamento dos materiais metálicos do AMV 1:10, TR 45, bitola larga","un",331088.37]
[2607209,"Assentamento dos materiais metálicos do AMV 1:10, TR 45, bitola métrica","un",288798.88]
[2607161,"Assentamento dos materiais metálicos do AMV 1:10, TR 45, bitola mista","un",396239.58]
[2607148,"Assentamento dos materiais metálicos do AMV 1:10, TR 57, bitola larga","un",417422.99]
[2607213,"Assentamento dos materiais metálicos do AMV 1:10, TR 57, bitola métrica","un",363795.88]
[2607165,"Assentamento dos materiais metálicos do AMV 1:10, TR 57, bitola mista","un",503785.51]
[2607152,"Assentamento dos materiais metálicos do AMV 1:10, TR 68, bitola larga","un",499606.44]
[2607217,"Assentamento dos materiais metálicos do AMV 1:10, TR 68, bitola métrica","un",432506.97]
[2607169,"Assentamento dos materiais metálicos do AMV 1:10, TR 68, bitola mista","un",598674.18999999994]
[2607156,"Assentamento dos materiais metálicos do AMV 1:10, UIC 60, bitola larga","un",439121.36]
[2607221,"Assentamento dos materiais metálicos do AMV 1:10, UIC 60, bitola métrica","un",382589.09]
[2607173,"Assentamento dos materiais metálicos do AMV 1:10, UIC 60, bitola mista","un",529741.87]
[2607227,"Assentamento dos materiais metálicos do AMV 1:12, TR 45, bitola larga","un",363608.39]
[2607210,"Assentamento dos materiais metálicos do AMV 1:12, TR 45, bitola métrica","un",317054.71999999997]
[2607162,"Assentamento dos materiais metálicos do AMV 1:12, TR 45, bitola mista","un",435361.29]
[2607149,"Assentamento dos materiais metálicos do AMV 1:12, TR 57, bitola larga","un",458613.53]
[2607214,"Assentamento dos materiais metálicos do AMV 1:12, TR 57, bitola métrica","un",399579.1]
[2607166,"Assentamento dos materiais metálicos do AMV 1:12, TR 57, bitola mista","un",553357.87]
[2607153,"Assentamento dos materiais metálicos do AMV 1:12, TR 68, bitola larga","un",548621.6]
[2607218,"Assentamento dos materiais metálicos do AMV 1:12, TR 68, bitola métrica","un",478820.5]
[2607170,"Assentamento dos materiais metálicos do AMV 1:12, TR 68, bitola mista","un",657767.28]
[2607157,"Assentamento dos materiais metálicos do AMV 1:12, UIC 60, bitola larga","un",486144.69]
[2607222,"Assentamento dos materiais metálicos do AMV 1:12, UIC 60, bitola métrica","un",420258.87]
[2607174,"Assentamento dos materiais metálicos do AMV 1:12, UIC 60, bitola mista","un",581924.64]
[2607228,"Assentamento dos materiais metálicos do AMV 1:14, TR 45, bitola larga","un",399352.19]
[2607211,"Assentamento dos materiais metálicos do AMV 1:14, TR 45, bitola métrica","un",348114.87]
[2607163,"Assentamento dos materiais metálicos do AMV 1:14, TR 45, bitola mista","un",481993.33]
[2607150,"Assentamento dos materiais metálicos do AMV 1:14, TR 57, bitola larga","un",507599.57]
[2607215,"Assentamento dos materiais metálicos do AMV 1:14, TR 57, bitola métrica","un",438914.1]
[2607167,"Assentamento dos materiais metálicos do AMV 1:14, TR 57, bitola mista","un",607829.88]
[2607154,"Assentamento dos materiais metálicos do AMV 1:14, TR 68, bitola larga","un",602508.73]
[2607219,"Assentamento dos materiais metálicos do AMV 1:14, TR 68, bitola métrica","un",525727.49]
[2607171,"Assentamento dos materiais metálicos do AMV 1:14, TR 68, bitola mista","un",733637.08]
[2607158,"Assentamento dos materiais metálicos do AMV 1:14, UIC 60, bitola larga","un",533823.18999999994]
[2607223,"Assentamento dos materiais metálicos do AMV 1:14, UIC 60, bitola métrica","un",461667.74]
[2607175,"Assentamento dos materiais metálicos do AMV 1:14, UIC 60, bitola mista","un",639265.68999999994]
[2607151,"Assentamento dos materiais metálicos do AMV 1:20, TR 57, bitola larga","un",607417.91]
[2607216,"Assentamento dos materiais metálicos do AMV 1:20, TR 57, bitola métrica","un",529306.55000000005]
[2607168,"Assentamento dos materiais metálicos do AMV 1:20, TR 57, bitola mista","un",739058.54]
[2607155,"Assentamento dos materiais metálicos do AMV 1:20, TR 68, bitola larga","un",732227.68]
[2607220,"Assentamento dos materiais metálicos do AMV 1:20, TR 68, bitola métrica","un",629159.31000000006]
[2607172,"Assentamento dos materiais metálicos do AMV 1:20, TR 68, bitola mista","un",877012.51]
[2607159,"Assentamento dos materiais metálicos do AMV 1:20, UIC 60, bitola larga","un",639029.49]
[2607224,"Assentamento dos materiais metálicos do AMV 1:20, UIC 60, bitola métrica","un",556634.61]
[2607176,"Assentamento dos materiais metálicos do AMV 1:20, UIC 60, bitola mista","un",776829.48]
[2607225,"Assentamento dos materiais metálicos do AMV 1:8, TR 45, bitola larga","un",301499.53999999998]
[2607208,"Assentamento dos materiais metálicos do AMV 1:8, TR 45, bitola métrica","un",263093.14]
[2607160,"Assentamento dos materiais metálicos do AMV 1:8, TR 45, bitola mista","un",360633.3]
[2607229,"Assentamento dos materiais metálicos do AMV 1:8, TR 57, bitola larga","un",379918.38]
[2607212,"Assentamento dos materiais metálicos do AMV 1:8, TR 57, bitola métrica","un",331241.83]
[2607164,"Assentamento dos materiais metálicos do AMV 1:8, TR 57, bitola mista","un",455024.17]
[2607207,"Lançamento manual de lastro em AMV com descarga da brita por caminhão","m³",154.51]
[2607206,"Lançamento mecânico de lastro em AMV com descarga da brita por caminhão e espalhamento com carregadeira de pneus","m³",149.61000000000001]
[2607344,"Nivelamento de AMV com socaria com grupo vibrador e levante de até 10 cm, abertura 1:10, bitola larga, dormente de madeira ou concreto","un",233.66]
[2607339,"Nivelamento de AMV com socaria com grupo vibrador e levante de até 10 cm, abertura 1:10, bitola métrica, dormente de madeira ou concreto","un",160.53]
[2607349,"Nivelamento de AMV com socaria com grupo vibrador e levante de até 10 cm, abertura 1:10, bitola mista, dormente de madeira ou concreto","un",356.8]
[2607345,"Nivelamento de AMV com socaria com grupo vibrador e levante de até 10 cm, abertura 1:12, bitola larga, dormente de madeira ou concreto","un",266.63]
[2607340,"Nivelamento de AMV com socaria com grupo vibrador e levante de até 10 cm, abertura 1:12, bitola métrica, dormente de madeira ou concreto","un",183.29]
[2607350,"Nivelamento de AMV com socaria com grupo vibrador e levante de até 10 cm, abertura 1:12, bitola mista, dormente de madeira ou concreto","un",407.56]
[2607346,"Nivelamento de AMV com socaria com grupo vibrador e levante de até 10 cm, abertura 1:14, bitola larga, dormente de madeira ou concreto","un",309.68]
[2607341,"Nivelamento de AMV com socaria com grupo vibrador e levante de até 10 cm, abertura 1:14, bitola métrica, dormente de madeira ou concreto","un",216.23]
[2607351,"Nivelamento de AMV com socaria com grupo vibrador e levante de até 10 cm, abertura 1:14, bitola mista, dormente de madeira ou concreto","un",473.43]
[2607347,"Nivelamento de AMV com socaria com grupo vibrador e levante de até 10 cm, abertura 1:20, bitola larga, dormente de madeira ou concreto","un",408.6]
[2607342,"Nivelamento de AMV com socaria com grupo vibrador e levante de até 10 cm, abertura 1:20, bitola métrica, dormente de madeira ou concreto","un",266.63]
[2607352,"Nivelamento de AMV com socaria com grupo vibrador e levante de até 10 cm, abertura 1:20, bitola mista, dormente de madeira ou concreto","un",622.91]
[2607343,"Nivelamento de AMV com socaria com grupo vibrador e levante de até 10 cm, abertura 1:8, bitola larga, dormente de madeira","un",187.61]
[2607338,"Nivelamento de AMV com socaria com grupo vibrador e levante de até 10 cm, abertura 1:8, bitola métrica, dormente de madeira","un",137.29]
[2607348,"Nivelamento de AMV com socaria com grupo vibrador e levante de até 10 cm, abertura 1:8, bitola mista, dormente de madeira","un",286.64999999999998]
[2607329,"Nivelamento de AMV com socaria manual e levante de até 10 cm, abertura 1:10, bitola larga, dormente de madeira ou concreto","un",541.04]
[2607324,"Nivelamento de AMV com socaria manual e levante de até 10 cm, abertura 1:10, bitola métrica, dormente de madeira ou concreto","un",369.39]
[2607334,"Nivelamento de AMV com socaria manual e levante de até 10 cm, abertura 1:10, bitola mista, dormente de madeira ou concreto","un",784.44]
[2607330,"Nivelamento de AMV com socaria manual e levante de até 10 cm, abertura 1:12, bitola larga, dormente de madeira ou concreto","un",618.66999999999996]
[2607325,"Nivelamento de AMV com socaria manual e levante de até 10 cm, abertura 1:12, bitola métrica, dormente de madeira ou concreto","un",424.21]
[2607335,"Nivelamento de AMV com socaria manual e levante de até 10 cm, abertura 1:12, bitola mista, dormente de madeira ou concreto","un",896.37]
[2607331,"Nivelamento de AMV com socaria manual e levante de até 10 cm, abertura 1:14, bitola larga, dormente de madeira ou concreto","un",719.23]
[2607326,"Nivelamento de AMV com socaria manual e levante de até 10 cm, abertura 1:14, bitola métrica, dormente de madeira ou concreto","un",501.84]
[2607336,"Nivelamento de AMV com socaria manual e levante de até 10 cm, abertura 1:14, bitola mista, dormente de madeira ou concreto","un",1042.68]
[2607332,"Nivelamento de AMV com socaria manual e levante de até 10 cm, abertura 1:20, bitola larga, dormente de madeira ou concreto","un",952.19]
[2607327,"Nivelamento de AMV com socaria manual e levante de até 10 cm, abertura 1:20, bitola métrica, dormente de madeira ou concreto","un",618.66999999999996]
[2607337,"Nivelamento de AMV com socaria manual e levante de até 10 cm, abertura 1:20, bitola mista, dormente de madeira ou concreto","un",1378.56]
[2607328,"Nivelamento de AMV com socaria manual e levante de até 10 cm, abertura 1:8, bitola larga, dormente de madeira","un",434.01]
[2607323,"Nivelamento de AMV com socaria manual e levante de até 10 cm, abertura 1:8, bitola métrica, dormente de madeira","un",317.11]
[2607333,"Nivelamento de AMV com socaria manual e levante de até 10 cm, abertura 1:8, bitola mista, dormente de madeira","un",628.41]
[2607106,"Posicionamento de jogo de dormentes de concreto para AMV 1:10, bitola larga","jg",95746.26]
[2607102,"Posicionamento de jogo de dormentes de concreto para AMV 1:10, bitola métrica","jg",47075.5]
[2607261,"Posicionamento de jogo de dormentes de concreto para AMV 1:10, bitola mista","jg",95746.26]
[2607107,"Posicionamento de jogo de dormentes de concreto para AMV 1:12, bitola larga","jg",109277.69]
[2607103,"Posicionamento de jogo de dormentes de concreto para AMV 1:12, bitola métrica","jg",53576.92]
[2607262,"Posicionamento de jogo de dormentes de concreto para AMV 1:12, bitola mista","jg",109277.69]
[2607108,"Posicionamento de jogo de dormentes de concreto para AMV 1:14, bitola larga","jg",127295.75]
[2607104,"Posicionamento de jogo de dormentes de concreto para AMV 1:14, bitola métrica","jg",63305.08]
[2607263,"Posicionamento de jogo de dormentes de concreto para AMV 1:14, bitola mista","jg",127295.75]
[2607109,"Posicionamento de jogo de dormentes de concreto para AMV 1:20, bitola larga","jg",167842.3]
[2607105,"Posicionamento de jogo de dormentes de concreto para AMV 1:20, bitola métrica","jg",78727.98]
[2607264,"Posicionamento de jogo de dormentes de concreto para AMV 1:20, bitola mista","jg",167842.3]
[2607093,"Posicionamento de jogo de dormentes de madeira para AMV 1:10, bitola larga","jg",56570.64]
[2607088,"Posicionamento de jogo de dormentes de madeira para AMV 1:10, bitola métrica","jg",23272.61]
[2607098,"Posicionamento de jogo de dormentes de madeira para AMV 1:10, bitola mista","jg",56910.99]
[2607094,"Posicionamento de jogo de dormentes de madeira para AMV 1:12, bitola larga","jg",63762.080000000002]
[2607089,"Posicionamento de jogo de dormentes de madeira para AMV 1:12, bitola métrica","jg",26645]
[2607099,"Posicionamento de jogo de dormentes de madeira para AMV 1:12, bitola mista","jg",64149.81]
[2607095,"Posicionamento de jogo de dormentes de madeira para AMV 1:14, bitola larga","jg",74903.11]
[2607090,"Posicionamento de jogo de dormentes de madeira para AMV 1:14, bitola métrica","jg",32449.279999999999]
[2607260,"Posicionamento de jogo de dormentes de madeira para AMV 1:14, bitola mista","jg",75353.429999999993]
[2607096,"Posicionamento de jogo de dormentes de madeira para AMV 1:20, bitola larga","jg",98742.1]
[2607091,"Posicionamento de jogo de dormentes de madeira para AMV 1:20, bitola métrica","jg",40769.19]
[2607101,"Posicionamento de jogo de dormentes de madeira para AMV 1:20, bitola mista","jg",99335.63]
[2607092,"Posicionamento de jogo de dormentes de madeira para AMV 1:8, bitola larga","jg",45014.16]
[2607087,"Posicionamento de jogo de dormentes de madeira para AMV 1:8, bitola métrica","jg",19424.23]
[2607097,"Posicionamento de jogo de dormentes de madeira para AMV 1:8, bitola mista","jg",45286.65]
[2607198,"Regularização manual do lastro do AMV para qualquer abertura e qualquer bitola","un",326.95999999999998]
[2809170,"Demolição de AMV 1:10 TR 37, em bitola métrica, dormente de madeira, com separação e empilhamento","un",1874.64]
[2809183,"Demolição de AMV 1:10 TR 45, em bitola larga, dormente de madeira, com separação e empilhamento","un",2716.78]
[2809174,"Demolição de AMV 1:10 TR 45, em bitola métrica, dormente de madeira, com separação e empilhamento","un",1960.65]
[2809196,"Demolição de AMV 1:10 TR 45, em bitola mista, dormente de madeira, com separação e empilhamento","un",2851.96]
[2809187,"Demolição de AMV 1:10 TR 57, em bitola larga, dormente de madeira, com separação e empilhamento","un",2846.01]
[2809178,"Demolição de AMV 1:10 TR 57, em bitola métrica, dormente de madeira, com separação e empilhamento","un",2089.5500000000002]
[2809200,"Demolição de AMV 1:10 TR 57, em bitola mista, dormente de madeira, com separação e empilhamento","un",2986.6]
[2809191,"Demolição de AMV 1:10 TR 68, em bitola larga, dormente de madeira, com separação e empilhamento","un",2964.53]
[2809204,"Demolição de AMV 1:10 TR 68, em bitola mista, dormente de madeira, com separação e empilhamento","un",3109.85]
[2809171,"Demolição de AMV 1:12 TR 37, em bitola métrica, dormente de madeira, com separação e empilhamento","un",2117.02]
[2809184,"Demolição de AMV 1:12 TR 45, em bitola larga, dormente de madeira, com separação e empilhamento","un",3066.89]
[2809175,"Demolição de AMV 1:12 TR 45, em bitola métrica, dormente de madeira, com separação e empilhamento","un",2211.64]
[2809197,"Demolição de AMV 1:12 TR 45, em bitola mista, dormente de madeira, com separação e empilhamento","un",3216.1]
[2809188,"Demolição de AMV 1:12 TR 57, em bitola larga, dormente de madeira, com separação e empilhamento","un",3209.05]
[2809179,"Demolição de AMV 1:12 TR 57, em bitola métrica, dormente de madeira, com separação e empilhamento","un",2353.42]
[2809201,"Demolição de AMV 1:12 TR 57, em bitola mista, dormente de madeira, com separação e empilhamento","un",3364.19]
[2809192,"Demolição de AMV 1:12 TR 68, em bitola larga, dormente de madeira, com separação e empilhamento","un",3339.42]
[2809205,"Demolição de AMV 1:12 TR 68, em bitola mista, dormente de madeira, com separação e empilhamento","un",3499.77]
[2809172,"Demolição de AMV 1:14 TR 37, em bitola métrica, dormente de madeira, com separação e empilhamento","un",2476.56]
[2809185,"Demolição de AMV 1:14 TR 45, em bitola larga, dormente de madeira, com separação e empilhamento","un",3533.2]
[2809176,"Demolição de AMV 1:14 TR 45, em bitola métrica, dormente de madeira, com separação e empilhamento","un",2580.64]
[2809198,"Demolição de AMV 1:14 TR 45, em bitola mista, dormente de madeira, com separação e empilhamento","un",3700.24]
[2809189,"Demolição de AMV 1:14 TR 57, em bitola larga, dormente de madeira, com separação e empilhamento","un",3689.57]
[2809180,"Demolição de AMV 1:14 TR 57, em bitola métrica, dormente de madeira, com separação e empilhamento","un",2736.6]
[2809202,"Demolição de AMV 1:14 TR 57, em bitola mista, dormente de madeira, com separação e empilhamento","un",3863.15]
[2809193,"Demolição de AMV 1:14 TR 68, em bitola larga, dormente de madeira, com separação e empilhamento","un",3832.98]
[2809206,"Demolição de AMV 1:14 TR 68, em bitola mista, dormente de madeira, com separação e empilhamento","un",4012.29]
[2809190,"Demolição de AMV 1:20 TR 57, em bitola larga, dormente de madeira, com separação e empilhamento","un",4784.54]
[2809181,"Demolição de AMV 1:20 TR 57, em bitola métrica, dormente de madeira, com separação e empilhamento","un",3365.67]
[2809203,"Demolição de AMV 1:20 TR 57, em bitola mista, dormente de madeira, com separação e empilhamento","un",4994.72]
[2809194,"Demolição de AMV 1:20 TR 68, em bitola larga, dormente de madeira, com separação e empilhamento","un",4956.63]
[2809207,"Demolição de AMV 1:20 TR 68, em bitola mista, dormente de madeira, com separação e empilhamento","un",5173.68]
[2809169,"Demolição de AMV 1:8 TR 37, em bitola métrica, dormente de madeira, com separação e empilhamento","un",1610.33]
[2809182,"Demolição de AMV 1:8 TR 45, em bitola larga, dormente de madeira, com separação e empilhamento","un",2233.5700000000002]
[2809173,"Demolição de AMV 1:8 TR 45, em bitola métrica, dormente de madeira, com separação e empilhamento","un",1688.52]
[2809195,"Demolição de AMV 1:8 TR 45, em bitola mista, dormente de madeira, com separação e empilhamento","un",2334.7600000000002]
[2809186,"Demolição de AMV 1:8 TR 57, em bitola larga, dormente de madeira, com separação e empilhamento","un",2351.0500000000002]
[2809177,"Demolição de AMV 1:8 TR 57, em bitola métrica, dormente de madeira, com separação e empilhamento","un",1805.7]
[2809199,"Demolição de AMV 1:8 TR 57, em bitola mista, dormente de madeira, com separação e empilhamento","un",2457.16]
[2809219,"Demolição de via, bitola larga, 1.667 dormentes de madeira/km, trilho TR 45, barra com 12 m de comprimento, com separação e empilhamento","km",23242.89]
[2809220,"Demolição de via, bitola larga, 1.667 dormentes de madeira/km, trilho TR 57, barra com 12 m de comprimento, com separação e empilhamento","km",24644.74]
[2809221,"Demolição de via, bitola larga, 1.667 dormentes de madeira/km, trilho TR 68, barra com 12 m de comprimento, com separação e empilhamento","km",25310.799999999999]
[2809163,"Demolição de via, bitola larga, 1.750 dormentes de madeira/km, trilho TR 45, barra com 12 m de comprimento, com separação e empilhamento","km",24278.31]
[2809164,"Demolição de via, bitola larga, 1.750 dormentes de madeira/km, trilho TR 57, barra com 12 m de comprimento, com separação e empilhamento","km",25731.97]
[2809165,"Demolição de via, bitola larga, 1.750 dormentes de madeira/km, trilho TR 68, barra com 12 m de comprimento, com separação e empilhamento","km",26416.61]
[2809216,"Demolição de via, bitola métrica, 1.667 dormentes de madeira/km, trilho TR 37, barra com 12 m de comprimento, com separação e empilhamento","km",21750.57]
[2809217,"Demolição de via, bitola métrica, 1.667 dormentes de madeira/km, trilho TR 45, barra com 12 m de comprimento, com separação e empilhamento","km",22103.39]
[2809218,"Demolição de via, bitola métrica, 1.667 dormentes de madeira/km, trilho TR 57, barra com 12 m de comprimento, com separação e empilhamento","km",23497.23]
[2809160,"Demolição de via, bitola métrica, 1.750 dormentes de madeira/km, trilho TR 37, barra com 12 m de comprimento, com separação e empilhamento","km",22727.69]
[2809161,"Demolição de via, bitola métrica, 1.750 dormentes de madeira/km, trilho TR 45, barra com 12 m de comprimento, com separação e empilhamento","km",23083.02]
[2809162,"Demolição de via, bitola métrica, 1.750 dormentes de madeira/km, trilho TR 57, barra com 12 m de comprimento, com separação e empilhamento","km",24528.54]
[2809222,"Demolição de via, bitola mista, 1.667 dormentes de madeira/km, trilho TR 45, barra com 12 m de comprimento, com separação e empilhamento","km",20920.8]
[2809223,"Demolição de via, bitola mista, 1.667 dormentes de madeira/km, trilho TR 57, barra com 12 m de comprimento, com separação e empilhamento","km",26887.64]
[2809224,"Demolição de via, bitola mista, 1.667 dormentes de madeira/km, trilho TR 68, barra com 12 m de comprimento, com separação e empilhamento","km",27886.73]
[2809166,"Demolição de via, bitola mista, 1.750 dormentes de madeira/km, trilho TR 45, barra com 12 m de comprimento, com separação e empilhamento","km",21782.27]
[2809167,"Demolição de via, bitola mista, 1.750 dormentes de madeira/km, trilho TR 57, barra com 12 m de comprimento, com separação e empilhamento","km",28042.15]
[2809168,"Demolição de via, bitola mista, 1.750 dormentes de madeira/km, trilho TR 68, barra com 12 m de comprimento, com separação e empilhamento","km",29069.1]
[2909152,"Aferição da geometria da via com carro controle","km",111.62]
[2909153,"Capina química da plataforma ferroviária","km",167.63]
[2909151,"Estabilização dinâmica da via","km",61.61]
[2909145,"Nivelamento de junta com socaria manual da via","un",10.85]
[2909379,"Nivelamento de via com grupo gerador/vibrador e levante de até 10 cm - bitola métrica ou larga com dormente de madeira ou concreto e taxa de dormentação de 1.667 un/km","km",6020.45]
[2909381,"Nivelamento de via com grupo gerador/vibrador e levante de até 10 cm - bitola métrica ou larga com dormente de madeira ou concreto e taxa de dormentação de 1.750 un/km","km",6299.86]
[2909380,"Nivelamento de via com grupo gerador/vibrador e levante de até 10 cm - bitola mista com dormente de madeira ou concreto e taxa de dormentação de 1.667 un/km","km",8823.83]
[2909382,"Nivelamento de via com grupo gerador/vibrador e levante de até 10 cm - bitola mista com dormente de madeira ou concreto e taxa de dormentação de 1.750 un/km","km",9241.9699999999993]
[2909375,"Nivelamento de via com socaria manual e levante de até 10 cm - bitola métrica ou larga com dormente de madeira ou concreto e taxa de dormentação de 1.667 un/km","km",9679.06]
[2909377,"Nivelamento de via com socaria manual e levante de até 10 cm - bitola métrica ou larga com dormente de madeira ou concreto e taxa de dormentação de 1.750 un/km","km",10131.07]
[2909376,"Nivelamento de via com socaria manual e levante de até 10 cm - bitola mista com dormente de madeira ou concreto e taxa de dormentação de 1.667 un/km","km",14216.25]
[2909378,"Nivelamento de via com socaria manual e levante de até 10 cm - bitola mista com dormente de madeira ou concreto e taxa de dormentação de 1.750 un/km","km",14899.73]
[2909383,"Nivelamento e alinhamento de via com socadora automática e levante de até 10 cm - qualquer bitola ou dormente e taxa de dormentação de 1.667 un/km","km",5435.62]
[2909384,"Nivelamento e alinhamento de via com socadora automática e levante de até 10 cm - qualquer bitola ou dormente e taxa de dormentação de 1.750 un/km","km",5706.29]
[2909148,"Regularização do lastro com reguladora de lastro","km",428.86]
[3009336,"Alívio de tensão, com martelo de bronze, em TLS com 120 de comprimento de TR45, taxa de dormentação de 1.667 un/km, para qualquer bitola e fixação elástica","un",97.88]
[3009337,"Alívio de tensão, com martelo de bronze, em TLS com 120 de comprimento de TR45, taxa de dormentação de 1.750 un/km, para qualquer bitola e fixação elástica","un",100.48]
[3009340,"Alívio de tensão, com martelo de bronze, em TLS com 120 de comprimento de TR57, taxa de dormentação de 1.667 un/km, para qualquer bitola e fixação elástica","un",187.43]
[3009341,"Alívio de tensão, com martelo de bronze, em TLS com 120 de comprimento de TR57, taxa de dormentação de 1.750 un/km, para qualquer bitola e fixação elástica","un",192.64]
[3009344,"Alívio de tensão, com martelo de bronze, em TLS com 120 de comprimento de TR68, taxa de dormentação de 1.667 un/km, para qualquer bitola e fixação elástica","un",98.31]
[3009345,"Alívio de tensão, com martelo de bronze, em TLS com 120 de comprimento de TR68, taxa de dormentação de 1.750 un/km, para qualquer bitola e fixação elástica","un",100.91]
[3009348,"Alívio de tensão, com martelo de bronze, em TLS com 120 de comprimento de UIC60, taxa de dormentação de 1.667 un/km, para qualquer bitola e fixação elástica","un",187.48]
[3009349,"Alívio de tensão, com martelo de bronze, em TLS com 120 de comprimento de UIC60, taxa de dormentação de 1.750 un/km, para qualquer bitola e fixação elástica","un",192.69]
[3009338,"Alívio de tensão, com martelo de bronze, em TLS com 240 de comprimento de TR45, taxa de dormentação de 1.667 un/km, para qualquer bitola e fixação elástica","un",97.88]
[3009339,"Alívio de tensão, com martelo de bronze, em TLS com 240 de comprimento de TR45, taxa de dormentação de 1.750 un/km, para qualquer bitola e fixação elástica","un",100.48]
[3009342,"Alívio de tensão, com martelo de bronze, em TLS com 240 de comprimento de TR57, taxa de dormentação de 1.667 un/km, para qualquer bitola e fixação elástica","un",187.43]
[3009343,"Alívio de tensão, com martelo de bronze, em TLS com 240 de comprimento de TR57, taxa de dormentação de 1.750 un/km, para qualquer bitola e fixação elástica","un",192.64]
[3009346,"Alívio de tensão, com martelo de bronze, em TLS com 240 de comprimento de TR68, taxa de dormentação de 1.667 un/km, para qualquer bitola e fixação elástica","un",98.31]
[3009347,"Alívio de tensão, com martelo de bronze, em TLS com 240 de comprimento de TR68, taxa de dormentação de 1.750 un/km, para qualquer bitola e fixação elástica","un",100.91]
[3009350,"Alívio de tensão, com martelo de bronze, em TLS com 240 de comprimento de UIC60, taxa de dormentação de 1.667 un/km, para qualquer bitola e fixação elástica","un",187.48]
[3009351,"Alívio de tensão, com martelo de bronze, em TLS com 240 de comprimento de UIC60, taxa de dormentação de 1.750 un/km, para qualquer bitola e fixação elástica","un",192.69]
[3009080,"Colocação manual de grampo elástico Pandrol","un",0.15]
[3009075,"Colocação manual de retensor para trilho TR45","un",43.4]
[3009076,"Colocação manual de retensor para trilho TR57","un",45.09]
[3009077,"Colocação manual de retensor para trilho TR68","un",46.53]
[3009078,"Colocação manual de retensor para trilho UIC60","un",47.85]
[3009087,"Colocação mecanizada de grampo elástico Pandrol","un",0.1]
[3009085,"Contratrilho TR45, comprimento de 12 m, sobre dormente de madeira, taxa de dormentação de 1.750 un/km, tala de junção de 6 furos e fixação rígida - posicionamento e assentamento manual","m",1693.65]
[3009086,"Contratrilho TR57, comprimento de 12 m, sobre dormente de madeira, taxa de dormentação de 1.750 un/km, tala de junção de 6 furos e fixação rígida - posicionamento e assentamento manual","m",2119.83]
[3009089,"Contratrilho TR68, comprimento de 12 m, sobre dormente de madeira, taxa de dormentação de 1.750 un/km, tala de junção de 6 furos e fixação rígida - posicionamento e assentamento manual","m",2494.7199999999998]
[3009090,"Contratrilho UIC60, comprimento de 12 m, sobre dormente de madeira, taxa de dormentação de 1.750 un/km, tala de junção de 6 furos e fixação rígida - posicionamento e assentamento manual","m",2366.84]
[3009004,"Dormente de concreto monobloco protendido bitola larga - confecção","un",422.01]
[3009002,"Dormente de concreto monobloco protendido bitola métrica - confecção","un",319.77]
[3009006,"Dormente de concreto monobloco protendido bitola mista - confecção","un",583.57000000000005]
[3009335,"Dormente de concreto monobloco protendido para AMV bitola larga ou mista - confecção","un",1103.96]
[3009334,"Dormente de concreto monobloco protendido para AMV bitola métrica - confecção","un",787.59]
[3009280,"Dormente de concreto monobloco, bitola larga, taxa de dormentação de 1.667 un/km, fixação elástica Pandrol - posicionamento mecanizado com carregadeira","km",724780.62]
[3009281,"Dormente de concreto monobloco, bitola larga, taxa de dormentação de 1.667 un/km, fixação elástica Pandrol - posicionamento mecanizado com pórtico","km",717716.3]
[3009061,"Dormente de concreto monobloco, bitola larga, taxa de dormentação de 1.750 un/km, fixação elástica Pandrol - posicionamento mecanizado com carregadeira","km",760868.44]
[3009062,"Dormente de concreto monobloco, bitola larga, taxa de dormentação de 1.750 un/km, fixação elástica Pandrol - posicionamento mecanizado com pórtico","km",753451.37]
[3009278,"Dormente de concreto monobloco, bitola métrica, taxa de dormentação de 1.667 un/km, fixação elástica Pandrol - posicionamento mecanizado com carregadeira","km",549941.66]
[3009279,"Dormente de concreto monobloco, bitola métrica, taxa de dormentação de 1.667 un/km, fixação elástica Pandrol - posicionamento mecanizado com pórtico","km",544844.92000000004]
[3009059,"Dormente de concreto monobloco, bitola métrica, taxa de dormentação de 1.750 un/km, fixação elástica Pandrol - posicionamento mecanizado com carregadeira","km",577324.24]
[3009060,"Dormente de concreto monobloco, bitola métrica, taxa de dormentação de 1.750 un/km, fixação elástica Pandrol - posicionamento mecanizado com pórtico","km",571972.72]
[3009282,"Dormente de concreto monobloco, bitola mista, taxa de dormentação de 1.667 un/km, fixação elástica Pandrol - posicionamento mecanizado com carregadeira","km",994104.31]
[3009283,"Dormente de concreto monobloco, bitola mista, taxa de dormentação de 1.667 un/km, fixação elástica Pandrol - posicionamento mecanizado com pórtico","km",987034.82]
[3009063,"Dormente de concreto monobloco, bitola mista, taxa de dormentação de 1.750 un/km, fixação elástica Pandrol - posicionamento mecanizado com carregadeira","km",1043601.77]
[3009064,"Dormente de concreto monobloco, bitola mista, taxa de dormentação de 1.750 un/km, fixação elástica Pandrol - posicionamento mecanizado com pórtico","km",1036179.27]
[3009081,"Dormente de madeira para ponte, bitola métrica ou larga, para TR45, fixação rígida - posicionamento e assentamento mecanizado","un",854.92]
[3009082,"Dormente de madeira para ponte, bitola métrica ou larga, para TR57, fixação rígida - posicionamento e assentamento mecanizado","un",1021.41]
[3009083,"Dormente de madeira para ponte, bitola métrica ou larga, para TR68, fixação rígida - posicionamento e assentamento mecanizado","un",1043.6500000000001]
[3009084,"Dormente de madeira para ponte, bitola métrica ou larga, para UIC60, fixação rígida - posicionamento e assentamento mecanizado","un",1048.1600000000001]
[3009070,"Dormente de madeira, bitola larga ou mista - posicionamento manual","un",488.28]
[3009285,"Dormente de madeira, bitola larga ou mista, taxa de dormentação de 1.667 un/km - posicionamento mecanizado com carregadeira","km",793508.11]
[3009072,"Dormente de madeira, bitola larga ou mista, taxa de dormentação de 1.750 un/km - posicionamento mecanizado com carregadeira","km",833017.87]
[3009069,"Dormente de madeira, bitola métrica - posicionamento manual","un",296.97000000000003]
[3009284,"Dormente de madeira, bitola métrica, taxa de dormentação de 1.667 un/km - posicionamento mecanizado com carregadeira","km",479407.48]
[3009071,"Dormente de madeira, bitola métrica, taxa de dormentação de 1.750 un/km - posicionamento mecanizado com carregadeira","km",503278.16]
[3009091,"Lançamento de lastro, 10 cm de altura, primeiro levante, descarga de pedra britada de caminhões","m³",163.43]
[3009058,"Lubrificador de trilhos e de flanges de rodas","un",92379.18]
[3009229,"Posicionamento mecanizado de trilhos","km",175.42]
[3009132,"Pré-alinhamento manual da grade com dormente de madeira","km",1301.6400000000001]
[3009133,"Pré-alinhamento mecanizado da grade","km",1574.32]
[3009321,"Solda aluminotérmica para TR45 com cadinho descartável, executada no campo, para formação de trilho longo soldado (TLS)","un",1316.57]
[3009322,"Solda aluminotérmica para TR57 com cadinho descartável, executada no campo, para formação de trilho longo soldado (TLS)","un",1326.26]
[3009323,"Solda aluminotérmica para TR68 com cadinho descartável, executada no campo, para formação de trilho longo soldado (TLS)","un",1400.45]
[3009324,"Solda aluminotérmica para UIC60 com cadinho descartável, executada no campo, para formação de trilho longo soldado (TLS)","un",1341.81]
[3009096,"Solda elétrica por caldeamento para qualquer perfil de trilho, comprimento de 12 m, em estaleiro para formação de trilho longo soldado","un",242.18]
[3009330,"Solda elétrica por caldeamento para trilho TR45, comprimento de até 24 m, em via com dormente de concreto para formação de barra ou trilho longo soldado","un",193.92]
[3009326,"Solda elétrica por caldeamento para trilho TR45, comprimento de até 24 m, em via com dormente de madeira para formação de barra ou trilho longo soldado","un",199.57]
[3009234,"Trilho TR45, comprimento de 12 m, sobre dormente de concreto, bitola métrica ou larga, taxa de dormentação de 1.667 un/km, tala de junção de 6 furos e fixação elástica Pandrol - posicionamento e assentamento manual","km",1764003.66]
[3009022,"Trilho TR45, comprimento de 12 m, sobre dormente de concreto, bitola métrica ou larga, taxa de dormentação de 1.750 un/km, tala de junção de 6 furos e fixação elástica Pandrol - posicionamento e assentamento manual","km",1771169.83]
[3009230,"Trilho TR45, comprimento de 12 m, sobre dormente de concreto, bitola mista, taxa de dormentação de 1.667 un/km, tala de junção de 6 furos e fixação elástica Pandrol - posicionamento e assentamento manual","km",2646168.3199999998]
[3009018,"Trilho TR45, comprimento de 12 m, sobre dormente de concreto, bitola mista, taxa de dormentação de 1.750 un/km, tala de junção de 6 furos e fixação elástica Pandrol - posicionamento e assentamento manual","km",2656917.59]
[3009288,"Trilho TR45, comprimento de 12 m, sobre dormente de madeira, bitola métrica ou larga, taxa de dormentação de 1.667 un/km, tala de junção de 6 furos e fixação rígida - posicionamento e assentamento manual","km",2084679.32]
[3009013,"Trilho TR45, comprimento de 12 m, sobre dormente de madeira, bitola métrica ou larga, taxa de dormentação de 1.750 un/km, tala de junção de 6 furos e fixação rígida - posicionamento e assentamento manual","km",2107596.63]
[3009292,"Trilho TR45, comprimento de 12 m, sobre dormente de madeira, bitola mista, taxa de dormentação de 1.667 un/km, tala de junção de 6 furos e fixação rígida - posicionamento e assentamento manual","km",3127021.62]
[3009225,"Trilho TR45, comprimento de 12 m, sobre dormente de madeira, bitola mista, taxa de dormentação de 1.750 un/km, tala de junção de 6 furos e fixação rígida - posicionamento e assentamento manual","km",3161397.75]
[3009100,"Trilho TR45, comprimento de 120 m (TLS), formado por trilhos curtos de 12 m soldados por caldeamento - confecção em estaleiro","un",89790.15]
[3009238,"Trilho TR45, comprimento de 120 m (TLS), sobre dormente de concreto, bitola métrica ou larga, taxa de dormentação de 1.667 un/km, tala de junção de 6 furos e fixação elástica Pandrol - posicionamento e assentamento mecanizado","km",1659113.59]
[3009304,"Trilho TR45, comprimento de 120 m (TLS), sobre dormente de concreto, bitola mista, taxa de dormentação de 1.667 un/km, tala de junção de 6 furos e fixação elástica Pandrol - posicionamento e assentamento mecanizado","km",2488582.31]
[3009030,"Trilho TR45, comprimento de 120 m (TLS), sobre dormente de concreto, bitola mista, taxa de dormentação de 1.750 un/km, tala de junção de 6 furos e fixação elástica Pandrol - posicionamento e assentamento mecanizado","km",2499323.62]
[3009254,"Trilho TR45, comprimento de 120 m (TLS), sobre dormente de madeira, bitola métrica ou larga, taxa de dormentação de 1.667 un/km, tala de junção de 6 furos e fixação elástica Pandrol - posicionamento e assentamento mecanizado","km",2122968.79]
[3009262,"Trilho TR45, comprimento de 120 m (TLS), sobre dormente de madeira, bitola métrica ou larga, taxa de dormentação de 1.667 un/km, tala de junção de 6 furos e fixação rígida - posicionamento e assentamento mecanizado","km",1978302.25]
[3009034,"Trilho TR45, comprimento de 120 m (TLS), sobre dormente de madeira, bitola métrica ou larga, taxa de dormentação de 1.750 un/km, tala de junção de 6 furos e fixação elástica Pandrol - posicionamento e assentamento mecanizado","km",2153507.2000000002]
[3009042,"Trilho TR45, comprimento de 120 m (TLS), sobre dormente de madeira, bitola métrica ou larga, taxa de dormentação de 1.750 un/km, tala de junção de 6 furos e fixação rígida - posicionamento e assentamento mecanizado","km",2001637.54]
[3009270,"Trilho TR45, comprimento de 120 m (TLS), sobre dormente de madeira, bitola mista, taxa de dormentação de 1.667 un/km, tala de junção de 6 furos e fixação elástica Pandrol - posicionamento e assentamento mecanizado","km",3185151.22]
[3009050,"Trilho TR45, comprimento de 120 m (TLS), sobre dormente de madeira, bitola mista, taxa de dormentação de 1.750 un/km, tala de junção de 6 furos e fixação elástica Pandrol - posicionamento e assentamento mecanizado","km",3230998.43]
[3009101,"Trilho TR45, comprimento de 240 m (TLS), formado por trilhos curtos de 12 m soldados por caldeamento - confecção em estaleiro","un",179822.48]
[3009246,"Trilho TR45, comprimento de 240 m (TLS), sobre dormente de concreto, bitola métrica ou larga, taxa de dormentação de 1.667 un/km, tala de junção de 6 furos e fixação elástica Pandrol - posicionamento e assentamento mecanizado","km",1653703.2]
[3009208,"Trilho TR45, comprimento de 240 m (TLS), sobre dormente de concreto, bitola métrica ou larga, taxa de dormentação de 1.750 un/km, tala de junção de 6 furos e fixação elástica Pandrol - posicionamento e assentamento mecanizado","km",1660864.27]
[3009308,"Trilho TR45, comprimento de 240 m (TLS), sobre dormente de concreto, bitola mista, taxa de dormentação de 1.667 un/km, tala de junção de 6 furos e fixação elástica Pandrol - posicionamento e assentamento mecanizado","km",2480467.9900000002]
[3009212,"Trilho TR45, comprimento de 240 m (TLS), sobre dormente de concreto, bitola mista, taxa de dormentação de 1.750 un/km, tala de junção de 6 furos e fixação elástica Pandrol - posicionamento e assentamento mecanizado","km",2491209.6]
[3009258,"Trilho TR45, comprimento de 240 m (TLS), sobre dormente de madeira, bitola métrica ou larga, taxa de dormentação de 1.667 un/km, tala de junção de 6 furos e fixação elástica Pandrol - posicionamento e assentamento mecanizado","km",2117618.08]
[3009266,"Trilho TR45, comprimento de 240 m (TLS), sobre dormente de madeira, bitola métrica ou larga, taxa de dormentação de 1.667 un/km, tala de junção de 6 furos e fixação rígida - posicionamento e assentamento mecanizado","km",1972951.54]
[3009038,"Trilho TR45, comprimento de 240 m (TLS), sobre dormente de madeira, bitola métrica ou larga, taxa de dormentação de 1.750 un/km, tala de junção de 6 furos e fixação elástica Pandrol - posicionamento e assentamento mecanizado","km",2148156.4900000002]
[3009046,"Trilho TR45, comprimento de 240 m (TLS), sobre dormente de madeira, bitola métrica ou larga, taxa de dormentação de 1.750 un/km, tala de junção de 6 furos e fixação rígida - posicionamento e assentamento mecanizado","km",1996286.83]
[3009274,"Trilho TR45, comprimento de 240 m (TLS), sobre dormente de madeira, bitola mista, taxa de dormentação de 1.667 un/km, tala de junção de 6 furos e fixação elástica Pandrol - posicionamento e assentamento mecanizado","km",3177126.51]
[3009054,"Trilho TR45, comprimento de 240 m (TLS), sobre dormente de madeira, bitola mista, taxa de dormentação de 1.750 un/km, tala de junção de 6 furos e fixação elástica Pandrol - posicionamento e assentamento mecanizado","km",3222973.73]
[3009235,"Trilho TR57, comprimento de 12 m, sobre dormente de concreto, bitola métrica ou larga, taxa de dormentação de 1.667 un/km, tala de junção de 6 furos e fixação elástica Pandrol - posicionamento e assentamento manual","km",2190619.65]
[3009023,"Trilho TR57, comprimento de 12 m, sobre dormente de concreto, bitola métrica ou larga, taxa de dormentação de 1.750 un/km, tala de junção de 6 furos e fixação elástica Pandrol - posicionamento e assentamento manual","km",2197568.88]
[3009231,"Trilho TR57, comprimento de 12 m, sobre dormente de concreto, bitola mista, taxa de dormentação de 1.667 un/km, tala de junção de 6 furos e fixação elástica Pandrol - posicionamento e assentamento manual","km",3284106.36]
[3009019,"Trilho TR57, comprimento de 12 m, sobre dormente de concreto, bitola mista, taxa de dormentação de 1.750 un/km, tala de junção de 6 furos e fixação elástica Pandrol - posicionamento e assentamento manual","km",3297004.3]
[3009289,"Trilho TR57, comprimento de 12 m, sobre dormente de madeira, bitola métrica ou larga, taxa de dormentação de 1.667 un/km, tala de junção de 6 furos e fixação rígida - posicionamento e assentamento manual","km",2788551.57]
[3009014,"Trilho TR57, comprimento de 12 m, sobre dormente de madeira, bitola métrica ou larga, taxa de dormentação de 1.750 un/km, tala de junção de 6 furos e fixação rígida - posicionamento e assentamento manual","km",2825575.03]
[3009293,"Trilho TR57, comprimento de 12 m, sobre dormente de madeira, bitola mista, taxa de dormentação de 1.667 un/km, tala de junção de 6 furos e fixação rígida - posicionamento e assentamento manual","km",4182830.09]
[3009226,"Trilho TR57, comprimento de 12 m, sobre dormente de madeira, bitola mista, taxa de dormentação de 1.750 un/km, tala de junção de 6 furos e fixação rígida - posicionamento e assentamento manual","km",4238365.5599999996]
[3009102,"Trilho TR57, comprimento de 120 m (TLS), formado por trilhos curtos de 12 m soldados por caldeamento - confecção em estaleiro","un",113851.64]
[3009297,"Trilho TR57, comprimento de 120 m (TLS), sobre dormente de concreto, bitola métrica ou larga, taxa de dormentação de 1.667 un/km, tala de junção de 6 furos e fixação elástica Pandrol - posicionamento e assentamento mecanizado","km",2062552.68]
[3009027,"Trilho TR57, comprimento de 120 m (TLS), sobre dormente de concreto, bitola métrica ou larga, taxa de dormentação de 1.750 un/km, tala de junção de 6 furos e fixação elástica Pandrol - posicionamento e assentamento mecanizado","km",2069713.67]
[3009305,"Trilho TR57, comprimento de 120 m (TLS), sobre dormente de concreto, bitola mista, taxa de dormentação de 1.667 un/km, tala de junção de 6 furos e fixação elástica Pandrol - posicionamento e assentamento mecanizado","km",3093740.83]
[3009031,"Trilho TR57, comprimento de 120 m (TLS), sobre dormente de concreto, bitola mista, taxa de dormentação de 1.750 un/km, tala de junção de 6 furos e fixação elástica Pandrol - posicionamento e assentamento mecanizado","km",3104482.13]
[3009255,"Trilho TR57, comprimento de 120 m (TLS), sobre dormente de madeira, bitola métrica ou larga, taxa de dormentação de 1.667 un/km, tala de junção de 6 furos e fixação elástica Pandrol - posicionamento e assentamento mecanizado","km",2641195.0299999998]
[3009263,"Trilho TR57, comprimento de 120 m (TLS), sobre dormente de madeira, bitola métrica ou larga, taxa de dormentação de 1.667 un/km, tala de junção de 6 furos e fixação rígida - posicionamento e assentamento mecanizado","km",2659278.5699999998]
[3009035,"Trilho TR57, comprimento de 120 m (TLS), sobre dormente de madeira, bitola métrica ou larga, taxa de dormentação de 1.750 un/km, tala de junção de 6 furos e fixação elástica Pandrol - posicionamento e assentamento mecanizado","km",2677448.7000000002]
[3009043,"Trilho TR57, comprimento de 120 m (TLS), sobre dormente de madeira, bitola métrica ou larga, taxa de dormentação de 1.750 un/km, tala de junção de 6 furos e fixação rígida - posicionamento e assentamento mecanizado","km",2696432.45]
[3009271,"Trilho TR57, comprimento de 120 m (TLS), sobre dormente de madeira, bitola mista, taxa de dormentação de 1.667 un/km, tala de junção de 6 furos e fixação elástica Pandrol - posicionamento e assentamento mecanizado","km",3962490.46]
[3009051,"Trilho TR57, comprimento de 120 m (TLS), sobre dormente de madeira, bitola mista, taxa de dormentação de 1.750 un/km, tala de junção de 6 furos e fixação elástica Pandrol - posicionamento e assentamento mecanizado","km",4016910.56]
[3009103,"Trilho TR57, comprimento de 240 m (TLS), formado por trilhos curtos de 12 m soldados por caldeamento - confecção em estaleiro","un",227945.47]
[3009247,"Trilho TR57, comprimento de 240 m (TLS), sobre dormente de concreto, bitola métrica ou larga, taxa de dormentação de 1.667 un/km, tala de junção de 6 furos e fixação elástica Pandrol - posicionamento e assentamento mecanizado","km",2055935.31]
[3009209,"Trilho TR57, comprimento de 240 m (TLS), sobre dormente de concreto, bitola métrica ou larga, taxa de dormentação de 1.750 un/km, tala de junção de 6 furos e fixação elástica Pandrol - posicionamento e assentamento mecanizado","km",2063096.38]
[3009309,"Trilho TR57, comprimento de 240 m (TLS), sobre dormente de concreto, bitola mista, taxa de dormentação de 1.667 un/km, tala de junção de 6 furos e fixação elástica Pandrol - posicionamento e assentamento mecanizado","km",3083816.39]
[3009213,"Trilho TR57, comprimento de 240 m (TLS), sobre dormente de concreto, bitola mista, taxa de dormentação de 1.750 un/km, tala de junção de 6 furos e fixação elástica Pandrol - posicionamento e assentamento mecanizado","km",3094558]
[3009259,"Trilho TR57, comprimento de 240 m (TLS), sobre dormente de madeira, bitola métrica ou larga, taxa de dormentação de 1.667 un/km, tala de junção de 6 furos e fixação elástica Pandrol - posicionamento e assentamento mecanizado","km",2634637.35]
[3009267,"Trilho TR57, comprimento de 240 m (TLS), sobre dormente de madeira, bitola métrica ou larga, taxa de dormentação de 1.667 un/km, tala de junção de 6 furos e fixação rígida - posicionamento e assentamento mecanizado","km",2652720.88]
[3009039,"Trilho TR57, comprimento de 240 m (TLS), sobre dormente de madeira, bitola métrica ou larga, taxa de dormentação de 1.750 un/km, tala de junção de 6 furos e fixação elástica Pandrol - posicionamento e assentamento mecanizado","km",2670891.0099999998]
[3009047,"Trilho TR57, comprimento de 240 m (TLS), sobre dormente de madeira, bitola métrica ou larga, taxa de dormentação de 1.750 un/km, tala de junção de 6 furos e fixação rígida - posicionamento e assentamento mecanizado","km",2689874.76]
[3009275,"Trilho TR57, comprimento de 240 m (TLS), sobre dormente de madeira, bitola mista, taxa de dormentação de 1.667 un/km, tala de junção de 6 furos e fixação elástica Pandrol - posicionamento e assentamento mecanizado","km",3952655.64]
[3009055,"Trilho TR57, comprimento de 240 m (TLS), sobre dormente de madeira, bitola mista, taxa de dormentação de 1.750 un/km, tala de junção de 6 furos e fixação elástica Pandrol - posicionamento e assentamento mecanizado","km",4007075.75]
[3009236,"Trilho TR68, comprimento de 12 m, sobre dormente de concreto, bitola métrica ou larga, taxa de dormentação de 1.667 un/km, tala de junção de 6 furos e fixação elástica Pandrol - posicionamento e assentamento manual","km",2567018.56]
[3009024,"Trilho TR68, comprimento de 12 m, sobre dormente de concreto, bitola métrica ou larga, taxa de dormentação de 1.750 un/km, tala de junção de 6 furos e fixação elástica Pandrol - posicionamento e assentamento manual","km",2572361.5]
[3009232,"Trilho TR68, comprimento de 12 m, sobre dormente de concreto, bitola mista, taxa de dormentação de 1.667 un/km, tala de junção de 6 furos e fixação elástica Pandrol - posicionamento e assentamento manual","km",3846512.22]
[3009020,"Trilho TR68, comprimento de 12 m, sobre dormente de concreto, bitola mista, taxa de dormentação de 1.750 un/km, tala de junção de 6 furos e fixação elástica Pandrol - posicionamento e assentamento manual","km",3856881.84]
[3009290,"Trilho TR68, comprimento de 12 m, sobre dormente de madeira, bitola métrica ou larga, taxa de dormentação de 1.667 un/km, tala de junção de 6 furos e fixação rígida - posicionamento e assentamento manual","km",3200417.59]
[3009015,"Trilho TR68, comprimento de 12 m, sobre dormente de madeira, bitola métrica ou larga, taxa de dormentação de 1.750 un/km, tala de junção de 6 furos e fixação rígida - posicionamento e assentamento manual","km",3239286.94]
[3009294,"Trilho TR68, comprimento de 12 m, sobre dormente de madeira, bitola mista, taxa de dormentação de 1.667 un/km, tala de junção de 6 furos e fixação rígida - posicionamento e assentamento manual","km",4800629.12]
[3009227,"Trilho TR68, comprimento de 12 m, sobre dormente de madeira, bitola mista, taxa de dormentação de 1.750 un/km, tala de junção de 6 furos e fixação rígida - posicionamento e assentamento manual","km",4858933.43]
[3009104,"Trilho TR68, comprimento de 120 m (TLS), formado por trilhos curtos de 12 m soldados por caldeamento - confecção em estaleiro","un",134772.98000000001]
[3009240,"Trilho TR68, comprimento de 120 m (TLS), sobre dormente de concreto, bitola métrica ou larga, taxa de dormentação de 1.667 un/km, tala de junção de 6 furos e fixação elástica Pandrol - posicionamento e assentamento mecanizado","km",2413764.9]
[3009028,"Trilho TR68, comprimento de 120 m (TLS), sobre dormente de concreto, bitola métrica ou larga, taxa de dormentação de 1.750 un/km, tala de junção de 6 furos e fixação elástica Pandrol - posicionamento e assentamento mecanizado","km",2420925.89]
[3009306,"Trilho TR68, comprimento de 120 m (TLS), sobre dormente de concreto, bitola mista, taxa de dormentação de 1.667 un/km, tala de junção de 6 furos e fixação elástica Pandrol - posicionamento e assentamento mecanizado","km",3620559.05]
[3009032,"Trilho TR68, comprimento de 120 m (TLS), sobre dormente de concreto, bitola mista, taxa de dormentação de 1.750 un/km, tala de junção de 6 furos e fixação elástica Pandrol - posicionamento e assentamento mecanizado","km",3631300.35]
[3009256,"Trilho TR68, comprimento de 120 m (TLS), sobre dormente de madeira, bitola métrica ou larga, taxa de dormentação de 1.667 un/km, tala de junção de 6 furos e fixação elástica Pandrol - posicionamento e assentamento mecanizado","km",3054881.14]
[3009264,"Trilho TR68, comprimento de 120 m (TLS), sobre dormente de madeira, bitola métrica ou larga, taxa de dormentação de 1.667 un/km, tala de junção de 6 furos e fixação rígida - posicionamento e assentamento mecanizado","km",3047564.2]
[3009036,"Trilho TR68, comprimento de 120 m (TLS), sobre dormente de madeira, bitola métrica ou larga, taxa de dormentação de 1.750 un/km, tala de junção de 6 furos e fixação elástica Pandrol - posicionamento e assentamento mecanizado","km",3094245.39]
[3009044,"Trilho TR68, comprimento de 120 m (TLS), sobre dormente de madeira, bitola métrica ou larga, taxa de dormentação de 1.750 un/km, tala de junção de 6 furos e fixação rígida - posicionamento e assentamento mecanizado","km",3086563.97]
[3009272,"Trilho TR68, comprimento de 120 m (TLS), sobre dormente de madeira, bitola mista, taxa de dormentação de 1.667 un/km, tala de junção de 6 furos e fixação elástica Pandrol - posicionamento e assentamento mecanizado","km",4583019.5199999996]
[3009052,"Trilho TR68, comprimento de 120 m (TLS), sobre dormente de madeira, bitola mista, taxa de dormentação de 1.750 un/km, tala de junção de 6 furos e fixação elástica Pandrol - posicionamento e assentamento mecanizado","km",4642105.49]
[3009105,"Trilho TR68, comprimento de 240 m (TLS), formado por trilhos curtos de 12 m soldados por caldeamento - confecção em estaleiro","un",269788.13]
[3009248,"Trilho TR68, comprimento de 240 m (TLS), sobre dormente de concreto, bitola métrica ou larga, taxa de dormentação de 1.667 un/km, tala de junção de 6 furos e fixação elástica Pandrol - posicionamento e assentamento mecanizado","km",2405889.5299999998]
[3009210,"Trilho TR68, comprimento de 240 m (TLS), sobre dormente de concreto, bitola métrica ou larga, taxa de dormentação de 1.750 un/km, tala de junção de 6 furos e fixação elástica Pandrol - posicionamento e assentamento mecanizado","km",2413050.6]
[3009310,"Trilho TR68, comprimento de 240 m (TLS), sobre dormente de concreto, bitola mista, taxa de dormentação de 1.667 un/km, tala de junção de 6 furos e fixação elástica Pandrol - posicionamento e assentamento mecanizado","km",3608747.94]
[3009214,"Trilho TR68, comprimento de 240 m (TLS), sobre dormente de concreto, bitola mista, taxa de dormentação de 1.750 un/km, tala de junção de 6 furos e fixação elástica Pandrol - posicionamento e assentamento mecanizado","km",3619489.55]
[3009260,"Trilho TR68, comprimento de 240 m (TLS), sobre dormente de madeira, bitola métrica ou larga, taxa de dormentação de 1.667 un/km, tala de junção de 6 furos e fixação elástica Pandrol - posicionamento e assentamento mecanizado","km",3047065.46]
[3009268,"Trilho TR68, comprimento de 240 m (TLS), sobre dormente de madeira, bitola métrica ou larga, taxa de dormentação de 1.667 un/km, tala de junção de 6 furos e fixação rígida - posicionamento e assentamento mecanizado","km",3039748.51]
[3009040,"Trilho TR68, comprimento de 240 m (TLS), sobre dormente de madeira, bitola métrica ou larga, taxa de dormentação de 1.750 un/km, tala de junção de 6 furos e fixação elástica Pandrol - posicionamento e assentamento mecanizado","km",3086429.7]
[3009048,"Trilho TR68, comprimento de 240 m (TLS), sobre dormente de madeira, bitola métrica ou larga, taxa de dormentação de 1.750 un/km, tala de junção de 6 furos e fixação rígida - posicionamento e assentamento mecanizado","km",3078748.28]
[3009276,"Trilho TR68, comprimento de 240 m (TLS), sobre dormente de madeira, bitola mista, taxa de dormentação de 1.667 un/km, tala de junção de 6 furos e fixação elástica Pandrol - posicionamento e assentamento mecanizado","km",4571298.0199999996]
[3009056,"Trilho TR68, comprimento de 240 m (TLS), sobre dormente de madeira, bitola mista, taxa de dormentação de 1.750 un/km, tala de junção de 6 furos e fixação elástica Pandrol - posicionamento e assentamento mecanizado","km",4630383.99]
[3009237,"Trilho UIC60, comprimento de 12 m, sobre dormente de concreto, bitola métrica ou larga, taxa de dormentação de 1.667 un/km, tala de junção de 6 furos e fixação elástica Pandrol - posicionamento e assentamento manual","km",2439189.02]
[3009025,"Trilho UIC60, comprimento de 12 m, sobre dormente de concreto, bitola métrica ou larga, taxa de dormentação de 1.750 un/km, tala de junção de 6 furos e fixação elástica Pandrol - posicionamento e assentamento manual","km",2444640.42]
[3009319,"Trilho UIC60, comprimento de 12 m, sobre dormente de concreto, bitola mista, taxa de dormentação de 1.667 un/km, tala de junção de 6 furos e fixação elástica Pandrol - posicionamento e assentamento manual","km",3656862.34]
[3009021,"Trilho UIC60, comprimento de 12 m, sobre dormente de concreto, bitola mista, taxa de dormentação de 1.750 un/km, tala de junção de 6 furos e fixação elástica Pandrol - posicionamento e assentamento manual","km",3665354.46]
[3009291,"Trilho UIC60, comprimento de 12 m, sobre dormente de madeira, bitola métrica ou larga, taxa de dormentação de 1.667 un/km, tala de junção de 6 furos e fixação rígida - posicionamento e assentamento manual","km",3080120.29]
[3009016,"Trilho UIC60, comprimento de 12 m, sobre dormente de madeira, bitola métrica ou larga, taxa de dormentação de 1.750 un/km, tala de junção de 6 furos e fixação rígida - posicionamento e assentamento manual","km",3119364.67]
[3009295,"Trilho UIC60, comprimento de 12 m, sobre dormente de madeira, bitola mista, taxa de dormentação de 1.667 un/km, tala de junção de 6 furos e fixação rígida - posicionamento e assentamento manual","km",4620183.17]
[3009228,"Trilho UIC60, comprimento de 12 m, sobre dormente de madeira, bitola mista, taxa de dormentação de 1.750 un/km, tala de junção de 6 furos e fixação rígida - posicionamento e assentamento manual","km",4679050.01]
[3009106,"Trilho UIC60, comprimento de 120 m (TLS), formado por trilhos curtos de 12 m soldados por caldeamento - confecção em estaleiro","un",127860.76]
[3009299,"Trilho UIC60, comprimento de 120 m (TLS), sobre dormente de concreto, bitola métrica ou larga, taxa de dormentação de 1.667 un/km, tala de junção de 6 furos e fixação elástica Pandrol - posicionamento e assentamento mecanizado","km",2297344.12]
[3009029,"Trilho UIC60, comprimento de 120 m (TLS), sobre dormente de concreto, bitola métrica ou larga, taxa de dormentação de 1.750 un/km, tala de junção de 6 furos e fixação elástica Pandrol - posicionamento e assentamento mecanizado","km",2304505.11]
[3009245,"Trilho UIC60, comprimento de 120 m (TLS), sobre dormente de concreto, bitola mista, taxa de dormentação de 1.667 un/km, tala de junção de 6 furos e fixação elástica Pandrol - posicionamento e assentamento mecanizado","km",3445927.92]
[3009033,"Trilho UIC60, comprimento de 120 m (TLS), sobre dormente de concreto, bitola mista, taxa de dormentação de 1.750 un/km, tala de junção de 6 furos e fixação elástica Pandrol - posicionamento e assentamento mecanizado","km",3456669.22]
[3009257,"Trilho UIC60, comprimento de 120 m (TLS), sobre dormente de madeira, bitola métrica ou larga, taxa de dormentação de 1.667 un/km, tala de junção de 6 furos e fixação elástica Pandrol - posicionamento e assentamento mecanizado","km",2942246.46]
[3009265,"Trilho UIC60, comprimento de 120 m (TLS), sobre dormente de madeira, bitola métrica ou larga, taxa de dormentação de 1.667 un/km, tala de junção de 6 furos e fixação rígida - posicionamento e assentamento mecanizado","km",2938675.66]
[3009037,"Trilho UIC60, comprimento de 120 m (TLS), sobre dormente de madeira, bitola métrica ou larga, taxa de dormentação de 1.750 un/km, tala de junção de 6 furos e fixação elástica Pandrol - posicionamento e assentamento mecanizado","km",2981799.21]
[3009045,"Trilho UIC60, comprimento de 120 m (TLS), sobre dormente de madeira, bitola métrica ou larga, taxa de dormentação de 1.750 un/km, tala de junção de 6 furos e fixação rígida - posicionamento e assentamento mecanizado","km",2978050.46]
[3009273,"Trilho UIC60, comprimento de 120 m (TLS), sobre dormente de madeira, bitola mista, taxa de dormentação de 1.667 un/km, tala de junção de 6 furos e fixação elástica Pandrol - posicionamento e assentamento mecanizado","km",4414067.53]
[3009053,"Trilho UIC60, comprimento de 120 m (TLS), sobre dormente de madeira, bitola mista, taxa de dormentação de 1.750 un/km, tala de junção de 6 furos e fixação elástica Pandrol - posicionamento e assentamento mecanizado","km",4473436.26]
[3009107,"Trilho UIC60, comprimento de 240 m (TLS), formado por trilhos curtos de 12 m soldados por caldeamento - confecção em estaleiro","un",255963.7]
[3009249,"Trilho UIC60, comprimento de 240 m (TLS), sobre dormente de concreto, bitola métrica ou larga, taxa de dormentação de 1.667 un/km, tala de junção de 6 furos e fixação elástica Pandrol - posicionamento e assentamento mecanizado","km",2290077.23]
[3009211,"Trilho UIC60, comprimento de 240 m (TLS), sobre dormente de concreto, bitola métrica ou larga, taxa de dormentação de 1.750 un/km, tala de junção de 6 furos e fixação elástica Pandrol - posicionamento e assentamento mecanizado","km",2297238.2999999998]
[3009253,"Trilho UIC60, comprimento de 240 m (TLS), sobre dormente de concreto, bitola mista, taxa de dormentação de 1.667 un/km, tala de junção de 6 furos e fixação elástica Pandrol - posicionamento e assentamento mecanizado","km",3435029.42]
[3009215,"Trilho UIC60, comprimento de 240 m (TLS), sobre dormente de concreto, bitola mista, taxa de dormentação de 1.750 un/km, tala de junção de 6 furos e fixação elástica Pandrol - posicionamento e assentamento mecanizado","km",3445771.03]
[3009261,"Trilho UIC60, comprimento de 240 m (TLS), sobre dormente de madeira, bitola métrica ou larga, taxa de dormentação de 1.667 un/km, tala de junção de 6 furos e fixação elástica Pandrol - posicionamento e assentamento mecanizado","km",2935039.25]
[3009269,"Trilho UIC60, comprimento de 240 m (TLS), sobre dormente de madeira, bitola métrica ou larga, taxa de dormentação de 1.667 un/km, tala de junção de 6 furos e fixação rígida - posicionamento e assentamento mecanizado","km",2931468.45]
[3009041,"Trilho UIC60, comprimento de 240 m (TLS), sobre dormente de madeira, bitola métrica ou larga, taxa de dormentação de 1.750 un/km, tala de junção de 6 furos e fixação elástica Pandrol - posicionamento e assentamento mecanizado","km",2974592]
[3009049,"Trilho UIC60, comprimento de 240 m (TLS), sobre dormente de madeira, bitola métrica ou larga, taxa de dormentação de 1.750 un/km, tala de junção de 6 furos e fixação rígida - posicionamento e assentamento mecanizado","km",2970843.26]
[3009277,"Trilho UIC60, comprimento de 240 m (TLS), sobre dormente de madeira, bitola mista, taxa de dormentação de 1.667 un/km, tala de junção de 6 furos e fixação elástica Pandrol - posicionamento e assentamento mecanizado","km",4403258.6399999997]
[3009057,"Trilho UIC60, comprimento de 240 m (TLS), sobre dormente de madeira, bitola mista, taxa de dormentação de 1.750 un/km, tala de junção de 6 furos e fixação elástica Pandrol - posicionamento e assentamento mecanizado","km",4462627.38]
[3108073,"Confecção de fôrma metálica em chapa 1/8\" para poita trapezoidal","m²",355.3]
[3107965,"Confecção de forma metálica em chapa 3/16\" para poita trapezoidal","m²",575.14]
[3105941,"Fôrma em chapa metálica 1/8\" para cabeça de tirantes - utilização de 50 vezes - confecção, instalação e retirada","m²",28.51]
[3108150,"Fôrma metálica curva em chapa 3/16\" reforçada com nervuras de 40 mm x 3/16\" dispostas em grelhas de 40 x 60 cm - utilização de 100 vezes - confecção, instalação e retirada","m²",18.47]
[3108071,"Fôrma metálica em chapa 1/8\" para poita trapezoidal - utilização de 50 vezes - montagem, instalação e retirada","m²",13.88]
[3107967,"Fôrma metálica em chapa 1/8\" reforçada com nervuras de 40 mm x 1/8\" dispostas em grelhas de 40 x 60 cm - utilização de 100 vezes - confecção, instalação e retirada","m²",10.210000000000001]
[3107966,"Fôrma metálica em chapa 3/16\" para poita trapezoidal - utilização de 50 vezes - montagem, instalação e retirada","m²",27.11]
[3108072,"Fôrma metálica em chapa 3/16\" reforçada com nervuras de 40 mm x 3/16\" dispostas em grelhas de 40 x 60 cm - utilização de 100 vezes - confecção, instalação e retirada","m²",15.14]
[3117750,"Fôrma metálica para aduelas de bueiros celulares de concreto pré-moldados - utilização de 100 vezes - confecção, instalação e retirada","m²",18.43]
[3117749,"Fôrma metálica para guarda-corpo de concreto - utilização de 50 vezes - confecção","m²",14.11]
[3106551,"Fôrma metálica para tetrápode - utilização de 100 vezes - confecção, instalação e retirada","m²",11.33]
[3106427,"Fôrma metálica para viga de concreto pré-moldada protendida para OAE - utilização de 20 vezes - confecção, instalação e retirada","m²",40.5]
[3106552,"Fôrma metálica para Xbloc - utilização de 100 vezes - confecção, instalação e retirada","m²",10.53]
[3107969,"Fôrmas curvas de compensado plastificado 10 mm - uso geral - utilização de 2 vezes - confecção, instalação e retirada","m²",134.79]
[3107970,"Fôrmas curvas de compensado resinado 10 mm - uso geral - utilização de 2 vezes - confecção, instalação e retirada","m²",127.11]
[3108007,"Fôrmas de compensado plastificado 10 mm - uso geral - utilização de 1 vez - confecção, instalação e retirada","m²",160.43]
[3108008,"Fôrmas de compensado plastificado 10 mm - uso geral - utilização de 2 vezes - confecção, instalação e retirada","m²",103.77]
[3108009,"Fôrmas de compensado plastificado 10 mm - uso geral - utilização de 3 vezes - confecção, instalação e retirada","m²",86.43]
[3108011,"Fôrmas de compensado plastificado 12 mm - uso geral - utilização de 1 vez - confecção, instalação e retirada","m²",171.17]
[3108012,"Fôrmas de compensado plastificado 12 mm - uso geral - utilização de 2 vezes - confecção, instalação e retirada","m²",109.4]
[3108013,"Fôrmas de compensado plastificado 12 mm - uso geral - utilização de 3 vezes - confecção, instalação e retirada","m²",90.38]
[3108015,"Fôrmas de compensado plastificado 14 mm - uso geral - utilização de 1 vez - confecção, instalação e retirada","m²",180.43]
[3108016,"Fôrmas de compensado plastificado 14 mm - uso geral - utilização de 2 vezes - confecção, instalação e retirada","m²",114.27]
[3108017,"Fôrmas de compensado plastificado 14 mm - uso geral - utilização de 3 vezes - confecção, instalação e retirada","m²",93.79]
[3107995,"Fôrmas de compensado resinado 10 mm - uso geral - utilização de 1 vez - confecção, instalação e retirada","m²",146.94999999999999]
[3107996,"Fôrmas de compensado resinado 10 mm - uso geral - utilização de 2 vezes - confecção, instalação e retirada","m²",96.73]
[3107997,"Fôrmas de compensado resinado 10 mm - uso geral - utilização de 3 vezes - confecção, instalação e retirada","m²",81.540000000000006]
[3107999,"Fôrmas de compensado resinado 12 mm - uso geral - utilização de 1 vez - confecção, instalação e retirada","m²",153.63]
[3108000,"Fôrmas de compensado resinado 12 mm - uso geral - utilização de 2 vezes - confecção, instalação e retirada","m²",100.24]
[3108001,"Fôrmas de compensado resinado 12 mm - uso geral - utilização de 3 vezes - confecção, instalação e retirada","m²",83.99]
[3108003,"Fôrmas de compensado resinado 14 mm - uso geral - utilização de 1 vez - confecção, instalação e retirada","m²",165.39]
[3108004,"Fôrmas de compensado resinado 14 mm - uso geral - utilização de 2 vezes - confecção, instalação e retirada","m²",106.41]
[3108005,"Fôrmas de compensado resinado 14 mm - uso geral - utilização de 3 vezes - confecção, instalação e retirada","m²",88.32]
[3106119,"Fôrmas de tábuas de pinho - utilização de 1 vez - confecção, instalação e retirada","m²",183.68]
[3106120,"Fôrmas de tábuas de pinho - utilização de 2 vezes - confecção, instalação e retirada","m²",123.54]
[3106121,"Fôrmas de tábuas de pinho - utilização de 3 vezes - confecção, instalação e retirada","m²",105.36]
[3103302,"Fôrmas de tábuas de pinho para dispositivos de drenagem - utilização de 3 vezes - confecção, instalação e retirada","m²",82.7]
[3103303,"Fôrmas de tábuas de pinho para drenos - utilização de 5 vezes - confecção, instalação e retirada","m²",43.24]
[3106759,"Fôrmas de tábuas de pinho para elementos estruturais dos arcos metálicos - utilização de 3 vezes - confecção, instalação e retirada","m²",128.21]
[3108023,"Guia de madeira de 2,5 x 10,0 cm - confecção e instalação","m",6.54]
[3108018,"Guia de madeira de 2,5 x 7,0 cm - confecção e instalação","m",4.7300000000000004]
[3108022,"Guia de madeira de 2,5 x 8,0 cm - confecção e instalação","m",5.34]
[3205864,"Gabião caixa 2 x 1 x 0,50 m - Zn/Al + PVC - D = 2,4 mm - pedra de mão comercial - fornecimento e assentamento","m³",1017.01]
[3205863,"Gabião caixa 2 x 1 x 0,50 m - Zn/Al + PVC - D = 2,4 mm - pedra de mão produzida - confecção e assentamento","m³",928.24]
[3205868,"Gabião caixa 2 x 1 x 0,50 m Zn/Al - D = 2,7 mm - pedra de mão comercial - fornecimento e assentamento","m³",863.66]
[3205867,"Gabião caixa 2 x 1 x 0,50 m Zn/Al - D = 2,7 mm - pedra de mão produzida - confecção e assentamento","m³",774.89]
[3205866,"Gabião caixa 2 x 1 x 1,00 m - Zn/Al + PVC - D = 2,4 mm - pedra de mão comercial - fornecimento e assentamento","m³",777.71]
[3205865,"Gabião caixa 2 x 1 x 1,00 m - Zn/Al + PVC - D = 2,4 mm - pedra de mão produzida - confecção e assentamento","m³",688.94]
[3205870,"Gabião caixa 2 x 1 x 1,00 m Zn/Al - D = 2,7 mm - pedra de mão comercial - fornecimento e assentamento","m³",728.61]
[3205869,"Gabião caixa 2 x 1 x 1,00 m Zn/Al - D = 2,7 mm - pedra de mão produzida - confecção e assentamento","m³",639.84]
[3205872,"Gabião colchão espessura 0,17 m - Zn/Al + PVC - D = 2,0 mm - pedra de mão comercial - fornecimento e assentamento","m²",262.89]
[3205871,"Gabião colchão espessura 0,17 m - Zn/Al + PVC - D = 2,0 mm - pedra de mão produzida - confecção e assentamento","m²",247.8]
[3205874,"Gabião colchão espessura 0,23 m - Zn/Al + PVC - D = 2,0 mm - pedra de mão comercial - fornecimento e assentamento","m²",289.60000000000002]
[3205873,"Gabião colchão espessura 0,23 m - Zn/Al + PVC - D = 2,0 mm - pedra de mão produzida - confecção e assentamento","m²",269.19]
[3205876,"Gabião colchão espessura 0,30 m - Zn/Al + PVC - D = 2,0 mm - pedra de mão comercial - fornecimento e assentamento","m²",326.77999999999997]
[3205875,"Gabião colchão espessura 0,30 m - Zn/Al + PVC - D = 2,0 mm - pedra de mão produzida - confecção e assentamento","m²",300.14999999999998]
[3205862,"Gabião saco - diâmetro = 0,65 m - Zn/Al + PVC - D = 2,4 mm - pedra de mão comercial - fornecimento e assentamento","m³",809.55]
[3205861,"Gabião saco - diâmetro = 0,65 m - Zn/Al + PVC - D = 2,4 mm - pedra de mão produzida - confecção e assentamento","m³",720.78]
[3606579,"Carga, transporte e descarga de material pétreo para molhes com o uso de batelões e escavadeira hidráulica - DMT de 0 a 300 m","m³",21.07]
[3606583,"Carga, transporte e descarga de material pétreo para molhes com o uso de batelões e escavadeira hidráulica - DMT de 1.200 a 1.500 m","m³",21.83]
[3606584,"Carga, transporte e descarga de material pétreo para molhes com o uso de batelões e escavadeira hidráulica - DMT de 1.500 a 1.800 m","m³",21.94]
[3606585,"Carga, transporte e descarga de material pétreo para molhes com o uso de batelões e escavadeira hidráulica - DMT de 1.800 a 2.100 m","m³",22.05]
[3606586,"Carga, transporte e descarga de material pétreo para molhes com o uso de batelões e escavadeira hidráulica - DMT de 2.100 a 2.400 m","m³",22.27]
[3606587,"Carga, transporte e descarga de material pétreo para molhes com o uso de batelões e escavadeira hidráulica - DMT de 2.400 a 2.700 m","m³",22.49]
[3606588,"Carga, transporte e descarga de material pétreo para molhes com o uso de batelões e escavadeira hidráulica - DMT de 2.700 a 3.000 m","m³",22.6]
[3606589,"Carga, transporte e descarga de material pétreo para molhes com o uso de batelões e escavadeira hidráulica - DMT de 3.000 m","m³",22.7]
[3606580,"Carga, transporte e descarga de material pétreo para molhes com o uso de batelões e escavadeira hidráulica - DMT de 300 a 600 m","m³",21.29]
[3606581,"Carga, transporte e descarga de material pétreo para molhes com o uso de batelões e escavadeira hidráulica - DMT de 600 a 900 m","m³",21.5]
[3606582,"Carga, transporte e descarga de material pétreo para molhes com o uso de batelões e escavadeira hidráulica - DMT de 900 a 1.200 m","m³",21.61]
[3606527,"Escavação, carga e transporte de material pétreo para a subcarapaça - caminho de serviço em leito natural - DMT de 1.000 a 1.200 m - com caminhão basculante de 8 m³","m³",49.75]
[3606528,"Escavação, carga e transporte de material pétreo para a subcarapaça - caminho de serviço em leito natural - DMT de 1.200 a 1.400 m - com caminhão basculante de 8 m³","m³",50.43]
[3606529,"Escavação, carga e transporte de material pétreo para a subcarapaça - caminho de serviço em leito natural - DMT de 1.400 a 1.600 m - com caminhão basculante de 8 m³","m³",50.98]
[3606530,"Escavação, carga e transporte de material pétreo para a subcarapaça - caminho de serviço em leito natural - DMT de 1.600 a 1.800 m - com caminhão basculante de 8 m³","m³",51.67]
[3606531,"Escavação, carga e transporte de material pétreo para a subcarapaça - caminho de serviço em leito natural - DMT de 1.800 a 2.000 m - com caminhão basculante de 8 m³","m³",52.35]
[3606532,"Escavação, carga e transporte de material pétreo para a subcarapaça - caminho de serviço em leito natural - DMT de 2.000 a 2.500 m - com caminhão basculante de 8 m³","m³",53.45]
[3606533,"Escavação, carga e transporte de material pétreo para a subcarapaça - caminho de serviço em leito natural - DMT de 2.500 a 3.000 m - com caminhão basculante de 8 m³","m³",57.53]
[3606534,"Escavação, carga e transporte de material pétreo para a subcarapaça - caminho de serviço em leito natural - DMT de 3.000 m - com caminhão basculante de 8 m³","m³",58.44]
[3606535,"Escavação, carga e transporte de material pétreo para a subcarapaça - caminho de serviço em revestimento primário - DMT de 1.000 a 1.200 m - com caminhão basculante de 8 m³","m³",45.44]
[3606536,"Escavação, carga e transporte de material pétreo para a subcarapaça - caminho de serviço em revestimento primário - DMT de 1.200 a 1.400 m - com caminhão basculante de 8 m³","m³",45.8]
[3606537,"Escavação, carga e transporte de material pétreo para a subcarapaça - caminho de serviço em revestimento primário - DMT de 1.400 a 1.600 m - com caminhão basculante de 8 m³","m³",46.26]
[3606538,"Escavação, carga e transporte de material pétreo para a subcarapaça - caminho de serviço em revestimento primário - DMT de 1.600 a 1.800 m - com caminhão basculante de 8 m³","m³",46.63]
[3606539,"Escavação, carga e transporte de material pétreo para a subcarapaça - caminho de serviço em revestimento primário - DMT de 1.800 a 2.000 m - com caminhão basculante de 8 m³","m³",47.08]
[3606540,"Escavação, carga e transporte de material pétreo para a subcarapaça - caminho de serviço em revestimento primário - DMT de 2.000 a 2.500 m - com caminhão basculante de 8 m³","m³",50.02]
[3606541,"Escavação, carga e transporte de material pétreo para a subcarapaça - caminho de serviço em revestimento primário - DMT de 2.500 a 3.000 m - com caminhão basculante de 8 m³","m³",51.26]
[3606542,"Escavação, carga e transporte de material pétreo para a subcarapaça - caminho de serviço em revestimento primário - DMT de 3.000 m - com caminhão basculante de 8 m³","m³",51.8]
[3606543,"Escavação, carga e transporte de material pétreo para a subcarapaça - caminho de serviço pavimentado - DMT de 1.000 a 1.200 m - com caminhão basculante de 8 m³","m³",44.8]
[3606544,"Escavação, carga e transporte de material pétreo para a subcarapaça - caminho de serviço pavimentado - DMT de 1.200 a 1.400 m - com caminhão basculante de 8 m³","m³",45.07]
[3606545,"Escavação, carga e transporte de material pétreo para a subcarapaça - caminho de serviço pavimentado - DMT de 1.400 a 1.600 m - com caminhão basculante de 8 m³","m³",45.44]
[3606546,"Escavação, carga e transporte de material pétreo para a subcarapaça - caminho de serviço pavimentado - DMT de 1.600 a 1.800 m - com caminhão basculante de 8 m³","m³",45.8]
[3606547,"Escavação, carga e transporte de material pétreo para a subcarapaça - caminho de serviço pavimentado - DMT de 1.800 a 2.000 m - com caminhão basculante de 8 m³","m³",46.08]
[3606548,"Escavação, carga e transporte de material pétreo para a subcarapaça - caminho de serviço pavimentado - DMT de 2.000 a 2.500 m - com caminhão basculante de 8 m³","m³",46.72]
[3606549,"Escavação, carga e transporte de material pétreo para a subcarapaça - caminho de serviço pavimentado - DMT de 2.500 a 3.000 m - com caminhão basculante de 8 m³","m³",49.89]
[3606550,"Escavação, carga e transporte de material pétreo para a subcarapaça - caminho de serviço pavimentado - DMT de 3.000 m - com caminhão basculante de 8 m³","m³",50.43]
[3606500,"Escavação, carga e transporte de material pétreo para o núcleo - caminho de serviço em leito natural - DMT de 1.000 a 1.200 m - com caminhão basculante de 8 m³","m³",46.94]
[3606501,"Escavação, carga e transporte de material pétreo para o núcleo - caminho de serviço em leito natural - DMT de 1.200 a 1.400 m - com caminhão basculante de 8 m³","m³",47.62]
[3606502,"Escavação, carga e transporte de material pétreo para o núcleo - caminho de serviço em leito natural - DMT de 1.400 a 1.600 m - com caminhão basculante de 8 m³","m³",48.17]
[3606503,"Escavação, carga e transporte de material pétreo para o núcleo - caminho de serviço em leito natural - DMT de 1.600 a 1.800 m - com caminhão basculante de 8 m³","m³",48.86]
[3606504,"Escavação, carga e transporte de material pétreo para o núcleo - caminho de serviço em leito natural - DMT de 1.800 a 2.000 m - com caminhão basculante de 8 m³","m³",49.54]
[3606505,"Escavação, carga e transporte de material pétreo para o núcleo - caminho de serviço em leito natural - DMT de 2.000 a 2.500 m - com caminhão basculante de 8 m³","m³",50.64]
[3606506,"Escavação, carga e transporte de material pétreo para o núcleo - caminho de serviço em leito natural - DMT de 2.500 a 3.000 m - com caminhão basculante de 8 m³","m³",54.63]
[3606507,"Escavação, carga e transporte de material pétreo para o núcleo - caminho de serviço em leito natural - DMT de 3.000 m - com caminhão basculante de 8 m³","m³",55.72]
[3606509,"Escavação, carga e transporte de material pétreo para o núcleo - caminho de serviço em revestimento primário - DMT de 1.000 a 1.200 m - com caminhão basculante de 8 m³","m³",42.63]
[3606510,"Escavação, carga e transporte de material pétreo para o núcleo - caminho de serviço em revestimento primário - DMT de 1.200 a 1.400 m - com caminhão basculante de 8 m³","m³",43.08]
[3606511,"Escavação, carga e transporte de material pétreo para o núcleo - caminho de serviço em revestimento primário - DMT de 1.400 a 1.600 m - com caminhão basculante de 8 m³","m³",43.45]
[3606512,"Escavação, carga e transporte de material pétreo para o núcleo - caminho de serviço em revestimento primário - DMT de 1.600 a 1.800 m - com caminhão basculante de 8 m³","m³",43.82]
[3606513,"Escavação, carga e transporte de material pétreo para o núcleo - caminho de serviço em revestimento primário - DMT de 1.800 a 2.000 m - com caminhão basculante de 8 m³","m³",46.53]
[3606514,"Escavação, carga e transporte de material pétreo para o núcleo - caminho de serviço em revestimento primário - DMT de 2.000 a 2.500 m - com caminhão basculante de 8 m³","m³",47.35]
[3606515,"Escavação, carga e transporte de material pétreo para o núcleo - caminho de serviço em revestimento primário - DMT de 2.500 a 3.000 m - com caminhão basculante de 8 m³","m³",48.45]
[3606516,"Escavação, carga e transporte de material pétreo para o núcleo - caminho de serviço em revestimento primário - DMT de 3.000 m - com caminhão basculante de 8 m³","m³",48.99]
[3606518,"Escavação, carga e transporte de material pétreo para o núcleo - caminho de serviço pavimentado - DMT de 1.000 a 1.200 m - com caminhão basculante de 8 m³","m³",41.99]
[3606519,"Escavação, carga e transporte de material pétreo para o núcleo - caminho de serviço pavimentado - DMT de 1.200 a 1.400 m - com caminhão basculante de 8 m³","m³",42.35]
[3606520,"Escavação, carga e transporte de material pétreo para o núcleo - caminho de serviço pavimentado - DMT de 1.400 a 1.600 m - com caminhão basculante de 8 m³","m³",42.63]
[3606521,"Escavação, carga e transporte de material pétreo para o núcleo - caminho de serviço pavimentado - DMT de 1.600 a 1.800 m - com caminhão basculante de 8 m³","m³",42.99]
[3606522,"Escavação, carga e transporte de material pétreo para o núcleo - caminho de serviço pavimentado - DMT de 1.800 a 2.000 m - com caminhão basculante de 8 m³","m³",43.27]
[3606523,"Escavação, carga e transporte de material pétreo para o núcleo - caminho de serviço pavimentado - DMT de 2.000 a 2.500 m - com caminhão basculante de 8 m³","m³",43.91]
[3606524,"Escavação, carga e transporte de material pétreo para o núcleo - caminho de serviço pavimentado - DMT de 2.500 a 3.000 m - com caminhão basculante de 8 m³","m³",47.21]
[3606525,"Escavação, carga e transporte de material pétreo para o núcleo - caminho de serviço pavimentado - DMT de 3.000 m - com caminhão basculante de 8 m³","m³",47.62]
[3606577,"Espalhamento e conformação de material pétreo para núcleo","m³",10.88]
[3606576,"Espalhamento e conformação de material pétreo para subcarapaça","m³",4.51]
[3606561,"Fabricação de tetrápode de 10 t - concreto fck = 20 MPa - areia e brita comerciais","un",2194.04]
[3606556,"Fabricação de tetrápode de 10 t - concreto fck = 20 MPa - areia extraída e brita produzida","un",1599.79]
[3606562,"Fabricação de tetrápode de 11 t - concreto fck = 20 MPa - areia e brita comerciais","un",2400.0500000000002]
[3606557,"Fabricação de tetrápode de 11 t - concreto fck = 20 MPa - areia extraída e brita produzida","un",1746.38]
[3606563,"Fabricação de tetrápode de 12 t - concreto fck = 20 MPa - areia e brita comerciais","un",2614.3200000000002]
[3606558,"Fabricação de tetrápode de 12 t - concreto fck = 20 MPa - areia extraída e brita produzida","un",1901.22]
[3606559,"Fabricação de tetrápode de 8 t - concreto fck = 20 MPa - areia e brita comerciais","un",1756.63]
[3606554,"Fabricação de tetrápode de 8 t - concreto fck = 20 MPa - areia extraída e brita produzida","un",1281.23]
[3606560,"Fabricação de tetrápode de 9 t - concreto fck = 20 MPa - areia e brita comerciais","un",1963.51]
[3606555,"Fabricação de tetrápode de 9 t - concreto fck = 20 MPa - areia extraída e brita produzida","un",1428.69]
[3606571,"Fabricação de Xbloc de 10 t - concreto fck = 20 MPa - areia e brita comerciais","un",2164.87]
[3606566,"Fabricação de Xbloc de 10 t - concreto fck = 20 MPa - areia extraída e brita produzida","un",1570.62]
[3606572,"Fabricação de Xbloc de 11 t - concreto fck = 20 MPa - areia e brita comerciais","un",2373.6799999999998]
[3606567,"Fabricação de Xbloc de 11 t - concreto fck = 20 MPa - areia extraída e brita produzida","un",1720]
[3606573,"Fabricação de Xbloc de 12 t - concreto fck = 20 MPa - areia e brita comerciais","un",2582.0500000000002]
[3606568,"Fabricação de Xbloc de 12 t - concreto fck = 20 MPa - areia extraída e brita produzida","un",1868.95]
[3606569,"Fabricação de Xbloc de 8 t - concreto fck = 20 MPa - areia e brita comerciais","un",1745.69]
[3606564,"Fabricação de Xbloc de 8 t - concreto fck = 20 MPa - areia extraída e brita produzida","un",1270.29]
[3606570,"Fabricação de Xbloc de 9 t - concreto fck = 20 MPa - areia e brita comerciais","un",1955.57]
[3606565,"Fabricação de Xbloc de 9 t - concreto fck = 20 MPa - areia extraída e brita produzida","un",1420.74]
[3606578,"Lançamento de blocos artificias de concreto","un",109.44]
[3606575,"Seleção de material pétreo para a carapaça e subcarapaça","m³",1.77]
[3606574,"Seleção de material pétreo para o núcleo","m³",0.89]
[3713603,"Ancoragem de defensa maleável dupla - fornecimento e implantação","m",1016.72]
[3713601,"Ancoragem de defensa maleável simples - fornecimento e implantação","m",820.97]
[3713607,"Ancoragem de defensa semimaleável dupla - fornecimento e implantação","m",767.45]
[3713605,"Ancoragem de defensa semimaleável simples - fornecimento e implantação","m",548.88]
[3719530,"Barreira dupla de concreto, armada, pré-moldada (perfil New Jersey) - L > 3,00 m e H = 1.070 mm","m",304.38]
[3713828,"Barreira dupla de concreto, armada, pré-moldada (perfil New Jersey) - L > 3,00 m e H = 810 mm","m",227.38]
[3713875,"Barreira dupla de concreto, não armada, moldada no local (perfil F) - H = 810 + 100 mm","m",65.66]
[3713619,"Barreira dupla de concreto, não armada, moldada no local (perfil New Jersey) - H = 810 + 100 mm","m",66.09]
[3713876,"Barreira dupla de concreto, não armada, moldada no local, com extrusora (perfil F) - H = 810 + 100 mm","m",84.97]
[3713827,"Barreira dupla de concreto, não armada, moldada no local, com extrusora (perfil New Jersey) - H = 810 + 100 mm","m",83.57]
[3713904,"Barreira simples de concreto, armada, pré-moldada (perfil New Jersey) - L > 3,00 m e H = 1.070 mm","m",263.37]
[3719529,"Barreira simples de concreto, armada, pré-moldada (perfil New Jersey) - L > 3,00 m e H = 810 mm","m",192.37]
[3713878,"Barreira simples de concreto, não armada, moldada no local (perfil F) - H = 810 + 100 mm","m",65.27]
[3713617,"Barreira simples de concreto, não armada, moldada no local (perfil New Jersey) - H = 810 + 100 mm","m",65.489999999999995]
[3713879,"Barreira simples de concreto, não armada, moldada no local, com extrusora (perfil F) - H = 810 + 100 mm","m",76.489999999999995]
[3713826,"Barreira simples de concreto, não armada, moldada no local, com extrusora (perfil New Jersey) - H = 810 + 100 mm","m",73.08]
[3713610,"Cerca com 4 fios de arame farpado e mourão de concreto de seção quadrada de 11 cm a cada 2,5 m e esticador de 15 cm a cada 50 m - areia e brita comerciais","m",33.619999999999997]
[3713609,"Cerca com 4 fios de arame farpado e mourão de concreto de seção quadrada de 11 cm a cada 2,5 m e esticador de 15 cm a cada 50 m - areia extraída e brita produzida","m",32.07]
[3713612,"Cerca com 4 fios de arame farpado e mourão de concreto de seção triangular de 11 cm a cada 2,5 m e esticador de 15 cm a cada 50 m - areia e brita comerciais","m",27.56]
[3713611,"Cerca com 4 fios de arame farpado e mourão de concreto de seção triangular de 11 cm a cada 2,5 m e esticador de 15 cm a cada 50 m - areia extraída e brita produzida","m",26.89]
[3713608,"Cerca com 4 fios de arame farpado e mourão de madeira a cada 2,5 m e esticador a cada 50 m","m",22.44]
[3713613,"Cerca com 4 fios de arame liso galvanizado e mourão de madeira a cada 2,5 m e esticador a cada 50 m","m",20.52]
[3713822,"Confecção de barreira dupla de concreto, armada, pré-moldada (perfil New Jersey) - L > 3,00 m e H = 1.070 mm","m",297.73]
[3713824,"Confecção de barreira dupla de concreto, armada, pré-moldada (perfil New Jersey) - L > 3,00 m e H = 810 mm","m",220.73]
[3713825,"Confecção de barreira simples de concreto, armada, pré-moldada (perfil New Jersey) - L > 3,00 m e H = 1.070 mm","m",256.72000000000003]
[3713823,"Confecção de barreira simples de concreto, armada, pré-moldada (perfil New Jersey) - L > 3,00 m e H = 810 mm","m",185.72]
[3713602,"Defensa maleável dupla - fornecimento e implantação","m",939.3]
[3713600,"Defensa maleável simples - fornecimento e implantação","m",756.89]
[3713606,"Defensa semimaleável dupla - fornecimento e implantação","m",690.03]
[3713604,"Defensa semimaleável simples - fornecimento e implantação","m",495.85]
[3716129,"Fabricação de mourão de concreto esticador - seção quadrada de 15 cm - areia e brita comerciais","un",50.23]
[3716128,"Fabricação de mourão de concreto esticador - seção quadrada de 15 cm - areia extraída e brita produzida","un",43.66]
[3716133,"Fabricação de mourão de concreto esticador - seção triangular de 15 cm - areia e brita comercias","un",29.46]
[3716132,"Fabricação de mourão de concreto esticador - seção triangular de 15 cm - areia extraída e brita produzida","un",26.61]
[3716131,"Fabricação de mourão de concreto suporte - seção quadrada de 11 cm - areia e brita comerciais","un",32.5]
[3716130,"Fabricação de mourão de concreto suporte - seção quadrada de 11 cm - areia extraída e brita produzida","un",29.12]
[3716135,"Fabricação de mourão de concreto suporte - seção triangular de 11 cm - areia e brita comerciais","un",20.27]
[3716134,"Fabricação de mourão de concreto suporte - seção triangular de 11 cm - areia extraída e brita produzida","un",18.809999999999999]
[3713698,"Fornecimento e implantação de amortecedor retrátil (v <= 100 km/h) tipo TAU II afunilado - fixado em barreira de concreto, com largura de âncora traseira de 1.830 mm","un",368598.66]
[3713699,"Fornecimento e implantação de amortecedor retrátil (v <= 100 km/h) tipo TAU II afunilado - fixado em barreira de concreto, com largura de âncora traseira de 1.980 mm","un",373770.31]
[3713700,"Fornecimento e implantação de amortecedor retrátil (v <= 100 km/h) tipo TAU II afunilado - fixado em barreira de concreto, com largura de âncora traseira de 2.130 mm","un",381863.03]
[3713701,"Fornecimento e implantação de amortecedor retrátil (v <= 100 km/h) tipo TAU II afunilado - fixado em barreira de concreto, com largura de âncora traseira de 2.290 mm","un",394443.96]
[3713702,"Fornecimento e implantação de amortecedor retrátil (v <= 100 km/h) tipo TAU II afunilado - fixado em barreira de concreto, com largura de âncora traseira de 2.440 mm","un",402799.15]
[3713693,"Fornecimento e implantação de amortecedor retrátil (v <= 100 km/h) tipo TAU II combinado - fixado em barreira de concreto, com largura de âncora traseira de 1.060 mm","un",319412.63]
[3713694,"Fornecimento e implantação de amortecedor retrátil (v <= 100 km/h) tipo TAU II combinado - fixado em barreira de concreto, com largura de âncora traseira de 1.220 mm","un",333280.87]
[3713695,"Fornecimento e implantação de amortecedor retrátil (v <= 100 km/h) tipo TAU II combinado - fixado em barreira de concreto, com largura de âncora traseira de 1.370 mm","un",350930.77]
[3713696,"Fornecimento e implantação de amortecedor retrátil (v <= 100 km/h) tipo TAU II combinado - fixado em barreira de concreto, com largura de âncora traseira de 1.520 mm","un",364486.8]
[3713697,"Fornecimento e implantação de amortecedor retrátil (v <= 100 km/h) tipo TAU II combinado - fixado em barreira de concreto, com largura de âncora traseira de 1.680 mm","un",341589.48]
[3713692,"Fornecimento e implantação de amortecedor retrátil (v <= 100 km/h) tipo TAU II combinado - fixado em barreira de concreto, com largura de âncora traseira de 900 mm","un",280210.19]
[3713691,"Fornecimento e implantação de amortecedor retrátil (v <= 100 km/h) tipo TAU II paralelo - fixado em barreira de concreto, com largura de âncora traseira de até 700 mm","un",236242.48]
[3713873,"Módulo de transição de defensa metálica para barreira rígida - fornecimento e implantação","un",6812.09]
[3713705,"Remoção de defensa metálica","m",23.41]
[3713902,"Terminal absorvedor de energia de abertura com nível de contenção TL3 para defensa metálica - fornecimento e implantação","un",45985.81]
[3713903,"Terminal absorvedor de energia de não abertura com nível de contenção TL3 para defensa metálica - fornecimento e implantação","un",62341.73]
[3713689,"Terminal aéreo de defensa metálica - tipo A - fornecimento e implantação","un",426.37]
[3713690,"Terminal de ancoragem de defensa metálica em barreira New Jersey - fornecimento e implantação","un",549.16999999999996]
[3713897,"Terminal de ancoragem para barreira dupla de concreto, moldada no local (perfil F) - H = 810 + 250 mm","m",286.58999999999997]
[3713893,"Terminal de ancoragem para barreira dupla de concreto, moldada no local (perfil New Jersey) - H = 810 + 250 mm","m",290.75]
[3713898,"Terminal de ancoragem para barreira dupla de concreto, moldada no local, com extrusora (perfil F) - H = 810 + 250 mm","m",301.14]
[3713894,"Terminal de ancoragem para barreira dupla de concreto, moldada no local, com extrusora (perfil New Jersey) - H = 810 + 250 mm","m",303]
[3713895,"Terminal de ancoragem para barreira simples de concreto, moldada no local (perfil F) - H = 810 + 250 mm","m",265.35000000000002]
[3713891,"Terminal de ancoragem para barreira simples de concreto, moldada no local (perfil New Jersey) - H = 810 + 250 mm","m",264.14]
[3713896,"Terminal de ancoragem para barreira simples de concreto, moldada no local, com extrusora (perfil F) - H = 810 + 250 mm","m",274.02]
[3713892,"Terminal de ancoragem para barreira simples de concreto, moldada no local, com extrusora (perfil New Jersey) - H = 810 + 250 mm","m",269.24]
[3806412,"Abertura de janela em estrutura de concreto existente para inspeção com espessura até 0,20 m e seção 0,49 m²","un",64.44]
[3806413,"Apicoamento mecanizado de concreto","m²",21.73]
[3807863,"Chumbador de expansão controlada por torque para concreto D = 12,5 mm - fornecimento e instalação","un",12.09]
[3807864,"Chumbador de expansão controlada por torque para concreto D = 16 mm - fornecimento e instalação","un",16.559999999999999]
[3807865,"Chumbador de expansão controlada por torque para concreto D = 20 mm - fornecimento e instalação","un",24.56]
[3807861,"Chumbador de expansão controlada por torque para concreto D = 6,3 mm - fornecimento e instalação","un",3.25]
[3807862,"Chumbador de expansão controlada por torque para concreto D = 8 mm - fornecimento e instalação","un",4.49]
[3807752,"Corte linear em superfície de concreto para fixação de barras de aço de 10 mm - L = 12 mm e H = 12 mm","m",8.66]
[3807753,"Corte linear em superfície de concreto para fixação de barras de aço de 12,5 mm - L = 15 mm e H = 15 mm","m",12.46]
[3807750,"Corte linear em superfície de concreto para fixação de barras de aço de 6,3 mm - L = 8 mm e H = 8 mm","m",5.08]
[3807751,"Corte linear em superfície de concreto para fixação de barras de aço de 8 mm - L = 10 mm e H = 10 mm","m",6.65]
[3806415,"Demolição controlada de concreto com martelete","m³",646.92999999999995]
[3806416,"Elevação de estruturas até 496 kN para substituição de aparelho de apoio com a utilização de macaco hidráulico","un",76.33]
[3806419,"Elevação de estruturas de 1.390 a 1.859 kN para substituição de aparelho de apoio com a utilização de macaco hidráulico","un",102.87]
[3806417,"Elevação de estruturas de 496 a 929 kN para substituição de aparelho de apoio com a utilização de macaco hidráulico","un",85.59]
[3806418,"Elevação de estruturas de 929 a 1.390 kN para substituição de aparelho de apoio com a utilização de macaco hidráulico","un",101.66]
[3808207,"Escada tubular multidirecional em aço galvanizado - utilização de 100 vezes - fornecimento, instalação e retirada","m",181.41]
[3806400,"Fabricação de superestrutura metálica para passarela PL-15 - exceto piso de concreto","un",167244.82]
[3806399,"Fabricação de superestrutura metálica para passarela PL-20 - exceto piso de concreto","un",237712.11]
[3806387,"Fabricação de superestrutura metálica para passarela PL-25 - exceto piso de concreto","un",297438.34999999998]
[3806397,"Fabricação de superestrutura metálica para passarela PL-30 - exceto piso de concreto","un",398456.73]
[3806396,"Fabricação de superestrutura metálica para passarela PL-35 - exceto piso de concreto","un",458896.13]
[3816118,"Guarda-corpo de concreto - fabricação - areia e brita comerciais","m",96.99]
[3816117,"Guarda-corpo de concreto - fabricação - areia extraída e brita produzida","m",89.28]
[3806386,"Guarda-corpo e corrimão metálico para passarelas para pedestres - fornecimento e instalação","m",712.01]
[3816196,"Injeção de nata de cimento","m³",1099.3499999999999]
[3806426,"Lançamento de pré-laje com utilização de guindauto","t",60.33]
[3806401,"Lançamento de superestrutura de passarela metálica de 12 a 24 t com utilização de guindaste","un",14228.53]
[3806423,"Lançamento de viga pré-moldada de 1.000 a 1.250 kN com utilização de guindaste","un",10084.57]
[3806421,"Lançamento de viga pré-moldada de 500 a 750 kN com utilização de guindaste","un",4735.68]
[3806422,"Lançamento de viga pré-moldada de 750 a 1.000 kN com utilização de guindaste","un",9076.1299999999992]
[3806425,"Lançamento de viga pré-moldada de 980 a 1.225 kN com utilização de treliça lançadeira","un",3442.41]
[3806424,"Lançamento de viga pré-moldada de 980 a 1.225 kN com utilização de treliça lançadeira e carrelone","un",5580.27]
[3806420,"Lançamento de viga pré-moldada de até 500 kN com utilização de guindaste","un",4143.7299999999996]
[3806405,"Limpeza de aparelhos de apoio em obras de arte especiais - exclusa a plataforma","un",146.57]
[3806404,"Limpeza de material retido em fundações submersas de obras de arte especiais","m³",118.88]
[3806406,"Limpeza em junta de dilatação","m",6.37]
[3806403,"Limpeza em superfície de concreto com jateamento abrasivo com uso de granalhas de aço","m²",8.77]
[3806402,"Limpeza em superfície de concreto com jateamento d'água sob pressão","m²",2.5499999999999998]
[3806407,"Pingadeira de elastômero perfil 40 x 40 mm com aba inclinada e fixada com adesivo estrutural e pinos - fornecimento e instalação - exclusa a plataforma","m",182.41]
[3808043,"Pintura manual com nata de cimento - 3 demãos","m²",4.34]
[3806431,"Placa de aço de apoio para protensão externa em reforço de viga de OAE - confecção e instalação","un",5992.68]
[3806432,"Placa de aço de desvio para protensão externa em reforço de viga de OAE - confecção e instalação","un",3171.98]
[3806429,"Plataforma de trabalho em aço tubular apoiada no solo - altura de 4 a 6 m - utilização de 100 vezes - fornecimento, instalação e retirada","m³",17.489999999999998]
[3806430,"Plataforma de trabalho em aço tubular apoiada no solo - altura de 6 a 8 m - utilização de 100 vezes - fornecimento, instalação e retirada","m³",10.91]
[3806428,"Plataforma de trabalho em aço tubular apoiada no solo - altura de até 4 m - utilização de 100 vezes - fornecimento, instalação e retirada","m³",39.15]
[3816198,"Plataforma de trabalho em madeira apoiada no solo - altura de 6 a 12 m - utilização de 5 vezes - confecção, instalação e retirada","m³",75.33]
[3816197,"Plataforma de trabalho em madeira apoiada no solo - altura de até 6 m - utilização de 5 vezes - confecção, instalação e retirada","m³",70.23]
[3806410,"Plataforma de trabalho suspensa sob tabuleiro de pontes com treliças metálicas e tábuas - utilização de 100 vezes - confecção, instalação e retirada","m²",63.51]
[3806411,"Plataforma mecanizada de inspeção sob pontes com capacidade de 500 kg e alcance de 15 m","h",637.25]
[3815644,"Recomposição de dreno em tubo de aço galvanizado D = 100 mm em OAE - fornecimento e instalação","un",115.26]
[3815643,"Recomposição de dreno em tubo de aço galvanizado D = 80 mm em OAE - fornecimento e instalação","un",95.62]
[3815706,"Recomposição de guarda-corpo com agregados comerciais - instalação","m",131.44]
[3815597,"Recomposição de guarda-corpo com agregados produzidos - instalação","m",123.73]
[3815600,"Recuperação de guarda-corpo metálico em ambiente agressivo","m²",62.94]
[3815601,"Recuperação de guarda-corpo metálico em ambiente muito agressivo","m²",58.34]
[3815599,"Recuperação de guarda-corpo metálico em ambiente pouco agressivo","m²",29.13]
[3806414,"Remoção de concreto com jateamento d'água sob alta pressão","m³",538.92999999999995]
[3806409,"Restauração de berços de apoio para junta de dilatação - fornecimento e instalação","m",61.17]
[3815602,"Substituição de junta de dilatação e lábios poliméricos - fornecimento e instalação","m",31.16]
[4011444,"Areia asfalto a quente - faixa A - areia comercial","t",209.05]
[4011443,"Areia asfalto a quente - faixa A - areia extraída","t",130.84]
[4011446,"Areia asfalto a quente - faixa B - areia comercial","t",198.23]
[4011445,"Areia asfalto a quente - faixa B - areia extraída","t",118.3]
[4011448,"Areia asfalto a quente com asfalto polímero - faixa A - areia comercial","t",201.24]
[4011447,"Areia asfalto a quente com asfalto polímero - faixa A - areia extraída","t",119.06]
[4011450,"Areia asfalto a quente com asfalto polímero - faixa B - areia comercial","t",207.31]
[4011449,"Areia asfalto a quente com asfalto polímero - faixa B - areia extraída","t",126.6]
[4011452,"Areia asfalto a quente com asfalto polímero - faixa C - areia comercial","t",211.25]
[4011451,"Areia asfalto a quente com asfalto polímero - faixa C - areia extraída","t",131.58000000000001]
[4011219,"Base de solo estabilizado granulometricamente sem mistura com material de jazida","m³",11.54]
[4011291,"Base de solo melhorado com 3% de cimento e mistura em usina com material de jazida","m³",62.68]
[4011287,"Base de solo melhorado com 3% de cimento e mistura na pista com material de jazida","m³",56.92]
[4011305,"Base de solo-cal com 7% de cal e mistura na pista com material de jazida","m³",92.82]
[4011313,"Base de solo-cimento com 7% de cimento e mistura em usina com material de jazida","m³",113.23]
[4011297,"Base de solo-cimento com 7% de cimento e mistura na pista com material de jazida","m³",115.43]
[4011221,"Base estabilizada granulometricamente com mistura de solos na pista com material de jazida","m³",12.31]
[4011226,"Base estabilizada granulometricamente com mistura solo areia (70% - 30%) em usina com material de jazida e areia extraída","m³",29.53]
[4011240,"Base estabilizada granulometricamente com mistura solo brita (70% - 30%) com 3% de cimento em usina com material de jazida e brita comercial","m³",121.14]
[4011239,"Base estabilizada granulometricamente com mistura solo brita (70% - 30%) com 3% de cimento em usina com material de jazida e brita produzida","m³",89.72]
[4011268,"Base estabilizada granulometricamente com mistura solo brita (70% - 30%) em usina com material de jazida e brita comercial","m³",78.94]
[4011267,"Base estabilizada granulometricamente com mistura solo brita (70% - 30%) em usina com material de jazida e brita produzida","m³",46.54]
[4011256,"Base estabilizada granulometricamente com mistura solo brita (70% - 30%) na pista com material de jazida e brita comercial","m³",66.38]
[4011255,"Base estabilizada granulometricamente com mistura solo brita (70% - 30%) na pista com material de jazida e brita produzida","m³",33.979999999999997]
[4011276,"Base ou sub-base de brita graduada com brita comercial","m³",210.67]
[4011275,"Base ou sub-base de brita graduada com brita produzida","m³",105.57]
[4011549,"Base ou sub-base de brita graduada executada com vibroacabadora - brita comercial","m³",212.24]
[4011548,"Base ou sub-base de brita graduada executada com vibroacabadora - brita produzida","m³",107.14]
[4011278,"Base ou sub-base de brita graduada tratada com cimento com brita comercial","m³",258.93]
[4011277,"Base ou sub-base de brita graduada tratada com cimento com brita produzida","m³",156.4]
[4011561,"Base ou sub-base de brita graduada tratada com cimento executada com vibroacabadora - brita comercial","m³",260.5]
[4011560,"Base ou sub-base de brita graduada tratada com cimento executada com vibroacabadora - brita produzida","m³",157.97]
[4011282,"Base ou sub-base de macadame hidráulico com brita comercial","m³",180.16]
[4011281,"Base ou sub-base de macadame hidráulico com brita produzida","m³",91.38]
[4011279,"Base ou sub-base de macadame seco com brita comercial","m³",174.77]
[4011280,"Base ou sub-base de macadame seco com brita produzida","m³",85.99]
[4011327,"Base ou sub-base estabilizada granulometricamente com mistura solo escória de aciaria (50%-50%) em usina com material de jazida","m³",35.24]
[4011325,"Base ou sub-base estabilizada granulometricamente com mistura solo escória de aciaria (50%-50%) na pista com material de jazida","m³",20.86]
[4011454,"Concreto asfáltico - faixa A - areia e brita comerciais","t",200.53]
[4011453,"Concreto asfáltico - faixa A - areia extraída e brita produzida","t",140.63999999999999]
[4011455,"Concreto asfáltico - faixa A - massa comercial","t",17.64]
[4011459,"Concreto asfáltico - faixa B - areia e brita comerciais","t",205.23]
[4011458,"Concreto asfáltico - faixa B - areia extraída e brita produzida","t",143.79]
[4011463,"Concreto asfáltico - faixa C - areia e brita comerciais","t",207.79]
[4011462,"Concreto asfáltico - faixa C - areia extraída e brita produzida","t",142.28]
[4011464,"Concreto asfáltico - faixa C - massa comercial","t",17.64]
[4011457,"Concreto asfáltico com asfalto polímero - faixa A - areia e brita comerciais","t",201.36]
[4011456,"Concreto asfáltico com asfalto polímero - faixa A - areia extraída e brita produzida","t",140.88]
[4011461,"Concreto asfáltico com asfalto polímero - faixa B - areia e brita comerciais","t",205.77]
[4011460,"Concreto asfáltico com asfalto polímero - faixa B - areia extraída e brita produzida","t",144.05000000000001]
[4011466,"Concreto asfáltico com asfalto polímero - faixa C - areia e brita comerciais","t",215.43]
[4011465,"Concreto asfáltico com asfalto polímero - faixa C - areia extraída e brita produzida","t",147.66]
[4011469,"Concreto asfáltico com borracha - faixa A - brita comercial","t",239.49]
[4011473,"Concreto asfáltico com borracha - faixa A - brita produzida","t",195.48]
[4011470,"Concreto asfáltico com borracha - faixa B - brita comercial","t",243.05]
[4011474,"Concreto asfáltico com borracha - faixa B - brita produzida","t",200.05]
[4011471,"Concreto asfáltico com borracha - faixa C - brita comercial","t",243.28]
[4011475,"Concreto asfáltico com borracha - faixa C - brita produzida","t",202.32]
[4011472,"Concreto asfáltico com borracha - faixa GAP GRADED - brita comercial","t",239.61]
[4011476,"Concreto asfáltico com borracha - faixa GAP GRADED - brita produzida","t",195.08]
[4011478,"Concreto asfáltico reciclado em usina com adição de asfalto - brita comercial","t",176.04]
[4011477,"Concreto asfáltico reciclado em usina com adição de asfalto - brita produzida","t",144.66999999999999]
[4011538,"Cura com pintura asfáltica para pavimento de concreto compactado com rolo","m²",0.15]
[4016096,"Escavação e carga de material de jazida com escavadeira hidráulica de 1,56 m³","m³",1.44]
[4016008,"Escavação e carga de material de jazida com trator de 127 kW e carregadeira de 3,4 m³","m³",3.81]
[4016007,"Escavação e carga de material de jazida com trator de 97 kW e carregadeira de 1,72 m³","m³",4.5999999999999996]
[4015612,"Execução de revestimento primário com material de jazida","m³",11.37]
[4011562,"Geogrelha bidirecional com resistência à tração de 30 kN/m - deformação < 5% - malha de 36 x 34 mm - para reforço de base granular","m²",30.71]
[4011351,"Imprimação com asfalto diluído","m²",0.35]
[4011352,"Imprimação com emulsão asfáltica","m²",0.38]
[4011402,"Lama asfáltica - faixa I - areia e brita comerciais","m²",0.86]
[4011401,"Lama asfáltica - faixa I - areia extraída e brita produzida","m²",0.56000000000000005]
[4011404,"Lama asfáltica - faixa II - areia e brita comerciais","m²",0.61]
[4011403,"Lama asfáltica - faixa II - areia extraída e brita produzida","m²",0.39]
[4011406,"Lama asfáltica - faixa III - areia e brita comerciais","m²",1.1200000000000001]
[4011405,"Lama asfáltica - faixa III - areia extraída e brita produzida","m²",0.74]
[4011392,"Macadame betuminoso por penetração - faixa A - brita comercial","m³",209.36]
[4011391,"Macadame betuminoso por penetração - faixa A - brita produzida","m³",121.26]
[4011394,"Macadame betuminoso por penetração - faixa B - brita comercial","m³",210.01]
[4011393,"Macadame betuminoso por penetração - faixa B - brita produzida","m³",121.86]
[4011396,"Macadame betuminoso por penetração - faixa C - brita comercial","m³",216.7]
[4011395,"Macadame betuminoso por penetração - faixa C - brita produzida","m³",122.54]
[4011398,"Macadame betuminoso por penetração - faixa D - brita comercial","m³",217.28]
[4011397,"Macadame betuminoso por penetração - faixa D - brita produzida","m³",122.82]
[4011400,"Macadame betuminoso por penetração com asfalto com polímero - faixa A - brita comercial","m³",224.86]
[4011399,"Macadame betuminoso por penetração com asfalto com polímero - faixa A - brita produzida","m³",140.19]
[4011490,"Manta sintética para recapeamento asfáltico com geotêxtil RT - 09 - fornecimento e aplicação","m²",5.57]
[4011536,"Membrana plástica isolante e impermeabilizante com espessura de 0,2 mm - fornecimento e instalação","m²",1.88]
[4011415,"Micro pré-misturado a quente com asfalto polímero - brita comercial","t",182.89]
[4011416,"Micro pré-misturado a quente com asfalto polímero - brita produzida","t",142.72999999999999]
[4011408,"Microrrevestimento a frio com emulsão modificada com polímero de 0,8 cm - faixa II - brita comercial","m²",2.17]
[4011407,"Microrrevestimento a frio com emulsão modificada com polímero de 0,8 cm - faixa II - brita produzida","m²",1.67]
[4011410,"Microrrevestimento a frio com emulsão modificada com polímero de 1,5 cm - faixa III - brita comercial","m²",4.22]
[4011409,"Microrrevestimento a frio com emulsão modificada com polímero de 1,5 cm - faixa III - brita produzida","m²",3.25]
[4011412,"Microrrevestimento a frio com emulsão modificada com polímero de 2,0 cm - faixa III - brita comercial","m²",5.63]
[4011411,"Microrrevestimento a frio com emulsão modificada com polímero de 2,0 cm - faixa III - brita produzida","m²",4.34]
[4011520,"Pavimento de concreto com equipamento de pequeno porte - areia e brita comerciais","m³",566.49]
[4011507,"Pavimento de concreto com equipamento de pequeno porte - areia extraída e brita produzida","m³",429.94]
[4011535,"Pavimento de concreto com equipamento fôrma-trilho - areia e brita comerciais","m³",430.91]
[4011534,"Pavimento de concreto com equipamento fôrma-trilho - areia extraída e brita produzida","m³",306.94]
[4011533,"Pavimento de concreto com fôrmas deslizantes - areia e brita comerciais","m³",436.28]
[4011532,"Pavimento de concreto com fôrmas deslizantes - areia extraída e brita produzida","m³",312.31]
[4011492,"Pavimento de concreto compactado com rolo - brita comercial","m³",333.88]
[4011491,"Pavimento de concreto compactado com rolo - brita produzida","m³",231.1]
[4011353,"Pintura de ligação","m²",0.27]
[4011354,"Pintura de ligação - emulsão com polímero","m²",0.27]
[4011418,"Pré-misturado a frio - faixa A - areia e brita comerciais","m³",319.38]
[4011417,"Pré-misturado a frio - faixa A - areia extraída e brita produzida","m³",188.05]
[4011420,"Pré-misturado a frio - faixa B - areia e brita comerciais","m³",321.33]
[4011419,"Pré-misturado a frio - faixa B - areia extraída e brita produzida","m³",184.98]
[4011422,"Pré-misturado a frio - faixa C - areia e brita comerciais","m³",335.74]
[4011421,"Pré-misturado a frio - faixa C - areia extraída e brita produzida","m³",201.23]
[4011424,"Pré-misturado a frio - faixa D - areia e brita comerciais","m³",337.8]
[4011423,"Pré-misturado a frio - faixa D - areia extraída e brita produzida","m³",198.16]
[4011426,"Pré-misturado a frio com emulsão asfáltica com polímero - faixa A - areia e brita comerciais","m³",319.38]
[4011425,"Pré-misturado a frio com emulsão asfáltica com polímero - faixa A - areia extraída e brita produzida","m³",188.05]
[4011428,"Pré-misturado a frio com emulsão asfáltica com polímero - faixa B - areia e brita comerciais","m³",321.33]
[4011427,"Pré-misturado a frio com emulsão asfáltica com polímero - faixa B - areia extraída e brita produzida","m³",184.98]
[4011430,"Pré-misturado a frio com emulsão asfáltica com polímero - faixa C - areia e brita comerciais","m³",334.55]
[4011429,"Pré-misturado a frio com emulsão asfáltica com polímero - faixa C - areia extraída e brita produzida","m³",200.68]
[4011432,"Pré-misturado a frio com emulsão asfáltica com polímero - faixa D - areia e brita comerciais","m³",336.6]
[4011431,"Pré-misturado a frio com emulsão asfáltica com polímero - faixa D - areia extraída e brita produzida","m³",197.63]
[4011434,"Pré-misturado a quente com asfalto polímero - faixa I - camada porosa de atrito - areia e brita comerciais","t",198.42]
[4011433,"Pré-misturado a quente com asfalto polímero - faixa I - camada porosa de atrito - areia extraída e brita produzida","t",139.79]
[4011436,"Pré-misturado a quente com asfalto polímero - faixa II - camada porosa de atrito - areia e brita comerciais","t",189.89]
[4011435,"Pré-misturado a quente com asfalto polímero - faixa II - camada porosa de atrito - areia extraída e brita produzida","t",129.47]
[4011438,"Pré-misturado a quente com asfalto polímero - faixa III - camada porosa de atrito - areia e brita comerciais","t",201.84]
[4011437,"Pré-misturado a quente com asfalto polímero - faixa III - camada porosa de atrito - areia extraída e brita produzida","t",138.36000000000001]
[4011440,"Pré-misturado a quente com asfalto polímero - faixa IV - camada porosa de atrito - areia e brita comerciais","t",200.07]
[4011439,"Pré-misturado a quente com asfalto polímero - faixa IV - camada porosa de atrito - areia extraída e brita produzida","t",144.37]
[4011442,"Pré-misturado a quente com asfalto polímero - faixa V - camada porosa de atrito - areia e brita comerciais","t",200.1]
[4011441,"Pré-misturado a quente com asfalto polímero - faixa V - camada porosa de atrito - areia extraída e brita produzida","t",143.96]
[4011482,"Reciclagem com adição de 3% de cimento e incorporação do revestimento asfáltico à base","m³",72.47]
[4011484,"Reciclagem com adição de brita comercial e incorporação do revestimento asfáltico à base","m³",66.37]
[4011483,"Reciclagem com adição de brita produzida e incorporação do revestimento asfáltico à base","m³",46.73]
[4011488,"Reciclagem com espuma asfáltica e incorporação do revestimento asfáltico à base com adição de cimento","m³",51.54]
[4011487,"Reciclagem com espuma asfáltica e incorporação do revestimento asfáltico à base com adição de pó de pedra comercial e cimento","m³",77.599999999999994]
[4011486,"Reciclagem com incorporação do revestimento asfáltico à base com adição de 3% de cimento e de brita comercial","m³",109.29]
[4011485,"Reciclagem com incorporação do revestimento asfáltico à base com adição de 3% de cimento e de brita produzida","m³",89.66]
[4011489,"Reciclagem de revestimento asfáltico em usina com adição de espuma asfáltica, pó de pedra comercial e cimento","m³",139.13]
[4011481,"Reciclagem simples com incorporação do revestimento asfáltico à base","m³",29.54]
[4011347,"Reestabilização de camada de base com adição de 3% de cimento","m³",60.92]
[4011342,"Reestabilização de camada de base com adição de 30% de brita comercial","m³",79.14]
[4011344,"Reestabilização de camada de base com adição de 30% de brita produzida","m³",46.73]
[4011341,"Reestabilização de camada de base com adição de 30% de material fresado retirado da pista","m³",11.65]
[4011346,"Reestabilização de camada de base sem adição de material","m³",8.07]
[4011211,"Reforço do subleito com material de jazida","m³",10.84]
[4011304,"Reforço do subleito de solo melhorado com 4% de cal e mistura na pista com material de jazida","m³",58.38]
[4011209,"Regularização do subleito","m²",1.08]
[4011210,"Regularização do subleito com fresagem corte e controle automático de greide","m²",1.1299999999999999]
[4011537,"Serragem de juntas em pavimento de concreto, limpeza e enchimento com selante a frio","m",19.07]
[4011218,"Sub-base de concreto adensado por vibração - areia e brita comerciais","m³",434.96]
[4011217,"Sub-base de concreto adensado por vibração - areia extraída e brita produzida","m³",286.51]
[4011214,"Sub-base de concreto compactado com rolo - brita comercial","m³",280.79000000000002]
[4011213,"Sub-base de concreto compactado com rolo - brita produzida","m³",173.34]
[4011227,"Sub-base de solo estabilizado granulometricamente sem mistura com material de jazida","m³",10.84]
[4011302,"Sub-base de solo melhorado com 3% de cimento e mistura em usina com material de jazida","m³",62.36]
[4011300,"Sub-base de solo melhorado com 3% de cimento e mistura na pista com material de jazida","m³",56.59]
[4011306,"Sub-base de solo-cal com 7% de cal e mistura na pista com material de jazida","m³",92.5]
[4011303,"Sub-base de solo-cimento com 7% de cimento e mistura em usina com material de jazida","m³",112.91]
[4011301,"Sub-base de solo-cimento com 7% de cimento e mistura na pista com material de jazida","m³",115.1]
[4011228,"Sub-base estabilizada granulometricamente com mistura de solos na pista com material de jazida","m³",11.99]
[4011229,"Sub-base estabilizada granulometricamente com mistura solo areia (70% - 30%) em usina com material de jazida e areia extraída","m³",29.21]
[4011231,"Sub-base estabilizada granulometricamente com mistura solo brita (70% - 30%) com 3% de cimento em usina com material de jazida e brita comercial","m³",120.82]
[4011230,"Sub-base estabilizada granulometricamente com mistura solo brita (70% - 30%) com 3% de cimento em usina com material de jazida e brita produzida","m³",89.4]
[4011235,"Sub-base estabilizada granulometricamente com mistura solo brita (70% - 30%) em usina com material de jazida e brita comercial","m³",78.62]
[4011234,"Sub-base estabilizada granulometricamente com mistura solo brita (70% - 30%) em usina com material de jazida e brita produzida","m³",46.22]
[4011233,"Sub-base estabilizada granulometricamente com mistura solo brita (70% - 30%) na pista com material de jazida e brita comercial","m³",66.06]
[4011232,"Sub-base estabilizada granulometricamente com mistura solo brita (70% - 30%) na pista com material de jazida e brita produzida","m³",33.659999999999997]
[4011372,"Tratamento superficial duplo com banho diluído - brita comercial","m²",5.65]
[4011371,"Tratamento superficial duplo com banho diluído - brita produzida","m²",3.88]
[4011378,"Tratamento superficial duplo com banho diluído com emulsão com polímero - brita comercial","m²",5.65]
[4011377,"Tratamento superficial duplo com banho diluído com emulsão com polímero - brita produzida","m²",3.88]
[4011368,"Tratamento superficial duplo com CAP - brita comercial","m²",4.54]
[4011367,"Tratamento superficial duplo com CAP - brita produzida","m²",2.76]
[4011374,"Tratamento superficial duplo com CAP com polímero - brita comercial","m²",4.54]
[4011373,"Tratamento superficial duplo com CAP com polímero - brita produzida","m²",2.76]
[4011370,"Tratamento superficial duplo com emulsão - brita comercial","m²",5.14]
[4011369,"Tratamento superficial duplo com emulsão - brita produzida","m²",3.37]
[4011376,"Tratamento superficial duplo com emulsão com polímero - brita comercial","m²",5.14]
[4011375,"Tratamento superficial duplo com emulsão com polímero - brita produzida","m²",3.37]
[4011360,"Tratamento superficial simples com banho diluído - brita comercial","m²",1.96]
[4011359,"Tratamento superficial simples com banho diluído - brita produzida","m²",1.41]
[4011366,"Tratamento superficial simples com banho diluído com emulsão com polímero - brita comercial","m²",1.96]
[4011365,"Tratamento superficial simples com banho diluído com emulsão com polímero - brita produzida","m²",1.41]
[4011356,"Tratamento superficial simples com CAP - brita comercial","m²",1.5]
[4011355,"Tratamento superficial simples com CAP - brita produzida","m²",0.95]
[4011362,"Tratamento superficial simples com CAP com polímero - brita comercial","m²",1.5]
[4011361,"Tratamento superficial simples com CAP com polímero - brita produzida","m²",0.95]
[4011358,"Tratamento superficial simples com emulsão - brita comercial","m²",1.74]
[4011357,"Tratamento superficial simples com emulsão - brita produzida","m²",1.19]
[4011364,"Tratamento superficial simples com emulsão com polímero - brita comercial","m²",1.74]
[4011363,"Tratamento superficial simples com emulsão com polímero - brita produzida","m²",1.19]
[4011384,"Tratamento superficial triplo com banho diluído - brita comercial","m²",6.18]
[4011383,"Tratamento superficial triplo com banho diluído - brita produzida","m²",4.2300000000000004]
[4011390,"Tratamento superficial triplo com banho diluído - emulsão com polímero - brita comercial","m²",6.18]
[4011389,"Tratamento superficial triplo com banho diluído - emulsão com polímero - brita produzida","m²",4.2300000000000004]
[4011380,"Tratamento superficial triplo com CAP - brita comercial","m²",5.07]
[4011379,"Tratamento superficial triplo com CAP - brita produzida","m²",3.12]
[4011386,"Tratamento superficial triplo com CAP com polímero - brita comercial","m²",5.07]
[4011385,"Tratamento superficial triplo com CAP com polímero - brita produzida","m²",3.12]
[4011382,"Tratamento superficial triplo com emulsão - brita comercial","m²",5.67]
[4011381,"Tratamento superficial triplo com emulsão - brita produzida","m²",3.73]
[4011388,"Tratamento superficial triplo com emulsão com polímero - brita comercial","m²",5.67]
[4011387,"Tratamento superficial triplo com emulsão com polímero - brita produzida","m²",3.73]
[4011212,"Varredura da superfície para execução de revestimento asfáltico","m²",0.06]
[4208197,"Ancoragem fixa para estais de 12 cordoalhas D = 15,7 mm - inclusive injeção de cera","un",13902.45]
[4208158,"Ancoragem fixa para estais de 19 cordoalhas D = 15,7 mm - inclusive injeção de cera","un",19020.38]
[4208198,"Ancoragem fixa para estais de 22 cordoalhas D = 15,7 mm - inclusive injeção de cera","un",20246.45]
[4208159,"Ancoragem fixa para estais de 31 cordoalhas D = 15,7 mm - inclusive injeção de cera","un",30664.31]
[4208160,"Ancoragem fixa para estais de 37 cordoalhas D = 15,7 mm - inclusive injeção de cera","un",36480.9]
[4208199,"Ancoragem fixa para estais de 43 cordoalhas D = 15,7 mm - inclusive injeção de cera","un",42319.92]
[4208161,"Ancoragem fixa para estais de 55 cordoalhas D = 15,7 mm - inclusive injeção de cera","un",53828.800000000003]
[4208162,"Ancoragem fixa para estais de 61 cordoalhas D = 15,7 mm - inclusive injeção de cera","un",59976.88]
[4208163,"Ancoragem fixa para estais de 73 cordoalhas D = 15,7 mm - inclusive injeção de cera","un",76109.679999999993]
[4208200,"Ancoragem fixa para estais de 85 cordoalhas D = 15,7 mm - inclusive injeção de cera","un",82818.98]
[4208164,"Ancoragem fixa para estais de 91 cordoalhas D = 15,7 mm - inclusive injeção de cera","un",100291.05]
[4208201,"Ancoragem regulável para estais de 12 cordoalhas D = 15,7 mm - inclusive protensão, injeção de cera e regulagem final","un",19135.990000000002]
[4208151,"Ancoragem regulável para estais de 19 cordoalhas D = 15,7 mm - inclusive protensão, injeção de cera e regulagem final","un",26895.56]
[4208202,"Ancoragem regulável para estais de 22 cordoalhas D = 15,7 mm - inclusive protensão, injeção de cera e regulagem final","un",30573.4]
[4208152,"Ancoragem regulável para estais de 31 cordoalhas D = 15,7 mm - inclusive protensão, injeção de cera e regulagem final","un",43081.87]
[4208153,"Ancoragem regulável para estais de 37 cordoalhas D = 15,7 mm - inclusive protensão, injeção de cera e regulagem final","un",51188.83]
[4208203,"Ancoragem regulável para estais de 43 cordoalhas D = 15,7 mm - inclusive protensão, injeção de cera e regulagem final","un",59429.72]
[4208154,"Ancoragem regulável para estais de 55 cordoalhas D = 15,7 mm - inclusive protensão, injeção de cera e regulagem final","un",75322.03]
[4208155,"Ancoragem regulável para estais de 61 cordoalhas D = 15,7 mm - inclusive protensão, injeção de cera e regulagem final","un",85011.36]
[4208156,"Ancoragem regulável para estais de 73 cordoalhas D = 15,7 mm - inclusive protensão, injeção de cera e regulagem final","un",103222.05]
[4208204,"Ancoragem regulável para estais de 85 cordoalhas D = 15,7 mm - inclusive protensão, injeção de cera e regulagem final","un",116628.65]
[4208157,"Ancoragem regulável para estais de 91 cordoalhas D = 15,7 mm - inclusive protensão, injeção de cera e regulagem final","un",136746.28]
[4208127,"Cordoalha para estais CP 177 RB D = 15,7 mm - fornecimento, preparo e colocação","kg",27.95]
[4208196,"Elevador de cremalheira - ascensão e ancoragem da torre a partir de 16 m com cada elevação de até 9 m - utilização de 50 vezes - inclusive desmontagem","un",2500.91]
[4208209,"Elevador de cremalheira - montagem e desmontagem até a altura de 16 m - exceto fundações","un",10513.26]
[4208206,"Elevador de cremalheira com cabine simples, com capacidade de 1.500 kg e altura de até 100 m - operação","h",118.5]
[4208210,"Grua fixa - montagem e desmontagem até a altura de 60 m - exceto fundações","un",23799.78]
[4208195,"Grua fixa - telescopagem e ancoragem da torre a partir de 60 m com cada elevação de até 18 m - inclusive desmontagem","un",12437.77]
[4208208,"Grua fixa com altura de 60 a 102 m, com alcance de 60 m e capacidade de 1.500 kg na ponta da lança - operação","h",535.29999999999995]
[4208135,"Tubo antivandalismo em aço galvanizado para estais de 12 cordoalhas D = 15,7 mm - fornecimento e instalação","m",11300.85]
[4208136,"Tubo antivandalismo em aço galvanizado para estais de 19 cordoalhas D = 15,7 mm - fornecimento e instalação","m",13386.18]
[4208137,"Tubo antivandalismo em aço galvanizado para estais de 22 cordoalhas D = 15,7 mm - fornecimento e instalação","m",15633.95]
[4208138,"Tubo antivandalismo em aço galvanizado para estais de 31 cordoalhas D = 15,7 mm - fornecimento e instalação","m",19572.349999999999]
[4208139,"Tubo antivandalismo em aço galvanizado para estais de 37 cordoalhas D = 15,7 mm - fornecimento e instalação","m",22573.73]
[4208140,"Tubo antivandalismo em aço galvanizado para estais de 43 cordoalhas D = 15,7 mm - fornecimento e instalação","m",29505.46]
[4208141,"Tubo antivandalismo em aço galvanizado para estais de 55 cordoalhas D = 15,7 mm - fornecimento e instalação","m",33262.639999999999]
[4208212,"Tubo antivandalismo em aço galvanizado para estais de 61 cordoalhas D = 15,7 mm - fornecimento e instalação","m",38130.629999999997]
[4208213,"Tubo antivandalismo em aço galvanizado para estais de 73 cordoalhas D = 15,7 mm - fornecimento e instalação","m",48361.48]
[4208214,"Tubo antivandalismo em aço galvanizado para estais de 85 cordoalhas D = 15,7 mm - fornecimento e instalação","m",56302.32]
[4208215,"Tubo antivandalismo em aço galvanizado para estais de 91 cordoalhas D = 15,7 mm - fornecimento e instalação","m",74617.23]
[4208216,"Tubo fôrma lado fixo em aço galvanizado para estais de 12 cordoalhas D = 15,7 mm - fornecimento e instalação","m",10546.65]
[4208217,"Tubo fôrma lado fixo em aço galvanizado para estais de 19 cordoalhas D = 15,7 mm - fornecimento e instalação","m",12431.2]
[4208218,"Tubo fôrma lado fixo em aço galvanizado para estais de 22 cordoalhas D = 15,7 mm - fornecimento e instalação","m",15246.19]
[4208219,"Tubo fôrma lado fixo em aço galvanizado para estais de 31 cordoalhas D = 15,7 mm - fornecimento e instalação","m",18813.79]
[4208220,"Tubo fôrma lado fixo em aço galvanizado para estais de 37 cordoalhas D = 15,7 mm - fornecimento e instalação","m",22009.67]
[4208221,"Tubo fôrma lado fixo em aço galvanizado para estais de 43 cordoalhas D = 15,7 mm - fornecimento e instalação","m",28955.23]
[4208222,"Tubo fôrma lado fixo em aço galvanizado para estais de 55 cordoalhas D = 15,7 mm - fornecimento e instalação","m",32339.22]
[4208223,"Tubo fôrma lado fixo em aço galvanizado para estais de 61 cordoalhas D = 15,7 mm - fornecimento e instalação","m",37395.19]
[4208224,"Tubo fôrma lado fixo em aço galvanizado para estais de 73 cordoalhas D = 15,7 mm - fornecimento e instalação","m",47540.76]
[4208225,"Tubo fôrma lado fixo em aço galvanizado para estais de 85 cordoalhas D = 15,7 mm - fornecimento e instalação","m",55592.31]
[4208226,"Tubo fôrma lado fixo em aço galvanizado para estais de 91 cordoalhas D = 15,7 mm - fornecimento e instalação","m",73624.070000000007]
[4208227,"Tubo fôrma lado regulável em aço galvanizado para estais de 12 cordoalhas D = 15,7 mm - fornecimento e instalação","m",10532.87]
[4208228,"Tubo fôrma lado regulável em aço galvanizado para estais de 19 cordoalhas D = 15,7 mm - fornecimento e instalação","m",12431.28]
[4208229,"Tubo fôrma lado regulável em aço galvanizado para estais de 22 cordoalhas D = 15,7 mm - fornecimento e instalação","m",15246.22]
[4208230,"Tubo fôrma lado regulável em aço galvanizado para estais de 31 cordoalhas D = 15,7 mm - fornecimento e instalação","m",18813.96]
[4208231,"Tubo fôrma lado regulável em aço galvanizado para estais de 37 cordoalhas D = 15,7 mm - fornecimento e instalação","m",22009.73]
[4208232,"Tubo fôrma lado regulável em aço galvanizado para estais de 43 cordoalhas D = 15,7 mm - fornecimento e instalação","m",28955.31]
[4208233,"Tubo fôrma lado regulável em aço galvanizado para estais de 55 cordoalhas D = 15,7 mm - fornecimento e instalação","m",32339.439999999999]
[4208234,"Tubo fôrma lado regulável em aço galvanizado para estais de 61 cordoalhas D = 15,7 mm - fornecimento e instalação","m",37395.21]
[4208235,"Tubo fôrma lado regulável em aço galvanizado para estais de 73 cordoalhas D = 15,7 mm - fornecimento e instalação","m",47540.88]
[4208236,"Tubo fôrma lado regulável em aço galvanizado para estais de 85 cordoalhas D = 15,7 mm - fornecimento e instalação","m",55507.33]
[4208237,"Tubo fôrma lado regulável em aço galvanizado para estais de 91 cordoalhas D = 15,7 mm - fornecimento e instalação","m",73441.990000000005]
[4208128,"Tubo PEAD para estais - D = 110 mm - fornecimento e instalação","m",396.44]
[4208129,"Tubo PEAD para estais - D = 140 mm - fornecimento e instalação","m",629.04999999999995]
[4208130,"Tubo PEAD para estais - D = 160 mm - fornecimento e instalação","m",822.5]
[4208131,"Tubo PEAD para estais - D = 180 mm - fornecimento e instalação","m",1054.6199999999999]
[4208132,"Tubo PEAD para estais - D = 200 mm - fornecimento e instalação","m",1210.3900000000001]
[4208133,"Tubo PEAD para estais - D = 225 mm - fornecimento e instalação","m",1519.17]
[4208134,"Tubo PEAD para estais - D = 250 mm - fornecimento e instalação","m",1695.18]
[4208238,"Tubo PEAD para estais - D = 280 mm - fornecimento e instalação","m",1966.44]
[4208239,"Tubo PEAD para estais - D = 315 mm - fornecimento e instalação","m",2278.38]
[4413920,"Adubação de cobertura por equipamento de hidrossemeadura em áreas de semeadura via seca ou de hidrossemeadura","m²",0.59]
[4413024,"Adubação manual de cobertura em áreas de enleivamento ou de plantio de mudas de gramíneas","m²",0.44]
[4413022,"Adubação manual de cobertura em áreas de semeadura via seca ou de hidrossemeadura","m²",0.68]
[4413020,"Barreira arbórea para tratamento acústico das áreas lindeiras da faixa de domínio – densidade de plantio de 1,0 m entre mudas","m",38.549999999999997]
[4413013,"Cerca de passagem de fauna com tela de alambrado sobre mureta de blocos de concreto - H = 20 cm - mourões de madeira a cada 2,5 m e esticador a cada 50 m","m",90.19]
[4413019,"Cerca viva para tratamento acústico das áreas lindeiras da faixa de domínio – densidade de plantio de 1,0 m entre mudas","m",35.979999999999997]
[4413026,"Dique de bambu para controle de erosão de taludes","m²",238.72]
[4413996,"Enleivamento","m²",10.02]
[4413942,"Espalhamento de material em bota-fora","m³",1.61]
[4413018,"Fixação de tela eletrossoldada em talude para lançamento de argamassa ou concreto projetado","kg",13.46]
[4413905,"Hidrossemeadura","m²",6.33]
[4413987,"Irrigação de área plantada para proteção vegetal do corpo estradal","m²",0.32]
[4413995,"Obtenção de grama para replantio","m²",2.82]
[4413994,"Passagem aérea de animais com rede de cabos de aço e sisal apoiadas em 6 postes de concreto de 15 m - extensão total de 100 m","m",628.24]
[4413200,"Plantio de grama comercial em placas","m²",15.26]
[4413990,"Plantio de muda de arbusto com altura até 0,50 m em cova de 0,40 x 0,40 x 0,40 m","un",35.979999999999997]
[4413989,"Plantio de muda de árvore com altura de 0,30 a 0,80 m em cova de 0,60 x 0,60 x 0,60 m","un",38.549999999999997]
[4413951,"Plantio de muda de árvore frutífera com altura até 1,00 m em cova de 0,60 x 0,60 x 0,60 m","un",68.7]
[4413950,"Plantio de muda de árvore frutífera com altura de 1,00 a 2,00 m em cova de 0,60 x 0,60 x 0,60 m","un",121.78]
[4413949,"Plantio de muda de árvore frutífera com altura de 2,00 a 3,00 m em cova de 0,60 x 0,60 x 0,60 m","un",213.88]
[4413948,"Plantio de muda de árvore ornamental com altura até 1,00 m em cova de 0,60 x 0,60 x 0,60 m","un",57.41]
[4413947,"Plantio de muda de árvore ornamental com altura de 1,00 a 2,00 m em cova de 0,60 x 0,60 x 0,60 m","un",99.31]
[4413946,"Plantio de muda de árvore ornamental com altura de 2,00 a 3,00 m em cova de 0,60 x 0,60 x 0,60 m","un",125.65]
[4413952,"Plantio de tapete de floríferas com altura até 0,50 m","m²",78.260000000000005]
[4413012,"Preenchimento de erosão em talude com terra vegetal e sementes de gramíneas ensacadas","m³",389.56]
[4413014,"Recuperação ambiental de pedreiras ou áreas degradadas com biomanta vegetal de fibras de coco","m²",16.57]
[4413016,"Recuperação ambiental de pedreiras ou áreas degradadas com biomanta vegetal de fibras de palha em áreas com inclinação máxima de 1:1,5","m²",10.18]
[4413984,"Regularização de bota-fora com espalhamento e compactação","m³",3.54]
[4413986,"Regularização de superfície com motoniveladora","m²",0.06]
[4413985,"Regularização manual de taludes de cortes e aterros","m²",21.92]
[4413017,"Retentores de sedimentos em fibras vegetais - D = 20 cm","m",52.42]
[4415673,"Revestimento vegetal com grama em mudas em superfícies inclinadas","m²",7.98]
[4415684,"Revestimento vegetal com grama em mudas em superfícies planas","m²",4.5199999999999996]
[4413993,"Revestimento vegetal por semeadura a lanço manual de gramíneas e leguminosas","m²",0.61]
[4507754,"Ancoragem ativa com 10 cordoalhas aderentes D = 12,7 mm - fornecimento e instalação","un",924.03]
[4507738,"Ancoragem ativa com 10 cordoalhas aderentes D = 15,2 mm - fornecimento e instalação","un",1248.8]
[4507755,"Ancoragem ativa com 12 cordoalhas aderentes D = 12,7 mm - fornecimento e instalação","un",1159.33]
[4507756,"Ancoragem ativa com 12 cordoalhas aderentes D = 15,2 mm - fornecimento e instalação","un",1519.28]
[4507757,"Ancoragem ativa com 15 cordoalhas aderentes D = 12,7 mm - fornecimento e instalação","un",1606.52]
[4507758,"Ancoragem ativa com 15 cordoalhas aderentes D = 15,2 mm - fornecimento e instalação","un",1985.49]
[4507759,"Ancoragem ativa com 19 cordoalhas aderentes D = 12,7 mm - fornecimento e instalação","un",2029.01]
[4507760,"Ancoragem ativa com 19 cordoalhas aderentes D = 15,2 mm - fornecimento e instalação","un",2569.92]
[4507761,"Ancoragem ativa com 22 cordoalhas aderentes D = 12,7 mm - fornecimento e instalação","un",2613.64]
[4507762,"Ancoragem ativa com 22 cordoalhas aderentes D = 15,2 mm - fornecimento e instalação","un",3307.63]
[4507763,"Ancoragem ativa com 27 cordoalhas aderentes D = 12,7 mm - fornecimento e instalação","un",3152.15]
[4507764,"Ancoragem ativa com 27 cordoalhas aderentes D = 15,2 mm - fornecimento e instalação","un",4312.79]
[4507765,"Ancoragem ativa com 31 cordoalhas aderentes D = 12,7 mm - fornecimento e instalação","un",3552.49]
[4508192,"Ancoragem ativa com 31 cordoalhas aderentes D = 15,2 mm - fornecimento e instalação","un",6013.88]
[4507766,"Ancoragem ativa com 4 cordoalhas aderentes D = 12,7 mm - fornecimento e instalação","un",419.4]
[4507767,"Ancoragem ativa com 4 cordoalhas aderentes D = 15,2 mm - fornecimento e instalação","un",509.28]
[4507768,"Ancoragem ativa com 6 cordoalhas aderentes D = 12,7 mm - fornecimento e instalação","un",559.91999999999996]
[4507769,"Ancoragem ativa com 6 cordoalhas aderentes D = 15,2 mm - fornecimento e instalação","un",701.73]
[4507770,"Ancoragem ativa com 7 cordoalhas aderentes D = 12,7 mm - fornecimento e instalação","un",642.03]
[4507771,"Ancoragem ativa com 7 cordoalhas aderentes D = 15,2 mm - fornecimento e instalação","un",820.46]
[4507772,"Ancoragem ativa com 8 cordoalhas aderentes D = 12,7 mm - fornecimento e instalação","un",750.93]
[4508193,"Ancoragem ativa com 8 cordoalhas aderentes D = 15,2 mm - fornecimento e instalação","un",947]
[4507773,"Ancoragem ativa com 9 cordoalhas aderentes D = 12,7 mm - fornecimento e instalação","un",843.27]
[4507774,"Ancoragem ativa com 9 cordoalhas aderentes D = 15,2 mm - fornecimento e instalação","un",1116.03]
[4507775,"Ancoragem ativa para lajes com 1 cordoalha aderente D = 12,7 mm - fornecimento e instalação","un",103.86]
[4507776,"Ancoragem ativa para lajes com 1 cordoalha aderente D = 15,2 mm - fornecimento e instalação","un",114.16]
[4507783,"Ancoragem ativa para lajes com 1 cordoalha engraxada D = 12,7 mm - fornecimento e instalação","un",81.569999999999993]
[4507784,"Ancoragem ativa para lajes com 1 cordoalha engraxada D = 15,2 mm - fornecimento e instalação","un",114.39]
[4507777,"Ancoragem ativa para lajes com 2 cordoalhas aderentes D = 12,7 mm - fornecimento e instalação","un",197.45]
[4507778,"Ancoragem ativa para lajes com 2 cordoalhas aderentes D = 15,2 mm - fornecimento e instalação","un",244.57]
[4507779,"Ancoragem ativa para lajes com 3 cordoalhas aderentes D = 12,7 mm - fornecimento e instalação","un",266.33]
[4507780,"Ancoragem ativa para lajes com 3 cordoalhas aderentes D = 15,2 mm - fornecimento e instalação","un",321.35000000000002]
[4507781,"Ancoragem ativa para lajes com 4 cordoalhas aderentes D = 12,7 mm - fornecimento e instalação","un",337.32]
[4507782,"Ancoragem ativa para lajes com 4 cordoalhas aderentes D = 15,2 mm - fornecimento e instalação","un",399.91]
[4507785,"Ancoragem passiva com 10 cordoalhas aderentes D = 12,7 mm - fornecimento e instalação","un",144.66]
[4508194,"Ancoragem passiva com 10 cordoalhas aderentes D = 15,2 mm - fornecimento e instalação","un",151.82]
[4507786,"Ancoragem passiva com 12 cordoalhas aderentes D = 12,7 mm - fornecimento e instalação","un",168.27]
[4507787,"Ancoragem passiva com 12 cordoalhas aderentes D = 15,2 mm - fornecimento e instalação","un",175.51]
[4507788,"Ancoragem passiva com 15 cordoalhas aderentes D = 12,7 mm - fornecimento e instalação","un",226.47]
[4507789,"Ancoragem passiva com 15 cordoalhas aderentes D = 15,2 mm - fornecimento e instalação","un",241.2]
[4507790,"Ancoragem passiva com 19 cordoalhas aderentes D = 12,7 mm - fornecimento e instalação","un",278.10000000000002]
[4507791,"Ancoragem passiva com 19 cordoalhas aderentes D = 15,2 mm - fornecimento e instalação","un",296.79000000000002]
[4507792,"Ancoragem passiva com 22 cordoalhas aderentes D = 12,7 mm - fornecimento e instalação","un",362.83]
[4507793,"Ancoragem passiva com 22 cordoalhas aderentes D = 15,2 mm - fornecimento e instalação","un",356.26]
[4507794,"Ancoragem passiva com 27 cordoalhas aderentes D = 12,7 mm - fornecimento e instalação","un",483.52]
[4507795,"Ancoragem passiva com 27 cordoalhas aderentes D = 15,2 mm - fornecimento e instalação","un",488.85]
[4507796,"Ancoragem passiva com 31 cordoalhas aderentes D = 12,7 mm - fornecimento e instalação","un",557.20000000000005]
[4508190,"Ancoragem passiva com 31 cordoalhas aderentes D = 15,2 mm - fornecimento e instalação","un",590.72]
[4507797,"Ancoragem passiva com 4 cordoalhas aderentes D = 12,7 mm - fornecimento e instalação","un",65.709999999999994]
[4507798,"Ancoragem passiva com 4 cordoalhas aderentes D = 15,2 mm - fornecimento e instalação","un",70.25]
[4507799,"Ancoragem passiva com 6 cordoalhas aderentes D = 12,7 mm - fornecimento e instalação","un",94.3]
[4507800,"Ancoragem passiva com 6 cordoalhas aderentes D = 15,2 mm - fornecimento e instalação","un",97.09]
[4507801,"Ancoragem passiva com 7 cordoalhas aderentes D = 12,7 mm - fornecimento e instalação","un",113.49]
[4507802,"Ancoragem passiva com 7 cordoalhas aderentes D = 15,2 mm - fornecimento e instalação","un",116.28]
[4507803,"Ancoragem passiva com 8 cordoalhas aderentes D = 12,7 mm - fornecimento e instalação","un",113.91]
[4508191,"Ancoragem passiva com 8 cordoalhas aderentes D = 15,2 mm - fornecimento e instalação","un",116.71]
[4507804,"Ancoragem passiva com 9 cordoalhas aderentes D = 12,7 mm - fornecimento e instalação","un",140.85]
[4507805,"Ancoragem passiva com 9 cordoalhas aderentes D = 15,2 mm - fornecimento e instalação","un",145.28]
[4507806,"Ancoragem passiva para lajes com 1 cordoalha aderente D = 12,7 mm - fornecimento e instalação","un",27.26]
[4507807,"Ancoragem passiva para lajes com 1 cordoalha aderente D = 15,2 mm - fornecimento e instalação","un",32.79]
[4507866,"Ancoragem passiva para lajes com 1 cordoalha engraxada D = 12,7 mm - fornecimento e instalação","un",76.59]
[4507867,"Ancoragem passiva para lajes com 1 cordoalha engraxada D = 15,2 mm - fornecimento e instalação","un",109.41]
[4507808,"Ancoragem passiva para lajes com 2 cordoalhas aderentes D = 12,7 mm - fornecimento e instalação","un",30.94]
[4507809,"Ancoragem passiva para lajes com 2 cordoalhas aderentes D = 15,2 mm - fornecimento e instalação","un",38.369999999999997]
[4507810,"Ancoragem passiva para lajes com 3 cordoalhas aderentes D = 12,7 mm - fornecimento e instalação","un",50.55]
[4507811,"Ancoragem passiva para lajes com 3 cordoalhas aderentes D = 15,2 mm - fornecimento e instalação","un",50.7]
[4507812,"Ancoragem passiva para lajes com 4 cordoalhas aderentes D = 12,7 mm - fornecimento e instalação","un",58.23]
[4507813,"Ancoragem passiva para lajes com 4 cordoalhas aderentes D = 15,2 mm - fornecimento e instalação","un",75.97]
[4507851,"Bainha metálica ovalizada seção 19 x 36 mm para 1 cordoalha D = 12,7 mm - fornecimento, instalação e injeção de nata de cimento","m",35.340000000000003]
[4507852,"Bainha metálica ovalizada seção 19 x 36 mm para 2 cordoalhas D = 12,7 mm - fornecimento, instalação e injeção de nata de cimento","m",35.19]
[4507853,"Bainha metálica ovalizada seção 19 x 48 mm para 3 cordoalhas D = 12,7 mm - fornecimento, instalação e injeção de nata de cimento","m",38.31]
[4507854,"Bainha metálica ovalizada seção 19 x 62 mm para 4 cordoalhas D = 12,7 mm - fornecimento, instalação e injeção de nata de cimento","m",42.32]
[4507855,"Bainha metálica ovalizada seção 22 x 32 mm para 1 cordoalha D = 15,2 mm - fornecimento, instalação e injeção de nata de cimento","m",33.67]
[4507856,"Bainha metálica ovalizada seção 22 x 32 mm para 2 cordoalhas D = 15,2 mm - fornecimento, instalação e injeção de nata de cimento","m",33.450000000000003]
[4507857,"Bainha metálica ovalizada seção 22 x 55 mm para 3 cordoalhas D = 15,2 mm - fornecimento, instalação e injeção de nata de cimento","m",40.35]
[4507858,"Bainha metálica ovalizada seção 22 x 73 mm para 4 cordoalhas D = 15,2 mm - fornecimento, instalação e injeção de nata de cimento","m",45.82]
[4508177,"Bainha metálica redonda D = 100 mm para 21 cordoalhas D = 15,2 mm - fornecimento, instalação e injeção de nata de cimento","m",86.14]
[4508178,"Bainha metálica redonda D = 100 mm para 22 cordoalhas D = 15,2 mm - fornecimento, instalação e injeção de nata de cimento","m",85.92]
[4507821,"Bainha metálica redonda D = 100 mm para 24 cordoalhas D = 15,2 mm - fornecimento, instalação e injeção de nata de cimento","m",85.5]
[4507822,"Bainha metálica redonda D = 100 mm para 25 cordoalhas D = 15,2 mm - fornecimento, instalação e injeção de nata de cimento","m",85.28]
[4507823,"Bainha metálica redonda D = 100 mm para 30 cordoalhas D = 12,7 mm - fornecimento, instalação e injeção de nata de cimento","m",86.15]
[4508188,"Bainha metálica redonda D = 100 mm para 31 cordoalhas D = 12,7 mm - fornecimento, instalação e injeção de nata de cimento","m",86]
[4507824,"Bainha metálica redonda D = 110 mm para 27 cordoalhas D = 15,2 mm - fornecimento, instalação e injeção de nata de cimento","m",95.44]
[4507825,"Bainha metálica redonda D = 110 mm para 37 cordoalhas D = 12,7 mm - fornecimento, instalação e injeção de nata de cimento","m",95.69]
[4507826,"Bainha metálica redonda D = 120 mm para 30 cordoalhas D = 15,2 mm - fornecimento, instalação e injeção de nata de cimento","m",102.24]
[4508179,"Bainha metálica redonda D = 120 mm para 31 cordoalhas D = 15,2 mm - fornecimento, instalação e injeção de nata de cimento","m",102.03]
[4507827,"Bainha metálica redonda D = 130 mm para 37 cordoalhas D = 15,2 mm - fornecimento, instalação e injeção de nata de cimento","m",107.64]
[4508180,"Bainha metálica redonda D = 30 mm para 2 cordoalhas D = 12,7 mm - fornecimento, instalação e injeção de nata de cimento","m",32.61]
[4507739,"Bainha metálica redonda D = 35 mm para 2 cordoalhas D = 15,2 mm - fornecimento, instalação e injeção de nata de cimento","m",34.42]
[4508181,"Bainha metálica redonda D = 35 mm para 3 cordoalhas D = 12,7 mm - fornecimento, instalação e injeção de nata de cimento","m",34.4]
[4508125,"Bainha metálica redonda D = 40 mm para 3 cordoalhas D = 15,2 mm - fornecimento, instalação e injeção de nata de cimento","m",37.4]
[4507828,"Bainha metálica redonda D = 40 mm para 4 cordoalhas D = 12,7 mm - fornecimento, instalação e injeção de nata de cimento","m",37.44]
[4507829,"Bainha metálica redonda D = 45 mm para 4 cordoalhas D = 15,2 mm - fornecimento, instalação e injeção de nata de cimento","m",40.68]
[4508182,"Bainha metálica redonda D = 45 mm para 5 cordoalhas D = 12,7 mm - fornecimento, instalação e injeção de nata de cimento","m",40.79]
[4508092,"Bainha metálica redonda D = 50 mm para 5 cordoalhas D = 15,2 mm - fornecimento, instalação e injeção de nata de cimento","m",43.61]
[4507830,"Bainha metálica redonda D = 50 mm para 6 cordoalhas D = 12,7 mm - fornecimento, instalação e injeção de nata de cimento","m",43.78]
[4508183,"Bainha metálica redonda D = 55 mm para 7 cordoalhas D = 12,7 mm - fornecimento, instalação e injeção de nata de cimento","m",52.22]
[4507831,"Bainha metálica redonda D = 55 mm para 8 cordoalhas D = 12,7 mm - fornecimento, instalação e injeção de nata de cimento","m",47.17]
[4507832,"Bainha metálica redonda D = 60 mm para 6 cordoalhas D = 15,2 mm - fornecimento, instalação e injeção de nata de cimento","m",52.89]
[4507833,"Bainha metálica redonda D = 60 mm para 9 cordoalhas D = 12,7 mm - fornecimento, instalação e injeção de nata de cimento","m",52.83]
[4507834,"Bainha metálica redonda D = 65 mm para 10 cordoalhas D = 12,7 mm - fornecimento, instalação e injeção de nata de cimento","m",55.14]
[4508184,"Bainha metálica redonda D = 65 mm para 11 cordoalhas D = 12,7 mm - fornecimento, instalação e injeção de nata de cimento","m",54.99]
[4507835,"Bainha metálica redonda D = 65 mm para 12 cordoalhas D = 12,7 mm - fornecimento, instalação e injeção de nata de cimento","m",54.84]
[4508174,"Bainha metálica redonda D = 65 mm para 7 cordoalhas D = 15,2 mm - fornecimento, instalação e injeção de nata de cimento","m",55.14]
[4507836,"Bainha metálica redonda D = 65 mm para 8 cordoalhas D = 15,2 mm - fornecimento, instalação e injeção de nata de cimento","m",54.92]
[4507837,"Bainha metálica redonda D = 70 mm para 15 cordoalhas D = 12,7 mm - fornecimento, instalação e injeção de nata de cimento","m",58.99]
[4507838,"Bainha metálica redonda D = 70 mm para 9 cordoalhas D = 15,2 mm - fornecimento, instalação e injeção de nata de cimento","m",59.3]
[4507839,"Bainha metálica redonda D = 75 mm para 10 cordoalhas D = 15,2 mm - fornecimento, instalação e injeção de nata de cimento","m",61.65]
[4508175,"Bainha metálica redonda D = 75 mm para 11 cordoalhas D = 15,2 mm - fornecimento, instalação e injeção de nata de cimento","m",61.43]
[4507840,"Bainha metálica redonda D = 75 mm para 16 cordoalhas D = 12,7 mm - fornecimento, instalação e injeção de nata de cimento","m",61.39]
[4507841,"Bainha metálica redonda D = 75 mm para 18 cordoalhas D = 12,7 mm - fornecimento, instalação e injeção de nata de cimento","m",61.1]
[4507842,"Bainha metálica redonda D = 80 mm para 12 cordoalhas D = 15,2 mm - fornecimento, instalação e injeção de nata de cimento","m",66.38]
[4508185,"Bainha metálica redonda D = 80 mm para 19 cordoalhas D = 12,7 mm - fornecimento, instalação e injeção de nata de cimento","m",66.099999999999994]
[4507843,"Bainha metálica redonda D = 80 mm para 20 cordoalhas D = 12,7 mm - fornecimento, instalação e injeção de nata de cimento","m",65.95]
[4507844,"Bainha metálica redonda D = 85 mm para 15 cordoalhas D = 15,2 mm - fornecimento, instalação e injeção de nata de cimento","m",69.89]
[4508186,"Bainha metálica redonda D = 85 mm para 21 cordoalhas D = 12,7 mm - fornecimento, instalação e injeção de nata de cimento","m",69.959999999999994]
[4508187,"Bainha metálica redonda D = 85 mm para 22 cordoalhas D = 12,7 mm - fornecimento, instalação e injeção de nata de cimento","m",69.81]
[4507845,"Bainha metálica redonda D = 85 mm para 24 cordoalhas D = 12,7 mm - fornecimento, instalação e injeção de nata de cimento","m",69.510000000000005]
[4507846,"Bainha metálica redonda D = 85 mm para 25 cordoalhas D = 12,7 mm - fornecimento, instalação e injeção de nata de cimento","m",69.36]
[4507847,"Bainha metálica redonda D = 90 mm para 16 cordoalhas D = 15,2 mm - fornecimento, instalação e injeção de nata de cimento","m",79.2]
[4507848,"Bainha metálica redonda D = 90 mm para 18 cordoalhas D = 15,2 mm - fornecimento, instalação e injeção de nata de cimento","m",78.77]
[4507849,"Bainha metálica redonda D = 90 mm para 27 cordoalhas D = 12,7 mm - fornecimento, instalação e injeção de nata de cimento","m",78.59]
[4508176,"Bainha metálica redonda D = 95 mm para 19 cordoalhas D = 15,2 mm - fornecimento, instalação e injeção de nata de cimento","m",83.9]
[4507850,"Bainha metálica redonda D = 95 mm para 20 cordoalhas D = 15,2 mm - fornecimento, instalação e injeção de nata de cimento","m",83.69]
[4507956,"Cordoalha CP 190 RB D = 12,7 mm - fornecimento e instalação","kg",13.37]
[4507957,"Cordoalha CP 190 RB D = 15,2 mm - fornecimento e instalação","kg",13.35]
[4507958,"Cordoalha engraxada CP 190 RB D = 12,7 mm - fornecimento e instalação","kg",15.56]
[4507959,"Cordoalha engraxada CP 190 RB D = 15,2 mm - fornecimento e instalação","kg",15.56]
[4516138,"Gaiola metálica em cantoneira para armazenamento e manipulação de cordoalha - confecção","kg",10.84]
[4516137,"Nicho de madeira para dispositivo de ancoragem de protensão - confecção e instalação","m²",144.01]
[4805755,"Apiloamento manual","m³",32.409999999999997]
[4805756,"Apiloamento manual de superfície com espessura de 15 cm","m²",4.8600000000000003]
[4816020,"Areia extraída com draga de sucção tipo bomba","m³",11.18]
[4816019,"Areia extraída com escavadeira hidráulica de longo alcance","m³",7.41]
[4816018,"Areia extraída com trator e carregadeira","m³",4.5999999999999996]
[4816012,"Brita produzida em central de britagem de 80 m³/h","m³",52.4]
[4815805,"Calandragem de chapa metálica com espessura de 3 mm","m²",13.09]
[4815802,"Calandragem de chapa metálica com espessura de 5 mm","m²",19.329999999999998]
[4805754,"Compactação manual com soquete vibratório","m³",6.62]
[4816145,"Confecção de canaleta meia cana D = 0,30 m - areia e brita comerciais","m",27.11]
[4816144,"Confecção de canaleta meia cana D = 0,30 m - areia extraída e brita produzida","m",24.81]
[4816147,"Confecção de canaleta meia cana D = 0,40 m - areia e brita comerciais","m",37.9]
[4816146,"Confecção de canaleta meia cana D = 0,40 m - areia extraída e brita produzida","m",33.74]
[4816121,"Confecção de tubos de concreto D = 0,20 m - areia e brita comerciais","m",30.85]
[4816120,"Confecção de tubos de concreto D = 0,20 m - areia extraída e brita produzida","m",27.62]
[4816123,"Confecção de tubos de concreto D = 0,30 m - areia e brita comerciais","m",41]
[4816122,"Confecção de tubos de concreto D = 0,30 m - areia extraída e brita produzida","m",36.369999999999997]
[4816125,"Confecção de tubos de concreto D = 0,40 m - areia e brita comerciais","m",58.6]
[4816124,"Confecção de tubos de concreto D = 0,40 m - areia extraída e brita produzida","m",50.29]
[4816022,"Confecção de tubos de concreto D = 0,50 m - areia e brita comerciais","m",78.98]
[4816021,"Confecção de tubos de concreto D = 0,50 m - areia extraída e brita produzida","m",66.12]
[4816106,"Confecção de tubos de concreto perfurado D = 0,20 m - areia e brita comerciais","m",31.93]
[4816105,"Confecção de tubos de concreto perfurado D = 0,20 m - areia extraída e brita produzida","m",28.7]
[4816108,"Confecção de tubos de concreto perfurado D = 0,30 m - areia e brita comerciais","m",42.08]
[4816107,"Confecção de tubos de concreto perfurado D = 0,30 m - areia extraída e brita produzida","m",37.450000000000003]
[4816110,"Confecção de tubos de concreto perfurado D = 0,40 m - areia e brita comerciais","m",59.68]
[4816109,"Confecção de tubos de concreto perfurado D = 0,40 m - areia extraída e brita produzida","m",51.37]
[4816100,"Confecção de tubos de concreto poroso D = 0,20 m - areia e brita comerciais","m",31.33]
[4816099,"Confecção de tubos de concreto poroso D = 0,20 m - areia extraída e brita produzida","m",29.5]
[4816102,"Confecção de tubos de concreto poroso D = 0,30 m - areia e brita comerciais","m",40.29]
[4816101,"Confecção de tubos de concreto poroso D = 0,30 m - areia extraída e brita produzida","m",38.6]
[4816104,"Confecção de tubos de concreto poroso D = 0,40 m - areia e brita comerciais","m",57.41]
[4816103,"Confecção de tubos de concreto poroso D = 0,40 m - areia extraída e brita produzida","m",52.72]
[4815804,"Dobramento de chapas de alumínio com espessura de 1,5 mm e comprimento de dobra de até 500 mm","un",0.52]
[4816002,"Escavação de tunnel liner em material de 3ª categoria","m³",1569.32]
[4805765,"Escavação de vala em material de 3ª categoria","m³",191.85]
[4816000,"Escavação manual de tunnel liner em material de 1ª categoria","m³",464.14]
[4816001,"Escavação manual de tunnel liner em material de 2ª categoria","m³",791.74]
[4805749,"Escavação manual de vala em material de 1ª categoria","m³",73.05]
[4805751,"Escavação manual em material de 1ª categoria na profundidade de 1 a 2 m","m³",54.79]
[4805752,"Escavação manual em material de 1ª categoria na profundidade de 2 a 3 m","m³",65.75]
[4805753,"Escavação manual em material de 1ª categoria na profundidade de 3 a 4 m","m³",76.709999999999994]
[4805750,"Escavação manual em material de 1ª categoria na profundidade de até 1 m","m³",43.83]
[4805767,"Escavação manual em material de 2ª categoria na profundidade de 1 a 2 m","m³",75.989999999999995]
[4805769,"Escavação manual em material de 2ª categoria na profundidade de 2 a 3 m","m³",90.46]
[4805770,"Escavação manual em material de 2ª categoria na profundidade de 3 a 4 m","m³",104.93]
[4805760,"Escavação manual em material de 2ª categoria na profundidade de até 1 m","m³",61.51]
[4805757,"Escavação mecânica de vala em material de 1ª categoria","m³",6.83]
[4805762,"Escavação mecânica de vala em material de 2ª categoria","m³",8.4600000000000009]
[4806395,"Fixação de parafuso em estrutura metálica","un",5.38]
[4816003,"Iluminação provisória para tunnel liner","m",41.73]
[4816017,"Material pétreo produzido em britador de mandíbulas móvel - camada final de aterro em rocha","m³",20.71]
[4816023,"Operação de mergulho autônomo em profundidade de até 20 m","h",227.03]
[4816025,"Operação de mergulho dependente em profundidade de 30 a 50 m - inclusive descompressão","h",412.7]
[4816024,"Operação de mergulho dependente em profundidade de até 30 m - inclusive descompressão","h",287.04000000000002]
[4816005,"Pedra de mão produzida manualmente","m³",84.64]
[4800400,"Preparo e regularização de terreno em desnível","m²",5.0999999999999996]
[4816016,"Rachão ou pedra de mão produzida","m³",38.47]
[4800412,"Raspagem e limpeza de terreno plano","m²",4.38]
[4815671,"Reaterro e compactação com soquete vibratório","m³",16.73]
[4815803,"Rebordeamento de chapa metálica com espessura de 5 mm","m",7.46]
[4816011,"Recarga de cilindro com ar respirável para atividades de mergulho","m³",1492.02]
[4816014,"Rocha para britagem com perfuratriz manual","m³",48.85]
[4816010,"Rocha para britagem com perfuratriz sobre esteira","m³",34.5]
[4816015,"Rocha para britagem com perfuratriz sobre esteira - camada final de aterro em rocha","m³",20.59]
[4816119,"Selo de argila apiloado (solo local)","m³",36.729999999999997]
[4816004,"Ventilação provisória para tunnel liner","m",53.08]
[4915652,"Bico de adesão para injeção de adesivo estrutural à base de resina epóxi - fornecimento, instalação e retirada","un",7.68]
[4915651,"Bico de perfuração para injeção de adesivo estrutural à base de resina epóxi - fornecimento, instalação e retirada","un",9.06]
[4915723,"Caiação manual com fixador de cal","m²",3.21]
[4915724,"Caiação mecanizada com fixador de cal","m²",1.75]
[4915637,"Capa selante - areia comercial","m²",1.01]
[4915779,"Capa selante - areia extraída","m²",0.62]
[4915638,"Capa selante - brita produzida","m²",0.74]
[4915636,"Capa selante - pedrisco comercial","m²",0.97]
[4915744,"Capina manual","m²",0.73]
[4915700,"Combate à exsudação - areia comercial","m²",1.17]
[4915590,"Combate à exsudação - areia extraída","m²",0.76]
[4915591,"Combate à exsudação - brita produzida","m²",0.89]
[4915701,"Combate à exsudação - pedrisco comercial","m²",1.1299999999999999]
[4915703,"Correção de defeitos com mistura betuminosa","m³",106.31]
[4915705,"Correção de defeitos por fresagem descontínua do revestimento asfáltico - espessura de 5 cm","m³",121.32]
[4915743,"Corte e limpeza de áreas gramadas","m²",0.09]
[4915768,"Corte e remoção de árvores","m³",15.73]
[4915713,"Desobstrução de bueiro","m³",64.819999999999993]
[4915655,"Fresagem contínua de revestimento asfáltico - espessura de 3 cm","m³",85.77]
[4915656,"Fresagem contínua de revestimento asfáltico - espessura de 4 cm","m³",67.23]
[4915657,"Fresagem contínua de revestimento asfáltico - espessura de 5 cm","m³",56.08]
[4915658,"Fresagem contínua de revestimento asfáltico - espessura de 6 cm","m³",48.79]
[4915659,"Fresagem contínua de revestimento asfáltico - espessura de 7 cm","m³",43.73]
[4915660,"Fresagem contínua de revestimento asfáltico - espessura de 8 cm","m³",40.090000000000003]
[4915661,"Fresagem descontínua de revestimento asfáltico - espessura de 3 cm","m³",110.28]
[4915662,"Fresagem descontínua de revestimento asfáltico - espessura de 4 cm","m³",86.97]
[4915663,"Fresagem descontínua de revestimento asfáltico - espessura de 5 cm","m³",71.709999999999994]
[4915664,"Fresagem descontínua de revestimento asfáltico - espessura de 6 cm","m³",62.93]
[4915665,"Fresagem descontínua de revestimento asfáltico - espessura de 7 cm","m³",56.9]
[4915666,"Fresagem descontínua de revestimento asfáltico - espessura de 8 cm","m³",52.55]
[4915650,"Injeção de adesivo estrutural à base de resina epóxi de baixa viscosidade para tratamento de fissuras em estruturas de concreto - fornecimento e aplicação manual","kg",358.26]
[4915645,"Injeção de adesivo estrutural à base de resina epóxi de baixa viscosidade para tratamento de fissuras em estruturas de concreto - fornecimento e aplicação mecanizada","kg",282.19]
[4915712,"Limpeza de bueiro","m³",21.61]
[4915711,"Limpeza de descida d'água","m",1.44]
[4915790,"Limpeza de emulsão asfáltica ou asfalto diluído derramados na pista - remoção com minicarregadeira com vassoura e descarga livre","t",233.76]
[4915793,"Limpeza de líquidos combustíveis derramados na pista - remoção com minicarregadeira com vassoura e descarga livre","t",184.89]
[4915792,"Limpeza de material asfáltico derramado fora da pista - remoção com escavadeira hidráulica e caminhão basculante","t",85.28]
[4915718,"Limpeza de placa de sinalização","m²",9.1199999999999992]
[4915672,"Limpeza de ponte","m",4.32]
[4915708,"Limpeza de sarjeta e meio-fio","m",0.72]
[4915710,"Limpeza de vala de drenagem","m",4.32]
[4915709,"Limpeza de valeta de corte","m",1.08]
[4915686,"Limpeza e desobstrução de dispositivos de drenagem em OAE","un",4.32]
[4915687,"Limpeza e desobstrução de drenos de obras de contenção","un",2.7]
[4915634,"Limpeza e desobstrução mecanizada de bueiros com diâmetro acima de 1,00 até 1,50 m","m",57.7]
[4915633,"Limpeza e desobstrução mecanizada de bueiros com diâmetro de até 1,00 m","m",19.03]
[4915714,"Limpeza e enchimento com resina epóxi de fissuras niveladas com abertura máxima de 0,4 mm e profundidade de 20 mm em pavimento de concreto que não atravessam toda a espessura da placa","m",3.72]
[4915759,"Limpeza e remoção de vegetação junto aos aparelhos de apoio de OAE com o uso de herbicida","un",7.29]
[4915758,"Limpeza e remoção de vegetação nas juntas de dilatação com o uso de herbicida","m",4.3499999999999996]
[4915640,"Limpeza e remoção manual de material retido em terra firme em OAE","m³",21.61]
[4915639,"Limpeza em superfície de concreto com escova de aço","m²",4.32]
[4915695,"Limpeza, serragem e enchimento de fissuras niveladas com abertura entre 0,4 mm e 1,0 mm e profundidade de 25 mm em pavimento de concreto com CAP","m",6.39]
[4915696,"Limpeza, serragem e enchimento de fissuras niveladas com abertura entre 0,4 mm e 1,0 mm e profundidade de 25 mm em pavimento de concreto com CAP com polímero","m",6.39]
[4915694,"Limpeza, serragem e enchimento de fissuras niveladas com abertura entre 0,4 mm e 1,0 mm e profundidade de 25 mm em pavimento de concreto com selante elástico a frio","m",29.7]
[4915654,"Lixamento mecanizado em superfície de concreto","m²",11.41]
[4900001,"Material de base","m³",0]
[4915801,"Mistura betuminosa","m³",0]
[4916290,"Mistura betuminosa a frio executada em betoneira - faixa C - areia e brita comerciais","m³",354.37]
[4915765,"Poda de árvores com 5,0 m a 7,5 m de altura","m³",204.06]
[4915766,"Poda de árvores com 7,5 m a 10 m de altura","m³",119.78]
[4915764,"Poda de árvores com até 5 m de altura","m³",367.31]
[4915767,"Poda de árvores com mais de 10 m de altura","m³",78.709999999999994]
[4915777,"Reassentamento manual de meio-fio com material arrancado da pista","m",14.73]
[4915618,"Recomposição de camada granular do pavimento com material de jazida","m²",3.05]
[4915774,"Recomposição de erosão em corte ou aterro com material de jazida","m³",23.37]
[4915719,"Recomposição de placa de sinalização","m²",33.97]
[4915611,"Recomposição de revestimento primário com material de jazida","m³",10.55]
[4915733,"Recomposição manual de aterro com material de jazida","m³",38.96]
[4915734,"Recomposição mecanizada de aterro com material de jazida","m³",11.24]
[4915727,"Recomposição parcial de cerca com mourão de concreto - arame","m",10.94]
[4915726,"Recomposição parcial de cerca com mourão de concreto seção quadrada - mourão - areia e brita comerciais","m",24.61]
[4915594,"Recomposição parcial de cerca com mourão de concreto seção quadrada - mourão - areia extraída e brita produzida","m",23.06]
[4915729,"Recomposição parcial de cerca com mourão de concreto seção triangular - mourão - areia e brita comerciais","m",19.059999999999999]
[4915596,"Recomposição parcial de cerca com mourão de concreto seção triangular - mourão - areia extraída e brita comercial","m",18.39]
[4915732,"Recomposição parcial de cerca com mourão de madeira - arame","m",8.3699999999999992]
[4915731,"Recomposição parcial de cerca com mourão de madeira - mourão","m",18.63]
[4915725,"Recomposição total de cerca com mourão de concreto seção quadrada - areia e brita comerciais","m",29.88]
[4915593,"Recomposição total de cerca com mourão de concreto seção quadrada - areia extraída e brita produzida","m",28.33]
[4915728,"Recomposição total de cerca com mourão de concreto seção triangular - areia e brita comerciais","m",29.59]
[4915595,"Recomposição total de cerca com mourão de concreto seção triangular - areia extraída e brita produzida","m",28.92]
[4915730,"Recomposição total de cerca com mourão de madeira","m",26.22]
[4915598,"Reconformação da plataforma","m²",0.1]
[4915748,"Recuperação de desgaste superficial em pavimentos de concreto","m²",246.81]
[4915608,"Regularização de taludes e valas com soquete vibratório","m²",2.54]
[4915613,"Regularização mecânica da faixa de domínio","m²",0.15]
[4915692,"Remendo profundo com imprimação com asfalto diluído - demolição manual","m³",361.39]
[4915746,"Remendo profundo com imprimação com asfalto diluído - demolição mecânica e corte com serra","m³",281.49]
[4915630,"Remendo profundo com imprimação com emulsão asfáltica - demolição manual","m³",361.39]
[4915631,"Remendo profundo com imprimação com emulsão asfáltica - demolição mecânica e corte com serra","m³",281.49]
[4915785,"Remoção de animais de grande porte mortos em rodovia - carga e descarga com guindauto","t",379.56]
[4915786,"Remoção de animais de pequeno porte mortos em rodovia - carga manual","t",166.14]
[4915795,"Remoção de emborrachados de pneus em rodovia","t",332.37]
[4915800,"Remoção de espécimes arbóreos de 20 a 40 m tombados na pista","t",55.01]
[4915799,"Remoção de espécimes arbóreos de até 20 m tombados na pista","t",42.48]
[4915698,"Remoção de grãos, agregados e solos derramados na pista em rodovias","t",18.43]
[4915794,"Remoção de sucatas derramadas em rodovia - cinta com utilização de 100 vezes","t",581.17999999999995]
[4915789,"Remoção de veículos de grande porte incendiados em rodovia - carga e descarga com guindaste - cinta com utilização de 100 vezes","un",1666.48]
[4915798,"Remoção de veículos de grande porte tombados em rodovia - cinta com utilização de 100 vezes","un",1497.54]
[4915788,"Remoção de veículos de médio porte incendiados em rodovia - carga e descarga com guindaste - cinta com utilização de 100 vezes","un",1511.45]
[4915797,"Remoção de veículos de médio porte tombados em rodovia - cinta com utilização de 100 vezes","un",743.07]
[4915787,"Remoção de veículos de pequeno porte incendiados em rodovia - carga e descarga com guindauto - cinta com utilização de 100 vezes","un",864.28]
[4915796,"Remoção de veículos de pequeno porte tombados em rodovia - cinta com utilização de 100 vezes","un",300.89999999999998]
[4915760,"Remoção de vestígios de óleo ou graxa na superfície do revestimento do pavimento","m²",50.83]
[4915699,"Remoção de vidros, caixas e engradados derramados na pista em rodovia","t",28.47]
[4915736,"Remoção manual de barreira em rocha","m³",16.239999999999998]
[4915735,"Remoção manual de barreira em solo","m³",13.15]
[4915670,"Remoção manual de camada granular do pavimento","m³",189.3]
[4915668,"Remoção manual de revestimento asfáltico","m³",297.39999999999998]
[4915761,"Remoção manual de vegetação daninha","m²",4.32]
[4915762,"Remoção manual de vegetação daninha em frestas","m",2.16]
[4915738,"Remoção mecanizada de barreira em rocha","m³",5.53]
[4915737,"Remoção mecanizada de barreira em solo","m³",4.6399999999999997]
[4915669,"Remoção mecanizada de camada granular do pavimento","m³",7.36]
[4915667,"Remoção mecanizada de revestimento asfáltico","m³",11.77]
[4915632,"Reparo localizado com pintura de ligação - demolição mecânica e corte com serra","m³",398.41]
[4915753,"Reparo no interior de placa de pavimento de concreto","m³",1433.32]
[4915776,"Roçada com roçadeira costal","ha",756.25]
[4915740,"Roçada manual","ha",1826.35]
[4915741,"Roçada manual de capim colonião","ha",4383.24]
[4915775,"Roçada mecanizada com roçadeira articulada","ha",645.47]
[4915742,"Roçada mecanizada com roçadeira de arraste","ha",398.46]
[4915626,"Selagem de trincas mecanizada em pavimento flexível com emulsão - areia comercial","m",2.06]
[4915653,"Selagem superficial de fissuras com adesivo estrutural à base de resina epóxi de alta viscosidade, inclusive limpeza superficial - fornecimento e aplicação","kg",74.650000000000006]
[4915623,"Solo brita para base de remendo profundo - brita comercial","m³",59.02]
[4915625,"Solo melhorado com cimento para base de remendo profundo","m³",48.35]
[4915621,"Solo para base de remendo profundo","m³",4.5999999999999996]
[4915720,"Substituição de balizador - areia e brita comerciais","un",30.78]
[4915592,"Substituição de balizador - areia extraída e brita produzida","un",30.08]
[4913703,"Substituição de cartucho de absorção de energia tipo A - fornecimento e instalação, e reposicionamento do amortecedor retrátil","un",5612.34]
[4913704,"Substituição de cartucho de absorção de energia tipo B - fornecimento, instalação e reposicionamento do amortecedor retrátil","un",5492.38]
[4915757,"Tapa buraco com pintura de ligação - demolição com serra corta piso","m³",414.34]
[4915678,"Tapa buraco com pintura de ligação - demolição manual","m³",366.95]
[4919547,"Tela de proteção para roçada em tubo galvanizado 4,0 X 1,5 m - confecção","un",517.78]
[4915716,"Tratamento de fissuras do tipo rendilhado em pavimentos de concreto","m²",12.84]
[4915750,"Tratamento de fissuras transversais com abertura maior que 1,0 mm em pavimentos de concreto","m",211.47]
[4915769,"Trituração de galhos e troncos com diâmetro de até 350 mm","m³",30.93]
[5213836,"Balizador cônico refletivo em polietileno semiflexível de 114 x 11 x 40 cm - utilização de 150 ciclos - fornecimento, 01 implantação e 01 retirada diária","un.dia",1.0900000000000001]
[5213368,"Balizador de concreto - areia e brita comerciais - fornecimento e implantação","un",19.670000000000002]
[5213367,"Balizador de concreto - areia extraída e brita produzida - fornecimento e implantação","un",18.38]
[5213385,"Barreira de sinalização tipo I de direcionamento ou bloqueio - confecção","un",366.97]
[5213343,"Barreira de sinalização tipo I de direcionamento ou bloqueio - utilização de 150 ciclos - fornecimento, 01 implantação e 01 retirada diária","un.dia",3.9]
[5213390,"Barreira de sinalização tipo I de direcionamento ou bloqueio contínua - confecção","m",316.51]
[5213344,"Barreira de sinalização tipo I de direcionamento ou bloqueio contínua - utilização de 150 ciclos - fornecimento, 01 implantação e 01 retirada diária","m.dia",3.41]
[5213386,"Barreira de sinalização tipo II de direcionamento ou bloqueio - confecção","un",584.71]
[5213345,"Barreira de sinalização tipo II de direcionamento ou bloqueio - utilização de 150 ciclos - fornecimento, 01 implantação e 01 retirada diária","un.dia",5.68]
[5213387,"Barreira de sinalização tipo III de direcionamento ou bloqueio - confecção","un",833.22]
[5213346,"Barreira de sinalização tipo III de direcionamento ou bloqueio - utilização de 150 ciclos - fornecimento, 01 implantação e 01 retirada diária","un.dia",7.93]
[5213843,"Barreira plástica articulável modular 240 x 100 cm na cor amarela - utilização de 600 ciclos - fornecimento, 01 implantação e 01 retirada diária","m.dia",1.02]
[5213833,"Barreira plástica monobloco para canalização de trânsito - 101 x 50 x 55 cm - utilização de 600 ciclos - fornecimento, 01 implantação e 01 retirada diária","un.dia",9.82]
[5213834,"Barreira plástica para canalização de trânsito - 60 x 45 x 60 cm - utilização de 600 ciclos - fornecimento, 01 implantação e 01 retirada diária","un.dia",6.37]
[5219544,"Cavalete em perfil metálico para placa de sinalização - 1,00 m x 1,00 m - confecção","un",232.35]
[5213383,"Cavalete em polietileno zebrado com faixa refletiva - H = 1,00 m - utilização de 600 ciclos - fornecimento, 01 implantação e 01 retirada diária","un.dia",0.83]
[5213380,"Cavalete em polietileno zebrado com faixa refletiva e com sinalizador a LED com bateria - H = 1,00 m - utilização de 600 ciclos - fornecimento, 01 implantação e 01 retirada diária","un.dia",1.86]
[5213838,"Cilindro canalizador de tráfego com base quadrada de 111 x 56 x 56 cm - utilização de 600 ciclos - fornecimento, 01 implantação e 01 retirada diária","un.dia",4.33]
[5213837,"Cilindro flexível delimitador de tráfego com duas faixas refletivas e chumbador - D = 20 cm e H = 80 cm","un",177.85]
[5213835,"Cone plástico para canalização de trânsito - utilização de 150 ciclos - fornecimento, 01 implantação e 01 retirada diária","un.dia",0.82]
[5213839,"Dispositivo de direcionamento ou bloqueio tipo tapume - confecção","m²",323.08999999999997]
[5213347,"Dispositivo de direcionamento ou bloqueio tipo tapume - utilização de 150 ciclos - fornecimento, 01 implantação e 01 retirada diária","m².dia",7.3]
[5213840,"Dispositivo de direcionamento ou bloqueio tipo tela plástica com suporte fixo - confecção","m²",48.32]
[5213349,"Dispositivo de direcionamento ou bloqueio tipo tela plástica com suporte fixo - utilização de 150 ciclos - fornecimento, 01 implantação e 01 retirada diária","m².dia",0.74]
[5213841,"Dispositivo de direcionamento ou bloqueio tipo tela plástica com suporte móvel afixado em bloco de concreto - confecção","m²",78.61]
[5213348,"Dispositivo de direcionamento ou bloqueio tipo tela plástica com suporte móvel afixado em bloco de concreto - utilização de 150 ciclos - fornecimento, 01 implantação e 01 retirada diária","m².dia",0.86]
[5216116,"Fabricação de balizador de concreto - seção circular de 10 cm - areia e brita comerciais","un",16.690000000000001]
[5216115,"Fabricação de balizador de concreto - seção circular de 10 cm - areia extraída e brita produzida","un",15.99]
[5213842,"Fita zebrada para dispositivos de canalização de trânsito - fornecimento, implantação e retirada","m",0.13]
[5213358,"Laminado elastoplástico para sinalização horizontal - espessura de 1,5 mm - fornecimento e implantação","m²",253.8]
[5213848,"Luz de advertência e bateria para dispositivos de sinalização - utilização de 200 ciclos - fornecimento, 01 implantação e 01 retirada diária","un.dia",1.04]
[5214012,"Manutenção/recomposição de sinalização - pintura de faixa com tinta acrílica - espessura de 0,4 mm","m²",30.21]
[5213356,"Manutenção/recomposição de sinalização - pintura de faixa com tinta acrílica - espessura de 0,6 mm","m²",42.6]
[5214011,"Manutenção/recomposição de sinalização - pintura de faixa com tinta acrílica emulsionada em água - espessura de 0,3 mm","m²",13.94]
[5213354,"Manutenção/recomposição de sinalização - pintura de faixa com tinta acrílica emulsionada em água - espessura de 0,4 mm","m²",16.71]
[5213355,"Manutenção/recomposição de sinalização - pintura de faixa com tinta acrílica emulsionada em água - espessura de 0,5 mm","m²",19.510000000000002]
[5213850,"Operação de sinalização por bandeirola de tecido ou com placa metálica","h",21.61]
[5213846,"Painel com seta luminosa montado em chassi de caminhão com prancha","h",5.46]
[5213847,"Painel com seta luminosa montado em chassi de caminhão com prancha e amortecedor retrátil","h",83.98]
[5213845,"Painel de mensagens variáveis, portátil móvel, LED, com banco fotovoltaico de energia e montado em chassi com engate","h",25.31]
[5213412,"Pintura de faixa com plástico a frio bicomponente à base de resinas metacrílicas por dispersão (estrutura)","m²",114.65]
[5213411,"Pintura de faixa com plástico a frio bicomponente à base de resinas metacrílicas por extrusão (alto relevo)","m²",203.25]
[5214009,"Pintura de faixa com plástico a frio bicomponente à base de resinas metacrílicas por extrusão (plano) - espessura de 1,5 mm","m²",114.65]
[5214010,"Pintura de faixa com plástico a frio bicomponente à base de resinas metacrílicas por extrusão (plano) - espessura de 3,0 mm","m²",210.96]
[5213413,"Pintura de faixa com plástico a frio tricomponente à base de resinas metacrílicas por aspersão - espessura de 0,6 mm","m²",70.55]
[5213410,"Pintura de faixa com termoplástico em alto relevo tipo I por extrusão - relevo duplo com base","m²",134.12]
[5214004,"Pintura de faixa com termoplástico em alto relevo tipo II por extrusão - relevo simples ranhurado com base","m²",161.66999999999999]
[5214005,"Pintura de faixa com termoplástico em alto relevo tipo III por extrusão - relevo simples com base","m²",144.69]
[5214006,"Pintura de faixa com termoplástico em alto relevo tipo IV por extrusão - relevo simples sem base","m²",92.05]
[5214007,"Pintura de faixa com termoplástico em alto relevo tipo V por extrusão - relevo multipontos sem base (gotas)","m²",78.27]
[5214008,"Pintura de faixa com termoplástico em alto relevo tipo VI por extrusão - relevo multipontos sem base (calotas)","m²",76.8]
[5213408,"Pintura de faixa com termoplástico por aspersão - espessura de 1,5 mm","m²",48.77]
[5213400,"Pintura de faixa com tinta acrílica - espessura de 0,4 mm","m²",30.48]
[5213401,"Pintura de faixa com tinta acrílica - espessura de 0,6 mm","m²",42.91]
[5214001,"Pintura de faixa com tinta acrílica emulsionada em água - espessura de 0,3 mm","m²",14.2]
[5213402,"Pintura de faixa com tinta acrílica emulsionada em água - espessura de 0,4 mm","m²",16.98]
[5213403,"Pintura de faixa com tinta acrílica emulsionada em água - espessura de 0,5 mm","m²",19.8]
[5214003,"Pintura de setas e zebrados com termoplástico por aspersão - espessura de 1,5 mm","m²",58.39]
[5213409,"Pintura de setas e zebrados com termoplástico por extrusão - espessura de 3,0 mm","m²",94.73]
[5213404,"Pintura de setas e zebrados com tinta acrílica - espessura de 0,4 mm","m²",43.4]
[5213405,"Pintura de setas e zebrados com tinta acrílica - espessura de 0,6 mm","m²",55.34]
[5214002,"Pintura de setas e zebrados com tinta acrílica emulsionada em água - espessura de 0,3 mm","m²",27.31]
[5213406,"Pintura de setas e zebrados com tinta acrílica emulsionada em água - espessura de 0,4 mm","m²",29.9]
[5213407,"Pintura de setas e zebrados com tinta acrílica emulsionada em água - espessura de 0,5 mm","m²",32.5]
[5212552,"Pintura eletrostática a pó com tinta poliéster em chapa de aço","m²",16.73]
[5213464,"Placa de advertência em aço, lado de 0,60 m - película retrorrefletiva tipo I + SI - fornecimento e implantação","un",254.13]
[5213465,"Placa de advertência em aço, lado de 0,80 m - película retrorrefletiva tipo I + SI - fornecimento e implantação","un",435.1]
[5213466,"Placa de advertência em aço, lado de 1,00 m - película retrorrefletiva tipo I + SI - fornecimento e implantação","un",609.70000000000005]
[5213467,"Placa de advertência em aço, lado de 1,20 m - película retrorrefletiva tipo III + SI - fornecimento e implantação","un",971.54]
[5213468,"Placa de advertência em fibra, lado de 0,60 m - película retrorrefletiva tipo I + SI - fornecimento e implantação","un",242.84]
[5213469,"Placa de advertência em fibra, lado de 0,80 m - película retrorrefletiva tipo I + SI - fornecimento e implantação","un",413.6]
[5213470,"Placa de advertência em fibra, lado de 1,00 m - película retrorrefletiva tipo I + SI - fornecimento e implantação","un",578.34]
[5213471,"Placa de advertência em fibra, lado de 1,20 m - película retrorrefletiva tipo III + SI - fornecimento e implantação","un",926.38]
[5212560,"Placa de advertência para sinalização de obras montada em suporte metálico móvel, lado 1,00 m - utilização de 600 ciclos - fornecimento, 01 implantação e 01 retirada diária","un.dia",3.84]
[5213472,"Placa de marco quilométrico em aço - 0,60 x 0,865 m - película retrorrefletiva tipo I + I - fornecimento e implantação","un",302.27]
[5213473,"Placa de marco quilométrico em aço - 0,70 x 1,00 m - película retrorrefletiva tipo I + III - fornecimento e implantação","un",392.2]
[5213474,"Placa de marco quilométrico em fibra - 0,60 x 0,865 m - película retrorrefletiva tipo I + I - fornecimento e implantação","un",283.45]
[5213475,"Placa de marco quilométrico em fibra - 0,70 x 1,00 m - película retrorrefletiva tipo I + III - fornecimento e implantação","un",368.68]
[5213440,"Placa de regulamentação em aço D = 0,60 m - película retrorrefletiva tipo I + SI - fornecimento e implantação","un",254.09]
[5213441,"Placa de regulamentação em aço D = 0,80 m - película retrorrefletiva tipo I + SI - fornecimento e implantação","un",435.14]
[5213442,"Placa de regulamentação em aço D = 1,00 m - película retrorrefletiva tipo I + SI - fornecimento e implantação","un",609.70000000000005]
[5213443,"Placa de regulamentação em aço D = 1,20 m - película retrorrefletiva tipo III + SI - fornecimento e implantação","un",971.56]
[5213444,"Placa de regulamentação em aço, R1 lado 0,248 m - película retrorrefletiva tipo I + SI - fornecimento e implantação","un",254.15]
[5213445,"Placa de regulamentação em aço, R1 lado 0,331 m - película retrorrefletiva tipo I + SI - fornecimento e implantação","un",435.07]
[5213446,"Placa de regulamentação em aço, R1 lado 0,414 m - película retrorrefletiva tipo I + SI - fornecimento e implantação","un",609.70000000000005]
[5213447,"Placa de regulamentação em aço, R1 lado 0,497 m - película retrorrefletiva tipo III + SI - fornecimento e implantação","un",971.61]
[5213448,"Placa de regulamentação em aço, R2 lado 0,60 m - película retrorrefletiva tipo I + SI - fornecimento e implantação","un",175.34]
[5213449,"Placa de regulamentação em aço, R2 lado 0,80 m - película retrorrefletiva tipo I + SI - fornecimento e implantação","un",276.33]
[5213450,"Placa de regulamentação em aço, R2 lado 1,00 m - película retrorrefletiva tipo I + SI - fornecimento e implantação","un",387.45]
[5213451,"Placa de regulamentação em aço, R2 lado 1,20 m - película retrorrefletiva tipo III + SI - fornecimento e implantação","un",563.77]
[5213452,"Placa de regulamentação em fibra, D = 0,60 m - película retrorrefletiva tipo I + SI - fornecimento e implantação","un",242.8]
[5213453,"Placa de regulamentação em fibra, D = 0,80 m - película retrorrefletiva tipo I + SI - fornecimento e implantação","un",413.64]
[5213454,"Placa de regulamentação em fibra, D = 1,00 m - película retrorrefletiva tipo I + SI - fornecimento e implantação","un",578.34]
[5213455,"Placa de regulamentação em fibra, D = 1,20 m - película retrorrefletiva tipo III + SI - fornecimento e implantação","un",926.4]
[5213456,"Placa de regulamentação em fibra, R1 lado 0,248 m - película retrorrefletiva tipo I + SI - fornecimento e implantação","un",242.86]
[5213457,"Placa de regulamentação em fibra, R1 lado 0,331 m - película retrorrefletiva tipo I + SI - fornecimento e implantação","un",413.57]
[5213458,"Placa de regulamentação em fibra, R1 lado 0,414 m - película retrorrefletiva tipo I + SI - fornecimento e implantação","un",578.34]
[5213459,"Placa de regulamentação em fibra, R1 lado 0,497 m - película retrorrefletiva tipo III + SI - fornecimento e implantação","un",926.45]
[5213460,"Placa de regulamentação em fibra, R2 lado 0,60 m - película retrorrefletiva tipo I + SI - fornecimento e implantação","un",168.49]
[5213461,"Placa de regulamentação em fibra, R2 lado 0,80 m - película retrorrefletiva tipo I + SI - fornecimento e implantação","un",263.79000000000002]
[5213462,"Placa de regulamentação em fibra, R2 lado 1,00 m - película retrorrefletiva tipo I + SI - fornecimento e implantação","un",368.64]
[5213463,"Placa de regulamentação em fibra, R2 lado 1,20 m - película retrorrefletiva tipo I + SI - fornecimento e implantação","un",473.48]
[5212557,"Placa de regulamentação para sinalização de obras montada em suporte metálico móvel - D = 1,00 m - utilização de 600 ciclos - fornecimento, 01 implantação e 01 retirada diária","un.dia",3.6]
[5212558,"Placa de regulamentação para sinalização de obras montada em suporte metálico móvel, R1 lado 0,414 m - utilização de 600 ciclos - fornecimento, 01 implantação e 01 retirada diária","un.dia",3.65]
[5212559,"Placa de regulamentação para sinalização de obras montada em suporte metálico móvel, R2 lado 1,00 m - utilização de 600 ciclos - fornecimento, 01 implantação e 01 retirada diária","un.dia",3.22]
[5213477,"Placa delineador em aço - 0,30 x 0,90 m - película retrorrefletiva tipo I + IV - fornecimento e implantação","un",172.06]
[5213476,"Placa delineador em aço - 0,50 x 0,60 m - película retrorrefletiva tipo I + IV - fornecimento e implantação","un",185.17]
[5213479,"Placa delineador em fibra - 0,30 x 0,90 m - película retrorrefletiva tipo I + IV - fornecimento e implantação","un",163.6]
[5213478,"Placa delineador em fibra - 0,50 x 0,60 m - película retrorrefletiva tipo I + IV - fornecimento e implantação","un",175.76]
[5213489,"Placa em aço - 2,00 x 1,00 m - película retrorrefletiva tipo I + I - fornecimento e implantação","un",908.35]
[5213498,"Placa em aço - 2,00 x 1,00 m - película retrorrefletiva tipo I + III - fornecimento e implantação","un",982.71]
[5213365,"Placa em aço - 2,00 x 1,00 m - película retrorrefletiva tipo I + X - fornecimento e implantação","un",1108.1300000000001]
[5213507,"Placa em aço - 2,00 x 1,00 m - película retrorrefletiva tipo III + III - fornecimento e implantação","un",1168.5899999999999]
[5213372,"Placa em aço - 2,00 x 1,00 m - película retrorrefletiva tipo III + X - fornecimento e implantação","un",1294.01]
[5213490,"Placa em aço - 3,00 x 1,50 m - película retrorrefletiva tipo I + I - fornecimento e implantação","un",1942.32]
[5213499,"Placa em aço - 3,00 x 1,50 m - película retrorrefletiva tipo I + III - fornecimento e implantação","un",2109.63]
[5213366,"Placa em aço - 3,00 x 1,50 m - película retrorrefletiva tipo I + X - fornecimento e implantação","un",2391.83]
[5213508,"Placa em aço - 3,00 x 1,50 m - película retrorrefletiva tipo III + III - fornecimento e implantação","un",2527.86]
[5213373,"Placa em aço - 3,00 x 1,50 m - película retrorrefletiva tipo III + X - fornecimento e implantação","un",2810.06]
[5213491,"Placa em aço - 3,00 x 2,00 m - película retrorrefletiva tipo I + I - fornecimento e implantação","un",2562.71]
[5213500,"Placa em aço - 3,00 x 2,00 m - película retrorrefletiva tipo I + III - fornecimento e implantação","un",2785.79]
[5213369,"Placa em aço - 3,00 x 2,00 m - película retrorrefletiva tipo I + X - fornecimento e implantação","un",3162.05]
[5213509,"Placa em aço - 3,00 x 2,00 m - película retrorrefletiva tipo III + III - fornecimento e implantação","un",3343.43]
[5213374,"Placa em aço - 3,00 x 2,00 m - película retrorrefletiva tipo III + X - fornecimento e implantação","un",3719.69]
[5213492,"Placa em aço - 4,00 x 2,00 m - película retrorrefletiva tipo I + I - fornecimento e implantação","un",3471.06]
[5213501,"Placa em aço - 4,00 x 2,00 m - película retrorrefletiva tipo I + III - fornecimento e implantação","un",3768.5]
[5213370,"Placa em aço - 4,00 x 2,00 m - película retrorrefletiva tipo I + X - fornecimento e implantação","un",4270.18]
[5213510,"Placa em aço - 4,00 x 2,00 m - película retrorrefletiva tipo III + III - fornecimento e implantação","un",4512.0200000000004]
[5213375,"Placa em aço - 4,00 x 2,00 m - película retrorrefletiva tipo III + X - fornecimento e implantação","un",5013.7]
[5213494,"Placa em aço - 4,00 x 3,00 m - película retrorrefletiva tipo I + I - fornecimento e implantação","un",5125.42]
[5213503,"Placa em aço - 4,00 x 3,00 m - película retrorrefletiva tipo I + III - fornecimento e implantação","un",5571.58]
[5213371,"Placa em aço - 4,00 x 3,00 m - película retrorrefletiva tipo I + X - fornecimento e implantação","un",6324.1]
[5213512,"Placa em aço - 4,00 x 3,00 m - película retrorrefletiva tipo III + III - fornecimento e implantação","un",6686.86]
[5213376,"Placa em aço - 4,00 x 3,00 m - película retrorrefletiva tipo III + X - fornecimento e implantação","un",7439.38]
[5213377,"Placa em aço - película I + I - chapa recuperada - fornecimento e implantação","m²",326.92]
[5213570,"Placa em aço - película I + I - fornecimento e implantação","m²",467.7]
[5213378,"Placa em aço - película I + III - chapa recuperada - fornecimento e implantação","m²",364.09]
[5213571,"Placa em aço - película I + III - fornecimento e implantação","m²",504.88]
[5213379,"Placa em aço - película III + III - chapa recuperada - fornecimento e implantação","m²",457.04]
[5213572,"Placa em aço - película III + III - fornecimento e implantação","m²",597.82000000000005]
[5212553,"Placa em aço nº 16 galvanizado com película retrorrefletiva tipo I + I - chapa recuperada - confecção","m²",272.81]
[5213416,"Placa em aço nº 16 galvanizado com película retrorrefletiva tipo I + I - confecção","m²",413.59]
[5212554,"Placa em aço nº 16 galvanizado com película retrorrefletiva tipo I + III - chapa recuperada - confecção","m²",309.98]
[5213417,"Placa em aço nº 16 galvanizado com película retrorrefletiva tipo I + III - confecção","m²",450.77]
[5213421,"Placa em aço nº 16 galvanizado com película retrorrefletiva tipo I + IV - confecção","m²",436.85]
[5213414,"Placa em aço nº 16 galvanizado com película retrorrefletiva tipo I + SI - confecção","m²",555.59]
[5213419,"Placa em aço nº 16 galvanizado com película retrorrefletiva tipo I + X - confecção","m²",513.48]
[5212555,"Placa em aço nº 16 galvanizado com película retrorrefletiva tipo III + III - chapa recuperada - confecção","m²",402.93]
[5213418,"Placa em aço nº 16 galvanizado com película retrorrefletiva tipo III + III - confecção","m²",543.71]
[5213415,"Placa em aço nº 16 galvanizado com película retrorrefletiva tipo III + SI - confecção","m²",637.1]
[5213420,"Placa em aço nº 16 galvanizado com película retrorrefletiva tipo III + X - confecção","m²",606.41999999999996]
[5213543,"Placa em aço, modulada - 2,00 x 1,00 m - película retrorrefletiva tipo I + I - fornecimento e implantação","un",1155.17]
[5213552,"Placa em aço, modulada - 2,00 x 1,00 m - película retrorrefletiva tipo I + III - fornecimento e implantação","un",1229.51]
[5213561,"Placa em aço, modulada - 2,00 x 1,00 m - película retrorrefletiva tipo III + III - fornecimento e implantação","un",1415.41]
[5213544,"Placa em aço, modulada - 3,00 x 1,50 m - película retrorrefletiva tipo I + I - fornecimento e implantação","un",2497.67]
[5213553,"Placa em aço, modulada - 3,00 x 1,50 m - película retrorrefletiva tipo I + III - fornecimento e implantação","un",2664.93]
[5213562,"Placa em aço, modulada - 3,00 x 1,50 m - película retrorrefletiva tipo III + III - fornecimento e implantação","un",3083.21]
[5213545,"Placa em aço, modulada - 3,00 x 2,00 m - película retrorrefletiva tipo I + I - fornecimento e implantação","un",3303.17]
[5213554,"Placa em aço, modulada - 3,00 x 2,00 m - película retrorrefletiva tipo I + III - fornecimento e implantação","un",3526.19]
[5213563,"Placa em aço, modulada - 3,00 x 2,00 m - película retrorrefletiva tipo III + III - fornecimento e implantação","un",4083.89]
[5213546,"Placa em aço, modulada - 4,00 x 2,00 m - película retrorrefletiva tipo I + I - fornecimento e implantação","un",4458.34]
[5213555,"Placa em aço, modulada - 4,00 x 2,00 m - película retrorrefletiva tipo I + III - fornecimento e implantação","un",4755.7]
[5213564,"Placa em aço, modulada - 4,00 x 2,00 m - película retrorrefletiva tipo III + III - fornecimento e implantação","un",5499.3]
[5213548,"Placa em aço, modulada - 4,00 x 3,00 m - película retrorrefletiva tipo I + I - fornecimento e implantação","un",6606.34]
[5213557,"Placa em aço, modulada - 4,00 x 3,00 m - película retrorrefletiva tipo I + III - fornecimento e implantação","un",7052.38]
[5213566,"Placa em aço, modulada - 4,00 x 3,00 m - película retrorrefletiva tipo III + III - fornecimento e implantação","un",8167.78]
[5213576,"Placa em aço, modulada - acima de 2 m² - película I + I - fornecimento e implantação","m²",591.11]
[5213577,"Placa em aço, modulada - acima de 2 m² - película I + III - fornecimento e implantação","m²",628.28]
[5213578,"Placa em aço, modulada - acima de 2 m² - película III + III - fornecimento e implantação","m²",721.23]
[5213425,"Placa em alumínio composto de 3 mm, modulada, aérea, com película retrorrefletiva tipo I + III - confecção","m²",602.23]
[5213426,"Placa em alumínio composto de 3 mm, modulada, aérea, com película retrorrefletiva tipo III + III - confecção","m²",695.17]
[5213427,"Placa em alumínio composto de 3 mm, modulada, aérea, com película retrorrefletiva tipo III + X - confecção","m²",757.88]
[5213567,"Placa em alumínio composto de 3 mm, modulada, aérea, com película retrorrefletiva tipo X + SI - confecção","m²",886.68]
[5213486,"Placa em alumínio composto, espessura de 3,0 mm, modulada, aérea - película retrorrefletiva tipo I + III - fornecimento e implantação","m²",951.22]
[5213487,"Placa em alumínio composto, espessura de 3,0 mm, modulada, aérea - película retrorrefletiva tipo III + III - fornecimento e implantação","m²",1044.1600000000001]
[5213488,"Placa em alumínio composto, espessura de 3,0 mm, modulada, aérea - película retrorrefletiva tipo III + X - fornecimento e implantação","m²",1106.8699999999999]
[5213568,"Placa em alumínio composto, espessura de 3,0 mm, modulada, aérea - película retrorrefletiva tipo X + SI - fornecimento e implantação","m²",1235.67]
[5213483,"Placa em alumínio, espessura de 1,5 mm, modulada, aérea - película retrorrefletiva tipo I + III - fornecimento e implantação","m²",994.78]
[5213484,"Placa em alumínio, espessura de 1,5 mm, modulada, aérea - película retrorrefletiva tipo III + III - fornecimento e implantação","m²",1087.72]
[5213485,"Placa em alumínio, espessura de 1,5 mm, modulada, aérea - película retrorrefletiva tipo III + X - fornecimento e implantação","m²",1150.43]
[5213434,"Placa em alumínio, espessura de 1,5 mm, modulada, aérea, com película retrorrefletiva tipo I + III - confecção","m²",645.79]
[5213435,"Placa em alumínio, espessura de 1,5 mm, modulada, aérea, com película retrorrefletiva tipo III + III - confecção","m²",738.73]
[5213436,"Placa em alumínio, espessura de 1,5 mm, modulada, aérea, com película retrorrefletiva tipo III + X - confecção","m²",801.44]
[5213430,"Placa em chapa de poliéster reforçada com fibra de vidro com película retrorrefletiva tipo I + I - confecção","m²",382.23]
[5213431,"Placa em chapa de poliéster reforçada com fibra de vidro com película retrorrefletiva tipo I + III - confecção","m²",419.4]
[5213433,"Placa em chapa de poliéster reforçada com fibra de vidro com película retrorrefletiva tipo I + IV - confecção","m²",405.49]
[5213428,"Placa em chapa de poliéster reforçada com fibra de vidro com película retrorrefletiva tipo I + SI - confecção","m²",524.23]
[5213432,"Placa em chapa de poliéster reforçada com fibra de vidro com película retrorrefletiva tipo III + III - confecção","m²",512.35]
[5213429,"Placa em chapa de poliéster reforçada com fibra de vidro com película retrorrefletiva tipo III + SI - confecção","m²",605.74]
[5213516,"Placa em fibra - 2,00 x 1,00 m - película retrorrefletiva tipo I + I - fornecimento e implantação","un",845.63]
[5213525,"Placa em fibra - 2,00 x 1,00 m - película retrorrefletiva tipo I + III - fornecimento e implantação","un",919.97]
[5213534,"Placa em fibra - 2,00 x 1,00 m - película retrorrefletiva tipo III + III - fornecimento e implantação","un",1105.8699999999999]
[5213517,"Placa em fibra - 3,00 x 1,50 m - película retrorrefletiva tipo I + I - fornecimento e implantação","un",1801.2]
[5213526,"Placa em fibra - 3,00 x 1,50 m - película retrorrefletiva tipo I + III - fornecimento e implantação","un",1968.47]
[5213535,"Placa em fibra - 3,00 x 1,50 m - película retrorrefletiva tipo III + III - fornecimento e implantação","un",2386.7399999999998]
[5213518,"Placa em fibra - 3,00 x 2,00 m - película retrorrefletiva tipo I + I - fornecimento e implantação","un",2374.5500000000002]
[5213527,"Placa em fibra - 3,00 x 2,00 m - película retrorrefletiva tipo I + III - fornecimento e implantação","un",2597.5700000000002]
[5213536,"Placa em fibra - 3,00 x 2,00 m - película retrorrefletiva tipo III + III - fornecimento e implantação","un",3155.27]
[5213519,"Placa em fibra - 4,00 x 2,00 m - película retrorrefletiva tipo I + I - fornecimento e implantação","un",3220.18]
[5213528,"Placa em fibra - 4,00 x 2,00 m - película retrorrefletiva tipo I + III - fornecimento e implantação","un",3517.54]
[5213537,"Placa em fibra - 4,00 x 2,00 m - película retrorrefletiva tipo III + III - fornecimento e implantação","un",4261.1400000000003]
[5213521,"Placa em fibra - 4,00 x 3,00 m - película retrorrefletiva tipo I + I - fornecimento e implantação","un",4749.1000000000004]
[5213530,"Placa em fibra - 4,00 x 3,00 m - película retrorrefletiva tipo I + III - fornecimento e implantação","un",5195.1400000000003]
[5213539,"Placa em fibra - 4,00 x 3,00 m - película retrorrefletiva tipo III + III - fornecimento e implantação","un",6310.54]
[5213573,"Placa em fibra - película I + I - fornecimento e implantação","m²",436.34]
[5213574,"Placa em fibra - película I + III - fornecimento e implantação","m²",473.51]
[5213575,"Placa em fibra - película III + III - fornecimento e implantação","m²",566.46]
[5213480,"Placa em fibra, modulada, aérea - película retrorrefletiva tipo I + III - fornecimento e implantação","m²",887.53]
[5213481,"Placa em fibra, modulada, aérea - película retrorrefletiva tipo III + III - fornecimento e implantação","m²",980.47]
[5213482,"Placa em fibra, modulada, aérea - película retrorrefletiva tipo III + X - fornecimento e implantação","m²",1043.18]
[5213422,"Placa modulada em aço nº 18 galvanizado com película retrorrefletiva tipo I + I - confecção","m²",537]
[5213423,"Placa modulada em aço nº 18 galvanizado com película retrorrefletiva tipo I + III - confecção","m²",574.16999999999996]
[5213424,"Placa modulada em aço nº 18 galvanizado com película retrorrefletiva tipo III + III - confecção","m²",667.12]
[5213437,"Placa modulada em chapa de poliéster reforçada com fibra de vidro, aérea, com película retrorrefletiva tipo I + III - confecção","m²",538.54]
[5213438,"Placa modulada em chapa de poliéster reforçada com fibra de vidro, aérea, com película retrorrefletiva tipo III + III - confecção","m²",631.48]
[5213439,"Placa modulada em chapa de poliéster reforçada com fibra de vidro, aérea, com película retrorrefletiva tipo III + X - confecção","m²",694.19]
[5212556,"Placa para sinalização de obras montada em cavalete metálico - 1,00 x 1,00 m - utilização de 600 ciclos - fornecimento, 01 implantação e 01 retirada diária","un.dia",1.93]
[5213649,"Pórtico metálico com vão de 15,9 m, vento de 35 m/s e área de exposição de até 23,85 m² - fornecimento e implantação - areia e brita comerciais","un",102109.1]
[5213591,"Pórtico metálico com vão de 15,9 m, vento de 35 m/s e área de exposição de até 23,85 m² - fornecimento e implantação - areia extraída e brita produzida","un",102109.1]
[5213718,"Pórtico metálico com vão de 15,9 m, vento de 40 m/s e área de exposição de até 23,85 m² - fornecimento e implantação - areia e brita comerciais","un",112914.02]
[5213741,"Pórtico metálico com vão de 15,9 m, vento de 40 m/s e área de exposição de até 23,85 m² - fornecimento e implantação - areia extraída e brita produzida","un",112914.02]
[5213776,"Pórtico metálico com vão de 15,9 m, vento de 45 m/s e área de exposição de até 23,85 m² - fornecimento e implantação - areia e brita comerciais","un",123718.94]
[5213799,"Pórtico metálico com vão de 15,9 m, vento de 45 m/s e área de exposição de até 23,85 m² - fornecimento e implantação - areia extraída e brita produzida","un",123718.94]
[5213363,"Recuperação de chapa em aço para placa de sinalização","m²",35.04]
[5213616,"Remoção da estrutura de fundação de pórtico e semipórtico metálico","m³",873.07]
[5213667,"Remoção da estrutura de pórtico metálico","un",331.71]
[5213683,"Remoção da estrutura de semipórtico duplo metálico","un",235.82]
[5213660,"Remoção da estrutura de semipórtico metálico","un",196.52]
[5213364,"Remoção de placa de sinalização","m²",19.75]
[5213832,"Remoção de sinalização horizontal com maçarico","m²",3.45]
[5213830,"Remoção de sinalização horizontal por fresagem","m²",4.1100000000000003]
[5213831,"Remoção de sinalização horizontal tipo pintura acrílica por jateamento abrasivo úmido com vidro - utilização de 3 vezes","m²",54.78]
[5213849,"Semáforo móvel com 3 lentes D = 200 mm","h",3.36]
[5213636,"Semipórtico duplo metálico com vão de 2 x 8,3 m, vento de 35 m/s e área de exposição de até 2 x 12,45 m² - fornecimento e implantação - areia e brita comerciais","un",99930.67]
[5213642,"Semipórtico duplo metálico com vão de 2 x 8,3 m, vento de 35 m/s e área de exposição de até 2 x 12,45 m² - fornecimento e implantação - areia extraída e brita produzida","un",99930.67]
[5213757,"Semipórtico duplo metálico com vão de 2 x 8,3 m, vento de 40 m/s e área de exposição de até 2 x 12,45 m² - fornecimento e implantação - areia e brita comerciais","un",110767.08]
[5213763,"Semipórtico duplo metálico com vão de 2 x 8,3 m, vento de 40 m/s e área de exposição de até 2 x 12,45 m² - fornecimento e implantação - areia extraída e brita produzida","un",110767.08]
[5213815,"Semipórtico duplo metálico com vão de 2 x 8,3 m, vento de 45 m/s e área de exposição de até 2 x 12,45 m² - fornecimento e implantação - areia e brita comerciais","un",121603.5]
[5213821,"Semipórtico duplo metálico com vão de 2 x 8,3 m, vento de 45 m/s e área de exposição de até 2 x 12,45 m² - fornecimento e implantação - areia extraída e brita produzida","un",121603.5]
[5213630,"Semipórtico metálico com vão de 8,3 m, vento de 35 m/s e área de exposição de até 12,45 m² - fornecimento e implantação - areia e brita comerciais","un",60111.66]
[5213584,"Semipórtico metálico com vão de 8,3 m, vento de 35 m/s e área de exposição de até 12,45 m² - fornecimento e implantação - areia extraída e brita produzida","un",60111.66]
[5213711,"Semipórtico metálico com vão de 8,3 m, vento de 40 m/s e área de exposição de até 12,45 m² - fornecimento e implantação - areia e brita comerciais","un",66523.740000000005]
[5213734,"Semipórtico metálico com vão de 8,3 m, vento de 40 m/s e área de exposição de até 12,45 m² - fornecimento e implantação - areia extraída e brita produzida","un",66523.740000000005]
[5213769,"Semipórtico metálico com vão de 8,3 m, vento de 45 m/s e área de exposição de até 12,45 m² - fornecimento e implantação - areia e brita comerciais","un",72935.820000000007]
[5213792,"Semipórtico metálico com vão de 8,3 m, vento de 45 m/s e área de exposição de até 12,45 m² - fornecimento e implantação - areia extraída e brita produzida","un",72935.820000000007]
[5213844,"Sinalizador direcional móvel, LED, com banco fotovoltaico de energia e montado em chassi com engate","h",3.51]
[5213869,"Suporte duplo metálico galvanizado para placas - 3,00 x 1,50 m - fornecimento e implantação","un",2321.2800000000002]
[5213870,"Suporte duplo metálico galvanizado para placas - 3,00 x 2,00 m - fornecimento e implantação","un",3176.91]
[5213871,"Suporte duplo metálico galvanizado para placas - 4,00 x 2,00 m - fornecimento e implantação","un",3253.98]
[5213872,"Suporte duplo metálico galvanizado para placas - 4,00 x 3,00 m - fornecimento e implantação","un",5128.96]
[5213867,"Suporte metálico galvanizado para marco quilométrico - fornecimento e implantação","un",544.96]
[5213863,"Suporte metálico galvanizado para placa de advertência ou regulamentação - lado ou diâmetro de 0,60 m - fornecimento e implantação","un",435.1]
[5213864,"Suporte metálico galvanizado para placa de advertência ou regulamentação - lado ou diâmetro de 0,80 m - fornecimento e implantação","un",463.12]
[5213865,"Suporte metálico galvanizado para placa de advertência ou regulamentação - lado ou diâmetro de 1,00 m - fornecimento e implantação","un",491.33]
[5213866,"Suporte metálico galvanizado para placa de advertência ou regulamentação - lado ou diâmetro de 1,20 m - fornecimento e implantação","un",556.47]
[5213855,"Suporte metálico galvanizado para placa de regulamentação - R1 - lado de 0,248 m - fornecimento e implantação","un",391.33]
[5213856,"Suporte metálico galvanizado para placa de regulamentação - R1 - lado de 0,331 m - fornecimento e implantação","un",405.79]
[5213857,"Suporte metálico galvanizado para placa de regulamentação - R1 - lado de 0,414 m - fornecimento e implantação","un",419.63]
[5213858,"Suporte metálico galvanizado para placa de regulamentação - R1 - lado de 0,497 m - fornecimento e implantação","un",434.29]
[5213859,"Suporte metálico galvanizado para placa de regulamentação - R2 - lado de 0,60 m - fornecimento e implantação","un",430.1]
[5213860,"Suporte metálico galvanizado para placa de regulamentação - R2 - lado de 0,80 m - fornecimento e implantação","un",444.5]
[5213861,"Suporte metálico galvanizado para placa de regulamentação - R2 - lado de 1,00 m - fornecimento e implantação","un",471.44]
[5213862,"Suporte metálico galvanizado para placa de regulamentação - R2 - lado de 1,20 m - fornecimento e implantação","un",536.23]
[5213868,"Suporte metálico galvanizado para placas - 2,00 x 1,00 m - fornecimento e implantação","un",1073.0899999999999]
[5219546,"Suporte metálico móvel para placa de sinalização - confecção","un",326.47000000000003]
[5216111,"Suporte para placa de sinalização em madeira de lei tratada 8 x 8 cm - fornecimento e implantação","un",141.83000000000001]
[5213351,"Suporte polimérico ecológico maciço colapsível D = 6,5 cm para placa de sinalização - fornecimento e implantação","un",721.21]
[5213350,"Suporte polimérico ecológico maciço colapsível quadrado de 10 cm para placa de sinalização - fornecimento e implantação","un",1951.25]
[5213352,"Suporte polimérico ecológico maciço colapsível quadrado de 8 cm para placa de sinalização - fornecimento e implantação","un",1010.24]
[5213353,"Suporte polimérico ecológico maciço colapsível retangular de 7 x 15 cm para placa de sinalização - fornecimento e implantação","un",2560.5300000000002]
[5213360,"Tacha refletiva em plástico injetado - bidirecional tipo I - com um pino - fornecimento e colocação","un",33.68]
[5219605,"Tacha refletiva em plástico injetado - bidirecional tipo I - fornecimento e colocação","un",31.43]
[5219606,"Tacha refletiva em plástico injetado - bidirecional tipo II - com um pino - fornecimento e colocação","un",41.1]
[5219607,"Tacha refletiva em plástico injetado - bidirecional tipo II - fornecimento e colocação","un",34.24]
[5219608,"Tacha refletiva em plástico injetado - bidirecional tipo III - com um pino - fornecimento e colocação","un",41.1]
[5219609,"Tacha refletiva em plástico injetado - bidirecional tipo III - fornecimento e colocação","un",34.24]
[5219610,"Tacha refletiva em plástico injetado - bidirecional tipo IV - com um pino - fornecimento e colocação","un",36.49]
[5219611,"Tacha refletiva em plástico injetado - bidirecional tipo IV - fornecimento e colocação","un",39.9]
[5213359,"Tacha refletiva em plástico injetado - monodirecional tipo I - com um pino - fornecimento e colocação","un",29.57]
[5219612,"Tacha refletiva em plástico injetado - monodirecional tipo I - fornecimento e colocação","un",26.45]
[5219613,"Tacha refletiva em plástico injetado - monodirecional tipo II - com um pino - fornecimento e colocação","un",33.93]
[5219614,"Tacha refletiva em plástico injetado - monodirecional tipo II - fornecimento e colocação","un",31.5]
[5219615,"Tacha refletiva em plástico injetado - monodirecional tipo III - com um pino - fornecimento e colocação","un",34.81]
[5219616,"Tacha refletiva em plástico injetado - monodirecional tipo III - fornecimento e colocação","un",32.090000000000003]
[5219617,"Tacha refletiva em plástico injetado - monodirecional tipo IV - com um pino - fornecimento e colocação","un",41.2]
[5219618,"Tacha refletiva em plástico injetado - monodirecional tipo IV - fornecimento e colocação","un",38.78]
[5219619,"Tacha refletiva em resina sintética - bidirecional tipo I - com um pino - fornecimento e colocação","un",44.13]
[5219620,"Tacha refletiva em resina sintética - bidirecional tipo I - fornecimento e colocação","un",41.7]
[5219621,"Tacha refletiva em resina sintética - bidirecional tipo II - com um pino - fornecimento e colocação","un",51.38]
[5219622,"Tacha refletiva em resina sintética - bidirecional tipo II - fornecimento e colocação","un",48.92]
[5219623,"Tacha refletiva em resina sintética - bidirecional tipo III - com um pino - fornecimento e colocação","un",55.7]
[5219624,"Tacha refletiva em resina sintética - bidirecional tipo III - fornecimento e colocação","un",53.16]
[5219625,"Tacha refletiva em resina sintética - bidirecional tipo IV - com um pino - fornecimento e colocação","un",57.5]
[5219626,"Tacha refletiva em resina sintética - bidirecional tipo IV - fornecimento e colocação","un",69.97]
[5219627,"Tacha refletiva em resina sintética - monodirecional tipo I - com um pino - fornecimento e colocação","un",42.69]
[5219628,"Tacha refletiva em resina sintética - monodirecional tipo I - fornecimento e colocação","un",40.14]
[5219629,"Tacha refletiva em resina sintética - monodirecional tipo II - com um pino - fornecimento e colocação","un",49.8]
[5219630,"Tacha refletiva em resina sintética - monodirecional tipo II - fornecimento e colocação","un",47.24]
[5219631,"Tacha refletiva em resina sintética - monodirecional tipo III - com um pino - fornecimento e colocação","un",54.06]
[5219632,"Tacha refletiva em resina sintética - monodirecional tipo III - fornecimento e colocação","un",51.41]
[5219633,"Tacha refletiva em resina sintética - monodirecional tipo IV - com um pino - fornecimento e colocação","un",56.04]
[5219634,"Tacha refletiva em resina sintética - monodirecional tipo IV - fornecimento e colocação","un",69.97]
[5213395,"Tacha refletiva metálica - bidirecional tipo II - com dois pinos - fornecimento e colocação","un",39.99]
[5213394,"Tacha refletiva metálica - bidirecional tipo II - com um pino - fornecimento e colocação","un",35.44]
[5219635,"Tacha refletiva metálica - bidirecional tipo III - com dois pinos - fornecimento e colocação","un",35]
[5219636,"Tacha refletiva metálica - bidirecional tipo III - com um pino - fornecimento e colocação","un",29.61]
[5219637,"Tacha refletiva metálica - bidirecional tipo IV - com dois pinos - fornecimento e colocação","un",75.34]
[5219638,"Tacha refletiva metálica - bidirecional tipo IV - com um pino - fornecimento e colocação","un",72.040000000000006]
[5213393,"Tacha refletiva metálica - monodirecional tipo II - com dois pinos - fornecimento e colocação","un",34.82]
[5213392,"Tacha refletiva metálica - monodirecional tipo II - com um pino - fornecimento e colocação","un",29.33]
[5219639,"Tacha refletiva metálica - monodirecional tipo III - com dois pinos - fornecimento e colocação","un",31.6]
[5219640,"Tacha refletiva metálica - monodirecional tipo III - com um pino - fornecimento e colocação","un",26.69]
[5219641,"Tacha refletiva metálica - monodirecional tipo IV - com dois pinos - fornecimento e colocação","un",66.62]
[5219642,"Tacha refletiva metálica - monodirecional tipo IV - com um pino - fornecimento e colocação","un",63.32]
[5213362,"Tachão refletivo em plástico injetado - bidirecional - fornecimento e colocação","un",96.82]
[5213361,"Tachão refletivo em plástico injetado - monodirecional - fornecimento e colocação","un",95.37]
[5219643,"Tachão refletivo em resina sintética - bidirecional - fornecimento e colocação","un",80.180000000000007]
[5219644,"Tachão refletivo em resina sintética - monodirecional - fornecimento e colocação","un",78.47]
[5214000,"Termoplástico pré-formado para sinalização horizontal - espessura de 2 mm - fornecimento e implantação","m²",348.88]
[5301014,"Comboio balizador em deslocamento","km",130.16]
[5300995,"Confecção de corpo de boia flutuante cilíndrico D = 1,10m","un",2814.87]
[5300996,"Confecção de corpo de boia flutuante cilíndrico D = 1,10m - com lastro","un",3662.59]
[5300998,"Confecção de corpo de boia flutuante cilíndrico D = 1,42m - boia de amarração","un",7251.3]
[5300997,"Confecção de corpo de boia flutuante cilíndrico D = 1,43m - com lastro","un",5994.72]
[5300999,"Confecção de mangrulho H = 0,90m","un",909.95]
[5301000,"Confecção de mangrulho H = 1,50m","un",1381.86]
[5301001,"Confecção de marca de tope de bombordo","un",634.76]
[5301002,"Confecção de marca de tope de boreste","un",396.39]
[5301003,"Confecção de marca de tope especial","un",388.02]
[5301064,"Fornecimento e implantação de suporte duplo em madeira com travessa para placa de sinalização náutica em margem - altura total de 4,0 m","un",683.7]
[5301046,"Fornecimento e implantação de suporte duplo em madeira com travessa para placa de sinalização náutica em margem - altura total de 4,0 m - com embarcação","un",1281.71]
[5301065,"Fornecimento e implantação de suporte duplo em madeira com travessa para placa de sinalização náutica em margem - altura total de 5,0 m","un",1180.4000000000001]
[5301047,"Fornecimento e implantação de suporte duplo em madeira com travessa para placa de sinalização náutica em margem - altura total de 5,0 m - com embarcação","un",2170.79]
[5301066,"Fornecimento e implantação de suporte duplo em madeira com travessa para placa de sinalização náutica em margem - altura total de 5,5 m","un",1320.63]
[5301048,"Fornecimento e implantação de suporte duplo em madeira com travessa para placa de sinalização náutica em margem - altura total de 5,5 m - com embarcação","un",2367.39]
[5301040,"Fornecimento e implantação de suporte duplo metálico galvanizado para placa de sinalização náutica em margem - altura total de 4 m - com embarcação","un",2175.5100000000002]
[5301058,"Fornecimento e implantação de suporte duplo metálico galvanizado para placa de sinalização náutica em margem - altura total de 4,0 m","un",1567.07]
[5301041,"Fornecimento e implantação de suporte duplo metálico galvanizado para placa de sinalização náutica em margem - altura total de 5 m - com embarcação","un",4859.13]
[5301059,"Fornecimento e implantação de suporte duplo metálico galvanizado para placa de sinalização náutica em margem - altura total de 5,0 m","un",3839.54]
[5301060,"Fornecimento e implantação de suporte duplo metálico galvanizado para placa de sinalização náutica em margem - altura total de 5,5 m","un",4252.57]
[5301042,"Fornecimento e implantação de suporte duplo metálico galvanizado para placa de sinalização náutica em margem - altura total de 5,5 m - com embarcação","un",5330.92]
[5301072,"Fornecimento e implantação de suporte duplo polimérico ecológico maciço quadrado de 10 cm para placa de sinalização náutica em margem - altura total de 5,5 m","un",5473.13]
[5301054,"Fornecimento e implantação de suporte duplo polimérico ecológico maciço quadrado de 10 cm para placa de sinalização náutica em margem - altura total de 5,5 m - com embarcação","un",5974.63]
[5301070,"Fornecimento e implantação de suporte duplo polimérico ecológico maciço quadrado de 8 cm para placa de sinalização náutica em margem - altura total de 4,0 m","un",2352.14]
[5301052,"Fornecimento e implantação de suporte duplo polimérico ecológico maciço quadrado de 8 cm para placa de sinalização náutica em margem - altura total de 4,0 m - com embarcação","un",2831.37]
[5301071,"Fornecimento e implantação de suporte duplo polimérico ecológico maciço quadrado de 8 cm para placa de sinalização náutica em margem - altura total de 5,0 m","un",3135.13]
[5301053,"Fornecimento e implantação de suporte duplo polimérico ecológico maciço quadrado de 8 cm para placa de sinalização náutica em margem - altura total de 5,0 m - com embarcação","un",3614.73]
[5301061,"Fornecimento e implantação de suporte simples em madeira com travessa para placa de sinalização náutica em margem - altura total de 4 m","un",223.22]
[5301043,"Fornecimento e implantação de suporte simples em madeira com travessa para placa de sinalização náutica em margem - altura total de 4 m - com embarcação","un",695.89]
[5301062,"Fornecimento e implantação de suporte simples em madeira com travessa para placa de sinalização náutica em margem - altura total de 5 m","un",364.61]
[5301044,"Fornecimento e implantação de suporte simples em madeira com travessa para placa de sinalização náutica em margem - altura total de 5 m - com embarcação","un",1043.08]
[5301063,"Fornecimento e implantação de suporte simples em madeira com travessa para placa de sinalização náutica em margem - altura total de 5,5 m","un",420.21]
[5301045,"Fornecimento e implantação de suporte simples em madeira com travessa para placa de sinalização náutica em margem - altura total de 5,5 m - com embarcação","un",1147.1300000000001]
[5301037,"Fornecimento e implantação de suporte simples metálico galvanizado para placa de sinalização náutica em margem - altura total de 4 m - com embarcação","un",1126.95]
[5301055,"Fornecimento e implantação de suporte simples metálico galvanizado para placa de sinalização náutica em margem - altura total de 4,0 m","un",648.91999999999996]
[5301038,"Fornecimento e implantação de suporte simples metálico galvanizado para placa de sinalização náutica em margem - altura total de 5 m - com embarcação","un",2354.7399999999998]
[5301056,"Fornecimento e implantação de suporte simples metálico galvanizado para placa de sinalização náutica em margem - altura total de 5,0 m","un",1661.14]
[5301057,"Fornecimento e implantação de suporte simples metálico galvanizado para placa de sinalização náutica em margem - altura total de 5,5 m","un",1849.06]
[5301039,"Fornecimento e implantação de suporte simples metálico galvanizado para placa de sinalização náutica em margem - altura total de 5,5 m - com embarcação","un",2593.1799999999998]
[5301069,"Fornecimento e implantação de suporte simples polimérico ecológico maciço quadrado de 10 cm para placa de sinalização náutica em margem - altura total de 5,5 m","un",2484.71]
[5301051,"Fornecimento e implantação de suporte simples polimérico ecológico maciço quadrado de 10 cm para placa de sinalização náutica em margem - altura total de 5,5 m - com embarcação","un",2894.31]
[5301067,"Fornecimento e implantação de suporte simples polimérico ecológico maciço quadrado de 8 cm para placa de sinalização náutica em margem - altura total de 4 m","un",1055.97]
[5301049,"Fornecimento e implantação de suporte simples polimérico ecológico maciço quadrado de 8 cm para placa de sinalização náutica em margem - altura total de 4 m - com embarcação","un",1464.73]
[5301068,"Fornecimento e implantação de suporte simples polimérico ecológico maciço quadrado de 8 cm para placa de sinalização náutica em margem - altura total de 5 m","un",1337.2]
[5301050,"Fornecimento e implantação de suporte simples polimérico ecológico maciço quadrado de 8 cm para placa de sinalização náutica em margem - altura total de 5 m - com embarcação","un",1746.15]
[5301022,"Fornecimento e instalação de conjunto de acessórios para sistema de fundeio de boia de amarração náutica com 4 manilhas","un",976.03]
[5301021,"Fornecimento e instalação de conjunto de acessórios para sistema de fundeio de boia de sinalização náutica com 7 manilhas","un",619.91]
[5301020,"Fornecimento e instalação de corrente 1\" para sistema de fundeio de boia de sinalização náutica","m",374.94]
[5301018,"Fornecimento e instalação de corrente 1/2\" para sistema de fundeio de boia de sinalização náutica","m",97.41]
[5301019,"Fornecimento e instalação de corrente 3/4\" para sistema de fundeio de boia de sinalização náutica","m",253.31]
[5301077,"Fornecimento e instalação de lanterna de sinalização náutica com alcance luminoso de 2 MN em obra de arte especial - com embarcação","un",4750.1899999999996]
[5301078,"Fornecimento e instalação de lanterna de sinalização náutica com alcance luminoso de 3 MN em obra de arte especial - com embarcação","un",5286.34]
[5301079,"Fornecimento e instalação de lanterna de sinalização náutica com alcance luminoso de 4 MN em obra de arte especial - com embarcação","un",7612.11]
[5301080,"Fornecimento e instalação de lanterna de sinalização náutica com alcance luminoso de 5 MN em obra de arte especial - com embarcação","un",9135.4699999999993]
[5301081,"Fornecimento e instalação de lanterna de sinalização náutica com alcance luminoso de 8 MN em obra de arte especial - com embarcação","un",10105.379999999999]
[5301023,"Fornecimento e instalação de suporte e lanterna de sinalização náutica com alcance luminoso de 2 MN em boia","un",3665.68]
[5301024,"Fornecimento e instalação de suporte e lanterna de sinalização náutica com alcance luminoso de 3 MN em boia","un",4201.83]
[5301025,"Fornecimento e instalação de suporte e lanterna de sinalização náutica com alcance luminoso de 4 MN em boia","un",6527.6]
[5301026,"Fornecimento e instalação de suporte e lanterna de sinalização náutica com alcance luminoso de 5 MN em boia","un",8050.96]
[5301027,"Fornecimento e instalação de suporte e lanterna de sinalização náutica com alcance luminoso de 8 MN em boia","un",9020.8700000000008]
[5301028,"Fornecimento e substituição de lanterna de sinalização náutica com alcance luminoso de 2 MN em boia","un",3607]
[5301082,"Fornecimento e substituição de lanterna de sinalização náutica com alcance luminoso de 2 MN em obra de arte especial - com embarcação","un",4604.67]
[5301029,"Fornecimento e substituição de lanterna de sinalização náutica com alcance luminoso de 3 MN em boia","un",4143.1499999999996]
[5301083,"Fornecimento e substituição de lanterna de sinalização náutica com alcance luminoso de 3 MN em obra de arte especial - com embarcação","un",5140.82]
[5301030,"Fornecimento e substituição de lanterna de sinalização náutica com alcance luminoso de 4 MN em boia","un",6468.92]
[5301084,"Fornecimento e substituição de lanterna de sinalização náutica com alcance luminoso de 4 MN em obra de arte especial - com embarcação","un",7466.59]
[5301031,"Fornecimento e substituição de lanterna de sinalização náutica com alcance luminoso de 5 MN em boia","un",7992.28]
[5301085,"Fornecimento e substituição de lanterna de sinalização náutica com alcance luminoso de 5 MN em obra de arte especial - com embarcação","un",8989.94]
[5301032,"Fornecimento e substituição de lanterna de sinalização náutica com alcance luminoso de 8 MN em boia","un",8962.19]
[5301086,"Fornecimento e substituição de lanterna de sinalização náutica com alcance luminoso de 8 MN em obra de arte especial - com embarcação","un",9959.86]
[5301033,"Implantação de placa de sinalização náutica em margem - equipamentos e mão de obra","un",72.760000000000005]
[5301034,"Implantação de placa de sinalização náutica em margem - equipamentos e mão de obra - com embarcação","un",531.77]
[5301073,"Implantação de placa de sinalização náutica em obra de arte especial - equipamentos e mão de obra","un",442.37]
[5301074,"Implantação de placa de sinalização náutica em obra de arte especial - equipamentos e mão de obra - com embarcação","un",1540.82]
[5301015,"Lançamento de boia de sinalização náutica com sistema de fundeio - equipamentos e mão de obra","un",953.5]
[5300992,"Pintura com epóxi óxido de ferro em chapa metálica com pistola a ar comprimido, uma demão, espessura até 35 µm","m²",15.36]
[5300994,"Pintura com esmalte poliuretano de dois componentes em chapa metálica com pistola a ar comprimido, uma demão, espessura até 35 µm","m²",14.62]
[5300993,"Pintura com fundo fosfatizante, uma demão, em chapa de alumínio com pistola a ar comprimido","m²",9.7200000000000006]
[5301088,"Poita de concreto com 1.000 kg para boia de sinalização náutica","un",349.87]
[5301004,"Poita de concreto com 1.500 kg para boia de sinalização náutica","un",499.67]
[5301087,"Poita de concreto com 500 kg para boia de sinalização náutica","un",203.93]
[5301005,"Reforma de corpo de boia flutuante cilíndrico D = 1,10m","un",412.19]
[5301006,"Reforma de corpo de boia flutuante cilíndrico D = 1,10m - com lastro","un",509.09]
[5301008,"Reforma de corpo de boia flutuante cilíndrico D = 1,42m - boia de amarração","un",922.92]
[5301007,"Reforma de corpo de boia flutuante cilíndrico D = 1,43m - com lastro","un",842.56]
[5301009,"Reforma de mangrulho H = 0,90m","un",255.24]
[5301010,"Reforma de mangrulho H = 1,50m","un",391.06]
[5301011,"Reforma de marca de tope de bombordo","un",310.58]
[5301012,"Reforma de marca de tope de boreste","un",218.77]
[5301013,"Reforma de marca de tope especial","un",186.1]
[5301016,"Substituição de boia de sinalização náutica com sistema de fundeio - equipamentos e mão de obra","un",1579.56]
[5301017,"Substituição de boia de sinalização náutica sem sistema de fundeio - equipamentos e mão de obra","un",1154.31]
[5301035,"Substituição de placa de sinalização náutica em margem - equipamentos e mão de obra","un",108.23]
[5301036,"Substituição de placa de sinalização náutica em margem - equipamentos e mão de obra - com embarcação","un",1063.56]
[5301075,"Substituição de placa de sinalização náutica em obra de arte especial - equipamentos e mão de obra","un",507.02]
[5301076,"Substituição de placa de sinalização náutica em obra de arte especial - equipamentos e mão de obra - com embarcação","un",1705.83]
[5405977,"Aterro compactado em solo reforçado com fita metálica galvanizada - taxa 1,65 kg/m³ - material de jazida","m³",41.64]
[5406044,"Aterro compactado em solo reforçado com fita metálica galvanizada - taxa 12,40 kg/m³ - material de jazida","m³",247.05]
[5406045,"Aterro compactado em solo reforçado com fita metálica galvanizada - taxa 13,23 kg/m³ - material de jazida","m³",262.91000000000003]
[5406046,"Aterro compactado em solo reforçado com fita metálica galvanizada - taxa 14,88 kg/m³ - material de jazida","m³",294.43]
[5406047,"Aterro compactado em solo reforçado com fita metálica galvanizada - taxa 19,84 kg/m³ - material de jazida","m³",389.21]
[5405978,"Aterro compactado em solo reforçado com fita metálica galvanizada - taxa 3,31 kg/m³ - material de jazida","m³",73.36]
[5405982,"Aterro compactado em solo reforçado com fita metálica galvanizada - taxa 4,13 kg/m³ - material de jazida","m³",89.03]
[5405983,"Aterro compactado em solo reforçado com fita metálica galvanizada - taxa 4,96 kg/m³ - material de jazida","m³",104.89]
[5405984,"Aterro compactado em solo reforçado com fita metálica galvanizada - taxa 6,61 kg/m³ - material de jazida","m³",136.41]
[5405985,"Aterro compactado em solo reforçado com fita metálica galvanizada - taxa 8,27 kg/m³ - material de jazida","m³",168.13]
[5406043,"Aterro compactado em solo reforçado com fita metálica galvanizada - taxa 9,92 kg/m³ - material de jazida","m³",199.66]
[5405975,"Escoramento da primeira linha de escamas de concreto armado em solo reforçado com fita metálica – utilização de 3 vezes - confecção, instalação e retirada","m²",41.74]
[5405970,"Fabricação de escama de concreto armado para solo reforçado com fita metálica - 2 a 5 ligações - areia e brita comerciais","m³",1438.81]
[5405972,"Fabricação de escama de concreto armado para solo reforçado com fita metálica - 2 a 5 ligações - areia extraída e brita produzida","m³",1299.32]
[5405971,"Fabricação de escama de concreto armado para solo reforçado com fita metálica - 6 a 8 ligações - areia e brita comerciais","m³",1608.19]
[5405973,"Fabricação de escama de concreto armado para solo reforçado com fita metálica - 6 a 8 ligações - areia extraída e brita produzida","m³",1468.7]
[5405986,"Moldes metálicos para escama de concreto armado para solo reforçado com fita metálica - formato cruciforme de 1,50 x 1,50 m - utilização de 100 vezes","m²",9.81]
[5405976,"Montagem das escamas de concreto armado em solo reforçado com fita metálica","m²",128.01]
[5406023,"Muro de escama de concreto armado em solo reforçado com fita metálica com altura até 4 m - tipo 1 - areia e brita comerciais","m²",352.92]
[5406033,"Muro de escama de concreto armado em solo reforçado com fita metálica com altura até 4 m - tipo 1 - areia extraída e brita produzida","m²",333.39]
[5406024,"Muro de escama de concreto armado em solo reforçado com fita metálica com altura até 4 m - tipo 2 - areia e brita comerciais","m²",376.64]
[5406034,"Muro de escama de concreto armado em solo reforçado com fita metálica com altura até 4 m - tipo 2 - areia extraída e brita produzida","m²",357.11]
[5406031,"Muro de escama de concreto armado em solo reforçado com fita metálica com altura de 10,0 a 12 m - tipo 1 - areia e brita comerciais","m²",333.71]
[5406041,"Muro de escama de concreto armado em solo reforçado com fita metálica com altura de 10,0 a 12 m - tipo 1 - areia extraída e brita produzida","m²",314.18]
[5406032,"Muro de escama de concreto armado em solo reforçado com fita metálica com altura de 10,0 a 12 m - tipo 2 - areia e brita comerciais","m²",357.43]
[5406042,"Muro de escama de concreto armado em solo reforçado com fita metálica com altura de 10,0 a 12 m - tipo 2 - areia extraída e brita produzida","m²",337.9]
[5406025,"Muro de escama de concreto armado em solo reforçado com fita metálica com altura de 4,0 a 6 m - tipo 1 - areia e brita comerciais","m²",338.83]
[5406035,"Muro de escama de concreto armado em solo reforçado com fita metálica com altura de 4,0 a 6 m - tipo 1 - areia extraída e brita produzida","m²",319.31]
[5406026,"Muro de escama de concreto armado em solo reforçado com fita metálica com altura de 4,0 a 6 m - tipo 2 - areia e brita comerciais","m²",362.55]
[5406036,"Muro de escama de concreto armado em solo reforçado com fita metálica com altura de 4,0 a 6 m - tipo 2 - areia extraída e brita produzida","m²",343.02]
[5406027,"Muro de escama de concreto armado em solo reforçado com fita metálica com altura de 6,0 a 8 m - tipo 1 - areia e brita comerciais","m²",336.15]
[5406037,"Muro de escama de concreto armado em solo reforçado com fita metálica com altura de 6,0 a 8 m - tipo 1 - areia extraída e brita produzida","m²",316.62]
[5406028,"Muro de escama de concreto armado em solo reforçado com fita metálica com altura de 6,0 a 8 m - tipo 2 - areia e brita comerciais","m²",359.86]
[5406038,"Muro de escama de concreto armado em solo reforçado com fita metálica com altura de 6,0 a 8 m - tipo 2 - areia extraída e brita produzida","m²",340.34]
[5406029,"Muro de escama de concreto armado em solo reforçado com fita metálica com altura de 8,0 a 10 m - tipo 1 - areia e brita comerciais","m²",334.66]
[5406039,"Muro de escama de concreto armado em solo reforçado com fita metálica com altura de 8,0 a 10 m - tipo 1 - areia extraída e brita produzida","m²",315.13]
[5406030,"Muro de escama de concreto armado em solo reforçado com fita metálica com altura de 8,0 a 10 m - tipo 2 - areia e brita comerciais","m²",358.37]
[5406040,"Muro de escama de concreto armado em solo reforçado com fita metálica com altura de 8,0 a 10 m - tipo 2 - areia extraída e brita produzida","m²",338.85]
[5405987,"Travador de madeira para escama de concreto armado - utilização de 10 vezes","un",10.65]
[5405979,"Travamento e nivelamento de escama de concreto armado em solo reforçado com fita metálica","m²",17.89]
[5502806,"Camada drenante com conformação de trator de esteira - areia comercial","m³",156.79]
[5502807,"Camada drenante com conformação de trator de esteira - areia extraída","m³",14.34]
[5503041,"Compactação de aterros a 100% do Proctor intermediário","m³",8.16]
[5502978,"Compactação de aterros a 100% do Proctor normal","m³",4.62]
[5502822,"Compactação de camada final de aterro de rocha","m³",37.909999999999997]
[5502979,"Construção de corpo de aterro com material de 3ª categoria oriundo de corte","m³",16.11]
[5501700,"Desmatamento, destocamento e limpeza de área com árvores de diâmetro até 0,15 m","m²",0.51]
[5500991,"Desmonte de blocos de rocha com martelete pneumático","m³",159.12]
[5515739,"Desmonte de matacões ou bloco de rocha por meio de explosivos","m³",44.92]
[5505766,"Desmonte de material de 3ª categoria a frio com argamassa expansiva a céu aberto","m³",329.68]
[5501701,"Destocamento de árvores com diâmetro de 0,15 a 0,30 m","un",37.85]
[5501702,"Destocamento de árvores com diâmetro maior que 0,30 m","un",94.64]
[5502972,"Escavação de vala em material de 3ª categoria - resistência à compressão acima de 110 MPa - com escavadeira e rompedor hidráulico 1.700 kg","m³",226.99]
[5502968,"Escavação de vala em material de 3ª categoria - resistência à compressão até 50 MPa - com escavadeira e rompedor hidráulico 1.700 kg","m³",25.71]
[5502969,"Escavação de vala em material de 3ª categoria - resistência à compressão de 50 a 70 MPa - com escavadeira e rompedor hidráulico 1.700 kg","m³",32.42]
[5502970,"Escavação de vala em material de 3ª categoria - resistência à compressão de 70 a 90 MPa - com escavadeira e rompedor hidráulico 1.700 kg","m³",59.34]
[5502971,"Escavação de vala em material de 3ª categoria - resistência à compressão de 90 a 110 MPa - com escavadeira e rompedor hidráulico 1.700 kg","m³",110.33]
[5502663,"Escavação e transporte de material de 3ª categoria - DMT de 0 a 50 m","m³",32.79]
[5502993,"Escavação em material de 3ª categoria","m³",24.47]
[5502967,"Escavação em material de 3ª categoria - resistência à compressão acima de 110 MPa - com escavadeira e rompedor hidráulico 1.700 kg","m³",125.61]
[5502963,"Escavação em material de 3ª categoria - resistência à compressão até 50 MPa - com escavadeira e rompedor hidráulico 1.700 kg","m³",15.39]
[5502964,"Escavação em material de 3ª categoria - resistência à compressão de 50 a 70 MPa - com escavadeira e rompedor hidráulico 1.700 kg","m³",19.260000000000002]
[5502965,"Escavação em material de 3ª categoria - resistência à compressão de 70 a 90 MPa - com escavadeira e rompedor hidráulico 1.700 kg","m³",34.65]
[5502966,"Escavação em material de 3ª categoria - resistência à compressão de 90 a 110 MPa - com escavadeira e rompedor hidráulico 1.700 kg","m³",63.47]
[5501706,"Escavação mecânica com retroescavadeira em material de 1ª categoria","m³",6.83]
[5501880,"Escavação, carga e transporte de material de 1ª categoria - DMT de 1.000 a 1.200 m - caminho de serviço em leito natural - com carregadeira e caminhão basculante de 14 m³","m³",11.12]
[5502114,"Escavação, carga e transporte de material de 1ª categoria - DMT de 1.000 a 1.200 m - caminho de serviço em leito natural - com escavadeira e caminhão basculante de 14 m³","m³",7.39]
[5501906,"Escavação, carga e transporte de material de 1ª categoria - DMT de 1.000 a 1.200 m - caminho de serviço em revestimento primário - com carregadeira e caminhão basculante de 14 m³","m³",9.98]
[5502140,"Escavação, carga e transporte de material de 1ª categoria - DMT de 1.000 a 1.200 m - caminho de serviço em revestimento primário - com escavadeira e caminhão basculante de 14 m³","m³",6.23]
[5501932,"Escavação, carga e transporte de material de 1ª categoria - DMT de 1.000 a 1.200 m - caminho de serviço pavimentado - com carregadeira e caminhão basculante de 14 m³","m³",9.34]
[5502166,"Escavação, carga e transporte de material de 1ª categoria - DMT de 1.000 a 1.200 m - caminho de serviço pavimentado - com escavadeira e caminhão basculante de 14 m³","m³",6.01]
[5501881,"Escavação, carga e transporte de material de 1ª categoria - DMT de 1.200 a 1.400 m - caminho de serviço em leito natural - com carregadeira e caminhão basculante de 14 m³","m³",11.34]
[5502115,"Escavação, carga e transporte de material de 1ª categoria - DMT de 1.200 a 1.400 m - caminho de serviço em leito natural - com escavadeira e caminhão basculante de 14 m³","m³",8.07]
[5501907,"Escavação, carga e transporte de material de 1ª categoria - DMT de 1.200 a 1.400 m - caminho de serviço em revestimento primário - com carregadeira e caminhão basculante de 14 m³","m³",10.119999999999999]
[5502141,"Escavação, carga e transporte de material de 1ª categoria - DMT de 1.200 a 1.400 m - caminho de serviço em revestimento primário - com escavadeira e caminhão basculante de 14 m³","m³",6.81]
[5501933,"Escavação, carga e transporte de material de 1ª categoria - DMT de 1.200 a 1.400 m - caminho de serviço pavimentado - com carregadeira e caminhão basculante de 14 m³","m³",9.4600000000000009]
[5502167,"Escavação, carga e transporte de material de 1ª categoria - DMT de 1.200 a 1.400 m - caminho de serviço pavimentado - com escavadeira e caminhão basculante de 14 m³","m³",6.14]
[5501882,"Escavação, carga e transporte de material de 1ª categoria - DMT de 1.400 a 1.600 m - caminho de serviço em leito natural - com carregadeira e caminhão basculante de 14 m³","m³",11.56]
[5502116,"Escavação, carga e transporte de material de 1ª categoria - DMT de 1.400 a 1.600 m - caminho de serviço em leito natural - com escavadeira e caminhão basculante de 14 m³","m³",8.25]
[5501908,"Escavação, carga e transporte de material de 1ª categoria - DMT de 1.400 a 1.600 m - caminho de serviço em revestimento primário - com carregadeira e caminhão basculante de 14 m³","m³",10.27]
[5502142,"Escavação, carga e transporte de material de 1ª categoria - DMT de 1.400 a 1.600 m - caminho de serviço em revestimento primário - com escavadeira e caminhão basculante de 14 m³","m³",6.96]
[5501934,"Escavação, carga e transporte de material de 1ª categoria - DMT de 1.400 a 1.600 m - caminho de serviço pavimentado - com carregadeira e caminhão basculante de 14 m³","m³",9.98]
[5502168,"Escavação, carga e transporte de material de 1ª categoria - DMT de 1.400 a 1.600 m - caminho de serviço pavimentado - com escavadeira e caminhão basculante de 14 m³","m³",6.23]
[5501883,"Escavação, carga e transporte de material de 1ª categoria - DMT de 1.600 a 1.800 m - caminho de serviço em leito natural - com carregadeira e caminhão basculante de 14 m³","m³",11.78]
[5502117,"Escavação, carga e transporte de material de 1ª categoria - DMT de 1.600 a 1.800 m - caminho de serviço em leito natural - com escavadeira e caminhão basculante de 14 m³","m³",8.48]
[5501909,"Escavação, carga e transporte de material de 1ª categoria - DMT de 1.600 a 1.800 m - caminho de serviço em revestimento primário - com carregadeira e caminhão basculante de 14 m³","m³",10.42]
[5502143,"Escavação, carga e transporte de material de 1ª categoria - DMT de 1.600 a 1.800 m - caminho de serviço em revestimento primário - com escavadeira e caminhão basculante de 14 m³","m³",7.12]
[5501935,"Escavação, carga e transporte de material de 1ª categoria - DMT de 1.600 a 1.800 m - caminho de serviço pavimentado - com carregadeira e caminhão basculante de 14 m³","m³",10.119999999999999]
[5502169,"Escavação, carga e transporte de material de 1ª categoria - DMT de 1.600 a 1.800 m - caminho de serviço pavimentado - com escavadeira e caminhão basculante de 14 m³","m³",6.81]
[5501884,"Escavação, carga e transporte de material de 1ª categoria - DMT de 1.800 a 2.000 m - caminho de serviço em leito natural - com carregadeira e caminhão basculante de 14 m³","m³",12.41]
[5502118,"Escavação, carga e transporte de material de 1ª categoria - DMT de 1.800 a 2.000 m - caminho de serviço em leito natural - com escavadeira e caminhão basculante de 14 m³","m³",8.7100000000000009]
[5501910,"Escavação, carga e transporte de material de 1ª categoria - DMT de 1.800 a 2.000 m - caminho de serviço em revestimento primário - com carregadeira e caminhão basculante de 14 m³","m³",10.56]
[5502144,"Escavação, carga e transporte de material de 1ª categoria - DMT de 1.800 a 2.000 m - caminho de serviço em revestimento primário - com escavadeira e caminhão basculante de 14 m³","m³",7.23]
[5501936,"Escavação, carga e transporte de material de 1ª categoria - DMT de 1.800 a 2.000 m - caminho de serviço pavimentado - com carregadeira e caminhão basculante de 14 m³","m³",10.23]
[5502170,"Escavação, carga e transporte de material de 1ª categoria - DMT de 1.800 a 2.000 m - caminho de serviço pavimentado - com escavadeira e caminhão basculante de 14 m³","m³",6.92]
[5501885,"Escavação, carga e transporte de material de 1ª categoria - DMT de 2.000 a 2.500 m - caminho de serviço em leito natural - com carregadeira e caminhão basculante de 14 m³","m³",12.82]
[5502119,"Escavação, carga e transporte de material de 1ª categoria - DMT de 2.000 a 2.500 m - caminho de serviço em leito natural - com escavadeira e caminhão basculante de 14 m³","m³",9.5500000000000007]
[5501911,"Escavação, carga e transporte de material de 1ª categoria - DMT de 2.000 a 2.500 m - caminho de serviço em revestimento primário - com carregadeira e caminhão basculante de 14 m³","m³",11.21]
[5502145,"Escavação, carga e transporte de material de 1ª categoria - DMT de 2.000 a 2.500 m - caminho de serviço em revestimento primário - com escavadeira e caminhão basculante de 14 m³","m³",7.5]
[5501937,"Escavação, carga e transporte de material de 1ª categoria - DMT de 2.000 a 2.500 m - caminho de serviço pavimentado - com carregadeira e caminhão basculante de 14 m³","m³",10.42]
[5502171,"Escavação, carga e transporte de material de 1ª categoria - DMT de 2.000 a 2.500 m - caminho de serviço pavimentado - com escavadeira e caminhão basculante de 14 m³","m³",7.12]
[5501886,"Escavação, carga e transporte de material de 1ª categoria - DMT de 2.500 a 3.000 m - caminho de serviço em leito natural - com carregadeira e caminhão basculante de 14 m³","m³",13.83]
[5502120,"Escavação, carga e transporte de material de 1ª categoria - DMT de 2.500 a 3.000 m - caminho de serviço em leito natural - com escavadeira e caminhão basculante de 14 m³","m³",10.58]
[5501912,"Escavação, carga e transporte de material de 1ª categoria - DMT de 2.500 a 3.000 m - caminho de serviço em revestimento primário - com carregadeira e caminhão basculante de 14 m³","m³",11.6]
[5502146,"Escavação, carga e transporte de material de 1ª categoria - DMT de 2.500 a 3.000 m - caminho de serviço em revestimento primário - com escavadeira e caminhão basculante de 14 m³","m³",8.34]
[5501938,"Escavação, carga e transporte de material de 1ª categoria - DMT de 2.500 a 3.000 m - caminho de serviço pavimentado - com carregadeira e caminhão basculante de 14 m³","m³",11.17]
[5502172,"Escavação, carga e transporte de material de 1ª categoria - DMT de 2.500 a 3.000 m - caminho de serviço pavimentado - com escavadeira e caminhão basculante de 14 m³","m³",7.46]
[5501876,"Escavação, carga e transporte de material de 1ª categoria - DMT de 200 a 400 m - caminho de serviço em leito natural - com carregadeira e caminhão basculante de 14 m³","m³",9.26]
[5502110,"Escavação, carga e transporte de material de 1ª categoria - DMT de 200 a 400 m - caminho de serviço em leito natural - com escavadeira e caminhão basculante de 14 m³","m³",5.92]
[5501902,"Escavação, carga e transporte de material de 1ª categoria - DMT de 200 a 400 m - caminho de serviço em revestimento primário - com carregadeira e caminhão basculante de 14 m³","m³",8.91]
[5502136,"Escavação, carga e transporte de material de 1ª categoria - DMT de 200 a 400 m - caminho de serviço em revestimento primário - com escavadeira e caminhão basculante de 14 m³","m³",5.58]
[5501928,"Escavação, carga e transporte de material de 1ª categoria - DMT de 200 a 400 m - caminho de serviço pavimentado - com carregadeira e caminhão basculante de 14 m³","m³",8.3699999999999992]
[5502162,"Escavação, carga e transporte de material de 1ª categoria - DMT de 200 a 400 m - caminho de serviço pavimentado - com escavadeira e caminhão basculante de 14 m³","m³",5.01]
[5501877,"Escavação, carga e transporte de material de 1ª categoria - DMT de 400 a 600 m - caminho de serviço em leito natural - com carregadeira e caminhão basculante de 14 m³","m³",9.98]
[5502111,"Escavação, carga e transporte de material de 1ª categoria - DMT de 400 a 600 m - caminho de serviço em leito natural - com escavadeira e caminhão basculante de 14 m³","m³",6.23]
[5501903,"Escavação, carga e transporte de material de 1ª categoria - DMT de 400 a 600 m - caminho de serviço em revestimento primário - com carregadeira e caminhão basculante de 14 m³","m³",9.11]
[5502137,"Escavação, carga e transporte de material de 1ª categoria - DMT de 400 a 600 m - caminho de serviço em revestimento primário - com escavadeira e caminhão basculante de 14 m³","m³",5.77]
[5501929,"Escavação, carga e transporte de material de 1ª categoria - DMT de 400 a 600 m - caminho de serviço pavimentado - com carregadeira e caminhão basculante de 14 m³","m³",8.9700000000000006]
[5502163,"Escavação, carga e transporte de material de 1ª categoria - DMT de 400 a 600 m - caminho de serviço pavimentado - com escavadeira e caminhão basculante de 14 m³","m³",5.61]
[5501875,"Escavação, carga e transporte de material de 1ª categoria - DMT de 50 a 200 m - caminho de serviço em leito natural - com carregadeira e caminhão basculante de 14 m³","m³",8.91]
[5502109,"Escavação, carga e transporte de material de 1ª categoria - DMT de 50 a 200 m - caminho de serviço em leito natural - com escavadeira e caminhão basculante de 14 m³","m³",5.58]
[5501901,"Escavação, carga e transporte de material de 1ª categoria - DMT de 50 a 200 m - caminho de serviço em revestimento primário - com carregadeira e caminhão basculante de 14 m³","m³",8.26]
[5502135,"Escavação, carga e transporte de material de 1ª categoria - DMT de 50 a 200 m - caminho de serviço em revestimento primário - com escavadeira e caminhão basculante de 14 m³","m³",4.8899999999999997]
[5501927,"Escavação, carga e transporte de material de 1ª categoria - DMT de 50 a 200 m - caminho de serviço pavimentado - com carregadeira e caminhão basculante de 14 m³","m³",8.19]
[5502161,"Escavação, carga e transporte de material de 1ª categoria - DMT de 50 a 200 m - caminho de serviço pavimentado - com escavadeira e caminhão basculante de 14 m³","m³",4.83]
[5501878,"Escavação, carga e transporte de material de 1ª categoria - DMT de 600 a 800 m - caminho de serviço em leito natural - com carregadeira e caminhão basculante de 14 m³","m³",10.23]
[5502112,"Escavação, carga e transporte de material de 1ª categoria - DMT de 600 a 800 m - caminho de serviço em leito natural - com escavadeira e caminhão basculante de 14 m³","m³",6.92]
[5501904,"Escavação, carga e transporte de material de 1ª categoria - DMT de 600 a 800 m - caminho de serviço em revestimento primário - com carregadeira e caminhão basculante de 14 m³","m³",9.26]
[5502138,"Escavação, carga e transporte de material de 1ª categoria - DMT de 600 a 800 m - caminho de serviço em revestimento primário - com escavadeira e caminhão basculante de 14 m³","m³",5.95]
[5501930,"Escavação, carga e transporte de material de 1ª categoria - DMT de 600 a 800 m - caminho de serviço pavimentado - com carregadeira e caminhão basculante de 14 m³","m³",9.08]
[5502164,"Escavação, carga e transporte de material de 1ª categoria - DMT de 600 a 800 m - caminho de serviço pavimentado - com escavadeira e caminhão basculante de 14 m³","m³",5.77]
[5501879,"Escavação, carga e transporte de material de 1ª categoria - DMT de 800 a 1.000 m - caminho de serviço em leito natural - com carregadeira e caminhão basculante de 14 m³","m³",10.49]
[5502113,"Escavação, carga e transporte de material de 1ª categoria - DMT de 800 a 1.000 m - caminho de serviço em leito natural - com escavadeira e caminhão basculante de 14 m³","m³",7.16]
[5501905,"Escavação, carga e transporte de material de 1ª categoria - DMT de 800 a 1.000 m - caminho de serviço em revestimento primário - com carregadeira e caminhão basculante de 14 m³","m³",9.43]
[5502139,"Escavação, carga e transporte de material de 1ª categoria - DMT de 800 a 1.000 m - caminho de serviço em revestimento primário - com escavadeira e caminhão basculante de 14 m³","m³",6.11]
[5501931,"Escavação, carga e transporte de material de 1ª categoria - DMT de 800 a 1.000 m - caminho de serviço pavimentado - com carregadeira e caminhão basculante de 14 m³","m³",9.23]
[5502165,"Escavação, carga e transporte de material de 1ª categoria - DMT de 800 a 1.000 m - caminho de serviço pavimentado - com escavadeira e caminhão basculante de 14 m³","m³",5.89]
[5502825,"Escavação, carga e transporte de material de 1ª categoria na distância de 3.000 m - caminho de serviço em leito natural - com carregadeira e caminhão basculante de 14 m³","m³",14.62]
[5502834,"Escavação, carga e transporte de material de 1ª categoria na distância de 3.000 m - caminho de serviço em leito natural - com escavadeira e caminhão basculante de 14 m³","m³",10.95]
[5502826,"Escavação, carga e transporte de material de 1ª categoria na distância de 3.000 m - caminho de serviço em revestimento primário - com carregadeira e caminhão basculante de 14 m³","m³",11.82]
[5502835,"Escavação, carga e transporte de material de 1ª categoria na distância de 3.000 m - caminho de serviço em revestimento primário - com escavadeira e caminhão basculante de 14 m³","m³",8.58]
[5502827,"Escavação, carga e transporte de material de 1ª categoria na distância de 3.000 m - caminho de serviço pavimentado - com carregadeira e caminhão basculante de 14 m³","m³",11.34]
[5502836,"Escavação, carga e transporte de material de 1ª categoria na distância de 3.000 m - caminho de serviço pavimentado - com escavadeira e caminhão basculante de 14 m³","m³",8.07]
[5502356,"Escavação, carga e transporte de material de 2ª categoria - DMT de 1.000 a 1.200 m - caminho de serviço em leito natural - com carregadeira e caminhão basculante de 14 m³","m³",17.29]
[5502590,"Escavação, carga e transporte de material de 2ª categoria - DMT de 1.000 a 1.200 m - caminho de serviço em leito natural - com escavadeira e caminhão basculante de 14 m³","m³",10.15]
[5502382,"Escavação, carga e transporte de material de 2ª categoria - DMT de 1.000 a 1.200 m - caminho de serviço em revestimento primário - com carregadeira e caminhão basculante de 14 m³","m³",15.95]
[5502616,"Escavação, carga e transporte de material de 2ª categoria - DMT de 1.000 a 1.200 m - caminho de serviço em revestimento primário - com escavadeira e caminhão basculante de 14 m³","m³",8.64]
[5502408,"Escavação, carga e transporte de material de 2ª categoria - DMT de 1.000 a 1.200 m - caminho de serviço pavimentado - com carregadeira e caminhão basculante de 14 m³","m³",15.72]
[5502642,"Escavação, carga e transporte de material de 2ª categoria - DMT de 1.000 a 1.200 m - caminho de serviço pavimentado - com escavadeira e caminhão basculante de 14 m³","m³",8.36]
[5502357,"Escavação, carga e transporte de material de 2ª categoria - DMT de 1.200 a 1.400 m - caminho de serviço em leito natural - com carregadeira e caminhão basculante de 14 m³","m³",17.54]
[5502591,"Escavação, carga e transporte de material de 2ª categoria - DMT de 1.200 a 1.400 m - caminho de serviço em leito natural - com escavadeira e caminhão basculante de 14 m³","m³",10.42]
[5502383,"Escavação, carga e transporte de material de 2ª categoria - DMT de 1.200 a 1.400 m - caminho de serviço em revestimento primário - com carregadeira e caminhão basculante de 14 m³","m³",16.11]
[5502617,"Escavação, carga e transporte de material de 2ª categoria - DMT de 1.200 a 1.400 m - caminho de serviço em revestimento primário - com escavadeira e caminhão basculante de 14 m³","m³",8.76]
[5502409,"Escavação, carga e transporte de material de 2ª categoria - DMT de 1.200 a 1.400 m - caminho de serviço pavimentado - com carregadeira e caminhão basculante de 14 m³","m³",15.84]
[5502643,"Escavação, carga e transporte de material de 2ª categoria - DMT de 1.200 a 1.400 m - caminho de serviço pavimentado - com escavadeira e caminhão basculante de 14 m³","m³",8.52]
[5502358,"Escavação, carga e transporte de material de 2ª categoria - DMT de 1.400 a 1.600 m - caminho de serviço em leito natural - com carregadeira e caminhão basculante de 14 m³","m³",17.79]
[5502592,"Escavação, carga e transporte de material de 2ª categoria - DMT de 1.400 a 1.600 m - caminho de serviço em leito natural - com escavadeira e caminhão basculante de 14 m³","m³",10.63]
[5502384,"Escavação, carga e transporte de material de 2ª categoria - DMT de 1.400 a 1.600 m - caminho de serviço em revestimento primário - com carregadeira e caminhão basculante de 14 m³","m³",16.27]
[5502618,"Escavação, carga e transporte de material de 2ª categoria - DMT de 1.400 a 1.600 m - caminho de serviço em revestimento primário - com escavadeira e caminhão basculante de 14 m³","m³",9.7200000000000006]
[5502410,"Escavação, carga e transporte de material de 2ª categoria - DMT de 1.400 a 1.600 m - caminho de serviço pavimentado - com carregadeira e caminhão basculante de 14 m³","m³",15.95]
[5502644,"Escavação, carga e transporte de material de 2ª categoria - DMT de 1.400 a 1.600 m - caminho de serviço pavimentado - com escavadeira e caminhão basculante de 14 m³","m³",8.64]
[5502359,"Escavação, carga e transporte de material de 2ª categoria - DMT de 1.600 a 1.800 m - caminho de serviço em leito natural - com carregadeira e caminhão basculante de 14 m³","m³",18.04]
[5502593,"Escavação, carga e transporte de material de 2ª categoria - DMT de 1.600 a 1.800 m - caminho de serviço em leito natural - com escavadeira e caminhão basculante de 14 m³","m³",10.9]
[5502385,"Escavação, carga e transporte de material de 2ª categoria - DMT de 1.600 a 1.800 m - caminho de serviço em revestimento primário - com carregadeira e caminhão basculante de 14 m³","m³",16.43]
[5502619,"Escavação, carga e transporte de material de 2ª categoria - DMT de 1.600 a 1.800 m - caminho de serviço em revestimento primário - com escavadeira e caminhão basculante de 14 m³","m³",9.8800000000000008]
[5502411,"Escavação, carga e transporte de material de 2ª categoria - DMT de 1.600 a 1.800 m - caminho de serviço pavimentado - com carregadeira e caminhão basculante de 14 m³","m³",16.07]
[5502645,"Escavação, carga e transporte de material de 2ª categoria - DMT de 1.600 a 1.800 m - caminho de serviço pavimentado - com escavadeira e caminhão basculante de 14 m³","m³",8.76]
[5502360,"Escavação, carga e transporte de material de 2ª categoria - DMT de 1.800 a 2.000 m - caminho de serviço em leito natural - com carregadeira e caminhão basculante de 14 m³","m³",18.829999999999998]
[5502594,"Escavação, carga e transporte de material de 2ª categoria - DMT de 1.800 a 2.000 m - caminho de serviço em leito natural - com escavadeira e caminhão basculante de 14 m³","m³",11.93]
[5502386,"Escavação, carga e transporte de material de 2ª categoria - DMT de 1.800 a 2.000 m - caminho de serviço em revestimento primário - com carregadeira e caminhão basculante de 14 m³","m³",17.149999999999999]
[5502620,"Escavação, carga e transporte de material de 2ª categoria - DMT de 1.800 a 2.000 m - caminho de serviço em revestimento primário - com escavadeira e caminhão basculante de 14 m³","m³",9.99]
[5502412,"Escavação, carga e transporte de material de 2ª categoria - DMT de 1.800 a 2.000 m - caminho de serviço pavimentado - com carregadeira e caminhão basculante de 14 m³","m³",16.190000000000001]
[5502646,"Escavação, carga e transporte de material de 2ª categoria - DMT de 1.800 a 2.000 m - caminho de serviço pavimentado - com escavadeira e caminhão basculante de 14 m³","m³",9.67]
[5502361,"Escavação, carga e transporte de material de 2ª categoria - DMT de 2.000 a 2.500 m - caminho de serviço em leito natural - com carregadeira e caminhão basculante de 14 m³","m³",19.25]
[5502595,"Escavação, carga e transporte de material de 2ª categoria - DMT de 2.000 a 2.500 m - caminho de serviço em leito natural - com escavadeira e caminhão basculante de 14 m³","m³",12.33]
[5502387,"Escavação, carga e transporte de material de 2ª categoria - DMT de 2.000 a 2.500 m - caminho de serviço em revestimento primário - com carregadeira e caminhão basculante de 14 m³","m³",17.440000000000001]
[5502621,"Escavação, carga e transporte de material de 2ª categoria - DMT de 2.000 a 2.500 m - caminho de serviço em revestimento primário - com escavadeira e caminhão basculante de 14 m³","m³",10.31]
[5502413,"Escavação, carga e transporte de material de 2ª categoria - DMT de 2.000 a 2.500 m - caminho de serviço pavimentado - com carregadeira e caminhão basculante de 14 m³","m³",16.43]
[5502647,"Escavação, carga e transporte de material de 2ª categoria - DMT de 2.000 a 2.500 m - caminho de serviço pavimentado - com escavadeira e caminhão basculante de 14 m³","m³",9.8800000000000008]
[5502362,"Escavação, carga e transporte de material de 2ª categoria - DMT de 2.500 a 3.000 m - caminho de serviço em leito natural - com carregadeira e caminhão basculante de 14 m³","m³",20.55]
[5502596,"Escavação, carga e transporte de material de 2ª categoria - DMT de 2.500 a 3.000 m - caminho de serviço em leito natural - com escavadeira e caminhão basculante de 14 m³","m³",13]
[5502388,"Escavação, carga e transporte de material de 2ª categoria - DMT de 2.500 a 3.000 m - caminho de serviço em revestimento primário - com carregadeira e caminhão basculante de 14 m³","m³",17.84]
[5502622,"Escavação, carga e transporte de material de 2ª categoria - DMT de 2.500 a 3.000 m - caminho de serviço em revestimento primário - com escavadeira e caminhão basculante de 14 m³","m³",10.74]
[5502414,"Escavação, carga e transporte de material de 2ª categoria - DMT de 2.500 a 3.000 m - caminho de serviço pavimentado - com carregadeira e caminhão basculante de 14 m³","m³",17.39]
[5502648,"Escavação, carga e transporte de material de 2ª categoria - DMT de 2.500 a 3.000 m - caminho de serviço pavimentado - com escavadeira e caminhão basculante de 14 m³","m³",10.26]
[5502352,"Escavação, carga e transporte de material de 2ª categoria - DMT de 200 a 400 m - caminho de serviço em leito natural - com carregadeira e caminhão basculante de 14 m³","m³",15.6]
[5502586,"Escavação, carga e transporte de material de 2ª categoria - DMT de 200 a 400 m - caminho de serviço em leito natural - com escavadeira e caminhão basculante de 14 m³","m³",8.2799999999999994]
[5502378,"Escavação, carga e transporte de material de 2ª categoria - DMT de 200 a 400 m - caminho de serviço em revestimento primário - com carregadeira e caminhão basculante de 14 m³","m³",14.63]
[5502612,"Escavação, carga e transporte de material de 2ª categoria - DMT de 200 a 400 m - caminho de serviço em revestimento primário - com escavadeira e caminhão basculante de 14 m³","m³",7.88]
[5502404,"Escavação, carga e transporte de material de 2ª categoria - DMT de 200 a 400 m - caminho de serviço pavimentado - com carregadeira e caminhão basculante de 14 m³","m³",14.51]
[5502638,"Escavação, carga e transporte de material de 2ª categoria - DMT de 200 a 400 m - caminho de serviço pavimentado - com escavadeira e caminhão basculante de 14 m³","m³",7.76]
[5502353,"Escavação, carga e transporte de material de 2ª categoria - DMT de 400 a 600 m - caminho de serviço em leito natural - com carregadeira e caminhão basculante de 14 m³","m³",15.91]
[5502587,"Escavação, carga e transporte de material de 2ª categoria - DMT de 400 a 600 m - caminho de serviço em leito natural - com escavadeira e caminhão basculante de 14 m³","m³",8.6]
[5502379,"Escavação, carga e transporte de material de 2ª categoria - DMT de 400 a 600 m - caminho de serviço em revestimento primário - com carregadeira e caminhão basculante de 14 m³","m³",14.87]
[5502613,"Escavação, carga e transporte de material de 2ª categoria - DMT de 400 a 600 m - caminho de serviço em revestimento primário - com escavadeira e caminhão basculante de 14 m³","m³",8.1199999999999992]
[5502405,"Escavação, carga e transporte de material de 2ª categoria - DMT de 400 a 600 m - caminho de serviço pavimentado - com carregadeira e caminhão basculante de 14 m³","m³",14.69]
[5502639,"Escavação, carga e transporte de material de 2ª categoria - DMT de 400 a 600 m - caminho de serviço pavimentado - com escavadeira e caminhão basculante de 14 m³","m³",7.96]
[5502351,"Escavação, carga e transporte de material de 2ª categoria - DMT de 50 a 200 m - caminho de serviço em leito natural - com carregadeira e caminhão basculante de 14 m³","m³",14.63]
[5502585,"Escavação, carga e transporte de material de 2ª categoria - DMT de 50 a 200 m - caminho de serviço em leito natural - com escavadeira e caminhão basculante de 14 m³","m³",7.88]
[5502377,"Escavação, carga e transporte de material de 2ª categoria - DMT de 50 a 200 m - caminho de serviço em revestimento primário - com carregadeira e caminhão basculante de 14 m³","m³",14.4]
[5502611,"Escavação, carga e transporte de material de 2ª categoria - DMT de 50 a 200 m - caminho de serviço em revestimento primário - com escavadeira e caminhão basculante de 14 m³","m³",7.64]
[5502403,"Escavação, carga e transporte de material de 2ª categoria - DMT de 50 a 200 m - caminho de serviço pavimentado - com carregadeira e caminhão basculante de 14 m³","m³",14.31]
[5502637,"Escavação, carga e transporte de material de 2ª categoria - DMT de 50 a 200 m - caminho de serviço pavimentado - com escavadeira e caminhão basculante de 14 m³","m³",7.56]
[5502187,"Escavação, carga e transporte de material de 2ª categoria - DMT de 50 m","m³",7.03]
[5502354,"Escavação, carga e transporte de material de 2ª categoria - DMT de 600 a 800 m - caminho de serviço em leito natural - com carregadeira e caminhão basculante de 14 m³","m³",16.23]
[5502588,"Escavação, carga e transporte de material de 2ª categoria - DMT de 600 a 800 m - caminho de serviço em leito natural - com escavadeira e caminhão basculante de 14 m³","m³",9.67]
[5502380,"Escavação, carga e transporte de material de 2ª categoria - DMT de 600 a 800 m - caminho de serviço em revestimento primário - com carregadeira e caminhão basculante de 14 m³","m³",15.64]
[5502614,"Escavação, carga e transporte de material de 2ª categoria - DMT de 600 a 800 m - caminho de serviço em revestimento primário - com escavadeira e caminhão basculante de 14 m³","m³",8.2799999999999994]
[5502406,"Escavação, carga e transporte de material de 2ª categoria - DMT de 600 a 800 m - caminho de serviço pavimentado - com carregadeira e caminhão basculante de 14 m³","m³",14.84]
[5502640,"Escavação, carga e transporte de material de 2ª categoria - DMT de 600 a 800 m - caminho de serviço pavimentado - com escavadeira e caminhão basculante de 14 m³","m³",8.1199999999999992]
[5502355,"Escavação, carga e transporte de material de 2ª categoria - DMT de 800 a 1.000 m - caminho de serviço em leito natural - com carregadeira e caminhão basculante de 14 m³","m³",16.47]
[5502589,"Escavação, carga e transporte de material de 2ª categoria - DMT de 800 a 1.000 m - caminho de serviço em leito natural - com escavadeira e caminhão basculante de 14 m³","m³",9.94]
[5502381,"Escavação, carga e transporte de material de 2ª categoria - DMT de 800 a 1.000 m - caminho de serviço em revestimento primário - com carregadeira e caminhão basculante de 14 m³","m³",15.8]
[5502615,"Escavação, carga e transporte de material de 2ª categoria - DMT de 800 a 1.000 m - caminho de serviço em revestimento primário - com escavadeira e caminhão basculante de 14 m³","m³",8.48]
[5502407,"Escavação, carga e transporte de material de 2ª categoria - DMT de 800 a 1.000 m - caminho de serviço pavimentado - com carregadeira e caminhão basculante de 14 m³","m³",15.56]
[5502641,"Escavação, carga e transporte de material de 2ª categoria - DMT de 800 a 1.000 m - caminho de serviço pavimentado - com escavadeira e caminhão basculante de 14 m³","m³",8.24]
[5502880,"Escavação, carga e transporte de material de 2ª categoria na distância de 3.000 m - caminho de serviço em leito natural - com escavadeira e caminhão basculante de 14 m³","m³",14.14]
[5502857,"Escavação, carga e transporte de material de 2ª categoria na distância de 3.000 m - caminho de serviço em leito natural com carregadeira e caminhão basculante de 14 m³","m³",20.9]
[5502881,"Escavação, carga e transporte de material de 2ª categoria na distância de 3.000 m - caminho de serviço em revestimento primário - com escavadeira e caminhão basculante de 14 m³","m³",10.95]
[5502859,"Escavação, carga e transporte de material de 2ª categoria na distância de 3.000 m - caminho de serviço pavimentado - com carregadeira e caminhão basculante de 14 m³","m³",17.54]
[5502882,"Escavação, carga e transporte de material de 2ª categoria na distância de 3.000 m - caminho de serviço pavimentado - com escavadeira e caminhão basculante de 14 m³","m³",10.42]
[5502858,"Escavação, carga e transporte de material de 2ª categoria na distância de 3.000 m -caminho de serviço com revestimento primário com carregadeira e caminhão basculante de 14 m³","m³",18.649999999999999]
[5502747,"Escavação, carga e transporte de material de 3ª categoria - DMT de 1.000 a 1.200 m - caminho de serviço em leito natural com caminhão basculante de 12 m³","m³",43.95]
[5502773,"Escavação, carga e transporte de material de 3ª categoria - DMT de 1.000 a 1.200 m - caminho de serviço em revestimento primário - com caminhão basculante de 12 m³","m³",42.59]
[5502799,"Escavação, carga e transporte de material de 3ª categoria - DMT de 1.000 a 1.200 m - caminho de serviço pavimentado - com caminhão basculante de 12 m³","m³",42.17]
[5502748,"Escavação, carga e transporte de material de 3ª categoria - DMT de 1.200 a 1.400 m - caminho de serviço em leito natural com caminhão basculante de 12 m³","m³",44.37]
[5502774,"Escavação, carga e transporte de material de 3ª categoria - DMT de 1.200 a 1.400 m - caminho de serviço em revestimento primário - com caminhão basculante de 12 m³","m³",42.85]
[5502800,"Escavação, carga e transporte de material de 3ª categoria - DMT de 1.200 a 1.400 m - caminho de serviço pavimentado - com caminhão basculante de 12 m³","m³",42.42]
[5502749,"Escavação, carga e transporte de material de 3ª categoria - DMT de 1.400 a 1.600 m - caminho de serviço em leito natural com caminhão basculante de 12 m³","m³",44.71]
[5502775,"Escavação, carga e transporte de material de 3ª categoria - DMT de 1.400 a 1.600 m - caminho de serviço em revestimento primário - com caminhão basculante de 12 m³","m³",43.1]
[5502801,"Escavação, carga e transporte de material de 3ª categoria - DMT de 1.400 a 1.600 m - caminho de serviço pavimentado - com caminhão basculante de 12 m³","m³",42.59]
[5502750,"Escavação, carga e transporte de material de 3ª categoria - DMT de 1.600 a 1.800 m - caminho de serviço em leito natural com caminhão basculante de 12 m³","m³",46.83]
[5502776,"Escavação, carga e transporte de material de 3ª categoria - DMT de 1.600 a 1.800 m - caminho de serviço em revestimento primário - com caminhão basculante de 12 m³","m³",43.36]
[5502802,"Escavação, carga e transporte de material de 3ª categoria - DMT de 1.600 a 1.800 m - caminho de serviço pavimentado - com caminhão basculante de 12 m³","m³",42.85]
[5502751,"Escavação, carga e transporte de material de 3ª categoria - DMT de 1.800 a 2.000 m - caminho de serviço em leito natural com caminhão basculante de 12 m³","m³",47.29]
[5502777,"Escavação, carga e transporte de material de 3ª categoria - DMT de 1.800 a 2.000 m - caminho de serviço em revestimento primário - com caminhão basculante de 12 m³","m³",43.61]
[5502803,"Escavação, carga e transporte de material de 3ª categoria - DMT de 1.800 a 2.000 m - caminho de serviço pavimentado - com caminhão basculante de 12 m³","m³",43.02]
[5502752,"Escavação, carga e transporte de material de 3ª categoria - DMT de 2.000 a 2.500 m - caminho de serviço em leito natural com caminhão basculante de 12 m³","m³",47.96]
[5502778,"Escavação, carga e transporte de material de 3ª categoria - DMT de 2.000 a 2.500 m - caminho de serviço em revestimento primário - com caminhão basculante de 12 m³","m³",44.12]
[5502804,"Escavação, carga e transporte de material de 3ª categoria - DMT de 2.000 a 2.500 m - caminho de serviço pavimentado - com caminhão basculante de 12 m³","m³",43.44]
[5502753,"Escavação, carga e transporte de material de 3ª categoria - DMT de 2.500 a 3.000 m - caminho de serviço em leito natural com caminhão basculante de 12 m³","m³",49.09]
[5502779,"Escavação, carga e transporte de material de 3ª categoria - DMT de 2.500 a 3.000 m - caminho de serviço em revestimento primário - com caminhão basculante de 12 m³","m³",46.61]
[5502805,"Escavação, carga e transporte de material de 3ª categoria - DMT de 2.500 a 3.000 m - caminho de serviço pavimentado - com caminhão basculante de 12 m³","m³",44.03]
[5502743,"Escavação, carga e transporte de material de 3ª categoria - DMT de 200 a 400 m - caminho de serviço em leito natural com caminhão basculante de 12 m³","m³",42]
[5502769,"Escavação, carga e transporte de material de 3ª categoria - DMT de 200 a 400 m - caminho de serviço em revestimento primário - com caminhão basculante de 12 m³","m³",39.65]
[5502795,"Escavação, carga e transporte de material de 3ª categoria - DMT de 200 a 400 m - caminho de serviço pavimentado - com caminhão basculante de 12 m³","m³",39.479999999999997]
[5502744,"Escavação, carga e transporte de material de 3ª categoria - DMT de 400 a 600 m - caminho de serviço em leito natural com caminhão basculante de 12 m³","m³",42.59]
[5502770,"Escavação, carga e transporte de material de 3ª categoria - DMT de 400 a 600 m - caminho de serviço em revestimento primário - com caminhão basculante de 12 m³","m³",40.049999999999997]
[5502796,"Escavação, carga e transporte de material de 3ª categoria - DMT de 400 a 600 m - caminho de serviço pavimentado - com caminhão basculante de 12 m³","m³",39.76]
[5502742,"Escavação, carga e transporte de material de 3ª categoria - DMT de 50 a 200 m - caminho de serviço em leito natural com caminhão basculante de 12 m³","m³",39.65]
[5502768,"Escavação, carga e transporte de material de 3ª categoria - DMT de 50 a 200 m - caminho de serviço em revestimento primário - com caminhão basculante de 12 m³","m³",39.26]
[5502794,"Escavação, carga e transporte de material de 3ª categoria - DMT de 50 a 200 m - caminho de serviço pavimentado - com caminhão basculante de 12 m³","m³",39.090000000000003]
[5502745,"Escavação, carga e transporte de material de 3ª categoria - DMT de 600 a 800 m - caminho de serviço em leito natural com caminhão basculante de 12 m³","m³",43.1]
[5502771,"Escavação, carga e transporte de material de 3ª categoria - DMT de 600 a 800 m - caminho de serviço em revestimento primário - com caminhão basculante de 12 m³","m³",42.08]
[5502797,"Escavação, carga e transporte de material de 3ª categoria - DMT de 600 a 800 m - caminho de serviço pavimentado - com caminhão basculante de 12 m³","m³",39.99]
[5502746,"Escavação, carga e transporte de material de 3ª categoria - DMT de 800 a 1.000 m - caminho de serviço em leito natural com caminhão basculante de 12 m³","m³",43.52]
[5502772,"Escavação, carga e transporte de material de 3ª categoria - DMT de 800 a 1.000 m - caminho de serviço em revestimento primário - com caminhão basculante de 12 m³","m³",42.34]
[5502798,"Escavação, carga e transporte de material de 3ª categoria - DMT de 800 a 1.000 m - caminho de serviço pavimentado - com caminhão basculante de 12 m³","m³",40.270000000000003]
[5502886,"Escavação, carga e transporte de material de 3ª categoria na distância de 3.000 m - caminho de serviço em leito natural com caminhão basculante de 12 m³","m³",51.44]
[5502887,"Escavação, carga e transporte de material de 3ª categoria na distância de 3.000 m - caminho de serviço em revestimento primário - com caminhão basculante de 12 m³","m³",46.95]
[5502888,"Escavação, carga e transporte de material de 3ª categoria na distância de 3.000 m - caminho de serviço pavimentado - com caminhão basculante de 12 m³","m³",44.37]
[5502820,"Escavação, carga e transporte de solos moles - DMT de 0 a 50 m","m³",6.96]
[5502904,"Escavação, carga e transporte de solos moles - DMT de 1.000 a 1.200 m - caminho de serviço em leito natural - com caminhão basculante de 14 m³","m³",19.059999999999999]
[5502930,"Escavação, carga e transporte de solos moles - DMT de 1.000 a 1.200 m - caminho de serviço em revestimento primário - com caminhão basculante de 14 m³","m³",18.2]
[5502956,"Escavação, carga e transporte de solos moles - DMT de 1.000 a 1.200 m - caminho de serviço pavimentado - com caminhão basculante de 14 m³","m³",17.89]
[5502905,"Escavação, carga e transporte de solos moles - DMT de 1.200 a 1.400 m - caminho de serviço em leito natural - com caminhão basculante de 14 m³","m³",21.6]
[5502931,"Escavação, carga e transporte de solos moles - DMT de 1.200 a 1.400 m - caminho de serviço em revestimento primário - com caminhão basculante de 14 m³","m³",18.36]
[5502957,"Escavação, carga e transporte de solos moles - DMT de 1.200 a 1.400 m - caminho de serviço pavimentado - com caminhão basculante de 14 m³","m³",18.05]
[5502906,"Escavação, carga e transporte de solos moles - DMT de 1.400 a 1.600 m - caminho de serviço em leito natural - com caminhão basculante de 14 m³","m³",21.83]
[5502932,"Escavação, carga e transporte de solos moles - DMT de 1.400 a 1.600 m - caminho de serviço em revestimento primário - com caminhão basculante de 14 m³","m³",18.52]
[5502958,"Escavação, carga e transporte de solos moles - DMT de 1.400 a 1.600 m - caminho de serviço pavimentado - com caminhão basculante de 14 m³","m³",18.2]
[5502907,"Escavação, carga e transporte de solos moles - DMT de 1.600 a 1.800 m - caminho de serviço em leito natural - com caminhão basculante de 14 m³","m³",22.19]
[5502933,"Escavação, carga e transporte de solos moles - DMT de 1.600 a 1.800 m - caminho de serviço em revestimento primário - com caminhão basculante de 14 m³","m³",18.75]
[5502959,"Escavação, carga e transporte de solos moles - DMT de 1.600 a 1.800 m - caminho de serviço pavimentado - com caminhão basculante de 14 m³","m³",18.36]
[5502908,"Escavação, carga e transporte de solos moles - DMT de 1.800 a 2.000 m - caminho de serviço em leito natural - com caminhão basculante de 14 m³","m³",22.42]
[5502934,"Escavação, carga e transporte de solos moles - DMT de 1.800 a 2.000 m - caminho de serviço em revestimento primário - com caminhão basculante de 14 m³","m³",18.91]
[5502960,"Escavação, carga e transporte de solos moles - DMT de 1.800 a 2.000 m - caminho de serviço pavimentado - com caminhão basculante de 14 m³","m³",18.440000000000001]
[5502909,"Escavação, carga e transporte de solos moles - DMT de 2.000 a 2.500 m - caminho de serviço em leito natural - com caminhão basculante de 14 m³","m³",22.89]
[5502935,"Escavação, carga e transporte de solos moles - DMT de 2.000 a 2.500 m - caminho de serviço em revestimento primário - com caminhão basculante de 14 m³","m³",19.22]
[5502961,"Escavação, carga e transporte de solos moles - DMT de 2.000 a 2.500 m - caminho de serviço pavimentado - com caminhão basculante de 14 m³","m³",18.75]
[5502910,"Escavação, carga e transporte de solos moles - DMT de 2.500 a 3.000 m - caminho de serviço em leito natural - com caminhão basculante de 14 m³","m³",23.71]
[5502936,"Escavação, carga e transporte de solos moles - DMT de 2.500 a 3.000 m - caminho de serviço em revestimento primário - com caminhão basculante de 14 m³","m³",21.95]
[5502962,"Escavação, carga e transporte de solos moles - DMT de 2.500 a 3.000 m - caminho de serviço pavimentado - com caminhão basculante de 14 m³","m³",19.14]
[5502900,"Escavação, carga e transporte de solos moles - DMT de 200 a 400 m - caminho de serviço em leito natural - com caminhão basculante de 14 m³","m³",17.809999999999999]
[5502926,"Escavação, carga e transporte de solos moles - DMT de 200 a 400 m - caminho de serviço em revestimento primário - com caminhão basculante de 14 m³","m³",17.34]
[5502952,"Escavação, carga e transporte de solos moles - DMT de 200 a 400 m - caminho de serviço pavimentado - com caminhão basculante de 14 m³","m³",17.190000000000001]
[5502901,"Escavação, carga e transporte de solos moles - DMT de 400 a 600 m - caminho de serviço em leito natural - com caminhão basculante de 14 m³","m³",18.13]
[5502927,"Escavação, carga e transporte de solos moles - DMT de 400 a 600 m - caminho de serviço em revestimento primário - com caminhão basculante de 14 m³","m³",17.579999999999998]
[5502953,"Escavação, carga e transporte de solos moles - DMT de 400 a 600 m - caminho de serviço pavimentado - com caminhão basculante de 14 m³","m³",17.420000000000002]
[5502899,"Escavação, carga e transporte de solos moles - DMT de 50 a 200 m - caminho de serviço em leito natural - com caminhão basculante de 14 m³","m³",17.34]
[5502925,"Escavação, carga e transporte de solos moles - DMT de 50 a 200 m - caminho de serviço em revestimento primário - com caminhão basculante de 14 m³","m³",17.11]
[5502951,"Escavação, carga e transporte de solos moles - DMT de 50 a 200 m - caminho de serviço pavimentado - com caminhão basculante de 14 m³","m³",16.95]
[5502902,"Escavação, carga e transporte de solos moles - DMT de 600 a 800 m - caminho de serviço em leito natural - com caminhão basculante de 14 m³","m³",18.52]
[5502928,"Escavação, carga e transporte de solos moles - DMT de 600 a 800 m - caminho de serviço em revestimento primário - com caminhão basculante de 14 m³","m³",17.809999999999999]
[5502954,"Escavação, carga e transporte de solos moles - DMT de 600 a 800 m - caminho de serviço pavimentado - com caminhão basculante de 14 m³","m³",17.579999999999998]
[5502903,"Escavação, carga e transporte de solos moles - DMT de 800 a 1.000 m - caminho de serviço em leito natural - com caminhão basculante de 14 m³","m³",18.75]
[5502929,"Escavação, carga e transporte de solos moles - DMT de 800 a 1.000 m - caminho de serviço em revestimento primário - com caminhão basculante de 14 m³","m³",17.97]
[5502955,"Escavação, carga e transporte de solos moles - DMT de 800 a 1.000 m - caminho de serviço pavimentado - com caminhão basculante de 14 m³","m³",17.739999999999998]
[5502889,"Escavação, carga e transporte de solos moles na distância de 3.000 m - caminho de serviço em leito natural - com caminhão basculante de 14 m³","m³",24.06]
[5502996,"Escavação, carga e transporte de solos moles na distância de 3.000 m - caminho de serviço em revestimento primário - com caminhão basculante de 14 m³","m³",22.19]
[5502997,"Escavação, carga e transporte de solos moles na distância de 3.000 m - caminho de serviço pavimentado - com caminhão basculante de 14 m³","m³",21.6]
[5501716,"Escavação, carga e transporte em material de 1ª categoria - DMT de 1.000 a 1.200 m com motoscraper","m³",18.87]
[5501717,"Escavação, carga e transporte em material de 1ª categoria - DMT de 1.200 a 1.400 m com motoscraper","m³",21.26]
[5501712,"Escavação, carga e transporte em material de 1ª categoria - DMT de 200 a 400 m com motoscraper","m³",11.02]
[5501713,"Escavação, carga e transporte em material de 1ª categoria - DMT de 400 a 600 m com motoscraper","m³",12.16]
[5501711,"Escavação, carga e transporte em material de 1ª categoria - DMT de 50 a 200 m com motoscraper","m³",8.84]
[5501710,"Escavação, carga e transporte em material de 1ª categoria - DMT de 50 m","m³",2.7]
[5501714,"Escavação, carga e transporte em material de 1ª categoria - DMT de 600 a 800 m com motoscraper","m³",14.3]
[5501715,"Escavação, carga e transporte em material de 1ª categoria - DMT de 800 a 1.000 m com motoscraper","m³",16.48]
[5502986,"Expurgo de jazida","m³",2.58]
[5502977,"Fragmentação de blocos de rocha com escavadeira e rompedor hidráulico 1.700 kg","m³",9.89]
[5502985,"Limpeza mecanizada da camada vegetal","m²",0.46]
[5503018,"Manutenção de caminho de serviço","km",64.06]
[5505768,"Pré-fissuramento de material de 3ª categoria","m²",82.84]
[5503020,"Umedecimento de caminho de serviço","km",268.68]
[5605798,"Chumbador de aço CA-50 - D = 20 mm - ancorado na rocha com cartucho de cimento - fornecimento, perfuração e instalação","m",86.27]
[5605925,"Chumbador de aço CA-50 - D = 20 mm - ancorado na rocha com injeção de nata de cimento - fornecimento, perfuração e instalação","m",81.48]
[5605799,"Chumbador de aço CA-50 - D = 22 mm - ancorado na rocha com cartucho de cimento - fornecimento, perfuração e instalação","m",91.53]
[5605800,"Chumbador de aço CA-50 - D = 25 mm - ancorado na rocha com cartucho de cimento - fornecimento, perfuração e instalação","m",101.24]
[5605894,"Grampo de aço CA-50 D = 12,5 mm para solo grampeado com capacidade de 30 kN - fornecimento, perfuração e instalação","m",49.23]
[5605895,"Grampo de aço CA-50 D = 16 mm para solo grampeado com capacidade de 50 kN - fornecimento, perfuração e instalação","m",53.05]
[5605896,"Grampo de aço CA-50 D = 20 mm para solo grampeado com capacidade de 80 kN - fornecimento, perfuração e instalação","m",58.8]
[5605911,"Perfuração para tirante permanente protendido autoinjetável em material de 1ª categoria com diâmetro de até 120 mm","m",32.67]
[5605912,"Perfuração para tirante permanente protendido autoinjetável em material de 2ª categoria com diâmetro de até 87 mm","m",49.51]
[5605938,"Perfuração para tirantes em material de 1ª categoria com diâmetro de até 120 mm","m",19.91]
[5605939,"Perfuração para tirantes em material de 2ª categoria com diâmetro de até 120 mm","m",23.94]
[5605940,"Perfuração para tirantes em material de 3ª categoria com diâmetro de até 120 mm","m",56.56]
[5605942,"Pintura eletrostática com tinta em pó à base de resina epóxi - E = 200 µm","m²",51.82]
[5605955,"Protensão de tirante com 10 cordoalhas D = 12,7 mm aço CP 190 RB, com capacidade de 860 kN - inclusive ancoragem e grauteamento da cabeça","un",686.58]
[5605956,"Protensão de tirante com 12 cordoalhas D = 12,7 mm aço CP 190 RB, com capacidade de 1.040 kN - inclusive ancoragem e grauteamento da cabeça","un",817.12]
[5605953,"Protensão de tirante com 6 cordoalhas D = 12,7 mm aço CP 190 RB, com capacidade de 520 kN - inclusive ancoragem e grauteamento da cabeça","un",487.26]
[5605954,"Protensão de tirante com 8 cordoalhas D = 12,7 mm aço CP 190 RB, com capacidade de 690 kN - inclusive ancoragem e grauteamento da cabeça","un",590.98]
[5605909,"Protensão de tirante permanente autoinjetável de aço D = 40 mm, seção de 684 mm², tensão de escoamento = 440 MPa e tensão de ruptura = 580 MPa - inclusive ancoragem e grauteamento da cabeça","un",479.28]
[5605908,"Protensão de tirante permanente autoinjetável de aço D = 40 mm, seção de 822 mm², tensão de escoamento = 470 MPa e tensão de ruptura = 600 MPa - inclusive ancoragem e grauteamento da cabeça","un",479.28]
[5605907,"Protensão de tirante permanente autoinjetável de aço D = 40 mm, seção de 936 mm², tensão de escoamento = 700 MPa e tensão de ruptura = 830 MPa - inclusive ancoragem e grauteamento da cabeça","un",512.58000000000004]
[5605906,"Protensão de tirante permanente autoinjetável de aço D = 50 mm, seção de 1.330 mm², tensão de escoamento = 630 MPa e tensão de ruptura = 740 MPa - inclusive ancoragem e grauteamento da cabeça","un",615.32000000000005]
[5605905,"Protensão de tirante permanente autoinjetável de aço D = 50 mm, seção de 1.569 mm², tensão de escoamento = 630 MPa e tensão de ruptura = 740 MP - inclusive ancoragem e grauteamento da cabeça","un",689.54]
[5605944,"Protensão de tirante permanente protendido de aço D = 30 mm, tensão de escoamento = 600 MPa e tensão de ruptura = 720 MPa - inclusive ancoragem e grauteamento da cabeça","un",434.77]
[5605910,"Protensão de tirante permanente protendido de aço D = 32 mm, tensão de escoamento = 500 MPa e tensão de ruptura = 550 MPa - inclusive ancoragem e grauteamento da cabeça","un",505.01]
[5605945,"Protensão de tirante permanente protendido de aço D = 32 mm, tensão de escoamento = 950 MPa e tensão de ruptura = 1.050 MPa - inclusive ancoragem e grauteamento da cabeça","un",533.4]
[5605946,"Protensão de tirante permanente protendido de aço D = 40 mm, tensão de escoamento = 600 MPa e tensão de ruptura = 720 MPa - inclusive ancoragem e grauteamento da cabeça","un",512.58000000000004]
[5605947,"Protensão de tirante permanente protendido de aço D = 44 mm, tensão de escoamento = 680 MPa e tensão de ruptura = 870 MPa - inclusive ancoragem e grauteamento da cabeça","un",573.86]
[5605948,"Protensão de tirante permanente protendido de aço D = 50 mm, tensão de escoamento = 600 MPa e tensão de ruptura = 720 MPa - inclusive ancoragem e grauteamento da cabeça","un",689.54]
[5605949,"Protensão de tirante permanente protendido de aço D = 53 mm, tensão de escoamento = 600 MPa e tensão de ruptura = 720 MPa - inclusive ancoragem e grauteamento da cabeça","un",970.81]
[5605950,"Protensão de tirante permanente protendido de aço D = 57 mm, tensão de escoamento = 600 MPa e tensão de ruptura = 720 MPa - inclusive ancoragem e grauteamento da cabeça","un",1049.33]
[5605951,"Protensão de tirante permanente protendido de aço D = 63 mm, tensão de escoamento = 600 MPa e tensão de ruptura = 720 MPa - inclusive ancoragem e grauteamento da cabeça","un",1662.49]
[5605952,"Protensão de tirante permanente protendido de aço D = 69 mm, tensão de escoamento = 600 MPa e tensão de ruptura = 720 MPa - inclusive ancoragem e grauteamento da cabeça","un",2528.7399999999998]
[5605932,"Tirante de barra de aço ancorado na rocha com resina de poliéster, D = 19 mm, tensão de escoamento = 686 MPa e tensão de ruptura = 789 MPa - fornecimento, perfuração e instalação","m",130.13]
[5605934,"Tirante de barra de aço ancorado na rocha com resina de poliéster, D = 22 mm, tensão de escoamento = 686 MPa e tensão de ruptura = 789 MPa - fornecimento, perfuração e instalação","m",142.29]
[5605928,"Tirante de barra de aço ancorado na rocha com resina de poliéster, D = 25 mm, tensão de escoamento = 500 MPa e tensão de ruptura = 750 MPa - fornecimento, perfuração e instalação","m",158.44]
[5605935,"Tirante de barra de aço ancorado na rocha com resina de poliéster, D = 25 mm, tensão de escoamento = 686 MPa, tensão de ruptura = 789 MPa - fornecimento, perfuração e instalação","m",157.24]
[5605936,"Tirante de barra de aço ancorado na rocha com resina de poliéster, D = 32 mm, tensão de escoamento = 686 MPa, tensão de ruptura = 789 MPa - fornecimento, perfuração e instalação","m",243.13]
[5605937,"Tirante de barra de aço ancorado na rocha com resina de poliéster, D = 36 mm, tensão de escoamento = 686 MPa e tensão de ruptura = 789 MPa - fornecimento, perfuração e instalação","m",299.2]
[5605957,"Tirante permanente protendido autoinjetável de aço D = 40 mm, seção de 684 mm², tensão de escoamento = 440 MPa e tensão de ruptura = 580 MPa - exceto perfuração","m",206.08]
[5605958,"Tirante permanente protendido autoinjetável de aço D = 40 mm, seção de 822 mm², tensão de escoamento = 470 MPa e tensão de ruptura = 600 MPa - exceto perfuração","m",235.21]
[5605959,"Tirante permanente protendido autoinjetável de aço D = 40 mm, seção de 936 mm², tensão de escoamento = 700 MPa e tensão de ruptura = 830 MPa - exceto perfuração","m",282.27]
[5605960,"Tirante permanente protendido autoinjetável de aço D = 50 mm, seção de 1.330 mm², tensão de escoamento = 630 MPa e tensão de ruptura = 740 MPa - exceto perfuração","m",350.59]
[5605961,"Tirante permanente protendido autoinjetável de aço D = 50 mm, seção de 1.569 mm², tensão de escoamento = 630 MPa e tensão de ruptura = 740 MPa - exceto perfuração","m",448.76]
[5605885,"Tirante permanente protendido com 10 cordoalhas D = 12,7 mm, aço CP 190 RB, com capacidade de 860 kN - exceto perfuração","m",254.14]
[5605886,"Tirante permanente protendido com 12 cordoalhas D = 12,7 mm, aço CP 190 RB, com capacidade de 1.030 kN - exceto perfuração","m",275.97000000000003]
[5605883,"Tirante permanente protendido com 6 cordoalhas D = 12,7 mm, aço CP 190 RB, com capacidade de 510 kN - exceto perfuração","m",205.65]
[5605884,"Tirante permanente protendido com 8 cordoalhas D = 12,7 mm, aço CP 190 RB, com capacidade de 690 kN - exceto perfuração","m",227.48]
[5605962,"Tirante permanente protendido de aço D = 30 mm, tensão de escoamento = 600 MPa e tensão de ruptura = 720 MPa - exceto perfuração","m",160.21]
[5605881,"Tirante permanente protendido de aço D = 32 mm, tensão de escoamento = 500 MPa e tensão de ruptura = 550 MPa - exceto perfuração","m",244.35]
[5605882,"Tirante permanente protendido de aço D = 32 mm, tensão de escoamento = 950 MPa e tensão de ruptura = 1.050 MPa - exceto perfuração","m",409.19]
[5605963,"Tirante permanente protendido de aço D = 40 mm, tensão de escoamento = 600 MPa e tensão de ruptura = 720 MPa - exceto perfuração","m",251.17]
[5605964,"Tirante permanente protendido de aço D = 44 mm, tensão de escoamento = 680 MPa e tensão de ruptura = 870 MPa - exceto perfuração","m",296.41000000000003]
[5605965,"Tirante permanente protendido de aço D = 50 mm, tensão de escoamento = 600 MPa e tensão de ruptura = 720 MPa - exceto perfuração","m",378.71]
[5605966,"Tirante permanente protendido de aço D = 53mm, tensão de escoamento = 600 MPa e tensão de ruptura = 720 MPa - exceto perfuração","m",421.95]
[5605967,"Tirante permanente protendido de aço D = 57 mm, tensão de escoamento = 600 MPa e tensão de ruptura = 720 MPa - exceto perfuração","m",476.03]
[5605968,"Tirante permanente protendido de aço D = 63 mm, tensão de escoamento = 600 MPa e tensão de ruptura = 720 MPa - exceto perfuração","m",583.24]
[5605969,"Tirante permanente protendido de aço D = 69 mm, tensão de escoamento = 600 MPa e tensão de ruptura = 720 MPa - exceto perfuração","m",704.54]
[5909130,"Carga e manobra de aduelas de concreto pré-moldadas em cavalo mecânico com semirreboque 22 t - carga com caminhão guindauto de 45 t.m","t",24.77]
[5914703,"Carga e manobra de brita para lastro com locomotiva diesel-elétrica em vagão hopper aberto com capacidade de 45 m³ - carga com carregadeira e descarga automática - bitola métrica","t",4.9400000000000004]
[5914704,"Carga e manobra de brita para lastro com locomotiva diesel-elétrica em vagão hopper aberto com capacidade de 63 m³ - carga com carregadeira e descarga automática - bitola larga","t",4.96]
[5914710,"Carga e manobra de dormentes de concreto de bitola larga com locomotiva diesel-elétrica e vagão plataforma com capacidade de 98 t - carga com carregadeira - bitola larga","t",9.86]
[5914711,"Carga e manobra de dormentes de concreto de bitola métrica com locomotiva diesel-elétrica e vagão plataforma com capacidade de 82 t - carga com carregadeira - bitola métrica","t",9.02]
[5914712,"Carga e manobra de dormentes de concreto de bitola mista com locomotiva diesel-elétrica e vagão plataforma com capacidade de 98 t - carga com carregadeira - bitola larga","t",8.94]
[5915369,"Carga, descarga e manobra de vigas pré-moldadas de 1.000 a 1.250 kN em cavalo mecânico com reboques de 5 e 4 eixos com capacidade de 130 t","un",7086.38]
[5915401,"Carga, descarga e manobra de vigas pré-moldadas de 500 a 750 kN em cavalo mecânico com dollys de 3 e 4 eixos com capacidade de 77 t","un",6508.58]
[5915402,"Carga, descarga e manobra de vigas pré-moldadas de 750 a 1.000 kN em cavalo mecânico com dollys de 5 e 4 eixos com capacidade de 111 t","un",3723.52]
[5915400,"Carga, descarga e manobra de vigas pré-moldadas de até 500 kN em cavalo mecânico com dolly de 4 eixos com capacidade de 57 t","un",3282.68]
[5914651,"Carga, manobra e descarga de agregados ou solos em caminhão basculante de 10 m³ - carga com carregadeira de 3,40 m³ (exclusa) e descarga em distribuidor autopropelido","t",2.2999999999999998]
[5914648,"Carga, manobra e descarga de agregados ou solos em caminhão basculante de 10 m³ - carga com carregadeira de 3,40 m³ (exclusa) e descarga em distribuidor rebocável","t",6.94]
[5914647,"Carga, manobra e descarga de agregados ou solos em caminhão basculante de 10 m³ - carga com carregadeira de 3,40 m³ (exclusa) e descarga livre","t",1.61]
[5915411,"Carga, manobra e descarga de agregados ou solos em caminhão basculante de 10 m³ - carga com carregadeira de 3,40 m³ e descarga em distribuidor autopropelido","t",3.21]
[5915409,"Carga, manobra e descarga de agregados ou solos em caminhão basculante de 10 m³ - carga com carregadeira de 3,40 m³ e descarga em distribuidor rebocável","t",7.85]
[5915407,"Carga, manobra e descarga de agregados ou solos em caminhão basculante de 10 m³ - carga com carregadeira de 3,40 m³ e descarga livre","t",2.5299999999999998]
[5914354,"Carga, manobra e descarga de agregados ou solos em caminhão basculante de 10 m³ - carga com escavadeira de 1,56 m³ (exclusa) e descarga livre","t",1.68]
[5915406,"Carga, manobra e descarga de agregados ou solos em caminhão basculante de 10 m³ - carga em usina de 60 t/h (PMF) e descarga livre","t",8.65]
[5914652,"Carga, manobra e descarga de agregados ou solos em caminhão basculante de 10 m³ - carga em usina de solos de 300 t/h e descarga em distribuidor autopropelido","t",3.08]
[5915417,"Carga, manobra e descarga de agregados ou solos em caminhão basculante de 10 m³ - carga em usina de solos de 300 t/h e descarga em vibroacabadora","t",4.8899999999999997]
[5915414,"Carga, manobra e descarga de agregados ou solos em caminhão basculante de 10 m³ - carga em usina de solos de 300 t/h e descarga livre","t",2.59]
[5914351,"Carga, manobra e descarga de agregados ou solos em caminhão basculante de 14 m³ - carga com carregadeira de 3,40 m³ e descarga livre","t",2.4700000000000002]
[5914645,"Carga, manobra e descarga de agregados ou solos em caminhão basculante de 6 m³ - carga com carregadeira de 1,72 m³ (exclusa) e descarga em distribuidor autopropelido","t",2.8]
[5914642,"Carga, manobra e descarga de agregados ou solos em caminhão basculante de 6 m³ - carga com carregadeira de 1,72 m³ (exclusa) e descarga em distribuidor rebocável","t",5.4]
[5914641,"Carga, manobra e descarga de agregados ou solos em caminhão basculante de 6 m³ - carga com carregadeira de 1,72 m³ (exclusa) e descarga livre","t",1.96]
[5915456,"Carga, manobra e descarga de agregados ou solos em caminhão basculante de 6 m³ - carga com carregadeira de 1,72 m³ e descarga em distribuidor autopropelido","t",3.63]
[5915454,"Carga, manobra e descarga de agregados ou solos em caminhão basculante de 6 m³ - carga com carregadeira de 1,72 m³ e descarga em distribuidor rebocável","t",6.22]
[5915399,"Carga, manobra e descarga de agregados ou solos em caminhão basculante de 6 m³ - carga com carregadeira de 1,72 m³ e descarga livre","t",2.78]
[5914353,"Carga, manobra e descarga de agregados ou solos em caminhão basculante de 6 m³ - carga com escavadeira de 1,56 m³ (exclusa) e descarga livre","t",1.46]
[5915470,"Carga, manobra e descarga de agregados ou solos em caminhão basculante de 6 m³ - carga com escavadeira de 1,56 m³ e descarga livre","t",2.17]
[5915459,"Carga, manobra e descarga de agregados ou solos em caminhão basculante de 6 m³ - carga com minicarregadeira de 0,45 m³ e descarga livre","t",7.27]
[5915476,"Carga, manobra e descarga de agregados ou solos em caminhão basculante de 6 m³ - carga manual e descarga livre","t",28.02]
[5914702,"Carga, manobra e descarga de barras de trilho de 12 m com locomotiva diesel-elétrica em vagão plataforma com capacidade de 82 t - carga e descarga com carregadeira - bitola métrica","t",13.42]
[5914701,"Carga, manobra e descarga de barras de trilho de 12 m com locomotiva diesel-elétrica em vagão plataforma com capacidade de 98 t - carga e descarga com carregadeira - bitola larga","t",13.62]
[5906592,"Carga, manobra e descarga de blocos artificiais de concreto com 10 a 12 t para molhe em cavalo mecânico com semirreboque com capacidade de 30 t - carga e descarga com guindaste com pinça","un",30.33]
[5906591,"Carga, manobra e descarga de blocos artificiais de concreto com 8 a 9 t para molhe em cavalo mecânico com semirreboque com capacidade de 30 t - carga e descarga com guindaste com pinça","un",28.92]
[5914653,"Carga, manobra e descarga de blocos de rocha em caminhão basculante de 8 m³ - carga com carregadeira de 1,72 m³ (exclusa) e descarga livre","t",3.38]
[5915405,"Carga, manobra e descarga de blocos de rocha em caminhão basculante de 8 m³ - carga com carregadeira de 1,72 m³ e descarga livre","t",5.3]
[5914657,"Carga, manobra e descarga de blocos de rocha em caminhão basculante de 8 m³ - carga com retroescavadeira de 0,29 m³ e descarga livre","t",17.3]
[5914363,"Carga, manobra e descarga de cimento ou cal hidratada a granel em caminhão silo de 30 m³","t",15.82]
[5914646,"Carga, manobra e descarga de concreto asfáltico com borracha em caminhão basculante de 10 m³ - carga em usina de asfalto 100/140 t/h e descarga em vibroacabadora","t",8]
[5919535,"Carga, manobra e descarga de concreto com caminhão betoneira - carga em central de concreto de 30 m³/h e descarga em extrusora de barreira de concreto","t",18.239999999999998]
[5919533,"Carga, manobra e descarga de concreto com caminhão betoneira - carga em central de concreto de 30 m³/h e descarga em extrusora de meio-fio","t",62.1]
[5919534,"Carga, manobra e descarga de concreto com caminhão betoneira - carga em central de concreto de 30 m³/h e descarga em extrusora de sarjeta","t",56.66]
[5909007,"Carga, manobra e descarga de concreto com caminhão betoneira - carga em central de concreto de 30 m³/h e descarga livre","t",17.010000000000002]
[5919538,"Carga, manobra e descarga de concreto com caminhão betoneira - carga em central de concreto de 40 m³/h e descarga livre","t",14.21]
[5919540,"Carga, manobra e descarga de concreto de cimento em caminhão basculante de 7 m³ - carga em central de concreto de 150 m³/h e descarga em vibroacabadora","t",2.98]
[5914705,"Carga, manobra e descarga de dormentes de concreto de bitola larga com locomotiva diesel-elétrica e vagão plataforma com capacidade de 98 t - carga e descarga com carregadeira - bitola larga","t",19.72]
[5914706,"Carga, manobra e descarga de dormentes de concreto de bitola métrica com locomotiva diesel-elétrica e vagão plataforma com capacidade de 82 t - carga e descarga com carregadeira - bitola métrica","t",18.03]
[5914707,"Carga, manobra e descarga de dormentes de concreto de bitola mista com locomotiva diesel-elétrica e vagão plataforma com capacidade de 98 t - carga e descarga com carregadeira - bitola larga","t",17.89]
[5914677,"Carga, manobra e descarga de dormentes de madeira com locomotiva diesel-elétrica em vagão plataforma com capacidade de 82 t - carga e descarga com carregadeira - bitola métrica","t",26.89]
[5914676,"Carga, manobra e descarga de dormentes de madeira com locomotiva diesel-elétrica em vagão plataforma com capacidade de 98 t - carga e descarga com carregadeira - bitola larga","t",22.44]
[5914678,"Carga, manobra e descarga de jogo de dormentes de concreto para AMV de bitola larga ou mista, qualquer abertura, com locomotiva diesel-elétrica em vagão plataforma com capacidade de 98 t - carga e descarga com carregadeira - bitola larga","t",31.17]
[5914679,"Carga, manobra e descarga de jogo de dormentes de concreto para AMV de bitola métrica, qualquer abertura, com locomotiva diesel-elétrica em vagão plataforma com capacidade de 82 t - carga e descarga com carregadeira - bitola métrica","t",49.63]
[5914681,"Carga, manobra e descarga de jogo de dormentes de madeira para AMV bitola métrica, qualquer abertura, com locomotiva diesel-elétrica em vagão plataforma com capacidade de 82 t - carga e descarga com carregadeira - bitola métrica","t",59.21]
[5914680,"Carga, manobra e descarga de jogo de dormentes de madeira para AMV de bitola larga ou mista, qualquer abertura, com locomotiva diesel-elétrica em vagão plataforma com capacidade de 98 t - carga e descarga com carregadeira - bitola larga","t",41.23]
[5915015,"Carga, manobra e descarga de materiais diversos em caminhão carroceria com capacidade de 11 t e com guindauto de 45 t.m","t",20.41]
[5915373,"Carga, manobra e descarga de materiais diversos em caminhão carroceria com capacidade de 7 t e com guindauto de 20 t.m","t",17.37]
[5914333,"Carga, manobra e descarga de materiais diversos em caminhão carroceria de 15 t - carga e descarga com caminhão guindauto de 20 t.m","t",31.91]
[5914655,"Carga, manobra e descarga de materiais diversos em caminhão carroceria de 15 t - carga e descarga manuais","t",31.89]
[5915474,"Carga, manobra e descarga de materiais diversos em caminhão carroceria de 5 t - carga e descarga manuais","t",29.66]
[5914654,"Carga, manobra e descarga de materiais diversos em caminhão carroceria de 9 t - carga e descarga manuais","t",26.97]
[5914686,"Carga, manobra e descarga de materiais metálicos e acessórios diversos com locomotiva diesel-elétrica em vagão fechado com capacidade de 64 t - carga e descarga com carregadeira - bitola métrica","t",22.06]
[5914685,"Carga, manobra e descarga de materiais metálicos e acessórios diversos com locomotiva diesel-elétrica em vagão fechado com capacidade de 99 t - carga e descarga com carregadeira - bitola larga","t",22.2]
[5914682,"Carga, manobra e descarga de materiais metálicos para AMV de bitola larga, qualquer abertura, com locomotiva diesel-elétrica em vagão plataforma com capacidade de 98 t - carga e descarga com carregadeira - bitola larga","t",28.37]
[5914683,"Carga, manobra e descarga de materiais metálicos para AMV de bitola métrica, qualquer abertura, com locomotiva diesel-elétrica em vagão plataforma com capacidade de 82 t - carga e descarga com carregadeira - bitola métrica","t",32.56]
[5914684,"Carga, manobra e descarga de materiais metálicos para AMV de bitola mista, qualquer abertura, com locomotiva diesel-elétrica e vagão plataforma com capacidade de 98 t - carga e descarga com carregadeira","t",24.59]
[5914675,"Carga, manobra e descarga de material demolido em caminhão basculante de 6 m³ - carga com carregadeira de 1,72 m³ e descarga livre","t",2.91]
[5915433,"Carga, manobra e descarga de material demolido em caminhão basculante de 6 m³ - carga manual e descarga livre","t",33.880000000000003]
[5914304,"Carga, manobra e descarga de material fresado em caminhão basculante de 10 m³ - fresagem contínua em espessura de 3 cm - carga com fresadora e descarga livre","t",3.24]
[5914305,"Carga, manobra e descarga de material fresado em caminhão basculante de 10 m³ - fresagem contínua em espessura de 4 cm - carga com fresadora e descarga livre","t",3.26]
[5915440,"Carga, manobra e descarga de material fresado em caminhão basculante de 10 m³ - fresagem contínua em espessura de 5 cm - carga com fresadora e descarga livre","t",2.9]
[5914306,"Carga, manobra e descarga de material fresado em caminhão basculante de 10 m³ - fresagem contínua em espessura de 6 cm - carga com fresadora e descarga livre","t",2.69]
[5914307,"Carga, manobra e descarga de material fresado em caminhão basculante de 10 m³ - fresagem contínua em espessura de 7 cm - carga com fresadora e descarga livre","t",2.5499999999999998]
[5914308,"Carga, manobra e descarga de material fresado em caminhão basculante de 10 m³ - fresagem contínua em espessura de 8 cm - carga com fresadora e descarga livre","t",2.46]
[5914309,"Carga, manobra e descarga de material fresado em caminhão basculante de 10 m³ - fresagem descontínua em espessura de 3 cm - carga com fresadora e descarga livre","t",5.42]
[5914310,"Carga, manobra e descarga de material fresado em caminhão basculante de 10 m³ - fresagem descontínua em espessura de 4 cm - carga com fresadora e descarga livre","t",4.5199999999999996]
[5914352,"Carga, manobra e descarga de material fresado em caminhão basculante de 10 m³ - fresagem descontínua em espessura de 5 cm - carga com fresadora e descarga livre","t",4.0199999999999996]
[5914311,"Carga, manobra e descarga de material fresado em caminhão basculante de 10 m³ - fresagem descontínua em espessura de 6 cm - carga com fresadora e descarga livre","t",3.69]
[5914312,"Carga, manobra e descarga de material fresado em caminhão basculante de 10 m³ - fresagem descontínua em espessura de 7 cm - carga com fresadora e descarga livre","t",3.48]
[5914313,"Carga, manobra e descarga de material fresado em caminhão basculante de 10 m³ - fresagem descontínua em espessura de 8 cm - carga com fresadora e descarga livre","t",3.33]
[5914339,"Carga, manobra e descarga de material fresado em caminhão basculante de 6 m³ - fresagem descontínua em espessura de 5 cm - carga com fresadora e descarga livre","t",9.31]
[5914650,"Carga, manobra e descarga de mistura betuminosa a frio em caminhão basculante de 10 m³ - carga em usina de 60 t/h (PMF) e descarga em vibroacabadora","t",10.19]
[5914358,"Carga, manobra e descarga de mistura betuminosa a frio em caminhão basculante de 6 m³ - carga em usina de 60 t/h (PMF) e descarga em vibroacabadora","t",8.7799999999999994]
[5915421,"Carga, manobra e descarga de mistura betuminosa a frio em caminhão basculante de 6 m³ - carga em usina de 60 t/h (PMF) e descarga manual","t",24.8]
[5914649,"Carga, manobra e descarga de mistura betuminosa a quente em caminhão basculante de 10 m³ - carga em usina de asfalto 100/140 t/h e descarga em vibroacabadora","t",7.12]
[5914643,"Carga, manobra e descarga de mistura betuminosa a quente em caminhão basculante de 6 m³ - carga em usina de asfalto 100/140 t/h e descarga em vibroacabadora","t",5.22]
[5914328,"Carga, manobra e descarga de mistura betuminosa a quente em caminhão basculante de 6 m³ - carga em usina de asfalto 100/140 t/h e descarga manual","t",25.88]
[5914610,"Carga, manobra e descarga de mistura betuminosa a quente em caminhão com caçamba térmica de 6 m³ - carga em usina de asfalto de 100/140 t/h e descarga manual","t",34.72]
[5915408,"Carga, manobra e descarga de mistura reciclada com espuma de asfalto em caminhão basculante de 10 m³ - carga em usina de reciclagem a frio e descarga em vibroacabadora","t",5.37]
[5915306,"Carga, manobra e descarga de tetrápodes em cavalo mecânico com semirreboque com capacidade de 30 t - carga e descarga com guindaste","un",33.4]
[5914708,"Carga, manobra e descarga de TLS de TR45 de 120 m com locomotiva diesel-elétrica em vagão plataforma com capacidade de 82 t - carga e descarga com manipulador de TLS - bitola métrica","t",36.22]
[5914687,"Carga, manobra e descarga de TLS de TR45 de 120 m com locomotiva diesel-elétrica em vagão plataforma com capacidade de 98 t - carga e descarga com manipulador de TLS - bitola larga","t",35.729999999999997]
[5914709,"Carga, manobra e descarga de TLS de TR45 de 240 m com locomotiva diesel-elétrica em vagão plataforma com capacidade de 82 t - carga e descarga com manipulador de TLS - bitola métrica","t",40.369999999999997]
[5914688,"Carga, manobra e descarga de TLS de TR45 de 240 m com locomotiva diesel-elétrica em vagão plataforma com capacidade de 98 t - carga e descarga com manipulador de TLS - bitola larga","t",38.9]
[5914695,"Carga, manobra e descarga de TLS de TR57 de 120 m com locomotiva diesel-elétrica em vagão plataforma com capacidade de 82 t - carga e descarga com manipulador de TLS - bitola métrica","t",28.42]
[5914689,"Carga, manobra e descarga de TLS de TR57 de 120 m com locomotiva diesel-elétrica em vagão plataforma com capacidade de 98 t - carga e descarga com manipulador de TLS - bitola larga","t",28.03]
[5914696,"Carga, manobra e descarga de TLS de TR57 de 240 m com locomotiva diesel-elétrica em vagão plataforma com capacidade de 82 t - carga e descarga com manipulador de TLS - bitola métrica","t",31.68]
[5914690,"Carga, manobra e descarga de TLS de TR57 de 240 m com locomotiva diesel-elétrica em vagão plataforma com capacidade de 98 t - carga e descarga com manipulador de TLS - bitola larga","t",30.52]
[5914697,"Carga, manobra e descarga de TLS de TR68 de 120 m com locomotiva diesel-elétrica em vagão plataforma com capacidade de 82 t - carga e descarga com manipulador de TLS - bitola métrica","t",23.99]
[5914691,"Carga, manobra e descarga de TLS de TR68 de 120 m com locomotiva diesel-elétrica em vagão plataforma com capacidade de 98 t - carga e descarga com manipulador de TLS - bitola larga","t",23.66]
[5914698,"Carga, manobra e descarga de TLS de TR68 de 240 m com locomotiva diesel-elétrica em vagão plataforma com capacidade de 82 t - carga e descarga com manipulador de TLS - bitola métrica","t",26.74]
[5914692,"Carga, manobra e descarga de TLS de TR68 de 240 m com locomotiva diesel-elétrica em vagão plataforma com capacidade de 98 t - carga e descarga com manipulador de TLS - bitola larga","t",25.76]
[5914699,"Carga, manobra e descarga de TLS de UIC60 de 120 m com locomotiva diesel-elétrica em vagão plataforma com capacidade de 82 t - carga e descarga com manipulador de TLS - bitola métrica","t",26.86]
[5914693,"Carga, manobra e descarga de TLS de UIC60 de 120 m com locomotiva diesel-elétrica em vagão plataforma com capacidade de 98 t - carga e descarga com manipulador de TLS - bitola larga","t",26.49]
[5914700,"Carga, manobra e descarga de TLS de UIC60 de 240 m com locomotiva diesel-elétrica em vagão plataforma com capacidade de 82 t - carga e descarga com manipulador de TLS - bitola métrica","t",29.94]
[5914694,"Carga, manobra e descarga de TLS de UIC60 de 240 m com locomotiva diesel-elétrica em vagão plataforma com capacidade de 98 t - carga e descarga com manipulador de TLS - bitola larga","t",28.84]
[5915441,"Carga, manobra e descarga de trituração de galhos e troncos em caminhão basculante de 6 m³ - carga com trituradora e descarga livre","t",98.68]
[5901639,"Transporte com caminhão basculante com caçamba estanque com capacidade de 14 m³ - rodovia em leito natural","tkm",0.81]
[5901638,"Transporte com caminhão basculante com caçamba estanque com capacidade de 14 m³ - rodovia em revestimento primário","tkm",0.64]
[5901640,"Transporte com caminhão basculante com caçamba estanque com capacidade de 14 m³ - rodovia pavimentada","tkm",0.53]
[5914359,"Transporte com caminhão basculante de 10 m³ - rodovia em leito natural","tkm",1.1000000000000001]
[5914374,"Transporte com caminhão basculante de 10 m³ - rodovia em revestimento primário","tkm",0.88]
[5914389,"Transporte com caminhão basculante de 10 m³ - rodovia pavimentada","tkm",0.72]
[5915319,"Transporte com caminhão basculante de 14 m³ - rodovia em leito natural","tkm",0.81]
[5915320,"Transporte com caminhão basculante de 14 m³ - rodovia em revestimento primário","tkm",0.64]
[5915321,"Transporte com caminhão basculante de 14 m³ - rodovia pavimentada","tkm",0.53]
[5914314,"Transporte com caminhão basculante de 6 m³ - rodovia em leito natural","tkm",1.22]
[5914329,"Transporte com caminhão basculante de 6 m³ - rodovia em revestimento primário","tkm",0.97]
[5914344,"Transporte com caminhão basculante de 6 m³ - rodovia pavimentada","tkm",0.8]
[5914539,"Transporte com caminhão betoneira - rodovia em leito natural","tkm",0.92]
[5914554,"Transporte com caminhão betoneira - rodovia em revestimento primário","tkm",0.74]
[5914569,"Transporte com caminhão betoneira - rodovia pavimentada","tkm",0.61]
[5915012,"Transporte com caminhão carroceria com capacidade de 11 t e com guindauto de 45 t.m - rodovia em leito natural","tkm",2.04]
[5915013,"Transporte com caminhão carroceria com capacidade de 11 t e com guindauto de 45 t.m - rodovia em revestimento primário","tkm",1.63]
[5915014,"Transporte com caminhão carroceria com capacidade de 11 t e com guindauto de 45 t.m - rodovia pavimentada","tkm",1.34]
[5914584,"Transporte com caminhão carroceria com capacidade de 7 t e com guindauto de 20 t.m - rodovia em leito natural","tkm",2.56]
[5914599,"Transporte com caminhão carroceria com capacidade de 7 t e com guindauto de 20 t.m - rodovia em revestimento primário","tkm",2.0499999999999998]
[5914614,"Transporte com caminhão carroceria com capacidade de 7 t e com guindauto de 20 t.m - rodovia pavimentada","tkm",1.68]
[5914581,"Transporte com caminhão carroceria com capacidade de 9 t e com guindauto de 10 t.m - rodovia em leito natural","tkm",2.37]
[5914582,"Transporte com caminhão carroceria com capacidade de 9 t e com guindauto de 10 t.m - rodovia em revestimento primário","tkm",1.89]
[5914583,"Transporte com caminhão carroceria com capacidade de 9 t e com guindauto de 10 t.m - rodovia pavimentada","tkm",1.56]
[5914449,"Transporte com caminhão carroceria de 15 t - rodovia em leito natural","tkm",1.01]
[5914464,"Transporte com caminhão carroceria de 15 t - rodovia em revestimento primário","tkm",0.81]
[5914479,"Transporte com caminhão carroceria de 15 t - rodovia pavimentada","tkm",0.66]
[5915322,"Transporte com caminhão carroceria de 5 t - rodovia em leito natural","tkm",1.74]
[5915323,"Transporte com caminhão carroceria de 5 t - rodovia em revestimento primário","tkm",1.39]
[5915324,"Transporte com caminhão carroceria de 5 t - rodovia pavimentada","tkm",1.1499999999999999]
[5914404,"Transporte com caminhão carroceria de 9 t - rodovia em leito natural","tkm",1.1100000000000001]
[5914419,"Transporte com caminhão carroceria de 9 t - rodovia em revestimento primário","tkm",0.89]
[5914434,"Transporte com caminhão carroceria de 9 t - rodovia pavimentada","tkm",0.73]
[5914635,"Transporte com cavalo mecânico com semirreboque com capacidade de 22 t - rodovia em leito natural","tkm",1]
[5914636,"Transporte com cavalo mecânico com semirreboque com capacidade de 22 t - rodovia em revestimento primário","tkm",0.8]
[5914637,"Transporte com cavalo mecânico com semirreboque com capacidade de 22 t - rodovia pavimentada","tkm",0.66]
[5914638,"Transporte com cavalo mecânico com semirreboque com capacidade de 30 t - rodovia em leito natural","tkm",0.8]
[5914639,"Transporte com cavalo mecânico com semirreboque com capacidade de 30 t - rodovia em revestimento primário","tkm",0.64]
[5914640,"Transporte com cavalo mecânico com semirreboque com capacidade de 30 t - rodovia pavimentada","tkm",0.53]
[5915466,"Transporte de água com caminhão tanque de 10.000 l - rodovia em leito natural","tkm",1.82]
[5915467,"Transporte de água com caminhão tanque de 10.000 l - rodovia em revestimento primário","tkm",1.46]
[5915468,"Transporte de água com caminhão tanque de 10.000 l - rodovia pavimentada","tkm",1.2]
[5914617,"Transporte de água com caminhão tanque de 13.000 l - rodovia em leito natural","tkm",1.41]
[5914618,"Transporte de água com caminhão tanque de 13.000 l - rodovia em revestimento primário","tkm",1.1299999999999999]
[5914619,"Transporte de água com caminhão tanque de 13.000 l - rodovia pavimentada","tkm",0.93]
[5915451,"Transporte de água com caminhão tanque de 6.000 l - rodovia em leito natural","tkm",2.36]
[5915452,"Transporte de água com caminhão tanque de 6.000 l - rodovia em revestimento primário","tkm",1.89]
[5915453,"Transporte de água com caminhão tanque de 6.000 l - rodovia pavimentada","tkm",1.55]
[5915448,"Transporte de água com caminhão tanque de 8.000 l - rodovia em leito natural","tkm",1.82]
[5915449,"Transporte de água com caminhão tanque de 8.000 l - rodovia em revestimento primário","tkm",1.46]
[5915450,"Transporte de água com caminhão tanque de 8.000 l - rodovia pavimentada","tkm",1.2]
[5901641,"Transporte de areia fina com draga hopper - capacidade da cisterna de 1.000 m³","m³km",0.86]
[5901642,"Transporte de areia fina com draga hopper - capacidade da cisterna de 10.000 m³","m³km",0.25]
[5901643,"Transporte de areia fina com draga hopper - capacidade da cisterna de 15.000 m³","m³km",0.24]
[5901644,"Transporte de areia fina com draga hopper - capacidade da cisterna de 2.000 m³","m³km",0.53]
[5901645,"Transporte de areia fina com draga hopper - capacidade da cisterna de 20.000 m³","m³km",0.23]
[5901646,"Transporte de areia fina com draga hopper - capacidade da cisterna de 3.000 m³","m³km",0.44]
[5901647,"Transporte de areia fina com draga hopper - capacidade da cisterna de 4.000 m³","m³km",0.38]
[5901648,"Transporte de areia fina com draga hopper - capacidade da cisterna de 5.000 m³","m³km",0.34]
[5901649,"Transporte de areia fina com draga hopper - capacidade da cisterna de 750 m³","m³km",1.22]
[5901650,"Transporte de areia grossa com draga hopper - capacidade da cisterna de 1.000 m³","m³km",0.84]
[5901651,"Transporte de areia grossa com draga hopper - capacidade da cisterna de 10.000 m³","m³km",0.25]
[5901652,"Transporte de areia grossa com draga hopper - capacidade da cisterna de 15.000 m³","m³km",0.23]
[5901653,"Transporte de areia grossa com draga hopper - capacidade da cisterna de 2.000 m³","m³km",0.52]
[5901654,"Transporte de areia grossa com draga hopper - capacidade da cisterna de 20.000 m³","m³km",0.23]
[5901655,"Transporte de areia grossa com draga hopper - capacidade da cisterna de 3.000 m³","m³km",0.42]
[5901656,"Transporte de areia grossa com draga hopper - capacidade da cisterna de 4.000 m³","m³km",0.37]
[5901657,"Transporte de areia grossa com draga hopper - capacidade da cisterna de 5.000 m³","m³km",0.33]
[5901658,"Transporte de areia grossa com draga hopper - capacidade da cisterna de 750 m³","m³km",1.19]
[5901659,"Transporte de areia média com draga hopper - capacidade da cisterna de 1.000 m³","m³km",0.85]
[5901660,"Transporte de areia média com draga hopper - capacidade da cisterna de 10.000 m³","m³km",0.25]
[5901661,"Transporte de areia média com draga hopper - capacidade da cisterna de 15.000 m³","m³km",0.24]
[5901662,"Transporte de areia média com draga hopper - capacidade da cisterna de 2.000 m³","m³km",0.53]
[5901663,"Transporte de areia média com draga hopper - capacidade da cisterna de 20.000 m³","m³km",0.23]
[5901664,"Transporte de areia média com draga hopper - capacidade da cisterna de 3.000 m³","m³km",0.43]
[5901665,"Transporte de areia média com draga hopper - capacidade da cisterna de 4.000 m³","m³km",0.38]
[5901666,"Transporte de areia média com draga hopper - capacidade da cisterna de 5.000 m³","m³km",0.34]
[5901667,"Transporte de areia média com draga hopper - capacidade da cisterna de 750 m³","m³km",1.21]
[5914511,"Transporte de barras de trilho de 12 m com locomotiva diesel-elétrica em vagão plataforma com capacidade de 82 t - bitola métrica","tkm",0.24]
[5914510,"Transporte de barras de trilho de 12 m com locomotiva diesel-elétrica em vagão plataforma com capacidade de 98 t - bitola larga","tkm",0.21]
[5906597,"Transporte de blocos artificiais de concreto com 10 a 12 t para a execução de molhe com cavalo mecânico com semirreboque com capacidade de 30 t - rodovia em leito natural","unkm",11.75]
[5906598,"Transporte de blocos artificiais de concreto com 10 a 12 t para a execução de molhe com cavalo mecânico com semirreboque com capacidade de 30 t - rodovia em revestimento primário","unkm",9.4]
[5906599,"Transporte de blocos artificiais de concreto com 10 a 12 t para a execução de molhe com cavalo mecânico com semirreboque com capacidade de 30 t - rodovia pavimentada","unkm",7.72]
[5906594,"Transporte de blocos artificiais de concreto com 8 a 9 t para a execução de molhe com cavalo mecânico com semirreboque com capacidade de 30 t - rodovia em leito natural","unkm",7.83]
[5906595,"Transporte de blocos artificiais de concreto com 8 a 9 t para a execução de molhe com cavalo mecânico com semirreboque com capacidade de 30 t - rodovia em revestimento primário","unkm",6.27]
[5906596,"Transporte de blocos artificiais de concreto com 8 a 9 t para a execução de molhe com cavalo mecânico com semirreboque com capacidade de 30 t - rodovia pavimentada","unkm",5.15]
[5901668,"Transporte de cascalho com draga hopper - capacidade da cisterna de 1.000 m³","m³km",0.87]
[5901669,"Transporte de cascalho com draga hopper - capacidade da cisterna de 10.000 m³","m³km",0.26]
[5901670,"Transporte de cascalho com draga hopper - capacidade da cisterna de 15.000 m³","m³km",0.24]
[5901671,"Transporte de cascalho com draga hopper - capacidade da cisterna de 2.000 m³","m³km",0.54]
[5901672,"Transporte de cascalho com draga hopper - capacidade da cisterna de 20.000 m³","m³km",0.24]
[5901673,"Transporte de cascalho com draga hopper - capacidade da cisterna de 3.000 m³","m³km",0.44]
[5901674,"Transporte de cascalho com draga hopper - capacidade da cisterna de 4.000 m³","m³km",0.39]
[5901675,"Transporte de cascalho com draga hopper - capacidade da cisterna de 5.000 m³","m³km",0.34]
[5901676,"Transporte de cascalho com draga hopper - capacidade da cisterna de 750 m³","m³km",1.24]
[5901677,"Transporte de cascalho fino com draga hopper - capacidade da cisterna de 1.000 m³","m³km",0.85]
[5901678,"Transporte de cascalho fino com draga hopper - capacidade da cisterna de 10.000 m³","m³km",0.25]
[5901679,"Transporte de cascalho fino com draga hopper - capacidade da cisterna de 15.000 m³","m³km",0.24]
[5901680,"Transporte de cascalho fino com draga hopper - capacidade da cisterna de 2.000 m³","m³km",0.53]
[5901681,"Transporte de cascalho fino com draga hopper - capacidade da cisterna de 20.000 m³","m³km",0.23]
[5901682,"Transporte de cascalho fino com draga hopper - capacidade da cisterna de 3.000 m³","m³km",0.43]
[5901683,"Transporte de cascalho fino com draga hopper - capacidade da cisterna de 4.000 m³","m³km",0.38]
[5901684,"Transporte de cascalho fino com draga hopper - capacidade da cisterna de 5.000 m³","m³km",0.34]
[5901685,"Transporte de cascalho fino com draga hopper - capacidade da cisterna de 750 m³","m³km",1.21]
[5914360,"Transporte de cimento com caminhão distribuidor de 17 m³ - rodovia em leito natural","tkm",1.04]
[5914361,"Transporte de cimento com caminhão distribuidor de 17 m³ - rodovia em revestimento primário","tkm",0.83]
[5914362,"Transporte de cimento com caminhão distribuidor de 17 m³ - rodovia pavimentada","tkm",0.68]
[5914364,"Transporte de cimento ou cal hidratada a granel com caminhão silo de 30 m³ - rodovia em leito natural","tkm",0.8]
[5914365,"Transporte de cimento ou cal hidratada a granel com caminhão silo de 30 m³ - rodovia em revestimento primário","tkm",0.64]
[5914366,"Transporte de cimento ou cal hidratada a granel com caminhão silo de 30 m³ - rodovia pavimentada","tkm",0.53]
[5914315,"Transporte de concreto com caminhão basculante de 7 m³ - rodovia em leito natural","tkm",0.96]
[5914330,"Transporte de concreto com caminhão basculante de 7 m³ - rodovia em revestimento primário","tkm",0.77]
[5914345,"Transporte de concreto com caminhão basculante de 7 m³ - rodovia pavimentada","tkm",0.63]
[5914367,"Transporte de detritos com caminhão de hidrojateamento de alta pressão e vácuo de 9 m³ - rodovia em leito natural","tkm",1.59]
[5914368,"Transporte de detritos com caminhão de hidrojateamento de alta pressão e vácuo de 9 m³ - rodovia em revestimento primário","tkm",1.27]
[5914369,"Transporte de detritos com caminhão de hidrojateamento de alta pressão e vácuo de 9 m³ - rodovia pavimentada","tkm",1.05]
[5914489,"Transporte de dormentes de concreto monobloco protendido de bitola larga com locomotiva diesel-elétrica em vagão plataforma com capacidade de 98 t - bitola larga","tkm",0.21]
[5914491,"Transporte de dormentes de concreto monobloco protendido de bitola métrica com locomotiva diesel-elétrica em vagão plataforma com capacidade de 82 t - bitola métrica","tkm",0.24]
[5914490,"Transporte de dormentes de concreto monobloco protendido de bitola mista com locomotiva diesel-elétrica em vagão plataforma com capacidade de 98 t - bitola larga","tkm",0.21]
[5914495,"Transporte de dormentes de concreto monobloco protendido para AMV de bitola larga ou mista com locomotiva diesel-elétrica em vagão plataforma com capacidade de 98 t - bitola larga","tkm",1.36]
[5914494,"Transporte de dormentes de concreto monobloco protendido para AMV de bitola métrica com locomotiva diesel-elétrica em vagão plataforma com capacidade de 82 t - bitola métrica","tkm",3.01]
[5914487,"Transporte de dormentes de madeira de bitola larga com locomotiva diesel-elétrica em vagão plataforma com capacidade de 98 t - bitola larga","tkm",0.21]
[5914488,"Transporte de dormentes de madeira de bitola métrica com locomotiva diesel-elétrica em vagão plataforma com capacidade de 82 t - bitola métrica","tkm",0.24]
[5914493,"Transporte de dormentes de madeira para AMV de bitola larga ou mista com locomotiva diesel-elétrica em vagão plataforma com capacidade de 98 t - bitola larga","tkm",5.01]
[5914492,"Transporte de dormentes de madeira para AMV de bitola métrica com locomotiva diesel-elétrica em vagão plataforma com capacidade de 82 t - bitola métrica","tkm",11.98]
[5914482,"Transporte de lastro de brita com locomotiva diesel-elétrica em vagão hopper aberto com capacidade de 45 m³ - bitola métrica","tkm",0.54]
[5914483,"Transporte de lastro de brita com locomotiva diesel-elétrica em vagão hopper aberto com capacidade de 63 m³ - bitola larga","tkm",0.39]
[5914480,"Transporte de materiais metálicos e acessórios diversos com locomotiva diesel-elétrica em vagão fechado com capacidade de 64 t - bitola métrica","tkm",0.56000000000000005]
[5914481,"Transporte de materiais metálicos e acessórios diversos com locomotiva diesel-elétrica em vagão fechado com capacidade de 99 t - bitola larga","tkm",0.37]
[5914485,"Transporte de materiais metálicos para AMV de bitola larga com locomotiva diesel-elétrica em vagão plataforma com capacidade de 98 t - bitola larga","tkm",3.45]
[5914486,"Transporte de materiais metálicos para AMV de bitola métrica com locomotiva diesel-elétrica em vagão plataforma com capacidade de 82 t - bitola métrica","tkm",4.3099999999999996]
[5914484,"Transporte de materiais metálicos para AMV de bitola mista com locomotiva diesel-elétrica em vagão plataforma com capacidade de 98 t - bitola larga","tkm",2.99]
[5914620,"Transporte de material betuminoso com caminhão tanque distribuidor - rodovia em leito natural","tkm",2.46]
[5914621,"Transporte de material betuminoso com caminhão tanque distribuidor - rodovia em revestimento primário","tkm",1.97]
[5914622,"Transporte de material betuminoso com caminhão tanque distribuidor - rodovia pavimentada","tkm",1.62]
[5901695,"Transporte de material de 1ª categoria com batelão autopropelido com capacidade de 300 m³","m³km",0.71]
[5901696,"Transporte de material de 1ª categoria com batelão autopropelido com capacidade de 500 m³","m³km",0.53]
[5901697,"Transporte de material de 1ª categoria com batelão rebocado com capacidade de 66 m³","m³km",2.04]
[5901698,"Transporte de material de 1ª categoria com batelão rebocado montado na obra com capacidade de 66 m³","m³km",2.04]
[5916654,"Transporte de material de 3ª categoria com batelão autopropelido com capacidade de 300 m³","m³km",1.29]
[5916637,"Transporte de material de 3ª categoria com batelão rebocado com capacidade de 66 m³","m³km",5.87]
[5916618,"Transporte de material de 3ª categoria com batelão rebocado montado na obra com capacidade de 66 m³","m³km",5.87]
[5914334,"Transporte de material de 3ª categoria com caminhão basculante de 12 m³ para rocha - rodovia em leito natural","tkm",1.1000000000000001]
[5914335,"Transporte de material de 3ª categoria com caminhão basculante de 12 m³ para rocha - rodovia em revestimento primário","tkm",0.88]
[5914336,"Transporte de material de 3ª categoria com caminhão basculante de 12 m³ para rocha - rodovia pavimentada","tkm",0.73]
[5914346,"Transporte de material de 3ª categoria com caminhão basculante de 8 m³ para rocha - rodovia em leito natural","tkm",1.6]
[5914347,"Transporte de material de 3ª categoria com caminhão basculante de 8 m³ para rocha - rodovia em revestimento primário","tkm",1.28]
[5914348,"Transporte de material de 3ª categoria com caminhão basculante de 8 m³ para rocha - rodovia pavimentada","tkm",1.05]
[5914611,"Transporte de mistura betuminosa a quente com caminhão com caçamba térmica de 6 m³ - rodovia em leito natural","tkm",1.73]
[5914613,"Transporte de mistura betuminosa a quente com caminhão com caçamba térmica de 6 m³ - rodovia em revestimento primário","tkm",1.39]
[5914612,"Transporte de mistura betuminosa a quente com caminhão com caçamba térmica de 6 m³ - rodovia pavimentada","tkm",1.1399999999999999]
[5901686,"Transporte de silte com draga hopper - capacidade da cisterna de 1.000 m³","m³km",2.46]
[5901687,"Transporte de silte com draga hopper - capacidade da cisterna de 10.000 m³","m³km",0.73]
[5901688,"Transporte de silte com draga hopper - capacidade da cisterna de 15.000 m³","m³km",0.69]
[5901689,"Transporte de silte com draga hopper - capacidade da cisterna de 2.000 m³","m³km",1.53]
[5901690,"Transporte de silte com draga hopper - capacidade da cisterna de 20.000 m³","m³km",0.67]
[5901691,"Transporte de silte com draga hopper - capacidade da cisterna de 3.000 m³","m³km",1.25]
[5901692,"Transporte de silte com draga hopper - capacidade da cisterna de 4.000 m³","m³km",1.1000000000000001]
[5901693,"Transporte de silte com draga hopper - capacidade da cisterna de 5.000 m³","m³km",0.98]
[5901694,"Transporte de silte com draga hopper - capacidade da cisterna de 750 m³","m³km",3.51]
[5914512,"Transporte de TLS TR45 de 120 m com locomotiva diesel-elétrica em vagão plataforma com capacidade de 82 t - bitola métrica","tkm",1.3]
[5914496,"Transporte de TLS TR45 de 120 m com locomotiva diesel-elétrica em vagão plataforma com capacidade de 98 t - bitola larga","tkm",1]
[5914513,"Transporte de TLS TR45 de 240 m com locomotiva diesel-elétrica em vagão plataforma com capacidade de 82 t - bitola métrica","tkm",0.74]
[5914497,"Transporte de TLS TR45 de 240 m com locomotiva diesel-elétrica em vagão plataforma com capacidade de 98 t - bitola larga","tkm",0.55000000000000004]
[5914500,"Transporte de TLS TR57 de 120 m com locomotiva diesel-elétrica em vagão plataforma com capacidade de 82 t - bitola métrica","tkm",1.02]
[5914498,"Transporte de TLS TR57 de 120 m com locomotiva diesel-elétrica em vagão plataforma com capacidade de 98 t - bitola larga","tkm",0.78]
[5914501,"Transporte de TLS TR57 de 240 m com locomotiva diesel-elétrica em vagão plataforma com capacidade de 82 t - bitola métrica","tkm",0.57999999999999996]
[5914499,"Transporte de TLS TR57 de 240 m com locomotiva diesel-elétrica em vagão plataforma com capacidade de 98 t - bitola larga","tkm",0.43]
[5914504,"Transporte de TLS TR68 de 120 m com locomotiva diesel-elétrica em vagão plataforma com capacidade de 82 t - bitola métrica","tkm",0.86]
[5914502,"Transporte de TLS TR68 de 120 m com locomotiva diesel-elétrica em vagão plataforma com capacidade de 98 t - bitola larga","tkm",0.66]
[5914505,"Transporte de TLS TR68 de 240 m com locomotiva diesel-elétrica em vagão plataforma com capacidade de 82 t - bitola métrica","tkm",0.49]
[5914503,"Transporte de TLS TR68 de 240 m com locomotiva diesel-elétrica em vagão plataforma com capacidade de 98 t - bitola larga","tkm",0.36]
[5914508,"Transporte de TLS UIC60 de 120 m com locomotiva diesel-elétrica em vagão plataforma com capacidade de 82 t - bitola métrica","tkm",0.96]
[5914506,"Transporte de TLS UIC60 de 120 m com locomotiva diesel-elétrica em vagão plataforma com capacidade de 98 t - bitola larga","tkm",0.74]
[5914509,"Transporte de TLS UIC60 de 240 m com locomotiva diesel-elétrica em vagão plataforma com capacidade de 82 t - bitola métrica","tkm",0.55000000000000004]
[5914507,"Transporte de TLS UIC60 de 240 m com locomotiva diesel-elétrica em vagão plataforma com capacidade de 98 t - bitola larga","tkm",0.41]
[5915491,"Transporte de veículos de médio porte com guincho de resgate de 20 t - rodovia em leito natural","km",17.04]
[5915492,"Transporte de veículos de médio porte com guincho de resgate de 20 t - rodovia em revestimento primário","km",13.63]
[5915493,"Transporte de veículos de médio porte com guincho de resgate de 20 t - rodovia pavimentada","km",11.2]
[5915488,"Transporte de veículos leves com guincho de resgate de 4 t - rodovia em leito natural","km",12.34]
[5915489,"Transporte de veículos leves com guincho de resgate de 4 t - rodovia em revestimento primário","km",9.8699999999999992]
[5915490,"Transporte de veículos leves com guincho de resgate de 4 t - rodovia pavimentada","km",8.11]
[5915494,"Transporte de veículos pesados com guincho de resgate de 35 t - rodovia em leito natural","km",28.75]
[5915495,"Transporte de veículos pesados com guincho de resgate de 35 t - rodovia em revestimento primário","km",23]
[5915496,"Transporte de veículos pesados com guincho de resgate de 35 t - rodovia pavimentada","km",18.89]
[5915325,"Transporte em cavalo mecânico com dolly de 4 eixos com capacidade de 57 t - rodovia em leito natural","km",65.5]
[5915326,"Transporte em cavalo mecânico com dolly de 4 eixos com capacidade de 57 t - rodovia em revestimento primário","km",52.37]
[5915327,"Transporte em cavalo mecânico com dolly de 4 eixos com capacidade de 57 t - rodovia pavimentada","km",43.05]
[5915328,"Transporte em cavalo mecânico com dollys de 3 e 4 eixos com capacidade de 77 t - rodovia em leito natural","km",77.400000000000006]
[5915329,"Transporte em cavalo mecânico com dollys de 3 e 4 eixos com capacidade de 77 t - rodovia em revestimento primário","km",61.89]
[5915330,"Transporte em cavalo mecânico com dollys de 3 e 4 eixos com capacidade de 77 t - rodovia pavimentada","km",50.87]
[5915331,"Transporte em cavalo mecânico com dollys de 5 e 4 eixos com capacidade de 111 t - rodovia em leito natural","km",154.91999999999999]
[5915332,"Transporte em cavalo mecânico com dollys de 5 e 4 eixos com capacidade de 111 t - rodovia em revestimento primário","km",123.88]
[5915333,"Transporte em cavalo mecânico com dollys de 5 e 4 eixos com capacidade de 111 t - rodovia pavimentada","km",101.83]
[5915364,"Transporte em cavalo mecânico com reboques de 5 e 4 eixos com capacidade de 130 t - rodovia em leito natural","km",175.07]
[5915365,"Transporte em cavalo mecânico com reboques de 5 e 4 eixos com capacidade de 130 t - rodovia em revestimento primário","km",139.99]
[5915361,"Transporte em cavalo mecânico com reboques de 5 e 4 eixos com capacidade de 130 t - rodovia pavimentada","km",115.08]
[5919716,"Transporte fluvial de materiais diversos com pontão flutuante - capacidade de 500 t","km",176.58]
[5919717,"Transporte fluvial do flutuante","km",148.66999999999999]
[6106220,"Armação de fuste de tubulão em aço CA-50 com apoio de guindaste - fornecimento, preparo e colocação","kg",11.55]
[6106183,"Escavação manual de base alargada de tubulão a céu aberto em material de 1ª categoria na profundidade de 10 a 15 m","m³",308.07]
[6106182,"Escavação manual de base alargada de tubulão a céu aberto em material de 1ª categoria na profundidade de até 10 m","m³",264.06]
[6106194,"Escavação manual de base alargada de tubulão a céu aberto em material de 2ª categoria na profundidade até 10 m","m³",740.89]
[6106195,"Escavação manual de base alargada de tubulão a céu aberto em material de 2ª categoria na profundidade de 10 a 15 m","m³",821.33]
[6106331,"Escavação manual de base alargada de tubulão a céu aberto em material de 3ª categoria a frio na profundidade até 10 m","m³",1846.72]
[6106332,"Escavação manual de base alargada de tubulão a céu aberto em material de 3ª categoria a frio na profundidade de 10 a 15 m","m³",1966.44]
[6106206,"Escavação manual de base alargada de tubulão a céu aberto em material de 3ª categoria na profundidade até 10 m","m³",2086.58]
[6106207,"Escavação manual de base alargada de tubulão a céu aberto em material de 3ª categoria na profundidade de 10 a 15 m","m³",2224.7399999999998]
[6106222,"Escavação manual de fuste de tubulão a céu aberto em material de 1ª categoria na profundidade de 10 a 15 m","m³",308.07]
[6106221,"Escavação manual de fuste de tubulão a céu aberto em material de 1ª categoria na profundidade de até 10 m","m³",264.06]
[6106224,"Escavação manual de fuste de tubulão a céu aberto em material de 2ª categoria na profundidade até 10 m","m³",740.89]
[6106225,"Escavação manual de fuste de tubulão a céu aberto em material de 2ª categoria na profundidade de 10 a 15 m","m³",821.33]
[6106228,"Escavação manual de fuste de tubulão a céu aberto em material de 3ª categoria na profundidade até 10 m","m³",1838.57]
[6106229,"Escavação manual de fuste de tubulão a céu aberto em material de 3ª categoria na profundidade de 10 a 15 m","m³",1959.02]
[6106328,"Escavação mecânica de fuste de tubulão com caçamba para rocha em material de 2ª categoria","m³",130.52000000000001]
[6106330,"Escavação mecânica de fuste de tubulão com caçamba para rocha em material de 3ª categoria","m³",648.82000000000005]
[6106326,"Escavação mecânica de fuste de tubulão com caçamba para solos em material de 1ª categoria","m³",53.86]
[6106324,"Escavação mecânica de fuste de tubulão com Hammer Grab em material de 1ª categoria","m³",33.590000000000003]
[6106327,"Escavação mecânica de fuste de tubulão com trado para rocha em material de 2ª categoria","m³",130.5]
[6106329,"Escavação mecânica de fuste de tubulão com trado para rocha em material de 3ª categoria","m³",649.83000000000004]
[6106325,"Escavação mecânica de fuste de tubulão com trado para solos em material de 1ª categoria","m³",54]
[6208126,"Armação de tela de aço eletrossoldada em túneis com auxílio de plataforma pantográfica - confecção e instalação","kg",21.92]
[6205797,"Cambotas metálicas treliçadas - confecção e instalação","kg",13.04]
[6205791,"Coluna de jet grouting horizontal CCPH em solo - D = 40 cm - perfuração e injeção","m",327.20999999999998]
[6205792,"Coluna de jet grouting horizontal CCPH em solo - D = 50 cm - perfuração e injeção","m",395.37]
[6205793,"Coluna de jet grouting horizontal CCPH em solo - D = 60 cm - perfuração e injeção","m",468.01]
[6205796,"Coluna de jet grouting vertical em solo - D = 100 cm - perfuração e injeção","m",835.33]
[6219451,"Coluna de jet grouting vertical em solo - D = 110 cm - perfuração e injeção","m",905.68]
[6219452,"Coluna de jet grouting vertical em solo - D = 120 cm - perfuração e injeção","m",980.49]
[6205794,"Coluna de jet grouting vertical em solo - D = 80 cm - perfuração e injeção","m",708.04]
[6205795,"Coluna de jet grouting vertical em solo - D = 90 cm - perfuração e injeção","m",769.45]
[6219521,"Desmonte a frio e carga de rocha em túnel com cunha hidráulica - DMT de 0 a 200 m","m³",172.27]
[6219527,"Drenagem de túnel com manta drenante de malha de polietileno e geotêxtil em face revestida com argamassa polimérica com espessura de 25 mm","m²",403.03]
[6219526,"Dreno filtrante em tubos de PVC D = 40 mm aplicado em paredes e tetos de túnel - fornecimento e instalação","m",60.66]
[6219525,"Dreno não filtrante em tubos de PVC D = 40 mm aplicado em paredes e tetos de túnel - fornecimento e instalação","m",55.88]
[6219508,"Enfilagem tubular sistema autoperfurante - D = 76 mm","m",358.73]
[6219511,"Enfilagem tubular sistema convencional schedule 40 - D = 65 mm","m",292.27]
[6219500,"Escavação subterrânea e carregamento do material da calota em túnel classe I - DMT de 0 a 200 m - seção acima de 90 m²","m³",142.22999999999999]
[6219418,"Escavação subterrânea e carregamento do material da calota em túnel classe I - DMT de 0 a 200 m - seção de 20 a 40 m²","m³",310.98]
[6219412,"Escavação subterrânea e carregamento do material da calota em túnel classe I - DMT de 0 a 200 m - seção de 40 a 60 m²","m³",217.08]
[6219406,"Escavação subterrânea e carregamento do material da calota em túnel classe I - DMT de 0 a 200 m - seção de 60 a 90 m²","m³",152.88999999999999]
[6219501,"Escavação subterrânea e carregamento do material da calota em túnel classe II - DMT de 0 a 200 m - seção acima de 90 m²","m³",154.30000000000001]
[6219419,"Escavação subterrânea e carregamento do material da calota em túnel classe II - DMT de 0 a 200 m - seção de 20 a 40 m²","m³",343.12]
[6219413,"Escavação subterrânea e carregamento do material da calota em túnel classe II - DMT de 0 a 200 m - seção de 40 a 60 m²","m³",237.57]
[6219407,"Escavação subterrânea e carregamento do material da calota em túnel classe II - DMT de 0 a 200 m - seção de 60 a 90 m²","m³",166.11]
[6219502,"Escavação subterrânea e carregamento do material da calota em túnel classe III - DMT de 0 a 200 m - seção acima de 90 m²","m³",166.97]
[6219420,"Escavação subterrânea e carregamento do material da calota em túnel classe III - DMT de 0 a 200 m - seção de 20 a 40 m²","m³",384.79]
[6219414,"Escavação subterrânea e carregamento do material da calota em túnel classe III - DMT de 0 a 200 m - seção de 40 a 60 m²","m³",261.87]
[6219408,"Escavação subterrânea e carregamento do material da calota em túnel classe III - DMT de 0 a 200 m - seção de 60 a 90 m²","m³",179.79]
[6219503,"Escavação subterrânea e carregamento do material da calota em túnel classe IV - DMT de 0 a 200 m - seção acima de 90 m²","m³",193.9]
[6219421,"Escavação subterrânea e carregamento do material da calota em túnel classe IV - DMT de 0 a 200 m - seção de 20 a 40 m²","m³",458.76]
[6219415,"Escavação subterrânea e carregamento do material da calota em túnel classe IV - DMT de 0 a 200 m - seção de 40 a 60 m²","m³",306.77]
[6219409,"Escavação subterrânea e carregamento do material da calota em túnel classe IV - DMT de 0 a 200 m - seção de 60 a 90 m²","m³",210.29]
[6219518,"Escavação subterrânea e carregamento do material do rebaixo em túnel classe I a IV - DMT de 0 a 200 m","m³",53.01]
[6219504,"Escavação subterrânea e carregamento em túnel classe V - DMT de 0 a 200 m - seção acima de 90 m²","m³",124.34]
[6219422,"Escavação subterrânea e carregamento em túnel classe V - DMT de 0 a 200 m - seção de 20 a 40 m²","m³",280.7]
[6219416,"Escavação subterrânea e carregamento em túnel classe V - DMT de 0 a 200 m - seção de 40 a 60 m²","m³",214.86]
[6219410,"Escavação subterrânea e carregamento em túnel classe V - DMT de 0 a 200 m - seção de 60 a 90 m²","m³",148.87]
[6219505,"Escavação subterrânea e carregamento em túnel classe VI - DMT de 0 a 200 m - seção acima de 90 m²","m³",108.71]
[6219423,"Escavação subterrânea e carregamento em túnel classe VI - DMT de 0 a 200 m - seção de 20 a 40 m²","m³",257.39999999999998]
[6219417,"Escavação subterrânea e carregamento em túnel classe VI - DMT de 0 a 200 m - seção de 40 a 60 m²","m³",194.63]
[6219411,"Escavação subterrânea e carregamento em túnel classe VI - DMT de 0 a 200 m - seção de 60 a 90 m²","m³",131.86000000000001]
[6219520,"Pré-fissuramento em túnel","m²",62.16]
[6219433,"Pregagem da frente com vergalhão de fibra de vidro D = 25 mm com perfuração em D = 75 mm e injeção de calda de cimento","m",114.86]
[6205801,"Pregagem da frente em tubo de PVC D = 50 mm com perfuração em D = 100 mm e injeção de argamassa de cimento e areia 1:1","m",74.459999999999994]
[6219524,"Prego guia para controle de espessura de concreto projetado D = 16 mm em túnel - fornecimento e instalação","un",11.97]
[6416036,"Usinagem de agregados para microrrevestimento a frio - faixa II - brita comercial","m³",129.35]
[6416038,"Usinagem de agregados para microrrevestimento a frio - faixa II - brita produzida","m³",66.12]
[6416037,"Usinagem de agregados para microrrevestimento a frio - faixa III - brita comercial","m³",139.35]
[6416035,"Usinagem de agregados para microrrevestimento a frio - faixa III - brita produzida","m³",74.86]
[6416076,"Usinagem de areia-asfalto a quente - faixa A - areia comercial","t",187.09]
[6416075,"Usinagem de areia-asfalto a quente - faixa A - areia extraída","t",110.42]
[6416226,"Usinagem de areia-asfalto a quente - faixa B - areia comercial","t",176.48]
[6416225,"Usinagem de areia-asfalto a quente - faixa B - areia extraída","t",98.12]
[6416084,"Usinagem de areia-asfalto a quente com asfalto polímero - faixa A - areia comercial","t",179.44]
[6416083,"Usinagem de areia-asfalto a quente com asfalto polímero - faixa A - areia extraída","t",98.87]
[6416234,"Usinagem de areia-asfalto a quente com asfalto polímero - faixa B - areia comercial","t",185.39]
[6416233,"Usinagem de areia-asfalto a quente com asfalto polímero - faixa B - areia extraída","t",106.26]
[6416236,"Usinagem de areia-asfalto a quente com asfalto polímero - faixa C - areia comercial","t",189.25]
[6416235,"Usinagem de areia-asfalto a quente com asfalto polímero - faixa C - areia extraída","t",111.14]
[6416040,"Usinagem de brita graduada com brita comercial em usina de 300 t/h","m³",196.68]
[6416039,"Usinagem de brita graduada com brita produzida em usina de 300 t/h","m³",91.58]
[6416042,"Usinagem de brita graduada tratada com cimento e brita comercial em usina de 300 t/h","m³",244.94]
[6416041,"Usinagem de brita graduada tratada com cimento e brita produzida em usina de 300 t/h","m³",142.41]
[6416080,"Usinagem de concreto asfáltico - faixa A - areia e brita comerciais","t",179.16]
[6416079,"Usinagem de concreto asfáltico - faixa A - areia extraída e brita produzida","t",120.45]
[6416143,"Usinagem de concreto asfáltico - faixa B - areia e brita comerciais","t",183.77]
[6416262,"Usinagem de concreto asfáltico - faixa B - areia extraída e brita produzida","t",123.54]
[6416078,"Usinagem de concreto asfáltico - faixa C - areia e brita comerciais","t",186.28]
[6416077,"Usinagem de concreto asfáltico - faixa C - areia extraída e brita produzida","t",122.05]
[6416088,"Usinagem de concreto asfáltico com asfalto polímero - faixa A - areia e brita comerciais","t",179.98]
[6416087,"Usinagem de concreto asfáltico com asfalto polímero - faixa A - areia extraída e brita produzida","t",120.68]
[6416246,"Usinagem de concreto asfáltico com asfalto polímero - faixa B - areia e brita comerciais","t",184.3]
[6416245,"Usinagem de concreto asfáltico com asfalto polímero - faixa B - areia extraída e brita produzida","t",123.79]
[6416248,"Usinagem de concreto asfáltico com asfalto polímero - faixa C - areia e brita comerciais","t",193.77]
[6416247,"Usinagem de concreto asfáltico com asfalto polímero - faixa C - areia extraída e brita produzida","t",127.33]
[6416214,"Usinagem de concreto asfáltico com borracha (Gap Graded) - brita comercial","t",214.99]
[6416218,"Usinagem de concreto asfáltico com borracha (Gap Graded) - brita produzida","t",171.34]
[6416211,"Usinagem de concreto asfáltico com borracha - faixa A - brita comercial","t",215.03]
[6416215,"Usinagem de concreto asfáltico com borracha - faixa A - brita produzida","t",171.89]
[6416212,"Usinagem de concreto asfáltico com borracha - faixa B - brita comercial","t",218.52]
[6416216,"Usinagem de concreto asfáltico com borracha - faixa B - brita produzida","t",176.37]
[6416213,"Usinagem de concreto asfáltico com borracha - faixa C - brita comercial","t",218.75]
[6416217,"Usinagem de concreto asfáltico com borracha - faixa C - brita produzida","t",178.59]
[6416289,"Usinagem de concreto asfáltico reciclado a frio com espuma de asfalto, agregado comercial e cimento","m³",112.88]
[6416098,"Usinagem de concreto asfáltico reciclado em usina fixa com adição de material fresado e brita comercial","t",155.15]
[6416097,"Usinagem de concreto asfáltico reciclado em usina fixa com adição de material fresado e brita produzida","t",124.4]
[6416258,"Usinagem de micro pré-misturado a quente com asfalto polímero - brita comercial","t",161.87]
[6416259,"Usinagem de micro pré-misturado a quente com asfalto polímero - brita produzida","t",122.5]
[6416074,"Usinagem de pré-misturado a frio - faixa A - areia e brita comerciais","m³",246.67]
[6416073,"Usinagem de pré-misturado a frio - faixa A - areia extraída e brita produzida","m³",117.92]
[6416220,"Usinagem de pré-misturado a frio - faixa B - areia e brita comerciais","m³",248.59]
[6416219,"Usinagem de pré-misturado a frio - faixa B - areia extraída e brita produzida","m³",114.91]
[6416222,"Usinagem de pré-misturado a frio - faixa C - areia e brita comerciais","m³",262.70999999999998]
[6416221,"Usinagem de pré-misturado a frio - faixa C - areia extraída e brita produzida","m³",130.84]
[6416224,"Usinagem de pré-misturado a frio - faixa D - areia e brita comerciais","m³",264.73]
[6416223,"Usinagem de pré-misturado a frio - faixa D - areia extraída e brita produzida","m³",127.83]
[6416082,"Usinagem de pré-misturado a frio com asfalto polímero - faixa A - areia e brita comerciais","m³",246.67]
[6416081,"Usinagem de pré-misturado a frio com asfalto polímero - faixa A - areia extraída e brita produzida","m³",117.92]
[6416228,"Usinagem de pré-misturado a frio com asfalto polímero - faixa B - areia e brita comerciais","m³",248.59]
[6416227,"Usinagem de pré-misturado a frio com asfalto polímero - faixa B - areia extraída e brita produzida","m³",114.91]
[6416230,"Usinagem de pré-misturado a frio com asfalto polímero - faixa C - areia e brita comerciais","m³",261.55]
[6416229,"Usinagem de pré-misturado a frio com asfalto polímero - faixa C - areia extraída e brita produzida","m³",130.30000000000001]
[6416232,"Usinagem de pré-misturado a frio com asfalto polímero - faixa D - areia e brita comerciais","m³",263.56]
[6416231,"Usinagem de pré-misturado a frio com asfalto polímero - faixa D - areia extraída e brita produzida","m³",127.31]
[6416086,"Usinagem de pré-misturado a quente com asfalto polímero - faixa I - camada porosa de atrito - areia e brita comerciais","t",177.6]
[6416085,"Usinagem de pré-misturado a quente com asfalto polímero - faixa I - camada porosa de atrito - areia extraída e brita produzida","t",120.12]
[6416238,"Usinagem de pré-misturado a quente com asfalto polímero - faixa II - camada porosa de atrito - areia e brita comerciais","t",169.24]
[6416237,"Usinagem de pré-misturado a quente com asfalto polímero - faixa II - camada porosa de atrito - areia extraída e brita produzida","t",110]
[6416240,"Usinagem de pré-misturado a quente com asfalto polímero - faixa III - camada porosa de atrito - areia e brita comerciais","t",180.96]
[6416239,"Usinagem de pré-misturado a quente com asfalto polímero - faixa III - camada porosa de atrito - areia extraída e brita produzida","t",118.72]
[6416242,"Usinagem de pré-misturado a quente com asfalto polímero - faixa IV - camada porosa de atrito - areia e brita comerciais","t",179.22]
[6416241,"Usinagem de pré-misturado a quente com asfalto polímero - faixa IV - camada porosa de atrito - areia extraída e brita produzida","t",124.61]
[6416244,"Usinagem de pré-misturado a quente com asfalto polímero - faixa V - camada porosa de atrito - areia e brita comerciais","t",179.25]
[6416243,"Usinagem de pré-misturado a quente com asfalto polímero - faixa V - camada porosa de atrito - areia extraída e brita produzida","t",124.21]
[6416250,"Usinagem de solo areia (70% - 30%) - material de jazida e areia comercial","m³",71.290000000000006]
[6416153,"Usinagem de solo areia (70% - 30%) - material de jazida e areia extraída","m³",16.27]
[6416185,"Usinagem de solo brita (70% - 30%) com 3% cimento - material de jazida e brita comercial","m³",107.88]
[6416184,"Usinagem de solo brita (70% - 30%) com 3% cimento - material de jazida e brita produzida","m³",76.459999999999994]
[6416030,"Usinagem de solo brita (70% - 30%) com material de jazida e brita comercial em usina de 300 t/h","m³",65.680000000000007]
[6416029,"Usinagem de solo brita (70% - 30%) com material de jazida e brita produzida em usina de 300 t/h","m³",33.28]
[6416056,"Usinagem de solo cimento com 7% de cimento com material de jazida em usina de 300 t/h","m³",99.97]
[6416278,"Usinagem de solo escória de aciaria (50% - 50%) com material de jazida em usina de 300 t/h","m³",21.98]
[6416047,"Usinagem de solo melhorado com 3% de cimento com material de jazida em usina de 300 t/h","m³",49.42]
[6416090,"Usinagem para pavimento de concreto com fôrmas deslizantes - areia e brita comerciais","m³",408.79]
[6416089,"Usinagem para pavimento de concreto com fôrmas deslizantes - areia extraída e brita produzida","m³",284.82]
[6416094,"Usinagem para pavimento de concreto compactado com rolo - brita comercial","m³",320.57]
[6416093,"Usinagem para pavimento de concreto compactado com rolo - brita produzida","m³",217.79]
[6416092,"Usinagem para sub-base de concreto compactado com rolo - brita comercial","m³",267.49]
[6416091,"Usinagem para sub-base de concreto compactado com rolo - brita produzida","m³",160.04]
[6817809,"Confecção de BSCC - seção canal de 1,5 x 1,5 m - areia e brita comerciais","m",1070.48]
[6817810,"Confecção de BSCC - seção canal de 1,5 x 1,5 m - areia extraída e brita produzida","m",963.43]
[6817811,"Confecção de BSCC - seção canal de 2,0 x 1,5 m - areia e brita comerciais","m",1146]
[6817812,"Confecção de BSCC - seção canal de 2,0 x 1,5 m - areia extraída e brita produzida","m",1027.68]
[6817813,"Confecção de BSCC - seção canal de 2,0 x 2,0 m - tipo I - areia e brita comerciais","m",1781.54]
[6817814,"Confecção de BSCC - seção canal de 2,0 x 2,0 m - tipo I - areia extraída e brita produzida","m",1595.61]
[6817815,"Confecção de BSCC - seção canal de 2,0 x 2,0 m - tipo II - areia e brita comerciais","m",1515.27]
[6817816,"Confecção de BSCC - seção canal de 2,0 x 2,0 m - tipo II - areia extraída e brita produzida","m",1329.33]
[6817817,"Confecção de BSCC - seção canal de 2,5 x 1,5 m - areia e brita comerciais","m",1232.05]
[6817818,"Confecção de BSCC - seção canal de 2,5 x 1,5 m - areia extraída e brita produzida","m",1103.8699999999999]
[6817819,"Confecção de BSCC - seção canal de 2,5 x 2,0 m - tipo I - areia e brita comerciais","m",1873.48]
[6817820,"Confecção de BSCC - seção canal de 2,5 x 2,0 m - tipo I - areia extraída e brita produzida","m",1673.46]
[6817821,"Confecção de BSCC - seção canal de 2,5 x 2,0 m - tipo II - areia e brita comerciais","m",1616]
[6817822,"Confecção de BSCC - seção canal de 2,5 x 2,0 m - tipo II - areia extraída e brita produzida","m",1415.98]
[6817823,"Confecção de BSCC - seção canal de 3,0 x 1,5 m - areia e brita comerciais","m",1322.77]
[6817824,"Confecção de BSCC - seção canal de 3,0 x 1,5 m - areia extraída e brita produzida","m",1183.32]
[6817825,"Confecção de BSCC - seção canal de 3,0 x 2,0 m - tipo I - areia e brita comerciais","m",1907.08]
[6817826,"Confecção de BSCC - seção canal de 3,0 x 2,0 m - tipo I - areia extraída e brita produzida","m",1692.97]
[6817827,"Confecção de BSCC - seção canal de 3,0 x 2,0 m - tipo II - areia e brita comerciais","m",1716.72]
[6817828,"Confecção de BSCC - seção canal de 3,0 x 2,0 m - tipo II - areia extraída e brita produzida","m",1502.61]
[6817753,"Confecção de BSCC - seção fechada de 1,5 x 1,5 m - altura do aterro de 0,25 a 1,00 m - areia e brita comerciais","m",1454.27]
[6817754,"Confecção de BSCC - seção fechada de 1,5 x 1,5 m - altura do aterro de 0,25 a 1,00 m - areia extraída e brita produzida","m",1303.55]
[6817755,"Confecção de BSCC - seção fechada de 1,5 x 1,5 m - altura do aterro de 1,00 a 2,50 m - areia e brita comerciais","m",1395.45]
[6817756,"Confecção de BSCC - seção fechada de 1,5 x 1,5 m - altura do aterro de 1,00 a 2,50 m - areia extraída e brita produzida","m",1244.73]
[6817763,"Confecção de BSCC - seção fechada de 1,5 x 1,5 m - altura do aterro de 10,00 a 12,50 m - areia e brita comerciais","m",1753.53]
[6817764,"Confecção de BSCC - seção fechada de 1,5 x 1,5 m - altura do aterro de 10,00 a 12,50 m - areia extraída e brita produzida","m",1554]
[6817765,"Confecção de BSCC - seção fechada de 1,5 x 1,5 m - altura do aterro de 12,50 a 15,00 m - areia e brita comerciais","m",2029.6]
[6817766,"Confecção de BSCC - seção fechada de 1,5 x 1,5 m - altura do aterro de 12,50 a 15,00 m - areia extraída e brita produzida","m",1844.79]
[6817757,"Confecção de BSCC - seção fechada de 1,5 x 1,5 m - altura do aterro de 2,50 a 5,00 m - areia e brita comerciais","m",1395.45]
[6817758,"Confecção de BSCC - seção fechada de 1,5 x 1,5 m - altura do aterro de 2,50 a 5,00 m - areia extraída e brita produzida","m",1244.73]
[6817759,"Confecção de BSCC - seção fechada de 1,5 x 1,5 m - altura do aterro de 5,00 a 7,50 m - areia e brita comerciais","m",1513.8]
[6817760,"Confecção de BSCC - seção fechada de 1,5 x 1,5 m - altura do aterro de 5,00 a 7,50 m - areia extraída e brita produzida","m",1365.54]
[6817761,"Confecção de BSCC - seção fechada de 1,5 x 1,5 m - altura do aterro de 7,50 a 10,00 m - areia e brita comerciais","m",1851.16]
[6817762,"Confecção de BSCC - seção fechada de 1,5 x 1,5 m - altura do aterro de 7,50 a 10,00 m - areia extraída e brita produzida","m",1651.63]
[6817767,"Confecção de BSCC - seção fechada de 2,0 x 2,0 m - altura do aterro de 0,25 a 1,00 m - areia e brita comerciais","m",2107.41]
[6817768,"Confecção de BSCC - seção fechada de 2,0 x 2,0 m - altura do aterro de 0,25 a 1,00 m - areia extraída e brita produzida","m",1914.43]
[6817769,"Confecção de BSCC - seção fechada de 2,0 x 2,0 m - altura do aterro de 1,00 a 2,50 m - areia e brita comerciais","m",1791.36]
[6817770,"Confecção de BSCC - seção fechada de 2,0 x 2,0 m - altura do aterro de 1,00 a 2,50 m - areia extraída e brita produzida","m",1598.38]
[6817777,"Confecção de BSCC - seção fechada de 2,0 x 2,0 m - altura do aterro de 10,00 a 12,50 m - areia e brita comerciais","m",2913.61]
[6817778,"Confecção de BSCC - seção fechada de 2,0 x 2,0 m - altura do aterro de 10,00 a 12,50 m - areia extraída e brita produzida","m",2684.53]
[6817779,"Confecção de BSCC - seção fechada de 2,0 x 2,0 m - altura do aterro de 12,50 a 15,00 m - areia e brita comerciais","m",3437.87]
[6817780,"Confecção de BSCC - seção fechada de 2,0 x 2,0 m - altura do aterro de 12,50 a 15,00 m - areia extraída e brita produzida","m",3147.78]
[6817771,"Confecção de BSCC - seção fechada de 2,0 x 2,0 m - altura do aterro de 2,50 a 5,00 m - areia e brita comerciais","m",2041.27]
[6817772,"Confecção de BSCC - seção fechada de 2,0 x 2,0 m - altura do aterro de 2,50 a 5,00 m - areia extraída e brita produzida","m",1851.44]
[6817773,"Confecção de BSCC - seção fechada de 2,0 x 2,0 m - altura do aterro de 5,00 a 7,50 m - areia e brita comerciais","m",2448.41]
[6817774,"Confecção de BSCC - seção fechada de 2,0 x 2,0 m - altura do aterro de 5,00 a 7,50 m - areia extraída e brita produzida","m",2193.46]
[6817775,"Confecção de BSCC - seção fechada de 2,0 x 2,0 m - altura do aterro de 7,50 a 10,00 m - areia e brita comerciais","m",2684.58]
[6817776,"Confecção de BSCC - seção fechada de 2,0 x 2,0 m - altura do aterro de 7,50 a 10,00 m - areia extraída e brita produzida","m",2448.4299999999998]
[6817781,"Confecção de BSCC - seção fechada de 2,5 x 2,5 m - altura do aterro de 0,25 a 1,00 m - areia e brita comerciais","m",2864.2]
[6817782,"Confecção de BSCC - seção fechada de 2,5 x 2,5 m - altura do aterro de 0,25 a 1,00 m - areia extraída e brita produzida","m",2628.96]
[6817783,"Confecção de BSCC - seção fechada de 2,5 x 2,5 m - altura do aterro de 1,00 a 2,50 m - areia e brita comerciais","m",2360.1799999999998]
[6817784,"Confecção de BSCC - seção fechada de 2,5 x 2,5 m - altura do aterro de 1,00 a 2,50 m - areia extraída e brita produzida","m",2124.9499999999998]
[6817791,"Confecção de BSCC - seção fechada de 2,5 x 2,5 m - altura do aterro de 10,00 a 12,50 m - areia e brita comerciais","m",4256.3500000000004]
[6817792,"Confecção de BSCC - seção fechada de 2,5 x 2,5 m - altura do aterro de 10,00 a 12,50 m - areia extraída e brita produzida","m",3904.02]
[6817793,"Confecção de BSCC - seção fechada de 2,5 x 2,5 m - altura do aterro de 12,50 a 15,00 m - areia e brita comerciais","m",4810]
[6817794,"Confecção de BSCC - seção fechada de 2,5 x 2,5 m - altura do aterro de 12,50 a 15,00 m - areia extraída e brita produzida","m",4457.67]
[6817785,"Confecção de BSCC - seção fechada de 2,5 x 2,5 m - altura do aterro de 2,50 a 5,00 m - areia e brita comerciais","m",2998.55]
[6817786,"Confecção de BSCC - seção fechada de 2,5 x 2,5 m - altura do aterro de 2,50 a 5,00 m - areia extraída e brita produzida","m",2688.18]
[6817787,"Confecção de BSCC - seção fechada de 2,5 x 2,5 m - altura do aterro de 5,00 a 7,50 m - areia e brita comerciais","m",3461.9]
[6817788,"Confecção de BSCC - seção fechada de 2,5 x 2,5 m - altura do aterro de 5,00 a 7,50 m - areia extraída e brita produzida","m",3174.42]
[6817789,"Confecção de BSCC - seção fechada de 2,5 x 2,5 m - altura do aterro de 7,50 a 10,00 m - areia e brita comerciais","m",3857.39]
[6817790,"Confecção de BSCC - seção fechada de 2,5 x 2,5 m - altura do aterro de 7,50 a 10,00 m - areia extraída e brita produzida","m",3578.51]
[6817795,"Confecção de BSCC - seção fechada de 3,0 x 3,0 m - altura do aterro de 0,25 a 1,00 m - areia e brita comerciais","m",3677.87]
[6817796,"Confecção de BSCC - seção fechada de 3,0 x 3,0 m - altura do aterro de 0,25 a 1,00 m - areia extraída e brita produzida","m",3404.91]
[6817797,"Confecção de BSCC - seção fechada de 3,0 x 3,0 m - altura do aterro de 1,00 a 2,50 m - areia e brita comerciais","m",3154.92]
[6817798,"Confecção de BSCC - seção fechada de 3,0 x 3,0 m - altura do aterro de 1,00 a 2,50 m - areia extraída e brita produzida","m",2881.96]
[6817805,"Confecção de BSCC - seção fechada de 3,0 x 3,0 m - altura do aterro de 10,00 a 12,50 m - areia e brita comerciais","m",5945.27]
[6817806,"Confecção de BSCC - seção fechada de 3,0 x 3,0 m - altura do aterro de 10,00 a 12,50 m - areia extraída e brita produzida","m",5530.68]
[6817807,"Confecção de BSCC - seção fechada de 3,0 x 3,0 m - altura do aterro de 12,50 a 15,00 m - areia e brita comerciais","m",6559.03]
[6817808,"Confecção de BSCC - seção fechada de 3,0 x 3,0 m - altura do aterro de 12,50 a 15,00 m - areia extraída e brita produzida","m",6144.45]
[6817799,"Confecção de BSCC - seção fechada de 3,0 x 3,0 m - altura do aterro de 2,50 a 5,00 m - areia e brita comerciais","m",3932.94]
[6817800,"Confecção de BSCC - seção fechada de 3,0 x 3,0 m - altura do aterro de 2,50 a 5,00 m - areia extraída e brita produzida","m",3567.14]
[6817801,"Confecção de BSCC - seção fechada de 3,0 x 3,0 m - altura do aterro de 5,00 a 7,50 m - areia e brita comerciais","m",4769.1400000000003]
[6817802,"Confecção de BSCC - seção fechada de 3,0 x 3,0 m - altura do aterro de 5,00 a 7,50 m - areia extraída e brita produzida","m",4440.46]
[6817803,"Confecção de BSCC - seção fechada de 3,0 x 3,0 m - altura do aterro de 7,50 a 10,00 m - areia e brita comerciais","m",5398.17]
[6817804,"Confecção de BSCC - seção fechada de 3,0 x 3,0 m - altura do aterro de 7,50 a 10,00 m - areia extraída e brita produzida","m",4983.59]
[6817885,"Corpo de BSCC - seção canal de 1,5 x 1,5 m - pré-moldado - areia e brita comerciais","m",1329.81]
[6817886,"Corpo de BSCC - seção canal de 1,5 x 1,5 m - pré-moldado - areia extraída e brita produzida","m",1182.29]
[6817887,"Corpo de BSCC - seção canal de 2,0 x 1,5 m - pré-moldado - areia e brita comerciais","m",1449.19]
[6817888,"Corpo de BSCC - seção canal de 2,0 x 1,5 m - pré-moldado - areia extraída e brita produzida","m",1280.82]
[6817889,"Corpo de BSCC - seção canal de 2,0 x 2,0 m - pré-moldado - tipo I - areia e brita comerciais","m",2125.44]
[6817890,"Corpo de BSCC - seção canal de 2,0 x 2,0 m - pré-moldado - tipo I - areia extraída e brita produzida","m",1887.81]
[6817891,"Corpo de BSCC - seção canal de 2,0 x 2,0 m - pré-moldado - tipo II - areia e brita comerciais","m",1859.17]
[6817892,"Corpo de BSCC - seção canal de 2,0 x 2,0 m - pré-moldado - tipo II - areia extraída e brita produzida","m",1621.53]
[6817893,"Corpo de BSCC - seção canal de 2,5 x 1,5 m - pré-moldado - areia e brita comerciais","m",1618.81]
[6817894,"Corpo de BSCC - seção canal de 2,5 x 1,5 m - pré-moldado - areia extraída e brita produzida","m",1428.27]
[6817895,"Corpo de BSCC - seção canal de 2,5 x 2,0 m - pré-moldado - tipo I - areia e brita comerciais","m",2286.46]
[6817896,"Corpo de BSCC - seção canal de 2,5 x 2,0 m - pré-moldado - tipo I - areia extraída e brita produzida","m",2023.79]
[6817897,"Corpo de BSCC - seção canal de 2,5 x 2,0 m - pré-moldado - tipo II - areia e brita comerciais","m",2028.98]
[6817898,"Corpo de BSCC - seção canal de 2,5 x 2,0 m - pré-moldado - tipo II - areia extraída e brita produzida","m",1766.31]
[6817899,"Corpo de BSCC - seção canal de 3,0 x 1,5 m - pré-moldado - areia e brita comerciais","m",1777.79]
[6817900,"Corpo de BSCC - seção canal de 3,0 x 1,5 m - pré-moldado - areia extraída e brita produzida","m",1565.05]
[6817901,"Corpo de BSCC - seção canal de 3,0 x 2,0 m - pré-moldado - tipo I - areia e brita comerciais","m",2392.91]
[6817902,"Corpo de BSCC - seção canal de 3,0 x 2,0 m - pré-moldado - tipo I - areia extraída e brita produzida","m",2103.85]
[6817903,"Corpo de BSCC - seção canal de 3,0 x 2,0 m - pré-moldado - tipo II - areia e brita comerciais","m",2202.5500000000002]
[6817904,"Corpo de BSCC - seção canal de 3,0 x 2,0 m - pré-moldado - tipo II - areia extraída e brita produzida","m",1913.49]
[6817829,"Corpo de BSCC - seção fechada de 1,5 x 1,5 m - pré-moldado - altura do aterro de 0,25 a 1,00 m - areia e brita comerciais","m",1774.77]
[6817830,"Corpo de BSCC - seção fechada de 1,5 x 1,5 m - pré-moldado - altura do aterro de 0,25 a 1,00 m - areia extraída e brita produzida","m",1583.17]
[6817831,"Corpo de BSCC - seção fechada de 1,5 x 1,5 m - pré-moldado - altura do aterro de 1,00 a 2,50 m - areia e brita comerciais","m",1715.95]
[6817832,"Corpo de BSCC - seção fechada de 1,5 x 1,5 m - pré-moldado - altura do aterro de 1,00 a 2,50 m - areia extraída e brita produzida","m",1524.35]
[6817839,"Corpo de BSCC - seção fechada de 1,5 x 1,5 m - pré-moldado - altura do aterro de 10,00 a 12,50 m - areia e brita comerciais","m",2080.1999999999998]
[6817840,"Corpo de BSCC - seção fechada de 1,5 x 1,5 m - pré-moldado - altura do aterro de 10,00 a 12,50 m - areia extraída e brita produzida","m",1838.39]
[6817841,"Corpo de BSCC - seção fechada de 1,5 x 1,5 m - pré-moldado - altura do aterro de 12,50 a 15,00 m - areia e brita comerciais","m",2356.27]
[6817842,"Corpo de BSCC - seção fechada de 1,5 x 1,5 m - pré-moldado - altura do aterro de 12,50 a 15,00 m - areia extraída e brita produzida","m",2129.1799999999998]
[6817833,"Corpo de BSCC - seção fechada de 1,5 x 1,5 m - pré-moldado - altura do aterro de 2,50 a 5,00 m - areia e brita comerciais","m",1715.95]
[6817834,"Corpo de BSCC - seção fechada de 1,5 x 1,5 m - pré-moldado - altura do aterro de 2,50 a 5,00 m - areia extraída e brita produzida","m",1524.35]
[6817835,"Corpo de BSCC - seção fechada de 1,5 x 1,5 m - pré-moldado - altura do aterro de 5,00 a 7,50 m - areia e brita comerciais","m",1834.3]
[6817836,"Corpo de BSCC - seção fechada de 1,5 x 1,5 m - pré-moldado - altura do aterro de 5,00 a 7,50 m - areia extraída e brita produzida","m",1645.16]
[6817837,"Corpo de BSCC - seção fechada de 1,5 x 1,5 m - pré-moldado - altura do aterro de 7,50 a 10,00 m - areia e brita comerciais","m",2177.83]
[6817838,"Corpo de BSCC - seção fechada de 1,5 x 1,5 m - pré-moldado - altura do aterro de 7,50 a 10,00 m - areia extraída e brita produzida","m",1936.02]
[6817843,"Corpo de BSCC - seção fechada de 2,0 x 2,0 m - pré-moldado - altura do aterro de 0,25 a 1,00 m - areia e brita comerciais","m",2495.37]
[6817844,"Corpo de BSCC - seção fechada de 2,0 x 2,0 m - pré-moldado - altura do aterro de 0,25 a 1,00 m - areia extraída e brita produzida","m",2251.5300000000002]
[6817845,"Corpo de BSCC - seção fechada de 2,0 x 2,0 m - pré-moldado - altura do aterro de 1,00 a 2,50 m - areia e brita comerciais","m",2179.3200000000002]
[6817846,"Corpo de BSCC - seção fechada de 2,0 x 2,0 m - pré-moldado - altura do aterro de 1,00 a 2,50 m - areia extraída e brita produzida","m",1935.48]
[6817853,"Corpo de BSCC - seção fechada de 2,0 x 2,0 m - pré-moldado - altura do aterro de 10,00 a 12,50 m - areia e brita comerciais","m",3312.32]
[6817854,"Corpo de BSCC - seção fechada de 2,0 x 2,0 m - pré-moldado - altura do aterro de 10,00 a 12,50 m - areia extraída e brita produzida","m",3029.63]
[6817855,"Corpo de BSCC - seção fechada de 2,0 x 2,0 m - pré-moldado - altura do aterro de 12,50 a 15,00 m - areia e brita comerciais","m",3838.17]
[6817856,"Corpo de BSCC - seção fechada de 2,0 x 2,0 m - pré-moldado - altura do aterro de 12,50 a 15,00 m - areia extraída e brita produzida","m",3494.43]
[6817847,"Corpo de BSCC - seção fechada de 2,0 x 2,0 m - pré-moldado - altura do aterro de 2,50 a 5,00 m - areia e brita comerciais","m",2433.81]
[6817848,"Corpo de BSCC - seção fechada de 2,0 x 2,0 m - pré-moldado - altura do aterro de 2,50 a 5,00 m - areia extraída e brita produzida","m",2191.7600000000002]
[6817849,"Corpo de BSCC - seção fechada de 2,0 x 2,0 m - pré-moldado - altura do aterro de 5,00 a 7,50 m - areia e brita comerciais","m",2842.54]
[6817850,"Corpo de BSCC - seção fechada de 2,0 x 2,0 m - pré-moldado - altura do aterro de 5,00 a 7,50 m - areia extraída e brita produzida","m",2535.33]
[6817851,"Corpo de BSCC - seção fechada de 2,0 x 2,0 m - pré-moldado - altura do aterro de 7,50 a 10,00 m - areia e brita comerciais","m",3083.29]
[6817852,"Corpo de BSCC - seção fechada de 2,0 x 2,0 m - pré-moldado - altura do aterro de 7,50 a 10,00 m - areia extraída e brita produzida","m",2793.53]
[6817857,"Corpo de BSCC - seção fechada de 2,5 x 2,5 m - pré-moldado - altura do aterro de 0,25 a 1,00 m - areia e brita comerciais","m",3329.59]
[6817858,"Corpo de BSCC - seção fechada de 2,5 x 2,5 m - pré-moldado - altura do aterro de 0,25 a 1,00 m - areia extraída e brita produzida","m",3030.79]
[6817859,"Corpo de BSCC - seção fechada de 2,5 x 2,5 m - pré-moldado - altura do aterro de 1,00 a 2,50 m - areia e brita comerciais","m",2825.57]
[6817860,"Corpo de BSCC - seção fechada de 2,5 x 2,5 m - pré-moldado - altura do aterro de 1,00 a 2,50 m - areia extraída e brita produzida","m",2526.7800000000002]
[6817867,"Corpo de BSCC - seção fechada de 2,5 x 2,5 m - pré-moldado - altura do aterro de 10,00 a 12,50 m - areia e brita comerciais","m",4734.09]
[6817868,"Corpo de BSCC - seção fechada de 2,5 x 2,5 m - pré-moldado - altura do aterro de 10,00 a 12,50 m - areia extraída e brita produzida","m",4315.3999999999996]
[6817869,"Corpo de BSCC - seção fechada de 2,5 x 2,5 m - pré-moldado - altura do aterro de 12,50 a 15,00 m - areia e brita comerciais","m",5292.32]
[6817870,"Corpo de BSCC - seção fechada de 2,5 x 2,5 m - pré-moldado - altura do aterro de 12,50 a 15,00 m - areia extraída e brita produzida","m",4872.2700000000004]
[6817861,"Corpo de BSCC - seção fechada de 2,5 x 2,5 m - pré-moldado - altura do aterro de 2,50 a 5,00 m - areia e brita comerciais","m",3465.54]
[6817862,"Corpo de BSCC - seção fechada de 2,5 x 2,5 m - pré-moldado - altura do aterro de 2,50 a 5,00 m - areia extraída e brita produzida","m",3091.57]
[6817863,"Corpo de BSCC - seção fechada de 2,5 x 2,5 m - pré-moldado - altura do aterro de 5,00 a 7,50 m - areia e brita comerciais","m",3933.47]
[6817864,"Corpo de BSCC - seção fechada de 2,5 x 2,5 m - pré-moldado - altura do aterro de 5,00 a 7,50 m - areia extraída e brita produzida","m",3581.03]
[6817865,"Corpo de BSCC - seção fechada de 2,5 x 2,5 m - pré-moldado - altura do aterro de 7,50 a 10,00 m - areia e brita comerciais","m",4328.96]
[6817866,"Corpo de BSCC - seção fechada de 2,5 x 2,5 m - pré-moldado - altura do aterro de 7,50 a 10,00 m - areia extraída e brita produzida","m",3985.12]
[6817871,"Corpo de BSCC - seção fechada de 3,0 x 3,0 m - pré-moldado - altura do aterro de 0,25 a 1,00 m - areia e brita comerciais","m",4240.08]
[6817872,"Corpo de BSCC - seção fechada de 3,0 x 3,0 m - pré-moldado - altura do aterro de 0,25 a 1,00 m - areia extraída e brita produzida","m",3892.22]
[6817873,"Corpo de BSCC - seção fechada de 3,0 x 3,0 m - pré-moldado - altura do aterro de 1,00 a 2,50 m - areia e brita comerciais","m",3717.13]
[6817874,"Corpo de BSCC - seção fechada de 3,0 x 3,0 m - pré-moldado - altura do aterro de 1,00 a 2,50 m - areia extraída e brita produzida","m",3369.27]
[6817881,"Corpo de BSCC - seção fechada de 3,0 x 3,0 m - pré-moldado - altura do aterro de 10,00 a 12,50 m - areia e brita comerciais","m",6519.7]
[6817882,"Corpo de BSCC - seção fechada de 3,0 x 3,0 m - pré-moldado - altura do aterro de 10,00 a 12,50 m - areia extraída e brita produzida","m",6027.44]
[6817883,"Corpo de BSCC - seção fechada de 3,0 x 3,0 m - pré-moldado - altura do aterro de 12,50 a 15,00 m - areia e brita comerciais","m",7138.04]
[6817884,"Corpo de BSCC - seção fechada de 3,0 x 3,0 m - pré-moldado - altura do aterro de 12,50 a 15,00 m - areia extraída e brita produzida","m",6644.44]
[6817875,"Corpo de BSCC - seção fechada de 3,0 x 3,0 m - pré-moldado - altura do aterro de 2,50 a 5,00 m - areia e brita comerciais","m",4501.32]
[6817876,"Corpo de BSCC - seção fechada de 3,0 x 3,0 m - pré-moldado - altura do aterro de 2,50 a 5,00 m - areia extraída e brita produzida","m",4059.22]
[6817877,"Corpo de BSCC - seção fechada de 3,0 x 3,0 m - pré-moldado - altura do aterro de 5,00 a 7,50 m - areia e brita comerciais","m",5337.52]
[6817878,"Corpo de BSCC - seção fechada de 3,0 x 3,0 m - pré-moldado - altura do aterro de 5,00 a 7,50 m - areia extraída e brita produzida","m",4932.54]
[6817879,"Corpo de BSCC - seção fechada de 3,0 x 3,0 m - pré-moldado - altura do aterro de 7,50 a 10,00 m - areia e brita comerciais","m",5972.72]
[6817880,"Corpo de BSCC - seção fechada de 3,0 x 3,0 m - pré-moldado - altura do aterro de 7,50 a 10,00 m - areia extraída e brita produzida","m",5480.45]
[7119788,"Administração local do Estaleiro Padrão","mês",274109.27]
[7119714,"Amarração do sistema de fundeio - profundidade de até 50 m","un",2017.6]
[7119715,"Ânodo de sacrifício para proteção do casco - fornecimento e instalação","un",1660.78]
[7119678,"Beneficiamento de aço naval para construção de instalações portuárias de pequeno porte - excluso o aço naval","t",8391.93]
[7119712,"Cabo de segurança para conexão da ponte - fornecimento e instalação","un",13411.68]
[7119694,"Confecção de morto de concreto de 13 t","un",8202.32]
[7119695,"Confecção de morto de concreto de 14 t","un",8887.41]
[7119696,"Confecção de morto de concreto de 22 t","un",14049.86]
[7119697,"Confecção de morto de concreto de 36 t","un",22306.1]
[7119698,"Confecção de morto de concreto de 48 t","un",28512.720000000001]
[7119688,"Confecção de poita de concreto com garras metálicas de 13,3 t (peso submerso = 8 t)","un",8036.07]
[7119689,"Confecção de poita de concreto com garras metálicas de 25 t (peso submerso = 15 t)","un",15511.41]
[7119690,"Confecção de poita de concreto com garras metálicas de 30 t (peso submerso = 18 t)","un",18503.900000000001]
[7119691,"Confecção de poita de concreto com garras metálicas de 41,7 t (peso submerso = 25 t)","un",25639.19]
[7119692,"Confecção de poita de concreto com garras metálicas de 45,8 t (peso submerso = 27,5 t)","un",28185.25]
[7119693,"Confecção de poita de concreto com garras metálicas de 58,3 t (peso submerso = 35 t)","un",35815.089999999997]
[7119687,"Confecção de poita de concreto com garras metálicas de 6,7 t (peso submerso = 4 t)","un",4248.83]
[7119681,"Confecção de poita de concreto de 13,3 t (peso submerso = 8 t)","un",9051.91]
[7119682,"Confecção de poita de concreto de 25 t (peso submerso = 15 t)","un",17371.02]
[7119683,"Confecção de poita de concreto de 30 t (peso submerso = 18 t)","un",20724.84]
[7119684,"Confecção de poita de concreto de 41,7 t (peso submerso = 25 t)","un",28694.13]
[7119685,"Confecção de poita de concreto de 45,8 t (peso submerso = 27,5 t)","un",31537.39]
[7119686,"Confecção de poita de concreto de 58,3 t (peso submerso = 35 t)","un",40061.94]
[7119680,"Confecção de poita de concreto de 6,7 t (peso submerso = 4 t)","un",4770.72]
[7119710,"Defensa de pneus para proteção do flutuante - confecção e instalação","un",703.34]
[7107375,"Fornecimento e instalação de reservatório metálico tipo taça de 10.000 litros pintura interna e externa com escada de acesso e base de concreto armado - areia e brita comerciais","un",26839.45]
[7107376,"Fornecimento e instalação de reservatório metálico tipo taça de 20.000 litros pintura interna e externa com escada de acesso e base de concreto armado - areia e brita comerciais","un",44406.16]
[7107377,"Fornecimento e instalação de reservatório metálico tipo taça de 30.000 litros pintura interna e externa com escada de acesso e base de concreto armado - areia e brita comerciais","un",61022.74]
[7107374,"Fornecimento e instalação de reservatório metálico tipo taça de 5.000 litros pintura interna e externa com escada de acesso e base de concreto armado - areia e brita comerciais","un",19210.66]
[7119708,"Guincho manual para sistema de fundeio com capacidade de tração de 100 kN - fornecimento e instalação","un",152361.79]
[7119709,"Guincho manual para sistema de fundeio com capacidade de tração de 200 kN - fornecimento e instalação","un",212712.08]
[7119706,"Implantação do sistema naval tipo I - ponte móvel e flutuante principal","un",46976.02]
[7119707,"Implantação do sistema naval tipo II - pontes móveis, flutuante intermediário e flutuante principal","un",112388.01]
[7119787,"Instalações do Estaleiro Padrão para o beneficiamento de estruturas navais, inclusive mobiliário, equipamentos de informática e de segurança","m²",340.94]
[7119647,"Lançamento da embarcação sobre carreira em água","un",2529.38]
[7119679,"Lançamento de poita de concreto - peso submerso","t",42.44]
[7119711,"Mancal de conexão - confecção e instalação","un",982.72]
[7119713,"Molinete manual para sistema de fundeio com capacidade de tração de 70 kN - fornecimento e instalação","un",239097.91]
[7119646,"Transporte interno em estaleiro para movimentação de peças","t",1115.1500000000001]
[7119699,"Tratamento superficial e pintura da área interna do flutuante (tanques de reserva de flutuabilidade)","m²",19.989999999999998]
[7119702,"Tratamento superficial e pintura da ponte e demais estruturas metálicas navais - exceto flutuantes","m²",62.19]
[7119701,"Tratamento superficial e pintura das obras mortas do flutuante (convés principal, convés superior, casaria e estruturas apoiadas sobre o convés) - exceto piso","m²",62.19]
[7119700,"Tratamento superficial e pintura das obras vivas e mortas externas do flutuante (fundo, costados e espelhos de proa e popa)","m²",54.19]

{"sheet":"INSUMOS SINAPI","index":18,"n_rows":4945,"n_cols":5,"rows_kept":4945,"cut":false,"hidden":true,"merged":[]}
["        PRECOS DE INSUMOS"]
[""]
["MES DE COLETA: 09/2023"]
["LOCALIDADE: 1600 - SALVADOR"]
["ENCARGOS SOCIAIS (%) HORISTA 115,15  MENSALISTA  71,22"]
[""]
["CODIGO  ","DESCRICAO DO INSUMO","UNIDADE","ORIGEM DO PRECO","  PRECO MEDIANO R$"]
[38605,"ABERTURA PARA ENCAIXE DE CUBA OU LAVATORIO EM BANCADA DE MARMORE/ GRANITO OU OUTRO TIPO DE PEDRA NATURAL","UN    ","CR","103,42"]
[11270,"ABRACADEIRA DE LATAO PARA FIXACAO DE CABO PARA-RAIO, DIMENSOES 32 X 24 X 24 MM","UN    ","CR","3,00"]
[412,"ABRACADEIRA DE NYLON PARA AMARRACAO DE CABOS, COMPRIMENTO DE *230* X *7,6* MM","UN    ","CR","0,97"]
[414,"ABRACADEIRA DE NYLON PARA AMARRACAO DE CABOS, COMPRIMENTO DE 100 X 2,5 MM","UN    ","CR","0,06"]
[410,"ABRACADEIRA DE NYLON PARA AMARRACAO DE CABOS, COMPRIMENTO DE 150 X *3,6* MM","UN    ","CR","0,15"]
[411,"ABRACADEIRA DE NYLON PARA AMARRACAO DE CABOS, COMPRIMENTO DE 200 X *4,6* MM","UN    ","C ","0,19"]
[408,"ABRACADEIRA DE NYLON PARA AMARRACAO DE CABOS, COMPRIMENTO DE 390 X *4,6* MM","UN    ","CR","0,94"]
[39131,"ABRACADEIRA EM ACO PARA AMARRACAO DE ELETRODUTOS, TIPO D, COM 1 1/2\" E CUNHA DE FIXACAO","UN    ","CR","3,82"]
[394,"ABRACADEIRA EM ACO PARA AMARRACAO DE ELETRODUTOS, TIPO D, COM 1 1/2\" E PARAFUSO DE FIXACAO","UN    ","CR","3,87"]
[39130,"ABRACADEIRA EM ACO PARA AMARRACAO DE ELETRODUTOS, TIPO D, COM 1 1/4\" E CUNHA DE FIXACAO","UN    ","CR","3,49"]
[395,"ABRACADEIRA EM ACO PARA AMARRACAO DE ELETRODUTOS, TIPO D, COM 1 1/4\" E PARAFUSO DE FIXACAO","UN    ","CR","3,73"]
[39127,"ABRACADEIRA EM ACO PARA AMARRACAO DE ELETRODUTOS, TIPO D, COM 1/2\" E CUNHA DE FIXACAO","UN    ","CR","1,84"]
[392,"ABRACADEIRA EM ACO PARA AMARRACAO DE ELETRODUTOS, TIPO D, COM 1/2\" E PARAFUSO DE FIXACAO","UN    ","CR","1,89"]
[39129,"ABRACADEIRA EM ACO PARA AMARRACAO DE ELETRODUTOS, TIPO D, COM 1\" E CUNHA DE FIXACAO","UN    ","CR","2,15"]
[393,"ABRACADEIRA EM ACO PARA AMARRACAO DE ELETRODUTOS, TIPO D, COM 1\" E PARAFUSO DE FIXACAO","UN    ","C ","2,25"]
[39133,"ABRACADEIRA EM ACO PARA AMARRACAO DE ELETRODUTOS, TIPO D, COM 2 1/2\" E CUNHA DE FIXACAO","UN    ","CR","5,02"]
[397,"ABRACADEIRA EM ACO PARA AMARRACAO DE ELETRODUTOS, TIPO D, COM 2 1/2\" E PARAFUSO DE FIXACAO","UN    ","CR","5,55"]
[39132,"ABRACADEIRA EM ACO PARA AMARRACAO DE ELETRODUTOS, TIPO D, COM 2\" E CUNHA DE FIXACAO","UN    ","CR","4,02"]
[396,"ABRACADEIRA EM ACO PARA AMARRACAO DE ELETRODUTOS, TIPO D, COM 2\" E PARAFUSO DE FIXACAO","UN    ","CR","4,30"]
[39135,"ABRACADEIRA EM ACO PARA AMARRACAO DE ELETRODUTOS, TIPO D, COM 3 1/2\" E CUNHA DE FIXACAO","UN    ","CR","8,04"]
[39128,"ABRACADEIRA EM ACO PARA AMARRACAO DE ELETRODUTOS, TIPO D, COM 3/4\" E CUNHA DE FIXACAO","UN    ","CR","2,01"]
[400,"ABRACADEIRA EM ACO PARA AMARRACAO DE ELETRODUTOS, TIPO D, COM 3/4\" E PARAFUSO DE FIXACAO","UN    ","CR","1,96"]
[39125,"ABRACADEIRA EM ACO PARA AMARRACAO DE ELETRODUTOS, TIPO D, COM 3/8\" E PARAFUSO DE FIXACAO","UN    ","CR","2,01"]
[39134,"ABRACADEIRA EM ACO PARA AMARRACAO DE ELETRODUTOS, TIPO D, COM 3\" E CUNHA DE FIXACAO","UN    ","CR","6,70"]
[398,"ABRACADEIRA EM ACO PARA AMARRACAO DE ELETRODUTOS, TIPO D, COM 3\" E PARAFUSO DE FIXACAO","UN    ","CR","6,17"]
[39126,"ABRACADEIRA EM ACO PARA AMARRACAO DE ELETRODUTOS, TIPO D, COM 4\" E CUNHA DE FIXACAO","UN    ","CR","9,04"]
[399,"ABRACADEIRA EM ACO PARA AMARRACAO DE ELETRODUTOS, TIPO D, COM 4\" E PARAFUSO DE FIXACAO","UN    ","CR","7,97"]
[39158,"ABRACADEIRA EM ACO PARA AMARRACAO DE ELETRODUTOS, TIPO ECONOMICA (GOTA), COM 8\"","UN    ","CR","21,39"]
[39141,"ABRACADEIRA EM ACO PARA AMARRACAO DE ELETRODUTOS, TIPO U SIMPLES, COM 1 1/2\"","UN    ","CR","1,55"]
[39140,"ABRACADEIRA EM ACO PARA AMARRACAO DE ELETRODUTOS, TIPO U SIMPLES, COM 1 1/4\"","UN    ","CR","1,41"]
[39137,"ABRACADEIRA EM ACO PARA AMARRACAO DE ELETRODUTOS, TIPO U SIMPLES, COM 1/2\"","UN    ","CR","0,81"]
[39139,"ABRACADEIRA EM ACO PARA AMARRACAO DE ELETRODUTOS, TIPO U SIMPLES, COM 1\"","UN    ","CR","1,17"]
[39143,"ABRACADEIRA EM ACO PARA AMARRACAO DE ELETRODUTOS, TIPO U SIMPLES, COM 2 1/2\"","UN    ","CR","3,20"]
[39142,"ABRACADEIRA EM ACO PARA AMARRACAO DE ELETRODUTOS, TIPO U SIMPLES, COM 2\"","UN    ","CR","2,29"]
[39138,"ABRACADEIRA EM ACO PARA AMARRACAO DE ELETRODUTOS, TIPO U SIMPLES, COM 3/4\"","UN    ","CR","0,86"]
[39136,"ABRACADEIRA EM ACO PARA AMARRACAO DE ELETRODUTOS, TIPO U SIMPLES, COM 3/8\"","UN    ","CR","0,57"]
[39144,"ABRACADEIRA EM ACO PARA AMARRACAO DE ELETRODUTOS, TIPO U SIMPLES, COM 3\"","UN    ","CR","3,73"]
[39145,"ABRACADEIRA EM ACO PARA AMARRACAO DE ELETRODUTOS, TIPO U SIMPLES, COM 4\"","UN    ","CR","6,15"]
[12615,"ABRACADEIRA PVC, PARA CALHA PLUVIAL, DIAMETRO ENTRE *80 E 100* MM, PARA DRENAGEM PLUVIAL PREDIAL","UN    ","CR","11,17"]
[11927,"ABRACADEIRA, GALVANIZADA/ZINCADA, ROSCA SEM FIM, PARAFUSO INOX, LARGURA  FITA *12,6 A *14 MM, D = 2\" A 2 1/2\"","UN    ","CR","8,95"]
[11928,"ABRACADEIRA, GALVANIZADA/ZINCADA, ROSCA SEM FIM, PARAFUSO INOX, LARGURA  FITA *12,6 A *14 MM, D = 3\" A 3 3/4\"","UN    ","CR","10,26"]
[11929,"ABRACADEIRA, GALVANIZADA/ZINCADA, ROSCA SEM FIM, PARAFUSO INOX, LARGURA  FITA *12,6 A *14 MM, D = 4\" A 4 3/4\"","UN    ","CR","15,86"]
[36801,"ACABAMENTO DE METAL CROMADO PARA REGISTRO PEQUENO, DE PAREDE, 1/2 \" OU 3/4 \"","UN    ","CR","34,01"]
[36246,"ACABAMENTO SIMPLES/CONVENCIONAL PARA FORRO PVC, TIPO \"U\" OU \"C\", COR BRANCA, COMPRIMENTO 6 M","M     ","CR","4,07"]
[37600,"ACESSORIO DE LIGACAO NAO ELETRICO PARA CARGAS EXPLOSIVAS, TUBO DE 6 M","UN    ","AS","104,86"]
[37599,"ACESSORIO INICIADOR NAO ELETRICO, TUBO DE 6 M, TEMPO DE RETARDO DE *160* MS","UN    ","AS","97,60"]
[1,"ACETILENO (RECARGA DE GAS ACETILENO PARA CILINDRO DE CONJUNTO OXICORTE GRANDE) NAO INCLUI TROCA/MANUTENCAO DO CILINDRO","KG    ","C ","107,00"]
[3,"ACIDO CLORIDRICO / ACIDO MURIATICO, DILUICAO 10% A 12% PARA USO EM LIMPEZA","L     ","CR","15,19"]
[43054,"ACO CA-25, 10,0 MM, OU 12,5 MM, OU 16,0 MM, OU 20,0 MM, OU 25,0 MM, VERGALHAO","KG    ","CR","8,63"]
[42402,"ACO CA-25, 16,0 MM, BARRA DE TRANSFERENCIA","KG    ","CR","8,25"]
[42403,"ACO CA-25, 20,0 MM, BARRA DE TRANSFERENCIA","KG    ","CR","10,58"]
[42404,"ACO CA-25, 25,0 MM, BARRA DE TRANSFERENCIA","KG    ","CR","10,52"]
[42405,"ACO CA-25, 32,0 MM, BARRA DE TRANSFERENCIA","KG    ","CR","11,21"]
[34341,"ACO CA-25, 32,0 MM, VERGALHAO","KG    ","CR","9,73"]
[43053,"ACO CA-25, 6,3 MM OU 8,0 MM, VERGALHAO","KG    ","CR","7,71"]
[43058,"ACO CA-50, 10,0 MM, OU 12,5 MM, OU 16,0 MM, OU 20,0 MM, DOBRADO E CORTADO","KG    ","CR","7,99"]
[34,"ACO CA-50, 10,0 MM, VERGALHAO","KG    ","CR","8,03"]
[43055,"ACO CA-50, 12,5 MM OU 16,0 MM, VERGALHAO","KG    ","C ","6,96"]
[43056,"ACO CA-50, 20,0 MM OU 25,0 MM, VERGALHAO","KG    ","CR","8,02"]
[43057,"ACO CA-50, 32,0 MM, VERGALHAO","KG    ","CR","8,82"]
[34449,"ACO CA-50, 6,3 MM, DOBRADO E CORTADO","KG    ","CR","9,43"]
[32,"ACO CA-50, 6,3 MM, VERGALHAO","KG    ","CR","8,47"]
[33,"ACO CA-50, 8,0 MM, VERGALHAO","KG    ","CR","8,52"]
[43061,"ACO CA-60, 4,2 MM OU 5,0 MM, DOBRADO E CORTADO","KG    ","CR","7,96"]
[43059,"ACO CA-60, 4,2 MM, OU 5,0 MM, OU 6,0 MM, OU 7,0 MM, VERGALHAO","KG    ","CR","7,60"]
[43062,"ACO CA-60, 6,0 MM OU 7,0 MM, DOBRADO E CORTADO","KG    ","CR","8,43"]
[43060,"ACO CA-60, 8,0 MM OU 9,5 MM, VERGALHAO","KG    ","CR","6,62"]
[40410,"ACOPLAMENTO RIGIDO EM FERRO FUNDIDO PARA SISTEMA DE TUBULACAO RANHURADA, DN 50 MM (2\")","UN    ","C ","47,40"]
[40411,"ACOPLAMENTO RIGIDO EM FERRO FUNDIDO PARA SISTEMA DE TUBULACAO RANHURADA, DN 65 MM (2 1/2\")","UN    ","CR","51,44"]
[40412,"ACOPLAMENTO RIGIDO EM FERRO FUNDIDO PARA SISTEMA DE TUBULACAO RANHURADA, DN 80 MM (3\")","UN    ","CR","57,73"]
[44254,"ADAPTADOR CPVC, ROSCAVEL, COM FLANGES E ANEL DE VEDACAO, 15 MM, CAIXA D'AGUA PARA AGUA QUENTE","UN    ","CR","25,42"]
[44255,"ADAPTADOR CPVC, ROSCAVEL, COM FLANGES E ANEL DE VEDACAO, 22 MM, CAIXA D'AGUA PARA AGUA QUENTE","UN    ","CR","28,18"]
[44256,"ADAPTADOR CPVC, ROSCAVEL, COM FLANGES E ANEL DE VEDACAO, 28 MM, CAIXA D'AGUA PARA AGUA QUENTE","UN    ","CR","31,83"]
[44257,"ADAPTADOR CPVC, ROSCAVEL, COM FLANGES E ANEL DE VEDACAO, 35 MM, CAIXA D'AGUA PARA AGUA QUENTE","UN    ","CR","50,35"]
[44258,"ADAPTADOR CPVC, ROSCAVEL, COM FLANGES E ANEL DE VEDACAO, 42 MM, CAIXA D'AGUA PARA AGUA QUENTE","UN    ","CR","57,54"]
[44259,"ADAPTADOR CPVC, ROSCAVEL, COM FLANGES E ANEL DE VEDACAO, 54 MM, CAIXA D'AGUA PARA AGUA QUENTE","UN    ","CR","78,98"]
[37997,"ADAPTADOR CPVC, SOLDAVEL, 15 MM, PARA AGUA QUENTE","UN    ","CR","15,15"]
[37998,"ADAPTADOR CPVC, SOLDAVEL, 22 MM, PARA AGUA QUENTE","UN    ","CR","20,27"]
[55,"ADAPTADOR DE COMPRESSAO EM POLIPROPILENO (PP), PARA TUBO EM PEAD, 20 MM X 1/2\", PARA LIGACAO PREDIAL DE AGUA (NTS 179)","UN    ","AS","3,87"]
[61,"ADAPTADOR DE COMPRESSAO EM POLIPROPILENO (PP), PARA TUBO EM PEAD, 20 MM X 3/4\", PARA LIGACAO PREDIAL DE AGUA (NTS 179)","UN    ","AS","3,66"]
[62,"ADAPTADOR DE COMPRESSAO EM POLIPROPILENO (PP), PARA TUBO EM PEAD, 32 MM X 1\", PARA LIGACAO PREDIAL DE AGUA (NTS 179)","UN    ","AS","7,58"]
[10899,"ADAPTADOR EM LATAO, ENGATE RAPIDO 2 1/2\" X ROSCA INTERNA 5 FIOS 2 1/2\", PARA INSTALACAO PREDIAL DE COMBATE A INCENDIO","UN    ","CR","96,38"]
[10900,"ADAPTADOR EM LATAO, ENGATE RAPIDO1 1/2\" X ROSCA INTERNA 5 FIOS 2 1/2\", PARA INSTALACAO PREDIAL DE COMBATE A INCENDIO","UN    ","CR","75,42"]
[103,"ADAPTADOR PVC SOLDAVEL CURTO COM BOLSA E ROSCA, 110 MM X 4\", PARA AGUA FRIA","UN    ","CR","41,56"]
[107,"ADAPTADOR PVC SOLDAVEL CURTO COM BOLSA E ROSCA, 20 MM X 1/2\", PARA AGUA FRIA","UN    ","CR","0,78"]
[65,"ADAPTADOR PVC SOLDAVEL CURTO COM BOLSA E ROSCA, 25 MM X 3/4\", PARA AGUA FRIA","UN    ","CR","0,85"]
[108,"ADAPTADOR PVC SOLDAVEL CURTO COM BOLSA E ROSCA, 32 MM X 1\", PARA AGUA FRIA","UN    ","CR","1,72"]
[110,"ADAPTADOR PVC SOLDAVEL CURTO COM BOLSA E ROSCA, 40 MM X 1 1/2\", PARA AGUA FRIA","UN    ","CR","5,98"]
[109,"ADAPTADOR PVC SOLDAVEL CURTO COM BOLSA E ROSCA, 40 MM X 1 1/4\", PARA AGUA FRIA","UN    ","CR","3,56"]
[111,"ADAPTADOR PVC SOLDAVEL CURTO COM BOLSA E ROSCA, 50 MM X 1 1/4\", PARA AGUA FRIA","UN    ","CR","8,09"]
[112,"ADAPTADOR PVC SOLDAVEL CURTO COM BOLSA E ROSCA, 50 MM X1 1/2\", PARA AGUA FRIA","UN    ","CR","4,29"]
[113,"ADAPTADOR PVC SOLDAVEL CURTO COM BOLSA E ROSCA, 60 MM X 2\", PARA AGUA FRIA","UN    ","CR","10,73"]
[104,"ADAPTADOR PVC SOLDAVEL CURTO COM BOLSA E ROSCA, 75 MM X 2 1/2\", PARA AGUA FRIA","UN    ","CR","18,68"]
[102,"ADAPTADOR PVC SOLDAVEL CURTO COM BOLSA E ROSCA, 85 MM X 3\", PARA AGUA FRIA","UN    ","CR","25,75"]
[95,"ADAPTADOR PVC SOLDAVEL, COM FLANGE E ANEL DE VEDACAO, 20 MM X 1/2\", PARA CAIXA D'AGUA","UN    ","CR","10,88"]
[96,"ADAPTADOR PVC SOLDAVEL, COM FLANGE E ANEL DE VEDACAO, 25 MM X 3/4\", PARA CAIXA D'AGUA","UN    ","CR","11,84"]
[97,"ADAPTADOR PVC SOLDAVEL, COM FLANGE E ANEL DE VEDACAO, 32 MM X 1\", PARA CAIXA D'AGUA","UN    ","CR","17,81"]
[98,"ADAPTADOR PVC SOLDAVEL, COM FLANGE E ANEL DE VEDACAO, 40 MM X 1 1/4\", PARA CAIXA D'AGUA","UN    ","CR","26,66"]
[99,"ADAPTADOR PVC SOLDAVEL, COM FLANGE E ANEL DE VEDACAO, 50 MM X 1 1/2\", PARA CAIXA D'AGUA","UN    ","CR","25,19"]
[100,"ADAPTADOR PVC SOLDAVEL, COM FLANGES E ANEL DE VEDACAO, 60 MM X 2\", PARA CAIXA D' AGUA","UN    ","CR","44,02"]
[75,"ADAPTADOR PVC SOLDAVEL, COM FLANGES LIVRES, 110 MM X 4\", PARA CAIXA D' AGUA","UN    ","CR","256,64"]
[83,"ADAPTADOR PVC SOLDAVEL, COM FLANGES LIVRES, 75 MM X 2  1/2\", PARA CAIXA D' AGUA","UN    ","CR","205,17"]
[74,"ADAPTADOR PVC SOLDAVEL, COM FLANGES LIVRES, 85 MM X 3\", PARA CAIXA D' AGUA","UN    ","CR","293,34"]
[106,"ADAPTADOR PVC SOLDAVEL, LONGO, COM FLANGE LIVRE,  110 MM X 4\", PARA CAIXA D' AGUA","UN    ","CR","370,94"]
[88,"ADAPTADOR PVC SOLDAVEL, LONGO, COM FLANGE LIVRE,  32 MM X 1\", PARA CAIXA D' AGUA","UN    ","CR","10,42"]
[82,"ADAPTADOR PVC SOLDAVEL, LONGO, COM FLANGE LIVRE,  75 MM X 2 1/2\", PARA CAIXA D' AGUA","UN    ","CR","195,20"]
[105,"ADAPTADOR PVC SOLDAVEL, LONGO, COM FLANGE LIVRE,  85 MM X 3\", PARA CAIXA D' AGUA","UN    ","CR","276,60"]
[60,"ADAPTADOR PVC, COM REGISTRO, PARA PEAD, 20 MM X 3/4\", PARA LIGACAO PREDIAL DE AGUA","UN    ","AS","5,02"]
[72,"ADAPTADOR PVC, ROSCAVEL, COM FLANGES E ANEL DE VEDACAO, 1 1/2\", PARA CAIXA D'AGUA","UN    ","CR","48,32"]
[67,"ADAPTADOR PVC, ROSCAVEL, COM FLANGES E ANEL DE VEDACAO, 1/2\", PARA CAIXA D' AGUA","UN    ","CR","15,62"]
[71,"ADAPTADOR PVC, ROSCAVEL, COM FLANGES E ANEL DE VEDACAO, 1\", PARA CAIXA D' AGUA","UN    ","CR","29,84"]
[73,"ADAPTADOR PVC, ROSCAVEL, COM FLANGES E ANEL DE VEDACAO, 3/4\", PARA CAIXA D' AGUA","UN    ","CR","14,95"]
[46,"ADAPTADOR, PVC PBA,  BOLSA/ROSCA, JE, DN 75 / DE  85 MM","UN    ","CR","33,73"]
[47,"ADAPTADOR, PVC PBA, BOLSA/ROSCA, JE, DN 100 / DE 110 MM","UN    ","CR","57,68"]
[48,"ADAPTADOR, PVC PBA, BOLSA/ROSCA, JE, DN 50 / DE 60 MM","UN    ","CR","15,04"]
[52,"ADAPTADOR, PVC PBA, PONTA/ROSCA, JE, DN 50 / DE  60 MM","UN    ","CR","11,43"]
[43,"ADAPTADOR, PVC PBA, PONTA/ROSCA, JE, DN 75 / DE  85 MM","UN    ","CR","38,58"]
[39719,"ADESIVO / COLA DE CONTATO LIQUIDO, A BASE DE RESINAS, PARA COLAGEM DE ESPUMA PARA ISOLAMENTO TERMICO FLEXIVEL","L     ","CR","172,53"]
[3410,"ADESIVO / COLA PARA EPS (ISOPOR) E OUTROS MATERIAIS","KG    ","CR","38,81"]
[4791,"ADESIVO ACRILICO DE BASE AQUOSA / COLA DE CONTATO","KG    ","CR","37,09"]
[157,"ADESIVO ESTRUTURAL A BASE DE RESINA EPOXI PARA INJECAO EM TRINCAS, BICOMPONENTE, BAIXA VISCOSIDADE","KG    ","CR","138,63"]
[156,"ADESIVO ESTRUTURAL A BASE DE RESINA EPOXI, BICOMPONENTE, FLUIDO","KG    ","CR","49,36"]
[131,"ADESIVO ESTRUTURAL A BASE DE RESINA EPOXI, BICOMPONENTE, PASTOSO (TIXOTROPICO)","KG    ","CR","42,21"]
[21114,"ADESIVO PARA TUBOS CPVC, *75* G","UN    ","CR","34,01"]
[119,"ADESIVO PLASTICO PARA PVC, BISNAGA COM 75 GR","UN    ","C ","8,62"]
[122,"ADESIVO PLASTICO PARA PVC, FRASCO COM *850* GR","UN    ","CR","66,32"]
[20080,"ADESIVO PLASTICO PARA PVC, FRASCO COM 175 GR","UN    ","CR","21,64"]
[124,"ADITIVO ACELERADOR DE PEGA E ENDURECIMENTO PARA ARGAMASSAS E CONCRETOS, LIQUIDO E ISENTO DE CLORETOS","L     ","CR","16,28"]
[7334,"ADITIVO ADESIVO LIQUIDO PARA ARGAMASSAS DE REVESTIMENTOS CIMENTICIOS","L     ","CR","15,78"]
[123,"ADITIVO IMPERMEABILIZANTE DE PEGA NORMAL PARA ARGAMASSAS E CONCRETOS SEM ARMACAO, LIQUIDO E ISENTO DE CLORETOS","L     ","C ","6,66"]
[127,"ADITIVO IMPERMEABILIZANTE DE PEGA ULTRARRAPIDA, LIQUIDO E ISENTO DE CLORETOS","L     ","CR","15,90"]
[41373,"ADITIVO LIQUIDO IMPERMEABILIZANTE CRISTALIZANTE","L     ","CR","22,15"]
[133,"ADITIVO LIQUIDO INCORPORADOR DE AR PARA CONCRETO E ARGAMASSA, LIQUIDO E ISENTO DE CLORETOS","L     ","CR","6,60"]
[43617,"ADITIVO PLASTIFICANTE E ESTABILIZADOR PARA ARGAMASSAS DE ASSENTAMENTO E REBOCO, LIQUIDO E ISENTO DE CLORETOS","L     ","CR","7,38"]
[132,"ADITIVO PLASTIFICANTE RETARDADOR DE PEGA E REDUTOR DE AGUA PARA CONCRETO, LIQUIDO E ISENTO DE CLORETOS","L     ","CR","6,84"]
[43618,"ADITIVO SUPERPLASTIFICANTE DE PEGA NORMAL PARA CONCRETO, LIQUIDO E ISENTO DE CLORETOS","KG    ","CR","17,23"]
[37476,"ADUELA/ GALERIA PRE-MOLDADA DE CONCRETO ARMADO, SECAO QUADRADA INTERNA DE 1,50 X 1,50 M (L X A), MISULA DE 20 X 20 CM, C = 1,00 M, ESPESSURA MIN = 15 CM, TB-45 E FCK DO CONCRETO = 30 MPA","UN    ","CR","3.843,52"]
[37478,"ADUELA/ GALERIA PRE-MOLDADA DE CONCRETO ARMADO, SECAO RETANGULAR INTERNA DE 2,00 X 2,00 M (L X A), MISULA DE 20 X 20 CM, C = 1,00 M, ESPESSURA MIN = 15 CM, TB-45 E FCK DO CONCRETO = 30 MPA","UN    ","CR","4.814,11"]
[37477,"ADUELA/ GALERIA PRE-MOLDADA DE CONCRETO ARMADO, SECAO RETANGULAR INTERNA DE 2,50 X 2,50 M (L X A), MISULA DE 20 X 20 CM, C = 1,00 M, ESPESSURA MIN = 15 CM, TB-45 E FCK DO CONCRETO = 30 MPA","UN    ","CR","6.522,35"]
[37479,"ADUELA/ GALERIA PRE-MOLDADA DE CONCRETO ARMADO, SECAO RETANGULAR INTERNA DE 3,00 X 3,00 M (L X A), MISULA DE 20 X 20 CM, C = 1.00 M, ESPESSURA MIN = 20 CM, TB-45 E FCK DO CONCRETO = 30 MPA","UN    ","CR","7.735,58"]
[4319,"AFASTADOR PARA TELHA DE FIBROCIMENTO CANALETE 90 OU KALHETAO","UN    ","CR","1,90"]
[42409,"AGENTE DE CURA, PROTETOR DA EVAPORACAO DA AGUA DE HIDRATACAO DO CONCRETO","KG    ","CR","10,85"]
[40553,"AGREGADO RECICLADO, TIPO RACHAO RECICLADO CINZA, CLASSE A","M3    ","AS","52,50"]
[6114,"AJUDANTE DE ARMADOR (HORISTA)","H     ","CR","13,55"]
[40912,"AJUDANTE DE ARMADOR (MENSALISTA)","MES   ","CR","2.375,33"]
[247,"AJUDANTE DE ELETRICISTA (HORISTA)","H     ","CR","13,55"]
[40919,"AJUDANTE DE ELETRICISTA (MENSALISTA)","MES   ","CR","2.375,33"]
[40984,"AJUDANTE DE ESTRUTURAS METALICAS (MENSALISTA)","MES   ","CR","3.312,11"]
[44499,"AJUDANTE DE ESTRUTURAS METALICAS HORISTA","H     ","CR","18,91"]
[248,"AJUDANTE DE OPERACAO EM GERAL (HORISTA)","H     ","CR","19,70"]
[41086,"AJUDANTE DE OPERACAO EM GERAL (MENSALISTA)","MES   ","CR","3.451,40"]
[34466,"AJUDANTE DE PINTOR (HORISTA)","H     ","CR","13,55"]
[41083,"AJUDANTE DE PINTOR (MENSALISTA)","MES   ","CR","2.375,33"]
[252,"AJUDANTE DE SERRALHEIRO (HORISTA)","H     ","CR","13,55"]
[40909,"AJUDANTE DE SERRALHEIRO (MENSALISTA)","MES   ","CR","2.375,33"]
[242,"AJUDANTE ESPECIALIZADO (HORISTA)","H     ","CR","13,72"]
[41085,"AJUDANTE ESPECIALIZADO (MENSALISTA)","MES   ","CR","2.406,17"]
[427,"ALCA PREFORMADA DE CONTRA POSTE, EM ACO GALVANIZADO, PARA CABO 3/16\", COMPRIMENTO *860* MM","UN    ","CR","10,91"]
[417,"ALCA PREFORMADA DE DISTRIBUICAO, EM ACO GALVANIZADO, PARA CABO DE ALUMINIO DIAMETRO 16 A 25 MM","UN    ","CR","5,14"]
[11273,"ALCA PREFORMADA DE DISTRIBUICAO, EM ACO GALVANIZADO, PARA CONDUTORES DE ALUMINIO AWG 1/0 (CAA 6/1 OU CA 7 FIOS)","UN    ","CR","15,96"]
[11272,"ALCA PREFORMADA DE DISTRIBUICAO, EM ACO GALVANIZADO, PARA CONDUTORES DE ALUMINIO AWG 2 (CAA 6/1 OU CA 7 FIOS)","UN    ","CR","9,63"]
[11275,"ALCA PREFORMADA DE SERVICO, EM ACO GALVANIZADO, PARA CONDUTORES DE ALUMINIO AWG 4 (CAA 6/1)","UN    ","CR","3,86"]
[11274,"ALCA PREFORMADA DE SERVICO, EM ACO GALVANIZADO, PARA CONDUTORES DE ALUMINIO AWG 6 (CAA 6/1)","UN    ","CR","2,94"]
[38470,"ALICATE DE CORTE DIAGONAL 6 \" COM ISOLAMENTO","UN    ","C ","40,00"]
[38547,"ALICATE DE CRIMPAR RJ11, RJ12 E RJ45","UN    ","CR","109,15"]
[38469,"ALICATE DE PRESSAO PARA SOLDA DE CHAPA 18 \"","UN    ","CR","117,37"]
[38467,"ALICATE DE PRESSAO 11 \" PARA SOLDA, TIPO C","UN    ","CR","66,04"]
[38468,"ALICATE DE PRESSAO 11 \" PARA SOLDA, TIPO U","UN    ","CR","72,67"]
[38471,"ALICATE PARA ANEIS DE PISTAO, CAPACIDADE 50 A 100 MM","UN    ","CR","94,37"]
[37370,"ALIMENTACAO - HORISTA (COLETADO CAIXA - ENCARGOS COMPLEMENTARES)","H     ","C ","4,28"]
[40862,"ALIMENTACAO - MENSALISTA (COLETADO CAIXA - ENCARGOS COMPLEMENTARES)","MES   ","C ","806,41"]
[10658,"ALISADORA DE CONCRETO COM MOTOR A GASOLINA DE 5,5 HP, PESO COM MOTOR DE 78 KG, 4 PAS","UN    ","AS","7.359,00"]
[253,"ALMOXARIFE (HORISTA)","H     ","C ","27,60"]
[40809,"ALMOXARIFE (MENSALISTA)","MES   ","CR","4.832,85"]
[42428,"ALONGADOR COM TRES ALTURAS, EM TUBO DE ACO CARBONO, PINTURA NO PROCESSO ELETROSTATICO - EQUIPAMENTO DE GINASTICA PARA ACADEMIA AO AR LIVRE / ACADEMIA DA TERCEIRA IDADE - ATI","UN    ","AS","2.271,00"]
[301,"ANEL BORRACHA PARA TUBO ESGOTO PREDIAL, DN 100 MM (NBR 5688)","UN    ","C ","3,33"]
[296,"ANEL BORRACHA PARA TUBO ESGOTO PREDIAL, DN 50 MM (NBR 5688)","UN    ","CR","1,88"]
[297,"ANEL BORRACHA PARA TUBO ESGOTO PREDIAL, DN 75 MM (NBR 5688)","UN    ","CR","2,76"]
[299,"ANEL BORRACHA, DN 100 MM, PARA TUBO SERIE REFORCADA ESGOTO PREDIAL","UN    ","CR","3,91"]
[300,"ANEL BORRACHA, DN 150 MM, PARA TUBO SERIE REFORCADA ESGOTO PREDIAL","UN    ","CR","13,51"]
[20085,"ANEL BORRACHA, DN 50 MM, PARA TUBO SERIE REFORCADA ESGOTO PREDIAL","UN    ","CR","2,47"]
[298,"ANEL BORRACHA, DN 75 MM, PARA TUBO SERIE REFORCADA ESGOTO PREDIAL","UN    ","CR","3,00"]
[311,"ANEL BORRACHA, PARA TUBO PVC DEFOFO, DN 100 MM (NBR 7665)","UN    ","CR","11,15"]
[318,"ANEL BORRACHA, PARA TUBO PVC DEFOFO, DN 150 MM (NBR 7665)","UN    ","CR","22,45"]
[319,"ANEL BORRACHA, PARA TUBO PVC DEFOFO, DN 200 MM (NBR 7665)","UN    ","CR","35,20"]
[303,"ANEL BORRACHA, PARA TUBO PVC, REDE COLETOR ESGOTO, DN 100 MM (NBR 7362)","UN    ","CR","3,69"]
[305,"ANEL BORRACHA, PARA TUBO PVC, REDE COLETOR ESGOTO, DN 150 MM (NBR 7362)","UN    ","CR","11,60"]
[306,"ANEL BORRACHA, PARA TUBO PVC, REDE COLETOR ESGOTO, DN 200 MM (NBR 7362)","UN    ","CR","17,60"]
[307,"ANEL BORRACHA, PARA TUBO PVC, REDE COLETOR ESGOTO, DN 250 MM (NBR 7362)","UN    ","CR","44,46"]
[309,"ANEL BORRACHA, PARA TUBO PVC, REDE COLETOR ESGOTO, DN 350 MM (NBR 7362)","UN    ","CR","72,84"]
[310,"ANEL BORRACHA, PARA TUBO PVC, REDE COLETOR ESGOTO, DN 400 MM (NBR 7362)","UN    ","CR","100,95"]
[328,"ANEL BORRACHA, PARA TUBO/CONEXAO PVC PBA, DN 100 MM, PARA REDE AGUA","UN    ","CR","8,82"]
[325,"ANEL BORRACHA, PARA TUBO/CONEXAO PVC PBA, DN 50 MM, PARA REDE AGUA","UN    ","CR","2,60"]
[20326,"ANEL BORRACHA, PARA TUBO/CONEXAO PVC PBA, DN 60 MM, PARA REDE AGUA","UN    ","CR","4,76"]
[329,"ANEL BORRACHA, PARA TUBO/CONEXAO PVC PBA, DN 75 MM, PARA REDE AGUA","UN    ","CR","7,38"]
[308,"ANEL BORRACHA, PARA TUBO, PVC REDE COLETOR ESGOTO, DN 300 MM (NBR 7362)","UN    ","CR","99,24"]
[39642,"ANEL DE BORRACHA PARA VEDACAO DE DUTO PEAD CORRUGADO PARA ELETRICA, DN 1 1/2\" (NBR 15715)","UN    ","CR","3,27"]
[39641,"ANEL DE BORRACHA PARA VEDACAO DE DUTO PEAD CORRUGADO PARA ELETRICA, DN 1 1/4\" (NBR 15715)","UN    ","CR","2,87"]
[39643,"ANEL DE BORRACHA PARA VEDACAO DE DUTO PEAD CORRUGADO PARA ELETRICA, DN 2\" (NBR 15715)","UN    ","CR","3,84"]
[39644,"ANEL DE BORRACHA PARA VEDACAO DE DUTO PEAD CORRUGADO PARA ELETRICA, DN 3\" (NBR 15715)","UN    ","CR","5,95"]
[39645,"ANEL DE BORRACHA PARA VEDACAO DE DUTO PEAD CORRUGADO PARA ELETRICA, DN 4\" (NBR 15715)","UN    ","CR","6,52"]
[41610,"ANEL DE CONCRETO ARMADO COM FUNDO, PARA FOSSA E POCO 1,50 X *0,50* M","UN    ","CR","713,07"]
[41611,"ANEL DE CONCRETO ARMADO COM FUNDO, PARA FOSSA E POCO 2,00 X *0,50* M","UN    ","CR","1.123,94"]
[41612,"ANEL DE CONCRETO ARMADO COM FUNDO, PARA FOSSA E POCO 2,50 X *0,50* M","UN    ","CR","1.578,17"]
[41637,"ANEL DE CONCRETO ARMADO, COM FUROS/DRENO PARA SUMIDOURO, D = 0,80 M, H = 0,50 M","UN    ","CR","147,52"]
[41638,"ANEL DE CONCRETO ARMADO, COM FUROS/DRENO PARA SUMIDOURO, D = 1,00 M, H = 0,50M","UN    ","CR","192,17"]
[41639,"ANEL DE CONCRETO ARMADO, COM FUROS/DRENO PARA SUMIDOURO, D = 1,50 M, H = 0,50 M","UN    ","CR","464,91"]
[11789,"ANEL DE DISTRIBUICAO EM ACO GALVANIZADO PARA FIO FE-160","UN    ","CR","1,45"]
[20975,"ANEL DE EXPANSAO EM COBRE, ENGATE RAPIDO 1 1/2\", PARA EMPATACAO MANGUEIRA DE COMBATE A INCENDIO PREDIAL","UN    ","CR","15,11"]
[20976,"ANEL DE EXPANSAO EM COBRE, ENGATE RAPIDO 2 1/2\", PARA EMPATACAO MANGUEIRA DE COMBATE A INCENDIO PREDIAL","UN    ","CR","22,83"]
[40340,"ANEL DE VEDACAO/JUNTA ELASTICA, H = *16* MM, PARA TUBO DE CONCRETO, DN 300 MM","UN    ","CR","24,49"]
[40341,"ANEL DE VEDACAO/JUNTA ELASTICA, H = *16* MM, PARA TUBO DE CONCRETO, DN 400 MM","UN    ","CR","29,23"]
[40342,"ANEL DE VEDACAO/JUNTA ELASTICA, H = *16* MM, PARA TUBO DE CONCRETO, DN 500 MM","UN    ","CR","34,86"]
[40343,"ANEL DE VEDACAO/JUNTA ELASTICA, H = *16* MM, PARA TUBO DE CONCRETO, DN 600 MM","UN    ","CR","41,35"]
[40344,"ANEL DE VEDACAO/JUNTA ELASTICA, H = *18* MM, PARA TUBO DE CONCRETO, DN 700 MM","UN    ","CR","56,38"]
[40345,"ANEL DE VEDACAO/JUNTA ELASTICA, H = *19* MM, PARA TUBO DE CONCRETO, DN 800 MM","UN    ","CR","69,47"]
[40346,"ANEL DE VEDACAO/JUNTA ELASTICA, H = *19* MM, PARA TUBO DE CONCRETO, DN 900 MM","UN    ","CR","80,58"]
[40347,"ANEL DE VEDACAO/JUNTA ELASTICA, H = *21* MM, PARA TUBO DE CONCRETO, DN 1000 MM","UN    ","CR","101,25"]
[6138,"ANEL DE VEDACAO, PVC FLEXIVEL, 100 MM, PARA SAIDA DE BACIA / VASO SANITARIO","UN    ","CR","9,17"]
[43424,"ANEL EM CONCRETO ARMADO, LISO,  PARA FOSSAS SEPTICAS E SUMIDOUROS, COM FUNDO, DIAMETRO INTERNO DE 1,20 M E ALTURA DE 0,50 M","UN    ","CR","597,43"]
[43426,"ANEL EM CONCRETO ARMADO, LISO, PARA FOSSAS SEPTICAS E SUMIDOUROS, COM FUNDO, DIAMETRO INTERNO DE 3,00 M E ALTURA DE 0,50 M","UN    ","CR","2.060,55"]
[12565,"ANEL EM CONCRETO ARMADO, LISO, PARA FOSSAS SEPTICAS E SUMIDOUROS, SEM FUNDO, DIAMETRO INTERNO DE 2,00 M E ALTURA DE 0,50 M","UN    ","CR","722,61"]
[12567,"ANEL EM CONCRETO ARMADO, LISO, PARA FOSSAS SEPTICAS E SUMIDOUROS, SEM FUNDO, DIAMETRO INTERNO DE 2,50 M E ALTURA DE 0,50 M","UN    ","CR","970,58"]
[12568,"ANEL EM CONCRETO ARMADO, LISO, PARA FOSSAS SEPTICAS E SUMIDOUROS, SEM FUNDO, DIAMETRO INTERNO DE 3,00 M E ALTURA DE 0,50 M","UN    ","CR","1.358,82"]
[43441,"ANEL EM CONCRETO ARMADO, LISO, PARA POCOS DE INSPECAO, COM FUNDO, DIAMETRO INTERNO DE 0,60 M E ALTURA DE 0,50 M","UN    ","CR","174,70"]
[43423,"ANEL EM CONCRETO ARMADO, LISO, PARA POCOS DE INSPECAO, SEM FUNDO, DIAMETRO INTERNO DE 0,60 M E ALTURA DE 0,20 M","UN    ","CR","81,52"]
[12532,"ANEL EM CONCRETO ARMADO, LISO, PARA POCOS DE INSPECAO, SEM FUNDO, DIAMETRO INTERNO DE 0,60 M E ALTURA DE 0,50 M","UN    ","CR","125,73"]
[43444,"ANEL EM CONCRETO ARMADO, LISO, PARA POCOS DE VISITA, POCOS DE INSPECAO, FOSSAS SEPTICAS E SUMIDOUROS, COM FUNDO, DIAMETRO INTERNO DE 1,20 M E ALTURA DE 0,75 M","UN    ","CR","422,20"]
[12551,"ANEL EM CONCRETO ARMADO, LISO, PARA POCOS DE VISITA, POCOS DE INSPECAO, FOSSAS SEPTICAS E SUMIDOUROS, SEM FUNDO, DIAMETRO INTERNO DE 1,20 M E ALTURA DE 0,50 M","UN    ","CR","301,23"]
[43442,"ANEL EM CONCRETO ARMADO, LISO, PARA POCOS DE VISITAS, POCOS DE INSPECAO, FOSSAS SEPTICAS E SUMIDOUROS, COM FUNDO, DIAMETRO INTERNO DE 0,80 M E ALTURA DE 0,50 M","UN    ","CR","232,94"]
[43443,"ANEL EM CONCRETO ARMADO, LISO, PARA POCOS DE VISITAS, POCOS DE INSPECAO, FOSSAS SEPTICAS E SUMIDOUROS, COM FUNDO, DIAMETRO INTERNO DE 1,00 M E ALTURA DE 0,50 M","UN    ","CR","305,73"]
[12544,"ANEL EM CONCRETO ARMADO, LISO, PARA POCOS DE VISITAS, POCOS DE INSPECAO, FOSSAS SEPTICAS E SUMIDOUROS, SEM FUNDO, DIAMETRO INTERNO DE 0,80 M E ALTURA DE 0,50 M","UN    ","CR","164,99"]
[12547,"ANEL EM CONCRETO ARMADO, LISO, PARA POCOS DE VISITAS, POCOS DE INSPECAO, FOSSAS SEPTICAS E SUMIDOUROS, SEM FUNDO, DIAMETRO INTERNO DE 1,00 M E ALTURA DE 0,50 M","UN    ","CR","221,91"]
[43445,"ANEL EM CONCRETO ARMADO, LISO, PARA, POCOS DE VISITA, POCOS DE INSPECAO, FOSSAS SEPTICAS E SUMIDOUROS, COM FUNDO, DIAMETRO INTERNO DE 1,50 M E ALTURA DE 1,00 M","UN    ","CR","582,35"]
[12563,"ANEL EM CONCRETO ARMADO, LISO, PARA, POCOS DE VISITA, POCOS DE INSPECAO, FOSSAS SEPTICAS E SUMIDOUROS, SEM FUNDO, DIAMETRO INTERNO DE 1,50 M E ALTURA DE 0,50 M","UN    ","CR","416,65"]
[43425,"ANEL EM CONCRETO ARMADO, PERFURADO,  PARA FOSSAS SEPTICAS E SUMIDOUROS, SEM FUNDO, DIAMETRO INTERNO DE 1,20 M E ALTURA DE 0,50 M","UN    ","CR","262,05"]
[43446,"ANEL EM CONCRETO ARMADO, PERFURADO, PARA FOSSAS SEPTICAS E SUMIDOUROS, SEM FUNDO, DIAMETRO INTERNO DE 2,00 M E ALTURA DE 0,50 M","UN    ","CR","553,23"]
[43447,"ANEL EM CONCRETO ARMADO, PERFURADO, PARA FOSSAS SEPTICAS E SUMIDOUROS, SEM FUNDO, DIAMETRO INTERNO DE 2,50 M E ALTURA DE 0,50 M","UN    ","CR","679,41"]
[43448,"ANEL EM CONCRETO ARMADO, PERFURADO, PARA FOSSAS SEPTICAS E SUMIDOUROS, SEM FUNDO, DIAMETRO INTERNO DE 3,00 M E ALTURA DE 0,50 M","UN    ","CR","951,17"]
[13761,"APARELHO CORTE OXI-ACETILENO PARA SOLDA E CORTE CONTENDO MACARICO SOLDA, BICO DE CORTE, CILINDROS, REGULADORES, MANGUEIRAS E CARRINHO","UN    ","CR","3.075,26"]
[4814,"APARELHO SINALIZADOR LUMINOSO COM LED, PARA SAIDA GARAGEM, COM 2 LENTES EM POLICARBONATO, BIVOLT (INCLUI SUPORTE DE FIXACAO)","UN    ","CR","75,06"]
[44473,"APOIO DO PORTA DENTE PARA FRESADORA DE  ASFALTO","UN    ","AS","2.643,01"]
[6122,"APONTADOR OU APROPRIADOR DE MAO DE OBRA (HORISTA)","H     ","CR","28,76"]
[40810,"APONTADOR OU APROPRIADOR DE MAO DE OBRA (MENSALISTA)","MES   ","CR","5.037,05"]
[21100,"AQUECEDOR DE AGUA A GAS GLP/GN COM CAPACIDADE DE ARMAZENAMENTO DE 50 A 80 L","UN    ","CR","3.073,74"]
[11816,"AQUECEDOR DE AGUA ELETRICO  RESERVATORIO DE 100 L CILINDRICO EM COBRE, REFORCADO COM ACO CARBONO, MONOFASICO, TENSAO NOMINAL 220 V","UN    ","C ","3.277,50"]
[11814,"AQUECEDOR DE AGUA ELETRICO  RESERVATORIO DE 500 L CILINDRICO EM COBRE, REFORCADO COM ACO CARBONO, MONOFASICO, TENSAO NOMINAL 220 V","UN    ","CR","7.134,29"]
[14186,"AQUECEDOR DE AGUA ELETRICO  RESERVATORIO DE 500 L CILINDRICO EM COBRE, REFORCADO COM ACO CARBONO, TRIFASICO, TENSAO NOMINAL 220/380/400 V, POTENCIA 24 KW","UN    ","CR","8.958,07"]
[14185,"AQUECEDOR DE AGUA ELETRICO  RESERVATORIO DE 700 L CILINDRICO EM COBRE, REFORCADO COM ACO CARBONO, MONOFASICO, TENSAO NOMINAL 220 V","UN    ","CR","11.604,19"]
[11811,"AQUECEDOR DE AGUA ELETRICO HORIZONTAL, RESERVATORIO DE 200 L CILINDRICO EM COBRE, REFORCADO COM ACO CARBONO, MONOFASICO, TENSAO NOMINAL 220 V","UN    ","CR","4.437,00"]
[44498,"AQUECEDOR DE OLEO BPF (FLUIDO) TERMICO, CAPACIDADE DE 300.000  KCAL/H","UN    ","AS","318.204,48"]
[34469,"AQUECEDOR SOLAR COM RESERVATORIO TERMICO DE 1000 L E *5* PLACAS COLETORAS DE *2,0* M2 (NAO INCLUI ACESSORIOS) (SEM INSTALACAO)","UN    ","CR","16.166,74"]
[34476,"AQUECEDOR SOLAR COM RESERVATORIO TERMICO DE 400 L E *2* PLACAS COLETORAS DE *2,0* M2 (NAO INCLUI ACESSORIOS) (SEM INSTALACAO)","UN    ","CR","8.431,63"]
[34477,"AQUECEDOR SOLAR COM RESERVATORIO TERMICO DE 600 L E *3* PLACAS COLETORAS DE *2,0* M2 (NAO INCLUI ACESSORIOS) (SEM INSTALACAO)","UN    ","CR","11.190,41"]
[34482,"AQUECEDOR SOLAR COM RESERVATORIO TERMICO DE 800 L E *4* PLACAS COLETORAS DE *2,0* M2 (NAO INCLUI ACESSORIOS) (SEM INSTALACAO)","UN    ","CR","10.451,23"]
[34472,"AQUECEDOR SOLAR DE INSTALACAO EXTERNA, KIT COMPACTO, CONJUNTO COM RESERVATORIO TERMICO DE 200 L, PLACA COLETORA DE *2,0* M2 E INCLUSO ACESSORIOS (RESIDENCIAS ATE 120,00 M2 E DE 4 A 5 BANHOS POR DIA) (SEM INSTALACAO)","UN    ","C ","4.974,00"]
[42425,"AR CONDICIONADO SPLIT INVERTER, HI-WALL (PAREDE), 12000 BTU/H, CICLO FRIO, 60HZ, CLASSIFICACAO A (SELO PROCEL), GAS HFC, CONTROLE S/FIO","UN    ","CR","2.272,77"]
[42422,"AR CONDICIONADO SPLIT INVERTER, HI-WALL (PAREDE), 18000 BTU/H, CICLO FRIO, 60HZ, CLASSIFICACAO A (SELO PROCEL), GAS HFC, CONTROLE S/FIO","UN    ","C ","3.374,00"]
[43184,"AR CONDICIONADO SPLIT INVERTER, HI-WALL (PAREDE), 24000 BTU/H, CICLO FRIO, 60HZ, CLASSIFICACAO A (SELO PROCEL), GAS HFC, CONTROLE S/FIO","UN    ","CR","4.663,19"]
[42424,"AR CONDICIONADO SPLIT INVERTER, HI-WALL (PAREDE), 9000 BTU/H, CICLO FRIO, 60HZ, CLASSIFICACAO A (SELO PROCEL), GAS HFC, CONTROLE S/FIO","UN    ","CR","2.029,78"]
[42421,"AR CONDICIONADO SPLIT INVERTER, PISO TETO, APRESENTANDO ENTRE 54000 E 58000 BTU/H, CICLO FRIO, 60HZ, CLASSIFICACAO ENERGETICA A OU B (SELO PROCEL), GAS HFC, CONTROLE S/FIO","UN    ","CR","18.480,92"]
[42416,"AR CONDICIONADO SPLIT INVERTER, PISO TETO, 18000 BTU/H, CICLO FRIO, 60HZ, CLASSIFICACAO ENERGETICA A OU B (SELO PROCEL), GAS HFC, CONTROLE S/FIO","UN    ","CR","8.750,15"]
[42417,"AR CONDICIONADO SPLIT INVERTER, PISO TETO, 24000 BTU/H, CICLO FRIO, 60HZ, CLASSIFICACAO ENERGETICA A OU B (SELO PROCEL), GAS HFC, CONTROLE S/FIO","UN    ","CR","9.809,63"]
[42419,"AR CONDICIONADO SPLIT INVERTER, PISO TETO, 36000 BTU/H, CICLO FRIO, 60HZ, CLASSIFICACAO ENERGETICA A OU B (SELO PROCEL), GAS HFC, CONTROLE S/FIO","UN    ","CR","11.082,80"]
[42420,"AR CONDICIONADO SPLIT INVERTER, PISO TETO, 48000 BTU/H, CICLO FRIO, 60HZ, CLASSIFICACAO ENERGETICA A OU B (SELO PROCEL), GAS HFC, CONTROLE S/FIO","UN    ","CR","15.232,49"]
[43195,"AR CONDICIONADO SPLIT ON/OFF, CASSETE (TETO), FRIO 4 VIAS 18000 BTUS/H, CLASSIFICACAO ENERGETICA C - SELO PROCEL, GAS HFC, CONTROLE S/ FIO","UN    ","CR","5.363,57"]
[43196,"AR CONDICIONADO SPLIT ON/OFF, CASSETE (TETO), FRIO 4 VIAS 24000 BTUS/H, CLASSIFICACAO ENERGETICA C - SELO PROCEL, GAS HFC, CONTROLE S/ FIO","UN    ","CR","6.647,38"]
[43198,"AR CONDICIONADO SPLIT ON/OFF, CASSETE (TETO), FRIO 4 VIAS 36000 BTUS/H, CLASSIFICACAO ENERGETICA C - SELO PROCEL, GAS HFC, CONTROLE S/ FIO","UN    ","CR","9.877,85"]
[43199,"AR CONDICIONADO SPLIT ON/OFF, CASSETE (TETO), FRIO 4 VIAS 48000 BTUS/H, CLASSIFICACAO ENERGETICA C - SELO PROCEL, GAS HFC, CONTROLE S/ FIO","UN    ","CR","10.239,81"]
[43200,"AR CONDICIONADO SPLIT ON/OFF, CASSETE (TETO), FRIO 4 VIAS 60000 BTUS/H, CLASSIFICACAO ENERGETICA C - SELO PROCEL, GAS HFC, CONTROLE S/ FIO","UN    ","CR","11.750,92"]
[39556,"AR CONDICIONADO SPLIT ON/OFF, CASSETE (TETO), 18000 BTUS/H, CICLO QUENTE/FRIO, 60 HZ, CLASSIFICACAO ENERGETICA C - SELO PROCEL, GAS HFC, CONTROLE S/ FIO","UN    ","CR","6.418,01"]
[39557,"AR CONDICIONADO SPLIT ON/OFF, CASSETE (TETO), 24000 BTUS/H, CICLO QUENTE/FRIO, 60 HZ, CLASSIFICACAO ENERGETICA C - SELO PROCEL, GAS HFC, CONTROLE S/ FIO","UN    ","CR","6.910,79"]
[39559,"AR CONDICIONADO SPLIT ON/OFF, CASSETE (TETO), 36000 BTUS/H, CICLO QUENTE/FRIO, 60 HZ, CLASSIFICACAO ENERGETICA A - SELO PROCEL, GAS HFC, CONTROLE S/ FIO","UN    ","CR","10.212,83"]
[39560,"AR CONDICIONADO SPLIT ON/OFF, CASSETE (TETO), 48000 BTUS/H, CICLO QUENTE/FRIO, 60 HZ, CLASSIFICACAO ENERGETICA A - SELO PROCEL, GAS HFC, CONTROLE S/ FIO","UN    ","CR","11.815,24"]
[39561,"AR CONDICIONADO SPLIT ON/OFF, CASSETE (TETO), 60000 BTUS/H, CICLO QUENTE/FRIO, 60 HZ, CLASSIFICACAO ENERGETICA A - SELO PROCEL, GAS HFC, CONTROLE S/ FIO","UN    ","CR","12.360,25"]
[43190,"AR CONDICIONADO SPLIT ON/OFF, HI-WALL (PAREDE), 12000 BTUS/H, CICLO FRIO, 60 HZ, CLASSIFICACAO ENERGETICA A - SELO PROCEL, GAS HFC, CONTROLE S/ FIO","UN    ","CR","1.824,04"]
[39555,"AR CONDICIONADO SPLIT ON/OFF, HI-WALL (PAREDE), 12000 BTUS/H, CICLO QUENTE/FRIO, 60 HZ, CLASSIFICACAO ENERGETICA A - SELO PROCEL, GAS HFC, CONTROLE S/ FIO","UN    ","CR","1.973,15"]
[43191,"AR CONDICIONADO SPLIT ON/OFF, HI-WALL (PAREDE), 18000 BTUS/H, CICLO FRIO, 60 HZ, CLASSIFICACAO ENERGETICA A - SELO PROCEL, GAS HFC, CONTROLE S/ FIO","UN    ","CR","2.624,56"]
[39548,"AR CONDICIONADO SPLIT ON/OFF, HI-WALL (PAREDE), 18000 BTUS/H, CICLO QUENTE/FRIO, 60 HZ, CLASSIFICACAO ENERGETICA A - SELO PROCEL, GAS HFC, CONTROLE S/ FIO","UN    ","CR","2.926,79"]
[43192,"AR CONDICIONADO SPLIT ON/OFF, HI-WALL (PAREDE), 24000 BTUS/H, CICLO FRIO, 60 HZ, CLASSIFICACAO ENERGETICA A - SELO PROCEL, GAS HFC, CONTROLE S/ FIO","UN    ","CR","3.437,93"]
[39554,"AR CONDICIONADO SPLIT ON/OFF, HI-WALL (PAREDE), 24000 BTUS/H, CICLO QUENTE/FRIO, 60 HZ, CLASSIFICACAO ENERGETICA A - SELO PROCEL, GAS HFC, CONTROLE S/ FIO","UN    ","CR","3.870,24"]
[43194,"AR CONDICIONADO SPLIT ON/OFF, HI-WALL (PAREDE), 9000 BTUS/H, CICLO FRIO, 60 HZ, CLASSIFICACAO ENERGETICA A - SELO PROCEL, GAS HFC, CONTROLE S/ FIO","UN    ","CR","1.562,60"]
[39551,"AR CONDICIONADO SPLIT ON/OFF, HI-WALL (PAREDE), 9000 BTUS/H, CICLO QUENTE/FRIO, 60 HZ, CLASSIFICACAO ENERGETICA A - SELO PROCEL, GAS HFC, CONTROLE S/ FIO","UN    ","CR","1.720,59"]
[43185,"AR CONDICIONADO SPLIT ON/OFF, PISO TETO, 18.000 BTU/H, CICLO FRIO, 60HZ, CLASSIFICACAO ENERGETICA C - SELO PROCEL, GAS HFC, CONTROLE S/FIO","UN    ","CR","4.889,62"]
[43186,"AR CONDICIONADO SPLIT ON/OFF, PISO TETO, 24.000 BTU/H, CICLO FRIO, 60HZ, CLASSIFICACAO ENERGETICA C - SELO PROCEL, GAS HFC, CONTROLE S/FIO","UN    ","CR","5.157,57"]
[43187,"AR CONDICIONADO SPLIT ON/OFF, PISO TETO, 36.000 BTU/H, CICLO FRIO, 60HZ, CLASSIFICACAO ENERGETICA C - SELO PROCEL, GAS HFC, CONTROLE S/FIO","UN    ","CR","6.844,14"]
[43188,"AR CONDICIONADO SPLIT ON/OFF, PISO TETO, 48.000 BTU/H, CICLO FRIO, 60HZ, CLASSIFICACAO ENERGETICA C - SELO PROCEL, GAS HFC, CONTROLE S/FIO","UN    ","CR","8.292,59"]
[43189,"AR CONDICIONADO SPLIT ON/OFF, PISO TETO, 60.000 BTU/H, CICLO FRIO, 60HZ, CLASSIFICACAO ENERGETICA C - SELO PROCEL, GAS HFC, CONTROLE S/FIO","UN    ","CR","9.327,78"]
[39580,"AR-CONDICIONADO FRIO SPLITAO INVERTER 30 TR","UN    ","CR","73.506,70"]
[39577,"AR-CONDICIONADO FRIO SPLITAO MODULAR 10 TR","UN    ","CR","23.007,44"]
[39578,"AR-CONDICIONADO FRIO SPLITAO MODULAR 15 TR","UN    ","CR","29.691,56"]
[39579,"AR-CONDICIONADO FRIO SPLITAO MODULAR 20 TR","UN    ","CR","43.198,89"]
[39826,"AR-CONDICIONADO SPLIT INVERTER, PISO TETO, 24000 BTU/H, QUENTE/FRIO, 60HZ, CLASSIFICACAO ENERGETICA A - SELO PROCEL, GAS HFC, CONTROLE S/FIO","UN    ","CR","5.305,61"]
[10700,"ARADO REVERSIVEL COM 3 DISCOS DE 26\" X 6MM REBOCAVEL","UN    ","CR","24.073,87"]
[346,"ARAME DE ACO OVALADO 15 X 17 ( 45,7 KG, 700 KGF), ROLO 1000 M","KG    ","CR","28,96"]
[3312,"ARAME DE AMARRACAO PARA GABIAO GALVANIZADO, DIAMETRO 2,2 MM","KG    ","CR","25,65"]
[339,"ARAME FARPADO GALVANIZADO, 14 BWG (2,11 MM), CLASSE 250","M     ","CR","1,49"]
[340,"ARAME FARPADO GALVANIZADO, 16 BWG (1,65 MM), CLASSE 250","M     ","CR","1,35"]
[43130,"ARAME GALVANIZADO 12 BWG, D = 2,76 MM (0,048 KG/M) OU 14 BWG, D = 2,11 MM (0,026 KG/M)","KG    ","C ","24,45"]
[344,"ARAME GALVANIZADO 16 BWG, D = 1,65MM (0,0166 KG/M)","KG    ","CR","32,14"]
[345,"ARAME GALVANIZADO 18 BWG, D = 1,24MM (0,009 KG/M)","KG    ","CR","34,87"]
[43131,"ARAME GALVANIZADO 6 BWG, D = 5,16 MM (0,157 KG/M), OU 8 BWG, D = 4,19 MM (0,101 KG/M), OU 10 BWG, D = 3,40 MM (0,0713 KG/M)","KG    ","CR","28,40"]
[3313,"ARAME PROTEGIDO COM POLIMERO PARA GABIAO, DIAMETRO 2,2 MM","KG    ","CR","33,01"]
[43132,"ARAME RECOZIDO 16 BWG, D = 1,65 MM (0,016 KG/M) OU 18 BWG, D = 1,25 MM (0,01 KG/M)","KG    ","CR","24,45"]
[366,"AREIA FINA - POSTO JAZIDA/FORNECEDOR (RETIRADO NA JAZIDA, SEM TRANSPORTE)","M3    ","C ","110,00"]
[367,"AREIA GROSSA - POSTO JAZIDA/FORNECEDOR (RETIRADO NA JAZIDA, SEM TRANSPORTE)","M3    ","CR","111,43"]
[370,"AREIA MEDIA - POSTO JAZIDA/FORNECEDOR (RETIRADO NA JAZIDA, SEM TRANSPORTE)","M3    ","CR","110,00"]
[368,"AREIA PARA ATERRO - POSTO JAZIDA/FORNECEDOR (RETIRADO NA JAZIDA, SEM TRANSPORTE)","M3    ","CR","55,00"]
[11075,"AREIA PARA LEITO FILTRANTE (0,42 A 1,68 MM) - POSTO JAZIDA/FORNECEDOR (RETIRADO NA JAZIDA, SEM TRANSPORTE)","M3    ","CR","1.262,46"]
[1381,"ARGAMASSA COLANTE AC I PARA CERAMICAS","KG    ","C ","0,86"]
[34353,"ARGAMASSA COLANTE AC II","KG    ","CR","1,60"]
[37595,"ARGAMASSA COLANTE TIPO AC III","KG    ","CR","2,64"]
[37596,"ARGAMASSA COLANTE TIPO AC III E","KG    ","CR","3,03"]
[371,"ARGAMASSA INDUSTRIALIZADA MULTIUSO, PARA REVESTIMENTO INTERNO E EXTERNO E ASSENTAMENTO DE BLOCOS DIVERSOS","KG    ","CR","0,94"]
[37553,"ARGAMASSA INDUSTRIALIZADA PARA CHAPISCO COLANTE","KG    ","CR","1,75"]
[37552,"ARGAMASSA INDUSTRIALIZADA PARA CHAPISCO ROLADO","KG    ","CR","2,82"]
[36880,"ARGAMASSA PARA REVESTIMENTO DECORATIVO MONOCAMADA","KG    ","CR","2,87"]
[34355,"ARGAMASSA PISO SOBRE PISO","KG    ","CR","2,47"]
[130,"ARGAMASSA POLIMERICA DE REPARO ESTRUTURAL, BICOMPONENTE","KG    ","CR","3,79"]
[135,"ARGAMASSA POLIMERICA IMPERMEABILIZANTE SEMIFLEXIVEL, BICOMPONENTE, A BASE DE CIMENTO E ADITIVOS","KG    ","CR","3,05"]
[36886,"ARGAMASSA PRONTA PARA CONTRAPISO","KG    ","CR","0,89"]
[38546,"ARGAMASSA USINADA AUTOADENSAVEL E AUTONIVELANTE PARA CONTRAPISO, COM BOMBEAMENTO (DISPONIBILIZACAO DE BOMBA), SEM O LANCAMENTO","M3    ","CR","545,57"]
[34549,"ARGILA EXPANDIDA, GRANULOMETRIA 2215","M3    ","CR","1.120,78"]
[6081,"ARGILA OU BARRO PARA ATERRO/REATERRO (COM TRANSPORTE ATE 10 KM)","M3    ","CR","78,45"]
[6077,"ARGILA OU BARRO PARA ATERRO/REATERRO (RETIRADO NA JAZIDA, SEM TRANSPORTE)","M3    ","CR","56,03"]
[6079,"ARGILA, ARGILA VERMELHA OU ARGILA ARENOSA (RETIRADA NA JAZIDA, SEM TRANSPORTE)","M3    ","CR","56,03"]
[1091,"ARMACAO VERTICAL COM HASTE E CONTRA-PINO, EM CHAPA DE ACO GALVANIZADO 3/16\", COM 1 ESTRIBO E 1 ISOLADOR","UN    ","CR","43,45"]
[1094,"ARMACAO VERTICAL COM HASTE E CONTRA-PINO, EM CHAPA DE ACO GALVANIZADO 3/16\", COM 1 ESTRIBO, SEM ISOLADOR","UN    ","CR","30,39"]
[1095,"ARMACAO VERTICAL COM HASTE E CONTRA-PINO, EM CHAPA DE ACO GALVANIZADO 3/16\", COM 2 ESTRIBOS, E 2 ISOLADORES","UN    ","CR","64,59"]
[1092,"ARMACAO VERTICAL COM HASTE E CONTRA-PINO, EM CHAPA DE ACO GALVANIZADO 3/16\", COM 2 ESTRIBOS, SEM ISOLADOR","UN    ","C ","49,98"]
[1093,"ARMACAO VERTICAL COM HASTE E CONTRA-PINO, EM CHAPA DE ACO GALVANIZADO 3/16\", COM 3 ESTRIBOS E 3 ISOLADORES","UN    ","CR","116,72"]
[1090,"ARMACAO VERTICAL COM HASTE E CONTRA-PINO, EM CHAPA DE ACO GALVANIZADO 3/16\", COM 3 ESTRIBOS, SEM ISOLADOR","UN    ","CR","83,57"]
[1096,"ARMACAO VERTICAL COM HASTE E CONTRA-PINO, EM CHAPA DE ACO GALVANIZADO 3/16\", COM 4 ESTRIBOS E 4 ISOLADORES","UN    ","CR","150,39"]
[1097,"ARMACAO VERTICAL COM HASTE E CONTRA-PINO, EM CHAPA DE ACO GALVANIZADO 3/16\", COM 4 ESTRIBOS, SEM ISOLADOR","UN    ","CR","127,67"]
[378,"ARMADOR (HORISTA)","H     ","CR","21,79"]
[40911,"ARMADOR (MENSALISTA)","MES   ","CR","3.815,80"]
[33939,"ARQUITETO JUNIOR (HORISTA)","H     ","CR","107,68"]
[40815,"ARQUITETO JUNIOR (MENSALISTA)","MES   ","CR","18.855,82"]
[34760,"ARQUITETO PAISAGISTA","H     ","CR","80,63"]
[40935,"ARQUITETO PAISAGISTA (MENSALISTA)","MES   ","CR","14.119,58"]
[33952,"ARQUITETO PLENO (HORISTA)","H     ","CR","114,09"]
[40816,"ARQUITETO PLENO (MENSALISTA)","MES   ","CR","19.975,92"]
[33953,"ARQUITETO SENIOR (HORISTA)","H     ","CR","119,55"]
[40817,"ARQUITETO SENIOR (MENSALISTA)","MES   ","CR","20.935,41"]
[13348,"ARRUELA  EM ACO GALVANIZADO, DIAMETRO EXTERNO = 35MM, ESPESSURA = 3MM, DIAMETRO DO FURO= 18MM","UN    ","CR","1,55"]
[39211,"ARRUELA EM ALUMINIO, COM ROSCA, DE  1 1/4\", PARA ELETRODUTO","UN    ","CR","2,03"]
[39212,"ARRUELA EM ALUMINIO, COM ROSCA, DE 1 1/2\", PARA ELETRODUTO","UN    ","CR","2,26"]
[39208,"ARRUELA EM ALUMINIO, COM ROSCA, DE 1/2\", PARA ELETRODUTO","UN    ","CR","0,62"]
[39210,"ARRUELA EM ALUMINIO, COM ROSCA, DE 1\", PARA ELETRODUTO","UN    ","CR","1,14"]
[39214,"ARRUELA EM ALUMINIO, COM ROSCA, DE 2 1/2\", PARA ELETRODUTO","UN    ","CR","4,20"]
[39213,"ARRUELA EM ALUMINIO, COM ROSCA, DE 2\", PARA ELETRODUTO","UN    ","CR","2,97"]
[39209,"ARRUELA EM ALUMINIO, COM ROSCA, DE 3/4\", PARA ELETRODUTO","UN    ","CR","0,73"]
[39207,"ARRUELA EM ALUMINIO, COM ROSCA, DE 3/8\", PARA ELETRODUTO","UN    ","CR","1,14"]
[39215,"ARRUELA EM ALUMINIO, COM ROSCA, DE 3\", PARA ELETRODUTO","UN    ","CR","7,65"]
[39216,"ARRUELA EM ALUMINIO, COM ROSCA, DE 4\", PARA ELETRODUTO","UN    ","CR","10,67"]
[11267,"ARRUELA LISA, REDONDA, DE LATAO POLIDO, DIAMETRO NOMINAL 5/8\", DIAMETRO EXTERNO = 34 MM, DIAMETRO DO FURO = 17 MM, ESPESSURA = *2,5* MM","UN    ","CR","1,35"]
[379,"ARRUELA QUADRADA EM ACO GALVANIZADO, DIMENSAO = 38 MM, ESPESSURA = 3MM, DIAMETRO DO FURO= 18 MM","UN    ","CR","1,36"]
[510,"ASFALTO MODIFICADO TIPO I - NBR 9910 (ASFALTO OXIDADO PARA IMPERMEABILIZACAO, COEFICIENTE DE PENETRACAO 25-40)","KG    ","CR","10,38"]
[516,"ASFALTO MODIFICADO TIPO II - NBR 9910 (ASFALTO OXIDADO PARA IMPERMEABILIZACAO, COEFICIENTE DE PENETRACAO 20-35)","KG    ","CR","12,30"]
[509,"ASFALTO MODIFICADO TIPO III - NBR 9910 (ASFALTO OXIDADO PARA IMPERMEABILIZACAO, COEFICIENTE DE PENETRACAO 15-25)","KG    ","CR","13,80"]
[40331,"ASSENTADOR DE MANILHAS","H     ","CR","44,60"]
[40930,"ASSENTADOR DE MANILHAS (MENSALISTA)","MES   ","CR","7.811,51"]
[11761,"ASSENTO  VASO SANITARIO INFANTIL EM PLASTICO BRANCO","UN    ","CR","81,74"]
[377,"ASSENTO SANITARIO DE PLASTICO, TIPO CONVENCIONAL","UN    ","C ","38,41"]
[7588,"AUTOMATICO DE BOIA SUPERIOR / INFERIOR, *15* A / 250 V","UN    ","C ","52,00"]
[34392,"AUXILIAR DE ALMOXARIFE (HORISTA)","H     ","CR","17,16"]
[40908,"AUXILIAR DE ALMOXARIFE (MENSALISTA)","MES   ","CR","3.008,43"]
[34551,"AUXILIAR DE AZULEJISTA (HORISTA)","H     ","CR","13,55"]
[41078,"AUXILIAR DE AZULEJISTA (MENSALISTA)","MES   ","CR","2.375,33"]
[246,"AUXILIAR DE ENCANADOR OU BOMBEIRO HIDRAULICO (HORISTA)","H     ","CR","13,55"]
[40927,"AUXILIAR DE ENCANADOR OU BOMBEIRO HIDRAULICO (MENSALISTA)","MES   ","CR","2.375,33"]
[2350,"AUXILIAR DE ESCRITORIO (HORISTA)","H     ","CR","19,21"]
[40812,"AUXILIAR DE ESCRITORIO (MENSALISTA)","MES   ","CR","3.365,70"]
[245,"AUXILIAR DE LABORATORISTA DE SOLOS E DE CONCRETO (HORISTA)","H     ","CR","27,96"]
[41090,"AUXILIAR DE LABORATORISTA DE SOLOS E DE CONCRETO (MENSALISTA)","MES   ","CR","4.897,54"]
[251,"AUXILIAR DE MECANICO","H     ","CR","21,79"]
[40975,"AUXILIAR DE MECANICO (MENSALISTA)","MES   ","CR","3.817,14"]
[6127,"AUXILIAR DE PEDREIRO (HORISTA)","H     ","CR","13,55"]
[41072,"AUXILIAR DE PEDREIRO (MENSALISTA)","MES   ","CR","2.375,33"]
[6121,"AUXILIAR DE SERVICOS GERAIS","H     ","CR","13,03"]
[41071,"AUXILIAR DE SERVICOS GERAIS (MENSALISTA)","MES   ","CR","2.282,70"]
[244,"AUXILIAR DE TOPOGRAFO (HORISTA)","H     ","CR","17,27"]
[41093,"AUXILIAR DE TOPOGRAFO (MENSALISTA)","MES   ","CR","3.025,90"]
[532,"AUXILIAR TECNICO / ASSISTENTE DE ENGENHARIA (HORISTA)","H     ","CR","38,61"]
[40931,"AUXILIAR TECNICO / ASSISTENTE DE ENGENHARIA (MENSALISTA)","MES   ","CR","6.762,23"]
[36150,"AVENTAL DE SEGURANCA DE RASPA DE COURO 1,00 X 0,60 M","UN    ","CR","44,19"]
[4760,"AZULEJISTA OU LADRILHEIRO (HORISTA)","H     ","CR","21,79"]
[41069,"AZULEJISTA OU LADRILHEIRO (MENSALISTA)","MES   ","CR","3.815,80"]
[10422,"BACIA SANITARIA (VASO) COM CAIXA ACOPLADA, SIFAO APARENTE, DE LOUCA BRANCA (SEM ASSENTO)","UN    ","CR","359,82"]
[44019,"BACIA SANITARIA (VASO) COM CAIXA ACOPLADA, SIFAO OCULTO / CARENADO, DE LOUCA BRANCA (SEM ASSENTO ) - PADRAO ALTO","UN    ","CR","498,08"]
[36520,"BACIA SANITARIA (VASO) CONVENCIONAL PARA PCD, SEM FURO FRONTAL, DE LOUCA BRANCA (SEM ASSENTO)","UN    ","CR","605,61"]
[42319,"BACIA SANITARIA (VASO) CONVENCIONAL PARA USO ESPECIFICO (HOSPITAIS, CLINICAS), COM FURO FRONTAL, DE LOUCA BRANCA, SEM ASSENTO","UN    ","CR","542,66"]
[10420,"BACIA SANITARIA (VASO) CONVENCIONAL, DE LOUCA BRANCA, SIFAO APARENTE, SAIDA VERTICAL (SEM ASSENTO)","UN    ","C ","192,50"]
[10421,"BACIA SANITARIA (VASO) CONVENCIONAL, DE LOUCA COLORIDA, SIFAO APARENTE, SAIDA VERTICAL (SEM ASSENTO)","UN    ","CR","211,53"]
[11786,"BACIA SANITARIA (VASO) INFANTIL, SIFONADO, DE LOUCA BRANCA, (SEM ASSENTO)","UN    ","CR","426,53"]
[10,"BALDE PLASTICO CAPACIDADE *10* L","UN    ","CR","10,12"]
[4815,"BALDE VERMELHO PARA SINALIZACAO DE VIAS","UN    ","CR","6,24"]
[541,"BANCADA DE MARMORE SINTETICO COM UMA CUBA, 120 X *60* CM","UN    ","C ","180,00"]
[542,"BANCADA DE MARMORE SINTETICO COM UMA CUBA, 150 X *60* CM","UN    ","CR","225,63"]
[540,"BANCADA DE MARMORE SINTETICO COM UMA CUBA, 200 X *60* CM","UN    ","CR","508,46"]
[38364,"BANCADA/ BANCA EM GRANITO, POLIDO, TIPO ANDORINHA/ QUARTZ/ CASTELO/ CORUMBA OU OUTROS EQUIVALENTES DA REGIAO, COM CUBA INOX, FORMATO *120 X 60* CM, E=  *2* CM","UN    ","CR","618,44"]
[11692,"BANCADA/ BANCA/ BALCAO/ TAMPO EM MARMORE BRANCO COMUM, POLIDO, LISO, ACABAMENTO RETO, E= *3* CM (SEM FUROS)","M2    ","CR","350,02"]
[1746,"BANCADA/BANCA/PIA DE ACO INOXIDAVEL (AISI 430) COM 1 CUBA CENTRAL, COM VALVULA, ESCORREDOR DUPLO, DE *0,55 X 1,20* M","UN    ","C ","218,35"]
[1748,"BANCADA/BANCA/PIA DE ACO INOXIDAVEL (AISI 430) COM 1 CUBA CENTRAL, COM VALVULA, ESCORREDOR DUPLO, DE *0,55 X 1,40* M","UN    ","CR","290,35"]
[1749,"BANCADA/BANCA/PIA DE ACO INOXIDAVEL (AISI 430) COM 1 CUBA CENTRAL, COM VALVULA, ESCORREDOR DUPLO, DE *0,55 X 1,80* M","UN    ","CR","420,67"]
[37412,"BANCADA/BANCA/PIA DE ACO INOXIDAVEL (AISI 430) COM 1 CUBA CENTRAL, COM VALVULA, LISA (SEM ESCORREDOR), DE *0,55 X 1,20* M","UN    ","CR","213,43"]
[1745,"BANCADA/BANCA/PIA DE ACO INOXIDAVEL (AISI 430) COM 1 CUBA CENTRAL, SEM VALVULA, ESCORREDOR DUPLO, DE *0,55 X 1,60* M","UN    ","CR","253,80"]
[1750,"BANCADA/BANCA/PIA DE ACO INOXIDAVEL (AISI 430) COM 2 CUBAS, COM VALVULAS, ESCORREDOR DUPLO, DE *0,55 X 2,00* M","UN    ","CR","593,10"]
[11687,"BANCADA/TAMPO ACO INOX (AISI 304), LARGURA 60 CM, COM RODABANCA (NAO INCLUI PES DE APOIO)","M     ","CR","944,99"]
[11689,"BANCADA/TAMPO ACO INOX (AISI 304), LARGURA 70 CM, COM RODABANCA (NAO INCLUI PES DE APOIO)","M     ","CR","1.184,02"]
[11693,"BANCADA/TAMPO LISO (SEM CUBA) EM MARMORE SINTETICO","M2    ","CR","199,58"]
[36215,"BANCO ARTICULADO PARA BANHO, EM ACO INOX POLIDO, 70* CM X 45* CM","UN    ","AS","952,70"]
[42439,"BANCO COM ENCOSTO, 1,60M* DE COMPRIMENTO, EM TUBO DE ACO CARBONO E PINTURA NO PROCESSO ELETROSTATICO - PARA ACADEMIA AO AR LIVRE / ACADEMIA DA TERCEIRA IDADE - ATI","UN    ","AS","1.207,84"]
[38381,"BANDEJA DE PINTURA PARA ROLO 23 CM","UN    ","CR","9,47"]
[39621,"BARRA ANTIPANICO DUPLA, CEGA EM LADO OPOSTO, COR CINZA","PAR   ","CR","1.267,25"]
[39624,"BARRA ANTIPANICO DUPLA, PARA PORTA DE VIDRO, COR CINZA","PAR   ","CR","1.397,92"]
[39615,"BARRA ANTIPANICO SIMPLES, CEGA EM LADO OPOSTO, COR CINZA","UN    ","CR","564,89"]
[39620,"BARRA ANTIPANICO SIMPLES, COM FECHADURA LADO OPOSTO, COR CINZA","UN    ","CR","862,74"]
[39623,"BARRA ANTIPANICO SIMPLES, PARA PORTA DE VIDRO, COR CINZA","UN    ","CR","924,07"]
[546,"BARRA DE ACO CHATA, RETANGULAR (QUALQUER BITOLA)","KG    ","C ","9,24"]
[566,"BARRA DE ACO CHATO, RETANGULAR, 19,05 MM X 3,17 MM (L X E), 0,47 KG/M","M     ","CR","4,38"]
[565,"BARRA DE ACO CHATO, RETANGULAR, 25,4 MM X 4,76 MM (L X E), 1,73 KG/M","M     ","CR","15,98"]
[555,"BARRA DE ACO CHATO, RETANGULAR, 25,4 MM X 6,35 MM (L X E), 1,2265 KG/M","M     ","CR","11,33"]
[557,"BARRA DE ACO CHATO, RETANGULAR, 38,1 MM X 12,7 MM (L X E), 3,79 KG/M","M     ","CR","35,55"]
[552,"BARRA DE ACO CHATO, RETANGULAR, 38,1 MM X 6,35 MM (L X E), 1,89 KG/M","M     ","CR","17,64"]
[563,"BARRA DE ACO CHATO, RETANGULAR, 38,1 MM X 9,53 MM (L X E), 2,84 KG/M","M     ","CR","26,50"]
[549,"BARRA DE ACO CHATO, RETANGULAR, 50,8 MM X 12,7 MM (L X E), 5,06 KG/M","M     ","CR","47,70"]
[551,"BARRA DE ACO CHATO, RETANGULAR, 50,8 MM X 25,4 MM (L X E), 10,12 KG/M","M     ","CR","94,46"]
[559,"BARRA DE ACO CHATO, RETANGULAR, 50,8 MM X 6,35 MM (L X E), 2,53 KG/M","M     ","CR","23,61"]
[560,"BARRA DE ACO CHATO, RETANGULAR, 50,8 MM X 7,94 MM (L X E), 3,162 KG/M","M     ","CR","29,54"]
[547,"BARRA DE ACO CHATO, RETANGULAR, 50,8 MM X 9,53 MM (L X E), 3,79KG/M","M     ","CR","35,37"]
[36207,"BARRA DE APOIO EM \"L\", EM ACO INOX POLIDO 70 X 70 CM, DIAMETRO MINIMO 3 CM","UN    ","AS","421,98"]
[36209,"BARRA DE APOIO EM \"L\", EM ACO INOX POLIDO 80 X 80 CM, DIAMETRO MINIMO 3 CM","UN    ","AS","484,29"]
[36210,"BARRA DE APOIO LATERAL ARTICULADA, COM TRAVA, EM ACO INOX POLIDO, 70 CM, DIAMETRO MINIMO 3 CM","UN    ","AS","523,98"]
[36204,"BARRA DE APOIO RETA, EM ACO INOX POLIDO, COMPRIMENTO 60CM, DIAMETRO MINIMO 3 CM","UN    ","AS","185,78"]
[36205,"BARRA DE APOIO RETA, EM ACO INOX POLIDO, COMPRIMENTO 70CM, DIAMETRO MINIMO 3 CM","UN    ","AS","206,33"]
[36081,"BARRA DE APOIO RETA, EM ACO INOX POLIDO, COMPRIMENTO 80CM, DIAMETRO MINIMO 3 CM","UN    ","AS","220,00"]
[36206,"BARRA DE APOIO RETA, EM ACO INOX POLIDO, COMPRIMENTO 90 CM, DIAMETRO MINIMO 3 CM","UN    ","AS","230,49"]
[36218,"BARRA DE APOIO RETA, EM ALUMINIO, COMPRIMENTO 60CM, DIAMETRO MINIMO 3 CM","UN    ","AS","169,23"]
[36220,"BARRA DE APOIO RETA, EM ALUMINIO, COMPRIMENTO 70CM, DIAMETRO MINIMO 3 CM","UN    ","AS","194,05"]
[36080,"BARRA DE APOIO RETA, EM ALUMINIO, COMPRIMENTO 80 CM, DIAMETRO MINIMO 3 CM","UN    ","AS","209,90"]
[36223,"BARRA DE APOIO RETA, EM ALUMINIO, COMPRIMENTO 90 CM, DIAMETRO MINIMO 3 CM","UN    ","AS","219,80"]
[38127,"BASE DE MISTURADOR MONOCOMANDO PARA CHUVEIRO, DE PAREDE (NAO INCLUI ACABAMENTOS)","UN    ","CR","433,01"]
[38060,"BASE PARA MASTRO DE PARA-RAIOS DIAMETRO NOMINAL 1 1/2\"","UN    ","CR","51,24"]
[10956,"BASE PARA MASTRO DE PARA-RAIOS DIAMETRO NOMINAL 2\"","UN    ","CR","56,20"]
[39380,"BASE PARA RELE COM SUPORTE METALICO","UN    ","AS","21,36"]
[44172,"BASTIDOR PARA BLOCO M10","UN    ","CR","7,29"]
[37597,"BATE-ESTACAS POR GRAVIDADE, POTENCIA160 HP, PESO DO MARTELO ATE 3 TONELADAS","UN    ","AS","616.250,00"]
[183,"BATENTE / PORTAL / ADUELA / MARCO EM MADEIRA MACICA COM REBAIXO, E = *3* CM, L = *14* CM, PARA PORTAS DE  GIRO DE *60 CM A 120* CM  X *210* CM, CEDRINHO / ANGELIM COMERCIAL / TAURI / CURUPIXA / PEROBA / CUMARU OU EQUIVALENTE DA REGIAO (NAO INCLUI ALIZARES)","JG    ","C ","217,25"]
[184,"BATENTE / PORTAL / ADUELA / MARCO EM MADEIRA MACICA COM REBAIXO, E = *3* CM, L = *14* CM, PARA PORTAS DE  GIRO DE *60 CM A 120* CM  X *210* CM, PINUS / EUCALIPTO / VIROLA OU EQUIVALENTE DA REGIAO (NAO INCLUI ALIZARES)","JG    ","CR","134,55"]
[181,"BATENTE / PORTAL / ADUELA / MARCO EM MADEIRA MACICA COM REBAIXO, E = *3* CM, L = *16* CM, PARA PORTAS DE  GIRO DE *60 CM A 120* CM  X *210* CM, CEDRINHO / ANGELIM COMERCIAL / TAURI / CURUPIXA / PEROBA / CUMARU OU EQUIVALENTE DA REGIAO (NAO INCLUI ALIZARES)","JG    ","CR","290,13"]
[20001,"BATENTE / PORTAL / ADUELA / MARCO EM MADEIRA MACICA COM REBAIXO, E = *3* CM, L = *16* CM, PARA PORTAS DE  GIRO DE *60 CM A 120* CM  X *210* CM, PINUS / EUCALIPTO / VIROLA OU EQUIVALENTE DA REGIAO (NAO INCLUI ALIZARES)","JG    ","CR","168,19"]
[39837,"BATENTE/PORTAL/ADUELA/MARCO, EM MDF/PVC WOOD/POLIESTIRENO OU MADEIRA LAMINADA, L = *9,0* CM COM GUARNICAO REGULAVEL 2 FACES = *35* MM, PRIMER","JG    ","CR","427,88"]
[43366,"BENTONITA, ARGILA CONSTITUIDA POR  MONTMORILONITA","KG    ","CR","2,37"]
[10535,"BETONEIRA CAPACIDADE NOMINAL 400 L, CAPACIDADE DE MISTURA  280 L, MOTOR ELETRICO TRIFASICO 220/380 V POTENCIA 2 CV, SEM CARREGADOR","UN    ","C ","5.007,77"]
[10537,"BETONEIRA CAPACIDADE NOMINAL 400 L, CAPACIDADE DE MISTURA 310 L, MOTOR A DIESEL POTENCIA 5 CV, SEM CARREGADOR","UN    ","CR","6.829,24"]
[13891,"BETONEIRA CAPACIDADE NOMINAL 400 L, CAPACIDADE DE MISTURA 310 L, MOTOR A GASOLINA POTENCIA 5,5 CV, SEM CARREGADOR","UN    ","CR","6.263,95"]
[44492,"BETONEIRA CAPACIDADE NOMINAL 600 L, CAPACIDADE DE MISTURA 440 L, MOTOR A GASOLINA POTENCIA 10 HP, COM  CARREGADOR","UN    ","CR","27.245,66"]
[36396,"BETONEIRA, CAPACIDADE NOMINAL 400 L, CAPACIDADE DE MISTURA 310L, MOTOR ELETRICO TRIFASICO 220/380V POTENCIA 2 CV, SEM CARREGADOR","UN    ","CR","5.729,22"]
[36397,"BETONEIRA, CAPACIDADE NOMINAL 600 L, CAPACIDADE DE MISTURA  360L, MOTOR ELETRICO TRIFASICO 220/380V, POTENCIA 4CV, EXCLUSO CARREGADOR","UN    ","CR","20.370,58"]
[36398,"BETONEIRA, CAPACIDADE NOMINAL 600 L, CAPACIDADE DE MISTURA 440 L, MOTOR A DIESEL POTENCIA 10 CV, COM CARREGADOR","UN    ","CR","24.758,75"]
[647,"BLASTER, DINAMITADOR OU CABO DE FOGO","H     ","CR","28,55"]
[40920,"BLASTER, DINAMITADOR OU CABO DE FOGO (MENSALISTA)","MES   ","CR","5.001,09"]
[715,"BLOCO / TIJOLO DE VIDRO INCOLOR, CANELADO / ONDULADO, *19 X 19 X 8* CM (A X L X E)","UN    ","C ","28,18"]
[716,"BLOCO / TIJOLO DE VIDRO INCOLOR, XADREZ, *20 X 20 X 10* CM (A X L X E)","UN    ","CR","31,87"]
[38783,"BLOCO CERAMICO / TIJOLO VAZADO PARA ALVENARIA DE VEDACAO, FUROS NA HORIZONTAL, 11,5 X 19 X 19 CM (NBR 15270)","UN    ","CR","0,89"]
[37593,"BLOCO CERAMICO / TIJOLO VAZADO PARA ALVENARIA DE VEDACAO, FUROS NA VERTICAL, 14 X 19 X 39 CM (NBR 15270)","UN    ","CR","2,20"]
[37594,"BLOCO CERAMICO / TIJOLO VAZADO PARA ALVENARIA DE VEDACAO, FUROS NA VERTICAL, 19 X 19 X 39 CM (NBR 15270)","UN    ","CR","2,74"]
[37592,"BLOCO CERAMICO / TIJOLO VAZADO PARA ALVENARIA DE VEDACAO, FUROS NA VERTICAL,, 9 X 19 X 39 CM (NBR 15270)","UN    ","CR","1,73"]
[7270,"BLOCO CERAMICO / TIJOLO VAZADO PARA ALVENARIA DE VEDACAO, 4 FUROS NA HORIZONTAL, DE 9 X 9 X 19 CM (L X A X C)","UN    ","CR","0,77"]
[7267,"BLOCO CERAMICO / TIJOLO VAZADO PARA ALVENARIA DE VEDACAO, 6 FUROS NA HORIZONTAL, 9 X 14 X 19 CM (L X A X C)","UN    ","CR","0,60"]
[7271,"BLOCO CERAMICO / TIJOLO VAZADO PARA ALVENARIA DE VEDACAO, 8 FUROS NA HORIZONTAL, DE 9 X 19 X 19 CM (L XA X C)","UN    ","C ","0,67"]
[7268,"BLOCO CERAMICO / TIJOLO VAZADO PARA ALVENARIA DE VEDACAO, 8 FUROS NA HORIZONTAL, 9 X 19 X 29 CM (L X A X C)","UN    ","CR","0,93"]
[41372,"BLOCO CONCRETO CELULAR AUTOCLAVADO 12,5 X 30 X 60 CM (E X A X C)","M2    ","AS","119,29"]
[41371,"BLOCO CONCRETO CELULAR AUTOCLAVADO 7,5 X 30 X 60 CM (E X A X C)","M2    ","AS","70,51"]
[34556,"BLOCO DE CONCRETO ESTRUTURAL 14 X 19 X 29 CM, FBK 10 MPA (NBR 6136)","UN    ","CR","3,41"]
[37873,"BLOCO DE CONCRETO ESTRUTURAL 14 X 19 X 29 CM, FBK 12 MPA (NBR 6136)","UN    ","CR","3,47"]
[34564,"BLOCO DE CONCRETO ESTRUTURAL 14 X 19 X 29 CM, FBK 14 MPA (NBR 6136)","UN    ","CR","3,63"]
[34565,"BLOCO DE CONCRETO ESTRUTURAL 14 X 19 X 29 CM, FBK 16 MPA (NBR 6136)","UN    ","CR","3,84"]
[38590,"BLOCO DE CONCRETO ESTRUTURAL 14 X 19 X 29 CM, FBK 4,5 MPA (NBR 6136)","UN    ","CR","2,84"]
[34566,"BLOCO DE CONCRETO ESTRUTURAL 14 X 19 X 29 CM, FBK 6 MPA (NBR 6136)","UN    ","CR","2,98"]
[34567,"BLOCO DE CONCRETO ESTRUTURAL 14 X 19 X 29 CM, FBK 8 MPA (NBR 6136)","UN    ","CR","3,16"]
[38591,"BLOCO DE CONCRETO ESTRUTURAL 14 X 19 X 34 CM, FBK 4,5 MPA (NBR 6136)","UN    ","CR","2,87"]
[34568,"BLOCO DE CONCRETO ESTRUTURAL 14 X 19 X 39 CM, FBK 10 MPA (NBR 6136)","UN    ","CR","3,74"]
[34569,"BLOCO DE CONCRETO ESTRUTURAL 14 X 19 X 39 CM, FBK 12 MPA (NBR 6136)","UN    ","CR","3,84"]
[34570,"BLOCO DE CONCRETO ESTRUTURAL 14 X 19 X 39 CM, FBK 14 MPA (NBR 6136)","UN    ","CR","4,17"]
[25070,"BLOCO DE CONCRETO ESTRUTURAL 14 X 19 X 39 CM, FBK 4,5 MPA (NBR 6136)","UN    ","CR","3,14"]
[34571,"BLOCO DE CONCRETO ESTRUTURAL 14 X 19 X 39 CM, FBK 6 MPA (NBR 6136)","UN    ","CR","3,17"]
[34573,"BLOCO DE CONCRETO ESTRUTURAL 14 X 19 X 39 CM, FBK 8 MPA (NBR 6136)","UN    ","CR","3,33"]
[37107,"BLOCO DE CONCRETO ESTRUTURAL 14 X 19 X 39, FCK 16 MPA (NBR 6136)","UN    ","CR","4,40"]
[34576,"BLOCO DE CONCRETO ESTRUTURAL 19 X 19 X 39 CM, FBK 10 MPA (NBR 6136)","UN    ","CR","4,86"]
[34577,"BLOCO DE CONCRETO ESTRUTURAL 19 X 19 X 39 CM, FBK 12 MPA (NBR 6136)","UN    ","CR","5,07"]
[34578,"BLOCO DE CONCRETO ESTRUTURAL 19 X 19 X 39 CM, FBK 14 MPA (NBR 6136)","UN    ","CR","5,50"]
[34579,"BLOCO DE CONCRETO ESTRUTURAL 19 X 19 X 39 CM, FBK 16 MPA (NBR 6136)","UN    ","CR","5,86"]
[25067,"BLOCO DE CONCRETO ESTRUTURAL 19 X 19 X 39 CM, FBK 4,5 MPA (NBR 6136)","UN    ","CR","3,92"]
[34580,"BLOCO DE CONCRETO ESTRUTURAL 19 X 19 X 39 CM, FBK 8 MPA (NBR 6136)","UN    ","CR","4,38"]
[25071,"BLOCO DE CONCRETO ESTRUTURAL 9 X 19 X 39 CM, FBK 4,5 MPA (NBR 6136)","UN    ","CR","2,18"]
[44171,"BLOCO DE ENGATE RAPIDO PARA BASTIDOR TIPO M10","UN    ","CR","20,81"]
[38395,"BLOCO DE ESPUMA MULTIUSO *23 X 13 X 8* CM","UN    ","CR","7,91"]
[34583,"BLOCO DE GESSO COMPACTO / MACICO, BRANCO, E = 10 CM, DIMENSOES *67 X 50* CM","M2    ","CR","64,35"]
[34584,"BLOCO DE GESSO VAZADO, BRANCO, E = *7* CM, DIMENSOES *67 X 50* CM","M2    ","CR","47,19"]
[709,"BLOCO DE POLIETILENO ALTA DENSIDADE, *27* X *30* X *100* CM, ACOMPANHADOS PLACAS  TERMINAIS  E LONGARINAS, PARA FUNDO DE FILTRO","M2    ","AS","722,22"]
[34599,"BLOCO DE VEDACAO CONCRETO APARENTE 9 X 19 X 39 CM (CLASSE C - NBR 6136)","UN    ","CR","2,24"]
[34592,"BLOCO DE VEDACAO CONCRETO 14 X 19 X 29 CM (CLASSE C - NBR 6136)","UN    ","CR","2,49"]
[37103,"BLOCO DE VEDACAO DE CONCRETO APARENTE 14 X 19 X 39 CM (CLASSE C - NBR 6136)","UN    ","CR","2,85"]
[34555,"BLOCO DE VEDACAO DE CONCRETO APARENTE 19 X 19 X 39 CM  (CLASSE C - NBR 6136)","UN    ","CR","3,62"]
[674,"BLOCO DE VEDACAO DE CONCRETO CELULAR AUTOCLAVADO 10 X 30 X 60 CM (E X A X C)","M2    ","AS","85,00"]
[34600,"BLOCO DE VEDACAO DE CONCRETO CELULAR AUTOCLAVADO 15 X 30 X 60 CM (E X A X C)","M2    ","AS","124,85"]
[652,"BLOCO DE VEDACAO DE CONCRETO CELULAR AUTOCLAVADO 20 X 30 X 60 CM (E X A X C)","M2    ","AS","191,25"]
[651,"BLOCO DE VEDACAO DE CONCRETO 14 X 19 X 39 CM (CLASSE C - NBR 6136)","UN    ","CR","2,75"]
[654,"BLOCO DE VEDACAO DE CONCRETO 19 X 19 X 39 CM (CLASSE C - NBR 6136)","UN    ","CR","3,41"]
[650,"BLOCO DE VEDACAO DE CONCRETO, 9 X 19 X 39 CM (CLASSE C - NBR 6136)","UN    ","C ","2,20"]
[718,"BLOCO DE VIDRO / ELEMENTO VAZADO, INCOLOR, VENEZIANA, *20 X 20 X 6* CM (A X L X E)","UN    ","CR","27,84"]
[11981,"BLOCO DE VIDRO / ELEMENTO VAZADO, INCOLOR, VENEZIANA, DE *20 X 10 X 8* CM (A X L X E)","UN    ","CR","27,05"]
[34586,"BLOCO ESTRUTURAL CERAMICO 14 X 19 X 29 CM, 6,0 MPA (NBR 15270)","UN    ","CR","1,88"]
[38603,"BLOCO ESTRUTURAL CERAMICO 14 X 19 X 34 CM, 6,0 MPA (NBR 15270)","UN    ","CR","2,27"]
[34588,"BLOCO ESTRUTURAL CERAMICO 14 X 19 X 39 CM, 6,0 MPA (NBR 15270)","UN    ","CR","2,45"]
[34590,"BLOCO ESTRUTURAL CERAMICO 19 X 19 X 29 CM, 6,0 MPA (NBR 15270)","UN    ","CR","2,24"]
[34591,"BLOCO ESTRUTURAL CERAMICO 19 X 19 X 39 CM, 6,0 MPA (NBR 15270)","UN    ","CR","3,04"]
[40517,"BLOQUETE/PISO DE CONCRETO - MODELO BLOCO PISOGRAMA/CONCREGRAMA 2 FUROS, DIMENSOES APROX. DE 35 CM X 15 CM E ESPESSURA DE 7 CM (+/- 1 CM), COR NATURAL","M2    ","CR","47,79"]
[40515,"BLOQUETE/PISO DE CONCRETO - MODELO PISOGRAMA/CONCREGRAMA/PAVI-GRADE/GRAMEIRO, DIMENSOES APROXIMADAS DE 60 CM X 45 CM E ESPESSURA DE 8 CM (+/- 1 CM), COR NATURAL","M2    ","CR","107,53"]
[40529,"BLOQUETE/PISO INTERTRAVADO DE CONCRETO - MODELO ONDA/16 FACES/RETANGULAR/TIJOLINHO/PAVER/HOLANDES/PARALELEPIPEDO, *22 CM X *11 CM, E = 10 CM, RESISTENCIA DE 50 MPA (NBR 9781), COR NATURAL","M2    ","CR","68,70"]
[36170,"BLOQUETE/PISO INTERTRAVADO DE CONCRETO - MODELO ONDA/16 FACES/RETANGULAR/TIJOLINHO/PAVER/HOLANDES/PARALELEPIPEDO, *22 CM X 11* CM, E = 8 CM, RESISTENCIA DE 35 MPA (NBR 9781), COR NATURAL","M2    ","C ","57,00"]
[40524,"BLOQUETE/PISO INTERTRAVADO DE CONCRETO - MODELO ONDA/16 FACES/RETANGULAR/TIJOLINHO/PAVER/HOLANDES/PARALELEPIPEDO, 20 CM X 10 CM, E = 10 CM, RESISTENCIA DE 35 MPA (NBR 9781), COR NATURAL","M2    ","CR","67,20"]
[36156,"BLOQUETE/PISO INTERTRAVADO DE CONCRETO - MODELO ONDA/16 FACES/RETANGULAR/TIJOLINHO/PAVER/HOLANDES/PARALELEPIPEDO, 20 CM X 10 CM, E = 6 CM, RESISTENCIA DE 35 MPA (NBR 9781), COLORIDO","M2    ","CR","52,27"]
[36155,"BLOQUETE/PISO INTERTRAVADO DE CONCRETO - MODELO ONDA/16 FACES/RETANGULAR/TIJOLINHO/PAVER/HOLANDES/PARALELEPIPEDO, 20 CM X 10 CM, E = 6 CM, RESISTENCIA DE 35 MPA (NBR 9781), COR NATURAL","M2    ","CR","45,12"]
[36154,"BLOQUETE/PISO INTERTRAVADO DE CONCRETO - MODELO ONDA/16 FACES/RETANGULAR/TIJOLINHO/PAVER/HOLANDES/PARALELEPIPEDO, 20 CM X 10 CM, E = 8 CM, RESISTENCIA DE 35 MPA (NBR 9781), COLORIDO","M2    ","CR","62,72"]
[695,"BLOQUETE/PISO INTERTRAVADO DE CONCRETO - MODELO RAQUETE, *22 CM X 13,5* CM, E = 6 CM, RESISTENCIA DE 35 MPA (NBR 9781), COR NATURAL","M2    ","CR","46,07"]
[679,"BLOQUETE/PISO INTERTRAVADO DE CONCRETO - MODELO SEXTAVADO / HEXAGONAL, 25 CM X 25 CM, E = 10 CM, RESISTENCIA DE 35 MPA (NBR 9781), COR NATURAL","M2    ","CR","68,70"]
[711,"BLOQUETE/PISO INTERTRAVADO DE CONCRETO - MODELO SEXTAVADO / HEXAGONAL, 25 CM X 25 CM, E = 6 CM, RESISTENCIA DE 35 MPA (NBR 9781), COR NATURAL","M2    ","CR","45,44"]
[712,"BLOQUETE/PISO INTERTRAVADO DE CONCRETO - MODELO SEXTAVADO / HEXAGONAL, 25 CM X 25 CM, E = 8 CM, RESISTENCIA DE 35 MPA (NBR 9781), COR NATURAL","M2    ","CR","57,24"]
[12614,"BOCAL PVC, PARA CALHA PLUVIAL, DIAMETRO DA SAIDA ENTRE *75 E 120* MM, PARA DRENAGEM PLUVIAL PREDIAL","UN    ","CR","48,15"]
[6140,"BOLSA DE LIGACAO EM PVC FLEXIVEL PARA VASO SANITARIO 40 MM (1 1/2\")","UN    ","CR","3,96"]
[38399,"BOLSA DE LONA PARA FERRAMENTAS *50 X 35 X 25* CM","UN    ","CR","252,69"]
[735,"BOMBA CENTRIFUGA  MOTOR ELETRICO TRIFASICO 1,48HP  DIAMETRO DE SUCCAO X ELEVACAO 1\" X 1\", 4 ESTAGIOS, DIAMETRO DOS ROTORES 3 X 107 MM + 1 X 100 MM, HM/Q: 10 M / 5,3 M3/H A 70 M / 1,8 M3/H","UN    ","CR","1.932,15"]
[736,"BOMBA CENTRIFUGA  MOTOR ELETRICO TRIFASICO 2,96HP, DIAMETRO DE SUCCAO X ELEVACAO 1 1/2\" X 1 1/4\", DIAMETRO DO ROTOR 148 MM, HM/Q: 34 M / 14,80 M3/H A 40 M / 8,60 M3/H","UN    ","CR","1.624,59"]
[729,"BOMBA CENTRIFUGA COM MOTOR ELETRICO MONOFASICO, POTENCIA 0,33 HP,  BOCAIS 1\" X 3/4\", DIAMETRO DO ROTOR 99 MM, HM/Q = 4 MCA / 8,5 M3/H A 18 MCA / 0,90 M3/H","UN    ","C ","662,04"]
[39925,"BOMBA CENTRIFUGA MONOESTAGIO COM MOTOR ELETRICO MONOFASICO, POTENCIA 15 HP,  DIAMETRO DO ROTOR *173* MM, HM/Q = *30* MCA / *90* M3/H A *45* MCA / *55* M3/H","UN    ","CR","9.566,41"]
[731,"BOMBA CENTRIFUGA MOTOR ELETRICO MONOFASICO 0,49 HP  BOCAIS 1\" X 3/4\", DIAMETRO DO ROTOR 110 MM, HM/Q: 6 M / 8,3 M3/H A 20 M / 1,2 M3/H","UN    ","CR","644,33"]
[10575,"BOMBA CENTRIFUGA MOTOR ELETRICO MONOFASICO 0,50 CV DIAMETRO DE SUCCAO X ELEVACAO 3/4\" X 3/4\", MONOESTAGIO, DIAMETRO DOS ROTORES 114 MM, HM/Q: 2 M / 2,99 M3/H A 24 M / 0,71 M3/H","UN    ","CR","1.005,52"]
[733,"BOMBA CENTRIFUGA MOTOR ELETRICO MONOFASICO 0,74HP  DIAMETRO DE SUCCAO X ELEVACAO 1 1/4\" X 1\", DIAMETRO DO ROTOR 120 MM, HM/Q: 8 M / 7,70 M3/H A 24 M / 2,80 M3/H","UN    ","CR","1.100,92"]
[732,"BOMBA CENTRIFUGA MOTOR ELETRICO TRIFASICO 0,99HP  DIAMETRO DE SUCCAO X ELEVACAO 1\" X 1\", DIAMETRO DO ROTOR 145 MM, HM/Q: 14 M / 8,4 M3/H A 40 M / 0,60 M3/H","UN    ","CR","1.086,12"]
[737,"BOMBA CENTRIFUGA MOTOR ELETRICO TRIFASICO 14,8 HP, DIAMETRO DE SUCCAO X ELEVACAO 2 1/2\" X 2\", DIAMETRO DO ROTOR 195 MM, HM/Q: 62 M / 55,5 M3/H A 80 M / 31,50 M3/H","UN    ","CR","6.090,66"]
[738,"BOMBA CENTRIFUGA MOTOR ELETRICO TRIFASICO 5HP, DIAMETRO DE SUCCAO X ELEVACAO 2\" X 1 1/2\", DIAMETRO DO ROTOR 155 MM, HM/Q: 40 M / 20,40 M3/H A 46 M / 9,20 M3/H","UN    ","CR","2.824,19"]
[740,"BOMBA CENTRIFUGA MOTOR ELETRICO TRIFASICO 9,86 DIAMETRO DE SUCCAO X ELEVACAO 1\" X 1\", 4 ESTAGIOS, DIAMETRO DOS ROTORES 4 X 146 MM, HM/Q: 85 M / 14,9 M3/H A 140 M / 4,2 M3/H","UN    ","CR","5.729,71"]
[734,"BOMBA CENTRIFUGA,  MOTOR ELETRICO TRIFASICO 1,48HP  DIAMETRO DE SUCCAO X ELEVACAO 1 1/2\" X 1\", DIAMETRO DO ROTOR 117 MM, HM/Q: 10 M / 21,9 M3/H A 24 M / 6,1 M3/H","UN    ","CR","1.164,32"]
[39008,"BOMBA DE PROJECAO DE CONCRETO SECO, POTENCIA 10 CV, VAZAO 3 M3/H","UN    ","CR","61.046,24"]
[39009,"BOMBA DE PROJECAO DE CONCRETO SECO, POTENCIA 10 CV, VAZAO 6 M3/H","UN    ","CR","65.403,48"]
[10587,"BOMBA SUBMERSA PARA POCOS TUBULARES PROFUNDOS DIAMETRO DE 4 POLEGADAS, ELETRICA, MONOFASICA, POTENCIA 0,49 HP, 13 ESTAGIOS, BOCAL DE DESCARGA DIAMETRO DE UMA POLEGADA E MEIA, HM/Q = 18 M / 1,90 M3/H A 85 M / 0,60 M3/H","UN    ","CR","3.240,24"]
[759,"BOMBA SUBMERSA PARA POCOS TUBULARES PROFUNDOS DIAMETRO DE 4 POLEGADAS, ELETRICA, TRIFASICA, POTENCIA 1,97 HP, 20 ESTAGIOS, BOCAL DE DESCARGA DIAMETRO DE UMA POLEGADA E MEIA, HM/Q = 18 M / 5,40 M3/H A 164 M / 0,80 M3/H","UN    ","CR","4.658,82"]
[761,"BOMBA SUBMERSA PARA POCOS TUBULARES PROFUNDOS DIAMETRO DE 4 POLEGADAS, ELETRICA, TRIFASICA, POTENCIA 5,42 HP, 15 ESTAGIOS, BOCAL DE DESCARGA DIAMETRO DE 2 POLEGADAS, HM/Q = 18 M / 18,10 M3/H A 121 M / 2,90 M3/H","UN    ","CR","7.897,10"]
[750,"BOMBA SUBMERSA PARA POCOS TUBULARES PROFUNDOS DIAMETRO DE 4 POLEGADAS, ELETRICA, TRIFASICA, POTENCIA 5,42 HP, 29 ESTAGIOS, BOCAL DE DESCARGA DE UMA POLEGADA E MEIA, HM/Q = 18 M / 8,10 M3/H A 201 M / 3,2 M3/H","UN    ","CR","7.497,66"]
[755,"BOMBA SUBMERSA PARA POCOS TUBULARES PROFUNDOS DIAMETRO DE 6 POLEGADAS, ELETRICA, TRIFASICA, POTENCIA 27,12 HP, 7 ESTAGIOS, BOCAL DE DESCARGA DIAMETRO DE 4 POLEGADAS, HM/Q = 13,9 M / 90 M3/H A 44,0 M / 25,0 M3/H","UN    ","CR","30.766,78"]
[749,"BOMBA SUBMERSA PARA POCOS TUBULARES PROFUNDOS DIAMETRO DE 6 POLEGADAS, ELETRICA, TRIFASICA, POTENCIA 3,45 HP, 5 ESTAGIOS, BOCAL DE DESCARGA DIAMETRO DE 2 POLEGADAS, HM/Q = 68,5 M / 6,12 M3/H A 39,5 M / 14,04 M3/H","UN    ","CR","11.315,45"]
[756,"BOMBA SUBMERSA PARA POCOS TUBULARES PROFUNDOS DIAMETRO DE 6 POLEGADAS, ELETRICA, TRIFASICA, POTENCIA 32 HP, 9 ESTAGIOS, BOCAL DE DESCARGA DIAMETRO DE 4 POLEGADAS, HM/Q = 114,0 M / 13,9 M3/H A 57,0 M / 25,0 M3/H","UN    ","CR","33.555,30"]
[757,"BOMBA SUBMERSIVEL,  ELETRICA, TRIFASICA, POTENCIA 6 HP, DIAMETRO DO ROTOR 127 MM, BOCAL DE SAIDA DIAMETRO DE 3 POLEGADAS, HM/Q = 7 M / 66,90 M3/H A 26 M / 2,88 M3/H","UN    ","CR","15.236,25"]
[10588,"BOMBA SUBMERSIVEL, ELETRICA, TRIFASICA, POTENCIA 0,98 HP, DIAMETRO DO ROTOR 142 MM SEMIABERTO, BOCAL DE SAIDA DIAMETRO DE 2 POLEGADAS, HM/Q = 2 M / 32 M3/H A 8 M / 16 M3/H","UN    ","CR","3.363,78"]
[10592,"BOMBA SUBMERSIVEL, ELETRICA, TRIFASICA, POTENCIA 0,99 HP, DIAMETRO ROTOR 98 MM SEMIABERTO, BOCAL DE SAIDA DIAMETRO 2 POLEGADAS, HM/Q = 2 M / 28,90 M3/H A 14 M / 7 M3/H","UN    ","C ","4.063,00"]
[10589,"BOMBA SUBMERSIVEL, ELETRICA, TRIFASICA, POTENCIA 1,97 HP, DIAMETRO DO ROTOR 144 MM SEMIABERTO, BOCAL DE SAIDA DIAMETRO DE 2 POLEGADAS, HM/Q = 2 M / 26,8 M3/H A 28 M / 4,6 M3/H","UN    ","CR","5.458,38"]
[760,"BOMBA SUBMERSIVEL, ELETRICA, TRIFASICA, POTENCIA 13 HP, DIAMETRO DO ROTOR 170 MM, BOCAL DE SAIDA DIAMETRO DE 3 POLEGADAS, HM/Q = 11 M / 68,40 M3/H A 72 M / 3,6 M3/H","UN    ","CR","30.472,50"]
[751,"BOMBA SUBMERSIVEL, ELETRICA, TRIFASICA, POTENCIA 2,96 HP, DIAMETRO DO ROTOR 144 MM SEMIABERTO, BOCAL DE SAIDA DIAMETRO DE DUAS POLEGADAS, HM/Q = 2 M / 38,8 M3/H A 28 M / 5 M3/H","UN    ","CR","4.799,41"]
[754,"BOMBA SUBMERSIVEL, ELETRICA, TRIFASICA, POTENCIA 3,75 HP, DIAMETRO DO ROTOR 90 MM SEMIABERTO, BOCAL DE SAIDA DIAMETRO DE 2 POLEGADAS, HM/Q = 5 M / 61,2 M3/H A 25,5 M / 3,6 M3/H","UN    ","CR","7.618,12"]
[44489,"BOMBA TRIPLEX COM MOTOR A DIESEL, NACIONAL, DIAMETRO DE SUCCAO DE 2  1/2''","UN    ","CR","164.582,84"]
[39917,"BOMBA TRIPLEX, PARA INJECAO DE CALDA DE CIMENTO, VAZAO MAXIMA DE *100* LITROS/MINUTO, PRESSAO MAXIMA DE *70* BAR, POTENCIA DE 15 CV","UN    ","CR","93.771,43"]
[38167,"BORBOLETA PARA JANELA TIPO GUILHOTINA, EM ZAMAC CROMADO","PAR   ","CR","27,45"]
[36145,"BOTA DE PVC PRETA, CANO MEDIO, SEM FORRO","PAR   ","CR","42,85"]
[12893,"BOTA DE SEGURANCA COM BIQUEIRA DE ACO E COLARINHO ACOLCHOADO","PAR   ","CR","71,42"]
[11685,"BRACO / CANO PARA CHUVEIRO ELETRICO, EM ALUMINIO, 30 CM X 1/2 \"","UN    ","CR","21,77"]
[11680,"BRACO OU HASTE COM CANOPLA PLASTICA, 1/2 \", PARA CHUVEIRO SIMPLES","UN    ","CR","14,03"]
[11679,"BRACO OU HASTE RETA COM CANOPLA PLASTICA, 1/2 \", PARA CHUVEIRO ELETRICO","UN    ","CR","19,02"]
[2512,"BRACO P/ LUMINARIA PUBLICA 1 X 1,50M ROMAGNOLE OU EQUIV","UN    ","AS","41,05"]
[4374,"BUCHA DE NYLON SEM ABA S10","UN    ","CR","0,37"]
[7568,"BUCHA DE NYLON SEM ABA S10, COM PARAFUSO DE 6,10 X 65 MM EM ACO ZINCADO COM ROSCA SOBERBA, CABECA CHATA E FENDA PHILLIPS","UN    ","CR","0,61"]
[7584,"BUCHA DE NYLON SEM ABA S12, COM PARAFUSO DE 5/16\" X 80 MM EM ACO ZINCADO COM ROSCA SOBERBA E CABECA SEXTAVADA","UN    ","CR","0,93"]
[11945,"BUCHA DE NYLON SEM ABA S4","UN    ","CR","0,06"]
[11946,"BUCHA DE NYLON SEM ABA S5","UN    ","CR","0,06"]
[4375,"BUCHA DE NYLON SEM ABA S6","UN    ","C ","0,10"]
[11950,"BUCHA DE NYLON SEM ABA S6, COM PARAFUSO DE 4,20 X 40 MM EM ACO ZINCADO COM ROSCA SOBERBA, CABECA CHATA E FENDA PHILLIPS","UN    ","CR","0,20"]
[4376,"BUCHA DE NYLON SEM ABA S8","UN    ","CR","0,19"]
[7583,"BUCHA DE NYLON SEM ABA S8, COM PARAFUSO DE 4,80 X 50 MM EM ACO ZINCADO COM ROSCA SOBERBA, CABECA CHATA E FENDA PHILLIPS","UN    ","CR","0,41"]
[4350,"BUCHA DE NYLON, DIAMETRO DO FURO 8 MM, COMPRIMENTO 40 MM, COM PARAFUSO DE ROSCA SOBERBA, CABECA CHATA, FENDA SIMPLES, 4,8 X 50 MM","UN    ","CR","0,73"]
[44400,"BUCHA DE REDUCAO CPVC, SOLDAVEL, 54 X 28 MM, PARA AGUA QUENTE","UN    ","CR","28,07"]
[39886,"BUCHA DE REDUCAO DE COBRE (REF 600-2) SEM ANEL DE SOLDA, PONTA X BOLSA, 22 X 15 MM","UN    ","AS","5,47"]
[39887,"BUCHA DE REDUCAO DE COBRE (REF 600-2) SEM ANEL DE SOLDA, PONTA X BOLSA, 28 X 22 MM","UN    ","AS","8,20"]
[39888,"BUCHA DE REDUCAO DE COBRE (REF 600-2) SEM ANEL DE SOLDA, PONTA X BOLSA, 35 X 28 MM","UN    ","AS","18,76"]
[39890,"BUCHA DE REDUCAO DE COBRE (REF 600-2) SEM ANEL DE SOLDA, PONTA X BOLSA, 42 X 35 MM","UN    ","AS","32,03"]
[39891,"BUCHA DE REDUCAO DE COBRE (REF 600-2) SEM ANEL DE SOLDA, PONTA X BOLSA, 54 X 42 MM","UN    ","AS","45,16"]
[39892,"BUCHA DE REDUCAO DE COBRE (REF 600-2) SEM ANEL DE SOLDA, PONTA X BOLSA, 66 X 54 MM","UN    ","AS","140,76"]
[790,"BUCHA DE REDUCAO DE FERRO GALVANIZADO, COM ROSCA BSP, DE 1 1/2\" X 1 1/4\"","UN    ","CR","19,45"]
[766,"BUCHA DE REDUCAO DE FERRO GALVANIZADO, COM ROSCA BSP, DE 1 1/2\" X 1/2\"","UN    ","CR","19,45"]
[791,"BUCHA DE REDUCAO DE FERRO GALVANIZADO, COM ROSCA BSP, DE 1 1/2\" X 1\"","UN    ","CR","19,45"]
[767,"BUCHA DE REDUCAO DE FERRO GALVANIZADO, COM ROSCA BSP, DE 1 1/2\" X 3/4\"","UN    ","CR","19,45"]
[768,"BUCHA DE REDUCAO DE FERRO GALVANIZADO, COM ROSCA BSP, DE 1 1/4\" X 1/2\"","UN    ","CR","15,27"]
[789,"BUCHA DE REDUCAO DE FERRO GALVANIZADO, COM ROSCA BSP, DE 1 1/4\" X 1\"","UN    ","CR","14,95"]
[769,"BUCHA DE REDUCAO DE FERRO GALVANIZADO, COM ROSCA BSP, DE 1 1/4\" X 3/4\"","UN    ","CR","15,27"]
[770,"BUCHA DE REDUCAO DE FERRO GALVANIZADO, COM ROSCA BSP, DE 1/2\" X 1/4\"","UN    ","CR","5,39"]
[12394,"BUCHA DE REDUCAO DE FERRO GALVANIZADO, COM ROSCA BSP, DE 1/2\" X 3/8\"","UN    ","CR","5,39"]
[764,"BUCHA DE REDUCAO DE FERRO GALVANIZADO, COM ROSCA BSP, DE 1\" X 1/2\"","UN    ","C ","9,40"]
[765,"BUCHA DE REDUCAO DE FERRO GALVANIZADO, COM ROSCA BSP, DE 1\" X 3/4\"","UN    ","CR","9,40"]
[787,"BUCHA DE REDUCAO DE FERRO GALVANIZADO, COM ROSCA BSP, DE 2 1/2\" X 1 1/2\"","UN    ","CR","41,99"]
[774,"BUCHA DE REDUCAO DE FERRO GALVANIZADO, COM ROSCA BSP, DE 2 1/2\" X 1 1/4\"","UN    ","CR","41,99"]
[773,"BUCHA DE REDUCAO DE FERRO GALVANIZADO, COM ROSCA BSP, DE 2 1/2\" X 1\"","UN    ","CR","41,99"]
[775,"BUCHA DE REDUCAO DE FERRO GALVANIZADO, COM ROSCA BSP, DE 2 1/2\" X 2\"","UN    ","CR","41,99"]
[788,"BUCHA DE REDUCAO DE FERRO GALVANIZADO, COM ROSCA BSP, DE 2\" X 1 1/2\"","UN    ","CR","26,10"]
[772,"BUCHA DE REDUCAO DE FERRO GALVANIZADO, COM ROSCA BSP, DE 2\" X 1 1/4\"","UN    ","CR","26,10"]
[771,"BUCHA DE REDUCAO DE FERRO GALVANIZADO, COM ROSCA BSP, DE 2\" X 1\"","UN    ","CR","26,10"]
[779,"BUCHA DE REDUCAO DE FERRO GALVANIZADO, COM ROSCA BSP, DE 3/4\" X 1/2\"","UN    ","CR","6,49"]
[776,"BUCHA DE REDUCAO DE FERRO GALVANIZADO, COM ROSCA BSP, DE 3\" X 1 1/2\"","UN    ","CR","61,90"]
[777,"BUCHA DE REDUCAO DE FERRO GALVANIZADO, COM ROSCA BSP, DE 3\" X 1 1/4\"","UN    ","CR","60,17"]
[780,"BUCHA DE REDUCAO DE FERRO GALVANIZADO, COM ROSCA BSP, DE 3\" X 2 1/2\"","UN    ","CR","60,47"]
[778,"BUCHA DE REDUCAO DE FERRO GALVANIZADO, COM ROSCA BSP, DE 3\" X 2\"","UN    ","CR","61,90"]
[781,"BUCHA DE REDUCAO DE FERRO GALVANIZADO, COM ROSCA BSP, DE 4\" X 2 1/2\"","UN    ","CR","114,36"]
[786,"BUCHA DE REDUCAO DE FERRO GALVANIZADO, COM ROSCA BSP, DE 4\" X 2\"","UN    ","CR","114,36"]
[782,"BUCHA DE REDUCAO DE FERRO GALVANIZADO, COM ROSCA BSP, DE 4\" X 3\"","UN    ","CR","114,36"]
[783,"BUCHA DE REDUCAO DE FERRO GALVANIZADO, COM ROSCA BSP, DE 5\" X 4\"","UN    ","CR","313,01"]
[785,"BUCHA DE REDUCAO DE FERRO GALVANIZADO, COM ROSCA BSP, DE 6\" X 4\"","UN    ","CR","330,72"]
[784,"BUCHA DE REDUCAO DE FERRO GALVANIZADO, COM ROSCA BSP, DE 6\" X 5\"","UN    ","CR","354,78"]
[828,"BUCHA DE REDUCAO DE PVC, SOLDAVEL, CURTA, COM 25 X 20 MM, PARA AGUA FRIA PREDIAL","UN    ","CR","0,57"]
[829,"BUCHA DE REDUCAO DE PVC, SOLDAVEL, CURTA, COM 32 X 25 MM, PARA AGUA FRIA PREDIAL","UN    ","CR","0,92"]
[812,"BUCHA DE REDUCAO DE PVC, SOLDAVEL, CURTA, COM 40 X 32 MM, PARA AGUA FRIA PREDIAL","UN    ","CR","2,02"]
[819,"BUCHA DE REDUCAO DE PVC, SOLDAVEL, CURTA, COM 50 X 40 MM, PARA AGUA FRIA PREDIAL","UN    ","CR","3,51"]
[818,"BUCHA DE REDUCAO DE PVC, SOLDAVEL, CURTA, COM 60 X 50 MM, PARA AGUA FRIA PREDIAL","UN    ","CR","6,55"]
[832,"BUCHA DE REDUCAO DE PVC, SOLDAVEL, LONGA, COM 32 X 20 MM, PARA AGUA FRIA PREDIAL","UN    ","CR","2,70"]
[834,"BUCHA DE REDUCAO DE PVC, SOLDAVEL, LONGA, COM 40 X 25 MM, PARA AGUA FRIA PREDIAL","UN    ","CR","3,50"]
[813,"BUCHA DE REDUCAO DE PVC, SOLDAVEL, LONGA, COM 50 X 25 MM, PARA AGUA FRIA PREDIAL","UN    ","CR","4,07"]
[820,"BUCHA DE REDUCAO DE PVC, SOLDAVEL, LONGA, COM 50 X 32 MM, PARA AGUA FRIA PREDIAL","UN    ","CR","5,49"]
[816,"BUCHA DE REDUCAO DE PVC, SOLDAVEL, LONGA, COM 60 X 25 MM, PARA AGUA FRIA PREDIAL","UN    ","CR","9,78"]
[814,"BUCHA DE REDUCAO DE PVC, SOLDAVEL, LONGA, COM 60 X 32 MM, PARA AGUA FRIA PREDIAL","UN    ","CR","12,14"]
[822,"BUCHA DE REDUCAO DE PVC, SOLDAVEL, LONGA, COM 60 X 50 MM, PARA AGUA FRIA PREDIAL","UN    ","CR","15,85"]
[821,"BUCHA DE REDUCAO DE PVC, SOLDAVEL, LONGA, COM 75 X 50 MM, PARA AGUA FRIA PREDIAL","UN    ","CR","18,13"]
[20086,"BUCHA DE REDUCAO DE PVC, SOLDAVEL, LONGA, 50 X 40 MM, PARA ESGOTO PREDIAL","UN    ","CR","2,75"]
[39191,"BUCHA DE REDUCAO EM ALUMINIO, COM ROSCA, DE 1 1/2\" X 1 1/4\", PARA ELETRODUTO","UN    ","CR","23,83"]
[39190,"BUCHA DE REDUCAO EM ALUMINIO, COM ROSCA, DE 1 1/2\" X 1\", PARA ELETRODUTO","UN    ","CR","24,90"]
[39189,"BUCHA DE REDUCAO EM ALUMINIO, COM ROSCA, DE 1 1/2\" X 3/4\", PARA ELETRODUTO","UN    ","CR","26,35"]
[39186,"BUCHA DE REDUCAO EM ALUMINIO, COM ROSCA, DE 1 1/4\" X 1/2\", PARA ELETRODUTO","UN    ","CR","23,57"]
[39188,"BUCHA DE REDUCAO EM ALUMINIO, COM ROSCA, DE 1 1/4\" X 1\", PARA ELETRODUTO","UN    ","CR","19,40"]
[39187,"BUCHA DE REDUCAO EM ALUMINIO, COM ROSCA, DE 1 1/4\" X 3/4\", PARA ELETRODUTO","UN    ","CR","20,33"]
[39184,"BUCHA DE REDUCAO EM ALUMINIO, COM ROSCA, DE 1\" X 1/2\", PARA ELETRODUTO","UN    ","CR","7,65"]
[39185,"BUCHA DE REDUCAO EM ALUMINIO, COM ROSCA, DE 1\" X 3/4\", PARA ELETRODUTO","UN    ","CR","6,97"]
[39198,"BUCHA DE REDUCAO EM ALUMINIO, COM ROSCA, DE 2 1/2\" X 1 1/2\", PARA ELETRODUTO","UN    ","CR","78,19"]
[39197,"BUCHA DE REDUCAO EM ALUMINIO, COM ROSCA, DE 2 1/2\" X 1 1/4\", PARA ELETRODUTO","UN    ","CR","81,68"]
[39196,"BUCHA DE REDUCAO EM ALUMINIO, COM ROSCA, DE 2 1/2\" X 1\", PARA ELETRODUTO","UN    ","CR","84,24"]
[39199,"BUCHA DE REDUCAO EM ALUMINIO, COM ROSCA, DE 2 1/2\" X 2\", PARA ELETRODUTO","UN    ","CR","75,25"]
[39195,"BUCHA DE REDUCAO EM ALUMINIO, COM ROSCA, DE 2\" X 1 1/2\", PARA ELETRODUTO","UN    ","CR","43,43"]
[39194,"BUCHA DE REDUCAO EM ALUMINIO, COM ROSCA, DE 2\" X 1 1/4\", PARA ELETRODUTO","UN    ","CR","46,48"]
[39193,"BUCHA DE REDUCAO EM ALUMINIO, COM ROSCA, DE 2\" X 1\", PARA ELETRODUTO","UN    ","CR","50,94"]
[39192,"BUCHA DE REDUCAO EM ALUMINIO, COM ROSCA, DE 2\" X 3/4\", PARA ELETRODUTO","UN    ","CR","52,99"]
[39920,"BUCHA DE REDUCAO EM ALUMINIO, COM ROSCA, DE 3/4\" X 1/2\",  PARA ELETRODUTO","UN    ","CR","6,42"]
[39201,"BUCHA DE REDUCAO EM ALUMINIO, COM ROSCA, DE 3\" X 1 1/2\", PARA ELETRODUTO","UN    ","CR","93,48"]
[39200,"BUCHA DE REDUCAO EM ALUMINIO, COM ROSCA, DE 3\" X 1 1/4\", PARA ELETRODUTO","UN    ","CR","94,23"]
[39203,"BUCHA DE REDUCAO EM ALUMINIO, COM ROSCA, DE 3\" X 2 1/2\", PARA ELETRODUTO","UN    ","CR","76,09"]
[39202,"BUCHA DE REDUCAO EM ALUMINIO, COM ROSCA, DE 3\" X 2\", PARA ELETRODUTO","UN    ","CR","89,38"]
[39205,"BUCHA DE REDUCAO EM ALUMINIO, COM ROSCA, DE 4\" X 2 1/2\", PARA ELETRODUTO","UN    ","CR","149,12"]
[39204,"BUCHA DE REDUCAO EM ALUMINIO, COM ROSCA, DE 4\" X 2\", PARA ELETRODUTO","UN    ","CR","152,73"]
[39206,"BUCHA DE REDUCAO EM ALUMINIO, COM ROSCA, DE 4\" X 3\", PARA ELETRODUTO","UN    ","CR","144,90"]
[798,"BUCHA DE REDUCAO PVC ROSCAVEL 3/4\" X 1/2\"","UN    ","CR","1,13"]
[797,"BUCHA DE REDUCAO PVC, ROSCAVEL 1 1/2\" X 1\"","UN    ","CR","8,21"]
[796,"BUCHA DE REDUCAO PVC, ROSCAVEL, 1 1/2\" X 3/4\"","UN    ","CR","6,97"]
[799,"BUCHA DE REDUCAO PVC, ROSCAVEL, 1\" X 1/2\"","UN    ","CR","3,37"]
[792,"BUCHA DE REDUCAO PVC, ROSCAVEL, 1\" X 3/4\"","UN    ","CR","3,27"]
[38001,"BUCHA DE REDUCAO, CPVC, SOLDAVEL, 22 X 15 MM, PARA AGUA QUENTE","UN    ","CR","1,04"]
[38002,"BUCHA DE REDUCAO, CPVC, SOLDAVEL, 28 X 22 MM, PARA AGUA QUENTE","UN    ","CR","3,62"]
[38003,"BUCHA DE REDUCAO, CPVC, SOLDAVEL, 35 X 28 MM, PARA AGUA QUENTE","UN    ","CR","24,75"]
[38004,"BUCHA DE REDUCAO, CPVC, SOLDAVEL, 42 X 22 MM, PARA AGUA QUENTE","UN    ","CR","28,47"]
[44263,"BUCHA DE REDUCAO, CPVC, SOLDAVEL, 54 X 35 MM, PARA AGUA QUENTE","UN    ","CR","51,11"]
[36327,"BUCHA DE REDUCAO, PPR, DN 25 X 20 MM, PARA AGUA QUENTE PREDIAL","UN    ","AS","3,75"]
[38992,"BUCHA DE REDUCAO, PPR, DN 32 X 25 MM, PARA AGUA QUENTE E FRIA PREDIAL","UN    ","AS","4,56"]
[38993,"BUCHA DE REDUCAO, PPR, DN 40 X 25 MM, PARA AGUA QUENTE E FRIA PREDIAL","UN    ","AS","11,85"]
[44175,"BUCHA DE REDUCAO, PPR, DN 50 X 25 MM, PARA AGUA QUENTE E FRIA PREDIAL","UN    ","AS","20,68"]
[44177,"BUCHA DE REDUCAO, PPR, DN 50 X 32 MM, PARA AGUA QUENTE E FRIA PREDIAL","UN    ","AS","15,45"]
[38418,"BUCHA DE REDUCAO, PVC, LONGA, SERIE R, DN 50 X 40 MM, PARA ESGOTO PREDIAL","UN    ","CR","4,73"]
[39178,"BUCHA EM ALUMINIO, COM ROSCA, DE  1 1/2\", PARA ELETRODUTO","UN    ","CR","2,58"]
[39177,"BUCHA EM ALUMINIO, COM ROSCA, DE 1 1/4\", PARA ELETRODUTO","UN    ","CR","2,33"]
[39174,"BUCHA EM ALUMINIO, COM ROSCA, DE 1/2\", PARA ELETRODUTO","UN    ","CR","1,16"]
[39176,"BUCHA EM ALUMINIO, COM ROSCA, DE 1\", PARA ELETRODUTO","UN    ","CR","1,53"]
[39180,"BUCHA EM ALUMINIO, COM ROSCA, DE 2 1/2\", PARA ELETRODUTO","UN    ","CR","7,00"]
[39179,"BUCHA EM ALUMINIO, COM ROSCA, DE 2\", PARA ELETRODUTO","UN    ","CR","6,19"]
[39175,"BUCHA EM ALUMINIO, COM ROSCA, DE 3/4\", PARA ELETRODUTO","UN    ","CR","1,42"]
[39217,"BUCHA EM ALUMINIO, COM ROSCA, DE 3/8\", PARA ELETRODUTO","UN    ","CR","1,10"]
[39181,"BUCHA EM ALUMINIO, COM ROSCA, DE 3\", PARA ELETRODUTO","UN    ","CR","9,39"]
[39182,"BUCHA EM ALUMINIO, COM ROSCA, DE 4\", PARA ELETRODUTO","UN    ","CR","13,20"]
[12616,"CABECEIRA DIREITA OU ESQUERDA, PVC, PARA CALHA PLUVIAL, DIAMETRO ENTRE *119 E 170* MM, PARA DRENAGEM PLUVIAL PREDIAL","UN    ","CR","14,60"]
[1049,"CABECOTE PARA ENTRADA DE LINHA DE ALIMENTACAO PARA ELETRODUTO, EM LIGA DE ALUMINIO COM ACABAMENTO ANTI CORROSIVO, COM FIXACAO POR ENCAIXE LISO DE 360 GRAUS, DE 1 1/2\"","UN    ","CR","11,05"]
[1099,"CABECOTE PARA ENTRADA DE LINHA DE ALIMENTACAO PARA ELETRODUTO, EM LIGA DE ALUMINIO COM ACABAMENTO ANTI CORROSIVO, COM FIXACAO POR ENCAIXE LISO DE 360 GRAUS, DE 1 1/4\"","UN    ","CR","8,45"]
[39678,"CABECOTE PARA ENTRADA DE LINHA DE ALIMENTACAO PARA ELETRODUTO, EM LIGA DE ALUMINIO COM ACABAMENTO ANTI CORROSIVO, COM FIXACAO POR ENCAIXE LISO DE 360 GRAUS, DE 1/2\"","UN    ","CR","3,41"]
[1050,"CABECOTE PARA ENTRADA DE LINHA DE ALIMENTACAO PARA ELETRODUTO, EM LIGA DE ALUMINIO COM ACABAMENTO ANTI CORROSIVO, COM FIXACAO POR ENCAIXE LISO DE 360 GRAUS, DE 1\"","UN    ","CR","5,78"]
[1101,"CABECOTE PARA ENTRADA DE LINHA DE ALIMENTACAO PARA ELETRODUTO, EM LIGA DE ALUMINIO COM ACABAMENTO ANTI CORROSIVO, COM FIXACAO POR ENCAIXE LISO DE 360 GRAUS, DE 2 1/2\"","UN    ","CR","36,44"]
[1100,"CABECOTE PARA ENTRADA DE LINHA DE ALIMENTACAO PARA ELETRODUTO, EM LIGA DE ALUMINIO COM ACABAMENTO ANTI CORROSIVO, COM FIXACAO POR ENCAIXE LISO DE 360 GRAUS, DE 2\"","UN    ","CR","18,80"]
[39679,"CABECOTE PARA ENTRADA DE LINHA DE ALIMENTACAO PARA ELETRODUTO, EM LIGA DE ALUMINIO COM ACABAMENTO ANTI CORROSIVO, COM FIXACAO POR ENCAIXE LISO DE 360 GRAUS, DE 3 1/2\"","UN    ","CR","72,63"]
[1098,"CABECOTE PARA ENTRADA DE LINHA DE ALIMENTACAO PARA ELETRODUTO, EM LIGA DE ALUMINIO COM ACABAMENTO ANTI CORROSIVO, COM FIXACAO POR ENCAIXE LISO DE 360 GRAUS, DE 3/4\"","UN    ","CR","4,51"]
[1102,"CABECOTE PARA ENTRADA DE LINHA DE ALIMENTACAO PARA ELETRODUTO, EM LIGA DE ALUMINIO COM ACABAMENTO ANTI CORROSIVO, COM FIXACAO POR ENCAIXE LISO DE 360 GRAUS, DE 3\"","UN    ","CR","54,34"]
[1051,"CABECOTE PARA ENTRADA DE LINHA DE ALIMENTACAO PARA ELETRODUTO, EM LIGA DE ALUMINIO COM ACABAMENTO ANTI CORROSIVO, COM FIXACAO POR ENCAIXE LISO DE 360 GRAUS, DE 4\"","UN    ","CR","78,98"]
[37399,"CABIDE/GANCHO DE BANHEIRO SIMPLES EM METAL CROMADO","UN    ","CR","13,03"]
[43834,"CABO COAXIAL RG11 95% DE MALHA","M     ","CR","15,77"]
[43835,"CABO COAXIAL RG59 95% DE MALHA","M     ","CR","1,41"]
[43833,"CABO COAXIAL RG6 95% DE MALHA","M     ","CR","1,47"]
[41955,"CABO DE ACO GALVANIZADO, DIAMETRO 12,7 MM (1/2\"), COM ALMA DE ACO CABO INDEPENDENTE 6 X 25 F","KG    ","CR","81,83"]
[41953,"CABO DE ACO GALVANIZADO, DIAMETRO 12,7 MM (1/2\"), COM ALMA DE FIBRA 6 X 25 F","KG    ","CR","78,09"]
[41954,"CABO DE ACO GALVANIZADO, DIAMETRO 9,53 MM (3/8\"), COM ALMA DE FIBRA 6 X 25 F","KG    ","CR","77,35"]
[25004,"CABO DE ALUMINIO NU COM ALMA DE ACO, BITOLA 1/0 AWG","KG    ","CR","42,80"]
[25002,"CABO DE ALUMINIO NU COM ALMA DE ACO, BITOLA 2 AWG","KG    ","CR","42,80"]
[37409,"CABO DE ALUMINIO NU COM ALMA DE ACO, BITOLA 2/0 AWG","KG    ","CR","42,80"]
[841,"CABO DE ALUMINIO NU COM ALMA DE ACO, BITOLA 4 AWG","KG    ","CR","43,33"]
[25005,"CABO DE ALUMINIO NU SEM ALMA DE ACO, BITOLA 1/0 AWG","KG    ","CR","46,97"]
[25003,"CABO DE ALUMINIO NU SEM ALMA DE ACO, BITOLA 2 AWG","KG    ","CR","47,68"]
[37410,"CABO DE ALUMINIO NU SEM ALMA DE ACO, BITOLA 2/0 AWG","KG    ","CR","46,97"]
[842,"CABO DE ALUMINIO NU SEM ALMA DE ACO, BITOLA 4 AWG","KG    ","CR","47,64"]
[44391,"CABO DE COBRE FLEXIVEL NAO HALOGENADO, SEM EMISSAO DE FUMACA, 750V, SECAO NOMINAL 120 MM","M     ","CR","101,51"]
[44388,"CABO DE COBRE FLEXIVEL NAO HALOGENADO, SEM EMISSAO DE FUMACA, 750V, SECAO NOMINAL 2,5 MM","M     ","CR","2,20"]
[44392,"CABO DE COBRE FLEXIVEL NAO HALOGENADO, SEM EMISSAO DE FUMACA, 750V, SECAO NOMINAL 240 MM","M     ","CR","202,11"]
[44390,"CABO DE COBRE FLEXIVEL NAO HALOGENADO, SEM EMISSAO DE FUMACA, 750V, SECAO NOMINAL 50 MM","M     ","CR","42,82"]
[44389,"CABO DE COBRE FLEXIVEL NAO HALOGENADO, SEM EMISSAO DE FUMACA, 750V, SECAO NOMINAL 6,0 MM","M     ","CR","5,05"]
[862,"CABO DE COBRE NU 10 MM2 MEIO-DURO","M     ","CR","9,26"]
[866,"CABO DE COBRE NU 120 MM2 MEIO-DURO","M     ","CR","117,69"]
[892,"CABO DE COBRE NU 150 MM2 MEIO-DURO","M     ","CR","142,46"]
[857,"CABO DE COBRE NU 16 MM2 MEIO-DURO","M     ","CR","15,49"]
[37404,"CABO DE COBRE NU 185 MM2 MEIO-DURO","M     ","CR","164,83"]
[868,"CABO DE COBRE NU 25 MM2 MEIO-DURO","M     ","CR","22,08"]
[863,"CABO DE COBRE NU 35 MM2 MEIO-DURO","M     ","CR","32,52"]
[867,"CABO DE COBRE NU 50 MM2 MEIO-DURO","M     ","CR","46,33"]
[864,"CABO DE COBRE NU 70 MM2 MEIO-DURO","M     ","CR","61,19"]
[865,"CABO DE COBRE NU 95 MM2 MEIO-DURO","M     ","CR","88,02"]
[993,"CABO DE COBRE, FLEXIVEL, CLASSE 4 OU 5, ISOLACAO EM PVC/A, ANTICHAMA BWF-B, COBERTURA PVC-ST1, ANTICHAMA BWF-B, 1 CONDUTOR, 0,6/1 KV, SECAO NOMINAL 1,5 MM2","M     ","CR","1,67"]
[1020,"CABO DE COBRE, FLEXIVEL, CLASSE 4 OU 5, ISOLACAO EM PVC/A, ANTICHAMA BWF-B, COBERTURA PVC-ST1, ANTICHAMA BWF-B, 1 CONDUTOR, 0,6/1 KV, SECAO NOMINAL 10 MM2","M     ","CR","8,54"]
[1017,"CABO DE COBRE, FLEXIVEL, CLASSE 4 OU 5, ISOLACAO EM PVC/A, ANTICHAMA BWF-B, COBERTURA PVC-ST1, ANTICHAMA BWF-B, 1 CONDUTOR, 0,6/1 KV, SECAO NOMINAL 120 MM2","M     ","CR","104,66"]
[999,"CABO DE COBRE, FLEXIVEL, CLASSE 4 OU 5, ISOLACAO EM PVC/A, ANTICHAMA BWF-B, COBERTURA PVC-ST1, ANTICHAMA BWF-B, 1 CONDUTOR, 0,6/1 KV, SECAO NOMINAL 150 MM2","M     ","CR","126,79"]
[995,"CABO DE COBRE, FLEXIVEL, CLASSE 4 OU 5, ISOLACAO EM PVC/A, ANTICHAMA BWF-B, COBERTURA PVC-ST1, ANTICHAMA BWF-B, 1 CONDUTOR, 0,6/1 KV, SECAO NOMINAL 16 MM2","M     ","CR","13,60"]
[1000,"CABO DE COBRE, FLEXIVEL, CLASSE 4 OU 5, ISOLACAO EM PVC/A, ANTICHAMA BWF-B, COBERTURA PVC-ST1, ANTICHAMA BWF-B, 1 CONDUTOR, 0,6/1 KV, SECAO NOMINAL 185 MM2","M     ","CR","155,74"]
[1022,"CABO DE COBRE, FLEXIVEL, CLASSE 4 OU 5, ISOLACAO EM PVC/A, ANTICHAMA BWF-B, COBERTURA PVC-ST1, ANTICHAMA BWF-B, 1 CONDUTOR, 0,6/1 KV, SECAO NOMINAL 2,5 MM2","M     ","CR","2,33"]
[1015,"CABO DE COBRE, FLEXIVEL, CLASSE 4 OU 5, ISOLACAO EM PVC/A, ANTICHAMA BWF-B, COBERTURA PVC-ST1, ANTICHAMA BWF-B, 1 CONDUTOR, 0,6/1 KV, SECAO NOMINAL 240 MM2","M     ","CR","206,96"]
[996,"CABO DE COBRE, FLEXIVEL, CLASSE 4 OU 5, ISOLACAO EM PVC/A, ANTICHAMA BWF-B, COBERTURA PVC-ST1, ANTICHAMA BWF-B, 1 CONDUTOR, 0,6/1 KV, SECAO NOMINAL 25 MM2","M     ","CR","21,08"]
[1001,"CABO DE COBRE, FLEXIVEL, CLASSE 4 OU 5, ISOLACAO EM PVC/A, ANTICHAMA BWF-B, COBERTURA PVC-ST1, ANTICHAMA BWF-B, 1 CONDUTOR, 0,6/1 KV, SECAO NOMINAL 300 MM2","M     ","CR","268,52"]
[1019,"CABO DE COBRE, FLEXIVEL, CLASSE 4 OU 5, ISOLACAO EM PVC/A, ANTICHAMA BWF-B, COBERTURA PVC-ST1, ANTICHAMA BWF-B, 1 CONDUTOR, 0,6/1 KV, SECAO NOMINAL 35 MM2","M     ","CR","29,80"]
[1021,"CABO DE COBRE, FLEXIVEL, CLASSE 4 OU 5, ISOLACAO EM PVC/A, ANTICHAMA BWF-B, COBERTURA PVC-ST1, ANTICHAMA BWF-B, 1 CONDUTOR, 0,6/1 KV, SECAO NOMINAL 4 MM2","M     ","CR","3,58"]
[39249,"CABO DE COBRE, FLEXIVEL, CLASSE 4 OU 5, ISOLACAO EM PVC/A, ANTICHAMA BWF-B, COBERTURA PVC-ST1, ANTICHAMA BWF-B, 1 CONDUTOR, 0,6/1 KV, SECAO NOMINAL 400 MM2","M     ","CR","361,05"]
[1018,"CABO DE COBRE, FLEXIVEL, CLASSE 4 OU 5, ISOLACAO EM PVC/A, ANTICHAMA BWF-B, COBERTURA PVC-ST1, ANTICHAMA BWF-B, 1 CONDUTOR, 0,6/1 KV, SECAO NOMINAL 50 MM2","M     ","CR","44,06"]
[39250,"CABO DE COBRE, FLEXIVEL, CLASSE 4 OU 5, ISOLACAO EM PVC/A, ANTICHAMA BWF-B, COBERTURA PVC-ST1, ANTICHAMA BWF-B, 1 CONDUTOR, 0,6/1 KV, SECAO NOMINAL 500 MM2","M     ","CR","431,89"]
[994,"CABO DE COBRE, FLEXIVEL, CLASSE 4 OU 5, ISOLACAO EM PVC/A, ANTICHAMA BWF-B, COBERTURA PVC-ST1, ANTICHAMA BWF-B, 1 CONDUTOR, 0,6/1 KV, SECAO NOMINAL 6 MM2","M     ","CR","5,21"]
[977,"CABO DE COBRE, FLEXIVEL, CLASSE 4 OU 5, ISOLACAO EM PVC/A, ANTICHAMA BWF-B, COBERTURA PVC-ST1, ANTICHAMA BWF-B, 1 CONDUTOR, 0,6/1 KV, SECAO NOMINAL 70 MM2","M     ","CR","61,64"]
[998,"CABO DE COBRE, FLEXIVEL, CLASSE 4 OU 5, ISOLACAO EM PVC/A, ANTICHAMA BWF-B, COBERTURA PVC-ST1, ANTICHAMA BWF-B, 1 CONDUTOR, 0,6/1 KV, SECAO NOMINAL 95 MM2","M     ","CR","80,03"]
[39251,"CABO DE COBRE, FLEXIVEL, CLASSE 4 OU 5, ISOLACAO EM PVC/A, ANTICHAMA BWF-B, 1 CONDUTOR, 450/750 V, SECAO NOMINAL 0,5 MM2","M     ","CR","0,58"]
[1011,"CABO DE COBRE, FLEXIVEL, CLASSE 4 OU 5, ISOLACAO EM PVC/A, ANTICHAMA BWF-B, 1 CONDUTOR, 450/750 V, SECAO NOMINAL 0,75 MM2","M     ","CR","0,79"]
[39252,"CABO DE COBRE, FLEXIVEL, CLASSE 4 OU 5, ISOLACAO EM PVC/A, ANTICHAMA BWF-B, 1 CONDUTOR, 450/750 V, SECAO NOMINAL 1,0 MM2","M     ","CR","1,03"]
[1013,"CABO DE COBRE, FLEXIVEL, CLASSE 4 OU 5, ISOLACAO EM PVC/A, ANTICHAMA BWF-B, 1 CONDUTOR, 450/750 V, SECAO NOMINAL 1,5 MM2","M     ","CR","1,24"]
[980,"CABO DE COBRE, FLEXIVEL, CLASSE 4 OU 5, ISOLACAO EM PVC/A, ANTICHAMA BWF-B, 1 CONDUTOR, 450/750 V, SECAO NOMINAL 10 MM2","M     ","CR","8,95"]
[39237,"CABO DE COBRE, FLEXIVEL, CLASSE 4 OU 5, ISOLACAO EM PVC/A, ANTICHAMA BWF-B, 1 CONDUTOR, 450/750 V, SECAO NOMINAL 120 MM2","M     ","CR","95,28"]
[39238,"CABO DE COBRE, FLEXIVEL, CLASSE 4 OU 5, ISOLACAO EM PVC/A, ANTICHAMA BWF-B, 1 CONDUTOR, 450/750 V, SECAO NOMINAL 150 MM2","M     ","CR","120,16"]
[979,"CABO DE COBRE, FLEXIVEL, CLASSE 4 OU 5, ISOLACAO EM PVC/A, ANTICHAMA BWF-B, 1 CONDUTOR, 450/750 V, SECAO NOMINAL 16 MM2","M     ","CR","12,79"]
[39239,"CABO DE COBRE, FLEXIVEL, CLASSE 4 OU 5, ISOLACAO EM PVC/A, ANTICHAMA BWF-B, 1 CONDUTOR, 450/750 V, SECAO NOMINAL 185 MM2","M     ","CR","145,17"]
[1014,"CABO DE COBRE, FLEXIVEL, CLASSE 4 OU 5, ISOLACAO EM PVC/A, ANTICHAMA BWF-B, 1 CONDUTOR, 450/750 V, SECAO NOMINAL 2,5 MM2","M     ","CR","1,96"]
[39240,"CABO DE COBRE, FLEXIVEL, CLASSE 4 OU 5, ISOLACAO EM PVC/A, ANTICHAMA BWF-B, 1 CONDUTOR, 450/750 V, SECAO NOMINAL 240 MM2","M     ","CR","190,94"]
[39232,"CABO DE COBRE, FLEXIVEL, CLASSE 4 OU 5, ISOLACAO EM PVC/A, ANTICHAMA BWF-B, 1 CONDUTOR, 450/750 V, SECAO NOMINAL 25 MM2","M     ","CR","20,04"]
[39233,"CABO DE COBRE, FLEXIVEL, CLASSE 4 OU 5, ISOLACAO EM PVC/A, ANTICHAMA BWF-B, 1 CONDUTOR, 450/750 V, SECAO NOMINAL 35 MM2","M     ","CR","29,21"]
[981,"CABO DE COBRE, FLEXIVEL, CLASSE 4 OU 5, ISOLACAO EM PVC/A, ANTICHAMA BWF-B, 1 CONDUTOR, 450/750 V, SECAO NOMINAL 4 MM2","M     ","C ","3,26"]
[39234,"CABO DE COBRE, FLEXIVEL, CLASSE 4 OU 5, ISOLACAO EM PVC/A, ANTICHAMA BWF-B, 1 CONDUTOR, 450/750 V, SECAO NOMINAL 50 MM2","M     ","CR","40,65"]
[982,"CABO DE COBRE, FLEXIVEL, CLASSE 4 OU 5, ISOLACAO EM PVC/A, ANTICHAMA BWF-B, 1 CONDUTOR, 450/750 V, SECAO NOMINAL 6 MM2","M     ","CR","4,68"]
[39235,"CABO DE COBRE, FLEXIVEL, CLASSE 4 OU 5, ISOLACAO EM PVC/A, ANTICHAMA BWF-B, 1 CONDUTOR, 450/750 V, SECAO NOMINAL 70 MM2","M     ","CR","59,96"]
[39236,"CABO DE COBRE, FLEXIVEL, CLASSE 4 OU 5, ISOLACAO EM PVC/A, ANTICHAMA BWF-B, 1 CONDUTOR, 450/750 V, SECAO NOMINAL 95 MM2","M     ","CR","79,47"]
[990,"CABO DE COBRE, RIGIDO, CLASSE 2, ISOLACAO EM PVC/A, ANTICHAMA BWF-B, 1 CONDUTOR, 450/750 V, SECAO NOMINAL 150 MM2","M     ","CR","141,01"]
[39241,"CABO DE COBRE, RIGIDO, CLASSE 2, ISOLACAO EM PVC/A, ANTICHAMA BWF-B, 1 CONDUTOR, 450/750 V, SECAO NOMINAL 16 MM2","M     ","CR","13,88"]
[1005,"CABO DE COBRE, RIGIDO, CLASSE 2, ISOLACAO EM PVC/A, ANTICHAMA BWF-B, 1 CONDUTOR, 450/750 V, SECAO NOMINAL 185 MM2","M     ","CR","175,56"]
[991,"CABO DE COBRE, RIGIDO, CLASSE 2, ISOLACAO EM PVC/A, ANTICHAMA BWF-B, 1 CONDUTOR, 450/750 V, SECAO NOMINAL 240 MM2","M     ","CR","229,95"]
[986,"CABO DE COBRE, RIGIDO, CLASSE 2, ISOLACAO EM PVC/A, ANTICHAMA BWF-B, 1 CONDUTOR, 450/750 V, SECAO NOMINAL 25 MM2","M     ","CR","21,93"]
[987,"CABO DE COBRE, RIGIDO, CLASSE 2, ISOLACAO EM PVC/A, ANTICHAMA BWF-B, 1 CONDUTOR, 450/750 V, SECAO NOMINAL 35 MM2","M     ","CR","30,02"]
[1007,"CABO DE COBRE, RIGIDO, CLASSE 2, ISOLACAO EM PVC/A, ANTICHAMA BWF-B, 1 CONDUTOR, 450/750 V, SECAO NOMINAL 50 MM2","M     ","CR","41,56"]
[1008,"CABO DE COBRE, RIGIDO, CLASSE 2, ISOLACAO EM PVC/A, ANTICHAMA BWF-B, 1 CONDUTOR, 450/750 V, SECAO NOMINAL 6 MM2","M     ","CR","5,27"]
[988,"CABO DE COBRE, RIGIDO, CLASSE 2, ISOLACAO EM PVC/A, ANTICHAMA BWF-B, 1 CONDUTOR, 450/750 V, SECAO NOMINAL 70 MM2","M     ","CR","57,30"]
[989,"CABO DE COBRE, RIGIDO, CLASSE 2, ISOLACAO EM PVC/A, ANTICHAMA BWF-B, 1 CONDUTOR, 450/750 V, SECAO NOMINAL 95 MM2","M     ","CR","79,10"]
[1006,"CABO DE COBRE, RIGIDO, CLASSE 2, ISOLACAO EM PVC, ANTI-CHAMA BWF-B, 1 CONDUTOR, 450/750 V, DIAMETRO 120 MM2","M     ","CR","106,04"]
[43972,"CABO DE REDE, PAR TRANCADO U/UTP, 4 PARES, CATEGORIA 5E (CAT 5E), ISOLAMENTO PVC (CM)","M     ","CR","3,01"]
[43971,"CABO DE REDE, PAR TRANCADO U/UTP, 4 PARES, CATEGORIA 5E (CAT 5E), ISOLAMENTO PVC (CMX)","M     ","C ","2,30"]
[39598,"CABO DE REDE, PAR TRANCADO U/UTP, 4 PARES, CATEGORIA 5E (CAT 5E), ISOLAMENTO PVC (LSZH)","M     ","CR","4,26"]
[43973,"CABO DE REDE, PAR TRANCADO U/UTP, 4 PARES, CATEGORIA 6 (CAT 6), ISOLAMENTO PVC (CM)","M     ","CR","3,15"]
[39599,"CABO DE REDE, PAR TRANCADO UTP, 4 PARES, CATEGORIA 6 (CAT 6), ISOLAMENTO PVC (LSZH)","M     ","CR","6,13"]
[43832,"CABO ELETRONICO CATEGORIA 6A U/UTP 23AWG X 4P","M     ","CR","16,16"]
[34602,"CABO FLEXIVEL PVC 750 V, 2 CONDUTORES DE 1,5 MM2","M     ","CR","3,63"]
[34607,"CABO FLEXIVEL PVC 750 V, 2 CONDUTORES DE 4,0 MM2","M     ","CR","8,89"]
[34609,"CABO FLEXIVEL PVC 750 V, 2 CONDUTORES DE 6,0 MM2","M     ","CR","12,93"]
[34618,"CABO FLEXIVEL PVC 750 V, 3 CONDUTORES DE 1,5 MM2","M     ","CR","4,94"]
[34621,"CABO FLEXIVEL PVC 750 V, 3 CONDUTORES DE 4,0 MM2","M     ","CR","12,26"]
[34622,"CABO FLEXIVEL PVC 750 V, 3 CONDUTORES DE 6,0 MM2","M     ","CR","18,21"]
[34624,"CABO FLEXIVEL PVC 750 V, 4 CONDUTORES DE 1,5 MM2","M     ","CR","6,60"]
[34627,"CABO FLEXIVEL PVC 750 V, 4 CONDUTORES DE 4,0 MM2","M     ","CR","15,92"]
[34629,"CABO FLEXIVEL PVC 750 V, 4 CONDUTORES DE 6,0 MM2","M     ","CR","24,33"]
[39257,"CABO MULTIPOLAR DE COBRE, FLEXIVEL, CLASSE 4 OU 5, ISOLACAO EM HEPR, COBERTURA EM PVC-ST2, ANTICHAMA BWF-B, 0,6/1 KV, 3 CONDUTORES DE 1,5 MM2","M     ","CR","4,95"]
[39261,"CABO MULTIPOLAR DE COBRE, FLEXIVEL, CLASSE 4 OU 5, ISOLACAO EM HEPR, COBERTURA EM PVC-ST2, ANTICHAMA BWF-B, 0,6/1 KV, 3 CONDUTORES DE 10 MM2","M     ","CR","28,35"]
[39268,"CABO MULTIPOLAR DE COBRE, FLEXIVEL, CLASSE 4 OU 5, ISOLACAO EM HEPR, COBERTURA EM PVC-ST2, ANTICHAMA BWF-B, 0,6/1 KV, 3 CONDUTORES DE 120 MM2","M     ","CR","443,10"]
[39262,"CABO MULTIPOLAR DE COBRE, FLEXIVEL, CLASSE 4 OU 5, ISOLACAO EM HEPR, COBERTURA EM PVC-ST2, ANTICHAMA BWF-B, 0,6/1 KV, 3 CONDUTORES DE 16 MM2","M     ","CR","45,14"]
[39258,"CABO MULTIPOLAR DE COBRE, FLEXIVEL, CLASSE 4 OU 5, ISOLACAO EM HEPR, COBERTURA EM PVC-ST2, ANTICHAMA BWF-B, 0,6/1 KV, 3 CONDUTORES DE 2,5 MM2","M     ","CR","7,46"]
[39263,"CABO MULTIPOLAR DE COBRE, FLEXIVEL, CLASSE 4 OU 5, ISOLACAO EM HEPR, COBERTURA EM PVC-ST2, ANTICHAMA BWF-B, 0,6/1 KV, 3 CONDUTORES DE 25 MM2","M     ","CR","78,06"]
[39264,"CABO MULTIPOLAR DE COBRE, FLEXIVEL, CLASSE 4 OU 5, ISOLACAO EM HEPR, COBERTURA EM PVC-ST2, ANTICHAMA BWF-B, 0,6/1 KV, 3 CONDUTORES DE 35 MM2","M     ","CR","108,13"]
[39259,"CABO MULTIPOLAR DE COBRE, FLEXIVEL, CLASSE 4 OU 5, ISOLACAO EM HEPR, COBERTURA EM PVC-ST2, ANTICHAMA BWF-B, 0,6/1 KV, 3 CONDUTORES DE 4 MM2","M     ","CR","11,49"]
[39265,"CABO MULTIPOLAR DE COBRE, FLEXIVEL, CLASSE 4 OU 5, ISOLACAO EM HEPR, COBERTURA EM PVC-ST2, ANTICHAMA BWF-B, 0,6/1 KV, 3 CONDUTORES DE 50 MM2","M     ","CR","146,81"]
[39260,"CABO MULTIPOLAR DE COBRE, FLEXI